{"text_format":"1","workbook":"xlsx","n_sheets":5,"sheets":["Composições","Comp.Aux1","Comp.Aux2","Orçamentária","BDI"],"not_rendered":{"charts":0,"images":3,"macros":1,"external_links":1,"defined_names":16,"comments":0,"pivot_tables":0},"unopened":[],"bounds":{"document_bytes":16777216,"sheet_cells":100000,"rows_first":2000,"rows_last":500,"rows_between":2000,"halvings":0,"cell_chars":16384,"cell_head_chars":4096},"cells_cut":0,"cells_raw":0,"read":"whole","date_system":"1900"}

{"sheet":"Composições","index":0,"n_rows":7552,"n_cols":10,"rows_kept":7552,"cut":false,"hidden":false,"merged":[[7490,0,7495,0],[7490,1,7495,1],[7496,0,7504,0],[7496,1,7504,1],[7505,0,7510,0],[7505,1,7510,1],[7511,0,7516,0],[7511,1,7516,1],[7545,0,7551,0],[7545,1,7551,1],[7517,0,7530,0],[7517,1,7530,1],[7531,0,7544,0],[7531,1,7544,1],[7073,0,7076,0],[7073,1,7076,1],[7077,0,7080,0],[7077,1,7080,1],[7081,0,7084,0],[7081,1,7084,1],[7299,0,7302,0],[7299,1,7302,1],[7303,0,7306,0],[7303,1,7306,1],[7233,0,7239,0],[7233,1,7239,1],[7217,0,7220,0],[7217,1,7220,1],[7205,0,7208,0],[7205,1,7208,1],[7209,0,7212,0],[7209,1,7212,1],[7295,0,7298,0],[7295,1,7298,1],[7109,0,7112,0],[7109,1,7112,1],[7125,0,7128,0],[7125,1,7128,1],[7199,0,7204,0],[7199,1,7204,1],[7181,0,7186,0],[7181,1,7186,1],[7213,0,7216,0],[7213,1,7216,1],[7121,0,7124,0],[7121,1,7124,1],[6913,0,6916,0],[6913,1,6916,1],[7085,0,7088,0],[7085,1,7088,1],[7089,0,7092,0],[7089,1,7092,1],[7017,0,7020,0],[7017,1,7020,1],[7221,0,7226,0],[7221,1,7226,1],[7227,0,7232,0],[7227,1,7232,1],[7151,0,7156,0],[7151,1,7156,1],[7157,0,7162,0],[7157,1,7162,1],[7169,0,7174,0],[7169,1,7174,1],[6861,0,6864,0],[6861,1,6864,1],[6845,0,6848,0],[6845,1,6848,1],[6885,0,6888,0],[6885,1,6888,1],[7129,0,7132,0],[7129,1,7132,1],[7133,0,7136,0],[7133,1,7136,1],[7137,0,7140,0],[7137,1,7140,1],[7141,0,7144,0],[7141,1,7144,1],[7113,0,7116,0],[7113,1,7116,1],[7117,0,7120,0],[7117,1,7120,1],[7105,0,7108,0],[7105,1,7108,1],[7005,0,7008,0],[7005,1,7008,1],[7021,0,7024,0],[7021,1,7024,1],[7013,0,7016,0],[7013,1,7016,1],[7001,0,7004,0],[7001,1,7004,1],[6997,0,7000,0],[6997,1,7000,1],[6849,0,6852,0],[6849,1,6852,1],[2714,0,2717,0],[2714,1,2717,1],[2718,0,2721,0],[2718,1,2721,1],[2722,0,2725,0],[2722,1,2725,1],[2742,0,2745,0],[2742,1,2745,1],[2754,0,2757,0],[2754,1,2757,1],[3461,0,3471,0],[3461,1,3471,1],[3532,0,3540,0],[3532,1,3540,1],[2811,0,2815,0],[2811,1,2815,1],[2816,0,2820,0],[2816,1,2820,1],[2821,0,2825,0],[2821,1,2825,1],[2775,0,2784,0],[2775,1,2784,1],[2785,0,2790,0],[2785,1,2790,1],[2796,0,2800,0],[2796,1,2800,1],[2911,0,2918,0],[2911,1,2918,1],[2919,0,2926,0],[2919,1,2926,1],[2927,0,2934,0],[2927,1,2934,1],[2801,0,2810,0],[2801,1,2810,1],[2791,0,2795,0],[2791,1,2795,1],[2738,0,2741,0],[2738,1,2741,1],[2746,0,2749,0],[2746,1,2749,1],[2750,0,2753,0],[2750,1,2753,1],[2965,0,2969,0],[2965,1,2969,1],[2970,0,2974,0],[2970,1,2974,1],[2975,0,2979,0],[2975,1,2979,1],[2950,0,2954,0],[2950,1,2954,1],[2955,0,2959,0],[2955,1,2959,1],[2890,0,2894,0],[2890,1,2894,1],[2895,0,2902,0],[2895,1,2902,1],[2903,0,2910,0],[2903,1,2910,1],[7175,0,7180,0],[7175,1,7180,1],[7187,0,7192,0],[7187,1,7192,1],[7193,0,7198,0],[7193,1,7198,1],[7025,0,7028,0],[7025,1,7028,1],[7029,0,7032,0],[7029,1,7032,1],[7033,0,7036,0],[7033,1,7036,1],[7049,0,7052,0],[7049,1,7052,1],[7093,0,7096,0],[7093,1,7096,1],[7097,0,7100,0],[7097,1,7100,1],[7101,0,7104,0],[7101,1,7104,1],[7163,0,7168,0],[7163,1,7168,1],[7145,0,7150,0],[7145,1,7150,1],[7009,0,7012,0],[7009,1,7012,1],[7037,0,7040,0],[7037,1,7040,1],[7041,0,7044,0],[7041,1,7044,1],[7045,0,7048,0],[7045,1,7048,1],[7053,0,7056,0],[7053,1,7056,1],[7057,0,7060,0],[7057,1,7060,1],[7061,0,7064,0],[7061,1,7064,1],[7065,0,7068,0],[7065,1,7068,1],[7069,0,7072,0],[7069,1,7072,1],[6901,0,6904,0],[6901,1,6904,1],[6905,0,6908,0],[6905,1,6908,1],[6917,0,6920,0],[6917,1,6920,1],[6921,0,6924,0],[6921,1,6924,1],[6957,0,6960,0],[6957,1,6960,1],[6889,0,6892,0],[6889,1,6892,1],[6869,0,6872,0],[6869,1,6872,1],[6873,0,6876,0],[6873,1,6876,1],[6877,0,6880,0],[6877,1,6880,1],[6881,0,6884,0],[6881,1,6884,1],[6985,0,6988,0],[6985,1,6988,1],[6989,0,6992,0],[6989,1,6992,1],[6853,0,6856,0],[6853,1,6856,1],[6909,0,6912,0],[6909,1,6912,1],[6933,0,6936,0],[6933,1,6936,1],[6937,0,6940,0],[6937,1,6940,1],[6941,0,6944,0],[6941,1,6944,1],[6945,0,6948,0],[6945,1,6948,1],[6949,0,6952,0],[6949,1,6952,1],[6953,0,6956,0],[6953,1,6956,1],[6961,0,6964,0],[6961,1,6964,1],[6969,0,6972,0],[6969,1,6972,1],[6925,0,6928,0],[6925,1,6928,1],[6965,0,6968,0],[6965,1,6968,1],[6865,0,6868,0],[6865,1,6868,1],[6929,0,6932,0],[6929,1,6932,1],[6993,0,6996,0],[6993,1,6996,1],[6973,0,6976,0],[6973,1,6976,1],[6977,0,6980,0],[6977,1,6980,1],[6981,0,6984,0],[6981,1,6984,1],[6817,0,6820,0],[6817,1,6820,1],[6821,0,6824,0],[6821,1,6824,1],[6825,0,6828,0],[6825,1,6828,1],[6829,0,6832,0],[6829,1,6832,1],[6809,0,6812,0],[6809,1,6812,1],[6813,0,6816,0],[6813,1,6816,1],[6897,0,6900,0],[6897,1,6900,1],[6833,0,6836,0],[6833,1,6836,1],[6837,0,6840,0],[6837,1,6840,1],[6841,0,6844,0],[6841,1,6844,1],[6857,0,6860,0],[6857,1,6860,1],[6893,0,6896,0],[6893,1,6896,1],[6793,0,6796,0],[6793,1,6796,1],[6797,0,6800,0],[6797,1,6800,1],[6801,0,6804,0],[6801,1,6804,1],[6721,0,6724,0],[6721,1,6724,1],[6749,0,6752,0],[6749,1,6752,1],[6753,0,6756,0],[6753,1,6756,1],[6757,0,6760,0],[6757,1,6760,1],[6761,0,6764,0],[6761,1,6764,1],[6765,0,6768,0],[6765,1,6768,1],[6725,0,6728,0],[6725,1,6728,1],[6729,0,6732,0],[6729,1,6732,1],[6733,0,6736,0],[6733,1,6736,1],[6769,0,6772,0],[6769,1,6772,1],[6773,0,6776,0],[6773,1,6776,1],[6777,0,6780,0],[6777,1,6780,1],[6781,0,6784,0],[6781,1,6784,1],[6645,0,6648,0],[6645,1,6648,1],[6565,0,6568,0],[6565,1,6568,1],[6569,0,6572,0],[6569,1,6572,1],[6573,0,6576,0],[6573,1,6576,1],[6577,0,6580,0],[6577,1,6580,1],[6040,0,6043,0],[6040,1,6043,1],[6056,0,6059,0],[6056,1,6059,1],[6124,0,6127,0],[6124,1,6127,1],[4743,0,4746,0],[4743,1,4746,1],[4747,0,4750,0],[4747,1,4750,1],[4751,0,4754,0],[4751,1,4754,1],[6553,0,6556,0],[6553,1,6556,1],[6537,0,6540,0],[6537,1,6540,1],[5636,0,5639,0],[5636,1,5639,1],[5640,0,5643,0],[5640,1,5643,1],[5644,0,5647,0],[5644,1,5647,1],[4739,0,4742,0],[4739,1,4742,1],[2873,0,2879,0],[2873,1,2879,1],[2880,0,2884,0],[2880,1,2884,1],[2885,0,2889,0],[2885,1,2889,1],[6637,0,6640,0],[6637,1,6640,1],[6641,0,6644,0],[6641,1,6644,1],[4731,0,4734,0],[4731,1,4734,1],[4735,0,4738,0],[4735,1,4738,1],[2960,0,2964,0],[2960,1,2964,1],[2935,0,2939,0],[2935,1,2939,1],[2940,0,2944,0],[2940,1,2944,1],[2945,0,2949,0],[2945,1,2949,1],[3015,0,3019,0],[3015,1,3019,1],[3005,0,3009,0],[3005,1,3009,1],[3010,0,3014,0],[3010,1,3014,1],[2980,0,2984,0],[2980,1,2984,1],[2985,0,2994,0],[2985,1,2994,1],[6705,0,6708,0],[6705,1,6708,1],[6709,0,6712,0],[6709,1,6712,1],[6613,0,6616,0],[6613,1,6616,1],[6525,0,6528,0],[6525,1,6528,1],[6529,0,6532,0],[6529,1,6532,1],[6533,0,6536,0],[6533,1,6536,1],[6541,0,6544,0],[6541,1,6544,1],[6545,0,6548,0],[6545,1,6548,1],[6549,0,6552,0],[6549,1,6552,1],[3101,0,3105,0],[3101,1,3105,1],[3106,0,3110,0],[3106,1,3110,1],[3111,0,3115,0],[3111,1,3115,1],[6657,0,6660,0],[6657,1,6660,1],[6625,0,6628,0],[6625,1,6628,1],[6561,0,6564,0],[6561,1,6564,1],[6713,0,6716,0],[6713,1,6716,1],[6717,0,6720,0],[6717,1,6720,1],[6737,0,6740,0],[6737,1,6740,1],[6741,0,6744,0],[6741,1,6744,1],[6745,0,6748,0],[6745,1,6748,1],[4755,0,4758,0],[4755,1,4758,1],[6617,0,6620,0],[6617,1,6620,1],[6621,0,6624,0],[6621,1,6624,1],[6633,0,6636,0],[6633,1,6636,1],[6649,0,6652,0],[6649,1,6652,1],[6653,0,6656,0],[6653,1,6656,1],[6673,0,6676,0],[6673,1,6676,1],[6665,0,6668,0],[6665,1,6668,1],[6669,0,6672,0],[6669,1,6672,1],[6597,0,6600,0],[6597,1,6600,1],[6609,0,6612,0],[6609,1,6612,1],[6805,0,6808,0],[6805,1,6808,1],[6677,0,6680,0],[6677,1,6680,1],[6661,0,6664,0],[6661,1,6664,1],[6629,0,6632,0],[6629,1,6632,1],[6785,0,6788,0],[6785,1,6788,1],[6789,0,6792,0],[6789,1,6792,1],[6581,0,6584,0],[6581,1,6584,1],[6589,0,6592,0],[6589,1,6592,1],[6593,0,6596,0],[6593,1,6596,1],[6585,0,6588,0],[6585,1,6588,1],[6681,0,6684,0],[6681,1,6684,1],[6685,0,6688,0],[6685,1,6688,1],[6689,0,6692,0],[6689,1,6692,1],[6693,0,6696,0],[6693,1,6696,1],[6697,0,6700,0],[6697,1,6700,1],[6701,0,6704,0],[6701,1,6704,1],[6601,0,6604,0],[6601,1,6604,1],[5620,0,5623,0],[5620,1,5623,1],[5624,0,5627,0],[5624,1,5627,1],[5628,0,5631,0],[5628,1,5631,1],[6444,0,6448,0],[6444,1,6448,1],[6449,0,6457,0],[6449,1,6457,1],[6398,0,6404,0],[6398,1,6404,1],[6405,0,6408,0],[6405,1,6408,1],[6409,0,6413,0],[6409,1,6413,1],[6493,0,6496,0],[6493,1,6496,1],[6128,0,6131,0],[6128,1,6131,1],[6132,0,6135,0],[6132,1,6135,1],[5632,0,5635,0],[5632,1,5635,1],[5648,0,5651,0],[5648,1,5651,1],[5652,0,5655,0],[5652,1,5655,1],[5656,0,5659,0],[5656,1,5659,1],[5309,0,5314,0],[5309,1,5314,1],[5346,0,5352,0],[5346,1,5352,1],[5353,0,5359,0],[5353,1,5359,1],[5360,0,5365,0],[5360,1,5365,1],[5366,0,5371,0],[5366,1,5371,1],[5372,0,5378,0],[5372,1,5378,1],[5379,0,5384,0],[5379,1,5384,1],[5385,0,5390,0],[5385,1,5390,1],[5391,0,5398,0],[5391,1,5398,1],[5321,0,5326,0],[5321,1,5326,1],[5315,0,5320,0],[5315,1,5320,1],[5327,0,5332,0],[5327,1,5332,1],[5333,0,5338,0],[5333,1,5338,1],[5339,0,5345,0],[5339,1,5345,1],[5399,0,5406,0],[5399,1,5406,1],[5251,0,5256,0],[5251,1,5256,1],[5257,0,5263,0],[5257,1,5263,1],[5264,0,5275,0],[5264,1,5275,1],[5284,0,5289,0],[5284,1,5289,1],[5290,0,5296,0],[5290,1,5296,1],[5297,0,5302,0],[5297,1,5302,1],[5303,0,5308,0],[5303,1,5308,1],[5177,0,5184,0],[5177,1,5184,1],[5185,0,5192,0],[5185,1,5192,1],[5193,0,5200,0],[5193,1,5200,1],[5201,0,5215,0],[5201,1,5215,1],[5216,0,5230,0],[5216,1,5230,1],[5231,0,5237,0],[5231,1,5237,1],[5238,0,5244,0],[5238,1,5244,1],[5245,0,5250,0],[5245,1,5250,1],[5276,0,5283,0],[5276,1,5283,1],[5141,0,5148,0],[5141,1,5148,1],[5149,0,5156,0],[5149,1,5156,1],[5157,0,5162,0],[5157,1,5162,1],[5163,0,5170,0],[5163,1,5170,1],[5171,0,5176,0],[5171,1,5176,1],[135,1,138,1],[183,0,189,0],[183,1,189,1],[190,0,196,0],[190,1,196,1],[197,0,200,0],[197,1,200,1],[214,0,218,0],[214,1,218,1],[219,0,223,0],[219,1,223,1],[224,0,227,0],[224,1,227,1],[201,0,204,0],[201,1,204,1],[205,0,209,0],[161,1,165,1],[166,0,170,0],[166,1,170,1],[236,0,239,0],[236,1,239,1],[268,0,275,0],[97,0,101,0],[97,1,101,1],[102,0,105,0],[102,1,105,1],[106,0,110,0],[106,1,110,1],[69,1,76,1],[77,0,81,0],[77,1,81,1],[87,0,91,0],[87,1,91,1],[92,0,96,0],[92,1,96,1],[5119,0,5124,0],[5119,1,5124,1],[126,0,130,0],[126,1,130,1],[131,0,134,0],[131,1,134,1],[135,0,138,0],[111,0,115,0],[111,1,115,1],[116,0,120,0],[116,1,120,1],[121,0,125,0],[121,1,125,1],[248,1,262,1],[263,0,267,0],[263,1,267,1],[290,0,304,0],[290,1,304,1],[305,0,319,0],[5125,0,5132,0],[5125,1,5132,1],[139,0,143,0],[139,1,143,1],[144,0,148,0],[144,1,148,1],[149,0,153,0],[149,1,153,1],[171,0,174,0],[171,1,174,1],[175,0,178,0],[175,1,178,1],[179,0,182,0],[179,1,182,1],[154,0,160,0],[154,1,160,1],[161,0,165,0],[205,1,209,1],[210,0,213,0],[210,1,213,1],[228,0,231,0],[228,1,231,1],[232,0,235,0],[232,1,235,1],[268,1,275,1],[276,0,282,0],[276,1,282,1],[283,0,289,0],[283,1,289,1],[240,0,247,0],[240,1,247,1],[248,0,262,0],[5,0,8,0],[5,1,8,1],[9,0,12,0],[9,1,12,1],[13,0,16,0],[13,1,16,1],[47,0,51,0],[47,1,51,1],[52,0,58,0],[52,1,58,1],[59,0,63,0],[59,1,63,1],[32,0,36,0],[32,1,36,1],[37,0,41,0],[82,0,86,0],[82,1,86,1],[64,0,68,0],[64,1,68,1],[69,0,76,0],[37,1,41,1],[42,0,46,0],[42,1,46,1],[17,0,21,0],[17,1,21,1],[22,0,26,0],[22,1,26,1],[27,0,31,0],[27,1,31,1],[305,1,319,1],[320,0,325,0],[320,1,325,1],[365,0,370,0],[365,1,370,1],[371,0,379,0],[371,1,379,1],[380,0,393,0],[380,1,393,1],[326,0,340,0],[326,1,340,1],[341,0,350,0],[341,1,350,1],[351,0,364,0],[351,1,364,1],[394,0,400,0],[394,1,400,1],[401,0,414,0],[401,1,414,1],[415,0,421,0],[415,1,421,1],[606,0,614,0],[606,1,614,1],[561,0,568,0],[561,1,568,1],[569,0,578,0],[569,1,578,1],[446,0,453,0],[446,1,453,1],[454,0,463,0],[454,1,463,1],[464,0,470,0],[464,1,470,1],[422,0,433,0],[422,1,433,1],[434,0,439,0],[434,1,439,1],[440,0,445,0],[440,1,445,1],[471,0,482,0],[471,1,482,1],[483,0,488,0],[483,1,488,1],[489,0,496,0],[489,1,496,1],[637,0,643,0],[637,1,643,1],[644,0,647,0],[644,1,647,1],[648,0,651,0],[648,1,651,1],[517,0,523,0],[517,1,523,1],[524,0,530,0],[524,1,530,1],[531,0,536,0],[531,1,536,1],[497,0,503,0],[497,1,503,1],[504,0,510,0],[504,1,510,1],[511,0,516,0],[511,1,516,1],[615,0,620,0],[615,1,620,1],[621,0,628,0],[621,1,628,1],[537,0,544,0],[537,1,544,1],[545,0,552,0],[545,1,552,1],[553,0,560,0],[553,1,560,1],[588,0,595,0],[588,1,595,1],[596,0,605,0],[596,1,605,1],[736,0,743,0],[736,1,743,1],[744,0,747,0],[744,1,747,1],[748,0,754,0],[748,1,754,1],[579,0,587,0],[579,1,587,1],[723,0,729,0],[723,1,729,1],[730,0,735,0],[730,1,735,1],[686,0,695,0],[686,1,695,1],[696,0,703,0],[696,1,703,1],[704,0,713,0],[704,1,713,1],[664,0,667,0],[664,1,667,1],[668,0,675,0],[668,1,675,1],[676,0,685,0],[676,1,685,1],[629,0,636,0],[629,1,636,1],[652,0,655,0],[652,1,655,1],[656,0,659,0],[656,1,659,1],[660,0,663,0],[660,1,663,1],[714,0,722,0],[714,1,722,1],[845,0,849,0],[845,1,849,1],[850,0,855,0],[850,1,855,1],[856,0,861,0],[856,1,861,1],[827,0,831,0],[827,1,831,1],[832,0,838,0],[832,1,838,1],[839,0,844,0],[839,1,844,1],[814,0,817,0],[814,1,817,1],[818,0,822,0],[818,1,822,1],[823,0,826,0],[823,1,826,1],[783,0,789,0],[783,1,789,1],[790,0,803,0],[790,1,803,1],[804,0,813,0],[804,1,813,1],[755,0,765,0],[755,1,765,1],[766,0,771,0],[766,1,771,1],[772,0,782,0],[772,1,782,1],[903,0,906,0],[903,1,906,1],[907,0,912,0],[907,1,912,1],[913,0,921,0],[913,1,921,1],[883,0,890,0],[883,1,890,1],[891,0,895,0],[891,1,895,1],[896,0,902,0],[896,1,902,1],[862,0,866,0],[862,1,866,1],[867,0,874,0],[867,1,874,1],[875,0,882,0],[875,1,882,1],[966,0,972,0],[966,1,972,1],[973,0,979,0],[973,1,979,1],[980,0,990,0],[980,1,990,1],[947,0,952,0],[947,1,952,1],[953,0,958,0],[953,1,958,1],[959,0,965,0],[959,1,965,1],[922,0,928,0],[922,1,928,1],[929,0,937,0],[929,1,937,1],[938,0,946,0],[938,1,946,1],[1036,0,1044,0],[1036,1,1044,1],[1045,0,1051,0],[1045,1,1051,1],[1052,0,1058,0],[1052,1,1058,1],[1012,0,1020,0],[1012,1,1020,1],[1021,0,1025,0],[1021,1,1025,1],[1026,0,1035,0],[1026,1,1035,1],[991,0,1001,0],[991,1,1001,1],[1002,0,1006,0],[1002,1,1006,1],[1007,0,1011,0],[1007,1,1011,1],[1108,0,1115,0],[1108,1,1115,1],[1116,0,1120,0],[1116,1,1120,1],[1121,0,1125,0],[1121,1,1125,1],[1082,0,1089,0],[1082,1,1089,1],[1090,0,1097,0],[1090,1,1097,1],[1098,0,1107,0],[1098,1,1107,1],[1059,0,1065,0],[1059,1,1065,1],[1066,0,1072,0],[1066,1,1072,1],[1073,0,1081,0],[1073,1,1081,1],[1165,0,1171,0],[1165,1,1171,1],[1172,0,1178,0],[1172,1,1178,1],[1179,0,1185,0],[1179,1,1185,1],[1144,0,1150,0],[1144,1,1150,1],[1151,0,1157,0],[1151,1,1157,1],[1158,0,1164,0],[1158,1,1164,1],[1126,0,1131,0],[1126,1,1131,1],[1132,0,1136,0],[1132,1,1136,1],[1137,0,1143,0],[1137,1,1143,1],[1227,0,1232,0],[1227,1,1232,1],[1233,0,1238,0],[1233,1,1238,1],[1239,0,1244,0],[1239,1,1244,1],[1207,0,1213,0],[1207,1,1213,1],[1214,0,1220,0],[1214,1,1220,1],[1221,0,1226,0],[1221,1,1226,1],[1186,0,1192,0],[1186,1,1192,1],[1193,0,1199,0],[1193,1,1199,1],[1200,0,1206,0],[1200,1,1206,1],[1286,0,1292,0],[1286,1,1292,1],[1293,0,1299,0],[1293,1,1299,1],[1300,0,1307,0],[1300,1,1307,1],[1266,0,1271,0],[1266,1,1271,1],[1272,0,1278,0],[1272,1,1278,1],[1279,0,1285,0],[1279,1,1285,1],[1245,0,1251,0],[1245,1,1251,1],[1252,0,1258,0],[1252,1,1258,1],[1259,0,1265,0],[1259,1,1265,1],[1348,0,1353,0],[1348,1,1353,1],[1354,0,1360,0],[1354,1,1360,1],[1361,0,1366,0],[1361,1,1366,1],[1329,0,1334,0],[1329,1,1334,1],[1335,0,1340,0],[1335,1,1340,1],[1341,0,1347,0],[1341,1,1347,1],[1308,0,1316,0],[1308,1,1316,1],[1317,0,1322,0],[1317,1,1322,1],[1323,0,1328,0],[1323,1,1328,1],[1405,0,1419,0],[1405,1,1419,1],[1420,0,1434,0],[1420,1,1434,1],[1435,0,1449,0],[1435,1,1449,1],[1386,0,1391,0],[1386,1,1391,1],[1392,0,1397,0],[1392,1,1397,1],[1398,0,1404,0],[1398,1,1404,1],[1367,0,1372,0],[1367,1,1372,1],[1373,0,1379,0],[1373,1,1379,1],[1380,0,1385,0],[1380,1,1385,1],[1522,0,1527,0],[1522,1,1527,1],[1528,0,1533,0],[1528,1,1533,1],[1534,0,1539,0],[1534,1,1539,1]],"merged_total":2460,"flags":["merged_cut"]}
[{"$f":"Orçamentária!A1","v":"Implementação de sistema de climatização para a sala de leitura da Biblioteca do Senado Federal"}]
["COMPOSIÇÕES DE CUSTO UNITÁRIO"]
[{"$f":"Orçamentária!A3","v":"Data: março de 2023"}]
[]
["ITEM","DESCRIÇÃO","DISCRIMINAÇÃO DA COMPOSIÇÃO","UNIDADE","COEFICIENTE","CUSTO UNITÁRIO","CUSTO TOTAL","TOTAL DO SERVIÇO",null,"QTD"]
["SF-00001",{"$f":"INDEX(Orçamentária!A:B,MATCH(Composições!A6,Orçamentária!A:A,0),2)","v":"Engenheiro(a) /Arquiteto(a) júnior"},null,"hh",null,"",{"$f":"IF(ISNUMBER(F6),E6*F6,\"\")","v":""},null,null,40]
[null,null,null,null,null,"",{"$f":"IF(ISNUMBER(F7),E7*F7,\"\")","v":""},null,null,40]
[null,null,"Engenheiro civil de obra junior com encargos complementares","h",1,104.08199999999999,{"$f":"IF(ISNUMBER(F8),E8*F8,\"\")","v":104.08199999999999},{"$f":"SUM(G8:G8)","v":104.08199999999999},null,40]
[null,null,null,null,null,"",{"$f":"IF(ISNUMBER(F9),E9*F9,\"\")","v":""},null,null,40]
["SF-00002",{"$f":"INDEX(Orçamentária!A:B,MATCH(Composições!A10,Orçamentária!A:A,0),2)","v":"Mestre de obras"},null,"hh",null,"",{"$f":"IF(ISNUMBER(F10),E10*F10,\"\")","v":""},null,null,120]
[null,null,null,null,null,"",{"$f":"IF(ISNUMBER(F11),E11*F11,\"\")","v":""},null,null,120]
[null,null,"Mestre de obras com encargos complementares","h",1,44.564499999999995,{"$f":"IF(ISNUMBER(F12),E12*F12,\"\")","v":44.564499999999995},{"$f":"SUM(G12:G12)","v":44.564499999999995},null,120]
[null,null,null,null,null,"",{"$f":"IF(ISNUMBER(F13),E13*F13,\"\")","v":""},null,null,120]
["SF-00003",{"$f":"INDEX(Orçamentária!A:B,MATCH(Composições!A14,Orçamentária!A:A,0),2)","v":"Planejamento físico-financeiro"},null,"un",null,"",{"$f":"IF(ISNUMBER(F14),E14*F14,\"\")","v":""},null,null,0]
[null,null,null,null,null,"",{"$f":"IF(ISNUMBER(F15),E15*F15,\"\")","v":""},null,null,0]
[null,null,"Engenheiro Civil de Obra Pleno com encargos complementares","h",16,118.2085,{"$f":"IF(ISNUMBER(F16),E16*F16,\"\")","v":1891.336},{"$f":"SUM(G16:G16)","v":1891.336},null,0]
[null,null,null,null,null,"",{"$f":"IF(ISNUMBER(F17),E17*F17,\"\")","v":""},null,null,0]
["SF-00004",{"$f":"INDEX(Orçamentária!A:B,MATCH(Composições!A18,Orçamentária!A:A,0),2)","v":"Projetos de segurança do trabalho"},null,"un",null,"",{"$f":"IF(ISNUMBER(F18),E18*F18,\"\")","v":""},null,null,0]
[null,null,null,null,null,"",{"$f":"IF(ISNUMBER(F19),E19*F19,\"\")","v":""},null,null,0]
[null,null,"ENGENHEIRO CIVIL PLENO COM ENCARGOS COMPLEMENTARES","H",20,118.465,{"$f":"IF(ISNUMBER(F20),E20*F20,\"\")","v":2369.3000000000002},{"$f":"SUM(G20:G21)","v":2623.8900000000003},null,0]
[null,null,"Anotação de Responsabilidade Técnica","un",1,254.59,{"$f":"IF(ISNUMBER(F21),E21*F21,\"\")","v":254.59},null,null,0]
[null,null,null,null,null,"",{"$f":"IF(ISNUMBER(F22),E22*F22,\"\")","v":""},null,null,0]
["SF-00005",{"$f":"INDEX(Orçamentária!A:B,MATCH(Composições!A23,Orçamentária!A:A,0),2)","v":"Demolição de alvenarias"},null,"m3",null,"",{"$f":"IF(ISNUMBER(F23),E23*F23,\"\")","v":""},null,null,0]
[null,null,null,null,null,"",{"$f":"IF(ISNUMBER(F24),E24*F24,\"\")","v":""},null,null,0]
[null,null,"Pedreiro com Encargos Complementares","h",0.22500000000000001,27.160499999999999,{"$f":"IF(ISNUMBER(F25),E25*F25,\"\")","v":6.1111124999999999},{"$f":"SUM(G25:G26)","v":53.131354899999991},null,0]
[null,null,"Servente com Encargos Complementares","h",2.3248000000000002,20.225499999999997,{"$f":"IF(ISNUMBER(F26),E26*F26,\"\")","v":47.020242399999994},null,null,0]
[null,null,null,null,null,"",{"$f":"IF(ISNUMBER(F27),E27*F27,\"\")","v":""},null,null,0]
["SF-00006",{"$f":"INDEX(Orçamentária!A:B,MATCH(Composições!A28,Orçamentária!A:A,0),2)","v":"Demolição de concreto simples"},null,"m3",null,"",{"$f":"IF(ISNUMBER(F28),E28*F28,\"\")","v":""},null,null,1]
[null,null,null,null,null,"",{"$f":"IF(ISNUMBER(F29),E29*F29,\"\")","v":""},null,null,1]
[null,null,"Pedreiro com Encargos Complementares","h",1.3,27.160499999999999,{"$f":"IF(ISNUMBER(F30),E30*F30,\"\")","v":35.30865},{"$f":"SUM(G30:G31)","v":298.24014999999997},null,1]
[null,null,"Servente com Encargos Complementares","h",13,20.225499999999997,{"$f":"IF(ISNUMBER(F31),E31*F31,\"\")","v":262.93149999999997},null,null,1]
[null,null,null,null,null,"",{"$f":"IF(ISNUMBER(F32),E32*F32,\"\")","v":""},null,null,1]
["SF-00007",{"$f":"INDEX(Orçamentária!A:B,MATCH(Composições!A33,Orçamentária!A:A,0),2)","v":"Demolição de contrapiso"},null,"m2",null,"",{"$f":"IF(ISNUMBER(F33),E33*F33,\"\")","v":""},null,null,0]
[null,null,null,null,null,"",{"$f":"IF(ISNUMBER(F34),E34*F34,\"\")","v":""},null,null,0]
[null,null,"Pedreiro com Encargos Complementares","h",0.08,27.160499999999999,{"$f":"IF(ISNUMBER(F35),E35*F35,\"\")","v":2.1728399999999999},{"$f":"SUM(G35:G36)","v":18.35324},null,0]
[null,null,"Servente com Encargos Complementares","h",0.8,20.225499999999997,{"$f":"IF(ISNUMBER(F36),E36*F36,\"\")","v":16.180399999999999},null,null,0]
[null,null,null,null,null,"",{"$f":"IF(ISNUMBER(F37),E37*F37,\"\")","v":""},null,null,0]
["SF-00008",{"$f":"INDEX(Orçamentária!A:B,MATCH(Composições!A38,Orçamentária!A:A,0),2)","v":"Demolição de fechamento ou parede em gesso acartonado"},null,"m2",null,"",{"$f":"IF(ISNUMBER(F38),E38*F38,\"\")","v":""},null,null,20]
[null,null,null,null,null,"",{"$f":"IF(ISNUMBER(F39),E39*F39,\"\")","v":""},null,null,20]
[null,null,"Montador de estrutura metálica com encargos complementares","h",0.1186,20.719499999999996,{"$f":"IF(ISNUMBER(F40),E40*F40,\"\")","v":2.4573326999999994},{"$f":"SUM(G40:G41)","v":7.1678516499999985},null,20]
[null,null,"Servente com Encargos Complementares","h",0.2329,20.225499999999997,{"$f":"IF(ISNUMBER(F41),E41*F41,\"\")","v":4.7105189499999991},null,null,20]
[null,null,null,null,null,"",{"$f":"IF(ISNUMBER(F42),E42*F42,\"\")","v":""},null,null,20]
["SF-00009",{"$f":"INDEX(Orçamentária!A:B,MATCH(Composições!A43,Orçamentária!A:A,0),2)","v":"Demolição de forro"},null,"m2",null,"",{"$f":"IF(ISNUMBER(F43),E43*F43,\"\")","v":""},null,null,125]
[null,null,null,null,null,"",{"$f":"IF(ISNUMBER(F44),E44*F44,\"\")","v":""},null,null,125]
[null,null,"Montador de estrutura metálica com encargos complementares","h",2.58E-2,20.719499999999996,{"$f":"IF(ISNUMBER(F45),E45*F45,\"\")","v":0.53456309999999996},{"$f":"SUM(G45:G46)","v":1.5599959499999998},null,125]
[null,null,"Servente com Encargos Complementares","h",5.0700000000000002E-2,20.225499999999997,{"$f":"IF(ISNUMBER(F46),E46*F46,\"\")","v":1.0254328499999998},null,null,125]
[null,null,null,null,null,"",{"$f":"IF(ISNUMBER(F47),E47*F47,\"\")","v":""},null,null,125]
["SF-00010",{"$f":"INDEX(Orçamentária!A:B,MATCH(Composições!A48,Orçamentária!A:A,0),2)","v":"Demolição de infraestrutura elétrica (eletrodutos, eletrocalhas, cabos)"},null,"m",null,"",{"$f":"IF(ISNUMBER(F48),E48*F48,\"\")","v":""},null,null,27]
[null,null,null,null,null,"",{"$f":"IF(ISNUMBER(F49),E49*F49,\"\")","v":""},null,null,27]
[null,null,"Eletricista com encargos complementares","h",{"$f":"ROUND(0.0096*5,4)","v":4.8000000000000001E-2},27.474,{"$f":"IF(ISNUMBER(F50),E50*F50,\"\")","v":1.3187520000000001},{"$f":"SUM(G50:G51)","v":3.2199489999999997},null,27]
[null,null,"Servente com Encargos Complementares","h",{"$f":"ROUND(0.0188*5,4)","v":9.4E-2},20.225499999999997,{"$f":"IF(ISNUMBER(F51),E51*F51,\"\")","v":1.9011969999999998},null,null,27]
[null,null,null,null,null,"",{"$f":"IF(ISNUMBER(F52),E52*F52,\"\")","v":""},null,null,27]
["SF-00011",{"$f":"INDEX(Orçamentária!A:B,MATCH(Composições!A53,Orçamentária!A:A,0),2)","v":"Demolição de revestimento cerâmico, granito, mármore ou granitina"},null,"m2",null,"",{"$f":"IF(ISNUMBER(F53),E53*F53,\"\")","v":""},null,null,18]
[null,null,null,null,null,"",{"$f":"IF(ISNUMBER(F54),E54*F54,\"\")","v":""},null,null,18]
[null,null,"Martelete ou rompedor pneumático manual, 28 kg, com silenciador - CHP diurno. AF_07/2016","chp",6.9900000000000004E-2,24.6525,{"$f":"IF(ISNUMBER(F55),E55*F55,\"\")","v":1.7232097500000001},{"$f":"SUM(G55:G58)","v":11.695665649999999},null,18]
[null,null,"Martelete ou rompedor pneumático manual, 28 kg, com silenciador - CHI diurno. AF_07/2016","chi",4.82E-2,23.008999999999997,{"$f":"IF(ISNUMBER(F56),E56*F56,\"\")","v":1.1090337999999997},null,null,18]
[null,null,"Azulejista ou ladrilhista com encargos complementares","h",0.1055,27.036999999999999,{"$f":"IF(ISNUMBER(F57),E57*F57,\"\")","v":2.8524034999999999},null,null,18]
[null,null,"Servente com Encargos Complementares","h",0.29720000000000002,20.225499999999997,{"$f":"IF(ISNUMBER(F58),E58*F58,\"\")","v":6.011018599999999},null,null,18]
[null,null,null,null,null,"",{"$f":"IF(ISNUMBER(F59),E59*F59,\"\")","v":""},null,null,18]
["SF-00012",{"$f":"INDEX(Orçamentária!A:B,MATCH(Composições!A60,Orçamentária!A:A,0),2)","v":"Demolição de revestimento em argamassa"},null,"m2",null,"",{"$f":"IF(ISNUMBER(F60),E60*F60,\"\")","v":""},null,null,0]
[null,null,null,null,null,"",{"$f":"IF(ISNUMBER(F61),E61*F61,\"\")","v":""},null,null,0]
[null,null,"Pedreiro com Encargos Complementares","h",3.7400000000000003E-2,27.160499999999999,{"$f":"IF(ISNUMBER(F62),E62*F62,\"\")","v":1.0158027000000001},{"$f":"SUM(G62:G63)","v":3.1455478499999998},null,0]
[null,null,"Servente com Encargos Complementares","h",0.1053,20.225499999999997,{"$f":"IF(ISNUMBER(F63),E63*F63,\"\")","v":2.1297451499999998},null,null,0]
[null,null,null,null,null,"",{"$f":"IF(ISNUMBER(F64),E64*F64,\"\")","v":""},null,null,0]
["SF-00013",{"$f":"INDEX(Orçamentária!A:B,MATCH(Composições!A65,Orçamentária!A:A,0),2)","v":"Demolição de tubulação hidrossanitária embutida com conexões e acessórios"},null,"m",null,"",{"$f":"IF(ISNUMBER(F65),E65*F65,\"\")","v":""},null,null,0]
[null,null,null,null,null,"",{"$f":"IF(ISNUMBER(F66),E66*F66,\"\")","v":""},null,null,0]
[null,null,"Encanador ou Bombeiro Hidráulico com Encargos Complementares","h",7.1000000000000004E-3,26.4575,{"$f":"IF(ISNUMBER(F67),E67*F67,\"\")","v":0.18784824999999999},{"$f":"SUM(G67:G68)","v":0.47100524999999993},null,0]
[null,null,"Servente com Encargos Complementares","h",1.4E-2,20.225499999999997,{"$f":"IF(ISNUMBER(F68),E68*F68,\"\")","v":0.28315699999999994},null,null,0]
[null,null,null,null,null,"",{"$f":"IF(ISNUMBER(F69),E69*F69,\"\")","v":""},null,null,0]
["SF-00014",{"$f":"INDEX(Orçamentária!A:B,MATCH(Composições!A70,Orçamentária!A:A,0),2)","v":"Demolição em concreto armado"},null,"m3",null,"",{"$f":"IF(ISNUMBER(F70),E70*F70,\"\")","v":""},null,null,0]
[null,null,null,null,null,"",{"$f":"IF(ISNUMBER(F71),E71*F71,\"\")","v":""},null,null,0]
[null,null,"Martelete ou rompedor pneumático manual, 28 kg, com silenciador - CHP diurno. AF_07/2016","chp",3.2467999999999999,24.6525,{"$f":"IF(ISNUMBER(F72),E72*F72,\"\")","v":80.041736999999998},{"$f":"SUM(G72:G76)","v":271.83592409999994},null,0]
[null,null,"Martelete ou rompedor pneumático manual, 28 kg, com silenciador - CHI diurno. AF_07/2016","chi",0.92020000000000002,23.008999999999997,{"$f":"IF(ISNUMBER(F73),E73*F73,\"\")","v":21.172881799999999},null,null,0]
[null,null,"CABO DE ACO GALVANIZADO, DIAMETRO 9,53 MM (3/8\"), COM ALMA DE FIBRA 6 X 25 F","kg",0.28349999999999997,71.525500000000008,{"$f":"IF(ISNUMBER(F74),E74*F74,\"\")","v":20.277479249999999},null,null,0]
[null,null,"Pedreiro com Encargos Complementares","h",0.63660000000000005,27.160499999999999,{"$f":"IF(ISNUMBER(F75),E75*F75,\"\")","v":17.2903743},null,null,0]
[null,null,"Servente com Encargos Complementares","h",6.5785,20.225499999999997,{"$f":"IF(ISNUMBER(F76),E76*F76,\"\")","v":133.05345174999997},null,null,0]
[null,null,null,null,null,"",{"$f":"IF(ISNUMBER(F77),E77*F77,\"\")","v":""},null,null,0]
["SF-00016",{"$f":"INDEX(Orçamentária!A:B,MATCH(Composições!A78,Orçamentária!A:A,0),2)","v":"Remoção de armários"},null,"m2",null,"",{"$f":"IF(ISNUMBER(F78),E78*F78,\"\")","v":""},null,null,0]
[null,null,null,null,null,"",{"$f":"IF(ISNUMBER(F79),E79*F79,\"\")","v":""},null,null,0]
[null,null,"Carpinteiro de esquadria com encargos complementares","h",0.35,25.725999999999996,{"$f":"IF(ISNUMBER(F80),E80*F80,\"\")","v":9.0040999999999976},{"$f":"SUM(G80:G81)","v":16.083024999999996},null,0]
[null,null,"Servente com Encargos Complementares","h",0.35,20.225499999999997,{"$f":"IF(ISNUMBER(F81),E81*F81,\"\")","v":7.0789249999999981},null,null,0]
[null,null,null,null,null,"",{"$f":"IF(ISNUMBER(F82),E82*F82,\"\")","v":""},null,null,0]
["SF-00017",{"$f":"INDEX(Orçamentária!A:B,MATCH(Composições!A83,Orçamentária!A:A,0),2)","v":"Remoção de bancadas"},null,"m2",null,"",{"$f":"IF(ISNUMBER(F83),E83*F83,\"\")","v":""},null,null,0]
[null,null,null,null,null,"",{"$f":"IF(ISNUMBER(F84),E84*F84,\"\")","v":""},null,null,0]
[null,null,"Pedreiro com Encargos Complementares","h",0.15,27.160499999999999,{"$f":"IF(ISNUMBER(F85),E85*F85,\"\")","v":4.0740749999999997},{"$f":"SUM(G85:G86)","v":24.299574999999997},null,0]
[null,null,"Servente com Encargos Complementares","h",1,20.225499999999997,{"$f":"IF(ISNUMBER(F86),E86*F86,\"\")","v":20.225499999999997},null,null,0]
[null,null,null,null,null,"",{"$f":"IF(ISNUMBER(F87),E87*F87,\"\")","v":""},null,null,0]
["SF-00018",{"$f":"INDEX(Orçamentária!A:B,MATCH(Composições!A88,Orçamentária!A:A,0),2)","v":"Remoção de batentes de madeira"},null,"un",null,"",{"$f":"IF(ISNUMBER(F88),E88*F88,\"\")","v":""},null,null,0]
[null,null,null,null,null,"",{"$f":"IF(ISNUMBER(F89),E89*F89,\"\")","v":""},null,null,0]
[null,null,"Pedreiro com Encargos Complementares","h",{"$f":"0.08/2","v":0.04},27.160499999999999,{"$f":"IF(ISNUMBER(F90),E90*F90,\"\")","v":1.0864199999999999},{"$f":"SUM(G90:G91)","v":9.1766199999999998},null,0]
[null,null,"Servente com Encargos Complementares","h",{"$f":"0.8/2","v":0.4},20.225499999999997,{"$f":"IF(ISNUMBER(F91),E91*F91,\"\")","v":8.0901999999999994},null,null,0]
[null,null,null,null,null,"",{"$f":"IF(ISNUMBER(F92),E92*F92,\"\")","v":""},null,null,0]
["SF-00019",{"$f":"INDEX(Orçamentária!A:B,MATCH(Composições!A93,Orçamentária!A:A,0),2)","v":"Remoção de canaleta em alumínio"},null,"m",null,"",{"$f":"IF(ISNUMBER(F93),E93*F93,\"\")","v":""},null,null,0]
[null,null,null,null,null,"",{"$f":"IF(ISNUMBER(F94),E94*F94,\"\")","v":""},null,null,0]
[null,null,"Eletricista com encargos complementares","h",{"$f":"0.75*0.1","v":7.5000000000000011E-2},27.474,{"$f":"IF(ISNUMBER(F95),E95*F95,\"\")","v":2.0605500000000001},{"$f":"SUM(G95:G96)","v":5.0943749999999994},null,0]
[null,null,"Servente com Encargos Complementares","h",{"$f":"0.75*0.2","v":0.15000000000000002},20.225499999999997,{"$f":"IF(ISNUMBER(F96),E96*F96,\"\")","v":3.0338249999999998},null,null,0]
[null,null,null,null,null,"",{"$f":"IF(ISNUMBER(F97),E97*F97,\"\")","v":""},null,null,0]
["SF-00020",{"$f":"INDEX(Orçamentária!A:B,MATCH(Composições!A98,Orçamentária!A:A,0),2)","v":"Remoção de carpete"},null,"m2",null,"",{"$f":"IF(ISNUMBER(F98),E98*F98,\"\")","v":""},null,null,0]
[null,null,null,null,null,"",{"$f":"IF(ISNUMBER(F99),E99*F99,\"\")","v":""},null,null,0]
[null,null,"Pedreiro com Encargos Complementares","h",0.01,27.160499999999999,{"$f":"IF(ISNUMBER(F100),E100*F100,\"\")","v":0.27160499999999999},{"$f":"SUM(G100:G101)","v":2.2941549999999999},null,0]
[null,null,"Servente com Encargos Complementares","h",0.1,20.225499999999997,{"$f":"IF(ISNUMBER(F101),E101*F101,\"\")","v":2.0225499999999998},null,null,0]
[null,null,null,null,null,"",{"$f":"IF(ISNUMBER(F102),E102*F102,\"\")","v":""},null,null,0]
["SF-00021",{"$f":"INDEX(Orçamentária!A:B,MATCH(Composições!A103,Orçamentária!A:A,0),2)","v":"Remoção de cortinas"},null,"m",null,"",{"$f":"IF(ISNUMBER(F103),E103*F103,\"\")","v":""},null,null,0]
[null,null,null,null,null,"",{"$f":"IF(ISNUMBER(F104),E104*F104,\"\")","v":""},null,null,0]
[null,null,"Ajudante especializado com encargos complementares","h",{"$f":"ROUND(1/6,4)","v":0.16669999999999999},21.318000000000001,{"$f":"IF(ISNUMBER(F105),E105*F105,\"\")","v":3.5537106000000001},{"$f":"SUM(G105:G105)","v":3.5537106000000001},null,0]
[null,null,null,null,null,"",{"$f":"IF(ISNUMBER(F106),E106*F106,\"\")","v":""},null,null,0]
["SF-00022",{"$f":"INDEX(Orçamentária!A:B,MATCH(Composições!A107,Orçamentária!A:A,0),2)","v":"Remoção de difusores, grelhas e acessórios de climatização"},null,"un",null,"",{"$f":"IF(ISNUMBER(F107),E107*F107,\"\")","v":""},null,null,2]
[null,null,null,null,null,"",{"$f":"IF(ISNUMBER(F108),E108*F108,\"\")","v":""},null,null,2]
[null,null,"Ajudante de operação em geral com encargos complementares","h",0.6,23.160999999999998,{"$f":"IF(ISNUMBER(F109),E109*F109,\"\")","v":13.896599999999998},{"$f":"SUM(G109:G110)","v":26.031899999999993},null,2]
[null,null,"Servente com Encargos Complementares","h",0.6,20.225499999999997,{"$f":"IF(ISNUMBER(F110),E110*F110,\"\")","v":12.135299999999997},null,null,2]
[null,null,null,null,null,"",{"$f":"IF(ISNUMBER(F111),E111*F111,\"\")","v":""},null,null,2]
["SF-00023",{"$f":"INDEX(Orçamentária!A:B,MATCH(Composições!A112,Orçamentária!A:A,0),2)","v":"Remoção de divisória de mármore ou granito"},null,"m2",null,"",{"$f":"IF(ISNUMBER(F112),E112*F112,\"\")","v":""},null,null,0]
[null,null,null,null,null,"",{"$f":"IF(ISNUMBER(F113),E113*F113,\"\")","v":""},null,null,0]
[null,null,"Marmorista/graniteiro com encargos complementares","h",0.6,27.036999999999999,{"$f":"IF(ISNUMBER(F114),E114*F114,\"\")","v":16.222199999999997},{"$f":"SUM(G114:G115)","v":40.492799999999988},null,0]
[null,null,"Servente com Encargos Complementares","h",1.2,20.225499999999997,{"$f":"IF(ISNUMBER(F115),E115*F115,\"\")","v":24.270599999999995},null,null,0]
[null,null,null,null,null,"",{"$f":"IF(ISNUMBER(F116),E116*F116,\"\")","v":""},null,null,0]
["SF-00024",{"$f":"INDEX(Orçamentária!A:B,MATCH(Composições!A117,Orçamentária!A:A,0),2)","v":"Remoção de divisórias de MDF e gesso acartonado"},null,"m2",null,"",{"$f":"IF(ISNUMBER(F117),E117*F117,\"\")","v":""},null,null,27]
[null,null,null,null,null,"",{"$f":"IF(ISNUMBER(F118),E118*F118,\"\")","v":""},null,null,27]
[null,null,"Montador de estrutura metálica com encargos complementares","h",0.1186,20.719499999999996,{"$f":"IF(ISNUMBER(F119),E119*F119,\"\")","v":2.4573326999999994},{"$f":"SUM(G119:G120)","v":7.1678516499999985},null,27]
[null,null,"Servente com Encargos Complementares","h",0.2329,20.225499999999997,{"$f":"IF(ISNUMBER(F120),E120*F120,\"\")","v":4.7105189499999991},null,null,27]
[null,null,null,null,null,"",{"$f":"IF(ISNUMBER(F121),E121*F121,\"\")","v":""},null,null,27]
["SF-00025",{"$f":"INDEX(Orçamentária!A:B,MATCH(Composições!A122,Orçamentária!A:A,0),2)","v":"Remoção de dutos/tubulações"},null,"m",null,"",{"$f":"IF(ISNUMBER(F122),E122*F122,\"\")","v":""},null,null,0]
[null,null,null,null,null,"",{"$f":"IF(ISNUMBER(F123),E123*F123,\"\")","v":""},null,null,0]
[null,null,"Encanador ou Bombeiro Hidráulico com Encargos Complementares","h",0.17499999999999999,26.4575,{"$f":"IF(ISNUMBER(F124),E124*F124,\"\")","v":4.6300624999999993},{"$f":"SUM(G124:G125)","v":10.697712499999998},null,0]
[null,null,"Servente com Encargos Complementares","h",0.3,20.225499999999997,{"$f":"IF(ISNUMBER(F125),E125*F125,\"\")","v":6.0676499999999987},null,null,0]
[null,null,null,null,null,"",{"$f":"IF(ISNUMBER(F126),E126*F126,\"\")","v":""},null,null,0]
["SF-00026",{"$f":"INDEX(Orçamentária!A:B,MATCH(Composições!A127,Orçamentária!A:A,0),2)","v":"Remoção de esquadrias metálicas"},null,"m2",null,"",{"$f":"IF(ISNUMBER(F127),E127*F127,\"\")","v":""},null,null,0]
[null,null,null,null,null,"",{"$f":"IF(ISNUMBER(F128),E128*F128,\"\")","v":""},null,null,0]
[null,null,"Pedreiro com Encargos Complementares","h",0.05,27.160499999999999,{"$f":"IF(ISNUMBER(F129),E129*F129,\"\")","v":1.358025},{"$f":"SUM(G129:G130)","v":11.470774999999998},null,0]
[null,null,"Servente com Encargos Complementares","h",0.5,20.225499999999997,{"$f":"IF(ISNUMBER(F130),E130*F130,\"\")","v":10.112749999999998},null,null,0]
[null,null,null,null,null,"",{"$f":"IF(ISNUMBER(F131),E131*F131,\"\")","v":""},null,null,0]
["SF-00027",{"$f":"INDEX(Orçamentária!A:B,MATCH(Composições!A132,Orçamentária!A:A,0),2)","v":"Remoção de exaustor"},null,"un",null,"",{"$f":"IF(ISNUMBER(F132),E132*F132,\"\")","v":""},null,null,0]
[null,null,null,null,null,"",{"$f":"IF(ISNUMBER(F133),E133*F133,\"\")","v":""},null,null,0]
[null,null,"Eletricista com encargos complementares","h",0.3,27.474,{"$f":"IF(ISNUMBER(F134),E134*F134,\"\")","v":8.2422000000000004},{"$f":"SUM(G134:G134)","v":8.2422000000000004},null,0]
[null,null,null,null,null,"",{"$f":"IF(ISNUMBER(F135),E135*F135,\"\")","v":""},null,null,0]
["SF-00028",{"$f":"INDEX(Orçamentária!A:B,MATCH(Composições!A136,Orçamentária!A:A,0),2)","v":"Remoção de fechadura/puxador de porta"},null,"un",null,"",{"$f":"IF(ISNUMBER(F136),E136*F136,\"\")","v":""},null,null,0]
[null,null,null,null,null,"",{"$f":"IF(ISNUMBER(F137),E137*F137,\"\")","v":""},null,null,0]
[null,null,"Carpinteiro de esquadria com encargos complementares","h",{"$f":"0.25","v":0.25},25.725999999999996,{"$f":"IF(ISNUMBER(F138),E138*F138,\"\")","v":6.4314999999999989},{"$f":"SUM(G138:G138)","v":6.4314999999999989},null,0]
[null,null,null,null,null,"",{"$f":"IF(ISNUMBER(F139),E139*F139,\"\")","v":""},null,null,0]
["SF-00029",{"$f":"INDEX(Orçamentária!A:B,MATCH(Composições!A140,Orçamentária!A:A,0),2)","v":"Remoção de folha de porta e dobradiças / pivôs"},null,"un",null,"",{"$f":"IF(ISNUMBER(F140),E140*F140,\"\")","v":""},null,null,0]
[null,null,null,null,null,"",{"$f":"IF(ISNUMBER(F141),E141*F141,\"\")","v":""},null,null,0]
[null,null,"Pedreiro com Encargos Complementares","h",0.13150000000000001,27.160499999999999,{"$f":"IF(ISNUMBER(F142),E142*F142,\"\")","v":3.5716057499999998},{"$f":"SUM(G142:G143)","v":8.7938298499999981},null,0]
[null,null,"Servente com Encargos Complementares","h",0.25819999999999999,20.225499999999997,{"$f":"IF(ISNUMBER(F143),E143*F143,\"\")","v":5.2222240999999991},null,null,0]
[null,null,null,null,null,"",{"$f":"IF(ISNUMBER(F144),E144*F144,\"\")","v":""},null,null,0]
["SF-00030",{"$f":"INDEX(Orçamentária!A:B,MATCH(Composições!A145,Orçamentária!A:A,0),2)","v":"Remoção de laminado melamínico (LDAP), em PVC ou vinílico"},null,"m2",null,"",{"$f":"IF(ISNUMBER(F145),E145*F145,\"\")","v":""},null,null,0]
[null,null,null,null,null,"",{"$f":"IF(ISNUMBER(F146),E146*F146,\"\")","v":""},null,null,0]
[null,null,"Pedreiro com Encargos Complementares","h",0.09,27.160499999999999,{"$f":"IF(ISNUMBER(F147),E147*F147,\"\")","v":2.444445},{"$f":"SUM(G147:G148)","v":20.647394999999996},null,0]
[null,null,"Servente com Encargos Complementares","h",0.9,20.225499999999997,{"$f":"IF(ISNUMBER(F148),E148*F148,\"\")","v":18.202949999999998},null,null,0]
[null,null,null,null,null,"",{"$f":"IF(ISNUMBER(F149),E149*F149,\"\")","v":""},null,null,0]
["SF-00031",{"$f":"INDEX(Orçamentária!A:B,MATCH(Composições!A150,Orçamentária!A:A,0),2)","v":"Remoção de louças"},null,"un",null,"",{"$f":"IF(ISNUMBER(F150),E150*F150,\"\")","v":""},null,null,0]
[null,null,null,null,null,"",{"$f":"IF(ISNUMBER(F151),E151*F151,\"\")","v":""},null,null,0]
[null,null,"Encanador ou Bombeiro Hidráulico com Encargos Complementares","h",0.17549999999999999,26.4575,{"$f":"IF(ISNUMBER(F152),E152*F152,\"\")","v":4.6432912499999999},{"$f":"SUM(G152:G153)","v":11.617043649999999},null,0]
[null,null,"Servente com Encargos Complementares","h",0.3448,20.225499999999997,{"$f":"IF(ISNUMBER(F153),E153*F153,\"\")","v":6.9737523999999986},null,null,0]
[null,null,null,null,null,"",{"$f":"IF(ISNUMBER(F154),E154*F154,\"\")","v":""},null,null,0]
["SF-00032",{"$f":"INDEX(Orçamentária!A:B,MATCH(Composições!A155,Orçamentária!A:A,0),2)","v":"Remoção de luminária"},null,"un",null,"",{"$f":"IF(ISNUMBER(F155),E155*F155,\"\")","v":""},null,null,39]
[null,null,null,null,null,"",{"$f":"IF(ISNUMBER(F156),E156*F156,\"\")","v":""},null,null,39]
[null,null,"Eletricista com encargos complementares","h",{"$f":"0.0183*5","v":9.1499999999999998E-2},27.474,{"$f":"IF(ISNUMBER(F157),E157*F157,\"\")","v":2.513871},{"$f":"SUM(G157:G158)","v":6.1443482499999993},null,39]
[null,null,"Servente com Encargos Complementares","h",{"$f":"0.0359*5","v":0.17949999999999999},20.225499999999997,{"$f":"IF(ISNUMBER(F158),E158*F158,\"\")","v":3.6304772499999993},null,null,39]
[null,null,null,null,null,"",{"$f":"IF(ISNUMBER(F159),E159*F159,\"\")","v":""},null,null,39]
[null,null,"Obs.: Remoção com reaproveitamento",null,null,"",{"$f":"IF(ISNUMBER(F160),E160*F160,\"\")","v":""},null,null,39]
[null,null,null,null,null,"",{"$f":"IF(ISNUMBER(F161),E161*F161,\"\")","v":""},null,null,39]
["SF-00033",{"$f":"INDEX(Orçamentária!A:B,MATCH(Composições!A162,Orçamentária!A:A,0),2)","v":"Remoção de metais e acessórios"},null,"un",null,"",{"$f":"IF(ISNUMBER(F162),E162*F162,\"\")","v":""},null,null,0]
[null,null,null,null,null,"",{"$f":"IF(ISNUMBER(F163),E163*F163,\"\")","v":""},null,null,0]
[null,null,"Encanador ou Bombeiro Hidráulico com Encargos Complementares","h",0.128,26.4575,{"$f":"IF(ISNUMBER(F164),E164*F164,\"\")","v":3.3865600000000002},{"$f":"SUM(G164:G165)","v":8.4712506999999988},null,0]
[null,null,"Servente com Encargos Complementares","h",0.25140000000000001,20.225499999999997,{"$f":"IF(ISNUMBER(F165),E165*F165,\"\")","v":5.0846906999999995},null,null,0]
[null,null,null,null,null,"",{"$f":"IF(ISNUMBER(F166),E166*F166,\"\")","v":""},null,null,0]
["SF-00034",{"$f":"INDEX(Orçamentária!A:B,MATCH(Composições!A167,Orçamentária!A:A,0),2)","v":"Remoção de painéis de vidro temperado"},null,"m2",null,"",{"$f":"IF(ISNUMBER(F167),E167*F167,\"\")","v":""},null,null,0]
[null,null,null,null,null,"",{"$f":"IF(ISNUMBER(F168),E168*F168,\"\")","v":""},null,null,0]
[null,null,"Servente com Encargos Complementares","h",0.33800000000000002,20.225499999999997,{"$f":"IF(ISNUMBER(F169),E169*F169,\"\")","v":6.8362189999999989},{"$f":"SUM(G169:G170)","v":15.557446999999996},null,0]
[null,null,"Vidraceiro com encargos complementares","h",0.34799999999999998,25.060999999999996,{"$f":"IF(ISNUMBER(F170),E170*F170,\"\")","v":8.7212279999999982},null,null,0]
[null,null,null,null,null,"",{"$f":"IF(ISNUMBER(F171),E171*F171,\"\")","v":""},null,null,0]
["SF-00035",{"$f":"INDEX(Orçamentária!A:B,MATCH(Composições!A172,Orçamentária!A:A,0),2)","v":"Remoção de película"},null,"m2",null,"",{"$f":"IF(ISNUMBER(F172),E172*F172,\"\")","v":""},null,null,0]
[null,null,null,null,null,"",{"$f":"IF(ISNUMBER(F173),E173*F173,\"\")","v":""},null,null,0]
[null,null,"Vidraceiro com encargos complementares","h",0.4,25.060999999999996,{"$f":"IF(ISNUMBER(F174),E174*F174,\"\")","v":10.0244},{"$f":"SUM(G174:G174)","v":10.0244},null,0]
[null,null,null,null,null,"",{"$f":"IF(ISNUMBER(F175),E175*F175,\"\")","v":""},null,null,0]
["SF-00036",{"$f":"INDEX(Orçamentária!A:B,MATCH(Composições!A176,Orçamentária!A:A,0),2)","v":"Remoção de persianas"},null,"m",null,"",{"$f":"IF(ISNUMBER(F176),E176*F176,\"\")","v":""},null,null,0]
[null,null,null,null,null,"",{"$f":"IF(ISNUMBER(F177),E177*F177,\"\")","v":""},null,null,0]
[null,null,"Ajudante especializado com encargos complementares","h",{"$f":"ROUND(1/6,4)","v":0.16669999999999999},21.318000000000001,{"$f":"IF(ISNUMBER(F178),E178*F178,\"\")","v":3.5537106000000001},{"$f":"SUM(G178:G178)","v":3.5537106000000001},null,0]
[null,null,null,null,null,"",{"$f":"IF(ISNUMBER(F179),E179*F179,\"\")","v":""},null,null,0]
["SF-00037",{"$f":"INDEX(Orçamentária!A:B,MATCH(Composições!A180,Orçamentária!A:A,0),2)","v":"Remoção de pintura ou textura"},null,"m2",null,"",{"$f":"IF(ISNUMBER(F180),E180*F180,\"\")","v":""},null,null,0]
[null,null,null,null,null,"",{"$f":"IF(ISNUMBER(F181),E181*F181,\"\")","v":""},null,null,0]
[null,null,"Servente com Encargos Complementares","h",0.4,20.225499999999997,{"$f":"IF(ISNUMBER(F182),E182*F182,\"\")","v":8.0901999999999994},{"$f":"SUM(G182:G182)","v":8.0901999999999994},null,0]
[null,null,null,null,null,"",{"$f":"IF(ISNUMBER(F183),E183*F183,\"\")","v":""},null,null,0]
["SF-00038",{"$f":"INDEX(Orçamentária!A:B,MATCH(Composições!A184,Orçamentária!A:A,0),2)","v":"Remoção de placas de forro"},null,"m2",null,"",{"$f":"IF(ISNUMBER(F184),E184*F184,\"\")","v":""},null,null,0]
[null,null,null,null,null,"",{"$f":"IF(ISNUMBER(F185),E185*F185,\"\")","v":""},null,null,0]
[null,null,"Montador de estrutura metálica com encargos complementares","h",{"$f":"0.0258*3","v":7.7399999999999997E-2},20.719499999999996,{"$f":"IF(ISNUMBER(F186),E186*F186,\"\")","v":1.6036892999999997},{"$f":"SUM(G186:G187)","v":4.6799878499999998},null,0]
[null,null,"Servente com Encargos Complementares","h",{"$f":"0.0507*3","v":0.15210000000000001},20.225499999999997,{"$f":"IF(ISNUMBER(F187),E187*F187,\"\")","v":3.0762985499999997},null,null,0]
[null,null,null,null,null,"",{"$f":"IF(ISNUMBER(F188),E188*F188,\"\")","v":""},null,null,0]
[null,null,"Obs.: remoção com reaproveitamento",null,null,"",{"$f":"IF(ISNUMBER(F189),E189*F189,\"\")","v":""},null,null,0]
[null,null,null,null,null,"",{"$f":"IF(ISNUMBER(F190),E190*F190,\"\")","v":""},null,null,0]
["SF-00039",{"$f":"INDEX(Orçamentária!A:B,MATCH(Composições!A191,Orçamentária!A:A,0),2)","v":"Remoção de quadros de elétricos ou de telecomunicações"},null,"un",null,"",{"$f":"IF(ISNUMBER(F191),E191*F191,\"\")","v":""},null,null,0]
[null,null,null,null,null,"",{"$f":"IF(ISNUMBER(F192),E192*F192,\"\")","v":""},null,null,0]
[null,null,"Auxiliar de eletricista com encargos complementares","h",0.5,21.337,{"$f":"IF(ISNUMBER(F193),E193*F193,\"\")","v":10.6685},{"$f":"SUM(G193:G196)","v":71.791499999999999},null,0]
[null,null,"Eletricista com encargos complementares","h",0.5,27.474,{"$f":"IF(ISNUMBER(F194),E194*F194,\"\")","v":13.737},null,null,0]
[null,null,"Pedreiro com Encargos Complementares","h",1,27.160499999999999,{"$f":"IF(ISNUMBER(F195),E195*F195,\"\")","v":27.160499999999999},null,null,0]
[null,null,"Servente com Encargos Complementares","h",1,20.225499999999997,{"$f":"IF(ISNUMBER(F196),E196*F196,\"\")","v":20.225499999999997},null,null,0]
[null,null,null,null,null,"",{"$f":"IF(ISNUMBER(F197),E197*F197,\"\")","v":""},null,null,0]
["SF-00040",{"$f":"INDEX(Orçamentária!A:B,MATCH(Composições!A198,Orçamentária!A:A,0),2)","v":"Remoção de revestimento acústico"},null,"m2",null,"",{"$f":"IF(ISNUMBER(F198),E198*F198,\"\")","v":""},null,null,62]
[null,null,null,null,null,"",{"$f":"IF(ISNUMBER(F199),E199*F199,\"\")","v":""},null,null,62]
[null,null,"Servente com Encargos Complementares","h",0.2,20.225499999999997,{"$f":"IF(ISNUMBER(F200),E200*F200,\"\")","v":4.0450999999999997},{"$f":"SUM(G200:G200)","v":4.0450999999999997},null,62]
[null,null,null,null,null,"",{"$f":"IF(ISNUMBER(F201),E201*F201,\"\")","v":""},null,null,62]
["SF-00041",{"$f":"INDEX(Orçamentária!A:B,MATCH(Composições!A202,Orçamentária!A:A,0),2)","v":"Remoção de rodapé/rodabanca de mármore ou granito"},null,"m",null,"",{"$f":"IF(ISNUMBER(F202),E202*F202,\"\")","v":""},null,null,0]
[null,null,null,null,null,"",{"$f":"IF(ISNUMBER(F203),E203*F203,\"\")","v":""},null,null,0]
[null,null,"Servente com Encargos Complementares","h",{"$f":"0.437*0.2","v":8.7400000000000005E-2},20.225499999999997,{"$f":"IF(ISNUMBER(F204),E204*F204,\"\")","v":1.7677086999999998},{"$f":"SUM(G204:G204)","v":1.7677086999999998},null,0]
[null,null,null,null,null,"",{"$f":"IF(ISNUMBER(F205),E205*F205,\"\")","v":""},null,null,0]
["SF-00042",{"$f":"INDEX(Orçamentária!A:B,MATCH(Composições!A206,Orçamentária!A:A,0),2)","v":"Remoção de rodapés de madeira"},null,"m2",null,"",{"$f":"IF(ISNUMBER(F206),E206*F206,\"\")","v":""},null,null,0]
[null,null,null,null,null,"",{"$f":"IF(ISNUMBER(F207),E207*F207,\"\")","v":""},null,null,0]
[null,null,"Carpinteiro de formas com encargos complementares","h",0.25,26.799499999999998,{"$f":"IF(ISNUMBER(F208),E208*F208,\"\")","v":6.6998749999999996},{"$f":"SUM(G208:G209)","v":7.2055124999999993},null,0]
[null,null,"Servente com Encargos Complementares","h",2.5000000000000001E-2,20.225499999999997,{"$f":"IF(ISNUMBER(F209),E209*F209,\"\")","v":0.50563749999999996},null,null,0]
[null,null,null,null,null,"",{"$f":"IF(ISNUMBER(F210),E210*F210,\"\")","v":""},null,null,0]
["SF-00043",{"$f":"INDEX(Orçamentária!A:B,MATCH(Composições!A211,Orçamentária!A:A,0),2)","v":"Remoção de soleira de mármore ou granito"},null,"m",null,"",{"$f":"IF(ISNUMBER(F211),E211*F211,\"\")","v":""},null,null,0]
[null,null,null,null,null,"",{"$f":"IF(ISNUMBER(F212),E212*F212,\"\")","v":""},null,null,0]
[null,null,"Servente com Encargos Complementares","h",0.55000000000000004,20.225499999999997,{"$f":"IF(ISNUMBER(F213),E213*F213,\"\")","v":11.124025},{"$f":"SUM(G213:G213)","v":11.124025},null,0]
[null,null,null,null,null,"",{"$f":"IF(ISNUMBER(F214),E214*F214,\"\")","v":""},null,null,0]
["SF-00044",{"$f":"INDEX(Orçamentária!A:B,MATCH(Composições!A215,Orçamentária!A:A,0),2)","v":"Remoção de split/fancolete/ACJ (equipamento unitário)"},null,"un",null,"",{"$f":"IF(ISNUMBER(F215),E215*F215,\"\")","v":""},null,null,0]
[null,null,null,null,null,"",{"$f":"IF(ISNUMBER(F216),E216*F216,\"\")","v":""},null,null,0]
[null,null,"Montador eletromecãnico com encargos complementares","h",1,28.813499999999998,{"$f":"IF(ISNUMBER(F217),E217*F217,\"\")","v":28.813499999999998},{"$f":"SUM(G217:G218)","v":51.974499999999992},null,0]
[null,null,"Ajudante de operação em geral com encargos complementares","h",1,23.160999999999998,{"$f":"IF(ISNUMBER(F218),E218*F218,\"\")","v":23.160999999999998},null,null,0]
[null,null,null,null,null,"",{"$f":"IF(ISNUMBER(F219),E219*F219,\"\")","v":""},null,null,0]
["SF-00045",{"$f":"INDEX(Orçamentária!A:B,MATCH(Composições!A220,Orçamentária!A:A,0),2)","v":"Remoção de vidro comum / espelho"},null,"m2",null,"",{"$f":"IF(ISNUMBER(F220),E220*F220,\"\")","v":""},null,null,0]
[null,null,null,null,null,"",{"$f":"IF(ISNUMBER(F221),E221*F221,\"\")","v":""},null,null,0]
[null,null,"Servente com Encargos Complementares","h",0.39,20.225499999999997,{"$f":"IF(ISNUMBER(F222),E222*F222,\"\")","v":7.8879449999999993},{"$f":"SUM(G222:G223)","v":17.937405999999999},null,0]
[null,null,"Vidraceiro com encargos complementares","h",0.40100000000000002,25.060999999999996,{"$f":"IF(ISNUMBER(F223),E223*F223,\"\")","v":10.049460999999999},null,null,0]
[null,null,null,null,null,"",{"$f":"IF(ISNUMBER(F224),E224*F224,\"\")","v":""},null,null,0]
["SF-00046",{"$f":"INDEX(Orçamentária!A:B,MATCH(Composições!A225,Orçamentária!A:A,0),2)","v":"Retirada de entulhos"},null,"m3",null,"",{"$f":"IF(ISNUMBER(F225),E225*F225,\"\")","v":""},null,null,15]
[null,null,null,null,null,"",{"$f":"IF(ISNUMBER(F226),E226*F226,\"\")","v":""},null,null,15]
[null,null,"Servente com Encargos Complementares","h",1,20.225499999999997,{"$f":"IF(ISNUMBER(F227),E227*F227,\"\")","v":20.225499999999997},{"$f":"SUM(G227:G227)","v":20.225499999999997},null,15]
[null,null,null,null,null,"",{"$f":"IF(ISNUMBER(F228),E228*F228,\"\")","v":""},null,null,15]
["SF-00048",{"$f":"INDEX(Orçamentária!A:B,MATCH(Composições!A229,Orçamentária!A:A,0),2)","v":"Andaime fachadeiro"},null,"m2 x mês",null,"",{"$f":"IF(ISNUMBER(F229),E229*F229,\"\")","v":""},null,null,0]
[null,null,null,null,null,"",{"$f":"IF(ISNUMBER(F230),E230*F230,\"\")","v":""},null,null,0]
[null,null,"LOCACAO DE ANDAIME METALICO TIPO FACHADEIRO, LARGURA DE 1,20 M X ALTURA DE 2,0 M POR PAINEL, INCLUINDO DIAGONAIS EM X, BARRAS DE LIGACAO, SAPATAS E DEMAIS ITENS NECESSARIOS A MONTAGEM (NAO INCLUI INSTALACAO)","M2XMES",1,6.327,{"$f":"IF(ISNUMBER(F231),E231*F231,\"\")","v":6.327},{"$f":"SUM(G231:G231)","v":6.327},null,0]
[null,null,null,null,null,"",{"$f":"IF(ISNUMBER(F232),E232*F232,\"\")","v":""},null,null,0]
["SF-00049",{"$f":"INDEX(Orçamentária!A:B,MATCH(Composições!A233,Orçamentária!A:A,0),2)","v":"Andaime tubular (aluguel/mês)"},null,"m x mês",null,"",{"$f":"IF(ISNUMBER(F233),E233*F233,\"\")","v":""},null,null,0]
[null,null,null,null,null,"",{"$f":"IF(ISNUMBER(F234),E234*F234,\"\")","v":""},null,null,0]
[null,null,"LOCACAO DE ANDAIME METALICO TUBULAR DE ENCAIXE, TIPO DE TORRE, CADA PAINEL COM LARGURA DE 1 ATE 1,5 M E ALTURA DE *1,00* M, INCLUINDO DIAGONAL, BARRAS DE LIGACAO, SAPATAS OU RODIZIOS E DEMAIS ITENS NECESSARIOS A MONTAGEM (NAO INCLUI INSTALACAO)","MXMES",1,19,{"$f":"IF(ISNUMBER(F235),E235*F235,\"\")","v":19},{"$f":"SUM(G235:G235)","v":19},null,0]
[null,null,null,null,null,"",{"$f":"IF(ISNUMBER(F236),E236*F236,\"\")","v":""},null,null,0]
["SF-00051",{"$f":"INDEX(Orçamentária!A:B,MATCH(Composições!A237,Orçamentária!A:A,0),2)","v":"Corda de poliamida 12 mm tipo bombeiro, para trabalho em altura"},null,"m",null,"",{"$f":"IF(ISNUMBER(F237),E237*F237,\"\")","v":""},null,null,0]
[null,null,null,null,null,"",{"$f":"IF(ISNUMBER(F238),E238*F238,\"\")","v":""},null,null,0]
[null,null,"CORDA DE POLIAMIDA 12 MM TIPO BOMBEIRO, PARA TRABALHO EM ALTURA","100m",0.01,577.00149999999996,{"$f":"IF(ISNUMBER(F239),E239*F239,\"\")","v":5.7700149999999999},{"$f":"SUM(G239:G239)","v":5.7700149999999999},null,0]
[null,null,null,null,null,"",{"$f":"IF(ISNUMBER(F240),E240*F240,\"\")","v":""},null,null,0]
["SF-00057",{"$f":"INDEX(Orçamentária!A:B,MATCH(Composições!A241,Orçamentária!A:A,0),2)","v":"Isolamento de obra com tela plástica com malha de 5mm e estrutura de madeira pontaleteada"},null,"m2",null,"",{"$f":"IF(ISNUMBER(F241),E241*F241,\"\")","v":""},null,null,0]
[null,null,null,null,null,"",{"$f":"IF(ISNUMBER(F242),E242*F242,\"\")","v":""},null,null,0]
[null,null,"Servente com Encargos Complementares","h",0.15,20.225499999999997,{"$f":"IF(ISNUMBER(F243),E243*F243,\"\")","v":3.0338249999999993},{"$f":"SUM(G243:G247)","v":28.187449999999995},null,0]
[null,null,"Carpinteiro de formas com encargos complementares","h",0.3,26.799499999999998,{"$f":"IF(ISNUMBER(F244),E244*F244,\"\")","v":8.0398499999999995},null,null,0]
[null,null,"PONTALETE *7,5 X 7,5* CM EM PINUS, MISTA OU EQUIVALENTE DA REGIAO - BRUTA","m",1.5,8.1509999999999998,{"$f":"IF(ISNUMBER(F245),E245*F245,\"\")","v":12.2265},null,null,0]
[null,null,"Prego de aco polido com cabeca 18 x 27 (2 1/2 x 10)","kg",0.1,21.232500000000002,{"$f":"IF(ISNUMBER(F246),E246*F246,\"\")","v":2.1232500000000001},null,null,0]
[null,null,"TELA PLASTICA LARANJA, TIPO TAPUME PARA SINALIZACAO, MALHA RETANGULAR, ROLO 1.20 X 50 M (L X C)","m",1.1499999999999999,2.4034999999999997,{"$f":"IF(ISNUMBER(F247),E247*F247,\"\")","v":2.7640249999999993},null,null,0]
[null,null,null,null,null,"",{"$f":"IF(ISNUMBER(F248),E248*F248,\"\")","v":""},null,null,0]
["SF-00070",{"$f":"INDEX(Orçamentária!A:B,MATCH(Composições!A249,Orçamentária!A:A,0),2)","v":"Tapume"},null,"m2",null,"",{"$f":"IF(ISNUMBER(F249),E249*F249,\"\")","v":""},null,null,93]
[null,null,null,null,null,"",{"$f":"IF(ISNUMBER(F250),E250*F250,\"\")","v":""},null,null,93]
[null,null,"Carpinteiro de formas com encargos complementares","h",0.4,26.799499999999998,{"$f":"IF(ISNUMBER(F251),E251*F251,\"\")","v":10.719799999999999},{"$f":"SUM(G251:G262)","v":110.65406200000001},null,93]
[null,null,"Servente com Encargos Complementares","h",0.4,20.225499999999997,{"$f":"IF(ISNUMBER(F252),E252*F252,\"\")","v":8.0901999999999994},null,null,93]
[null,null,"Chapa de madeira compensada resinada 1,10 x 2,20 m # 6 mm","m2",1.1000000000000001,23.873499999999996,{"$f":"IF(ISNUMBER(F253),E253*F253,\"\")","v":26.260849999999998},null,null,93]
[null,null,"PONTALETE *7,5 X 7,5* CM EM PINUS, MISTA OU EQUIVALENTE DA REGIAO - BRUTA","m",1.6,8.1509999999999998,{"$f":"IF(ISNUMBER(F254),E254*F254,\"\")","v":13.041600000000001},null,null,93]
[null,null,"SARRAFO NAO APARELHADO *2,5 X 10* CM, EM MACARANDUBA, ANGELIM OU EQUIVALENTE DA REGIAO - BRUTA","m",1.65,11.685,{"$f":"IF(ISNUMBER(F255),E255*F255,\"\")","v":19.280249999999999},null,null,93]
[null,null,"TABUA NAO APARELHADA *2,5 X 30* CM, EM MACARANDUBA, ANGELIM OU EQUIVALENTE DA REGIAO - BRUTA","m",0.5,34.152500000000003,{"$f":"IF(ISNUMBER(F256),E256*F256,\"\")","v":17.076250000000002},null,null,93]
[null,null,"PREGO DE ACO POLIDO COM CABECA 18 X 30 (2 3/4 X 10)","kg",0.1,21.602999999999998,{"$f":"IF(ISNUMBER(F257),E257*F257,\"\")","v":2.1602999999999999},null,null,93]
[null,null,"Ajudante de pintor com encargos complementares","H",1.5E-3,22.790499999999998,{"$f":"IF(ISNUMBER(F258),E258*F258,\"\")","v":3.4185750000000001E-2},null,null,93]
[null,null,"Pintor com encargos complementares","h",0.4,28.319499999999998,{"$f":"IF(ISNUMBER(F259),E259*F259,\"\")","v":11.3278},null,null,93]
[null,null,"Oleo de linhaca","L",2.2499999999999999E-2,30.2575,{"$f":"IF(ISNUMBER(F260),E260*F260,\"\")","v":0.68079374999999998},null,null,93]
[null,null,"Cal hidratada para pintura","kg",0.6,1.9854999999999998,{"$f":"IF(ISNUMBER(F261),E261*F261,\"\")","v":1.1912999999999998},null,null,93]
[null,null,"Pigmento em po para argamassas, cimentos e outros","kg",1.4999999999999999E-2,52.715499999999999,{"$f":"IF(ISNUMBER(F262),E262*F262,\"\")","v":0.79073249999999995},null,null,93]
[null,null,null,null,null,"",{"$f":"IF(ISNUMBER(F263),E263*F263,\"\")","v":""},null,null,93]
["SF-00073",{"$f":"INDEX(Orçamentária!A:B,MATCH(Composições!A264,Orçamentária!A:A,0),2)","v":"Limpeza final"},null,"m2",null,"",{"$f":"IF(ISNUMBER(F264),E264*F264,\"\")","v":""},null,null,124]
[null,null,null,null,null,"",{"$f":"IF(ISNUMBER(F265),E265*F265,\"\")","v":""},null,null,124]
[null,null,"Servente com Encargos Complementares","h",2.5000000000000001E-2,20.225499999999997,{"$f":"IF(ISNUMBER(F266),E266*F266,\"\")","v":0.50563749999999996},{"$f":"SUM(G266:G267)","v":2.467511},null,124]
[null,null,"Servente com Encargos Complementares","h",9.7000000000000003E-2,20.225499999999997,{"$f":"IF(ISNUMBER(F267),E267*F267,\"\")","v":1.9618734999999998},null,null,124]
[null,null,null,null,null,"",{"$f":"IF(ISNUMBER(F268),E268*F268,\"\")","v":""},null,null,124]
["SF-00074",{"$f":"INDEX(Orçamentária!A:B,MATCH(Composições!A269,Orçamentária!A:A,0),2)","v":"Abertura/fechamento rasgo em alvenaria"},null,"m",null,"",{"$f":"IF(ISNUMBER(F269),E269*F269,\"\")","v":""},null,null,0]
[null,null,null,null,null,"",{"$f":"IF(ISNUMBER(F270),E270*F270,\"\")","v":""},null,null,0]
[null,null,"Auxiliar de eletricista com encargos complementares","h",3.4000000000000002E-2,21.337,{"$f":"IF(ISNUMBER(F271),E271*F271,\"\")","v":0.72545800000000005},{"$f":"SUM(G271:G275)","v":20.429278936391501},null,0]
[null,null,"Eletricista com encargos complementares","h",0.216,27.474,{"$f":"IF(ISNUMBER(F272),E272*F272,\"\")","v":5.9343839999999997},null,null,0]
[null,null,"Auxiliar de encanador ou bombeiro hidráulico com encargos complementares","h",5.5E-2,20.909500000000001,{"$f":"IF(ISNUMBER(F273),E273*F273,\"\")","v":1.1500225000000002},null,null,0]
[null,null,"Encanador ou Bombeiro Hidráulico com Encargos Complementares","h",0.39100000000000001,26.4575,{"$f":"IF(ISNUMBER(F274),E274*F274,\"\")","v":10.344882500000001},null,null,0]
[null,null,"ARGAMASSA TRAÇO 1:3 (EM VOLUME DE CIMENTO E AREIA MÉDIA ÚMIDA), PREPARO MANUAL. AF_08/2019","m3",3.0000000000000001E-3,758.17731213050001,{"$f":"IF(ISNUMBER(F275),E275*F275,\"\")","v":2.2745319363915},null,null,0]
[null,null,null,null,null,"",{"$f":"IF(ISNUMBER(F276),E276*F276,\"\")","v":""},null,null,0]
["SF-00075",{"$f":"INDEX(Orçamentária!A:B,MATCH(Composições!A277,Orçamentária!A:A,0),2)","v":"Furo em concreto de 40mm até 75mm de diâmetro"},null,"un",null,"",{"$f":"IF(ISNUMBER(F277),E277*F277,\"\")","v":""},null,null,0]
[null,null,null,null,null,"",{"$f":"IF(ISNUMBER(F278),E278*F278,\"\")","v":""},null,null,0]
[null,null,"Martelete ou rompedor pneumático manual, 28 kg, com silenciador - CHP diurno. AF_07/2016","chp",0.58699999999999997,24.6525,{"$f":"IF(ISNUMBER(F279),E279*F279,\"\")","v":14.471017499999999},{"$f":"SUM(G279:G282)","v":99.939838499999993},null,0]
[null,null,"Martelete ou rompedor pneumático manual, 28 kg, com silenciador - CHI diurno. AF_07/2016","chi",1.29,23.008999999999997,{"$f":"IF(ISNUMBER(F280),E280*F280,\"\")","v":29.681609999999996},null,null,0]
[null,null,"Auxiliar de encanador ou bombeiro hidráulico com encargos complementares","h",0.29299999999999998,20.909500000000001,{"$f":"IF(ISNUMBER(F281),E281*F281,\"\")","v":6.1264835},null,null,0]
[null,null,"Encanador ou Bombeiro Hidráulico com Encargos Complementares","h",1.877,26.4575,{"$f":"IF(ISNUMBER(F282),E282*F282,\"\")","v":49.6607275},null,null,0]
[null,null,null,null,null,"",{"$f":"IF(ISNUMBER(F283),E283*F283,\"\")","v":""},null,null,0]
["SF-00076",{"$f":"INDEX(Orçamentária!A:B,MATCH(Composições!A284,Orçamentária!A:A,0),2)","v":"Furo em concreto para diâmetros maiores que 75mm"},null,"un",null,"",{"$f":"IF(ISNUMBER(F284),E284*F284,\"\")","v":""},null,null,0]
[null,null,null,null,null,"",{"$f":"IF(ISNUMBER(F285),E285*F285,\"\")","v":""},null,null,0]
[null,null,"Martelete ou rompedor pneumático manual, 28 kg, com silenciador - CHP diurno. AF_07/2016","chp",0.75,24.6525,{"$f":"IF(ISNUMBER(F286),E286*F286,\"\")","v":18.489374999999999},{"$f":"SUM(G286:G289)","v":127.64488799999998},null,0]
[null,null,"Martelete ou rompedor pneumático manual, 28 kg, com silenciador - CHI diurno. AF_07/2016","chi",1.647,23.008999999999997,{"$f":"IF(ISNUMBER(F287),E287*F287,\"\")","v":37.895822999999993},null,null,0]
[null,null,"Auxiliar de encanador ou bombeiro hidráulico com encargos complementares","h",0.375,20.909500000000001,{"$f":"IF(ISNUMBER(F288),E288*F288,\"\")","v":7.8410625000000005},null,null,0]
[null,null,"Encanador ou Bombeiro Hidráulico com Encargos Complementares","h",2.3969999999999998,26.4575,{"$f":"IF(ISNUMBER(F289),E289*F289,\"\")","v":63.418627499999992},null,null,0]
[null,null,null,null,null,"",{"$f":"IF(ISNUMBER(F290),E290*F290,\"\")","v":""},null,null,0]
["SF-00077",{"$f":"INDEX(Orçamentária!A:B,MATCH(Composições!A291,Orçamentária!A:A,0),2)","v":"Concreto virado em betoneira, fck = 15 MPa"},null,"m3",null,"",{"$f":"IF(ISNUMBER(F291),E291*F291,\"\")","v":""},null,null,0]
[null,null,null,null,null,"",{"$f":"IF(ISNUMBER(F292),E292*F292,\"\")","v":""},null,null,0]
[null,null,"LANÇAMENTO COM USO DE BALDES, ADENSAMENTO E ACABAMENTO DE CONCRETO EM ESTRUTURAS. AF_02/2022","m3",1,283.70894999999996,{"$f":"IF(ISNUMBER(F293),E293*F293,\"\")","v":283.70894999999996},{"$f":"SUM(G293:G302)","v":872.39142327508989},null,0]
[null,null,"Areia media - posto jazida/fornecedor (retirado na jazida, sem transporte)","m3",0.80459999999999998,202.2835,{"$f":"IF(ISNUMBER(F294),E294*F294,\"\")","v":162.7573041},null,null,0]
[null,null,"Cimento Portland composto CP II-32","kg",273.06299999999999,0.627,{"$f":"IF(ISNUMBER(F295),E295*F295,\"\")","v":171.21050099999999},null,null,0]
[null,null,"Pedra britada n. 1 (9,5 a 19 mm) posto pedreira/fornecedor, sem frete","m3",0.57199999999999995,160.65450000000001,{"$f":"IF(ISNUMBER(F296),E296*F296,\"\")","v":91.894373999999999},null,null,0]
[null,null,"Operador de betoneira estacionária/misturador com encargos complementares","h",1.4695,20.291999999999998,{"$f":"IF(ISNUMBER(F297),E297*F297,\"\")","v":29.819093999999996},null,null,0]
[null,null,"Servente com Encargos Complementares","h",2.3275000000000001,20.225499999999997,{"$f":"IF(ISNUMBER(F298),E298*F298,\"\")","v":47.074851249999995},null,null,0]
[null,null,"BETONEIRA CAPACIDADE NOMINAL DE 400 L, CAPACIDADE DE MISTURA 280 L, MOTOR ELÉTRICO TRIFÁSICO POTÊNCIA DE 2 CV, SEM CARREGADOR - CHP DIURNO. AF_10/2014","chp",0.75629999999999997,1.6435,{"$f":"IF(ISNUMBER(F299),E299*F299,\"\")","v":1.24297905},null,null,0]
[null,null,"BETONEIRA CAPACIDADE NOMINAL DE 400 L, CAPACIDADE DE MISTURA 280 L, MOTOR ELÉTRICO TRIFÁSICO POTÊNCIA DE 2 CV, SEM CARREGADOR - CHI DIURNO. AF_10/2014","chi",0.71309999999999996,0.42749999999999999,{"$f":"IF(ISNUMBER(F300),E300*F300,\"\")","v":0.30485024999999999},null,null,0]
[null,null,"CARGA, MANOBRA E DESCARGA DE SOLOS E MATERIAIS GRANULARES EM CAMINHÃO BASCULANTE 6 M³ - CARGA COM PÁ CARREGADEIRA (CAÇAMBA DE 1,7 A 2,8 M³ / 128 HP) E DESCARGA LIVRE (UNIDADE: M3). AF_07/2020","M3",{"$f":"1*(E294+E296)","v":1.3765999999999998},7.9843291499999998,{"$f":"IF(ISNUMBER(F301),E301*F301,\"\")","v":10.991227507889999},null,null,0]
[null,null,"TRANSPORTE COM CAMINHÃO BASCULANTE DE 6 M3, EM VIA URBANA PAVIMENTADA, DMT ATÉ 30 KM (UNIDADE: M3xKM). AF_01/2018","M3xKM",{"$f":"(E294+E296)*20","v":27.531999999999996},2.6655270999999994,{"$f":"IF(ISNUMBER(F302),E302*F302,\"\")","v":73.387292117199976},null,null,0]
[null,null,null,null,null,"",{"$f":"IF(ISNUMBER(F303),E303*F303,\"\")","v":""},null,null,0]
[null,null,"Obs.: Considerando fornecedor de areia e brita a 20 km do Senado Federal.",null,null,"",{"$f":"IF(ISNUMBER(F304),E304*F304,\"\")","v":""},null,null,0]
[null,null,null,null,null,"",{"$f":"IF(ISNUMBER(F305),E305*F305,\"\")","v":""},null,null,0]
["SF-00078",{"$f":"INDEX(Orçamentária!A:B,MATCH(Composições!A306,Orçamentária!A:A,0),2)","v":"Concreto virado em betoneira, fck = 25MPa"},null,"m3",null,"",{"$f":"IF(ISNUMBER(F306),E306*F306,\"\")","v":""},null,null,0]
[null,null,null,null,null,"",{"$f":"IF(ISNUMBER(F307),E307*F307,\"\")","v":""},null,null,0]
[null,null,"LANÇAMENTO COM USO DE BALDES, ADENSAMENTO E ACABAMENTO DE CONCRETO EM ESTRUTURAS. AF_02/2022","m3",1,283.70894999999996,{"$f":"IF(ISNUMBER(F308),E308*F308,\"\")","v":283.70894999999996},{"$f":"SUM(G308:G317)","v":911.33956954474502},null,0]
[null,null,"Areia media - posto jazida/fornecedor (retirado na jazida, sem transporte)","m3",0.72289999999999999,202.2835,{"$f":"IF(ISNUMBER(F309),E309*F309,\"\")","v":146.23074215},null,null,0]
[null,null,"Cimento Portland composto CP II-32","kg",362.65789999999998,0.627,{"$f":"IF(ISNUMBER(F310),E310*F310,\"\")","v":227.38650329999999},null,null,0]
[null,null,"Pedra britada n. 1 (9,5 a 19 mm) posto pedreira/fornecedor, sem frete","m3",0.59340000000000004,160.65450000000001,{"$f":"IF(ISNUMBER(F311),E311*F311,\"\")","v":95.332380300000011},null,null,0]
[null,null,"Servente com Encargos Complementares","h",2.3117000000000001,20.225499999999997,{"$f":"IF(ISNUMBER(F312),E312*F312,\"\")","v":46.755288349999994},null,null,0]
[null,null,"Operador de betoneira estacionária/misturador com encargos complementares","h",1.4637,20.291999999999998,{"$f":"IF(ISNUMBER(F313),E313*F313,\"\")","v":29.701400399999997},null,null,0]
[null,null,"BETONEIRA CAPACIDADE NOMINAL DE 400 L, CAPACIDADE DE MISTURA 280 L, MOTOR ELÉTRICO TRIFÁSICO POTÊNCIA DE 2 CV, SEM CARREGADOR - CHP DIURNO. AF_10/2014","chp",0.75339999999999996,1.6435,{"$f":"IF(ISNUMBER(F314),E314*F314,\"\")","v":1.2382128999999999},null,null,0]
[null,null,"BETONEIRA CAPACIDADE NOMINAL DE 400 L, CAPACIDADE DE MISTURA 280 L, MOTOR ELÉTRICO TRIFÁSICO POTÊNCIA DE 2 CV, SEM CARREGADOR - CHI DIURNO. AF_10/2014","chi",0.71030000000000004,0.42749999999999999,{"$f":"IF(ISNUMBER(F315),E315*F315,\"\")","v":0.30365324999999999},null,null,0]
[null,null,"CARGA, MANOBRA E DESCARGA DE SOLOS E MATERIAIS GRANULARES EM CAMINHÃO BASCULANTE 6 M³ - CARGA COM PÁ CARREGADEIRA (CAÇAMBA DE 1,7 A 2,8 M³ / 128 HP) E DESCARGA LIVRE (UNIDADE: M3). AF_07/2020","M3",{"$f":"1*(E309+E311)","v":1.3163},7.9843291499999998,{"$f":"IF(ISNUMBER(F316),E316*F316,\"\")","v":10.509772460144999},null,null,0]
[null,null,"TRANSPORTE COM CAMINHÃO BASCULANTE DE 6 M3, EM VIA URBANA PAVIMENTADA, DMT ATÉ 30 KM (UNIDADE: M3xKM). AF_01/2018","M3xKM",{"$f":"(E309+E311)*20","v":26.326000000000001},2.6655270999999994,{"$f":"IF(ISNUMBER(F317),E317*F317,\"\")","v":70.172666434599989},null,null,0]
[null,null,null,null,null,"",{"$f":"IF(ISNUMBER(F318),E318*F318,\"\")","v":""},null,null,0]
[null,null,"Obs.: Considerando fornecedor de areia e brita a 20 km do Senado Federal.",null,null,"",{"$f":"IF(ISNUMBER(F319),E319*F319,\"\")","v":""},null,null,0]
[null,null,null,null,null,"",{"$f":"IF(ISNUMBER(F320),E320*F320,\"\")","v":""},null,null,0]
["SF-00079",{"$f":"INDEX(Orçamentária!A:B,MATCH(Composições!A321,Orçamentária!A:A,0),2)","v":"Escoramento metálico"},null,"m2 x mês",null,"",{"$f":"IF(ISNUMBER(F321),E321*F321,\"\")","v":""},null,null,0]
[null,null,null,null,null,"",{"$f":"IF(ISNUMBER(F322),E322*F322,\"\")","v":""},null,null,0]
[null,null,"LOCACAO DE ESCORA METALICA TELESCOPICA, COM ALTURA REGULAVEL DE *1,80* A *3,20*M, COM CAPACIDADE DE CARGA DE NO MINIMO 1000 KGF (10 KN), INCLUSO TRIPE E FORCADO","MES",0.85,8.702,{"$f":"IF(ISNUMBER(F323),E323*F323,\"\")","v":7.3967000000000001},{"$f":"SUM(G323:G325)","v":20.630200000000002},null,0]
[null,null,"Ajudante de carpinteiro com encargos complementares","h",0.2,21.337,{"$f":"IF(ISNUMBER(F324),E324*F324,\"\")","v":4.2674000000000003},null,null,0]
[null,null,"PONTALETE *7,5 X 7,5* CM EM PINUS, MISTA OU EQUIVALENTE DA REGIAO - BRUTA","m",1.1000000000000001,8.1509999999999998,{"$f":"IF(ISNUMBER(F325),E325*F325,\"\")","v":8.9661000000000008},null,null,0]
[null,null,null,null,null,"",{"$f":"IF(ISNUMBER(F326),E326*F326,\"\")","v":""},null,null,0]
["SF-00080",{"$f":"INDEX(Orçamentária!A:B,MATCH(Composições!A327,Orçamentária!A:A,0),2)","v":"Estrutura metálica em aço"},null,"kg",null,"",{"$f":"IF(ISNUMBER(F327),E327*F327,\"\")","v":""},null,null,0]
[null,null,null,null,null,"",{"$f":"IF(ISNUMBER(F328),E328*F328,\"\")","v":""},null,null,0]
[null,null,"ACETILENO (RECARGA DE GAS ACETILENO PARA CILINDRO DE CONJUNTO OXICORTE GRANDE) NAO INCLUI TROCA/MANUTENCAO DO CILINDRO","kg",0.01,64.219999999999985,{"$f":"IF(ISNUMBER(F329),E329*F329,\"\")","v":0.64219999999999988},{"$f":"SUM(G329:G340)","v":15.36853},null,0]
[null,null,"CANTONEIRA ACO ABAS IGUAIS (QUALQUER BITOLA), ESPESSURA ENTRE 1/8\" E 1/4\"","kg",0.27,10.231499999999999,{"$f":"IF(ISNUMBER(F330),E330*F330,\"\")","v":2.762505},null,null,0]
[null,null,"Chapa de aco USI-SAC 350, de (2,44x6)m, com espessura de 1/2\"","kg",0.33,0,{"$f":"IF(ISNUMBER(F331),E331*F331,\"\")","v":0},null,null,0]
[null,null,"ELETRODO REVESTIDO AWS - E7018, DIAMETRO IGUAL A 4,00 MM","kg",2.5000000000000001E-2,38,{"$f":"IF(ISNUMBER(F332),E332*F332,\"\")","v":0.95000000000000007},null,null,0]
[null,null,"OXIGENIO, RECARGA PARA CILINDRO DE CONJUNTO OXICORTE GRANDE","m3",0.05,14.0695,{"$f":"IF(ISNUMBER(F333),E333*F333,\"\")","v":0.70347500000000007},null,null,0]
[null,null,"Perfil \"H\" de aco carbono, padrao americano, de (6\"x6\")","kg",0.4,0,{"$f":"IF(ISNUMBER(F334),E334*F334,\"\")","v":0},null,null,0]
[null,null,"Montador de estrutura metálica com encargos complementares","h",{"$f":"0.2+0.2","v":0.4},20.719499999999996,{"$f":"IF(ISNUMBER(F335),E335*F335,\"\")","v":8.2877999999999989},null,null,0]
[null,null,"Servente com Encargos Complementares","h",0.1,20.225499999999997,{"$f":"IF(ISNUMBER(F336),E336*F336,\"\")","v":2.0225499999999998},null,null,0]
[null,null,"Perda em perfil de aco carbono tipo \"H\", de 6\"x6\" - 5% - equivalente ao elementar MAT095450","kg",0.05,0,{"$f":"IF(ISNUMBER(F337),E337*F337,\"\")","v":0},null,null,0]
[null,null,"Repintura interna ou externa sobre ferro, inclusive lixamento, limpeza, demao de tinta anti oxido Ferroloide ou equivalente e outra de tinta alquidica esmaltada Condor ou equivalente.","m2",0.05,0,{"$f":"IF(ISNUMBER(F338),E338*F338,\"\")","v":0},null,null,0]
[null,null,"Retificador de solda, eletrico, de 430A. Custo horario corrido.","h",2.5000000000000001E-2,0,{"$f":"IF(ISNUMBER(F339),E339*F339,\"\")","v":0},null,null,0]
[null,null,"Talha Guincho manual de 10Kg, sem operador, com as seguintes especificacoes minimas: capacidade de icamento de 1500Kg e de tracao de 1800Kg, cabo de aco com curso ilimitado, alavanca, gancho e carretel. Custo horario corrido.","h",0.5,0,{"$f":"IF(ISNUMBER(F340),E340*F340,\"\")","v":0},null,null,0]
[null,null,null,null,null,"",{"$f":"IF(ISNUMBER(F341),E341*F341,\"\")","v":""},null,null,0]
["SF-00081",{"$f":"INDEX(Orçamentária!A:B,MATCH(Composições!A342,Orçamentária!A:A,0),2)","v":"Forma para estruturas de concreto"},null,"m2",null,"",{"$f":"IF(ISNUMBER(F342),E342*F342,\"\")","v":""},null,null,0]
[null,null,null,null,null,"",{"$f":"IF(ISNUMBER(F343),E343*F343,\"\")","v":""},null,null,0]
[null,null,"DESMOLDANTE PROTETOR PARA FORMAS DE MADEIRA, DE BASE OLEOSA EMULSIONADA EM AGUA","L",0.01,8.0274999999999981,{"$f":"IF(ISNUMBER(F344),E344*F344,\"\")","v":8.0274999999999985E-2},{"$f":"SUM(G344:G350)","v":196.55077639500001},null,0]
[null,null,"TABUA NAO APARELHADA *2,5 X 20* CM, EM MACARANDUBA, ANGELIM OU EQUIVALENTE DA REGIAO - BRUTA","M",0.47399999999999998,23.398499999999999,{"$f":"IF(ISNUMBER(F345),E345*F345,\"\")","v":11.090888999999999},null,null,0]
[null,null,"PREGO DE ACO POLIDO COM CABECA DUPLA 17 X 27 (2 1/2 X 11)","KG",4.9000000000000002E-2,26.656999999999996,{"$f":"IF(ISNUMBER(F346),E346*F346,\"\")","v":1.3061929999999999},null,null,0]
[null,null,"AJUDANTE DE CARPINTEIRO COM ENCARGOS COMPLEMENTARES","H",0.20499999999999999,21.337,{"$f":"IF(ISNUMBER(F347),E347*F347,\"\")","v":4.374085},null,null,0]
[null,null,"CARPINTEIRO DE FORMAS COM ENCARGOS COMPLEMENTARES","H",1.1200000000000001,26.799499999999998,{"$f":"IF(ISNUMBER(F348),E348*F348,\"\")","v":30.015440000000002},null,null,0]
[null,null,"FABRICAÇÃO DE FÔRMA PARA VIGAS, EM CHAPA DE MADEIRA COMPENSADA RESINADA, E = 17 MM. AF_09/2020","M2",0.621,128.03068299999998,{"$f":"IF(ISNUMBER(F349),E349*F349,\"\")","v":79.507054142999991},null,null,0]
[null,null,"FABRICAÇÃO DE ESCORAS DE VIGA DO TIPO GARFO, EM MADEIRA. AF_09/2020","M",1.8160000000000001,38.643634500000005,{"$f":"IF(ISNUMBER(F350),E350*F350,\"\")","v":70.176840252000005},null,null,0]
[null,null,null,null,null,"",{"$f":"IF(ISNUMBER(F351),E351*F351,\"\")","v":""},null,null,0]
["SF-00082",{"$f":"INDEX(Orçamentária!A:B,MATCH(Composições!A352,Orçamentária!A:A,0),2)","v":"Verga/contraverga/cinta em bloco de concreto canaleta 11,5 x 19 x 39 cm"},null,"m",null,"",{"$f":"IF(ISNUMBER(F352),E352*F352,\"\")","v":""},null,null,0]
[null,null,null,null,null,"",{"$f":"IF(ISNUMBER(F353),E353*F353,\"\")","v":""},null,null,0]
[null,null,"Servente com Encargos Complementares","h",0.4,20.225499999999997,{"$f":"IF(ISNUMBER(F354),E354*F354,\"\")","v":8.0901999999999994},{"$f":"SUM(G354:G362)","v":27.121852422999993},null,0]
[null,null,"Pedreiro Com Encargos Complementares","h",0.3,27.160499999999999,{"$f":"IF(ISNUMBER(F355),E355*F355,\"\")","v":8.1481499999999993},null,null,0]
[null,null,"Areia media - posto jazida/fornecedor (retirado na jazida, sem transporte)","m3",0.01,202.2835,{"$f":"IF(ISNUMBER(F356),E356*F356,\"\")","v":2.0228350000000002},null,null,0]
[null,null,"Pedra britada n. 2 (19 a 38 mm) posto pedreira/fornecedor, sem frete","m3",0.01,161.5,{"$f":"IF(ISNUMBER(F357),E357*F357,\"\")","v":1.615},null,null,0]
[null,null,"Cimento Portland composto CP II-32","kg",2.0099999999999998,0.627,{"$f":"IF(ISNUMBER(F358),E358*F358,\"\")","v":1.2602699999999998},null,null,0]
[null,null,"Bloco de concreto tipo canaleta 11,5 x 19 x 39 cm","un ",2.5,0,{"$f":"IF(ISNUMBER(F359),E359*F359,\"\")","v":0},null,null,0]
[null,null,"Aco CA-50, 10,0 mm, vergalhao","kg",0.5,9.5189999999999984,{"$f":"IF(ISNUMBER(F360),E360*F360,\"\")","v":4.7594999999999992},null,null,0]
[null,null,"CARGA, MANOBRA E DESCARGA DE SOLOS E MATERIAIS GRANULARES EM CAMINHÃO BASCULANTE 6 M³ - CARGA COM PÁ CARREGADEIRA (CAÇAMBA DE 1,7 A 2,8 M³ / 128 HP) E DESCARGA LIVRE (UNIDADE: M3). AF_07/2020","M3",{"$f":"1*(E356+E357)","v":0.02},7.9843291499999998,{"$f":"IF(ISNUMBER(F361),E361*F361,\"\")","v":0.15968658299999999},null,null,0]
[null,null,"TRANSPORTE COM CAMINHÃO BASCULANTE DE 6 M3, EM VIA URBANA PAVIMENTADA, DMT ATÉ 30 KM (UNIDADE: M3xKM). AF_01/2018","M3xKM",{"$f":"(E356+E357)*20","v":0.4},2.6655270999999994,{"$f":"IF(ISNUMBER(F362),E362*F362,\"\")","v":1.0662108399999999},null,null,0]
[null,null,null,null,null,"",{"$f":"IF(ISNUMBER(F363),E363*F363,\"\")","v":""},null,null,0]
[null,null,"Obs.: Considerando fornecedor de areia e brita a 20 km do Senado Federal.",null,null,"",{"$f":"IF(ISNUMBER(F364),E364*F364,\"\")","v":""},null,null,0]
[null,null,null,null,null,"",{"$f":"IF(ISNUMBER(F365),E365*F365,\"\")","v":""},null,null,0]
["SF-00083",{"$f":"INDEX(Orçamentária!A:B,MATCH(Composições!A366,Orçamentária!A:A,0),2)","v":"Impermeabilização de superfície com revestimento bicomponente semi flexível"},null,"m2",null,"",{"$f":"IF(ISNUMBER(F366),E366*F366,\"\")","v":""},null,null,22]
[null,null,null,null,null,"",{"$f":"IF(ISNUMBER(F367),E367*F367,\"\")","v":""},null,null,22]
[null,null,"Argamassa polimerica impermeabilizante semiflexivel, bicomponente (membrana impermeabilizante acrilica)","kg",3.2,3.8285,{"$f":"IF(ISNUMBER(F368),E368*F368,\"\")","v":12.251200000000001},{"$f":"SUM(G368:G370)","v":29.002929999999999},null,22]
[null,null,"Ajudante especializado com encargos complementares","h",0.108,21.318000000000001,{"$f":"IF(ISNUMBER(F369),E369*F369,\"\")","v":2.3023440000000002},null,null,22]
[null,null,"Impermeabilizador com encargos complementares","h",0.53200000000000003,27.160499999999999,{"$f":"IF(ISNUMBER(F370),E370*F370,\"\")","v":14.449386000000001},null,null,22]
[null,null,null,null,null,"",{"$f":"IF(ISNUMBER(F371),E371*F371,\"\")","v":""},null,null,22]
["SF-00084",{"$f":"INDEX(Orçamentária!A:B,MATCH(Composições!A372,Orçamentária!A:A,0),2)","v":"Alvenaria de vedação"},null,"m2",null,"",{"$f":"IF(ISNUMBER(F372),E372*F372,\"\")","v":""},null,null,43]
[null,null,null,null,null,"",{"$f":"IF(ISNUMBER(F373),E373*F373,\"\")","v":""},null,null,43]
[null,null,"BLOCO CERAMICO / TIJOLO VAZADO PARA ALVENARIA DE VEDACAO, 8 FUROS NA HORIZONTAL, DE 9 X 19 X 19 CM (L XA X C)","un",28.31,0.75049999999999994,{"$f":"IF(ISNUMBER(F374),E374*F374,\"\")","v":21.246654999999997},{"$f":"SUM(G374:G379)","v":89.2841297178594},null,43]
[null,null,"Tela de aco soldada galvanizada/zincada para alvenaria, fio D = *1,20 a 1,70* mm, malha 15 x 15 mm, (C x L) *50 x 7,5* cm","m",0.42,2.831,{"$f":"IF(ISNUMBER(F375),E375*F375,\"\")","v":1.18902},null,null,43]
[null,null,"Pino de aco com furo, haste = 27 mm (acao direta)","cento",5.0000000000000001E-3,39.444000000000003,{"$f":"IF(ISNUMBER(F376),E376*F376,\"\")","v":0.19722000000000001},null,null,43]
[null,null,"ARGAMASSA TRAÇO 1:2:8 (EM VOLUME DE CIMENTO, CAL E AREIA MÉDIA ÚMIDA) PARA EMBOÇO/MASSA ÚNICA/ASSENTAMENTO DE ALVENARIA DE VEDAÇÃO, PREPARO MECÂNICO COM BETONEIRA 400 L. AF_08/2019","m3",9.1000000000000004E-3,729.81343053399996,{"$f":"IF(ISNUMBER(F377),E377*F377,\"\")","v":6.6413022178594003},null,null,43]
[null,null,"Pedreiro com Encargos Complementares","h",1.61,27.160499999999999,{"$f":"IF(ISNUMBER(F378),E378*F378,\"\")","v":43.728405000000002},null,null,43]
[null,null,"Servente com Encargos Complementares","h",0.80500000000000005,20.225499999999997,{"$f":"IF(ISNUMBER(F379),E379*F379,\"\")","v":16.281527499999999},null,null,43]
[null,null,null,null,null,"",{"$f":"IF(ISNUMBER(F380),E380*F380,\"\")","v":""},null,null,43]
["SF-00085",{"$f":"INDEX(Orçamentária!A:B,MATCH(Composições!A381,Orçamentária!A:A,0),2)","v":"Fechamento ou shaft em gesso acartonado tipo drywall"},null,"m2",null,"",{"$f":"IF(ISNUMBER(F381),E381*F381,\"\")","v":""},null,null,0]
[null,null,null,null,null,"",{"$f":"IF(ISNUMBER(F382),E382*F382,\"\")","v":""},null,null,0]
[null,null,"Pino de aco com arruela conica, diametro arruela = *23* mm e Comp haste = *27* mm (acao indireta)","cento",2.4299999999999999E-2,45.866,{"$f":"IF(ISNUMBER(F383),E383*F383,\"\")","v":1.1145437999999999},{"$f":"SUM(G383:G393)","v":59.642189399999992},null,0]
[null,null,"PLACA / CHAPA DE GESSO ACARTONADO, STANDARD (ST), COR BRANCA, E = 12,5 MM, 1200 X 2400 MM (L X C)","m2",1.0529999999999999,18.429999999999996,{"$f":"IF(ISNUMBER(F384),E384*F384,\"\")","v":19.406789999999994},null,null,0]
[null,null,"Perfil guia, formato U, em aco zincado, para estrutura parede drywall, E = 0,5 mm, 70 x 3000 mm (L x C)","m",0.76039999999999996,8.1509999999999998,{"$f":"IF(ISNUMBER(F385),E385*F385,\"\")","v":6.1980203999999999},null,null,0]
[null,null,"Perfil montante, formato C, em aco zincado, para estrutura parede drywall, E = 0,5 mm, 70 x 3000 mm (L x C)","m",1.9910000000000001,9.2530000000000001,{"$f":"IF(ISNUMBER(F386),E386*F386,\"\")","v":18.422723000000001},null,null,0]
[null,null,"Fita de papel microperfurado, 50 x 150 mm, para tratamento de juntas de chapa de gesso para drywall","m",1.2513000000000001,0.28499999999999998,{"$f":"IF(ISNUMBER(F387),E387*F387,\"\")","v":0.35662050000000001},null,null,0]
[null,null,"Fita de papel reforcada com lamina de metal para reforco de cantos de chapa de gesso para drywall","m",0.74070000000000003,2.5459999999999998,{"$f":"IF(ISNUMBER(F388),E388*F388,\"\")","v":1.8858222},null,null,0]
[null,null,"MASSA DE REJUNTE EM PO PARA DRYWALL, A BASE DE GESSO, SECAGEM RAPIDA, PARA TRATAMENTO DE JUNTAS DE CHAPA DE GESSO (NECESSITA ADICAO DE AGUA)","kg",0.51639999999999997,3.1919999999999997,{"$f":"IF(ISNUMBER(F389),E389*F389,\"\")","v":1.6483487999999997},null,null,0]
[null,null,"Parafuso dry wall, em aco fosfatizado, cabeca trombeta e ponta agulha (TA), comprimento 25 mm","un",10.0039,0.1045,{"$f":"IF(ISNUMBER(F390),E390*F390,\"\")","v":1.04540755},null,null,0]
[null,null,"Parafuso dry wall, em aco zincado, cabeca lentilha e ponta broca (LB), largura 4,2 mm, comprimento 13 mm","un",0.80759999999999998,0.23749999999999999,{"$f":"IF(ISNUMBER(F391),E391*F391,\"\")","v":0.19180499999999998},null,null,0]
[null,null,"Montador de estrutura metálica com encargos complementares","h",0.36359999999999998,20.719499999999996,{"$f":"IF(ISNUMBER(F392),E392*F392,\"\")","v":7.5336101999999983},null,null,0]
[null,null,"Servente com Encargos Complementares","h",9.0899999999999995E-2,20.225499999999997,{"$f":"IF(ISNUMBER(F393),E393*F393,\"\")","v":1.8384979499999996},null,null,0]
[null,null,null,null,null,"",{"$f":"IF(ISNUMBER(F394),E394*F394,\"\")","v":""},null,null,0]
["SF-00086",{"$f":"INDEX(Orçamentária!A:B,MATCH(Composições!A395,Orçamentária!A:A,0),2)","v":"Fixação (encunhamento) de Alvenaria de Vedação"},null,"m",null,"",{"$f":"IF(ISNUMBER(F395),E395*F395,\"\")","v":""},null,null,0]
[null,null,null,null,null,"",{"$f":"IF(ISNUMBER(F396),E396*F396,\"\")","v":""},null,null,0]
[null,null,"TIJOLO CERAMICO MACICO COMUM *5 X 10 X 20* CM (L X A X C)","un",11.2,0.63649999999999995,{"$f":"IF(ISNUMBER(F397),E397*F397,\"\")","v":7.1287999999999991},{"$f":"SUM(G397:G400)","v":27.324686017376397},null,0]
[null,null,"ARGAMASSA TRAÇO 1:2:9 (EM VOLUME DE CIMENTO, CAL E AREIA MÉDIA ÚMIDA) PARA EMBOÇO/MASSA ÚNICA/ASSENTAMENTO DE ALVENARIA DE VEDAÇÃO, PREPARO MECÂNICO COM BETONEIRA 600 L. AF_08/2019","m3",5.1999999999999998E-3,708.47663795699998,{"$f":"IF(ISNUMBER(F398),E398*F398,\"\")","v":3.6840785173763999},null,null,0]
[null,null,"Pedreiro com Encargos Complementares","h",0.52900000000000003,27.160499999999999,{"$f":"IF(ISNUMBER(F399),E399*F399,\"\")","v":14.3679045},null,null,0]
[null,null,"Servente com Encargos Complementares","h",0.106,20.225499999999997,{"$f":"IF(ISNUMBER(F400),E400*F400,\"\")","v":2.1439029999999994},null,null,0]
[null,null,null,null,null,"",{"$f":"IF(ISNUMBER(F401),E401*F401,\"\")","v":""},null,null,0]
["SF-00087",{"$f":"INDEX(Orçamentária!A:B,MATCH(Composições!A402,Orçamentária!A:A,0),2)","v":"Parede em gesso acartonado (drywall)"},null,"m2",null,"",{"$f":"IF(ISNUMBER(F402),E402*F402,\"\")","v":""},null,null,0]
[null,null,null,null,null,"",{"$f":"IF(ISNUMBER(F403),E403*F403,\"\")","v":""},null,null,0]
[null,null,"Pino De Aco Com Arruela Conica, Diametro Arruela = *23* Mm E Comp Haste = *27* Mm (Acao Indireta)","cento",2.4299999999999999E-2,45.866,{"$f":"IF(ISNUMBER(F404),E404*F404,\"\")","v":1.1145437999999999},{"$f":"SUM(G404:G414)","v":86.771715599999993},null,0]
[null,null,"PLACA / CHAPA DE GESSO ACARTONADO, STANDARD (ST), COR BRANCA, E = 12,5 MM, 1200 X 2400 MM (L X C)","m2",2.1059999999999999,18.429999999999996,{"$f":"IF(ISNUMBER(F405),E405*F405,\"\")","v":38.813579999999988},null,null,0]
[null,null,"Perfil Guia, Formato U, Em Aco Zincado, Para Estrutura Parede Drywall, E = 0,5 Mm, 70 X 3000 Mm (L X C)","m",0.76039999999999996,8.1509999999999998,{"$f":"IF(ISNUMBER(F406),E406*F406,\"\")","v":6.1980203999999999},null,null,0]
[null,null,"Perfil Montante, Formato C, Em Aco Zincado, Para Estrutura Parede Drywall, E = 0,5 Mm, 70 X 3000 Mm (L X C)","m",1.9910000000000001,9.2530000000000001,{"$f":"IF(ISNUMBER(F407),E407*F407,\"\")","v":18.422723000000001},null,null,0]
[null,null,"Fita De Papel Microperfurado, 50 X 150 Mm, Para Tratamento De Juntas De Chapa De Gesso Para Drywall","m",2.5026999999999999,0.28499999999999998,{"$f":"IF(ISNUMBER(F408),E408*F408,\"\")","v":0.71326949999999989},null,null,0]
[null,null,"Fita De Papel Reforcada Com Lamina De Metal Para Reforco De Cantos De Chapa De Gesso Para Drywall","m",0.74070000000000003,2.5459999999999998,{"$f":"IF(ISNUMBER(F409),E409*F409,\"\")","v":1.8858222},null,null,0]
[null,null,"MASSA DE REJUNTE EM PO PARA DRYWALL, A BASE DE GESSO, SECAGEM RAPIDA, PARA TRATAMENTO DE JUNTAS DE CHAPA DE GESSO (NECESSITA ADICAO DE AGUA)","kg",1.0327,3.1919999999999997,{"$f":"IF(ISNUMBER(F410),E410*F410,\"\")","v":3.2963783999999996},null,null,0]
[null,null,"Parafuso Dry Wall, Em Aco Fosfatizado, Cabeca Trombeta E Ponta Agulha (Ta), Comprimento 25 Mm","un",20.0077,0.1045,{"$f":"IF(ISNUMBER(F411),E411*F411,\"\")","v":2.0908046499999999},null,null,0]
[null,null,"Parafuso Dry Wall, Em Aco Zincado, Cabeca Lentilha E Ponta Broca (Lb), Largura 4,2 Mm, Comprimento 13 Mm","un",0.80759999999999998,0.23749999999999999,{"$f":"IF(ISNUMBER(F412),E412*F412,\"\")","v":0.19180499999999998},null,null,0]
[null,null,"Montador de estrutura metálica com encargos complementares","h",0.54490000000000005,20.719499999999996,{"$f":"IF(ISNUMBER(F413),E413*F413,\"\")","v":11.29005555},null,null,0]
[null,null,"Servente com Encargos Complementares","h",0.13619999999999999,20.225499999999997,{"$f":"IF(ISNUMBER(F414),E414*F414,\"\")","v":2.7547130999999991},null,null,0]
[null,null,null,null,null,"",{"$f":"IF(ISNUMBER(F415),E415*F415,\"\")","v":""},null,null,0]
["SF-00088",{"$f":"INDEX(Orçamentária!A:B,MATCH(Composições!A416,Orçamentária!A:A,0),2)","v":"Reparos superficiais em painéis de gesso acartonado"},null,"m2",null,"",{"$f":"IF(ISNUMBER(F416),E416*F416,\"\")","v":""},null,null,0]
[null,null,null,null,null,"",{"$f":"IF(ISNUMBER(F417),E417*F417,\"\")","v":""},null,null,0]
[null,null,"Fita De Papel Microperfurado, 50 X 150 Mm, Para Tratamento De Juntas De Chapa De Gesso Para Drywall","m",1.2513000000000001,0.28499999999999998,{"$f":"IF(ISNUMBER(F418),E418*F418,\"\")","v":0.35662050000000001},{"$f":"SUM(G418:G421)","v":5.8025144999999991},null,0]
[null,null,"MASSA DE REJUNTE EM PO PARA DRYWALL, A BASE DE GESSO, SECAGEM RAPIDA, PARA TRATAMENTO DE JUNTAS DE CHAPA DE GESSO (NECESSITA ADICAO DE AGUA)","kg",0.51639999999999997,3.1919999999999997,{"$f":"IF(ISNUMBER(F419),E419*F419,\"\")","v":1.6483487999999997},null,null,0]
[null,null,"Montador de estrutura metálica com encargos complementares","h",{"$f":"0.3636/3","v":0.12119999999999999},20.719499999999996,{"$f":"IF(ISNUMBER(F420),E420*F420,\"\")","v":2.5112033999999994},null,null,0]
[null,null,"Servente com Encargos Complementares","h",{"$f":"ROUND(0.0909*0.7,4)","v":6.3600000000000004E-2},20.225499999999997,{"$f":"IF(ISNUMBER(F421),E421*F421,\"\")","v":1.2863417999999998},null,null,0]
[null,null,null,null,null,"",{"$f":"IF(ISNUMBER(F422),E422*F422,\"\")","v":""},null,null,0]
["SF-00089",{"$f":"INDEX(Orçamentária!A:B,MATCH(Composições!A423,Orçamentária!A:A,0),2)","v":"Sóculo h=10 cm"},null,"m2",null,"",{"$f":"IF(ISNUMBER(F423),E423*F423,\"\")","v":""},null,null,0]
[null,null,null,null,null,"",{"$f":"IF(ISNUMBER(F424),E424*F424,\"\")","v":""},null,null,0]
[null,null,"TELA DE ACO SOLDADA GALVANIZADA/ZINCADA PARA ALVENARIA, FIO D = *1,20 A 1,70* MM, MALHA 15 X 15 MM, (C X L) *50 X 7,5* CM","M",0.42,2.831,{"$f":"IF(ISNUMBER(F425),E425*F425,\"\")","v":1.18902},{"$f":"SUM(G425:G433)","v":88.740831747927785},null,0]
[null,null,"PINO DE ACO COM FURO, HASTE = 27 MM (ACAO DIRETA)","CENTO",5.0000000000000001E-3,39.444000000000003,{"$f":"IF(ISNUMBER(F426),E426*F426,\"\")","v":0.19722000000000001},null,null,0]
[null,null,"BLOCO CERAMICO / TIJOLO VAZADO PARA ALVENARIA DE VEDACAO, FUROS NA VERTICAL,, 9 X 19 X 39 CM (NBR 15270)","UN",13.6,1.9379999999999999,{"$f":"IF(ISNUMBER(F427),E427*F427,\"\")","v":26.3568},null,null,0]
[null,null,"ARGAMASSA TRAÇO 1:2:8 (EM VOLUME DE CIMENTO, CAL E AREIA MÉDIA ÚMIDA) PARA EMBOÇO/MASSA ÚNICA/ASSENTAMENTO DE ALVENARIA DE VEDAÇÃO, PREPARO MECÂNICO COM BETONEIRA 400 L. AF_08/2019","M3",1.04E-2,729.81343053399996,{"$f":"IF(ISNUMBER(F428),E428*F428,\"\")","v":7.5900596775535991},null,null,0]
[null,null,"PEDREIRO COM ENCARGOS COMPLEMENTARES","H",0.59,27.160499999999999,{"$f":"IF(ISNUMBER(F429),E429*F429,\"\")","v":16.024694999999998},null,null,0]
[null,null,"SERVENTE COM ENCARGOS COMPLEMENTARES","H",0.29499999999999998,20.225499999999997,{"$f":"IF(ISNUMBER(F430),E430*F430,\"\")","v":5.9665224999999991},null,null,0]
[null,null,"ARGAMASSA TRAÇO 1:2:8 (EM VOLUME DE CIMENTO, CAL E AREIA MÉDIA ÚMIDA) PARA EMBOÇO/MASSA ÚNICA/ASSENTAMENTO DE ALVENARIA DE VEDAÇÃO, PREPARO MECÂNICO COM BETONEIRA 400 L. AF_08/2019","m3",2.1299999999999999E-2,729.81343053399996,{"$f":"IF(ISNUMBER(F431),E431*F431,\"\")","v":15.545026070374199},null,null,0]
[null,null,"Pedreiro com Encargos Complementares","h",0.46,27.160499999999999,{"$f":"IF(ISNUMBER(F432),E432*F432,\"\")","v":12.493830000000001},null,null,0]
[null,null,"Servente com Encargos Complementares","h",0.16700000000000001,20.225499999999997,{"$f":"IF(ISNUMBER(F433),E433*F433,\"\")","v":3.3776584999999995},null,null,0]
[null,null,null,null,null,"",{"$f":"IF(ISNUMBER(F434),E434*F434,\"\")","v":""},null,null,0]
["SF-00090",{"$f":"INDEX(Orçamentária!A:B,MATCH(Composições!A435,Orçamentária!A:A,0),2)","v":"Chapisco colante industrializado em vigas e pilares"},null,"m2",null,"",{"$f":"IF(ISNUMBER(F435),E435*F435,\"\")","v":""},null,null,0]
[null,null,null,null,null,"",{"$f":"IF(ISNUMBER(F436),E436*F436,\"\")","v":""},null,null,0]
[null,null,"ARGAMASSA INDUSTRIALIZADA PARA CHAPISCO COLANTE, PREPARO COM MISTURADOR DE EIXO HORIZONTAL DE 300 KG. AF_08/2019","m3",3.2000000000000002E-3,2400.9771799999999,{"$f":"IF(ISNUMBER(F437),E437*F437,\"\")","v":7.6831269759999996},{"$f":"SUM(G437:G439)","v":18.889418176},null,0]
[null,null,"Pedreiro com Encargos Complementares","h",0.38400000000000001,27.160499999999999,{"$f":"IF(ISNUMBER(F438),E438*F438,\"\")","v":10.429632},null,null,0]
[null,null,"Servente com Encargos Complementares","h",3.8399999999999997E-2,20.225499999999997,{"$f":"IF(ISNUMBER(F439),E439*F439,\"\")","v":0.77665919999999977},null,null,0]
[null,null,null,null,null,"",{"$f":"IF(ISNUMBER(F440),E440*F440,\"\")","v":""},null,null,0]
["SF-00091",{"$f":"INDEX(Orçamentária!A:B,MATCH(Composições!A441,Orçamentária!A:A,0),2)","v":"Chapisco com argamassa traço 1:3"},null,"m2",null,"",{"$f":"IF(ISNUMBER(F441),E441*F441,\"\")","v":""},null,null,69]
[null,null,null,null,null,"",{"$f":"IF(ISNUMBER(F442),E442*F442,\"\")","v":""},null,null,69]
[null,null,"ARGAMASSA TRAÇO 1:3 (EM VOLUME DE CIMENTO E AREIA GROSSA ÚMIDA) PARA CHAPISCO CONVENCIONAL, PREPARO MANUAL. AF_08/2019","m3",3.7000000000000002E-3,738.12022888099989,{"$f":"IF(ISNUMBER(F443),E443*F443,\"\")","v":2.7310448468596995},{"$f":"SUM(G443:G445)","v":5.0964251468596995},null,69]
[null,null,"Pedreiro com Encargos Complementares","h",6.8099999999999994E-2,27.160499999999999,{"$f":"IF(ISNUMBER(F444),E444*F444,\"\")","v":1.8496300499999998},null,null,69]
[null,null,"Servente com Encargos Complementares","h",2.5499999999999998E-2,20.225499999999997,{"$f":"IF(ISNUMBER(F445),E445*F445,\"\")","v":0.51575024999999985},null,null,69]
[null,null,null,null,null,"",{"$f":"IF(ISNUMBER(F446),E446*F446,\"\")","v":""},null,null,69]
["SF-00092",{"$f":"INDEX(Orçamentária!A:B,MATCH(Composições!A447,Orçamentária!A:A,0),2)","v":"Gesso cola"},null,"m2",null,"",{"$f":"IF(ISNUMBER(F447),E447*F447,\"\")","v":""},null,null,0]
[null,null,null,null,null,"",{"$f":"IF(ISNUMBER(F448),E448*F448,\"\")","v":""},null,null,0]
[null,null,"Gesseiro com encargos complementares","h",0.4,26.970499999999998,{"$f":"IF(ISNUMBER(F449),E449*F449,\"\")","v":10.7882},{"$f":"SUM(G449:G451)","v":12.40624},null,0]
[null,null,"Servente com Encargos Complementares","h",0.08,20.225499999999997,{"$f":"IF(ISNUMBER(F450),E450*F450,\"\")","v":1.6180399999999997},null,null,0]
[null,null,"Gesso cola","kg",0.75,"",{"$f":"IF(ISNUMBER(F451),E451*F451,\"\")","v":""},null,null,0]
[null,null,null,null,null,"",{"$f":"IF(ISNUMBER(F452),E452*F452,\"\")","v":""},null,null,0]
[null,null,"Obs.: Fonte para o coeficiente do gesso (0,75 kg/m2) : http://www.gessotrevo.com.br/gesso_cola.php - acesso em 16/08/18",null,null,"",{"$f":"IF(ISNUMBER(F453),E453*F453,\"\")","v":""},null,null,0]
[null,null,null,null,null,"",{"$f":"IF(ISNUMBER(F454),E454*F454,\"\")","v":""},null,null,0]
["SF-00093",{"$f":"INDEX(Orçamentária!A:B,MATCH(Composições!A455,Orçamentária!A:A,0),2)","v":"Reboco com argamassa industrializada e=2,0 cm"},null,"m2",null,"",{"$f":"IF(ISNUMBER(F455),E455*F455,\"\")","v":""},null,null,69]
[null,null,null,null,null,"",{"$f":"IF(ISNUMBER(F456),E456*F456,\"\")","v":""},null,null,69]
[null,null,"Argamassa industrializada multiuso, para revestimento interno e externo e assentamento de blocos diversos","kg",{"$f":"1890*0.02","v":37.800000000000004},0.61749999999999994,{"$f":"IF(ISNUMBER(F457),E457*F457,\"\")","v":23.3415},{"$f":"SUM(G457:G460)","v":43.308924899999994},null,69]
[null,null,"Servente com Encargos Complementares","h",{"$f":"12.59*0.02","v":0.25180000000000002},20.225499999999997,{"$f":"IF(ISNUMBER(F458),E458*F458,\"\")","v":5.0927808999999993},null,null,69]
[null,null,"Pedreiro com Encargos Complementares","h",0.43,27.160499999999999,{"$f":"IF(ISNUMBER(F459),E459*F459,\"\")","v":11.679015},null,null,69]
[null,null,"Servente com Encargos Complementares","h",{"$f":"0.158","v":0.158},20.225499999999997,{"$f":"IF(ISNUMBER(F460),E460*F460,\"\")","v":3.1956289999999994},null,null,69]
[null,null,null,null,null,"",{"$f":"IF(ISNUMBER(F461),E461*F461,\"\")","v":""},null,null,69]
[null,null,"Obs.: Rendimento de argamassa obtido como referência no SINAPI e no link abaixo. Extrato: \"Revestimento: Em média 17,0 a 19,5 Kg/m2  para cada 1,0 cm de espessura, variando em função da aplicação\".",null,null,"",{"$f":"IF(ISNUMBER(F462),E462*F462,\"\")","v":""},null,null,69]
[null,null,"https://s3.amazonaws.com/mapa-da-obra-producao/wp-content/uploads/2015/12/2101-matrix-revestimento-interno.pdf",null,null,"",{"$f":"IF(ISNUMBER(F463),E463*F463,\"\")","v":""},null,null,69]
[null,null,null,null,null,"",{"$f":"IF(ISNUMBER(F464),E464*F464,\"\")","v":""},null,null,69]
["SF-00094",{"$f":"INDEX(Orçamentária!A:B,MATCH(Composições!A465,Orçamentária!A:A,0),2)","v":"Regularização com argamassa industrializada e=0,5 cm"},null,"m2",null,"",{"$f":"IF(ISNUMBER(F465),E465*F465,\"\")","v":""},null,null,0]
[null,null,null,null,null,"",{"$f":"IF(ISNUMBER(F466),E466*F466,\"\")","v":""},null,null,0]
[null,null,"Argamassa industrializada multiuso, para revestimento interno e externo e assentamento de blocos diversos","kg",{"$f":"1890*0.005","v":9.4500000000000011},0.61749999999999994,{"$f":"IF(ISNUMBER(F467),E467*F467,\"\")","v":5.835375},{"$f":"SUM(G467:G470)","v":14.616393624999999},null,0]
[null,null,"Servente com Encargos Complementares","h",{"$f":"12.59*0.005","v":6.2950000000000006E-2},20.225499999999997,{"$f":"IF(ISNUMBER(F468),E468*F468,\"\")","v":1.2731952249999998},null,null,0]
[null,null,"Pedreiro com Encargos Complementares","h",{"$f":"0.31*0.7","v":0.217},27.160499999999999,{"$f":"IF(ISNUMBER(F469),E469*F469,\"\")","v":5.8938284999999997},null,null,0]
[null,null,"Servente com Encargos Complementares","h",{"$f":"0.114*0.7","v":7.9799999999999996E-2},20.225499999999997,{"$f":"IF(ISNUMBER(F470),E470*F470,\"\")","v":1.6139948999999996},null,null,0]
[null,null,null,null,null,"",{"$f":"IF(ISNUMBER(F471),E471*F471,\"\")","v":""},null,null,0]
["SF-00095",{"$f":"INDEX(Orçamentária!A:B,MATCH(Composições!A472,Orçamentária!A:A,0),2)","v":"Tratamento de trincas superficiais"},null,"m",null,"",{"$f":"IF(ISNUMBER(F472),E472*F472,\"\")","v":""},null,null,0]
[null,null,null,null,null,"",{"$f":"IF(ISNUMBER(F473),E473*F473,\"\")","v":""},null,null,0]
[null,null,"Servente com Encargos Complementares","h",0.6,20.225499999999997,{"$f":"IF(ISNUMBER(F474),E474*F474,\"\")","v":12.135299999999997},{"$f":"SUM(G474:G478)","v":16.837972899999997},null,0]
[null,null,"Pedreiro com Encargos Complementares","h",0.155,27.160499999999999,{"$f":"IF(ISNUMBER(F475),E475*F475,\"\")","v":4.2098775000000002},null,null,0]
[null,null,"Tela de poliéster adesiva largura 150mm e reforço central de 50mm","m",1.05,0,{"$f":"IF(ISNUMBER(F476),E476*F476,\"\")","v":0},null,null,0]
[null,null,"RESINA ACRILICA PREMIUM BASE AGUA - COR BRANCA","L",{"$f":"ROUND(1*0.15/(165/18),4)","v":1.6400000000000001E-2},30.048499999999997,{"$f":"IF(ISNUMBER(F477),E477*F477,\"\")","v":0.49279539999999999},null,null,0]
[null,null,"SELANTE A BASE DE RESINAS ACRILICAS PARA TRINCAS","280 ml",0.4,"",{"$f":"IF(ISNUMBER(F478),E478*F478,\"\")","v":""},null,null,0]
[null,null,null,null,null,"",{"$f":"IF(ISNUMBER(F479),E479*F479,\"\")","v":""},null,null,0]
[null,null,"Obs.: Rendimento da resina e do selante de acordo com recomendações do fabricante. Consumo médio. Selante: 2,5 m por bisnaga de 280 ml (abertura de 20mm x 10mm). Resina: 165 m2 por embalagem de 18 L.",null,null,"",{"$f":"IF(ISNUMBER(F480),E480*F480,\"\")","v":""},null,null,0]
[null,null,"https://bra.sika.com/dms/getdocument.get/936a7cee-8d90-4be4-9494-f16d0e9334b4/sikacryl_-103.pdf",null,null,"",{"$f":"IF(ISNUMBER(F481),E481*F481,\"\")","v":""},null,null,0]
[null,null,"http://www.bautechbrasil.com.br/produtos/pinturas-especiais-e-complementos/bautech-resina-acr%C3%ADlica-multiuso",null,null,"",{"$f":"IF(ISNUMBER(F482),E482*F482,\"\")","v":""},null,null,0]
[null,null,null,null,null,"",{"$f":"IF(ISNUMBER(F483),E483*F483,\"\")","v":""},null,null,0]
["SF-00096",{"$f":"INDEX(Orçamentária!A:B,MATCH(Composições!A484,Orçamentária!A:A,0),2)","v":"Aplicação de fundo selador base água"},null,"m2",null,"",{"$f":"IF(ISNUMBER(F484),E484*F484,\"\")","v":""},null,null,0]
[null,null,null,null,null,"",{"$f":"IF(ISNUMBER(F485),E485*F485,\"\")","v":""},null,null,0]
[null,null,"Pintor com encargos complementares","h",0.106,28.319499999999998,{"$f":"IF(ISNUMBER(F486),E486*F486,\"\")","v":3.0018669999999998},{"$f":"SUM(G486:G488)","v":3.5479554999999996},null,0]
[null,null,"Servente com Encargos Complementares","h",2.7E-2,20.225499999999997,{"$f":"IF(ISNUMBER(F487),E487*F487,\"\")","v":0.54608849999999987},null,null,0]
[null,null,"Fundo selador a base d'água","L",0.16,"",{"$f":"IF(ISNUMBER(F488),E488*F488,\"\")","v":""},null,null,0]
[null,null,null,null,null,"",{"$f":"IF(ISNUMBER(F489),E489*F489,\"\")","v":""},null,null,0]
["SF-00097",{"$f":"INDEX(Orçamentária!A:B,MATCH(Composições!A490,Orçamentária!A:A,0),2)","v":"Fundo anticorrosivo e de aderência"},null,"m2",null,"",{"$f":"IF(ISNUMBER(F490),E490*F490,\"\")","v":""},null,null,0]
[null,null,null,null,null,"",{"$f":"IF(ISNUMBER(F491),E491*F491,\"\")","v":""},null,null,0]
[null,null,"Pintor com encargos complementares","h",{"$f":"2*0.2149","v":0.42980000000000002},28.319499999999998,{"$f":"IF(ISNUMBER(F492),E492*F492,\"\")","v":12.171721099999999},{"$f":"SUM(G492:G493)","v":12.171721099999999},null,0]
[null,null,"Fundo anticorrosivo e de aderência a base de água","L",{"$f":"2*(3.6/45)","v":0.16},"",{"$f":"IF(ISNUMBER(F493),E493*F493,\"\")","v":""},null,null,0]
[null,null,null,null,null,"",{"$f":"IF(ISNUMBER(F494),E494*F494,\"\")","v":""},null,null,0]
[null,null,"Obs.: Rendimento do fundo obtido de acordo com recomendação do fabricante. Consumo médio. ",null,null,"",{"$f":"IF(ISNUMBER(F495),E495*F495,\"\")","v":""},null,null,0]
[null,null,"https://www.sherwin-williams.com.br/produto-detalhe/metalatex-eco-complementos",null,null,"",{"$f":"IF(ISNUMBER(F496),E496*F496,\"\")","v":""},null,null,0]
[null,null,"https://www.suvinil.com.br/upload/78d22676-91b1-4086-99ad-4258fadd7b08-suvinil-fundo-seca-rapidomaio2018.pdf",null,null,"",{"$f":"IF(ISNUMBER(F497),E497*F497,\"\")","v":""},null,null,0]
["SF-00098",{"$f":"INDEX(Orçamentária!A:B,MATCH(Composições!A498,Orçamentária!A:A,0),2)","v":"Massa acrílica"},null,"m2",null,"",{"$f":"IF(ISNUMBER(F498),E498*F498,\"\")","v":""},null,null,0]
[null,null,null,null,null,"",{"$f":"IF(ISNUMBER(F499),E499*F499,\"\")","v":""},null,null,0]
[null,null,"LIXA EM FOLHA PARA PAREDE OU MADEIRA, NUMERO 120, COR VERMELHA","un",0.1,1.254,{"$f":"IF(ISNUMBER(F500),E500*F500,\"\")","v":0.12540000000000001},{"$f":"SUM(G500:G503)","v":21.59730798},null,0]
[null,null,"MASSA ACRILICA PARA SUPERFICIES INTERNAS E EXTERNAS","kg",1.5518400000000001,6.6594999999999995,{"$f":"IF(ISNUMBER(F501),E501*F501,\"\")","v":10.33447848},null,null,0]
[null,null,"Pintor com encargos complementares","h",0.33400000000000002,28.319499999999998,{"$f":"IF(ISNUMBER(F502),E502*F502,\"\")","v":9.4587129999999995},null,null,0]
[null,null,"Servente com Encargos Complementares","h",8.3000000000000004E-2,20.225499999999997,{"$f":"IF(ISNUMBER(F503),E503*F503,\"\")","v":1.6787164999999997},null,null,0]
[null,null,null,null,null,"",{"$f":"IF(ISNUMBER(F504),E504*F504,\"\")","v":""},null,null,0]
["SF-00099",{"$f":"INDEX(Orçamentária!A:B,MATCH(Composições!A505,Orçamentária!A:A,0),2)","v":"Massa corrida"},null,"m2",null,"",{"$f":"IF(ISNUMBER(F505),E505*F505,\"\")","v":""},null,null,253]
[null,null,null,null,null,"",{"$f":"IF(ISNUMBER(F506),E506*F506,\"\")","v":""},null,null,253]
[null,null,"LIXA EM FOLHA PARA PAREDE OU MADEIRA, NUMERO 120, COR VERMELHA","un",0.1,1.254,{"$f":"IF(ISNUMBER(F507),E507*F507,\"\")","v":0.12540000000000001},{"$f":"SUM(G507:G510)","v":17.028140099999998},null,253]
[null,null,"MASSA CORRIDA PARA SUPERFICIES DE AMBIENTES INTERNOS","KG",1.5550200000000001,3.7049999999999996,{"$f":"IF(ISNUMBER(F508),E508*F508,\"\")","v":5.7613490999999994},null,null,253]
[null,null,"Pintor com encargos complementares","h",0.312,28.319499999999998,{"$f":"IF(ISNUMBER(F509),E509*F509,\"\")","v":8.8356839999999988},null,null,253]
[null,null,"Servente com Encargos Complementares","h",0.114,20.225499999999997,{"$f":"IF(ISNUMBER(F510),E510*F510,\"\")","v":2.3057069999999995},null,null,253]
[null,null,null,null,null,"",{"$f":"IF(ISNUMBER(F511),E511*F511,\"\")","v":""},null,null,253]
["SF-00100",{"$f":"INDEX(Orçamentária!A:B,MATCH(Composições!A512,Orçamentária!A:A,0),2)","v":"Pintura com tinta látex acrílica Premium (paredes)"},null,"m2",null,"",{"$f":"IF(ISNUMBER(F512),E512*F512,\"\")","v":""},null,null,97]
[null,null,null,null,null,"",{"$f":"IF(ISNUMBER(F513),E513*F513,\"\")","v":""},null,null,97]
[null,null,"Pintor com encargos complementares","h",0.187,28.319499999999998,{"$f":"IF(ISNUMBER(F514),E514*F514,\"\")","v":5.2957464999999999},{"$f":"SUM(G514:G516)","v":15.641731},null,97]
[null,null,"Servente com Encargos Complementares","h",6.9000000000000006E-2,20.225499999999997,{"$f":"IF(ISNUMBER(F515),E515*F515,\"\")","v":1.3955594999999998},null,null,97]
[null,null,"TINTA LATEX ACRILICA PREMIUM, COR BRANCO FOSCO","L",0.33,27.122499999999999,{"$f":"IF(ISNUMBER(F516),E516*F516,\"\")","v":8.9504249999999992},null,null,97]
[null,null,null,null,null,"",{"$f":"IF(ISNUMBER(F517),E517*F517,\"\")","v":""},null,null,97]
["SF-00101",{"$f":"INDEX(Orçamentária!A:B,MATCH(Composições!A518,Orçamentária!A:A,0),2)","v":"Pintura em verniz sintético"},null,"m2",null,"",{"$f":"IF(ISNUMBER(F518),E518*F518,\"\")","v":""},null,null,0]
[null,null,null,null,null,"",{"$f":"IF(ISNUMBER(F519),E519*F519,\"\")","v":""},null,null,0]
[null,null,"Verniz a base de água para madeira","L",{"$f":"ROUND(3*3.6/100,4)","v":0.108},37.47,{"$f":"IF(ISNUMBER(F520),E520*F520,\"\")","v":4.0467599999999999},{"$f":"SUM(G520:G521)","v":24.085638199999998},null,0]
[null,null,"Pintor com encargos complementares","h",0.70760000000000001,28.319499999999998,{"$f":"IF(ISNUMBER(F521),E521*F521,\"\")","v":20.038878199999999},null,null,0]
[null,null,null,null,null,"",null,null,null,0]
[null,null,"Obs: considerando rendimento informado na especificação técnica de produto equivalente da Suvinil (Lata de 3,6L rende até 100 m²/demão).",null,null,"",null,null,null,0]
[null,null,null,null,null,"",{"$f":"IF(ISNUMBER(F524),E524*F524,\"\")","v":""},null,null,0]
["SF-00102",{"$f":"INDEX(Orçamentária!A:B,MATCH(Composições!A525,Orçamentária!A:A,0),2)","v":"Pintura esmalte acetinado (metais e madeiras)"},null,"m2",null,"",{"$f":"IF(ISNUMBER(F525),E525*F525,\"\")","v":""},null,null,0]
[null,null,null,null,null,"",{"$f":"IF(ISNUMBER(F526),E526*F526,\"\")","v":""},null,null,0]
[null,null,"Pintor com encargos complementares","H",0.57079999999999997,28.319499999999998,{"$f":"IF(ISNUMBER(F527),E527*F527,\"\")","v":16.164770599999997},{"$f":"SUM(G527:G528)","v":24.790370599999996},null,0]
[null,null,"Tinta esmalte sintetico a base de água","L",{"$f":"ROUND(3*3.6/75,4)","v":0.14399999999999999},59.9,{"$f":"IF(ISNUMBER(F528),E528*F528,\"\")","v":8.6255999999999986},null,null,0]
[null,null,null,null,null,"",null,null,null,0]
[null,null,"Obs: considerando rendimento informado na especificação técnica de um dos produtos indicados como referência comercial (Lata de 3,6L rende até 75 m²/demão).",null,null,"",null,null,null,0]
[null,null,null,null,null,"",{"$f":"IF(ISNUMBER(F531),E531*F531,\"\")","v":""},null,null,0]
["SF-00103",{"$f":"INDEX(Orçamentária!A:B,MATCH(Composições!A532,Orçamentária!A:A,0),2)","v":"Pintura tinta látex acrílica standard (tetos)"},null,"m2",null,"",{"$f":"IF(ISNUMBER(F532),E532*F532,\"\")","v":""},null,null,157]
[null,null,null,null,null,"",{"$f":"IF(ISNUMBER(F533),E533*F533,\"\")","v":""},null,null,157]
[null,null,"Pintor com encargos complementares","H",0.24399999999999999,28.319499999999998,{"$f":"IF(ISNUMBER(F534),E534*F534,\"\")","v":6.9099579999999996},{"$f":"SUM(G534:G536)","v":17.660452499999998},null,157]
[null,null,"Servente com Encargos Complementares","H",8.8999999999999996E-2,20.225499999999997,{"$f":"IF(ISNUMBER(F535),E535*F535,\"\")","v":1.8000694999999995},null,null,157]
[null,null,"TINTA LATEX ACRILICA PREMIUM, COR BRANCO FOSCO","L",0.33,27.122499999999999,{"$f":"IF(ISNUMBER(F536),E536*F536,\"\")","v":8.9504249999999992},null,null,157]
[null,null,null,null,null,"",{"$f":"IF(ISNUMBER(F537),E537*F537,\"\")","v":""},null,null,157]
["SF-00104",{"$f":"INDEX(Orçamentária!A:B,MATCH(Composições!A538,Orçamentária!A:A,0),2)","v":"Cerâmica para revestimento de superfícies internas ou externas – Linha Administrativa"},null,"m2",null,"",{"$f":"IF(ISNUMBER(F538),E538*F538,\"\")","v":""},null,null,0]
[null,null,null,null,null,"",{"$f":"IF(ISNUMBER(F539),E539*F539,\"\")","v":""},null,null,0]
[null,null,"REVESTIMENTO EM CERAMICA ESMALTADA EXTRA, PEI MAIOR OU IGUAL 4, FORMATO MAIOR A 2025 CM2","m2",1.08,41.638499999999993,{"$f":"IF(ISNUMBER(F540),E540*F540,\"\")","v":44.969579999999993},{"$f":"SUM(G540:G544)","v":77.305489999999978},null,0]
[null,null,"Argamassa colante AC II","kg",6.14,1.0545,{"$f":"IF(ISNUMBER(F541),E541*F541,\"\")","v":6.4746299999999994},null,null,0]
[null,null,"Rejunte cimenticio, qualquer cor","kg",0.22,3.3439999999999999,{"$f":"IF(ISNUMBER(F542),E542*F542,\"\")","v":0.73568},null,null,0]
[null,null,"Azulejista ou ladrilhista com encargos complementares","h",0.66,27.036999999999999,{"$f":"IF(ISNUMBER(F543),E543*F543,\"\")","v":17.84442},null,null,0]
[null,null,"Servente com Encargos Complementares","h",0.36,20.225499999999997,{"$f":"IF(ISNUMBER(F544),E544*F544,\"\")","v":7.2811799999999982},null,null,0]
[null,null,null,null,null,"",{"$f":"IF(ISNUMBER(F545),E545*F545,\"\")","v":""},null,null,0]
["SF-00105",{"$f":"INDEX(Orçamentária!A:B,MATCH(Composições!A546,Orçamentária!A:A,0),2)","v":"Contrapiso em argamassa"},null,"m2",null,"",{"$f":"IF(ISNUMBER(F546),E546*F546,\"\")","v":""},null,null,0]
[null,null,null,null,null,"",{"$f":"IF(ISNUMBER(F547),E547*F547,\"\")","v":""},null,null,0]
[null,null,"ARGAMASSA TRAÇO 1:4 (EM VOLUME DE CIMENTO E AREIA MÉDIA ÚMIDA) PARA CONTRAPISO, PREPARO MANUAL. AF_08/2019","m3",5.2999999999999999E-2,863.73747105249993,{"$f":"IF(ISNUMBER(F548),E548*F548,\"\")","v":45.778085965782495},{"$f":"SUM(G548:G552)","v":59.626169465782489},null,0]
[null,null,"Pedreiro com Encargos Complementares","h",0.27100000000000002,27.160499999999999,{"$f":"IF(ISNUMBER(F549),E549*F549,\"\")","v":7.3604954999999999},null,null,0]
[null,null,"Servente com Encargos Complementares","h",0.13600000000000001,20.225499999999997,{"$f":"IF(ISNUMBER(F550),E550*F550,\"\")","v":2.7506679999999997},null,null,0]
[null,null,"Cimento Portland composto CP II-32","kg",0.5,0.627,{"$f":"IF(ISNUMBER(F551),E551*F551,\"\")","v":0.3135},null,null,0]
[null,null,"Aditivo adesivo liquido para argamassas de revestimentos cimenticios","L",0.21,16.302,{"$f":"IF(ISNUMBER(F552),E552*F552,\"\")","v":3.4234199999999997},null,null,0]
[null,null,null,null,null,"",{"$f":"IF(ISNUMBER(F553),E553*F553,\"\")","v":""},null,null,0]
["SF-00106",{"$f":"INDEX(Orçamentária!A:B,MATCH(Composições!A554,Orçamentária!A:A,0),2)","v":"Contrapiso em argamassa (e=2cm) ou Regularização de contrapiso existente"},null,"m2",null,"",{"$f":"IF(ISNUMBER(F554),E554*F554,\"\")","v":""},null,null,18]
[null,null,null,null,null,"",{"$f":"IF(ISNUMBER(F555),E555*F555,\"\")","v":""},null,null,18]
[null,null,"Cimento Portland composto CP II-32","kg",0.5,0.627,{"$f":"IF(ISNUMBER(F556),E556*F556,\"\")","v":0.3135},{"$f":"SUM(G556:G560)","v":38.489257102627498},null,18]
[null,null,"Aditivo adesivo liquido para argamassas de revestimentos cimenticios","L",0.21,16.302,{"$f":"IF(ISNUMBER(F557),E557*F557,\"\")","v":3.4234199999999997},null,null,18]
[null,null,"ARGAMASSA TRAÇO 1:4 (EM VOLUME DE CIMENTO E AREIA MÉDIA ÚMIDA) PARA CONTRAPISO, PREPARO MANUAL. AF_08/2019","m3",3.1E-2,863.73747105249993,{"$f":"IF(ISNUMBER(F558),E558*F558,\"\")","v":26.775861602627497},null,null,18]
[null,null,"Pedreiro com Encargos Complementares","h",0.214,27.160499999999999,{"$f":"IF(ISNUMBER(F559),E559*F559,\"\")","v":5.8123469999999999},null,null,18]
[null,null,"Servente com Encargos Complementares","h",0.107,20.225499999999997,{"$f":"IF(ISNUMBER(F560),E560*F560,\"\")","v":2.1641284999999995},null,null,18]
[null,null,null,null,null,"",{"$f":"IF(ISNUMBER(F561),E561*F561,\"\")","v":""},null,null,18]
["SF-00107",{"$f":"INDEX(Orçamentária!A:B,MATCH(Composições!A562,Orçamentária!A:A,0),2)","v":"Granito cinza andorinha para piso"},null,"m2",null,"",{"$f":"IF(ISNUMBER(F562),E562*F562,\"\")","v":""},null,null,0]
[null,null,null,null,null,"",{"$f":"IF(ISNUMBER(F563),E563*F563,\"\")","v":""},null,null,0]
[null,null,"Argamassa colante tipo AC III","kg",8.6199999999999992,1.748,{"$f":"IF(ISNUMBER(F564),E564*F564,\"\")","v":15.067759999999998},{"$f":"SUM(G564:G568)","v":271.97302300000001},null,0]
[null,null,"Marmorista/graniteiro com encargos complementares","h",1.1879999999999999,27.036999999999999,{"$f":"IF(ISNUMBER(F565),E565*F565,\"\")","v":32.119955999999995},null,null,0]
[null,null,"Servente com Encargos Complementares","h",0.59399999999999997,20.225499999999997,{"$f":"IF(ISNUMBER(F566),E566*F566,\"\")","v":12.013946999999998},null,null,0]
[null,null,"Rejunte cimenticio, qualquer cor","kg",0.14000000000000001,3.3439999999999999,{"$f":"IF(ISNUMBER(F567),E567*F567,\"\")","v":0.46816000000000002},null,null,0]
[null,null,"Granito Cinza Andorinha, com 20 mm de espessura, para piso","m2",1.1599999999999999,183.02,{"$f":"IF(ISNUMBER(F568),E568*F568,\"\")","v":212.3032},null,null,0]
[null,null,null,null,null,"",{"$f":"IF(ISNUMBER(F569),E569*F569,\"\")","v":""},null,null,0]
["SF-00108",{"$f":"INDEX(Orçamentária!A:B,MATCH(Composições!A570,Orçamentária!A:A,0),2)","v":"Granito Cinza Andorinha para rodapé"},null,"m2",null,"",{"$f":"IF(ISNUMBER(F570),E570*F570,\"\")","v":""},null,null,0]
[null,null,null,null,null,"",{"$f":"IF(ISNUMBER(F571),E571*F571,\"\")","v":""},null,null,0]
[null,null,"Granito Cinza Andorinha, com 20 mm de espessura e 70 mm de altura, para rodapé","m",{"$f":"ROUND(1.04/0.07,4)","v":14.857100000000001},8.16,{"$f":"IF(ISNUMBER(F572),E572*F572,\"\")","v":121.23393600000001},{"$f":"SUM(G572:G576)","v":251.482888},null,0]
[null,null,"Argamassa colante tipo AC III","kg",{"$f":"ROUND(0.8614/0.1,4)","v":8.6140000000000008},1.748,{"$f":"IF(ISNUMBER(F573),E573*F573,\"\")","v":15.057272000000001},null,null,0]
[null,null,"Marmorista/graniteiro com encargos complementares","h",{"$f":"0.299/0.1","v":2.9899999999999998},27.036999999999999,{"$f":"IF(ISNUMBER(F574),E574*F574,\"\")","v":80.84062999999999},null,null,0]
[null,null,"Servente com Encargos Complementares","h",{"$f":"0.15/0.1","v":1.4999999999999998},20.225499999999997,{"$f":"IF(ISNUMBER(F575),E575*F575,\"\")","v":30.338249999999992},null,null,0]
[null,null,"Rejunte cimenticio, qualquer cor","kg",{"$f":"0.12/0.1","v":1.2},3.3439999999999999,{"$f":"IF(ISNUMBER(F576),E576*F576,\"\")","v":4.0127999999999995},null,null,0]
[null,null,null,null,null,"",{"$f":"IF(ISNUMBER(F577),E577*F577,\"\")","v":""},null,null,0]
[null,null,"Obs: na pesquisa de preços do insumo, considerou-se 1 m de polimento a cada metro de rodapé.",null,null,"",{"$f":"IF(ISNUMBER(F578),E578*F578,\"\")","v":""},null,null,0]
[null,null,null,null,null,"",{"$f":"IF(ISNUMBER(F579),E579*F579,\"\")","v":""},null,null,0]
["SF-00109",{"$f":"INDEX(Orçamentária!A:B,MATCH(Composições!A580,Orçamentária!A:A,0),2)","v":"Granito Cinza Andorinha para soleira e peitoril"},null,"m2",null,"",{"$f":"IF(ISNUMBER(F580),E580*F580,\"\")","v":""},null,null,0]
[null,null,null,null,null,"",{"$f":"IF(ISNUMBER(F581),E581*F581,\"\")","v":""},null,null,0]
[null,null,"Granito Cinza Andorinha, com 20 mm de espessura e 150 mm de altura, para soleira e peitoril","m",{"$f":"ROUND(1/0.15,4)","v":6.6666999999999996},4.5,{"$f":"IF(ISNUMBER(F582),E582*F582,\"\")","v":30.000149999999998},{"$f":"SUM(G582:G585)","v":180.43918789999998},null,0]
[null,null,"Argamassa colante tipo AC III","kg",{"$f":"1.29/0.15","v":8.6000000000000014},1.748,{"$f":"IF(ISNUMBER(F583),E583*F583,\"\")","v":15.032800000000002},null,null,0]
[null,null,"Marmorista/graniteiro com encargos complementares","h",{"$f":"ROUND(0.547/0.15,4)","v":3.6467000000000001},27.036999999999999,{"$f":"IF(ISNUMBER(F584),E584*F584,\"\")","v":98.595827900000003},null,null,0]
[null,null,"Servente com Encargos Complementares","h",{"$f":"ROUND(0.273/0.15,4)","v":1.82},20.225499999999997,{"$f":"IF(ISNUMBER(F585),E585*F585,\"\")","v":36.810409999999997},null,null,0]
[null,null,null,null,null,"",{"$f":"IF(ISNUMBER(F586),E586*F586,\"\")","v":""},null,null,0]
[null,null,"Obs: na pesquisa de preços do insumo, considerou-se 1 m de polimento a cada metro de soleira.",null,null,"",{"$f":"IF(ISNUMBER(F587),E587*F587,\"\")","v":""},null,null,0]
[null,null,null,null,null,"",{"$f":"IF(ISNUMBER(F588),E588*F588,\"\")","v":""},null,null,0]
["SF-00110",{"$f":"INDEX(Orçamentária!A:B,MATCH(Composições!A589,Orçamentária!A:A,0),2)","v":"Granito Preto São Gabriel para piso"},null,"m2",null,"",{"$f":"IF(ISNUMBER(F589),E589*F589,\"\")","v":""},null,null,0]
[null,null,null,null,null,"",{"$f":"IF(ISNUMBER(F590),E590*F590,\"\")","v":""},null,null,0]
[null,null,"Argamassa colante tipo AC III","kg",8.6199999999999992,1.748,{"$f":"IF(ISNUMBER(F591),E591*F591,\"\")","v":15.067759999999998},{"$f":"SUM(G591:G595)","v":65.81782299999999},null,0]
[null,null,"Marmorista/graniteiro com encargos complementares","h",1.1879999999999999,27.036999999999999,{"$f":"IF(ISNUMBER(F592),E592*F592,\"\")","v":32.119955999999995},null,null,0]
[null,null,"Servente com Encargos Complementares","h",0.59399999999999997,20.225499999999997,{"$f":"IF(ISNUMBER(F593),E593*F593,\"\")","v":12.013946999999998},null,null,0]
[null,null,"Rejunte cimenticio, qualquer cor","kg",0.14000000000000001,3.3439999999999999,{"$f":"IF(ISNUMBER(F594),E594*F594,\"\")","v":0.46816000000000002},null,null,0]
[null,null,"Granito Preto São Gabriel, com 20 mm de espessura, para piso","m2",1.1599999999999999,5.3,{"$f":"IF(ISNUMBER(F595),E595*F595,\"\")","v":6.1479999999999997},null,null,0]
[null,null,null,null,null,"",{"$f":"IF(ISNUMBER(F596),E596*F596,\"\")","v":""},null,null,0]
["SF-00111",{"$f":"INDEX(Orçamentária!A:B,MATCH(Composições!A597,Orçamentária!A:A,0),2)","v":"Granito Preto São Gabriel para rodapé"},null,"m2",null,"",{"$f":"IF(ISNUMBER(F597),E597*F597,\"\")","v":""},null,null,0]
[null,null,null,null,null,"",{"$f":"IF(ISNUMBER(F598),E598*F598,\"\")","v":""},null,null,0]
[null,null,"Granito Preto São Gabriel, com 20 mm de espessura e 70 mm de altura, para rodapé","m",{"$f":"ROUND(1.04/0.07,2)","v":14.86},114.08,{"$f":"IF(ISNUMBER(F599),E599*F599,\"\")","v":1695.2287999999999},{"$f":"SUM(G599:G603)","v":1825.4777519999998},null,0]
[null,null,"Argamassa colante tipo AC III","kg",{"$f":"ROUND(0.8614/0.1,4)","v":8.6140000000000008},1.748,{"$f":"IF(ISNUMBER(F600),E600*F600,\"\")","v":15.057272000000001},null,null,0]
[null,null,"Marmorista/graniteiro com encargos complementares","h",{"$f":"0.299/0.1","v":2.9899999999999998},27.036999999999999,{"$f":"IF(ISNUMBER(F601),E601*F601,\"\")","v":80.84062999999999},null,null,0]
[null,null,"Servente com Encargos Complementares","h",{"$f":"0.15/0.1","v":1.4999999999999998},20.225499999999997,{"$f":"IF(ISNUMBER(F602),E602*F602,\"\")","v":30.338249999999992},null,null,0]
[null,null,"Rejunte cimenticio, qualquer cor","kg",{"$f":"0.12/0.1","v":1.2},3.3439999999999999,{"$f":"IF(ISNUMBER(F603),E603*F603,\"\")","v":4.0127999999999995},null,null,0]
[null,null,null,null,null,"",{"$f":"IF(ISNUMBER(F604),E604*F604,\"\")","v":""},null,null,0]
[null,null,"Obs: na pesquisa de preços do insumo, considerou-se 1 m de polimento a cada metro de rodapé.",null,null,"",{"$f":"IF(ISNUMBER(F605),E605*F605,\"\")","v":""},null,null,0]
[null,null,null,null,null,"",{"$f":"IF(ISNUMBER(F606),E606*F606,\"\")","v":""},null,null,0]
["SF-00112",{"$f":"INDEX(Orçamentária!A:B,MATCH(Composições!A607,Orçamentária!A:A,0),2)","v":"Granito Preto São Gabriel para soleira e peitoril"},null,"m2",null,"",{"$f":"IF(ISNUMBER(F607),E607*F607,\"\")","v":""},null,null,0]
[null,null,null,null,null,"",{"$f":"IF(ISNUMBER(F608),E608*F608,\"\")","v":""},null,null,0]
[null,null,"Granito Preto São Gabriel, com 20 mm de espessura e 150 mm de altura, para soleira e peitoril","m",{"$f":"ROUND(1/0.15,4)","v":6.6666999999999996},12.52,{"$f":"IF(ISNUMBER(F609),E609*F609,\"\")","v":83.467083999999986},{"$f":"SUM(G609:G612)","v":233.90612189999996},null,0]
[null,null,"Argamassa colante tipo AC III","kg",{"$f":"ROUND(1.29/0.15,4)","v":8.6},1.748,{"$f":"IF(ISNUMBER(F610),E610*F610,\"\")","v":15.0328},null,null,0]
[null,null,"Marmorista/graniteiro com encargos complementares","h",{"$f":"ROUND(0.547/0.15,4)","v":3.6467000000000001},27.036999999999999,{"$f":"IF(ISNUMBER(F611),E611*F611,\"\")","v":98.595827900000003},null,null,0]
[null,null,"Servente com Encargos Complementares","h",{"$f":"ROUND(0.273/0.15,4)","v":1.82},20.225499999999997,{"$f":"IF(ISNUMBER(F612),E612*F612,\"\")","v":36.810409999999997},null,null,0]
[null,null,null,null,null,"",{"$f":"IF(ISNUMBER(F613),E613*F613,\"\")","v":""},null,null,0]
[null,null,"Obs: na pesquisa de preços do insumo, considerou-se 1 m de polimento a cada metro de soleira.",null,null,"",{"$f":"IF(ISNUMBER(F614),E614*F614,\"\")","v":""},null,null,0]
[null,null,null,null,null,"",{"$f":"IF(ISNUMBER(F615),E615*F615,\"\")","v":""},null,null,0]
["SF-00113",{"$f":"INDEX(Orçamentária!A:B,MATCH(Composições!A616,Orçamentária!A:A,0),2)","v":"Instalação de rodapé de madeira reaproveitado"},null,"m",null,"",{"$f":"IF(ISNUMBER(F616),E616*F616,\"\")","v":""},null,null,0]
[null,null,null,null,null,"",{"$f":"IF(ISNUMBER(F617),E617*F617,\"\")","v":""},null,null,0]
[null,null,"COLA BRANCA BASE PVA","kg",4.0300000000000002E-2,43.6905,{"$f":"IF(ISNUMBER(F618),E618*F618,\"\")","v":1.7607271500000001},{"$f":"SUM(G618:G620)","v":14.564486099999998},null,0]
[null,null,"SERVENTE COM ENCARGOS COMPLEMENTARES","H",0.15140000000000001,20.225499999999997,{"$f":"IF(ISNUMBER(F619),E619*F619,\"\")","v":3.0621406999999996},null,null,0]
[null,null,"TAQUEADOR OU TAQUEIRO COM ENCARGOS COMPLEMENTARES","H",0.36349999999999999,26.799499999999998,{"$f":"IF(ISNUMBER(F620),E620*F620,\"\")","v":9.7416182499999984},null,null,0]
[null,null,null,null,null,"",{"$f":"IF(ISNUMBER(F621),E621*F621,\"\")","v":""},null,null,0]
["SF-00114",{"$f":"INDEX(Orçamentária!A:B,MATCH(Composições!A622,Orçamentária!A:A,0),2)","v":"Mármore Bege Bahia para piso e parede"},null,"m2",null,"",{"$f":"IF(ISNUMBER(F622),E622*F622,\"\")","v":""},null,null,0]
[null,null,null,null,null,"",{"$f":"IF(ISNUMBER(F623),E623*F623,\"\")","v":""},null,null,0]
[null,null,"Argamassa colante tipo AC III","kg",8.6199999999999992,1.748,{"$f":"IF(ISNUMBER(F624),E624*F624,\"\")","v":15.067759999999998},{"$f":"SUM(G624:G628)","v":61.583822999999995},null,0]
[null,null,"Marmorista/graniteiro com encargos complementares","h",1.1879999999999999,27.036999999999999,{"$f":"IF(ISNUMBER(F625),E625*F625,\"\")","v":32.119955999999995},null,null,0]
[null,null,"Servente com Encargos Complementares","h",0.59399999999999997,20.225499999999997,{"$f":"IF(ISNUMBER(F626),E626*F626,\"\")","v":12.013946999999998},null,null,0]
[null,null,"Rejunte cimenticio, qualquer cor","kg",0.14000000000000001,3.3439999999999999,{"$f":"IF(ISNUMBER(F627),E627*F627,\"\")","v":0.46816000000000002},null,null,0]
[null,null,"Mármore Bege Bahia, com 20 mm de espessura, para piso e parede","m2",1.1599999999999999,1.65,{"$f":"IF(ISNUMBER(F628),E628*F628,\"\")","v":1.9139999999999997},null,null,0]
[null,null,null,null,null,"",{"$f":"IF(ISNUMBER(F629),E629*F629,\"\")","v":""},null,null,0]
["SF-00115",{"$f":"INDEX(Orçamentária!A:B,MATCH(Composições!A630,Orçamentária!A:A,0),2)","v":"Mármore Branco Especial para piso e parede"},null,"m2",null,"",{"$f":"IF(ISNUMBER(F630),E630*F630,\"\")","v":""},null,null,0]
[null,null,null,null,null,"",{"$f":"IF(ISNUMBER(F631),E631*F631,\"\")","v":""},null,null,0]
[null,null,"Argamassa colante tipo AC III","kg",8.6199999999999992,1.748,{"$f":"IF(ISNUMBER(F632),E632*F632,\"\")","v":15.067759999999998},{"$f":"SUM(G632:G636)","v":63.695022999999992},null,0]
[null,null,"Marmorista/graniteiro com encargos complementares","h",1.1879999999999999,27.036999999999999,{"$f":"IF(ISNUMBER(F633),E633*F633,\"\")","v":32.119955999999995},null,null,0]
[null,null,"Servente com Encargos Complementares","h",0.59399999999999997,20.225499999999997,{"$f":"IF(ISNUMBER(F634),E634*F634,\"\")","v":12.013946999999998},null,null,0]
[null,null,"Rejunte cimenticio, qualquer cor","kg",0.14000000000000001,3.3439999999999999,{"$f":"IF(ISNUMBER(F635),E635*F635,\"\")","v":0.46816000000000002},null,null,0]
[null,null,"Mármore Branco Especial, com 20 mm de espessura, para piso e parede","m2",1.1599999999999999,3.47,{"$f":"IF(ISNUMBER(F636),E636*F636,\"\")","v":4.0251999999999999},null,null,0]
[null,null,null,null,null,"",{"$f":"IF(ISNUMBER(F637),E637*F637,\"\")","v":""},null,null,0]
["SF-00116",{"$f":"INDEX(Orçamentária!A:B,MATCH(Composições!A638,Orçamentária!A:A,0),2)","v":"Rodapé de madeira"},null,"m",null,"",{"$f":"IF(ISNUMBER(F638),E638*F638,\"\")","v":""},null,null,0]
[null,null,null,null,null,"",{"$f":"IF(ISNUMBER(F639),E639*F639,\"\")","v":""},null,null,0]
[null,null,"RODAPE DE MADEIRA MACICA CUMARU/IPE CHAMPANHE OU EQUIVALENTE DA REGIAO, *1,5 X 7 CM","M",1.0349999999999999,17.147500000000001,{"$f":"IF(ISNUMBER(F640),E640*F640,\"\")","v":17.747662500000001},{"$f":"SUM(G640:G643)","v":32.3121486},null,0]
[null,null,"COLA BRANCA BASE PVA","kg",4.0300000000000002E-2,43.6905,{"$f":"IF(ISNUMBER(F641),E641*F641,\"\")","v":1.7607271500000001},null,null,0]
[null,null,"SERVENTE COM ENCARGOS COMPLEMENTARES","H",0.15140000000000001,20.225499999999997,{"$f":"IF(ISNUMBER(F642),E642*F642,\"\")","v":3.0621406999999996},null,null,0]
[null,null,"TAQUEADOR OU TAQUEIRO COM ENCARGOS COMPLEMENTARES","H",0.36349999999999999,26.799499999999998,{"$f":"IF(ISNUMBER(F643),E643*F643,\"\")","v":9.7416182499999984},null,null,0]
[null,null,null,null,null,"",{"$f":"IF(ISNUMBER(F644),E644*F644,\"\")","v":""},null,null,0]
["SF-00117",{"$f":"INDEX(Orçamentária!A:B,MATCH(Composições!A645,Orçamentária!A:A,0),2)","v":"Acabamento abaulado em placas de granito ou mármore reaproveitadas"},null,"m",null,"",{"$f":"IF(ISNUMBER(F645),E645*F645,\"\")","v":""},null,null,0]
[null,null,null,null,null,"",{"$f":"IF(ISNUMBER(F646),E646*F646,\"\")","v":""},null,null,0]
[null,null,"Marmorista/graniteiro com encargos complementares","h",2,27.036999999999999,{"$f":"IF(ISNUMBER(F647),E647*F647,\"\")","v":54.073999999999998},{"$f":"SUM(G647:G647)","v":54.073999999999998},null,0]
[null,null,null,null,null,"",{"$f":"IF(ISNUMBER(F648),E648*F648,\"\")","v":""},null,null,0]
["SF-00118",{"$f":"INDEX(Orçamentária!A:B,MATCH(Composições!A649,Orçamentária!A:A,0),2)","v":"Acabamento em meia esquadria em placas de granito ou mármore reaproveitadas"},null,"m",null,"",{"$f":"IF(ISNUMBER(F649),E649*F649,\"\")","v":""},null,null,0]
[null,null,null,null,null,"",{"$f":"IF(ISNUMBER(F650),E650*F650,\"\")","v":""},null,null,0]
[null,null,"Marmorista/graniteiro com encargos complementares","h",1.75,27.036999999999999,{"$f":"IF(ISNUMBER(F651),E651*F651,\"\")","v":47.314749999999997},{"$f":"SUM(G651:G651)","v":47.314749999999997},null,0]
[null,null,null,null,null,"",{"$f":"IF(ISNUMBER(F652),E652*F652,\"\")","v":""},null,null,0]
["SF-00119",{"$f":"INDEX(Orçamentária!A:B,MATCH(Composições!A653,Orçamentária!A:A,0),2)","v":"Acabamento reto em placas de granito ou mármore reaproveitadas"},null,"m",null,"",{"$f":"IF(ISNUMBER(F653),E653*F653,\"\")","v":""},null,null,0]
[null,null,null,null,null,"",{"$f":"IF(ISNUMBER(F654),E654*F654,\"\")","v":""},null,null,0]
[null,null,"Marmorista/graniteiro com encargos complementares","h",1,27.036999999999999,{"$f":"IF(ISNUMBER(F655),E655*F655,\"\")","v":27.036999999999999},{"$f":"SUM(G655:G655)","v":27.036999999999999},null,0]
[null,null,null,null,null,"",{"$f":"IF(ISNUMBER(F656),E656*F656,\"\")","v":""},null,null,0]
["SF-00120",{"$f":"INDEX(Orçamentária!A:B,MATCH(Composições!A657,Orçamentária!A:A,0),2)","v":"Corte de peça de granito ou mármore reaproveitada"},null,"m",null,"",{"$f":"IF(ISNUMBER(F657),E657*F657,\"\")","v":""},null,null,0]
[null,null,null,null,null,"",{"$f":"IF(ISNUMBER(F658),E658*F658,\"\")","v":""},null,null,0]
[null,null,"Marmorista/graniteiro com encargos complementares","h",1.25,27.036999999999999,{"$f":"IF(ISNUMBER(F659),E659*F659,\"\")","v":33.796250000000001},{"$f":"SUM(G659:G659)","v":33.796250000000001},null,0]
[null,null,null,null,null,"",{"$f":"IF(ISNUMBER(F660),E660*F660,\"\")","v":""},null,null,0]
["SF-00121",{"$f":"INDEX(Orçamentária!A:B,MATCH(Composições!A661,Orçamentária!A:A,0),2)","v":"Corte em placas de granito ou mármore reaproveitadas, para instalação de cubas"},null,"un",null,"",{"$f":"IF(ISNUMBER(F661),E661*F661,\"\")","v":""},null,null,0]
[null,null,null,null,null,"",{"$f":"IF(ISNUMBER(F662),E662*F662,\"\")","v":""},null,null,0]
[null,null,"ABERTURA PARA ENCAIXE DE CUBA OU LAVATORIO EM BANCADA DE MARMORE/ GRANITO OU OUTRO TIPO DE PEDRA NATURAL","un",1,119.339,{"$f":"IF(ISNUMBER(F663),E663*F663,\"\")","v":119.339},{"$f":"SUM(G663:G663)","v":119.339},null,0]
[null,null,null,null,null,"",{"$f":"IF(ISNUMBER(F664),E664*F664,\"\")","v":""},null,null,0]
["SF-00122",{"$f":"INDEX(Orçamentária!A:B,MATCH(Composições!A665,Orçamentária!A:A,0),2)","v":"Furo em placas de granito ou mármore reaproveitadas, para instalação de torneira ou misturador"},null,"un",null,"",{"$f":"IF(ISNUMBER(F665),E665*F665,\"\")","v":""},null,null,0]
[null,null,null,null,null,"",{"$f":"IF(ISNUMBER(F666),E666*F666,\"\")","v":""},null,null,0]
[null,null,"FURO PARA TORNEIRA OU OUTROS ACESSORIOS EM BANCADA DE MARMORE/ GRANITO OU OUTRO TIPO DE PEDRA NATURAL","un",1,17.898,{"$f":"IF(ISNUMBER(F667),E667*F667,\"\")","v":17.898},{"$f":"SUM(G667:G667)","v":17.898},null,0]
[null,null,null,null,null,"",{"$f":"IF(ISNUMBER(F668),E668*F668,\"\")","v":""},null,null,0]
["SF-00123",{"$f":"INDEX(Orçamentária!A:B,MATCH(Composições!A669,Orçamentária!A:A,0),2)","v":"Granito Cinza Andorinha 20mm para rodabancada"},null,"m2",null,"",{"$f":"IF(ISNUMBER(F669),E669*F669,\"\")","v":""},null,null,0]
[null,null,null,null,null,"",{"$f":"IF(ISNUMBER(F670),E670*F670,\"\")","v":""},null,null,0]
[null,null,"Granito Cinza Andorinha ou equivalente, com 20 mm de espessura e 150 mm de altura, polido, para rodabancada","m",{"$f":"ROUND(1.04/0.15,4)","v":6.9333},5490.1,{"$f":"IF(ISNUMBER(F671),E671*F671,\"\")","v":38064.510330000005},{"$f":"SUM(G671:G675)","v":38151.3421217},null,0]
[null,null,"Argamassa colante tipo AC III","kg",{"$f":"ROUND(0.8614/0.15,4)","v":5.7427000000000001},1.748,{"$f":"IF(ISNUMBER(F672),E672*F672,\"\")","v":10.038239600000001},null,null,0]
[null,null,"Marmorista/graniteiro com encargos complementares","h",{"$f":"ROUND(0.299/0.15,4)","v":1.9933000000000001},27.036999999999999,{"$f":"IF(ISNUMBER(F673),E673*F673,\"\")","v":53.892852099999999},null,null,0]
[null,null,"Servente com Encargos Complementares","h",{"$f":"0.15/0.15","v":1},20.225499999999997,{"$f":"IF(ISNUMBER(F674),E674*F674,\"\")","v":20.225499999999997},null,null,0]
[null,null,"Rejunte cimenticio, qualquer cor","kg",{"$f":"0.12/0.15","v":0.8},3.3439999999999999,{"$f":"IF(ISNUMBER(F675),E675*F675,\"\")","v":2.6752000000000002},null,null,0]
[null,null,null,null,null,"",{"$f":"IF(ISNUMBER(F676),E676*F676,\"\")","v":""},null,null,0]
["SF-00124",{"$f":"INDEX(Orçamentária!A:B,MATCH(Composições!A677,Orçamentária!A:A,0),2)","v":"Granito Cinza Andorinha 20mm para bancadas"},null,"m2",null,"",{"$f":"IF(ISNUMBER(F677),E677*F677,\"\")","v":""},null,null,0]
[null,null,null,null,null,"",{"$f":"IF(ISNUMBER(F678),E678*F678,\"\")","v":""},null,null,0]
[null,null,"MASSA PLASTICA PARA MARMORE/GRANITO","KG",{"$f":"ROUND(0.5228/(1.5*0.6),4)","v":0.58089999999999997},35.1785,{"$f":"IF(ISNUMBER(F679),E679*F679,\"\")","v":20.435190649999999},{"$f":"SUM(G679:G685)","v":173.82340969999998},null,0]
[null,null,"BUCHA DE NYLON SEM ABA S10, COM PARAFUSO DE 6,10 X 65 MM EM ACO ZINCADO COM ROSCA SOBERBA, CABECA CHATA E FENDA PHILLIPS","UN",{"$f":"ROUND(6/(1.5*0.6),4)","v":6.6666999999999996},1.1019999999999999,{"$f":"IF(ISNUMBER(F680),E680*F680,\"\")","v":7.3467033999999991},null,null,0]
[null,null,"Granito Cinza Andorinha, com 20 mm de espessura, polido, para bancadas, com testeira com acabamento em meia esquadria","M2",{"$f":"ROUND(1.005/(1.5*0.6),4)","v":1.1167},17.89,{"$f":"IF(ISNUMBER(F681),E681*F681,\"\")","v":19.977762999999999},null,null,0]
[null,null,"REJUNTE EPOXI, QUALQUER COR","KG",{"$f":"ROUND(0.0211/(1.5*0.6),4)","v":2.3400000000000001E-2},70.489999999999995,{"$f":"IF(ISNUMBER(F682),E682*F682,\"\")","v":1.6494659999999999},null,null,0]
[null,null,"SUPORTE MAO-FRANCESA EM ACO, ABAS IGUAIS 40 CM, CAPACIDADE MINIMA 70 KG, BRANCO","UN",{"$f":"ROUND(2/(1.5*0.6),4)","v":2.2222},25.84,{"$f":"IF(ISNUMBER(F683),E683*F683,\"\")","v":57.421647999999998},null,null,0]
[null,null,"MARMORISTA/GRANITEIRO COM ENCARGOS COMPLEMENTARES","H",{"$f":"ROUND(1.4944/(1.5*0.6),4)","v":1.6604000000000001},27.036999999999999,{"$f":"IF(ISNUMBER(F684),E684*F684,\"\")","v":44.892234800000004},null,null,0]
[null,null,"SERVENTE COM ENCARGOS COMPLEMENTARES","H",{"$f":"ROUND(0.9834/(1.5*0.6),4)","v":1.0927},20.225499999999997,{"$f":"IF(ISNUMBER(F685),E685*F685,\"\")","v":22.100403849999996},null,null,0]
[null,null,null,null,null,"",{"$f":"IF(ISNUMBER(F686),E686*F686,\"\")","v":""},null,null,0]
["SF-00125",{"$f":"INDEX(Orçamentária!A:B,MATCH(Composições!A687,Orçamentária!A:A,0),2)","v":"Granito Cinza Andorinha 20mm para divisória"},null,"m2",null,"",{"$f":"IF(ISNUMBER(F687),E687*F687,\"\")","v":""},null,null,0]
[null,null,null,null,null,"",{"$f":"IF(ISNUMBER(F688),E688*F688,\"\")","v":""},null,null,0]
[null,null,"ADESIVO ESTRUTURAL A BASE DE RESINA EPOXI, BICOMPONENTE, PASTOSO (TIXOTROPICO)","KG",0.53,52.924500000000002,{"$f":"IF(ISNUMBER(F689),E689*F689,\"\")","v":28.049985000000003},{"$f":"SUM(G689:G695)","v":140.23989699999998},null,0]
[null,null,"DIVISORIA EM GRANITO, COM DUAS FACES POLIDAS, CINZA ANDORINHA, E=  2,0 CM","M2",1.05,26.73,{"$f":"IF(ISNUMBER(F690),E690*F690,\"\")","v":28.066500000000001},null,null,0]
[null,null,"ARGAMASSA COLANTE TIPO AC III E","KG",0.97,2.0044999999999997,{"$f":"IF(ISNUMBER(F691),E691*F691,\"\")","v":1.9443649999999997},null,null,0]
[null,null,"MARMORISTA/GRANITEIRO COM ENCARGOS COMPLEMENTARES","H",1.405,27.036999999999999,{"$f":"IF(ISNUMBER(F692),E692*F692,\"\")","v":37.986984999999997},null,null,0]
[null,null,"SERVENTE COM ENCARGOS COMPLEMENTARES","H",0.70199999999999996,20.225499999999997,{"$f":"IF(ISNUMBER(F693),E693*F693,\"\")","v":14.198300999999997},null,null,0]
[null,null,"SERRA CIRCULAR DE BANCADA COM MOTOR ELÉTRICO POTÊNCIA DE 5HP, COM COIFA PARA DISCO 10\" - CHP DIURNO. AF_08/2015","CHP",8.8999999999999996E-2,22.210999999999999,{"$f":"IF(ISNUMBER(F694),E694*F694,\"\")","v":1.9767789999999998},null,null,0]
[null,null,"SERRA CIRCULAR DE BANCADA COM MOTOR ELÉTRICO POTÊNCIA DE 5HP, COM COIFA PARA DISCO 10\" - CHI DIURNO. AF_08/2015","CHI",1.3160000000000001,21.2895,{"$f":"IF(ISNUMBER(F695),E695*F695,\"\")","v":28.016982000000002},null,null,0]
[null,null,null,null,null,"",{"$f":"IF(ISNUMBER(F696),E696*F696,\"\")","v":""},null,null,0]
["SF-00126",{"$f":"INDEX(Orçamentária!A:B,MATCH(Composições!A697,Orçamentária!A:A,0),2)","v":"Granito Preto São Gabriel 20mm para rodabancada"},null,"m2",null,"",{"$f":"IF(ISNUMBER(F697),E697*F697,\"\")","v":""},null,null,0]
[null,null,null,null,null,"",{"$f":"IF(ISNUMBER(F698),E698*F698,\"\")","v":""},null,null,0]
[null,null,"Granito Preto São Gabriel ou equivalente, com 20 mm de espessura e 150 mm de altura, polido, para rodabancada","m",{"$f":"ROUND(1.04/0.15,4)","v":6.9333},24.03,{"$f":"IF(ISNUMBER(F699),E699*F699,\"\")","v":166.60719900000001},{"$f":"SUM(G699:G703)","v":253.43899070000001},null,0]
[null,null,"Argamassa colante tipo AC III","kg",{"$f":"ROUND(0.8614/0.15,4)","v":5.7427000000000001},1.748,{"$f":"IF(ISNUMBER(F700),E700*F700,\"\")","v":10.038239600000001},null,null,0]
[null,null,"Marmorista/graniteiro com encargos complementares","h",{"$f":"ROUND(0.299/0.15,4)","v":1.9933000000000001},27.036999999999999,{"$f":"IF(ISNUMBER(F701),E701*F701,\"\")","v":53.892852099999999},null,null,0]
[null,null,"Servente com Encargos Complementares","h",{"$f":"0.15/0.15","v":1},20.225499999999997,{"$f":"IF(ISNUMBER(F702),E702*F702,\"\")","v":20.225499999999997},null,null,0]
[null,null,"Rejunte cimenticio, qualquer cor","kg",{"$f":"0.12/0.15","v":0.8},3.3439999999999999,{"$f":"IF(ISNUMBER(F703),E703*F703,\"\")","v":2.6752000000000002},null,null,0]
[null,null,null,null,null,"",{"$f":"IF(ISNUMBER(F704),E704*F704,\"\")","v":""},null,null,0]
["SF-00127",{"$f":"INDEX(Orçamentária!A:B,MATCH(Composições!A705,Orçamentária!A:A,0),2)","v":"Granito Preto São Gabriel 20mm para bancadas"},null,"m2",null,"",{"$f":"IF(ISNUMBER(F705),E705*F705,\"\")","v":""},null,null,0]
[null,null,null,null,null,"",{"$f":"IF(ISNUMBER(F706),E706*F706,\"\")","v":""},null,null,0]
[null,null,"MASSA PLASTICA PARA MARMORE/GRANITO","KG",{"$f":"ROUND(0.5228/(1.5*0.6),4)","v":0.58089999999999997},35.1785,{"$f":"IF(ISNUMBER(F707),E707*F707,\"\")","v":20.435190649999999},{"$f":"SUM(G707:G713)","v":255.73335470000001},null,0]
[null,null,"BUCHA DE NYLON SEM ABA S10, COM PARAFUSO DE 6,10 X 65 MM EM ACO ZINCADO COM ROSCA SOBERBA, CABECA CHATA E FENDA PHILLIPS","UN",{"$f":"ROUND(6/(1.5*0.6),4)","v":6.6666999999999996},1.1019999999999999,{"$f":"IF(ISNUMBER(F708),E708*F708,\"\")","v":7.3467033999999991},null,null,0]
[null,null,"Granito Preto São Gabriel ou equivalente, com 20 mm de espessura, polido, com testeira para acabamento em meia esquadria, para bancadas","M2",{"$f":"ROUND(1.005/(1.5*0.6),4)","v":1.1167},91.24,{"$f":"IF(ISNUMBER(F709),E709*F709,\"\")","v":101.887708},null,null,0]
[null,null,"REJUNTE EPOXI, QUALQUER COR","KG",{"$f":"ROUND(0.0211/(1.5*0.6),4)","v":2.3400000000000001E-2},70.489999999999995,{"$f":"IF(ISNUMBER(F710),E710*F710,\"\")","v":1.6494659999999999},null,null,0]
[null,null,"SUPORTE MAO-FRANCESA EM ACO, ABAS IGUAIS 40 CM, CAPACIDADE MINIMA 70 KG, BRANCO","UN",{"$f":"ROUND(2/(1.5*0.6),4)","v":2.2222},25.84,{"$f":"IF(ISNUMBER(F711),E711*F711,\"\")","v":57.421647999999998},null,null,0]
[null,null,"MARMORISTA/GRANITEIRO COM ENCARGOS COMPLEMENTARES","H",{"$f":"ROUND(1.4944/(1.5*0.6),4)","v":1.6604000000000001},27.036999999999999,{"$f":"IF(ISNUMBER(F712),E712*F712,\"\")","v":44.892234800000004},null,null,0]
[null,null,"SERVENTE COM ENCARGOS COMPLEMENTARES","H",{"$f":"ROUND(0.9834/(1.5*0.6),4)","v":1.0927},20.225499999999997,{"$f":"IF(ISNUMBER(F713),E713*F713,\"\")","v":22.100403849999996},null,null,0]
[null,null,null,null,null,"",{"$f":"IF(ISNUMBER(F714),E714*F714,\"\")","v":""},null,null,0]
["SF-00128",{"$f":"INDEX(Orçamentária!A:B,MATCH(Composições!A715,Orçamentária!A:A,0),2)","v":"Instalação de bancada de granito ou mármore reaproveitada"},null,"m2",null,"",{"$f":"IF(ISNUMBER(F715),E715*F715,\"\")","v":""},null,null,0]
[null,null,null,null,null,"",{"$f":"IF(ISNUMBER(F716),E716*F716,\"\")","v":""},null,null,0]
[null,null,"MASSA PLASTICA PARA MARMORE/GRANITO","KG",{"$f":"ROUND(0.5228/(1.5*0.6),4)","v":0.58089999999999997},35.1785,{"$f":"IF(ISNUMBER(F717),E717*F717,\"\")","v":20.435190649999999},{"$f":"SUM(G717:G722)","v":153.8456467},null,0]
[null,null,"BUCHA DE NYLON SEM ABA S10, COM PARAFUSO DE 6,10 X 65 MM EM ACO ZINCADO COM ROSCA SOBERBA, CABECA CHATA E FENDA PHILLIPS","UN",{"$f":"ROUND(6/(1.5*0.6),4)","v":6.6666999999999996},1.1019999999999999,{"$f":"IF(ISNUMBER(F718),E718*F718,\"\")","v":7.3467033999999991},null,null,0]
[null,null,"REJUNTE EPOXI, QUALQUER COR","KG",{"$f":"ROUND(0.0211/(1.5*0.6),4)","v":2.3400000000000001E-2},70.489999999999995,{"$f":"IF(ISNUMBER(F719),E719*F719,\"\")","v":1.6494659999999999},null,null,0]
[null,null,"SUPORTE MAO-FRANCESA EM ACO, ABAS IGUAIS 40 CM, CAPACIDADE MINIMA 70 KG, BRANCO","UN",{"$f":"ROUND(2/(1.5*0.6),4)","v":2.2222},25.84,{"$f":"IF(ISNUMBER(F720),E720*F720,\"\")","v":57.421647999999998},null,null,0]
[null,null,"MARMORISTA/GRANITEIRO COM ENCARGOS COMPLEMENTARES","H",{"$f":"ROUND(1.4944/(1.5*0.6),4)","v":1.6604000000000001},27.036999999999999,{"$f":"IF(ISNUMBER(F721),E721*F721,\"\")","v":44.892234800000004},null,null,0]
[null,null,"SERVENTE COM ENCARGOS COMPLEMENTARES","H",{"$f":"ROUND(0.9834/(1.5*0.6),4)","v":1.0927},20.225499999999997,{"$f":"IF(ISNUMBER(F722),E722*F722,\"\")","v":22.100403849999996},null,null,0]
[null,null,null,null,null,"",{"$f":"IF(ISNUMBER(F723),E723*F723,\"\")","v":""},null,null,0]
["SF-00129",{"$f":"INDEX(Orçamentária!A:B,MATCH(Composições!A724,Orçamentária!A:A,0),2)","v":"Instalação de rodapé/rodabanca reaproveitado(a), de mármore ou granito"},null,"m2",null,"",{"$f":"IF(ISNUMBER(F724),E724*F724,\"\")","v":""},null,null,0]
[null,null,null,null,null,"",{"$f":"IF(ISNUMBER(F725),E725*F725,\"\")","v":""},null,null,0]
[null,null,"Argamassa colante tipo AC III","kg",{"$f":"0.8614","v":0.86140000000000005},1.748,{"$f":"IF(ISNUMBER(F726),E726*F726,\"\")","v":1.5057272000000002},{"$f":"SUM(G726:G729)","v":13.0248952},null,0]
[null,null,"Marmorista/graniteiro com encargos complementares","h",{"$f":"0.299","v":0.29899999999999999},27.036999999999999,{"$f":"IF(ISNUMBER(F727),E727*F727,\"\")","v":8.0840629999999987},null,null,0]
[null,null,"Servente com Encargos Complementares","h",{"$f":"0.15","v":0.15},20.225499999999997,{"$f":"IF(ISNUMBER(F728),E728*F728,\"\")","v":3.0338249999999993},null,null,0]
[null,null,"Rejunte cimenticio, qualquer cor","kg",{"$f":"0.12","v":0.12},3.3439999999999999,{"$f":"IF(ISNUMBER(F729),E729*F729,\"\")","v":0.40127999999999997},null,null,0]
[null,null,null,null,null,"",{"$f":"IF(ISNUMBER(F730),E730*F730,\"\")","v":""},null,null,0]
["SF-00130",{"$f":"INDEX(Orçamentária!A:B,MATCH(Composições!A731,Orçamentária!A:A,0),2)","v":"Instalação de soleira ou peitoril, de mármore ou granito, reaproveitados"},null,"m2",null,"",{"$f":"IF(ISNUMBER(F731),E731*F731,\"\")","v":""},null,null,0]
[null,null,null,null,null,"",{"$f":"IF(ISNUMBER(F732),E732*F732,\"\")","v":""},null,null,0]
[null,null,"Marmorista/graniteiro com encargos complementares","h",1.1879999999999999,27.036999999999999,{"$f":"IF(ISNUMBER(F733),E733*F733,\"\")","v":32.119955999999995},{"$f":"SUM(G733:G735)","v":59.201662999999989},null,0]
[null,null,"Servente com Encargos Complementares","h",0.59399999999999997,20.225499999999997,{"$f":"IF(ISNUMBER(F734),E734*F734,\"\")","v":12.013946999999998},null,null,0]
[null,null,"Argamassa colante tipo AC III","kg",8.6199999999999992,1.748,{"$f":"IF(ISNUMBER(F735),E735*F735,\"\")","v":15.067759999999998},null,null,0]
[null,null,null,null,null,"",{"$f":"IF(ISNUMBER(F736),E736*F736,\"\")","v":""},null,null,0]
["SF-00131",{"$f":"INDEX(Orçamentária!A:B,MATCH(Composições!A737,Orçamentária!A:A,0),2)","v":"Mármore Branco Especial 20mm para rodabancada"},null,"m2",null,"",{"$f":"IF(ISNUMBER(F737),E737*F737,\"\")","v":""},null,null,0]
[null,null,null,null,null,"",{"$f":"IF(ISNUMBER(F738),E738*F738,\"\")","v":""},null,null,0]
[null,null,"Mármore Branco Especial, com 20 mm de espessura e 150 mm de altura, polido, para rodabancada","m",{"$f":"ROUND(1.04/0.15,4)","v":6.9333},"",{"$f":"IF(ISNUMBER(F739),E739*F739,\"\")","v":""},{"$f":"SUM(G739:G743)","v":59.669822999999994},null,0]
[null,null,"Argamassa colante tipo AC III","kg",8.6199999999999992,1.748,{"$f":"IF(ISNUMBER(F740),E740*F740,\"\")","v":15.067759999999998},null,null,0]
[null,null,"Marmorista/graniteiro com encargos complementares","h",1.1879999999999999,27.036999999999999,{"$f":"IF(ISNUMBER(F741),E741*F741,\"\")","v":32.119955999999995},null,null,0]
[null,null,"Servente com Encargos Complementares","h",0.59399999999999997,20.225499999999997,{"$f":"IF(ISNUMBER(F742),E742*F742,\"\")","v":12.013946999999998},null,null,0]
[null,null,"Rejunte cimenticio, qualquer cor","kg",0.14000000000000001,3.3439999999999999,{"$f":"IF(ISNUMBER(F743),E743*F743,\"\")","v":0.46816000000000002},null,null,0]
[null,null,null,null,null,"",{"$f":"IF(ISNUMBER(F744),E744*F744,\"\")","v":""},null,null,0]
["SF-00138",{"$f":"INDEX(Orçamentária!A:B,MATCH(Composições!A745,Orçamentária!A:A,0),2)","v":"Instalação de divisória e porta de divisória com dobradiça reaproveitadas"},null,"m2",null,"",{"$f":"IF(ISNUMBER(F745),E745*F745,\"\")","v":""},null,null,0]
[null,null,null,null,null,"",{"$f":"IF(ISNUMBER(F746),E746*F746,\"\")","v":""},null,null,0]
[null,null,"Instalação de divisórias # 35 mm estruturadas em perfis de alumínio, mão de obra para execução","m2",1,0,{"$f":"IF(ISNUMBER(F747),E747*F747,\"\")","v":0},{"$f":"SUM(G747:G747)","v":0},null,0]
[null,null,null,null,null,"",{"$f":"IF(ISNUMBER(F748),E748*F748,\"\")","v":""},null,null,0]
["SF-00139",{"$f":"INDEX(Orçamentária!A:B,MATCH(Composições!A749,Orçamentária!A:A,0),2)","v":"Alçapão em forro de gesso acartonado"},null,"m2",null,"",{"$f":"IF(ISNUMBER(F749),E749*F749,\"\")","v":""},null,null,0]
[null,null,null,null,null,"",{"$f":"IF(ISNUMBER(F750),E750*F750,\"\")","v":""},null,null,0]
[null,null,"Perfil tipo cantoneira em L, em aco galvanizado, branco, para forro removivel, *23* x 3000 mm (L x C)","m",{"$f":"2*(1.5+0.67)","v":4.34},5.0349999999999993,{"$f":"IF(ISNUMBER(F751),E751*F751,\"\")","v":21.851899999999997},{"$f":"SUM(G751:G754)","v":69.047899999999998},null,0]
[null,null,"Placa de PVC com espessura mínima de 5 mm na cor branca","m2",{"$f":"0.36/0.6/0.6","v":1},"",{"$f":"IF(ISNUMBER(F752),E752*F752,\"\")","v":""},null,null,0]
[null,null,"Gesseiro com encargos complementares","h",1,26.970499999999998,{"$f":"IF(ISNUMBER(F753),E753*F753,\"\")","v":26.970499999999998},null,null,0]
[null,null,"Servente com Encargos Complementares","h",1,20.225499999999997,{"$f":"IF(ISNUMBER(F754),E754*F754,\"\")","v":20.225499999999997},null,null,0]
[null,null,null,null,null,"",{"$f":"IF(ISNUMBER(F755),E755*F755,\"\")","v":""},null,null,0]
["SF-00140",{"$f":"INDEX(Orçamentária!A:B,MATCH(Composições!A756,Orçamentária!A:A,0),2)","v":"Forro de PVC em réguas de 100 x 6000mm"},null,"m2",null,"",{"$f":"IF(ISNUMBER(F756),E756*F756,\"\")","v":""},null,null,0]
[null,null,null,null,null,"",{"$f":"IF(ISNUMBER(F757),E757*F757,\"\")","v":""},null,null,0]
[null,null,"ARAME GALVANIZADO 6 BWG, D = 5,16 MM (0,157 KG/M), OU 8 BWG, D = 4,19 MM (0,101 KG/M), OU 10 BWG, D = 3,40 MM (0,0713 KG/M)","kg",4.2599999999999999E-2,26.257999999999999,{"$f":"IF(ISNUMBER(F758),E758*F758,\"\")","v":1.1185908},{"$f":"SUM(G758:G765)","v":65.018967099999998},null,0]
[null,null,"Forro de PVC, frisado, branco, regua de 10 cm, espessura de 8 mm a 10 mm e comprimento 6 m (sem colocacao)","m2",1.0955999999999999,22.799999999999997,{"$f":"IF(ISNUMBER(F759),E759*F759,\"\")","v":24.979679999999995},null,null,0]
[null,null,"Perfil canaleta, formato C, em aco zincado, para estrutura forro drywall, E = 0,5 mm, *46 x 18* (L x H), comprimento 3 m","m",3.8498999999999999,6.0039999999999996,{"$f":"IF(ISNUMBER(F760),E760*F760,\"\")","v":23.114799599999998},null,null,0]
[null,null,"Pendural ou presilha reguladora, em aco galvanizado, com corpo, mola e rebite, para perfil tipo canaleta de estrutura em forros drywall","un",1.3265,2.2609999999999997,{"$f":"IF(ISNUMBER(F761),E761*F761,\"\")","v":2.9992164999999997},null,null,0]
[null,null,"Parafuso dry wall, em aco zincado, cabeca lentilha e ponta broca (LB), largura 4,2 mm, comprimento 13 mm","un",2.1911999999999998,0.23749999999999999,{"$f":"IF(ISNUMBER(F762),E762*F762,\"\")","v":0.52040999999999993},null,null,0]
[null,null,"PARAFUSO ZINCADO, AUTOBROCANTE, FLANGEADO, 4,2 MM X 19 MM","cento",1.32E-2,27.587999999999997,{"$f":"IF(ISNUMBER(F763),E763*F763,\"\")","v":0.36416159999999997},null,null,0]
[null,null,"PARAFUSO, AUTO ATARRACHANTE, CABECA CHATA, FENDA SIMPLES, 1/4\u0094 (6,35 MM) X 25 MM","cento",3.3300000000000003E-2,47.290999999999997,{"$f":"IF(ISNUMBER(F764),E764*F764,\"\")","v":1.5747903000000001},null,null,0]
[null,null,"Montador de estrutura metálica com encargos complementares","h",0.49940000000000001,20.719499999999996,{"$f":"IF(ISNUMBER(F765),E765*F765,\"\")","v":10.347318299999998},null,null,0]
[null,null,null,null,null,"",{"$f":"IF(ISNUMBER(F766),E766*F766,\"\")","v":""},null,null,0]
["SF-00141",{"$f":"INDEX(Orçamentária!A:B,MATCH(Composições!A767,Orçamentária!A:A,0),2)","v":"Forro de PVC em réguas de 100 x 6000mm, sem estrutura"},null,"m2",null,"",{"$f":"IF(ISNUMBER(F767),E767*F767,\"\")","v":""},null,null,0]
[null,null,null,null,null,"",{"$f":"IF(ISNUMBER(F768),E768*F768,\"\")","v":""},null,null,0]
[null,null,"Forro de PVC, frisado, branco, regua de 10 cm, espessura de 8 mm a 10 mm e comprimento 6 m (sem colocacao)","m2",1.0955999999999999,22.799999999999997,{"$f":"IF(ISNUMBER(F769),E769*F769,\"\")","v":24.979679999999995},{"$f":"SUM(G769:G771)","v":28.603871099999992},null,0]
[null,null,"Parafuso dry wall, em aco zincado, cabeca lentilha e ponta broca (LB), largura 4,2 mm, comprimento 13 mm","un",2.1911999999999998,0.23749999999999999,{"$f":"IF(ISNUMBER(F770),E770*F770,\"\")","v":0.52040999999999993},null,null,0]
[null,null,"Montador de estrutura metálica com encargos complementares","h",{"$f":"ROUND(0.4994*0.3,4)","v":0.14979999999999999},20.719499999999996,{"$f":"IF(ISNUMBER(F771),E771*F771,\"\")","v":3.1037810999999991},null,null,0]
[null,null,null,null,null,"",{"$f":"IF(ISNUMBER(F772),E772*F772,\"\")","v":""},null,null,0]
["SF-00142",{"$f":"INDEX(Orçamentária!A:B,MATCH(Composições!A773,Orçamentária!A:A,0),2)","v":"Forro de PVC modular em placas"},null,"m2",null,"",{"$f":"IF(ISNUMBER(F773),E773*F773,\"\")","v":""},null,null,0]
[null,null,null,null,null,"",{"$f":"IF(ISNUMBER(F774),E774*F774,\"\")","v":""},null,null,0]
[null,null,"ARAME GALVANIZADO 6 BWG, D = 5,16 MM (0,157 KG/M), OU 8 BWG, D = 4,19 MM (0,101 KG/M), OU 10 BWG, D = 3,40 MM (0,0713 KG/M)","kg",4.2599999999999999E-2,26.257999999999999,{"$f":"IF(ISNUMBER(F775),E775*F775,\"\")","v":1.1185908},{"$f":"SUM(G775:G782)","v":40.039287099999996},null,0]
[null,null,"Forro de PVC modular em placas de 625 mm x 1250 mm","m2",1.0955999999999999,"",{"$f":"IF(ISNUMBER(F776),E776*F776,\"\")","v":""},null,null,0]
[null,null,"Perfil canaleta, formato C, em aco zincado, para estrutura forro drywall, E = 0,5 mm, *46 x 18* (L x H), comprimento 3 m","m",3.8498999999999999,6.0039999999999996,{"$f":"IF(ISNUMBER(F777),E777*F777,\"\")","v":23.114799599999998},null,null,0]
[null,null,"Pendural ou presilha reguladora, em aco galvanizado, com corpo, mola e rebite, para perfil tipo canaleta de estrutura em forros drywall","un",1.3265,2.2609999999999997,{"$f":"IF(ISNUMBER(F778),E778*F778,\"\")","v":2.9992164999999997},null,null,0]
[null,null,"Parafuso dry wall, em aco zincado, cabeca lentilha e ponta broca (LB), largura 4,2 mm, comprimento 13 mm","un",2.1911999999999998,0.23749999999999999,{"$f":"IF(ISNUMBER(F779),E779*F779,\"\")","v":0.52040999999999993},null,null,0]
[null,null,"PARAFUSO ZINCADO, AUTOBROCANTE, FLANGEADO, 4,2 MM X 19 MM","cento",1.32E-2,27.587999999999997,{"$f":"IF(ISNUMBER(F780),E780*F780,\"\")","v":0.36416159999999997},null,null,0]
[null,null,"PARAFUSO, AUTO ATARRACHANTE, CABECA CHATA, FENDA SIMPLES, 1/4\u0094 (6,35 MM) X 25 MM","cento",3.3300000000000003E-2,47.290999999999997,{"$f":"IF(ISNUMBER(F781),E781*F781,\"\")","v":1.5747903000000001},null,null,0]
[null,null,"Montador de estrutura metálica com encargos complementares","h",0.49940000000000001,20.719499999999996,{"$f":"IF(ISNUMBER(F782),E782*F782,\"\")","v":10.347318299999998},null,null,0]
[null,null,null,null,null,"",{"$f":"IF(ISNUMBER(F783),E783*F783,\"\")","v":""},null,null,0]
["SF-00143",{"$f":"INDEX(Orçamentária!A:B,MATCH(Composições!A784,Orçamentária!A:A,0),2)","v":"Forro em chapas metálicas"},null,"m2",null,"",{"$f":"IF(ISNUMBER(F784),E784*F784,\"\")","v":""},null,null,0]
[null,null,null,null,null,"",{"$f":"IF(ISNUMBER(F785),E785*F785,\"\")","v":""},null,null,0]
[null,null,"Ajudante de operação em geral com encargos complementares","h",0.5,23.160999999999998,{"$f":"IF(ISNUMBER(F786),E786*F786,\"\")","v":11.580499999999999},{"$f":"SUM(G786:G789)","v":21.940249999999999},null,0]
[null,null,"Montador de estrutura metálica com encargos complementares","h",0.5,20.719499999999996,{"$f":"IF(ISNUMBER(F787),E787*F787,\"\")","v":10.359749999999998},null,null,0]
[null,null,"Forro em chapa galvanizada","m2",1,"",{"$f":"IF(ISNUMBER(F788),E788*F788,\"\")","v":""},null,null,0]
[null,null,"Pintura eletrostática","m2",1,"",{"$f":"IF(ISNUMBER(F789),E789*F789,\"\")","v":""},null,null,0]
[null,null,null,null,null,"",{"$f":"IF(ISNUMBER(F790),E790*F790,\"\")","v":""},null,null,0]
["SF-00144",{"$f":"INDEX(Orçamentária!A:B,MATCH(Composições!A791,Orçamentária!A:A,0),2)","v":"Forro em gesso acartonado monolítico"},null,"m2",null,"",{"$f":"IF(ISNUMBER(F791),E791*F791,\"\")","v":""},null,null,124]
[null,null,null,null,null,"",{"$f":"IF(ISNUMBER(F792),E792*F792,\"\")","v":""},null,null,124]
[null,null,"ARAME GALVANIZADO 6 BWG, D = 5,16 MM (0,157 KG/M), OU 8 BWG, D = 4,19 MM (0,101 KG/M), OU 10 BWG, D = 3,40 MM (0,0713 KG/M)","kg",4.2599999999999999E-2,26.257999999999999,{"$f":"IF(ISNUMBER(F793),E793*F793,\"\")","v":1.1185908},{"$f":"SUM(G793:G803)","v":69.347695299999998},null,124]
[null,null,"PLACA / CHAPA DE GESSO ACARTONADO, STANDARD (ST), COR BRANCA, E = 12,5 MM, 1200 X 2400 MM (L X C)","m2",1.0966,18.429999999999996,{"$f":"IF(ISNUMBER(F794),E794*F794,\"\")","v":20.210337999999997},null,null,124]
[null,null,"Perfil canaleta, formato C, em aco zincado, para estrutura forro drywall, E = 0,5 mm, *46 x 18* (L x H), comprimento 3 m","m",3.851,6.0039999999999996,{"$f":"IF(ISNUMBER(F795),E795*F795,\"\")","v":23.121403999999998},null,null,124]
[null,null,"Pendural ou presilha reguladora, em aco galvanizado, com corpo, mola e rebite, para perfil tipo canaleta de estrutura em forros drywall","un",1.3265,2.2609999999999997,{"$f":"IF(ISNUMBER(F796),E796*F796,\"\")","v":2.9992164999999997},null,null,124]
[null,null,"Fita de papel reforcada com lamina de metal para reforco de cantos de chapa de gesso para drywall","m",1.4395,2.5459999999999998,{"$f":"IF(ISNUMBER(F797),E797*F797,\"\")","v":3.6649669999999999},null,null,124]
[null,null,"MASSA DE REJUNTE EM PO PARA DRYWALL, A BASE DE GESSO, SECAGEM RAPIDA, PARA TRATAMENTO DE JUNTAS DE CHAPA DE GESSO (NECESSITA ADICAO DE AGUA)","kg",0.5202,3.1919999999999997,{"$f":"IF(ISNUMBER(F798),E798*F798,\"\")","v":1.6604783999999999},null,null,124]
[null,null,"Parafuso dry wall, em aco fosfatizado, cabeca trombeta e ponta agulha (TA), comprimento 25 mm","un",7.9740000000000002,0.1045,{"$f":"IF(ISNUMBER(F799),E799*F799,\"\")","v":0.833283},null,null,124]
[null,null,"Parafuso dry wall, em aco zincado, cabeca lentilha e ponta broca (LB), largura 4,2 mm, comprimento 13 mm","un",2.1911999999999998,0.23749999999999999,{"$f":"IF(ISNUMBER(F800),E800*F800,\"\")","v":0.52040999999999993},null,null,124]
[null,null,"PARAFUSO ZINCADO, AUTOBROCANTE, FLANGEADO, 4,2 MM X 19 MM","cento",1.32E-2,27.587999999999997,{"$f":"IF(ISNUMBER(F801),E801*F801,\"\")","v":0.36416159999999997},null,null,124]
[null,null,"Montador de estrutura metálica com encargos complementares","h",0.36280000000000001,20.719499999999996,{"$f":"IF(ISNUMBER(F802),E802*F802,\"\")","v":7.5170345999999988},null,null,124]
[null,null,"Servente com Encargos Complementares","h",0.36280000000000001,20.225499999999997,{"$f":"IF(ISNUMBER(F803),E803*F803,\"\")","v":7.3378113999999988},null,null,124]
[null,null,null,null,null,"",{"$f":"IF(ISNUMBER(F804),E804*F804,\"\")","v":""},null,null,124]
["SF-00145",{"$f":"INDEX(Orçamentária!A:B,MATCH(Composições!A805,Orçamentária!A:A,0),2)","v":"Forro em gesso acartonado monolítico, sem estrutura"},null,"m2",null,"",{"$f":"IF(ISNUMBER(F805),E805*F805,\"\")","v":""},null,null,0]
[null,null,null,null,null,"",{"$f":"IF(ISNUMBER(F806),E806*F806,\"\")","v":""},null,null,0]
[null,null,"PLACA / CHAPA DE GESSO ACARTONADO, STANDARD (ST), COR BRANCA, E = 12,5 MM, 1200 X 2400 MM (L X C)","m2",1.0966,18.429999999999996,{"$f":"IF(ISNUMBER(F807),E807*F807,\"\")","v":20.210337999999997},{"$f":"SUM(G807:G813)","v":41.744322399999994},null,0]
[null,null,"Fita de papel reforcada com lamina de metal para reforco de cantos de chapa de gesso para drywall","m",1.4395,2.5459999999999998,{"$f":"IF(ISNUMBER(F808),E808*F808,\"\")","v":3.6649669999999999},null,null,0]
[null,null,"MASSA DE REJUNTE EM PO PARA DRYWALL, A BASE DE GESSO, SECAGEM RAPIDA, PARA TRATAMENTO DE JUNTAS DE CHAPA DE GESSO (NECESSITA ADICAO DE AGUA)","kg",0.5202,3.1919999999999997,{"$f":"IF(ISNUMBER(F809),E809*F809,\"\")","v":1.6604783999999999},null,null,0]
[null,null,"Parafuso dry wall, em aco fosfatizado, cabeca trombeta e ponta agulha (TA), comprimento 25 mm","un",7.9740000000000002,0.1045,{"$f":"IF(ISNUMBER(F810),E810*F810,\"\")","v":0.833283},null,null,0]
[null,null,"Parafuso dry wall, em aco zincado, cabeca lentilha e ponta broca (LB), largura 4,2 mm, comprimento 13 mm","un",2.1911999999999998,0.23749999999999999,{"$f":"IF(ISNUMBER(F811),E811*F811,\"\")","v":0.52040999999999993},null,null,0]
[null,null,"Montador de estrutura metálica com encargos complementares","h",0.36280000000000001,20.719499999999996,{"$f":"IF(ISNUMBER(F812),E812*F812,\"\")","v":7.5170345999999988},null,null,0]
[null,null,"Servente com Encargos Complementares","h",0.36280000000000001,20.225499999999997,{"$f":"IF(ISNUMBER(F813),E813*F813,\"\")","v":7.3378113999999988},null,null,0]
[null,null,null,null,null,"",{"$f":"IF(ISNUMBER(F814),E814*F814,\"\")","v":""},null,null,0]
["SF-00146",{"$f":"INDEX(Orçamentária!A:B,MATCH(Composições!A815,Orçamentária!A:A,0),2)","v":"Forro mineral modulado"},null,"m2",null,"",{"$f":"IF(ISNUMBER(F815),E815*F815,\"\")","v":""},null,null,0]
[null,null,null,null,null,"",{"$f":"IF(ISNUMBER(F816),E816*F816,\"\")","v":""},null,null,0]
[null,null,"FORRO DE FIBRA MINERAL EM PLACAS DE 625 X 625 MM, E = 15 MM, BORDA RETA, COM PINTURA ANTIMOFO, APOIADO EM PERFIL DE ACO GALVANIZADO COM 24 MM DE BASE - INSTALADO","m2",1,114.9785,{"$f":"IF(ISNUMBER(F817),E817*F817,\"\")","v":114.9785},{"$f":"SUM(G817:G817)","v":114.9785},null,0]
[null,null,null,null,null,"",{"$f":"IF(ISNUMBER(F818),E818*F818,\"\")","v":""},null,null,0]
["SF-00147",{"$f":"INDEX(Orçamentária!A:B,MATCH(Composições!A819,Orçamentária!A:A,0),2)","v":"Forro mineral modulado, sem estrutura"},null,"m2",null,"",{"$f":"IF(ISNUMBER(F819),E819*F819,\"\")","v":""},null,null,0]
[null,null,null,null,null,"",{"$f":"IF(ISNUMBER(F820),E820*F820,\"\")","v":""},null,null,0]
[null,null,"Ajudante especializado com encargos complementares","h",{"$f":"1.2/4","v":0.3},21.318000000000001,{"$f":"IF(ISNUMBER(F821),E821*F821,\"\")","v":6.3954000000000004},{"$f":"SUM(G821:G822)","v":32.007399999999997},null,0]
[null,null,"Placa de fibra mineral para forro, de 625 x 625 mm, E = 15 mm, borda reta, com pintura antimofo (nao inclui perfis)","UN",1,25.611999999999998,{"$f":"IF(ISNUMBER(F822),E822*F822,\"\")","v":25.611999999999998},null,null,0]
[null,null,null,null,null,"",{"$f":"IF(ISNUMBER(F823),E823*F823,\"\")","v":""},null,null,0]
["SF-00148",{"$f":"INDEX(Orçamentária!A:B,MATCH(Composições!A824,Orçamentária!A:A,0),2)","v":"Instalação de forro de PVC reaproveitado"},null,"m2",null,"",{"$f":"IF(ISNUMBER(F824),E824*F824,\"\")","v":""},null,null,0]
[null,null,null,null,null,"",{"$f":"IF(ISNUMBER(F825),E825*F825,\"\")","v":""},null,null,0]
[null,null,"Montador de estrutura metálica com encargos complementares","h",{"$f":"ROUND(0.4994*0.3,4)","v":0.14979999999999999},20.719499999999996,{"$f":"IF(ISNUMBER(F826),E826*F826,\"\")","v":3.1037810999999991},{"$f":"SUM(G826:G826)","v":3.1037810999999991},null,0]
[null,null,null,null,null,"",{"$f":"IF(ISNUMBER(F827),E827*F827,\"\")","v":""},null,null,0]
["SF-00149",{"$f":"INDEX(Orçamentária!A:B,MATCH(Composições!A828,Orçamentária!A:A,0),2)","v":"Instalação de forro mineral reaproveitado"},null,"m2",null,"",{"$f":"IF(ISNUMBER(F828),E828*F828,\"\")","v":""},null,null,0]
[null,null,null,null,null,"",{"$f":"IF(ISNUMBER(F829),E829*F829,\"\")","v":""},null,null,0]
[null,null,"Ajudante especializado com encargos complementares","h",1.2,21.318000000000001,{"$f":"IF(ISNUMBER(F830),E830*F830,\"\")","v":25.581600000000002},{"$f":"SUM(G830:G831)","v":50.444999999999993},null,0]
[null,null,"Montador de estrutura metálica com encargos complementares","h",1.2,20.719499999999996,{"$f":"IF(ISNUMBER(F831),E831*F831,\"\")","v":24.863399999999995},null,null,0]
[null,null,null,null,null,"",{"$f":"IF(ISNUMBER(F832),E832*F832,\"\")","v":""},null,null,0]
["SF-00150",{"$f":"INDEX(Orçamentária!A:B,MATCH(Composições!A833,Orçamentária!A:A,0),2)","v":"Tabica metálica em forro de gesso acartonado"},null,"m",null,"",{"$f":"IF(ISNUMBER(F833),E833*F833,\"\")","v":""},null,null,0]
[null,null,null,null,null,"",{"$f":"IF(ISNUMBER(F834),E834*F834,\"\")","v":""},null,null,0]
[null,null,"Perfil tabica fechada, lisa, formato Z, em aco galvanizado natural, largura total na horizontal *40* mm, para estrutura forro drywall","m",1.1512,5.8234999999999992,{"$f":"IF(ISNUMBER(F835),E835*F835,\"\")","v":6.7040131999999995},{"$f":"SUM(G835:G838)","v":13.426265449999999},null,0]
[null,null,"Parafuso dry wall, em aco zincado, cabeca lentilha e ponta broca (LB), largura 4,2 mm, comprimento 13 mm","un",0.58330000000000004,0.23749999999999999,{"$f":"IF(ISNUMBER(F836),E836*F836,\"\")","v":0.13853375000000001},null,null,0]
[null,null,"PARAFUSO, AUTO ATARRACHANTE, CABECA CHATA, FENDA SIMPLES, 1/4\u0094 (6,35 MM) X 25 MM","cento",7.4899999999999994E-2,47.290999999999997,{"$f":"IF(ISNUMBER(F837),E837*F837,\"\")","v":3.5420958999999996},null,null,0]
[null,null,"Montador de estrutura metálica com encargos complementares","h",0.14680000000000001,20.719499999999996,{"$f":"IF(ISNUMBER(F838),E838*F838,\"\")","v":3.0416225999999997},null,null,0]
[null,null,null,null,null,"",{"$f":"IF(ISNUMBER(F839),E839*F839,\"\")","v":""},null,null,0]
["SF-00151",{"$f":"INDEX(Orçamentária!A:B,MATCH(Composições!A840,Orçamentária!A:A,0),2)","v":"Instalação de revestimento de piso têxtil (carpete) reaproveitado"},null,"m2",null,"",{"$f":"IF(ISNUMBER(F840),E840*F840,\"\")","v":""},null,null,0]
[null,null,null,null,null,"",{"$f":"IF(ISNUMBER(F841),E841*F841,\"\")","v":""},null,null,0]
[null,null,"Servente com Encargos Complementares","h",0.1,20.225499999999997,{"$f":"IF(ISNUMBER(F842),E842*F842,\"\")","v":2.0225499999999998},{"$f":"SUM(G842:G844)","v":9.5722000000000005},null,0]
[null,null,"Pedreiro com Encargos Complementares","h",0.1,27.160499999999999,{"$f":"IF(ISNUMBER(F843),E843*F843,\"\")","v":2.7160500000000001},null,null,0]
[null,null,"ADESIVO ACRILICO DE BASE AQUOSA / COLA DE CONTATO","kg",0.1,48.335999999999999,{"$f":"IF(ISNUMBER(F844),E844*F844,\"\")","v":4.8336000000000006},null,null,0]
[null,null,null,null,null,"",{"$f":"IF(ISNUMBER(F845),E845*F845,\"\")","v":""},null,null,0]
["SF-00152",{"$f":"INDEX(Orçamentária!A:B,MATCH(Composições!A846,Orçamentária!A:A,0),2)","v":"Baguetes metálicos"},null,"m",null,"",{"$f":"IF(ISNUMBER(F846),E846*F846,\"\")","v":""},null,null,0]
[null,null,null,null,null,"",{"$f":"IF(ISNUMBER(F847),E847*F847,\"\")","v":""},null,null,0]
[null,null,"Vidraceiro com encargos complementares","h",0.25,25.060999999999996,{"$f":"IF(ISNUMBER(F848),E848*F848,\"\")","v":6.2652499999999991},{"$f":"SUM(G848:G849)","v":4882.37075},null,0]
[null,null,"Baguetes metálicos","m",1.05,4643.91,{"$f":"IF(ISNUMBER(F849),E849*F849,\"\")","v":4876.1054999999997},null,null,0]
[null,null,null,null,null,"",{"$f":"IF(ISNUMBER(F850),E850*F850,\"\")","v":""},null,null,0]
["SF-00153",{"$f":"INDEX(Orçamentária!A:B,MATCH(Composições!A851,Orçamentária!A:A,0),2)","v":"Cordão de massa de vidraceiro"},null,"m",null,"",{"$f":"IF(ISNUMBER(F851),E851*F851,\"\")","v":""},null,null,0]
[null,null,null,null,null,"",{"$f":"IF(ISNUMBER(F852),E852*F852,\"\")","v":""},null,null,0]
[null,null,"Vidraceiro com encargos complementares","h",0.5,25.060999999999996,{"$f":"IF(ISNUMBER(F853),E853*F853,\"\")","v":12.530499999999998},{"$f":"SUM(G853:G855)","v":20.516674999999999},null,0]
[null,null,"Servente com Encargos Complementares","h",{"$f":"E853/2","v":0.25},20.225499999999997,{"$f":"IF(ISNUMBER(F854),E854*F854,\"\")","v":5.0563749999999992},null,null,0]
[null,null,"Massa para vidro","kg",0.6,4.8829999999999991,{"$f":"IF(ISNUMBER(F855),E855*F855,\"\")","v":2.9297999999999993},null,null,0]
[null,null,null,null,null,"",{"$f":"IF(ISNUMBER(F856),E856*F856,\"\")","v":""},null,null,0]
["SF-00154",{"$f":"INDEX(Orçamentária!A:B,MATCH(Composições!A857,Orçamentária!A:A,0),2)","v":"Espelho cristal, e=5 mm"},null,"m2",null,"",{"$f":"IF(ISNUMBER(F857),E857*F857,\"\")","v":""},null,null,0]
[null,null,null,null,null,"",{"$f":"IF(ISNUMBER(F858),E858*F858,\"\")","v":""},null,null,0]
[null,null,"Espelho cristal comum #5mm","m2",1,0,{"$f":"IF(ISNUMBER(F859),E859*F859,\"\")","v":0},{"$f":"SUM(G859:G861)","v":113.21624999999997},null,0]
[null,null,"Servente com Encargos Complementares","h",2.5,20.225499999999997,{"$f":"IF(ISNUMBER(F860),E860*F860,\"\")","v":50.563749999999992},null,null,0]
[null,null,"Vidraceiro com encargos complementares","h",2.5,25.060999999999996,{"$f":"IF(ISNUMBER(F861),E861*F861,\"\")","v":62.652499999999989},null,null,0]
[null,null,null,null,null,"",{"$f":"IF(ISNUMBER(F862),E862*F862,\"\")","v":""},null,null,0]
["SF-00155",{"$f":"INDEX(Orçamentária!A:B,MATCH(Composições!A863,Orçamentária!A:A,0),2)","v":"Instalação de vidro reaproveitado"},null,"m2",null,"",{"$f":"IF(ISNUMBER(F863),E863*F863,\"\")","v":""},null,null,0]
[null,null,null,null,null,"",{"$f":"IF(ISNUMBER(F864),E864*F864,\"\")","v":""},null,null,0]
[null,null,"Vidraceiro com encargos complementares","h",1,25.060999999999996,{"$f":"IF(ISNUMBER(F865),E865*F865,\"\")","v":25.060999999999996},{"$f":"SUM(G865:G866)","v":34.826999999999998},null,0]
[null,null,"Massa para vidro","kg",2,4.8829999999999991,{"$f":"IF(ISNUMBER(F866),E866*F866,\"\")","v":9.7659999999999982},null,null,0]
[null,null,null,null,null,"",{"$f":"IF(ISNUMBER(F867),E867*F867,\"\")","v":""},null,null,0]
["SF-00156",{"$f":"INDEX(Orçamentária!A:B,MATCH(Composições!A868,Orçamentária!A:A,0),2)","v":"Substituição da calafetação com selante"},null,"m",null,"",{"$f":"IF(ISNUMBER(F868),E868*F868,\"\")","v":""},null,null,0]
[null,null,null,null,null,"",{"$f":"IF(ISNUMBER(F869),E869*F869,\"\")","v":""},null,null,0]
[null,null,"Vidraceiro com encargos complementares","h",0.3,25.060999999999996,{"$f":"IF(ISNUMBER(F870),E870*F870,\"\")","v":7.5182999999999982},{"$f":"SUM(G870:G872)","v":22.404234749999997},null,0]
[null,null,"Servente com Encargos Complementares","h",0.3,20.225499999999997,{"$f":"IF(ISNUMBER(F871),E871*F871,\"\")","v":6.0676499999999987},null,null,0]
[null,null,"Silicone acetico uso geral incolor 280 g","un",{"$f":"ROUND(1/3,4)","v":0.33329999999999999},26.4575,{"$f":"IF(ISNUMBER(F872),E872*F872,\"\")","v":8.8182847500000001},null,null,0]
[null,null,null,null,null,"",{"$f":"IF(ISNUMBER(F873),E873*F873,\"\")","v":""},null,null,0]
[null,null,"Obs.: considerando que cada bisnaga rende, no mínimo, 3 m de aplicação.",null,null,"",{"$f":"IF(ISNUMBER(F874),E874*F874,\"\")","v":""},null,null,0]
[null,null,null,null,null,"",{"$f":"IF(ISNUMBER(F875),E875*F875,\"\")","v":""},null,null,0]
["SF-00157",{"$f":"INDEX(Orçamentária!A:B,MATCH(Composições!A876,Orçamentária!A:A,0),2)","v":"Vidro liso comum transparente 4mm"},null,"m2",null,"",{"$f":"IF(ISNUMBER(F876),E876*F876,\"\")","v":""},null,null,0]
[null,null,null,null,null,"",{"$f":"IF(ISNUMBER(F877),E877*F877,\"\")","v":""},null,null,0]
[null,null,"VIDRO LISO INCOLOR 4MM - SEM COLOCACAO","M2",1,76.721999999999994,{"$f":"IF(ISNUMBER(F878),E878*F878,\"\")","v":76.721999999999994},{"$f":"SUM(G878:G882)","v":121.36281349999999},null,0]
[null,null,"PREGO DE ACO POLIDO SEM CABECA 15 X 15 (1 1/4 X 13)","KG",3.3000000000000002E-2,24.281999999999996,{"$f":"IF(ISNUMBER(F879),E879*F879,\"\")","v":0.80130599999999996},null,null,0]
[null,null,"SILICONE ACETICO USO GERAL INCOLOR 280 G","UN",0.56499999999999995,26.4575,{"$f":"IF(ISNUMBER(F880),E880*F880,\"\")","v":14.948487499999999},null,null,0]
[null,null,"SERVENTE COM ENCARGOS COMPLEMENTARES","H",0.628,20.225499999999997,{"$f":"IF(ISNUMBER(F881),E881*F881,\"\")","v":12.701613999999998},null,null,0]
[null,null,"VIDRACEIRO COM ENCARGOS COMPLEMENTARES","H",0.64600000000000002,25.060999999999996,{"$f":"IF(ISNUMBER(F882),E882*F882,\"\")","v":16.189405999999998},null,null,0]
[null,null,null,null,null,"",{"$f":"IF(ISNUMBER(F883),E883*F883,\"\")","v":""},null,null,0]
["SF-00158",{"$f":"INDEX(Orçamentária!A:B,MATCH(Composições!A884,Orçamentária!A:A,0),2)","v":"Vidro liso comum transparente 6mm"},null,"m2",null,"",{"$f":"IF(ISNUMBER(F884),E884*F884,\"\")","v":""},null,null,0]
[null,null,null,null,null,"",{"$f":"IF(ISNUMBER(F885),E885*F885,\"\")","v":""},null,null,0]
[null,null,"VIDRO LISO INCOLOR 6 MM - SEM COLOCACAO","M2",1,108.6895,{"$f":"IF(ISNUMBER(F886),E886*F886,\"\")","v":108.6895},{"$f":"SUM(G886:G890)","v":136.26515000000001},null,0]
[null,null,"PREGO DE ACO POLIDO SEM CABECA 15 X 15 (1 1/4 X 13)","KG",2.1000000000000001E-2,24.281999999999996,{"$f":"IF(ISNUMBER(F887),E887*F887,\"\")","v":0.50992199999999999},null,null,0]
[null,null,"SILICONE ACETICO USO GERAL INCOLOR 280 G","UN",0.35699999999999998,26.4575,{"$f":"IF(ISNUMBER(F888),E888*F888,\"\")","v":9.4453274999999994},null,null,0]
[null,null,"SERVENTE COM ENCARGOS COMPLEMENTARES","H",0.38300000000000001,20.225499999999997,{"$f":"IF(ISNUMBER(F889),E889*F889,\"\")","v":7.7463664999999988},null,null,0]
[null,null,"VIDRACEIRO COM ENCARGOS COMPLEMENTARES","H",0.39400000000000002,25.060999999999996,{"$f":"IF(ISNUMBER(F890),E890*F890,\"\")","v":9.8740339999999982},null,null,0]
[null,null,null,null,null,"",{"$f":"IF(ISNUMBER(F891),E891*F891,\"\")","v":""},null,null,0]
["SF-00159",{"$f":"INDEX(Orçamentária!A:B,MATCH(Composições!A892,Orçamentária!A:A,0),2)","v":"Instalação de painéis de vidro temperado reaproveitados"},null,"m2",null,"",{"$f":"IF(ISNUMBER(F892),E892*F892,\"\")","v":""},null,null,0]
[null,null,null,null,null,"",{"$f":"IF(ISNUMBER(F893),E893*F893,\"\")","v":""},null,null,0]
[null,null,"Vidraceiro com encargos complementares","h",{"$f":"2.2/2","v":1.1000000000000001},25.060999999999996,{"$f":"IF(ISNUMBER(F894),E894*F894,\"\")","v":27.5671},{"$f":"SUM(G894:G895)","v":49.815150000000003},null,0]
[null,null,"Servente com Encargos Complementares","h",{"$f":"2.2/2","v":1.1000000000000001},20.225499999999997,{"$f":"IF(ISNUMBER(F895),E895*F895,\"\")","v":22.248049999999999},null,null,0]
[null,null,null,null,null,"",{"$f":"IF(ISNUMBER(F896),E896*F896,\"\")","v":""},null,null,0]
["SF-00160",{"$f":"INDEX(Orçamentária!A:B,MATCH(Composições!A897,Orçamentária!A:A,0),2)","v":"Mola hidráulica de piso"},null,"un",null,"",{"$f":"IF(ISNUMBER(F897),E897*F897,\"\")","v":""},null,null,0]
[null,null,null,null,null,"",{"$f":"IF(ISNUMBER(F898),E898*F898,\"\")","v":""},null,null,0]
[null,null,"Vidraceiro com encargos complementares","h",1.8180000000000001,25.060999999999996,{"$f":"IF(ISNUMBER(F899),E899*F899,\"\")","v":45.560897999999995},{"$f":"SUM(G899:G902)","v":1331.5393564999999},null,0]
[null,null,"Servente com Encargos Complementares","h",1.7669999999999999,20.225499999999997,{"$f":"IF(ISNUMBER(F900),E900*F900,\"\")","v":35.738458499999993},null,null,0]
[null,null,"Mola Hidráulica de piso universal para portas de batente e portas vai-e-vem em aço inoxidável. Ref.: DORMA, modelo BTS 75V/R, com eixo intercambiável tipo \"B\"","un",1,1250.24,{"$f":"IF(ISNUMBER(F901),E901*F901,\"\")","v":1250.24},null,null,0]
[null,null,"Impermeabilizante para mola hidráulica. Ref: Dorma SealProtect","un",1,"",{"$f":"IF(ISNUMBER(F902),E902*F902,\"\")","v":""},null,null,0]
[null,null,null,null,null,"",{"$f":"IF(ISNUMBER(F903),E903*F903,\"\")","v":""},null,null,0]
["SF-00161",{"$f":"INDEX(Orçamentária!A:B,MATCH(Composições!A904,Orçamentária!A:A,0),2)","v":"Instalação de persianas reaproveitadas"},null,"m",null,"",{"$f":"IF(ISNUMBER(F904),E904*F904,\"\")","v":""},null,null,0]
[null,null,null,null,null,"",{"$f":"IF(ISNUMBER(F905),E905*F905,\"\")","v":""},null,null,0]
[null,null,"Ajudante especializado com encargos complementares","h",{"$f":"ROUND(1/3,4)","v":0.33329999999999999},21.318000000000001,{"$f":"IF(ISNUMBER(F906),E906*F906,\"\")","v":7.1052894000000002},{"$f":"SUM(G906:G906)","v":7.1052894000000002},null,0]
[null,null,null,null,null,"",{"$f":"IF(ISNUMBER(F907),E907*F907,\"\")","v":""},null,null,0]
["SF-00166",{"$f":"INDEX(Orçamentária!A:B,MATCH(Composições!A908,Orçamentária!A:A,0),2)","v":"Tubo de ligação para bacia sanitária"},null,"un",null,"",{"$f":"IF(ISNUMBER(F908),E908*F908,\"\")","v":""},null,null,0]
[null,null,null,null,null,"",{"$f":"IF(ISNUMBER(F909),E909*F909,\"\")","v":""},null,null,0]
[null,null,"Encanador ou Bombeiro Hidráulico com Encargos Complementares","h",0.2,26.4575,{"$f":"IF(ISNUMBER(F910),E910*F910,\"\")","v":5.2915000000000001},{"$f":"SUM(G910:G912)","v":19.684000000000001},null,0]
[null,null,"ANEL DE VEDACAO, PVC FLEXIVEL, 100 MM, PARA SAIDA DE BACIA / VASO SANITARIO","un",1,14.3925,{"$f":"IF(ISNUMBER(F911),E911*F911,\"\")","v":14.3925},null,null,0]
[null,null,"Tubo de ligação para bacia sanitária em PVC, com acabamento cromado, ajustável ou não. Ref.: DECA 1968C ou equivalente","un",1,"",{"$f":"IF(ISNUMBER(F912),E912*F912,\"\")","v":""},null,null,0]
[null,null,null,null,null,"",{"$f":"IF(ISNUMBER(F913),E913*F913,\"\")","v":""},null,null,0]
["SF-00167",{"$f":"INDEX(Orçamentária!A:B,MATCH(Composições!A914,Orçamentária!A:A,0),2)","v":"Tubo PVC esgoto ou aguas pluviais predial DN 100mm"},null,"m",null,"",{"$f":"IF(ISNUMBER(F914),E914*F914,\"\")","v":""},null,null,0]
[null,null,null,null,null,"",{"$f":"IF(ISNUMBER(F915),E915*F915,\"\")","v":""},null,null,0]
[null,null,"ADESIVO PLASTICO PARA PVC, FRASCO COM *850* GR","un",4.2900000000000001E-2,62.348499999999994,{"$f":"IF(ISNUMBER(F916),E916*F916,\"\")","v":2.67475065},{"$f":"SUM(G916:G921)","v":57.562987099999994},null,0]
[null,null,"TUBO PVC, SERIE R, DN 100 MM, PARA ESGOTO OU AGUAS PLUVIAIS PREDIAL (NBR 5688)","m",1.04,27.445499999999999,{"$f":"IF(ISNUMBER(F917),E917*F917,\"\")","v":28.543320000000001},null,null,0]
[null,null,"SOLUCAO PREPARADORA / LIMPADORA PARA PVC, FRASCO COM 1000 CM3","un",7.0099999999999996E-2,70.641999999999996,{"$f":"IF(ISNUMBER(F918),E918*F918,\"\")","v":4.9520041999999993},null,null,0]
[null,null,"Lixa d'agua em folha, grao 100","un",0.14849999999999999,2.1185,{"$f":"IF(ISNUMBER(F919),E919*F919,\"\")","v":0.31459724999999999},null,null,0]
[null,null,"Auxiliar de encanador ou bombeiro hidráulico com encargos complementares","h",0.44500000000000001,20.909500000000001,{"$f":"IF(ISNUMBER(F920),E920*F920,\"\")","v":9.3047275000000003},null,null,0]
[null,null,"Encanador ou Bombeiro Hidráulico com Encargos Complementares","h",0.44500000000000001,26.4575,{"$f":"IF(ISNUMBER(F921),E921*F921,\"\")","v":11.7735875},null,null,0]
[null,null,null,null,null,"",{"$f":"IF(ISNUMBER(F922),E922*F922,\"\")","v":""},null,null,0]
["SF-00168",{"$f":"INDEX(Orçamentária!A:B,MATCH(Composições!A923,Orçamentária!A:A,0),2)","v":"Tubo PVC esgoto ou aguas pluviais predial DN 40mm"},null,"m",null,"",{"$f":"IF(ISNUMBER(F923),E923*F923,\"\")","v":""},null,null,0]
[null,null,null,null,null,"",{"$f":"IF(ISNUMBER(F924),E924*F924,\"\")","v":""},null,null,0]
[null,null,"TUBO PVC, SERIE R, DN 40 MM, PARA ESGOTO OU AGUAS PLUVIAIS PREDIAL (NBR 5688)","m",1.04,8.9014999999999986,{"$f":"IF(ISNUMBER(F925),E925*F925,\"\")","v":9.257559999999998},{"$f":"SUM(G925:G928)","v":17.1514995},null,0]
[null,null,"Lixa d'agua em folha, grao 100","un",3.6999999999999998E-2,2.1185,{"$f":"IF(ISNUMBER(F926),E926*F926,\"\")","v":7.8384499999999996E-2},null,null,0]
[null,null,"Auxiliar de encanador ou bombeiro hidráulico com encargos complementares","h",0.16500000000000001,20.909500000000001,{"$f":"IF(ISNUMBER(F927),E927*F927,\"\")","v":3.4500675000000003},null,null,0]
[null,null,"Encanador ou Bombeiro Hidráulico com Encargos Complementares","h",0.16500000000000001,26.4575,{"$f":"IF(ISNUMBER(F928),E928*F928,\"\")","v":4.3654875000000004},null,null,0]
[null,null,null,null,null,"",{"$f":"IF(ISNUMBER(F929),E929*F929,\"\")","v":""},null,null,0]
["SF-00169",{"$f":"INDEX(Orçamentária!A:B,MATCH(Composições!A930,Orçamentária!A:A,0),2)","v":"Tubo PVC esgoto ou aguas pluviais predial DN 50mm"},null,"m",null,"",{"$f":"IF(ISNUMBER(F930),E930*F930,\"\")","v":""},null,null,0]
[null,null,null,null,null,"",{"$f":"IF(ISNUMBER(F931),E931*F931,\"\")","v":""},null,null,0]
[null,null,"ADESIVO PLASTICO PARA PVC, FRASCO COM *850* GR","un",1.2800000000000001E-2,62.348499999999994,{"$f":"IF(ISNUMBER(F932),E932*F932,\"\")","v":0.79806080000000001},{"$f":"SUM(G932:G937)","v":25.218625899999999},null,0]
[null,null,"TUBO PVC, SERIE R, DN 50 MM, PARA ESGOTO OU AGUAS PLUVIAIS PREDIAL (NBR 5688)","m",1.04,12.530499999999998,{"$f":"IF(ISNUMBER(F933),E933*F933,\"\")","v":13.031719999999998},null,null,0]
[null,null,"SOLUCAO PREPARADORA / LIMPADORA PARA PVC, FRASCO COM 1000 CM3","un",1.9300000000000001E-2,70.641999999999996,{"$f":"IF(ISNUMBER(F934),E934*F934,\"\")","v":1.3633906},null,null,0]
[null,null,"Lixa d'agua em folha, grao 100","un",3.6999999999999998E-2,2.1185,{"$f":"IF(ISNUMBER(F935),E935*F935,\"\")","v":7.8384499999999996E-2},null,null,0]
[null,null,"Auxiliar de encanador ou bombeiro hidráulico com encargos complementares","h",0.21,20.909500000000001,{"$f":"IF(ISNUMBER(F936),E936*F936,\"\")","v":4.3909950000000002},null,null,0]
[null,null,"Encanador ou Bombeiro Hidráulico com Encargos Complementares","h",0.21,26.4575,{"$f":"IF(ISNUMBER(F937),E937*F937,\"\")","v":5.5560749999999999},null,null,0]
[null,null,null,null,null,"",{"$f":"IF(ISNUMBER(F938),E938*F938,\"\")","v":""},null,null,0]
["SF-00170",{"$f":"INDEX(Orçamentária!A:B,MATCH(Composições!A939,Orçamentária!A:A,0),2)","v":"Tubo PVC esgoto ou aguas pluviais predial DN 75mm"},null,"m",null,"",{"$f":"IF(ISNUMBER(F939),E939*F939,\"\")","v":""},null,null,13]
[null,null,null,null,null,"",{"$f":"IF(ISNUMBER(F940),E940*F940,\"\")","v":""},null,null,13]
[null,null,"ADESIVO PLASTICO PARA PVC, FRASCO COM *850* GR","un",2.93E-2,62.348499999999994,{"$f":"IF(ISNUMBER(F941),E941*F941,\"\")","v":1.8268110499999999},{"$f":"SUM(G941:G946)","v":44.307994300000004},null,13]
[null,null,"TUBO PVC, SERIE R, DN 75 MM, PARA ESGOTO OU AGUAS PLUVIAIS PREDIAL (NBR 5688)","m",1.04,22.733499999999999,{"$f":"IF(ISNUMBER(F942),E942*F942,\"\")","v":23.64284},null,null,13]
[null,null,"SOLUCAO PREPARADORA / LIMPADORA PARA PVC, FRASCO COM 1000 CM3","un",4.5499999999999999E-2,70.641999999999996,{"$f":"IF(ISNUMBER(F943),E943*F943,\"\")","v":3.2142109999999997},null,null,13]
[null,null,"Lixa d'agua em folha, grao 100","un",0.1085,2.1185,{"$f":"IF(ISNUMBER(F944),E944*F944,\"\")","v":0.22985725000000001},null,null,13]
[null,null,"Auxiliar de encanador ou bombeiro hidráulico com encargos complementares","h",0.32500000000000001,20.909500000000001,{"$f":"IF(ISNUMBER(F945),E945*F945,\"\")","v":6.7955875000000008},null,null,13]
[null,null,"Encanador ou Bombeiro Hidráulico com Encargos Complementares","h",0.32500000000000001,26.4575,{"$f":"IF(ISNUMBER(F946),E946*F946,\"\")","v":8.5986875000000005},null,null,13]
[null,null,null,null,null,"",{"$f":"IF(ISNUMBER(F947),E947*F947,\"\")","v":""},null,null,13]
["SF-00171",{"$f":"INDEX(Orçamentária!A:B,MATCH(Composições!A948,Orçamentária!A:A,0),2)","v":"Tubo PVC soldável água fria DN 25mm"},null,"m",null,"",{"$f":"IF(ISNUMBER(F948),E948*F948,\"\")","v":""},null,null,13]
[null,null,null,null,null,"",{"$f":"IF(ISNUMBER(F949),E949*F949,\"\")","v":""},null,null,13]
[null,null,"TUBO PVC, SOLDAVEL, DE 25 MM, AGUA FRIA (NBR-5648)","m",1.0609999999999999,4.3795000000000002,{"$f":"IF(ISNUMBER(F950),E950*F950,\"\")","v":4.6466494999999997},{"$f":"SUM(G950:G952)","v":5.4045215000000004},null,13]
[null,null,"Auxiliar de encanador ou bombeiro hidráulico com encargos complementares","h",1.6E-2,20.909500000000001,{"$f":"IF(ISNUMBER(F951),E951*F951,\"\")","v":0.33455200000000002},null,null,13]
[null,null,"Encanador ou Bombeiro Hidráulico com Encargos Complementares","h",1.6E-2,26.4575,{"$f":"IF(ISNUMBER(F952),E952*F952,\"\")","v":0.42332000000000003},null,null,13]
[null,null,null,null,null,"",{"$f":"IF(ISNUMBER(F953),E953*F953,\"\")","v":""},null,null,13]
["SF-00172",{"$f":"INDEX(Orçamentária!A:B,MATCH(Composições!A954,Orçamentária!A:A,0),2)","v":"Tubo PVC soldável água fria DN 32mm"},null,"m",null,"",{"$f":"IF(ISNUMBER(F954),E954*F954,\"\")","v":""},null,null,0]
[null,null,null,null,null,"",{"$f":"IF(ISNUMBER(F955),E955*F955,\"\")","v":""},null,null,0]
[null,null,"TUBO PVC, SOLDAVEL, DE 32 MM, AGUA FRIA (NBR-5648)","m",1.0609999999999999,9.4524999999999988,{"$f":"IF(ISNUMBER(F956),E956*F956,\"\")","v":10.029102499999999},{"$f":"SUM(G956:G958)","v":10.976442499999999},null,0]
[null,null,"Auxiliar de encanador ou bombeiro hidráulico com encargos complementares","h",0.02,20.909500000000001,{"$f":"IF(ISNUMBER(F957),E957*F957,\"\")","v":0.41819000000000006},null,null,0]
[null,null,"Encanador ou Bombeiro Hidráulico com Encargos Complementares","h",0.02,26.4575,{"$f":"IF(ISNUMBER(F958),E958*F958,\"\")","v":0.52915000000000001},null,null,0]
[null,null,null,null,null,"",{"$f":"IF(ISNUMBER(F959),E959*F959,\"\")","v":""},null,null,0]
["SF-00173",{"$f":"INDEX(Orçamentária!A:B,MATCH(Composições!A960,Orçamentária!A:A,0),2)","v":"Tubo PVC soldável água fria DN 40mm"},null,"m",null,"",{"$f":"IF(ISNUMBER(F960),E960*F960,\"\")","v":""},null,null,0]
[null,null,null,null,null,"",{"$f":"IF(ISNUMBER(F961),E961*F961,\"\")","v":""},null,null,0]
[null,null,"TUBO PVC, SOLDAVEL, DE 40 MM, AGUA FRIA (NBR-5648)","m",1.0609999999999999,14.838999999999999,{"$f":"IF(ISNUMBER(F962),E962*F962,\"\")","v":15.744178999999997},{"$f":"SUM(G962:G965)","v":16.897934999999997},null,0]
[null,null,"Lixa d'agua em folha, grao 100","un",8.0000000000000002E-3,2.1185,{"$f":"IF(ISNUMBER(F963),E963*F963,\"\")","v":1.6948000000000001E-2},null,null,0]
[null,null,"Auxiliar de encanador ou bombeiro hidráulico com encargos complementares","h",2.4E-2,20.909500000000001,{"$f":"IF(ISNUMBER(F964),E964*F964,\"\")","v":0.50182800000000005},null,null,0]
[null,null,"Encanador ou Bombeiro Hidráulico com Encargos Complementares","h",2.4E-2,26.4575,{"$f":"IF(ISNUMBER(F965),E965*F965,\"\")","v":0.63497999999999999},null,null,0]
[null,null,null,null,null,"",{"$f":"IF(ISNUMBER(F966),E966*F966,\"\")","v":""},null,null,0]
["SF-00174",{"$f":"INDEX(Orçamentária!A:B,MATCH(Composições!A967,Orçamentária!A:A,0),2)","v":"Tubo PVC soldável água fria DN 50mm"},null,"m",null,"",{"$f":"IF(ISNUMBER(F967),E967*F967,\"\")","v":""},null,null,0]
[null,null,null,null,null,"",{"$f":"IF(ISNUMBER(F968),E968*F968,\"\")","v":""},null,null,0]
[null,null,"TUBO PVC, SOLDAVEL, DE 50 MM, AGUA FRIA (NBR-5648)","m",1.0609999999999999,16.273499999999999,{"$f":"IF(ISNUMBER(F969),E969*F969,\"\")","v":17.266183499999997},{"$f":"SUM(G969:G972)","v":18.661011499999994},null,0]
[null,null,"Lixa d'agua em folha, grao 100","un",0.01,2.1185,{"$f":"IF(ISNUMBER(F970),E970*F970,\"\")","v":2.1185000000000002E-2},null,null,0]
[null,null,"Auxiliar de encanador ou bombeiro hidráulico com encargos complementares","h",2.9000000000000001E-2,20.909500000000001,{"$f":"IF(ISNUMBER(F971),E971*F971,\"\")","v":0.60637550000000007},null,null,0]
[null,null,"Encanador ou Bombeiro Hidráulico com Encargos Complementares","h",2.9000000000000001E-2,26.4575,{"$f":"IF(ISNUMBER(F972),E972*F972,\"\")","v":0.76726749999999999},null,null,0]
[null,null,null,null,null,"",{"$f":"IF(ISNUMBER(F973),E973*F973,\"\")","v":""},null,null,0]
["SF-00175",{"$f":"INDEX(Orçamentária!A:B,MATCH(Composições!A974,Orçamentária!A:A,0),2)","v":"Base registro gaveta 3/4\""},null,"un",null,"",{"$f":"IF(ISNUMBER(F974),E974*F974,\"\")","v":""},null,null,0]
[null,null,null,null,null,"",{"$f":"IF(ISNUMBER(F975),E975*F975,\"\")","v":""},null,null,0]
[null,null,"Base registro gaveta 3/4\" em liga de cobre, mod 4509.202 ref: DECA ou equivalente","un ",1,"",{"$f":"IF(ISNUMBER(F976),E976*F976,\"\")","v":""},{"$f":"SUM(G976:G979)","v":10.622387},null,0]
[null,null,"FITA VEDA ROSCA EM ROLOS DE 18 MM X 50 M (L X C)","UN",1.06E-2,13.661,{"$f":"IF(ISNUMBER(F977),E977*F977,\"\")","v":0.14480660000000001},null,null,0]
[null,null,"Encanador ou Bombeiro Hidráulico com Encargos Complementares","h",0.22120000000000001,26.4575,{"$f":"IF(ISNUMBER(F978),E978*F978,\"\")","v":5.8523990000000001},null,null,0]
[null,null,"Auxiliar de encanador ou bombeiro hidráulico com encargos complementares","h",0.22120000000000001,20.909500000000001,{"$f":"IF(ISNUMBER(F979),E979*F979,\"\")","v":4.6251814000000007},null,null,0]
[null,null,null,null,null,"",{"$f":"IF(ISNUMBER(F980),E980*F980,\"\")","v":""},null,null,0]
["SF-00176",{"$f":"INDEX(Orçamentária!A:B,MATCH(Composições!A981,Orçamentária!A:A,0),2)","v":"Caixa sifonada de PVC DN 150mm"},null,"un",null,"",{"$f":"IF(ISNUMBER(F981),E981*F981,\"\")","v":""},null,null,1]
[null,null,null,null,null,"",{"$f":"IF(ISNUMBER(F982),E982*F982,\"\")","v":""},null,null,1]
[null,null,"Auxiliar de encanador ou bombeiro hidráulico com encargos complementares","h",0.38,20.909500000000001,{"$f":"IF(ISNUMBER(F983),E983*F983,\"\")","v":7.9456100000000003},{"$f":"SUM(G983:G990)","v":109.2411973},null,1]
[null,null,"Encanador ou Bombeiro Hidráulico com Encargos Complementares","h",0.38,26.4575,{"$f":"IF(ISNUMBER(F984),E984*F984,\"\")","v":10.053850000000001},null,null,1]
[null,null,"ADESIVO PLASTICO PARA PVC, FRASCO COM *850* GR","un",1.4800000000000001E-2,62.348499999999994,{"$f":"IF(ISNUMBER(F985),E985*F985,\"\")","v":0.92275779999999996},null,null,1]
[null,null,"ANEL BORRACHA PARA TUBO ESGOTO PREDIAL, DN 75 MM (NBR 5688)","un",1,2.1469999999999998,{"$f":"IF(ISNUMBER(F986),E986*F986,\"\")","v":2.1469999999999998},null,null,1]
[null,null,"Lixa d'agua em folha, grao 100","un",5.7000000000000002E-2,2.1185,{"$f":"IF(ISNUMBER(F987),E987*F987,\"\")","v":0.1207545},null,null,1]
[null,null,"CAIXA SIFONADA, PVC, 150 X *185* X 75 MM, COM GRELHA QUADRADA, BRANCA","un",1,85.69,{"$f":"IF(ISNUMBER(F988),E988*F988,\"\")","v":85.69},null,null,1]
[null,null,"PASTA LUBRIFICANTE PARA TUBOS E CONEXOES COM JUNTA ELASTICA, EMBALAGEM DE *400* GR (USO EM PVC, ACO, POLIETILENO E OUTROS)","un",0.03,25.725999999999996,{"$f":"IF(ISNUMBER(F989),E989*F989,\"\")","v":0.7717799999999998},null,null,1]
[null,null,"SOLUCAO PREPARADORA / LIMPADORA PARA PVC, FRASCO COM 1000 CM3","un",2.2499999999999999E-2,70.641999999999996,{"$f":"IF(ISNUMBER(F990),E990*F990,\"\")","v":1.5894449999999998},null,null,1]
[null,null,null,null,null,"",{"$f":"IF(ISNUMBER(F991),E991*F991,\"\")","v":""},null,null,1]
["SF-00177",{"$f":"INDEX(Orçamentária!A:B,MATCH(Composições!A992,Orçamentária!A:A,0),2)","v":"Caixa sifonada de PVC DN 250mm"},null,"un",null,"",{"$f":"IF(ISNUMBER(F992),E992*F992,\"\")","v":""},null,null,0]
[null,null,null,null,null,"",{"$f":"IF(ISNUMBER(F993),E993*F993,\"\")","v":""},null,null,0]
[null,null,"Auxiliar de encanador ou bombeiro hidráulico com encargos complementares","h",0.38,20.909500000000001,{"$f":"IF(ISNUMBER(F994),E994*F994,\"\")","v":7.9456100000000003},{"$f":"SUM(G994:G1001)","v":149.33119730000001},null,0]
[null,null,"Encanador ou Bombeiro Hidráulico com Encargos Complementares","h",0.38,26.4575,{"$f":"IF(ISNUMBER(F995),E995*F995,\"\")","v":10.053850000000001},null,null,0]
[null,null,"ADESIVO PLASTICO PARA PVC, FRASCO COM *850* GR","un",1.4800000000000001E-2,62.348499999999994,{"$f":"IF(ISNUMBER(F996),E996*F996,\"\")","v":0.92275779999999996},null,null,0]
[null,null,"ANEL BORRACHA PARA TUBO ESGOTO PREDIAL, DN 75 MM (NBR 5688)","un",1,2.1469999999999998,{"$f":"IF(ISNUMBER(F997),E997*F997,\"\")","v":2.1469999999999998},null,null,0]
[null,null,"Lixa d'agua em folha, grao 100","un",5.7000000000000002E-2,2.1185,{"$f":"IF(ISNUMBER(F998),E998*F998,\"\")","v":0.1207545},null,null,0]
[null,null,"CAIXA SIFONADA PVC, 250 X 230 X 75 MM, COM TAMPA CEGA QUADRADA, BRANCA","un",1,125.78,{"$f":"IF(ISNUMBER(F999),E999*F999,\"\")","v":125.78},null,null,0]
[null,null,"PASTA LUBRIFICANTE PARA TUBOS E CONEXOES COM JUNTA ELASTICA, EMBALAGEM DE *400* GR (USO EM PVC, ACO, POLIETILENO E OUTROS)","un",0.03,25.725999999999996,{"$f":"IF(ISNUMBER(F1000),E1000*F1000,\"\")","v":0.7717799999999998},null,null,0]
[null,null,"SOLUCAO PREPARADORA / LIMPADORA PARA PVC, FRASCO COM 1000 CM3","un",2.2499999999999999E-2,70.641999999999996,{"$f":"IF(ISNUMBER(F1001),E1001*F1001,\"\")","v":1.5894449999999998},null,null,0]
[null,null,null,null,null,"",{"$f":"IF(ISNUMBER(F1002),E1002*F1002,\"\")","v":""},null,null,0]
["SF-00178",{"$f":"INDEX(Orçamentária!A:B,MATCH(Composições!A1003,Orçamentária!A:A,0),2)","v":"Grelha quadrada para ralo 10x10cm"},null,"un",null,"",{"$f":"IF(ISNUMBER(F1003),E1003*F1003,\"\")","v":""},null,null,0]
[null,null,null,null,null,"",{"$f":"IF(ISNUMBER(F1004),E1004*F1004,\"\")","v":""},null,null,0]
[null,null,"Grelha quadrada para ralo, com caixilho, dimensões 10x10cm, em Aço polido, ref.: Moldenox ou equivalente","un ",1,"",{"$f":"IF(ISNUMBER(F1005),E1005*F1005,\"\")","v":""},{"$f":"SUM(G1005:G1006)","v":3.0338249999999993},null,0]
[null,null,"Servente com Encargos Complementares","h",0.15,20.225499999999997,{"$f":"IF(ISNUMBER(F1006),E1006*F1006,\"\")","v":3.0338249999999993},null,null,0]
[null,null,null,null,null,"",{"$f":"IF(ISNUMBER(F1007),E1007*F1007,\"\")","v":""},null,null,0]
["SF-00179",{"$f":"INDEX(Orçamentária!A:B,MATCH(Composições!A1008,Orçamentária!A:A,0),2)","v":"Grelha quadrada para ralo 15x15cm"},null,"un",null,"",{"$f":"IF(ISNUMBER(F1008),E1008*F1008,\"\")","v":""},null,null,0]
[null,null,null,null,null,"",{"$f":"IF(ISNUMBER(F1009),E1009*F1009,\"\")","v":""},null,null,0]
[null,null,"Grelha quadrada para ralo, com caixilho, dimensões 15x15cm, em Aço polido, ref.: Moldenox ou equivalente","un ",1,2021.56,{"$f":"IF(ISNUMBER(F1010),E1010*F1010,\"\")","v":2021.56},{"$f":"SUM(G1010:G1011)","v":2024.5938249999999},null,0]
[null,null,"Servente com Encargos Complementares","h",0.15,20.225499999999997,{"$f":"IF(ISNUMBER(F1011),E1011*F1011,\"\")","v":3.0338249999999993},null,null,0]
[null,null,null,null,null,"",{"$f":"IF(ISNUMBER(F1012),E1012*F1012,\"\")","v":""},null,null,0]
["SF-00180",{"$f":"INDEX(Orçamentária!A:B,MATCH(Composições!A1013,Orçamentária!A:A,0),2)","v":"Ralo seco PVC DN 100x40mm"},null,"un",null,"",{"$f":"IF(ISNUMBER(F1013),E1013*F1013,\"\")","v":""},null,null,0]
[null,null,null,null,null,"",{"$f":"IF(ISNUMBER(F1014),E1014*F1014,\"\")","v":""},null,null,0]
[null,null,"Auxiliar de encanador ou bombeiro hidráulico com encargos complementares","h",7.0000000000000007E-2,20.909500000000001,{"$f":"IF(ISNUMBER(F1015),E1015*F1015,\"\")","v":1.4636650000000002},{"$f":"SUM(G1015:G1020)","v":15.96702715},null,0]
[null,null,"Encanador ou Bombeiro Hidráulico com Encargos Complementares","h",7.0000000000000007E-2,26.4575,{"$f":"IF(ISNUMBER(F1016),E1016*F1016,\"\")","v":1.8520250000000003},null,null,0]
[null,null,"ADESIVO PLASTICO PARA PVC, FRASCO COM *850* GR","un",4.8999999999999998E-3,62.348499999999994,{"$f":"IF(ISNUMBER(F1017),E1017*F1017,\"\")","v":0.30550764999999996},null,null,0]
[null,null,"Lixa d'agua em folha, grao 100","un",1.7000000000000001E-2,2.1185,{"$f":"IF(ISNUMBER(F1018),E1018*F1018,\"\")","v":3.6014500000000005E-2},null,null,0]
[null,null,"RALO SECO CONICO, PVC, 100 X 40 MM, COM GRELHA REDONDA BRANCA","un",1,11.78,{"$f":"IF(ISNUMBER(F1019),E1019*F1019,\"\")","v":11.78},null,null,0]
[null,null,"SOLUCAO PREPARADORA / LIMPADORA PARA PVC, FRASCO COM 1000 CM3","un",7.4999999999999997E-3,70.641999999999996,{"$f":"IF(ISNUMBER(F1020),E1020*F1020,\"\")","v":0.52981499999999992},null,null,0]
[null,null,null,null,null,"",{"$f":"IF(ISNUMBER(F1021),E1021*F1021,\"\")","v":""},null,null,0]
["SF-00181",{"$f":"INDEX(Orçamentária!A:B,MATCH(Composições!A1022,Orçamentária!A:A,0),2)","v":"Assento para bacia convencional"},null,"un",null,"",{"$f":"IF(ISNUMBER(F1022),E1022*F1022,\"\")","v":""},null,null,0]
[null,null,null,null,null,"",{"$f":"IF(ISNUMBER(F1023),E1023*F1023,\"\")","v":""},null,null,0]
[null,null,"Assento poliéster com fixação cromada na cor branco gelo, ref: AP.75.17 – Linha Fast/Aspen – Deca ou equivalente","un ",1,685.82,{"$f":"IF(ISNUMBER(F1024),E1024*F1024,\"\")","v":685.82},{"$f":"SUM(G1024:G1025)","v":687.84255000000007},null,0]
[null,null,"Servente com Encargos Complementares","h",0.1,20.225499999999997,{"$f":"IF(ISNUMBER(F1025),E1025*F1025,\"\")","v":2.0225499999999998},null,null,0]
[null,null,null,null,null,"",{"$f":"IF(ISNUMBER(F1026),E1026*F1026,\"\")","v":""},null,null,0]
["SF-00182",{"$f":"INDEX(Orçamentária!A:B,MATCH(Composições!A1027,Orçamentária!A:A,0),2)","v":"Bacia convencional – Linha Administrativa"},null,"un",null,"",{"$f":"IF(ISNUMBER(F1027),E1027*F1027,\"\")","v":""},null,null,0]
[null,null,null,null,null,"",{"$f":"IF(ISNUMBER(F1028),E1028*F1028,\"\")","v":""},null,null,0]
[null,null,"BACIA SANITARIA (VASO) CONVENCIONAL, DE LOUCA BRANCA, SIFAO APARENTE, SAIDA VERTICAL (SEM ASSENTO)","UN",1,184.376,{"$f":"IF(ISNUMBER(F1029),E1029*F1029,\"\")","v":184.376},{"$f":"SUM(G1029:G1035)","v":270.58256725000001},null,0]
[null,null,"Tubo de ligação para bacia sanitária em PVC, com acabamento cromado, ajustável ou não. Ref.: DECA 1968C ou equivalente","un",1,"",{"$f":"IF(ISNUMBER(F1030),E1030*F1030,\"\")","v":""},null,null,0]
[null,null,"Parafuso niquelado com acabamento cromado para fixar peca sanitaria, inclui porca cega, arruela e bucha de nylon tamanho S-10","UN",2,22.695499999999999,{"$f":"IF(ISNUMBER(F1031),E1031*F1031,\"\")","v":45.390999999999998},null,null,0]
[null,null,"ANEL DE VEDACAO, PVC FLEXIVEL, 100 MM, PARA SAIDA DE BACIA / VASO SANITARIO","un",1,14.3925,{"$f":"IF(ISNUMBER(F1032),E1032*F1032,\"\")","v":14.3925},null,null,0]
[null,null,"Rejunte epoxi, qualquer cor","kg",8.8099999999999998E-2,70.489999999999995,{"$f":"IF(ISNUMBER(F1033),E1033*F1033,\"\")","v":6.2101689999999996},null,null,0]
[null,null,"Encanador ou Bombeiro Hidráulico com Encargos Complementares","h",0.49680000000000002,26.4575,{"$f":"IF(ISNUMBER(F1034),E1034*F1034,\"\")","v":13.144086},null,null,0]
[null,null,"Servente com Encargos Complementares","h",0.34949999999999998,20.225499999999997,{"$f":"IF(ISNUMBER(F1035),E1035*F1035,\"\")","v":7.0688122499999988},null,null,0]
[null,null,null,null,null,"",{"$f":"IF(ISNUMBER(F1036),E1036*F1036,\"\")","v":""},null,null,0]
["SF-00183",{"$f":"INDEX(Orçamentária!A:B,MATCH(Composições!A1037,Orçamentária!A:A,0),2)","v":"Bacia convencional com saída horizontal"},null,"un",null,"",{"$f":"IF(ISNUMBER(F1037),E1037*F1037,\"\")","v":""},null,null,0]
[null,null,null,null,null,"",{"$f":"IF(ISNUMBER(F1038),E1038*F1038,\"\")","v":""},null,null,0]
[null,null,"Bacia convencional com saída horizontal (Modelo P.90.17 – Linha Ravena – Deca)","un ",1,"",{"$f":"IF(ISNUMBER(F1039),E1039*F1039,\"\")","v":""},{"$f":"SUM(G1039:G1044)","v":86.206567249999992},null,0]
[null,null,"Parafuso niquelado com acabamento cromado para fixar peca sanitaria, inclui porca cega, arruela e bucha de nylon tamanho S-10","UN",2,22.695499999999999,{"$f":"IF(ISNUMBER(F1040),E1040*F1040,\"\")","v":45.390999999999998},null,null,0]
[null,null,"ANEL DE VEDACAO, PVC FLEXIVEL, 100 MM, PARA SAIDA DE BACIA / VASO SANITARIO","un",1,14.3925,{"$f":"IF(ISNUMBER(F1041),E1041*F1041,\"\")","v":14.3925},null,null,0]
[null,null,"Rejunte epoxi, qualquer cor","kg",8.8099999999999998E-2,70.489999999999995,{"$f":"IF(ISNUMBER(F1042),E1042*F1042,\"\")","v":6.2101689999999996},null,null,0]
[null,null,"Encanador ou Bombeiro Hidráulico com Encargos Complementares","h",0.49680000000000002,26.4575,{"$f":"IF(ISNUMBER(F1043),E1043*F1043,\"\")","v":13.144086},null,null,0]
[null,null,"Servente com Encargos Complementares","h",0.34949999999999998,20.225499999999997,{"$f":"IF(ISNUMBER(F1044),E1044*F1044,\"\")","v":7.0688122499999988},null,null,0]
[null,null,null,null,null,"",{"$f":"IF(ISNUMBER(F1045),E1045*F1045,\"\")","v":""},null,null,0]
["SF-00184",{"$f":"INDEX(Orçamentária!A:B,MATCH(Composições!A1046,Orçamentária!A:A,0),2)","v":"Cuba oval de embutir"},null,"un",null,"",{"$f":"IF(ISNUMBER(F1046),E1046*F1046,\"\")","v":""},null,null,0]
[null,null,null,null,null,"",{"$f":"IF(ISNUMBER(F1047),E1047*F1047,\"\")","v":""},null,null,0]
[null,null,"Cuba oval de embutir, mod.: L37, cor branca ref: DECA ou equivalente","un ",1,"",{"$f":"IF(ISNUMBER(F1048),E1048*F1048,\"\")","v":""},{"$f":"SUM(G1048:G1051)","v":46.800577700000005},null,0]
[null,null,"Massa plastica para marmore/granito","kg",0.52710000000000001,35.1785,{"$f":"IF(ISNUMBER(F1049),E1049*F1049,\"\")","v":18.542587350000002},null,null,0]
[null,null,"Servente com Encargos Complementares","h",0.26650000000000001,20.225499999999997,{"$f":"IF(ISNUMBER(F1050),E1050*F1050,\"\")","v":5.3900957499999995},null,null,0]
[null,null,"Marmorista/graniteiro com encargos complementares","h",0.8458,27.036999999999999,{"$f":"IF(ISNUMBER(F1051),E1051*F1051,\"\")","v":22.8678946},null,null,0]
[null,null,null,null,null,"",{"$f":"IF(ISNUMBER(F1052),E1052*F1052,\"\")","v":""},null,null,0]
["SF-00185",{"$f":"INDEX(Orçamentária!A:B,MATCH(Composições!A1053,Orçamentária!A:A,0),2)","v":"Cuba retangular em aço inox"},null,"un",null,"",{"$f":"IF(ISNUMBER(F1053),E1053*F1053,\"\")","v":""},null,null,0]
[null,null,null,null,null,"",{"$f":"IF(ISNUMBER(F1054),E1054*F1054,\"\")","v":""},null,null,0]
[null,null,"Cuba retangular com as dimensões 0,34x0,40x0,18m, em aço Inox AISI 304 com acabamento em alto brilho, com válvula de escoamento, ref: Franke 12646 ou equivalente","un ",1,"",{"$f":"IF(ISNUMBER(F1055),E1055*F1055,\"\")","v":""},{"$f":"SUM(G1055:G1058)","v":26.411464899999999},null,0]
[null,null,"Massa plastica para marmore/granito","kg",0.2974,35.1785,{"$f":"IF(ISNUMBER(F1056),E1056*F1056,\"\")","v":10.4620859},null,null,0]
[null,null,"Marmorista/graniteiro com encargos complementares","h",0.47739999999999999,27.036999999999999,{"$f":"IF(ISNUMBER(F1057),E1057*F1057,\"\")","v":12.907463799999999},null,null,0]
[null,null,"Servente com Encargos Complementares","h",0.15040000000000001,20.225499999999997,{"$f":"IF(ISNUMBER(F1058),E1058*F1058,\"\")","v":3.0419151999999996},null,null,0]
[null,null,null,null,null,"",{"$f":"IF(ISNUMBER(F1059),E1059*F1059,\"\")","v":""},null,null,0]
["SF-00186",{"$f":"INDEX(Orçamentária!A:B,MATCH(Composições!A1060,Orçamentária!A:A,0),2)","v":"Cuba semiencaixe quadrada com mesa"},null,"un",null,"",{"$f":"IF(ISNUMBER(F1060),E1060*F1060,\"\")","v":""},null,null,0]
[null,null,null,null,null,"",{"$f":"IF(ISNUMBER(F1061),E1061*F1061,\"\")","v":""},null,null,0]
[null,null,"Cuba semi-encaixe com mesa, mod.: L830 ref: DECA ou equivalente","un ",1,"",{"$f":"IF(ISNUMBER(F1062),E1062*F1062,\"\")","v":""},{"$f":"SUM(G1062:G1065)","v":46.800577700000005},null,0]
[null,null,"Massa plastica para marmore/granito","kg",0.52710000000000001,35.1785,{"$f":"IF(ISNUMBER(F1063),E1063*F1063,\"\")","v":18.542587350000002},null,null,0]
[null,null,"Servente com Encargos Complementares","h",0.26650000000000001,20.225499999999997,{"$f":"IF(ISNUMBER(F1064),E1064*F1064,\"\")","v":5.3900957499999995},null,null,0]
[null,null,"Marmorista/graniteiro com encargos complementares","h",0.8458,27.036999999999999,{"$f":"IF(ISNUMBER(F1065),E1065*F1065,\"\")","v":22.8678946},null,null,0]
[null,null,null,null,null,"",{"$f":"IF(ISNUMBER(F1066),E1066*F1066,\"\")","v":""},null,null,0]
["SF-00187",{"$f":"INDEX(Orçamentária!A:B,MATCH(Composições!A1067,Orçamentária!A:A,0),2)","v":"Instalação de lavatório reaproveitado"},null,"un",null,"",{"$f":"IF(ISNUMBER(F1067),E1067*F1067,\"\")","v":""},null,null,0]
[null,null,null,null,null,"",{"$f":"IF(ISNUMBER(F1068),E1068*F1068,\"\")","v":""},null,null,0]
[null,null,"Parafuso niquelado 3 1/2\" com acabamento cromado para fixar peca sanitaria, inclui porca cega, arruela e bucha de nylon tamanho S-8","UN",2,16.8245,{"$f":"IF(ISNUMBER(F1069),E1069*F1069,\"\")","v":33.649000000000001},{"$f":"SUM(G1069:G1072)","v":49.845477799999998},null,0]
[null,null,"Rejunte epoxi, qualquer cor","kg",3.04E-2,70.489999999999995,{"$f":"IF(ISNUMBER(F1070),E1070*F1070,\"\")","v":2.1428959999999999},null,null,0]
[null,null,"Encanador ou Bombeiro Hidráulico com Encargos Complementares","h",0.38700000000000001,26.4575,{"$f":"IF(ISNUMBER(F1071),E1071*F1071,\"\")","v":10.2390525},null,null,0]
[null,null,"Servente com Encargos Complementares","h",0.18859999999999999,20.225499999999997,{"$f":"IF(ISNUMBER(F1072),E1072*F1072,\"\")","v":3.8145292999999993},null,null,0]
[null,null,null,null,null,"",{"$f":"IF(ISNUMBER(F1073),E1073*F1073,\"\")","v":""},null,null,0]
["SF-00188",{"$f":"INDEX(Orçamentária!A:B,MATCH(Composições!A1074,Orçamentária!A:A,0),2)","v":"Instalação de mictório reaproveitado"},null,"un",null,"",{"$f":"IF(ISNUMBER(F1074),E1074*F1074,\"\")","v":""},null,null,0]
[null,null,null,null,null,"",{"$f":"IF(ISNUMBER(F1075),E1075*F1075,\"\")","v":""},null,null,0]
[null,null,"Parafuso niquelado 3 1/2\" com acabamento cromado para fixar peca sanitaria, inclui porca cega, arruela e bucha de nylon tamanho S-8","UN",2,16.8245,{"$f":"IF(ISNUMBER(F1076),E1076*F1076,\"\")","v":33.649000000000001},{"$f":"SUM(G1076:G1079)","v":50.347895749999999},null,0]
[null,null,"Fita veda rosca em rolos de 18 mm x 10 m (L x C)","UN",3.6499999999999998E-2,3.7049999999999996,{"$f":"IF(ISNUMBER(F1077),E1077*F1077,\"\")","v":0.13523249999999998},null,null,0]
[null,null,"Servente com Encargos Complementares","h",{"$f":"ROUND(0.3179/2,4)","v":0.159},20.225499999999997,{"$f":"IF(ISNUMBER(F1078),E1078*F1078,\"\")","v":3.2158544999999994},null,null,0]
[null,null,"Encanador ou Bombeiro Hidráulico com Encargos Complementares","h",{"$f":"1.009/2","v":0.50449999999999995},26.4575,{"$f":"IF(ISNUMBER(F1079),E1079*F1079,\"\")","v":13.347808749999999},null,null,0]
[null,null,null,null,null,"",{"$f":"IF(ISNUMBER(F1080),E1080*F1080,\"\")","v":""},null,null,0]
[null,null,"Obs.: Redução do coeficiente de MO, considerando que esse serviço não inclui engate flexível e válvula de descarga.",null,null,"",{"$f":"IF(ISNUMBER(F1081),E1081*F1081,\"\")","v":""},null,null,0]
[null,null,null,null,null,"",{"$f":"IF(ISNUMBER(F1082),E1082*F1082,\"\")","v":""},null,null,0]
["SF-00189",{"$f":"INDEX(Orçamentária!A:B,MATCH(Composições!A1083,Orçamentária!A:A,0),2)","v":"Instalação de vaso sanitário reaproveitado"},null,"un",null,"",{"$f":"IF(ISNUMBER(F1083),E1083*F1083,\"\")","v":""},null,null,0]
[null,null,null,null,null,"",{"$f":"IF(ISNUMBER(F1084),E1084*F1084,\"\")","v":""},null,null,0]
[null,null,"Parafuso niquelado com acabamento cromado para fixar peca sanitaria, inclui porca cega, arruela e bucha de nylon tamanho S-10","UN",2,22.695499999999999,{"$f":"IF(ISNUMBER(F1085),E1085*F1085,\"\")","v":45.390999999999998},{"$f":"SUM(G1085:G1089)","v":86.206567249999992},null,0]
[null,null,"ANEL DE VEDACAO, PVC FLEXIVEL, 100 MM, PARA SAIDA DE BACIA / VASO SANITARIO","un",1,14.3925,{"$f":"IF(ISNUMBER(F1086),E1086*F1086,\"\")","v":14.3925},null,null,0]
[null,null,"Rejunte epoxi, qualquer cor","kg",8.8099999999999998E-2,70.489999999999995,{"$f":"IF(ISNUMBER(F1087),E1087*F1087,\"\")","v":6.2101689999999996},null,null,0]
[null,null,"Encanador ou Bombeiro Hidráulico com Encargos Complementares","h",0.49680000000000002,26.4575,{"$f":"IF(ISNUMBER(F1088),E1088*F1088,\"\")","v":13.144086},null,null,0]
[null,null,"Servente com Encargos Complementares","h",0.34949999999999998,20.225499999999997,{"$f":"IF(ISNUMBER(F1089),E1089*F1089,\"\")","v":7.0688122499999988},null,null,0]
[null,null,null,null,null,"",{"$f":"IF(ISNUMBER(F1090),E1090*F1090,\"\")","v":""},null,null,0]
["SF-00190",{"$f":"INDEX(Orçamentária!A:B,MATCH(Composições!A1091,Orçamentária!A:A,0),2)","v":"Lavatório suspenso"},null,"un",null,"",{"$f":"IF(ISNUMBER(F1091),E1091*F1091,\"\")","v":""},null,null,0]
[null,null,null,null,null,"",{"$f":"IF(ISNUMBER(F1092),E1092*F1092,\"\")","v":""},null,null,0]
[null,null,"LAVATORIO DE LOUCA BRANCA, SUSPENSO (SEM COLUNA), DIMENSOES *40 X 30* CM","UN",1,83.476500000000001,{"$f":"IF(ISNUMBER(F1093),E1093*F1093,\"\")","v":83.476500000000001},{"$f":"SUM(G1093:G1097)","v":133.32197780000001},null,0]
[null,null,"Parafuso niquelado 3 1/2\" com acabamento cromado para fixar peca sanitaria, inclui porca cega, arruela e bucha de nylon tamanho S-8","UN",2,16.8245,{"$f":"IF(ISNUMBER(F1094),E1094*F1094,\"\")","v":33.649000000000001},null,null,0]
[null,null,"Rejunte epoxi, qualquer cor","kg",3.04E-2,70.489999999999995,{"$f":"IF(ISNUMBER(F1095),E1095*F1095,\"\")","v":2.1428959999999999},null,null,0]
[null,null,"Encanador ou Bombeiro Hidráulico com Encargos Complementares","h",0.38700000000000001,26.4575,{"$f":"IF(ISNUMBER(F1096),E1096*F1096,\"\")","v":10.2390525},null,null,0]
[null,null,"Servente com Encargos Complementares","h",0.18859999999999999,20.225499999999997,{"$f":"IF(ISNUMBER(F1097),E1097*F1097,\"\")","v":3.8145292999999993},null,null,0]
[null,null,null,null,null,"",{"$f":"IF(ISNUMBER(F1098),E1098*F1098,\"\")","v":""},null,null,0]
["SF-00191",{"$f":"INDEX(Orçamentária!A:B,MATCH(Composições!A1099,Orçamentária!A:A,0),2)","v":"Mictório – Linha Administrativa"},null,"un",null,"",{"$f":"IF(ISNUMBER(F1099),E1099*F1099,\"\")","v":""},null,null,0]
[null,null,null,null,null,"",{"$f":"IF(ISNUMBER(F1100),E1100*F1100,\"\")","v":""},null,null,0]
[null,null,"MICTORIO INDICUDUAL, SIFONADO, LOUCA BRANCA, SEM COMPLEMENTOS","UN",1,321.0145,{"$f":"IF(ISNUMBER(F1101),E1101*F1101,\"\")","v":321.0145},{"$f":"SUM(G1101:G1105)","v":371.36239574999996},null,0]
[null,null,"Parafuso niquelado 3 1/2\" com acabamento cromado para fixar peca sanitaria, inclui porca cega, arruela e bucha de nylon tamanho S-8","UN",2,16.8245,{"$f":"IF(ISNUMBER(F1102),E1102*F1102,\"\")","v":33.649000000000001},null,null,0]
[null,null,"Fita veda rosca em rolos de 18 mm x 10 m (L x C)","UN",3.6499999999999998E-2,3.7049999999999996,{"$f":"IF(ISNUMBER(F1103),E1103*F1103,\"\")","v":0.13523249999999998},null,null,0]
[null,null,"Servente com Encargos Complementares","h",{"$f":"ROUND(0.3179/2,4)","v":0.159},20.225499999999997,{"$f":"IF(ISNUMBER(F1104),E1104*F1104,\"\")","v":3.2158544999999994},null,null,0]
[null,null,"Encanador ou Bombeiro Hidráulico com Encargos Complementares","h",{"$f":"1.009/2","v":0.50449999999999995},26.4575,{"$f":"IF(ISNUMBER(F1105),E1105*F1105,\"\")","v":13.347808749999999},null,null,0]
[null,null,null,null,null,"",{"$f":"IF(ISNUMBER(F1106),E1106*F1106,\"\")","v":""},null,null,0]
[null,null,"Obs.: Redução do coeficiente de MO, considerando que esse serviço não inclui engate flexível e válvula de descarga.",null,null,"",{"$f":"IF(ISNUMBER(F1107),E1107*F1107,\"\")","v":""},null,null,0]
[null,null,null,null,null,"",{"$f":"IF(ISNUMBER(F1108),E1108*F1108,\"\")","v":""},null,null,0]
["SF-00192",{"$f":"INDEX(Orçamentária!A:B,MATCH(Composições!A1109,Orçamentária!A:A,0),2)","v":"Tanque 38 litros"},null,"un",null,"",{"$f":"IF(ISNUMBER(F1109),E1109*F1109,\"\")","v":""},null,null,0]
[null,null,null,null,null,"",{"$f":"IF(ISNUMBER(F1110),E1110*F1110,\"\")","v":""},null,null,0]
[null,null,"Tanque de louça com capacidade de 38 litros na cor branca, suspenso, sem coluna","un ",1,"",{"$f":"IF(ISNUMBER(F1111),E1111*F1111,\"\")","v":""},{"$f":"SUM(G1111:G1115)","v":98.780756799999992},null,0]
[null,null,"Parafuso niquelado 3 1/2\" com acabamento cromado para fixar peca sanitaria, inclui porca cega, arruela e bucha de nylon tamanho S-8","UN",4,16.8245,{"$f":"IF(ISNUMBER(F1112),E1112*F1112,\"\")","v":67.298000000000002},null,null,0]
[null,null,"Rejunte epoxi, qualquer cor","kg",3.9E-2,70.489999999999995,{"$f":"IF(ISNUMBER(F1113),E1113*F1113,\"\")","v":2.7491099999999999},null,null,0]
[null,null,"Encanador ou Bombeiro Hidráulico com Encargos Complementares","h",0.8226,26.4575,{"$f":"IF(ISNUMBER(F1114),E1114*F1114,\"\")","v":21.763939499999999},null,null,0]
[null,null,"Servente com Encargos Complementares","h",0.34460000000000002,20.225499999999997,{"$f":"IF(ISNUMBER(F1115),E1115*F1115,\"\")","v":6.9697072999999996},null,null,0]
[null,null,null,null,null,"",{"$f":"IF(ISNUMBER(F1116),E1116*F1116,\"\")","v":""},null,null,0]
["SF-00193",{"$f":"INDEX(Orçamentária!A:B,MATCH(Composições!A1117,Orçamentária!A:A,0),2)","v":"Acabamento para registro GD"},null,"un",null,"",{"$f":"IF(ISNUMBER(F1117),E1117*F1117,\"\")","v":""},null,null,0]
[null,null,null,null,null,"",{"$f":"IF(ISNUMBER(F1118),E1118*F1118,\"\")","v":""},null,null,0]
[null,null,"Acabamento para registro de gaveta de 1 ¼” a 1 ½” (GD), cromado. Ref.: Modelo 4900.C35.GD – Linha Aspen – Deca","un ",1,"",{"$f":"IF(ISNUMBER(F1119),E1119*F1119,\"\")","v":""},{"$f":"SUM(G1119:G1120)","v":2.1166},null,0]
[null,null,"Encanador ou Bombeiro Hidráulico com Encargos Complementares","h",0.08,26.4575,{"$f":"IF(ISNUMBER(F1120),E1120*F1120,\"\")","v":2.1166},null,null,0]
[null,null,null,null,null,"",{"$f":"IF(ISNUMBER(F1121),E1121*F1121,\"\")","v":""},null,null,0]
["SF-00194",{"$f":"INDEX(Orçamentária!A:B,MATCH(Composições!A1122,Orçamentária!A:A,0),2)","v":"Acabamento para registro PQ"},null,"un",null,"",{"$f":"IF(ISNUMBER(F1122),E1122*F1122,\"\")","v":""},null,null,1]
[null,null,null,null,null,"",{"$f":"IF(ISNUMBER(F1123),E1123*F1123,\"\")","v":""},null,null,1]
[null,null,"Acabamento para registro de gaveta e pressão até 1” (PQ), cromado. Ref.: Modelo, 4900.C35.PQ – Linha Aspen – Deca","un ",1,49.9,{"$f":"IF(ISNUMBER(F1124),E1124*F1124,\"\")","v":49.9},{"$f":"SUM(G1124:G1125)","v":52.016599999999997},null,1]
[null,null,"Encanador ou Bombeiro Hidráulico com Encargos Complementares","h",0.08,26.4575,{"$f":"IF(ISNUMBER(F1125),E1125*F1125,\"\")","v":2.1166},null,null,1]
[null,null,null,null,null,"",{"$f":"IF(ISNUMBER(F1126),E1126*F1126,\"\")","v":""},null,null,1]
["SF-00195",{"$f":"INDEX(Orçamentária!A:B,MATCH(Composições!A1127,Orçamentária!A:A,0),2)","v":"Ducha higiênica"},null,"un",null,"",{"$f":"IF(ISNUMBER(F1127),E1127*F1127,\"\")","v":""},null,null,0]
[null,null,null,null,null,"",{"$f":"IF(ISNUMBER(F1128),E1128*F1128,\"\")","v":""},null,null,0]
[null,null,"Ducha higiênica com registro e derivação, com gatilho branco e flexível de 1,2m. Ref.: Modelo 1984.C35.ACT – Linha Aspen – Deca","un ",1,"",{"$f":"IF(ISNUMBER(F1129),E1129*F1129,\"\")","v":""},{"$f":"SUM(G1129:G1131)","v":23.683500000000002},null,0]
[null,null,"Encanador ou Bombeiro Hidráulico com Encargos Complementares","h",0.5,26.4575,{"$f":"IF(ISNUMBER(F1130),E1130*F1130,\"\")","v":13.22875},null,null,0]
[null,null,"Auxiliar de encanador ou bombeiro hidráulico com encargos complementares","h",0.5,20.909500000000001,{"$f":"IF(ISNUMBER(F1131),E1131*F1131,\"\")","v":10.454750000000001},null,null,0]
[null,null,null,null,null,"",{"$f":"IF(ISNUMBER(F1132),E1132*F1132,\"\")","v":""},null,null,0]
["SF-00196",{"$f":"INDEX(Orçamentária!A:B,MATCH(Composições!A1133,Orçamentária!A:A,0),2)","v":"Instalação de metais e acessórios reaproveitados"},null,"un",null,"",{"$f":"IF(ISNUMBER(F1133),E1133*F1133,\"\")","v":""},null,null,0]
[null,null,null,null,null,"",{"$f":"IF(ISNUMBER(F1134),E1134*F1134,\"\")","v":""},null,null,0]
[null,null,"Encanador ou Bombeiro Hidráulico com Encargos Complementares","h",0.16209999999999999,26.4575,{"$f":"IF(ISNUMBER(F1135),E1135*F1135,\"\")","v":4.2887607499999998},{"$f":"SUM(G1135:G1136)","v":4.7634064},null,0]
[null,null,"Auxiliar de encanador ou bombeiro hidráulico com encargos complementares","h",2.2700000000000001E-2,20.909500000000001,{"$f":"IF(ISNUMBER(F1136),E1136*F1136,\"\")","v":0.47464565000000009},null,null,0]
[null,null,null,null,null,"",{"$f":"IF(ISNUMBER(F1137),E1137*F1137,\"\")","v":""},null,null,0]
["SF-00197",{"$f":"INDEX(Orçamentária!A:B,MATCH(Composições!A1138,Orçamentária!A:A,0),2)","v":"Ligação flexível 1/2” x 40 cm"},null,"un",null,"",{"$f":"IF(ISNUMBER(F1138),E1138*F1138,\"\")","v":""},null,null,0]
[null,null,null,null,null,"",{"$f":"IF(ISNUMBER(F1139),E1139*F1139,\"\")","v":""},null,null,0]
[null,null,"Engate / rabicho flexivel inox 1/2 \" x 40 cm","UN",1,37.334999999999994,{"$f":"IF(ISNUMBER(F1140),E1140*F1140,\"\")","v":37.334999999999994},{"$f":"SUM(G1140:G1143)","v":42.379737499999997},null,0]
[null,null,"Fita veda rosca em rolos de 18 mm x 10 m (L x C)","UN",1.7500000000000002E-2,3.7049999999999996,{"$f":"IF(ISNUMBER(F1141),E1141*F1141,\"\")","v":6.4837500000000006E-2},null,null,0]
[null,null,"Encanador ou Bombeiro Hidráulico com Encargos Complementares","h",0.15,26.4575,{"$f":"IF(ISNUMBER(F1142),E1142*F1142,\"\")","v":3.9686249999999998},null,null,0]
[null,null,"Servente com Encargos Complementares","h",0.05,20.225499999999997,{"$f":"IF(ISNUMBER(F1143),E1143*F1143,\"\")","v":1.0112749999999999},null,null,0]
[null,null,null,null,null,"",{"$f":"IF(ISNUMBER(F1144),E1144*F1144,\"\")","v":""},null,null,0]
["SF-00198",{"$f":"INDEX(Orçamentária!A:B,MATCH(Composições!A1145,Orçamentária!A:A,0),2)","v":"Sifão articulado para cozinha"},null,"un",null,"",{"$f":"IF(ISNUMBER(F1145),E1145*F1145,\"\")","v":""},null,null,0]
[null,null,null,null,null,"",{"$f":"IF(ISNUMBER(F1146),E1146*F1146,\"\")","v":""},null,null,0]
[null,null,"Sifão regulável com tubo de saída corrugado para cozinha, cromado.  Ref.: Modelo VSM182 – Esteves","un ",1,"",{"$f":"IF(ISNUMBER(F1147),E1147*F1147,\"\")","v":""},{"$f":"SUM(G1147:G1150)","v":9.0999245999999978},null,0]
[null,null,"Fita veda rosca em rolos de 18 mm x 10 m (L x C)","UN",3.32E-2,3.7049999999999996,{"$f":"IF(ISNUMBER(F1148),E1148*F1148,\"\")","v":0.12300599999999999},null,null,0]
[null,null,"Servente com Encargos Complementares","h",8.6199999999999999E-2,20.225499999999997,{"$f":"IF(ISNUMBER(F1149),E1149*F1149,\"\")","v":1.7434380999999997},null,null,0]
[null,null,"Encanador ou Bombeiro Hidráulico com Encargos Complementares","h",0.27339999999999998,26.4575,{"$f":"IF(ISNUMBER(F1150),E1150*F1150,\"\")","v":7.2334804999999989},null,null,0]
[null,null,null,null,null,"",{"$f":"IF(ISNUMBER(F1151),E1151*F1151,\"\")","v":""},null,null,0]
["SF-00199",{"$f":"INDEX(Orçamentária!A:B,MATCH(Composições!A1152,Orçamentária!A:A,0),2)","v":"Sifão para lavatório 1 1/2\""},null,"un",null,"",{"$f":"IF(ISNUMBER(F1152),E1152*F1152,\"\")","v":""},null,null,0]
[null,null,null,null,null,"",{"$f":"IF(ISNUMBER(F1153),E1153*F1153,\"\")","v":""},null,null,0]
[null,null,"Sifao em metal cromado para pia ou lavatorio, 1 x 1.1/2 \"","UN",1,148.751,{"$f":"IF(ISNUMBER(F1154),E1154*F1154,\"\")","v":148.751},{"$f":"SUM(G1154:G1157)","v":157.90007},null,0]
[null,null,"Fita veda rosca em rolos de 18 mm x 10 m (L x C)","UN",0.05,3.7049999999999996,{"$f":"IF(ISNUMBER(F1155),E1155*F1155,\"\")","v":0.18525},null,null,0]
[null,null,"Encanador ou Bombeiro Hidráulico com Encargos Complementares","h",0.27,26.4575,{"$f":"IF(ISNUMBER(F1156),E1156*F1156,\"\")","v":7.1435250000000003},null,null,0]
[null,null,"Servente com Encargos Complementares","h",0.09,20.225499999999997,{"$f":"IF(ISNUMBER(F1157),E1157*F1157,\"\")","v":1.8202949999999996},null,null,0]
[null,null,null,null,null,"",{"$f":"IF(ISNUMBER(F1158),E1158*F1158,\"\")","v":""},null,null,0]
["SF-00200",{"$f":"INDEX(Orçamentária!A:B,MATCH(Composições!A1159,Orçamentária!A:A,0),2)","v":"Sifão para tanque"},null,"un",null,"",{"$f":"IF(ISNUMBER(F1159),E1159*F1159,\"\")","v":""},null,null,0]
[null,null,null,null,null,"",{"$f":"IF(ISNUMBER(F1160),E1160*F1160,\"\")","v":""},null,null,0]
[null,null,"Fita veda rosca em rolos de 18 mm x 10 m (L x C)","UN",3.32E-2,3.7049999999999996,{"$f":"IF(ISNUMBER(F1161),E1161*F1161,\"\")","v":0.12300599999999999},{"$f":"SUM(G1161:G1164)","v":166.63842460000001},null,0]
[null,null,"Servente com Encargos Complementares","h",8.6199999999999999E-2,20.225499999999997,{"$f":"IF(ISNUMBER(F1162),E1162*F1162,\"\")","v":1.7434380999999997},null,null,0]
[null,null,"Encanador ou Bombeiro Hidráulico com Encargos Complementares","h",0.27339999999999998,26.4575,{"$f":"IF(ISNUMBER(F1163),E1163*F1163,\"\")","v":7.2334804999999989},null,null,0]
[null,null,"Sifao em metal cromado para tanque, 1.1/4 x 1.1/2 \"","un",1,157.5385,{"$f":"IF(ISNUMBER(F1164),E1164*F1164,\"\")","v":157.5385},null,null,0]
[null,null,null,null,null,"",{"$f":"IF(ISNUMBER(F1165),E1165*F1165,\"\")","v":""},null,null,0]
["SF-00201",{"$f":"INDEX(Orçamentária!A:B,MATCH(Composições!A1166,Orçamentária!A:A,0),2)","v":"Torneira de mesa para cozinha bica móvel – Linha Administrativa"},null,"un",null,"",{"$f":"IF(ISNUMBER(F1166),E1166*F1166,\"\")","v":""},null,null,0]
[null,null,null,null,null,"",{"$f":"IF(ISNUMBER(F1167),E1167*F1167,\"\")","v":""},null,null,0]
[null,null,"Torneira de mesa para cozinha, cromada. Ref.: Deca Targa 1167.C40.CR","un ",1,"",{"$f":"IF(ISNUMBER(F1168),E1168*F1168,\"\")","v":""},{"$f":"SUM(G1168:G1171)","v":5.5501089999999991},null,0]
[null,null,"Fita veda rosca em rolos de 18 mm x 10 m (L x C)","UN",2.1000000000000001E-2,3.7049999999999996,{"$f":"IF(ISNUMBER(F1169),E1169*F1169,\"\")","v":7.7804999999999999E-2},null,null,0]
[null,null,"Encanador ou Bombeiro Hidráulico com Encargos Complementares","h",0.16669999999999999,26.4575,{"$f":"IF(ISNUMBER(F1170),E1170*F1170,\"\")","v":4.4104652499999997},null,null,0]
[null,null,"Servente com Encargos Complementares","h",5.2499999999999998E-2,20.225499999999997,{"$f":"IF(ISNUMBER(F1171),E1171*F1171,\"\")","v":1.0618387499999997},null,null,0]
[null,null,null,null,null,"",{"$f":"IF(ISNUMBER(F1172),E1172*F1172,\"\")","v":""},null,null,0]
["SF-00202",{"$f":"INDEX(Orçamentária!A:B,MATCH(Composições!A1173,Orçamentária!A:A,0),2)","v":"Torneira de mesa para cozinha bica móvel"},null,"un",null,"",{"$f":"IF(ISNUMBER(F1173),E1173*F1173,\"\")","v":""},null,null,0]
[null,null,null,null,null,"",{"$f":"IF(ISNUMBER(F1174),E1174*F1174,\"\")","v":""},null,null,0]
[null,null,"Torneira de mesa bica móvel com arejador articulado para cozinha, cromada. Ref.: Código B5814C2CRB – Linha City – Celite","un ",1,"",{"$f":"IF(ISNUMBER(F1175),E1175*F1175,\"\")","v":""},{"$f":"SUM(G1175:G1178)","v":5.5501089999999991},null,0]
[null,null,"Fita veda rosca em rolos de 18 mm x 10 m (L x C)","UN",2.1000000000000001E-2,3.7049999999999996,{"$f":"IF(ISNUMBER(F1176),E1176*F1176,\"\")","v":7.7804999999999999E-2},null,null,0]
[null,null,"Encanador ou Bombeiro Hidráulico com Encargos Complementares","h",0.16669999999999999,26.4575,{"$f":"IF(ISNUMBER(F1177),E1177*F1177,\"\")","v":4.4104652499999997},null,null,0]
[null,null,"Servente com Encargos Complementares","h",5.2499999999999998E-2,20.225499999999997,{"$f":"IF(ISNUMBER(F1178),E1178*F1178,\"\")","v":1.0618387499999997},null,null,0]
[null,null,null,null,null,"",{"$f":"IF(ISNUMBER(F1179),E1179*F1179,\"\")","v":""},null,null,0]
["SF-00203",{"$f":"INDEX(Orçamentária!A:B,MATCH(Composições!A1180,Orçamentária!A:A,0),2)","v":"Torneira de mesa para lavatório – Linha Acessibilidade"},null,"un",null,"",{"$f":"IF(ISNUMBER(F1180),E1180*F1180,\"\")","v":""},null,null,0]
[null,null,null,null,null,"",{"$f":"IF(ISNUMBER(F1181),E1181*F1181,\"\")","v":""},null,null,0]
[null,null,"Torneira de mesa para lavatório, para uso clínico e apoio à pessoa. Ref.: Deca Link 1196.CLNK","un ",1,"",{"$f":"IF(ISNUMBER(F1182),E1182*F1182,\"\")","v":""},{"$f":"SUM(G1182:G1185)","v":3.2305576499999997},null,0]
[null,null,"Fita veda rosca em rolos de 18 mm x 10 m (L x C)","UN",2.1000000000000001E-2,3.7049999999999996,{"$f":"IF(ISNUMBER(F1183),E1183*F1183,\"\")","v":7.7804999999999999E-2},null,null,0]
[null,null,"Encanador ou Bombeiro Hidráulico com Encargos Complementares","h",9.6000000000000002E-2,26.4575,{"$f":"IF(ISNUMBER(F1184),E1184*F1184,\"\")","v":2.53992},null,null,0]
[null,null,"Servente com Encargos Complementares","h",3.0300000000000001E-2,20.225499999999997,{"$f":"IF(ISNUMBER(F1185),E1185*F1185,\"\")","v":0.61283264999999987},null,null,0]
[null,null,null,null,null,"",{"$f":"IF(ISNUMBER(F1186),E1186*F1186,\"\")","v":""},null,null,0]
["SF-00204",{"$f":"INDEX(Orçamentária!A:B,MATCH(Composições!A1187,Orçamentária!A:A,0),2)","v":"Torneira de mesa para lavatório bica alta"},null,"un",null,"",{"$f":"IF(ISNUMBER(F1187),E1187*F1187,\"\")","v":""},null,null,0]
[null,null,null,null,null,"",{"$f":"IF(ISNUMBER(F1188),E1188*F1188,\"\")","v":""},null,null,0]
[null,null,"Torneira de mesa para lavatorio, bica alta, com arejador, cromado. Ref.: Código B5810C2CRB – Linha City – Celite","un ",1,"",{"$f":"IF(ISNUMBER(F1189),E1189*F1189,\"\")","v":""},{"$f":"SUM(G1189:G1192)","v":3.2305576499999997},null,0]
[null,null,"Fita veda rosca em rolos de 18 mm x 10 m (L x C)","UN",2.1000000000000001E-2,3.7049999999999996,{"$f":"IF(ISNUMBER(F1190),E1190*F1190,\"\")","v":7.7804999999999999E-2},null,null,0]
[null,null,"Encanador ou Bombeiro Hidráulico com Encargos Complementares","h",9.6000000000000002E-2,26.4575,{"$f":"IF(ISNUMBER(F1191),E1191*F1191,\"\")","v":2.53992},null,null,0]
[null,null,"Servente com Encargos Complementares","h",3.0300000000000001E-2,20.225499999999997,{"$f":"IF(ISNUMBER(F1192),E1192*F1192,\"\")","v":0.61283264999999987},null,null,0]
[null,null,null,null,null,"",{"$f":"IF(ISNUMBER(F1193),E1193*F1193,\"\")","v":""},null,null,0]
["SF-00205",{"$f":"INDEX(Orçamentária!A:B,MATCH(Composições!A1194,Orçamentária!A:A,0),2)","v":"Torneira de mesa para lavatório bica baixa"},null,"un",null,"",{"$f":"IF(ISNUMBER(F1194),E1194*F1194,\"\")","v":""},null,null,0]
[null,null,null,null,null,"",{"$f":"IF(ISNUMBER(F1195),E1195*F1195,\"\")","v":""},null,null,0]
[null,null,"Torneira de mesa para lavatorio bica baixa. Ref.: Código B5811C2CRB – Linha City – Celite","un ",1,"",{"$f":"IF(ISNUMBER(F1196),E1196*F1196,\"\")","v":""},{"$f":"SUM(G1196:G1199)","v":3.2305576499999997},null,0]
[null,null,"Fita veda rosca em rolos de 18 mm x 10 m (L x C)","UN",2.1000000000000001E-2,3.7049999999999996,{"$f":"IF(ISNUMBER(F1197),E1197*F1197,\"\")","v":7.7804999999999999E-2},null,null,0]
[null,null,"Encanador ou Bombeiro Hidráulico com Encargos Complementares","h",9.6000000000000002E-2,26.4575,{"$f":"IF(ISNUMBER(F1198),E1198*F1198,\"\")","v":2.53992},null,null,0]
[null,null,"Servente com Encargos Complementares","h",3.0300000000000001E-2,20.225499999999997,{"$f":"IF(ISNUMBER(F1199),E1199*F1199,\"\")","v":0.61283264999999987},null,null,0]
[null,null,null,null,null,"",{"$f":"IF(ISNUMBER(F1200),E1200*F1200,\"\")","v":""},null,null,0]
["SF-00206",{"$f":"INDEX(Orçamentária!A:B,MATCH(Composições!A1201,Orçamentária!A:A,0),2)","v":"Torneira de mesa para lavatório com fechamento automático – Linha Administrativa"},null,"un",null,"",{"$f":"IF(ISNUMBER(F1201),E1201*F1201,\"\")","v":""},null,null,0]
[null,null,null,null,null,"",{"$f":"IF(ISNUMBER(F1202),E1202*F1202,\"\")","v":""},null,null,0]
[null,null,"TORNEIRA METALICA CROMADA DE MESA, PARA LAVATORIO, TEMPORIZADA PRESSAO FECHAMENTO AUTOMATICO, BICA BAIXA","UN",1,115.539,{"$f":"IF(ISNUMBER(F1203),E1203*F1203,\"\")","v":115.539},{"$f":"SUM(G1203:G1206)","v":118.76955765},null,0]
[null,null,"Fita veda rosca em rolos de 18 mm x 10 m (L x C)","UN",2.1000000000000001E-2,3.7049999999999996,{"$f":"IF(ISNUMBER(F1204),E1204*F1204,\"\")","v":7.7804999999999999E-2},null,null,0]
[null,null,"Encanador ou Bombeiro Hidráulico com Encargos Complementares","h",9.6000000000000002E-2,26.4575,{"$f":"IF(ISNUMBER(F1205),E1205*F1205,\"\")","v":2.53992},null,null,0]
[null,null,"Servente com Encargos Complementares","h",3.0300000000000001E-2,20.225499999999997,{"$f":"IF(ISNUMBER(F1206),E1206*F1206,\"\")","v":0.61283264999999987},null,null,0]
[null,null,null,null,null,"",{"$f":"IF(ISNUMBER(F1207),E1207*F1207,\"\")","v":""},null,null,0]
["SF-00207",{"$f":"INDEX(Orçamentária!A:B,MATCH(Composições!A1208,Orçamentária!A:A,0),2)","v":"Torneira de parede para cozinha"},null,"un",null,"",{"$f":"IF(ISNUMBER(F1208),E1208*F1208,\"\")","v":""},null,null,0]
[null,null,null,null,null,"",{"$f":"IF(ISNUMBER(F1209),E1209*F1209,\"\")","v":""},null,null,0]
[null,null,"Torneira de parede para cozinha bica móvel com arejador articulado, cromada. Ref.: Código B5815C2CRB – Linha City – Celite","un ",1,"",{"$f":"IF(ISNUMBER(F1210),E1210*F1210,\"\")","v":""},{"$f":"SUM(G1210:G1213)","v":3.8997338500000001},null,0]
[null,null,"Fita veda rosca em rolos de 18 mm x 10 m (L x C)","UN",2.1000000000000001E-2,3.7049999999999996,{"$f":"IF(ISNUMBER(F1211),E1211*F1211,\"\")","v":7.7804999999999999E-2},null,null,0]
[null,null,"Encanador ou Bombeiro Hidráulico com Encargos Complementares","h",0.1164,26.4575,{"$f":"IF(ISNUMBER(F1212),E1212*F1212,\"\")","v":3.079653},null,null,0]
[null,null,"Servente com Encargos Complementares","h",3.6700000000000003E-2,20.225499999999997,{"$f":"IF(ISNUMBER(F1213),E1213*F1213,\"\")","v":0.74227584999999996},null,null,0]
[null,null,null,null,null,"",{"$f":"IF(ISNUMBER(F1214),E1214*F1214,\"\")","v":""},null,null,0]
["SF-00208",{"$f":"INDEX(Orçamentária!A:B,MATCH(Composições!A1215,Orçamentária!A:A,0),2)","v":"Torneira de parede para tanque"},null,"un",null,"",{"$f":"IF(ISNUMBER(F1215),E1215*F1215,\"\")","v":""},null,null,1]
[null,null,null,null,null,"",{"$f":"IF(ISNUMBER(F1216),E1216*F1216,\"\")","v":""},null,null,1]
[null,null,"Fita veda rosca em rolos de 18 mm x 10 m (L x C)","UN",2.1000000000000001E-2,3.7049999999999996,{"$f":"IF(ISNUMBER(F1217),E1217*F1217,\"\")","v":7.7804999999999999E-2},{"$f":"SUM(G1217:G1220)","v":51.293420299999994},null,1]
[null,null,"Encanador ou Bombeiro Hidráulico com Encargos Complementares","h",0.1525,26.4575,{"$f":"IF(ISNUMBER(F1218),E1218*F1218,\"\")","v":4.0347687499999996},null,null,1]
[null,null,"Servente com Encargos Complementares","h",4.8099999999999997E-2,20.225499999999997,{"$f":"IF(ISNUMBER(F1219),E1219*F1219,\"\")","v":0.97284654999999975},null,null,1]
[null,null,"TORNEIRA METALICA CROMADA PARA JARDIM / TANQUE, COM BICO PLASTICO, CANO LONGO, DE PAREDE, PADRAO POPULAR / USO GERAL , 1/2 \" OU 3/4 \" (REF 1153 / 1130)","un",1,46.207999999999998,{"$f":"IF(ISNUMBER(F1220),E1220*F1220,\"\")","v":46.207999999999998},null,null,1]
[null,null,null,null,null,"",{"$f":"IF(ISNUMBER(F1221),E1221*F1221,\"\")","v":""},null,null,1]
["SF-00209",{"$f":"INDEX(Orçamentária!A:B,MATCH(Composições!A1222,Orçamentária!A:A,0),2)","v":"Acabamento para válvula de descarga 1 1/2\" – Linha Acessibilidade"},null,"un",null,"",{"$f":"IF(ISNUMBER(F1222),E1222*F1222,\"\")","v":""},null,null,0]
[null,null,null,null,null,"",{"$f":"IF(ISNUMBER(F1223),E1223*F1223,\"\")","v":""},null,null,0]
[null,null,"Kit conversor Hydra Max para Hydra Conforto 4916.C.112.CONF – linha Hydra Eco Conforto – Deca ","un ",1,"",{"$f":"IF(ISNUMBER(F1224),E1224*F1224,\"\")","v":""},{"$f":"SUM(G1224:G1226)","v":23.683500000000002},null,0]
[null,null,"Auxiliar de encanador ou bombeiro hidráulico com encargos complementares","h",0.5,20.909500000000001,{"$f":"IF(ISNUMBER(F1225),E1225*F1225,\"\")","v":10.454750000000001},null,null,0]
[null,null,"Encanador ou Bombeiro Hidráulico com Encargos Complementares","h",0.5,26.4575,{"$f":"IF(ISNUMBER(F1226),E1226*F1226,\"\")","v":13.22875},null,null,0]
[null,null,null,null,null,"",{"$f":"IF(ISNUMBER(F1227),E1227*F1227,\"\")","v":""},null,null,0]
["SF-00210",{"$f":"INDEX(Orçamentária!A:B,MATCH(Composições!A1228,Orçamentária!A:A,0),2)","v":"Acabamento para válvula de descarga 1 1/2\""},null,"un",null,"",{"$f":"IF(ISNUMBER(F1228),E1228*F1228,\"\")","v":""},null,null,0]
[null,null,null,null,null,"",{"$f":"IF(ISNUMBER(F1229),E1229*F1229,\"\")","v":""},null,null,0]
[null,null,"Acabamento para válvula de descarga 4900.C.PRO - Deca","UN",1,"",{"$f":"IF(ISNUMBER(F1230),E1230*F1230,\"\")","v":""},{"$f":"SUM(G1230:G1232)","v":23.683500000000002},null,0]
[null,null,"Auxiliar de encanador ou bombeiro hidráulico com encargos complementares","h",0.5,20.909500000000001,{"$f":"IF(ISNUMBER(F1231),E1231*F1231,\"\")","v":10.454750000000001},null,null,0]
[null,null,"Encanador ou Bombeiro Hidráulico com Encargos Complementares","h",0.5,26.4575,{"$f":"IF(ISNUMBER(F1232),E1232*F1232,\"\")","v":13.22875},null,null,0]
[null,null,null,null,null,"",{"$f":"IF(ISNUMBER(F1233),E1233*F1233,\"\")","v":""},null,null,0]
["SF-00211",{"$f":"INDEX(Orçamentária!A:B,MATCH(Composições!A1234,Orçamentária!A:A,0),2)","v":"Acabamento para válvula de descarga 1 1/4\" – Linha Acessibilidade"},null,"un",null,"",{"$f":"IF(ISNUMBER(F1234),E1234*F1234,\"\")","v":""},null,null,0]
[null,null,null,null,null,"",{"$f":"IF(ISNUMBER(F1235),E1235*F1235,\"\")","v":""},null,null,0]
[null,null,"Kit conversor Hydra Max para Hydra Conforto 4916.C.114.CONF – Linha Hydra Eco Conforto – Deca","un ",1,"",{"$f":"IF(ISNUMBER(F1236),E1236*F1236,\"\")","v":""},{"$f":"SUM(G1236:G1238)","v":23.683500000000002},null,0]
[null,null,"Auxiliar de encanador ou bombeiro hidráulico com encargos complementares","h",0.5,20.909500000000001,{"$f":"IF(ISNUMBER(F1237),E1237*F1237,\"\")","v":10.454750000000001},null,null,0]
[null,null,"Encanador ou Bombeiro Hidráulico com Encargos Complementares","h",0.5,26.4575,{"$f":"IF(ISNUMBER(F1238),E1238*F1238,\"\")","v":13.22875},null,null,0]
[null,null,null,null,null,"",{"$f":"IF(ISNUMBER(F1239),E1239*F1239,\"\")","v":""},null,null,0]
["SF-00212",{"$f":"INDEX(Orçamentária!A:B,MATCH(Composições!A1240,Orçamentária!A:A,0),2)","v":"Acabamento para válvula de descarga 1 1/4\""},null,"un",null,"",{"$f":"IF(ISNUMBER(F1240),E1240*F1240,\"\")","v":""},null,null,0]
[null,null,null,null,null,"",{"$f":"IF(ISNUMBER(F1241),E1241*F1241,\"\")","v":""},null,null,0]
[null,null,"Acabamento para válvula de descarga 4900.C.PRO - Deca","un ",1,"",{"$f":"IF(ISNUMBER(F1242),E1242*F1242,\"\")","v":""},{"$f":"SUM(G1242:G1244)","v":23.683500000000002},null,0]
[null,null,"Auxiliar de encanador ou bombeiro hidráulico com encargos complementares","h",0.5,20.909500000000001,{"$f":"IF(ISNUMBER(F1243),E1243*F1243,\"\")","v":10.454750000000001},null,null,0]
[null,null,"Encanador ou Bombeiro Hidráulico com Encargos Complementares","h",0.5,26.4575,{"$f":"IF(ISNUMBER(F1244),E1244*F1244,\"\")","v":13.22875},null,null,0]
[null,null,null,null,null,"",{"$f":"IF(ISNUMBER(F1245),E1245*F1245,\"\")","v":""},null,null,0]
["SF-00213",{"$f":"INDEX(Orçamentária!A:B,MATCH(Composições!A1246,Orçamentária!A:A,0),2)","v":"Válvula de escoamento para lavatório"},null,"un",null,"",{"$f":"IF(ISNUMBER(F1246),E1246*F1246,\"\")","v":""},null,null,0]
[null,null,null,null,null,"",{"$f":"IF(ISNUMBER(F1247),E1247*F1247,\"\")","v":""},null,null,0]
[null,null,"Valvula em metal cromado para lavatorio, 1 \" sem ladrao","UN",1,37.183,{"$f":"IF(ISNUMBER(F1248),E1248*F1248,\"\")","v":37.183},{"$f":"SUM(G1248:G1251)","v":43.072802400000008},null,0]
[null,null,"Fita veda rosca em rolos de 18 mm x 10 m (L x C)","UN",4.8000000000000001E-2,3.7049999999999996,{"$f":"IF(ISNUMBER(F1249),E1249*F1249,\"\")","v":0.17784},null,null,0]
[null,null,"Encanador ou Bombeiro Hidráulico com Encargos Complementares","h",0.17399999999999999,26.4575,{"$f":"IF(ISNUMBER(F1250),E1250*F1250,\"\")","v":4.6036049999999999},null,null,0]
[null,null,"Servente com Encargos Complementares","h",5.4800000000000001E-2,20.225499999999997,{"$f":"IF(ISNUMBER(F1251),E1251*F1251,\"\")","v":1.1083573999999998},null,null,0]
[null,null,null,null,null,"",{"$f":"IF(ISNUMBER(F1252),E1252*F1252,\"\")","v":""},null,null,0]
["SF-00214",{"$f":"INDEX(Orçamentária!A:B,MATCH(Composições!A1253,Orçamentária!A:A,0),2)","v":"Válvula de escoamento para tanque"},null,"un",null,"",{"$f":"IF(ISNUMBER(F1253),E1253*F1253,\"\")","v":""},null,null,0]
[null,null,null,null,null,"",{"$f":"IF(ISNUMBER(F1254),E1254*F1254,\"\")","v":""},null,null,0]
[null,null,"Fita veda rosca em rolos de 18 mm x 10 m (L x C)","UN",3.32E-2,3.7049999999999996,{"$f":"IF(ISNUMBER(F1255),E1255*F1255,\"\")","v":0.12300599999999999},{"$f":"SUM(G1255:G1258)","v":50.964319399999994},null,0]
[null,null,"VALVULA DE ESCOAMENTO PARA TANQUE, EM METAL CROMADO, 1.1/2 \", SEM LADRAO, COM TAMPAO PLASTICO","un",1,46.796999999999997,{"$f":"IF(ISNUMBER(F1256),E1256*F1256,\"\")","v":46.796999999999997},null,null,0]
[null,null,"Encanador ou Bombeiro Hidráulico com Encargos Complementares","h",0.1232,26.4575,{"$f":"IF(ISNUMBER(F1257),E1257*F1257,\"\")","v":3.2595640000000001},null,null,0]
[null,null,"Servente com Encargos Complementares","h",3.8800000000000001E-2,20.225499999999997,{"$f":"IF(ISNUMBER(F1258),E1258*F1258,\"\")","v":0.78474939999999993},null,null,0]
[null,null,null,null,null,"",{"$f":"IF(ISNUMBER(F1259),E1259*F1259,\"\")","v":""},null,null,0]
["SF-00215",{"$f":"INDEX(Orçamentária!A:B,MATCH(Composições!A1260,Orçamentária!A:A,0),2)","v":"Válvula descarga para mictório – Linha Administrativa"},null,"un",null,"",{"$f":"IF(ISNUMBER(F1260),E1260*F1260,\"\")","v":""},null,null,0]
[null,null,null,null,null,"",{"$f":"IF(ISNUMBER(F1261),E1261*F1261,\"\")","v":""},null,null,0]
[null,null,"Valvula de descarga em metal cromado para mictorio com acionamento por pressao e fechamento automatico","UN",1,222.053,{"$f":"IF(ISNUMBER(F1262),E1262*F1262,\"\")","v":222.053},{"$f":"SUM(G1262:G1265)","v":266.12502949999998},null,0]
[null,null,"Fita veda rosca em rolos de 18 mm x 50 m (L x C)","UN",1.9199999999999998E-2,13.661,{"$f":"IF(ISNUMBER(F1263),E1263*F1263,\"\")","v":0.26229119999999995},null,null,0]
[null,null,"Auxiliar de encanador ou bombeiro hidráulico com encargos complementares","h",0.92490000000000006,20.909500000000001,{"$f":"IF(ISNUMBER(F1264),E1264*F1264,\"\")","v":19.339196550000004},null,null,0]
[null,null,"Encanador ou Bombeiro Hidráulico com Encargos Complementares","h",0.92490000000000006,26.4575,{"$f":"IF(ISNUMBER(F1265),E1265*F1265,\"\")","v":24.470541750000002},null,null,0]
[null,null,null,null,null,"",{"$f":"IF(ISNUMBER(F1266),E1266*F1266,\"\")","v":""},null,null,0]
["SF-00216",{"$f":"INDEX(Orçamentária!A:B,MATCH(Composições!A1267,Orçamentária!A:A,0),2)","v":"Alarme de emergência para sanitários PNE"},null,"un",null,"",{"$f":"IF(ISNUMBER(F1267),E1267*F1267,\"\")","v":""},null,null,0]
[null,null,null,null,null,"",{"$f":"IF(ISNUMBER(F1268),E1268*F1268,\"\")","v":""},null,null,0]
[null,null,"Eletricista com encargos complementares","h",0.28999999999999998,27.474,{"$f":"IF(ISNUMBER(F1269),E1269*F1269,\"\")","v":7.9674599999999991},{"$f":"SUM(G1269:G1271)","v":14.155189999999997},null,0]
[null,null,"Auxiliar de eletricista com encargos complementares","h",0.28999999999999998,21.337,{"$f":"IF(ISNUMBER(F1270),E1270*F1270,\"\")","v":6.1877299999999993},null,null,0]
[null,null,"Alarme de emergência audiovisual intermitente com fio. Ref. Planeta Acessível Alarme PCD ou AbaFire AFSAVPNE + AbaFire AFAMPNE ","un ",1,"",{"$f":"IF(ISNUMBER(F1271),E1271*F1271,\"\")","v":""},null,null,0]
[null,null,null,null,null,"",{"$f":"IF(ISNUMBER(F1272),E1272*F1272,\"\")","v":""},null,null,0]
["SF-00217",{"$f":"INDEX(Orçamentária!A:B,MATCH(Composições!A1273,Orçamentária!A:A,0),2)","v":"Barra de apoio 40cm – Linha Acessibilidade"},null,"un",null,"",{"$f":"IF(ISNUMBER(F1273),E1273*F1273,\"\")","v":""},null,null,0]
[null,null,null,null,null,"",{"$f":"IF(ISNUMBER(F1274),E1274*F1274,\"\")","v":""},null,null,0]
[null,null,"Barra de apoio com comprimento de 405mm e espaçamento de 66mm da parede, barra com bitola de 32m, em aço escovado","un ",1,"",{"$f":"IF(ISNUMBER(F1275),E1275*F1275,\"\")","v":""},{"$f":"SUM(G1275:G1278)","v":51.262},null,0]
[null,null,"Bucha de nylon, diametro do furo 8 mm, comprimento 40 mm, com parafuso de rosca soberba, cabeca chata, fenda simples, 4,8 x 50 mm","UN",6,0.64600000000000002,{"$f":"IF(ISNUMBER(F1276),E1276*F1276,\"\")","v":3.8760000000000003},null,null,0]
[null,null,"Pedreiro com Encargos Complementares","h",1,27.160499999999999,{"$f":"IF(ISNUMBER(F1277),E1277*F1277,\"\")","v":27.160499999999999},null,null,0]
[null,null,"Servente com Encargos Complementares","h",1,20.225499999999997,{"$f":"IF(ISNUMBER(F1278),E1278*F1278,\"\")","v":20.225499999999997},null,null,0]
[null,null,null,null,null,"",{"$f":"IF(ISNUMBER(F1279),E1279*F1279,\"\")","v":""},null,null,0]
["SF-00218",{"$f":"INDEX(Orçamentária!A:B,MATCH(Composições!A1280,Orçamentária!A:A,0),2)","v":"Barra de apoio 70cm – Linha Acessibilidade"},null,"un",null,"",{"$f":"IF(ISNUMBER(F1280),E1280*F1280,\"\")","v":""},null,null,0]
[null,null,null,null,null,"",{"$f":"IF(ISNUMBER(F1281),E1281*F1281,\"\")","v":""},null,null,0]
[null,null,"Barra de apoio com comprimento de 705mm e espaçamento de 66mm da parede, barra com bitola de 32mm em aço escovado","un ",1,"",{"$f":"IF(ISNUMBER(F1282),E1282*F1282,\"\")","v":""},{"$f":"SUM(G1282:G1285)","v":51.262},null,0]
[null,null,"Bucha de nylon, diametro do furo 8 mm, comprimento 40 mm, com parafuso de rosca soberba, cabeca chata, fenda simples, 4,8 x 50 mm","UN",6,0.64600000000000002,{"$f":"IF(ISNUMBER(F1283),E1283*F1283,\"\")","v":3.8760000000000003},null,null,0]
[null,null,"Pedreiro com Encargos Complementares","h",1,27.160499999999999,{"$f":"IF(ISNUMBER(F1284),E1284*F1284,\"\")","v":27.160499999999999},null,null,0]
[null,null,"Servente com Encargos Complementares","h",1,20.225499999999997,{"$f":"IF(ISNUMBER(F1285),E1285*F1285,\"\")","v":20.225499999999997},null,null,0]
[null,null,null,null,null,"",{"$f":"IF(ISNUMBER(F1286),E1286*F1286,\"\")","v":""},null,null,0]
["SF-00219",{"$f":"INDEX(Orçamentária!A:B,MATCH(Composições!A1287,Orçamentária!A:A,0),2)","v":"Barra de apoio 80cm – Linha Acessibilidade"},null,"un",null,"",{"$f":"IF(ISNUMBER(F1287),E1287*F1287,\"\")","v":""},null,null,0]
[null,null,null,null,null,"",{"$f":"IF(ISNUMBER(F1288),E1288*F1288,\"\")","v":""},null,null,0]
[null,null,"Barra de apoio linha conforto com comprimento de 805mm e espaçamento de 66mm da parede, barra com bitola de 32mm em aço escovado","un ",1,"",{"$f":"IF(ISNUMBER(F1289),E1289*F1289,\"\")","v":""},{"$f":"SUM(G1289:G1292)","v":51.262},null,0]
[null,null,"Bucha de nylon, diametro do furo 8 mm, comprimento 40 mm, com parafuso de rosca soberba, cabeca chata, fenda simples, 4,8 x 50 mm","UN",6,0.64600000000000002,{"$f":"IF(ISNUMBER(F1290),E1290*F1290,\"\")","v":3.8760000000000003},null,null,0]
[null,null,"Pedreiro com Encargos Complementares","h",1,27.160499999999999,{"$f":"IF(ISNUMBER(F1291),E1291*F1291,\"\")","v":27.160499999999999},null,null,0]
[null,null,"Servente com Encargos Complementares","h",1,20.225499999999997,{"$f":"IF(ISNUMBER(F1292),E1292*F1292,\"\")","v":20.225499999999997},null,null,0]
[null,null,null,null,null,"",{"$f":"IF(ISNUMBER(F1293),E1293*F1293,\"\")","v":""},null,null,0]
["SF-00220",{"$f":"INDEX(Orçamentária!A:B,MATCH(Composições!A1294,Orçamentária!A:A,0),2)","v":"Barra de apoio lateral fixa 30cm – Linha Acessibilidade"},null,"un",null,"",{"$f":"IF(ISNUMBER(F1294),E1294*F1294,\"\")","v":""},null,null,0]
[null,null,null,null,null,"",{"$f":"IF(ISNUMBER(F1295),E1295*F1295,\"\")","v":""},null,null,0]
[null,null,"Pedreiro com Encargos Complementares","h",1,27.160499999999999,{"$f":"IF(ISNUMBER(F1296),E1296*F1296,\"\")","v":27.160499999999999},{"$f":"SUM(G1296:G1299)","v":51.261999999999993},null,0]
[null,null,"Servente com Encargos Complementares","h",1,20.225499999999997,{"$f":"IF(ISNUMBER(F1297),E1297*F1297,\"\")","v":20.225499999999997},null,null,0]
[null,null,"Barra de apoio lateral fixa, com 303mm de comprimento, com a bitola de 32mm e em aço escovado","un",1,"",{"$f":"IF(ISNUMBER(F1298),E1298*F1298,\"\")","v":""},null,null,0]
[null,null,"Bucha de nylon, diametro do furo 8 mm, comprimento 40 mm, com parafuso de rosca soberba, cabeca chata, fenda simples, 4,8 x 50 mm","UN",6,0.64600000000000002,{"$f":"IF(ISNUMBER(F1299),E1299*F1299,\"\")","v":3.8760000000000003},null,null,0]
[null,null,null,null,null,"",{"$f":"IF(ISNUMBER(F1300),E1300*F1300,\"\")","v":""},null,null,0]
["SF-00221",{"$f":"INDEX(Orçamentária!A:B,MATCH(Composições!A1301,Orçamentária!A:A,0),2)","v":"Lavatório suspenso – Linha Acessibilidade"},null,"un",null,"",{"$f":"IF(ISNUMBER(F1301),E1301*F1301,\"\")","v":""},null,null,0]
[null,null,null,null,null,"",{"$f":"IF(ISNUMBER(F1302),E1302*F1302,\"\")","v":""},null,null,0]
[null,null,"Lavatório para instalação com coluna suspensa, para apoio à pessoa com deficiência. Ref.: Modelo L.39.17 – Linha Spot – Deca","un ",1,"",{"$f":"IF(ISNUMBER(F1303),E1303*F1303,\"\")","v":""},{"$f":"SUM(G1303:G1307)","v":49.845477799999998},null,0]
[null,null,"Parafuso niquelado 3 1/2\" com acabamento cromado para fixar peca sanitaria, inclui porca cega, arruela e bucha de nylon tamanho S-8","UN",2,16.8245,{"$f":"IF(ISNUMBER(F1304),E1304*F1304,\"\")","v":33.649000000000001},null,null,0]
[null,null,"Rejunte epoxi, qualquer cor","kg",3.04E-2,70.489999999999995,{"$f":"IF(ISNUMBER(F1305),E1305*F1305,\"\")","v":2.1428959999999999},null,null,0]
[null,null,"Encanador ou Bombeiro Hidráulico com Encargos Complementares","h",0.38700000000000001,26.4575,{"$f":"IF(ISNUMBER(F1306),E1306*F1306,\"\")","v":10.2390525},null,null,0]
[null,null,"Servente com Encargos Complementares","h",0.18859999999999999,20.225499999999997,{"$f":"IF(ISNUMBER(F1307),E1307*F1307,\"\")","v":3.8145292999999993},null,null,0]
[null,null,null,null,null,"",{"$f":"IF(ISNUMBER(F1308),E1308*F1308,\"\")","v":""},null,null,0]
["SF-00222",{"$f":"INDEX(Orçamentária!A:B,MATCH(Composições!A1309,Orçamentária!A:A,0),2)","v":"Lavatório suspenso com Coluna – Linha Acessibilidade"},null,"un",null,"",{"$f":"IF(ISNUMBER(F1309),E1309*F1309,\"\")","v":""},null,null,0]
[null,null,null,null,null,"",{"$f":"IF(ISNUMBER(F1310),E1310*F1310,\"\")","v":""},null,null,0]
[null,null,"Encanador ou Bombeiro Hidráulico com Encargos Complementares","h",1.4666999999999999,26.4575,{"$f":"IF(ISNUMBER(F1311),E1311*F1311,\"\")","v":38.805215249999996},{"$f":"SUM(G1311:G1316)","v":159.0376076},null,0]
[null,null,"Servente com Encargos Complementares","h",0.65169999999999995,20.225499999999997,{"$f":"IF(ISNUMBER(F1312),E1312*F1312,\"\")","v":13.180958349999997},null,null,0]
[null,null,"Lavatório para instalação com coluna suspensa, para apoio à pessoa com deficiência. Ref.: Modelo L.39.17 – Linha Spot – Deca","un ",1,"",{"$f":"IF(ISNUMBER(F1313),E1313*F1313,\"\")","v":""},null,null,0]
[null,null,"Parafuso niquelado 3 1/2\" com acabamento cromado para fixar peca sanitaria, inclui porca cega, arruela e bucha de nylon tamanho S-8","UN",6,16.8245,{"$f":"IF(ISNUMBER(F1314),E1314*F1314,\"\")","v":100.947},null,null,0]
[null,null,"Rejunte epoxi, qualquer cor","kg",8.6599999999999996E-2,70.489999999999995,{"$f":"IF(ISNUMBER(F1315),E1315*F1315,\"\")","v":6.1044339999999995},null,null,0]
[null,null,"Coluna suspensa para lavatório para apoio à pessoa com deficiência. Ref..: Deca Spot CS.39.17","un",1,"",{"$f":"IF(ISNUMBER(F1316),E1316*F1316,\"\")","v":""},null,null,0]
[null,null,null,null,null,"",{"$f":"IF(ISNUMBER(F1317),E1317*F1317,\"\")","v":""},null,null,0]
["SF-00223",{"$f":"INDEX(Orçamentária!A:B,MATCH(Composições!A1318,Orçamentária!A:A,0),2)","v":"Cabide"},null,"un",null,"",{"$f":"IF(ISNUMBER(F1318),E1318*F1318,\"\")","v":""},null,null,0]
[null,null,null,null,null,"",{"$f":"IF(ISNUMBER(F1319),E1319*F1319,\"\")","v":""},null,null,0]
[null,null,"Cabide, cromado. Ref.: Modelo 2060.C.FLX – Linha Flex – Deca","un ",1,"",{"$f":"IF(ISNUMBER(F1320),E1320*F1320,\"\")","v":""},{"$f":"SUM(G1320:G1322)","v":10.380321299999999},null,0]
[null,null,"Encanador ou Bombeiro Hidráulico com Encargos Complementares","h",0.31619999999999998,26.4575,{"$f":"IF(ISNUMBER(F1321),E1321*F1321,\"\")","v":8.3658614999999994},null,null,0]
[null,null,"Servente com Encargos Complementares","h",9.9599999999999994E-2,20.225499999999997,{"$f":"IF(ISNUMBER(F1322),E1322*F1322,\"\")","v":2.0144597999999996},null,null,0]
[null,null,null,null,null,"",{"$f":"IF(ISNUMBER(F1323),E1323*F1323,\"\")","v":""},null,null,0]
["SF-00224",{"$f":"INDEX(Orçamentária!A:B,MATCH(Composições!A1324,Orçamentária!A:A,0),2)","v":"Papeleira"},null,"un",null,"",{"$f":"IF(ISNUMBER(F1324),E1324*F1324,\"\")","v":""},null,null,0]
[null,null,null,null,null,"",{"$f":"IF(ISNUMBER(F1325),E1325*F1325,\"\")","v":""},null,null,0]
[null,null,"Papeleira, cromada. Ref.: Modelo 2020.C.FLX – Linha Flex – Deca","un ",1,"",{"$f":"IF(ISNUMBER(F1326),E1326*F1326,\"\")","v":""},{"$f":"SUM(G1326:G1328)","v":10.380321299999999},null,0]
[null,null,"Encanador ou Bombeiro Hidráulico com Encargos Complementares","h",0.31619999999999998,26.4575,{"$f":"IF(ISNUMBER(F1327),E1327*F1327,\"\")","v":8.3658614999999994},null,null,0]
[null,null,"Servente com Encargos Complementares","h",9.9599999999999994E-2,20.225499999999997,{"$f":"IF(ISNUMBER(F1328),E1328*F1328,\"\")","v":2.0144597999999996},null,null,0]
[null,null,null,null,null,"",{"$f":"IF(ISNUMBER(F1329),E1329*F1329,\"\")","v":""},null,null,0]
["SF-00225",{"$f":"INDEX(Orçamentária!A:B,MATCH(Composições!A1330,Orçamentária!A:A,0),2)","v":"Porta toalha argola"},null,"un",null,"",{"$f":"IF(ISNUMBER(F1330),E1330*F1330,\"\")","v":""},null,null,0]
[null,null,null,null,null,"",{"$f":"IF(ISNUMBER(F1331),E1331*F1331,\"\")","v":""},null,null,0]
[null,null,"Porta-toalha em argola, cromado. Ref.: Modelo 2050.C.FLX – Linha Flex – Deca","un ",1,"",{"$f":"IF(ISNUMBER(F1332),E1332*F1332,\"\")","v":""},{"$f":"SUM(G1332:G1334)","v":10.380321299999999},null,0]
[null,null,"Encanador ou Bombeiro Hidráulico com Encargos Complementares","h",0.31619999999999998,26.4575,{"$f":"IF(ISNUMBER(F1333),E1333*F1333,\"\")","v":8.3658614999999994},null,null,0]
[null,null,"Servente com Encargos Complementares","h",9.9599999999999994E-2,20.225499999999997,{"$f":"IF(ISNUMBER(F1334),E1334*F1334,\"\")","v":2.0144597999999996},null,null,0]
[null,null,null,null,null,"",{"$f":"IF(ISNUMBER(F1335),E1335*F1335,\"\")","v":""},null,null,0]
["SF-00226",{"$f":"INDEX(Orçamentária!A:B,MATCH(Composições!A1336,Orçamentária!A:A,0),2)","v":"Porta toalha barra"},null,"un",null,"",{"$f":"IF(ISNUMBER(F1336),E1336*F1336,\"\")","v":""},null,null,0]
[null,null,null,null,null,"",{"$f":"IF(ISNUMBER(F1337),E1337*F1337,\"\")","v":""},null,null,0]
[null,null,"Porta-toalha em barra, cromado. Ref.: Modelo 2040.C.FLX – Linha Flex – Deca","un ",1,"",{"$f":"IF(ISNUMBER(F1338),E1338*F1338,\"\")","v":""},{"$f":"SUM(G1338:G1340)","v":20.757996849999998},null,0]
[null,null,"Encanador ou Bombeiro Hidráulico com Encargos Complementares","h",0.63229999999999997,26.4575,{"$f":"IF(ISNUMBER(F1339),E1339*F1339,\"\")","v":16.72907725},null,null,0]
[null,null,"Servente com Encargos Complementares","h",0.19919999999999999,20.225499999999997,{"$f":"IF(ISNUMBER(F1340),E1340*F1340,\"\")","v":4.0289195999999992},null,null,0]
[null,null,null,null,null,"",{"$f":"IF(ISNUMBER(F1341),E1341*F1341,\"\")","v":""},null,null,0]
["SF-00227",{"$f":"INDEX(Orçamentária!A:B,MATCH(Composições!A1342,Orçamentária!A:A,0),2)","v":"Caixa 4x2 de embutir para alvenaria"},null,"un",null,"",{"$f":"IF(ISNUMBER(F1342),E1342*F1342,\"\")","v":""},null,null,3]
[null,null,null,null,null,"",{"$f":"IF(ISNUMBER(F1343),E1343*F1343,\"\")","v":""},null,null,3]
[null,null,"Auxiliar de eletricista com encargos complementares","h",0.14499999999999999,21.337,{"$f":"IF(ISNUMBER(F1344),E1344*F1344,\"\")","v":3.0938649999999996},{"$f":"SUM(G1344:G1347)","v":10.999454580917449},null,3]
[null,null,"Eletricista com encargos complementares","h",0.14499999999999999,27.474,{"$f":"IF(ISNUMBER(F1345),E1345*F1345,\"\")","v":3.9837299999999995},null,null,3]
[null,null,"ARGAMASSA TRAÇO 1:3 (EM VOLUME DE CIMENTO E AREIA MÉDIA ÚMIDA), PREPARO MANUAL. AF_08/2019","m3",8.9999999999999998E-4,758.17731213050001,{"$f":"IF(ISNUMBER(F1346),E1346*F1346,\"\")","v":0.68235958091744997},null,null,3]
[null,null,"Caixa de passagem, em PVC, de 4\" x 2\", para eletroduto flexivel corrugado","un",1,3.2395,{"$f":"IF(ISNUMBER(F1347),E1347*F1347,\"\")","v":3.2395},null,null,3]
[null,null,null,null,null,"",{"$f":"IF(ISNUMBER(F1348),E1348*F1348,\"\")","v":""},null,null,3]
["SF-00228",{"$f":"INDEX(Orçamentária!A:B,MATCH(Composições!A1349,Orçamentária!A:A,0),2)","v":"Caixa 4x2 para drywall"},null,"un",null,"",{"$f":"IF(ISNUMBER(F1349),E1349*F1349,\"\")","v":""},null,null,0]
[null,null,null,null,null,"",{"$f":"IF(ISNUMBER(F1350),E1350*F1350,\"\")","v":""},null,null,0]
[null,null,"Auxiliar de eletricista com encargos complementares","h",0.14499999999999999,21.337,{"$f":"IF(ISNUMBER(F1351),E1351*F1351,\"\")","v":3.0938649999999996},{"$f":"SUM(G1351:G1353)","v":7.0775949999999987},null,0]
[null,null,"Eletricista com encargos complementares","h",0.14499999999999999,27.474,{"$f":"IF(ISNUMBER(F1352),E1352*F1352,\"\")","v":3.9837299999999995},null,null,0]
[null,null,"Caixa 4x2 para drywall","un",1,"",{"$f":"IF(ISNUMBER(F1353),E1353*F1353,\"\")","v":""},null,null,0]
[null,null,null,null,null,"",{"$f":"IF(ISNUMBER(F1354),E1354*F1354,\"\")","v":""},null,null,0]
["SF-00229",{"$f":"INDEX(Orçamentária!A:B,MATCH(Composições!A1355,Orçamentária!A:A,0),2)","v":"Caixa 4x4 de embutir para alvenaria"},null,"un",null,"",{"$f":"IF(ISNUMBER(F1355),E1355*F1355,\"\")","v":""},null,null,0]
[null,null,null,null,null,"",{"$f":"IF(ISNUMBER(F1356),E1356*F1356,\"\")","v":""},null,null,0]
[null,null,"Auxiliar de eletricista com encargos complementares","h",0.16600000000000001,21.337,{"$f":"IF(ISNUMBER(F1357),E1357*F1357,\"\")","v":3.5419420000000001},{"$f":"SUM(G1357:G1360)","v":15.453438774556602},null,0]
[null,null,"Eletricista com encargos complementares","h",0.16600000000000001,27.474,{"$f":"IF(ISNUMBER(F1358),E1358*F1358,\"\")","v":4.5606840000000002},null,null,0]
[null,null,"ARGAMASSA TRAÇO 1:3 (EM VOLUME DE CIMENTO E AREIA MÉDIA ÚMIDA), PREPARO MANUAL. AF_08/2019","m3",1.1999999999999999E-3,758.17731213050001,{"$f":"IF(ISNUMBER(F1359),E1359*F1359,\"\")","v":0.90981277455659992},null,null,0]
[null,null,"Caixa de passagem, em PVC, de 4\" x 4\", para eletroduto flexivel corrugado","un",1,6.4409999999999998,{"$f":"IF(ISNUMBER(F1360),E1360*F1360,\"\")","v":6.4409999999999998},null,null,0]
[null,null,null,null,null,"",{"$f":"IF(ISNUMBER(F1361),E1361*F1361,\"\")","v":""},null,null,0]
["SF-00230",{"$f":"INDEX(Orçamentária!A:B,MATCH(Composições!A1362,Orçamentária!A:A,0),2)","v":"Caixa 4x4 para drywall"},null,"un",null,"",{"$f":"IF(ISNUMBER(F1362),E1362*F1362,\"\")","v":""},null,null,0]
[null,null,null,null,null,"",{"$f":"IF(ISNUMBER(F1363),E1363*F1363,\"\")","v":""},null,null,0]
[null,null,"Auxiliar de eletricista com encargos complementares","h",0.16600000000000001,21.337,{"$f":"IF(ISNUMBER(F1364),E1364*F1364,\"\")","v":3.5419420000000001},{"$f":"SUM(G1364:G1366)","v":8.1026260000000008},null,0]
[null,null,"Eletricista com encargos complementares","h",0.16600000000000001,27.474,{"$f":"IF(ISNUMBER(F1365),E1365*F1365,\"\")","v":4.5606840000000002},null,null,0]
[null,null,"Caixa 4x4 para drywall","un",1,"",{"$f":"IF(ISNUMBER(F1366),E1366*F1366,\"\")","v":""},null,null,0]
[null,null,null,null,null,"",{"$f":"IF(ISNUMBER(F1367),E1367*F1367,\"\")","v":""},null,null,0]
["SF-00231",{"$f":"INDEX(Orçamentária!A:B,MATCH(Composições!A1368,Orçamentária!A:A,0),2)","v":"Caixa de passagem em alumínio 100x100x50mm"},null,"un",null,"",{"$f":"IF(ISNUMBER(F1368),E1368*F1368,\"\")","v":""},null,null,0]
[null,null,null,null,null,"",{"$f":"IF(ISNUMBER(F1369),E1369*F1369,\"\")","v":""},null,null,0]
[null,null,"Auxiliar de eletricista com encargos complementares","h",0.34599999999999997,21.337,{"$f":"IF(ISNUMBER(F1370),E1370*F1370,\"\")","v":7.3826019999999994},{"$f":"SUM(G1370:G1372)","v":16.888605999999999},null,0]
[null,null,"Eletricista com encargos complementares","h",0.34599999999999997,27.474,{"$f":"IF(ISNUMBER(F1371),E1371*F1371,\"\")","v":9.506003999999999},null,null,0]
[null,null,"Caixa de passagem em alumínio c/ tampa, 100x100x50mm","m",1,"",{"$f":"IF(ISNUMBER(F1372),E1372*F1372,\"\")","v":""},null,null,0]
[null,null,null,null,null,"",{"$f":"IF(ISNUMBER(F1373),E1373*F1373,\"\")","v":""},null,null,0]
["SF-00232",{"$f":"INDEX(Orçamentária!A:B,MATCH(Composições!A1374,Orçamentária!A:A,0),2)","v":"Caixa de passagem em alumínio 200x200x100mm"},null,"un",null,"",{"$f":"IF(ISNUMBER(F1374),E1374*F1374,\"\")","v":""},null,null,0]
[null,null,null,null,null,"",{"$f":"IF(ISNUMBER(F1375),E1375*F1375,\"\")","v":""},null,null,0]
[null,null,"Auxiliar de eletricista com encargos complementares","h",0.34599999999999997,21.337,{"$f":"IF(ISNUMBER(F1376),E1376*F1376,\"\")","v":7.3826019999999994},{"$f":"SUM(G1376:G1379)","v":16.888605999999999},null,0]
[null,null,"Eletricista com encargos complementares","h",0.34599999999999997,27.474,{"$f":"IF(ISNUMBER(F1377),E1377*F1377,\"\")","v":9.506003999999999},null,null,0]
[null,null,"Caixa de passagem em alumínio c/ tampa, 200x200x100mm","m",1,"",{"$f":"IF(ISNUMBER(F1378),E1378*F1378,\"\")","v":""},null,null,0]
[null,null,"Conector reto 1\"","un",2,"",{"$f":"IF(ISNUMBER(F1379),E1379*F1379,\"\")","v":""},null,null,0]
[null,null,null,null,null,"",{"$f":"IF(ISNUMBER(F1380),E1380*F1380,\"\")","v":""},null,null,0]
["SF-00233",{"$f":"INDEX(Orçamentária!A:B,MATCH(Composições!A1381,Orçamentária!A:A,0),2)","v":"Caixa de passagem em PVC 150x150x75mm"},null,"un",null,"",{"$f":"IF(ISNUMBER(F1381),E1381*F1381,\"\")","v":""},null,null,0]
[null,null,null,null,null,"",{"$f":"IF(ISNUMBER(F1382),E1382*F1382,\"\")","v":""},null,null,0]
[null,null,"Eletricista com encargos complementares","h",0.34599999999999997,27.474,{"$f":"IF(ISNUMBER(F1383),E1383*F1383,\"\")","v":9.506003999999999},{"$f":"SUM(G1383:G1385)","v":73.219026999999997},null,0]
[null,null,"Servente com Encargos Complementares","h",0.34599999999999997,20.225499999999997,{"$f":"IF(ISNUMBER(F1384),E1384*F1384,\"\")","v":6.9980229999999981},null,null,0]
[null,null,"CAIXA DE PASSAGEM ELETRICA DE PAREDE, DE EMBUTIR, EM PVC, COM TAMPA APARAFUSADA, DIMENSOES 150 X 150 X *75* MM","un",1,56.715000000000003,{"$f":"IF(ISNUMBER(F1385),E1385*F1385,\"\")","v":56.715000000000003},null,null,0]
[null,null,null,null,null,"",{"$f":"IF(ISNUMBER(F1386),E1386*F1386,\"\")","v":""},null,null,0]
["SF-00234",{"$f":"INDEX(Orçamentária!A:B,MATCH(Composições!A1387,Orçamentária!A:A,0),2)","v":"Caixa para piso elevado"},null,"un",null,"",{"$f":"IF(ISNUMBER(F1387),E1387*F1387,\"\")","v":""},null,null,0]
[null,null,null,null,null,"",{"$f":"IF(ISNUMBER(F1388),E1388*F1388,\"\")","v":""},null,null,0]
[null,null,"Eletricista com encargos complementares","h",0.34599999999999997,27.474,{"$f":"IF(ISNUMBER(F1389),E1389*F1389,\"\")","v":9.506003999999999},{"$f":"SUM(G1389:G1391)","v":16.888605999999999},null,0]
[null,null,"Auxiliar de eletricista com encargos complementares","h",0.34599999999999997,21.337,{"$f":"IF(ISNUMBER(F1390),E1390*F1390,\"\")","v":7.3826019999999994},null,null,0]
[null,null,"Caixa para piso elevado, 170 mm x 170 mm x 70 mm (dimensões aproximadas), incluindo módulos de tomadas 2P+T (fêmea).","un",1,"",{"$f":"IF(ISNUMBER(F1391),E1391*F1391,\"\")","v":""},null,null,0]
[null,null,null,null,null,"",{"$f":"IF(ISNUMBER(F1392),E1392*F1392,\"\")","v":""},null,null,0]
["SF-00235",{"$f":"INDEX(Orçamentária!A:B,MATCH(Composições!A1393,Orçamentária!A:A,0),2)","v":"Canaleta em alumínio aparente 73mmx25mm"},null,"m",null,"",{"$f":"IF(ISNUMBER(F1393),E1393*F1393,\"\")","v":""},null,null,0]
[null,null,null,null,null,"",{"$f":"IF(ISNUMBER(F1394),E1394*F1394,\"\")","v":""},null,null,0]
[null,null,"Canaleta em alumínio com tampa, divisória interna, 73x25mm, incluindo curvas, conexões e acessórios de fixação","m",1.1499999999999999,"",{"$f":"IF(ISNUMBER(F1395),E1395*F1395,\"\")","v":""},{"$f":"SUM(G1395:G1397)","v":8.7859799999999986},null,0]
[null,null,"Auxiliar de eletricista com encargos complementares","h",0.18,21.337,{"$f":"IF(ISNUMBER(F1396),E1396*F1396,\"\")","v":3.8406599999999997},null,null,0]
[null,null,"Eletricista com encargos complementares","h",0.18,27.474,{"$f":"IF(ISNUMBER(F1397),E1397*F1397,\"\")","v":4.9453199999999997},null,null,0]
[null,null,null,null,null,"",{"$f":"IF(ISNUMBER(F1398),E1398*F1398,\"\")","v":""},null,null,0]
["SF-00236",{"$f":"INDEX(Orçamentária!A:B,MATCH(Composições!A1399,Orçamentária!A:A,0),2)","v":"Condulete de alumínio de 1\""},null,"un",null,"",{"$f":"IF(ISNUMBER(F1399),E1399*F1399,\"\")","v":""},null,null,6]
[null,null,null,null,null,"",{"$f":"IF(ISNUMBER(F1400),E1400*F1400,\"\")","v":""},null,null,6]
[null,null,"Auxiliar de eletricista com encargos complementares","h",0.52539999999999998,21.337,{"$f":"IF(ISNUMBER(F1401),E1401*F1401,\"\")","v":11.210459799999999},{"$f":"SUM(G1401:G1404)","v":41.956799399999994},null,6]
[null,null,"Eletricista com encargos complementares","h",0.52539999999999998,27.474,{"$f":"IF(ISNUMBER(F1402),E1402*F1402,\"\")","v":14.4348396},null,null,6]
[null,null,"Bucha de nylon sem aba S6, com parafuso de 4,20 x 40 mm em aco zincado com rosca soberba, cabeca chata e fenda Phillips","un",2,0.3705,{"$f":"IF(ISNUMBER(F1403),E1403*F1403,\"\")","v":0.74099999999999999},null,null,6]
[null,null,"Condulete de aluminio tipo X, para eletroduto roscavel de 1\", com tampa cega","un",1,15.570499999999999,{"$f":"IF(ISNUMBER(F1404),E1404*F1404,\"\")","v":15.570499999999999},null,null,6]
[null,null,null,null,null,"",{"$f":"IF(ISNUMBER(F1405),E1405*F1405,\"\")","v":""},null,null,6]
["SF-00237",{"$f":"INDEX(Orçamentária!A:B,MATCH(Composições!A1406,Orçamentária!A:A,0),2)","v":"Eletrocalha 100x50 mm"},null,"m",null,"",{"$f":"IF(ISNUMBER(F1406),E1406*F1406,\"\")","v":""},null,null,0]
[null,null,null,null,null,"",{"$f":"IF(ISNUMBER(F1407),E1407*F1407,\"\")","v":""},null,null,0]
[null,null,"Eletricista com encargos complementares","h",0.45,27.474,{"$f":"IF(ISNUMBER(F1408),E1408*F1408,\"\")","v":12.363300000000001},{"$f":"SUM(G1408:G1419)","v":23.181953200000002},null,0]
[null,null,"Auxiliar de eletricista com encargos complementares","h",0.45,21.337,{"$f":"IF(ISNUMBER(F1409),E1409*F1409,\"\")","v":9.6016499999999994},null,null,0]
[null,null,"Tiro com pistola para fixação de pino Ø 1/4\" em concreto, inclusive cartucho e pino","un ",0.67,0,{"$f":"IF(ISNUMBER(F1410),E1410*F1410,\"\")","v":0},null,null,0]
[null,null,"Eletrocalha perfurada (cabos elétricos) ou lisa (dados), tipo \"U\", de aço galvanizado eletrolítico 100 x 50 mm, fabricado em chapa #20 (0,95 mm)","m",1.05,"",{"$f":"IF(ISNUMBER(F1411),E1411*F1411,\"\")","v":""},null,null,0]
[null,null,"Barra roscada em aço Ø 1/4\", comprimento 1 m, bicromatizada ou zincada","m",0.8,0,{"$f":"IF(ISNUMBER(F1412),E1412*F1412,\"\")","v":0},null,null,0]
[null,null,"PORCA ZINCADA, SEXTAVADA, DIAMETRO 1/4\"","UN",4.0033000000000003,0.30399999999999999,{"$f":"IF(ISNUMBER(F1413),E1413*F1413,\"\")","v":1.2170032},null,null,0]
[null,null,"Arruela em aço galvanizado Ø 1/4\"","un ",4.0033000000000003,0,{"$f":"IF(ISNUMBER(F1414),E1414*F1414,\"\")","v":0},null,null,0]
[null,null,"Suporte suspensão vertical para eletrocalha 100 x 50 mm largura x aba","un ",0.67,0,{"$f":"IF(ISNUMBER(F1415),E1415*F1415,\"\")","v":0},null,null,0]
[null,null,"Prolongador para tirante rosqueado de 1/4\" x 50 mm","un ",1.05,0,{"$f":"IF(ISNUMBER(F1416),E1416*F1416,\"\")","v":0},null,null,0]
[null,null,"Parafuso lentilha 1/4 x 1/2\"","un",2.67,0,{"$f":"IF(ISNUMBER(F1417),E1417*F1417,\"\")","v":0},null,null,0]
[null,null,"Tala auto portante para emenda 50 mm","un ",0.66669999999999996,0,{"$f":"IF(ISNUMBER(F1418),E1418*F1418,\"\")","v":0},null,null,0]
[null,null,"Tampa de encaixe para eletrocalha aço galvanizado perfurada ou lisa, 100 mm","m",1.05,"",{"$f":"IF(ISNUMBER(F1419),E1419*F1419,\"\")","v":""},null,null,0]
[null,null,null,null,null,"",{"$f":"IF(ISNUMBER(F1420),E1420*F1420,\"\")","v":""},null,null,0]
["SF-00238",{"$f":"INDEX(Orçamentária!A:B,MATCH(Composições!A1421,Orçamentária!A:A,0),2)","v":"Eletrocalha 200x100 mm"},null,"m",null,"",{"$f":"IF(ISNUMBER(F1421),E1421*F1421,\"\")","v":""},null,null,0]
[null,null,null,null,null,"",{"$f":"IF(ISNUMBER(F1422),E1422*F1422,\"\")","v":""},null,null,0]
[null,null,"Eletricista com encargos complementares","h",0.6,27.474,{"$f":"IF(ISNUMBER(F1423),E1423*F1423,\"\")","v":16.484400000000001},{"$f":"SUM(G1423:G1434)","v":30.908956799999999},null,0]
[null,null,"Auxiliar de eletricista com encargos complementares","h",0.6,21.337,{"$f":"IF(ISNUMBER(F1424),E1424*F1424,\"\")","v":12.802199999999999},null,null,0]
[null,null,"Tiro com pistola para fixação de pino Ø 1/4\" em concreto, inclusive cartucho e pino","un ",1.3332999999999999,0,{"$f":"IF(ISNUMBER(F1425),E1425*F1425,\"\")","v":0},null,null,0]
[null,null,"Eletrocalha perfurada (cabos elétricos) ou lisa (dados), tipo \"U\", de aço galvanizado eletrolítico 200 x 100 mm, fabricado em chapa #18 (1,25 mm)","m",1.05,"",{"$f":"IF(ISNUMBER(F1426),E1426*F1426,\"\")","v":""},null,null,0]
[null,null,"Barra roscada em aço Ø 1/4\", comprimento 1 m, bicromatizada ou zincada","m",1.6,0,{"$f":"IF(ISNUMBER(F1427),E1427*F1427,\"\")","v":0},null,null,0]
[null,null,"PORCA ZINCADA, SEXTAVADA, DIAMETRO 1/4\"","UN",5.3367000000000004,0.30399999999999999,{"$f":"IF(ISNUMBER(F1428),E1428*F1428,\"\")","v":1.6223568000000002},null,null,0]
[null,null,"Arruela em aço galvanizado Ø 1/4\"","un ",5.34,0,{"$f":"IF(ISNUMBER(F1429),E1429*F1429,\"\")","v":0},null,null,0]
[null,null,"Suporte suspensão omega para eletrocalha 200 x 100mm largura x aba","un ",0.67,0,{"$f":"IF(ISNUMBER(F1430),E1430*F1430,\"\")","v":0},null,null,0]
[null,null,"Prolongador para tirante rosqueado de 1/4\" x 50 mm","un ",1.3332999999999999,0,{"$f":"IF(ISNUMBER(F1431),E1431*F1431,\"\")","v":0},null,null,0]
[null,null,"Parafuso lentilha 1/4 x 1/2\"","un",2.67,0,{"$f":"IF(ISNUMBER(F1432),E1432*F1432,\"\")","v":0},null,null,0]
[null,null,"Tala auto portante para emenda 100 mm","un ",0.67,0,{"$f":"IF(ISNUMBER(F1433),E1433*F1433,\"\")","v":0},null,null,0]
[null,null,"Tampa de encaixe para eletrocalha aço galvanizado perfurada ou lisa, 200 mm","m",1.05,"",{"$f":"IF(ISNUMBER(F1434),E1434*F1434,\"\")","v":""},null,null,0]
[null,null,null,null,null,"",{"$f":"IF(ISNUMBER(F1435),E1435*F1435,\"\")","v":""},null,null,0]
["SF-00239",{"$f":"INDEX(Orçamentária!A:B,MATCH(Composições!A1436,Orçamentária!A:A,0),2)","v":"Eletrocalha 200x50 mm"},null,"m",null,"",{"$f":"IF(ISNUMBER(F1436),E1436*F1436,\"\")","v":""},null,null,0]
[null,null,null,null,null,"",{"$f":"IF(ISNUMBER(F1437),E1437*F1437,\"\")","v":""},null,null,0]
[null,null,"Eletricista com encargos complementares","h",0.5,27.474,{"$f":"IF(ISNUMBER(F1438),E1438*F1438,\"\")","v":13.737},{"$f":"SUM(G1438:G1449)","v":26.027856799999999},null,0]
[null,null,"Auxiliar de eletricista com encargos complementares","h",0.5,21.337,{"$f":"IF(ISNUMBER(F1439),E1439*F1439,\"\")","v":10.6685},null,null,0]
[null,null,"Tiro com pistola para fixação de pino Ø 1/4\" em concreto, inclusive cartucho e pino","un ",1.3332999999999999,0,{"$f":"IF(ISNUMBER(F1440),E1440*F1440,\"\")","v":0},null,null,0]
[null,null,"Eletrocalha perfurada (cabos elétricos) ou lisa (dados), tipo \"U\", de aço galvanizado eletrolítico 200 x 50 mm, fabricado em chapa #18 (1,25 mm)","m",1.05,"",{"$f":"IF(ISNUMBER(F1441),E1441*F1441,\"\")","v":""},null,null,0]
[null,null,"Barra roscada em aço Ø 1/4\", comprimento 1 m, bicromatizada ou zincada","m",1.6,0,{"$f":"IF(ISNUMBER(F1442),E1442*F1442,\"\")","v":0},null,null,0]
[null,null,"PORCA ZINCADA, SEXTAVADA, DIAMETRO 1/4\"","UN",5.3367000000000004,0.30399999999999999,{"$f":"IF(ISNUMBER(F1443),E1443*F1443,\"\")","v":1.6223568000000002},null,null,0]
[null,null,"Arruela em aço galvanizado Ø 1/4\"","un ",5.34,0,{"$f":"IF(ISNUMBER(F1444),E1444*F1444,\"\")","v":0},null,null,0]
[null,null,"Suporte suspensão omega para eletrocalha 200 x 50 mm largura x aba","un ",0.67,0,{"$f":"IF(ISNUMBER(F1445),E1445*F1445,\"\")","v":0},null,null,0]
[null,null,"Prolongador para tirante rosqueado de 1/4\" x 50 mm","un ",1.3332999999999999,0,{"$f":"IF(ISNUMBER(F1446),E1446*F1446,\"\")","v":0},null,null,0]
[null,null,"Parafuso lentilha 1/4 x 1/2\"","un",2.67,0,{"$f":"IF(ISNUMBER(F1447),E1447*F1447,\"\")","v":0},null,null,0]
[null,null,"Tala auto portante para emenda 50 mm","un ",0.67,0,{"$f":"IF(ISNUMBER(F1448),E1448*F1448,\"\")","v":0},null,null,0]
[null,null,"Tampa de encaixe para eletrocalha aço galvanizado perfurada ou lisa, 200 mm","m",1.05,"",{"$f":"IF(ISNUMBER(F1449),E1449*F1449,\"\")","v":""},null,null,0]
[null,null,null,null,null,"",{"$f":"IF(ISNUMBER(F1450),E1450*F1450,\"\")","v":""},null,null,0]
["SF-00240",{"$f":"INDEX(Orçamentária!A:B,MATCH(Composições!A1451,Orçamentária!A:A,0),2)","v":"Eletrocalha 300x100 mm"},null,"m",null,"",{"$f":"IF(ISNUMBER(F1451),E1451*F1451,\"\")","v":""},null,null,0]
[null,null,null,null,null,"",{"$f":"IF(ISNUMBER(F1452),E1452*F1452,\"\")","v":""},null,null,0]
[null,null,"Eletricista com encargos complementares","h",0.65,27.474,{"$f":"IF(ISNUMBER(F1453),E1453*F1453,\"\")","v":17.8581},{"$f":"SUM(G1453:G1464)","v":33.3495068},null,0]
[null,null,"Auxiliar de eletricista com encargos complementares","h",0.65,21.337,{"$f":"IF(ISNUMBER(F1454),E1454*F1454,\"\")","v":13.86905},null,null,0]
[null,null,"Tiro com pistola para fixação de pino Ø 1/4\" em concreto, inclusive cartucho e pino","un ",1.3332999999999999,0,{"$f":"IF(ISNUMBER(F1455),E1455*F1455,\"\")","v":0},null,null,0]
[null,null,"Eletrocalha perfurada (cabos elétricos) ou lisa (dados), tipo \"U\", de aço galvanizado eletrolítico 300 x 100 mm, fabricado em chapa #18 (1,25 mm)","m",1.05,"",{"$f":"IF(ISNUMBER(F1456),E1456*F1456,\"\")","v":""},null,null,0]
[null,null,"Barra roscada em aço Ø 1/4\", comprimento 1 m, bicromatizada ou zincada","m",1.6,0,{"$f":"IF(ISNUMBER(F1457),E1457*F1457,\"\")","v":0},null,null,0]
[null,null,"PORCA ZINCADA, SEXTAVADA, DIAMETRO 1/4\"","UN",5.3367000000000004,0.30399999999999999,{"$f":"IF(ISNUMBER(F1458),E1458*F1458,\"\")","v":1.6223568000000002},null,null,0]
[null,null,"Arruela em aço galvanizado Ø 1/4\"","un ",5.34,0,{"$f":"IF(ISNUMBER(F1459),E1459*F1459,\"\")","v":0},null,null,0]
[null,null,"Suporte suspensão omega para eletrocalha 300 x 100 mm largura x aba","un ",0.67,0,{"$f":"IF(ISNUMBER(F1460),E1460*F1460,\"\")","v":0},null,null,0]
[null,null,"Prolongador para tirante rosqueado de 1/4\" x 50 mm","un ",1.3332999999999999,0,{"$f":"IF(ISNUMBER(F1461),E1461*F1461,\"\")","v":0},null,null,0]
[null,null,"Parafuso lentilha 1/4 x 1/2\"","un",2.67,0,{"$f":"IF(ISNUMBER(F1462),E1462*F1462,\"\")","v":0},null,null,0]
[null,null,"Tala auto portante para emenda 100 mm","un ",0.67,0,{"$f":"IF(ISNUMBER(F1463),E1463*F1463,\"\")","v":0},null,null,0]
[null,null,"Tampa de encaixe para eletrocalha aço galvanizado perfurada ou lisa, 300 mm","m",1.05,"",{"$f":"IF(ISNUMBER(F1464),E1464*F1464,\"\")","v":""},null,null,0]
[null,null,null,null,null,"",{"$f":"IF(ISNUMBER(F1465),E1465*F1465,\"\")","v":""},null,null,0]
["SF-00241",{"$f":"INDEX(Orçamentária!A:B,MATCH(Composições!A1466,Orçamentária!A:A,0),2)","v":"Eletrocalha 300x50 mm"},null,"m",null,"",{"$f":"IF(ISNUMBER(F1466),E1466*F1466,\"\")","v":""},null,null,0]
[null,null,null,null,null,"",{"$f":"IF(ISNUMBER(F1467),E1467*F1467,\"\")","v":""},null,null,0]
[null,null,"Eletricista com encargos complementares","h",0.55000000000000004,27.474,{"$f":"IF(ISNUMBER(F1468),E1468*F1468,\"\")","v":15.110700000000001},{"$f":"SUM(G1468:G1479)","v":28.4684068},null,0]
[null,null,"Auxiliar de eletricista com encargos complementares","h",0.55000000000000004,21.337,{"$f":"IF(ISNUMBER(F1469),E1469*F1469,\"\")","v":11.73535},null,null,0]
[null,null,"Tiro com pistola para fixação de pino Ø 1/4\" em concreto, inclusive cartucho e pino","un ",1.3332999999999999,0,{"$f":"IF(ISNUMBER(F1470),E1470*F1470,\"\")","v":0},null,null,0]
[null,null,"Eletrocalha perfurada (cabos elétricos) ou lisa (dados), tipo \"U\", de aço galvanizado eletrolítico 300 x 050 mm, fabricado em chapa #18 (1,25 mm)","m",1.05,"",{"$f":"IF(ISNUMBER(F1471),E1471*F1471,\"\")","v":""},null,null,0]
[null,null,"Barra roscada em aço Ø 1/4\", comprimento 1 m, bicromatizada ou zincada","m",1.6,0,{"$f":"IF(ISNUMBER(F1472),E1472*F1472,\"\")","v":0},null,null,0]
[null,null,"PORCA ZINCADA, SEXTAVADA, DIAMETRO 1/4\"","UN",5.3367000000000004,0.30399999999999999,{"$f":"IF(ISNUMBER(F1473),E1473*F1473,\"\")","v":1.6223568000000002},null,null,0]
[null,null,"Arruela em aço galvanizado Ø 1/4\"","un ",5.34,0,{"$f":"IF(ISNUMBER(F1474),E1474*F1474,\"\")","v":0},null,null,0]
[null,null,"Suporte suspensão omega para eletrocalha 300 x 50 mm largura x aba","un ",0.67,0,{"$f":"IF(ISNUMBER(F1475),E1475*F1475,\"\")","v":0},null,null,0]
[null,null,"Prolongador para tirante rosqueado de 1/4\" x 50 mm","un ",1.3332999999999999,0,{"$f":"IF(ISNUMBER(F1476),E1476*F1476,\"\")","v":0},null,null,0]
[null,null,"Parafuso lentilha 1/4 x 1/2\"","un",2.67,0,{"$f":"IF(ISNUMBER(F1477),E1477*F1477,\"\")","v":0},null,null,0]
[null,null,"Tala auto portante para emenda 50 mm","un ",0.67,0,{"$f":"IF(ISNUMBER(F1478),E1478*F1478,\"\")","v":0},null,null,0]
[null,null,"Tampa de encaixe para eletrocalha aço galvanizado perfurada ou lisa, 300 mm","m",1.05,"",{"$f":"IF(ISNUMBER(F1479),E1479*F1479,\"\")","v":""},null,null,0]
[null,null,null,null,null,"",{"$f":"IF(ISNUMBER(F1480),E1480*F1480,\"\")","v":""},null,null,0]
["SF-00242",{"$f":"INDEX(Orçamentária!A:B,MATCH(Composições!A1481,Orçamentária!A:A,0),2)","v":"Eletrocalha 400x50 mm"},null,"m",null,"",{"$f":"IF(ISNUMBER(F1481),E1481*F1481,\"\")","v":""},null,null,0]
[null,null,null,null,null,"",{"$f":"IF(ISNUMBER(F1482),E1482*F1482,\"\")","v":""},null,null,0]
[null,null,"Eletricista com encargos complementares","h",0.55000000000000004,27.474,{"$f":"IF(ISNUMBER(F1483),E1483*F1483,\"\")","v":15.110700000000001},{"$f":"SUM(G1483:G1494)","v":28.4684068},null,0]
[null,null,"Auxiliar de eletricista com encargos complementares","h",0.55000000000000004,21.337,{"$f":"IF(ISNUMBER(F1484),E1484*F1484,\"\")","v":11.73535},null,null,0]
[null,null,"Tiro com pistola para fixação de pino Ø 1/4\" em concreto, inclusive cartucho e pino","un ",1.3332999999999999,0,{"$f":"IF(ISNUMBER(F1485),E1485*F1485,\"\")","v":0},null,null,0]
[null,null,"Eletrocalha perfurada (cabos elétricos) ou lisa (dados), tipo \"U\", de aço galvanizado eletrolítico 400 x 050 mm, fabricado em chapa #16 (1,55 mm)","m",1.05,"",{"$f":"IF(ISNUMBER(F1486),E1486*F1486,\"\")","v":""},null,null,0]
[null,null,"Barra roscada em aço Ø 1/4\", comprimento 1 m, bicromatizada ou zincada","m",1.6,0,{"$f":"IF(ISNUMBER(F1487),E1487*F1487,\"\")","v":0},null,null,0]
[null,null,"PORCA ZINCADA, SEXTAVADA, DIAMETRO 1/4\"","UN",5.3367000000000004,0.30399999999999999,{"$f":"IF(ISNUMBER(F1488),E1488*F1488,\"\")","v":1.6223568000000002},null,null,0]
[null,null,"Arruela em aço galvanizado Ø 1/4\"","un ",5.34,0,{"$f":"IF(ISNUMBER(F1489),E1489*F1489,\"\")","v":0},null,null,0]
[null,null,"Suporte suspensão omega para eletrocalha 400 x 50 mm largura x aba","un ",0.67,0,{"$f":"IF(ISNUMBER(F1490),E1490*F1490,\"\")","v":0},null,null,0]
[null,null,"Prolongador para tirante rosqueado de 1/4\" x 50 mm","un ",1.3332999999999999,0,{"$f":"IF(ISNUMBER(F1491),E1491*F1491,\"\")","v":0},null,null,0]
[null,null,"Parafuso lentilha 1/4 x 1/2\"","un",2.67,0,{"$f":"IF(ISNUMBER(F1492),E1492*F1492,\"\")","v":0},null,null,0]
[null,null,"Tala auto portante para emenda 50 mm","un ",0.67,0,{"$f":"IF(ISNUMBER(F1493),E1493*F1493,\"\")","v":0},null,null,0]
[null,null,"Tampa de encaixe para eletrocalha aço galvanizado perfurada ou lisa, 400 mm","m",1.05,"",{"$f":"IF(ISNUMBER(F1494),E1494*F1494,\"\")","v":""},null,null,0]
[null,null,null,null,null,"",{"$f":"IF(ISNUMBER(F1495),E1495*F1495,\"\")","v":""},null,null,0]
["SF-00243",{"$f":"INDEX(Orçamentária!A:B,MATCH(Composições!A1496,Orçamentária!A:A,0),2)","v":"Eletrocalha 50x50 mm"},null,"m",null,"",{"$f":"IF(ISNUMBER(F1496),E1496*F1496,\"\")","v":""},null,null,0]
[null,null,null,null,null,"",{"$f":"IF(ISNUMBER(F1497),E1497*F1497,\"\")","v":""},null,null,0]
[null,null,"Eletricista com encargos complementares","h",0.45,27.474,{"$f":"IF(ISNUMBER(F1498),E1498*F1498,\"\")","v":12.363300000000001},{"$f":"SUM(G1498:G1509)","v":23.181953200000002},null,0]
[null,null,"Auxiliar de eletricista com encargos complementares","h",0.45,21.337,{"$f":"IF(ISNUMBER(F1499),E1499*F1499,\"\")","v":9.6016499999999994},null,null,0]
[null,null,"Tiro com pistola para fixação de pino Ø 1/4\" em concreto, inclusive cartucho e pino","un ",0.67,0,{"$f":"IF(ISNUMBER(F1500),E1500*F1500,\"\")","v":0},null,null,0]
[null,null,"Eletrocalha perfurada (cabos elétricos) ou lisa (dados), tipo \"U\", de aço galvanizado eletrolítico 50 x 50 mm, fabricado em chapa #22 (0,8 mm)","m",1.05,"",{"$f":"IF(ISNUMBER(F1501),E1501*F1501,\"\")","v":""},null,null,0]
[null,null,"Barra roscada em aço Ø 1/4\", comprimento 1 m, bicromatizada ou zincada","m",0.8,0,{"$f":"IF(ISNUMBER(F1502),E1502*F1502,\"\")","v":0},null,null,0]
[null,null,"PORCA ZINCADA, SEXTAVADA, DIAMETRO 1/4\"","UN",4.0033000000000003,0.30399999999999999,{"$f":"IF(ISNUMBER(F1503),E1503*F1503,\"\")","v":1.2170032},null,null,0]
[null,null,"Arruela em aço galvanizado Ø 1/4\"","un ",4.0033000000000003,0,{"$f":"IF(ISNUMBER(F1504),E1504*F1504,\"\")","v":0},null,null,0]
[null,null,"Suporte suspensão vertical para eletrocalha 50 x 50 mm largura x aba","un ",0.67,0,{"$f":"IF(ISNUMBER(F1505),E1505*F1505,\"\")","v":0},null,null,0]
[null,null,"Prolongador para tirante rosqueado de 1/4\" x 50 mm","un ",1.05,0,{"$f":"IF(ISNUMBER(F1506),E1506*F1506,\"\")","v":0},null,null,0]
[null,null,"Parafuso lentilha 1/4 x 1/2\"","un",2.67,0,{"$f":"IF(ISNUMBER(F1507),E1507*F1507,\"\")","v":0},null,null,0]
[null,null,"Tala auto portante para emenda 50 mm","un ",0.66669999999999996,0,{"$f":"IF(ISNUMBER(F1508),E1508*F1508,\"\")","v":0},null,null,0]
[null,null,"Tampa de encaixe para eletrocalha aço galvanizado perfurada ou lisa, 50 mm","m",1.05,"",{"$f":"IF(ISNUMBER(F1509),E1509*F1509,\"\")","v":""},null,null,0]
[null,null,null,null,null,"",{"$f":"IF(ISNUMBER(F1510),E1510*F1510,\"\")","v":""},null,null,0]
["SF-00244",{"$f":"INDEX(Orçamentária!A:B,MATCH(Composições!A1511,Orçamentária!A:A,0),2)","v":"Eletroduto de aço galvanizado de 1 1/2\""},null,"m",null,"",{"$f":"IF(ISNUMBER(F1511),E1511*F1511,\"\")","v":""},null,null,24]
[null,null,null,null,null,"",{"$f":"IF(ISNUMBER(F1512),E1512*F1512,\"\")","v":""},null,null,24]
[null,null,"Eletroduto de aço com costura galvanização eletrolítica Ø 1 1/2\"","m",1.05,26.590499999999999,{"$f":"IF(ISNUMBER(F1513),E1513*F1513,\"\")","v":27.920024999999999},{"$f":"SUM(G1513:G1515)","v":64.528275000000008},null,24]
[null,null,"Eletricista com encargos complementares","h",0.75,27.474,{"$f":"IF(ISNUMBER(F1514),E1514*F1514,\"\")","v":20.605499999999999},null,null,24]
[null,null,"Auxiliar de eletricista com encargos complementares","h",0.75,21.337,{"$f":"IF(ISNUMBER(F1515),E1515*F1515,\"\")","v":16.002749999999999},null,null,24]
[null,null,null,null,null,"",{"$f":"IF(ISNUMBER(F1516),E1516*F1516,\"\")","v":""},null,null,24]
["SF-00245",{"$f":"INDEX(Orçamentária!A:B,MATCH(Composições!A1517,Orçamentária!A:A,0),2)","v":"Eletroduto de aço galvanizado de 1 1/4\""},null,"m",null,"",{"$f":"IF(ISNUMBER(F1517),E1517*F1517,\"\")","v":""},null,null,0]
[null,null,null,null,null,"",{"$f":"IF(ISNUMBER(F1518),E1518*F1518,\"\")","v":""},null,null,0]
[null,null,"Eletroduto de aço com costura galvanização eletrolítica Ø 1 1/4\"","m",1.05,0,{"$f":"IF(ISNUMBER(F1519),E1519*F1519,\"\")","v":0},{"$f":"SUM(G1519:G1521)","v":36.608249999999998},null,0]
[null,null,"Eletricista com encargos complementares","h",0.75,27.474,{"$f":"IF(ISNUMBER(F1520),E1520*F1520,\"\")","v":20.605499999999999},null,null,0]
[null,null,"Auxiliar de eletricista com encargos complementares","h",0.75,21.337,{"$f":"IF(ISNUMBER(F1521),E1521*F1521,\"\")","v":16.002749999999999},null,null,0]
[null,null,null,null,null,"",{"$f":"IF(ISNUMBER(F1522),E1522*F1522,\"\")","v":""},null,null,0]
["SF-00246",{"$f":"INDEX(Orçamentária!A:B,MATCH(Composições!A1523,Orçamentária!A:A,0),2)","v":"Eletroduto de aço galvanizado de 1\""},null,"m",null,"",{"$f":"IF(ISNUMBER(F1523),E1523*F1523,\"\")","v":""},null,null,12]
[null,null,null,null,null,"",{"$f":"IF(ISNUMBER(F1524),E1524*F1524,\"\")","v":""},null,null,12]
[null,null,"Eletroduto de aço com costura galvanização eletrolítica Ø 1\"","m",1.05,13.603999999999999,{"$f":"IF(ISNUMBER(F1525),E1525*F1525,\"\")","v":14.2842},{"$f":"SUM(G1525:G1527)","v":38.689700000000002},null,12]
[null,null,"Eletricista com encargos complementares","h",0.5,27.474,{"$f":"IF(ISNUMBER(F1526),E1526*F1526,\"\")","v":13.737},null,null,12]
[null,null,"Auxiliar de eletricista com encargos complementares","h",0.5,21.337,{"$f":"IF(ISNUMBER(F1527),E1527*F1527,\"\")","v":10.6685},null,null,12]
[null,null,null,null,null,"",{"$f":"IF(ISNUMBER(F1528),E1528*F1528,\"\")","v":""},null,null,12]
["SF-00247",{"$f":"INDEX(Orçamentária!A:B,MATCH(Composições!A1529,Orçamentária!A:A,0),2)","v":"Eletroduto de aço galvanizado de 2\""},null,"m",null,"",{"$f":"IF(ISNUMBER(F1529),E1529*F1529,\"\")","v":""},null,null,0]
[null,null,null,null,null,"",{"$f":"IF(ISNUMBER(F1530),E1530*F1530,\"\")","v":""},null,null,0]
[null,null,"Eletroduto de aço com costura galvanização eletrolítica Ø 2\"","m",1.05,0,{"$f":"IF(ISNUMBER(F1531),E1531*F1531,\"\")","v":0},{"$f":"SUM(G1531:G1533)","v":36.608249999999998},null,0]
[null,null,"Eletricista com encargos complementares","h",0.75,27.474,{"$f":"IF(ISNUMBER(F1532),E1532*F1532,\"\")","v":20.605499999999999},null,null,0]
[null,null,"Auxiliar de eletricista com encargos complementares","h",0.75,21.337,{"$f":"IF(ISNUMBER(F1533),E1533*F1533,\"\")","v":16.002749999999999},null,null,0]
[null,null,null,null,null,"",{"$f":"IF(ISNUMBER(F1534),E1534*F1534,\"\")","v":""},null,null,0]
["SF-00248",{"$f":"INDEX(Orçamentária!A:B,MATCH(Composições!A1535,Orçamentária!A:A,0),2)","v":"Eletroduto de aço galvanizado de 3/4\""},null,"m",null,"",{"$f":"IF(ISNUMBER(F1535),E1535*F1535,\"\")","v":""},null,null,31]
[null,null,null,null,null,"",{"$f":"IF(ISNUMBER(F1536),E1536*F1536,\"\")","v":""},null,null,31]
[null,null,"Eletroduto de aço com costura galvanização eletrolítica Ø 3/4\"","m",1.05,11.086499999999999,{"$f":"IF(ISNUMBER(F1537),E1537*F1537,\"\")","v":11.640825},{"$f":"SUM(G1537:G1539)","v":36.046325000000003},null,31]
[null,null,"Eletricista com encargos complementares","h",0.5,27.474,{"$f":"IF(ISNUMBER(F1538),E1538*F1538,\"\")","v":13.737},null,null,31]
[null,null,"Auxiliar de eletricista com encargos complementares","h",0.5,21.337,{"$f":"IF(ISNUMBER(F1539),E1539*F1539,\"\")","v":10.6685},null,null,31]
[null,null,null,null,null,"",{"$f":"IF(ISNUMBER(F1540),E1540*F1540,\"\")","v":""},null,null,31]
["SF-00249",{"$f":"INDEX(Orçamentária!A:B,MATCH(Composições!A1541,Orçamentária!A:A,0),2)","v":"Eletroduto de PVC Corrugado Reforçado 1'' (DE 32mm)"},null,"m",null,"",{"$f":"IF(ISNUMBER(F1541),E1541*F1541,\"\")","v":""},null,null,0]
[null,null,null,null,null,"",{"$f":"IF(ISNUMBER(F1542),E1542*F1542,\"\")","v":""},null,null,0]
[null,null,"Eletroduto PVC flexivel corrugado, reforcado, cor laranja, de 32 mm, para lajes e pisos","m",1.1000000000000001,8.3885000000000005,{"$f":"IF(ISNUMBER(F1543),E1543*F1543,\"\")","v":9.2273500000000013},{"$f":"SUM(G1543:G1546)","v":16.605952500000001},null,0]
[null,null,"Eletricista com encargos complementares","h",0.09,27.474,{"$f":"IF(ISNUMBER(F1544),E1544*F1544,\"\")","v":2.4726599999999999},null,null,0]
[null,null,"Auxiliar de eletricista com encargos complementares","h",0.09,21.337,{"$f":"IF(ISNUMBER(F1545),E1545*F1545,\"\")","v":1.9203299999999999},null,null,0]
[null,null,"Fixação de tubos horizontais de PVC, CPVC ou cobre diâmetros menores ou iguais a 40 mm ou eletrocalhas até 150mm de largura, com abraçadeira metálica rígida tipo d 1/2\u0094, fixada em perfilado em laje. af_05/2015","m",1,2.9856125000000002,{"$f":"IF(ISNUMBER(F1546),E1546*F1546,\"\")","v":2.9856125000000002},null,null,0]
[null,null,null,null,null,"",{"$f":"IF(ISNUMBER(F1547),E1547*F1547,\"\")","v":""},null,null,0]
["SF-00250",{"$f":"INDEX(Orçamentária!A:B,MATCH(Composições!A1548,Orçamentária!A:A,0),2)","v":"Eletroduto de PVC Corrugado Reforçado 3/4'' (DE 25mm)"},null,"m",null,"",{"$f":"IF(ISNUMBER(F1548),E1548*F1548,\"\")","v":""},null,null,15]
[null,null,null,null,null,"",{"$f":"IF(ISNUMBER(F1549),E1549*F1549,\"\")","v":""},null,null,15]
[null,null,"Eletricista com encargos complementares","h",7.0000000000000007E-2,27.474,{"$f":"IF(ISNUMBER(F1550),E1550*F1550,\"\")","v":1.9231800000000001},{"$f":"SUM(G1550:G1553)","v":11.198932500000002},null,15]
[null,null,"Auxiliar de eletricista com encargos complementares","h",7.0000000000000007E-2,21.337,{"$f":"IF(ISNUMBER(F1551),E1551*F1551,\"\")","v":1.4935900000000002},null,null,15]
[null,null,"Eletroduto PVC flexivel corrugado, reforcado, cor laranja, de 25 mm, para lajes e pisos","m",1.1000000000000001,4.3605,{"$f":"IF(ISNUMBER(F1552),E1552*F1552,\"\")","v":4.7965500000000008},null,null,15]
[null,null,"Fixação de tubos horizontais de PVC, CPVC ou cobre diâmetros menores ou iguais a 40 mm ou eletrocalhas até 150mm de largura, com abraçadeira metálica rígida tipo d 1/2\u0094, fixada em perfilado em laje. af_05/2015","m",1,2.9856125000000002,{"$f":"IF(ISNUMBER(F1553),E1553*F1553,\"\")","v":2.9856125000000002},null,null,15]
[null,null,null,null,null,"",{"$f":"IF(ISNUMBER(F1554),E1554*F1554,\"\")","v":""},null,null,15]
["SF-00251",{"$f":"INDEX(Orçamentária!A:B,MATCH(Composições!A1555,Orçamentária!A:A,0),2)","v":"Eletroduto flexível metálico com capa de PVC 1’’"},null,"m",null,"",{"$f":"IF(ISNUMBER(F1555),E1555*F1555,\"\")","v":""},null,null,0]
[null,null,null,null,null,"",{"$f":"IF(ISNUMBER(F1556),E1556*F1556,\"\")","v":""},null,null,0]
[null,null,"Eletroduto flexivel, em aco galvanizado, revestido externamente com PVC preto, diametro externo de 32 mm (1\"), tipo sealtubo","m",1.1000000000000001,13.8225,{"$f":"IF(ISNUMBER(F1557),E1557*F1557,\"\")","v":15.204750000000001},{"$f":"SUM(G1557:G1560)","v":20.472746999999998},null,0]
[null,null,"ARAME RECOZIDO 16 BWG, D = 1,65 MM (0,016 KG/M) OU 18 BWG, D = 1,25 MM (0,01 KG/M)","kg",2E-3,22.61,{"$f":"IF(ISNUMBER(F1558),E1558*F1558,\"\")","v":4.5220000000000003E-2},null,null,0]
[null,null,"Auxiliar de eletricista com encargos complementares","h",0.107,21.337,{"$f":"IF(ISNUMBER(F1559),E1559*F1559,\"\")","v":2.2830589999999997},null,null,0]
[null,null,"Eletricista com encargos complementares","h",0.107,27.474,{"$f":"IF(ISNUMBER(F1560),E1560*F1560,\"\")","v":2.9397180000000001},null,null,0]
[null,null,null,null,null,"",{"$f":"IF(ISNUMBER(F1561),E1561*F1561,\"\")","v":""},null,null,0]
["SF-00252",{"$f":"INDEX(Orçamentária!A:B,MATCH(Composições!A1562,Orçamentária!A:A,0),2)","v":"Eletroduto flexível metálico com capa de PVC 3/4\""},null,"m",null,"",{"$f":"IF(ISNUMBER(F1562),E1562*F1562,\"\")","v":""},null,null,0]
[null,null,null,null,null,"",{"$f":"IF(ISNUMBER(F1563),E1563*F1563,\"\")","v":""},null,null,0]
[null,null,"Eletroduto flexivel, em aco galvanizado, revestido externamente com PVC preto, diametro externo de 25 mm (3/4\"), tipo sealtubo","m",1.1000000000000001,10.535499999999999,{"$f":"IF(ISNUMBER(F1564),E1564*F1564,\"\")","v":11.58905},{"$f":"SUM(G1564:G1567)","v":15.876305},null,0]
[null,null,"ARAME RECOZIDO 16 BWG, D = 1,65 MM (0,016 KG/M) OU 18 BWG, D = 1,25 MM (0,01 KG/M)","kg",1.8E-3,22.61,{"$f":"IF(ISNUMBER(F1565),E1565*F1565,\"\")","v":4.0697999999999998E-2},null,null,0]
[null,null,"Auxiliar de eletricista com encargos complementares","h",8.6999999999999994E-2,21.337,{"$f":"IF(ISNUMBER(F1566),E1566*F1566,\"\")","v":1.8563189999999998},null,null,0]
[null,null,"Eletricista com encargos complementares","h",8.6999999999999994E-2,27.474,{"$f":"IF(ISNUMBER(F1567),E1567*F1567,\"\")","v":2.3902379999999996},null,null,0]
[null,null,null,null,null,"",{"$f":"IF(ISNUMBER(F1568),E1568*F1568,\"\")","v":""},null,null,0]
["SF-00253",{"$f":"INDEX(Orçamentária!A:B,MATCH(Composições!A1569,Orçamentária!A:A,0),2)","v":"Perfilado 38x38mm"},null,"m",null,"",{"$f":"IF(ISNUMBER(F1569),E1569*F1569,\"\")","v":""},null,null,0]
[null,null,null,null,null,"",{"$f":"IF(ISNUMBER(F1570),E1570*F1570,\"\")","v":""},null,null,0]
[null,null,"Perfilado perfurado em aço galvanizado # 18, 38 x 38 mm","m",1.05,"",{"$f":"IF(ISNUMBER(F1571),E1571*F1571,\"\")","v":""},{"$f":"SUM(G1571:G1582)","v":22.774593200000002},null,0]
[null,null,"Auxiliar de eletricista com encargos complementares","h",0.45,21.337,{"$f":"IF(ISNUMBER(F1572),E1572*F1572,\"\")","v":9.6016499999999994},null,null,0]
[null,null,"Eletricista com encargos complementares","h",0.45,27.474,{"$f":"IF(ISNUMBER(F1573),E1573*F1573,\"\")","v":12.363300000000001},null,null,0]
[null,null,"Tiro com pistola para fixação de pino Ø 1/4\" em concreto, inclusive cartucho e pino","un ",0.67,0,{"$f":"IF(ISNUMBER(F1574),E1574*F1574,\"\")","v":0},null,null,0]
[null,null,"Suporte curto para perfilado em aço galvanizado # 22, 38 mm x 100 mm","un ",0.67,0,{"$f":"IF(ISNUMBER(F1575),E1575*F1575,\"\")","v":0},null,null,0]
[null,null,"Barra roscada em aço Ø 1/4\", comprimento 1 m, bicromatizada ou zincada","m",0.8,0,{"$f":"IF(ISNUMBER(F1576),E1576*F1576,\"\")","v":0},null,null,0]
[null,null,"PORCA ZINCADA, SEXTAVADA, DIAMETRO 1/4\"","UN",2.6633,0.30399999999999999,{"$f":"IF(ISNUMBER(F1577),E1577*F1577,\"\")","v":0.80964320000000001},null,null,0]
[null,null,"Arruela em aço galvanizado Ø 1/4\"","un ",2.6633,0,{"$f":"IF(ISNUMBER(F1578),E1578*F1578,\"\")","v":0},null,null,0]
[null,null,"Prolongador para tirante rosqueado de 1/4\" x 50 mm","un ",0.67,0,{"$f":"IF(ISNUMBER(F1579),E1579*F1579,\"\")","v":0},null,null,0]
[null,null,"Parafuso lentilha 1/4 x 1/2\"","un",1.33,0,{"$f":"IF(ISNUMBER(F1580),E1580*F1580,\"\")","v":0},null,null,0]
[null,null,"Tala 4 furos para emenda 38 mm","un ",0.33329999999999999,0,{"$f":"IF(ISNUMBER(F1581),E1581*F1581,\"\")","v":0},null,null,0]
[null,null,"Tampa de encaixe para perfilado em aço galvanizado 38 mm","m",1.05,0,{"$f":"IF(ISNUMBER(F1582),E1582*F1582,\"\")","v":0},null,null,0]
[null,null,null,null,null,"",{"$f":"IF(ISNUMBER(F1583),E1583*F1583,\"\")","v":""},null,null,0]
["SF-00254",{"$f":"INDEX(Orçamentária!A:B,MATCH(Composições!A1584,Orçamentária!A:A,0),2)","v":"Espelho 4x2"},null,"un",null,"",{"$f":"IF(ISNUMBER(F1584),E1584*F1584,\"\")","v":""},null,null,3]
[null,null,null,null,null,"",{"$f":"IF(ISNUMBER(F1585),E1585*F1585,\"\")","v":""},null,null,3]
[null,null,"Espelho / placa de 3 postos 4\" x 2\", para instalacao de tomadas e interruptores","un",1,3.2204999999999999,{"$f":"IF(ISNUMBER(F1586),E1586*F1586,\"\")","v":3.2204999999999999},{"$f":"SUM(G1586:G1588)","v":7.3102119999999999},null,3]
[null,null,"Suporte de fixacao para espelho / placa 4\" x 2\", para 3 modulos, para instalacao de tomadas e interruptores (somente suporte)","un",1,1.6719999999999999,{"$f":"IF(ISNUMBER(F1587),E1587*F1587,\"\")","v":1.6719999999999999},null,null,3]
[null,null,"Eletricista com encargos complementares","h",8.7999999999999995E-2,27.474,{"$f":"IF(ISNUMBER(F1588),E1588*F1588,\"\")","v":2.4177119999999999},null,null,3]
[null,null,null,null,null,"",{"$f":"IF(ISNUMBER(F1589),E1589*F1589,\"\")","v":""},null,null,3]
["SF-00255",{"$f":"INDEX(Orçamentária!A:B,MATCH(Composições!A1590,Orçamentária!A:A,0),2)","v":"Espelho 4x4"},null,"un",null,"",{"$f":"IF(ISNUMBER(F1590),E1590*F1590,\"\")","v":""},null,null,0]
[null,null,null,null,null,"",{"$f":"IF(ISNUMBER(F1591),E1591*F1591,\"\")","v":""},null,null,0]
[null,null,"Espelho / placa de 6 postos 4\" x 4\", para instalacao de tomadas e interruptores","un",1,6.5359999999999996,{"$f":"IF(ISNUMBER(F1592),E1592*F1592,\"\")","v":6.5359999999999996},{"$f":"SUM(G1592:G1594)","v":12.129295999999998},null,0]
[null,null,"Suporte de fixacao para espelho / placa 4\" x 4\", para 6 modulos, para instalacao de tomadas e interruptores (somente suporte)","un",1,2.7359999999999998,{"$f":"IF(ISNUMBER(F1593),E1593*F1593,\"\")","v":2.7359999999999998},null,null,0]
[null,null,"Eletricista com encargos complementares","h",0.104,27.474,{"$f":"IF(ISNUMBER(F1594),E1594*F1594,\"\")","v":2.8572959999999998},null,null,0]
[null,null,null,null,null,"",{"$f":"IF(ISNUMBER(F1595),E1595*F1595,\"\")","v":""},null,null,0]
["SF-00256",{"$f":"INDEX(Orçamentária!A:B,MATCH(Composições!A1596,Orçamentária!A:A,0),2)","v":"Espelho cego redondo"},null,"un",null,"",{"$f":"IF(ISNUMBER(F1596),E1596*F1596,\"\")","v":""},null,null,0]
[null,null,null,null,null,"",{"$f":"IF(ISNUMBER(F1597),E1597*F1597,\"\")","v":""},null,null,0]
[null,null,"Espelho cego redondo","un",1,"",{"$f":"IF(ISNUMBER(F1598),E1598*F1598,\"\")","v":""},{"$f":"SUM(G1598:G1600)","v":5.5932959999999996},null,0]
[null,null,"Suporte de fixacao para espelho / placa 4\" x 4\", para 6 modulos, para instalacao de tomadas e interruptores (somente suporte)","un",1,2.7359999999999998,{"$f":"IF(ISNUMBER(F1599),E1599*F1599,\"\")","v":2.7359999999999998},null,null,0]
[null,null,"Eletricista com encargos complementares","h",0.104,27.474,{"$f":"IF(ISNUMBER(F1600),E1600*F1600,\"\")","v":2.8572959999999998},null,null,0]
[null,null,null,null,null,"",{"$f":"IF(ISNUMBER(F1601),E1601*F1601,\"\")","v":""},null,null,0]
["SF-00257",{"$f":"INDEX(Orçamentária!A:B,MATCH(Composições!A1602,Orçamentária!A:A,0),2)","v":"Interruptor para condulete"},null,"un",null,"",{"$f":"IF(ISNUMBER(F1602),E1602*F1602,\"\")","v":""},null,null,0]
[null,null,null,null,null,"",{"$f":"IF(ISNUMBER(F1603),E1603*F1603,\"\")","v":""},null,null,0]
[null,null,"Eletricista com encargos complementares","h",{"$f":"0.3/2","v":0.15},27.474,{"$f":"IF(ISNUMBER(F1604),E1604*F1604,\"\")","v":4.1211000000000002},{"$f":"SUM(G1604:G1607)","v":7.32165},null,0]
[null,null,"Auxiliar de eletricista com encargos complementares","h",{"$f":"0.3/2","v":0.15},21.337,{"$f":"IF(ISNUMBER(F1605),E1605*F1605,\"\")","v":3.2005499999999998},null,null,0]
[null,null,"Tampa para condulete alumínio para eletrodutos de 1\", de sobrepor , com conexões e acessórios. ","un",1,"",{"$f":"IF(ISNUMBER(F1606),E1606*F1606,\"\")","v":""},null,null,0]
[null,null,"Interruptor para condulete alumínio para eletrodutos de 1’’, de sobrepor, com conexões e acessórios.","un",1,"",{"$f":"IF(ISNUMBER(F1607),E1607*F1607,\"\")","v":""},null,null,0]
[null,null,null,null,null,"",{"$f":"IF(ISNUMBER(F1608),E1608*F1608,\"\")","v":""},null,null,0]
["SF-00258",{"$f":"INDEX(Orçamentária!A:B,MATCH(Composições!A1609,Orçamentária!A:A,0),2)","v":"Módulo cego"},null,"un",null,"",{"$f":"IF(ISNUMBER(F1609),E1609*F1609,\"\")","v":""},null,null,0]
[null,null,null,null,null,"",{"$f":"IF(ISNUMBER(F1610),E1610*F1610,\"\")","v":""},null,null,0]
[null,null,"Eletricista com encargos complementares","h",0.1,27.474,{"$f":"IF(ISNUMBER(F1611),E1611*F1611,\"\")","v":2.7474000000000003},{"$f":"SUM(G1611:G1612)","v":2.7474000000000003},null,0]
[null,null,"Módulo cego","un",1,"",{"$f":"IF(ISNUMBER(F1612),E1612*F1612,\"\")","v":""},null,null,0]
[null,null,null,null,null,"",{"$f":"IF(ISNUMBER(F1613),E1613*F1613,\"\")","v":""},null,null,0]
["SF-00259",{"$f":"INDEX(Orçamentária!A:B,MATCH(Composições!A1614,Orçamentária!A:A,0),2)","v":"Módulo interruptor paralelo"},null,"un",null,"",{"$f":"IF(ISNUMBER(F1614),E1614*F1614,\"\")","v":""},null,null,0]
[null,null,null,null,null,"",{"$f":"IF(ISNUMBER(F1615),E1615*F1615,\"\")","v":""},null,null,0]
[null,null,"Interruptor paralelo 10A, 250V (apenas modulo)","un",1,9.8895,{"$f":"IF(ISNUMBER(F1616),E1616*F1616,\"\")","v":9.8895},{"$f":"SUM(G1616:G1618)","v":24.923287999999999},null,0]
[null,null,"Auxiliar de eletricista com encargos complementares","h",0.308,21.337,{"$f":"IF(ISNUMBER(F1617),E1617*F1617,\"\")","v":6.571796},null,null,0]
[null,null,"Eletricista com encargos complementares","h",0.308,27.474,{"$f":"IF(ISNUMBER(F1618),E1618*F1618,\"\")","v":8.4619920000000004},null,null,0]
[null,null,null,null,null,"",{"$f":"IF(ISNUMBER(F1619),E1619*F1619,\"\")","v":""},null,null,0]
["SF-00260",{"$f":"INDEX(Orçamentária!A:B,MATCH(Composições!A1620,Orçamentária!A:A,0),2)","v":"Módulo interruptor simples"},null,"un",null,"",{"$f":"IF(ISNUMBER(F1620),E1620*F1620,\"\")","v":""},null,null,1]
[null,null,null,null,null,"",{"$f":"IF(ISNUMBER(F1621),E1621*F1621,\"\")","v":""},null,null,1]
[null,null,"Interruptor simples 10A, 250V (apenas modulo)","un",1,7.5904999999999996,{"$f":"IF(ISNUMBER(F1622),E1622*F1622,\"\")","v":7.5904999999999996},{"$f":"SUM(G1622:G1624)","v":18.572975},null,1]
[null,null,"Auxiliar de eletricista com encargos complementares","h",0.22500000000000001,21.337,{"$f":"IF(ISNUMBER(F1623),E1623*F1623,\"\")","v":4.8008249999999997},null,null,1]
[null,null,"Eletricista com encargos complementares","h",0.22500000000000001,27.474,{"$f":"IF(ISNUMBER(F1624),E1624*F1624,\"\")","v":6.1816500000000003},null,null,1]
[null,null,null,null,null,"",{"$f":"IF(ISNUMBER(F1625),E1625*F1625,\"\")","v":""},null,null,1]
["SF-00261",{"$f":"INDEX(Orçamentária!A:B,MATCH(Composições!A1626,Orçamentária!A:A,0),2)","v":"Módulo para saída de fio"},null,"un",null,"",{"$f":"IF(ISNUMBER(F1626),E1626*F1626,\"\")","v":""},null,null,0]
[null,null,null,null,null,"",{"$f":"IF(ISNUMBER(F1627),E1627*F1627,\"\")","v":""},null,null,0]
[null,null,"Eletricista com encargos complementares","h",0.1,27.474,{"$f":"IF(ISNUMBER(F1628),E1628*F1628,\"\")","v":2.7474000000000003},{"$f":"SUM(G1628:G1629)","v":2.7474000000000003},null,0]
[null,null,"Módulo para saída de fio","un",1,"",{"$f":"IF(ISNUMBER(F1629),E1629*F1629,\"\")","v":""},null,null,0]
[null,null,null,null,null,"",{"$f":"IF(ISNUMBER(F1630),E1630*F1630,\"\")","v":""},null,null,0]
["SF-00262",{"$f":"INDEX(Orçamentária!A:B,MATCH(Composições!A1631,Orçamentária!A:A,0),2)","v":"Módulo sensor de presença"},null,"un",null,"",{"$f":"IF(ISNUMBER(F1631),E1631*F1631,\"\")","v":""},null,null,0]
[null,null,null,null,null,"",{"$f":"IF(ISNUMBER(F1632),E1632*F1632,\"\")","v":""},null,null,0]
[null,null,"Eletricista com encargos complementares","h",0.308,27.474,{"$f":"IF(ISNUMBER(F1633),E1633*F1633,\"\")","v":8.4619920000000004},{"$f":"SUM(G1633:G1635)","v":15.033788000000001},null,0]
[null,null,"Auxiliar de eletricista com encargos complementares","h",0.308,21.337,{"$f":"IF(ISNUMBER(F1634),E1634*F1634,\"\")","v":6.571796},null,null,0]
[null,null,"Módulo sensor de presença","un",1,"",{"$f":"IF(ISNUMBER(F1635),E1635*F1635,\"\")","v":""},null,null,0]
[null,null,null,null,null,"",{"$f":"IF(ISNUMBER(F1636),E1636*F1636,\"\")","v":""},null,null,0]
["SF-00263",{"$f":"INDEX(Orçamentária!A:B,MATCH(Composições!A1637,Orçamentária!A:A,0),2)","v":"Módulo tomada 10 A"},null,"un",null,"",{"$f":"IF(ISNUMBER(F1637),E1637*F1637,\"\")","v":""},null,null,0]
[null,null,null,null,null,"",{"$f":"IF(ISNUMBER(F1638),E1638*F1638,\"\")","v":""},null,null,0]
[null,null,"TOMADA 2P+T 10A, 250V (APENAS MODULO)","un",1,8.6449999999999996,{"$f":"IF(ISNUMBER(F1639),E1639*F1639,\"\")","v":8.6449999999999996},{"$f":"SUM(G1639:G1641)","v":20.115584999999999},null,0]
[null,null,"Auxiliar de eletricista com encargos complementares","h",0.23499999999999999,21.337,{"$f":"IF(ISNUMBER(F1640),E1640*F1640,\"\")","v":5.014195},null,null,0]
[null,null,"Eletricista com encargos complementares","h",0.23499999999999999,27.474,{"$f":"IF(ISNUMBER(F1641),E1641*F1641,\"\")","v":6.4563899999999999},null,null,0]
[null,null,null,null,null,"",{"$f":"IF(ISNUMBER(F1642),E1642*F1642,\"\")","v":""},null,null,0]
["SF-00264",{"$f":"INDEX(Orçamentária!A:B,MATCH(Composições!A1643,Orçamentária!A:A,0),2)","v":"Módulo tomada 20 A"},null,"un",null,"",{"$f":"IF(ISNUMBER(F1643),E1643*F1643,\"\")","v":""},null,null,2]
[null,null,null,null,null,"",{"$f":"IF(ISNUMBER(F1644),E1644*F1644,\"\")","v":""},null,null,2]
[null,null,"TOMADA 2P+T 20A, 250V (APENAS MODULO)","un",1,11.058,{"$f":"IF(ISNUMBER(F1645),E1645*F1645,\"\")","v":11.058},{"$f":"SUM(G1645:G1647)","v":22.528585},null,2]
[null,null,"Auxiliar de eletricista com encargos complementares","h",0.23499999999999999,21.337,{"$f":"IF(ISNUMBER(F1646),E1646*F1646,\"\")","v":5.014195},null,null,2]
[null,null,"Eletricista com encargos complementares","h",0.23499999999999999,27.474,{"$f":"IF(ISNUMBER(F1647),E1647*F1647,\"\")","v":6.4563899999999999},null,null,2]
[null,null,null,null,null,"",{"$f":"IF(ISNUMBER(F1648),E1648*F1648,\"\")","v":""},null,null,2]
["SF-00265",{"$f":"INDEX(Orçamentária!A:B,MATCH(Composições!A1649,Orçamentária!A:A,0),2)","v":"Porta equipamentos para canaleta de alumínio aparente"},null,"un",null,"",{"$f":"IF(ISNUMBER(F1649),E1649*F1649,\"\")","v":""},null,null,0]
[null,null,null,null,null,"",{"$f":"IF(ISNUMBER(F1650),E1650*F1650,\"\")","v":""},null,null,0]
[null,null,"Auxiliar de eletricista com encargos complementares","h",{"$f":"0.35/2","v":0.17499999999999999},21.337,{"$f":"IF(ISNUMBER(F1651),E1651*F1651,\"\")","v":3.7339749999999996},{"$f":"SUM(G1651:G1653)","v":8.5419249999999991},null,0]
[null,null,"Eletricista com encargos complementares","h",{"$f":"0.35/2","v":0.17499999999999999},27.474,{"$f":"IF(ISNUMBER(F1652),E1652*F1652,\"\")","v":4.8079499999999999},"",null,0]
[null,null,"Porta equipamentos para canaleta de alumínio aparente","un",1,"",{"$f":"IF(ISNUMBER(F1653),E1653*F1653,\"\")","v":""},null,null,0]
[null,null,null,null,null,"",{"$f":"IF(ISNUMBER(F1654),E1654*F1654,\"\")","v":""},null,null,0]
["SF-00266",{"$f":"INDEX(Orçamentária!A:B,MATCH(Composições!A1655,Orçamentária!A:A,0),2)","v":"Tampa cega metálica para caixas de piso 4x2"},null,"un",null,"",{"$f":"IF(ISNUMBER(F1655),E1655*F1655,\"\")","v":""},null,null,0]
[null,null,null,null,null,"",{"$f":"IF(ISNUMBER(F1656),E1656*F1656,\"\")","v":""},null,null,0]
[null,null,"Auxiliar de eletricista com encargos complementares","h",0.1,21.337,{"$f":"IF(ISNUMBER(F1657),E1657*F1657,\"\")","v":2.1337000000000002},{"$f":"SUM(G1657:G1658)","v":2.1337000000000002},null,0]
[null,null,"Tampa cega para caixa de piso 4x2 cromada. ","un",1,"",{"$f":"IF(ISNUMBER(F1658),E1658*F1658,\"\")","v":""},null,null,0]
[null,null,null,null,null,"",{"$f":"IF(ISNUMBER(F1659),E1659*F1659,\"\")","v":""},null,null,0]
["SF-00267",{"$f":"INDEX(Orçamentária!A:B,MATCH(Composições!A1660,Orçamentária!A:A,0),2)","v":"Tampa cega metálica para caixas de piso 4x4"},null,"un",null,"",{"$f":"IF(ISNUMBER(F1660),E1660*F1660,\"\")","v":""},null,null,0]
[null,null,null,null,null,"",{"$f":"IF(ISNUMBER(F1661),E1661*F1661,\"\")","v":""},null,null,0]
[null,null,"Auxiliar de eletricista com encargos complementares","h",0.1,21.337,{"$f":"IF(ISNUMBER(F1662),E1662*F1662,\"\")","v":2.1337000000000002},{"$f":"SUM(G1662:G1663)","v":2.1337000000000002},null,0]
[null,null,"Tampa cega para caixa de piso 4x4 cromada. ","un",1,"",{"$f":"IF(ISNUMBER(F1663),E1663*F1663,\"\")","v":""},null,null,0]
[null,null,null,null,null,"",{"$f":"IF(ISNUMBER(F1664),E1664*F1664,\"\")","v":""},null,null,0]
["SF-00268",{"$f":"INDEX(Orçamentária!A:B,MATCH(Composições!A1665,Orçamentária!A:A,0),2)","v":"Tampa cega para condulete"},null,"un",null,"",{"$f":"IF(ISNUMBER(F1665),E1665*F1665,\"\")","v":""},null,null,0]
[null,null,null,null,null,"",{"$f":"IF(ISNUMBER(F1666),E1666*F1666,\"\")","v":""},null,null,0]
[null,null,"Auxiliar de eletricista com encargos complementares","h",0.15,21.337,{"$f":"IF(ISNUMBER(F1667),E1667*F1667,\"\")","v":3.2005499999999998},{"$f":"SUM(G1667:G1668)","v":3.2005499999999998},null,0]
[null,null,"Tampa cega para condulete alumínio para eletrodutos de 1’’, de sobrepor, com conexões e acessórios.","un",1,"",{"$f":"IF(ISNUMBER(F1668),E1668*F1668,\"\")","v":""},null,null,0]
[null,null,null,null,null,"",{"$f":"IF(ISNUMBER(F1669),E1669*F1669,\"\")","v":""},null,null,0]
["SF-00269",{"$f":"INDEX(Orçamentária!A:B,MATCH(Composições!A1670,Orçamentária!A:A,0),2)","v":"Tampa RJ45 dupla para condulete"},null,"un",null,"",{"$f":"IF(ISNUMBER(F1670),E1670*F1670,\"\")","v":""},null,null,0]
[null,null,null,null,null,"",{"$f":"IF(ISNUMBER(F1671),E1671*F1671,\"\")","v":""},null,null,0]
[null,null,"Auxiliar de eletricista com encargos complementares","h",0.15,21.337,{"$f":"IF(ISNUMBER(F1672),E1672*F1672,\"\")","v":3.2005499999999998},{"$f":"SUM(G1672:G1674)","v":7.32165},null,0]
[null,null,"Eletricista com encargos complementares","h",0.15,27.474,{"$f":"IF(ISNUMBER(F1673),E1673*F1673,\"\")","v":4.1211000000000002},null,null,0]
[null,null,"Espelho para dois módulos RJ45 para condulete alumínio para eletrodutos de 1’’, de sobrepor, com conexões e acessórios.","un",1,"",{"$f":"IF(ISNUMBER(F1674),E1674*F1674,\"\")","v":""},null,null,0]
[null,null,null,null,null,"",{"$f":"IF(ISNUMBER(F1675),E1675*F1675,\"\")","v":""},null,null,0]
["SF-00270",{"$f":"INDEX(Orçamentária!A:B,MATCH(Composições!A1676,Orçamentária!A:A,0),2)","v":"Tomada para condulete"},null,"un",null,"",{"$f":"IF(ISNUMBER(F1676),E1676*F1676,\"\")","v":""},null,null,0]
[null,null,null,null,null,"",{"$f":"IF(ISNUMBER(F1677),E1677*F1677,\"\")","v":""},null,null,0]
[null,null,"Eletricista com encargos complementares","h",0.308,27.474,{"$f":"IF(ISNUMBER(F1678),E1678*F1678,\"\")","v":8.4619920000000004},{"$f":"SUM(G1678:G1681)","v":15.033788000000001},null,0]
[null,null,"Auxiliar de eletricista com encargos complementares","h",0.308,21.337,{"$f":"IF(ISNUMBER(F1679),E1679*F1679,\"\")","v":6.571796},null,null,0]
[null,null,"Tampa para condulete alumínio para eletrodutos de 1\", de sobrepor , com conexões e acessórios. ","un",1,"",{"$f":"IF(ISNUMBER(F1680),E1680*F1680,\"\")","v":""},null,null,0]
[null,null,"Tomada 10A para condulete alumínio para eletrodutos de 1’’, de sobrepor, com conexões e acessórios. ","un",1,"",{"$f":"IF(ISNUMBER(F1681),E1681*F1681,\"\")","v":""},null,null,0]
[null,null,null,null,null,"",{"$f":"IF(ISNUMBER(F1682),E1682*F1682,\"\")","v":""},null,null,0]
["SF-00271",{"$f":"INDEX(Orçamentária!A:B,MATCH(Composições!A1683,Orçamentária!A:A,0),2)","v":"Tomada para perfilado e eletrocalha"},null,"un",null,"",{"$f":"IF(ISNUMBER(F1683),E1683*F1683,\"\")","v":""},null,null,0]
[null,null,null,null,null,"",{"$f":"IF(ISNUMBER(F1684),E1684*F1684,\"\")","v":""},null,null,0]
[null,null,"Auxiliar de eletricista com encargos complementares","h",0.65,21.337,{"$f":"IF(ISNUMBER(F1685),E1685*F1685,\"\")","v":13.86905},{"$f":"SUM(G1685:G1688)","v":31.727150000000002},null,0]
[null,null,"Eletricista com encargos complementares","h",0.65,27.474,{"$f":"IF(ISNUMBER(F1686),E1686*F1686,\"\")","v":17.8581},null,null,0]
[null,null,"Caixa com tampa fixa em perfil para tomada em perfilado","un",1,0,{"$f":"IF(ISNUMBER(F1687),E1687*F1687,\"\")","v":0},null,null,0]
[null,null,"Tomada de embutir 2 polos + terra sem placa 250 V 10 A","un",1,0,{"$f":"IF(ISNUMBER(F1688),E1688*F1688,\"\")","v":0},null,null,0]
[null,null,null,null,null,"",{"$f":"IF(ISNUMBER(F1689),E1689*F1689,\"\")","v":""},null,null,0]
["SF-00272",{"$f":"INDEX(Orçamentária!A:B,MATCH(Composições!A1690,Orçamentária!A:A,0),2)","v":"Bloco autônomo de emergência"},null,"un",null,"",{"$f":"IF(ISNUMBER(F1690),E1690*F1690,\"\")","v":""},null,null,2]
[null,null,null,null,null,"",{"$f":"IF(ISNUMBER(F1691),E1691*F1691,\"\")","v":""},null,null,2]
[null,null,"Bloco autônomo (luminária de emergência). Ref.: Aureon BLOKITO BLK 500 (9901.0000.1079.05 – Aclaramento e 9901.0000.1128.05 – balizamento)","un ",1,272.5,{"$f":"IF(ISNUMBER(F1692),E1692*F1692,\"\")","v":272.5},{"$f":"SUM(G1692:G1694)","v":279.0275906},null,2]
[null,null,"Auxiliar de eletricista com encargos complementares","h",7.4800000000000005E-2,21.337,{"$f":"IF(ISNUMBER(F1693),E1693*F1693,\"\")","v":1.5960076000000001},null,null,2]
[null,null,"Eletricista com encargos complementares","h",0.17949999999999999,27.474,{"$f":"IF(ISNUMBER(F1694),E1694*F1694,\"\")","v":4.9315829999999998},null,null,2]
[null,null,null,null,null,"",{"$f":"IF(ISNUMBER(F1695),E1695*F1695,\"\")","v":""},null,null,2]
["SF-00273",{"$f":"INDEX(Orçamentária!A:B,MATCH(Composições!A1696,Orçamentária!A:A,0),2)","v":"Instalação de luminária reaproveitada"},null,"un",null,"",{"$f":"IF(ISNUMBER(F1696),E1696*F1696,\"\")","v":""},null,null,24]
[null,null,null,null,null,"",{"$f":"IF(ISNUMBER(F1697),E1697*F1697,\"\")","v":""},null,null,24]
[null,null,"Auxiliar de eletricista com encargos complementares","h",0.14799999999999999,21.337,{"$f":"IF(ISNUMBER(F1698),E1698*F1698,\"\")","v":3.1578759999999999},{"$f":"SUM(G1698:G1702)","v":43.138893400000001},null,24]
[null,null,"Eletricista com encargos complementares","h",0.35510000000000003,27.474,{"$f":"IF(ISNUMBER(F1699),E1699*F1699,\"\")","v":9.7560174000000011},null,null,24]
[null,null,"Cabo PP 3x2,5mm2 300/500 V, extraflexível (classe 5), com condutor de proteção, com isolação, enchimento e cobertura de PVC","m",1.5,8.35,{"$f":"IF(ISNUMBER(F1700),E1700*F1700,\"\")","v":12.524999999999999},null,null,24]
[null,null,"Plugue (macho) com 3 polos (2P+T), para 10A","un ",1,11.03,{"$f":"IF(ISNUMBER(F1701),E1701*F1701,\"\")","v":11.03},null,null,24]
[null,null,"Plugue (fêmea) com 3 polos (2P+T), para 10A","un ",1,6.67,{"$f":"IF(ISNUMBER(F1702),E1702*F1702,\"\")","v":6.67},null,null,24]
[null,null,null,null,null,"",{"$f":"IF(ISNUMBER(F1703),E1703*F1703,\"\")","v":""},null,null,24]
["SF-00274",{"$f":"INDEX(Orçamentária!A:B,MATCH(Composições!A1704,Orçamentária!A:A,0),2)","v":"Luminária 2x14 W de embutir"},null,"un",null,"",{"$f":"IF(ISNUMBER(F1704),E1704*F1704,\"\")","v":""},null,null,0]
[null,null,null,null,null,"",{"$f":"IF(ISNUMBER(F1705),E1705*F1705,\"\")","v":""},null,null,0]
[null,null,"Luminária de embutir T5 2 x 14W, ref: Intral DE-500 (cod. 08017); Lumicenter FAA20-E214","un ",1,"",{"$f":"IF(ISNUMBER(F1706),E1706*F1706,\"\")","v":""},{"$f":"SUM(G1706:G1713)","v":43.138893400000001},null,0]
[null,null,"Reator eletrônico 2x14W. Ref.: Philips EB214A26; Philips EL214-28A26; Lumicenter LEB. 214; MarGirus PB 2X14 AF2.","un ",1,"",{"$f":"IF(ISNUMBER(F1707),E1707*F1707,\"\")","v":""},null,null,0]
[null,null,"Lâmpada fluorescente T5 de 14W, ref: Osram HE 14W/840 SMARTLUX; Philips TL5-14W-HE/840; GE F14W/T5/840","un ",2,"",{"$f":"IF(ISNUMBER(F1708),E1708*F1708,\"\")","v":""},null,null,0]
[null,null,"Cabo PP 3x2,5mm2 300/500 V, extraflexível (classe 5), com condutor de proteção, com isolação, enchimento e cobertura de PVC","m",1.5,8.35,{"$f":"IF(ISNUMBER(F1709),E1709*F1709,\"\")","v":12.524999999999999},null,null,0]
[null,null,"Plugue (macho) com 3 polos (2P+T), para 10A","un ",1,11.03,{"$f":"IF(ISNUMBER(F1710),E1710*F1710,\"\")","v":11.03},null,null,0]
[null,null,"Plugue (fêmea) com 3 polos (2P+T), para 10A","un ",1,6.67,{"$f":"IF(ISNUMBER(F1711),E1711*F1711,\"\")","v":6.67},null,null,0]
[null,null,"Auxiliar de eletricista com encargos complementares","h",0.14799999999999999,21.337,{"$f":"IF(ISNUMBER(F1712),E1712*F1712,\"\")","v":3.1578759999999999},null,null,0]
[null,null,"Eletricista com encargos complementares","h",0.35510000000000003,27.474,{"$f":"IF(ISNUMBER(F1713),E1713*F1713,\"\")","v":9.7560174000000011},null,null,0]
[null,null,null,null,null,"",{"$f":"IF(ISNUMBER(F1714),E1714*F1714,\"\")","v":""},null,null,0]
["SF-00275",{"$f":"INDEX(Orçamentária!A:B,MATCH(Composições!A1715,Orçamentária!A:A,0),2)","v":"Luminária 2x14 W de sobrepor"},null,"un",null,"",{"$f":"IF(ISNUMBER(F1715),E1715*F1715,\"\")","v":""},null,null,0]
[null,null,null,null,null,"",{"$f":"IF(ISNUMBER(F1716),E1716*F1716,\"\")","v":""},null,null,0]
[null,null,"Luminária de sobrepor T5 2 x 14W, ref: Intral DS-500 (cod. 08021); Lumicenter FAA20-S214","un ",1,"",{"$f":"IF(ISNUMBER(F1717),E1717*F1717,\"\")","v":""},{"$f":"SUM(G1717:G1724)","v":45.295125499999997},null,0]
[null,null,"Reator eletrônico 2x14W. Ref.: Philips EB214A26; Philips EL214-28A26; Lumicenter LEB. 214; MarGirus PB 2X14 AF2.","un ",1,"",{"$f":"IF(ISNUMBER(F1718),E1718*F1718,\"\")","v":""},null,null,0]
[null,null,"Lâmpada fluorescente T5 de 14W, ref: Osram HE 14W/840 SMARTLUX; Philips TL5-14W-HE/840; GE F14W/T5/840","un ",2,"",{"$f":"IF(ISNUMBER(F1719),E1719*F1719,\"\")","v":""},null,null,0]
[null,null,"Cabo PP 3x2,5mm2 300/500 V, extraflexível (classe 5), com condutor de proteção, com isolação, enchimento e cobertura de PVC","m",1.5,8.35,{"$f":"IF(ISNUMBER(F1720),E1720*F1720,\"\")","v":12.524999999999999},null,null,0]
[null,null,"Plugue (macho) com 3 polos (2P+T), para 10A","un ",1,11.03,{"$f":"IF(ISNUMBER(F1721),E1721*F1721,\"\")","v":11.03},null,null,0]
[null,null,"Plugue (fêmea) com 3 polos (2P+T), para 10A","un ",1,6.67,{"$f":"IF(ISNUMBER(F1722),E1722*F1722,\"\")","v":6.67},null,null,0]
[null,null,"Auxiliar de eletricista com encargos complementares","h",0.17269999999999999,21.337,{"$f":"IF(ISNUMBER(F1723),E1723*F1723,\"\")","v":3.6848999},null,null,0]
[null,null,"Eletricista com encargos complementares","h",0.41439999999999999,27.474,{"$f":"IF(ISNUMBER(F1724),E1724*F1724,\"\")","v":11.3852256},null,null,0]
[null,null,null,null,null,"",{"$f":"IF(ISNUMBER(F1725),E1725*F1725,\"\")","v":""},null,null,0]
["SF-00276",{"$f":"INDEX(Orçamentária!A:B,MATCH(Composições!A1726,Orçamentária!A:A,0),2)","v":"Luminária 2x28 W de embutir"},null,"un",null,"",{"$f":"IF(ISNUMBER(F1726),E1726*F1726,\"\")","v":""},null,null,0]
[null,null,null,null,null,"",{"$f":"IF(ISNUMBER(F1727),E1727*F1727,\"\")","v":""},null,null,0]
[null,null,"Luminária de embutir T5 2 x 28W, ref: Intral DE-500 (cod. 08025); Lumicenter FAA20-E228","un ",1,"",{"$f":"IF(ISNUMBER(F1728),E1728*F1728,\"\")","v":""},{"$f":"SUM(G1728:G1735)","v":131.73889339999999},null,0]
[null,null,"Reator eletrônico 2x28W. Ref.: Philips EB228A26; Philips EL214-28A26; Intral REH-T5 2x28/127-220/50-60 (cod. 02475); MarGirus PB 2X28 AF2.","un ",1,52.5,{"$f":"IF(ISNUMBER(F1729),E1729*F1729,\"\")","v":52.5},null,null,0]
[null,null,"Lâmpada fluorescente T5 de 28W, ref: Osram HE 28W/840 SMARTLUX; Philips TL5-28W-HE/840; GE F28W/T5/840","un ",2,18.05,{"$f":"IF(ISNUMBER(F1730),E1730*F1730,\"\")","v":36.1},null,null,0]
[null,null,"Cabo PP 3x2,5mm2 300/500 V, extraflexível (classe 5), com condutor de proteção, com isolação, enchimento e cobertura de PVC","m",1.5,8.35,{"$f":"IF(ISNUMBER(F1731),E1731*F1731,\"\")","v":12.524999999999999},null,null,0]
[null,null,"Plugue (macho) com 3 polos (2P+T), para 10A","un ",1,11.03,{"$f":"IF(ISNUMBER(F1732),E1732*F1732,\"\")","v":11.03},null,null,0]
[null,null,"Plugue (fêmea) com 3 polos (2P+T), para 10A","un ",1,6.67,{"$f":"IF(ISNUMBER(F1733),E1733*F1733,\"\")","v":6.67},null,null,0]
[null,null,"Auxiliar de eletricista com encargos complementares","h",0.14799999999999999,21.337,{"$f":"IF(ISNUMBER(F1734),E1734*F1734,\"\")","v":3.1578759999999999},null,null,0]
[null,null,"Eletricista com encargos complementares","h",0.35510000000000003,27.474,{"$f":"IF(ISNUMBER(F1735),E1735*F1735,\"\")","v":9.7560174000000011},null,null,0]
[null,null,null,null,null,"",{"$f":"IF(ISNUMBER(F1736),E1736*F1736,\"\")","v":""},null,null,0]
["SF-00277",{"$f":"INDEX(Orçamentária!A:B,MATCH(Composições!A1737,Orçamentária!A:A,0),2)","v":"Luminária 2x28 W de sobrepor"},null,"un",null,"",{"$f":"IF(ISNUMBER(F1737),E1737*F1737,\"\")","v":""},null,null,0]
[null,null,null,null,null,"",{"$f":"IF(ISNUMBER(F1738),E1738*F1738,\"\")","v":""},null,null,0]
[null,null,"Luminária de sobrepor T5 2 x 28W, ref: Intral DS-500 (cod. 08029); Lumicenter FAA20-S228","un ",1,"",{"$f":"IF(ISNUMBER(F1739),E1739*F1739,\"\")","v":""},{"$f":"SUM(G1739:G1746)","v":133.89512550000001},null,0]
[null,null,"Reator eletrônico 2x28W. Ref.: Philips EB228A26; Philips EL214-28A26; Intral REH-T5 2x28/127-220/50-60 (cod. 02475); MarGirus PB 2X28 AF2.","un ",1,52.5,{"$f":"IF(ISNUMBER(F1740),E1740*F1740,\"\")","v":52.5},null,null,0]
[null,null,"Lâmpada fluorescente T5 de 28W, ref: Osram HE 28W/840 SMARTLUX; Philips TL5-28W-HE/840; GE F28W/T5/840","un ",2,18.05,{"$f":"IF(ISNUMBER(F1741),E1741*F1741,\"\")","v":36.1},null,null,0]
[null,null,"Cabo PP 3x2,5mm2 300/500 V, extraflexível (classe 5), com condutor de proteção, com isolação, enchimento e cobertura de PVC","m",1.5,8.35,{"$f":"IF(ISNUMBER(F1742),E1742*F1742,\"\")","v":12.524999999999999},null,null,0]
[null,null,"Plugue (macho) com 3 polos (2P+T), para 10A","un ",1,11.03,{"$f":"IF(ISNUMBER(F1743),E1743*F1743,\"\")","v":11.03},null,null,0]
[null,null,"Plugue (fêmea) com 3 polos (2P+T), para 10A","un ",1,6.67,{"$f":"IF(ISNUMBER(F1744),E1744*F1744,\"\")","v":6.67},null,null,0]
[null,null,"Auxiliar de eletricista com encargos complementares","h",0.17269999999999999,21.337,{"$f":"IF(ISNUMBER(F1745),E1745*F1745,\"\")","v":3.6848999},null,null,0]
[null,null,"Eletricista com encargos complementares","h",0.41439999999999999,27.474,{"$f":"IF(ISNUMBER(F1746),E1746*F1746,\"\")","v":11.3852256},null,null,0]
[null,null,null,null,null,"",{"$f":"IF(ISNUMBER(F1747),E1747*F1747,\"\")","v":""},null,null,0]
["SF-00278",{"$f":"INDEX(Orçamentária!A:B,MATCH(Composições!A1748,Orçamentária!A:A,0),2)","v":"Condutor 10 mm²"},null,"m",null,"",{"$f":"IF(ISNUMBER(F1748),E1748*F1748,\"\")","v":""},null,null,0]
[null,null,null,null,null,"",{"$f":"IF(ISNUMBER(F1749),E1749*F1749,\"\")","v":""},null,null,0]
[null,null,"Auxiliar de eletricista com encargos complementares","h",8.9999999999999993E-3,21.337,{"$f":"IF(ISNUMBER(F1750),E1750*F1750,\"\")","v":0.19203299999999998},{"$f":"SUM(G1750:G1753)","v":0.478439},null,0]
[null,null,"Eletricista com encargos complementares","h",8.9999999999999993E-3,27.474,{"$f":"IF(ISNUMBER(F1751),E1751*F1751,\"\")","v":0.24726599999999999},null,null,0]
[null,null,"Cabo flexível isolado em EPR não halogenado 10 mm² 0,6 a 1 kV","m",1.0269999999999999,0,{"$f":"IF(ISNUMBER(F1752),E1752*F1752,\"\")","v":0},null,null,0]
[null,null,"Fita isolante adesiva antichama, uso ate 750 V, em rolo de 19 mm x 5 m","un",0.01,3.9139999999999997,{"$f":"IF(ISNUMBER(F1753),E1753*F1753,\"\")","v":3.9140000000000001E-2},null,null,0]
[null,null,null,null,null,"",{"$f":"IF(ISNUMBER(F1754),E1754*F1754,\"\")","v":""},null,null,0]
["SF-00279",{"$f":"INDEX(Orçamentária!A:B,MATCH(Composições!A1755,Orçamentária!A:A,0),2)","v":"Condutor 16 mm²"},null,"m",null,"",{"$f":"IF(ISNUMBER(F1755),E1755*F1755,\"\")","v":""},null,null,0]
[null,null,null,null,null,"",{"$f":"IF(ISNUMBER(F1756),E1756*F1756,\"\")","v":""},null,null,0]
[null,null,"Auxiliar de eletricista com encargos complementares","h",1.2999999999999999E-2,21.337,{"$f":"IF(ISNUMBER(F1757),E1757*F1757,\"\")","v":0.27738099999999999},{"$f":"SUM(G1757:G1760)","v":0.67368299999999992},null,0]
[null,null,"Eletricista com encargos complementares","h",1.2999999999999999E-2,27.474,{"$f":"IF(ISNUMBER(F1758),E1758*F1758,\"\")","v":0.35716199999999998},null,null,0]
[null,null,"Cabo flexível isolado em EPR não halogenado 16 mm² 0,6 a 1 kV","m",1.0269999999999999,0,{"$f":"IF(ISNUMBER(F1759),E1759*F1759,\"\")","v":0},null,null,0]
[null,null,"Fita isolante adesiva antichama, uso ate 750 V, em rolo de 19 mm x 5 m","un",0.01,3.9139999999999997,{"$f":"IF(ISNUMBER(F1760),E1760*F1760,\"\")","v":3.9140000000000001E-2},null,null,0]
[null,null,null,null,null,"",{"$f":"IF(ISNUMBER(F1761),E1761*F1761,\"\")","v":""},null,null,0]
["SF-00280",{"$f":"INDEX(Orçamentária!A:B,MATCH(Composições!A1762,Orçamentária!A:A,0),2)","v":"Condutor 2,5 mm²"},null,"m",null,"",{"$f":"IF(ISNUMBER(F1762),E1762*F1762,\"\")","v":""},null,null,147]
[null,null,null,null,null,"",{"$f":"IF(ISNUMBER(F1763),E1763*F1763,\"\")","v":""},null,null,147]
[null,null,"Auxiliar de eletricista com encargos complementares","h",0.03,21.337,{"$f":"IF(ISNUMBER(F1764),E1764*F1764,\"\")","v":0.64010999999999996},{"$f":"SUM(G1764:G1767)","v":4.6411559999999996},null,147]
[null,null,"Eletricista com encargos complementares","h",0.03,27.474,{"$f":"IF(ISNUMBER(F1765),E1765*F1765,\"\")","v":0.82421999999999995},null,null,147]
[null,null,"Cabo de cobre isolado PVC 450/750V 2,5mm² resistente a chamas, livre de halogênios","m",1.19,2.64,{"$f":"IF(ISNUMBER(F1766),E1766*F1766,\"\")","v":3.1415999999999999},null,null,147]
[null,null,"Fita isolante adesiva antichama, uso ate 750 V, em rolo de 19 mm x 5 m","un",8.9999999999999993E-3,3.9139999999999997,{"$f":"IF(ISNUMBER(F1767),E1767*F1767,\"\")","v":3.5225999999999993E-2},null,null,147]
[null,null,null,null,null,"",{"$f":"IF(ISNUMBER(F1768),E1768*F1768,\"\")","v":""},null,null,147]
["SF-00281",{"$f":"INDEX(Orçamentária!A:B,MATCH(Composições!A1769,Orçamentária!A:A,0),2)","v":"Condutor 3x2,5 mm²"},null,"m",null,"",{"$f":"IF(ISNUMBER(F1769),E1769*F1769,\"\")","v":""},null,null,0]
[null,null,null,null,null,"",{"$f":"IF(ISNUMBER(F1770),E1770*F1770,\"\")","v":""},null,null,0]
[null,null,"Auxiliar de eletricista com encargos complementares","h",5.1999999999999998E-2,21.337,{"$f":"IF(ISNUMBER(F1771),E1771*F1771,\"\")","v":1.109524},{"$f":"SUM(G1771:G1774)","v":6.1314979999999997},null,0]
[null,null,"Eletricista com encargos complementares","h",5.1999999999999998E-2,27.474,{"$f":"IF(ISNUMBER(F1772),E1772*F1772,\"\")","v":1.4286479999999999},null,null,0]
[null,null,"Cabo de cobre multipolar, classe 5, isolação em EPR, 0,6/1 kV, 3x2,5mm² resistente a chama, livre de halogênios","m",1.19,2.99,{"$f":"IF(ISNUMBER(F1773),E1773*F1773,\"\")","v":3.5581},null,null,0]
[null,null,"Fita isolante adesiva antichama, uso ate 750 V, em rolo de 19 mm x 5 m","un",8.9999999999999993E-3,3.9139999999999997,{"$f":"IF(ISNUMBER(F1774),E1774*F1774,\"\")","v":3.5225999999999993E-2},null,null,0]
[null,null,null,null,null,"",{"$f":"IF(ISNUMBER(F1775),E1775*F1775,\"\")","v":""},null,null,0]
["SF-00282",{"$f":"INDEX(Orçamentária!A:B,MATCH(Composições!A1776,Orçamentária!A:A,0),2)","v":"Condutor 4 mm²"},null,"m",null,"",{"$f":"IF(ISNUMBER(F1776),E1776*F1776,\"\")","v":""},null,null,240]
[null,null,null,null,null,"",{"$f":"IF(ISNUMBER(F1777),E1777*F1777,\"\")","v":""},null,null,240]
[null,null,"Auxiliar de eletricista com encargos complementares","h",0.04,21.337,{"$f":"IF(ISNUMBER(F1778),E1778*F1778,\"\")","v":0.85348000000000002},{"$f":"SUM(G1778:G1781)","v":6.5334659999999998},null,240]
[null,null,"Eletricista com encargos complementares","h",0.04,27.474,{"$f":"IF(ISNUMBER(F1779),E1779*F1779,\"\")","v":1.0989599999999999},null,null,240]
[null,null,"Cabo de cobre isolado PVC 450/750V 4mm² resistente a chamas, livre de halogênios","m",1.19,3.82,{"$f":"IF(ISNUMBER(F1780),E1780*F1780,\"\")","v":4.5457999999999998},null,null,240]
[null,null,"Fita isolante adesiva antichama, uso ate 750 V, em rolo de 19 mm x 5 m","un",8.9999999999999993E-3,3.9139999999999997,{"$f":"IF(ISNUMBER(F1781),E1781*F1781,\"\")","v":3.5225999999999993E-2},null,null,240]
[null,null,null,null,null,"",{"$f":"IF(ISNUMBER(F1782),E1782*F1782,\"\")","v":""},null,null,240]
["SF-00283",{"$f":"INDEX(Orçamentária!A:B,MATCH(Composições!A1783,Orçamentária!A:A,0),2)","v":"Condutor 4x2,5 mm²"},null,"m",null,"",{"$f":"IF(ISNUMBER(F1783),E1783*F1783,\"\")","v":""},null,null,0]
[null,null,null,null,null,"",{"$f":"IF(ISNUMBER(F1784),E1784*F1784,\"\")","v":""},null,null,0]
[null,null,"Auxiliar de eletricista com encargos complementares","h",8.9999999999999993E-3,21.337,{"$f":"IF(ISNUMBER(F1785),E1785*F1785,\"\")","v":0.19203299999999998},{"$f":"SUM(G1785:G1788)","v":0.478439},null,0]
[null,null,"Eletricista com encargos complementares","h",8.9999999999999993E-3,27.474,{"$f":"IF(ISNUMBER(F1786),E1786*F1786,\"\")","v":0.24726599999999999},null,null,0]
[null,null,"Cabo de cobre multipolar, classe 5, isolação em EPR, 0,6/1 kV, 4x2,5mm² resistente a chama, livre de halogênios","m",1.0269999999999999,"",{"$f":"IF(ISNUMBER(F1787),E1787*F1787,\"\")","v":""},null,null,0]
[null,null,"Fita isolante adesiva antichama, uso ate 750 V, em rolo de 19 mm x 5 m","un",0.01,3.9139999999999997,{"$f":"IF(ISNUMBER(F1788),E1788*F1788,\"\")","v":3.9140000000000001E-2},null,null,0]
[null,null,null,null,null,"",{"$f":"IF(ISNUMBER(F1789),E1789*F1789,\"\")","v":""},null,null,0]
["SF-00284",{"$f":"INDEX(Orçamentária!A:B,MATCH(Composições!A1790,Orçamentária!A:A,0),2)","v":"Condutor 6 mm²"},null,"m",null,"",{"$f":"IF(ISNUMBER(F1790),E1790*F1790,\"\")","v":""},null,null,0]
[null,null,null,null,null,"",{"$f":"IF(ISNUMBER(F1791),E1791*F1791,\"\")","v":""},null,null,0]
[null,null,"Auxiliar de eletricista com encargos complementares","h",5.1999999999999998E-2,21.337,{"$f":"IF(ISNUMBER(F1792),E1792*F1792,\"\")","v":1.109524},{"$f":"SUM(G1792:G1795)","v":2.5733980000000001},null,0]
[null,null,"Eletricista com encargos complementares","h",5.1999999999999998E-2,27.474,{"$f":"IF(ISNUMBER(F1793),E1793*F1793,\"\")","v":1.4286479999999999},null,null,0]
[null,null,"Cabo de cobre isolado PVC 450/750V 6mm² resistente a chamas, livre de halogênios","m",1.19,"",{"$f":"IF(ISNUMBER(F1794),E1794*F1794,\"\")","v":""},null,null,0]
[null,null,"Fita isolante adesiva antichama, uso ate 750 V, em rolo de 19 mm x 5 m","un",8.9999999999999993E-3,3.9139999999999997,{"$f":"IF(ISNUMBER(F1795),E1795*F1795,\"\")","v":3.5225999999999993E-2},null,null,0]
[null,null,null,null,null,"",{"$f":"IF(ISNUMBER(F1796),E1796*F1796,\"\")","v":""},null,null,0]
["SF-00285",{"$f":"INDEX(Orçamentária!A:B,MATCH(Composições!A1797,Orçamentária!A:A,0),2)","v":"Quadro elétrico TTA"},null,"un",null,"",{"$f":"IF(ISNUMBER(F1797),E1797*F1797,\"\")","v":""},null,null,1]
[null,null,null,null,null,"",{"$f":"IF(ISNUMBER(F1798),E1798*F1798,\"\")","v":""},null,null,1]
[null,null,"Quadro elétrico tipo TTA completo com 30 disjuntores terminais, contemplando disjuntores, DPS, DR, etc., conforme especificação","un",1,8788.9,{"$f":"IF(ISNUMBER(F1799),E1799*F1799,\"\")","v":8788.9},{"$f":"SUM(G1799:G1802)","v":8835.8695461662519},null,1]
[null,null,"ARGAMASSA TRAÇO 1:1:6 (EM VOLUME DE CIMENTO, CAL E AREIA MÉDIA ÚMIDA) PARA EMBOÇO/MASSA ÚNICA/ASSENTAMENTO DE ALVENARIA DE VEDAÇÃO, PREPARO MANUAL. AF_08/2019","M3",1.9199999999999998E-2,835.31330553399994,{"$f":"IF(ISNUMBER(F1800),E1800*F1800,\"\")","v":16.038015466252798},null,null,1]
[null,null,"Auxiliar de eletricista com encargos complementares","h",0.63370000000000004,21.337,{"$f":"IF(ISNUMBER(F1801),E1801*F1801,\"\")","v":13.521256900000001},null,null,1]
[null,null,"Eletricista com encargos complementares","h",0.63370000000000004,27.474,{"$f":"IF(ISNUMBER(F1802),E1802*F1802,\"\")","v":17.410273800000002},null,null,1]
[null,null,null,null,null,"",{"$f":"IF(ISNUMBER(F1803),E1803*F1803,\"\")","v":""},null,null,1]
["SF-00293",{"$f":"INDEX(Orçamentária!A:B,MATCH(Composições!A1804,Orçamentária!A:A,0),2)","v":"Instalação de fancolete reaproveitado"},null,"un",null,"",{"$f":"IF(ISNUMBER(F1804),E1804*F1804,\"\")","v":""},null,null,0]
[null,null,null,null,null,"",{"$f":"IF(ISNUMBER(F1805),E1805*F1805,\"\")","v":""},null,null,0]
[null,null,"Ajudante de operação em geral com encargos complementares","h",2,23.160999999999998,{"$f":"IF(ISNUMBER(F1806),E1806*F1806,\"\")","v":46.321999999999996},{"$f":"SUM(G1806:G1807)","v":103.94899999999998},null,0]
[null,null,"MONTADOR ELETROMECÃNICO COM ENCARGOS COMPLEMENTARES","h",2,28.813499999999998,{"$f":"IF(ISNUMBER(F1807),E1807*F1807,\"\")","v":57.626999999999995},null,null,0]
[null,null,null,null,null,"",{"$f":"IF(ISNUMBER(F1808),E1808*F1808,\"\")","v":""},null,null,0]
["SF-00294",{"$f":"INDEX(Orçamentária!A:B,MATCH(Composições!A1809,Orçamentária!A:A,0),2)","v":"Instalação de split reaproveitado"},null,"un",null,"",{"$f":"IF(ISNUMBER(F1809),E1809*F1809,\"\")","v":""},null,null,0]
[null,null,null,null,null,"",{"$f":"IF(ISNUMBER(F1810),E1810*F1810,\"\")","v":""},null,null,0]
[null,null,"Ajudante de operação em geral com encargos complementares","h",3,23.160999999999998,{"$f":"IF(ISNUMBER(F1811),E1811*F1811,\"\")","v":69.48299999999999},{"$f":"SUM(G1811:G1812)","v":155.92349999999999},null,0]
[null,null,"MONTADOR ELETROMECÃNICO COM ENCARGOS COMPLEMENTARES","h",3,28.813499999999998,{"$f":"IF(ISNUMBER(F1812),E1812*F1812,\"\")","v":86.440499999999986},null,null,0]
[null,null,null,null,null,"",{"$f":"IF(ISNUMBER(F1813),E1813*F1813,\"\")","v":""},null,null,0]
["SF-00295",{"$f":"INDEX(Orçamentária!A:B,MATCH(Composições!A1814,Orçamentária!A:A,0),2)","v":"Exaustor axial 340 m3/h"},null,"un",null,"",{"$f":"IF(ISNUMBER(F1814),E1814*F1814,\"\")","v":""},null,null,0]
[null,null,null,null,null,"",{"$f":"IF(ISNUMBER(F1815),E1815*F1815,\"\")","v":""},null,null,0]
[null,null,"Eletricista com encargos complementares","h",1,27.474,{"$f":"IF(ISNUMBER(F1816),E1816*F1816,\"\")","v":27.474},{"$f":"SUM(G1816:G1818)","v":48.811},null,0]
[null,null,"Auxiliar de eletricista com encargos complementares","h",1,21.337,{"$f":"IF(ISNUMBER(F1817),E1817*F1817,\"\")","v":21.337},null,null,0]
[null,null,"Exaustor axial, 1F/220V/60Hz,  vazão máxima 340 m3/h, pressão estática máxima 104 Pa. Referência Comercial: Multivac Muro150B 220V","un ",1,"",{"$f":"IF(ISNUMBER(F1818),E1818*F1818,\"\")","v":""},null,null,0]
[null,null,null,null,null,"",{"$f":"IF(ISNUMBER(F1819),E1819*F1819,\"\")","v":""},null,null,0]
["SF-00296",{"$f":"INDEX(Orçamentária!A:B,MATCH(Composições!A1820,Orçamentária!A:A,0),2)","v":"Exaustor axial 865 m3/h"},null,"un",null,"",{"$f":"IF(ISNUMBER(F1820),E1820*F1820,\"\")","v":""},null,null,0]
[null,null,null,null,null,"",{"$f":"IF(ISNUMBER(F1821),E1821*F1821,\"\")","v":""},null,null,0]
[null,null,"Eletricista com encargos complementares","h",1,27.474,{"$f":"IF(ISNUMBER(F1822),E1822*F1822,\"\")","v":27.474},{"$f":"SUM(G1822:G1824)","v":48.811},null,0]
[null,null,"Auxiliar de eletricista com encargos complementares","h",1,21.337,{"$f":"IF(ISNUMBER(F1823),E1823*F1823,\"\")","v":21.337},null,null,0]
[null,null,"Exaustor axial, 1F/220V/60Hz,  vazão máxima 865 m3/h, pressão estática máxima 582 Pa . Referência Comercial: Multivac AXC 200B","un ",1,"",{"$f":"IF(ISNUMBER(F1824),E1824*F1824,\"\")","v":""},null,null,0]
[null,null,null,null,null,"",{"$f":"IF(ISNUMBER(F1825),E1825*F1825,\"\")","v":""},null,null,0]
["SF-00297",{"$f":"INDEX(Orçamentária!A:B,MATCH(Composições!A1826,Orçamentária!A:A,0),2)","v":"Duto chapa galvanizada # 22"},null,"m2",null,"",{"$f":"IF(ISNUMBER(F1826),E1826*F1826,\"\")","v":""},null,null,0]
[null,null,null,null,null,"",{"$f":"IF(ISNUMBER(F1827),E1827*F1827,\"\")","v":""},null,null,0]
[null,null,"Chapa de aco galvanizada bitola GSG 22, E = 0,80 mm (6,40 kg/m2)","kg",6.6559999999999997,16.026499999999999,{"$f":"IF(ISNUMBER(F1828),E1828*F1828,\"\")","v":106.67238399999998},{"$f":"SUM(G1828:G1831)","v":294.98214399999995},null,0]
[null,null,"Suportes e acessórios de fixação de dutos em chapa de aço #22","cj",1,0,{"$f":"IF(ISNUMBER(F1829),E1829*F1829,\"\")","v":0},null,null,0]
[null,null,"Servente com Encargos Complementares","h",3.84,20.225499999999997,{"$f":"IF(ISNUMBER(F1830),E1830*F1830,\"\")","v":77.665919999999986},null,null,0]
[null,null,"MONTADOR ELETROMECÃNICO COM ENCARGOS COMPLEMENTARES","h",3.84,28.813499999999998,{"$f":"IF(ISNUMBER(F1831),E1831*F1831,\"\")","v":110.64383999999998},null,null,0]
[null,null,null,null,null,"",{"$f":"IF(ISNUMBER(F1832),E1832*F1832,\"\")","v":""},null,null,0]
["SF-00298",{"$f":"INDEX(Orçamentária!A:B,MATCH(Composições!A1833,Orçamentária!A:A,0),2)","v":"Duto flexível 6”"},null,"m",null,"",{"$f":"IF(ISNUMBER(F1833),E1833*F1833,\"\")","v":""},null,null,0]
[null,null,null,null,null,"",{"$f":"IF(ISNUMBER(F1834),E1834*F1834,\"\")","v":""},null,null,0]
[null,null,"Servente com Encargos Complementares","h",0.4,20.225499999999997,{"$f":"IF(ISNUMBER(F1835),E1835*F1835,\"\")","v":8.0901999999999994},{"$f":"SUM(G1835:G1837)","v":19.615600000000001},null,0]
[null,null,"MONTADOR ELETROMECÃNICO COM ENCARGOS COMPLEMENTARES","h",0.4,28.813499999999998,{"$f":"IF(ISNUMBER(F1836),E1836*F1836,\"\")","v":11.525399999999999},null,null,0]
[null,null,"Duto flexível com isolamento térmico e barreira de vapor, diâmetro 6”, 6 m de comprimento. Referência Comercial: Multivac Isodec RT 0.6","m",1.05,"",{"$f":"IF(ISNUMBER(F1837),E1837*F1837,\"\")","v":""},null,null,0]
[null,null,null,null,null,"",{"$f":"IF(ISNUMBER(F1838),E1838*F1838,\"\")","v":""},null,null,0]
["SF-00299",{"$f":"INDEX(Orçamentária!A:B,MATCH(Composições!A1839,Orçamentária!A:A,0),2)","v":"Duto flexível 8”"},null,"m",null,"",{"$f":"IF(ISNUMBER(F1839),E1839*F1839,\"\")","v":""},null,null,0]
[null,null,null,null,null,"",{"$f":"IF(ISNUMBER(F1840),E1840*F1840,\"\")","v":""},null,null,0]
[null,null,"Servente com Encargos Complementares","h",0.4,20.225499999999997,{"$f":"IF(ISNUMBER(F1841),E1841*F1841,\"\")","v":8.0901999999999994},{"$f":"SUM(G1841:G1843)","v":19.615600000000001},null,0]
[null,null,"MONTADOR ELETROMECÃNICO COM ENCARGOS COMPLEMENTARES","h",0.4,28.813499999999998,{"$f":"IF(ISNUMBER(F1842),E1842*F1842,\"\")","v":11.525399999999999},null,null,0]
[null,null,"Duto flexível com isolamento térmico e barreira de vapor, diâmetro 8”, 6 m de comprimento. Referência: Multivac Isodec RT 0.6","m",1.05,"",{"$f":"IF(ISNUMBER(F1843),E1843*F1843,\"\")","v":""},null,null,0]
[null,null,null,null,null,"",{"$f":"IF(ISNUMBER(F1844),E1844*F1844,\"\")","v":""},null,null,0]
["SF-00300",{"$f":"INDEX(Orçamentária!A:B,MATCH(Composições!A1845,Orçamentária!A:A,0),2)","v":"Difusor de ar quadrado 360x360 mm"},null,"un",null,"",{"$f":"IF(ISNUMBER(F1845),E1845*F1845,\"\")","v":""},null,null,0]
[null,null,null,null,null,"",{"$f":"IF(ISNUMBER(F1846),E1846*F1846,\"\")","v":""},null,null,0]
[null,null,"Ajudante de operação em geral com encargos complementares","h",2.5,23.160999999999998,{"$f":"IF(ISNUMBER(F1847),E1847*F1847,\"\")","v":57.902499999999996},{"$f":"SUM(G1847:G1849)","v":129.93625},null,0]
[null,null,"MONTADOR ELETROMECÃNICO COM ENCARGOS COMPLEMENTARES","h",2.5,28.813499999999998,{"$f":"IF(ISNUMBER(F1848),E1848*F1848,\"\")","v":72.033749999999998},null,null,0]
[null,null,"Difusor de ar quadrado, 360x360 mm, Referência Comercial: Trox ADLQ-AG Nº4","un ",1,"",{"$f":"IF(ISNUMBER(F1849),E1849*F1849,\"\")","v":""},null,null,0]
[null,null,null,null,null,"",{"$f":"IF(ISNUMBER(F1850),E1850*F1850,\"\")","v":""},null,null,0]
["SF-00301",{"$f":"INDEX(Orçamentária!A:B,MATCH(Composições!A1851,Orçamentária!A:A,0),2)","v":"Difusor de ar quadrado com caixa plenum AK6 360x360 mm"},null,"un",null,"",{"$f":"IF(ISNUMBER(F1851),E1851*F1851,\"\")","v":""},null,null,0]
[null,null,null,null,null,"",{"$f":"IF(ISNUMBER(F1852),E1852*F1852,\"\")","v":""},null,null,0]
[null,null,"Ajudante de operação em geral com encargos complementares","h",2.5,23.160999999999998,{"$f":"IF(ISNUMBER(F1853),E1853*F1853,\"\")","v":57.902499999999996},{"$f":"SUM(G1853:G1855)","v":129.93625},null,0]
[null,null,"MONTADOR ELETROMECÃNICO COM ENCARGOS COMPLEMENTARES","h",2.5,28.813499999999998,{"$f":"IF(ISNUMBER(F1854),E1854*F1854,\"\")","v":72.033749999999998},null,null,0]
[null,null,"Difusor de ar quadrado com caixa pleno AK6 360x360 mm. Ref.: Trox ADLK-AG Nº4","un ",1,"",{"$f":"IF(ISNUMBER(F1855),E1855*F1855,\"\")","v":""},null,null,0]
[null,null,null,null,null,"",{"$f":"IF(ISNUMBER(F1856),E1856*F1856,\"\")","v":""},null,null,0]
["SF-00302",{"$f":"INDEX(Orçamentária!A:B,MATCH(Composições!A1857,Orçamentária!A:A,0),2)","v":"Difusor de ar quadrado para insuflamento em duas direções perpendiculares 376x376 mm"},null,"un",null,"",{"$f":"IF(ISNUMBER(F1857),E1857*F1857,\"\")","v":""},null,null,0]
[null,null,null,null,null,"",{"$f":"IF(ISNUMBER(F1858),E1858*F1858,\"\")","v":""},null,null,0]
[null,null,"Ajudante de operação em geral com encargos complementares","h",2.5,23.160999999999998,{"$f":"IF(ISNUMBER(F1859),E1859*F1859,\"\")","v":57.902499999999996},{"$f":"SUM(G1859:G1861)","v":129.93625},null,0]
[null,null,"MONTADOR ELETROMECÃNICO COM ENCARGOS COMPLEMENTARES","h",2.5,28.813499999999998,{"$f":"IF(ISNUMBER(F1860),E1860*F1860,\"\")","v":72.033749999999998},null,null,0]
[null,null,"Difusor de ar quadrado para insuflamento em duas direções perpendiculares 376x376 mm, Referência Comercial: Trox  ADQ-2C-AG","un ",1,"",{"$f":"IF(ISNUMBER(F1861),E1861*F1861,\"\")","v":""},null,null,0]
[null,null,null,null,null,"",{"$f":"IF(ISNUMBER(F1862),E1862*F1862,\"\")","v":""},null,null,0]
["SF-00303",{"$f":"INDEX(Orçamentária!A:B,MATCH(Composições!A1863,Orçamentária!A:A,0),2)","v":"Difusor de ar retangular para insuflamento em duas direções 371x208 mm"},null,"un",null,"",{"$f":"IF(ISNUMBER(F1863),E1863*F1863,\"\")","v":""},null,null,0]
[null,null,null,null,null,"",{"$f":"IF(ISNUMBER(F1864),E1864*F1864,\"\")","v":""},null,null,0]
[null,null,"Ajudante de operação em geral com encargos complementares","h",2.5,23.160999999999998,{"$f":"IF(ISNUMBER(F1865),E1865*F1865,\"\")","v":57.902499999999996},{"$f":"SUM(G1865:G1867)","v":129.93625},null,0]
[null,null,"MONTADOR ELETROMECÃNICO COM ENCARGOS COMPLEMENTARES","h",2.5,28.813499999999998,{"$f":"IF(ISNUMBER(F1866),E1866*F1866,\"\")","v":72.033749999999998},null,null,0]
[null,null,"Difusor de ar retangular para insuflamento em duas direções (fluxo na direção perpendicular às maiores arestas do retângulo), 371x208 mm. Ref.: Trox ADQ-2","un ",1,"",{"$f":"IF(ISNUMBER(F1867),E1867*F1867,\"\")","v":""},null,null,0]
[null,null,null,null,null,"",{"$f":"IF(ISNUMBER(F1868),E1868*F1868,\"\")","v":""},null,null,0]
["SF-00304",{"$f":"INDEX(Orçamentária!A:B,MATCH(Composições!A1869,Orçamentária!A:A,0),2)","v":"Difusor de ar retangular para insuflamento em três direções 264x432 mm"},null,"un",null,"",{"$f":"IF(ISNUMBER(F1869),E1869*F1869,\"\")","v":""},null,null,0]
[null,null,null,null,null,"",{"$f":"IF(ISNUMBER(F1870),E1870*F1870,\"\")","v":""},null,null,0]
[null,null,"Ajudante de operação em geral com encargos complementares","h",2.5,23.160999999999998,{"$f":"IF(ISNUMBER(F1871),E1871*F1871,\"\")","v":57.902499999999996},{"$f":"SUM(G1871:G1873)","v":129.93625},null,0]
[null,null,"MONTADOR ELETROMECÃNICO COM ENCARGOS COMPLEMENTARES","h",2.5,28.813499999999998,{"$f":"IF(ISNUMBER(F1872),E1872*F1872,\"\")","v":72.033749999999998},null,null,0]
[null,null,"Difusor de ar retangular para insuflamento em três direções (um fluxo na direção perpendicular às maiores arestas do retângulo e dois fluxos na direção perpendicular às menores arestas), 264x432 mm, Referência Comercial: Trox  ADQ-32-AG","un ",1,"",{"$f":"IF(ISNUMBER(F1873),E1873*F1873,\"\")","v":""},null,null,0]
[null,null,null,null,null,"",{"$f":"IF(ISNUMBER(F1874),E1874*F1874,\"\")","v":""},null,null,0]
["SF-00305",{"$f":"INDEX(Orçamentária!A:B,MATCH(Composições!A1875,Orçamentária!A:A,0),2)","v":"Difusor de ar retangular para insuflamento em três direções 320x562 mm"},null,"un",null,"",{"$f":"IF(ISNUMBER(F1875),E1875*F1875,\"\")","v":""},null,null,0]
[null,null,null,null,null,"",{"$f":"IF(ISNUMBER(F1876),E1876*F1876,\"\")","v":""},null,null,0]
[null,null,"Ajudante de operação em geral com encargos complementares","h",2.5,23.160999999999998,{"$f":"IF(ISNUMBER(F1877),E1877*F1877,\"\")","v":57.902499999999996},{"$f":"SUM(G1877:G1879)","v":129.93625},null,0]
[null,null,"MONTADOR ELETROMECÃNICO COM ENCARGOS COMPLEMENTARES","h",2.5,28.813499999999998,{"$f":"IF(ISNUMBER(F1878),E1878*F1878,\"\")","v":72.033749999999998},null,null,0]
[null,null,"Difusor de ar retangular para insuflamento em três direções 320x562 mm. Ref.: Trox ADQ-32-AG","un ",1,"",{"$f":"IF(ISNUMBER(F1879),E1879*F1879,\"\")","v":""},null,null,0]
[null,null,null,null,null,"",{"$f":"IF(ISNUMBER(F1880),E1880*F1880,\"\")","v":""},null,null,0]
["SF-00306",{"$f":"INDEX(Orçamentária!A:B,MATCH(Composições!A1881,Orçamentária!A:A,0),2)","v":"Difusor de ar retangular para insuflamento em três direções 371x208 mm"},null,"un",null,"",{"$f":"IF(ISNUMBER(F1881),E1881*F1881,\"\")","v":""},null,null,0]
[null,null,null,null,null,"",{"$f":"IF(ISNUMBER(F1882),E1882*F1882,\"\")","v":""},null,null,0]
[null,null,"Ajudante de operação em geral com encargos complementares","h",2.5,23.160999999999998,{"$f":"IF(ISNUMBER(F1883),E1883*F1883,\"\")","v":57.902499999999996},{"$f":"SUM(G1883:G1885)","v":129.93625},null,0]
[null,null,"MONTADOR ELETROMECÃNICO COM ENCARGOS COMPLEMENTARES","h",2.5,28.813499999999998,{"$f":"IF(ISNUMBER(F1884),E1884*F1884,\"\")","v":72.033749999999998},null,null,0]
[null,null,"Difusor de ar retangular para insuflamento em três direções (dois fluxos na direção perpendicular às maiores arestas do retângulo e um fluxo na direção perpendicular às menores arestas), 371x208 mm. Ref.: Trox ADQ-3","un ",1,"",{"$f":"IF(ISNUMBER(F1885),E1885*F1885,\"\")","v":""},null,null,0]
[null,null,null,null,null,"",{"$f":"IF(ISNUMBER(F1886),E1886*F1886,\"\")","v":""},null,null,0]
["SF-00307",{"$f":"INDEX(Orçamentária!A:B,MATCH(Composições!A1887,Orçamentária!A:A,0),2)","v":"Difusor de ar retangular para insuflamento em uma direção 371x208 mm"},null,"un",null,"",{"$f":"IF(ISNUMBER(F1887),E1887*F1887,\"\")","v":""},null,null,0]
[null,null,null,null,null,"",{"$f":"IF(ISNUMBER(F1888),E1888*F1888,\"\")","v":""},null,null,0]
[null,null,"Ajudante de operação em geral com encargos complementares","h",2.5,23.160999999999998,{"$f":"IF(ISNUMBER(F1889),E1889*F1889,\"\")","v":57.902499999999996},{"$f":"SUM(G1889:G1891)","v":129.93625},null,0]
[null,null,"MONTADOR ELETROMECÃNICO COM ENCARGOS COMPLEMENTARES","h",2.5,28.813499999999998,{"$f":"IF(ISNUMBER(F1890),E1890*F1890,\"\")","v":72.033749999999998},null,null,0]
[null,null,"Difusor de ar retangular para insuflamento em uma direção (fluxo na direção perpendicular às maiores arestas do retângulo), 371x208 mm. Ref.: Trox ADQ-1","un ",1,"",{"$f":"IF(ISNUMBER(F1891),E1891*F1891,\"\")","v":""},null,null,0]
[null,null,null,null,null,"",{"$f":"IF(ISNUMBER(F1892),E1892*F1892,\"\")","v":""},null,null,0]
["SF-00308",{"$f":"INDEX(Orçamentária!A:B,MATCH(Composições!A1893,Orçamentária!A:A,0),2)","v":"Grelha para retorno retangular 425x225 mm"},null,"un",null,"",{"$f":"IF(ISNUMBER(F1893),E1893*F1893,\"\")","v":""},null,null,0]
[null,null,null,null,null,"",{"$f":"IF(ISNUMBER(F1894),E1894*F1894,\"\")","v":""},null,null,0]
[null,null,"Ajudante de operação em geral com encargos complementares","h",3.5,23.160999999999998,{"$f":"IF(ISNUMBER(F1895),E1895*F1895,\"\")","v":81.063499999999991},{"$f":"SUM(G1895:G1897)","v":181.91074999999998},null,0]
[null,null,"MONTADOR ELETROMECÃNICO COM ENCARGOS COMPLEMENTARES","h",3.5,28.813499999999998,{"$f":"IF(ISNUMBER(F1896),E1896*F1896,\"\")","v":100.84724999999999},null,null,0]
[null,null,"Grelha para retorno de ar com lâminas fixas e registro, 40 x 20 cm","un ",1,0,{"$f":"IF(ISNUMBER(F1897),E1897*F1897,\"\")","v":0},null,null,0]
[null,null,null,null,null,"",{"$f":"IF(ISNUMBER(F1898),E1898*F1898,\"\")","v":""},null,null,0]
["SF-00309",{"$f":"INDEX(Orçamentária!A:B,MATCH(Composições!A1899,Orçamentária!A:A,0),2)","v":"Grelha para retorno retangular 525x325 mm"},null,"un",null,"",{"$f":"IF(ISNUMBER(F1899),E1899*F1899,\"\")","v":""},null,null,0]
[null,null,null,null,null,"",{"$f":"IF(ISNUMBER(F1900),E1900*F1900,\"\")","v":""},null,null,0]
[null,null,"Ajudante de operação em geral com encargos complementares","h",3.5,23.160999999999998,{"$f":"IF(ISNUMBER(F1901),E1901*F1901,\"\")","v":81.063499999999991},{"$f":"SUM(G1901:G1903)","v":181.91074999999998},null,0]
[null,null,"MONTADOR ELETROMECÃNICO COM ENCARGOS COMPLEMENTARES","h",3.5,28.813499999999998,{"$f":"IF(ISNUMBER(F1902),E1902*F1902,\"\")","v":100.84724999999999},null,null,0]
[null,null,"Grelha para retorno de ar com lâminas fixas e registro, 50 x 30 cm","un ",1,0,{"$f":"IF(ISNUMBER(F1903),E1903*F1903,\"\")","v":0},null,null,0]
[null,null,null,null,null,"",{"$f":"IF(ISNUMBER(F1904),E1904*F1904,\"\")","v":""},null,null,0]
["SF-00310",{"$f":"INDEX(Orçamentária!A:B,MATCH(Composições!A1905,Orçamentária!A:A,0),2)","v":"Instalação de difusores, grelhas e acessórios de climatização reaproveitados"},null,"un",null,"",{"$f":"IF(ISNUMBER(F1905),E1905*F1905,\"\")","v":""},null,null,2]
[null,null,null,null,null,"",{"$f":"IF(ISNUMBER(F1906),E1906*F1906,\"\")","v":""},null,null,2]
[null,null,"Ajudante de operação em geral com encargos complementares","h",2.5,23.160999999999998,{"$f":"IF(ISNUMBER(F1907),E1907*F1907,\"\")","v":57.902499999999996},{"$f":"SUM(G1907:G1908)","v":129.93625},null,2]
[null,null,"MONTADOR ELETROMECÃNICO COM ENCARGOS COMPLEMENTARES","h",2.5,28.813499999999998,{"$f":"IF(ISNUMBER(F1908),E1908*F1908,\"\")","v":72.033749999999998},null,null,2]
[null,null,null,null,null,"",{"$f":"IF(ISNUMBER(F1909),E1909*F1909,\"\")","v":""},null,null,2]
["SF-00311",{"$f":"INDEX(Orçamentária!A:B,MATCH(Composições!A1910,Orçamentária!A:A,0),2)","v":"Instalação de exaustor reaproveitado"},null,"un",null,"",{"$f":"IF(ISNUMBER(F1910),E1910*F1910,\"\")","v":""},null,null,0]
[null,null,null,null,null,"",{"$f":"IF(ISNUMBER(F1911),E1911*F1911,\"\")","v":""},null,null,0]
[null,null,"Eletricista com encargos complementares","h",1,27.474,{"$f":"IF(ISNUMBER(F1912),E1912*F1912,\"\")","v":27.474},{"$f":"SUM(G1912:G1913)","v":48.811},null,0]
[null,null,"Auxiliar de eletricista com encargos complementares","h",1,21.337,{"$f":"IF(ISNUMBER(F1913),E1913*F1913,\"\")","v":21.337},null,null,0]
[null,null,null,null,null,"",{"$f":"IF(ISNUMBER(F1914),E1914*F1914,\"\")","v":""},null,null,0]
["SF-00312",{"$f":"INDEX(Orçamentária!A:B,MATCH(Composições!A1915,Orçamentária!A:A,0),2)","v":"Preparação para instalação de difusores/grelhas de ar em portas"},null,"un",null,"",{"$f":"IF(ISNUMBER(F1915),E1915*F1915,\"\")","v":""},null,null,1]
[null,null,null,null,null,"",{"$f":"IF(ISNUMBER(F1916),E1916*F1916,\"\")","v":""},null,null,1]
[null,null,"Marceneiro com encargos complementares","h",0.75,25.4315,{"$f":"IF(ISNUMBER(F1917),E1917*F1917,\"\")","v":19.073625},{"$f":"SUM(G1917:G1918)","v":35.076374999999999},null,1]
[null,null,"Ajudante de carpinteiro com encargos complementares","h",0.75,21.337,{"$f":"IF(ISNUMBER(F1918),E1918*F1918,\"\")","v":16.002749999999999},null,null,1]
[null,null,null,null,null,"",{"$f":"IF(ISNUMBER(F1919),E1919*F1919,\"\")","v":""},null,null,1]
["SF-00313",{"$f":"INDEX(Orçamentária!A:B,MATCH(Composições!A1920,Orçamentária!A:A,0),2)","v":"Bomba para condensado de ar-condicionado para instalação oculta"},null,"un",null,"",{"$f":"IF(ISNUMBER(F1920),E1920*F1920,\"\")","v":""},null,null,0]
[null,null,null,null,null,"",{"$f":"IF(ISNUMBER(F1921),E1921*F1921,\"\")","v":""},null,null,0]
[null,null,"Auxiliar de encanador ou bombeiro hidráulico com encargos complementares","h",0.5,20.909500000000001,{"$f":"IF(ISNUMBER(F1922),E1922*F1922,\"\")","v":10.454750000000001},{"$f":"SUM(G1922:G1924)","v":23.683500000000002},null,0]
[null,null,"Encanador ou Bombeiro Hidráulico com Encargos Complementares","h",0.5,26.4575,{"$f":"IF(ISNUMBER(F1923),E1923*F1923,\"\")","v":13.22875},null,null,0]
[null,null,"Bomba para condensado de ar-condicionado para instalação oculta, 1F/220V/60Hz, vazão 14 l/h (a 0 mmca). Ref.: Elgin Mini Orange","un",1,"",{"$f":"IF(ISNUMBER(F1924),E1924*F1924,\"\")","v":""},null,null,0]
[null,null,null,null,null,"",{"$f":"IF(ISNUMBER(F1925),E1925*F1925,\"\")","v":""},null,null,0]
["SF-00314",{"$f":"INDEX(Orçamentária!A:B,MATCH(Composições!A1926,Orçamentária!A:A,0),2)","v":"Fita aluminizada para refrigeração 48 mm"},null,"m",null,"",{"$f":"IF(ISNUMBER(F1926),E1926*F1926,\"\")","v":""},null,null,0]
[null,null,null,null,null,"",{"$f":"IF(ISNUMBER(F1927),E1927*F1927,\"\")","v":""},null,null,0]
[null,null,"Ajudante de operação em geral com encargos complementares","h",0.05,23.160999999999998,{"$f":"IF(ISNUMBER(F1928),E1928*F1928,\"\")","v":1.15805},{"$f":"SUM(G1928:G1929)","v":1.15805},null,0]
[null,null,"Fita aluminizada 48 mm","m",1,"",{"$f":"IF(ISNUMBER(F1929),E1929*F1929,\"\")","v":""},null,null,0]
[null,null,null,null,null,"",{"$f":"IF(ISNUMBER(F1930),E1930*F1930,\"\")","v":""},null,null,0]
["SF-00315",{"$f":"INDEX(Orçamentária!A:B,MATCH(Composições!A1931,Orçamentária!A:A,0),2)","v":"Fita PVC 100 mm para acabamento em refrigeração"},null,"m",null,"",{"$f":"IF(ISNUMBER(F1931),E1931*F1931,\"\")","v":""},null,null,0]
[null,null,null,null,null,"",{"$f":"IF(ISNUMBER(F1932),E1932*F1932,\"\")","v":""},null,null,0]
[null,null,"Ajudante de operação em geral com encargos complementares","h",0.05,23.160999999999998,{"$f":"IF(ISNUMBER(F1933),E1933*F1933,\"\")","v":1.15805},{"$f":"SUM(G1933:G1934)","v":1.15805},null,0]
[null,null,"Fita PVC 100 mm","m",1,"",{"$f":"IF(ISNUMBER(F1934),E1934*F1934,\"\")","v":""},null,null,0]
[null,null,null,null,null,"",{"$f":"IF(ISNUMBER(F1935),E1935*F1935,\"\")","v":""},null,null,0]
["SF-00316",{"$f":"INDEX(Orçamentária!A:B,MATCH(Composições!A1936,Orçamentária!A:A,0),2)","v":"Mangueira emborrachada 3/4\" para água gelada"},null,"m",null,"",{"$f":"IF(ISNUMBER(F1936),E1936*F1936,\"\")","v":""},null,null,0]
[null,null,null,null,null,"",{"$f":"IF(ISNUMBER(F1937),E1937*F1937,\"\")","v":""},null,null,0]
[null,null,"Ajudante de operação em geral com encargos complementares","h",0.05,23.160999999999998,{"$f":"IF(ISNUMBER(F1938),E1938*F1938,\"\")","v":1.15805},{"$f":"SUM(G1938:G1941)","v":1.15805},null,0]
[null,null,"Conector fixo NPT 3/4\"","un",1,"",{"$f":"IF(ISNUMBER(F1939),E1939*F1939,\"\")","v":""},null,null,0]
[null,null,"Conector giratório NPT 3/4\"","un",1,"",{"$f":"IF(ISNUMBER(F1940),E1940*F1940,\"\")","v":""},null,null,0]
[null,null,"Mangueira emborrachada 3/4\"","m",1,"",{"$f":"IF(ISNUMBER(F1941),E1941*F1941,\"\")","v":""},null,null,0]
[null,null,null,null,null,"",{"$f":"IF(ISNUMBER(F1942),E1942*F1942,\"\")","v":""},null,null,0]
["SF-00317",{"$f":"INDEX(Orçamentária!A:B,MATCH(Composições!A1943,Orçamentária!A:A,0),2)","v":"Suporte para unidade condensadora de aparelho split"},null,"un",null,"",{"$f":"IF(ISNUMBER(F1943),E1943*F1943,\"\")","v":""},null,null,0]
[null,null,null,null,null,"",{"$f":"IF(ISNUMBER(F1944),E1944*F1944,\"\")","v":""},null,null,0]
[null,null,"Auxiliar de encanador ou bombeiro hidráulico com encargos complementares","h",0.5,20.909500000000001,{"$f":"IF(ISNUMBER(F1945),E1945*F1945,\"\")","v":10.454750000000001},{"$f":"SUM(G1945:G1947)","v":23.683500000000002},null,0]
[null,null,"Encanador ou Bombeiro Hidráulico com Encargos Complementares","h",0.5,26.4575,{"$f":"IF(ISNUMBER(F1946),E1946*F1946,\"\")","v":13.22875},null,null,0]
[null,null,"Suporte para unidade condensadora de aparelho split ou fancolete","un ",1,"",{"$f":"IF(ISNUMBER(F1947),E1947*F1947,\"\")","v":""},null,null,0]
[null,null,null,null,null,"",{"$f":"IF(ISNUMBER(F1948),E1948*F1948,\"\")","v":""},null,null,0]
["SF-00318",{"$f":"INDEX(Orçamentária!A:B,MATCH(Composições!A1949,Orçamentária!A:A,0),2)","v":"Suporte para unidade evaporadora de aparelho split ou fancolete"},null,"un",null,"",{"$f":"IF(ISNUMBER(F1949),E1949*F1949,\"\")","v":""},null,null,0]
[null,null,null,null,null,"",{"$f":"IF(ISNUMBER(F1950),E1950*F1950,\"\")","v":""},null,null,0]
[null,null,"Auxiliar de encanador ou bombeiro hidráulico com encargos complementares","h",0.5,20.909500000000001,{"$f":"IF(ISNUMBER(F1951),E1951*F1951,\"\")","v":10.454750000000001},{"$f":"SUM(G1951:G1953)","v":23.683500000000002},null,0]
[null,null,"Encanador ou Bombeiro Hidráulico com Encargos Complementares","h",0.5,26.4575,{"$f":"IF(ISNUMBER(F1952),E1952*F1952,\"\")","v":13.22875},null,null,0]
[null,null,"Suporte para unidade evaporadora de aparelho split ou fancolete","un ",1,"",{"$f":"IF(ISNUMBER(F1953),E1953*F1953,\"\")","v":""},null,null,0]
[null,null,null,null,null,"",{"$f":"IF(ISNUMBER(F1954),E1954*F1954,\"\")","v":""},null,null,0]
["SF-00319",{"$f":"INDEX(Orçamentária!A:B,MATCH(Composições!A1955,Orçamentária!A:A,0),2)","v":"Filtro em Y 1\""},null,"un",null,"",{"$f":"IF(ISNUMBER(F1955),E1955*F1955,\"\")","v":""},null,null,0]
[null,null,null,null,null,"",{"$f":"IF(ISNUMBER(F1956),E1956*F1956,\"\")","v":""},null,null,0]
[null,null,"Auxiliar de encanador ou bombeiro hidráulico com encargos complementares","h",0.14849999999999999,20.909500000000001,{"$f":"IF(ISNUMBER(F1957),E1957*F1957,\"\")","v":3.1050607500000003},{"$f":"SUM(G1957:G1960)","v":7.2143247000000006},null,0]
[null,null,"Encanador ou Bombeiro Hidráulico com Encargos Complementares","h",0.14849999999999999,26.4575,{"$f":"IF(ISNUMBER(F1958),E1958*F1958,\"\")","v":3.9289387499999999},null,null,0]
[null,null,"Filtro em Y 1\" (DN 25 mm), fabricado em bronze, extremidade com roscas, filtro em aço inoxidável, classe de pressão PN20 ou superior. Ref.: Deca 000.085.100.03","un ",1,"",{"$f":"IF(ISNUMBER(F1959),E1959*F1959,\"\")","v":""},null,null,0]
[null,null,"Fita veda rosca em rolos de 18 mm x 50 m (L x C)","UN",1.32E-2,13.661,{"$f":"IF(ISNUMBER(F1960),E1960*F1960,\"\")","v":0.18032519999999999},null,null,0]
[null,null,null,null,null,"",{"$f":"IF(ISNUMBER(F1961),E1961*F1961,\"\")","v":""},null,null,0]
["SF-00320",{"$f":"INDEX(Orçamentária!A:B,MATCH(Composições!A1962,Orçamentária!A:A,0),2)","v":"Filtro em Y 3/4\""},null,"un",null,"",{"$f":"IF(ISNUMBER(F1962),E1962*F1962,\"\")","v":""},null,null,0]
[null,null,null,null,null,"",{"$f":"IF(ISNUMBER(F1963),E1963*F1963,\"\")","v":""},null,null,0]
[null,null,"Auxiliar de encanador ou bombeiro hidráulico com encargos complementares","h",0.11020000000000001,20.909500000000001,{"$f":"IF(ISNUMBER(F1964),E1964*F1964,\"\")","v":2.3042269000000002},{"$f":"SUM(G1964:G1967)","v":5.3646500000000001},null,0]
[null,null,"Encanador ou Bombeiro Hidráulico com Encargos Complementares","h",0.11020000000000001,26.4575,{"$f":"IF(ISNUMBER(F1965),E1965*F1965,\"\")","v":2.9156165000000001},null,null,0]
[null,null,"Filtro em Y 3/4\" (DN 20 mm), fabricado em bronze, extremidade com roscas, filtro em aço inoxidável, classe de pressão PN20 ou superior. Ref.: Deca 000.085.034.03","un ",1,"",{"$f":"IF(ISNUMBER(F1966),E1966*F1966,\"\")","v":""},null,null,0]
[null,null,"Fita veda rosca em rolos de 18 mm x 50 m (L x C)","UN",1.06E-2,13.661,{"$f":"IF(ISNUMBER(F1967),E1967*F1967,\"\")","v":0.14480660000000001},null,null,0]
[null,null,null,null,null,"",{"$f":"IF(ISNUMBER(F1968),E1968*F1968,\"\")","v":""},null,null,0]
["SF-00321",{"$f":"INDEX(Orçamentária!A:B,MATCH(Composições!A1969,Orçamentária!A:A,0),2)","v":"Válvula de balanceamento e controle independente da pressão (PIBCV) 2 vias 1\""},null,"un",null,"",{"$f":"IF(ISNUMBER(F1969),E1969*F1969,\"\")","v":""},null,null,0]
[null,null,null,null,null,"",{"$f":"IF(ISNUMBER(F1970),E1970*F1970,\"\")","v":""},null,null,0]
[null,null,"Auxiliar de encanador ou bombeiro hidráulico com encargos complementares","h",0.14849999999999999,20.909500000000001,{"$f":"IF(ISNUMBER(F1971),E1971*F1971,\"\")","v":3.1050607500000003},{"$f":"SUM(G1971:G1975)","v":7.2143247000000006},null,0]
[null,null,"Encanador ou Bombeiro Hidráulico com Encargos Complementares","h",0.14849999999999999,26.4575,{"$f":"IF(ISNUMBER(F1972),E1972*F1972,\"\")","v":3.9289387499999999},null,null,0]
[null,null,"Fita veda rosca em rolos de 18 mm x 50 m (L x C)","UN",1.32E-2,13.661,{"$f":"IF(ISNUMBER(F1973),E1973*F1973,\"\")","v":0.18032519999999999},null,null,0]
[null,null,"Atuador tipo liga/desliga (ON/OFF), com tensão compatível com o restante do sistema (24 V ou 220 V) e mecanicamente compatível com a válvula fornecida. Referência comercial: IMI Hydronic Engineering EMO-T","un ",1,"",{"$f":"IF(ISNUMBER(F1974),E1974*F1974,\"\")","v":""},null,null,0]
[null,null,"Válvula de balanceamento e controle (PIBCV) 2 vias, para controle on-off, diâmetro nominal 1\" (25 mm). Ref.: IMI Hydronic Engineering TA-COMPACT-P DN 25, Honeywell VRN2C","un ",1,"",{"$f":"IF(ISNUMBER(F1975),E1975*F1975,\"\")","v":""},null,null,0]
[null,null,null,null,null,"",{"$f":"IF(ISNUMBER(F1976),E1976*F1976,\"\")","v":""},null,null,0]
["SF-00322",{"$f":"INDEX(Orçamentária!A:B,MATCH(Composições!A1977,Orçamentária!A:A,0),2)","v":"Válvula de balanceamento e controle independente da pressão (PIBCV) 2 vias 3/4\""},null,"un",null,"",{"$f":"IF(ISNUMBER(F1977),E1977*F1977,\"\")","v":""},null,null,0]
[null,null,null,null,null,"",{"$f":"IF(ISNUMBER(F1978),E1978*F1978,\"\")","v":""},null,null,0]
[null,null,"Auxiliar de encanador ou bombeiro hidráulico com encargos complementares","h",0.11020000000000001,20.909500000000001,{"$f":"IF(ISNUMBER(F1979),E1979*F1979,\"\")","v":2.3042269000000002},{"$f":"SUM(G1979:G1983)","v":5.3646500000000001},null,0]
[null,null,"Encanador ou Bombeiro Hidráulico com Encargos Complementares","h",0.11020000000000001,26.4575,{"$f":"IF(ISNUMBER(F1980),E1980*F1980,\"\")","v":2.9156165000000001},null,null,0]
[null,null,"Fita veda rosca em rolos de 18 mm x 50 m (L x C)","UN",1.06E-2,13.661,{"$f":"IF(ISNUMBER(F1981),E1981*F1981,\"\")","v":0.14480660000000001},null,null,0]
[null,null,"Atuador tipo liga/desliga (ON/OFF), com tensão compatível com o restante do sistema (24 V ou 220 V) e mecanicamente compatível com a válvula fornecida. Referência comercial: IMI Hydronic Engineering EMO-T","un ",1,"",{"$f":"IF(ISNUMBER(F1982),E1982*F1982,\"\")","v":""},null,null,0]
[null,null,"Válvula de balanceamento e controle (PIBCV) 2 vias, para controle on-off, diâmetro nominal 3/4\" (20 mm). Ref.: IMI Hydronic Engineering TA-COMPACT-P DN 20, Honeywell VRN2B","un ",1,"",{"$f":"IF(ISNUMBER(F1983),E1983*F1983,\"\")","v":""},null,null,0]
[null,null,null,null,null,"",{"$f":"IF(ISNUMBER(F1984),E1984*F1984,\"\")","v":""},null,null,0]
["SF-00323",{"$f":"INDEX(Orçamentária!A:B,MATCH(Composições!A1985,Orçamentária!A:A,0),2)","v":"Válvula de esfera em bronze 1 1/2\""},null,"un",null,"",{"$f":"IF(ISNUMBER(F1985),E1985*F1985,\"\")","v":""},null,null,0]
[null,null,null,null,null,"",{"$f":"IF(ISNUMBER(F1986),E1986*F1986,\"\")","v":""},null,null,0]
[null,null,"Fita veda rosca em rolos de 18 mm x 50 m (L x C)","UN",1.9E-2,13.661,{"$f":"IF(ISNUMBER(F1987),E1987*F1987,\"\")","v":0.25955899999999998},{"$f":"SUM(G1987:G1990)","v":136.48779010000001},null,0]
[null,null,"VALVULA DE ESFERA BRUTA EM BRONZE, BITOLA 1 1/2 \" (REF 1552-B)","un",1,123.7565,{"$f":"IF(ISNUMBER(F1988),E1988*F1988,\"\")","v":123.7565},null,null,0]
[null,null,"Auxiliar de encanador ou bombeiro hidráulico com encargos complementares","h",0.26329999999999998,20.909500000000001,{"$f":"IF(ISNUMBER(F1989),E1989*F1989,\"\")","v":5.5054713499999997},null,null,0]
[null,null,"Encanador ou Bombeiro Hidráulico com Encargos Complementares","h",0.26329999999999998,26.4575,{"$f":"IF(ISNUMBER(F1990),E1990*F1990,\"\")","v":6.966259749999999},null,null,0]
[null,null,null,null,null,"",{"$f":"IF(ISNUMBER(F1991),E1991*F1991,\"\")","v":""},null,null,0]
["SF-00324",{"$f":"INDEX(Orçamentária!A:B,MATCH(Composições!A1992,Orçamentária!A:A,0),2)","v":"Válvula de esfera em bronze 1 1/4\""},null,"un",null,"",{"$f":"IF(ISNUMBER(F1992),E1992*F1992,\"\")","v":""},null,null,0]
[null,null,null,null,null,"",{"$f":"IF(ISNUMBER(F1993),E1993*F1993,\"\")","v":""},null,null,0]
[null,null,"Fita veda rosca em rolos de 18 mm x 50 m (L x C)","UN",1.6799999999999999E-2,13.661,{"$f":"IF(ISNUMBER(F1994),E1994*F1994,\"\")","v":0.22950479999999998},{"$f":"SUM(G1994:G1997)","v":112.49737549999999},null,0]
[null,null,"VALVULA DE ESFERA BRUTA EM BRONZE, BITOLA 1 1/4 \" (REF 1552-B)","un",1,102.69499999999999,{"$f":"IF(ISNUMBER(F1995),E1995*F1995,\"\")","v":102.69499999999999},null,null,0]
[null,null,"Auxiliar de encanador ou bombeiro hidráulico com encargos complementares","h",0.2021,20.909500000000001,{"$f":"IF(ISNUMBER(F1996),E1996*F1996,\"\")","v":4.2258099500000004},null,null,0]
[null,null,"Encanador ou Bombeiro Hidráulico com Encargos Complementares","h",0.2021,26.4575,{"$f":"IF(ISNUMBER(F1997),E1997*F1997,\"\")","v":5.3470607499999998},null,null,0]
[null,null,null,null,null,"",{"$f":"IF(ISNUMBER(F1998),E1998*F1998,\"\")","v":""},null,null,0]
["SF-00325",{"$f":"INDEX(Orçamentária!A:B,MATCH(Composições!A1999,Orçamentária!A:A,0),2)","v":"Válvula de esfera em bronze 1\""},null,"un",null,"",{"$f":"IF(ISNUMBER(F1999),E1999*F1999,\"\")","v":""},null,null,0]
[null,null,null,null,null,"",{"$f":"IF(ISNUMBER(F2000),E2000*F2000,\"\")","v":""},null,null,0]
[null,null,"Fita veda rosca em rolos de 18 mm x 50 m (L x C)","UN",1.32E-2,13.661,{"$f":"IF(ISNUMBER(F2001),E2001*F2001,\"\")","v":0.18032519999999999},{"$f":"SUM(G2001:G2004)","v":76.1178247},null,0]
[null,null,"Valvula de esfera bruta em bronze, bitola 1 \" (ref 1552-B)","un",1,68.903499999999994,{"$f":"IF(ISNUMBER(F2002),E2002*F2002,\"\")","v":68.903499999999994},null,null,0]
[null,null,"Auxiliar de encanador ou bombeiro hidráulico com encargos complementares","h",0.14849999999999999,20.909500000000001,{"$f":"IF(ISNUMBER(F2003),E2003*F2003,\"\")","v":3.1050607500000003},null,null,0]
[null,null,"Encanador ou Bombeiro Hidráulico com Encargos Complementares","h",0.14849999999999999,26.4575,{"$f":"IF(ISNUMBER(F2004),E2004*F2004,\"\")","v":3.9289387499999999},null,null,0]
[null,null,null,null,null,"",{"$f":"IF(ISNUMBER(F2005),E2005*F2005,\"\")","v":""},null,null,0]
["SF-00326",{"$f":"INDEX(Orçamentária!A:B,MATCH(Composições!A2006,Orçamentária!A:A,0),2)","v":"Válvula de esfera em bronze 3/4\""},null,"un",null,"",{"$f":"IF(ISNUMBER(F2006),E2006*F2006,\"\")","v":""},null,null,0]
[null,null,null,null,null,"",{"$f":"IF(ISNUMBER(F2007),E2007*F2007,\"\")","v":""},null,null,0]
[null,null,"Fita veda rosca em rolos de 18 mm x 50 m (L x C)","UN",1.06E-2,13.661,{"$f":"IF(ISNUMBER(F2008),E2008*F2008,\"\")","v":0.14480660000000001},{"$f":"SUM(G2008:G2011)","v":56.398650000000004},null,0]
[null,null,"Valvula de esfera bruta em bronze, bitola 3/4 \" (ref 1552-B)","un",1,51.033999999999999,{"$f":"IF(ISNUMBER(F2009),E2009*F2009,\"\")","v":51.033999999999999},null,null,0]
[null,null,"Auxiliar de encanador ou bombeiro hidráulico com encargos complementares","h",0.11020000000000001,20.909500000000001,{"$f":"IF(ISNUMBER(F2010),E2010*F2010,\"\")","v":2.3042269000000002},null,null,0]
[null,null,"Encanador ou Bombeiro Hidráulico com Encargos Complementares","h",0.11020000000000001,26.4575,{"$f":"IF(ISNUMBER(F2011),E2011*F2011,\"\")","v":2.9156165000000001},null,null,0]
[null,null,null,null,null,"",{"$f":"IF(ISNUMBER(F2012),E2012*F2012,\"\")","v":""},null,null,0]
["SF-00327",{"$f":"INDEX(Orçamentária!A:B,MATCH(Composições!A2013,Orçamentária!A:A,0),2)","v":"Isolamento elastomérico em formato de prancha autoadesiva"},null,"m2",null,"",{"$f":"IF(ISNUMBER(F2013),E2013*F2013,\"\")","v":""},null,null,0]
[null,null,null,null,null,"",{"$f":"IF(ISNUMBER(F2014),E2014*F2014,\"\")","v":""},null,null,0]
[null,null,"Auxiliar de encanador ou bombeiro hidráulico com encargos complementares","h",0.1,20.909500000000001,{"$f":"IF(ISNUMBER(F2015),E2015*F2015,\"\")","v":2.0909500000000003},{"$f":"SUM(G2015:G2017)","v":4.7367000000000008},null,0]
[null,null,"Encanador ou Bombeiro Hidráulico com Encargos Complementares","h",0.1,26.4575,{"$f":"IF(ISNUMBER(F2016),E2016*F2016,\"\")","v":2.64575},null,null,0]
[null,null,"Isolamento elastomérico em formato prancha autoadesiva de espessura M. Ref.: AF/Armaflex M-99/E-A, K-Flex ST","m2",1.05,"",{"$f":"IF(ISNUMBER(F2017),E2017*F2017,\"\")","v":""},null,null,0]
[null,null,null,null,null,"",{"$f":"IF(ISNUMBER(F2018),E2018*F2018,\"\")","v":""},null,null,0]
["SF-00328",{"$f":"INDEX(Orçamentária!A:B,MATCH(Composições!A2019,Orçamentária!A:A,0),2)","v":"Isolamento elastomérico para tubulações de cobre de 1 1/8\" / tubulações de ferro de 3/4\""},null,"m",null,"",{"$f":"IF(ISNUMBER(F2019),E2019*F2019,\"\")","v":""},null,null,10]
[null,null,null,null,null,"",{"$f":"IF(ISNUMBER(F2020),E2020*F2020,\"\")","v":""},null,null,10]
[null,null,"Isolamento elastomérico em formato de tubo ou coquilha de espessura M, próprio para tubulação de cobre de diâmetro nominal 1 1/8\" e para tubulações de ferro de diâmetro nominal 3/4\". Ref.: AF/Armaflex M-28, K-Flex ST","m",1.0210999999999999,33.4,{"$f":"IF(ISNUMBER(F2021),E2021*F2021,\"\")","v":34.104739999999993},{"$f":"SUM(G2021:G2023)","v":35.014186399999993},null,10]
[null,null,"Auxiliar de encanador ou bombeiro hidráulico com encargos complementares","h",{"$f":"0.064*0.3","v":1.9199999999999998E-2},20.909500000000001,{"$f":"IF(ISNUMBER(F2022),E2022*F2022,\"\")","v":0.4014624},null,null,10]
[null,null,"Encanador ou Bombeiro Hidráulico com Encargos Complementares","h",{"$f":"0.064*0.3","v":1.9199999999999998E-2},26.4575,{"$f":"IF(ISNUMBER(F2023),E2023*F2023,\"\")","v":0.50798399999999999},null,null,10]
[null,null,null,null,null,"",{"$f":"IF(ISNUMBER(F2024),E2024*F2024,\"\")","v":""},null,null,10]
[null,null,"Obs.: As seguintes proporções foram consideradas quanto ao tempo de mão de obra: 70% para instalação do tubo e 30% para instalação do isolamento térmico.",null,null,"",{"$f":"IF(ISNUMBER(F2025),E2025*F2025,\"\")","v":""},null,null,10]
[null,null,null,null,null,"",{"$f":"IF(ISNUMBER(F2026),E2026*F2026,\"\")","v":""},null,null,10]
["SF-00329",{"$f":"INDEX(Orçamentária!A:B,MATCH(Composições!A2027,Orçamentária!A:A,0),2)","v":"Isolamento elastomérico para tubulações de cobre de 1/2\""},null,"m",null,"",{"$f":"IF(ISNUMBER(F2027),E2027*F2027,\"\")","v":""},null,null,0]
[null,null,null,null,null,"",{"$f":"IF(ISNUMBER(F2028),E2028*F2028,\"\")","v":""},null,null,0]
[null,null,"Isolamento elastomérico em formato de tubo ou coquilha de espessura M, próprio para tubulação de cobre de diâmetro nominal 1/2\". Ref.: AF/Armaflex M-12, K-Flex ST","m",1.0210999999999999,"",{"$f":"IF(ISNUMBER(F2029),E2029*F2029,\"\")","v":""},{"$f":"SUM(G2029:G2031)","v":0.86681610000000009},null,0]
[null,null,"Auxiliar de encanador ou bombeiro hidráulico com encargos complementares","h",{"$f":"0.061*0.3","v":1.83E-2},20.909500000000001,{"$f":"IF(ISNUMBER(F2030),E2030*F2030,\"\")","v":0.38264385000000001},null,null,0]
[null,null,"Encanador ou Bombeiro Hidráulico com Encargos Complementares","h",{"$f":"0.061*0.3","v":1.83E-2},26.4575,{"$f":"IF(ISNUMBER(F2031),E2031*F2031,\"\")","v":0.48417225000000003},null,null,0]
[null,null,null,null,null,"",{"$f":"IF(ISNUMBER(F2032),E2032*F2032,\"\")","v":""},null,null,0]
[null,null,"Obs.: As seguintes proporções foram consideradas quanto ao tempo de mão de obra: 70% para instalação do tubo e 30% para instalação do isolamento térmico.",null,null,"",{"$f":"IF(ISNUMBER(F2033),E2033*F2033,\"\")","v":""},null,null,0]
[null,null,null,null,null,"",{"$f":"IF(ISNUMBER(F2034),E2034*F2034,\"\")","v":""},null,null,0]
["SF-00330",{"$f":"INDEX(Orçamentária!A:B,MATCH(Composições!A2035,Orçamentária!A:A,0),2)","v":"Isolamento elastomérico para tubulações de cobre de 1/4\""},null,"m",null,"",{"$f":"IF(ISNUMBER(F2035),E2035*F2035,\"\")","v":""},null,null,0]
[null,null,null,null,null,"",{"$f":"IF(ISNUMBER(F2036),E2036*F2036,\"\")","v":""},null,null,0]
[null,null,"Isolamento elastomérico em formato de tubo ou coquilha de espessura M, próprio para tubulação de cobre de diâmetro nominal 1/4\". Ref.: AF/Armaflex M-06, K-Flex ST","m",1.0210999999999999,"",{"$f":"IF(ISNUMBER(F2037),E2037*F2037,\"\")","v":""},{"$f":"SUM(G2037:G2039)","v":0.73892519999999995},null,0]
[null,null,"Auxiliar de encanador ou bombeiro hidráulico com encargos complementares","h",{"$f":"0.052*0.3","v":1.5599999999999999E-2},20.909500000000001,{"$f":"IF(ISNUMBER(F2038),E2038*F2038,\"\")","v":0.32618819999999998},null,null,0]
[null,null,"Encanador ou Bombeiro Hidráulico com Encargos Complementares","h",{"$f":"0.052*0.3","v":1.5599999999999999E-2},26.4575,{"$f":"IF(ISNUMBER(F2039),E2039*F2039,\"\")","v":0.41273699999999997},null,null,0]
[null,null,null,null,null,"",{"$f":"IF(ISNUMBER(F2040),E2040*F2040,\"\")","v":""},null,null,0]
[null,null,"Obs.: As seguintes proporções foram consideradas quanto ao tempo de mão de obra: 70% para instalação do tubo e 30% para instalação do isolamento térmico.",null,null,"",{"$f":"IF(ISNUMBER(F2041),E2041*F2041,\"\")","v":""},null,null,0]
[null,null,null,null,null,"",{"$f":"IF(ISNUMBER(F2042),E2042*F2042,\"\")","v":""},null,null,0]
["SF-00331",{"$f":"INDEX(Orçamentária!A:B,MATCH(Composições!A2043,Orçamentária!A:A,0),2)","v":"Isolamento elastomérico para tubulações de cobre de 3/4\""},null,"m",null,"",{"$f":"IF(ISNUMBER(F2043),E2043*F2043,\"\")","v":""},null,null,0]
[null,null,null,null,null,"",{"$f":"IF(ISNUMBER(F2044),E2044*F2044,\"\")","v":""},null,null,0]
[null,null,"Isolamento elastomérico em formato de tubo ou coquilha de espessura M, próprio para tubulação de cobre de diâmetro nominal 3/4\". Ref.: AF/Armaflex M-18, K-Flex ST","m",1.0210999999999999,"",{"$f":"IF(ISNUMBER(F2045),E2045*F2045,\"\")","v":""},{"$f":"SUM(G2045:G2047)","v":0.90944639999999999},null,0]
[null,null,"Auxiliar de encanador ou bombeiro hidráulico com encargos complementares","h",{"$f":"0.064*0.3","v":1.9199999999999998E-2},20.909500000000001,{"$f":"IF(ISNUMBER(F2046),E2046*F2046,\"\")","v":0.4014624},null,null,0]
[null,null,"Encanador ou Bombeiro Hidráulico com Encargos Complementares","h",{"$f":"0.064*0.3","v":1.9199999999999998E-2},26.4575,{"$f":"IF(ISNUMBER(F2047),E2047*F2047,\"\")","v":0.50798399999999999},null,null,0]
[null,null,null,null,null,"",{"$f":"IF(ISNUMBER(F2048),E2048*F2048,\"\")","v":""},null,null,0]
[null,null,"Obs.: As seguintes proporções foram consideradas quanto ao tempo de mão de obra: 70% para instalação do tubo e 30% para instalação do isolamento térmico.",null,null,"",{"$f":"IF(ISNUMBER(F2049),E2049*F2049,\"\")","v":""},null,null,0]
[null,null,null,null,null,"",{"$f":"IF(ISNUMBER(F2050),E2050*F2050,\"\")","v":""},null,null,0]
["SF-00332",{"$f":"INDEX(Orçamentária!A:B,MATCH(Composições!A2051,Orçamentária!A:A,0),2)","v":"Isolamento elastomérico para tubulações de cobre de 3/8\""},null,"m",null,"",{"$f":"IF(ISNUMBER(F2051),E2051*F2051,\"\")","v":""},null,null,0]
[null,null,null,null,null,"",{"$f":"IF(ISNUMBER(F2052),E2052*F2052,\"\")","v":""},null,null,0]
[null,null,"Isolamento elastomérico em formato de tubo ou coquilha de espessura M, próprio para tubulação de cobre de diâmetro nominal 3/8\". Ref.: AF/Armaflex M-10, K-Flex ST","m",1.0210999999999999,"",{"$f":"IF(ISNUMBER(F2053),E2053*F2053,\"\")","v":""},{"$f":"SUM(G2053:G2055)","v":0.80997570000000008},null,0]
[null,null,"Auxiliar de encanador ou bombeiro hidráulico com encargos complementares","h",{"$f":"0.057*0.3","v":1.7100000000000001E-2},20.909500000000001,{"$f":"IF(ISNUMBER(F2054),E2054*F2054,\"\")","v":0.35755245000000002},null,null,0]
[null,null,"Encanador ou Bombeiro Hidráulico com Encargos Complementares","h",{"$f":"0.057*0.3","v":1.7100000000000001E-2},26.4575,{"$f":"IF(ISNUMBER(F2055),E2055*F2055,\"\")","v":0.45242325},null,null,0]
[null,null,null,null,null,"",{"$f":"IF(ISNUMBER(F2056),E2056*F2056,\"\")","v":""},null,null,0]
[null,null,"Obs.: As seguintes proporções foram consideradas quanto ao tempo de mão de obra: 70% para instalação do tubo e 30% para instalação do isolamento térmico.",null,null,"",{"$f":"IF(ISNUMBER(F2057),E2057*F2057,\"\")","v":""},null,null,0]
[null,null,null,null,null,"",{"$f":"IF(ISNUMBER(F2058),E2058*F2058,\"\")","v":""},null,null,0]
["SF-00333",{"$f":"INDEX(Orçamentária!A:B,MATCH(Composições!A2059,Orçamentária!A:A,0),2)","v":"Isolamento elastomérico para tubulações de cobre de 5/8\""},null,"m",null,"",{"$f":"IF(ISNUMBER(F2059),E2059*F2059,\"\")","v":""},null,null,0]
[null,null,null,null,null,"",{"$f":"IF(ISNUMBER(F2060),E2060*F2060,\"\")","v":""},null,null,0]
[null,null,"Isolamento elastomérico em formato de tubo ou coquilha de espessura M, próprio para tubulação de cobre de diâmetro nominal 5/8\". Ref.: AF/Armaflex M-15, K-Flex ST","m",1.0210999999999999,"",{"$f":"IF(ISNUMBER(F2061),E2061*F2061,\"\")","v":""},{"$f":"SUM(G2061:G2063)","v":0.90944639999999999},null,0]
[null,null,"Auxiliar de encanador ou bombeiro hidráulico com encargos complementares","h",{"$f":"0.064*0.3","v":1.9199999999999998E-2},20.909500000000001,{"$f":"IF(ISNUMBER(F2062),E2062*F2062,\"\")","v":0.4014624},null,null,0]
[null,null,"Encanador ou Bombeiro Hidráulico com Encargos Complementares","h",{"$f":"0.064*0.3","v":1.9199999999999998E-2},26.4575,{"$f":"IF(ISNUMBER(F2063),E2063*F2063,\"\")","v":0.50798399999999999},null,null,0]
[null,null,null,null,null,"",{"$f":"IF(ISNUMBER(F2064),E2064*F2064,\"\")","v":""},null,null,0]
[null,null,"Obs.: As seguintes proporções foram consideradas quanto ao tempo de mão de obra: 70% para instalação do tubo e 30% para instalação do isolamento térmico.",null,null,"",{"$f":"IF(ISNUMBER(F2065),E2065*F2065,\"\")","v":""},null,null,0]
[null,null,null,null,null,"",{"$f":"IF(ISNUMBER(F2066),E2066*F2066,\"\")","v":""},null,null,0]
["SF-00334",{"$f":"INDEX(Orçamentária!A:B,MATCH(Composições!A2067,Orçamentária!A:A,0),2)","v":"Isolamento elastomérico para tubulações de cobre de 7/8\" / tubulações de ferro de 1/2\""},null,"m",null,"",{"$f":"IF(ISNUMBER(F2067),E2067*F2067,\"\")","v":""},null,null,0]
[null,null,null,null,null,"",{"$f":"IF(ISNUMBER(F2068),E2068*F2068,\"\")","v":""},null,null,0]
[null,null,"Isolamento elastomérico em formato de tubo ou coquilha de espessura M, próprio para tubulação de cobre de diâmetro nominal 7/8\" e para tubulações de ferro de diâmetro nominal 1/2\". Ref.: AF/Armaflex M-22, K-Flex ST","m",1.0210999999999999,"",{"$f":"IF(ISNUMBER(F2069),E2069*F2069,\"\")","v":""},{"$f":"SUM(G2069:G2071)","v":0.90944639999999999},null,0]
[null,null,"Auxiliar de encanador ou bombeiro hidráulico com encargos complementares","h",{"$f":"0.064*0.3","v":1.9199999999999998E-2},20.909500000000001,{"$f":"IF(ISNUMBER(F2070),E2070*F2070,\"\")","v":0.4014624},null,null,0]
[null,null,"Encanador ou Bombeiro Hidráulico com Encargos Complementares","h",{"$f":"0.064*0.3","v":1.9199999999999998E-2},26.4575,{"$f":"IF(ISNUMBER(F2071),E2071*F2071,\"\")","v":0.50798399999999999},null,null,0]
[null,null,null,null,null,"",{"$f":"IF(ISNUMBER(F2072),E2072*F2072,\"\")","v":""},null,null,0]
[null,null,"Obs.: As seguintes proporções foram consideradas quanto ao tempo de mão de obra: 70% para instalação do tubo e 30% para instalação do isolamento térmico.",null,null,"",{"$f":"IF(ISNUMBER(F2073),E2073*F2073,\"\")","v":""},null,null,0]
[null,null,null,null,null,"",{"$f":"IF(ISNUMBER(F2074),E2074*F2074,\"\")","v":""},null,null,0]
["SF-00335",{"$f":"INDEX(Orçamentária!A:B,MATCH(Composições!A2075,Orçamentária!A:A,0),2)","v":"Isolamento elastomérico para tubulações de cobre de 1\""},null,"m",null,"",{"$f":"IF(ISNUMBER(F2075),E2075*F2075,\"\")","v":""},null,null,0]
[null,null,null,null,null,"",{"$f":"IF(ISNUMBER(F2076),E2076*F2076,\"\")","v":""},null,null,0]
[null,null,"Isolamento elastomérico em formato de tubo ou coquilha de espessura M, próprio para tubulação de cobre de diâmetro nominal 1\". Ref.: AF/Armaflex M-25, K-Flex ST","m",1.0210999999999999,"",{"$f":"IF(ISNUMBER(F2077),E2077*F2077,\"\")","v":""},{"$f":"SUM(G2077:G2079)","v":0.90944639999999999},null,0]
[null,null,"Auxiliar de encanador ou bombeiro hidráulico com encargos complementares","h",{"$f":"0.064*0.3","v":1.9199999999999998E-2},20.909500000000001,{"$f":"IF(ISNUMBER(F2078),E2078*F2078,\"\")","v":0.4014624},null,null,0]
[null,null,"Encanador ou Bombeiro Hidráulico com Encargos Complementares","h",{"$f":"0.064*0.3","v":1.9199999999999998E-2},26.4575,{"$f":"IF(ISNUMBER(F2079),E2079*F2079,\"\")","v":0.50798399999999999},null,null,0]
[null,null,null,null,null,"",{"$f":"IF(ISNUMBER(F2080),E2080*F2080,\"\")","v":""},null,null,0]
[null,null,"Obs.: As seguintes proporções foram consideradas quanto ao tempo de mão de obra: 70% para instalação do tubo e 30% para instalação do isolamento térmico.",null,null,"",{"$f":"IF(ISNUMBER(F2081),E2081*F2081,\"\")","v":""},null,null,0]
[null,null,null,null,null,"",{"$f":"IF(ISNUMBER(F2082),E2082*F2082,\"\")","v":""},null,null,0]
["SF-00336",{"$f":"INDEX(Orçamentária!A:B,MATCH(Composições!A2083,Orçamentária!A:A,0),2)","v":"Isolamento elastomérico para tubulações de ferro de 1 1/2\""},null,"m",null,"",{"$f":"IF(ISNUMBER(F2083),E2083*F2083,\"\")","v":""},null,null,30]
[null,null,null,null,null,"",{"$f":"IF(ISNUMBER(F2084),E2084*F2084,\"\")","v":""},null,null,30]
[null,null,"Isolamento elastomérico em formato de tubo ou coquilha de espessura M, próprio para tubulação ferro de diâmetro nominal 1 1/2\". Ref.: AF/Armaflex M-48, K-Flex ST","m",1.0210999999999999,40.46,{"$f":"IF(ISNUMBER(F2085),E2085*F2085,\"\")","v":41.313705999999996},{"$f":"SUM(G2085:G2087)","v":42.223152399999996},null,30]
[null,null,"Auxiliar de encanador ou bombeiro hidráulico com encargos complementares","h",{"$f":"0.064*0.3","v":1.9199999999999998E-2},20.909500000000001,{"$f":"IF(ISNUMBER(F2086),E2086*F2086,\"\")","v":0.4014624},null,null,30]
[null,null,"Encanador ou Bombeiro Hidráulico com Encargos Complementares","h",{"$f":"0.064*0.3","v":1.9199999999999998E-2},26.4575,{"$f":"IF(ISNUMBER(F2087),E2087*F2087,\"\")","v":0.50798399999999999},null,null,30]
[null,null,null,null,null,"",{"$f":"IF(ISNUMBER(F2088),E2088*F2088,\"\")","v":""},null,null,30]
[null,null,"Obs.: As seguintes proporções foram consideradas quanto ao tempo de mão de obra: 70% para instalação do tubo e 30% para instalação do isolamento térmico.",null,null,"",{"$f":"IF(ISNUMBER(F2089),E2089*F2089,\"\")","v":""},null,null,30]
[null,null,null,null,null,"",{"$f":"IF(ISNUMBER(F2090),E2090*F2090,\"\")","v":""},null,null,30]
["SF-00337",{"$f":"INDEX(Orçamentária!A:B,MATCH(Composições!A2091,Orçamentária!A:A,0),2)","v":"Isolamento elastomérico para tubulações de cobre 1 5/8\" / tubulações de ferro de 1 1/4\""},null,"m",null,"",{"$f":"IF(ISNUMBER(F2091),E2091*F2091,\"\")","v":""},null,null,10]
[null,null,null,null,null,"",{"$f":"IF(ISNUMBER(F2092),E2092*F2092,\"\")","v":""},null,null,10]
[null,null,"Isolamento elastomérico em formato de tubo ou coquilha de espessura M, próprio para tubulação ferro de diâmetro nominal 1 1/4\". Ref.: AF/Armaflex M-42, K-Flex ST","m",1.0210999999999999,37.979999999999997,{"$f":"IF(ISNUMBER(F2093),E2093*F2093,\"\")","v":38.781377999999989},{"$f":"SUM(G2093:G2095)","v":39.69082439999999},null,10]
[null,null,"Auxiliar de encanador ou bombeiro hidráulico com encargos complementares","h",{"$f":"0.064*0.3","v":1.9199999999999998E-2},20.909500000000001,{"$f":"IF(ISNUMBER(F2094),E2094*F2094,\"\")","v":0.4014624},null,null,10]
[null,null,"Encanador ou Bombeiro Hidráulico com Encargos Complementares","h",{"$f":"0.064*0.3","v":1.9199999999999998E-2},26.4575,{"$f":"IF(ISNUMBER(F2095),E2095*F2095,\"\")","v":0.50798399999999999},null,null,10]
[null,null,null,null,null,"",{"$f":"IF(ISNUMBER(F2096),E2096*F2096,\"\")","v":""},null,null,10]
[null,null,"Obs.: As seguintes proporções foram consideradas quanto ao tempo de mão de obra: 70% para instalação do tubo e 30% para instalação do isolamento térmico.",null,null,"",{"$f":"IF(ISNUMBER(F2097),E2097*F2097,\"\")","v":""},null,null,10]
[null,null,null,null,null,"",{"$f":"IF(ISNUMBER(F2098),E2098*F2098,\"\")","v":""},null,null,10]
["SF-00338",{"$f":"INDEX(Orçamentária!A:B,MATCH(Composições!A2099,Orçamentária!A:A,0),2)","v":"Isolamento elastomérico para tubulações de cobre 1 3/8\" / tubulações de ferro de 1\""},null,"m",null,"",{"$f":"IF(ISNUMBER(F2099),E2099*F2099,\"\")","v":""},null,null,0]
[null,null,null,null,null,"",{"$f":"IF(ISNUMBER(F2100),E2100*F2100,\"\")","v":""},null,null,0]
[null,null,"Isolamento elastomérico em formato de tubo ou coquilha de espessura M, próprio para tubulação ferro de diâmetro nominal 1\". Ref.: AF/Armaflex M-35, K-Flex ST","m",1.0210999999999999,"",{"$f":"IF(ISNUMBER(F2101),E2101*F2101,\"\")","v":""},{"$f":"SUM(G2101:G2103)","v":0.90944639999999999},null,0]
[null,null,"Auxiliar de encanador ou bombeiro hidráulico com encargos complementares","h",{"$f":"0.064*0.3","v":1.9199999999999998E-2},20.909500000000001,{"$f":"IF(ISNUMBER(F2102),E2102*F2102,\"\")","v":0.4014624},null,null,0]
[null,null,"Encanador ou Bombeiro Hidráulico com Encargos Complementares","h",{"$f":"0.064*0.3","v":1.9199999999999998E-2},26.4575,{"$f":"IF(ISNUMBER(F2103),E2103*F2103,\"\")","v":0.50798399999999999},null,null,0]
[null,null,null,null,null,"",{"$f":"IF(ISNUMBER(F2104),E2104*F2104,\"\")","v":""},null,null,0]
[null,null,"Obs.: As seguintes proporções foram consideradas quanto ao tempo de mão de obra: 70% para instalação do tubo e 30% para instalação do isolamento térmico.",null,null,"",{"$f":"IF(ISNUMBER(F2105),E2105*F2105,\"\")","v":""},null,null,0]
[null,null,null,null,null,"",{"$f":"IF(ISNUMBER(F2106),E2106*F2106,\"\")","v":""},null,null,0]
["SF-00339",{"$f":"INDEX(Orçamentária!A:B,MATCH(Composições!A2107,Orçamentária!A:A,0),2)","v":"Proteção mecânica em alumínio"},null,"m2",null,"",{"$f":"IF(ISNUMBER(F2107),E2107*F2107,\"\")","v":""},null,null,0]
[null,null,null,null,null,"",{"$f":"IF(ISNUMBER(F2108),E2108*F2108,\"\")","v":""},null,null,0]
[null,null,"Auxiliar de encanador ou bombeiro hidráulico com encargos complementares","h",0.2,20.909500000000001,{"$f":"IF(ISNUMBER(F2109),E2109*F2109,\"\")","v":4.1819000000000006},{"$f":"SUM(G2109:G2111)","v":9.4734000000000016},null,0]
[null,null,"Encanador ou Bombeiro Hidráulico com Encargos Complementares","h",0.2,26.4575,{"$f":"IF(ISNUMBER(F2110),E2110*F2110,\"\")","v":5.2915000000000001},null,null,0]
[null,null,"Alumínio corrugado sem barreira espessura mínima = 0,15mm","m2",1.05,"",{"$f":"IF(ISNUMBER(F2111),E2111*F2111,\"\")","v":""},null,null,0]
[null,null,null,null,null,"",{"$f":"IF(ISNUMBER(F2112),E2112*F2112,\"\")","v":""},null,null,0]
["SF-00340",{"$f":"INDEX(Orçamentária!A:B,MATCH(Composições!A2113,Orçamentária!A:A,0),2)","v":"Tubo de aço-carbono galvanizado 1 1/2\""},null,"m",null,"",{"$f":"IF(ISNUMBER(F2113),E2113*F2113,\"\")","v":""},null,null,30]
[null,null,null,null,null,"",{"$f":"IF(ISNUMBER(F2114),E2114*F2114,\"\")","v":""},null,null,30]
[null,null,"Encanador ou Bombeiro Hidráulico com Encargos Complementares","h",0.29199999999999998,26.4575,{"$f":"IF(ISNUMBER(F2115),E2115*F2115,\"\")","v":7.7255899999999995},{"$f":"SUM(G2115:G2117)","v":61.219434499999991},null,30]
[null,null,"Auxiliar de encanador ou bombeiro hidráulico com encargos complementares","h",0.29199999999999998,20.909500000000001,{"$f":"IF(ISNUMBER(F2116),E2116*F2116,\"\")","v":6.1055739999999998},null,null,30]
[null,null,"TUBO ACO CARBONO SEM COSTURA 1 1/2\", E= *3,68 MM, SCHEDULE 40, 4,05 KG/M","m",1.0389999999999999,45.609499999999997,{"$f":"IF(ISNUMBER(F2117),E2117*F2117,\"\")","v":47.38827049999999},null,null,30]
[null,null,null,null,null,"",{"$f":"IF(ISNUMBER(F2118),E2118*F2118,\"\")","v":""},null,null,30]
["SF-00341",{"$f":"INDEX(Orçamentária!A:B,MATCH(Composições!A2119,Orçamentária!A:A,0),2)","v":"Tubo de aço-carbono galvanizado 1 1/4\""},null,"m",null,"",{"$f":"IF(ISNUMBER(F2119),E2119*F2119,\"\")","v":""},null,null,10]
[null,null,null,null,null,"",{"$f":"IF(ISNUMBER(F2120),E2120*F2120,\"\")","v":""},null,null,10]
[null,null,"Encanador ou Bombeiro Hidráulico com Encargos Complementares","h",0.27500000000000002,26.4575,{"$f":"IF(ISNUMBER(F2121),E2121*F2121,\"\")","v":7.2758125000000007},{"$f":"SUM(G2121:G2123)","v":56.515347999999996},null,10]
[null,null,"Auxiliar de encanador ou bombeiro hidráulico com encargos complementares","h",0.27500000000000002,20.909500000000001,{"$f":"IF(ISNUMBER(F2122),E2122*F2122,\"\")","v":5.7501125000000011},null,null,10]
[null,null,"TUBO ACO CARBONO SEM COSTURA 1 1/4\", E= *3,56 MM, SCHEDULE 40, *3,38* KG/M","m",1.0389999999999999,41.856999999999999,{"$f":"IF(ISNUMBER(F2123),E2123*F2123,\"\")","v":43.489422999999995},null,null,10]
[null,null,null,null,null,"",{"$f":"IF(ISNUMBER(F2124),E2124*F2124,\"\")","v":""},null,null,10]
["SF-00342",{"$f":"INDEX(Orçamentária!A:B,MATCH(Composições!A2125,Orçamentária!A:A,0),2)","v":"Tubo de aço-carbono galvanizado 1\""},null,"m",null,"",{"$f":"IF(ISNUMBER(F2125),E2125*F2125,\"\")","v":""},null,null,0]
[null,null,null,null,null,"",{"$f":"IF(ISNUMBER(F2126),E2126*F2126,\"\")","v":""},null,null,0]
[null,null,"Encanador ou Bombeiro Hidráulico com Encargos Complementares","h",0.29699999999999999,26.4575,{"$f":"IF(ISNUMBER(F2127),E2127*F2127,\"\")","v":7.8578774999999998},{"$f":"SUM(G2127:G2129)","v":46.522202999999998},null,0]
[null,null,"Auxiliar de encanador ou bombeiro hidráulico com encargos complementares","h",0.29699999999999999,20.909500000000001,{"$f":"IF(ISNUMBER(F2128),E2128*F2128,\"\")","v":6.2101215000000005},null,null,0]
[null,null,"TUBO ACO CARBONO SEM COSTURA 1\", E= *3,38 MM, SCHEDULE 40, *2,50* KG/M","m",1.0389999999999999,31.236000000000001,{"$f":"IF(ISNUMBER(F2129),E2129*F2129,\"\")","v":32.454203999999997},null,null,0]
[null,null,null,null,null,"",{"$f":"IF(ISNUMBER(F2130),E2130*F2130,\"\")","v":""},null,null,0]
["SF-00343",{"$f":"INDEX(Orçamentária!A:B,MATCH(Composições!A2131,Orçamentária!A:A,0),2)","v":"Tubo de aço-carbono galvanizado 3/4\""},null,"m",null,"",{"$f":"IF(ISNUMBER(F2131),E2131*F2131,\"\")","v":""},null,null,10]
[null,null,null,null,null,"",{"$f":"IF(ISNUMBER(F2132),E2132*F2132,\"\")","v":""},null,null,10]
[null,null,"Encanador ou Bombeiro Hidráulico com Encargos Complementares","h",0.29699999999999999,26.4575,{"$f":"IF(ISNUMBER(F2133),E2133*F2133,\"\")","v":7.8578774999999998},{"$f":"SUM(G2133:G2135)","v":42.899729499999999},null,10]
[null,null,"Auxiliar de encanador ou bombeiro hidráulico com encargos complementares","h",0.29699999999999999,20.909500000000001,{"$f":"IF(ISNUMBER(F2134),E2134*F2134,\"\")","v":6.2101215000000005},null,null,10]
[null,null,"TUBO ACO CARBONO SEM COSTURA 3/4\", E= *2,87 MM, SCHEDULE 40, *1,69 KG/M","m",1.0389999999999999,27.749500000000001,{"$f":"IF(ISNUMBER(F2135),E2135*F2135,\"\")","v":28.831730499999999},null,null,10]
[null,null,null,null,null,"",{"$f":"IF(ISNUMBER(F2136),E2136*F2136,\"\")","v":""},null,null,10]
["SF-00344",{"$f":"INDEX(Orçamentária!A:B,MATCH(Composições!A2137,Orçamentária!A:A,0),2)","v":"Tubo de cobre de 1/2\""},null,"m",null,"",{"$f":"IF(ISNUMBER(F2137),E2137*F2137,\"\")","v":""},null,null,0]
[null,null,null,null,null,"",{"$f":"IF(ISNUMBER(F2138),E2138*F2138,\"\")","v":""},null,null,0]
[null,null,"Tubo de cobre flexivel, D = 1/2 \", E = 0,79 mm, para ar-condicionado/ instalacoes gas residenciais e comerciais","m",1.0210999999999999,42.968499999999992,{"$f":"IF(ISNUMBER(F2139),E2139*F2139,\"\")","v":43.875135349999987},{"$f":"SUM(G2139:G2141)","v":45.897706249999992},null,0]
[null,null,"Auxiliar de encanador ou bombeiro hidráulico com encargos complementares","h",{"$f":"0.061*0.7","v":4.2699999999999995E-2},20.909500000000001,{"$f":"IF(ISNUMBER(F2140),E2140*F2140,\"\")","v":0.89283564999999998},null,null,0]
[null,null,"Encanador ou Bombeiro Hidráulico com Encargos Complementares","h",{"$f":"0.061*0.7","v":4.2699999999999995E-2},26.4575,{"$f":"IF(ISNUMBER(F2141),E2141*F2141,\"\")","v":1.1297352499999997},null,null,0]
[null,null,null,null,null,"",{"$f":"IF(ISNUMBER(F2142),E2142*F2142,\"\")","v":""},null,null,0]
[null,null,"Obs.: As seguintes proporções foram consideradas quanto ao tempo de mão de obra: 70% para instalação do tubo e 30% para instalação do isolamento térmico.",null,null,"",{"$f":"IF(ISNUMBER(F2143),E2143*F2143,\"\")","v":""},null,null,0]
[null,null,null,null,null,"",{"$f":"IF(ISNUMBER(F2144),E2144*F2144,\"\")","v":""},null,null,0]
["SF-00345",{"$f":"INDEX(Orçamentária!A:B,MATCH(Composições!A2145,Orçamentária!A:A,0),2)","v":"Tubo de cobre de 1/4\""},null,"m",null,"",{"$f":"IF(ISNUMBER(F2145),E2145*F2145,\"\")","v":""},null,null,0]
[null,null,null,null,null,"",{"$f":"IF(ISNUMBER(F2146),E2146*F2146,\"\")","v":""},null,null,0]
[null,null,"Tubo de cobre flexivel, D = 1/4 \", E = 0,79 mm, para ar-condicionado/ instalacoes gas residenciais e comerciais","m",1.0210999999999999,20.596,{"$f":"IF(ISNUMBER(F2147),E2147*F2147,\"\")","v":21.030575599999999},{"$f":"SUM(G2147:G2149)","v":22.754734399999997},null,0]
[null,null,"Auxiliar de encanador ou bombeiro hidráulico com encargos complementares","h",{"$f":"0.052*0.7","v":3.6399999999999995E-2},20.909500000000001,{"$f":"IF(ISNUMBER(F2148),E2148*F2148,\"\")","v":0.76110579999999994},null,null,0]
[null,null,"Encanador ou Bombeiro Hidráulico com Encargos Complementares","h",{"$f":"0.052*0.7","v":3.6399999999999995E-2},26.4575,{"$f":"IF(ISNUMBER(F2149),E2149*F2149,\"\")","v":0.96305299999999983},null,null,0]
[null,null,null,null,null,"",{"$f":"IF(ISNUMBER(F2150),E2150*F2150,\"\")","v":""},null,null,0]
[null,null,"Obs.: As seguintes proporções foram consideradas quanto ao tempo de mão de obra: 70% para instalação do tubo e 30% para instalação do isolamento térmico.",null,null,"",{"$f":"IF(ISNUMBER(F2151),E2151*F2151,\"\")","v":""},null,null,0]
[null,null,null,null,null,"",{"$f":"IF(ISNUMBER(F2152),E2152*F2152,\"\")","v":""},null,null,0]
["SF-00346",{"$f":"INDEX(Orçamentária!A:B,MATCH(Composições!A2153,Orçamentária!A:A,0),2)","v":"Tubo de cobre de 3/4\""},null,"m",null,"",{"$f":"IF(ISNUMBER(F2153),E2153*F2153,\"\")","v":""},null,null,0]
[null,null,null,null,null,"",{"$f":"IF(ISNUMBER(F2154),E2154*F2154,\"\")","v":""},null,null,0]
[null,null,"Tubo de cobre flexivel, D = 3/4 \", E = 0,79 mm, para ar-condicionado/ instalacoes gas residenciais e comerciais","m",1.0210999999999999,64.638000000000005,{"$f":"IF(ISNUMBER(F2155),E2155*F2155,\"\")","v":66.0018618},{"$f":"SUM(G2155:G2157)","v":68.123903399999989},null,0]
[null,null,"Auxiliar de encanador ou bombeiro hidráulico com encargos complementares","h",{"$f":"0.064*0.7","v":4.48E-2},20.909500000000001,{"$f":"IF(ISNUMBER(F2156),E2156*F2156,\"\")","v":0.93674560000000007},null,null,0]
[null,null,"Encanador ou Bombeiro Hidráulico com Encargos Complementares","h",{"$f":"0.064*0.7","v":4.48E-2},26.4575,{"$f":"IF(ISNUMBER(F2157),E2157*F2157,\"\")","v":1.1852959999999999},null,null,0]
[null,null,null,null,null,"",{"$f":"IF(ISNUMBER(F2158),E2158*F2158,\"\")","v":""},null,null,0]
[null,null,"Obs.: As seguintes proporções foram consideradas quanto ao tempo de mão de obra: 70% para instalação do tubo e 30% para instalação do isolamento térmico.",null,null,"",{"$f":"IF(ISNUMBER(F2159),E2159*F2159,\"\")","v":""},null,null,0]
[null,null,null,null,null,"",{"$f":"IF(ISNUMBER(F2160),E2160*F2160,\"\")","v":""},null,null,0]
["SF-00347",{"$f":"INDEX(Orçamentária!A:B,MATCH(Composições!A2161,Orçamentária!A:A,0),2)","v":"Tubo de cobre de 3/8\""},null,"m",null,"",{"$f":"IF(ISNUMBER(F2161),E2161*F2161,\"\")","v":""},null,null,0]
[null,null,null,null,null,"",{"$f":"IF(ISNUMBER(F2162),E2162*F2162,\"\")","v":""},null,null,0]
[null,null,"Tubo de cobre flexivel, D = 3/8 \", E = 0,79 mm, para ar-condicionado/ instalacoes gas residenciais e comerciais","m",1.0210999999999999,31.682500000000001,{"$f":"IF(ISNUMBER(F2163),E2163*F2163,\"\")","v":32.351000749999997},{"$f":"SUM(G2163:G2165)","v":34.240944049999996},null,0]
[null,null,"Auxiliar de encanador ou bombeiro hidráulico com encargos complementares","h",{"$f":"0.057*0.7","v":3.9899999999999998E-2},20.909500000000001,{"$f":"IF(ISNUMBER(F2164),E2164*F2164,\"\")","v":0.83428904999999998},null,null,0]
[null,null,"Encanador ou Bombeiro Hidráulico com Encargos Complementares","h",{"$f":"0.057*0.7","v":3.9899999999999998E-2},26.4575,{"$f":"IF(ISNUMBER(F2165),E2165*F2165,\"\")","v":1.0556542499999999},null,null,0]
[null,null,null,null,null,"",{"$f":"IF(ISNUMBER(F2166),E2166*F2166,\"\")","v":""},null,null,0]
[null,null,"Obs.: As seguintes proporções foram consideradas quanto ao tempo de mão de obra: 70% para instalação do tubo e 30% para instalação do isolamento térmico.",null,null,"",{"$f":"IF(ISNUMBER(F2167),E2167*F2167,\"\")","v":""},null,null,0]
[null,null,null,null,null,"",{"$f":"IF(ISNUMBER(F2168),E2168*F2168,\"\")","v":""},null,null,0]
["SF-00348",{"$f":"INDEX(Orçamentária!A:B,MATCH(Composições!A2169,Orçamentária!A:A,0),2)","v":"Tubo de cobre de 5/8\""},null,"m",null,"",{"$f":"IF(ISNUMBER(F2169),E2169*F2169,\"\")","v":""},null,null,0]
[null,null,null,null,null,"",{"$f":"IF(ISNUMBER(F2170),E2170*F2170,\"\")","v":""},null,null,0]
[null,null,"Tubo de cobre flexivel, D = 5/8 \", E = 0,79 mm, para ar-condicionado/ instalacoes gas residenciais e comerciais","m",1.0210999999999999,53.446999999999996,{"$f":"IF(ISNUMBER(F2171),E2171*F2171,\"\")","v":54.574731699999987},{"$f":"SUM(G2171:G2173)","v":56.69677329999999},null,0]
[null,null,"Auxiliar de encanador ou bombeiro hidráulico com encargos complementares","h",{"$f":"0.064*0.7","v":4.48E-2},20.909500000000001,{"$f":"IF(ISNUMBER(F2172),E2172*F2172,\"\")","v":0.93674560000000007},null,null,0]
[null,null,"Encanador ou Bombeiro Hidráulico com Encargos Complementares","h",{"$f":"0.064*0.7","v":4.48E-2},26.4575,{"$f":"IF(ISNUMBER(F2173),E2173*F2173,\"\")","v":1.1852959999999999},null,null,0]
[null,null,null,null,null,"",{"$f":"IF(ISNUMBER(F2174),E2174*F2174,\"\")","v":""},null,null,0]
[null,null,"Obs.: As seguintes proporções foram consideradas quanto ao tempo de mão de obra: 70% para instalação do tubo e 30% para instalação do isolamento térmico.",null,null,"",{"$f":"IF(ISNUMBER(F2175),E2175*F2175,\"\")","v":""},null,null,0]
[null,null,null,null,null,"",{"$f":"IF(ISNUMBER(F2176),E2176*F2176,\"\")","v":""},null,null,0]
["SF-00349",{"$f":"INDEX(Orçamentária!A:B,MATCH(Composições!A2177,Orçamentária!A:A,0),2)","v":"Tubo de cobre de 7/8\""},null,"m",null,"",{"$f":"IF(ISNUMBER(F2177),E2177*F2177,\"\")","v":""},null,null,0]
[null,null,null,null,null,"",{"$f":"IF(ISNUMBER(F2178),E2178*F2178,\"\")","v":""},null,null,0]
[null,null,"Tubo de cobre flexivel, D = 7/8 \", E = 0,79 mm, para ar-condicionado/ instalacoes gas residenciais e comerciais","m",1.0210999999999999,0,{"$f":"IF(ISNUMBER(F2179),E2179*F2179,\"\")","v":0},{"$f":"SUM(G2179:G2181)","v":2.1220416000000002},null,0]
[null,null,"Auxiliar de encanador ou bombeiro hidráulico com encargos complementares","h",{"$f":"0.064*0.7","v":4.48E-2},20.909500000000001,{"$f":"IF(ISNUMBER(F2180),E2180*F2180,\"\")","v":0.93674560000000007},null,null,0]
[null,null,"Encanador ou Bombeiro Hidráulico com Encargos Complementares","h",{"$f":"0.064*0.7","v":4.48E-2},26.4575,{"$f":"IF(ISNUMBER(F2181),E2181*F2181,\"\")","v":1.1852959999999999},null,null,0]
[null,null,null,null,null,"",{"$f":"IF(ISNUMBER(F2182),E2182*F2182,\"\")","v":""},null,null,0]
[null,null,"Obs.: As seguintes proporções foram consideradas quanto ao tempo de mão de obra: 70% para instalação do tubo e 30% para instalação do isolamento térmico.",null,null,"",{"$f":"IF(ISNUMBER(F2183),E2183*F2183,\"\")","v":""},null,null,0]
[null,null,null,null,null,"",{"$f":"IF(ISNUMBER(F2184),E2184*F2184,\"\")","v":""},null,null,0]
["SF-00350",{"$f":"INDEX(Orçamentária!A:B,MATCH(Composições!A2185,Orçamentária!A:A,0),2)","v":"Tubo de cobre de 1\""},null,"m",null,"",{"$f":"IF(ISNUMBER(F2185),E2185*F2185,\"\")","v":""},null,null,0]
[null,null,null,null,null,"",{"$f":"IF(ISNUMBER(F2186),E2186*F2186,\"\")","v":""},null,null,0]
[null,null,"Tubo de cobre flexivel, D = 1 \", E = 0,79 mm, para ar-condicionado/ instalacoes gas residenciais e comerciais","m",1.0210999999999999,0,{"$f":"IF(ISNUMBER(F2187),E2187*F2187,\"\")","v":0},{"$f":"SUM(G2187:G2189)","v":2.1220416000000002},null,0]
[null,null,"Auxiliar de encanador ou bombeiro hidráulico com encargos complementares","h",{"$f":"0.064*0.7","v":4.48E-2},20.909500000000001,{"$f":"IF(ISNUMBER(F2188),E2188*F2188,\"\")","v":0.93674560000000007},null,null,0]
[null,null,"Encanador ou Bombeiro Hidráulico com Encargos Complementares","h",{"$f":"0.064*0.7","v":4.48E-2},26.4575,{"$f":"IF(ISNUMBER(F2189),E2189*F2189,\"\")","v":1.1852959999999999},null,null,0]
[null,null,null,null,null,"",{"$f":"IF(ISNUMBER(F2190),E2190*F2190,\"\")","v":""},null,null,0]
[null,null,"Obs.: As seguintes proporções foram consideradas quanto ao tempo de mão de obra: 70% para instalação do tubo e 30% para instalação do isolamento térmico.",null,null,"",{"$f":"IF(ISNUMBER(F2191),E2191*F2191,\"\")","v":""},null,null,0]
[null,null,null,null,null,"",{"$f":"IF(ISNUMBER(F2192),E2192*F2192,\"\")","v":""},null,null,0]
["SF-00351",{"$f":"INDEX(Orçamentária!A:B,MATCH(Composições!A2193,Orçamentária!A:A,0),2)","v":"Tubo de cobre de 1 1/8\""},null,"m",null,"",{"$f":"IF(ISNUMBER(F2193),E2193*F2193,\"\")","v":""},null,null,0]
[null,null,null,null,null,"",{"$f":"IF(ISNUMBER(F2194),E2194*F2194,\"\")","v":""},null,null,0]
[null,null,"Tubo de cobre flexivel, D = 1 1/8 \", E = 0,79 mm, para ar-condicionado/ instalacoes gas residenciais e comerciais","m",1.0210999999999999,0,{"$f":"IF(ISNUMBER(F2195),E2195*F2195,\"\")","v":0},{"$f":"SUM(G2195:G2197)","v":2.1220416000000002},null,0]
[null,null,"Auxiliar de encanador ou bombeiro hidráulico com encargos complementares","h",{"$f":"0.064*0.7","v":4.48E-2},20.909500000000001,{"$f":"IF(ISNUMBER(F2196),E2196*F2196,\"\")","v":0.93674560000000007},null,null,0]
[null,null,"Encanador ou Bombeiro Hidráulico com Encargos Complementares","h",{"$f":"0.064*0.7","v":4.48E-2},26.4575,{"$f":"IF(ISNUMBER(F2197),E2197*F2197,\"\")","v":1.1852959999999999},null,null,0]
[null,null,null,null,null,"",{"$f":"IF(ISNUMBER(F2198),E2198*F2198,\"\")","v":""},null,null,0]
[null,null,"Obs.: As seguintes proporções foram consideradas quanto ao tempo de mão de obra: 70% para instalação do tubo e 30% para instalação do isolamento térmico.",null,null,"",{"$f":"IF(ISNUMBER(F2199),E2199*F2199,\"\")","v":""},null,null,0]
[null,null,null,null,null,"",{"$f":"IF(ISNUMBER(F2200),E2200*F2200,\"\")","v":""},null,null,0]
["SF-00354",{"$f":"INDEX(Orçamentária!A:B,MATCH(Composições!A2201,Orçamentária!A:A,0),2)","v":"Instalação de armários reaproveitados"},null,"m2",null,"",{"$f":"IF(ISNUMBER(F2201),E2201*F2201,\"\")","v":""},null,null,0]
[null,null,null,null,null,"",{"$f":"IF(ISNUMBER(F2202),E2202*F2202,\"\")","v":""},null,null,0]
[null,null,"Marceneiro com encargos complementares","h",1.8,25.4315,{"$f":"IF(ISNUMBER(F2203),E2203*F2203,\"\")","v":45.776699999999998},{"$f":"SUM(G2203:G2204)","v":112.98824999999999},null,0]
[null,null,"Ajudante de carpinteiro com encargos complementares","h",3.15,21.337,{"$f":"IF(ISNUMBER(F2204),E2204*F2204,\"\")","v":67.211550000000003},null,null,0]
[null,null,null,null,null,"",{"$f":"IF(ISNUMBER(F2205),E2205*F2205,\"\")","v":""},null,null,0]
["SF-00355",{"$f":"INDEX(Orçamentária!A:B,MATCH(Composições!A2206,Orçamentária!A:A,0),2)","v":"Mesa/tampo de MDF, fixada em parede com mão-francesa"},null,"m2",null,"",{"$f":"IF(ISNUMBER(F2206),E2206*F2206,\"\")","v":""},null,null,0]
[null,null,null,null,null,"",{"$f":"IF(ISNUMBER(F2207),E2207*F2207,\"\")","v":""},null,null,0]
[null,null,"Marceneiro com encargos complementares","h",1.8,25.4315,{"$f":"IF(ISNUMBER(F2208),E2208*F2208,\"\")","v":45.776699999999998},{"$f":"SUM(G2208:G2211)","v":226.223975},null,0]
[null,null,"Ajudante de carpinteiro com encargos complementares","h",{"$f":"3.15/2","v":1.575},21.337,{"$f":"IF(ISNUMBER(F2209),E2209*F2209,\"\")","v":33.605775000000001},null,null,0]
[null,null,"Suporte mao-francesa em aco, abas iguais 40 cm, capacidade minima 70 kg, branco","un",2,25.84,{"$f":"IF(ISNUMBER(F2210),E2210*F2210,\"\")","v":51.68},null,null,0]
[null,null,"Chapa de MDF branco liso 2 faces, e = 25 mm, de *2,75 x 1,85* m","m2",1,95.161500000000004,{"$f":"IF(ISNUMBER(F2211),E2211*F2211,\"\")","v":95.161500000000004},null,null,0]
[null,null,null,null,null,"",{"$f":"IF(ISNUMBER(F2212),E2212*F2212,\"\")","v":""},null,null,0]
["SF-00356",{"$f":"INDEX(Orçamentária!A:B,MATCH(Composições!A2213,Orçamentária!A:A,0),2)","v":"Painel de TV em compensado"},null,"m2",null,"",{"$f":"IF(ISNUMBER(F2213),E2213*F2213,\"\")","v":""},null,null,0]
[null,null,null,null,null,"",{"$f":"IF(ISNUMBER(F2214),E2214*F2214,\"\")","v":""},null,null,0]
[null,null,"Marceneiro com encargos complementares","h",1.6,25.4315,{"$f":"IF(ISNUMBER(F2215),E2215*F2215,\"\")","v":40.690400000000004},{"$f":"SUM(G2215:G2218)","v":243.24179999999996},null,0]
[null,null,"Ajudante de carpinteiro com encargos complementares","h",1.6,21.337,{"$f":"IF(ISNUMBER(F2216),E2216*F2216,\"\")","v":34.139200000000002},null,null,0]
[null,null,"COMPENSADO NAVAL - CHAPA/PAINEL EM MADEIRA COMPENSADA PRENSADA, DE 2200 X 1600 MM, E = 20 MM","m2",1.2,140.34349999999998,{"$f":"IF(ISNUMBER(F2217),E2217*F2217,\"\")","v":168.41219999999996},null,null,0]
[null,null,"Lâmina de madeira - freijó","m2",1,"",{"$f":"IF(ISNUMBER(F2218),E2218*F2218,\"\")","v":""},null,null,0]
[null,null,null,null,null,"",{"$f":"IF(ISNUMBER(F2219),E2219*F2219,\"\")","v":""},null,null,0]
["SF-00357",{"$f":"INDEX(Orçamentária!A:B,MATCH(Composições!A2220,Orçamentária!A:A,0),2)","v":"Painel de TV em MDF"},null,"m2",null,"",{"$f":"IF(ISNUMBER(F2220),E2220*F2220,\"\")","v":""},null,null,0]
[null,null,null,null,null,"",{"$f":"IF(ISNUMBER(F2221),E2221*F2221,\"\")","v":""},null,null,0]
[null,null,"Marceneiro com encargos complementares","h",2.4,25.4315,{"$f":"IF(ISNUMBER(F2222),E2222*F2222,\"\")","v":61.035599999999995},{"$f":"SUM(G2222:G2224)","v":186.86879999999996},null,0]
[null,null,"Ajudante de carpinteiro com encargos complementares","h",2.4,21.337,{"$f":"IF(ISNUMBER(F2223),E2223*F2223,\"\")","v":51.208799999999997},null,null,0]
[null,null,"CHAPA DE MDF BRANCO LISO 1 FACE, E = 18 MM, DE *2,75 X 1,85* M","m2",1.2,62.186999999999991,{"$f":"IF(ISNUMBER(F2224),E2224*F2224,\"\")","v":74.62439999999998},null,null,0]
[null,null,null,null,null,"",{"$f":"IF(ISNUMBER(F2225),E2225*F2225,\"\")","v":""},null,null,0]
["SF-00358",{"$f":"INDEX(Orçamentária!A:B,MATCH(Composições!A2226,Orçamentária!A:A,0),2)","v":"Painel para TV de 90 x 120 cm"},null,"un",null,"",{"$f":"IF(ISNUMBER(F2226),E2226*F2226,\"\")","v":""},null,null,0]
[null,null,null,null,null,"",{"$f":"IF(ISNUMBER(F2227),E2227*F2227,\"\")","v":""},null,null,0]
[null,null,"Marceneiro com encargos complementares","h",1,25.4315,{"$f":"IF(ISNUMBER(F2228),E2228*F2228,\"\")","v":25.4315},{"$f":"SUM(G2228:G2230)","v":46.768500000000003},null,0]
[null,null,"Ajudante de carpinteiro com encargos complementares","h",1,21.337,{"$f":"IF(ISNUMBER(F2229),E2229*F2229,\"\")","v":21.337},null,null,0]
[null,null,"Painel de TV de 90 x 120 cm, fabricado em MDP. Ref.: Germai Ipanema 90 x 120 x 26,5","un",1,"",{"$f":"IF(ISNUMBER(F2230),E2230*F2230,\"\")","v":""},null,null,0]
[null,null,null,null,null,"",{"$f":"IF(ISNUMBER(F2231),E2231*F2231,\"\")","v":""},null,null,0]
["SF-00359",{"$f":"INDEX(Orçamentária!A:B,MATCH(Composições!A2232,Orçamentária!A:A,0),2)","v":"Batentes e guarnições em madeira, com verniz ou esmalte"},null,"un",null,"",{"$f":"IF(ISNUMBER(F2232),E2232*F2232,\"\")","v":""},null,null,1]
[null,null,null,null,null,"",{"$f":"IF(ISNUMBER(F2233),E2233*F2233,\"\")","v":""},null,null,1]
[null,null,"BATENTE / PORTAL / ADUELA / MARCO EM MADEIRA MACICA COM REBAIXO, E = *3* CM, L = *14* CM, PARA PORTAS DE GIRO DE *60 CM A 120* CM X *210* CM, PINUS / EUCALIPTO / VIROLA OU EQUIVALENTE DA REGIAO (NAO INCLUI ALIZARES)","JG",1,150.0335,{"$f":"IF(ISNUMBER(F2234),E2234*F2234,\"\")","v":150.0335},{"$f":"SUM(G2234:G2242)","v":321.04683564999999},null,1]
[null,null,"PREGO DE ACO POLIDO COM CABECA 12 X 12","KG",1.0999999999999999E-2,28.462,{"$f":"IF(ISNUMBER(F2235),E2235*F2235,\"\")","v":0.31308199999999997},null,null,1]
[null,null,"PREGO DE ACO POLIDO COM CABECA 18 X 30 (2 3/4 X 10)","KG",2.4E-2,21.602999999999998,{"$f":"IF(ISNUMBER(F2236),E2236*F2236,\"\")","v":0.51847199999999993},null,null,1]
[null,null,"CARPINTEIRO DE ESQUADRIA COM ENCARGOS COMPLEMENTARES","H",{"$f":"2.741+0.068","v":2.8090000000000002},25.725999999999996,{"$f":"IF(ISNUMBER(F2237),E2237*F2237,\"\")","v":72.264333999999991},null,null,1]
[null,null,"SERVENTE COM ENCARGOS COMPLEMENTARES","H",{"$f":"1.375+0.034","v":1.409},20.225499999999997,{"$f":"IF(ISNUMBER(F2238),E2238*F2238,\"\")","v":28.497729499999995},null,null,1]
[null,null,"PREGO DE ACO POLIDO SEM CABECA 15 X 15 (1 1/4 X 13)","KG",6.0000000000000001E-3,24.281999999999996,{"$f":"IF(ISNUMBER(F2239),E2239*F2239,\"\")","v":0.14569199999999999},null,null,1]
[null,null,"GUARNICAO / ALIZAR / VISTA LISA EM MADEIRA MACICA, PARA PORTA , E = *1* CM, L = *5* CM, CEDRINHO / ANGELIM COMERCIAL / TAURI/ CURUPIXA / PEROBA / CUMARU OU EQUIVALENTE DA REGIAO","M",{"$f":"(2.1*2+0.8)*1.163","v":5.8150000000000004},8.8064999999999998,{"$f":"IF(ISNUMBER(F2240),E2240*F2240,\"\")","v":51.209797500000001},null,null,1]
[null,null,"Verniz a base de água para madeira","L",{"$f":"ROUND(0.108*0.15*(2*2.1+0.8),4)","v":8.1000000000000003E-2},37.47,{"$f":"IF(ISNUMBER(F2241),E2241*F2241,\"\")","v":3.0350700000000002},null,null,1]
[null,null,"Pintor com encargos complementares","h",{"$f":"ROUND(0.7076*0.15*(2*2.1+0.8),4)","v":0.53069999999999995},28.319499999999998,{"$f":"IF(ISNUMBER(F2242),E2242*F2242,\"\")","v":15.029158649999998},null,null,1]
[null,null,null,null,null,"",null,null,null,1]
[null,null,"Obs: considerando rendimento informado na especificação técnica de produto equivalente da Suvinil (Lata de 3,6L rende até 100 m²/demão).",null,null,"",null,null,null,1]
[null,null,null,null,null,"",{"$f":"IF(ISNUMBER(F2245),E2245*F2245,\"\")","v":""},null,null,1]
["SF-00360",{"$f":"INDEX(Orçamentária!A:B,MATCH(Composições!A2246,Orçamentária!A:A,0),2)","v":"Chapa de proteção para porta – Linha Acessibilidade"},null,"m2",null,"",{"$f":"IF(ISNUMBER(F2246),E2246*F2246,\"\")","v":""},null,null,0]
[null,null,null,null,null,"",{"$f":"IF(ISNUMBER(F2247),E2247*F2247,\"\")","v":""},null,null,0]
[null,null,"Servente com Encargos Complementares","h",0.3,20.225499999999997,{"$f":"IF(ISNUMBER(F2248),E2248*F2248,\"\")","v":6.0676499999999987},{"$f":"SUM(G2248:G2250)","v":13.697099999999999},null,0]
[null,null,"Marceneiro com encargos complementares","h",0.3,25.4315,{"$f":"IF(ISNUMBER(F2249),E2249*F2249,\"\")","v":7.6294499999999994},null,null,0]
[null,null,"Chapa de proteção em aço inox AISI 304, largura conforme projeto, 400 mm de altura, chapa com espessura de 1 mm, acabamento escovado fosco","m2",1,"",{"$f":"IF(ISNUMBER(F2250),E2250*F2250,\"\")","v":""},null,null,0]
[null,null,null,null,null,"",{"$f":"IF(ISNUMBER(F2251),E2251*F2251,\"\")","v":""},null,null,0]
["SF-00361",{"$f":"INDEX(Orçamentária!A:B,MATCH(Composições!A2252,Orçamentária!A:A,0),2)","v":"Folha de porta em madeira 2,10x0,60m, pintada"},null,"un",null,"",{"$f":"IF(ISNUMBER(F2252),E2252*F2252,\"\")","v":""},null,null,0]
[null,null,null,null,null,"",{"$f":"IF(ISNUMBER(F2253),E2253*F2253,\"\")","v":""},null,null,0]
[null,null,"PORTA DE MADEIRA, FOLHA MEDIA (NBR 15930) DE 600 X 2100 MM, DE 35 MM A 40 MM DE ESPESSURA, NUCLEO SEMI-SOLIDO (SARRAFEADO), CAPA LISA EM HDF, ACABAMENTO LAMINADO NATURAL PARA VERNIZ","UN",1,225.46350000000001,{"$f":"IF(ISNUMBER(F2254),E2254*F2254,\"\")","v":225.46350000000001},{"$f":"SUM(G2254:G2258)","v":322.91838840000008},null,0]
[null,null,"CARPINTEIRO DE ESQUADRIA COM ENCARGOS COMPLEMENTARES","H",{"$f":"ROUND(1.282*0.8,4)","v":1.0256000000000001},25.725999999999996,{"$f":"IF(ISNUMBER(F2255),E2255*F2255,\"\")","v":26.384585599999998},null,null,0]
[null,null,"SERVENTE COM ENCARGOS COMPLEMENTARES","H",{"$f":"ROUND(0.641*0.8,4)","v":0.51280000000000003},20.225499999999997,{"$f":"IF(ISNUMBER(F2256),E2256*F2256,\"\")","v":10.3716364},null,null,0]
[null,null,"Verniz a base de água para madeira","L",{"$f":"ROUND(0.108*(2*0.6*2.1),4)","v":0.2722},37.47,{"$f":"IF(ISNUMBER(F2257),E2257*F2257,\"\")","v":10.199334},null,null,0]
[null,null,"Pintor com encargos complementares","h",{"$f":"ROUND(0.7076*(2*0.6*2.1),4)","v":1.7831999999999999},28.319499999999998,{"$f":"IF(ISNUMBER(F2258),E2258*F2258,\"\")","v":50.499332399999993},null,null,0]
[null,null,null,null,null,"",null,null,null,0]
[null,null,"Obs: considerando rendimento informado na especificação técnica de produto equivalente da Suvinil (Lata de 3,6L rende até 100 m²/demão).",null,null,"",null,null,null,0]
[null,null,null,null,null,"",{"$f":"IF(ISNUMBER(F2261),E2261*F2261,\"\")","v":""},null,null,0]
["SF-00362",{"$f":"INDEX(Orçamentária!A:B,MATCH(Composições!A2262,Orçamentária!A:A,0),2)","v":"Folha de porta em madeira 2,10x0,70m, pintada"},null,"un",null,"",{"$f":"IF(ISNUMBER(F2262),E2262*F2262,\"\")","v":""},null,null,0]
[null,null,null,null,null,"",{"$f":"IF(ISNUMBER(F2263),E2263*F2263,\"\")","v":""},null,null,0]
[null,null,"PORTA DE ABRIR / GIRO, DE MADEIRA FOLHA MEDIA (NBR 15930) DE 700 X 2100 MM, DE 35 MM A 40 MM DE ESPESSURA, NUCLEO SEMI-SOLIDO (SARRAFEADO), CAPA LISA EM HDF, ACABAMENTO EM LAMINADO NATURAL PARA VERNIZ","UN",1,227.905,{"$f":"IF(ISNUMBER(F2264),E2264*F2264,\"\")","v":227.905},{"$f":"SUM(G2264:G2268)","v":339.25557484999996},null,0]
[null,null,"CARPINTEIRO DE ESQUADRIA COM ENCARGOS COMPLEMENTARES","H",{"$f":"ROUND(1.414*0.8,4)","v":1.1312},25.725999999999996,{"$f":"IF(ISNUMBER(F2265),E2265*F2265,\"\")","v":29.101251199999993},null,null,0]
[null,null,"SERVENTE COM ENCARGOS COMPLEMENTARES","H",{"$f":"ROUND(0.707*0.8,4)","v":0.56559999999999999},20.225499999999997,{"$f":"IF(ISNUMBER(F2266),E2266*F2266,\"\")","v":11.439542799999998},null,null,0]
[null,null,"Verniz a base de água para madeira","L",{"$f":"ROUND(0.108*(2*0.7*2.1),4)","v":0.3175},37.47,{"$f":"IF(ISNUMBER(F2267),E2267*F2267,\"\")","v":11.896725},null,null,0]
[null,null,"Pintor com encargos complementares","h",{"$f":"ROUND(0.7076*(2*0.7*2.1),4)","v":2.0802999999999998},28.319499999999998,{"$f":"IF(ISNUMBER(F2268),E2268*F2268,\"\")","v":58.913055849999992},null,null,0]
[null,null,null,null,null,"",null,null,null,0]
[null,null,"Obs: considerando rendimento informado na especificação técnica de produto equivalente da Suvinil (Lata de 3,6L rende até 100 m²/demão).",null,null,"",null,null,null,0]
[null,null,null,null,null,"",{"$f":"IF(ISNUMBER(F2271),E2271*F2271,\"\")","v":""},null,null,0]
["SF-00363",{"$f":"INDEX(Orçamentária!A:B,MATCH(Composições!A2272,Orçamentária!A:A,0),2)","v":"Folha de porta em madeira 2,10x0,80m, pintada"},null,"un",null,"",{"$f":"IF(ISNUMBER(F2272),E2272*F2272,\"\")","v":""},null,null,0]
[null,null,null,null,null,"",{"$f":"IF(ISNUMBER(F2273),E2273*F2273,\"\")","v":""},null,null,0]
[null,null,"PORTA DE ABRIR / GIRO, DE MADEIRA FOLHA MEDIA (NBR 15930) DE 800 X 2100 MM, DE 35 MM A 40 MM DE ESPESSURA, NUCLEO SEMI-SOLIDO (SARRAFEADO), CAPA LISA EM HDF, ACABAMENTO EM LAMINADO NATURAL PARA VERNIZ","UN",1,282.4255,{"$f":"IF(ISNUMBER(F2274),E2274*F2274,\"\")","v":282.4255},{"$f":"SUM(G2274:G2278)","v":407.67834025000002},null,0]
[null,null,"CARPINTEIRO DE ESQUADRIA COM ENCARGOS COMPLEMENTARES","H",{"$f":"ROUND(1.546*0.8,4)","v":1.2367999999999999},25.725999999999996,{"$f":"IF(ISNUMBER(F2275),E2275*F2275,\"\")","v":31.817916799999992},null,null,0]
[null,null,"SERVENTE COM ENCARGOS COMPLEMENTARES","H",{"$f":"ROUND(0.773*0.8,4)","v":0.61839999999999995},20.225499999999997,{"$f":"IF(ISNUMBER(F2276),E2276*F2276,\"\")","v":12.507449199999996},null,null,0]
[null,null,"Verniz a base de água para madeira","L",{"$f":"ROUND(0.108*(2*0.8*2.1),4)","v":0.3629},37.47,{"$f":"IF(ISNUMBER(F2277),E2277*F2277,\"\")","v":13.597863},null,null,0]
[null,null,"Pintor com encargos complementares","h",{"$f":"ROUND(0.7076*(2*0.8*2.1),4)","v":2.3774999999999999},28.319499999999998,{"$f":"IF(ISNUMBER(F2278),E2278*F2278,\"\")","v":67.329611249999999},null,null,0]
[null,null,null,null,null,"",null,null,null,0]
[null,null,"Obs: considerando rendimento informado na especificação técnica de produto equivalente da Suvinil (Lata de 3,6L rende até 100 m²/demão).",null,null,"",null,null,null,0]
[null,null,null,null,null,"",{"$f":"IF(ISNUMBER(F2281),E2281*F2281,\"\")","v":""},null,null,0]
["SF-00364",{"$f":"INDEX(Orçamentária!A:B,MATCH(Composições!A2282,Orçamentária!A:A,0),2)","v":"Folha de porta em madeira 2,10x0,90m, pintada"},null,"un",null,"",{"$f":"IF(ISNUMBER(F2282),E2282*F2282,\"\")","v":""},null,null,0]
[null,null,null,null,null,"",{"$f":"IF(ISNUMBER(F2283),E2283*F2283,\"\")","v":""},null,null,0]
[null,null,"PORTA DE ABRIR / GIRO, DE MADEIRA FOLHA MEDIA (NBR 15930) DE 900 X 2100 MM, DE 35 MM A 40 MM DE ESPESSURA, NUCLEO SEMI-SOLIDO (SARRAFEADO), CAPA LISA EM HDF, ACABAMENTO EM LAMINADO NATURAL PARA VERNIZ","UN",1,323.11399999999998,{"$f":"IF(ISNUMBER(F2284),E2284*F2284,\"\")","v":323.11399999999998},{"$f":"SUM(G2284:G2288)","v":462.26535864999994},null,0]
[null,null,"CARPINTEIRO DE ESQUADRIA COM ENCARGOS COMPLEMENTARES","H",{"$f":"ROUND(1.678*0.8,4)","v":1.3424},25.725999999999996,{"$f":"IF(ISNUMBER(F2285),E2285*F2285,\"\")","v":34.534582399999998},null,null,0]
[null,null,"SERVENTE COM ENCARGOS COMPLEMENTARES","H",{"$f":"ROUND(0.839*0.8,4)","v":0.67120000000000002},20.225499999999997,{"$f":"IF(ISNUMBER(F2286),E2286*F2286,\"\")","v":13.575355599999998},null,null,0]
[null,null,"Verniz a base de água para madeira","L",{"$f":"ROUND(0.108*(2*0.9*2.1),4)","v":0.40820000000000001},37.47,{"$f":"IF(ISNUMBER(F2287),E2287*F2287,\"\")","v":15.295254},null,null,0]
[null,null,"Pintor com encargos complementares","h",{"$f":"ROUND(0.7076*(2*0.9*2.1),4)","v":2.6747000000000001},28.319499999999998,{"$f":"IF(ISNUMBER(F2288),E2288*F2288,\"\")","v":75.746166649999992},null,null,0]
[null,null,null,null,null,"",null,null,null,0]
[null,null,"Obs: considerando rendimento informado na especificação técnica de produto equivalente da Suvinil (Lata de 3,6L rende até 100 m²/demão).",null,null,"",null,null,null,0]
[null,null,null,null,null,"",{"$f":"IF(ISNUMBER(F2291),E2291*F2291,\"\")","v":""},null,null,0]
["SF-00365",{"$f":"INDEX(Orçamentária!A:B,MATCH(Composições!A2292,Orçamentária!A:A,0),2)","v":"Folha de porta em madeira 2,10x1,0m, pintada"},null,"un",null,"",{"$f":"IF(ISNUMBER(F2292),E2292*F2292,\"\")","v":""},null,null,1]
[null,null,null,null,null,"",{"$f":"IF(ISNUMBER(F2293),E2293*F2293,\"\")","v":""},null,null,1]
[null,null,"PORTA DE ABRIR / GIRO, DE MADEIRA FOLHA MEDIA (NBR 15930) DE 1000 X 2100 MM, DE 35 MM A 40 MM DE ESPESSURA, NUCLEO SEMI-SOLIDO (SARRAFEADO), CAPA LISA EM HDF, ACABAMENTO EM LAMINADO NATURAL PARA VERNIZ","UN",1,346.08499999999998,{"$f":"IF(ISNUMBER(F2294),E2294*F2294,\"\")","v":346.08499999999998},{"$f":"SUM(G2294:G2298)","v":495.35405205000001},null,1]
[null,null,"CARPINTEIRO DE ESQUADRIA COM ENCARGOS COMPLEMENTARES","H",{"$f":"ROUND(1.678*0.8,4)","v":1.3424},25.725999999999996,{"$f":"IF(ISNUMBER(F2295),E2295*F2295,\"\")","v":34.534582399999998},null,null,1]
[null,null,"SERVENTE COM ENCARGOS COMPLEMENTARES","H",{"$f":"ROUND(0.839*0.8,4)","v":0.67120000000000002},20.225499999999997,{"$f":"IF(ISNUMBER(F2296),E2296*F2296,\"\")","v":13.575355599999998},null,null,1]
[null,null,"Verniz a base de água para madeira","L",{"$f":"ROUND(0.108*(2*1*2.1),4)","v":0.4536},37.47,{"$f":"IF(ISNUMBER(F2297),E2297*F2297,\"\")","v":16.996392},null,null,1]
[null,null,"Pintor com encargos complementares","h",{"$f":"ROUND(0.7076*(2*1*2.1),4)","v":2.9719000000000002},28.319499999999998,{"$f":"IF(ISNUMBER(F2298),E2298*F2298,\"\")","v":84.162722049999999},null,null,1]
[null,null,null,null,null,"",null,null,null,1]
[null,null,"Obs: considerando rendimento informado na especificação técnica de produto equivalente da Suvinil (Lata de 3,6L rende até 100 m²/demão).",null,null,"",null,null,null,1]
[null,null,null,null,null,"",{"$f":"IF(ISNUMBER(F2301),E2301*F2301,\"\")","v":""},null,null,1]
["SF-00366",{"$f":"INDEX(Orçamentária!A:B,MATCH(Composições!A2302,Orçamentária!A:A,0),2)","v":"Instalação de batentes de madeira reaproveitados"},null,"un",null,"",{"$f":"IF(ISNUMBER(F2302),E2302*F2302,\"\")","v":""},null,null,0]
[null,null,null,null,null,"",{"$f":"IF(ISNUMBER(F2303),E2303*F2303,\"\")","v":""},null,null,0]
[null,null,"PREGO DE ACO POLIDO COM CABECA 12 X 12","KG",1.0999999999999999E-2,28.462,{"$f":"IF(ISNUMBER(F2304),E2304*F2304,\"\")","v":0.31308199999999997},{"$f":"SUM(G2304:G2307)","v":98.792523499999987},null,0]
[null,null,"PREGO DE ACO POLIDO COM CABECA 18 X 30 (2 3/4 X 10)","KG",2.4E-2,21.602999999999998,{"$f":"IF(ISNUMBER(F2305),E2305*F2305,\"\")","v":0.51847199999999993},null,null,0]
[null,null,"CARPINTEIRO DE ESQUADRIA COM ENCARGOS COMPLEMENTARES","H",2.7410000000000001,25.725999999999996,{"$f":"IF(ISNUMBER(F2306),E2306*F2306,\"\")","v":70.514965999999987},null,null,0]
[null,null,"SERVENTE COM ENCARGOS COMPLEMENTARES","H",1.357,20.225499999999997,{"$f":"IF(ISNUMBER(F2307),E2307*F2307,\"\")","v":27.446003499999996},null,null,0]
[null,null,null,null,null,"",{"$f":"IF(ISNUMBER(F2308),E2308*F2308,\"\")","v":""},null,null,0]
["SF-00367",{"$f":"INDEX(Orçamentária!A:B,MATCH(Composições!A2309,Orçamentária!A:A,0),2)","v":"Instalação de folhas de portas e dobradiças reaproveitadas"},null,"un",null,"",{"$f":"IF(ISNUMBER(F2309),E2309*F2309,\"\")","v":""},null,null,0]
[null,null,null,null,null,"",{"$f":"IF(ISNUMBER(F2310),E2310*F2310,\"\")","v":""},null,null,0]
[null,null,"PARAFUSO ROSCA SOBERBA ZINCADO CABECA CHATA FENDA SIMPLES 3,5 X 25 MM (1 \")","UN",19.8,8.5499999999999993E-2,{"$f":"IF(ISNUMBER(F2311),E2311*F2311,\"\")","v":1.6928999999999998},{"$f":"SUM(G2311:G2314)","v":71.879944999999992},null,0]
[null,null,"CARPINTEIRO DE ESQUADRIA COM ENCARGOS COMPLEMENTARES","H",1.546,25.725999999999996,{"$f":"IF(ISNUMBER(F2312),E2312*F2312,\"\")","v":39.772395999999993},null,null,0]
[null,null,"PEDREIRO COM ENCARGOS COMPLEMENTARES","H",0.221,27.160499999999999,{"$f":"IF(ISNUMBER(F2313),E2313*F2313,\"\")","v":6.0024705000000003},null,null,0]
[null,null,"SERVENTE COM ENCARGOS COMPLEMENTARES","H",1.2070000000000001,20.225499999999997,{"$f":"IF(ISNUMBER(F2314),E2314*F2314,\"\")","v":24.412178499999996},null,null,0]
[null,null,null,null,null,"",{"$f":"IF(ISNUMBER(F2315),E2315*F2315,\"\")","v":""},null,null,0]
["SF-00368",{"$f":"INDEX(Orçamentária!A:B,MATCH(Composições!A2316,Orçamentária!A:A,0),2)","v":"Dobradiça para porta"},null,"un",null,"",{"$f":"IF(ISNUMBER(F2316),E2316*F2316,\"\")","v":""},null,null,3]
[null,null,null,null,null,"",{"$f":"IF(ISNUMBER(F2317),E2317*F2317,\"\")","v":""},null,null,3]
[null,null,"DOBRADICA EM LATAO, 3 \" X 2 1/2 \", E= 1,9 A 2 MM, COM ANEL, CROMADO, TAMPA BOLA, COM PARAFUSOS","UN",1,31.311999999999998,{"$f":"IF(ISNUMBER(F2318),E2318*F2318,\"\")","v":31.311999999999998},{"$f":"SUM(G2318:G2320)","v":64.140294999999995},null,3]
[null,null,"SERVENTE COM ENCARGOS COMPLEMENTARES","h",0.45800000000000002,20.225499999999997,{"$f":"IF(ISNUMBER(F2319),E2319*F2319,\"\")","v":9.2632789999999989},null,null,3]
[null,null,"Carpinteiro de esquadria com encargos complementares","h",0.91600000000000004,25.725999999999996,{"$f":"IF(ISNUMBER(F2320),E2320*F2320,\"\")","v":23.565015999999996},null,null,3]
[null,null,null,null,null,"",{"$f":"IF(ISNUMBER(F2321),E2321*F2321,\"\")","v":""},null,null,3]
["SF-00369",{"$f":"INDEX(Orçamentária!A:B,MATCH(Composições!A2322,Orçamentária!A:A,0),2)","v":"Fechadura para banheiro maçaneta em barra"},null,"un",null,"",{"$f":"IF(ISNUMBER(F2322),E2322*F2322,\"\")","v":""},null,null,0]
[null,null,null,null,null,"",{"$f":"IF(ISNUMBER(F2323),E2323*F2323,\"\")","v":""},null,null,0]
[null,null,"Fechadura para porta de banheiro, com maçaneta em formato de barra, confeccionada em aço com acabamento inox polido. Ref.: MZ 270 WC Standard – Linha Standard – Papaiz","un ",1,"",{"$f":"IF(ISNUMBER(F2324),E2324*F2324,\"\")","v":""},{"$f":"SUM(G2324:G2326)","v":27.498433999999996},null,0]
[null,null,"Carpinteiro de esquadria com encargos complementares","h",0.76700000000000002,25.725999999999996,{"$f":"IF(ISNUMBER(F2325),E2325*F2325,\"\")","v":19.731841999999997},null,null,0]
[null,null,"Servente com Encargos Complementares","h",0.38400000000000001,20.225499999999997,{"$f":"IF(ISNUMBER(F2326),E2326*F2326,\"\")","v":7.7665919999999993},null,null,0]
[null,null,null,null,null,"",{"$f":"IF(ISNUMBER(F2327),E2327*F2327,\"\")","v":""},null,null,0]
["SF-00370",{"$f":"INDEX(Orçamentária!A:B,MATCH(Composições!A2328,Orçamentária!A:A,0),2)","v":"Fechadura para porta externa maçaneta em barra"},null,"un",null,"",{"$f":"IF(ISNUMBER(F2328),E2328*F2328,\"\")","v":""},null,null,1]
[null,null,null,null,null,"",{"$f":"IF(ISNUMBER(F2329),E2329*F2329,\"\")","v":""},null,null,1]
[null,null,"Fechadura para porta externa, com maçaneta em formato de barra, confeccionada em zamac com acabamento cromado. Ref.: MZ 270 EXT Standard – Linha Standard – Papaiz","un ",1,174,{"$f":"IF(ISNUMBER(F2330),E2330*F2330,\"\")","v":174},{"$f":"SUM(G2330:G2332)","v":209.91042749999997},null,1]
[null,null,"Carpinteiro de esquadria com encargos complementares","h",1.002,25.725999999999996,{"$f":"IF(ISNUMBER(F2331),E2331*F2331,\"\")","v":25.777451999999997},null,null,1]
[null,null,"Servente com Encargos Complementares","h",0.501,20.225499999999997,{"$f":"IF(ISNUMBER(F2332),E2332*F2332,\"\")","v":10.132975499999999},null,null,1]
[null,null,null,null,null,"",{"$f":"IF(ISNUMBER(F2333),E2333*F2333,\"\")","v":""},null,null,1]
["SF-00371",{"$f":"INDEX(Orçamentária!A:B,MATCH(Composições!A2334,Orçamentária!A:A,0),2)","v":"Fechadura para porta interna maçaneta tubular"},null,"un",null,"",{"$f":"IF(ISNUMBER(F2334),E2334*F2334,\"\")","v":""},null,null,0]
[null,null,null,null,null,"",{"$f":"IF(ISNUMBER(F2335),E2335*F2335,\"\")","v":""},null,null,0]
[null,null,"Fechadura para porta interna, com acabamento cromado brilhante, maçaneta tipo pera, com pino giratório central. Ref.: CJ 030 (externo) – Linha Professionel – La Fonte","un ",1,"",{"$f":"IF(ISNUMBER(F2336),E2336*F2336,\"\")","v":""},{"$f":"SUM(G2336:G2338)","v":35.910427499999997},null,0]
[null,null,"Carpinteiro de esquadria com encargos complementares","h",1.002,25.725999999999996,{"$f":"IF(ISNUMBER(F2337),E2337*F2337,\"\")","v":25.777451999999997},null,null,0]
[null,null,"Servente com Encargos Complementares","h",0.501,20.225499999999997,{"$f":"IF(ISNUMBER(F2338),E2338*F2338,\"\")","v":10.132975499999999},null,null,0]
[null,null,null,null,null,"",{"$f":"IF(ISNUMBER(F2339),E2339*F2339,\"\")","v":""},null,null,0]
["SF-00372",{"$f":"INDEX(Orçamentária!A:B,MATCH(Composições!A2340,Orçamentária!A:A,0),2)","v":"Instalação de fechadura/puxador de porta reaproveitados"},null,"un",null,"",{"$f":"IF(ISNUMBER(F2340),E2340*F2340,\"\")","v":""},null,null,0]
[null,null,null,null,null,"",{"$f":"IF(ISNUMBER(F2341),E2341*F2341,\"\")","v":""},null,null,0]
[null,null,"Carpinteiro de esquadria com encargos complementares","h",1.002,25.725999999999996,{"$f":"IF(ISNUMBER(F2342),E2342*F2342,\"\")","v":25.777451999999997},{"$f":"SUM(G2342:G2343)","v":35.910427499999997},null,0]
[null,null,"Servente com Encargos Complementares","h",0.501,20.225499999999997,{"$f":"IF(ISNUMBER(F2343),E2343*F2343,\"\")","v":10.132975499999999},null,null,0]
[null,null,null,null,null,"",{"$f":"IF(ISNUMBER(F2344),E2344*F2344,\"\")","v":""},null,null,0]
["SF-00373",{"$f":"INDEX(Orçamentária!A:B,MATCH(Composições!A2345,Orçamentária!A:A,0),2)","v":"Mola hidráulica aérea"},null,"un",null,"",{"$f":"IF(ISNUMBER(F2345),E2345*F2345,\"\")","v":""},null,null,0]
[null,null,null,null,null,"",{"$f":"IF(ISNUMBER(F2346),E2346*F2346,\"\")","v":""},null,null,0]
[null,null,"Marceneiro com encargos complementares","h",1,25.4315,{"$f":"IF(ISNUMBER(F2347),E2347*F2347,\"\")","v":25.4315},{"$f":"SUM(G2347:G2348)","v":25.4315},null,0]
[null,null,"Mola aérea para fechamento automático de portas com regulagem da velocidade de fechamento. Ref.: Mola automática – Modelo 453 - Coimbra","un",1,"",{"$f":"IF(ISNUMBER(F2348),E2348*F2348,\"\")","v":""},null,null,0]
[null,null,null,null,null,"",{"$f":"IF(ISNUMBER(F2349),E2349*F2349,\"\")","v":""},null,null,0]
["SF-00374",{"$f":"INDEX(Orçamentária!A:B,MATCH(Composições!A2350,Orçamentária!A:A,0),2)","v":"Pivô em latão com acabamento cromado para portas pivotantes"},null,"un",null,"",{"$f":"IF(ISNUMBER(F2350),E2350*F2350,\"\")","v":""},null,null,0]
[null,null,null,null,null,"",{"$f":"IF(ISNUMBER(F2351),E2351*F2351,\"\")","v":""},null,null,0]
[null,null,"Marceneiro com encargos complementares","h",{"$f":"1/2","v":0.5},25.4315,{"$f":"IF(ISNUMBER(F2352),E2352*F2352,\"\")","v":12.71575},{"$f":"SUM(G2352:G2353)","v":12.71575},null,0]
[null,null,"Pivô em latão com acabamento cromado para portas pivotantes até 150 kg. Conjunto completo composto de superior macho e fêmea e inferior macho e fêmea. Ref.: Pivô Strong 150 - La fonte","un",1,"",{"$f":"IF(ISNUMBER(F2353),E2353*F2353,\"\")","v":""},null,null,0]
[null,null,null,null,null,"",{"$f":"IF(ISNUMBER(F2354),E2354*F2354,\"\")","v":""},null,null,0]
["SF-00375",{"$f":"INDEX(Orçamentária!A:B,MATCH(Composições!A2355,Orçamentária!A:A,0),2)","v":"Cabo de dados tipo UTP, tipo LSZH, categoria 6"},null,"m",null,"",{"$f":"IF(ISNUMBER(F2355),E2355*F2355,\"\")","v":""},null,null,0]
[null,null,null,null,null,"",{"$f":"IF(ISNUMBER(F2356),E2356*F2356,\"\")","v":""},null,null,0]
[null,null,"Auxiliar de eletricista com encargos complementares","h",2.8E-3,21.337,{"$f":"IF(ISNUMBER(F2357),E2357*F2357,\"\")","v":5.9743600000000001E-2},{"$f":"SUM(G2357:G2359)","v":0.13667080000000001},null,0]
[null,null,"Eletricista com encargos complementares","h",2.8E-3,27.474,{"$f":"IF(ISNUMBER(F2358),E2358*F2358,\"\")","v":7.6927200000000001E-2},null,null,0]
[null,null,"Cabo de dados tipo UTP, tipo LSZH, categoria 6. Ref.: AMP 1989106-6, Furukawa 23400196","m",1.05,"",{"$f":"IF(ISNUMBER(F2359),E2359*F2359,\"\")","v":""},null,null,0]
[null,null,null,null,null,"",{"$f":"IF(ISNUMBER(F2360),E2360*F2360,\"\")","v":""},null,null,0]
["SF-00376",{"$f":"INDEX(Orçamentária!A:B,MATCH(Composições!A2361,Orçamentária!A:A,0),2)","v":"Módulo (tomada) de rede RJ45, categoria 6, com conectorização e certificação"},null,"un",null,"",{"$f":"IF(ISNUMBER(F2361),E2361*F2361,\"\")","v":""},null,null,0]
[null,null,null,null,null,"",{"$f":"IF(ISNUMBER(F2362),E2362*F2362,\"\")","v":""},null,null,0]
[null,null,"Tampa p/ conector /RJ45. ref.: Schneider Electric PRM47761 (Padrão Keystone), Schneider Electric PRM47771 (Padrão AMP)","un ",1,"",{"$f":"IF(ISNUMBER(F2363),E2363*F2363,\"\")","v":""},{"$f":"SUM(G2363:G2367)","v":20.129656400000002},null,0]
[null,null,"Módulo RJ 45 - CAT 6. Ref.: AMP 1375055-2, Furukawa 35030621","un ",1,"",{"$f":"IF(ISNUMBER(F2364),E2364*F2364,\"\")","v":""},null,null,0]
[null,null,"Certificação de ponto de rede","un ",1,"",{"$f":"IF(ISNUMBER(F2365),E2365*F2365,\"\")","v":""},null,null,0]
[null,null,"Auxiliar de eletricista com encargos complementares","h",{"$f":"0.2062*2","v":0.41239999999999999},21.337,{"$f":"IF(ISNUMBER(F2366),E2366*F2366,\"\")","v":8.7993787999999995},null,null,0]
[null,null,"Eletricista com encargos complementares","h",{"$f":"0.2062*2","v":0.41239999999999999},27.474,{"$f":"IF(ISNUMBER(F2367),E2367*F2367,\"\")","v":11.330277600000001},null,null,0]
[null,null,null,null,null,"",{"$f":"IF(ISNUMBER(F2368),E2368*F2368,\"\")","v":""},null,null,0]
["SF-00377",{"$f":"INDEX(Orçamentária!A:B,MATCH(Composições!A2369,Orçamentária!A:A,0),2)","v":"Painel de distribuição (patch panel) de 24 portas, categoria 6"},null,"un",null,"",{"$f":"IF(ISNUMBER(F2369),E2369*F2369,\"\")","v":""},null,null,0]
[null,null,null,null,null,"",{"$f":"IF(ISNUMBER(F2370),E2370*F2370,\"\")","v":""},null,null,0]
[null,null,"Auxiliar de eletricista com encargos complementares","h",{"$f":"6.2007","v":6.2007000000000003},21.337,{"$f":"IF(ISNUMBER(F2371),E2371*F2371,\"\")","v":132.30433590000001},{"$f":"SUM(G2371:G2374)","v":302.6623677},null,0]
[null,null,"Eletricista com encargos complementares","h",{"$f":"6.2007","v":6.2007000000000003},27.474,{"$f":"IF(ISNUMBER(F2372),E2372*F2372,\"\")","v":170.35803180000002},null,null,0]
[null,null,"Painel de distribuição (patch panel) de 24 portas, categoria 6. Ref.: AMP 1375014-2","un",1,"",{"$f":"IF(ISNUMBER(F2373),E2373*F2373,\"\")","v":""},null,null,0]
[null,null,"Módulo RJ 45 - CAT 6. Ref.: AMP 1375055-2, Furukawa 35030621","un ",24,"",{"$f":"IF(ISNUMBER(F2374),E2374*F2374,\"\")","v":""},null,null,0]
[null,null,null,null,null,"",{"$f":"IF(ISNUMBER(F2375),E2375*F2375,\"\")","v":""},null,null,0]
["SF-00378",{"$f":"INDEX(Orçamentária!A:B,MATCH(Composições!A2376,Orçamentária!A:A,0),2)","v":"Cabo de telefonia tipo CCI 50x2"},null,"m",null,"",{"$f":"IF(ISNUMBER(F2376),E2376*F2376,\"\")","v":""},null,null,0]
[null,null,null,null,null,"",{"$f":"IF(ISNUMBER(F2377),E2377*F2377,\"\")","v":""},null,null,0]
[null,null,"Auxiliar de eletricista com encargos complementares","h",6.4100000000000004E-2,21.337,{"$f":"IF(ISNUMBER(F2378),E2378*F2378,\"\")","v":1.3677017},{"$f":"SUM(G2378:G2380)","v":4.4754100999999995},null,0]
[null,null,"Eletricista com encargos complementares","h",6.4100000000000004E-2,27.474,{"$f":"IF(ISNUMBER(F2379),E2379*F2379,\"\")","v":1.7610834000000002},null,null,0]
[null,null,"CABO TELEFONICO CCI 50, 2 PARES, USO INTERNO, SEM BLINDAGEM","m",1.05,1.2825,{"$f":"IF(ISNUMBER(F2380),E2380*F2380,\"\")","v":1.346625},null,null,0]
[null,null,null,null,null,"",{"$f":"IF(ISNUMBER(F2381),E2381*F2381,\"\")","v":""},null,null,0]
["SF-00379",{"$f":"INDEX(Orçamentária!A:B,MATCH(Composições!A2382,Orçamentária!A:A,0),2)","v":"Módulo (tomada) de rede RJ45, para telefonia"},null,"un",null,"",{"$f":"IF(ISNUMBER(F2382),E2382*F2382,\"\")","v":""},null,null,0]
[null,null,null,null,null,"",{"$f":"IF(ISNUMBER(F2383),E2383*F2383,\"\")","v":""},null,null,0]
[null,null,"Tampa p/ conector /RJ45. ref.: Schneider Electric PRM47761 (padrão Keystone), Schneider Electric PRM47771 (padrão AMP)","un ",1,"",{"$f":"IF(ISNUMBER(F2384),E2384*F2384,\"\")","v":""},{"$f":"SUM(G2384:G2387)","v":45.642328200000001},null,0]
[null,null,"Tomada RJ45, 8 fios, CAT 5E (apenas modulo)","UN",1,35.577500000000001,{"$f":"IF(ISNUMBER(F2385),E2385*F2385,\"\")","v":35.577500000000001},null,null,0]
[null,null,"Auxiliar de eletricista com encargos complementares","h",0.20619999999999999,21.337,{"$f":"IF(ISNUMBER(F2386),E2386*F2386,\"\")","v":4.3996893999999998},null,null,0]
[null,null,"Eletricista com encargos complementares","h",0.20619999999999999,27.474,{"$f":"IF(ISNUMBER(F2387),E2387*F2387,\"\")","v":5.6651388000000003},null,null,0]
[null,null,null,null,null,"",{"$f":"IF(ISNUMBER(F2388),E2388*F2388,\"\")","v":""},null,null,0]
["SF-00380",{"$f":"INDEX(Orçamentária!A:B,MATCH(Composições!A2389,Orçamentária!A:A,0),2)","v":"Grelha para retorno para portas, divisórias e paredes 525x325 mm"},null,"un",null,"",{"$f":"IF(ISNUMBER(F2389),E2389*F2389,\"\")","v":""},null,null,0]
[null,null,null,null,null,"",{"$f":"IF(ISNUMBER(F2390),E2390*F2390,\"\")","v":""},null,null,0]
[null,null,"Ajudante de operação em geral com encargos complementares","h",3.5,23.160999999999998,{"$f":"IF(ISNUMBER(F2391),E2391*F2391,\"\")","v":81.063499999999991},{"$f":"SUM(G2391:G2393)","v":181.91074999999998},null,0]
[null,null,"MONTADOR ELETROMECÃNICO COM ENCARGOS COMPLEMENTARES","h",3.5,28.813499999999998,{"$f":"IF(ISNUMBER(F2392),E2392*F2392,\"\")","v":100.84724999999999},null,null,0]
[null,null,"Grelha para retorno para portas, divisórias e paredes 525x325 mm, Ref. Trox AGS-T","un ",1,"",{"$f":"IF(ISNUMBER(F2393),E2393*F2393,\"\")","v":""},null,null,0]
[null,null,null,null,null,"",{"$f":"IF(ISNUMBER(F2394),E2394*F2394,\"\")","v":""},null,null,0]
["SF-00405",{"$f":"INDEX(Orçamentária!A:B,MATCH(Composições!A2395,Orçamentária!A:A,0),2)","v":"Dobradiça para porta com anel"},null,"un",null,"",{"$f":"IF(ISNUMBER(F2395),E2395*F2395,\"\")","v":""},null,null,0]
[null,null,null,null,null,"",{"$f":"IF(ISNUMBER(F2396),E2396*F2396,\"\")","v":""},null,null,0]
[null,null,"DOBRADICA EM ACO/FERRO, 3 1/2\" X 3\", E= 1,9 A 2 MM, COM ANEL, CROMADO OU ZINCADO, TAMPA BOLA, COM PARAFUSOS","UN",1,27.236499999999999,{"$f":"IF(ISNUMBER(F2397),E2397*F2397,\"\")","v":27.236499999999999},{"$f":"SUM(G2397:G2397)","v":27.236499999999999},null,0]
[null,null,null,null,null,"",{"$f":"IF(ISNUMBER(F2398),E2398*F2398,\"\")","v":""},null,null,0]
["SF-00407",{"$f":"INDEX(Orçamentária!A:B,MATCH(Composições!A2399,Orçamentária!A:A,0),2)","v":"Fechadura para porta externa maçaneta em barra (fornecimento)"},null,"un",null,"",{"$f":"IF(ISNUMBER(F2399),E2399*F2399,\"\")","v":""},null,null,0]
[null,null,null,null,null,"",{"$f":"IF(ISNUMBER(F2400),E2400*F2400,\"\")","v":""},null,null,0]
[null,null,"FECHADURA ESPELHO PARA PORTA EXTERNA, EM ACO INOX (MAQUINA, TESTA E CONTRA-TESTA) E EM ZAMAC (MACANETA, LINGUETA E TRINCOS) COM ACABAMENTO CROMADO, MAQUINA DE 40 MM, INCLUINDO CHAVE TIPO CILINDRO","CJ",1,61.635999999999996,{"$f":"IF(ISNUMBER(F2401),E2401*F2401,\"\")","v":61.635999999999996},{"$f":"SUM(G2401:G2401)","v":61.635999999999996},null,0]
[null,null,null,null,null,"",{"$f":"IF(ISNUMBER(F2402),E2402*F2402,\"\")","v":""},null,null,0]
["SF-00408",{"$f":"INDEX(Orçamentária!A:B,MATCH(Composições!A2403,Orçamentária!A:A,0),2)","v":"Fechadura para Porta Externa com Espelho - Millenio"},null,"un",null,"",{"$f":"IF(ISNUMBER(F2403),E2403*F2403,\"\")","v":""},null,null,0]
[null,null,null,null,null,"",{"$f":"IF(ISNUMBER(F2404),E2404*F2404,\"\")","v":""},null,null,0]
[null,null,"FECHADURA ROSETA REDONDA PARA PORTA EXTERNA, EM ACO INOX (MAQUINA, TESTA E CONTRA-TESTA) E EM ZAMAC (MACANETA, LINGUETA E TRINCOS) COM ACABAMENTO CROMADO, MAQUINA DE 40 MM, INCLUINDO CHAVE TIPO CILINDRO","CJ",1,80.103999999999985,{"$f":"IF(ISNUMBER(F2405),E2405*F2405,\"\")","v":80.103999999999985},{"$f":"SUM(G2405:G2405)","v":80.103999999999985},null,0]
[null,null,null,null,null,"",{"$f":"IF(ISNUMBER(F2406),E2406*F2406,\"\")","v":""},null,null,0]
["SF-00409",{"$f":"INDEX(Orçamentária!A:B,MATCH(Composições!A2407,Orçamentária!A:A,0),2)","v":"Fechadura para Porta de Banheiro com Espelho - Millenio"},null,"un",null,"",{"$f":"IF(ISNUMBER(F2407),E2407*F2407,\"\")","v":""},null,null,0]
[null,null,null,null,null,"",{"$f":"IF(ISNUMBER(F2408),E2408*F2408,\"\")","v":""},null,null,0]
[null,null,"FECHADURA ESPELHO PARA PORTA DE BANHEIRO, EM ACO INOX (MAQUINA, TESTA E CONTRA-TESTA) E EM ZAMAC (MACANETA, LINGUETA E TRINCOS) COM ACABAMENTO CROMADO, MAQUINA DE 40 MM, INCLUINDO CHAVE TIPO TRANQUETA","CJ",1,48.469000000000001,{"$f":"IF(ISNUMBER(F2409),E2409*F2409,\"\")","v":48.469000000000001},{"$f":"SUM(G2409:G2409)","v":48.469000000000001},null,0]
[null,null,null,null,null,"",{"$f":"IF(ISNUMBER(F2410),E2410*F2410,\"\")","v":""},null,null,0]
["SF-00411",{"$f":"INDEX(Orçamentária!A:B,MATCH(Composições!A2411,Orçamentária!A:A,0),2)","v":"Tarjeta Livre / Ocupado para portas de banheiro"},null,"un",null,"",{"$f":"IF(ISNUMBER(F2411),E2411*F2411,\"\")","v":""},null,null,0]
[null,null,null,null,null,"",{"$f":"IF(ISNUMBER(F2412),E2412*F2412,\"\")","v":""},null,null,0]
[null,null,"TARJETA LIVRE / OCUPADO PARA PORTA DE BANHEIRO, CORPO EM ZAMAC E ESPELHO EM LATAO","UN",1,43.282000000000004,{"$f":"IF(ISNUMBER(F2413),E2413*F2413,\"\")","v":43.282000000000004},{"$f":"SUM(G2413:G2413)","v":43.282000000000004},null,0]
[null,null,null,null,null,"",{"$f":"IF(ISNUMBER(F2414),E2414*F2414,\"\")","v":""},null,null,0]
["SF-00414",{"$f":"INDEX(Orçamentária!A:B,MATCH(Composições!A2415,Orçamentária!A:A,0),2)","v":"Fechadura de embutir para armário e gaveta"},null,"un",null,"",{"$f":"IF(ISNUMBER(F2415),E2415*F2415,\"\")","v":""},null,null,0]
[null,null,null,null,null,"",{"$f":"IF(ISNUMBER(F2416),E2416*F2416,\"\")","v":""},null,null,0]
[null,null,"FECHADURA DE SOBREPOR PARA GAVETAS E ARMARIOS, EM ACO INOX COM ACABAMENTO CROMADO, COM CILINDRO DE APROX 20 MM","UN",1,12.179,{"$f":"IF(ISNUMBER(F2417),E2417*F2417,\"\")","v":12.179},{"$f":"SUM(G2417:G2417)","v":12.179},null,0]
[null,null,"FECHADURA DE SOBREPOR PARA PORTAO, EM ACO INOX COM ACABAMENTO CROMADO, CAIXA DE 100 MM, INCLUINDO CHAVE TIPO CILINDRO",null,null,"",{"$f":"IF(ISNUMBER(F2418),E2418*F2418,\"\")","v":""},null,null,0]
["SF-00415",{"$f":"INDEX(Orçamentária!A:B,MATCH(Composições!A2419,Orçamentária!A:A,0),2)","v":"Fechadura de embutir para móveis – Fechamento Superior - Referência 861"},null,"un",null,"",{"$f":"IF(ISNUMBER(F2419),E2419*F2419,\"\")","v":""},null,null,0]
[null,null,null,null,null,"",{"$f":"IF(ISNUMBER(F2420),E2420*F2420,\"\")","v":""},null,null,0]
[null,null,"FECHADURA DE EMBUTIR PARA GAVETA E MOVEIS DE MADEIRA, EM ACO INOX COM ACABAMENTO CROMADO, COM ABAS LATERAIS, CILINDRO COM 22 MM DE DIAMETRO, INCLUINDO CHAVE COM PERFIL METALICO E CAPA ESCAMOTEAVEL","UN",1,12.169499999999999,{"$f":"IF(ISNUMBER(F2421),E2421*F2421,\"\")","v":12.169499999999999},{"$f":"SUM(G2421:G2421)","v":12.169499999999999},null,0]
[null,null,null,null,null,"",{"$f":"IF(ISNUMBER(F2422),E2422*F2422,\"\")","v":""},null,null,0]
["SF-00416",{"$f":"INDEX(Orçamentária!A:B,MATCH(Composições!A2423,Orçamentária!A:A,0),2)","v":"Fechadura de embutir para móveis – Fechamento lateral - Referência 871"},null,"un",null,"",{"$f":"IF(ISNUMBER(F2423),E2423*F2423,\"\")","v":""},null,null,0]
[null,null,null,null,null,"",{"$f":"IF(ISNUMBER(F2424),E2424*F2424,\"\")","v":""},null,null,0]
[null,null,"FECHADURA DE EMBUTIR PARA GAVETA E MOVEIS DE MADEIRA, EM ACO INOX COM ACABAMENTO CROMADO, COM ABAS LATERAIS, CILINDRO COM 22 MM DE DIAMETRO, INCLUINDO CHAVE COM PERFIL METALICO E CAPA ESCAMOTEAVEL","UN",1,12.169499999999999,{"$f":"IF(ISNUMBER(F2425),E2425*F2425,\"\")","v":12.169499999999999},{"$f":"SUM(G2425:G2425)","v":12.169499999999999},null,0]
[null,null,null,null,null,"",{"$f":"IF(ISNUMBER(F2426),E2426*F2426,\"\")","v":""},null,null,0]
["SF-00443",{"$f":"INDEX(Orçamentária!A:B,MATCH(Composições!A2427,Orçamentária!A:A,0),2)","v":"Puxador alça 102mm"},null,"un",null,"",{"$f":"IF(ISNUMBER(F2427),E2427*F2427,\"\")","v":""},null,null,0]
[null,null,null,null,null,"",{"$f":"IF(ISNUMBER(F2428),E2428*F2428,\"\")","v":""},null,null,0]
[null,null,"PUXADOR TIPO ALCA, EM ZAMAC CROMADO, COM ROSETAS, COMPRIMENTO DE APROX *100* MM, PARA PORTAS E JANELAS DE MADEIRA, INCLUINDO PARAFUSOS","UN",1,19.170999999999999,{"$f":"IF(ISNUMBER(F2429),E2429*F2429,\"\")","v":19.170999999999999},{"$f":"SUM(G2429:G2429)","v":19.170999999999999},null,0]
[null,null,null,null,null,"",{"$f":"IF(ISNUMBER(F2430),E2430*F2430,\"\")","v":""},null,null,0]
["SF-00467",{"$f":"INDEX(Orçamentária!A:B,MATCH(Composições!A2431,Orçamentária!A:A,0),2)","v":"Espuma Expansiva à base de poliuretano"},null,"500 ml",null,"",{"$f":"IF(ISNUMBER(F2431),E2431*F2431,\"\")","v":""},null,null,0]
[null,null,null,null,null,"",{"$f":"IF(ISNUMBER(F2432),E2432*F2432,\"\")","v":""},null,null,0]
[null,null,"ESPUMA EXPANSIVA DE POLIURETANO, APLICACAO MANUAL - 500 ML","UN",1,27.549999999999997,{"$f":"IF(ISNUMBER(F2433),E2433*F2433,\"\")","v":27.549999999999997},{"$f":"SUM(G2433:G2433)","v":27.549999999999997},null,0]
[null,null,null,null,null,"",{"$f":"IF(ISNUMBER(F2434),E2434*F2434,\"\")","v":""},null,null,0]
["SF-00468",{"$f":"INDEX(Orçamentária!A:B,MATCH(Composições!A2435,Orçamentária!A:A,0),2)","v":"Adesivo de Contato à Base d’água"},null,"kg",null,"",{"$f":"IF(ISNUMBER(F2435),E2435*F2435,\"\")","v":""},null,null,0]
[null,null,null,null,null,"",{"$f":"IF(ISNUMBER(F2436),E2436*F2436,\"\")","v":""},null,null,0]
[null,null,"ADESIVO ACRILICO DE BASE AQUOSA / COLA DE CONTATO","KG",1,48.335999999999999,{"$f":"IF(ISNUMBER(F2437),E2437*F2437,\"\")","v":48.335999999999999},{"$f":"SUM(G2437:G2437)","v":48.335999999999999},null,0]
[null,null,null,null,null,"",{"$f":"IF(ISNUMBER(F2438),E2438*F2438,\"\")","v":""},null,null,0]
["SF-00470",{"$f":"INDEX(Orçamentária!A:B,MATCH(Composições!A2439,Orçamentária!A:A,0),2)","v":"Laminado fenólico melamínico texturizado - Azul Noturno"},null,"m2",null,"",{"$f":"IF(ISNUMBER(F2439),E2439*F2439,\"\")","v":""},null,null,0]
[null,null,null,null,null,"",{"$f":"IF(ISNUMBER(F2440),E2440*F2440,\"\")","v":""},null,null,0]
[null,null,"CHAPA DE LAMINADO MELAMINICO, TEXTURIZADO, DE *1,25 X 3,08* M, E = 0,8 MM","m2",1,57.417999999999992,{"$f":"IF(ISNUMBER(F2441),E2441*F2441,\"\")","v":57.417999999999992},{"$f":"SUM(G2441:G2441)","v":57.417999999999992},null,0]
[null,null,null,null,null,"",{"$f":"IF(ISNUMBER(F2442),E2442*F2442,\"\")","v":""},null,null,0]
["SF-00471",{"$f":"INDEX(Orçamentária!A:B,MATCH(Composições!A2443,Orçamentária!A:A,0),2)","v":"Laminado fenólico melamínico texturizado - Branco"},null,"m2",null,"",{"$f":"IF(ISNUMBER(F2443),E2443*F2443,\"\")","v":""},null,null,0]
[null,null,null,null,null,"",{"$f":"IF(ISNUMBER(F2444),E2444*F2444,\"\")","v":""},null,null,0]
[null,null,"CHAPA DE LAMINADO MELAMINICO, TEXTURIZADO, DE *1,25 X 3,08* M, E = 0,8 MM","m2",1,57.417999999999992,{"$f":"IF(ISNUMBER(F2445),E2445*F2445,\"\")","v":57.417999999999992},{"$f":"SUM(G2445:G2445)","v":57.417999999999992},null,0]
[null,null,null,null,null,"",{"$f":"IF(ISNUMBER(F2446),E2446*F2446,\"\")","v":""},null,null,0]
["SF-00472",{"$f":"INDEX(Orçamentária!A:B,MATCH(Composições!A2447,Orçamentária!A:A,0),2)","v":"Laminado fenólico melamínico texturizado - Ovo"},null,"m2",null,"",{"$f":"IF(ISNUMBER(F2447),E2447*F2447,\"\")","v":""},null,null,0]
[null,null,null,null,null,"",{"$f":"IF(ISNUMBER(F2448),E2448*F2448,\"\")","v":""},null,null,0]
[null,null,"CHAPA DE LAMINADO MELAMINICO, TEXTURIZADO, DE *1,25 X 3,08* M, E = 0,8 MM","m2",1,57.417999999999992,{"$f":"IF(ISNUMBER(F2449),E2449*F2449,\"\")","v":57.417999999999992},{"$f":"SUM(G2449:G2449)","v":57.417999999999992},null,0]
[null,null,null,null,null,"",{"$f":"IF(ISNUMBER(F2450),E2450*F2450,\"\")","v":""},null,null,0]
["SF-00489",{"$f":"INDEX(Orçamentária!A:B,MATCH(Composições!A2451,Orçamentária!A:A,0),2)","v":"Tábua de Madeira bruta aparelhada - Pinus"},null,"m3",null,"",{"$f":"IF(ISNUMBER(F2451),E2451*F2451,\"\")","v":""},null,null,0]
[null,null,null,null,null,"",{"$f":"IF(ISNUMBER(F2452),E2452*F2452,\"\")","v":""},null,null,0]
[null,null,"TABUA *2,5 X 30 CM EM PINUS, MISTA OU EQUIVALENTE DA REGIAO - BRUTA","m",{"$f":"1/(0.025*0.3)","v":133.33333333333334},13.5185,{"$f":"IF(ISNUMBER(F2453),E2453*F2453,\"\")","v":1802.4666666666667},{"$f":"SUM(G2453:G2453)","v":1802.4666666666667},null,0]
[null,null,null,null,null,"",{"$f":"IF(ISNUMBER(F2454),E2454*F2454,\"\")","v":""},null,null,0]
["SF-00490",{"$f":"INDEX(Orçamentária!A:B,MATCH(Composições!A2455,Orçamentária!A:A,0),2)","v":"Sarrafo De Madeira"},null,"m",null,"",{"$f":"IF(ISNUMBER(F2455),E2455*F2455,\"\")","v":""},null,null,0]
[null,null,null,null,null,"",{"$f":"IF(ISNUMBER(F2456),E2456*F2456,\"\")","v":""},null,null,0]
[null,null,"SARRAFO *2,5 X 10* CM EM PINUS, MISTA OU EQUIVALENTE DA REGIAO - BRUTA","m",1,4.1324999999999994,{"$f":"IF(ISNUMBER(F2457),E2457*F2457,\"\")","v":4.1324999999999994},{"$f":"SUM(G2457:G2457)","v":4.1324999999999994},null,0]
[null,null,null,null,null,"",{"$f":"IF(ISNUMBER(F2458),E2458*F2458,\"\")","v":""},null,null,0]
["SF-00491",{"$f":"INDEX(Orçamentária!A:B,MATCH(Composições!A2459,Orçamentária!A:A,0),2)","v":"Caibro De Madeira"},null,"m",null,"",{"$f":"IF(ISNUMBER(F2459),E2459*F2459,\"\")","v":""},null,null,0]
[null,null,null,null,null,"",{"$f":"IF(ISNUMBER(F2460),E2460*F2460,\"\")","v":""},null,null,0]
[null,null,"CAIBRO 5 X 5 CM EM PINUS, MISTA OU EQUIVALENTE DA REGIAO - BRUTA","m",1,5.7379999999999995,{"$f":"IF(ISNUMBER(F2461),E2461*F2461,\"\")","v":5.7379999999999995},{"$f":"SUM(G2461:G2461)","v":5.7379999999999995},null,0]
[null,null,null,null,null,"",{"$f":"IF(ISNUMBER(F2462),E2462*F2462,\"\")","v":""},null,null,0]
["SF-00494",{"$f":"INDEX(Orçamentária!A:B,MATCH(Composições!A2463,Orçamentária!A:A,0),2)","v":"Painel de MDF Laminado – Branco - 06mm"},null,"m2",null,"",{"$f":"IF(ISNUMBER(F2463),E2463*F2463,\"\")","v":""},null,null,0]
[null,null,null,null,null,"",{"$f":"IF(ISNUMBER(F2464),E2464*F2464,\"\")","v":""},null,null,0]
[null,null,"CHAPA DE MDF BRANCO LISO 1 FACE, E = 6 MM, DE *2,75 X 1,85* M","m2",1,32.338000000000001,{"$f":"IF(ISNUMBER(F2465),E2465*F2465,\"\")","v":32.338000000000001},{"$f":"SUM(G2465:G2465)","v":32.338000000000001},null,0]
[null,null,null,null,null,"",{"$f":"IF(ISNUMBER(F2466),E2466*F2466,\"\")","v":""},null,null,0]
["SF-00496",{"$f":"INDEX(Orçamentária!A:B,MATCH(Composições!A2467,Orçamentária!A:A,0),2)","v":"Painel de MDF Laminado - Branco - 15mm"},null,"m2",null,"",{"$f":"IF(ISNUMBER(F2467),E2467*F2467,\"\")","v":""},null,null,0]
[null,null,null,null,null,"",{"$f":"IF(ISNUMBER(F2468),E2468*F2468,\"\")","v":""},null,null,0]
[null,null,"CHAPA DE MDF BRANCO LISO 2 FACES, E = 15 MM, DE *2,75 X 1,85* M","m2",1,50.749000000000002,{"$f":"IF(ISNUMBER(F2469),E2469*F2469,\"\")","v":50.749000000000002},{"$f":"SUM(G2469:G2469)","v":50.749000000000002},null,0]
[null,null,null,null,null,"",{"$f":"IF(ISNUMBER(F2470),E2470*F2470,\"\")","v":""},null,null,0]
["SF-00498",{"$f":"INDEX(Orçamentária!A:B,MATCH(Composições!A2471,Orçamentária!A:A,0),2)","v":"Painel de MDF Laminado – Branco - 18mm"},null,"m2",null,"",{"$f":"IF(ISNUMBER(F2471),E2471*F2471,\"\")","v":""},null,null,0]
[null,null,null,null,null,"",{"$f":"IF(ISNUMBER(F2472),E2472*F2472,\"\")","v":""},null,null,0]
[null,null,"CHAPA DE MDF BRANCO LISO 2 FACES, E = 18 MM, DE *2,75 X 1,85* M","m2",1,63.003999999999991,{"$f":"IF(ISNUMBER(F2473),E2473*F2473,\"\")","v":63.003999999999991},{"$f":"SUM(G2473:G2473)","v":63.003999999999991},null,0]
[null,null,null,null,null,"",{"$f":"IF(ISNUMBER(F2474),E2474*F2474,\"\")","v":""},null,null,0]
["SF-00500",{"$f":"INDEX(Orçamentária!A:B,MATCH(Composições!A2475,Orçamentária!A:A,0),2)","v":"Cantoneira laminada em aço abas iguais 1\" x 3/16\""},null,"m",null,"",{"$f":"IF(ISNUMBER(F2475),E2475*F2475,\"\")","v":""},null,null,0]
[null,null,null,null,null,"",{"$f":"IF(ISNUMBER(F2476),E2476*F2476,\"\")","v":""},null,null,0]
[null,null,"CANTONEIRA ACO ABAS IGUAIS (QUALQUER BITOLA), ESPESSURA ENTRE 1/8\" E 1/4\"","kg",1.73,10.231499999999999,{"$f":"IF(ISNUMBER(F2477),E2477*F2477,\"\")","v":17.700494999999997},{"$f":"SUM(G2477:G2477)","v":17.700494999999997},null,0]
[null,null,null,null,null,"",{"$f":"IF(ISNUMBER(F2478),E2478*F2478,\"\")","v":""},null,null,0]
["SF-00501",{"$f":"INDEX(Orçamentária!A:B,MATCH(Composições!A2479,Orçamentária!A:A,0),2)","v":"Cantoneira laminada em aço abas iguais 1\"1/4 x 3/16\""},null,"m",null,"",{"$f":"IF(ISNUMBER(F2479),E2479*F2479,\"\")","v":""},null,null,0]
[null,null,null,null,null,"",{"$f":"IF(ISNUMBER(F2480),E2480*F2480,\"\")","v":""},null,null,0]
[null,null,"CANTONEIRA ACO ABAS IGUAIS (QUALQUER BITOLA), ESPESSURA ENTRE 1/8\" E 1/4\"","kg",2.2000000000000002,10.231499999999999,{"$f":"IF(ISNUMBER(F2481),E2481*F2481,\"\")","v":22.5093},{"$f":"SUM(G2481:G2481)","v":22.5093},null,0]
[null,null,null,null,null,"",{"$f":"IF(ISNUMBER(F2482),E2482*F2482,\"\")","v":""},null,null,0]
["SF-00502",{"$f":"INDEX(Orçamentária!A:B,MATCH(Composições!A2483,Orçamentária!A:A,0),2)","v":"Cantoneira laminada em aço abas iguais 2” x 1/8”"},null,"m",null,"",{"$f":"IF(ISNUMBER(F2483),E2483*F2483,\"\")","v":""},null,null,0]
[null,null,null,null,null,"",{"$f":"IF(ISNUMBER(F2484),E2484*F2484,\"\")","v":""},null,null,0]
[null,null,"CANTONEIRA ACO ABAS IGUAIS (QUALQUER BITOLA), ESPESSURA ENTRE 1/8\" E 1/4\"","kg",2.46,10.231499999999999,{"$f":"IF(ISNUMBER(F2485),E2485*F2485,\"\")","v":25.169489999999996},{"$f":"SUM(G2485:G2485)","v":25.169489999999996},null,0]
[null,null,null,null,null,"",{"$f":"IF(ISNUMBER(F2486),E2486*F2486,\"\")","v":""},null,null,0]
["SF-00503",{"$f":"INDEX(Orçamentária!A:B,MATCH(Composições!A2487,Orçamentária!A:A,0),2)","v":"Cantoneira laminada em aço abas Iguais 2” x 3/16”"},null,"m",null,"",{"$f":"IF(ISNUMBER(F2487),E2487*F2487,\"\")","v":""},null,null,0]
[null,null,null,null,null,"",{"$f":"IF(ISNUMBER(F2488),E2488*F2488,\"\")","v":""},null,null,0]
[null,null,"CANTONEIRA ACO ABAS IGUAIS (QUALQUER BITOLA), ESPESSURA ENTRE 1/8\" E 1/4\"","kg",3.63,10.231499999999999,{"$f":"IF(ISNUMBER(F2489),E2489*F2489,\"\")","v":37.140344999999996},{"$f":"SUM(G2489:G2489)","v":37.140344999999996},null,0]
[null,null,null,null,null,"",{"$f":"IF(ISNUMBER(F2490),E2490*F2490,\"\")","v":""},null,null,0]
["SF-00504",{"$f":"INDEX(Orçamentária!A:B,MATCH(Composições!A2491,Orçamentária!A:A,0),2)","v":"Cantoneira laminada em aço abas Iguais 5/8” x 1/8”"},null,"m",null,"",{"$f":"IF(ISNUMBER(F2491),E2491*F2491,\"\")","v":""},null,null,0]
[null,null,null,null,null,"",{"$f":"IF(ISNUMBER(F2492),E2492*F2492,\"\")","v":""},null,null,0]
[null,null,"CANTONEIRA ACO ABAS IGUAIS (QUALQUER BITOLA), ESPESSURA ENTRE 1/8\" E 1/4\"","kg",0.71,10.231499999999999,{"$f":"IF(ISNUMBER(F2493),E2493*F2493,\"\")","v":7.2643649999999989},{"$f":"SUM(G2493:G2493)","v":7.2643649999999989},null,0]
[null,null,null,null,null,"",{"$f":"IF(ISNUMBER(F2494),E2494*F2494,\"\")","v":""},null,null,0]
["SF-00505",{"$f":"INDEX(Orçamentária!A:B,MATCH(Composições!A2495,Orçamentária!A:A,0),2)","v":"Chapa aço galvanizado # 16 (kg)"},null,"kg",null,"",{"$f":"IF(ISNUMBER(F2495),E2495*F2495,\"\")","v":""},null,null,0]
[null,null,null,null,null,"",{"$f":"IF(ISNUMBER(F2496),E2496*F2496,\"\")","v":""},null,null,0]
[null,null,"CHAPA DE ACO GALVANIZADA BITOLA GSG 16, E = 1,55 MM (12,40 KG/M2)","kg",1,16.054999999999996,{"$f":"IF(ISNUMBER(F2497),E2497*F2497,\"\")","v":16.054999999999996},{"$f":"SUM(G2497:G2497)","v":16.054999999999996},null,0]
[null,null,null,null,null,"",{"$f":"IF(ISNUMBER(F2498),E2498*F2498,\"\")","v":""},null,null,0]
["SF-00506",{"$f":"INDEX(Orçamentária!A:B,MATCH(Composições!A2499,Orçamentária!A:A,0),2)","v":"Ferro chato 1\"x1/8\""},null,"m",null,"",{"$f":"IF(ISNUMBER(F2499),E2499*F2499,\"\")","v":""},null,null,0]
[null,null,null,null,null,"",{"$f":"IF(ISNUMBER(F2500),E2500*F2500,\"\")","v":""},null,null,0]
[null,null,"BARRA DE ACO CHATA, RETANGULAR (QUALQUER BITOLA)","kg",0.63,11.010499999999999,{"$f":"IF(ISNUMBER(F2501),E2501*F2501,\"\")","v":6.9366149999999989},{"$f":"SUM(G2501:G2501)","v":6.9366149999999989},null,0]
[null,null,null,null,null,"",{"$f":"IF(ISNUMBER(F2502),E2502*F2502,\"\")","v":""},null,null,0]
["SF-00507",{"$f":"INDEX(Orçamentária!A:B,MATCH(Composições!A2503,Orçamentária!A:A,0),2)","v":"Ferro chato 1\"x3/16\""},null,"m",null,"",{"$f":"IF(ISNUMBER(F2503),E2503*F2503,\"\")","v":""},null,null,0]
[null,null,null,null,null,"",{"$f":"IF(ISNUMBER(F2504),E2504*F2504,\"\")","v":""},null,null,0]
[null,null,"BARRA DE ACO CHATA, RETANGULAR (QUALQUER BITOLA)","kg",0.95,11.010499999999999,{"$f":"IF(ISNUMBER(F2505),E2505*F2505,\"\")","v":10.459974999999998},{"$f":"SUM(G2505:G2505)","v":10.459974999999998},null,0]
[null,null,null,null,null,"",{"$f":"IF(ISNUMBER(F2506),E2506*F2506,\"\")","v":""},null,null,0]
["SF-00508",{"$f":"INDEX(Orçamentária!A:B,MATCH(Composições!A2507,Orçamentária!A:A,0),2)","v":"Ferro chato  3/4\"x1/4\" ou 7/8\"x1/4\" ou 1” x 1/4”"},null,"m",null,"",{"$f":"IF(ISNUMBER(F2507),E2507*F2507,\"\")","v":""},null,null,0]
[null,null,null,null,null,"",{"$f":"IF(ISNUMBER(F2508),E2508*F2508,\"\")","v":""},null,null,0]
[null,null,"BARRA DE ACO CHATA, RETANGULAR (QUALQUER BITOLA)","kg",1.1100000000000001,11.010499999999999,{"$f":"IF(ISNUMBER(F2509),E2509*F2509,\"\")","v":12.221655},{"$f":"SUM(G2509:G2509)","v":12.221655},null,0]
[null,null,null,null,null,"",{"$f":"IF(ISNUMBER(F2510),E2510*F2510,\"\")","v":""},null,null,0]
["SF-00509",{"$f":"INDEX(Orçamentária!A:B,MATCH(Composições!A2511,Orçamentária!A:A,0),2)","v":"Ferro chato 3/4\"x1/8\""},null,"m",null,"",{"$f":"IF(ISNUMBER(F2511),E2511*F2511,\"\")","v":""},null,null,0]
[null,null,null,null,null,"",{"$f":"IF(ISNUMBER(F2512),E2512*F2512,\"\")","v":""},null,null,0]
[null,null,"BARRA DE ACO CHATA, RETANGULAR (QUALQUER BITOLA)","kg",0.48,11.010499999999999,{"$f":"IF(ISNUMBER(F2513),E2513*F2513,\"\")","v":5.2850399999999995},{"$f":"SUM(G2513:G2513)","v":5.2850399999999995},null,0]
[null,null,null,null,null,"",{"$f":"IF(ISNUMBER(F2514),E2514*F2514,\"\")","v":""},null,null,0]
["SF-00510",{"$f":"INDEX(Orçamentária!A:B,MATCH(Composições!A2515,Orçamentária!A:A,0),2)","v":"Ferro chato 3/4\"x3/16\""},null,"m",null,"",{"$f":"IF(ISNUMBER(F2515),E2515*F2515,\"\")","v":""},null,null,0]
[null,null,null,null,null,"",{"$f":"IF(ISNUMBER(F2516),E2516*F2516,\"\")","v":""},null,null,0]
[null,null,"BARRA DE ACO CHATA, RETANGULAR (QUALQUER BITOLA)","kg",0.71,11.010499999999999,{"$f":"IF(ISNUMBER(F2517),E2517*F2517,\"\")","v":7.8174549999999989},{"$f":"SUM(G2517:G2517)","v":7.8174549999999989},null,0]
[null,null,null,null,null,"",{"$f":"IF(ISNUMBER(F2518),E2518*F2518,\"\")","v":""},null,null,0]
["SF-00511",{"$f":"INDEX(Orçamentária!A:B,MATCH(Composições!A2519,Orçamentária!A:A,0),2)","v":"Ferro chato 5/8\"x1/8\""},null,"m",null,"",{"$f":"IF(ISNUMBER(F2519),E2519*F2519,\"\")","v":""},null,null,0]
[null,null,null,null,null,"",{"$f":"IF(ISNUMBER(F2520),E2520*F2520,\"\")","v":""},null,null,0]
[null,null,"BARRA DE ACO CHATA, RETANGULAR (QUALQUER BITOLA)","kg",0.4,11.010499999999999,{"$f":"IF(ISNUMBER(F2521),E2521*F2521,\"\")","v":4.4041999999999994},{"$f":"SUM(G2521:G2521)","v":4.4041999999999994},null,0]
[null,null,null,null,null,"",{"$f":"IF(ISNUMBER(F2522),E2522*F2522,\"\")","v":""},null,null,0]
["SF-00512",{"$f":"INDEX(Orçamentária!A:B,MATCH(Composições!A2523,Orçamentária!A:A,0),2)","v":"Ferro chato 5/8\"x3/16\""},null,"m",null,"",{"$f":"IF(ISNUMBER(F2523),E2523*F2523,\"\")","v":""},null,null,0]
[null,null,null,null,null,"",{"$f":"IF(ISNUMBER(F2524),E2524*F2524,\"\")","v":""},null,null,0]
[null,null,"BARRA DE ACO CHATA, RETANGULAR (QUALQUER BITOLA)","kg",0.79,11.010499999999999,{"$f":"IF(ISNUMBER(F2525),E2525*F2525,\"\")","v":8.6982949999999999},{"$f":"SUM(G2525:G2525)","v":8.6982949999999999},null,0]
[null,null,null,null,null,"",{"$f":"IF(ISNUMBER(F2526),E2526*F2526,\"\")","v":""},null,null,0]
["SF-00513",{"$f":"INDEX(Orçamentária!A:B,MATCH(Composições!A2527,Orçamentária!A:A,0),2)","v":"Ferro chato 7/8\"x1/8\""},null,"m",null,"",{"$f":"IF(ISNUMBER(F2527),E2527*F2527,\"\")","v":""},null,null,0]
[null,null,null,null,null,"",{"$f":"IF(ISNUMBER(F2528),E2528*F2528,\"\")","v":""},null,null,0]
[null,null,"BARRA DE ACO CHATA, RETANGULAR (QUALQUER BITOLA)","kg",0.55000000000000004,11.010499999999999,{"$f":"IF(ISNUMBER(F2529),E2529*F2529,\"\")","v":6.0557749999999997},{"$f":"SUM(G2529:G2529)","v":6.0557749999999997},null,0]
[null,null,null,null,null,"",{"$f":"IF(ISNUMBER(F2530),E2530*F2530,\"\")","v":""},null,null,0]
["SF-00514",{"$f":"INDEX(Orçamentária!A:B,MATCH(Composições!A2531,Orçamentária!A:A,0),2)","v":"Ferro chato 7/8\"x3/16\""},null,"m",null,"",{"$f":"IF(ISNUMBER(F2531),E2531*F2531,\"\")","v":""},null,null,0]
[null,null,null,null,null,"",{"$f":"IF(ISNUMBER(F2532),E2532*F2532,\"\")","v":""},null,null,0]
[null,null,"BARRA DE ACO CHATA, RETANGULAR (QUALQUER BITOLA)","kg",0.83,11.010499999999999,{"$f":"IF(ISNUMBER(F2533),E2533*F2533,\"\")","v":9.1387149999999977},{"$f":"SUM(G2533:G2533)","v":9.1387149999999977},null,0]
[null,null,null,null,null,"",{"$f":"IF(ISNUMBER(F2534),E2534*F2534,\"\")","v":""},null,null,0]
["SF-00557",{"$f":"INDEX(Orçamentária!A:B,MATCH(Composições!A2535,Orçamentária!A:A,0),2)","v":"Tela de estuque"},null,"m2",null,"",{"$f":"IF(ISNUMBER(F2535),E2535*F2535,\"\")","v":""},null,null,0]
[null,null,null,null,null,"",{"$f":"IF(ISNUMBER(F2536),E2536*F2536,\"\")","v":""},null,null,0]
[null,null,"TELA EM METAL PARA ESTUQUE (DEPLOYE)","m2",1,5.6239999999999997,{"$f":"IF(ISNUMBER(F2537),E2537*F2537,\"\")","v":5.6239999999999997},{"$f":"SUM(G2537:G2537)","v":5.6239999999999997},null,0]
[null,null,null,null,null,"",{"$f":"IF(ISNUMBER(F2538),E2538*F2538,\"\")","v":""},null,null,0]
["SF-00559",{"$f":"INDEX(Orçamentária!A:B,MATCH(Composições!A2539,Orçamentária!A:A,0),2)","v":"Arame galvanizado, bitola 16 BWG (1,65mm)"},null,"kg",null,"",{"$f":"IF(ISNUMBER(F2539),E2539*F2539,\"\")","v":""},null,null,0]
[null,null,null,null,null,"",{"$f":"IF(ISNUMBER(F2540),E2540*F2540,\"\")","v":""},null,null,0]
[null,null,"ARAME GALVANIZADO 16 BWG, D = 1,65MM (0,0166 KG/M)","kg",1,29.725499999999997,{"$f":"IF(ISNUMBER(F2541),E2541*F2541,\"\")","v":29.725499999999997},{"$f":"SUM(G2541:G2541)","v":29.725499999999997},null,0]
[null,null,null,null,null,"",{"$f":"IF(ISNUMBER(F2542),E2542*F2542,\"\")","v":""},null,null,0]
["SF-00561",{"$f":"INDEX(Orçamentária!A:B,MATCH(Composições!A2543,Orçamentária!A:A,0),2)","v":"Tela em aço galvanizado, tipo alambrado, malha 2, fio 12"},null,"m2",null,"",{"$f":"IF(ISNUMBER(F2543),E2543*F2543,\"\")","v":""},null,null,0]
[null,null,null,null,null,"",{"$f":"IF(ISNUMBER(F2544),E2544*F2544,\"\")","v":""},null,null,0]
[null,null,"TELA DE ARAME GALVANIZADA QUADRANGULAR / LOSANGULAR, FIO 2,77 MM (12 BWG), MALHA 5 X 5 CM, H = 2 M","m2",1,40.023499999999999,{"$f":"IF(ISNUMBER(F2545),E2545*F2545,\"\")","v":40.023499999999999},{"$f":"SUM(G2545:G2545)","v":40.023499999999999},null,0]
[null,null,null,null,null,"",{"$f":"IF(ISNUMBER(F2546),E2546*F2546,\"\")","v":""},null,null,0]
["SF-00562",{"$f":"INDEX(Orçamentária!A:B,MATCH(Composições!A2547,Orçamentária!A:A,0),2)","v":"Massa Adesiva Plástica"},null,"un",null,"",{"$f":"IF(ISNUMBER(F2547),E2547*F2547,\"\")","v":""},null,null,0]
[null,null,null,null,null,"",{"$f":"IF(ISNUMBER(F2548),E2548*F2548,\"\")","v":""},null,null,0]
[null,null,"MASSA PLASTICA PARA MARMORE/GRANITO","kg",0.4,35.1785,{"$f":"IF(ISNUMBER(F2549),E2549*F2549,\"\")","v":14.071400000000001},{"$f":"SUM(G2549:G2549)","v":14.071400000000001},null,0]
[null,null,null,null,null,"",{"$f":"IF(ISNUMBER(F2550),E2550*F2550,\"\")","v":""},null,null,0]
["SF-00563",{"$f":"INDEX(Orçamentária!A:B,MATCH(Composições!A2551,Orçamentária!A:A,0),2)","v":"Argamassa Para Contrapiso"},null,"40 kg",null,"",{"$f":"IF(ISNUMBER(F2551),E2551*F2551,\"\")","v":""},null,null,0]
[null,null,null,null,null,"",{"$f":"IF(ISNUMBER(F2552),E2552*F2552,\"\")","v":""},null,null,0]
[null,null,"ARGAMASSA PRONTA PARA CONTRAPISO","kg",40,0.58899999999999997,{"$f":"IF(ISNUMBER(F2553),E2553*F2553,\"\")","v":23.56},{"$f":"SUM(G2553:G2553)","v":23.56},null,0]
[null,null,null,null,null,"",{"$f":"IF(ISNUMBER(F2554),E2554*F2554,\"\")","v":""},null,null,0]
["SF-00564",{"$f":"INDEX(Orçamentária!A:B,MATCH(Composições!A2555,Orçamentária!A:A,0),2)","v":"Argamassa Múltiplo Uso"},null,"40 kg",null,"",{"$f":"IF(ISNUMBER(F2555),E2555*F2555,\"\")","v":""},null,null,0]
[null,null,null,null,null,"",{"$f":"IF(ISNUMBER(F2556),E2556*F2556,\"\")","v":""},null,null,0]
[null,null,"ARGAMASSA INDUSTRIALIZADA MULTIUSO, PARA REVESTIMENTO INTERNO E EXTERNO E ASSENTAMENTO DE BLOCOS DIVERSOS","kg",40,0.61749999999999994,{"$f":"IF(ISNUMBER(F2557),E2557*F2557,\"\")","v":24.699999999999996},{"$f":"SUM(G2557:G2557)","v":24.699999999999996},null,0]
[null,null,null,null,null,"",{"$f":"IF(ISNUMBER(F2558),E2558*F2558,\"\")","v":""},null,null,0]
["SF-00565",{"$f":"INDEX(Orçamentária!A:B,MATCH(Composições!A2559,Orçamentária!A:A,0),2)","v":"Cimento Portland CP II E 32"},null,"50 kg",null,"",{"$f":"IF(ISNUMBER(F2559),E2559*F2559,\"\")","v":""},null,null,0]
[null,null,null,null,null,"",{"$f":"IF(ISNUMBER(F2560),E2560*F2560,\"\")","v":""},null,null,0]
[null,null,"CIMENTO PORTLAND COMPOSTO CP II-32","kg",50,0.627,{"$f":"IF(ISNUMBER(F2561),E2561*F2561,\"\")","v":31.35},{"$f":"SUM(G2561:G2561)","v":31.35},null,0]
[null,null,null,null,null,"",{"$f":"IF(ISNUMBER(F2562),E2562*F2562,\"\")","v":""},null,null,0]
["SF-00566",{"$f":"INDEX(Orçamentária!A:B,MATCH(Composições!A2563,Orçamentária!A:A,0),2)","v":"Argamassa Colante tipo AC III"},null,"20 kg",null,"",{"$f":"IF(ISNUMBER(F2563),E2563*F2563,\"\")","v":""},null,null,0]
[null,null,null,null,null,"",{"$f":"IF(ISNUMBER(F2564),E2564*F2564,\"\")","v":""},null,null,0]
[null,null,"Argamassa colante tipo AC III","kg",20,1.748,{"$f":"IF(ISNUMBER(F2565),E2565*F2565,\"\")","v":34.96},{"$f":"SUM(G2565:G2565)","v":34.96},null,0]
[null,null,null,null,null,"",{"$f":"IF(ISNUMBER(F2566),E2566*F2566,\"\")","v":""},null,null,0]
["SF-00567",{"$f":"INDEX(Orçamentária!A:B,MATCH(Composições!A2567,Orçamentária!A:A,0),2)","v":"Gesso Para Uso Geral"},null,"40 kg",null,"",{"$f":"IF(ISNUMBER(F2567),E2567*F2567,\"\")","v":""},null,null,0]
[null,null,null,null,null,"",{"$f":"IF(ISNUMBER(F2568),E2568*F2568,\"\")","v":""},null,null,0]
[null,null,"GESSO EM PO PARA REVESTIMENTOS/MOLDURAS/SANCAS E USO GERAL","kg",40,0.73149999999999993,{"$f":"IF(ISNUMBER(F2569),E2569*F2569,\"\")","v":29.259999999999998},{"$f":"SUM(G2569:G2569)","v":29.259999999999998},null,0]
[null,null,null,null,null,"",{"$f":"IF(ISNUMBER(F2570),E2570*F2570,\"\")","v":""},null,null,0]
["SF-00568",{"$f":"INDEX(Orçamentária!A:B,MATCH(Composições!A2571,Orçamentária!A:A,0),2)","v":"Areia Média"},null,"m3",null,"",{"$f":"IF(ISNUMBER(F2571),E2571*F2571,\"\")","v":""},null,null,0]
[null,null,null,null,null,"",{"$f":"IF(ISNUMBER(F2572),E2572*F2572,\"\")","v":""},null,null,0]
[null,null,"AREIA MEDIA - POSTO JAZIDA/FORNECEDOR (RETIRADO NA JAZIDA, SEM TRANSPORTE)","m3",1,202.2835,{"$f":"IF(ISNUMBER(F2573),E2573*F2573,\"\")","v":202.2835},{"$f":"SUM(G2573:G2575)","v":245.92182314999999},null,0]
[null,null,"CARGA, MANOBRA E DESCARGA DE SOLOS E MATERIAIS GRANULARES EM CAMINHÃO BASCULANTE 6 M³ - CARGA COM PÁ CARREGADEIRA (CAÇAMBA DE 1,7 A 2,8 M³ / 128 HP) E DESCARGA LIVRE (UNIDADE: M3). AF_07/2020","m3",{"$f":"E2573","v":1},7.9843291499999998,{"$f":"IF(ISNUMBER(F2574),E2574*F2574,\"\")","v":7.9843291499999998},null,null,0]
[null,null,"TRANSPORTE COM CAMINHÃO BASCULANTE DE 6 M3, EM VIA URBANA PAVIMENTADA, DMT ATÉ 30 KM (UNIDADE: TxKM). AF_01/2018","TxKM",{"$f":"E2573*20","v":20},1.7826996999999996,{"$f":"IF(ISNUMBER(F2575),E2575*F2575,\"\")","v":35.65399399999999},null,null,0]
[null,null,null,null,null,"",{"$f":"IF(ISNUMBER(F2576),E2576*F2576,\"\")","v":""},null,null,0]
[null,null,"Obs.: Considerando fornecedor de areia a 20 km do Senado Federal.",null,null,"",{"$f":"IF(ISNUMBER(F2577),E2577*F2577,\"\")","v":""},null,null,0]
[null,null,null,null,null,"",{"$f":"IF(ISNUMBER(F2578),E2578*F2578,\"\")","v":""},null,null,0]
["SF-00569",{"$f":"INDEX(Orçamentária!A:B,MATCH(Composições!A2579,Orçamentária!A:A,0),2)","v":"Brita Nº 0"},null,"m3",null,"",{"$f":"IF(ISNUMBER(F2579),E2579*F2579,\"\")","v":""},null,null,0]
[null,null,null,null,null,"",{"$f":"IF(ISNUMBER(F2580),E2580*F2580,\"\")","v":""},null,null,0]
[null,null,"PEDRA BRITADA N. 0, OU PEDRISCO (4,8 A 9,5 MM) POSTO PEDREIRA/FORNECEDOR, SEM FRETE","m3",1,185.47800000000001,{"$f":"IF(ISNUMBER(F2581),E2581*F2581,\"\")","v":185.47800000000001},{"$f":"SUM(G2581:G2583)","v":229.11632315},null,0]
[null,null,"CARGA, MANOBRA E DESCARGA DE SOLOS E MATERIAIS GRANULARES EM CAMINHÃO BASCULANTE 6 M³ - CARGA COM PÁ CARREGADEIRA (CAÇAMBA DE 1,7 A 2,8 M³ / 128 HP) E DESCARGA LIVRE (UNIDADE: M3). AF_07/2020","m3",{"$f":"E2581","v":1},7.9843291499999998,{"$f":"IF(ISNUMBER(F2582),E2582*F2582,\"\")","v":7.9843291499999998},null,null,0]
[null,null,"TRANSPORTE COM CAMINHÃO BASCULANTE DE 6 M3, EM VIA URBANA PAVIMENTADA, DMT ATÉ 30 KM (UNIDADE: TxKM). AF_01/2018","TxKM",{"$f":"E2581*20","v":20},1.7826996999999996,{"$f":"IF(ISNUMBER(F2583),E2583*F2583,\"\")","v":35.65399399999999},null,null,0]
[null,null,null,null,null,"",{"$f":"IF(ISNUMBER(F2584),E2584*F2584,\"\")","v":""},null,null,0]
[null,null,"Obs.: Considerando fornecedor de brita a 20 km do Senado Federal.",null,null,"",{"$f":"IF(ISNUMBER(F2585),E2585*F2585,\"\")","v":""},null,null,0]
[null,null,null,null,null,"",{"$f":"IF(ISNUMBER(F2586),E2586*F2586,\"\")","v":""},null,null,0]
["SF-00570",{"$f":"INDEX(Orçamentária!A:B,MATCH(Composições!A2587,Orçamentária!A:A,0),2)","v":"Brita Nº 1"},null,"m3",null,"",{"$f":"IF(ISNUMBER(F2587),E2587*F2587,\"\")","v":""},null,null,0]
[null,null,null,null,null,"",{"$f":"IF(ISNUMBER(F2588),E2588*F2588,\"\")","v":""},null,null,0]
[null,null,"PEDRA BRITADA N. 1 (9,5 a 19 MM) POSTO PEDREIRA/FORNECEDOR, SEM FRETE","m3",1,160.65450000000001,{"$f":"IF(ISNUMBER(F2589),E2589*F2589,\"\")","v":160.65450000000001},{"$f":"SUM(G2589:G2591)","v":204.29282315},null,0]
[null,null,"CARGA, MANOBRA E DESCARGA DE SOLOS E MATERIAIS GRANULARES EM CAMINHÃO BASCULANTE 6 M³ - CARGA COM PÁ CARREGADEIRA (CAÇAMBA DE 1,7 A 2,8 M³ / 128 HP) E DESCARGA LIVRE (UNIDADE: M3). AF_07/2020","m3",{"$f":"E2589","v":1},7.9843291499999998,{"$f":"IF(ISNUMBER(F2590),E2590*F2590,\"\")","v":7.9843291499999998},null,null,0]
[null,null,"TRANSPORTE COM CAMINHÃO BASCULANTE DE 6 M3, EM VIA URBANA PAVIMENTADA, DMT ATÉ 30 KM (UNIDADE: TxKM). AF_01/2018","TxKM",{"$f":"E2589*20","v":20},1.7826996999999996,{"$f":"IF(ISNUMBER(F2591),E2591*F2591,\"\")","v":35.65399399999999},null,null,0]
[null,null,null,null,null,"",{"$f":"IF(ISNUMBER(F2592),E2592*F2592,\"\")","v":""},null,null,0]
[null,null,"Obs.: Considerando fornecedor de brita a 20 km do Senado Federal.",null,null,"",{"$f":"IF(ISNUMBER(F2593),E2593*F2593,\"\")","v":""},null,null,0]
[null,null,null,null,null,"",{"$f":"IF(ISNUMBER(F2594),E2594*F2594,\"\")","v":""},null,null,0]
["SF-00571",{"$f":"INDEX(Orçamentária!A:B,MATCH(Composições!A2595,Orçamentária!A:A,0),2)","v":"Bloco Cerâmico De 08 Furos"},null,"un",null,"",{"$f":"IF(ISNUMBER(F2595),E2595*F2595,\"\")","v":""},null,null,0]
[null,null,null,null,null,"",{"$f":"IF(ISNUMBER(F2596),E2596*F2596,\"\")","v":""},null,null,0]
[null,null,"BLOCO CERAMICO / TIJOLO VAZADO PARA ALVENARIA DE VEDACAO, 8 FUROS NA HORIZONTAL, DE 9 X 19 X 19 CM (L XA X C)","UN",1,0.75049999999999994,{"$f":"IF(ISNUMBER(F2597),E2597*F2597,\"\")","v":0.75049999999999994},{"$f":"SUM(G2597:G2597)","v":0.75049999999999994},null,0]
[null,null,null,null,null,"",{"$f":"IF(ISNUMBER(F2598),E2598*F2598,\"\")","v":""},null,null,0]
["SF-00572",{"$f":"INDEX(Orçamentária!A:B,MATCH(Composições!A2599,Orçamentária!A:A,0),2)","v":"Tijolo Maciço"},null,"un",null,"",{"$f":"IF(ISNUMBER(F2599),E2599*F2599,\"\")","v":""},null,null,0]
[null,null,null,null,null,"",{"$f":"IF(ISNUMBER(F2600),E2600*F2600,\"\")","v":""},null,null,0]
[null,null,"TIJOLO CERAMICO MACICO COMUM *5 X 10 X 20* CM (L X A X C)","UN",1,0.63649999999999995,{"$f":"IF(ISNUMBER(F2601),E2601*F2601,\"\")","v":0.63649999999999995},{"$f":"SUM(G2601:G2601)","v":0.63649999999999995},null,0]
[null,null,null,null,null,"",{"$f":"IF(ISNUMBER(F2602),E2602*F2602,\"\")","v":""},null,null,0]
["SF-00573",{"$f":"INDEX(Orçamentária!A:B,MATCH(Composições!A2603,Orçamentária!A:A,0),2)","v":"Bloco De Concreto Com 02 Furos"},null,"un",null,"",{"$f":"IF(ISNUMBER(F2603),E2603*F2603,\"\")","v":""},null,null,0]
[null,null,null,null,null,"",{"$f":"IF(ISNUMBER(F2604),E2604*F2604,\"\")","v":""},null,null,0]
[null,null,"BLOCO DE VEDACAO DE CONCRETO 19 X 19 X 39 CM (CLASSE C - NBR 6136)","UN",1,4.4554999999999998,{"$f":"IF(ISNUMBER(F2605),E2605*F2605,\"\")","v":4.4554999999999998},{"$f":"SUM(G2605:G2605)","v":4.4554999999999998},null,0]
[null,null,null,null,null,"",{"$f":"IF(ISNUMBER(F2606),E2606*F2606,\"\")","v":""},null,null,0]
["SF-00574",{"$f":"INDEX(Orçamentária!A:B,MATCH(Composições!A2607,Orçamentária!A:A,0),2)","v":"Bloco De Concreto Tipo Canaleta"},null,"un",null,"",{"$f":"IF(ISNUMBER(F2607),E2607*F2607,\"\")","v":""},null,null,0]
[null,null,null,null,null,"",{"$f":"IF(ISNUMBER(F2608),E2608*F2608,\"\")","v":""},null,null,0]
[null,null,"BLOCO DE VEDACAO TIPO CANALETA DE CONCRETO 19 X 19 X 39 CM (CLASSE C - NBR 6136)","un ",1,0,{"$f":"IF(ISNUMBER(F2609),E2609*F2609,\"\")","v":0},{"$f":"SUM(G2609:G2609)","v":0},null,0]
[null,null,null,null,null,"",{"$f":"IF(ISNUMBER(F2610),E2610*F2610,\"\")","v":""},null,null,0]
["SF-00575",{"$f":"INDEX(Orçamentária!A:B,MATCH(Composições!A2611,Orçamentária!A:A,0),2)","v":"Vergalhão Ca-60 Diâmetro 5,0 Mm"},null,"m",null,"",{"$f":"IF(ISNUMBER(F2611),E2611*F2611,\"\")","v":""},null,null,0]
[null,null,null,null,null,"",{"$f":"IF(ISNUMBER(F2612),E2612*F2612,\"\")","v":""},null,null,0]
[null,null,"ACO CA-60, 4,2 MM, OU 5,0 MM, OU 6,0 MM, OU 7,0 MM, VERGALHAO","kg",0.154,9.0060000000000002,{"$f":"IF(ISNUMBER(F2613),E2613*F2613,\"\")","v":1.386924},{"$f":"SUM(G2613:G2613)","v":1.386924},null,0]
[null,null,null,null,null,"",{"$f":"IF(ISNUMBER(F2614),E2614*F2614,\"\")","v":""},null,null,0]
["SF-00576",{"$f":"INDEX(Orçamentária!A:B,MATCH(Composições!A2615,Orçamentária!A:A,0),2)","v":"Vergalhão Ca-50 Diâmetro 6,3 Mm"},null,"m",null,"",{"$f":"IF(ISNUMBER(F2615),E2615*F2615,\"\")","v":""},null,null,0]
[null,null,null,null,null,"",{"$f":"IF(ISNUMBER(F2616),E2616*F2616,\"\")","v":""},null,null,0]
[null,null,"ACO CA-50, 6,3 MM, VERGALHAO","kg",0.245,10.041499999999999,{"$f":"IF(ISNUMBER(F2617),E2617*F2617,\"\")","v":2.4601674999999998},{"$f":"SUM(G2617:G2617)","v":2.4601674999999998},null,0]
[null,null,null,null,null,"",{"$f":"IF(ISNUMBER(F2618),E2618*F2618,\"\")","v":""},null,null,0]
["SF-00577",{"$f":"INDEX(Orçamentária!A:B,MATCH(Composições!A2619,Orçamentária!A:A,0),2)","v":"Vergalhão Ca-50 Diâmetro 8,0 Mm"},null,"m",null,"",{"$f":"IF(ISNUMBER(F2619),E2619*F2619,\"\")","v":""},null,null,0]
[null,null,null,null,null,"",{"$f":"IF(ISNUMBER(F2620),E2620*F2620,\"\")","v":""},null,null,0]
[null,null,"ACO CA-50, 8,0 MM, VERGALHAO","kg",0.39500000000000002,10.0985,{"$f":"IF(ISNUMBER(F2621),E2621*F2621,\"\")","v":3.9889074999999998},{"$f":"SUM(G2621:G2621)","v":3.9889074999999998},null,0]
[null,null,null,null,null,"",{"$f":"IF(ISNUMBER(F2622),E2622*F2622,\"\")","v":""},null,null,0]
["SF-00578",{"$f":"INDEX(Orçamentária!A:B,MATCH(Composições!A2623,Orçamentária!A:A,0),2)","v":"Vergalhão Ca-50 Diâmetro 10,0 Mm"},null,"m",null,"",{"$f":"IF(ISNUMBER(F2623),E2623*F2623,\"\")","v":""},null,null,0]
[null,null,null,null,null,"",{"$f":"IF(ISNUMBER(F2624),E2624*F2624,\"\")","v":""},null,null,0]
[null,null,"ACO CA-50, 10,0 MM, VERGALHAO","kg",0.61699999999999999,9.5189999999999984,{"$f":"IF(ISNUMBER(F2625),E2625*F2625,\"\")","v":5.8732229999999985},{"$f":"SUM(G2625:G2625)","v":5.8732229999999985},null,0]
[null,null,null,null,null,"",{"$f":"IF(ISNUMBER(F2626),E2626*F2626,\"\")","v":""},null,null,0]
["SF-00579",{"$f":"INDEX(Orçamentária!A:B,MATCH(Composições!A2627,Orçamentária!A:A,0),2)","v":"Vergalhão Ca-50 Diâmetro 12,5 Mm"},null,"m",null,"",{"$f":"IF(ISNUMBER(F2627),E2627*F2627,\"\")","v":""},null,null,0]
[null,null,null,null,null,"",{"$f":"IF(ISNUMBER(F2628),E2628*F2628,\"\")","v":""},null,null,0]
[null,null,"ACO CA-50, 12,5 MM OU 16,0 MM, VERGALHAO","kg",0.96299999999999997,8.2459999999999987,{"$f":"IF(ISNUMBER(F2629),E2629*F2629,\"\")","v":7.940897999999998},{"$f":"SUM(G2629:G2629)","v":7.940897999999998},null,0]
[null,null,null,null,null,"",{"$f":"IF(ISNUMBER(F2630),E2630*F2630,\"\")","v":""},null,null,0]
["SF-00580",{"$f":"INDEX(Orçamentária!A:B,MATCH(Composições!A2631,Orçamentária!A:A,0),2)","v":"Arame Recozido Nº 18"},null,"kg",null,"",{"$f":"IF(ISNUMBER(F2631),E2631*F2631,\"\")","v":""},null,null,0]
[null,null,null,null,null,"",{"$f":"IF(ISNUMBER(F2632),E2632*F2632,\"\")","v":""},null,null,0]
[null,null,"ARAME RECOZIDO 16 BWG, D = 1,65 MM (0,016 KG/M) OU 18 BWG, D = 1,25 MM (0,01 KG/M)","kg",1,22.61,{"$f":"IF(ISNUMBER(F2633),E2633*F2633,\"\")","v":22.61},{"$f":"SUM(G2633:G2633)","v":22.61},null,0]
[null,null,null,null,null,"",{"$f":"IF(ISNUMBER(F2634),E2634*F2634,\"\")","v":""},null,null,0]
["SF-00581",{"$f":"INDEX(Orçamentária!A:B,MATCH(Composições!A2635,Orçamentária!A:A,0),2)","v":"Adesivo Estrutural Epóxi Bicomponente"},null,"kg",null,"",{"$f":"IF(ISNUMBER(F2635),E2635*F2635,\"\")","v":""},null,null,0]
[null,null,null,null,null,"",{"$f":"IF(ISNUMBER(F2636),E2636*F2636,\"\")","v":""},null,null,0]
[null,null,"ADESIVO ESTRUTURAL A BASE DE RESINA EPOXI, BICOMPONENTE, FLUIDO","kg",1,61.892500000000005,{"$f":"IF(ISNUMBER(F2637),E2637*F2637,\"\")","v":61.892500000000005},{"$f":"SUM(G2637:G2637)","v":61.892500000000005},null,0]
[null,null,null,null,null,"",{"$f":"IF(ISNUMBER(F2638),E2638*F2638,\"\")","v":""},null,null,0]
["SF-00582",{"$f":"INDEX(Orçamentária!A:B,MATCH(Composições!A2639,Orçamentária!A:A,0),2)","v":"Adesivo Selante Poliuretano"},null,"un",null,"",{"$f":"IF(ISNUMBER(F2639),E2639*F2639,\"\")","v":""},null,null,0]
[null,null,null,null,null,"",{"$f":"IF(ISNUMBER(F2640),E2640*F2640,\"\")","v":""},null,null,0]
[null,null,"SELANTE ELASTICO MONOCOMPONENTE A BASE DE POLIURETANO (PU) PARA JUNTAS DIVERSAS","310ml",1,40.042499999999997,{"$f":"IF(ISNUMBER(F2641),E2641*F2641,\"\")","v":40.042499999999997},{"$f":"SUM(G2641:G2641)","v":40.042499999999997},null,0]
[null,null,null,null,null,"",{"$f":"IF(ISNUMBER(F2642),E2642*F2642,\"\")","v":""},null,null,0]
["SF-00583",{"$f":"INDEX(Orçamentária!A:B,MATCH(Composições!A2643,Orçamentária!A:A,0),2)","v":"Selante de Silicone"},null,"un",null,"",{"$f":"IF(ISNUMBER(F2643),E2643*F2643,\"\")","v":""},null,null,0]
[null,null,null,null,null,"",{"$f":"IF(ISNUMBER(F2644),E2644*F2644,\"\")","v":""},null,null,0]
[null,null,"SILICONE ACETICO USO GERAL INCOLOR 280 G","un",1,26.4575,{"$f":"IF(ISNUMBER(F2645),E2645*F2645,\"\")","v":26.4575},{"$f":"SUM(G2645:G2645)","v":26.4575},null,0]
[null,null,null,null,null,"",{"$f":"IF(ISNUMBER(F2646),E2646*F2646,\"\")","v":""},null,null,0]
["SF-00588",{"$f":"INDEX(Orçamentária!A:B,MATCH(Composições!A2647,Orçamentária!A:A,0),2)","v":"Aditivo Impermeabilizante"},null,"L",null,"",{"$f":"IF(ISNUMBER(F2647),E2647*F2647,\"\")","v":""},null,null,8]
[null,null,null,null,null,"",{"$f":"IF(ISNUMBER(F2648),E2648*F2648,\"\")","v":""},null,null,8]
[null,null,"ADITIVO IMPERMEABILIZANTE DE PEGA NORMAL PARA ARGAMASSAS E CONCRETOS SEM ARMACAO, LIQUIDO E ISENTO DE CLORETOS","L",1,8.3504999999999985,{"$f":"IF(ISNUMBER(F2649),E2649*F2649,\"\")","v":8.3504999999999985},{"$f":"SUM(G2649:G2649)","v":8.3504999999999985},null,8]
[null,null,null,null,null,"",{"$f":"IF(ISNUMBER(F2650),E2650*F2650,\"\")","v":""},null,null,8]
["SF-00592",{"$f":"INDEX(Orçamentária!A:B,MATCH(Composições!A2651,Orçamentária!A:A,0),2)","v":"Lona Plástica"},null,"m2",null,"",{"$f":"IF(ISNUMBER(F2651),E2651*F2651,\"\")","v":""},null,null,0]
[null,null,null,null,null,"",{"$f":"IF(ISNUMBER(F2652),E2652*F2652,\"\")","v":""},null,null,0]
[null,null,"LONA PLASTICA EXTRA FORTE PRETA, E = 200 MICRA","m2",1,1.8239999999999998,{"$f":"IF(ISNUMBER(F2653),E2653*F2653,\"\")","v":1.8239999999999998},{"$f":"SUM(G2653:G2653)","v":1.8239999999999998},null,0]
[null,null,null,null,null,"",{"$f":"IF(ISNUMBER(F2654),E2654*F2654,\"\")","v":""},null,null,0]
["SF-00708",{"$f":"INDEX(Orçamentária!A:B,MATCH(Composições!A2655,Orçamentária!A:A,0),2)","v":"Supervisor(a)-Geral"},null,"Profissional",null,"",{"$f":"IF(ISNUMBER(F2655),E2655*F2655,\"\")","v":""},null,null,0]
[null,null,null,null,null,"",{"$f":"IF(ISNUMBER(F2656),E2656*F2656,\"\")","v":""},null,null,0]
[null,null,"ENGENHEIRO CIVIL DE OBRA PLENO COM ENCARGOS COMPLEMENTARES","h",{"$f":"ROUND(220/(1+110.14%),4)","v":104.6921},118.2085,{"$f":"IF(ISNUMBER(F2657),E2657*F2657,\"\")","v":12375.49610285},{"$f":"SUM(G2657:G2657)","v":12375.49610285},null,0]
[null,null,null,null,null,"",{"$f":"IF(ISNUMBER(F2658),E2658*F2658,\"\")","v":""},null,null,0]
[null,null,"Obs: considerando 220h/mês e encargos sociais indicados na tabela do SINAPI.",null,null,"",{"$f":"IF(ISNUMBER(F2659),E2659*F2659,\"\")","v":""},null,null,0]
[null,null,null,null,null,"",{"$f":"IF(ISNUMBER(F2660),E2660*F2660,\"\")","v":""},null,null,0]
["SF-00709",{"$f":"INDEX(Orçamentária!A:B,MATCH(Composições!A2661,Orçamentária!A:A,0),2)","v":"Apoio Técnico Administrativo – Controle de Almoxarifado"},null,"Profissional",null,"",{"$f":"IF(ISNUMBER(F2661),E2661*F2661,\"\")","v":""},null,null,0]
[null,null,null,null,null,"",{"$f":"IF(ISNUMBER(F2662),E2662*F2662,\"\")","v":""},null,null,0]
[null,null,"ALMOXARIFE COM ENCARGOS COMPLEMENTARES","h",{"$f":"ROUND(220/(1+110.14%),4)","v":104.6921},31.264499999999995,{"$f":"IF(ISNUMBER(F2663),E2663*F2663,\"\")","v":3273.1461604499991},{"$f":"SUM(G2663:G2663)","v":3273.1461604499991},null,0]
[null,null,null,null,null,"",{"$f":"IF(ISNUMBER(F2664),E2664*F2664,\"\")","v":""},null,null,0]
[null,null,"Obs: considerando 220h/mês e encargos sociais indicados na tabela do SINAPI.",null,null,"",{"$f":"IF(ISNUMBER(F2665),E2665*F2665,\"\")","v":""},null,null,0]
[null,null,null,null,null,"",{"$f":"IF(ISNUMBER(F2666),E2666*F2666,\"\")","v":""},null,null,0]
["SF-00710",{"$f":"INDEX(Orçamentária!A:B,MATCH(Composições!A2667,Orçamentária!A:A,0),2)","v":"Ajudante de Serviços Gerais"},null,"Profissional",null,"",{"$f":"IF(ISNUMBER(F2667),E2667*F2667,\"\")","v":""},null,null,0]
[null,null,null,null,null,"",{"$f":"IF(ISNUMBER(F2668),E2668*F2668,\"\")","v":""},null,null,0]
[null,null,"SERVENTE COM ENCARGOS COMPLEMENTARES","h",{"$f":"ROUND(220/(1+110.14%),4)","v":104.6921},20.225499999999997,{"$f":"IF(ISNUMBER(F2669),E2669*F2669,\"\")","v":2117.4500685499997},{"$f":"SUM(G2669:G2669)","v":2117.4500685499997},null,0]
[null,null,null,null,null,"",{"$f":"IF(ISNUMBER(F2670),E2670*F2670,\"\")","v":""},null,null,0]
[null,null,"Obs: considerando 220h/mês e encargos sociais indicados na tabela do SINAPI.",null,null,"",{"$f":"IF(ISNUMBER(F2671),E2671*F2671,\"\")","v":""},null,null,0]
[null,null,null,null,null,"",{"$f":"IF(ISNUMBER(F2672),E2672*F2672,\"\")","v":""},null,null,0]
["SF-00711",{"$f":"INDEX(Orçamentária!A:B,MATCH(Composições!A2673,Orçamentária!A:A,0),2)","v":"Ajudante de Marceneiro(a)"},null,"Profissional",null,"",{"$f":"IF(ISNUMBER(F2673),E2673*F2673,\"\")","v":""},null,null,0]
[null,null,null,null,null,"",{"$f":"IF(ISNUMBER(F2674),E2674*F2674,\"\")","v":""},null,null,0]
[null,null,"AJUDANTE DE CARPINTEIRO COM ENCARGOS COMPLEMENTARES","h",{"$f":"ROUND(220/(1+110.14%),4)","v":104.6921},21.337,{"$f":"IF(ISNUMBER(F2675),E2675*F2675,\"\")","v":2233.8153376999999},{"$f":"SUM(G2675:G2675)","v":2233.8153376999999},null,0]
[null,null,null,null,null,"",{"$f":"IF(ISNUMBER(F2676),E2676*F2676,\"\")","v":""},null,null,0]
[null,null,"Obs: considerando 220h/mês e encargos sociais indicados na tabela do SINAPI.",null,null,"",{"$f":"IF(ISNUMBER(F2677),E2677*F2677,\"\")","v":""},null,null,0]
[null,null,null,null,null,"",{"$f":"IF(ISNUMBER(F2678),E2678*F2678,\"\")","v":""},null,null,0]
["SF-00712",{"$f":"INDEX(Orçamentária!A:B,MATCH(Composições!A2679,Orçamentária!A:A,0),2)","v":"Ajudante de Serralheiro(a)"},null,"Profissional",null,"",{"$f":"IF(ISNUMBER(F2679),E2679*F2679,\"\")","v":""},null,null,0]
[null,null,null,null,null,"",{"$f":"IF(ISNUMBER(F2680),E2680*F2680,\"\")","v":""},null,null,0]
[null,null,"AUXILIAR DE SERRALHEIRO COM ENCARGOS COMPLEMENTARES","h",{"$f":"ROUND(220/(1+110.14%),4)","v":104.6921},21.479499999999998,{"$f":"IF(ISNUMBER(F2681),E2681*F2681,\"\")","v":2248.7339619499999},{"$f":"SUM(G2681:G2681)","v":2248.7339619499999},null,0]
[null,null,null,null,null,"",{"$f":"IF(ISNUMBER(F2682),E2682*F2682,\"\")","v":""},null,null,0]
[null,null,"Obs: considerando 220h/mês e encargos sociais indicados na tabela do SINAPI.",null,null,"",{"$f":"IF(ISNUMBER(F2683),E2683*F2683,\"\")","v":""},null,null,0]
[null,null,null,null,null,"",{"$f":"IF(ISNUMBER(F2684),E2684*F2684,\"\")","v":""},null,null,0]
["SF-00713",{"$f":"INDEX(Orçamentária!A:B,MATCH(Composições!A2685,Orçamentária!A:A,0),2)","v":"Lustrador(a) de Móveis"},null,"Profissional",null,"",{"$f":"IF(ISNUMBER(F2685),E2685*F2685,\"\")","v":""},null,null,0]
[null,null,null,null,null,"",{"$f":"IF(ISNUMBER(F2686),E2686*F2686,\"\")","v":""},null,null,0]
[null,null,"Marceneiro com encargos complementares","h",{"$f":"ROUND(220/(1+110.14%),4)","v":104.6921},25.4315,{"$f":"IF(ISNUMBER(F2687),E2687*F2687,\"\")","v":2662.4771411500001},{"$f":"SUM(G2687:G2687)","v":2662.4771411500001},null,0]
[null,null,null,null,null,"",{"$f":"IF(ISNUMBER(F2688),E2688*F2688,\"\")","v":""},null,null,0]
[null,null,"Obs: considerando 220h/mês e encargos sociais indicados na tabela do SINAPI.",null,null,"",{"$f":"IF(ISNUMBER(F2689),E2689*F2689,\"\")","v":""},null,null,0]
[null,null,null,null,null,"",{"$f":"IF(ISNUMBER(F2690),E2690*F2690,\"\")","v":""},null,null,0]
["SF-00714",{"$f":"INDEX(Orçamentária!A:B,MATCH(Composições!A2691,Orçamentária!A:A,0),2)","v":"Marceneiro(a)"},null,"Profissional",null,"",{"$f":"IF(ISNUMBER(F2691),E2691*F2691,\"\")","v":""},null,null,0]
[null,null,null,null,null,"",{"$f":"IF(ISNUMBER(F2692),E2692*F2692,\"\")","v":""},null,null,0]
[null,null,"Marceneiro com encargos complementares","h",{"$f":"ROUND(220/(1+110.14%),4)","v":104.6921},25.4315,{"$f":"IF(ISNUMBER(F2693),E2693*F2693,\"\")","v":2662.4771411500001},{"$f":"SUM(G2693:G2693)","v":2662.4771411500001},null,0]
[null,null,null,null,null,"",{"$f":"IF(ISNUMBER(F2694),E2694*F2694,\"\")","v":""},null,null,0]
[null,null,"Obs: considerando 220h/mês e encargos sociais indicados na tabela do SINAPI.",null,null,"",{"$f":"IF(ISNUMBER(F2695),E2695*F2695,\"\")","v":""},null,null,0]
[null,null,null,null,null,"",{"$f":"IF(ISNUMBER(F2696),E2696*F2696,\"\")","v":""},null,null,0]
["SF-00715",{"$f":"INDEX(Orçamentária!A:B,MATCH(Composições!A2697,Orçamentária!A:A,0),2)","v":"Serralheiro(a)"},null,"Profissional",null,"",{"$f":"IF(ISNUMBER(F2697),E2697*F2697,\"\")","v":""},null,null,0]
[null,null,null,null,null,"",{"$f":"IF(ISNUMBER(F2698),E2698*F2698,\"\")","v":""},null,null,0]
[null,null,"Serralheiro com encargos complementares","h",{"$f":"ROUND(220/(1+110.14%),4)","v":104.6921},26.970499999999998,{"$f":"IF(ISNUMBER(F2699),E2699*F2699,\"\")","v":2823.5982830499997},{"$f":"SUM(G2699:G2699)","v":2823.5982830499997},null,0]
[null,null,null,null,null,"",{"$f":"IF(ISNUMBER(F2700),E2700*F2700,\"\")","v":""},null,null,0]
[null,null,"Obs: considerando 220h/mês e encargos sociais indicados na tabela do SINAPI.",null,null,"",{"$f":"IF(ISNUMBER(F2701),E2701*F2701,\"\")","v":""},null,null,0]
[null,null,null,null,null,"",{"$f":"IF(ISNUMBER(F2702),E2702*F2702,\"\")","v":""},null,null,0]
["SF-00716",{"$f":"INDEX(Orçamentária!A:B,MATCH(Composições!A2703,Orçamentária!A:A,0),2)","v":"Mestre de Obras (Posto de Trabalho)"},null,"Profissional",null,"",{"$f":"IF(ISNUMBER(F2703),E2703*F2703,\"\")","v":""},null,null,0]
[null,null,null,null,null,"",{"$f":"IF(ISNUMBER(F2704),E2704*F2704,\"\")","v":""},null,null,0]
[null,null,"Mestre de obras com encargos complementares","h",{"$f":"ROUND(220/(1+110.14%),4)","v":104.6921},44.564499999999995,{"$f":"IF(ISNUMBER(F2705),E2705*F2705,\"\")","v":4665.5510904499997},{"$f":"SUM(G2705:G2705)","v":4665.5510904499997},null,0]
[null,null,null,null,null,"",{"$f":"IF(ISNUMBER(F2706),E2706*F2706,\"\")","v":""},null,null,0]
[null,null,"Obs: considerando 220h/mês e encargos sociais indicados na tabela do SINAPI.",null,null,"",{"$f":"IF(ISNUMBER(F2707),E2707*F2707,\"\")","v":""},null,null,0]
[null,null,null,null,null,"",{"$f":"IF(ISNUMBER(F2708),E2708*F2708,\"\")","v":""},null,null,0]
["SF-00717",{"$f":"INDEX(Orçamentária!A:B,MATCH(Composições!A2709,Orçamentária!A:A,0),2)","v":"Oficial de Serviços Gerais"},null,"Profissional",null,"",{"$f":"IF(ISNUMBER(F2709),E2709*F2709,\"\")","v":""},null,null,0]
[null,null,null,null,null,"",{"$f":"IF(ISNUMBER(F2710),E2710*F2710,\"\")","v":""},null,null,0]
[null,null,"PEDREIRO COM ENCARGOS COMPLEMENTARES","h",{"$f":"ROUND(220/(1+110.14%),4)","v":104.6921},27.160499999999999,{"$f":"IF(ISNUMBER(F2711),E2711*F2711,\"\")","v":2843.4897820499996},{"$f":"SUM(G2711:G2711)","v":2843.4897820499996},null,0]
[null,null,null,null,null,"",{"$f":"IF(ISNUMBER(F2712),E2712*F2712,\"\")","v":""},null,null,0]
[null,null,"Obs: considerando 220h/mês e encargos sociais indicados na tabela do SINAPI.",null,null,"",{"$f":"IF(ISNUMBER(F2713),E2713*F2713,\"\")","v":""},null,null,0]
[null,null,null,null,null,"",{"$f":"IF(ISNUMBER(F2714),E2714*F2714,\"\")","v":""},null,null,0]
["SF-00718",{"$f":"INDEX(Orçamentária!A:B,MATCH(Composições!A2715,Orçamentária!A:A,0),2)","v":"Alicate  de corte diagonal 6''"},null,"un",null,"",{"$f":"IF(ISNUMBER(F2715),E2715*F2715,\"\")","v":""},null,null,0]
[null,null,null,null,null,"",{"$f":"IF(ISNUMBER(F2716),E2716*F2716,\"\")","v":""},null,null,0]
[null,null,"ALICATE DE CORTE DIAGONAL 6 \" COM ISOLAMENTO","un",1,52.506500000000003,{"$f":"IF(ISNUMBER(F2717),E2717*F2717,\"\")","v":52.506500000000003},{"$f":"SUM(G2717:G2717)","v":52.506500000000003},null,0]
[null,null,null,null,null,"",{"$f":"IF(ISNUMBER(F2718),E2718*F2718,\"\")","v":""},null,null,0]
["SF-00728",{"$f":"INDEX(Orçamentária!A:B,MATCH(Composições!A2719,Orçamentária!A:A,0),2)","v":"Carrinho de mão reforçado"},null,"un",null,"",{"$f":"IF(ISNUMBER(F2719),E2719*F2719,\"\")","v":""},null,null,0]
[null,null,null,null,null,"",{"$f":"IF(ISNUMBER(F2720),E2720*F2720,\"\")","v":""},null,null,0]
[null,null,"CARRINHO DE MAO DE ACO CAPACIDADE 50 A 60 L, PNEU COM CAMARA","un",1,240.82499999999999,{"$f":"IF(ISNUMBER(F2721),E2721*F2721,\"\")","v":240.82499999999999},{"$f":"SUM(G2721:G2721)","v":240.82499999999999},null,0]
[null,null,null,null,null,"",{"$f":"IF(ISNUMBER(F2722),E2722*F2722,\"\")","v":""},null,null,0]
["SF-00737",{"$f":"INDEX(Orçamentária!A:B,MATCH(Composições!A2723,Orçamentária!A:A,0),2)","v":"Enxadão estreito com cabo"},null,"un",null,"",{"$f":"IF(ISNUMBER(F2723),E2723*F2723,\"\")","v":""},null,null,0]
[null,null,null,null,null,"",{"$f":"IF(ISNUMBER(F2724),E2724*F2724,\"\")","v":""},null,null,0]
[null,null,"ENXADA ESTREITA *25 X 23* CM COM CABO","un",1,59.66,{"$f":"IF(ISNUMBER(F2725),E2725*F2725,\"\")","v":59.66},{"$f":"SUM(G2725:G2725)","v":59.66},null,0]
[null,null,null,null,null,"",{"$f":"IF(ISNUMBER(F2726),E2726*F2726,\"\")","v":""},null,null,0]
["SF-00745",{"$f":"INDEX(Orçamentária!A:B,MATCH(Composições!A2727,Orçamentária!A:A,0),2)","v":"Espátula forjada de 8 cm"},null,"un",null,"",{"$f":"IF(ISNUMBER(F2727),E2727*F2727,\"\")","v":""},null,null,0]
[null,null,null,null,null,"",{"$f":"IF(ISNUMBER(F2728),E2728*F2728,\"\")","v":""},null,null,0]
[null,null,"ESPATULA DE ACO INOX COM CABO DE MADEIRA, LARGURA 8 CM","un",1,24.091999999999999,{"$f":"IF(ISNUMBER(F2729),E2729*F2729,\"\")","v":24.091999999999999},{"$f":"SUM(G2729:G2729)","v":24.091999999999999},null,0]
[null,null,null,null,null,"",{"$f":"IF(ISNUMBER(F2730),E2730*F2730,\"\")","v":""},null,null,0]
["SF-00746",{"$f":"INDEX(Orçamentária!A:B,MATCH(Composições!A2731,Orçamentária!A:A,0),2)","v":"Esquadro 300 mm"},null,"un",null,"",{"$f":"IF(ISNUMBER(F2731),E2731*F2731,\"\")","v":""},null,null,0]
[null,null,null,null,null,"",{"$f":"IF(ISNUMBER(F2732),E2732*F2732,\"\")","v":""},null,null,0]
[null,null,"ESQUADRO DE ACO 12 \" (300 MM), CABO DE ALUMINIO","un",1,38.275499999999994,{"$f":"IF(ISNUMBER(F2733),E2733*F2733,\"\")","v":38.275499999999994},{"$f":"SUM(G2733:G2733)","v":38.275499999999994},null,0]
[null,null,null,null,null,"",{"$f":"IF(ISNUMBER(F2734),E2734*F2734,\"\")","v":""},null,null,0]
["SF-00769",{"$f":"INDEX(Orçamentária!A:B,MATCH(Composições!A2735,Orçamentária!A:A,0),2)","v":"Prumo de centro"},null,"un",null,"",{"$f":"IF(ISNUMBER(F2735),E2735*F2735,\"\")","v":""},null,null,0]
[null,null,null,null,null,"",{"$f":"IF(ISNUMBER(F2736),E2736*F2736,\"\")","v":""},null,null,0]
[null,null,"PRUMO DE CENTRO EM ACO *400* G","un",1,48.411999999999999,{"$f":"IF(ISNUMBER(F2737),E2737*F2737,\"\")","v":48.411999999999999},{"$f":"SUM(G2737:G2737)","v":48.411999999999999},null,0]
[null,null,null,null,null,"",{"$f":"IF(ISNUMBER(F2738),E2738*F2738,\"\")","v":""},null,null,0]
["SF-00770",{"$f":"INDEX(Orçamentária!A:B,MATCH(Composições!A2739,Orçamentária!A:A,0),2)","v":"Prumo de parede"},null,"un",null,"",{"$f":"IF(ISNUMBER(F2739),E2739*F2739,\"\")","v":""},null,null,0]
[null,null,null,null,null,"",{"$f":"IF(ISNUMBER(F2740),E2740*F2740,\"\")","v":""},null,null,0]
[null,null,"PRUMO DE PAREDE EM ACO 700 A 750 G","un",1,55.195,{"$f":"IF(ISNUMBER(F2741),E2741*F2741,\"\")","v":55.195},{"$f":"SUM(G2741:G2741)","v":55.195},null,0]
[null,null,null,null,null,"",{"$f":"IF(ISNUMBER(F2742),E2742*F2742,\"\")","v":""},null,null,0]
["SF-00772",{"$f":"INDEX(Orçamentária!A:B,MATCH(Composições!A2743,Orçamentária!A:A,0),2)","v":"Régua de alumínio para pedreiro com 2m"},null,"un",null,"",{"$f":"IF(ISNUMBER(F2743),E2743*F2743,\"\")","v":""},null,null,0]
[null,null,null,null,null,"",{"$f":"IF(ISNUMBER(F2744),E2744*F2744,\"\")","v":""},null,null,0]
[null,null,"REGUA DE ALUMINIO PARA PEDREIRO 2 X 1 \"","m",2,64.771000000000001,{"$f":"IF(ISNUMBER(F2745),E2745*F2745,\"\")","v":129.542},{"$f":"SUM(G2745:G2745)","v":129.542},null,0]
[null,null,null,null,null,"",{"$f":"IF(ISNUMBER(F2746),E2746*F2746,\"\")","v":""},null,null,0]
["SF-00814",{"$f":"INDEX(Orçamentária!A:B,MATCH(Composições!A2747,Orçamentária!A:A,0),2)","v":"Desempenadeira de aço lisa"},null,"un",null,"",{"$f":"IF(ISNUMBER(F2747),E2747*F2747,\"\")","v":""},null,null,0]
[null,null,null,null,null,"",{"$f":"IF(ISNUMBER(F2748),E2748*F2748,\"\")","v":""},null,null,0]
[null,null,"DESEMPENADEIRA DE ACO LISA 12 X *25* CM COM CABO FECHADO DE MADEIRA","un",1,24.101500000000001,{"$f":"IF(ISNUMBER(F2749),E2749*F2749,\"\")","v":24.101500000000001},{"$f":"SUM(G2749:G2749)","v":24.101500000000001},null,0]
[null,null,null,null,null,"",{"$f":"IF(ISNUMBER(F2750),E2750*F2750,\"\")","v":""},null,null,0]
["SF-00815",{"$f":"INDEX(Orçamentária!A:B,MATCH(Composições!A2751,Orçamentária!A:A,0),2)","v":"Desempenadeira estriada em PVC 14 x 27 cm"},null,"un",null,"",{"$f":"IF(ISNUMBER(F2751),E2751*F2751,\"\")","v":""},null,null,0]
[null,null,null,null,null,"",{"$f":"IF(ISNUMBER(F2752),E2752*F2752,\"\")","v":""},null,null,0]
[null,null,"DESEMPENADEIRA PLASTICA LISA *14 X 27* CM","un",1,19.57,{"$f":"IF(ISNUMBER(F2753),E2753*F2753,\"\")","v":19.57},{"$f":"SUM(G2753:G2753)","v":19.57},null,0]
[null,null,null,null,null,"",{"$f":"IF(ISNUMBER(F2754),E2754*F2754,\"\")","v":""},null,null,0]
["SF-00828",{"$f":"INDEX(Orçamentária!A:B,MATCH(Composições!A2755,Orçamentária!A:A,0),2)","v":"Bota de PVC"},null,"par",null,"",{"$f":"IF(ISNUMBER(F2755),E2755*F2755,\"\")","v":""},null,null,0]
[null,null,null,null,null,"",{"$f":"IF(ISNUMBER(F2756),E2756*F2756,\"\")","v":""},null,null,0]
[null,null,"BOTA DE PVC PRETA, CANO MEDIO, SEM FORRO","par",1,38.930999999999997,{"$f":"IF(ISNUMBER(F2757),E2757*F2757,\"\")","v":38.930999999999997},{"$f":"SUM(G2757:G2757)","v":38.930999999999997},null,0]
[null,null,null,null,null,"",{"$f":"IF(ISNUMBER(F2758),E2758*F2758,\"\")","v":""},null,null,0]
["SF-00829",{"$f":"INDEX(Orçamentária!A:B,MATCH(Composições!A2759,Orçamentária!A:A,0),2)","v":"Capa de chuva"},null,"un",null,"",{"$f":"IF(ISNUMBER(F2759),E2759*F2759,\"\")","v":""},null,null,0]
[null,null,null,null,null,"",{"$f":"IF(ISNUMBER(F2760),E2760*F2760,\"\")","v":""},null,null,0]
[null,null,"CAPA PARA CHUVA EM PVC COM FORRO DE POLIESTER, COM CAPUZ (AMARELA OU AZUL)","un",1,17.565499999999997,{"$f":"IF(ISNUMBER(F2761),E2761*F2761,\"\")","v":17.565499999999997},{"$f":"SUM(G2761:G2761)","v":17.565499999999997},null,0]
[null,null,null,null,null,"",{"$f":"IF(ISNUMBER(F2762),E2762*F2762,\"\")","v":""},null,null,0]
["SF-00840",{"$f":"INDEX(Orçamentária!A:B,MATCH(Composições!A2763,Orçamentária!A:A,0),2)","v":"Talabarte em Y"},null,"un",null,"",{"$f":"IF(ISNUMBER(F2763),E2763*F2763,\"\")","v":""},null,null,0]
[null,null,null,null,null,"",{"$f":"IF(ISNUMBER(F2764),E2764*F2764,\"\")","v":""},null,null,0]
[null,null,"TALABARTE DE SEGURANCA, 2 MOSQUETOES TRAVA DUPLA *53* MM DE ABERTURA, COM ABSORVEDOR DE ENERGIA","un",1,180.80399999999997,{"$f":"IF(ISNUMBER(F2765),E2765*F2765,\"\")","v":180.80399999999997},{"$f":"SUM(G2765:G2765)","v":180.80399999999997},null,0]
[null,null,null,null,null,"",{"$f":"IF(ISNUMBER(F2766),E2766*F2766,\"\")","v":""},null,null,0]
["SF-00841",{"$f":"INDEX(Orçamentária!A:B,MATCH(Composições!A2763,Orçamentária!A:A,0),2)","v":"Talabarte em Y"},null,"un",null,"",{"$f":"IF(ISNUMBER(F2767),E2767*F2767,\"\")","v":""},null,null,0]
[null,null,null,null,null,"",{"$f":"IF(ISNUMBER(F2768),E2768*F2768,\"\")","v":""},null,null,0]
[null,null,"TRAVA-QUEDAS EM ACO PARA CORDA DE 12 MM, EXTENSOR DE 25 X 300 MM, COM MOSQUETAO TIPO GANCHO TRAVA DUPLA","un",1,158.83999999999997,{"$f":"IF(ISNUMBER(F2769),E2769*F2769,\"\")","v":158.83999999999997},{"$f":"SUM(G2769:G2769)","v":158.83999999999997},null,0]
[null,null,null,null,null,"",{"$f":"IF(ISNUMBER(F2770),E2770*F2770,\"\")","v":""},null,null,0]
["SF-00844",{"$f":"INDEX(Orçamentária!A:B,MATCH(Composições!A2771,Orçamentária!A:A,0),2)","v":"Instalação de vidro (comum, temperado, aramado ou laminado) reaproveitado"},null,"m2",null,"",{"$f":"IF(ISNUMBER(F2771),E2771*F2771,\"\")","v":""},null,null,0]
[null,null,null,null,null,"",{"$f":"IF(ISNUMBER(F2772),E2772*F2772,\"\")","v":""},null,null,0]
[null,null,"Vidraceiro com encargos complementares","h",1,25.060999999999996,{"$f":"IF(ISNUMBER(F2773),E2773*F2773,\"\")","v":25.060999999999996},{"$f":"SUM(G2773:G2774)","v":34.826999999999998},null,0]
[null,null,"Massa para vidro","Kg",2,4.8829999999999991,{"$f":"IF(ISNUMBER(F2774),E2774*F2774,\"\")","v":9.7659999999999982},null,null,0]
[null,null,null,null,null,"",{"$f":"IF(ISNUMBER(F2775),E2775*F2775,\"\")","v":""},null,null,0]
["SF-00845",{"$f":"INDEX(Orçamentária!A:B,MATCH(Composições!A2776,Orçamentária!A:A,0),2)","v":"Vidro temperado incolor com 8mm de espessura"},null,"m2",null,"",{"$f":"IF(ISNUMBER(F2776),E2776*F2776,\"\")","v":""},null,null,0]
[null,null,null,null,null,"",{"$f":"IF(ISNUMBER(F2777),E2777*F2777,\"\")","v":""},null,null,0]
[null,null,"VIDRO TEMPERADO INCOLOR E = 8 MM, SEM COLOCACAO","M2",1,158.99200000000002,{"$f":"IF(ISNUMBER(F2778),E2778*F2778,\"\")","v":158.99200000000002},{"$f":"SUM(G2778:G2784)","v":276.77306649999997},null,0]
[null,null,"BUCHA DE NYLON SEM ABA S6, COM PARAFUSO DE 4,20 X 40 MM EM ACO ZINCADO COM ROSCA SOBERBA, CABECA CHATA E FENDA PHILLIPS","UN",1.913,0.3705,{"$f":"IF(ISNUMBER(F2779),E2779*F2779,\"\")","v":0.70876649999999997},null,null,0]
[null,null,"PERFIL DE ALUMINIO ANODIZADO","KG",0.83899999999999997,40.1755,{"$f":"IF(ISNUMBER(F2780),E2780*F2780,\"\")","v":33.707244500000002},null,null,0]
[null,null,"FITA DE PAPEL REFORCADA COM LAMINA DE METAL PARA REFORCO DE CANTOS DE CHAPA DE GESSO PARA DRYWALL","M",2.605,2.5459999999999998,{"$f":"IF(ISNUMBER(F2781),E2781*F2781,\"\")","v":6.6323299999999996},null,null,0]
[null,null,"SILICONE ACETICO USO GERAL INCOLOR 280 G","UN",0.34599999999999997,26.4575,{"$f":"IF(ISNUMBER(F2782),E2782*F2782,\"\")","v":9.1542949999999994},null,null,0]
[null,null,"SERVENTE COM ENCARGOS COMPLEMENTARES","H",1.4690000000000001,20.225499999999997,{"$f":"IF(ISNUMBER(F2783),E2783*F2783,\"\")","v":29.711259499999997},null,null,0]
[null,null,"VIDRACEIRO COM ENCARGOS COMPLEMENTARES","H",1.5109999999999999,25.060999999999996,{"$f":"IF(ISNUMBER(F2784),E2784*F2784,\"\")","v":37.867170999999992},null,null,0]
[null,null,null,null,null,"",{"$f":"IF(ISNUMBER(F2785),E2785*F2785,\"\")","v":""},null,null,0]
["SF-00846",{"$f":"INDEX(Orçamentária!A:B,MATCH(Composições!A2786,Orçamentária!A:A,0),2)","v":"Vidro liso comum transparente 5mm"},null,"m2",null,"",{"$f":"IF(ISNUMBER(F2786),E2786*F2786,\"\")","v":""},null,null,0]
[null,null,null,null,null,"",{"$f":"IF(ISNUMBER(F2787),E2787*F2787,\"\")","v":""},null,null,0]
[null,null,"Vidraceiro com encargos complementares","h",1,25.060999999999996,{"$f":"IF(ISNUMBER(F2788),E2788*F2788,\"\")","v":25.060999999999996},{"$f":"SUM(G2788:G2790)","v":124.336},null,0]
[null,null,"Massa para vidro","Kg",2,4.8829999999999991,{"$f":"IF(ISNUMBER(F2789),E2789*F2789,\"\")","v":9.7659999999999982},null,null,0]
[null,null,"VIDRO LISO INCOLOR 5MM - SEM COLOCACAO","m2",1,89.509,{"$f":"IF(ISNUMBER(F2790),E2790*F2790,\"\")","v":89.509},null,null,0]
[null,null,null,null,null,"",{"$f":"IF(ISNUMBER(F2791),E2791*F2791,\"\")","v":""},null,null,0]
["SF-00847",{"$f":"INDEX(Orçamentária!A:B,MATCH(Composições!A2792,Orçamentária!A:A,0),2)","v":"Corte em vidro ou espelho reaproveitado"},null,"m",null,"",{"$f":"IF(ISNUMBER(F2792),E2792*F2792,\"\")","v":""},null,null,0]
[null,null,null,null,null,"",{"$f":"IF(ISNUMBER(F2793),E2793*F2793,\"\")","v":""},null,null,0]
[null,null,"Vidraceiro com encargos complementares","h",0.5,25.060999999999996,{"$f":"IF(ISNUMBER(F2794),E2794*F2794,\"\")","v":12.530499999999998},{"$f":"SUM(G2794:G2795)","v":22.643249999999995},null,0]
[null,null,"Servente com Encargos Complementares","h",0.5,20.225499999999997,{"$f":"IF(ISNUMBER(F2795),E2795*F2795,\"\")","v":10.112749999999998},null,null,0]
[null,null,null,null,null,"",{"$f":"IF(ISNUMBER(F2796),E2796*F2796,\"\")","v":""},null,null,0]
["SF-00848",{"$f":"INDEX(Orçamentária!A:B,MATCH(Composições!A2797,Orçamentária!A:A,0),2)","v":"Lapidação de vidro / espelho reaproveitado"},null,"m",null,"",{"$f":"IF(ISNUMBER(F2797),E2797*F2797,\"\")","v":""},null,null,0]
[null,null,null,null,null,"",{"$f":"IF(ISNUMBER(F2798),E2798*F2798,\"\")","v":""},null,null,0]
[null,null,"Vidraceiro com encargos complementares","h",0.75,25.060999999999996,{"$f":"IF(ISNUMBER(F2799),E2799*F2799,\"\")","v":18.795749999999998},{"$f":"SUM(G2799:G2800)","v":33.964874999999992},null,0]
[null,null,"Servente com Encargos Complementares","h",0.75,20.225499999999997,{"$f":"IF(ISNUMBER(F2800),E2800*F2800,\"\")","v":15.169124999999998},null,null,0]
[null,null,null,null,null,"",{"$f":"IF(ISNUMBER(F2801),E2801*F2801,\"\")","v":""},null,null,0]
["SF-00849",{"$f":"INDEX(Orçamentária!A:B,MATCH(Composições!A2802,Orçamentária!A:A,0),2)","v":"Vidro temperado incolor com 10 mm de espessura"},null,"m2",null,"",{"$f":"IF(ISNUMBER(F2802),E2802*F2802,\"\")","v":""},null,null,0]
[null,null,null,null,null,"",{"$f":"IF(ISNUMBER(F2803),E2803*F2803,\"\")","v":""},null,null,0]
[null,null,"VIDRO TEMPERADO INCOLOR E = 10 MM, SEM COLOCACAO","M2",1,206.40649999999999,{"$f":"IF(ISNUMBER(F2804),E2804*F2804,\"\")","v":206.40649999999999},{"$f":"SUM(G2804:G2810)","v":314.58389299999999},null,0]
[null,null,"BUCHA DE NYLON SEM ABA S6, COM PARAFUSO DE 4,20 X 40 MM EM ACO ZINCADO COM ROSCA SOBERBA, CABECA CHATA E FENDA PHILLIPS","UN",1.7050000000000001,0.3705,{"$f":"IF(ISNUMBER(F2805),E2805*F2805,\"\")","v":0.63170250000000006},null,null,0]
[null,null,"PERFIL DE ALUMINIO ANODIZADO","KG",0.748,40.1755,{"$f":"IF(ISNUMBER(F2806),E2806*F2806,\"\")","v":30.051273999999999},null,null,0]
[null,null,"FITA DE PAPEL REFORCADA COM LAMINA DE METAL PARA REFORCO DE CANTOS DE CHAPA DE GESSO PARA DRYWALL","M",2.3220000000000001,2.5459999999999998,{"$f":"IF(ISNUMBER(F2807),E2807*F2807,\"\")","v":5.9118119999999994},null,null,0]
[null,null,"SILICONE ACETICO USO GERAL INCOLOR 280 G","UN",0.309,26.4575,{"$f":"IF(ISNUMBER(F2808),E2808*F2808,\"\")","v":8.1753675000000001},null,null,0]
[null,null,"SERVENTE COM ENCARGOS COMPLEMENTARES","H",1.3779999999999999,20.225499999999997,{"$f":"IF(ISNUMBER(F2809),E2809*F2809,\"\")","v":27.870738999999993},null,null,0]
[null,null,"VIDRACEIRO COM ENCARGOS COMPLEMENTARES","H",1.4179999999999999,25.060999999999996,{"$f":"IF(ISNUMBER(F2810),E2810*F2810,\"\")","v":35.536497999999995},null,null,0]
[null,null,null,null,null,"",{"$f":"IF(ISNUMBER(F2811),E2811*F2811,\"\")","v":""},null,null,0]
["SF-00850",{"$f":"INDEX(Orçamentária!A:B,MATCH(Composições!A2812,Orçamentária!A:A,0),2)","v":"Bucha para pivô de dobradiça para vidro temperado"},null,"un",null,"",{"$f":"IF(ISNUMBER(F2812),E2812*F2812,\"\")","v":""},null,null,0]
[null,null,null,null,null,"",{"$f":"IF(ISNUMBER(F2813),E2813*F2813,\"\")","v":""},null,null,0]
[null,null,"Vidraceiro com encargos complementares","h",0.15,25.060999999999996,{"$f":"IF(ISNUMBER(F2814),E2814*F2814,\"\")","v":3.7591499999999991},{"$f":"SUM(G2814:G2815)","v":4.7091499999999993},null,0]
[null,null,"Bucha para pivô de dobradiça para vidro temperado. Ref.: Santa Marina/1201; Belga Metais / 9201","un",1,0.95,{"$f":"IF(ISNUMBER(F2815),E2815*F2815,\"\")","v":0.95},null,null,0]
[null,null,null,null,null,"",{"$f":"IF(ISNUMBER(F2816),E2816*F2816,\"\")","v":""},null,null,0]
["SF-00851",{"$f":"INDEX(Orçamentária!A:B,MATCH(Composições!A2817,Orçamentária!A:A,0),2)","v":"Suporte para bandeira de vidro temperado, com ponto de giro para dobradiça"},null,"un",null,"",{"$f":"IF(ISNUMBER(F2817),E2817*F2817,\"\")","v":""},null,null,0]
[null,null,null,null,null,"",{"$f":"IF(ISNUMBER(F2818),E2818*F2818,\"\")","v":""},null,null,0]
[null,null,"Vidraceiro com encargos complementares","h",0.3,25.060999999999996,{"$f":"IF(ISNUMBER(F2819),E2819*F2819,\"\")","v":7.5182999999999982},{"$f":"SUM(G2819:G2820)","v":8.4682999999999975},null,0]
[null,null,"Suporte para bandeira de vidro temperado, com ponto de giro para dobradiça. Ref.: Santa Marina / 1203; Belga Metais / 9203","un",1,0.95,{"$f":"IF(ISNUMBER(F2820),E2820*F2820,\"\")","v":0.95},null,null,0]
[null,null,null,null,null,"",{"$f":"IF(ISNUMBER(F2821),E2821*F2821,\"\")","v":""},null,null,0]
["SF-00852",{"$f":"INDEX(Orçamentária!A:B,MATCH(Composições!A2822,Orçamentária!A:A,0),2)","v":"Suporte de canto, simples, para vidro temperado"},null,"un",null,"",{"$f":"IF(ISNUMBER(F2822),E2822*F2822,\"\")","v":""},null,null,0]
[null,null,null,null,null,"",{"$f":"IF(ISNUMBER(F2823),E2823*F2823,\"\")","v":""},null,null,0]
[null,null,"Vidraceiro com encargos complementares","h",0.15,25.060999999999996,{"$f":"IF(ISNUMBER(F2824),E2824*F2824,\"\")","v":3.7591499999999991},{"$f":"SUM(G2824:G2825)","v":3.7591499999999991},null,0]
[null,null,"Suporte de canto, simples, para vidro temperado. Ref.: Santa Marina/1302; Belga Metais/9302","un",1,0,{"$f":"IF(ISNUMBER(F2825),E2825*F2825,\"\")","v":0},null,null,0]
[null,null,null,null,null,"",{"$f":"IF(ISNUMBER(F2826),E2826*F2826,\"\")","v":""},null,null,0]
["SF-00853",{"$f":"INDEX(Orçamentária!A:B,MATCH(Composições!A2827,Orçamentária!A:A,0),2)","v":"Suporte de união, sem batedor, para dois ou três vidros temperados"},null,"un",null,"",{"$f":"IF(ISNUMBER(F2827),E2827*F2827,\"\")","v":""},null,null,0]
[null,null,null,null,null,"",{"$f":"IF(ISNUMBER(F2828),E2828*F2828,\"\")","v":""},null,null,0]
[null,null,"Vidraceiro com encargos complementares","h",0.3,25.060999999999996,{"$f":"IF(ISNUMBER(F2829),E2829*F2829,\"\")","v":7.5182999999999982},{"$f":"SUM(G2829:G2830)","v":7.5182999999999982},null,0]
[null,null,"Suporte de união em \"L\" em latão fundido, sem batedor, para dois ou três vidros temperados de 10 mm. Ref.: Santa Marina/1310; Belga Metais/9310","un",1,0,{"$f":"IF(ISNUMBER(F2830),E2830*F2830,\"\")","v":0},null,null,0]
[null,null,null,null,null,"",{"$f":"IF(ISNUMBER(F2831),E2831*F2831,\"\")","v":""},null,null,0]
[null,null,"OBS: Para o preço unitário do insumo, considerou-se 85% do preço da peça tipo 1308 da tabela TCPO/Pini, percentual esse verificado mediante pesquisa de mercado.",null,null,"",{"$f":"IF(ISNUMBER(F2832),E2832*F2832,\"\")","v":""},null,null,0]
[null,null,null,null,null,"",{"$f":"IF(ISNUMBER(F2833),E2833*F2833,\"\")","v":""},null,null,0]
["SF-00854",{"$f":"INDEX(Orçamentária!A:B,MATCH(Composições!A2834,Orçamentária!A:A,0),2)","v":"Botão de correção para vidro temperado"},null,"un",null,"",{"$f":"IF(ISNUMBER(F2834),E2834*F2834,\"\")","v":""},null,null,0]
[null,null,null,null,null,"",{"$f":"IF(ISNUMBER(F2835),E2835*F2835,\"\")","v":""},null,null,0]
[null,null,"Vidraceiro com encargos complementares","h",0.15,25.060999999999996,{"$f":"IF(ISNUMBER(F2836),E2836*F2836,\"\")","v":3.7591499999999991},{"$f":"SUM(G2836:G2837)","v":3.7591499999999991},null,0]
[null,null,"Botão de correção fosco acetinado com parafuso. Ref.: Santa Marina/1002","un",1,0,{"$f":"IF(ISNUMBER(F2837),E2837*F2837,\"\")","v":0},null,null,0]
[null,null,null,null,null,"",{"$f":"IF(ISNUMBER(F2838),E2838*F2838,\"\")","v":""},null,null,0]
["SF-00855",{"$f":"INDEX(Orçamentária!A:B,MATCH(Composições!A2839,Orçamentária!A:A,0),2)","v":"Fechadura bico-de-papagaio, com furo, para vidro temperado"},null,"un",null,"",{"$f":"IF(ISNUMBER(F2839),E2839*F2839,\"\")","v":""},null,null,0]
[null,null,null,null,null,"",{"$f":"IF(ISNUMBER(F2840),E2840*F2840,\"\")","v":""},null,null,0]
[null,null,"Vidraceiro com encargos complementares","h",0.4,25.060999999999996,{"$f":"IF(ISNUMBER(F2841),E2841*F2841,\"\")","v":10.0244},{"$f":"SUM(G2841:G2842)","v":10.0244},null,0]
[null,null,"Fechadura bico-de-papagaio, com furo, para porta de correr em vidro temperado 10 mm. Ref.: Santa Marina / 3530; Belga Metais / 9510-F","un",1,"",{"$f":"IF(ISNUMBER(F2842),E2842*F2842,\"\")","v":""},null,null,0]
[null,null,null,null,null,"",{"$f":"IF(ISNUMBER(F2843),E2843*F2843,\"\")","v":""},null,null,0]
["SF-00856",{"$f":"INDEX(Orçamentária!A:B,MATCH(Composições!A2844,Orçamentária!A:A,0),2)","v":"Fechadura bico-de-papagaio, com furo, para janela de vidro temperado"},null,"un",null,"",{"$f":"IF(ISNUMBER(F2844),E2844*F2844,\"\")","v":""},null,null,0]
[null,null,null,null,null,"",{"$f":"IF(ISNUMBER(F2845),E2845*F2845,\"\")","v":""},null,null,0]
[null,null,"Vidraceiro com encargos complementares","h",0.4,25.060999999999996,{"$f":"IF(ISNUMBER(F2846),E2846*F2846,\"\")","v":10.0244},{"$f":"SUM(G2846:G2847)","v":10.0244},null,0]
[null,null,"Fechadura bico-de-papagaio, com furo, para aplicação em janela de correr em vidro temperado 10 mm. Ref.: Santa Marina/3532; Belga Metais/9510-JF","un",1,"",{"$f":"IF(ISNUMBER(F2847),E2847*F2847,\"\")","v":""},null,null,0]
[null,null,null,null,null,"",{"$f":"IF(ISNUMBER(F2848),E2848*F2848,\"\")","v":""},null,null,0]
["SF-00857",{"$f":"INDEX(Orçamentária!A:B,MATCH(Composições!A2849,Orçamentária!A:A,0),2)","v":"Fechadura para porta de abrir de vidro temperado"},null,"un",null,"",{"$f":"IF(ISNUMBER(F2849),E2849*F2849,\"\")","v":""},null,null,0]
[null,null,null,null,null,"",{"$f":"IF(ISNUMBER(F2850),E2850*F2850,\"\")","v":""},null,null,0]
[null,null,"Vidraceiro com encargos complementares","h",0.4,25.060999999999996,{"$f":"IF(ISNUMBER(F2851),E2851*F2851,\"\")","v":10.0244},{"$f":"SUM(G2851:G2852)","v":10.0244},null,0]
[null,null,"Fechadura para aplicação em porta de abrirem vidro temperado 10 mm. Ref.: Santa Marina/1520; Belga Metais/9520","un",1,"",{"$f":"IF(ISNUMBER(F2852),E2852*F2852,\"\")","v":""},null,null,0]
[null,null,null,null,null,"",{"$f":"IF(ISNUMBER(F2853),E2853*F2853,\"\")","v":""},null,null,0]
["SF-00858",{"$f":"INDEX(Orçamentária!A:B,MATCH(Composições!A2854,Orçamentária!A:A,0),2)","v":"Contra fechadura, para alvenaria, para porta com fechadura 1520/9520"},null,"un",null,"",{"$f":"IF(ISNUMBER(F2854),E2854*F2854,\"\")","v":""},null,null,0]
[null,null,null,null,null,"",{"$f":"IF(ISNUMBER(F2855),E2855*F2855,\"\")","v":""},null,null,0]
[null,null,"Vidraceiro com encargos complementares","h",0.25,25.060999999999996,{"$f":"IF(ISNUMBER(F2856),E2856*F2856,\"\")","v":6.2652499999999991},{"$f":"SUM(G2856:G2857)","v":6.2652499999999991},null,0]
[null,null,"Contra fechadura, para alvenaria, para porta com fechadura 1520/952, aplicada em alvenaria junto a porta de abrirem vidro temperado 10 mm. Ref.: TQ Ferragens/1504; Santa Marina/1504; Belga Metais/1504","un",1,"",{"$f":"IF(ISNUMBER(F2857),E2857*F2857,\"\")","v":""},null,null,0]
[null,null,null,null,null,"",{"$f":"IF(ISNUMBER(F2858),E2858*F2858,\"\")","v":""},null,null,0]
["SF-00859",{"$f":"INDEX(Orçamentária!A:B,MATCH(Composições!A2859,Orçamentária!A:A,0),2)","v":"Contra fechadura de pressão para porta de vidro temperado"},null,"un",null,"",{"$f":"IF(ISNUMBER(F2859),E2859*F2859,\"\")","v":""},null,null,0]
[null,null,null,null,null,"",{"$f":"IF(ISNUMBER(F2860),E2860*F2860,\"\")","v":""},null,null,0]
[null,null,"Vidraceiro com encargos complementares","h",0.25,25.060999999999996,{"$f":"IF(ISNUMBER(F2861),E2861*F2861,\"\")","v":6.2652499999999991},{"$f":"SUM(G2861:G2862)","v":6.2652499999999991},null,0]
[null,null,"Contra fechadura de pressão para porta de vidro temperado de 10 mm, usada com fechaduras de referência 1520SE / 9520PRD / 9520PRE. Ref.: Santa Marina/1504S; Belga Metais 9504S","un",1,"",{"$f":"IF(ISNUMBER(F2862),E2862*F2862,\"\")","v":""},null,null,0]
[null,null,null,null,null,"",{"$f":"IF(ISNUMBER(F2863),E2863*F2863,\"\")","v":""},null,null,0]
["SF-00860",{"$f":"INDEX(Orçamentária!A:B,MATCH(Composições!A2864,Orçamentária!A:A,0),2)","v":"Contra fechadura, com furo, para porta com furo"},null,"un",null,"",{"$f":"IF(ISNUMBER(F2864),E2864*F2864,\"\")","v":""},null,null,0]
[null,null,null,null,null,"",{"$f":"IF(ISNUMBER(F2865),E2865*F2865,\"\")","v":""},null,null,0]
[null,null,"Vidraceiro com encargos complementares","h",0.25,25.060999999999996,{"$f":"IF(ISNUMBER(F2866),E2866*F2866,\"\")","v":6.2652499999999991},{"$f":"SUM(G2866:G2867)","v":6.2652499999999991},null,0]
[null,null,"Contra fechadura, com furo, para porta de correr com furo em vidro temperado 10 mm, usada com fechaduras de referência 3530/9510-F. Ref.: Santa Marina/3534; Belga Metais/9511-F","un",1,"",{"$f":"IF(ISNUMBER(F2867),E2867*F2867,\"\")","v":""},null,null,0]
[null,null,null,null,null,"",{"$f":"IF(ISNUMBER(F2868),E2868*F2868,\"\")","v":""},null,null,0]
["SF-00861",{"$f":"INDEX(Orçamentária!A:B,MATCH(Composições!A2869,Orçamentária!A:A,0),2)","v":"Trinco inferior, com miolo, para porta de vidro temperado"},null,"un",null,"",{"$f":"IF(ISNUMBER(F2869),E2869*F2869,\"\")","v":""},null,null,0]
[null,null,null,null,null,"",{"$f":"IF(ISNUMBER(F2870),E2870*F2870,\"\")","v":""},null,null,0]
[null,null,"Vidraceiro com encargos complementares","h",0.25,25.060999999999996,{"$f":"IF(ISNUMBER(F2871),E2871*F2871,\"\")","v":6.2652499999999991},{"$f":"SUM(G2871:G2872)","v":6.2652499999999991},null,0]
[null,null,"Trinco inferior, com miolo, em latão fundido cromado, para porta de vidro temperado 10 mm. Ref.: Santa Marina/1502; Belga Metais/9502","un",1,0,{"$f":"IF(ISNUMBER(F2872),E2872*F2872,\"\")","v":0},null,null,0]
[null,null,null,null,null,"",{"$f":"IF(ISNUMBER(F2873),E2873*F2873,\"\")","v":""},null,null,0]
["SF-00862",{"$f":"INDEX(Orçamentária!A:B,MATCH(Composições!A2874,Orçamentária!A:A,0),2)","v":"Mola hidráulica BTS 75R"},null,"un",null,"",{"$f":"IF(ISNUMBER(F2874),E2874*F2874,\"\")","v":""},null,null,0]
[null,null,null,null,null,"",{"$f":"IF(ISNUMBER(F2875),E2875*F2875,\"\")","v":""},null,null,0]
[null,null,"Vidraceiro com encargos complementares","h",1.8180000000000001,25.060999999999996,{"$f":"IF(ISNUMBER(F2876),E2876*F2876,\"\")","v":45.560897999999995},{"$f":"SUM(G2876:G2879)","v":1331.5393564999999},null,0]
[null,null,"Servente com Encargos Complementares","h",1.7669999999999999,20.225499999999997,{"$f":"IF(ISNUMBER(F2877),E2877*F2877,\"\")","v":35.738458499999993},null,null,0]
[null,null,"Impermeabilizante para mola hidráulica. Ref: Dorma SealProtect","un",1,"",{"$f":"IF(ISNUMBER(F2878),E2878*F2878,\"\")","v":""},null,null,0]
[null,null,"Mola Hidráulica de piso universal para portas de batente e portas vai-e-vem em aço inoxidável. Ref.: DORMA, modelo BTS 75V/R, com eixo intercambiável tipo \"B\"","un",1,1250.24,{"$f":"IF(ISNUMBER(F2879),E2879*F2879,\"\")","v":1250.24},null,null,0]
[null,null,null,null,null,"",{"$f":"IF(ISNUMBER(F2880),E2880*F2880,\"\")","v":""},null,null,0]
["SF-00863",{"$f":"INDEX(Orçamentária!A:B,MATCH(Composições!A2881,Orçamentária!A:A,0),2)","v":"Puxador redondo, padrão em poliéster, para porta de vidro temperado"},null,"un",null,"",{"$f":"IF(ISNUMBER(F2881),E2881*F2881,\"\")","v":""},null,null,0]
[null,null,null,null,null,"",{"$f":"IF(ISNUMBER(F2882),E2882*F2882,\"\")","v":""},null,null,0]
[null,null,"Vidraceiro com encargos complementares","h",0.2,25.060999999999996,{"$f":"IF(ISNUMBER(F2883),E2883*F2883,\"\")","v":5.0122},{"$f":"SUM(G2883:G2884)","v":5.0122},null,0]
[null,null,"Puxador para porta de vidro temperado redondo duplo em resina poliéster incolor com aditivo anti-UV com 110-135 mm de diâmetro. Ref.: 1608 e 1609, Poliforma Alumínios e Ferragens; 1613, Aço Metais","un",1,"",{"$f":"IF(ISNUMBER(F2884),E2884*F2884,\"\")","v":""},null,null,0]
[null,null,null,null,null,"",{"$f":"IF(ISNUMBER(F2885),E2885*F2885,\"\")","v":""},null,null,0]
["SF-00864",{"$f":"INDEX(Orçamentária!A:B,MATCH(Composições!A2886,Orçamentária!A:A,0),2)","v":"Puxador em aço inox sob medida – Tipo A"},null,"un",null,"",{"$f":"IF(ISNUMBER(F2886),E2886*F2886,\"\")","v":""},null,null,0]
[null,null,null,null,null,"",{"$f":"IF(ISNUMBER(F2887),E2887*F2887,\"\")","v":""},null,null,0]
[null,null,"Vidraceiro com encargos complementares","h",0.4,25.060999999999996,{"$f":"IF(ISNUMBER(F2888),E2888*F2888,\"\")","v":10.0244},{"$f":"SUM(G2888:G2889)","v":10.0244},null,0]
[null,null,"Puxador para porta de vidro temperado em aço inox, sob medida, tipo A","un",1,"",{"$f":"IF(ISNUMBER(F2889),E2889*F2889,\"\")","v":""},null,null,0]
[null,null,null,null,null,"",{"$f":"IF(ISNUMBER(F2890),E2890*F2890,\"\")","v":""},null,null,0]
["SF-00865",{"$f":"INDEX(Orçamentária!A:B,MATCH(Composições!A2891,Orçamentária!A:A,0),2)","v":"Dobradiça superior para porta de vidro temperado"},null,"un",null,"",{"$f":"IF(ISNUMBER(F2891),E2891*F2891,\"\")","v":""},null,null,0]
[null,null,null,null,null,"",{"$f":"IF(ISNUMBER(F2892),E2892*F2892,\"\")","v":""},null,null,0]
[null,null,"Vidraceiro com encargos complementares","h",0.3,25.060999999999996,{"$f":"IF(ISNUMBER(F2893),E2893*F2893,\"\")","v":7.5182999999999982},{"$f":"SUM(G2893:G2894)","v":7.5182999999999982},null,0]
[null,null,"Dobradiça superior para porta de vidro temperado, em latão fundido cromado. Ref.: Santa Marina / 1101 ou Belga Metais / 9101","un",1,0,{"$f":"IF(ISNUMBER(F2894),E2894*F2894,\"\")","v":0},null,null,0]
[null,null,null,null,null,"",{"$f":"IF(ISNUMBER(F2895),E2895*F2895,\"\")","v":""},null,null,0]
["SF-00866",{"$f":"INDEX(Orçamentária!A:B,MATCH(Composições!A2896,Orçamentária!A:A,0),2)","v":"Perfil em alumínio, tipo U - abas iguais - PU 5/8\" x 5/8\" – espessura 1,58mm"},null,"m",null,"",{"$f":"IF(ISNUMBER(F2896),E2896*F2896,\"\")","v":""},null,null,0]
[null,null,null,null,null,"",{"$f":"IF(ISNUMBER(F2897),E2897*F2897,\"\")","v":""},null,null,0]
[null,null,"Vidraceiro com encargos complementares","h",0.2,25.060999999999996,{"$f":"IF(ISNUMBER(F2898),E2898*F2898,\"\")","v":5.0122},{"$f":"SUM(G2898:G2899)","v":12.645545},null,0]
[null,null,"PERFIL DE ALUMINIO ANODIZADO","kg",0.19,40.1755,{"$f":"IF(ISNUMBER(F2899),E2899*F2899,\"\")","v":7.6333450000000003},null,null,0]
[null,null,null,null,null,"",{"$f":"IF(ISNUMBER(F2900),E2900*F2900,\"\")","v":""},null,null,0]
[null,null,"Obs: Perfil em alumínio anodizado, tipo U - abas iguais - PU 5/8\" x 5/8\" – espessura 1,58mm",null,null,"",{"$f":"IF(ISNUMBER(F2901),E2901*F2901,\"\")","v":""},null,null,0]
[null,null,"Fonte do coeficiente: http://www.estreladosmetais.com.br/pag_metal_aluminio_perfil_u_igual.php",null,null,"",{"$f":"IF(ISNUMBER(F2902),E2902*F2902,\"\")","v":""},null,null,0]
[null,null,null,null,null,"",{"$f":"IF(ISNUMBER(F2903),E2903*F2903,\"\")","v":""},null,null,0]
["SF-00867",{"$f":"INDEX(Orçamentária!A:B,MATCH(Composições!A2904,Orçamentária!A:A,0),2)","v":"Trilho superior em alumínio 60mm x 49,5mm, para vidro temperado"},null,"m",null,"",{"$f":"IF(ISNUMBER(F2904),E2904*F2904,\"\")","v":""},null,null,0]
[null,null,null,null,null,"",{"$f":"IF(ISNUMBER(F2905),E2905*F2905,\"\")","v":""},null,null,0]
[null,null,"Vidraceiro com encargos complementares","h",0.3,25.060999999999996,{"$f":"IF(ISNUMBER(F2906),E2906*F2906,\"\")","v":7.5182999999999982},{"$f":"SUM(G2906:G2907)","v":38.573961499999996},null,0]
[null,null,"PERFIL DE ALUMINIO ANODIZADO","kg",0.77300000000000002,40.1755,{"$f":"IF(ISNUMBER(F2907),E2907*F2907,\"\")","v":31.055661499999999},null,null,0]
[null,null,null,null,null,"",{"$f":"IF(ISNUMBER(F2908),E2908*F2908,\"\")","v":""},null,null,0]
[null,null,"Obs: Trilho superior em alumínio anodizado 60mm x 49,5mm, para vidro temperado. Ref.: AL-0051",null,null,"",{"$f":"IF(ISNUMBER(F2909),E2909*F2909,\"\")","v":""},null,null,0]
[null,null,"Fonte do coeficiente: http://www.ferragensdbf.com.br/produtos-aluminio.html",null,null,"",{"$f":"IF(ISNUMBER(F2910),E2910*F2910,\"\")","v":""},null,null,0]
[null,null,null,null,null,"",{"$f":"IF(ISNUMBER(F2911),E2911*F2911,\"\")","v":""},null,null,0]
["SF-00868",{"$f":"INDEX(Orçamentária!A:B,MATCH(Composições!A2912,Orçamentária!A:A,0),2)","v":"Perfil em alumínio para acabamento de trilho superior"},null,"m",null,"",{"$f":"IF(ISNUMBER(F2912),E2912*F2912,\"\")","v":""},null,null,0]
[null,null,null,null,null,"",{"$f":"IF(ISNUMBER(F2913),E2913*F2913,\"\")","v":""},null,null,0]
[null,null,"Vidraceiro com encargos complementares","h",0.2,25.060999999999996,{"$f":"IF(ISNUMBER(F2914),E2914*F2914,\"\")","v":5.0122},{"$f":"SUM(G2914:G2915)","v":16.301515500000001},null,0]
[null,null,"PERFIL DE ALUMINIO ANODIZADO","kg",0.28100000000000003,40.1755,{"$f":"IF(ISNUMBER(F2915),E2915*F2915,\"\")","v":11.289315500000001},null,null,0]
[null,null,null,null,null,"",{"$f":"IF(ISNUMBER(F2916),E2916*F2916,\"\")","v":""},null,null,0]
[null,null,"Obs: Perfil guia inferior de alumínio anodizado 39,3 mm x 24 mm para vidro temperado 10mm. Ref.: Perfil Guia Inferior AL-0005",null,null,"",{"$f":"IF(ISNUMBER(F2917),E2917*F2917,\"\")","v":""},null,null,0]
[null,null,"Fonte do coeficiente: http://www.ferragensdbf.com.br/produtos-aluminio.html",null,null,"",{"$f":"IF(ISNUMBER(F2918),E2918*F2918,\"\")","v":""},null,null,0]
[null,null,null,null,null,"",{"$f":"IF(ISNUMBER(F2919),E2919*F2919,\"\")","v":""},null,null,0]
["SF-00869",{"$f":"INDEX(Orçamentária!A:B,MATCH(Composições!A2920,Orçamentária!A:A,0),2)","v":"Perfil guia inferior de alumínio 39,3 mm x 24 mm para vidro temperado 10mm"},null,"m",null,"",{"$f":"IF(ISNUMBER(F2920),E2920*F2920,\"\")","v":""},null,null,0]
[null,null,null,null,null,"",{"$f":"IF(ISNUMBER(F2921),E2921*F2921,\"\")","v":""},null,null,0]
[null,null,"Vidraceiro com encargos complementares","h",0.3,25.060999999999996,{"$f":"IF(ISNUMBER(F2922),E2922*F2922,\"\")","v":7.5182999999999982},{"$f":"SUM(G2922:G2923)","v":25.6374505},null,0]
[null,null,"PERFIL DE ALUMINIO ANODIZADO","kg",0.45100000000000001,40.1755,{"$f":"IF(ISNUMBER(F2923),E2923*F2923,\"\")","v":18.1191505},null,null,0]
[null,null,null,null,null,"",{"$f":"IF(ISNUMBER(F2924),E2924*F2924,\"\")","v":""},null,null,0]
[null,null,"Obs: Perfil guia inferior de alumínio anodizado 39,3 mm x 24 mm para vidro temperado 10mm. Ref.: Perfil Guia Inferior AL-0005",null,null,"",{"$f":"IF(ISNUMBER(F2925),E2925*F2925,\"\")","v":""},null,null,0]
[null,null,"Fonte do coeficiente: http://www.ferragensdbf.com.br/produtos-aluminio.html",null,null,"",{"$f":"IF(ISNUMBER(F2926),E2926*F2926,\"\")","v":""},null,null,0]
[null,null,null,null,null,"",{"$f":"IF(ISNUMBER(F2927),E2927*F2927,\"\")","v":""},null,null,0]
["SF-00870",{"$f":"INDEX(Orçamentária!A:B,MATCH(Composições!A2928,Orçamentária!A:A,0),2)","v":"Capa do Perfil Guia Inferior “Click”"},null,"m",null,"",{"$f":"IF(ISNUMBER(F2928),E2928*F2928,\"\")","v":""},null,null,0]
[null,null,null,null,null,"",{"$f":"IF(ISNUMBER(F2929),E2929*F2929,\"\")","v":""},null,null,0]
[null,null,"Vidraceiro com encargos complementares","h",0.15,25.060999999999996,{"$f":"IF(ISNUMBER(F2930),E2930*F2930,\"\")","v":3.7591499999999991},{"$f":"SUM(G2930:G2931)","v":8.1784549999999996},null,0]
[null,null,"PERFIL DE ALUMINIO ANODIZADO","kg",0.11,40.1755,{"$f":"IF(ISNUMBER(F2931),E2931*F2931,\"\")","v":4.4193049999999996},null,null,0]
[null,null,null,null,null,"",{"$f":"IF(ISNUMBER(F2932),E2932*F2932,\"\")","v":""},null,null,0]
[null,null,"Obs: Perfil Guia Inferior “Click” de alumínio anodizado. Ref.: Perfil AL-0013",null,null,"",{"$f":"IF(ISNUMBER(F2933),E2933*F2933,\"\")","v":""},null,null,0]
[null,null,"Fonte do coeficiente: http://www.ferragensdbf.com.br/produtos-aluminio.html",null,null,"",{"$f":"IF(ISNUMBER(F2934),E2934*F2934,\"\")","v":""},null,null,0]
[null,null,null,null,null,"",{"$f":"IF(ISNUMBER(F2935),E2935*F2935,\"\")","v":""},null,null,0]
["SF-00871",{"$f":"INDEX(Orçamentária!A:B,MATCH(Composições!A2936,Orçamentária!A:A,0),2)","v":"Dobradiça inferior para porta de vidro temperado"},null,"un",null,"",{"$f":"IF(ISNUMBER(F2936),E2936*F2936,\"\")","v":""},null,null,0]
[null,null,null,null,null,"",{"$f":"IF(ISNUMBER(F2937),E2937*F2937,\"\")","v":""},null,null,0]
[null,null,"Vidraceiro com encargos complementares","h",0.3,25.060999999999996,{"$f":"IF(ISNUMBER(F2938),E2938*F2938,\"\")","v":7.5182999999999982},{"$f":"SUM(G2938:G2939)","v":7.5182999999999982},null,0]
[null,null,"Dobradiça inferior para porta de vidro temperado, em latão fundido cromado. Ref.: Santa Marina / 1103; Belga Metais / 9103","un",1,0,{"$f":"IF(ISNUMBER(F2939),E2939*F2939,\"\")","v":0},null,null,0]
[null,null,null,null,null,"",{"$f":"IF(ISNUMBER(F2940),E2940*F2940,\"\")","v":""},null,null,0]
["SF-00872",{"$f":"INDEX(Orçamentária!A:B,MATCH(Composições!A2941,Orçamentária!A:A,0),2)","v":"Escova de vedação para vidro temperado"},null,"m",null,"",{"$f":"IF(ISNUMBER(F2941),E2941*F2941,\"\")","v":""},null,null,0]
[null,null,null,null,null,"",{"$f":"IF(ISNUMBER(F2942),E2942*F2942,\"\")","v":""},null,null,0]
[null,null,"Vidraceiro com encargos complementares","h",0.3,25.060999999999996,{"$f":"IF(ISNUMBER(F2943),E2943*F2943,\"\")","v":7.5182999999999982},{"$f":"SUM(G2943:G2944)","v":7.5182999999999982},null,0]
[null,null,"Escova de vedação para aplicação em janela ou porta de vidro temperado, autocolante ou de encaixe, na cor preta, branca ou cinza alumínio, entre 5mm e 7mm de base. Ref.: 290-1 (vidromax) 5x5 preto; Seal; VBrasil; Aluinter","un",1,"",{"$f":"IF(ISNUMBER(F2944),E2944*F2944,\"\")","v":""},null,null,0]
[null,null,null,null,null,"",{"$f":"IF(ISNUMBER(F2945),E2945*F2945,\"\")","v":""},null,null,0]
["SF-00873",{"$f":"INDEX(Orçamentária!A:B,MATCH(Composições!A2946,Orçamentária!A:A,0),2)","v":"Roldana simples para porta de correr em vidro temperado"},null,"un",null,"",{"$f":"IF(ISNUMBER(F2946),E2946*F2946,\"\")","v":""},null,null,0]
[null,null,null,null,null,"",{"$f":"IF(ISNUMBER(F2947),E2947*F2947,\"\")","v":""},null,null,0]
[null,null,"Vidraceiro com encargos complementares","h",0.15,25.060999999999996,{"$f":"IF(ISNUMBER(F2948),E2948*F2948,\"\")","v":3.7591499999999991},{"$f":"SUM(G2948:G2949)","v":3.7591499999999991},null,0]
[null,null,"Roldana simples em nylon para porta ou janela de correr de vidro temperado. Ref.: Santa Marina/1125N; Belga Metais/9125","un",1,"",{"$f":"IF(ISNUMBER(F2949),E2949*F2949,\"\")","v":""},null,null,0]
[null,null,null,null,null,"",{"$f":"IF(ISNUMBER(F2950),E2950*F2950,\"\")","v":""},null,null,0]
["SF-00874",{"$f":"INDEX(Orçamentária!A:B,MATCH(Composições!A2951,Orçamentária!A:A,0),2)","v":"Roldana dupla para porta de correr em vidro temperado"},null,"un",null,"",{"$f":"IF(ISNUMBER(F2951),E2951*F2951,\"\")","v":""},null,null,0]
[null,null,null,null,null,"",{"$f":"IF(ISNUMBER(F2952),E2952*F2952,\"\")","v":""},null,null,0]
[null,null,"Vidraceiro com encargos complementares","h",0.15,25.060999999999996,{"$f":"IF(ISNUMBER(F2953),E2953*F2953,\"\")","v":3.7591499999999991},{"$f":"SUM(G2953:G2954)","v":3.7591499999999991},null,0]
[null,null,"Roldana dupla em nylon para porta ou janela de correr de vidro temperado. Ref.: Santa Marina/1125N; Belga Metais/9125","un",1,"",{"$f":"IF(ISNUMBER(F2954),E2954*F2954,\"\")","v":""},null,null,0]
[null,null,null,null,null,"",{"$f":"IF(ISNUMBER(F2955),E2955*F2955,\"\")","v":""},null,null,0]
["SF-00875",{"$f":"INDEX(Orçamentária!A:B,MATCH(Composições!A2956,Orçamentária!A:A,0),2)","v":"Capuchinho para trinco para vidro temperado"},null,"un",null,"",{"$f":"IF(ISNUMBER(F2956),E2956*F2956,\"\")","v":""},null,null,0]
[null,null,null,null,null,"",{"$f":"IF(ISNUMBER(F2957),E2957*F2957,\"\")","v":""},null,null,0]
[null,null,"Vidraceiro com encargos complementares","h",0.1,25.060999999999996,{"$f":"IF(ISNUMBER(F2958),E2958*F2958,\"\")","v":2.5061},{"$f":"SUM(G2958:G2959)","v":2.5061},null,0]
[null,null,"Capuchinho para trinco para vidro temperado, com furo de 8 ou 10 mm, em latão fundido. Ref.: Santa Marina/1037; Santa Marina/1038; Belga Metais/9038","un",1,0,{"$f":"IF(ISNUMBER(F2959),E2959*F2959,\"\")","v":0},null,null,0]
[null,null,null,null,null,"",{"$f":"IF(ISNUMBER(F2960),E2960*F2960,\"\")","v":""},null,null,0]
["SF-00876",{"$f":"INDEX(Orçamentária!A:B,MATCH(Composições!A2961,Orçamentária!A:A,0),2)","v":"Facão simples para lateral e bandeira de vidro temperado"},null,"un",null,"",{"$f":"IF(ISNUMBER(F2961),E2961*F2961,\"\")","v":""},null,null,0]
[null,null,null,null,null,"",{"$f":"IF(ISNUMBER(F2962),E2962*F2962,\"\")","v":""},null,null,0]
[null,null,"Vidraceiro com encargos complementares","h",0.4,25.060999999999996,{"$f":"IF(ISNUMBER(F2963),E2963*F2963,\"\")","v":10.0244},{"$f":"SUM(G2963:G2964)","v":10.0244},null,0]
[null,null,"Facão simples para lateral e bandeira de vidro temperado 10 mm, com ponto de giro para dobradiça superior, em latão fundido cromado. Ref.: Santa Marina/1209; Belga Metais/9209","un",1,0,{"$f":"IF(ISNUMBER(F2964),E2964*F2964,\"\")","v":0},null,null,0]
[null,null,null,null,null,"",{"$f":"IF(ISNUMBER(F2965),E2965*F2965,\"\")","v":""},null,null,0]
["SF-00877",{"$f":"INDEX(Orçamentária!A:B,MATCH(Composições!A2966,Orçamentária!A:A,0),2)","v":"Fechadura de pressão para porta de abrir em vidro temperado"},null,"un",null,"",{"$f":"IF(ISNUMBER(F2966),E2966*F2966,\"\")","v":""},null,null,0]
[null,null,null,null,null,"",{"$f":"IF(ISNUMBER(F2967),E2967*F2967,\"\")","v":""},null,null,0]
[null,null,"Vidraceiro com encargos complementares","h",0.4,25.060999999999996,{"$f":"IF(ISNUMBER(F2968),E2968*F2968,\"\")","v":10.0244},{"$f":"SUM(G2968:G2969)","v":10.0244},null,0]
[null,null,"Fechadura de pressão para porta de abrir em vidro temperado 10 mm. Ref.: Belga  Metais/9520-PRD (lado direito); Santa Marina/1520SE; Belga Metais/9520-PRE (lado esquerdo)","un",1,"",{"$f":"IF(ISNUMBER(F2969),E2969*F2969,\"\")","v":""},null,null,0]
[null,null,null,null,null,"",{"$f":"IF(ISNUMBER(F2970),E2970*F2970,\"\")","v":""},null,null,0]
["SF-00878",{"$f":"INDEX(Orçamentária!A:B,MATCH(Composições!A2971,Orçamentária!A:A,0),2)","v":"Suporte de união, com miolo, para vidro temperado"},null,"un",null,"",{"$f":"IF(ISNUMBER(F2971),E2971*F2971,\"\")","v":""},null,null,0]
[null,null,null,null,null,"",{"$f":"IF(ISNUMBER(F2972),E2972*F2972,\"\")","v":""},null,null,0]
[null,null,"Vidraceiro com encargos complementares","h",0.3,25.060999999999996,{"$f":"IF(ISNUMBER(F2973),E2973*F2973,\"\")","v":7.5182999999999982},{"$f":"SUM(G2973:G2974)","v":7.5182999999999982},null,0]
[null,null,"Suporte de união, com miolo, para vidro temperado de 10 mm, em latão fundido cromado. Ref.: Santa Marina/1306; Belga Metais/9306","un",1,0,{"$f":"IF(ISNUMBER(F2974),E2974*F2974,\"\")","v":0},null,null,0]
[null,null,null,null,null,"",{"$f":"IF(ISNUMBER(F2975),E2975*F2975,\"\")","v":""},null,null,0]
["SF-00879",{"$f":"INDEX(Orçamentária!A:B,MATCH(Composições!A2976,Orçamentária!A:A,0),2)","v":"Suporte para basculante e pivotante de vidro temperado"},null,"un",null,"",{"$f":"IF(ISNUMBER(F2976),E2976*F2976,\"\")","v":""},null,null,0]
[null,null,null,null,null,"",{"$f":"IF(ISNUMBER(F2977),E2977*F2977,\"\")","v":""},null,null,0]
[null,null,"Vidraceiro com encargos complementares","h",0.2,25.060999999999996,{"$f":"IF(ISNUMBER(F2978),E2978*F2978,\"\")","v":5.0122},{"$f":"SUM(G2978:G2979)","v":5.0122},null,0]
[null,null,"Suporte para basculante e pivotante de vidro temperado 10 mm, em latão fundido cromado. Ref.: Santa Marina/1230; Belga Metais/9230","un",1,0,{"$f":"IF(ISNUMBER(F2979),E2979*F2979,\"\")","v":0},null,null,0]
[null,null,null,null,null,"",{"$f":"IF(ISNUMBER(F2980),E2980*F2980,\"\")","v":""},null,null,0]
["SF-00880",{"$f":"INDEX(Orçamentária!A:B,MATCH(Composições!A2981,Orçamentária!A:A,0),2)","v":"Trinco central para basculante em vidro temperado"},null,"un",null,"",{"$f":"IF(ISNUMBER(F2981),E2981*F2981,\"\")","v":""},null,null,0]
[null,null,null,null,null,"",{"$f":"IF(ISNUMBER(F2982),E2982*F2982,\"\")","v":""},null,null,0]
[null,null,"Vidraceiro com encargos complementares","h",0.2,25.060999999999996,{"$f":"IF(ISNUMBER(F2983),E2983*F2983,\"\")","v":5.0122},{"$f":"SUM(G2983:G2984)","v":5.0122},null,0]
[null,null,"Trinco central para basculante em vidro temperado 10 mm, em latão fundido cromado. Ref.: Santa Marina/1523; Belga Metais/9523","un",1,0,{"$f":"IF(ISNUMBER(F2984),E2984*F2984,\"\")","v":0},null,null,0]
[null,null,null,null,null,"",{"$f":"IF(ISNUMBER(F2985),E2985*F2985,\"\")","v":""},null,null,0]
["SF-00881",{"$f":"INDEX(Orçamentária!A:B,MATCH(Composições!A2986,Orçamentária!A:A,0),2)","v":"Vidro laminado incolor de 8mm de espessura"},null,"m2",null,"",{"$f":"IF(ISNUMBER(F2986),E2986*F2986,\"\")","v":""},null,null,0]
[null,null,null,null,null,"",{"$f":"IF(ISNUMBER(F2987),E2987*F2987,\"\")","v":""},null,null,0]
[null,null,"BUCHA DE NYLON SEM ABA S6, COM PARAFUSO DE 4,20 X 40 MM EM ACO ZINCADO COM ROSCA SOBERBA, CABECA CHATA E FENDA PHILLIPS","UN",2.1960000000000002,0.3705,{"$f":"IF(ISNUMBER(F2988),E2988*F2988,\"\")","v":0.81361800000000006},{"$f":"SUM(G2988:G2994)","v":537.63364250000006},null,0]
[null,null,"PERFIL DE BORRACHA EPDM MACICO *12 X 15* MM PARA ESQUADRIAS","M",3.4159999999999999,14.25,{"$f":"IF(ISNUMBER(F2989),E2989*F2989,\"\")","v":48.677999999999997},null,null,0]
[null,null,"PERFIL DE ALUMINIO ANODIZADO","KG",0.96399999999999997,40.1755,{"$f":"IF(ISNUMBER(F2990),E2990*F2990,\"\")","v":38.729182000000002},null,null,0]
[null,null,"VIDRO COMUM LAMINADO LISO INCOLOR DUPLO, ESPESSURA TOTAL 8 MM (CADA CAMADA DE 4 MM) - COLOCADO","M2",1,367.29849999999999,{"$f":"IF(ISNUMBER(F2991),E2991*F2991,\"\")","v":367.29849999999999},null,null,0]
[null,null,"FITA DE PAPEL REFORCADA COM LAMINA DE METAL PARA REFORCO DE CANTOS DE CHAPA DE GESSO PARA DRYWALL","M",2.992,2.5459999999999998,{"$f":"IF(ISNUMBER(F2992),E2992*F2992,\"\")","v":7.6176319999999995},null,null,0]
[null,null,"SERVENTE COM ENCARGOS COMPLEMENTARES","H",1.619,20.225499999999997,{"$f":"IF(ISNUMBER(F2993),E2993*F2993,\"\")","v":32.745084499999997},null,null,0]
[null,null,"VIDRACEIRO COM ENCARGOS COMPLEMENTARES","H",1.6659999999999999,25.060999999999996,{"$f":"IF(ISNUMBER(F2994),E2994*F2994,\"\")","v":41.751625999999995},null,null,0]
[null,null,null,null,null,"",{"$f":"IF(ISNUMBER(F2995),E2995*F2995,\"\")","v":""},null,null,0]
["SF-00883",{"$f":"INDEX(Orçamentária!A:B,MATCH(Composições!A2996,Orçamentária!A:A,0),2)","v":"Dobradiça automática vidro/alvenaria para box de vidro temperado"},null,"un",null,"",{"$f":"IF(ISNUMBER(F2996),E2996*F2996,\"\")","v":""},null,null,0]
[null,null,null,null,null,"",{"$f":"IF(ISNUMBER(F2997),E2997*F2997,\"\")","v":""},null,null,0]
[null,null,"Vidraceiro com encargos complementares","h",0.2,25.060999999999996,{"$f":"IF(ISNUMBER(F2998),E2998*F2998,\"\")","v":5.0122},{"$f":"SUM(G2998:G2999)","v":5.0122},null,0]
[null,null,"Dobradiça automática para Box de vidro temperado. Ref.: Belga Metais/9114 e Belga Metais/9115","un",1,"",{"$f":"IF(ISNUMBER(F2999),E2999*F2999,\"\")","v":""},null,null,0]
[null,null,null,null,null,"",{"$f":"IF(ISNUMBER(F3000),E3000*F3000,\"\")","v":""},null,null,0]
["SF-00884",{"$f":"INDEX(Orçamentária!A:B,MATCH(Composições!A3001,Orçamentária!A:A,0),2)","v":"Dobradiça horizontal para vidro basculante com trinco"},null,"un",null,"",{"$f":"IF(ISNUMBER(F3001),E3001*F3001,\"\")","v":""},null,null,0]
[null,null,null,null,null,"",{"$f":"IF(ISNUMBER(F3002),E3002*F3002,\"\")","v":""},null,null,0]
[null,null,"Vidraceiro com encargos complementares","h",0.2,25.060999999999996,{"$f":"IF(ISNUMBER(F3003),E3003*F3003,\"\")","v":5.0122},{"$f":"SUM(G3003:G3004)","v":5.0122},null,0]
[null,null,"Dobradiça horizontal, com trinco central, para janela tipo basculante de vidro temperado com 8mm ou 10mm de espessura. Ref.: Belga Metais/9123-A","un",1,"",{"$f":"IF(ISNUMBER(F3004),E3004*F3004,\"\")","v":""},null,null,0]
[null,null,null,null,null,"",{"$f":"IF(ISNUMBER(F3005),E3005*F3005,\"\")","v":""},null,null,0]
["SF-00885",{"$f":"INDEX(Orçamentária!A:B,MATCH(Composições!A3006,Orçamentária!A:A,0),2)","v":"Dobradiça horizontal para vidro basculante"},null,"un",null,"",{"$f":"IF(ISNUMBER(F3006),E3006*F3006,\"\")","v":""},null,null,0]
[null,null,null,null,null,"",{"$f":"IF(ISNUMBER(F3007),E3007*F3007,\"\")","v":""},null,null,0]
[null,null,"Vidraceiro com encargos complementares","h",0.2,25.060999999999996,{"$f":"IF(ISNUMBER(F3008),E3008*F3008,\"\")","v":5.0122},{"$f":"SUM(G3008:G3009)","v":5.0122},null,0]
[null,null,"Dobradiça horizontal, sem trinco, para janela tipo basculante de vidro temperado com 8mm ou 10mm de espessura. Ref.: Belga Metais/9123","un",1,"",{"$f":"IF(ISNUMBER(F3009),E3009*F3009,\"\")","v":""},null,null,0]
[null,null,null,null,null,"",{"$f":"IF(ISNUMBER(F3010),E3010*F3010,\"\")","v":""},null,null,0]
["SF-00886",{"$f":"INDEX(Orçamentária!A:B,MATCH(Composições!A3011,Orçamentária!A:A,0),2)","v":"Fechadura elétrica para porta de vidro temperado"},null,"un",null,"",{"$f":"IF(ISNUMBER(F3011),E3011*F3011,\"\")","v":""},null,null,0]
[null,null,null,null,null,"",{"$f":"IF(ISNUMBER(F3012),E3012*F3012,\"\")","v":""},null,null,0]
[null,null,"Vidraceiro com encargos complementares","h",1.5,25.060999999999996,{"$f":"IF(ISNUMBER(F3013),E3013*F3013,\"\")","v":37.591499999999996},{"$f":"SUM(G3013:G3014)","v":37.591499999999996},null,0]
[null,null,"Fechadura elétrica para porta de vidro temperado com 8mm ou 10mm de espessura, acabamento cromado. Ref.: Fechadura Modelo FV35ICR / FV35ECRA / FV32ICR / FV32IPR / FV32ICRA / FV32ECRA, fabricante Amelco","un",1,"",{"$f":"IF(ISNUMBER(F3014),E3014*F3014,\"\")","v":""},null,null,0]
[null,null,null,null,null,"",{"$f":"IF(ISNUMBER(F3015),E3015*F3015,\"\")","v":""},null,null,0]
["SF-00887",{"$f":"INDEX(Orçamentária!A:B,MATCH(Composições!A3016,Orçamentária!A:A,0),2)","v":"Porteiro eletrônico"},null,"un",null,"",{"$f":"IF(ISNUMBER(F3016),E3016*F3016,\"\")","v":""},null,null,0]
[null,null,null,null,null,"",{"$f":"IF(ISNUMBER(F3017),E3017*F3017,\"\")","v":""},null,null,0]
[null,null,"Vidraceiro com encargos complementares","h",1.5,25.060999999999996,{"$f":"IF(ISNUMBER(F3018),E3018*F3018,\"\")","v":37.591499999999996},{"$f":"SUM(G3018:G3019)","v":37.591499999999996},null,0]
[null,null,"Porteiro eletrônico residencial. Ref.: Amelco AM-m²00","un",1,"",{"$f":"IF(ISNUMBER(F3019),E3019*F3019,\"\")","v":""},null,null,0]
[null,null,null,null,null,"",{"$f":"IF(ISNUMBER(F3020),E3020*F3020,\"\")","v":""},null,null,0]
["SF-00888",{"$f":"INDEX(Orçamentária!A:B,MATCH(Composições!A3021,Orçamentária!A:A,0),2)","v":"Acionador fixo"},null,"un",null,"",{"$f":"IF(ISNUMBER(F3021),E3021*F3021,\"\")","v":""},null,null,0]
[null,null,null,null,null,"",{"$f":"IF(ISNUMBER(F3022),E3022*F3022,\"\")","v":""},null,null,0]
[null,null,"Vidraceiro com encargos complementares","h",1,25.060999999999996,{"$f":"IF(ISNUMBER(F3023),E3023*F3023,\"\")","v":25.060999999999996},{"$f":"SUM(G3023:G3024)","v":25.060999999999996},null,0]
[null,null,"Acionador de fechadura elétrica para porta de vidro temperado com 01 acionador fixo. Ref.; Amelco AF62UP","un",1,"",{"$f":"IF(ISNUMBER(F3024),E3024*F3024,\"\")","v":""},null,null,0]
[null,null,null,null,null,"",{"$f":"IF(ISNUMBER(F3025),E3025*F3025,\"\")","v":""},null,null,0]
["SF-00889",{"$f":"INDEX(Orçamentária!A:B,MATCH(Composições!A3026,Orçamentária!A:A,0),2)","v":"Mini chapinha para trinco basculante"},null,"un",null,"",{"$f":"IF(ISNUMBER(F3026),E3026*F3026,\"\")","v":""},null,null,0]
[null,null,null,null,null,"",{"$f":"IF(ISNUMBER(F3027),E3027*F3027,\"\")","v":""},null,null,0]
[null,null,"Vidraceiro com encargos complementares","h",0.1,25.060999999999996,{"$f":"IF(ISNUMBER(F3028),E3028*F3028,\"\")","v":2.5061},{"$f":"SUM(G3028:G3029)","v":2.5061},null,0]
[null,null,"Mini chapinha para trinco de janela basculante em vidro temperado 8 ou 10 mm, em latão fundido cromado. Ref.: Belga Metais/9801-M","un",1,"",{"$f":"IF(ISNUMBER(F3029),E3029*F3029,\"\")","v":""},null,null,0]
[null,null,null,null,null,"",{"$f":"IF(ISNUMBER(F3030),E3030*F3030,\"\")","v":""},null,null,0]
["SF-00890",{"$f":"INDEX(Orçamentária!A:B,MATCH(Composições!A3031,Orçamentária!A:A,0),2)","v":"Puxador metálico - diâmetro de 22mm a 25mm"},null,"un",null,"",{"$f":"IF(ISNUMBER(F3031),E3031*F3031,\"\")","v":""},null,null,0]
[null,null,null,null,null,"",{"$f":"IF(ISNUMBER(F3032),E3032*F3032,\"\")","v":""},null,null,0]
[null,null,"Vidraceiro com encargos complementares","h",0.2,25.060999999999996,{"$f":"IF(ISNUMBER(F3033),E3033*F3033,\"\")","v":5.0122},{"$f":"SUM(G3033:G3034)","v":5.0122},null,0]
[null,null,"Puxador de latão polido - diâmetro 25mm, para portas e janelas de vidro temperado. Ref.: Belga Metais/9629","un",1,"",{"$f":"IF(ISNUMBER(F3034),E3034*F3034,\"\")","v":""},null,null,0]
[null,null,null,null,null,"",{"$f":"IF(ISNUMBER(F3035),E3035*F3035,\"\")","v":""},null,null,0]
["SF-00891",{"$f":"INDEX(Orçamentária!A:B,MATCH(Composições!A3036,Orçamentária!A:A,0),2)","v":"Trinco sem miolo para vidro temperado"},null,"un",null,"",{"$f":"IF(ISNUMBER(F3036),E3036*F3036,\"\")","v":""},null,null,0]
[null,null,null,null,null,"",{"$f":"IF(ISNUMBER(F3037),E3037*F3037,\"\")","v":""},null,null,0]
[null,null,"Vidraceiro com encargos complementares","h",0.2,25.060999999999996,{"$f":"IF(ISNUMBER(F3038),E3038*F3038,\"\")","v":5.0122},{"$f":"SUM(G3038:G3039)","v":5.0122},null,0]
[null,null,"Trinco sem miolo, para vidro temperado 8mm ou 10 mm, funcionando como suporte inferior de centro, em latão fundido cromado. Ref.: Belga Metais/9335","un",1,"",{"$f":"IF(ISNUMBER(F3039),E3039*F3039,\"\")","v":""},null,null,0]
[null,null,null,null,null,"",{"$f":"IF(ISNUMBER(F3040),E3040*F3040,\"\")","v":""},null,null,0]
["SF-00892",{"$f":"INDEX(Orçamentária!A:B,MATCH(Composições!A3041,Orçamentária!A:A,0),2)","v":"Tubo de alumínio quadrado 50x50"},null,"m",null,"",{"$f":"IF(ISNUMBER(F3041),E3041*F3041,\"\")","v":""},null,null,0]
[null,null,null,null,null,"",{"$f":"IF(ISNUMBER(F3042),E3042*F3042,\"\")","v":""},null,null,0]
[null,null,"Vidraceiro com encargos complementares","h",0.25,25.060999999999996,{"$f":"IF(ISNUMBER(F3043),E3043*F3043,\"\")","v":6.2652499999999991},{"$f":"SUM(G3043:G3044)","v":40.534951499999998},null,0]
[null,null,"PERFIL DE ALUMINIO ANODIZADO","kg",0.85299999999999998,40.1755,{"$f":"IF(ISNUMBER(F3044),E3044*F3044,\"\")","v":34.269701499999996},null,null,0]
[null,null,null,null,null,"",{"$f":"IF(ISNUMBER(F3045),E3045*F3045,\"\")","v":""},null,null,0]
[null,null,"Obs: Tubo de alumínio quadrado 50x50, para fixação de painéis em vidro temperado de 8mm ou 10 mm",null,null,"",{"$f":"IF(ISNUMBER(F3046),E3046*F3046,\"\")","v":""},null,null,0]
[null,null,"Fonte do coeficiente: http://www.ferragensdbf.com.br/produtos-aluminio.html",null,null,"",{"$f":"IF(ISNUMBER(F3047),E3047*F3047,\"\")","v":""},null,null,0]
[null,null,null,null,null,"",{"$f":"IF(ISNUMBER(F3048),E3048*F3048,\"\")","v":""},null,null,0]
["SF-00893",{"$f":"INDEX(Orçamentária!A:B,MATCH(Composições!A3049,Orçamentária!A:A,0),2)","v":"Veda fresta adesivo “E” branco"},null,"m",null,"",{"$f":"IF(ISNUMBER(F3049),E3049*F3049,\"\")","v":""},null,null,0]
[null,null,null,null,null,"",{"$f":"IF(ISNUMBER(F3050),E3050*F3050,\"\")","v":""},null,null,0]
[null,null,"Vidraceiro com encargos complementares","h",0.2,25.060999999999996,{"$f":"IF(ISNUMBER(F3051),E3051*F3051,\"\")","v":5.0122},{"$f":"SUM(G3051:G3052)","v":5.0122},null,0]
[null,null,"Veda fresta adesivo “E” em PVC branco, elemento vedante adesivo para portas e janelas","m",0.11899999999999999,"",{"$f":"IF(ISNUMBER(F3052),E3052*F3052,\"\")","v":""},null,null,0]
[null,null,null,null,null,"",{"$f":"IF(ISNUMBER(F3053),E3053*F3053,\"\")","v":""},null,null,0]
["SF-00894",{"$f":"INDEX(Orçamentária!A:B,MATCH(Composições!A3054,Orçamentária!A:A,0),2)","v":"Vedapress 10mm"},null,"m",null,"",{"$f":"IF(ISNUMBER(F3054),E3054*F3054,\"\")","v":""},null,null,0]
[null,null,null,null,null,"",{"$f":"IF(ISNUMBER(F3055),E3055*F3055,\"\")","v":""},null,null,0]
[null,null,"Vidraceiro com encargos complementares","h",0.3,25.060999999999996,{"$f":"IF(ISNUMBER(F3056),E3056*F3056,\"\")","v":7.5182999999999982},{"$f":"SUM(G3056:G3057)","v":12.299184499999999},null,0]
[null,null,"PERFIL DE ALUMINIO ANODIZADO","kg",0.11899999999999999,40.1755,{"$f":"IF(ISNUMBER(F3057),E3057*F3057,\"\")","v":4.7808845},null,null,0]
[null,null,null,null,null,"",{"$f":"IF(ISNUMBER(F3058),E3058*F3058,\"\")","v":""},null,null,0]
[null,null,"Obs: Vedapress 10mm, elemento vedante para portas e janelas de vidro temperado de 8mm ou 10 mm. Ref.: AL-15 - Poliformas alumínio e ferragens",null,null,"",{"$f":"IF(ISNUMBER(F3059),E3059*F3059,\"\")","v":""},null,null,0]
[null,null,"Fonte do coeficiente: http://www.alumipremium.com/produto/al15",null,null,"",{"$f":"IF(ISNUMBER(F3060),E3060*F3060,\"\")","v":""},null,null,0]
[null,null,null,null,null,"",{"$f":"IF(ISNUMBER(F3061),E3061*F3061,\"\")","v":""},null,null,0]
["SF-00895",{"$f":"INDEX(Orçamentária!A:B,MATCH(Composições!A3062,Orçamentária!A:A,0),2)","v":"Regulagem de ferragens"},null,"un",null,"",{"$f":"IF(ISNUMBER(F3062),E3062*F3062,\"\")","v":""},null,null,0]
[null,null,null,null,null,"",{"$f":"IF(ISNUMBER(F3063),E3063*F3063,\"\")","v":""},null,null,0]
[null,null,"Vidraceiro com encargos complementares","h",1.5,25.060999999999996,{"$f":"IF(ISNUMBER(F3064),E3064*F3064,\"\")","v":37.591499999999996},{"$f":"SUM(G3064:G3064)","v":37.591499999999996},null,0]
[null,null,null,null,null,"",{"$f":"IF(ISNUMBER(F3065),E3065*F3065,\"\")","v":""},null,null,0]
["SF-00896",{"$f":"INDEX(Orçamentária!A:B,MATCH(Composições!A3066,Orçamentária!A:A,0),2)","v":"Vidro fumê / bronze temperado 10mm"},null,"m2",null,"",{"$f":"IF(ISNUMBER(F3066),E3066*F3066,\"\")","v":""},null,null,0]
[null,null,null,null,null,"",{"$f":"IF(ISNUMBER(F3067),E3067*F3067,\"\")","v":""},null,null,0]
[null,null,"Vidraceiro com encargos complementares","h",0.47899999999999998,25.060999999999996,{"$f":"IF(ISNUMBER(F3068),E3068*F3068,\"\")","v":12.004218999999997},{"$f":"SUM(G3068:G3072)","v":97.383207999999996},null,0]
[null,null,"Servente com Encargos Complementares","h",0.46600000000000003,20.225499999999997,{"$f":"IF(ISNUMBER(F3069),E3069*F3069,\"\")","v":9.425082999999999},null,null,0]
[null,null,"PERFIL DE BORRACHA EPDM MACICO *12 X 15* MM PARA ESQUADRIAS","M",4.609,14.25,{"$f":"IF(ISNUMBER(F3070),E3070*F3070,\"\")","v":65.678250000000006},null,null,0]
[null,null,"FITA DE PAPEL REFORCADA COM LAMINA DE METAL PARA REFORCO DE CANTOS DE CHAPA DE GESSO PARA DRYWALL","m",4.0359999999999996,2.5459999999999998,{"$f":"IF(ISNUMBER(F3071),E3071*F3071,\"\")","v":10.275655999999998},null,null,0]
[null,null,"Vidro fumê/bronze temperado 10mm","m2",1,"",{"$f":"IF(ISNUMBER(F3072),E3072*F3072,\"\")","v":""},null,null,0]
[null,null,null,null,null,"",{"$f":"IF(ISNUMBER(F3073),E3073*F3073,\"\")","v":""},null,null,0]
["SF-00897",{"$f":"INDEX(Orçamentária!A:B,MATCH(Composições!A3074,Orçamentária!A:A,0),2)","v":"Puxador em aço inox sob medida – Tipo B"},null,"un",null,"",{"$f":"IF(ISNUMBER(F3074),E3074*F3074,\"\")","v":""},null,null,0]
[null,null,null,null,null,"",{"$f":"IF(ISNUMBER(F3075),E3075*F3075,\"\")","v":""},null,null,0]
[null,null,"Vidraceiro com encargos complementares","h",0.4,25.060999999999996,{"$f":"IF(ISNUMBER(F3076),E3076*F3076,\"\")","v":10.0244},{"$f":"SUM(G3076:G3077)","v":10.0244},null,0]
[null,null,"Puxador para porta de vidro temperado em aço inox, sob medida, tipo B","un",1,"",{"$f":"IF(ISNUMBER(F3077),E3077*F3077,\"\")","v":""},null,null,0]
[null,null,null,null,null,"",{"$f":"IF(ISNUMBER(F3078),E3078*F3078,\"\")","v":""},null,null,0]
["SF-00898",{"$f":"INDEX(Orçamentária!A:B,MATCH(Composições!A3079,Orçamentária!A:A,0),2)","v":"Armação de aço CA-50 bitolas de 5,0mm a 8,00mm"},null,"kg",null,"",{"$f":"IF(ISNUMBER(F3079),E3079*F3079,\"\")","v":""},null,null,0]
[null,null,null,null,null,"",{"$f":"IF(ISNUMBER(F3080),E3080*F3080,\"\")","v":""},null,null,0]
[null,null,"ESPACADOR / DISTANCIADOR CIRCULAR COM ENTRADA LATERAL, EM PLASTICO, PARA VERGALHAO *4,2 A 12,5* MM, COBRIMENTO 20 MM","UN",0.74299999999999999,0.20899999999999999,{"$f":"IF(ISNUMBER(F3081),E3081*F3081,\"\")","v":0.15528699999999998},{"$f":"SUM(G3081:G3085)","v":14.118163750000001},null,0]
[null,null,"ARAME RECOZIDO 16 BWG, D = 1,65 MM (0,016 KG/M) OU 18 BWG, D = 1,25 MM (0,01 KG/M)","KG",2.5000000000000001E-2,22.61,{"$f":"IF(ISNUMBER(F3082),E3082*F3082,\"\")","v":0.56525000000000003},null,null,0]
[null,null,"AJUDANTE DE ARMADOR COM ENCARGOS COMPLEMENTARES","H",9.1999999999999998E-3,20.196999999999999,{"$f":"IF(ISNUMBER(F3083),E3083*F3083,\"\")","v":0.18581239999999999},null,null,0]
[null,null,"ARMADOR COM ENCARGOS COMPLEMENTARES","H",5.6099999999999997E-2,26.970499999999998,{"$f":"IF(ISNUMBER(F3084),E3084*F3084,\"\")","v":1.5130450499999999},null,null,0]
[null,null,"CORTE E DOBRA DE AÇO CA-50, DIÂMETRO DE 8,0 MM. AF_06/2022","KG",1,11.6987693,{"$f":"IF(ISNUMBER(F3085),E3085*F3085,\"\")","v":11.6987693},null,null,0]
[null,null,null,null,null,"",{"$f":"IF(ISNUMBER(F3086),E3086*F3086,\"\")","v":""},null,null,0]
["SF-00899",{"$f":"INDEX(Orçamentária!A:B,MATCH(Composições!A3087,Orçamentária!A:A,0),2)","v":"Pivô para dobradiça inferior (Montagem com a 1103-TQ)"},null,"un",null,"",{"$f":"IF(ISNUMBER(F3087),E3087*F3087,\"\")","v":""},null,null,0]
[null,null,null,null,null,"",{"$f":"IF(ISNUMBER(F3088),E3088*F3088,\"\")","v":""},null,null,0]
[null,null,"Vidraceiro com encargos complementares","h",0.2,25.060999999999996,{"$f":"IF(ISNUMBER(F3089),E3089*F3089,\"\")","v":5.0122},{"$f":"SUM(G3089:G3090)","v":5.0122},null,0]
[null,null,"Pivô para dobradiça inferior (montagem com a 1103- TQ) para porta em vidro temperado","un",1,"",{"$f":"IF(ISNUMBER(F3090),E3090*F3090,\"\")","v":""},null,null,0]
[null,null,null,null,null,"",{"$f":"IF(ISNUMBER(F3091),E3091*F3091,\"\")","v":""},null,null,0]
["SF-00900",{"$f":"INDEX(Orçamentária!A:B,MATCH(Composições!A3092,Orçamentária!A:A,0),2)","v":"Dobradiça direita inferior excêntrica"},null,"un",null,"",{"$f":"IF(ISNUMBER(F3092),E3092*F3092,\"\")","v":""},null,null,0]
[null,null,null,null,null,"",{"$f":"IF(ISNUMBER(F3093),E3093*F3093,\"\")","v":""},null,null,0]
[null,null,"Vidraceiro com encargos complementares","h",0.3,25.060999999999996,{"$f":"IF(ISNUMBER(F3094),E3094*F3094,\"\")","v":7.5182999999999982},{"$f":"SUM(G3094:G3095)","v":7.5182999999999982},null,0]
[null,null,"Dobradiça direita inferior excêntrica para porta pivotante em vidro temperado, dimensões máximas recomendadas 1000 x 2100 mm ou 900 x 2400 mm","un",1,"",{"$f":"IF(ISNUMBER(F3095),E3095*F3095,\"\")","v":""},null,null,0]
[null,null,null,null,null,"",{"$f":"IF(ISNUMBER(F3096),E3096*F3096,\"\")","v":""},null,null,0]
["SF-00901",{"$f":"INDEX(Orçamentária!A:B,MATCH(Composições!A3097,Orçamentária!A:A,0),2)","v":"Dobradiça esquerda inferior excêntrica"},null,"un",null,"",{"$f":"IF(ISNUMBER(F3097),E3097*F3097,\"\")","v":""},null,null,0]
[null,null,null,null,null,"",{"$f":"IF(ISNUMBER(F3098),E3098*F3098,\"\")","v":""},null,null,0]
[null,null,"Vidraceiro com encargos complementares","h",0.3,25.060999999999996,{"$f":"IF(ISNUMBER(F3099),E3099*F3099,\"\")","v":7.5182999999999982},{"$f":"SUM(G3099:G3100)","v":7.5182999999999982},null,0]
[null,null,"Dobradiça esquerda inferior excêntrica para porta pivotante em vidro temperado, dimensões máximas recomendadas 1000 x 2100 mm ou 900 x 2400 mm","un",1,"",{"$f":"IF(ISNUMBER(F3100),E3100*F3100,\"\")","v":""},null,null,0]
[null,null,null,null,null,"",{"$f":"IF(ISNUMBER(F3101),E3101*F3101,\"\")","v":""},null,null,0]
["SF-00902",{"$f":"INDEX(Orçamentária!A:B,MATCH(Composições!A3102,Orçamentária!A:A,0),2)","v":"Dobradiça pivotante inferior com trinco"},null,"un",null,"",{"$f":"IF(ISNUMBER(F3102),E3102*F3102,\"\")","v":""},null,null,0]
[null,null,null,null,null,"",{"$f":"IF(ISNUMBER(F3103),E3103*F3103,\"\")","v":""},null,null,0]
[null,null,"Vidraceiro com encargos complementares","h",0.3,25.060999999999996,{"$f":"IF(ISNUMBER(F3104),E3104*F3104,\"\")","v":7.5182999999999982},{"$f":"SUM(G3104:G3105)","v":7.5182999999999982},null,0]
[null,null,"Dobradiça pivotante inferior com trinco, em alumínio, para porta em vidro temperado, dimensões máximas recomendadas 900 x 2200 mm","un",1,"",{"$f":"IF(ISNUMBER(F3105),E3105*F3105,\"\")","v":""},null,null,0]
[null,null,null,null,null,"",{"$f":"IF(ISNUMBER(F3106),E3106*F3106,\"\")","v":""},null,null,0]
["SF-00903",{"$f":"INDEX(Orçamentária!A:B,MATCH(Composições!A3107,Orçamentária!A:A,0),2)","v":"Carrinho para porta de correr 1 roldana e 2 furos"},null,"un",null,"",{"$f":"IF(ISNUMBER(F3107),E3107*F3107,\"\")","v":""},null,null,0]
[null,null,null,null,null,"",{"$f":"IF(ISNUMBER(F3108),E3108*F3108,\"\")","v":""},null,null,0]
[null,null,"Vidraceiro com encargos complementares","h",0.15,25.060999999999996,{"$f":"IF(ISNUMBER(F3109),E3109*F3109,\"\")","v":3.7591499999999991},{"$f":"SUM(G3109:G3110)","v":3.7591499999999991},null,0]
[null,null,"Carrinho para porta de correr em vidro temperado até 20kg 1 roldana e 2 furos. Ref.: Vidromax 1122-S","un",1,"",{"$f":"IF(ISNUMBER(F3110),E3110*F3110,\"\")","v":""},null,null,0]
[null,null,null,null,null,"",{"$f":"IF(ISNUMBER(F3111),E3111*F3111,\"\")","v":""},null,null,0]
["SF-00904",{"$f":"INDEX(Orçamentária!A:B,MATCH(Composições!A3112,Orçamentária!A:A,0),2)","v":"Carrinho para porta de correr 2 roldanas e 2 furos"},null,"un",null,"",{"$f":"IF(ISNUMBER(F3112),E3112*F3112,\"\")","v":""},null,null,0]
[null,null,null,null,null,"",{"$f":"IF(ISNUMBER(F3113),E3113*F3113,\"\")","v":""},null,null,0]
[null,null,"Vidraceiro com encargos complementares","h",0.15,25.060999999999996,{"$f":"IF(ISNUMBER(F3114),E3114*F3114,\"\")","v":3.7591499999999991},{"$f":"SUM(G3114:G3115)","v":3.7591499999999991},null,0]
[null,null,"Carrinho para porta de correr em vidro temperado até 80kg 2 roldanas e 2 furos. Ref.: Vidromax 1122","un",1,"",{"$f":"IF(ISNUMBER(F3115),E3115*F3115,\"\")","v":""},null,null,0]
[null,null,null,null,null,"",{"$f":"IF(ISNUMBER(F3116),E3116*F3116,\"\")","v":""},null,null,0]
["SF-00905",{"$f":"INDEX(Orçamentária!A:B,MATCH(Composições!A3117,Orçamentária!A:A,0),2)","v":"Carrinho para porta de correr com roldana côncava"},null,"un",null,"",{"$f":"IF(ISNUMBER(F3117),E3117*F3117,\"\")","v":""},null,null,0]
[null,null,null,null,null,"",{"$f":"IF(ISNUMBER(F3118),E3118*F3118,\"\")","v":""},null,null,0]
[null,null,"Vidraceiro com encargos complementares","h",0.15,25.060999999999996,{"$f":"IF(ISNUMBER(F3119),E3119*F3119,\"\")","v":3.7591499999999991},{"$f":"SUM(G3119:G3120)","v":3.7591499999999991},null,0]
[null,null,"Carrinho para porta de correr em vidro temperado com roldana côncava, dimensões máximas recomendadas 600 x 1800 mm","un",1,"",{"$f":"IF(ISNUMBER(F3120),E3120*F3120,\"\")","v":""},null,null,0]
[null,null,null,null,null,"",{"$f":"IF(ISNUMBER(F3121),E3121*F3121,\"\")","v":""},null,null,0]
["SF-00906",{"$f":"INDEX(Orçamentária!A:B,MATCH(Composições!A3122,Orçamentária!A:A,0),2)","v":"Guia de nylon para porta de correr"},null,"un",null,"",{"$f":"IF(ISNUMBER(F3122),E3122*F3122,\"\")","v":""},null,null,0]
[null,null,null,null,null,"",{"$f":"IF(ISNUMBER(F3123),E3123*F3123,\"\")","v":""},null,null,0]
[null,null,"Vidraceiro com encargos complementares","h",0.15,25.060999999999996,{"$f":"IF(ISNUMBER(F3124),E3124*F3124,\"\")","v":3.7591499999999991},{"$f":"SUM(G3124:G3125)","v":3.7591499999999991},null,0]
[null,null,"Guia de nylon para porta de correr em vidro temperado","un",1,"",{"$f":"IF(ISNUMBER(F3125),E3125*F3125,\"\")","v":""},null,null,0]
[null,null,null,null,null,"",{"$f":"IF(ISNUMBER(F3126),E3126*F3126,\"\")","v":""},null,null,0]
["SF-00907",{"$f":"INDEX(Orçamentária!A:B,MATCH(Composições!A3127,Orçamentária!A:A,0),2)","v":"Puxador H tubular em aço inox, comprimento 45cm, para portas de vidro temperado"},null,"un",null,"",{"$f":"IF(ISNUMBER(F3127),E3127*F3127,\"\")","v":""},null,null,0]
[null,null,null,null,null,"",{"$f":"IF(ISNUMBER(F3128),E3128*F3128,\"\")","v":""},null,null,0]
[null,null,"Vidraceiro com encargos complementares","h",0.4,25.060999999999996,{"$f":"IF(ISNUMBER(F3129),E3129*F3129,\"\")","v":10.0244},{"$f":"SUM(G3129:G3130)","v":10.0244},null,0]
[null,null,"Puxador H tubular em aço inox AISI304, com porcas tipo castelo, comprimento 45cm, entre furos de 30cm,  diâmetro 1.1/4\",  chapa #16, acabamento escovado. Ref.: PX-RD, Poliforma Alumínio e Ferragens","un",1,"",{"$f":"IF(ISNUMBER(F3130),E3130*F3130,\"\")","v":""},null,null,0]
[null,null,null,null,null,"",{"$f":"IF(ISNUMBER(F3131),E3131*F3131,\"\")","v":""},null,null,0]
["SF-00908",{"$f":"INDEX(Orçamentária!A:B,MATCH(Composições!A3132,Orçamentária!A:A,0),2)","v":"Transporte de vidros"},null,"m2 x km",null,"",{"$f":"IF(ISNUMBER(F3132),E3132*F3132,\"\")","v":""},null,null,0]
[null,null,null,null,null,"",{"$f":"IF(ISNUMBER(F3133),E3133*F3133,\"\")","v":""},null,null,0]
[null,null,"Servente com Encargos Complementares","h",2.9209999999999998,20.225499999999997,{"$f":"IF(ISNUMBER(F3134),E3134*F3134,\"\")","v":59.078685499999985},{"$f":"SUM(G3134:G3134)","v":59.078685499999985},null,0]
[null,null,null,null,null,"",{"$f":"IF(ISNUMBER(F3135),E3135*F3135,\"\")","v":""},null,null,0]
[null,null,"Fonte do coeficiente: http://www.alumipremium.com/produto/al15",null,null,"",{"$f":"IF(ISNUMBER(F3136),E3136*F3136,\"\")","v":""},null,null,0]
[null,null,null,null,null,"",{"$f":"IF(ISNUMBER(F3137),E3137*F3137,\"\")","v":""},null,null,0]
["SF-00909",{"$f":"INDEX(Orçamentária!A:B,MATCH(Composições!A3138,Orçamentária!A:A,0),2)","v":"Vidro fantasia 4mm (canelado, martelado, pontilhado e mini-boreal)"},null,"m2",null,"",{"$f":"IF(ISNUMBER(F3138),E3138*F3138,\"\")","v":""},null,null,0]
[null,null,null,null,null,"",{"$f":"IF(ISNUMBER(F3139),E3139*F3139,\"\")","v":""},null,null,0]
[null,null,"Vidraceiro com encargos complementares","h",1.5,25.060999999999996,{"$f":"IF(ISNUMBER(F3140),E3140*F3140,\"\")","v":37.591499999999996},{"$f":"SUM(G3140:G3142)","v":121.74249999999999},null,0]
[null,null,"Servente com Encargos Complementares","h",1,20.225499999999997,{"$f":"IF(ISNUMBER(F3141),E3141*F3141,\"\")","v":20.225499999999997},null,null,0]
[null,null,"VIDRO MARTELADO OU CANELADO, 4 MM - SEM COLOCACAO","m2",1,63.9255,{"$f":"IF(ISNUMBER(F3142),E3142*F3142,\"\")","v":63.9255},null,null,0]
[null,null,null,null,null,"",{"$f":"IF(ISNUMBER(F3143),E3143*F3143,\"\")","v":""},null,null,0]
["SF-00910",{"$f":"INDEX(Orçamentária!A:B,MATCH(Composições!A3144,Orçamentária!A:A,0),2)","v":"Vidro fumê/bronze 5mm"},null,"m2",null,"",{"$f":"IF(ISNUMBER(F3144),E3144*F3144,\"\")","v":""},null,null,0]
[null,null,null,null,null,"",{"$f":"IF(ISNUMBER(F3145),E3145*F3145,\"\")","v":""},null,null,0]
[null,null,"Vidraceiro com encargos complementares","h",1.5,25.060999999999996,{"$f":"IF(ISNUMBER(F3146),E3146*F3146,\"\")","v":37.591499999999996},{"$f":"SUM(G3146:G3148)","v":168.24499999999998},null,0]
[null,null,"Servente com Encargos Complementares","h",1,20.225499999999997,{"$f":"IF(ISNUMBER(F3147),E3147*F3147,\"\")","v":20.225499999999997},null,null,0]
[null,null,"VIDRO LISO FUME, E = 5 MM - SEM COLOCACAO","m2",1,110.42799999999998,{"$f":"IF(ISNUMBER(F3148),E3148*F3148,\"\")","v":110.42799999999998},null,null,0]
[null,null,null,null,null,"",{"$f":"IF(ISNUMBER(F3149),E3149*F3149,\"\")","v":""},null,null,0]
["SF-00911",{"$f":"INDEX(Orçamentária!A:B,MATCH(Composições!A3150,Orçamentária!A:A,0),2)","v":"Recuperação de massa em esquadria metálica"},null,"m",null,"",{"$f":"IF(ISNUMBER(F3150),E3150*F3150,\"\")","v":""},null,null,0]
[null,null,null,null,null,"",{"$f":"IF(ISNUMBER(F3151),E3151*F3151,\"\")","v":""},null,null,0]
[null,null,"Vidraceiro com encargos complementares","h",0.5,25.060999999999996,{"$f":"IF(ISNUMBER(F3152),E3152*F3152,\"\")","v":12.530499999999998},{"$f":"SUM(G3152:G3154)","v":27.352874999999997},null,0]
[null,null,"Servente com Encargos Complementares","h",0.25,20.225499999999997,{"$f":"IF(ISNUMBER(F3153),E3153*F3153,\"\")","v":5.0563749999999992},null,null,0]
[null,null,"Massa para vidro","Kg",2,4.8829999999999991,{"$f":"IF(ISNUMBER(F3154),E3154*F3154,\"\")","v":9.7659999999999982},null,null,0]
[null,null,null,null,null,"",{"$f":"IF(ISNUMBER(F3155),E3155*F3155,\"\")","v":""},null,null,0]
["SF-00912",{"$f":"INDEX(Orçamentária!A:B,MATCH(Composições!A3156,Orçamentária!A:A,0),2)","v":"Instalação de espelho reaproveitado"},null,"m2",null,"",{"$f":"IF(ISNUMBER(F3156),E3156*F3156,\"\")","v":""},null,null,0]
[null,null,null,null,null,"",{"$f":"IF(ISNUMBER(F3157),E3157*F3157,\"\")","v":""},null,null,0]
[null,null,"Servente com Encargos Complementares","h",1,20.225499999999997,{"$f":"IF(ISNUMBER(F3158),E3158*F3158,\"\")","v":20.225499999999997},{"$f":"SUM(G3158:G3159)","v":57.816999999999993},null,0]
[null,null,"Vidraceiro com encargos complementares","h",1.5,25.060999999999996,{"$f":"IF(ISNUMBER(F3159),E3159*F3159,\"\")","v":37.591499999999996},null,null,0]
[null,null,null,null,null,"",{"$f":"IF(ISNUMBER(F3160),E3160*F3160,\"\")","v":""},null,null,0]
["SF-00913",{"$f":"INDEX(Orçamentária!A:B,MATCH(Composições!A3161,Orçamentária!A:A,0),2)","v":"Espelho fumê/bronze 4mm lapidado"},null,"m2",null,"",{"$f":"IF(ISNUMBER(F3161),E3161*F3161,\"\")","v":""},null,null,0]
[null,null,null,null,null,"",{"$f":"IF(ISNUMBER(F3162),E3162*F3162,\"\")","v":""},null,null,0]
[null,null,"Espelho fumê/bronze 4mm lapidado","m2",1,"",{"$f":"IF(ISNUMBER(F3163),E3163*F3163,\"\")","v":""},{"$f":"SUM(G3163:G3165)","v":57.816999999999993},null,0]
[null,null,"Servente com Encargos Complementares","h",1,20.225499999999997,{"$f":"IF(ISNUMBER(F3164),E3164*F3164,\"\")","v":20.225499999999997},null,null,0]
[null,null,"Vidraceiro com encargos complementares","h",1.5,25.060999999999996,{"$f":"IF(ISNUMBER(F3165),E3165*F3165,\"\")","v":37.591499999999996},null,null,0]
[null,null,null,null,null,"",{"$f":"IF(ISNUMBER(F3166),E3166*F3166,\"\")","v":""},null,null,0]
["SF-00914",{"$f":"INDEX(Orçamentária!A:B,MATCH(Composições!A3167,Orçamentária!A:A,0),2)","v":"Finesson (parafuso de fixação francês)"},null,"un",null,"",{"$f":"IF(ISNUMBER(F3167),E3167*F3167,\"\")","v":""},null,null,0]
[null,null,null,null,null,"",{"$f":"IF(ISNUMBER(F3168),E3168*F3168,\"\")","v":""},null,null,0]
[null,null,"Vidraceiro com encargos complementares","h",0.1,25.060999999999996,{"$f":"IF(ISNUMBER(F3169),E3169*F3169,\"\")","v":2.5061},{"$f":"SUM(G3169:G3170)","v":9.6120999999999999},null,0]
[null,null,"PARAFUSO FRANCES M16 EM ACO GALVANIZADO, COMPRIMENTO = 45 MM, DIAMETRO = 16 MM, CABECA ABAULADA","un",1,7.1059999999999999,{"$f":"IF(ISNUMBER(F3170),E3170*F3170,\"\")","v":7.1059999999999999},null,null,0]
[null,null,null,null,null,"",{"$f":"IF(ISNUMBER(F3171),E3171*F3171,\"\")","v":""},null,null,0]
["SF-00915",{"$f":"INDEX(Orçamentária!A:B,MATCH(Composições!A3172,Orçamentária!A:A,0),2)","v":"Graute industrializado, 50 MPa ≤ fck ≤ 60 MPa"},null,"m3",null,"",{"$f":"IF(ISNUMBER(F3172),E3172*F3172,\"\")","v":""},null,null,0]
[null,null,null,null,null,"",{"$f":"IF(ISNUMBER(F3173),E3173*F3173,\"\")","v":""},null,null,0]
[null,null,"PEDREIRO COM ENCARGOS COMPLEMENTARES","H",4.8468999999999998,27.160499999999999,{"$f":"IF(ISNUMBER(F3174),E3174*F3174,\"\")","v":131.64422744999999},{"$f":"SUM(G3174:G3176)","v":4523.2988855999993},null,0]
[null,null,"SERVENTE COM ENCARGOS COMPLEMENTARES","H",3.2313000000000001,20.225499999999997,{"$f":"IF(ISNUMBER(F3175),E3175*F3175,\"\")","v":65.354658149999992},null,null,0]
[null,null,"GRAUTE CIMENTICIO PARA USO GERAL","KG",2200,1.9664999999999997,{"$f":"IF(ISNUMBER(F3176),E3176*F3176,\"\")","v":4326.2999999999993},null,null,0]
[null,null,null,null,null,"",null,null,null,0]
[null,null,"Obs.: Consumo de acordo com o fabricante do produto \"Super Graute Quartzolit\", referência comercial indicada.",null,null,"",null,null,null,0]
[null,null,"https://www.quartzolit.weber/files/br/2017-12/super_graute_quartzolit.pdf",null,null,"",null,null,null,0]
[null,null,null,null,null,"",{"$f":"IF(ISNUMBER(F3180),E3180*F3180,\"\")","v":""},null,null,0]
["SF-00916",{"$f":"INDEX(Orçamentária!A:B,MATCH(Composições!A3181,Orçamentária!A:A,0),2)","v":"Armação de aço CA-50 bitolas de 10,0 mm a 12,5 mm"},null,"kg",null,"",{"$f":"IF(ISNUMBER(F3181),E3181*F3181,\"\")","v":""},null,null,0]
[null,null,null,null,null,"",{"$f":"IF(ISNUMBER(F3182),E3182*F3182,\"\")","v":""},null,null,0]
[null,null,"ESPACADOR / DISTANCIADOR CIRCULAR COM ENTRADA LATERAL, EM PLASTICO, PARA VERGALHAO *4,2 A 12,5* MM, COBRIMENTO 20 MM","UN",0.36699999999999999,0.20899999999999999,{"$f":"IF(ISNUMBER(F3183),E3183*F3183,\"\")","v":7.6702999999999993E-2},{"$f":"SUM(G3183:G3187)","v":10.718598249999999},null,0]
[null,null,"ARAME RECOZIDO 16 BWG, D = 1,65 MM (0,016 KG/M) OU 18 BWG, D = 1,25 MM (0,01 KG/M)","KG",2.5000000000000001E-2,22.61,{"$f":"IF(ISNUMBER(F3184),E3184*F3184,\"\")","v":0.56525000000000003},null,null,0]
[null,null,"AJUDANTE DE ARMADOR COM ENCARGOS COMPLEMENTARES","H",4.1999999999999997E-3,20.196999999999999,{"$f":"IF(ISNUMBER(F3185),E3185*F3185,\"\")","v":8.4827399999999997E-2},null,null,0]
[null,null,"ARMADOR COM ENCARGOS COMPLEMENTARES","H",2.5700000000000001E-2,26.970499999999998,{"$f":"IF(ISNUMBER(F3186),E3186*F3186,\"\")","v":0.69314184999999995},null,null,0]
[null,null,"CORTE E DOBRA DE AÇO CA-50, DIÂMETRO DE 12,5 MM. AF_06/2022","KG",1,9.2986760000000004,{"$f":"IF(ISNUMBER(F3187),E3187*F3187,\"\")","v":9.2986760000000004},null,null,0]
[null,null,null,null,null,"",{"$f":"IF(ISNUMBER(F3188),E3188*F3188,\"\")","v":""},null,null,0]
["SF-00917",{"$f":"INDEX(Orçamentária!A:B,MATCH(Composições!A3189,Orçamentária!A:A,0),2)","v":"Armação de aço CA-50 bitolas de 16,0 mm a 25,0 mm"},null,"kg",null,"",{"$f":"IF(ISNUMBER(F3189),E3189*F3189,\"\")","v":""},null,null,0]
[null,null,null,null,null,"",{"$f":"IF(ISNUMBER(F3190),E3190*F3190,\"\")","v":""},null,null,0]
[null,null,"ESPACADOR / DISTANCIADOR CIRCULAR COM ENTRADA LATERAL, EM PLASTICO, PARA VERGALHAO *4,2 A 12,5* MM, COBRIMENTO 20 MM","UN",0.21199999999999999,0.20899999999999999,{"$f":"IF(ISNUMBER(F3191),E3191*F3191,\"\")","v":4.4308E-2},{"$f":"SUM(G3191:G3195)","v":10.41790235},null,0]
[null,null,"ARAME RECOZIDO 16 BWG, D = 1,65 MM (0,016 KG/M) OU 18 BWG, D = 1,25 MM (0,01 KG/M)","KG",2.5000000000000001E-2,22.61,{"$f":"IF(ISNUMBER(F3192),E3192*F3192,\"\")","v":0.56525000000000003},null,null,0]
[null,null,"AJUDANTE DE ARMADOR COM ENCARGOS COMPLEMENTARES","H",3.2000000000000002E-3,20.196999999999999,{"$f":"IF(ISNUMBER(F3193),E3193*F3193,\"\")","v":6.4630400000000005E-2},null,null,0]
[null,null,"ARMADOR COM ENCARGOS COMPLEMENTARES","H",1.9400000000000001E-2,26.970499999999998,{"$f":"IF(ISNUMBER(F3194),E3194*F3194,\"\")","v":0.52322769999999996},null,null,0]
[null,null,"CORTE E DOBRA DE AÇO CA-50, DIÂMETRO DE 16,0 MM. AF_06/2022","KG",1,9.2204862500000004,{"$f":"IF(ISNUMBER(F3195),E3195*F3195,\"\")","v":9.2204862500000004},null,null,0]
[null,null,null,null,null,"",{"$f":"IF(ISNUMBER(F3196),E3196*F3196,\"\")","v":""},null,null,0]
["SF-00918",{"$f":"INDEX(Orçamentária!A:B,MATCH(Composições!A3197,Orçamentária!A:A,0),2)","v":"Remoção de mola hidráulica de piso"},null,"un",null,"",{"$f":"IF(ISNUMBER(F3197),E3197*F3197,\"\")","v":""},null,null,0]
[null,null,null,null,null,"",{"$f":"IF(ISNUMBER(F3198),E3198*F3198,\"\")","v":""},null,null,0]
[null,null,"Servente com Encargos Complementares","h",0.55000000000000004,20.225499999999997,{"$f":"IF(ISNUMBER(F3199),E3199*F3199,\"\")","v":11.124025},{"$f":"SUM(G3199:G3200)","v":24.907575000000001},null,0]
[null,null,"Vidraceiro com encargos complementares","h",0.55000000000000004,25.060999999999996,{"$f":"IF(ISNUMBER(F3200),E3200*F3200,\"\")","v":13.78355},null,null,0]
[null,null,null,null,null,"",{"$f":"IF(ISNUMBER(F3201),E3201*F3201,\"\")","v":""},null,null,0]
["SF-00919",{"$f":"INDEX(Orçamentária!A:B,MATCH(Composições!A3202,Orçamentária!A:A,0),2)","v":"Escavação manual de valas"},null,"m3",null,"",{"$f":"IF(ISNUMBER(F3202),E3202*F3202,\"\")","v":""},null,null,0]
[null,null,null,null,null,"",{"$f":"IF(ISNUMBER(F3203),E3203*F3203,\"\")","v":""},null,null,0]
[null,null,"Servente com Encargos Complementares","h",3.956,20.225499999999997,{"$f":"IF(ISNUMBER(F3204),E3204*F3204,\"\")","v":80.012077999999988},{"$f":"SUM(G3204:G3204)","v":80.012077999999988},null,0]
[null,null,null,null,null,"",{"$f":"IF(ISNUMBER(F3205),E3205*F3205,\"\")","v":""},null,null,0]
["SF-00920",{"$f":"INDEX(Orçamentária!A:B,MATCH(Composições!A3206,Orçamentária!A:A,0),2)","v":"Reaterro de vala com compactação mecanizada"},null,"m3",null,"",{"$f":"IF(ISNUMBER(F3206),E3206*F3206,\"\")","v":""},null,null,0]
[null,null,null,null,null,"",{"$f":"IF(ISNUMBER(F3207),E3207*F3207,\"\")","v":""},null,null,0]
[null,null,"SERVENTE COM ENCARGOS COMPLEMENTARES","H",0.65,20.225499999999997,{"$f":"IF(ISNUMBER(F3208),E3208*F3208,\"\")","v":13.146574999999999},{"$f":"SUM(G3208:G3211)","v":28.519104499999997},null,0]
[null,null,"COMPACTADOR DE SOLOS DE PERCUSSÃO (SOQUETE) COM MOTOR A GASOLINA 4 TEMPOS, POTÊNCIA 4 CV - CHP DIURNO. AF_08/2015","CHP",0.27400000000000002,27.7685,{"$f":"IF(ISNUMBER(F3209),E3209*F3209,\"\")","v":7.6085690000000001},null,null,0]
[null,null,"COMPACTADOR DE SOLOS DE PERCUSSÃO (SOQUETE) COM MOTOR A GASOLINA 4 TEMPOS, POTÊNCIA 4 CV - CHI DIURNO. AF_08/2015","CHI",0.254,22.011500000000002,{"$f":"IF(ISNUMBER(F3210),E3210*F3210,\"\")","v":5.5909210000000007},null,null,0]
[null,null,"UMIDIFICAÇÃO DE MATERIAL PARA VALAS COM CAMINHÃO PIPA 10000L. AF_11/2016","M3",1,2.1730394999999998,{"$f":"IF(ISNUMBER(F3211),E3211*F3211,\"\")","v":2.1730394999999998},null,null,0]
[null,null,null,null,null,"",{"$f":"IF(ISNUMBER(F3212),E3212*F3212,\"\")","v":""},null,null,0]
["SF-00921",{"$f":"INDEX(Orçamentária!A:B,MATCH(Composições!A3213,Orçamentária!A:A,0),2)","v":"Aterro de vala com compactação mecanizada"},null,"m3",null,"",{"$f":"IF(ISNUMBER(F3213),E3213*F3213,\"\")","v":""},null,null,0]
[null,null,null,null,null,"",{"$f":"IF(ISNUMBER(F3214),E3214*F3214,\"\")","v":""},null,null,0]
[null,null,"CAMINHÃO PIPA 10.000 L TRUCADO, PESO BRUTO TOTAL 23.000 KG, CARGA ÚTIL MÁXIMA 15.935 KG, DISTÂNCIA ENTRE EIXOS 4,8 M, POTÊNCIA 230 CV, INCLUSIVE TANQUE DE AÇO PARA TRANSPORTE DE ÁGUA - CHP DIURNO. AF_06/2014","CHP",6.0000000000000001E-3,302.76499999999999,{"$f":"IF(ISNUMBER(F3215),E3215*F3215,\"\")","v":1.8165899999999999},{"$f":"SUM(G3215:G3222)","v":205.19644343749999},null,0]
[null,null,"CAMINHÃO PIPA 10.000 L TRUCADO, PESO BRUTO TOTAL 23.000 KG, CARGA ÚTIL MÁXIMA 15.935 KG, DISTÂNCIA ENTRE EIXOS 4,8 M, POTÊNCIA 230 CV, INCLUSIVE TANQUE DE AÇO PARA TRANSPORTE DE ÁGUA - CHI DIURNO. AF_06/2014","CHI",3.0000000000000001E-3,58.14,{"$f":"IF(ISNUMBER(F3216),E3216*F3216,\"\")","v":0.17441999999999999},null,null,0]
[null,null,"ARGILA, ARGILA VERMELHA OU ARGILA ARENOSA (RETIRADA NA JAZIDA, SEM TRANSPORTE)","M3",1.25,80.046999999999997,{"$f":"IF(ISNUMBER(F3217),E3217*F3217,\"\")","v":100.05875},null,null,0]
[null,null,"SERVENTE COM ENCARGOS COMPLEMENTARES","H",0.65900000000000003,20.225499999999997,{"$f":"IF(ISNUMBER(F3218),E3218*F3218,\"\")","v":13.328604499999999},null,null,0]
[null,null,"COMPACTADOR DE SOLOS DE PERCUSSÃO (SOQUETE) COM MOTOR A GASOLINA 4 TEMPOS, POTÊNCIA 4 CV - CHP DIURNO. AF_08/2015","CHP",0.27400000000000002,27.7685,{"$f":"IF(ISNUMBER(F3219),E3219*F3219,\"\")","v":7.6085690000000001},null,null,0]
[null,null,"COMPACTADOR DE SOLOS DE PERCUSSÃO (SOQUETE) COM MOTOR A GASOLINA 4 TEMPOS, POTÊNCIA 4 CV - CHI DIURNO. AF_08/2015","CHI",0.254,22.011500000000002,{"$f":"IF(ISNUMBER(F3220),E3220*F3220,\"\")","v":5.5909210000000007},null,null,0]
[null,null,"CARGA, MANOBRA E DESCARGA DE SOLOS E MATERIAIS GRANULARES EM CAMINHÃO BASCULANTE 6 M³ - CARGA COM PÁ CARREGADEIRA (CAÇAMBA DE 1,7 A 2,8 M³ / 128 HP) E DESCARGA LIVRE (UNIDADE: M3). AF_07/2020","m3",{"$f":"E3217*1","v":1.25},7.9843291499999998,{"$f":"IF(ISNUMBER(F3221),E3221*F3221,\"\")","v":9.980411437499999},null,null,0]
[null,null,"TRANSPORTE COM CAMINHÃO BASCULANTE DE 6 M3, EM VIA URBANA PAVIMENTADA, DMT ATÉ 30 KM (UNIDADE: M3xKM). AF_01/2018","M3xKM",{"$f":"E3217*20","v":25},2.6655270999999994,{"$f":"IF(ISNUMBER(F3222),E3222*F3222,\"\")","v":66.638177499999983},null,null,0]
[null,null,null,null,null,"",{"$f":"IF(ISNUMBER(F3223),E3223*F3223,\"\")","v":""},null,null,0]
[null,null,"Obs.: Considerando fornecedor de argila a 20 km do Senado Federal.",null,null,"",{"$f":"IF(ISNUMBER(F3224),E3224*F3224,\"\")","v":""},null,null,0]
[null,null,null,null,null,"",{"$f":"IF(ISNUMBER(F3225),E3225*F3225,\"\")","v":""},null,null,0]
["SF-00922",{"$f":"INDEX(Orçamentária!A:B,MATCH(Composições!A3226,Orçamentária!A:A,0),2)","v":"Tubo de cobre classe \"E\" 22 mm"},null,"m",null,"",{"$f":"IF(ISNUMBER(F3226),E3226*F3226,\"\")","v":""},null,null,0]
[null,null,null,null,null,"",{"$f":"IF(ISNUMBER(F3227),E3227*F3227,\"\")","v":""},null,null,0]
[null,null,"TUBO DE COBRE CLASSE \"E\", DN = 22 MM, PARA INSTALACAO HIDRAULICA PREDIAL","M",1.0210999999999999,56.097499999999997,{"$f":"IF(ISNUMBER(F3228),E3228*F3228,\"\")","v":57.281157249999993},{"$f":"SUM(G3228:G3230)","v":64.102005249999991},null,0]
[null,null,"AUXILIAR DE ENCANADOR OU BOMBEIRO HIDRÁULICO COM ENCARGOS COMPLEMENTARES","H",0.14399999999999999,20.909500000000001,{"$f":"IF(ISNUMBER(F3229),E3229*F3229,\"\")","v":3.0109680000000001},null,null,0]
[null,null,"ENCANADOR OU BOMBEIRO HIDRÁULICO COM ENCARGOS COMPLEMENTARES","H",0.14399999999999999,26.4575,{"$f":"IF(ISNUMBER(F3230),E3230*F3230,\"\")","v":3.8098799999999997},null,null,0]
[null,null,null,null,null,"",{"$f":"IF(ISNUMBER(F3231),E3231*F3231,\"\")","v":""},null,null,0]
["SF-00923",{"$f":"INDEX(Orçamentária!A:B,MATCH(Composições!A3232,Orçamentária!A:A,0),2)","v":"Tubo de cobre classe \"E\" 28 mm"},null,"m",null,"",{"$f":"IF(ISNUMBER(F3232),E3232*F3232,\"\")","v":""},null,null,0]
[null,null,null,null,null,"",{"$f":"IF(ISNUMBER(F3233),E3233*F3233,\"\")","v":""},null,null,0]
[null,null,"TUBO DE COBRE CLASSE \"E\", DN = 28 MM, PARA INSTALACAO HIDRAULICA PREDIAL","M",1.0210999999999999,71.202500000000001,{"$f":"IF(ISNUMBER(F3234),E3234*F3234,\"\")","v":72.704872749999993},{"$f":"SUM(G3234:G3236)","v":80.283592749999983},null,0]
[null,null,"AUXILIAR DE ENCANADOR OU BOMBEIRO HIDRÁULICO COM ENCARGOS COMPLEMENTARES","H",0.16,20.909500000000001,{"$f":"IF(ISNUMBER(F3235),E3235*F3235,\"\")","v":3.3455200000000005},null,null,0]
[null,null,"ENCANADOR OU BOMBEIRO HIDRÁULICO COM ENCARGOS COMPLEMENTARES","H",0.16,26.4575,{"$f":"IF(ISNUMBER(F3236),E3236*F3236,\"\")","v":4.2332000000000001},null,null,0]
[null,null,null,null,null,"",{"$f":"IF(ISNUMBER(F3237),E3237*F3237,\"\")","v":""},null,null,0]
["SF-00924",{"$f":"INDEX(Orçamentária!A:B,MATCH(Composições!A3238,Orçamentária!A:A,0),2)","v":"Tubo de cobre classe \"E\" 42 mm"},null,"m",null,"",{"$f":"IF(ISNUMBER(F3238),E3238*F3238,\"\")","v":""},null,null,0]
[null,null,null,null,null,"",{"$f":"IF(ISNUMBER(F3239),E3239*F3239,\"\")","v":""},null,null,0]
[null,null,"TUBO DE COBRE CLASSE \"E\", DN = 42 MM, PARA INSTALACAO HIDRAULICA PREDIAL","M",1.0210999999999999,139.63099999999997,{"$f":"IF(ISNUMBER(F3240),E3240*F3240,\"\")","v":142.57721409999996},{"$f":"SUM(G3240:G3242)","v":146.17710609999997},null,0]
[null,null,"AUXILIAR DE ENCANADOR OU BOMBEIRO HIDRÁULICO COM ENCARGOS COMPLEMENTARES","H",7.5999999999999998E-2,20.909500000000001,{"$f":"IF(ISNUMBER(F3241),E3241*F3241,\"\")","v":1.5891220000000001},null,null,0]
[null,null,"ENCANADOR OU BOMBEIRO HIDRÁULICO COM ENCARGOS COMPLEMENTARES","H",7.5999999999999998E-2,26.4575,{"$f":"IF(ISNUMBER(F3242),E3242*F3242,\"\")","v":2.0107699999999999},null,null,0]
[null,null,null,null,null,"",{"$f":"IF(ISNUMBER(F3243),E3243*F3243,\"\")","v":""},null,null,0]
["SF-00925",{"$f":"INDEX(Orçamentária!A:B,MATCH(Composições!A3244,Orçamentária!A:A,0),2)","v":"Bacia conforto (h=44 cm) – Linha Acessibilidade"},null,"un",null,"",{"$f":"IF(ISNUMBER(F3244),E3244*F3244,\"\")","v":""},null,null,0]
[null,null,null,null,null,"",{"$f":"IF(ISNUMBER(F3245),E3245*F3245,\"\")","v":""},null,null,0]
[null,null,"PARAFUSO NIQUELADO COM ACABAMENTO CROMADO PARA FIXAR PECA SANITARIA, INCLUI PORCA CEGA, ARRUELA E BUCHA DE NYLON TAMANHO S-10","UN",2,22.695499999999999,{"$f":"IF(ISNUMBER(F3246),E3246*F3246,\"\")","v":45.390999999999998},{"$f":"SUM(G3246:G3252)","v":687.83211475000007},null,0]
[null,null,"ANEL DE VEDACAO, PVC FLEXIVEL, 100 MM, PARA SAIDA DE BACIA / VASO SANITARIO","UN",1,14.3925,{"$f":"IF(ISNUMBER(F3247),E3247*F3247,\"\")","v":14.3925},null,null,0]
[null,null,"BACIA SANITARIA (VASO) CONVENCIONAL PARA PCD, SEM FURO FRONTAL, DE LOUCA BRANCA (SEM ASSENTO)","UN",1,580.05100000000004,{"$f":"IF(ISNUMBER(F3248),E3248*F3248,\"\")","v":580.05100000000004},null,null,0]
[null,null,"Rejunte epoxi, qualquer cor","KG",8.8099999999999998E-2,70.489999999999995,{"$f":"IF(ISNUMBER(F3249),E3249*F3249,\"\")","v":6.2101689999999996},null,null,0]
[null,null,"ENCANADOR OU BOMBEIRO HIDRÁULICO COM ENCARGOS COMPLEMENTARES","H",1.1539999999999999,26.4575,{"$f":"IF(ISNUMBER(F3250),E3250*F3250,\"\")","v":30.531954999999996},null,null,0]
[null,null,"SERVENTE COM ENCARGOS COMPLEMENTARES","H",0.55649999999999999,20.225499999999997,{"$f":"IF(ISNUMBER(F3251),E3251*F3251,\"\")","v":11.255490749999998},null,null,0]
[null,null,"Tubo de ligação para bacia sanitária em PVC, com acabamento cromado, ajustável ou não. Ref.: DECA 1968C ou equivalente","un",1,"",{"$f":"IF(ISNUMBER(F3252),E3252*F3252,\"\")","v":""},null,null,0]
[null,null,null,null,null,"",{"$f":"IF(ISNUMBER(F3253),E3253*F3253,\"\")","v":""},null,null,0]
["SF-00926",{"$f":"INDEX(Orçamentária!A:B,MATCH(Composições!A3254,Orçamentária!A:A,0),2)","v":"Assento para bacia convencional - Linha Acessibilidade"},null,"un",null,"",{"$f":"IF(ISNUMBER(F3254),E3254*F3254,\"\")","v":""},null,null,0]
[null,null,null,null,null,"",{"$f":"IF(ISNUMBER(F3255),E3255*F3255,\"\")","v":""},null,null,0]
[null,null,"Assento poliéster, mod.: Vogue plus, cor branca, com fixação cromada. AP.51 ref: DECA ou equivalente","un ",1,"",{"$f":"IF(ISNUMBER(F3256),E3256*F3256,\"\")","v":""},{"$f":"SUM(G3256:G3257)","v":2.0225499999999998},null,0]
[null,null,"Servente Com Encargos Complementares","h",0.1,20.225499999999997,{"$f":"IF(ISNUMBER(F3257),E3257*F3257,\"\")","v":2.0225499999999998},null,null,0]
[null,null,null,null,null,"",{"$f":"IF(ISNUMBER(F3258),E3258*F3258,\"\")","v":""},null,null,0]
["SF-00927",{"$f":"INDEX(Orçamentária!A:B,MATCH(Composições!A3259,Orçamentária!A:A,0),2)","v":"Base registro de gaveta 1 1/2”"},null,"un",null,"",{"$f":"IF(ISNUMBER(F3259),E3259*F3259,\"\")","v":""},null,null,0]
[null,null,null,null,null,"",{"$f":"IF(ISNUMBER(F3260),E3260*F3260,\"\")","v":""},null,null,0]
[null,null,"Registro gaveta em liga de cobre, bitola 1 1/2\" mod:1502.B.112 ref: DECA ou equivalente","un ",1,"",{"$f":"IF(ISNUMBER(F3261),E3261*F3261,\"\")","v":""},{"$f":"SUM(G3261:G3264)","v":12.734022299999999},null,0]
[null,null,"FITA VEDA ROSCA EM ROLOS DE 18 MM X 50 M (L X C)","UN",1.9199999999999998E-2,13.661,{"$f":"IF(ISNUMBER(F3262),E3262*F3262,\"\")","v":0.26229119999999995},null,null,0]
[null,null,"Encanador ou Bombeiro Hidráulico com Encargos Complementares","h",0.26329999999999998,26.4575,{"$f":"IF(ISNUMBER(F3263),E3263*F3263,\"\")","v":6.966259749999999},null,null,0]
[null,null,"AUXILIAR DE ENCANADOR OU BOMBEIRO HIDRÁULICO COM ENCARGOS COMPLEMENTARES","h",0.26329999999999998,20.909500000000001,{"$f":"IF(ISNUMBER(F3264),E3264*F3264,\"\")","v":5.5054713499999997},null,null,0]
[null,null,null,null,null,"",{"$f":"IF(ISNUMBER(F3265),E3265*F3265,\"\")","v":""},null,null,0]
["SF-00928",{"$f":"INDEX(Orçamentária!A:B,MATCH(Composições!A3266,Orçamentária!A:A,0),2)","v":"Condutor 25 mm²"},null,"m",null,"",{"$f":"IF(ISNUMBER(F3266),E3266*F3266,\"\")","v":""},null,null,0]
[null,null,null,null,null,"",{"$f":"IF(ISNUMBER(F3267),E3267*F3267,\"\")","v":""},null,null,0]
[null,null,"Cabo flexível isolado em EPR não halogenado 25 mm² 0,6 a 1 kV","m",1.0149999999999999,0,{"$f":"IF(ISNUMBER(F3268),E3268*F3268,\"\")","v":0},{"$f":"SUM(G3268:G3271)","v":3.1591300000000002},null,0]
[null,null,"Fita isolante adesiva antichama, uso ate 750 V, em rolo de 19 mm x 5 m","UN",8.9999999999999993E-3,3.9139999999999997,{"$f":"IF(ISNUMBER(F3269),E3269*F3269,\"\")","v":3.5225999999999993E-2},null,null,0]
[null,null,"Auxiliar de eletricista com encargos complementares","h",6.4000000000000001E-2,21.337,{"$f":"IF(ISNUMBER(F3270),E3270*F3270,\"\")","v":1.3655680000000001},null,null,0]
[null,null,"Eletricista com encargos complementares","h",6.4000000000000001E-2,27.474,{"$f":"IF(ISNUMBER(F3271),E3271*F3271,\"\")","v":1.7583360000000001},null,null,0]
[null,null,null,null,null,"",{"$f":"IF(ISNUMBER(F3272),E3272*F3272,\"\")","v":""},null,null,0]
["SF-00929",{"$f":"INDEX(Orçamentária!A:B,MATCH(Composições!A3273,Orçamentária!A:A,0),2)","v":"Condutor 35 mm²"},null,"m",null,"",{"$f":"IF(ISNUMBER(F3273),E3273*F3273,\"\")","v":""},null,null,0]
[null,null,null,null,null,"",{"$f":"IF(ISNUMBER(F3274),E3274*F3274,\"\")","v":""},null,null,0]
[null,null,"Cabo flexível isolado em EPR não halogenado 35 mm² 0,6 a 1 kV","m",1.0149999999999999,0,{"$f":"IF(ISNUMBER(F3275),E3275*F3275,\"\")","v":0},{"$f":"SUM(G3275:G3278)","v":3.5984289999999999},null,0]
[null,null,"Fita isolante adesiva antichama, uso ate 750 V, em rolo de 19 mm x 5 m","UN",8.9999999999999993E-3,3.9139999999999997,{"$f":"IF(ISNUMBER(F3276),E3276*F3276,\"\")","v":3.5225999999999993E-2},null,null,0]
[null,null,"Auxiliar de eletricista com encargos complementares","h",7.2999999999999995E-2,21.337,{"$f":"IF(ISNUMBER(F3277),E3277*F3277,\"\")","v":1.5576009999999998},null,null,0]
[null,null,"Eletricista com encargos complementares","h",7.2999999999999995E-2,27.474,{"$f":"IF(ISNUMBER(F3278),E3278*F3278,\"\")","v":2.0056020000000001},null,null,0]
[null,null,null,null,null,"",{"$f":"IF(ISNUMBER(F3279),E3279*F3279,\"\")","v":""},null,null,0]
["SF-00930",{"$f":"INDEX(Orçamentária!A:B,MATCH(Composições!A3280,Orçamentária!A:A,0),2)","v":"Condutor 50 mm²"},null,"m",null,"",{"$f":"IF(ISNUMBER(F3280),E3280*F3280,\"\")","v":""},null,null,0]
[null,null,null,null,null,"",{"$f":"IF(ISNUMBER(F3281),E3281*F3281,\"\")","v":""},null,null,0]
[null,null,"Cabo flexível isolado em EPR não halogenado 50 mm² 0,6 a 1 kV","m",1.0149999999999999,0.95,{"$f":"IF(ISNUMBER(F3282),E3282*F3282,\"\")","v":0.96424999999999983},{"$f":"SUM(G3282:G3285)","v":5.2460329999999988},null,0]
[null,null,"Fita isolante adesiva antichama, uso ate 750 V, em rolo de 19 mm x 5 m","UN",8.9999999999999993E-3,3.9139999999999997,{"$f":"IF(ISNUMBER(F3283),E3283*F3283,\"\")","v":3.5225999999999993E-2},null,null,0]
[null,null,"Auxiliar de eletricista com encargos complementares","h",8.6999999999999994E-2,21.337,{"$f":"IF(ISNUMBER(F3284),E3284*F3284,\"\")","v":1.8563189999999998},null,null,0]
[null,null,"Eletricista com encargos complementares","h",8.6999999999999994E-2,27.474,{"$f":"IF(ISNUMBER(F3285),E3285*F3285,\"\")","v":2.3902379999999996},null,null,0]
[null,null,null,null,null,"",{"$f":"IF(ISNUMBER(F3286),E3286*F3286,\"\")","v":""},null,null,0]
["SF-00931",{"$f":"INDEX(Orçamentária!A:B,MATCH(Composições!A3287,Orçamentária!A:A,0),2)","v":"Condutor 70 mm²"},null,"m",null,"",{"$f":"IF(ISNUMBER(F3287),E3287*F3287,\"\")","v":""},null,null,0]
[null,null,null,null,null,"",{"$f":"IF(ISNUMBER(F3288),E3288*F3288,\"\")","v":""},null,null,0]
[null,null,"Cabo flexível isolado em EPR não halogenado 70 mm² 0,6 a 1 kV","m",1.0149999999999999,0.95,{"$f":"IF(ISNUMBER(F3289),E3289*F3289,\"\")","v":0.96424999999999983},{"$f":"SUM(G3289:G3292)","v":6.124630999999999},null,0]
[null,null,"Fita isolante adesiva antichama, uso ate 750 V, em rolo de 19 mm x 5 m","UN",8.9999999999999993E-3,3.9139999999999997,{"$f":"IF(ISNUMBER(F3290),E3290*F3290,\"\")","v":3.5225999999999993E-2},null,null,0]
[null,null,"Auxiliar de eletricista com encargos complementares","h",0.105,21.337,{"$f":"IF(ISNUMBER(F3291),E3291*F3291,\"\")","v":2.2403849999999998},null,null,0]
[null,null,"Eletricista com encargos complementares","h",0.105,27.474,{"$f":"IF(ISNUMBER(F3292),E3292*F3292,\"\")","v":2.8847700000000001},null,null,0]
[null,null,null,null,null,"",{"$f":"IF(ISNUMBER(F3293),E3293*F3293,\"\")","v":""},null,null,0]
["SF-00932",{"$f":"INDEX(Orçamentária!A:B,MATCH(Composições!A3294,Orçamentária!A:A,0),2)","v":"Condutor 95 mm²"},null,"m",null,"",{"$f":"IF(ISNUMBER(F3294),E3294*F3294,\"\")","v":""},null,null,0]
[null,null,null,null,null,"",{"$f":"IF(ISNUMBER(F3295),E3295*F3295,\"\")","v":""},null,null,0]
[null,null,"Cabo flexível isolado em EPR não halogenado 95 mm² 0,6 a 1 kV","m",1.0149999999999999,0,{"$f":"IF(ISNUMBER(F3296),E3296*F3296,\"\")","v":0},{"$f":"SUM(G3296:G3299)","v":6.2830340000000007},null,0]
[null,null,"Fita isolante adesiva antichama, uso ate 750 V, em rolo de 19 mm x 5 m","UN",8.9999999999999993E-3,3.9139999999999997,{"$f":"IF(ISNUMBER(F3297),E3297*F3297,\"\")","v":3.5225999999999993E-2},null,null,0]
[null,null,"Auxiliar de eletricista com encargos complementares","h",0.128,21.337,{"$f":"IF(ISNUMBER(F3298),E3298*F3298,\"\")","v":2.7311360000000002},null,null,0]
[null,null,"Eletricista com encargos complementares","h",0.128,27.474,{"$f":"IF(ISNUMBER(F3299),E3299*F3299,\"\")","v":3.5166720000000002},null,null,0]
[null,null,null,null,null,"",{"$f":"IF(ISNUMBER(F3300),E3300*F3300,\"\")","v":""},null,null,0]
["SF-00933",{"$f":"INDEX(Orçamentária!A:B,MATCH(Composições!A3301,Orçamentária!A:A,0),2)","v":"Condutor 120 mm²"},null,"m",null,"",{"$f":"IF(ISNUMBER(F3301),E3301*F3301,\"\")","v":""},null,null,0]
[null,null,null,null,null,"",{"$f":"IF(ISNUMBER(F3302),E3302*F3302,\"\")","v":""},null,null,0]
[null,null,"Cabo flexível isolado em EPR não halogenado 120 mm² 0,6 a 1 kV","m",1.0149999999999999,0,{"$f":"IF(ISNUMBER(F3303),E3303*F3303,\"\")","v":0},{"$f":"SUM(G3303:G3306)","v":7.4544979999999992},null,0]
[null,null,"Fita isolante adesiva antichama, uso ate 750 V, em rolo de 19 mm x 5 m","UN",8.9999999999999993E-3,3.9139999999999997,{"$f":"IF(ISNUMBER(F3304),E3304*F3304,\"\")","v":3.5225999999999993E-2},null,null,0]
[null,null,"Auxiliar de eletricista com encargos complementares","h",0.152,21.337,{"$f":"IF(ISNUMBER(F3305),E3305*F3305,\"\")","v":3.2432239999999997},null,null,0]
[null,null,"Eletricista com encargos complementares","h",0.152,27.474,{"$f":"IF(ISNUMBER(F3306),E3306*F3306,\"\")","v":4.1760479999999998},null,null,0]
[null,null,null,null,null,"",{"$f":"IF(ISNUMBER(F3307),E3307*F3307,\"\")","v":""},null,null,0]
["SF-00934",{"$f":"INDEX(Orçamentária!A:B,MATCH(Composições!A3308,Orçamentária!A:A,0),2)","v":"Condutor 150 mm²"},null,"m",null,"",{"$f":"IF(ISNUMBER(F3308),E3308*F3308,\"\")","v":""},null,null,0]
[null,null,null,null,null,"",{"$f":"IF(ISNUMBER(F3309),E3309*F3309,\"\")","v":""},null,null,0]
[null,null,"Cabo flexível isolado em EPR não halogenado 150 mm² 0,6 a 1 kV","m",1.0149999999999999,0,{"$f":"IF(ISNUMBER(F3310),E3310*F3310,\"\")","v":0},{"$f":"SUM(G3310:G3313)","v":8.7723949999999995},null,0]
[null,null,"Fita isolante adesiva antichama, uso ate 750 V, em rolo de 19 mm x 5 m","UN",8.9999999999999993E-3,3.9139999999999997,{"$f":"IF(ISNUMBER(F3311),E3311*F3311,\"\")","v":3.5225999999999993E-2},null,null,0]
[null,null,"Auxiliar de eletricista com encargos complementares","h",0.17899999999999999,21.337,{"$f":"IF(ISNUMBER(F3312),E3312*F3312,\"\")","v":3.8193229999999998},null,null,0]
[null,null,"Eletricista com encargos complementares","h",0.17899999999999999,27.474,{"$f":"IF(ISNUMBER(F3313),E3313*F3313,\"\")","v":4.9178459999999999},null,null,0]
[null,null,null,null,null,"",{"$f":"IF(ISNUMBER(F3314),E3314*F3314,\"\")","v":""},null,null,0]
["SF-00935",{"$f":"INDEX(Orçamentária!A:B,MATCH(Composições!A3315,Orçamentária!A:A,0),2)","v":"Condutor 185 mm²"},null,"m",null,"",{"$f":"IF(ISNUMBER(F3315),E3315*F3315,\"\")","v":""},null,null,0]
[null,null,null,null,null,"",{"$f":"IF(ISNUMBER(F3316),E3316*F3316,\"\")","v":""},null,null,0]
[null,null,"Cabo flexível isolado em EPR não halogenado 185 mm² 0,6 a 1 kV","m",1.0149999999999999,0,{"$f":"IF(ISNUMBER(F3317),E3317*F3317,\"\")","v":0},{"$f":"SUM(G3317:G3320)","v":10.383157999999998},null,0]
[null,null,"Fita isolante adesiva antichama, uso ate 750 V, em rolo de 19 mm x 5 m","UN",8.9999999999999993E-3,3.9139999999999997,{"$f":"IF(ISNUMBER(F3318),E3318*F3318,\"\")","v":3.5225999999999993E-2},null,null,0]
[null,null,"Auxiliar de eletricista com encargos complementares","h",0.21199999999999999,21.337,{"$f":"IF(ISNUMBER(F3319),E3319*F3319,\"\")","v":4.5234439999999996},null,null,0]
[null,null,"Eletricista com encargos complementares","h",0.21199999999999999,27.474,{"$f":"IF(ISNUMBER(F3320),E3320*F3320,\"\")","v":5.8244879999999997},null,null,0]
[null,null,null,null,null,"",{"$f":"IF(ISNUMBER(F3321),E3321*F3321,\"\")","v":""},null,null,0]
["SF-00936",{"$f":"INDEX(Orçamentária!A:B,MATCH(Composições!A3322,Orçamentária!A:A,0),2)","v":"Condutor 240 mm²"},null,"m",null,"",{"$f":"IF(ISNUMBER(F3322),E3322*F3322,\"\")","v":""},null,null,0]
[null,null,null,null,null,"",{"$f":"IF(ISNUMBER(F3323),E3323*F3323,\"\")","v":""},null,null,0]
[null,null,"Cabo flexível isolado em EPR não halogenado 240 mm² 0,6 a 1 kV","m",1.0149999999999999,0,{"$f":"IF(ISNUMBER(F3324),E3324*F3324,\"\")","v":0},{"$f":"SUM(G3324:G3327)","v":12.872519},null,0]
[null,null,"Fita isolante adesiva antichama, uso ate 750 V, em rolo de 19 mm x 5 m","UN",8.9999999999999993E-3,3.9139999999999997,{"$f":"IF(ISNUMBER(F3325),E3325*F3325,\"\")","v":3.5225999999999993E-2},null,null,0]
[null,null,"Auxiliar de eletricista com encargos complementares","h",0.26300000000000001,21.337,{"$f":"IF(ISNUMBER(F3326),E3326*F3326,\"\")","v":5.611631},null,null,0]
[null,null,"Eletricista com encargos complementares","h",0.26300000000000001,27.474,{"$f":"IF(ISNUMBER(F3327),E3327*F3327,\"\")","v":7.2256620000000007},null,null,0]
[null,null,null,null,null,"",{"$f":"IF(ISNUMBER(F3328),E3328*F3328,\"\")","v":""},null,null,0]
["SF-00937",{"$f":"INDEX(Orçamentária!A:B,MATCH(Composições!A3329,Orçamentária!A:A,0),2)","v":"Montagem e desmontagem de andaime fachadeiro"},null,"m2",null,"",{"$f":"IF(ISNUMBER(F3329),E3329*F3329,\"\")","v":""},null,null,0]
[null,null,null,null,null,"",{"$f":"IF(ISNUMBER(F3330),E3330*F3330,\"\")","v":""},null,null,0]
[null,null,"MONTADOR DE ESTRUTURA METÁLICA COM ENCARGOS COMPLEMENTARES","H",0.29509999999999997,20.719499999999996,{"$f":"IF(ISNUMBER(F3331),E3331*F3331,\"\")","v":6.114324449999998},{"$f":"SUM(G3331:G3333)","v":9.3777926085699974},null,0]
[null,null,"SERVENTE COM ENCARGOS COMPLEMENTARES","H",5.8999999999999997E-2,20.225499999999997,{"$f":"IF(ISNUMBER(F3332),E3332*F3332,\"\")","v":1.1933044999999998},null,null,0]
[null,null,"TRANSPORTE HORIZONTAL MANUAL, DE TUBO DE AÇO CARBONO LEVE OU MÉDIO, PRETO OU GALVANIZADO, COM DIÂMETRO MAIOR QUE 32 MM E MENOR OU IGUAL A 65 MM (UNIDADE: MXKM). AF_07/2019","MXKM",0.1673,12.373960899999998,{"$f":"IF(ISNUMBER(F3333),E3333*F3333,\"\")","v":2.0701636585699998},null,null,0]
[null,null,null,null,null,"",{"$f":"IF(ISNUMBER(F3334),E3334*F3334,\"\")","v":""},null,null,0]
["SF-00938",{"$f":"INDEX(Orçamentária!A:B,MATCH(Composições!A3335,Orçamentária!A:A,0),2)","v":"Montagem e desmontagem de andaime tubular"},null,"m",null,"",{"$f":"IF(ISNUMBER(F3335),E3335*F3335,\"\")","v":""},null,null,0]
[null,null,null,null,null,"",{"$f":"IF(ISNUMBER(F3336),E3336*F3336,\"\")","v":""},null,null,0]
[null,null,"MONTADOR DE ESTRUTURA METÁLICA COM ENCARGOS COMPLEMENTARES","H",0.5,20.719499999999996,{"$f":"IF(ISNUMBER(F3337),E3337*F3337,\"\")","v":10.359749999999998},{"$f":"SUM(G3337:G3339)","v":17.356632281799996},null,0]
[null,null,"SERVENTE COM ENCARGOS COMPLEMENTARES","H",0.1,20.225499999999997,{"$f":"IF(ISNUMBER(F3338),E3338*F3338,\"\")","v":2.0225499999999998},null,null,0]
[null,null,"TRANSPORTE HORIZONTAL MANUAL, DE TUBO DE AÇO CARBONO LEVE OU MÉDIO, PRETO OU GALVANIZADO, COM DIÂMETRO MAIOR QUE 32 MM E MENOR OU IGUAL A 65 MM (UNIDADE: MXKM). AF_07/2019","MXKM",0.40200000000000002,12.373960899999998,{"$f":"IF(ISNUMBER(F3339),E3339*F3339,\"\")","v":4.9743322817999998},null,null,0]
[null,null,null,null,null,"",{"$f":"IF(ISNUMBER(F3340),E3340*F3340,\"\")","v":""},null,null,0]
["SF-00940",{"$f":"INDEX(Orçamentária!A:B,MATCH(Composições!A3341,Orçamentária!A:A,0),2)","v":"Tela de proteção para andaime"},null,"m2 x mês",null,"",{"$f":"IF(ISNUMBER(F3341),E3341*F3341,\"\")","v":""},null,null,0]
[null,null,null,null,null,"",{"$f":"IF(ISNUMBER(F3342),E3342*F3342,\"\")","v":""},null,null,0]
[null,null,"ABRACADEIRA DE NYLON PARA AMARRACAO DE CABOS, COMPRIMENTO DE 200 X *4,6* MM","UN",0.89449999999999996,0.19,{"$f":"IF(ISNUMBER(F3343),E3343*F3343,\"\")","v":0.16995499999999999},{"$f":"SUM(G3343:G3346)","v":4.6608320499999998},null,0]
[null,null,"TELA FACHADEIRA EM POLIETILENO, ROLO DE 3 X 100 M (L X C), COR BRANCA, SEM LOGOMARCA - PARA PROTECAO DE OBRAS","M2",{"$f":"ROUND(1.177*(1/3),4)","v":0.39229999999999998},2.6315,{"$f":"IF(ISNUMBER(F3344),E3344*F3344,\"\")","v":1.03233745},null,null,0]
[null,null,"AJUDANTE DE CARPINTEIRO COM ENCARGOS COMPLEMENTARES","H",6.9900000000000004E-2,21.337,{"$f":"IF(ISNUMBER(F3345),E3345*F3345,\"\")","v":1.4914563000000001},null,null,0]
[null,null,"CARPINTEIRO DE FORMAS COM ENCARGOS COMPLEMENTARES","H",7.3400000000000007E-2,26.799499999999998,{"$f":"IF(ISNUMBER(F3346),E3346*F3346,\"\")","v":1.9670833000000001},null,null,0]
[null,null,null,null,null,"",{"$f":"IF(ISNUMBER(F3347),E3347*F3347,\"\")","v":""},null,null,0]
[null,null,"Obs.: Considerou-se aproveitamento de 3x para a tela, já que trata-se de locação.",null,null,"",{"$f":"IF(ISNUMBER(F3348),E3348*F3348,\"\")","v":""},null,null,0]
[null,null,null,null,null,"",{"$f":"IF(ISNUMBER(F3349),E3349*F3349,\"\")","v":""},null,null,0]
["SF-00942",{"$f":"INDEX(Orçamentária!A:B,MATCH(Composições!A3350,Orçamentária!A:A,0),2)","v":"Remoção de folha de porta de enrolar"},null,"un",null,"",{"$f":"IF(ISNUMBER(F3350),E3350*F3350,\"\")","v":""},null,null,0]
[null,null,null,null,null,"",{"$f":"IF(ISNUMBER(F3351),E3351*F3351,\"\")","v":""},null,null,0]
[null,null,"Serralheiro com encargos complementares","h",2.5,26.970499999999998,{"$f":"IF(ISNUMBER(F3352),E3352*F3352,\"\")","v":67.426249999999996},{"$f":"SUM(G3352:G3353)","v":174.82374999999999},null,0]
[null,null,"Auxiliar de serralheiro com encargos complementares","h",5,21.479499999999998,{"$f":"IF(ISNUMBER(F3353),E3353*F3353,\"\")","v":107.39749999999999},null,null,0]
[null,null,null,null,null,"",{"$f":"IF(ISNUMBER(F3354),E3354*F3354,\"\")","v":""},null,null,0]
["SF-00943",{"$f":"INDEX(Orçamentária!A:B,MATCH(Composições!A3355,Orçamentária!A:A,0),2)","v":"Base registro de gaveta 1\""},null,"un",null,"",{"$f":"IF(ISNUMBER(F3355),E3355*F3355,\"\")","v":""},null,null,1]
[null,null,null,null,null,"",{"$f":"IF(ISNUMBER(F3356),E3356*F3356,\"\")","v":""},null,null,1]
[null,null,"Registro de gaveta em liga de cobre, bitola 1\" mod: 4509.302 ref: DECA ou equivalente","un ",1,70.3,{"$f":"IF(ISNUMBER(F3357),E3357*F3357,\"\")","v":70.3},{"$f":"SUM(G3357:G3360)","v":77.514324700000003},null,1]
[null,null,"FITA VEDA ROSCA EM ROLOS DE 18 MM X 50 M (L X C)","UN",1.32E-2,13.661,{"$f":"IF(ISNUMBER(F3358),E3358*F3358,\"\")","v":0.18032519999999999},null,null,1]
[null,null,"Encanador ou Bombeiro Hidráulico com Encargos Complementares","h",0.14849999999999999,26.4575,{"$f":"IF(ISNUMBER(F3359),E3359*F3359,\"\")","v":3.9289387499999999},null,null,1]
[null,null,"Auxiliar de encanador ou bombeiro hidráulico com encargos complementares","h",0.14849999999999999,20.909500000000001,{"$f":"IF(ISNUMBER(F3360),E3360*F3360,\"\")","v":3.1050607500000003},null,null,1]
[null,null,null,null,null,"",{"$f":"IF(ISNUMBER(F3361),E3361*F3361,\"\")","v":""},null,null,1]
["SF-00944",{"$f":"INDEX(Orçamentária!A:B,MATCH(Composições!A3362,Orçamentária!A:A,0),2)","v":"Base registro de pressão 3/4\""},null,"un",null,"",{"$f":"IF(ISNUMBER(F3362),E3362*F3362,\"\")","v":""},null,null,0]
[null,null,null,null,null,"",{"$f":"IF(ISNUMBER(F3363),E3363*F3363,\"\")","v":""},null,null,0]
[null,null,"FITA VEDA ROSCA EM ROLOS DE 18 MM X 50 M (L X C)","UN",1.06E-2,13.661,{"$f":"IF(ISNUMBER(F3364),E3364*F3364,\"\")","v":0.14480660000000001},{"$f":"SUM(G3364:G3367)","v":5.3646500000000001},null,0]
[null,null,"Registro de pressão em liga de cobre, bitola 3/4\" mod: 4416.202 ref: DECA ou equivalente","un ",1,"",{"$f":"IF(ISNUMBER(F3365),E3365*F3365,\"\")","v":""},null,null,0]
[null,null,"Auxiliar de encanador ou bombeiro hidráulico com encargos complementares","h",0.11020000000000001,20.909500000000001,{"$f":"IF(ISNUMBER(F3366),E3366*F3366,\"\")","v":2.3042269000000002},null,null,0]
[null,null,"Encanador ou Bombeiro Hidráulico com Encargos Complementares","h",0.11020000000000001,26.4575,{"$f":"IF(ISNUMBER(F3367),E3367*F3367,\"\")","v":2.9156165000000001},null,null,0]
[null,null,null,null,null,"",{"$f":"IF(ISNUMBER(F3368),E3368*F3368,\"\")","v":""},null,null,0]
["SF-00946",{"$f":"INDEX(Orçamentária!A:B,MATCH(Composições!A3369,Orçamentária!A:A,0),2)","v":"Tampa em ferro fundido T33"},null,"un",null,"",{"$f":"IF(ISNUMBER(F3369),E3369*F3369,\"\")","v":""},null,null,0]
[null,null,null,null,null,"",{"$f":"IF(ISNUMBER(F3370),E3370*F3370,\"\")","v":""},null,null,0]
[null,null,"TAMPAO FOFO ARTICULADO P/ REGISTRO, CLASSE A15 CARGA MAXIMA 1,5 T, *400 X 400* MM","UN",1,232.58850000000001,{"$f":"IF(ISNUMBER(F3371),E3371*F3371,\"\")","v":232.58850000000001},{"$f":"SUM(G3371:G3374)","v":278.91490818737424},null,0]
[null,null,"ARGAMASSA TRAÇO 1:3 (EM VOLUME DE CIMENTO E AREIA MÉDIA ÚMIDA), PREPARO MECÂNICO COM BETONEIRA 400 L. AF_08/2019","M3",4.4000000000000003E-3,657.14224713049998,{"$f":"IF(ISNUMBER(F3372),E3372*F3372,\"\")","v":2.8914258873742003},null,null,0]
[null,null,"Pedreiro com Encargos Complementares","h",1.0088999999999999,27.160499999999999,{"$f":"IF(ISNUMBER(F3373),E3373*F3373,\"\")","v":27.402228449999996},null,null,0]
[null,null,"Servente com Encargos Complementares","h",0.79269999999999996,20.225499999999997,{"$f":"IF(ISNUMBER(F3374),E3374*F3374,\"\")","v":16.032753849999995},null,null,0]
[null,null,null,null,null,"",{"$f":"IF(ISNUMBER(F3375),E3375*F3375,\"\")","v":""},null,null,0]
["SF-00947",{"$f":"INDEX(Orçamentária!A:B,MATCH(Composições!A3376,Orçamentária!A:A,0),2)","v":"Arquiteto(a) com experiência em intervenção no patrimônio cultural"},null,"hh",null,"",{"$f":"IF(ISNUMBER(F3376),E3376*F3376,\"\")","v":""},null,null,0]
[null,null,null,null,null,"",{"$f":"IF(ISNUMBER(F3377),E3377*F3377,\"\")","v":""},null,null,0]
[null,null,"Arquiteto de obra pleno com encargos complementares","h",1,108.16699999999999,{"$f":"IF(ISNUMBER(F3378),E3378*F3378,\"\")","v":108.16699999999999},{"$f":"SUM(G3378:G3378)","v":108.16699999999999},null,0]
[null,null,null,null,null,"",{"$f":"IF(ISNUMBER(F3379),E3379*F3379,\"\")","v":""},null,null,0]
["SF-00948",{"$f":"INDEX(Orçamentária!A:B,MATCH(Composições!A3380,Orçamentária!A:A,0),2)","v":"Locação de andaime suspenso tipo leve"},null,"un x mês",null,"",{"$f":"IF(ISNUMBER(F3380),E3380*F3380,\"\")","v":""},null,null,0]
[null,null,null,null,null,"",{"$f":"IF(ISNUMBER(F3381),E3381*F3381,\"\")","v":""},null,null,0]
[null,null,"LOCACAO DE ANDAIME SUSPENSO OU BALANCIM MANUAL, CAPACIDADE DE CARGA TOTAL DE APROXIMADAMENTE 250 KG/M2, PLATAFORMA DE 1,50 M X 0,80 M (C X L), CABO DE 45 M","MES",1,570,{"$f":"IF(ISNUMBER(F3382),E3382*F3382,\"\")","v":570},{"$f":"SUM(G3382:G3382)","v":570},null,0]
[null,null,null,null,null,"",{"$f":"IF(ISNUMBER(F3383),E3383*F3383,\"\")","v":""},null,null,0]
["SF-00950",{"$f":"INDEX(Orçamentária!A:B,MATCH(Composições!A3384,Orçamentária!A:A,0),2)","v":"Limpeza de superfície por hidrojateamento de média pressão"},null,"m2",null,"",{"$f":"IF(ISNUMBER(F3384),E3384*F3384,\"\")","v":""},null,null,16]
[null,null,null,null,null,"",{"$f":"IF(ISNUMBER(F3385),E3385*F3385,\"\")","v":""},null,null,16]
[null,null,"Servente com Encargos Complementares","h",8.8999999999999996E-2,20.225499999999997,{"$f":"IF(ISNUMBER(F3386),E3386*F3386,\"\")","v":1.8000694999999995},{"$f":"SUM(G3386:G3387)","v":1.8463819999999995},null,16]
[null,null,"LAVADORA DE ALTA PRESSAO (LAVA-JATO) PARA AGUA FRIA, PRESSAO DE OPERACAO ENTRE 1400 E 1900 LIB/POL2, VAZAO MAXIMA ENTRE 400 E 700 L/H - CHP DIURNO. AF_04/2019","chp",1.4999999999999999E-2,3.0874999999999999,{"$f":"IF(ISNUMBER(F3387),E3387*F3387,\"\")","v":4.63125E-2},null,null,16]
[null,null,null,null,null,"",{"$f":"IF(ISNUMBER(F3388),E3388*F3388,\"\")","v":""},null,null,16]
["SF-00951",{"$f":"INDEX(Orçamentária!A:B,MATCH(Composições!A3389,Orçamentária!A:A,0),2)","v":"Inspeção da integridade e adesão de placas de rocha ornamental por percussão"},null,"m2",null,"",{"$f":"IF(ISNUMBER(F3389),E3389*F3389,\"\")","v":""},null,null,0]
[null,null,null,null,null,"",{"$f":"IF(ISNUMBER(F3390),E3390*F3390,\"\")","v":""},null,null,0]
[null,null,"Marmorista/graniteiro com encargos complementares","h",0.25,27.036999999999999,{"$f":"IF(ISNUMBER(F3391),E3391*F3391,\"\")","v":6.7592499999999998},{"$f":"SUM(G3391:G3392)","v":6.7592499999999998},null,0]
[null,null,null,null,null,"",{"$f":"IF(ISNUMBER(F3392),E3392*F3392,\"\")","v":""},null,null,0]
["SF-00952",{"$f":"INDEX(Orçamentária!A:B,MATCH(Composições!A3393,Orçamentária!A:A,0),2)","v":"Demolição de proteção mecânica de impermeabilização"},null,"m2",null,"",{"$f":"IF(ISNUMBER(F3393),E3393*F3393,\"\")","v":""},null,null,0]
[null,null,null,null,null,"",{"$f":"IF(ISNUMBER(F3394),E3394*F3394,\"\")","v":""},null,null,0]
[null,null,"Servente com Encargos Complementares","H",1.25,20.225499999999997,{"$f":"IF(ISNUMBER(F3395),E3395*F3395,\"\")","v":25.281874999999996},{"$f":"SUM(G3395:G3395)","v":25.281874999999996},null,0]
[null,null,null,null,null,"",{"$f":"IF(ISNUMBER(F3396),E3396*F3396,\"\")","v":""},null,null,0]
["SF-00953",{"$f":"INDEX(Orçamentária!A:B,MATCH(Composições!A3397,Orçamentária!A:A,0),2)","v":"Impermeabilização com emulsão asfáltica"},null,"m2",null,"",{"$f":"IF(ISNUMBER(F3397),E3397*F3397,\"\")","v":""},null,null,0]
[null,null,null,null,null,"",{"$f":"IF(ISNUMBER(F3398),E3398*F3398,\"\")","v":""},null,null,0]
[null,null,"MANTA LIQUIDA DE BASE ASFALTICA MODIFICADA COM A ADICAO DE ELASTOMEROS DILUIDOS EM SOLVENTE ORGANICO, APLICACAO A FRIO (MEMBRANA IMPERMEABILIZANTE ASFASTICA)","KG",1.5,20.130500000000001,{"$f":"IF(ISNUMBER(F3399),E3399*F3399,\"\")","v":30.195750000000004},{"$f":"SUM(G3399:G3402)","v":51.953115500000003},null,0]
[null,null,"VEU POLIESTER","M2",1.351,6.2794999999999996,{"$f":"IF(ISNUMBER(F3400),E3400*F3400,\"\")","v":8.4836045000000002},null,null,0]
[null,null,"Ajudante Especializado Com Encargos Complementares","H",8.5000000000000006E-2,21.318000000000001,{"$f":"IF(ISNUMBER(F3401),E3401*F3401,\"\")","v":1.8120300000000003},null,null,0]
[null,null,"IMPERMEABILIZADOR COM ENCARGOS COMPLEMENTARES","H",0.42199999999999999,27.160499999999999,{"$f":"IF(ISNUMBER(F3402),E3402*F3402,\"\")","v":11.461730999999999},null,null,0]
[null,null,null,null,null,"",{"$f":"IF(ISNUMBER(F3403),E3403*F3403,\"\")","v":""},null,null,0]
["SF-00954",{"$f":"INDEX(Orçamentária!A:B,MATCH(Composições!A3404,Orçamentária!A:A,0),2)","v":"Camada de proteção mecânica simples de impermeabilização"},null,"m2",null,"",{"$f":"IF(ISNUMBER(F3404),E3404*F3404,\"\")","v":""},null,null,0]
[null,null,null,null,null,"",{"$f":"IF(ISNUMBER(F3405),E3405*F3405,\"\")","v":""},null,null,0]
[null,null,"CAMADA SEPARADORA DE FILME DE POLIETILENO 20 A 25 MICRA","M2",1.04,1.8524999999999998,{"$f":"IF(ISNUMBER(F3406),E3406*F3406,\"\")","v":1.9265999999999999},{"$f":"SUM(G3406:G3409)","v":54.661844912812505},null,0]
[null,null,"ARGAMASSA TRAÇO 1:3 (EM VOLUME DE CIMENTO E AREIA MÉDIA ÚMIDA) PARA CONTRAPISO, PREPARO MANUAL. AF_08/2019","M3",3.5000000000000003E-2,918.47096893750006,{"$f":"IF(ISNUMBER(F3407),E3407*F3407,\"\")","v":32.146483912812506},null,null,0]
[null,null,"Pedreiro com Encargos Complementares","H",0.65900000000000003,27.160499999999999,{"$f":"IF(ISNUMBER(F3408),E3408*F3408,\"\")","v":17.8987695},null,null,0]
[null,null,"Servente com Encargos Complementares","H",0.13300000000000001,20.225499999999997,{"$f":"IF(ISNUMBER(F3409),E3409*F3409,\"\")","v":2.6899914999999996},null,null,0]
[null,null,null,null,null,"",{"$f":"IF(ISNUMBER(F3410),E3410*F3410,\"\")","v":""},null,null,0]
["SF-00955",{"$f":"INDEX(Orçamentária!A:B,MATCH(Composições!A3411,Orçamentária!A:A,0),2)","v":"Camada de proteção mecânica estruturada de impermeabilização"},null,"m2",null,"",{"$f":"IF(ISNUMBER(F3411),E3411*F3411,\"\")","v":""},null,null,0]
[null,null,null,null,null,"",{"$f":"IF(ISNUMBER(F3412),E3412*F3412,\"\")","v":""},null,null,0]
[null,null,"TELA DE ARAME GALVANIZADA, HEXAGONAL, FIO 0,56 MM (24 BWG), MALHA 1/2\", H = 1 M","M2",1.05,13.661,{"$f":"IF(ISNUMBER(F3413),E3413*F3413,\"\")","v":14.344049999999999},{"$f":"SUM(G3413:G3416)","v":68.558093412812511},null,0]
[null,null,"ARGAMASSA TRAÇO 1:3 (EM VOLUME DE CIMENTO E AREIA MÉDIA ÚMIDA) PARA CONTRAPISO, PREPARO MANUAL. AF_08/2019","M3",3.5000000000000003E-2,918.47096893750006,{"$f":"IF(ISNUMBER(F3414),E3414*F3414,\"\")","v":32.146483912812506},null,null,0]
[null,null,"Pedreiro com Encargos Complementares","H",0.70599999999999996,27.160499999999999,{"$f":"IF(ISNUMBER(F3415),E3415*F3415,\"\")","v":19.175312999999999},null,null,0]
[null,null,"Servente com Encargos Complementares","H",0.14299999999999999,20.225499999999997,{"$f":"IF(ISNUMBER(F3416),E3416*F3416,\"\")","v":2.8922464999999993},null,null,0]
[null,null,null,null,null,"",{"$f":"IF(ISNUMBER(F3417),E3417*F3417,\"\")","v":""},null,null,0]
["SF-00956",{"$f":"INDEX(Orçamentária!A:B,MATCH(Composições!A3418,Orçamentária!A:A,0),2)","v":"Remoção de placas  de mármore encaixadas por fixadores metálicos (modelo Ed. Principal)"},null,"m2",null,"",{"$f":"IF(ISNUMBER(F3418),E3418*F3418,\"\")","v":""},null,null,0]
[null,null,null,null,null,"",{"$f":"IF(ISNUMBER(F3419),E3419*F3419,\"\")","v":""},null,null,0]
[null,null,"Marmorista/graniteiro com encargos complementares","h",0.4,27.036999999999999,{"$f":"IF(ISNUMBER(F3420),E3420*F3420,\"\")","v":10.8148},{"$f":"SUM(G3420:G3421)","v":18.905000000000001},null,0]
[null,null,"Servente com Encargos Complementares","h",0.4,20.225499999999997,{"$f":"IF(ISNUMBER(F3421),E3421*F3421,\"\")","v":8.0901999999999994},null,null,0]
[null,null,null,null,null,"",{"$f":"IF(ISNUMBER(F3422),E3422*F3422,\"\")","v":""},null,null,0]
["SF-00957",{"$f":"INDEX(Orçamentária!A:B,MATCH(Composições!A3423,Orçamentária!A:A,0),2)","v":"Remoção de placas de rocha ornamental argamassada, para reaproveitamento"},null,"m2",null,"",{"$f":"IF(ISNUMBER(F3423),E3423*F3423,\"\")","v":""},null,null,0]
[null,null,null,null,null,"",{"$f":"IF(ISNUMBER(F3424),E3424*F3424,\"\")","v":""},null,null,0]
[null,null,"Marmorista/graniteiro com encargos complementares","h",1.2,27.036999999999999,{"$f":"IF(ISNUMBER(F3425),E3425*F3425,\"\")","v":32.444399999999995},{"$f":"SUM(G3425:G3426)","v":56.714999999999989},null,0]
[null,null,"Servente com Encargos Complementares","h",1.2,20.225499999999997,{"$f":"IF(ISNUMBER(F3426),E3426*F3426,\"\")","v":24.270599999999995},null,null,0]
[null,null,null,null,null,"",{"$f":"IF(ISNUMBER(F3427),E3427*F3427,\"\")","v":""},null,null,0]
["SF-00958",{"$f":"INDEX(Orçamentária!A:B,MATCH(Composições!A3428,Orçamentária!A:A,0),2)","v":"Identificação e acondicionamento de placas de rocha ornamental"},null,"m2",null,"",{"$f":"IF(ISNUMBER(F3428),E3428*F3428,\"\")","v":""},null,null,0]
[null,null,null,null,null,"",{"$f":"IF(ISNUMBER(F3429),E3429*F3429,\"\")","v":""},null,null,0]
[null,null,"Papel kraft betumado","m2",1.05,4.9209999999999994,{"$f":"IF(ISNUMBER(F3430),E3430*F3430,\"\")","v":5.1670499999999997},{"$f":"SUM(G3430:G3431)","v":9.2121499999999994},null,0]
[null,null,"Servente com Encargos Complementares","h",0.2,20.225499999999997,{"$f":"IF(ISNUMBER(F3431),E3431*F3431,\"\")","v":4.0450999999999997},null,null,0]
[null,null,null,null,null,"",{"$f":"IF(ISNUMBER(F3432),E3432*F3432,\"\")","v":""},null,null,0]
["SF-00959",{"$f":"INDEX(Orçamentária!A:B,MATCH(Composições!A3433,Orçamentária!A:A,0),2)","v":"Limpeza de placas de rocha ornamental argamassada, para reaproveitamento"},null,"m2",null,"",{"$f":"IF(ISNUMBER(F3433),E3433*F3433,\"\")","v":""},null,null,0]
[null,null,null,null,null,"",{"$f":"IF(ISNUMBER(F3434),E3434*F3434,\"\")","v":""},null,null,0]
[null,null,"Servente com Encargos Complementares","h",0.3,20.225499999999997,{"$f":"IF(ISNUMBER(F3435),E3435*F3435,\"\")","v":6.0676499999999987},{"$f":"SUM(G3435)","v":6.0676499999999987},null,0]
[null,null,null,null,null,"",{"$f":"IF(ISNUMBER(F3436),E3436*F3436,\"\")","v":""},null,null,0]
["SF-00960",{"$f":"INDEX(Orçamentária!A:B,MATCH(Composições!A3437,Orçamentária!A:A,0),2)","v":"Remoção e acondicionamento de fixadores metálicos para placas de mármore em fachada (modelo Ed. Principal)"},null,"un",null,"",{"$f":"IF(ISNUMBER(F3437),E3437*F3437,\"\")","v":""},null,null,0]
[null,null,null,null,null,"",{"$f":"IF(ISNUMBER(F3438),E3438*F3438,\"\")","v":""},null,null,0]
[null,null,"Servente com Encargos Complementares","h",0.1,20.225499999999997,{"$f":"IF(ISNUMBER(F3439),E3439*F3439,\"\")","v":2.0225499999999998},{"$f":"SUM(G3439)","v":2.0225499999999998},null,0]
[null,null,null,null,null,"",{"$f":"IF(ISNUMBER(F3440),E3440*F3440,\"\")","v":""},null,null,0]
["SF-00961",{"$f":"INDEX(Orçamentária!A:B,MATCH(Composições!A3441,Orçamentária!A:A,0),2)","v":"Instalação de fixadores metálicos para placas de mármore em fachada reaproveitados (modelo Ed. Principal)"},null,"un",null,"",{"$f":"IF(ISNUMBER(F3441),E3441*F3441,\"\")","v":""},null,null,0]
[null,null,null,null,null,"",{"$f":"IF(ISNUMBER(F3442),E3442*F3442,\"\")","v":""},null,null,0]
[null,null,"Pedreiro com Encargos Complementares","h",{"$f":"0.1+0.1","v":0.2},27.160499999999999,{"$f":"IF(ISNUMBER(F3443),E3443*F3443,\"\")","v":5.4321000000000002},{"$f":"SUM(G3443:G3447)","v":9.954539041973927},null,0]
[null,null,"Servente com Encargos Complementares","h",{"$f":"0.1+0.1","v":0.2},20.225499999999997,{"$f":"IF(ISNUMBER(F3444),E3444*F3444,\"\")","v":4.0450999999999997},null,null,0]
[null,null,"Broca com ponta de widia Ø 3/8\" x 160 mm","un ",{"$f":"0.016*2","v":3.2000000000000001E-2},0,{"$f":"IF(ISNUMBER(F3445),E3445*F3445,\"\")","v":0},null,null,0]
[null,null,"Furadeira de impacto elétrica - 0,65 kW, Ø mandril 5/8\"","h prod",{"$f":"0.1*2","v":0.2},0.95,{"$f":"IF(ISNUMBER(F3446),E3446*F3446,\"\")","v":0.19},null,null,0]
[null,null,"GRAUTE FGK=25 MPA; TRAÇO 1:0,02:1,2:1,5 (CIMENTO/ CAL/ AREIA GROSSA/ BRITA 0) - PREPARO MECÂNICO COM BETONEIRA 400 L. AF_02/2015","m3",{"$f":"ROUND(0.15*0.05*0.05,4)","v":4.0000000000000002E-4},718.34760493482008,{"$f":"IF(ISNUMBER(F3447),E3447*F3447,\"\")","v":0.28733904197392807},null,null,0]
[null,null,null,null,null,"",{"$f":"IF(ISNUMBER(F3448),E3448*F3448,\"\")","v":""},null,null,0]
[null,null,"Fontes: PINI 05.102.000020.SER",null,null,"",{"$f":"IF(ISNUMBER(F3449),E3449*F3449,\"\")","v":""},null,null,0]
[null,null,null,null,null,"",{"$f":"IF(ISNUMBER(F3450),E3450*F3450,\"\")","v":""},null,null,0]
["SF-00962",{"$f":"INDEX(Orçamentária!A:B,MATCH(Composições!A3451,Orçamentária!A:A,0),2)","v":"Fixadores metálicos para rochas ornamentais (tipo Ed. Principal, peça superior)"},null,"un",null,"",{"$f":"IF(ISNUMBER(F3451),E3451*F3451,\"\")","v":""},null,null,0]
[null,null,null,null,null,"",{"$f":"IF(ISNUMBER(F3452),E3452*F3452,\"\")","v":""},null,null,0]
[null,null,"Pedreiro com Encargos Complementares","h",{"$f":"0.1+0.1","v":0.2},27.160499999999999,{"$f":"IF(ISNUMBER(F3453),E3453*F3453,\"\")","v":5.4321000000000002},{"$f":"SUM(G3453:G3458)","v":9.954539041973927},null,0]
[null,null,"Servente com Encargos Complementares","h",{"$f":"0.1+0.1","v":0.2},20.225499999999997,{"$f":"IF(ISNUMBER(F3454),E3454*F3454,\"\")","v":4.0450999999999997},null,null,0]
[null,null,"Broca com ponta de widia Ø 3/8\" x 160 mm","un ",{"$f":"0.016*2","v":3.2000000000000001E-2},0,{"$f":"IF(ISNUMBER(F3455),E3455*F3455,\"\")","v":0},null,null,0]
[null,null,"Furadeira de impacto elétrica - 0,65 kW, Ø mandril 5/8\"","h prod",{"$f":"0.1*2","v":0.2},0.95,{"$f":"IF(ISNUMBER(F3456),E3456*F3456,\"\")","v":0.19},null,null,0]
[null,null,"Insert metálico tipo 2, conforme projeto","un ",1,"",{"$f":"IF(ISNUMBER(F3457),E3457*F3457,\"\")","v":""},null,null,0]
[null,null,"GRAUTE FGK=25 MPA; TRAÇO 1:0,02:1,2:1,5 (CIMENTO/ CAL/ AREIA GROSSA/ BRITA 0) - PREPARO MECÂNICO COM BETONEIRA 400 L. AF_02/2015","m3",{"$f":"ROUND(0.15*0.05*0.05,4)","v":4.0000000000000002E-4},718.34760493482008,{"$f":"IF(ISNUMBER(F3458),E3458*F3458,\"\")","v":0.28733904197392807},null,null,0]
[null,null,null,null,null,"",{"$f":"IF(ISNUMBER(F3459),E3459*F3459,\"\")","v":""},null,null,0]
[null,null,"Fontes: PINI 05.102.000020.SER",null,null,"",{"$f":"IF(ISNUMBER(F3460),E3460*F3460,\"\")","v":""},null,null,0]
[null,null,null,null,null,"",{"$f":"IF(ISNUMBER(F3461),E3461*F3461,\"\")","v":""},null,null,0]
["SF-00963",{"$f":"INDEX(Orçamentária!A:B,MATCH(Composições!A3462,Orçamentária!A:A,0),2)","v":"Fixadores metálicos para rochas ornamentais, sob medida"},null,"un",null,"",{"$f":"IF(ISNUMBER(F3462),E3462*F3462,\"\")","v":""},null,null,0]
[null,null,null,null,null,"",{"$f":"IF(ISNUMBER(F3463),E3463*F3463,\"\")","v":""},null,null,0]
[null,null,"Pedreiro com Encargos Complementares","h",{"$f":"0.1+0.1","v":0.2},27.160499999999999,{"$f":"IF(ISNUMBER(F3464),E3464*F3464,\"\")","v":5.4321000000000002},{"$f":"SUM(G3464:G3469)","v":9.954539041973927},null,0]
[null,null,"Servente com Encargos Complementares","h",{"$f":"0.1+0.1","v":0.2},20.225499999999997,{"$f":"IF(ISNUMBER(F3465),E3465*F3465,\"\")","v":4.0450999999999997},null,null,0]
[null,null,"Broca com ponta de widia Ø 3/8\" x 160 mm","un ",{"$f":"0.016*2","v":3.2000000000000001E-2},0,{"$f":"IF(ISNUMBER(F3466),E3466*F3466,\"\")","v":0},null,null,0]
[null,null,"Furadeira de impacto elétrica - 0,65 kW, Ø mandril 5/8\"","h prod",{"$f":"0.1*2","v":0.2},0.95,{"$f":"IF(ISNUMBER(F3467),E3467*F3467,\"\")","v":0.19},null,null,0]
[null,null,"Insert metálico tipo 3, conforme projeto","un ",1,"",{"$f":"IF(ISNUMBER(F3468),E3468*F3468,\"\")","v":""},null,null,0]
[null,null,"GRAUTE FGK=25 MPA; TRAÇO 1:0,02:1,2:1,5 (CIMENTO/ CAL/ AREIA GROSSA/ BRITA 0) - PREPARO MECÂNICO COM BETONEIRA 400 L. AF_02/2015","m3",{"$f":"ROUND(0.15*0.05*0.05,4)","v":4.0000000000000002E-4},718.34760493482008,{"$f":"IF(ISNUMBER(F3469),E3469*F3469,\"\")","v":0.28733904197392807},null,null,0]
[null,null,null,null,null,"",{"$f":"IF(ISNUMBER(F3470),E3470*F3470,\"\")","v":""},null,null,0]
[null,null,"Fontes: PINI 05.102.000020.SER",null,null,"",{"$f":"IF(ISNUMBER(F3471),E3471*F3471,\"\")","v":""},null,null,0]
[null,null,null,null,null,"",{"$f":"IF(ISNUMBER(F3472),E3472*F3472,\"\")","v":""},null,null,0]
["SF-00964",{"$f":"INDEX(Orçamentária!A:B,MATCH(Composições!A3473,Orçamentária!A:A,0),2)","v":"Mármore Branco Especial 20 mm argamassado (Ed. Principal e Anexo 1)"},null,"m2",null,"",{"$f":"IF(ISNUMBER(F3473),E3473*F3473,\"\")","v":""},null,null,0]
[null,null,null,null,null,"",{"$f":"IF(ISNUMBER(F3474),E3474*F3474,\"\")","v":""},null,null,0]
[null,null,"Mármore branco especial 20mm","m2",1.05,"",{"$f":"IF(ISNUMBER(F3475),E3475*F3475,\"\")","v":""},{"$f":"SUM(G3475:G3479)","v":57.504449999999999},null,0]
[null,null,"Marmorista/graniteiro com encargos complementares","h",1.35,27.036999999999999,{"$f":"IF(ISNUMBER(F3476),E3476*F3476,\"\")","v":36.499949999999998},null,null,0]
[null,null,"Servente com Encargos Complementares","h",0.6,20.225499999999997,{"$f":"IF(ISNUMBER(F3477),E3477*F3477,\"\")","v":12.135299999999997},null,null,0]
[null,null,"Argamassa colante tipo AC III","kg",4.5,1.748,{"$f":"IF(ISNUMBER(F3478),E3478*F3478,\"\")","v":7.8659999999999997},null,null,0]
[null,null,"Rejunte cimenticio, qualquer cor","kg",0.3,3.3439999999999999,{"$f":"IF(ISNUMBER(F3479),E3479*F3479,\"\")","v":1.0031999999999999},null,null,0]
[null,null,null,null,null,"",{"$f":"IF(ISNUMBER(F3480),E3480*F3480,\"\")","v":""},null,null,0]
["SF-00965",{"$f":"INDEX(Orçamentária!A:B,MATCH(Composições!A3481,Orçamentária!A:A,0),2)","v":"Mármore Branco Especial 20 mm com inserts e argamassa (Ed. Principal e Anexo 1)"},null,"m2",null,"",{"$f":"IF(ISNUMBER(F3481),E3481*F3481,\"\")","v":""},null,null,0]
[null,null,null,null,null,"",{"$f":"IF(ISNUMBER(F3482),E3482*F3482,\"\")","v":""},null,null,0]
[null,null,"Mármore branco especial 20mm","m2",1.05,"",{"$f":"IF(ISNUMBER(F3483),E3483*F3483,\"\")","v":""},{"$f":"SUM(G3483:G3493)","v":80.249934760493488},null,0]
[null,null,"Marmorista/graniteiro com encargos complementares","h",{"$f":"1.35","v":1.35},27.036999999999999,{"$f":"IF(ISNUMBER(F3484),E3484*F3484,\"\")","v":36.499949999999998},null,null,0]
[null,null,"Pedreiro com Encargos Complementares","h",0.1,27.160499999999999,{"$f":"IF(ISNUMBER(F3485),E3485*F3485,\"\")","v":2.7160500000000001},null,null,0]
[null,null,"Servente com Encargos Complementares","h",{"$f":"0.6+0.1+0.1","v":0.79999999999999993},20.225499999999997,{"$f":"IF(ISNUMBER(F3486),E3486*F3486,\"\")","v":16.180399999999995},null,null,0]
[null,null,"Argamassa colante tipo AC III","kg",4.5,1.748,{"$f":"IF(ISNUMBER(F3487),E3487*F3487,\"\")","v":7.8659999999999997},null,null,0]
[null,null,"Rejunte cimenticio, qualquer cor","kg",0.3,3.3439999999999999,{"$f":"IF(ISNUMBER(F3488),E3488*F3488,\"\")","v":1.0031999999999999},null,null,0]
[null,null,"PARAFUSO DE ACO TIPO CHUMBADOR PARABOLT, DIAMETRO 3/8\", COMPRIMENTO 75 MM","UN",{"$f":"2/(0.4*0.8)","v":6.2499999999999991},2.4034999999999997,{"$f":"IF(ISNUMBER(F3489),E3489*F3489,\"\")","v":15.021874999999996},null,null,0]
[null,null,"Broca com ponta de widia Ø 3/8\" x 160 mm","un ",{"$f":"(2/(0.4*0.8))*(0.016)*1.5","v":0.15},0,{"$f":"IF(ISNUMBER(F3490),E3490*F3490,\"\")","v":0},null,null,0]
[null,null,"Furadeira de impacto elétrica - 0,65 kW, Ø mandril 5/8\"","h prod",{"$f":"(2/(0.4*0.8))*0.1*1.5","v":0.9375},0.95,{"$f":"IF(ISNUMBER(F3491),E3491*F3491,\"\")","v":0.890625},null,null,0]
[null,null,"Insert metálico tipo 1, conforme projeto","un ",{"$f":"2/(0.4*0.8)","v":6.2499999999999991},"",{"$f":"IF(ISNUMBER(F3492),E3492*F3492,\"\")","v":""},null,null,0]
[null,null,"GRAUTE FGK=25 MPA; TRAÇO 1:0,02:1,2:1,5 (CIMENTO/ CAL/ AREIA GROSSA/ BRITA 0) - PREPARO MECÂNICO COM BETONEIRA 400 L. AF_02/2015","m3",1E-4,718.34760493482008,{"$f":"IF(ISNUMBER(F3493),E3493*F3493,\"\")","v":7.1834760493482017E-2},null,null,0]
[null,null,null,null,null,"",{"$f":"IF(ISNUMBER(F3494),E3494*F3494,\"\")","v":""},null,null,0]
[null,null,"Fontes: ORSE 03735, PINI 05.102.000020.SER e 05.108.000450.SER",null,null,"",{"$f":"IF(ISNUMBER(F3495),E3495*F3495,\"\")","v":""},null,null,0]
[null,null,"Observações: Considerando uma placa de 0,40 m x 0,80 m, que, conforme projeto, necessita de 2 inserts.",null,null,"",{"$f":"IF(ISNUMBER(F3496),E3496*F3496,\"\")","v":""},null,null,0]
[null,null,null,null,null,"",{"$f":"IF(ISNUMBER(F3497),E3497*F3497,\"\")","v":""},null,null,0]
["SF-00966",{"$f":"INDEX(Orçamentária!A:B,MATCH(Composições!A3498,Orçamentária!A:A,0),2)","v":"Mármore Branco Especial 30 mm argamassado (Ed. Principal e Anexo 1)"},null,"m2",null,"",{"$f":"IF(ISNUMBER(F3498),E3498*F3498,\"\")","v":""},null,null,0]
[null,null,null,null,null,"",{"$f":"IF(ISNUMBER(F3499),E3499*F3499,\"\")","v":""},null,null,0]
[null,null,"Mármore branco especial 30mm","m2",1.05,"",{"$f":"IF(ISNUMBER(F3500),E3500*F3500,\"\")","v":""},{"$f":"SUM(G3500:G3504)","v":57.504449999999999},null,0]
[null,null,"Marmorista/graniteiro com encargos complementares","h",1.35,27.036999999999999,{"$f":"IF(ISNUMBER(F3501),E3501*F3501,\"\")","v":36.499949999999998},null,null,0]
[null,null,"Servente com Encargos Complementares","h",0.6,20.225499999999997,{"$f":"IF(ISNUMBER(F3502),E3502*F3502,\"\")","v":12.135299999999997},null,null,0]
[null,null,"Argamassa colante tipo AC III","kg",4.5,1.748,{"$f":"IF(ISNUMBER(F3503),E3503*F3503,\"\")","v":7.8659999999999997},null,null,0]
[null,null,"Rejunte cimenticio, qualquer cor","kg",0.3,3.3439999999999999,{"$f":"IF(ISNUMBER(F3504),E3504*F3504,\"\")","v":1.0031999999999999},null,null,0]
[null,null,null,null,null,"",{"$f":"IF(ISNUMBER(F3505),E3505*F3505,\"\")","v":""},null,null,0]
["SF-00967",{"$f":"INDEX(Orçamentária!A:B,MATCH(Composições!A3506,Orçamentária!A:A,0),2)","v":"Mármore Branco Especial 30 mm com inserts e argamassa (Ed. Principal e Anexo 1)"},null,"m2",null,"",{"$f":"IF(ISNUMBER(F3506),E3506*F3506,\"\")","v":""},null,null,0]
[null,null,null,null,null,"",{"$f":"IF(ISNUMBER(F3507),E3507*F3507,\"\")","v":""},null,null,0]
[null,null,"Mármore branco especial 30mm","m2",1.05,"",{"$f":"IF(ISNUMBER(F3508),E3508*F3508,\"\")","v":""},{"$f":"SUM(G3508:G3518)","v":80.249934760493488},null,0]
[null,null,"Marmorista/graniteiro com encargos complementares","h",{"$f":"1.35","v":1.35},27.036999999999999,{"$f":"IF(ISNUMBER(F3509),E3509*F3509,\"\")","v":36.499949999999998},null,null,0]
[null,null,"Pedreiro com Encargos Complementares","h",0.1,27.160499999999999,{"$f":"IF(ISNUMBER(F3510),E3510*F3510,\"\")","v":2.7160500000000001},null,null,0]
[null,null,"Servente com Encargos Complementares","h",{"$f":"0.6+0.1+0.1","v":0.79999999999999993},20.225499999999997,{"$f":"IF(ISNUMBER(F3511),E3511*F3511,\"\")","v":16.180399999999995},null,null,0]
[null,null,"Argamassa colante tipo AC III","kg",4.5,1.748,{"$f":"IF(ISNUMBER(F3512),E3512*F3512,\"\")","v":7.8659999999999997},null,null,0]
[null,null,"Rejunte cimenticio, qualquer cor","kg",0.3,3.3439999999999999,{"$f":"IF(ISNUMBER(F3513),E3513*F3513,\"\")","v":1.0031999999999999},null,null,0]
[null,null,"PARAFUSO DE ACO TIPO CHUMBADOR PARABOLT, DIAMETRO 3/8\", COMPRIMENTO 75 MM","UN",{"$f":"2/(0.4*0.8)","v":6.2499999999999991},2.4034999999999997,{"$f":"IF(ISNUMBER(F3514),E3514*F3514,\"\")","v":15.021874999999996},null,null,0]
[null,null,"Broca com ponta de widia Ø 3/8\" x 160 mm","un ",{"$f":"(2/(0.4*0.8))*(0.016)*1.5","v":0.15},0,{"$f":"IF(ISNUMBER(F3515),E3515*F3515,\"\")","v":0},null,null,0]
[null,null,"Furadeira de impacto elétrica - 0,65 kW, Ø mandril 5/8\"","h prod",{"$f":"(2/(0.4*0.8))*0.1*1.5","v":0.9375},0.95,{"$f":"IF(ISNUMBER(F3516),E3516*F3516,\"\")","v":0.890625},null,null,0]
[null,null,"Insert metálico tipo 1, conforme projeto","un ",{"$f":"2/(0.4*0.8)","v":6.2499999999999991},"",{"$f":"IF(ISNUMBER(F3517),E3517*F3517,\"\")","v":""},null,null,0]
[null,null,"GRAUTE FGK=25 MPA; TRAÇO 1:0,02:1,2:1,5 (CIMENTO/ CAL/ AREIA GROSSA/ BRITA 0) - PREPARO MECÂNICO COM BETONEIRA 400 L. AF_02/2015","m3",1E-4,718.34760493482008,{"$f":"IF(ISNUMBER(F3518),E3518*F3518,\"\")","v":7.1834760493482017E-2},null,null,0]
[null,null,null,null,null,"",{"$f":"IF(ISNUMBER(F3519),E3519*F3519,\"\")","v":""},null,null,0]
[null,null,"Fontes: ORSE 03735, PINI 05.102.000020.SER e 05.108.000450.SER",null,null,"",{"$f":"IF(ISNUMBER(F3520),E3520*F3520,\"\")","v":""},null,null,0]
[null,null,"Observações: Considerando uma placa de 0,40 m x 0,80 m, que, conforme projeto, necessita de 2 inserts.",null,null,"",{"$f":"IF(ISNUMBER(F3521),E3521*F3521,\"\")","v":""},null,null,0]
[null,null,null,null,null,"",{"$f":"IF(ISNUMBER(F3522),E3522*F3522,\"\")","v":""},null,null,0]
["SF-00968",{"$f":"INDEX(Orçamentária!A:B,MATCH(Composições!A3523,Orçamentária!A:A,0),2)","v":"Mármore branco especial, e=30 mm, instalação em fixadores metálicos existentes (modelo Edifício Principal)"},null,"m2",null,"",{"$f":"IF(ISNUMBER(F3523),E3523*F3523,\"\")","v":""},null,null,0]
[null,null,null,null,null,"",{"$f":"IF(ISNUMBER(F3524),E3524*F3524,\"\")","v":""},null,null,0]
[null,null,"Mármore branco especial 30mm","m2",1.05,"",{"$f":"IF(ISNUMBER(F3525),E3525*F3525,\"\")","v":""},{"$f":"SUM(G3525:G3529)","v":9.0786750000000005},null,0]
[null,null,"Marmorista/graniteiro com encargos complementares","h",0.25,27.036999999999999,{"$f":"IF(ISNUMBER(F3526),E3526*F3526,\"\")","v":6.7592499999999998},null,null,0]
[null,null,"Servente com Encargos Complementares","h",0.1,20.225499999999997,{"$f":"IF(ISNUMBER(F3527),E3527*F3527,\"\")","v":2.0225499999999998},null,null,0]
[null,null,"Broca com ponta de widia Ø 3/8\" x 160 mm","un ",{"$f":"(2/(0.4*0.8))*0.016/2","v":4.9999999999999996E-2},0,{"$f":"IF(ISNUMBER(F3528),E3528*F3528,\"\")","v":0},null,null,0]
[null,null,"Furadeira de impacto elétrica - 0,65 kW, Ø mandril 5/8\"","h prod",{"$f":"(2/(0.4*0.8))*0.1/2","v":0.3125},0.95,{"$f":"IF(ISNUMBER(F3529),E3529*F3529,\"\")","v":0.296875},null,null,0]
[null,null,null,null,null,"",{"$f":"IF(ISNUMBER(F3530),E3530*F3530,\"\")","v":""},null,null,0]
[null,null,"Fontes: PINI 05.102.000020.SER e 05.108.000450.SER",null,null,"",{"$f":"IF(ISNUMBER(F3531),E3531*F3531,\"\")","v":""},null,null,0]
[null,null,null,null,null,"",{"$f":"IF(ISNUMBER(F3532),E3532*F3532,\"\")","v":""},null,null,0]
["SF-00969",{"$f":"INDEX(Orçamentária!A:B,MATCH(Composições!A3533,Orçamentária!A:A,0),2)","v":"Instalação de placas de mármore 30 mm reaproveitadas em fixadores metálicos existentes (modelo Edifício Principal)"},null,"m2",null,"",{"$f":"IF(ISNUMBER(F3533),E3533*F3533,\"\")","v":""},null,null,0]
[null,null,null,null,null,"",{"$f":"IF(ISNUMBER(F3534),E3534*F3534,\"\")","v":""},null,null,0]
[null,null,"Marmorista/graniteiro com encargos complementares","h",0.25,27.036999999999999,{"$f":"IF(ISNUMBER(F3535),E3535*F3535,\"\")","v":6.7592499999999998},{"$f":"SUM(G3535:G3538)","v":9.0786750000000005},null,0]
[null,null,"Servente com Encargos Complementares","h",0.1,20.225499999999997,{"$f":"IF(ISNUMBER(F3536),E3536*F3536,\"\")","v":2.0225499999999998},null,null,0]
[null,null,"Broca com ponta de widia Ø 3/8\" x 160 mm","un ",{"$f":"(2/(0.4*0.8))*0.016/2","v":4.9999999999999996E-2},0,{"$f":"IF(ISNUMBER(F3537),E3537*F3537,\"\")","v":0},null,null,0]
[null,null,"Furadeira de impacto elétrica - 0,65 kW, Ø mandril 5/8\"","h prod",{"$f":"(2/(0.4*0.8))*0.1/2","v":0.3125},0.95,{"$f":"IF(ISNUMBER(F3538),E3538*F3538,\"\")","v":0.296875},null,null,0]
[null,null,null,null,null,"",{"$f":"IF(ISNUMBER(F3539),E3539*F3539,\"\")","v":""},null,null,0]
[null,null,"Fontes: PINI 05.102.000020.SER e 05.108.000450.SER",null,null,"",{"$f":"IF(ISNUMBER(F3540),E3540*F3540,\"\")","v":""},null,null,0]
[null,null,null,null,null,"",{"$f":"IF(ISNUMBER(F3541),E3541*F3541,\"\")","v":""},null,null,0]
["SF-00970",{"$f":"INDEX(Orçamentária!A:B,MATCH(Composições!A3542,Orçamentária!A:A,0),2)","v":"Instalação de placas de rocha ornamental reaproveitadas, por meio de argamassa"},null,"m2",null,"",{"$f":"IF(ISNUMBER(F3542),E3542*F3542,\"\")","v":""},null,null,0]
[null,null,null,null,null,"",{"$f":"IF(ISNUMBER(F3543),E3543*F3543,\"\")","v":""},null,null,0]
[null,null,"Marmorista/graniteiro com encargos complementares","h",1.35,27.036999999999999,{"$f":"IF(ISNUMBER(F3544),E3544*F3544,\"\")","v":36.499949999999998},{"$f":"SUM(G3544:G3547)","v":57.504449999999999},null,0]
[null,null,"Servente com Encargos Complementares","h",0.6,20.225499999999997,{"$f":"IF(ISNUMBER(F3545),E3545*F3545,\"\")","v":12.135299999999997},null,null,0]
[null,null,"Argamassa colante tipo AC III","kg",4.5,1.748,{"$f":"IF(ISNUMBER(F3546),E3546*F3546,\"\")","v":7.8659999999999997},null,null,0]
[null,null,"Rejunte cimenticio, qualquer cor","kg",0.3,3.3439999999999999,{"$f":"IF(ISNUMBER(F3547),E3547*F3547,\"\")","v":1.0031999999999999},null,null,0]
[null,null,null,null,null,"",{"$f":"IF(ISNUMBER(F3548),E3548*F3548,\"\")","v":""},null,null,0]
["SF-00971",{"$f":"INDEX(Orçamentária!A:B,MATCH(Composições!A3549,Orçamentária!A:A,0),2)","v":"Instalação de placas de rocha ornamental reaproveitadas, por meio de argamassa e fixadores metálicos"},null,"m2",null,"",{"$f":"IF(ISNUMBER(F3549),E3549*F3549,\"\")","v":""},null,null,0]
[null,null,null,null,null,"",{"$f":"IF(ISNUMBER(F3550),E3550*F3550,\"\")","v":""},null,null,0]
[null,null,"Marmorista/graniteiro com encargos complementares","h",{"$f":"1.35","v":1.35},27.036999999999999,{"$f":"IF(ISNUMBER(F3551),E3551*F3551,\"\")","v":36.499949999999998},{"$f":"SUM(G3551:G3560)","v":80.249934760493488},null,0]
[null,null,"Pedreiro com Encargos Complementares","h",0.1,27.160499999999999,{"$f":"IF(ISNUMBER(F3552),E3552*F3552,\"\")","v":2.7160500000000001},null,null,0]
[null,null,"Servente com Encargos Complementares","h",{"$f":"0.6+0.1+0.1","v":0.79999999999999993},20.225499999999997,{"$f":"IF(ISNUMBER(F3553),E3553*F3553,\"\")","v":16.180399999999995},null,null,0]
[null,null,"Argamassa colante tipo AC III","kg",4.5,1.748,{"$f":"IF(ISNUMBER(F3554),E3554*F3554,\"\")","v":7.8659999999999997},null,null,0]
[null,null,"Rejunte cimenticio, qualquer cor","kg",0.3,3.3439999999999999,{"$f":"IF(ISNUMBER(F3555),E3555*F3555,\"\")","v":1.0031999999999999},null,null,0]
[null,null,"PARAFUSO DE ACO TIPO CHUMBADOR PARABOLT, DIAMETRO 3/8\", COMPRIMENTO 75 MM","UN",{"$f":"2/(0.4*0.8)","v":6.2499999999999991},2.4034999999999997,{"$f":"IF(ISNUMBER(F3556),E3556*F3556,\"\")","v":15.021874999999996},null,null,0]
[null,null,"Broca com ponta de widia Ø 3/8\" x 160 mm","un ",{"$f":"(2/(0.4*0.8))*(0.016)*1.5","v":0.15},0,{"$f":"IF(ISNUMBER(F3557),E3557*F3557,\"\")","v":0},null,null,0]
[null,null,"Furadeira de impacto elétrica - 0,65 kW, Ø mandril 5/8\"","h prod",{"$f":"(2/(0.4*0.8))*0.1*1.5","v":0.9375},0.95,{"$f":"IF(ISNUMBER(F3558),E3558*F3558,\"\")","v":0.890625},null,null,0]
[null,null,"Insert metálico tipo 1, conforme projeto","un ",{"$f":"2/(0.4*0.8)","v":6.2499999999999991},"",{"$f":"IF(ISNUMBER(F3559),E3559*F3559,\"\")","v":""},null,null,0]
[null,null,"GRAUTE FGK=25 MPA; TRAÇO 1:0,02:1,2:1,5 (CIMENTO/ CAL/ AREIA GROSSA/ BRITA 0) - PREPARO MECÂNICO COM BETONEIRA 400 L. AF_02/2015","m3",1E-4,718.34760493482008,{"$f":"IF(ISNUMBER(F3560),E3560*F3560,\"\")","v":7.1834760493482017E-2},null,null,0]
[null,null,null,null,null,"",{"$f":"IF(ISNUMBER(F3561),E3561*F3561,\"\")","v":""},null,null,0]
[null,null,"Fontes: ORSE 03735, PINI 05.102.000020.SER e 05.108.000450.SER",null,null,"",{"$f":"IF(ISNUMBER(F3562),E3562*F3562,\"\")","v":""},null,null,0]
[null,null,"Observações: Considerando uma placa de 0,40 m x 0,80 m, que, conforme projeto, necessita de 2 inserts.",null,null,"",{"$f":"IF(ISNUMBER(F3563),E3563*F3563,\"\")","v":""},null,null,0]
[null,null,null,null,null,"",{"$f":"IF(ISNUMBER(F3564),E3564*F3564,\"\")","v":""},null,null,0]
["SF-00972",{"$f":"INDEX(Orçamentária!A:B,MATCH(Composições!A3565,Orçamentária!A:A,0),2)","v":"Aplicação de hidrofugante à base de silano e silicone"},null,"m2",null,"",{"$f":"IF(ISNUMBER(F3565),E3565*F3565,\"\")","v":""},null,null,0]
[null,null,null,null,null,"",{"$f":"IF(ISNUMBER(F3566),E3566*F3566,\"\")","v":""},null,null,0]
[null,null,"Pintor com encargos complementares","h",0.4,28.319499999999998,{"$f":"IF(ISNUMBER(F3567),E3567*F3567,\"\")","v":11.3278},{"$f":"SUM(G3567:G3569)","v":13.60685},null,0]
[null,null,"Ajudante de pintor com Encargos Complementares","H",0.1,22.790499999999998,{"$f":"IF(ISNUMBER(F3568),E3568*F3568,\"\")","v":2.2790499999999998},null,null,0]
[null,null,"Hidrofugante à base de silano e silicone","L",0.33,0,{"$f":"IF(ISNUMBER(F3569),E3569*F3569,\"\")","v":0},null,null,0]
[null,null,null,null,null,"",{"$f":"IF(ISNUMBER(F3570),E3570*F3570,\"\")","v":""},null,null,0]
["SF-00973",{"$f":"INDEX(Orçamentária!A:B,MATCH(Composições!A3571,Orçamentária!A:A,0),2)","v":"Cantoneira em alumínio abas iguais 1\" x 1/8\" – Pingadeira “L”"},null,"m",null,"",{"$f":"IF(ISNUMBER(F3571),E3571*F3571,\"\")","v":""},null,null,0]
[null,null,null,null,null,"",{"$f":"IF(ISNUMBER(F3572),E3572*F3572,\"\")","v":""},null,null,0]
[null,null,"Marmorista/graniteiro com encargos complementares","h",0.6,27.036999999999999,{"$f":"IF(ISNUMBER(F3573),E3573*F3573,\"\")","v":16.222199999999997},{"$f":"SUM(G3573:G3575)","v":24.312399999999997},null,0]
[null,null,"Servente com Encargos Complementares","h",0.4,20.225499999999997,{"$f":"IF(ISNUMBER(F3574),E3574*F3574,\"\")","v":8.0901999999999994},null,null,0]
[null,null,"Cantoneira em alumínio abas iguais 1\" x 1/8\" com pintura eletrostática branca","m",1,"",{"$f":"IF(ISNUMBER(F3575),E3575*F3575,\"\")","v":""},null,null,0]
[null,null,null,null,null,"",{"$f":"IF(ISNUMBER(F3576),E3576*F3576,\"\")","v":""},null,null,0]
["SF-00974",{"$f":"INDEX(Orçamentária!A:B,MATCH(Composições!A3577,Orçamentária!A:A,0),2)","v":"Granito Amarelo Maracujá para rodapé"},null,"m2",null,"",{"$f":"IF(ISNUMBER(F3577),E3577*F3577,\"\")","v":""},null,null,0]
[null,null,null,null,null,"",{"$f":"IF(ISNUMBER(F3578),E3578*F3578,\"\")","v":""},null,null,0]
[null,null,"Granito Amarelo Capri para rodapé","m2",1.05,"",{"$f":"IF(ISNUMBER(F3579),E3579*F3579,\"\")","v":""},{"$f":"SUM(G3579:G3583)","v":130.24895199999997},null,0]
[null,null,"Argamassa colante tipo AC III","kg",{"$f":"0.8614/0.1","v":8.6140000000000008},1.748,{"$f":"IF(ISNUMBER(F3580),E3580*F3580,\"\")","v":15.057272000000001},null,null,0]
[null,null,"Marmorista/graniteiro com encargos complementares","h",{"$f":"0.299/0.1","v":2.9899999999999998},27.036999999999999,{"$f":"IF(ISNUMBER(F3581),E3581*F3581,\"\")","v":80.84062999999999},null,null,0]
[null,null,"Servente com Encargos Complementares","h",{"$f":"0.15/0.1","v":1.4999999999999998},20.225499999999997,{"$f":"IF(ISNUMBER(F3582),E3582*F3582,\"\")","v":30.338249999999992},null,null,0]
[null,null,"Rejunte cimenticio, qualquer cor","kg",{"$f":"0.12/0.1","v":1.2},3.3439999999999999,{"$f":"IF(ISNUMBER(F3583),E3583*F3583,\"\")","v":4.0127999999999995},null,null,0]
[null,null,null,null,null,"",{"$f":"IF(ISNUMBER(F3584),E3584*F3584,\"\")","v":""},null,null,0]
["SF-00975",{"$f":"INDEX(Orçamentária!A:B,MATCH(Composições!A3585,Orçamentária!A:A,0),2)","v":"Acabamento das extremidades aparentes dos parafusos de fixação (lixamento e revestimento)"},null,"un",null,"",{"$f":"IF(ISNUMBER(F3585),E3585*F3585,\"\")","v":""},null,null,0]
[null,null,null,null,null,"",{"$f":"IF(ISNUMBER(F3586),E3586*F3586,\"\")","v":""},null,null,0]
[null,null,"Servente com Encargos Complementares","h",0.05,20.225499999999997,{"$f":"IF(ISNUMBER(F3587),E3587*F3587,\"\")","v":1.0112749999999999},{"$f":"SUM(G3587:G3590)","v":1.1784749999999999},null,0]
[null,null,"Lixadeira angular manual elétrica Ø 7\" 2200 W 6600 rpm","loc/un/dia",{"$f":"0.25/10","v":2.5000000000000001E-2},0,{"$f":"IF(ISNUMBER(F3588),E3588*F3588,\"\")","v":0},null,null,0]
[null,null,"Ponta montada A2 haste 1/4\"","un",0.25,"",{"$f":"IF(ISNUMBER(F3589),E3589*F3589,\"\")","v":""},null,null,0]
[null,null,"Rejunte cimenticio, qualquer cor","kg",0.05,3.3439999999999999,{"$f":"IF(ISNUMBER(F3590),E3590*F3590,\"\")","v":0.16720000000000002},null,null,0]
[null,null,null,null,null,"",{"$f":"IF(ISNUMBER(F3591),E3591*F3591,\"\")","v":""},null,null,0]
["SF-00976",{"$f":"INDEX(Orçamentária!A:B,MATCH(Composições!A3592,Orçamentária!A:A,0),2)","v":"Rejuntamento de placas de rocha ornamental em fachada"},null,"m2",null,"",{"$f":"IF(ISNUMBER(F3592),E3592*F3592,\"\")","v":""},null,null,0]
[null,null,null,null,null,"",{"$f":"IF(ISNUMBER(F3593),E3593*F3593,\"\")","v":""},null,null,0]
[null,null,"Servente com Encargos Complementares","h",0.25,20.225499999999997,{"$f":"IF(ISNUMBER(F3594),E3594*F3594,\"\")","v":5.0563749999999992},{"$f":"SUM(G3594:G3595)","v":6.8253509999999995},null,0]
[null,null,"Rejunte cimenticio, qualquer cor","kg",0.52900000000000003,3.3439999999999999,{"$f":"IF(ISNUMBER(F3595),E3595*F3595,\"\")","v":1.7689760000000001},null,null,0]
[null,null,null,null,null,"",{"$f":"IF(ISNUMBER(F3596),E3596*F3596,\"\")","v":""},null,null,0]
["SF-00977",{"$f":"INDEX(Orçamentária!A:B,MATCH(Composições!A3597,Orçamentária!A:A,0),2)","v":"Junta de movimentação em fachada"},null,"m",null,"",{"$f":"IF(ISNUMBER(F3597),E3597*F3597,\"\")","v":""},null,null,0]
[null,null,null,null,null,"",{"$f":"IF(ISNUMBER(F3598),E3598*F3598,\"\")","v":""},null,null,0]
[null,null,"Pedreiro com Encargos Complementares","h",0.33,27.160499999999999,{"$f":"IF(ISNUMBER(F3599),E3599*F3599,\"\")","v":8.9629650000000005},{"$f":"SUM(G3599:G3603)","v":30.362080749999997},null,0]
[null,null,"Servente com Encargos Complementares","h",0.1,20.225499999999997,{"$f":"IF(ISNUMBER(F3600),E3600*F3600,\"\")","v":2.0225499999999998},null,null,0]
[null,null,"Primer de secagem rápida e alto poder de aderência ao concreto","L",0.15,0,{"$f":"IF(ISNUMBER(F3601),E3601*F3601,\"\")","v":0},null,null,0]
[null,null,"Corpo de apoio em polietileno para aplicação de mástiques em juntas","m",1,0,{"$f":"IF(ISNUMBER(F3602),E3602*F3602,\"\")","v":0},null,null,0]
[null,null,"SELANTE ELASTICO MONOCOMPONENTE A BASE DE POLIURETANO (PU) PARA JUNTAS DIVERSAS","310ml",{"$f":"ROUND(0.15/0.31,4)","v":0.4839},40.042499999999997,{"$f":"IF(ISNUMBER(F3603),E3603*F3603,\"\")","v":19.376565749999997},null,null,0]
[null,null,null,null,null,"",{"$f":"IF(ISNUMBER(F3604),E3604*F3604,\"\")","v":""},null,null,0]
["SF-00978",{"$f":"INDEX(Orçamentária!A:B,MATCH(Composições!A3605,Orçamentária!A:A,0),2)","v":"Adesivo Selante Poliuretano – fornecimento e aplicação"},null,"m",null,"",{"$f":"IF(ISNUMBER(F3605),E3605*F3605,\"\")","v":""},null,null,0]
[null,null,null,null,null,"",{"$f":"IF(ISNUMBER(F3606),E3606*F3606,\"\")","v":""},null,null,0]
[null,null,"Pedreiro com Encargos Complementares","h",0.16500000000000001,27.160499999999999,{"$f":"IF(ISNUMBER(F3607),E3607*F3607,\"\")","v":4.4814825000000003},{"$f":"SUM(G3607:G3609)","v":19.846193499999998},null,0]
[null,null,"Servente com Encargos Complementares","h",0.1,20.225499999999997,{"$f":"IF(ISNUMBER(F3608),E3608*F3608,\"\")","v":2.0225499999999998},null,null,0]
[null,null,"SELANTE ELASTICO MONOCOMPONENTE A BASE DE POLIURETANO (PU) PARA JUNTAS DIVERSAS","310ml",{"$f":"ROUND(0.1033/0.31,4)","v":0.3332},40.042499999999997,{"$f":"IF(ISNUMBER(F3609),E3609*F3609,\"\")","v":13.342160999999999},null,null,0]
[null,null,null,null,null,"",{"$f":"IF(ISNUMBER(F3610),E3610*F3610,\"\")","v":""},null,null,0]
["SF-00980",{"$f":"INDEX(Orçamentária!A:B,MATCH(Composições!A3611,Orçamentária!A:A,0),2)","v":"Chuveiro elétrico"},null,"un",null,"",{"$f":"IF(ISNUMBER(F3611),E3611*F3611,\"\")","v":""},null,null,0]
[null,null,null,null,null,"",{"$f":"IF(ISNUMBER(F3612),E3612*F3612,\"\")","v":""},null,null,0]
[null,null,"CHUVEIRO COMUM EM PLASTICO BRANCO, COM CANO, 3 TEMPERATURAS, 5500 W (110/220 V)","UN",1,66.405000000000001,{"$f":"IF(ISNUMBER(F3613),E3613*F3613,\"\")","v":66.405000000000001},{"$f":"SUM(G3613:G3616)","v":81.147098099999994},null,0]
[null,null,"FITA VEDA ROSCA EM ROLOS DE 18 MM X 10 M (L X C)","UN",2.1000000000000001E-2,3.7049999999999996,{"$f":"IF(ISNUMBER(F3614),E3614*F3614,\"\")","v":7.7804999999999999E-2},null,null,0]
[null,null,"ENCANADOR OU BOMBEIRO HIDRÁULICO COM ENCARGOS COMPLEMENTARES","H",0.44669999999999999,26.4575,{"$f":"IF(ISNUMBER(F3615),E3615*F3615,\"\")","v":11.818565249999999},null,null,0]
[null,null,"SERVENTE COM ENCARGOS COMPLEMENTARES","H",0.14069999999999999,20.225499999999997,{"$f":"IF(ISNUMBER(F3616),E3616*F3616,\"\")","v":2.8457278499999994},null,null,0]
[null,null,null,null,null,"",{"$f":"IF(ISNUMBER(F3617),E3617*F3617,\"\")","v":""},null,null,0]
["SF-00981",{"$f":"INDEX(Orçamentária!A:B,MATCH(Composições!A3618,Orçamentária!A:A,0),2)","v":"Lastro em concreto magro"},null,"m3",null,"",{"$f":"IF(ISNUMBER(F3618),E3618*F3618,\"\")","v":""},null,null,0]
[null,null,null,null,null,"",{"$f":"IF(ISNUMBER(F3619),E3619*F3619,\"\")","v":""},null,null,0]
[null,null,"Pedreiro com Encargos Complementares","H",5.4370000000000003,27.160499999999999,{"$f":"IF(ISNUMBER(F3620),E3620*F3620,\"\")","v":147.6716385},{"$f":"SUM(G3620:G3622)","v":806.79674609603273},null,0]
[null,null,"Servente com Encargos Complementares","H",1.4830000000000001,20.225499999999997,{"$f":"IF(ISNUMBER(F3621),E3621*F3621,\"\")","v":29.994416499999996},null,null,0]
[null,null,"CONCRETO MAGRO PARA LASTRO, TRAÇO 1:4,5:4,5 (CIMENTO/ AREIA MÉDIA/ BRITA 1)  - PREPARO MECÂNICO COM BETONEIRA 600 L. AF_07/2016","M3",1.1299999999999999,556.75282397879005,{"$f":"IF(ISNUMBER(F3622),E3622*F3622,\"\")","v":629.13069109603271},null,null,0]
[null,null,null,null,null,"",{"$f":"IF(ISNUMBER(F3623),E3623*F3623,\"\")","v":""},null,null,0]
["SF-00982",{"$f":"INDEX(Orçamentária!A:B,MATCH(Composições!A3624,Orçamentária!A:A,0),2)","v":"Pavimentação em concreto armado simples"},null,"m2",null,"",{"$f":"IF(ISNUMBER(F3624),E3624*F3624,\"\")","v":""},null,null,0]
[null,null,null,null,null,"",{"$f":"IF(ISNUMBER(F3625),E3625*F3625,\"\")","v":""},null,null,0]
[null,null,"CONCRETO USINADO BOMBEAVEL, CLASSE DE RESISTENCIA C20, COM BRITA 0 E 1, SLUMP = 100 +/- 20 MM, EXCLUI SERVICO DE BOMBEAMENTO (NBR 8953)","M3",8.14E-2,422.75,{"$f":"IF(ISNUMBER(F3626),E3626*F3626,\"\")","v":34.411850000000001},{"$f":"SUM(G3626:G3632)","v":119.47144235},null,0]
[null,null,"ENDURECEDOR MINERAL DE BASE CIMENTICIA PARA PISO DE CONCRETO","KG",4,10.279,{"$f":"IF(ISNUMBER(F3627),E3627*F3627,\"\")","v":41.116},null,null,0]
[null,null,"PEDREIRO COM ENCARGOS COMPLEMENTARES","H",0.1119,27.160499999999999,{"$f":"IF(ISNUMBER(F3628),E3628*F3628,\"\")","v":3.0392599499999999},null,null,0]
[null,null,"SERVENTE COM ENCARGOS COMPLEMENTARES","H",4.6600000000000003E-2,20.225499999999997,{"$f":"IF(ISNUMBER(F3629),E3629*F3629,\"\")","v":0.94250829999999985},null,null,0]
[null,null,"DESEMPENADEIRA DE CONCRETO, PESO DE 78 KG, 4 PÁS, MOTOR A GASOLINA, POTÊNCIA 5,5 HP - CHP DIURNO. AF_09/2016","CHP",7.0000000000000001E-3,7.9894999999999996,{"$f":"IF(ISNUMBER(F3630),E3630*F3630,\"\")","v":5.5926499999999997E-2},null,null,0]
[null,null,"TELA DE ACO SOLDADA NERVURADA, CA-60, Q-196, (3,11 KG/M2), DIAMETRO DO FIO = 5,0 MM, LARGURA = 2,45 M, ESPACAMENTO DA MALHA = 10 X 10 CM","M2",1.1224000000000001,31.986499999999999,{"$f":"IF(ISNUMBER(F3631),E3631*F3631,\"\")","v":35.901647600000004},null,null,0]
[null,null,"SELANTE ELASTICO MONOCOMPONENTE A BASE DE POLIURETANO (PU) PARA JUNTAS DIVERSAS","310ML",0.1,40.042499999999997,{"$f":"IF(ISNUMBER(F3632),E3632*F3632,\"\")","v":4.0042499999999999},null,null,0]
[null,null,null,null,null,"",{"$f":"IF(ISNUMBER(F3633),E3633*F3633,\"\")","v":""},null,null,0]
["SF-00983",{"$f":"INDEX(Orçamentária!A:B,MATCH(Composições!A3634,Orçamentária!A:A,0),2)","v":"Remoção de reservatório d’água"},null,"un",null,"",{"$f":"IF(ISNUMBER(F3634),E3634*F3634,\"\")","v":""},null,null,0]
[null,null,null,null,null,"",{"$f":"IF(ISNUMBER(F3635),E3635*F3635,\"\")","v":""},null,null,0]
[null,null,"Encanador ou Bombeiro Hidráulico com Encargos Complementares","h",4,26.4575,{"$f":"IF(ISNUMBER(F3636),E3636*F3636,\"\")","v":105.83},{"$f":"SUM(G3636:G3637)","v":186.73199999999997},null,0]
[null,null,"Servente com Encargos Complementares","h",4,20.225499999999997,{"$f":"IF(ISNUMBER(F3637),E3637*F3637,\"\")","v":80.901999999999987},null,null,0]
[null,null,null,null,null,"",{"$f":"IF(ISNUMBER(F3638),E3638*F3638,\"\")","v":""},null,null,0]
["SF-00984",{"$f":"INDEX(Orçamentária!A:B,MATCH(Composições!A3639,Orçamentária!A:A,0),2)","v":"Transporte e destinação final de entulho para distâncias até 30 km"},null,"m3 x km",null,"",{"$f":"IF(ISNUMBER(F3639),E3639*F3639,\"\")","v":""},null,null,0]
[null,null,null,null,null,"",{"$f":"IF(ISNUMBER(F3640),E3640*F3640,\"\")","v":""},null,null,0]
[null,null,"CAMINHÃO BASCULANTE 6 M3 TOCO, PESO BRUTO TOTAL 16.000 KG, CARGA ÚTIL MÁXIMA 11.130 KG, DISTÂNCIA ENTRE EIXOS 5,36 M, POTÊNCIA 185 CV, INCLUSIVE CAÇAMBA METÁLICA - CHP DIURNO. AF_06/2014","CHP",1.3899999999999999E-2,170.44899999999998,{"$f":"IF(ISNUMBER(F3641),E3641*F3641,\"\")","v":2.3692410999999995},{"$f":"SUM(G3641:G3642)","v":2.6655270999999994},null,0]
[null,null,"CAMINHÃO BASCULANTE 6 M3 TOCO, PESO BRUTO TOTAL 16.000 KG, CARGA ÚTIL MÁXIMA 11.130 KG, DISTÂNCIA ENTRE EIXOS 5,36 M, POTÊNCIA 185 CV, INCLUSIVE CAÇAMBA METÁLICA - CHI DIURNO. AF_06/2014","CHI",6.0000000000000001E-3,49.380999999999993,{"$f":"IF(ISNUMBER(F3642),E3642*F3642,\"\")","v":0.29628599999999994},null,null,0]
[null,null,null,null,null,"",{"$f":"IF(ISNUMBER(F3643),E3643*F3643,\"\")","v":""},null,null,0]
["SF-00986",{"$f":"INDEX(Orçamentária!A:B,MATCH(Composições!A3644,Orçamentária!A:A,0),2)","v":"Demolição de estrutura metálica"},null,"kg",null,"",{"$f":"IF(ISNUMBER(F3644),E3644*F3644,\"\")","v":""},null,null,0]
[null,null,null,null,null,"",{"$f":"IF(ISNUMBER(F3645),E3645*F3645,\"\")","v":""},null,null,0]
[null,null,"OXIGENIO, RECARGA PARA CILINDRO DE CONJUNTO OXICORTE GRANDE","m3",2.1999999999999999E-2,14.0695,{"$f":"IF(ISNUMBER(F3646),E3646*F3646,\"\")","v":0.309529},{"$f":"SUM(G3646:G3650)","v":5.725630999999999},null,0]
[null,null,"ACETILENO (RECARGA DE GAS ACETILENO PARA CILINDRO DE CONJUNTO OXICORTE GRANDE) NAO INCLUI TROCA/MANUTENCAO DO CILINDRO","kg",5.0000000000000001E-3,64.219999999999985,{"$f":"IF(ISNUMBER(F3647),E3647*F3647,\"\")","v":0.32109999999999994},null,null,0]
[null,null,"APARELHO PARA CORTE E SOLDA OXI-ACETILENO SOBRE RODAS, INCLUSIVE CILINDROS E MAÇARICOS - CHP DIURNO. AF_12/2015","CHP",{"$f":"E3649","v":4.3999999999999997E-2},67.801500000000004,{"$f":"IF(ISNUMBER(F3648),E3648*F3648,\"\")","v":2.983266},null,null,0]
[null,null,"Soldador com encargos complementares","h",4.3999999999999997E-2,27.7685,{"$f":"IF(ISNUMBER(F3649),E3649*F3649,\"\")","v":1.221814},null,null,0]
[null,null,"Servente com Encargos Complementares","h",4.3999999999999997E-2,20.225499999999997,{"$f":"IF(ISNUMBER(F3650),E3650*F3650,\"\")","v":0.88992199999999977},null,null,0]
[null,null,null,null,null,"",{"$f":"IF(ISNUMBER(F3651),E3651*F3651,\"\")","v":""},null,null,0]
["SF-00987",{"$f":"INDEX(Orçamentária!A:B,MATCH(Composições!A3652,Orçamentária!A:A,0),2)","v":"Escavação manual com profundidade maior do que 1,30 m"},null,"m3",null,"",{"$f":"IF(ISNUMBER(F3652),E3652*F3652,\"\")","v":""},null,null,0]
[null,null,null,null,null,"",{"$f":"IF(ISNUMBER(F3653),E3653*F3653,\"\")","v":""},null,null,0]
[null,null,"Servente com Encargos Complementares","h",4.3,20.225499999999997,{"$f":"IF(ISNUMBER(F3654),E3654*F3654,\"\")","v":86.969649999999987},{"$f":"SUM(G3654:G3654)","v":86.969649999999987},null,0]
[null,null,null,null,null,"",{"$f":"IF(ISNUMBER(F3655),E3655*F3655,\"\")","v":""},null,null,0]
["SF-00988",{"$f":"INDEX(Orçamentária!A:B,MATCH(Composições!A3656,Orçamentária!A:A,0),2)","v":"Escavação mecânica com profundidade maior do que 1,30 m"},null,"m3",null,"",{"$f":"IF(ISNUMBER(F3656),E3656*F3656,\"\")","v":""},null,null,0]
[null,null,null,null,null,"",{"$f":"IF(ISNUMBER(F3657),E3657*F3657,\"\")","v":""},null,null,0]
[null,null,"RETROESCAVADEIRA SOBRE RODAS COM CARREGADEIRA, TRAÇÃO 4X4, POTÊNCIA LÍQ. 88 HP, CAÇAMBA CARREG. CAP. MÍN. 1 M3, CAÇAMBA RETRO CAP. 0,26 M3, PESO OPERACIONAL MÍN. 6.674 KG, PROFUNDIDADE ESCAVAÇÃO MÁX. 4,37 M - CHP DIURNO. AF_06/2014","CHP",2.4799999999999999E-2,139.441,{"$f":"IF(ISNUMBER(F3658),E3658*F3658,\"\")","v":3.4581368000000001},{"$f":"SUM(G3658:G3660)","v":6.2079849500000002},null,0]
[null,null,"RETROESCAVADEIRA SOBRE RODAS COM CARREGADEIRA, TRAÇÃO 4X4, POTÊNCIA LÍQ. 88 HP, CAÇAMBA CARREG. CAP. MÍN. 1 M3, CAÇAMBA RETRO CAP. 0,26 M3, PESO OPERACIONAL MÍN. 6.674 KG, PROFUNDIDADE ESCAVAÇÃO MÁX. 4,37 M - CHI DIURNO. AF_06/2014","CHI",2.9899999999999999E-2,54.966999999999999,{"$f":"IF(ISNUMBER(F3659),E3659*F3659,\"\")","v":1.6435133},null,null,0]
[null,null,"SERVENTE COM ENCARGOS COMPLEMENTARES","H",5.4699999999999999E-2,20.225499999999997,{"$f":"IF(ISNUMBER(F3660),E3660*F3660,\"\")","v":1.1063348499999999},null,null,0]
[null,null,null,null,null,"",{"$f":"IF(ISNUMBER(F3661),E3661*F3661,\"\")","v":""},null,null,0]
["SF-00989",{"$f":"INDEX(Orçamentária!A:B,MATCH(Composições!A3662,Orçamentária!A:A,0),2)","v":"Grama Batatais em placas de 40 x 40 cm"},null,"m2",null,"",{"$f":"IF(ISNUMBER(F3662),E3662*F3662,\"\")","v":""},null,null,0]
[null,null,null,null,null,"",{"$f":"IF(ISNUMBER(F3663),E3663*F3663,\"\")","v":""},null,null,0]
[null,null,"GRAMA BATATAIS EM PLACAS, SEM PLANTIO","m2",1,10.307499999999999,{"$f":"IF(ISNUMBER(F3664),E3664*F3664,\"\")","v":10.307499999999999},{"$f":"SUM(G3664:G3674)","v":57.732651570657993},null,0]
[null,null,"Servente com Encargos Complementares","h",0.15640000000000001,20.225499999999997,{"$f":"IF(ISNUMBER(F3665),E3665*F3665,\"\")","v":3.1632681999999996},null,null,0]
[null,null,"JARDINEIRO COM ENCARGOS COMPLEMENTARES","h",3.9100000000000003E-2,21.384499999999999,{"$f":"IF(ISNUMBER(F3666),E3666*F3666,\"\")","v":0.83613395000000001},null,null,0]
[null,null,"Servente com Encargos Complementares","h",{"$f":"1.6*0.25","v":0.4},20.225499999999997,{"$f":"IF(ISNUMBER(F3667),E3667*F3667,\"\")","v":8.0901999999999994},null,null,0]
[null,null,"CALCARIO DOLOMITICO A (POSTO PEDREIRA/FORNECEDOR, SEM FRETE)","kg",{"$f":"1*0.25","v":0.25},0.247,{"$f":"IF(ISNUMBER(F3668),E3668*F3668,\"\")","v":6.1749999999999999E-2},null,null,0]
[null,null,"TERRA VEGETAL (GRANEL)","m3",{"$f":"0.9*0.25","v":0.22500000000000001},152.67449999999999,{"$f":"IF(ISNUMBER(F3669),E3669*F3669,\"\")","v":34.3517625},null,null,0]
[null,null,"FERTILIZANTE NPK - 10:10:10","kg",{"$f":"1*0.25","v":0.25},3.5244999999999997,{"$f":"IF(ISNUMBER(F3670),E3670*F3670,\"\")","v":0.88112499999999994},null,null,0]
[null,null,"FERTILIZANTE ORGANICO COMPOSTO, CLASSE A","kg",{"$f":"0.1*0.25","v":2.5000000000000001E-2},1.216,{"$f":"IF(ISNUMBER(F3671),E3671*F3671,\"\")","v":3.04E-2},null,null,0]
[null,null,"CARGA, MANOBRAS E DESCARGA DE AREIA, BRITA, PEDRA DE MAO E SOLOS COM CAMINHAO BASCULANTE 6 M3 (DESCARGA LIVRE)","t",{"$f":"ROUND(1*E3668/1000,4)","v":2.9999999999999997E-4},5.3280738599999991,{"$f":"IF(ISNUMBER(F3672),E3672*F3672,\"\")","v":1.5984221579999995E-3},null,null,0]
[null,null,"TRANSPORTE COM CAMINHÃO BASCULANTE DE 6 M3, EM VIA URBANA PAVIMENTADA, DMT ATÉ 30 KM (UNIDADE: TxKM). AF_01/2018","TxKM",{"$f":"20*E3668*1/1000","v":5.0000000000000001E-3},1.7826996999999996,{"$f":"IF(ISNUMBER(F3673),E3673*F3673,\"\")","v":8.9134984999999986E-3},null,null,0]
[null,null,null,null,null,"",{"$f":"IF(ISNUMBER(F3674),E3674*F3674,\"\")","v":""},null,null,0]
[null,null,"Obs.: Considerando fornecedor de calcário a 20km do Senado Federal.",null,null,"",{"$f":"IF(ISNUMBER(F3675),E3675*F3675,\"\")","v":""},null,null,0]
[null,null,null,null,null,"",{"$f":"IF(ISNUMBER(F3676),E3676*F3676,\"\")","v":""},null,null,0]
["SF-00990",{"$f":"INDEX(Orçamentária!A:B,MATCH(Composições!A3677,Orçamentária!A:A,0),2)","v":"Pintura de meios-fios com tinta acrílica"},null,"m",null,"",{"$f":"IF(ISNUMBER(F3677),E3677*F3677,\"\")","v":""},null,null,0]
[null,null,null,null,null,"",{"$f":"IF(ISNUMBER(F3678),E3678*F3678,\"\")","v":""},null,null,0]
[null,null,"TINTA ACRILICA PREMIUM PARA PISO","L",{"$f":"ROUND(0.427/2*(0.25+0.13+0.25),4)","v":0.13450000000000001},18.192499999999999,{"$f":"IF(ISNUMBER(F3679),E3679*F3679,\"\")","v":2.4468912500000002},{"$f":"SUM(G3679:G3681)","v":5.6327366750000003},null,0]
[null,null,"PINTOR COM ENCARGOS COMPLEMENTARES","H",{"$f":"0.275*(0.25+0.13+0.25)/2","v":8.6625000000000008E-2},28.319499999999998,{"$f":"IF(ISNUMBER(F3680),E3680*F3680,\"\")","v":2.4531766875000001},null,null,0]
[null,null,"Servente com Encargos Complementares","H",{"$f":"0.115*(0.25+0.13+0.25)/2","v":3.6225E-2},20.225499999999997,{"$f":"IF(ISNUMBER(F3681),E3681*F3681,\"\")","v":0.73266873749999983},null,null,0]
[null,null,null,null,null,"",{"$f":"IF(ISNUMBER(F3682),E3682*F3682,\"\")","v":""},null,null,0]
[null,null,"Obs: considerando uma demão, meio-fio de 30 cm x 15 cm x 13 cm (altura, base inferior, base superior), enterrado 5 cm.",null,null,"",{"$f":"IF(ISNUMBER(F3683),E3683*F3683,\"\")","v":""},null,null,0]
[null,null,null,null,null,"",{"$f":"IF(ISNUMBER(F3684),E3684*F3684,\"\")","v":""},null,null,0]
["SF-00991",{"$f":"INDEX(Orçamentária!A:B,MATCH(Composições!A3685,Orçamentária!A:A,0),2)","v":"Meios-fios em concreto pré-moldado"},null,"m",null,"",{"$f":"IF(ISNUMBER(F3685),E3685*F3685,\"\")","v":""},null,null,0]
[null,null,null,null,null,"",{"$f":"IF(ISNUMBER(F3686),E3686*F3686,\"\")","v":""},null,null,0]
[null,null,"AREIA MEDIA - POSTO JAZIDA/FORNECEDOR (RETIRADO NA JAZIDA, SEM TRANSPORTE)","m3",7.0000000000000001E-3,202.2835,{"$f":"IF(ISNUMBER(F3687),E3687*F3687,\"\")","v":1.4159845},{"$f":"SUM(G3687:G3695)","v":53.290002222310996},null,0]
[null,null,"MEIO-FIO OU GUIA DE CONCRETO, PRE-MOLDADO, COMP 1 M, *30 X 12/15* CM (H X L1/L2)","m",1.0049999999999999,31.103000000000002,{"$f":"IF(ISNUMBER(F3688),E3688*F3688,\"\")","v":31.258514999999999},null,null,0]
[null,null,"Pedreiro com Encargos Complementares","h",0.39400000000000002,27.160499999999999,{"$f":"IF(ISNUMBER(F3689),E3689*F3689,\"\")","v":10.701237000000001},null,null,0]
[null,null,"Servente com Encargos Complementares","h",0.39400000000000002,20.225499999999997,{"$f":"IF(ISNUMBER(F3690),E3690*F3690,\"\")","v":7.9688469999999993},null,null,0]
[null,null,"ARGAMASSA TRAÇO 1:3 (EM VOLUME DE CIMENTO E AREIA MÉDIA ÚMIDA), PREPARO MANUAL. AF_08/2019","m3",2E-3,758.17731213050001,{"$f":"IF(ISNUMBER(F3691),E3691*F3691,\"\")","v":1.516354624261},null,null,0]
[null,null,"CARGA, MANOBRA E DESCARGA DE SOLOS E MATERIAIS GRANULARES EM CAMINHÃO BASCULANTE 6 M³ - CARGA COM PÁ CARREGADEIRA (CAÇAMBA DE 1,7 A 2,8 M³ / 128 HP) E DESCARGA LIVRE (UNIDADE: M3). AF_07/2020","m3",{"$f":"1*E3687","v":7.0000000000000001E-3},7.9843291499999998,{"$f":"IF(ISNUMBER(F3692),E3692*F3692,\"\")","v":5.5890304049999999E-2},null,null,0]
[null,null,"TRANSPORTE COM CAMINHÃO BASCULANTE DE 6 M3, EM VIA URBANA PAVIMENTADA, DMT ATÉ 30 KM (UNIDADE: M3xKM). AF_01/2018","M3xKM",{"$f":"0.007*20","v":0.14000000000000001},2.6655270999999994,{"$f":"IF(ISNUMBER(F3693),E3693*F3693,\"\")","v":0.37317379399999995},null,null,0]
[null,null,null,null,null,"",{"$f":"IF(ISNUMBER(F3694),E3694*F3694,\"\")","v":""},null,null,0]
[null,null,"Obs.: Considerando fornecedor de areia a 20km do Senado Federal.",null,null,"",{"$f":"IF(ISNUMBER(F3695),E3695*F3695,\"\")","v":""},null,null,0]
[null,null,null,null,null,"",{"$f":"IF(ISNUMBER(F3696),E3696*F3696,\"\")","v":""},null,null,0]
["SF-00992",{"$f":"INDEX(Orçamentária!A:B,MATCH(Composições!A3697,Orçamentária!A:A,0),2)","v":"Tubo PEAD corrugado para drenagem – Diâmetro 100 mm"},null,"m",null,"",{"$f":"IF(ISNUMBER(F3697),E3697*F3697,\"\")","v":""},null,null,0]
[null,null,null,null,null,"",{"$f":"IF(ISNUMBER(F3698),E3698*F3698,\"\")","v":""},null,null,0]
[null,null,"PEDRA BRITADA N. 2 (19 A 38 MM) POSTO PEDREIRA/FORNECEDOR, SEM FRETE","M3",0.23,161.5,{"$f":"IF(ISNUMBER(F3699),E3699*F3699,\"\")","v":37.145000000000003},{"$f":"SUM(G3699:G3709)","v":144.75531036449999},null,0]
[null,null,"TUBO DRENO, CORRUGADO, ESPIRALADO, FLEXIVEL, PERFURADO, EM POLIETILENO DE ALTA DENSIDADE (PEAD), DN 100 MM, (4\") PARA DRENAGEM - EM ROLO (NORMA DNIT 093/2006 - E.M)","M",1.01,10.754,{"$f":"IF(ISNUMBER(F3700),E3700*F3700,\"\")","v":10.86154},null,null,0]
[null,null,"ENCANADOR OU BOMBEIRO HIDRÁULICO COM ENCARGOS COMPLEMENTARES","H",0.5,26.4575,{"$f":"IF(ISNUMBER(F3701),E3701*F3701,\"\")","v":13.22875},null,null,0]
[null,null,"SERVENTE COM ENCARGOS COMPLEMENTARES","H",0.7,20.225499999999997,{"$f":"IF(ISNUMBER(F3702),E3702*F3702,\"\")","v":14.157849999999996},null,null,0]
[null,null,"GEOTEXTIL NAO TECIDO AGULHADO DE FILAMENTOS CONTINUOS 100% POLIESTER, RESITENCIA A TRACAO = 31 KN/M","M2",2.2000000000000002,20.367999999999999,{"$f":"IF(ISNUMBER(F3703),E3703*F3703,\"\")","v":44.809600000000003},null,null,0]
[null,null,"Auxiliar de encanador ou bombeiro hidráulico com encargos complementares","H",0.5,20.909500000000001,{"$f":"IF(ISNUMBER(F3704),E3704*F3704,\"\")","v":10.454750000000001},null,null,0]
[null,null,"CARGA, MANOBRA E DESCARGA DE SOLOS E MATERIAIS GRANULARES EM CAMINHÃO BASCULANTE 6 M³ - CARGA COM PÁ CARREGADEIRA (CAÇAMBA DE 1,7 A 2,8 M³ / 128 HP) E DESCARGA LIVRE (UNIDADE: M3). AF_07/2020","m3",{"$f":"1*E3699","v":0.23},7.9843291499999998,{"$f":"IF(ISNUMBER(F3705),E3705*F3705,\"\")","v":1.8363957045000001},null,null,0]
[null,null,"TRANSPORTE COM CAMINHÃO BASCULANTE DE 6 M3, EM VIA URBANA PAVIMENTADA, DMT ATÉ 30 KM (UNIDADE: M3xKM). AF_01/2018","M3xKM",{"$f":"E3699*20","v":4.6000000000000005},2.6655270999999994,{"$f":"IF(ISNUMBER(F3706),E3706*F3706,\"\")","v":12.261424659999998},null,null,0]
[null,null,null,null,null,"",{"$f":"IF(ISNUMBER(F3707),E3707*F3707,\"\")","v":""},null,null,0]
[null,null,"Obs.: Considerando fornecedor de brita a 20km do Senado Federal.",null,null,"",{"$f":"IF(ISNUMBER(F3708),E3708*F3708,\"\")","v":""},null,null,0]
[null,null,null,null,null,"",{"$f":"IF(ISNUMBER(F3709),E3709*F3709,\"\")","v":""},null,null,0]
["SF-00994",{"$f":"INDEX(Orçamentária!A:B,MATCH(Composições!A3710,Orçamentária!A:A,0),2)","v":"Fixadores metálicos para rochas ornamentais (Modelo Edifício Principal, peça inferior)"},null,"un",null,"",{"$f":"IF(ISNUMBER(F3710),E3710*F3710,\"\")","v":""},null,null,0]
[null,null,null,null,null,"",{"$f":"IF(ISNUMBER(F3711),E3711*F3711,\"\")","v":""},null,null,0]
[null,null,"Pedreiro com Encargos Complementares","h",{"$f":"0.1+0.1","v":0.2},27.160499999999999,{"$f":"IF(ISNUMBER(F3712),E3712*F3712,\"\")","v":5.4321000000000002},{"$f":"SUM(G3712:G3717)","v":9.954539041973927},null,0]
[null,null,"Servente com Encargos Complementares","h",{"$f":"0.1+0.1","v":0.2},20.225499999999997,{"$f":"IF(ISNUMBER(F3713),E3713*F3713,\"\")","v":4.0450999999999997},null,null,0]
[null,null,"Broca com ponta de widia Ø 3/8\" x 160 mm","un ",{"$f":"0.016*2","v":3.2000000000000001E-2},0,{"$f":"IF(ISNUMBER(F3714),E3714*F3714,\"\")","v":0},null,null,0]
[null,null,"Furadeira de impacto elétrica - 0,65 kW, Ø mandril 5/8\"","h prod",{"$f":"0.1*2","v":0.2},0.95,{"$f":"IF(ISNUMBER(F3715),E3715*F3715,\"\")","v":0.19},null,null,0]
[null,null,"Insert metálico tipo 3, conforme projeto","un ",1,"",{"$f":"IF(ISNUMBER(F3716),E3716*F3716,\"\")","v":""},null,null,0]
[null,null,"GRAUTE FGK=25 MPA; TRAÇO 1:0,02:1,2:1,5 (CIMENTO/ CAL/ AREIA GROSSA/ BRITA 0) - PREPARO MECÂNICO COM BETONEIRA 400 L. AF_02/2015","m3",{"$f":"ROUND(0.15*0.05*0.05,4)","v":4.0000000000000002E-4},718.34760493482008,{"$f":"IF(ISNUMBER(F3717),E3717*F3717,\"\")","v":0.28733904197392807},null,null,0]
[null,null,null,null,null,"",{"$f":"IF(ISNUMBER(F3718),E3718*F3718,\"\")","v":""},null,null,0]
[null,null,"Fontes: PINI 05.102.000020.SER",null,null,"",{"$f":"IF(ISNUMBER(F3719),E3719*F3719,\"\")","v":""},null,null,0]
[null,null,null,null,null,"",{"$f":"IF(ISNUMBER(F3720),E3720*F3720,\"\")","v":""},null,null,0]
["SF-01001",{"$f":"INDEX(Orçamentária!A:B,MATCH(Composições!A3721,Orçamentária!A:A,0),2)","v":"Locação de Container - Escritório"},null,"mês",null,"",{"$f":"IF(ISNUMBER(F3721),E3721*F3721,\"\")","v":""},null,null,0]
[null,null,null,null,null,"",{"$f":"IF(ISNUMBER(F3722),E3722*F3722,\"\")","v":""},null,null,0]
[null,null,"LOCACAO DE CONTAINER 2,30 X 6,00 M, ALT. 2,50 M, COM 1 SANITARIO, PARA ESCRITORIO, COMPLETO, SEM DIVISORIAS INTERNAS (NAO INCLUI MOBILIZACAO/DESMOBILIZACAO)","MES",1,1140,{"$f":"IF(ISNUMBER(F3723),E3723*F3723,\"\")","v":1140},{"$f":"SUM(G3723:G3723)","v":1140},null,0]
[null,null,null,null,null,"",{"$f":"IF(ISNUMBER(F3724),E3724*F3724,\"\")","v":""},null,null,0]
["SF-01011",{"$f":"INDEX(Orçamentária!A:B,MATCH(Composições!A3725,Orçamentária!A:A,0),2)","v":"Abertura/fechamento de rasgo em concreto"},null,"m",null,"",{"$f":"IF(ISNUMBER(F3725),E3725*F3725,\"\")","v":""},null,null,0]
[null,null,null,null,null,"",{"$f":"IF(ISNUMBER(F3726),E3726*F3726,\"\")","v":""},null,null,0]
[null,null,"MARTELETE OU ROMPEDOR PNEUMÁTICO MANUAL, 28 KG, COM SILENCIADOR - CHP DIURNO. AF_07/2016","CHP",0.183,24.6525,{"$f":"IF(ISNUMBER(F3727),E3727*F3727,\"\")","v":4.5114074999999998},{"$f":"SUM(G3727:G3733)","v":45.121922997044003},null,0]
[null,null,"MARTELETE OU ROMPEDOR PNEUMÁTICO MANUAL, 28 KG, COM SILENCIADOR - CHI DIURNO. AF_07/2016","CHI",0.40100000000000002,23.008999999999997,{"$f":"IF(ISNUMBER(F3728),E3728*F3728,\"\")","v":9.2266089999999998},null,null,0]
[null,null,"Auxiliar de encanador ou bombeiro hidráulico com encargos complementares","h",9.0999999999999998E-2,20.909500000000001,{"$f":"IF(ISNUMBER(F3729),E3729*F3729,\"\")","v":1.9027645},null,null,0]
[null,null,"Encanador ou Bombeiro Hidráulico com Encargos Complementares","h",0.58299999999999996,26.4575,{"$f":"IF(ISNUMBER(F3730),E3730*F3730,\"\")","v":15.424722499999998},null,null,0]
[null,null,"Auxiliar de encanador ou bombeiro hidráulico com encargos complementares","h",3.7999999999999999E-2,20.909500000000001,{"$f":"IF(ISNUMBER(F3731),E3731*F3731,\"\")","v":0.79456100000000007},null,null,0]
[null,null,"Encanador ou Bombeiro Hidráulico com Encargos Complementares","h",0.27200000000000002,26.4575,{"$f":"IF(ISNUMBER(F3732),E3732*F3732,\"\")","v":7.1964400000000008},null,null,0]
[null,null,"ARGAMASSA TRAÇO 1:3 (EM VOLUME DE CIMENTO E AREIA MÉDIA ÚMIDA), PREPARO MANUAL. AF_08/2019","m3",8.0000000000000002E-3,758.17731213050001,{"$f":"IF(ISNUMBER(F3733),E3733*F3733,\"\")","v":6.0654184970439999},null,null,0]
[null,null,null,null,null,"",{"$f":"IF(ISNUMBER(F3734),E3734*F3734,\"\")","v":""},null,null,0]
["SF-01012",{"$f":"INDEX(Orçamentária!A:B,MATCH(Composições!A3735,Orçamentária!A:A,0),2)","v":"Recomposição de rejuntamento sobre revestimentos"},null,"m2",null,"",{"$f":"IF(ISNUMBER(F3735),E3735*F3735,\"\")","v":""},null,null,0]
[null,null,null,null,null,"",{"$f":"IF(ISNUMBER(F3736),E3736*F3736,\"\")","v":""},null,null,0]
[null,null,"Rejunte cimenticio, qualquer cor","kg",0.52900000000000003,3.3439999999999999,{"$f":"IF(ISNUMBER(F3737),E3737*F3737,\"\")","v":1.7689760000000001},{"$f":"SUM(G3737:G3738)","v":11.881725999999999},null,0]
[null,null,"Servente com Encargos Complementares","h",0.5,20.225499999999997,{"$f":"IF(ISNUMBER(F3738),E3738*F3738,\"\")","v":10.112749999999998},null,null,0]
[null,null,null,null,null,"",{"$f":"IF(ISNUMBER(F3739),E3739*F3739,\"\")","v":""},null,null,0]
["SF-01013",{"$f":"INDEX(Orçamentária!A:B,MATCH(Composições!A3740,Orçamentária!A:A,0),2)","v":"Impermeabilização de revestimentos em pedra"},null,"m2",null,"",{"$f":"IF(ISNUMBER(F3740),E3740*F3740,\"\")","v":""},null,null,0]
[null,null,null,null,null,"",{"$f":"IF(ISNUMBER(F3741),E3741*F3741,\"\")","v":""},null,null,0]
[null,null,"Impermeabilizante Idea HP","L",{"$f":"ROUND(1/12,4)","v":8.3299999999999999E-2},"",{"$f":"IF(ISNUMBER(F3742),E3742*F3742,\"\")","v":""},{"$f":"SUM(G3742:G3744)","v":22.363949999999996},null,0]
[null,null,"IMPERMEABILIZADOR COM ENCARGOS COMPLEMENTARES","H",{"$f":"1.2/2","v":0.6},27.160499999999999,{"$f":"IF(ISNUMBER(F3743),E3743*F3743,\"\")","v":16.296299999999999},null,null,0]
[null,null,"Servente com Encargos Complementares","H",{"$f":"0.6/2","v":0.3},20.225499999999997,{"$f":"IF(ISNUMBER(F3744),E3744*F3744,\"\")","v":6.0676499999999987},null,null,0]
[null,null,null,null,null,"",{"$f":"IF(ISNUMBER(F3745),E3745*F3745,\"\")","v":""},null,null,0]
[null,null,"Obs: Rendimento informado na especificação do serviço (12 m2 para 1 L, considerando duas demãos).",null,null,"",{"$f":"IF(ISNUMBER(F3746),E3746*F3746,\"\")","v":""},null,null,0]
[null,null,"Fonte: SINAPI 73872/2",null,null,"",{"$f":"IF(ISNUMBER(F3747),E3747*F3747,\"\")","v":""},null,null,0]
[null,null,null,null,null,"",{"$f":"IF(ISNUMBER(F3748),E3748*F3748,\"\")","v":""},null,null,0]
["SF-01014",{"$f":"INDEX(Orçamentária!A:B,MATCH(Composições!A3749,Orçamentária!A:A,0),2)","v":"Piso vinílico semiflexível"},null,"m2",null,"",{"$f":"IF(ISNUMBER(F3749),E3749*F3749,\"\")","v":""},null,null,0]
[null,null,null,null,null,"",{"$f":"IF(ISNUMBER(F3750),E3750*F3750,\"\")","v":""},null,null,0]
[null,null,"ADESIVO ACRILICO DE BASE AQUOSA / COLA DE CONTATO","KG",9.5000000000000001E-2,48.335999999999999,{"$f":"IF(ISNUMBER(F3751),E3751*F3751,\"\")","v":4.59192},{"$f":"SUM(G3751:G3754)","v":99.48080800000001},null,0]
[null,null,"PLACA VINILICA SEMIFLEXIVEL PARA REVESTIMENTO DE PISOS E PAREDES, E = 2 MM (SEM COLOCACAO)","M2",1.1100000000000001,79.752499999999998,{"$f":"IF(ISNUMBER(F3752),E3752*F3752,\"\")","v":88.525275000000008},null,null,0]
[null,null,"PEDREIRO COM ENCARGOS COMPLEMENTARES","H",0.17100000000000001,27.160499999999999,{"$f":"IF(ISNUMBER(F3753),E3753*F3753,\"\")","v":4.6444454999999998},null,null,0]
[null,null,"SERVENTE COM ENCARGOS COMPLEMENTARES","H",8.5000000000000006E-2,20.225499999999997,{"$f":"IF(ISNUMBER(F3754),E3754*F3754,\"\")","v":1.7191674999999997},null,null,0]
[null,null,null,null,null,"",{"$f":"IF(ISNUMBER(F3755),E3755*F3755,\"\")","v":""},null,null,0]
["SF-01029",{"$f":"INDEX(Orçamentária!A:B,MATCH(Composições!A3756,Orçamentária!A:A,0),2)","v":"Locação de Container - Sanitário"},null,"mês",null,"",{"$f":"IF(ISNUMBER(F3756),E3756*F3756,\"\")","v":""},null,null,0]
[null,null,null,null,null,"",{"$f":"IF(ISNUMBER(F3757),E3757*F3757,\"\")","v":""},null,null,0]
[null,null,"LOCACAO DE CONTAINER 2,30 X 6,00 M, ALT. 2,50 M, PARA SANITARIO, COM 4 BACIAS, 8 CHUVEIROS,1 LAVATORIO E 1 MICTORIO (NAO INCLUI MOBILIZACAO/DESMOBILIZACAO)","MES",1,1425,{"$f":"IF(ISNUMBER(F3758),E3758*F3758,\"\")","v":1425},{"$f":"SUM(G3758:G3758)","v":1425},null,0]
[null,null,null,null,null,"",{"$f":"IF(ISNUMBER(F3759),E3759*F3759,\"\")","v":""},null,null,0]
["SF-01030",{"$f":"INDEX(Orçamentária!A:B,MATCH(Composições!A3760,Orçamentária!A:A,0),2)","v":"Locação de Container - Almoxarifado"},null,"mês",null,"",{"$f":"IF(ISNUMBER(F3760),E3760*F3760,\"\")","v":""},null,null,0]
[null,null,null,null,null,"",{"$f":"IF(ISNUMBER(F3761),E3761*F3761,\"\")","v":""},null,null,0]
[null,null,"LOCACAO DE CONTAINER 2,30 X 6,00 M, ALT. 2,50 M, PARA ESCRITORIO, SEM DIVISORIAS INTERNAS E SEM SANITARIO (NAO INCLUI MOBILIZACAO/DESMOBILIZACAO)","MES",1,890.625,{"$f":"IF(ISNUMBER(F3762),E3762*F3762,\"\")","v":890.625},{"$f":"SUM(G3762:G3762)","v":890.625},null,0]
[null,null,null,null,null,"",{"$f":"IF(ISNUMBER(F3763),E3763*F3763,\"\")","v":""},null,null,0]
["SF-01031",{"$f":"INDEX(Orçamentária!A:B,MATCH(Composições!A3764,Orçamentária!A:A,0),2)","v":"Placa de Obra"},null,"m2",null,"",{"$f":"IF(ISNUMBER(F3764),E3764*F3764,\"\")","v":""},null,null,0]
[null,null,null,null,null,"",{"$f":"IF(ISNUMBER(F3765),E3765*F3765,\"\")","v":""},null,null,0]
[null,null,"PLACA DE OBRA (PARA CONSTRUCAO CIVIL) EM CHAPA GALVANIZADA *N. 22*, ADESIVADA, DE *2,4 X 1,2* M (SEM POSTES PARA FIXACAO)","M2",1,285,{"$f":"IF(ISNUMBER(F3766),E3766*F3766,\"\")","v":285},{"$f":"SUM(G3766:G3767)","v":285},null,0]
[null,null,null,null,null,"",{"$f":"IF(ISNUMBER(F3767),E3767*F3767,\"\")","v":""},null,null,0]
["SF-01032",{"$f":"INDEX(Orçamentária!A:B,MATCH(Composições!A3768,Orçamentária!A:A,0),2)","v":"Supervisor(a) de Obras e Manutenção – Apoio a Projetos de Obras – Arquitetura, civil e hidrossanitária"},null,"Profissional",null,"",{"$f":"IF(ISNUMBER(F3768),E3768*F3768,\"\")","v":""},null,null,0]
[null,null,null,null,null,"",{"$f":"IF(ISNUMBER(F3769),E3769*F3769,\"\")","v":""},null,null,0]
[null,null,"TECNICO DE EDIFICACOES COM ENCARGOS COMPLEMENTARES","MES",{"$f":"ROUND(1/(1+70.03%),4)","v":0.58809999999999996},3089.0484999999999,{"$f":"IF(ISNUMBER(F3770),E3770*F3770,\"\")","v":1816.6694228499998},{"$f":"SUM(G3770:G3773)","v":1816.6694228499998},null,0]
[null,null,null,null,null,"",{"$f":"IF(ISNUMBER(F3771),E3771*F3771,\"\")","v":""},null,null,0]
[null,null,"Obs: considerando 220h/mês e encargos sociais indicados na tabela do SINAPI.",null,null,"",{"$f":"IF(ISNUMBER(F3772),E3772*F3772,\"\")","v":""},null,null,0]
[null,null,null,null,null,"",{"$f":"IF(ISNUMBER(F3773),E3773*F3773,\"\")","v":""},null,null,0]
["SF-01033",{"$f":"INDEX(Orçamentária!A:B,MATCH(Composições!A3774,Orçamentária!A:A,0),2)","v":"Supervisor de Obras e Manutenção - Apoio a Projetos e Obras - Eletromecânico"},null,"Profissional",null,"",{"$f":"IF(ISNUMBER(F3774),E3774*F3774,\"\")","v":""},null,null,0]
[null,null,null,null,null,"",{"$f":"IF(ISNUMBER(F3775),E3775*F3775,\"\")","v":""},null,null,0]
[null,null,"TECNICO DE EDIFICACOES COM ENCARGOS COMPLEMENTARES","MES",{"$f":"ROUND(1/(1+70.03%),4)","v":0.58809999999999996},3089.0484999999999,{"$f":"IF(ISNUMBER(F3776),E3776*F3776,\"\")","v":1816.6694228499998},{"$f":"SUM(G3776:G3779)","v":1816.6694228499998},null,0]
[null,null,null,null,null,"",{"$f":"IF(ISNUMBER(F3777),E3777*F3777,\"\")","v":""},null,null,0]
[null,null,"Obs: considerando 220h/mês e encargos sociais indicados na tabela do SINAPI.",null,null,"",{"$f":"IF(ISNUMBER(F3778),E3778*F3778,\"\")","v":""},null,null,0]
[null,null,null,null,null,"",{"$f":"IF(ISNUMBER(F3779),E3779*F3779,\"\")","v":""},null,null,0]
["SF-01034",{"$f":"INDEX(Orçamentária!A:B,MATCH(Composições!A3780,Orçamentária!A:A,0),2)","v":"Supervisor de Obras e Manutenção – Apoio a projetos e obras - Orçamentos"},null,"Profissional",null,"",{"$f":"IF(ISNUMBER(F3780),E3780*F3780,\"\")","v":""},null,null,0]
[null,null,null,null,null,"",{"$f":"IF(ISNUMBER(F3781),E3781*F3781,\"\")","v":""},null,null,0]
[null,null,"TECNICO DE EDIFICACOES COM ENCARGOS COMPLEMENTARES","MES",{"$f":"ROUND(1/(1+70.03%),4)","v":0.58809999999999996},3089.0484999999999,{"$f":"IF(ISNUMBER(F3782),E3782*F3782,\"\")","v":1816.6694228499998},{"$f":"SUM(G3782:G3785)","v":1816.6694228499998},null,0]
[null,null,null,null,null,"",{"$f":"IF(ISNUMBER(F3783),E3783*F3783,\"\")","v":""},null,null,0]
[null,null,"Obs: considerando 220h/mês e encargos sociais indicados na tabela do SINAPI.",null,null,"",{"$f":"IF(ISNUMBER(F3784),E3784*F3784,\"\")","v":""},null,null,0]
[null,null,null,null,null,"",{"$f":"IF(ISNUMBER(F3785),E3785*F3785,\"\")","v":""},null,null,0]
["SF-01035",{"$f":"INDEX(Orçamentária!A:B,MATCH(Composições!A3786,Orçamentária!A:A,0),2)","v":"Supervisor de Obras e Manutenção – Apoio de campo – Sistemas de climatização"},null,"Profissional",null,"",{"$f":"IF(ISNUMBER(F3786),E3786*F3786,\"\")","v":""},null,null,0]
[null,null,null,null,null,"",{"$f":"IF(ISNUMBER(F3787),E3787*F3787,\"\")","v":""},null,null,0]
[null,null,"TECNICO DE EDIFICACOES COM ENCARGOS COMPLEMENTARES","MES",{"$f":"ROUND(1/(1+70.03%),4)","v":0.58809999999999996},3089.0484999999999,{"$f":"IF(ISNUMBER(F3788),E3788*F3788,\"\")","v":1816.6694228499998},{"$f":"SUM(G3788:G3791)","v":1816.6694228499998},null,0]
[null,null,null,null,null,"",{"$f":"IF(ISNUMBER(F3789),E3789*F3789,\"\")","v":""},null,null,0]
[null,null,"Obs: considerando 220h/mês e encargos sociais indicados na tabela do SINAPI.",null,null,"",{"$f":"IF(ISNUMBER(F3790),E3790*F3790,\"\")","v":""},null,null,0]
[null,null,null,null,null,"",{"$f":"IF(ISNUMBER(F3791),E3791*F3791,\"\")","v":""},null,null,0]
["SF-01036",{"$f":"INDEX(Orçamentária!A:B,MATCH(Composições!A3792,Orçamentária!A:A,0),2)","v":"Supervisor de Obras e Manutenção – Apoio de campo - Elevadores"},null,"Profissional",null,"",{"$f":"IF(ISNUMBER(F3792),E3792*F3792,\"\")","v":""},null,null,0]
[null,null,null,null,null,"",{"$f":"IF(ISNUMBER(F3793),E3793*F3793,\"\")","v":""},null,null,0]
[null,null,"TECNICO DE EDIFICACOES COM ENCARGOS COMPLEMENTARES","MES",{"$f":"ROUND(1/(1+70.03%),4)","v":0.58809999999999996},3089.0484999999999,{"$f":"IF(ISNUMBER(F3794),E3794*F3794,\"\")","v":1816.6694228499998},{"$f":"SUM(G3794:G3797)","v":1816.6694228499998},null,0]
[null,null,null,null,null,"",{"$f":"IF(ISNUMBER(F3795),E3795*F3795,\"\")","v":""},null,null,0]
[null,null,"Obs: considerando 220h/mês e encargos sociais indicados na tabela do SINAPI.",null,null,"",{"$f":"IF(ISNUMBER(F3796),E3796*F3796,\"\")","v":""},null,null,0]
[null,null,null,null,null,"",{"$f":"IF(ISNUMBER(F3797),E3797*F3797,\"\")","v":""},null,null,0]
["SF-01037",{"$f":"INDEX(Orçamentária!A:B,MATCH(Composições!A3798,Orçamentária!A:A,0),2)","v":"Supervisor de Obras e Manutenção – Apoio de campo - Eletrotécnico"},null,"Profissional",null,"",{"$f":"IF(ISNUMBER(F3798),E3798*F3798,\"\")","v":""},null,null,0]
[null,null,null,null,null,"",{"$f":"IF(ISNUMBER(F3799),E3799*F3799,\"\")","v":""},null,null,0]
[null,null,"TECNICO DE EDIFICACOES COM ENCARGOS COMPLEMENTARES","MES",{"$f":"ROUND(1/(1+70.03%),4)","v":0.58809999999999996},3089.0484999999999,{"$f":"IF(ISNUMBER(F3800),E3800*F3800,\"\")","v":1816.6694228499998},{"$f":"SUM(G3800:G3803)","v":1816.6694228499998},null,0]
[null,null,null,null,null,"",{"$f":"IF(ISNUMBER(F3801),E3801*F3801,\"\")","v":""},null,null,0]
[null,null,"Obs: considerando 220h/mês e encargos sociais indicados na tabela do SINAPI.",null,null,"",{"$f":"IF(ISNUMBER(F3802),E3802*F3802,\"\")","v":""},null,null,0]
[null,null,null,null,null,"",{"$f":"IF(ISNUMBER(F3803),E3803*F3803,\"\")","v":""},null,null,0]
["SF-01038",{"$f":"INDEX(Orçamentária!A:B,MATCH(Composições!A3804,Orçamentária!A:A,0),2)","v":"Supervisor de Obras e Manutenção – Apoio de Campo - Obras Civis"},null,"Profissional",null,"",{"$f":"IF(ISNUMBER(F3804),E3804*F3804,\"\")","v":""},null,null,0]
[null,null,null,null,null,"",{"$f":"IF(ISNUMBER(F3805),E3805*F3805,\"\")","v":""},null,null,0]
[null,null,"TECNICO DE EDIFICACOES COM ENCARGOS COMPLEMENTARES","MES",{"$f":"ROUND(1/(1+70.03%),4)","v":0.58809999999999996},3089.0484999999999,{"$f":"IF(ISNUMBER(F3806),E3806*F3806,\"\")","v":1816.6694228499998},{"$f":"SUM(G3806:G3809)","v":1816.6694228499998},null,0]
[null,null,null,null,null,"",{"$f":"IF(ISNUMBER(F3807),E3807*F3807,\"\")","v":""},null,null,0]
[null,null,"Obs: considerando 220h/mês e encargos sociais indicados na tabela do SINAPI.",null,null,"",{"$f":"IF(ISNUMBER(F3808),E3808*F3808,\"\")","v":""},null,null,0]
[null,null,null,null,null,"",{"$f":"IF(ISNUMBER(F3809),E3809*F3809,\"\")","v":""},null,null,0]
["SF-01039",{"$f":"INDEX(Orçamentária!A:B,MATCH(Composições!A3810,Orçamentária!A:A,0),2)","v":"Supervisor de Obras e Manutenção – Apoio de Campo - Hidrossanitário"},null,"Profissional",null,"",{"$f":"IF(ISNUMBER(F3810),E3810*F3810,\"\")","v":""},null,null,0]
[null,null,null,null,null,"",{"$f":"IF(ISNUMBER(F3811),E3811*F3811,\"\")","v":""},null,null,0]
[null,null,"TECNICO DE EDIFICACOES COM ENCARGOS COMPLEMENTARES","MES",{"$f":"ROUND(1/(1+70.03%),4)","v":0.58809999999999996},3089.0484999999999,{"$f":"IF(ISNUMBER(F3812),E3812*F3812,\"\")","v":1816.6694228499998},{"$f":"SUM(G3812:G3815)","v":1816.6694228499998},null,0]
[null,null,null,null,null,"",{"$f":"IF(ISNUMBER(F3813),E3813*F3813,\"\")","v":""},null,null,0]
[null,null,"Obs: considerando 220h/mês e encargos sociais indicados na tabela do SINAPI.",null,null,"",{"$f":"IF(ISNUMBER(F3814),E3814*F3814,\"\")","v":""},null,null,0]
[null,null,null,null,null,"",{"$f":"IF(ISNUMBER(F3815),E3815*F3815,\"\")","v":""},null,null,0]
["SF-01040",{"$f":"INDEX(Orçamentária!A:B,MATCH(Composições!A3816,Orçamentária!A:A,0),2)","v":"Supervisor de Obras e Manutenção – Apoio de campo – Planejamento"},null,"Profissional",null,"",{"$f":"IF(ISNUMBER(F3816),E3816*F3816,\"\")","v":""},null,null,0]
[null,null,null,null,null,"",{"$f":"IF(ISNUMBER(F3817),E3817*F3817,\"\")","v":""},null,null,0]
[null,null,"TECNICO DE EDIFICACOES COM ENCARGOS COMPLEMENTARES","MES",{"$f":"ROUND(1/(1+70.03%),4)","v":0.58809999999999996},3089.0484999999999,{"$f":"IF(ISNUMBER(F3818),E3818*F3818,\"\")","v":1816.6694228499998},{"$f":"SUM(G3818:G3821)","v":1816.6694228499998},null,0]
[null,null,null,null,null,"",{"$f":"IF(ISNUMBER(F3819),E3819*F3819,\"\")","v":""},null,null,0]
[null,null,"Obs: considerando 220h/mês e encargos sociais indicados na tabela do SINAPI.",null,null,"",{"$f":"IF(ISNUMBER(F3820),E3820*F3820,\"\")","v":""},null,null,0]
[null,null,null,null,null,"",{"$f":"IF(ISNUMBER(F3821),E3821*F3821,\"\")","v":""},null,null,0]
["SF-01041",{"$f":"INDEX(Orçamentária!A:B,MATCH(Composições!A3822,Orçamentária!A:A,0),2)","v":"Supervisor de Obras e Manutenção – Apoio de campo – Segurança do Trabalho"},null,"Profissional",null,"",{"$f":"IF(ISNUMBER(F3822),E3822*F3822,\"\")","v":""},null,null,0]
[null,null,null,null,null,"",{"$f":"IF(ISNUMBER(F3823),E3823*F3823,\"\")","v":""},null,null,0]
[null,null,"TÉCNICO EM SEGURANÇA DO TRABALHO COM ENCARGOS COMPLEMENTARES","MES",{"$f":"ROUND(1/(1+72.54%),4)","v":0.5796},7819.2979999999998,{"$f":"IF(ISNUMBER(F3824),E3824*F3824,\"\")","v":4532.0651207999999},{"$f":"SUM(G3824:G3827)","v":4532.0651207999999},null,0]
[null,null,null,null,null,"",{"$f":"IF(ISNUMBER(F3825),E3825*F3825,\"\")","v":""},null,null,0]
[null,null,"Obs: considerando 220h/mês e encargos sociais indicados na tabela do SINAPI.",null,null,"",{"$f":"IF(ISNUMBER(F3826),E3826*F3826,\"\")","v":""},null,null,0]
[null,null,null,null,null,"",{"$f":"IF(ISNUMBER(F3827),E3827*F3827,\"\")","v":""},null,null,0]
["SF-01053",{"$f":"INDEX(Orçamentária!A:B,MATCH(Composições!A3828,Orçamentária!A:A,0),2)","v":"Reparo de placas de mármore com adesivo estrutural epóxi branco/transparente "},null,"cm3",null,"",{"$f":"IF(ISNUMBER(F3828),E3828*F3828,\"\")","v":""},null,null,0]
[null,null,null,null,null,"",{"$f":"IF(ISNUMBER(F3829),E3829*F3829,\"\")","v":""},null,null,0]
[null,null,"Marmorista/graniteiro com encargos complementares","h",{"$f":"0.5/50","v":0.01},27.036999999999999,{"$f":"IF(ISNUMBER(F3830),E3830*F3830,\"\")","v":0.27037},{"$f":"SUM(G3830:G3831)","v":0.27037},null,0]
[null,null,"Adesivo epóxi estrutural - bisnaga de 50ml","un ",{"$f":"1/50","v":0.02},"",{"$f":"IF(ISNUMBER(F3831),E3831*F3831,\"\")","v":""},null,null,0]
[null,null,null,null,null,"",{"$f":"IF(ISNUMBER(F3832),E3832*F3832,\"\")","v":""},null,null,0]
["SF-01054",{"$f":"INDEX(Orçamentária!A:B,MATCH(Composições!A3833,Orçamentária!A:A,0),2)","v":"Perfil de chapa de aço galvanizado para esquadria (Anexo 1)"},null,"m",null,"",{"$f":"IF(ISNUMBER(F3833),E3833*F3833,\"\")","v":""},null,null,0]
[null,null,null,null,null,"",{"$f":"IF(ISNUMBER(F3834),E3834*F3834,\"\")","v":""},null,null,0]
[null,null,"Pedreiro com Encargos Complementares","h",0.5,27.160499999999999,{"$f":"IF(ISNUMBER(F3835),E3835*F3835,\"\")","v":13.580249999999999},{"$f":"SUM(G3835:G3840)","v":38.665225959531099},null,0]
[null,null,"Servente com Encargos Complementares","h",0.51,20.225499999999997,{"$f":"IF(ISNUMBER(F3836),E3836*F3836,\"\")","v":10.315004999999999},null,null,0]
[null,null,"ARGAMASSA TRAÇO 1:3 (EM VOLUME DE CIMENTO E AREIA GROSSA ÚMIDA) PARA CHAPISCO CONVENCIONAL, PREPARO MANUAL. AF_08/2019","m3",3.0999999999999999E-3,738.12022888099989,{"$f":"IF(ISNUMBER(F3837),E3837*F3837,\"\")","v":2.2881727095310995},null,null,0]
[null,null,"Perfil metálico em chapa #14 dobrada","m",1,"",{"$f":"IF(ISNUMBER(F3838),E3838*F3838,\"\")","v":""},null,null,0]
[null,null,"Servente com Encargos Complementares","h",0.15,20.225499999999997,{"$f":"IF(ISNUMBER(F3839),E3839*F3839,\"\")","v":3.0338249999999993},null,null,0]
[null,null,"SILICONE ACETICO USO GERAL INCOLOR 280 G","UN",{"$f":"ROUND(0.1/0.28,4)","v":0.35709999999999997},26.4575,{"$f":"IF(ISNUMBER(F3840),E3840*F3840,\"\")","v":9.4479732499999987},null,null,0]
[null,null,null,null,null,"",{"$f":"IF(ISNUMBER(F3841),E3841*F3841,\"\")","v":""},null,null,0]
[null,null,"Fonte: SIURB 08-01-70 e CDHU 403091",null,null,"",{"$f":"IF(ISNUMBER(F3842),E3842*F3842,\"\")","v":""},null,null,0]
[null,null,null,null,null,"",{"$f":"IF(ISNUMBER(F3843),E3843*F3843,\"\")","v":""},null,null,0]
["SF-01059",{"$f":"INDEX(Orçamentária!A:B,MATCH(Composições!A3844,Orçamentária!A:A,0),2)","v":"Granito Vermelho Brasília 20 mm para bancadas"},null,"m2",null,"",{"$f":"IF(ISNUMBER(F3844),E3844*F3844,\"\")","v":""},null,null,0]
[null,null,null,null,null,"",{"$f":"IF(ISNUMBER(F3845),E3845*F3845,\"\")","v":""},null,null,0]
[null,null,"MASSA PLASTICA PARA MARMORE/GRANITO","KG",{"$f":"ROUND(0.5228/(1.5*0.6),4)","v":0.58089999999999997},35.1785,{"$f":"IF(ISNUMBER(F3846),E3846*F3846,\"\")","v":20.435190649999999},{"$f":"SUM(G3846:G3852)","v":153.8456467},null,0]
[null,null,"BUCHA DE NYLON SEM ABA S10, COM PARAFUSO DE 6,10 X 65 MM EM ACO ZINCADO COM ROSCA SOBERBA, CABECA CHATA E FENDA PHILLIPS","UN",{"$f":"ROUND(6/(1.5*0.6),4)","v":6.6666999999999996},1.1019999999999999,{"$f":"IF(ISNUMBER(F3847),E3847*F3847,\"\")","v":7.3467033999999991},null,null,0]
[null,null,"Granito Vermelho Brasília, com 20 mm de espessura, polido, com testeira para acabamento em meia esquadria, para bancadas","M2",{"$f":"ROUND(1.005/(1.5*0.6),4)","v":1.1167},"",{"$f":"IF(ISNUMBER(F3848),E3848*F3848,\"\")","v":""},null,null,0]
[null,null,"REJUNTE EPOXI, QUALQUER COR","KG",{"$f":"ROUND(0.0211/(1.5*0.6),4)","v":2.3400000000000001E-2},70.489999999999995,{"$f":"IF(ISNUMBER(F3849),E3849*F3849,\"\")","v":1.6494659999999999},null,null,0]
[null,null,"SUPORTE MAO-FRANCESA EM ACO, ABAS IGUAIS 40 CM, CAPACIDADE MINIMA 70 KG, BRANCO","UN",{"$f":"ROUND(2/(1.5*0.6),4)","v":2.2222},25.84,{"$f":"IF(ISNUMBER(F3850),E3850*F3850,\"\")","v":57.421647999999998},null,null,0]
[null,null,"MARMORISTA/GRANITEIRO COM ENCARGOS COMPLEMENTARES","H",{"$f":"ROUND(1.4944/(1.5*0.6),4)","v":1.6604000000000001},27.036999999999999,{"$f":"IF(ISNUMBER(F3851),E3851*F3851,\"\")","v":44.892234800000004},null,null,0]
[null,null,"SERVENTE COM ENCARGOS COMPLEMENTARES","H",{"$f":"ROUND(0.9834/(1.5*0.6),4)","v":1.0927},20.225499999999997,{"$f":"IF(ISNUMBER(F3852),E3852*F3852,\"\")","v":22.100403849999996},null,null,0]
[null,null,null,null,null,"",{"$f":"IF(ISNUMBER(F3853),E3853*F3853,\"\")","v":""},null,null,0]
["SF-01060",{"$f":"INDEX(Orçamentária!A:B,MATCH(Composições!A3854,Orçamentária!A:A,0),2)","v":"Porta em alumínio tipo veneziana"},null,"m2",null,"",{"$f":"IF(ISNUMBER(F3854),E3854*F3854,\"\")","v":""},null,null,4]
[null,null,null,null,null,"",{"$f":"IF(ISNUMBER(F3855),E3855*F3855,\"\")","v":""},null,null,4]
[null,null,"SELANTE ELASTICO MONOCOMPONENTE A BASE DE POLIURETANO (PU) PARA JUNTAS DIVERSAS","310ML",0.88290000000000002,40.042499999999997,{"$f":"IF(ISNUMBER(F3856),E3856*F3856,\"\")","v":35.353523249999995},{"$f":"SUM(G3856:G3861)","v":581.60046614999999},null,4]
[null,null,"BUCHA DE NYLON SEM ABA S10, COM PARAFUSO DE 6,10 X 65 MM EM ACO ZINCADO COM ROSCA SOBERBA, CABECA CHATA E FENDA PHILLIPS","UN",4.8166000000000002,1.1019999999999999,{"$f":"IF(ISNUMBER(F3857),E3857*F3857,\"\")","v":5.3078931999999996},null,null,4]
[null,null,"GUARNICAO / MOLDURA / ARREMATE DE ACABAMENTO PARA ESQUADRIA, EM ALUMINIO PERFIL 25, ACABAMENTO ANODIZADO BRANCO OU BRILHANTE, PARA 1 FACE","M",6.8503999999999996,24.785499999999999,{"$f":"IF(ISNUMBER(F3858),E3858*F3858,\"\")","v":169.79058919999997},null,null,4]
[null,null,"PORTA DE ABRIR EM ALUMINIO TIPO VENEZIANA, ACABAMENTO ANODIZADO NATURAL, SEM GUARNICAO/ALIZAR/VISTA, 87 X 210 CM","UN",0.54730000000000001,652.09899999999993,{"$f":"IF(ISNUMBER(F3859),E3859*F3859,\"\")","v":356.89378269999997},null,null,4]
[null,null,"Pedreiro com encargos complementares","H",0.3826,27.160499999999999,{"$f":"IF(ISNUMBER(F3860),E3860*F3860,\"\")","v":10.391607299999999},null,null,4]
[null,null,"Servente com Encargos Complementares","H",0.191,20.225499999999997,{"$f":"IF(ISNUMBER(F3861),E3861*F3861,\"\")","v":3.8630704999999996},null,null,4]
[null,null,null,null,null,"",{"$f":"IF(ISNUMBER(F3862),E3862*F3862,\"\")","v":""},null,null,4]
["SF-01061",{"$f":"INDEX(Orçamentária!A:B,MATCH(Composições!A3863,Orçamentária!A:A,0),2)","v":"Janela em alumínio"},null,"m2",null,"",{"$f":"IF(ISNUMBER(F3863),E3863*F3863,\"\")","v":""},null,null,0]
[null,null,null,null,null,"",{"$f":"IF(ISNUMBER(F3864),E3864*F3864,\"\")","v":""},null,null,0]
[null,null,"PARAFUSO DE ACO ZINCADO COM ROSCA SOBERBA, CABECA CHATA E FENDA SIMPLES, DIAMETRO 4,2 MM, COMPRIMENTO * 32 * MM","UN",24.4,0.18049999999999999,{"$f":"IF(ISNUMBER(F3865),E3865*F3865,\"\")","v":4.4041999999999994},{"$f":"SUM(G3865:G3869)","v":619.6957910499998},null,0]
[null,null,"JANELA MAXIM AR, EM ALUMINIO PERFIL 25, 60 X 80 CM (A X L), ACABAMENTO BRANCO OU BRILHANTE, BATENTE DE 4 A 5 CM, COM VIDRO, SEM GUARNICAO/ALIZAR","UN",2.0832999999999999,248.97599999999997,{"$f":"IF(ISNUMBER(F3866),E3866*F3866,\"\")","v":518.69170079999992},null,null,0]
[null,null,"SILICONE ACETICO USO GERAL INCOLOR 280 G","UN",1.2466999999999999,26.4575,{"$f":"IF(ISNUMBER(F3867),E3867*F3867,\"\")","v":32.984565249999996},null,null,0]
[null,null,"PEDREIRO COM ENCARGOS COMPLEMENTARES","H",1.7070000000000001,27.160499999999999,{"$f":"IF(ISNUMBER(F3868),E3868*F3868,\"\")","v":46.362973500000003},null,null,0]
[null,null,"SERVENTE COM ENCARGOS COMPLEMENTARES","H",0.85299999999999998,20.225499999999997,{"$f":"IF(ISNUMBER(F3869),E3869*F3869,\"\")","v":17.252351499999996},null,null,0]
[null,null,null,null,null,"",{"$f":"IF(ISNUMBER(F3870),E3870*F3870,\"\")","v":""},null,null,0]
["SF-01062",{"$f":"INDEX(Orçamentária!A:B,MATCH(Composições!A3871,Orçamentária!A:A,0),2)","v":"Porta metálica de enrolar"},null,"m2",null,"",{"$f":"IF(ISNUMBER(F3871),E3871*F3871,\"\")","v":""},null,null,0]
[null,null,null,null,null,"",{"$f":"IF(ISNUMBER(F3872),E3872*F3872,\"\")","v":""},null,null,0]
[null,null,"PORTA DE ENROLAR MANUAL COMPLETA, ARTICULADA RAIADA LARGA, EM ACO GALVANIZADO NATURAL, CHAPA NUMERO 24 (SEM INSTALACAO)","M2",1,448.74200000000002,{"$f":"IF(ISNUMBER(F3873),E3873*F3873,\"\")","v":448.74200000000002},{"$f":"SUM(G3873:G3879)","v":504.44872882494997},null,0]
[null,null,"PEDREIRO COM ENCARGOS COMPLEMENTARES","H",1,27.160499999999999,{"$f":"IF(ISNUMBER(F3874),E3874*F3874,\"\")","v":27.160499999999999},null,null,0]
[null,null,"SERVENTE COM ENCARGOS COMPLEMENTARES","H",1.1000000000000001,20.225499999999997,{"$f":"IF(ISNUMBER(F3875),E3875*F3875,\"\")","v":22.248049999999999},null,null,0]
[null,null,"AREIA MEDIA - POSTO JAZIDA/FORNECEDOR (RETIRADO NA JAZIDA, SEM TRANSPORTE)","M3",1.2999999999999999E-2,202.2835,{"$f":"IF(ISNUMBER(F3876),E3876*F3876,\"\")","v":2.6296854999999999},null,null,0]
[null,null,"CIMENTO PORTLAND COMPOSTO CP II-32","KG",4.58,0.627,{"$f":"IF(ISNUMBER(F3877),E3877*F3877,\"\")","v":2.8716599999999999},null,null,0]
[null,null,"CARGA, MANOBRA E DESCARGA DE SOLOS E MATERIAIS GRANULARES EM CAMINHÃO BASCULANTE 6 M³ - CARGA COM PÁ CARREGADEIRA (CAÇAMBA DE 1,7 A 2,8 M³ / 128 HP) E DESCARGA LIVRE (UNIDADE: M3). AF_07/2020","m3",{"$f":"1*E3876","v":1.2999999999999999E-2},7.9843291499999998,{"$f":"IF(ISNUMBER(F3878),E3878*F3878,\"\")","v":0.10379627894999999},null,null,0]
[null,null,"TRANSPORTE COM CAMINHÃO BASCULANTE DE 6 M3, EM VIA URBANA PAVIMENTADA, DMT ATÉ 30 KM (UNIDADE: M3xKM). AF_01/2018","M3xKM",{"$f":"E3876*20","v":0.26},2.6655270999999994,{"$f":"IF(ISNUMBER(F3879),E3879*F3879,\"\")","v":0.69303704599999982},null,null,0]
[null,null,null,null,null,"",{"$f":"IF(ISNUMBER(F3880),E3880*F3880,\"\")","v":""},null,null,0]
[null,null,"Obs.: Considerando fornecedor de areia a 20 km do Senado Federal.",null,null,"",{"$f":"IF(ISNUMBER(F3881),E3881*F3881,\"\")","v":""},null,null,0]
[null,null,null,null,null,"",{"$f":"IF(ISNUMBER(F3882),E3882*F3882,\"\")","v":""},null,null,0]
["SF-01063",{"$f":"INDEX(Orçamentária!A:B,MATCH(Composições!A3883,Orçamentária!A:A,0),2)","v":"Medidor de Gás"},null,"un",null,"",{"$f":"IF(ISNUMBER(F3883),E3883*F3883,\"\")","v":""},null,null,0]
[null,null,null,null,null,"",{"$f":"IF(ISNUMBER(F3884),E3884*F3884,\"\")","v":""},null,null,0]
[null,null,"FITA VEDA ROSCA EM ROLOS DE 18 MM X 50 M (L X C)","UN",0.20519999999999999,13.661,{"$f":"IF(ISNUMBER(F3885),E3885*F3885,\"\")","v":2.8032371999999999},{"$f":"SUM(G3885:G3896)","v":672.1273807},null,0]
[null,null,"COTOVELO 90 GRAUS DE FERRO GALVANIZADO, COM ROSCA BSP, DE 1\"","UN",2,15.513499999999997,{"$f":"IF(ISNUMBER(F3886),E3886*F3886,\"\")","v":31.026999999999994},null,null,0]
[null,null,"NIPLE DE FERRO GALVANIZADO, COM ROSCA BSP, DE 1\"","UN",4,11.504499999999998,{"$f":"IF(ISNUMBER(F3887),E3887*F3887,\"\")","v":46.017999999999994},null,null,0]
[null,null,"PLUG OU BUJAO DE FERRO GALVANIZADO, DE 1/2\"","UN",2,4.1040000000000001,{"$f":"IF(ISNUMBER(F3888),E3888*F3888,\"\")","v":8.2080000000000002},null,null,0]
[null,null,"TE DE REDUCAO DE FERRO GALVANIZADO, COM ROSCA BSP, DE 1\" X 1/2\"","UN",2,25.231999999999999,{"$f":"IF(ISNUMBER(F3889),E3889*F3889,\"\")","v":50.463999999999999},null,null,0]
[null,null,"UNIAO DE FERRO GALVANIZADO, COM ROSCA BSP, COM ASSENTO PLANO, DE 1\"","UN",1,33.126499999999993,{"$f":"IF(ISNUMBER(F3890),E3890*F3890,\"\")","v":33.126499999999993},null,null,0]
[null,null,"VALVULA DE ESFERA BRUTA EM BRONZE, BITOLA 1 \" (REF 1552-B)","UN",3,68.903499999999994,{"$f":"IF(ISNUMBER(F3891),E3891*F3891,\"\")","v":206.71049999999997},null,null,0]
[null,null,"VALVULA DE ESFERA BRUTA EM BRONZE, BITOLA 1/2 \" (REF 1552-B)","UN",2,44.212999999999994,{"$f":"IF(ISNUMBER(F3892),E3892*F3892,\"\")","v":88.425999999999988},null,null,0]
[null,null,"TUBO ACO GALVANIZADO COM COSTURA, CLASSE MEDIA, DN 1\", E = 3,38 MM, PESO 2,50 KG/M (NBR 5580)","M",0.72729999999999995,37.391999999999996,{"$f":"IF(ISNUMBER(F3893),E3893*F3893,\"\")","v":27.195201599999994},null,null,0]
[null,null,"AUXILIAR DE ENCANADOR OU BOMBEIRO HIDRÁULICO COM ENCARGOS COMPLEMENTARES","H",1.6462000000000001,20.909500000000001,{"$f":"IF(ISNUMBER(F3894),E3894*F3894,\"\")","v":34.421218900000007},null,null,0]
[null,null,"ENCANADOR OU BOMBEIRO HIDRÁULICO COM ENCARGOS COMPLEMENTARES","H",5.4324000000000003,26.4575,{"$f":"IF(ISNUMBER(F3895),E3895*F3895,\"\")","v":143.727723},null,null,0]
[null,null,"MEDIDOR DE GÁS EM ALUMÍNIO. Ref. LAO G6 ","UN",1,"",{"$f":"IF(ISNUMBER(F3896),E3896*F3896,\"\")","v":""},null,null,0]
[null,null,null,null,null,"",{"$f":"IF(ISNUMBER(F3897),E3897*F3897,\"\")","v":""},null,null,0]
["SF-01064",{"$f":"INDEX(Orçamentária!A:B,MATCH(Composições!A3898,Orçamentária!A:A,0),2)","v":"Registro Esfera para Gás 3/4”"},null,"un",null,"",{"$f":"IF(ISNUMBER(F3898),E3898*F3898,\"\")","v":""},null,null,0]
[null,null,null,null,null,"",{"$f":"IF(ISNUMBER(F3899),E3899*F3899,\"\")","v":""},null,null,0]
[null,null,"FITA VEDA ROSCA EM ROLOS DE 18 MM X 50 M (L X C)","UN",1.06E-2,13.661,{"$f":"IF(ISNUMBER(F3900),E3900*F3900,\"\")","v":0.14480660000000001},{"$f":"SUM(G3900:G3903)","v":5.3646500000000001},null,0]
[null,null,"Válvula de esfera tripartida Classe 300","UN",1,"",{"$f":"IF(ISNUMBER(F3901),E3901*F3901,\"\")","v":""},null,null,0]
[null,null,"AUXILIAR DE ENCANADOR OU BOMBEIRO HIDRÁULICO COM ENCARGOS COMPLEMENTARES","H",0.11020000000000001,20.909500000000001,{"$f":"IF(ISNUMBER(F3902),E3902*F3902,\"\")","v":2.3042269000000002},null,null,0]
[null,null,"ENCANADOR OU BOMBEIRO HIDRÁULICO COM ENCARGOS COMPLEMENTARES","H",0.11020000000000001,26.4575,{"$f":"IF(ISNUMBER(F3903),E3903*F3903,\"\")","v":2.9156165000000001},null,null,0]
[null,null,null,null,null,"",{"$f":"IF(ISNUMBER(F3904),E3904*F3904,\"\")","v":""},null,null,0]
["SF-01065",{"$f":"INDEX(Orçamentária!A:B,MATCH(Composições!A3905,Orçamentária!A:A,0),2)","v":"Placa de Concreto Pré-Moldado 15 Mpa"},null,"m3",null,"",{"$f":"IF(ISNUMBER(F3905),E3905*F3905,\"\")","v":""},null,null,0]
[null,null,null,null,null,"",{"$f":"IF(ISNUMBER(F3906),E3906*F3906,\"\")","v":""},null,null,0]
[null,null,"CHAPA/PAINEL DE MADEIRA COMPENSADA RESINADA (MADEIRITE RESINADO ROSA) PARA FORMA DE CONCRETO, DE 2200 x 1100 MM, E = 17 MM","M2",0.75829999999999997,59.033000000000001,{"$f":"IF(ISNUMBER(F3907),E3907*F3907,\"\")","v":44.7647239},{"$f":"SUM(G3907:G3921)","v":1658.5458360688858},null,0]
[null,null,"DESMOLDANTE PROTETOR PARA FORMAS DE MADEIRA, DE BASE OLEOSA EMULSIONADA EM AGUA","L",3.3399999999999999E-2,8.0274999999999981,{"$f":"IF(ISNUMBER(F3908),E3908*F3908,\"\")","v":0.26811849999999993},null,null,0]
[null,null,"SARRAFO *2,5 X 7,5* CM EM PINUS, MISTA OU EQUIVALENTE DA REGIAO - BRUTA","M",2.8315999999999999,2.8499999999999996,{"$f":"IF(ISNUMBER(F3909),E3909*F3909,\"\")","v":8.070059999999998},null,null,0]
[null,null,"PREGO DE ACO POLIDO COM CABECA 15 X 15 (1 1/4 X 13)","KG",6.0100000000000001E-2,23.9115,{"$f":"IF(ISNUMBER(F3910),E3910*F3910,\"\")","v":1.43708115},null,null,0]
[null,null,"POLIESTIRENO EXPANDIDO/EPS (ISOPOR), TIPO 2F, BLOCO","M3",0.18540000000000001,421.72399999999999,{"$f":"IF(ISNUMBER(F3911),E3911*F3911,\"\")","v":78.187629600000008},null,null,0]
[null,null,"AJUDANTE DE CARPINTEIRO COM ENCARGOS COMPLEMENTARES","H",0.1865,21.337,{"$f":"IF(ISNUMBER(F3912),E3912*F3912,\"\")","v":3.9793504999999998},null,null,0]
[null,null,"CARPINTEIRO DE ESQUADRIA COM ENCARGOS COMPLEMENTARES","H",0.93259999999999998,25.725999999999996,{"$f":"IF(ISNUMBER(F3913),E3913*F3913,\"\")","v":23.992067599999995},null,null,0]
[null,null,"PEDREIRO COM ENCARGOS COMPLEMENTARES","H",6.7480000000000002,27.160499999999999,{"$f":"IF(ISNUMBER(F3914),E3914*F3914,\"\")","v":183.279054},null,null,0]
[null,null,"SERVENTE COM ENCARGOS COMPLEMENTARES","H",6.7480000000000002,20.225499999999997,{"$f":"IF(ISNUMBER(F3915),E3915*F3915,\"\")","v":136.48167399999997},null,null,0]
[null,null,"VIBRADOR DE IMERSÃO, DIÂMETRO DE PONTEIRA 45MM, MOTOR ELÉTRICO TRIFÁSICO POTÊNCIA DE 2 CV - CHP DIURNO. AF_06/2015","CHP",0.86770000000000003,1.1114999999999999,{"$f":"IF(ISNUMBER(F3916),E3916*F3916,\"\")","v":0.96444854999999996},null,null,0]
[null,null,"VIBRADOR DE IMERSÃO, DIÂMETRO DE PONTEIRA 45MM, MOTOR ELÉTRICO TRIFÁSICO POTÊNCIA DE 2 CV - CHI DIURNO. AF_06/2015","CHI",2.3860000000000001,0.46549999999999997,{"$f":"IF(ISNUMBER(F3917),E3917*F3917,\"\")","v":1.1106830000000001},null,null,0]
[null,null,"SERRA CIRCULAR DE BANCADA COM MOTOR ELÉTRICO POTÊNCIA DE 5HP, COM COIFA PARA DISCO 10\" - CHP DIURNO. AF_08/2015","CHP",8.9399999999999993E-2,22.210999999999999,{"$f":"IF(ISNUMBER(F3918),E3918*F3918,\"\")","v":1.9856633999999997},null,null,0]
[null,null,"SERRA CIRCULAR DE BANCADA COM MOTOR ELÉTRICO POTÊNCIA DE 5HP, COM COIFA PARA DISCO 10\" - CHI DIURNO. AF_08/2015","CHI",9.7100000000000006E-2,21.2895,{"$f":"IF(ISNUMBER(F3919),E3919*F3919,\"\")","v":2.0672104500000001},null,null,0]
[null,null,"ARMAÇÃO DE LAJE DE UMA ESTRUTURA CONVENCIONAL DE CONCRETO ARMADO EM UMA EDIFICAÇÃO TÉRREA OU SOBRADO UTILIZANDO AÇO CA-60 DE 5,0 MM - MONTAGEM. AF_12/2015","KG",31.7318,14.906346449999999,{"$f":"IF(ISNUMBER(F3920),E3920*F3920,\"\")","v":473.00520428210996},null,null,0]
[null,null,"CONCRETO FCK = 30MPA, TRAÇO 1:2,1:2,5 (EM MASSA SECA DE CIMENTO/ AREIA MÉDIA/ BRITA 1) - PREPARO MECÂNICO COM BETONEIRA 600 L. AF_05/2021","M3",1.103,633.68346975229008,{"$f":"IF(ISNUMBER(F3921),E3921*F3921,\"\")","v":698.95286713677592},null,null,0]
[null,null,null,null,null,"",{"$f":"IF(ISNUMBER(F3922),E3922*F3922,\"\")","v":""},null,null,0]
["SF-01066",{"$f":"INDEX(Orçamentária!A:B,MATCH(Composições!A3923,Orçamentária!A:A,0),2)","v":"Eletroduto PEAD 3”"},null,"m",null,"",{"$f":"IF(ISNUMBER(F3923),E3923*F3923,\"\")","v":""},null,null,0]
[null,null,null,null,null,"",{"$f":"IF(ISNUMBER(F3924),E3924*F3924,\"\")","v":""},null,null,0]
[null,null,"ELETRODUTO/DUTO PEAD FLEXIVEL PAREDE SIMPLES, CORRUGACAO HELICOIDAL, COR PRETA, SEM ROSCA, DE 3\", PARA CABEAMENTO SUBTERRANEO (NBR 15715)","M",1.1000000000000001,8.4359999999999999,{"$f":"IF(ISNUMBER(F3925),E3925*F3925,\"\")","v":9.2796000000000003},{"$f":"SUM(G3925:G3927)","v":16.6549421},null,0]
[null,null,"AUXILIAR DE ELETRICISTA COM ENCARGOS COMPLEMENTARES","H",0.15110000000000001,21.337,{"$f":"IF(ISNUMBER(F3926),E3926*F3926,\"\")","v":3.2240207000000001},null,null,0]
[null,null,"ELETRICISTA COM ENCARGOS COMPLEMENTARES","H",0.15110000000000001,27.474,{"$f":"IF(ISNUMBER(F3927),E3927*F3927,\"\")","v":4.1513214000000005},null,null,0]
[null,null,null,null,null,"",{"$f":"IF(ISNUMBER(F3928),E3928*F3928,\"\")","v":""},null,null,0]
["SF-01068",{"$f":"INDEX(Orçamentária!A:B,MATCH(Composições!A3929,Orçamentária!A:A,0),2)","v":"Eletroduto de aço galvanizado de 3”"},null,"m",null,"",{"$f":"IF(ISNUMBER(F3929),E3929*F3929,\"\")","v":""},null,null,0]
[null,null,null,null,null,"",{"$f":"IF(ISNUMBER(F3930),E3930*F3930,\"\")","v":""},null,null,0]
[null,null,"Eletroduto de aço com costura galvanização eletrolítica Ø 3\"","m",1.05,0,{"$f":"IF(ISNUMBER(F3931),E3931*F3931,\"\")","v":0},{"$f":"SUM(G3931:G3933)","v":48.811},null,0]
[null,null,"Eletricista com encargos complementares","h",1,27.474,{"$f":"IF(ISNUMBER(F3932),E3932*F3932,\"\")","v":27.474},null,null,0]
[null,null,"Auxiliar de eletricista com encargos complementares","h",1,21.337,{"$f":"IF(ISNUMBER(F3933),E3933*F3933,\"\")","v":21.337},null,null,0]
[null,null,null,null,null,"",{"$f":"IF(ISNUMBER(F3934),E3934*F3934,\"\")","v":""},null,null,0]
["SF-01069",{"$f":"INDEX(Orçamentária!A:B,MATCH(Composições!A3935,Orçamentária!A:A,0),2)","v":"Grelha reta para ralo"},null,"m",null,"",{"$f":"IF(ISNUMBER(F3935),E3935*F3935,\"\")","v":""},null,null,0]
[null,null,null,null,null,"",{"$f":"IF(ISNUMBER(F3936),E3936*F3936,\"\")","v":""},null,null,0]
[null,null,"Grelha em ferro fundido com caixilho de apoio espessura 15 mm, largura 200 mm","m",1,0,{"$f":"IF(ISNUMBER(F3937),E3937*F3937,\"\")","v":0},{"$f":"SUM(G3937:G3939)","v":31.748620000000003},null,0]
[null,null,"PEDREIRO COM ENCARGOS COMPLEMENTARES","H",0.67,27.160499999999999,{"$f":"IF(ISNUMBER(F3938),E3938*F3938,\"\")","v":18.197535000000002},null,null,0]
[null,null,"SERVENTE COM ENCARGOS COMPLEMENTARES","H",0.67,20.225499999999997,{"$f":"IF(ISNUMBER(F3939),E3939*F3939,\"\")","v":13.551084999999999},null,null,0]
[null,null,null,null,null,"",{"$f":"IF(ISNUMBER(F3940),E3940*F3940,\"\")","v":""},null,null,0]
["SF-01070",{"$f":"INDEX(Orçamentária!A:B,MATCH(Composições!A3941,Orçamentária!A:A,0),2)","v":"Granito Vermelho Brasília para soleira e peitoril"},null,"m2",null,"",{"$f":"IF(ISNUMBER(F3941),E3941*F3941,\"\")","v":""},null,null,0]
[null,null,null,null,null,"",{"$f":"IF(ISNUMBER(F3942),E3942*F3942,\"\")","v":""},null,null,0]
[null,null,"Granito Vermelho Brasília, com 20 mm de espessura e 150 mm de altura, para soleira e peitoril","m",{"$f":"ROUND(1/0.15,4)","v":6.6666999999999996},"",{"$f":"IF(ISNUMBER(F3943),E3943*F3943,\"\")","v":""},{"$f":"SUM(G3943:G3946)","v":150.43903789999999},null,0]
[null,null,"Argamassa colante tipo AC III","kg",{"$f":"1.29/0.15","v":8.6000000000000014},1.748,{"$f":"IF(ISNUMBER(F3944),E3944*F3944,\"\")","v":15.032800000000002},null,null,0]
[null,null,"Marmorista/graniteiro com encargos complementares","h",{"$f":"ROUND(0.547/0.15,4)","v":3.6467000000000001},27.036999999999999,{"$f":"IF(ISNUMBER(F3945),E3945*F3945,\"\")","v":98.595827900000003},null,null,0]
[null,null,"Servente com Encargos Complementares","h",{"$f":"0.273/0.15","v":1.8200000000000003},20.225499999999997,{"$f":"IF(ISNUMBER(F3946),E3946*F3946,\"\")","v":36.810409999999997},null,null,0]
[null,null,null,null,null,"",{"$f":"IF(ISNUMBER(F3947),E3947*F3947,\"\")","v":""},null,null,0]
["SF-01071",{"$f":"INDEX(Orçamentária!A:B,MATCH(Composições!A3948,Orçamentária!A:A,0),2)","v":"Luminária LED redonda de embutir"},null,"un",null,"",{"$f":"IF(ISNUMBER(F3948),E3948*F3948,\"\")","v":""},null,null,9]
[null,null,null,null,null,"",{"$f":"IF(ISNUMBER(F3949),E3949*F3949,\"\")","v":""},null,null,9]
[null,null,"Luminária redonda de embutir, LED, potência 19 W, temperatura de cor 3000 K, fluxo luminoso 1770 lm. Ref: OSRAM - LEDVANCE DOWNLIGHT XL WT 830","un ",1,59.09,{"$f":"IF(ISNUMBER(F3950),E3950*F3950,\"\")","v":59.09},{"$f":"SUM(G3950:G3955)","v":102.22889340000002},null,9]
[null,null,"Cabo PP 3x2,5mm2 300/500 V, extraflexível (classe 5), com condutor de proteção, com isolação, enchimento e cobertura de PVC","m",1.5,8.35,{"$f":"IF(ISNUMBER(F3951),E3951*F3951,\"\")","v":12.524999999999999},null,null,9]
[null,null,"Plugue (macho) com 3 polos (2P+T), para 10A","un ",1,11.03,{"$f":"IF(ISNUMBER(F3952),E3952*F3952,\"\")","v":11.03},null,null,9]
[null,null,"Plugue (fêmea) com 3 polos (2P+T), para 10A","un ",1,6.67,{"$f":"IF(ISNUMBER(F3953),E3953*F3953,\"\")","v":6.67},null,null,9]
[null,null,"Auxiliar de eletricista com encargos complementares","h",0.14799999999999999,21.337,{"$f":"IF(ISNUMBER(F3954),E3954*F3954,\"\")","v":3.1578759999999999},null,null,9]
[null,null,"Eletricista com encargos complementares","h",0.35510000000000003,27.474,{"$f":"IF(ISNUMBER(F3955),E3955*F3955,\"\")","v":9.7560174000000011},null,null,9]
[null,null,null,null,null,"",{"$f":"IF(ISNUMBER(F3956),E3956*F3956,\"\")","v":""},null,null,9]
["SF-01072",{"$f":"INDEX(Orçamentária!A:B,MATCH(Composições!A3957,Orçamentária!A:A,0),2)","v":"Piso tátil de borracha"},null,"m",null,"",{"$f":"IF(ISNUMBER(F3957),E3957*F3957,\"\")","v":""},null,null,0]
[null,null,null,null,null,"",{"$f":"IF(ISNUMBER(F3958),E3958*F3958,\"\")","v":""},null,null,0]
[null,null,"CIMENTO PORTLAND COMPOSTO CP II-32","KG",0.24,0.627,{"$f":"IF(ISNUMBER(F3959),E3959*F3959,\"\")","v":0.15048},{"$f":"SUM(G3959:G3963)","v":135.31709749999999},null,0]
[null,null,"ARGAMASSA COLANTE TIPO AC III","KG",1.2150000000000001,1.748,{"$f":"IF(ISNUMBER(F3960),E3960*F3960,\"\")","v":2.1238200000000003},null,null,0]
[null,null,"PISO TATIL DE ALERTA OU DIRECIONAL, DE BORRACHA, COLORIDO, 25 X 25 CM, E = 12 MM, PARA ARGAMASSA","M2",0.25,467.05799999999999,{"$f":"IF(ISNUMBER(F3961),E3961*F3961,\"\")","v":116.7645},null,null,0]
[null,null,"PEDREIRO COM ENCARGOS COMPLEMENTARES","H",0.437,27.160499999999999,{"$f":"IF(ISNUMBER(F3962),E3962*F3962,\"\")","v":11.8691385},null,null,0]
[null,null,"SERVENTE COM ENCARGOS COMPLEMENTARES","H",0.218,20.225499999999997,{"$f":"IF(ISNUMBER(F3963),E3963*F3963,\"\")","v":4.4091589999999989},null,null,0]
[null,null,null,null,null,"",{"$f":"IF(ISNUMBER(F3964),E3964*F3964,\"\")","v":""},null,null,0]
["SF-01073",{"$f":"INDEX(Orçamentária!A:B,MATCH(Composições!A3965,Orçamentária!A:A,0),2)","v":"Granito Vermelho Brasília 20 mm para divisória"},null,"m2",null,"",{"$f":"IF(ISNUMBER(F3965),E3965*F3965,\"\")","v":""},null,null,0]
[null,null,null,null,null,"",{"$f":"IF(ISNUMBER(F3966),E3966*F3966,\"\")","v":""},null,null,0]
[null,null,"ADESIVO ESTRUTURAL A BASE DE RESINA EPOXI, BICOMPONENTE, PASTOSO (TIXOTROPICO)","KG",0.53,52.924500000000002,{"$f":"IF(ISNUMBER(F3967),E3967*F3967,\"\")","v":28.049985000000003},{"$f":"SUM(G3967:G3973)","v":112.17339699999999},null,0]
[null,null,"DIVISORIA EM GRANITO, COM DUAS FACES POLIDAS, TIPO ANDORINHA/ QUARTZ/ CASTELO/ CORUMBA OU OUTROS EQUIVALENTES DA REGIAO, E=  2,0 CM","M2",1.05,"",{"$f":"IF(ISNUMBER(F3968),E3968*F3968,\"\")","v":""},null,null,0]
[null,null,"ARGAMASSA COLANTE TIPO AC III E","KG",0.97,2.0044999999999997,{"$f":"IF(ISNUMBER(F3969),E3969*F3969,\"\")","v":1.9443649999999997},null,null,0]
[null,null,"MARMORISTA/GRANITEIRO COM ENCARGOS COMPLEMENTARES","H",1.405,27.036999999999999,{"$f":"IF(ISNUMBER(F3970),E3970*F3970,\"\")","v":37.986984999999997},null,null,0]
[null,null,"SERVENTE COM ENCARGOS COMPLEMENTARES","H",0.70199999999999996,20.225499999999997,{"$f":"IF(ISNUMBER(F3971),E3971*F3971,\"\")","v":14.198300999999997},null,null,0]
[null,null,"SERRA CIRCULAR DE BANCADA COM MOTOR ELÉTRICO POTÊNCIA DE 5HP, COM COIFA PARA DISCO 10\" - CHP DIURNO. AF_08/2015","CHP",8.8999999999999996E-2,22.210999999999999,{"$f":"IF(ISNUMBER(F3972),E3972*F3972,\"\")","v":1.9767789999999998},null,null,0]
[null,null,"SERRA CIRCULAR DE BANCADA COM MOTOR ELÉTRICO POTÊNCIA DE 5HP, COM COIFA PARA DISCO 10\" - CHI DIURNO. AF_08/2015","CHI",1.3160000000000001,21.2895,{"$f":"IF(ISNUMBER(F3973),E3973*F3973,\"\")","v":28.016982000000002},null,null,0]
[null,null,null,null,null,"",{"$f":"IF(ISNUMBER(F3974),E3974*F3974,\"\")","v":""},null,null,0]
["SF-01074",{"$f":"INDEX(Orçamentária!A:B,MATCH(Composições!A3975,Orçamentária!A:A,0),2)","v":"Tampa em ferro fundido 20x20 cm"},null,"un",null,"",{"$f":"IF(ISNUMBER(F3975),E3975*F3975,\"\")","v":""},null,null,0]
[null,null,null,null,null,"",{"$f":"IF(ISNUMBER(F3976),E3976*F3976,\"\")","v":""},null,null,0]
[null,null,"TAMPAO FOFO ARTICULADO P/ REGISTRO, CLASSE A15 CARGA MAX 1,5 T, *200 X 200* MM","UN",1,93.033500000000004,{"$f":"IF(ISNUMBER(F3977),E3977*F3977,\"\")","v":93.033500000000004},{"$f":"SUM(G3977:G3980)","v":139.3599081873742},null,0]
[null,null,"ARGAMASSA TRAÇO 1:3 (EM VOLUME DE CIMENTO E AREIA MÉDIA ÚMIDA), PREPARO MECÂNICO COM BETONEIRA 400 L. AF_08/2019","M3",4.4000000000000003E-3,657.14224713049998,{"$f":"IF(ISNUMBER(F3978),E3978*F3978,\"\")","v":2.8914258873742003},null,null,0]
[null,null,"Pedreiro com Encargos Complementares","h",1.0088999999999999,27.160499999999999,{"$f":"IF(ISNUMBER(F3979),E3979*F3979,\"\")","v":27.402228449999996},null,null,0]
[null,null,"Servente com Encargos Complementares","h",0.79269999999999996,20.225499999999997,{"$f":"IF(ISNUMBER(F3980),E3980*F3980,\"\")","v":16.032753849999995},null,null,0]
[null,null,null,null,null,"",{"$f":"IF(ISNUMBER(F3981),E3981*F3981,\"\")","v":""},null,null,0]
["SF-01076",{"$f":"INDEX(Orçamentária!A:B,MATCH(Composições!A3982,Orçamentária!A:A,0),2)","v":"Cerâmica para revestimento de superfícies internas ou externas – Linha GAIL"},null,"m2",null,"",{"$f":"IF(ISNUMBER(F3982),E3982*F3982,\"\")","v":""},null,null,0]
[null,null,null,null,null,"",{"$f":"IF(ISNUMBER(F3983),E3983*F3983,\"\")","v":""},null,null,0]
[null,null,"Cerâmica GAIL (Referência 1009 Placa Cerâmica Linha Gressit da Marca Gail, tamanho 240 mm x 116 mm, espessura 9 mm)","m2",1.08,"",{"$f":"IF(ISNUMBER(F3984),E3984*F3984,\"\")","v":""},{"$f":"SUM(G3984:G3988)","v":32.335909999999998},null,0]
[null,null,"Argamassa colante AC II","kg",6.14,1.0545,{"$f":"IF(ISNUMBER(F3985),E3985*F3985,\"\")","v":6.4746299999999994},null,null,0]
[null,null,"Rejunte cimenticio, qualquer cor","kg",0.22,3.3439999999999999,{"$f":"IF(ISNUMBER(F3986),E3986*F3986,\"\")","v":0.73568},null,null,0]
[null,null,"Azulejista ou ladrilhista com encargos complementares","h",0.66,27.036999999999999,{"$f":"IF(ISNUMBER(F3987),E3987*F3987,\"\")","v":17.84442},null,null,0]
[null,null,"Servente com Encargos Complementares","h",0.36,20.225499999999997,{"$f":"IF(ISNUMBER(F3988),E3988*F3988,\"\")","v":7.2811799999999982},null,null,0]
[null,null,null,null,null,"",{"$f":"IF(ISNUMBER(F3989),E3989*F3989,\"\")","v":""},null,null,0]
["SF-01077",{"$f":"INDEX(Orçamentária!A:B,MATCH(Composições!A3990,Orçamentária!A:A,0),2)","v":"Aterro de vala com areia média e compactação mecanizada"},null,"m3",null,"",{"$f":"IF(ISNUMBER(F3990),E3990*F3990,\"\")","v":""},null,null,0]
[null,null,null,null,null,"",{"$f":"IF(ISNUMBER(F3991),E3991*F3991,\"\")","v":""},null,null,0]
[null,null,"AREIA PARA ATERRO - POSTO JAZIDA/FORNECEDOR (RETIRADO NA JAZIDA, SEM TRANSPORTE)","M3",1.25,101.13699999999999,{"$f":"IF(ISNUMBER(F3992),E3992*F3992,\"\")","v":126.42124999999999},{"$f":"SUM(G3992:G3999)","v":231.55894343749998},null,0]
[null,null,"CAMINHÃO PIPA 10.000 L TRUCADO, PESO BRUTO TOTAL 23.000 KG, CARGA ÚTIL MÁXIMA 15.935 KG, DISTÂNCIA ENTRE EIXOS 4,8 M, POTÊNCIA 230 CV, INCLUSIVE TANQUE DE AÇO PARA TRANSPORTE DE ÁGUA - CHP DIURNO. AF_06/2014","CHP",6.0000000000000001E-3,302.76499999999999,{"$f":"IF(ISNUMBER(F3993),E3993*F3993,\"\")","v":1.8165899999999999},null,null,0]
[null,null,"CAMINHÃO PIPA 10.000 L TRUCADO, PESO BRUTO TOTAL 23.000 KG, CARGA ÚTIL MÁXIMA 15.935 KG, DISTÂNCIA ENTRE EIXOS 4,8 M, POTÊNCIA 230 CV, INCLUSIVE TANQUE DE AÇO PARA TRANSPORTE DE ÁGUA - CHI DIURNO. AF_06/2014","CHI",3.0000000000000001E-3,58.14,{"$f":"IF(ISNUMBER(F3994),E3994*F3994,\"\")","v":0.17441999999999999},null,null,0]
[null,null,"SERVENTE COM ENCARGOS COMPLEMENTARES","H",0.65900000000000003,20.225499999999997,{"$f":"IF(ISNUMBER(F3995),E3995*F3995,\"\")","v":13.328604499999999},null,null,0]
[null,null,"COMPACTADOR DE SOLOS DE PERCUSSÃO (SOQUETE) COM MOTOR A GASOLINA 4 TEMPOS, POTÊNCIA 4 CV - CHP DIURNO. AF_08/2015","CHP",0.27400000000000002,27.7685,{"$f":"IF(ISNUMBER(F3996),E3996*F3996,\"\")","v":7.6085690000000001},null,null,0]
[null,null,"COMPACTADOR DE SOLOS DE PERCUSSÃO (SOQUETE) COM MOTOR A GASOLINA 4 TEMPOS, POTÊNCIA 4 CV - CHI DIURNO. AF_08/2015","CHI",0.254,22.011500000000002,{"$f":"IF(ISNUMBER(F3997),E3997*F3997,\"\")","v":5.5909210000000007},null,null,0]
[null,null,"CARGA, MANOBRA E DESCARGA DE SOLOS E MATERIAIS GRANULARES EM CAMINHÃO BASCULANTE 6 M³ - CARGA COM PÁ CARREGADEIRA (CAÇAMBA DE 1,7 A 2,8 M³ / 128 HP) E DESCARGA LIVRE (UNIDADE: M3). AF_07/2020","m3",{"$f":"1*E3992","v":1.25},7.9843291499999998,{"$f":"IF(ISNUMBER(F3998),E3998*F3998,\"\")","v":9.980411437499999},null,null,0]
[null,null,"TRANSPORTE COM CAMINHÃO BASCULANTE DE 6 M3, EM VIA URBANA PAVIMENTADA, DMT ATÉ 30 KM (UNIDADE: M3xKM). AF_01/2018","M3xKM",{"$f":"E3992*20","v":25},2.6655270999999994,{"$f":"IF(ISNUMBER(F3999),E3999*F3999,\"\")","v":66.638177499999983},null,null,0]
[null,null,null,null,null,"",{"$f":"IF(ISNUMBER(F4000),E4000*F4000,\"\")","v":""},null,null,0]
[null,null,"Obs.: Considerando fornecedor de areia a 20 km do Senado Federal.",null,null,"",{"$f":"IF(ISNUMBER(F4001),E4001*F4001,\"\")","v":""},null,null,0]
[null,null,null,null,null,"",{"$f":"IF(ISNUMBER(F4002),E4002*F4002,\"\")","v":""},null,null,0]
["SF-01078",{"$f":"INDEX(Orçamentária!A:B,MATCH(Composições!A4003,Orçamentária!A:A,0),2)","v":"Guarda-corpo panorâmico"},null,"m",null,"",{"$f":"IF(ISNUMBER(F4003),E4003*F4003,\"\")","v":""},null,null,0]
[null,null,null,null,null,"",{"$f":"IF(ISNUMBER(F4004),E4004*F4004,\"\")","v":""},null,null,0]
[null,null,"CHAPA DE ACO GROSSA, ASTM A36, E = 3/8 \" (9,53 MM) 74,69 KG/M2","KG",1.4,12.416499999999999,{"$f":"IF(ISNUMBER(F4005),E4005*F4005,\"\")","v":17.383099999999999},{"$f":"SUM(G4005:G4014)","v":748.38665849999984},null,0]
[null,null,"ELETRODO REVESTIDO AWS - E6013, DIAMETRO IGUAL A 2,50 MM","KG",3.0000000000000001E-3,36.489499999999992,{"$f":"IF(ISNUMBER(F4006),E4006*F4006,\"\")","v":0.10946849999999998},null,null,0]
[null,null,"PARAFUSO DE ACO TIPO CHUMBADOR PARABOLT, DIAMETRO 3/8\", COMPRIMENTO 75 MM","UN",3.3330000000000002,2.4034999999999997,{"$f":"IF(ISNUMBER(F4007),E4007*F4007,\"\")","v":8.0108654999999995},null,null,0]
[null,null,"PARAFUSO DE FERRO POLIDO, SEXTAVADO, COM ROSCA INTEIRA, DIAMETRO 5/16\", COMPRIMENTO 3/4\", COM PORCA E ARRUELA LISA LEVE","UN",5,0.45599999999999996,{"$f":"IF(ISNUMBER(F4008),E4008*F4008,\"\")","v":2.2799999999999998},null,null,0]
[null,null,"PERFIL DE BORRACHA EPDM MACICO *12 X 15* MM PARA ESQUADRIAS","M",3.149,14.25,{"$f":"IF(ISNUMBER(F4009),E4009*F4009,\"\")","v":44.873249999999999},null,null,0]
[null,null,"PERFIL DE ALUMINIO ANODIZADO","KG",3.4089999999999998,40.1755,{"$f":"IF(ISNUMBER(F4010),E4010*F4010,\"\")","v":136.9582795},null,null,0]
[null,null,"VIDRO COMUM LAMINADO LISO INCOLOR DUPLO, ESPESSURA TOTAL 8 MM (CADA CAMADA DE 4 MM) - COLOCADO","M2",0.998,367.29849999999999,{"$f":"IF(ISNUMBER(F4011),E4011*F4011,\"\")","v":366.56390299999998},null,null,0]
[null,null,"SILICONE ACETICO USO GERAL INCOLOR 280 G","UN",0.85499999999999998,26.4575,{"$f":"IF(ISNUMBER(F4012),E4012*F4012,\"\")","v":22.621162500000001},null,null,0]
[null,null,"AUXILIAR DE SERRALHEIRO COM ENCARGOS COMPLEMENTARES","H",2.754,21.479499999999998,{"$f":"IF(ISNUMBER(F4013),E4013*F4013,\"\")","v":59.154542999999997},null,null,0]
[null,null,"SERRALHEIRO COM ENCARGOS COMPLEMENTARES","H",3.3530000000000002,26.970499999999998,{"$f":"IF(ISNUMBER(F4014),E4014*F4014,\"\")","v":90.432086499999997},null,null,0]
[null,null,null,null,null,"",{"$f":"IF(ISNUMBER(F4015),E4015*F4015,\"\")","v":""},null,null,0]
["SF-01080",{"$f":"INDEX(Orçamentária!A:B,MATCH(Composições!A4016,Orçamentária!A:A,0),2)","v":"Perfil “U” em aço 25 x 25mm"},null,"m",null,"",{"$f":"IF(ISNUMBER(F4016),E4016*F4016,\"\")","v":""},null,null,0]
[null,null,null,null,null,"",{"$f":"IF(ISNUMBER(F4017),E4017*F4017,\"\")","v":""},null,null,0]
[null,null,"Vidraceiro com encargos complementares","h",{"$f":"1/10","v":0.1},25.060999999999996,{"$f":"IF(ISNUMBER(F4018),E4018*F4018,\"\")","v":2.5061},{"$f":"SUM(G4018:G4019)","v":2.5061},null,0]
[null,null,"Perfil \"U\" em aço galvanizado 25mm x 25mm, espessura 1,5mm (#16)","m",1.05,"",{"$f":"IF(ISNUMBER(F4019),E4019*F4019,\"\")","v":""},null,null,0]
[null,null,null,null,null,"",{"$f":"IF(ISNUMBER(F4020),E4020*F4020,\"\")","v":""},null,null,0]
["SF-01082",{"$f":"INDEX(Orçamentária!A:B,MATCH(Composições!A4021,Orçamentária!A:A,0),2)","v":"Alimentação para mão-de-obra indireta"},null,"h",null,"",{"$f":"IF(ISNUMBER(F4021),E4021*F4021,\"\")","v":""},null,null,0]
[null,null,null,null,null,"",{"$f":"IF(ISNUMBER(F4022),E4022*F4022,\"\")","v":""},null,null,0]
[null,null,"ALIMENTACAO - HORISTA (COLETADO CAIXA - ENCARGOS COMPLEMENTARES)","h",1,3.1254999999999997,{"$f":"IF(ISNUMBER(F4023),E4023*F4023,\"\")","v":3.1254999999999997},{"$f":"SUM(G4023:G4023)","v":3.1254999999999997},null,0]
[null,null,null,null,null,"",{"$f":"IF(ISNUMBER(F4024),E4024*F4024,\"\")","v":""},null,null,0]
["SF-01083",{"$f":"INDEX(Orçamentária!A:B,MATCH(Composições!A4025,Orçamentária!A:A,0),2)","v":"Transporte para mão-de-obra indireta"},null,"h",null,"",{"$f":"IF(ISNUMBER(F4025),E4025*F4025,\"\")","v":""},null,null,0]
[null,null,null,null,null,"",{"$f":"IF(ISNUMBER(F4026),E4026*F4026,\"\")","v":""},null,null,0]
[null,null,"TRANSPORTE - HORISTA (COLETADO CAIXA - ENCARGOS COMPLEMENTARES)","H",1.05,1.4249999999999998,{"$f":"IF(ISNUMBER(F4027),E4027*F4027,\"\")","v":1.4962499999999999},{"$f":"SUM(G4027:G4027)","v":1.4962499999999999},null,0]
[null,null,null,null,null,"",{"$f":"IF(ISNUMBER(F4028),E4028*F4028,\"\")","v":""},null,null,0]
["SF-01088",{"$f":"INDEX(Orçamentária!A:B,MATCH(Composições!A4029,Orçamentária!A:A,0),2)","v":"Cotovelo de cobre de 1 3/8”"},null,"un",null,"",{"$f":"IF(ISNUMBER(F4029),E4029*F4029,\"\")","v":""},null,null,0]
[null,null,null,null,null,"",{"$f":"IF(ISNUMBER(F4030),E4030*F4030,\"\")","v":""},null,null,0]
[null,null,"COTOVELO DE COBRE 90 GRAUS (REF 607) SEM ANEL DE SOLDA, BOLSA X BOLSA, 35 MM","UN",1,41.742999999999995,{"$f":"IF(ISNUMBER(F4031),E4031*F4031,\"\")","v":41.742999999999995},{"$f":"SUM(G4031:G4036)","v":51.416635299999989},null,0]
[null,null,"SOLDA ESTANHO/COBRE PARA CONEXOES DE COBRE, FIO 2,5 MM, CARRETEL 500 GR (SEM CHUMBO)","UN",8.3999999999999995E-3,308.35099999999994,{"$f":"IF(ISNUMBER(F4032),E4032*F4032,\"\")","v":2.5901483999999995},null,null,0]
[null,null,"LIXA D'AGUA EM FOLHA, GRAO 100","UN",5.9400000000000001E-2,2.1185,{"$f":"IF(ISNUMBER(F4033),E4033*F4033,\"\")","v":0.1258389},null,null,0]
[null,null,"PASTA PARA SOLDA DE TUBOS E CONEXOES DE COBRE (EMBALAGEM COM 250 G)","UN",1.0800000000000001E-2,56.524999999999999,{"$f":"IF(ISNUMBER(F4034),E4034*F4034,\"\")","v":0.61047000000000007},null,null,0]
[null,null,"AUXILIAR DE ENCANADOR OU BOMBEIRO HIDRÁULICO COM ENCARGOS COMPLEMENTARES","H",0.13400000000000001,20.909500000000001,{"$f":"IF(ISNUMBER(F4035),E4035*F4035,\"\")","v":2.8018730000000005},null,null,0]
[null,null,"ENCANADOR OU BOMBEIRO HIDRÁULICO COM ENCARGOS COMPLEMENTARES","H",0.13400000000000001,26.4575,{"$f":"IF(ISNUMBER(F4036),E4036*F4036,\"\")","v":3.5453050000000004},null,null,0]
[null,null,null,null,null,"",{"$f":"IF(ISNUMBER(F4037),E4037*F4037,\"\")","v":""},null,null,0]
["SF-01089",{"$f":"INDEX(Orçamentária!A:B,MATCH(Composições!A4038,Orçamentária!A:A,0),2)","v":"Cotovelo de cobre de 1 5/8”"},null,"un",null,"",{"$f":"IF(ISNUMBER(F4038),E4038*F4038,\"\")","v":""},null,null,0]
[null,null,null,null,null,"",{"$f":"IF(ISNUMBER(F4039),E4039*F4039,\"\")","v":""},null,null,0]
[null,null,"COTOVELO DE COBRE 90 GRAUS (REF 607) SEM ANEL DE SOLDA, BOLSA X BOLSA, 42 MM","UN",1,64.067999999999998,{"$f":"IF(ISNUMBER(F4040),E4040*F4040,\"\")","v":64.067999999999998},{"$f":"SUM(G4040:G4045)","v":78.278097149999979},null,0]
[null,null,"SOLDA ESTANHO/COBRE PARA CONEXOES DE COBRE, FIO 2,5 MM, CARRETEL 500 GR (SEM CHUMBO)","UN",1.7600000000000001E-2,308.35099999999994,{"$f":"IF(ISNUMBER(F4041),E4041*F4041,\"\")","v":5.426977599999999},null,null,0]
[null,null,"LIXA D'AGUA EM FOLHA, GRAO 100","UN",6.93E-2,2.1185,{"$f":"IF(ISNUMBER(F4042),E4042*F4042,\"\")","v":0.14681205},null,null,0]
[null,null,"PASTA PARA SOLDA DE TUBOS E CONEXOES DE COBRE (EMBALAGEM COM 250 G)","UN",2.29E-2,56.524999999999999,{"$f":"IF(ISNUMBER(F4043),E4043*F4043,\"\")","v":1.2944225},null,null,0]
[null,null,"AUXILIAR DE ENCANADOR OU BOMBEIRO HIDRÁULICO COM ENCARGOS COMPLEMENTARES","H",0.155,20.909500000000001,{"$f":"IF(ISNUMBER(F4044),E4044*F4044,\"\")","v":3.2409725000000003},null,null,0]
[null,null,"ENCANADOR OU BOMBEIRO HIDRÁULICO COM ENCARGOS COMPLEMENTARES","H",0.155,26.4575,{"$f":"IF(ISNUMBER(F4045),E4045*F4045,\"\")","v":4.1009124999999997},null,null,0]
[null,null,null,null,null,"",{"$f":"IF(ISNUMBER(F4046),E4046*F4046,\"\")","v":""},null,null,0]
["SF-01090",{"$f":"INDEX(Orçamentária!A:B,MATCH(Composições!A4047,Orçamentária!A:A,0),2)","v":"Cotovelo de cobre de 7/8”"},null,"un",null,"",{"$f":"IF(ISNUMBER(F4047),E4047*F4047,\"\")","v":""},null,null,0]
[null,null,null,null,null,"",{"$f":"IF(ISNUMBER(F4048),E4048*F4048,\"\")","v":""},null,null,0]
[null,null,"COTOVELO DE COBRE 90 GRAUS (REF 607) SEM ANEL DE SOLDA, BOLSA X BOLSA, 22 MM","UN",1,12.359499999999999,{"$f":"IF(ISNUMBER(F4049),E4049*F4049,\"\")","v":12.359499999999999},{"$f":"SUM(G4049:G4054)","v":18.834443499999999},null,0]
[null,null,"SOLDA ESTANHO/COBRE PARA CONEXOES DE COBRE, FIO 2,5 MM, CARRETEL 500 GR (SEM CHUMBO)","UN",4.7999999999999996E-3,308.35099999999994,{"$f":"IF(ISNUMBER(F4050),E4050*F4050,\"\")","v":1.4800847999999995},null,null,0]
[null,null,"LIXA D'AGUA EM FOLHA, GRAO 100","UN",4.3200000000000002E-2,2.1185,{"$f":"IF(ISNUMBER(F4051),E4051*F4051,\"\")","v":9.1519200000000009E-2},null,null,0]
[null,null,"PASTA PARA SOLDA DE TUBOS E CONEXOES DE COBRE (EMBALAGEM COM 250 G)","UN",6.3E-3,56.524999999999999,{"$f":"IF(ISNUMBER(F4052),E4052*F4052,\"\")","v":0.35610750000000002},null,null,0]
[null,null,"AUXILIAR DE ENCANADOR OU BOMBEIRO HIDRÁULICO COM ENCARGOS COMPLEMENTARES","H",9.6000000000000002E-2,20.909500000000001,{"$f":"IF(ISNUMBER(F4053),E4053*F4053,\"\")","v":2.0073120000000002},null,null,0]
[null,null,"ENCANADOR OU BOMBEIRO HIDRÁULICO COM ENCARGOS COMPLEMENTARES","H",9.6000000000000002E-2,26.4575,{"$f":"IF(ISNUMBER(F4054),E4054*F4054,\"\")","v":2.53992},null,null,0]
[null,null,null,null,null,"",{"$f":"IF(ISNUMBER(F4055),E4055*F4055,\"\")","v":""},null,null,0]
["SF-01092",{"$f":"INDEX(Orçamentária!A:B,MATCH(Composições!A4056,Orçamentária!A:A,0),2)","v":"Luva de cobre de 1 3/8”"},null,"un",null,"",{"$f":"IF(ISNUMBER(F4056),E4056*F4056,\"\")","v":""},null,null,0]
[null,null,null,null,null,"",{"$f":"IF(ISNUMBER(F4057),E4057*F4057,\"\")","v":""},null,null,0]
[null,null,"LUVA DE COBRE (REF 600) SEM ANEL DE SOLDA, BOLSA X BOLSA, 35 MM","UN",1,25.934999999999999,{"$f":"IF(ISNUMBER(F4058),E4058*F4058,\"\")","v":25.934999999999999},{"$f":"SUM(G4058:G4063)","v":33.477120300000003},null,0]
[null,null,"SOLDA ESTANHO/COBRE PARA CONEXOES DE COBRE, FIO 2,5 MM, CARRETEL 500 GR (SEM CHUMBO)","UN",8.3999999999999995E-3,308.35099999999994,{"$f":"IF(ISNUMBER(F4059),E4059*F4059,\"\")","v":2.5901483999999995},null,null,0]
[null,null,"LIXA D'AGUA EM FOLHA, GRAO 100","UN",5.9400000000000001E-2,2.1185,{"$f":"IF(ISNUMBER(F4060),E4060*F4060,\"\")","v":0.1258389},null,null,0]
[null,null,"PASTA PARA SOLDA DE TUBOS E CONEXOES DE COBRE (EMBALAGEM COM 250 G)","UN",1.0800000000000001E-2,56.524999999999999,{"$f":"IF(ISNUMBER(F4061),E4061*F4061,\"\")","v":0.61047000000000007},null,null,0]
[null,null,"AUXILIAR DE ENCANADOR OU BOMBEIRO HIDRÁULICO COM ENCARGOS COMPLEMENTARES","H",8.8999999999999996E-2,20.909500000000001,{"$f":"IF(ISNUMBER(F4062),E4062*F4062,\"\")","v":1.8609454999999999},null,null,0]
[null,null,"ENCANADOR OU BOMBEIRO HIDRÁULICO COM ENCARGOS COMPLEMENTARES","H",8.8999999999999996E-2,26.4575,{"$f":"IF(ISNUMBER(F4063),E4063*F4063,\"\")","v":2.3547175},null,null,0]
[null,null,null,null,null,"",{"$f":"IF(ISNUMBER(F4064),E4064*F4064,\"\")","v":""},null,null,0]
["SF-01093",{"$f":"INDEX(Orçamentária!A:B,MATCH(Composições!A4065,Orçamentária!A:A,0),2)","v":"Luva de cobre de 1 5/8”"},null,"un",null,"",{"$f":"IF(ISNUMBER(F4065),E4065*F4065,\"\")","v":""},null,null,0]
[null,null,null,null,null,"",{"$f":"IF(ISNUMBER(F4066),E4066*F4066,\"\")","v":""},null,null,0]
[null,null,"LUVA DE COBRE (REF 600) SEM ANEL DE SOLDA, BOLSA X BOLSA, 42 MM","UN",1,32.888999999999996,{"$f":"IF(ISNUMBER(F4067),E4067*F4067,\"\")","v":32.888999999999996},{"$f":"SUM(G4067:G4072)","v":44.636013149999997},null,0]
[null,null,"SOLDA ESTANHO/COBRE PARA CONEXOES DE COBRE, FIO 2,5 MM, CARRETEL 500 GR (SEM CHUMBO)","UN",1.7600000000000001E-2,308.35099999999994,{"$f":"IF(ISNUMBER(F4068),E4068*F4068,\"\")","v":5.426977599999999},null,null,0]
[null,null,"LIXA D'AGUA EM FOLHA, GRAO 100","UN",6.93E-2,2.1185,{"$f":"IF(ISNUMBER(F4069),E4069*F4069,\"\")","v":0.14681205},null,null,0]
[null,null,"PASTA PARA SOLDA DE TUBOS E CONEXOES DE COBRE (EMBALAGEM COM 250 G)","UN",2.29E-2,56.524999999999999,{"$f":"IF(ISNUMBER(F4070),E4070*F4070,\"\")","v":1.2944225},null,null,0]
[null,null,"AUXILIAR DE ENCANADOR OU BOMBEIRO HIDRÁULICO COM ENCARGOS COMPLEMENTARES","H",0.10299999999999999,20.909500000000001,{"$f":"IF(ISNUMBER(F4071),E4071*F4071,\"\")","v":2.1536784999999998},null,null,0]
[null,null,"ENCANADOR OU BOMBEIRO HIDRÁULICO COM ENCARGOS COMPLEMENTARES","H",0.10299999999999999,26.4575,{"$f":"IF(ISNUMBER(F4072),E4072*F4072,\"\")","v":2.7251224999999999},null,null,0]
[null,null,null,null,null,"",{"$f":"IF(ISNUMBER(F4073),E4073*F4073,\"\")","v":""},null,null,0]
["SF-01094",{"$f":"INDEX(Orçamentária!A:B,MATCH(Composições!A4074,Orçamentária!A:A,0),2)","v":"Luva de cobre de 7/8”"},null,"un",null,"",{"$f":"IF(ISNUMBER(F4074),E4074*F4074,\"\")","v":""},null,null,0]
[null,null,null,null,null,"",{"$f":"IF(ISNUMBER(F4075),E4075*F4075,\"\")","v":""},null,null,0]
[null,null,"LUVA DE COBRE (REF 600) SEM ANEL DE SOLDA, BOLSA X BOLSA, 22 MM","UN",1,5.8519999999999994,{"$f":"IF(ISNUMBER(F4076),E4076*F4076,\"\")","v":5.8519999999999994},{"$f":"SUM(G4076:G4081)","v":10.811199499999999},null,0]
[null,null,"SOLDA ESTANHO/COBRE PARA CONEXOES DE COBRE, FIO 2,5 MM, CARRETEL 500 GR (SEM CHUMBO)","UN",4.7999999999999996E-3,308.35099999999994,{"$f":"IF(ISNUMBER(F4077),E4077*F4077,\"\")","v":1.4800847999999995},null,null,0]
[null,null,"LIXA D'AGUA EM FOLHA, GRAO 100","UN",4.3200000000000002E-2,2.1185,{"$f":"IF(ISNUMBER(F4078),E4078*F4078,\"\")","v":9.1519200000000009E-2},null,null,0]
[null,null,"PASTA PARA SOLDA DE TUBOS E CONEXOES DE COBRE (EMBALAGEM COM 250 G)","UN",6.3E-3,56.524999999999999,{"$f":"IF(ISNUMBER(F4079),E4079*F4079,\"\")","v":0.35610750000000002},null,null,0]
[null,null,"AUXILIAR DE ENCANADOR OU BOMBEIRO HIDRÁULICO COM ENCARGOS COMPLEMENTARES","H",6.4000000000000001E-2,20.909500000000001,{"$f":"IF(ISNUMBER(F4080),E4080*F4080,\"\")","v":1.3382080000000001},null,null,0]
[null,null,"ENCANADOR OU BOMBEIRO HIDRÁULICO COM ENCARGOS COMPLEMENTARES","H",6.4000000000000001E-2,26.4575,{"$f":"IF(ISNUMBER(F4081),E4081*F4081,\"\")","v":1.6932800000000001},null,null,0]
[null,null,null,null,null,"",{"$f":"IF(ISNUMBER(F4082),E4082*F4082,\"\")","v":""},null,null,0]
["SF-01097",{"$f":"INDEX(Orçamentária!A:B,MATCH(Composições!A4083,Orçamentária!A:A,0),2)","v":"Tubo de cobre de 1 3/8”"},null,"m",null,"",{"$f":"IF(ISNUMBER(F4083),E4083*F4083,\"\")","v":""},null,null,0]
[null,null,null,null,null,"",{"$f":"IF(ISNUMBER(F4084),E4084*F4084,\"\")","v":""},null,null,0]
[null,null,"TUBO DE COBRE CLASSE \"A\", DN = 1 1/4 \" (35 MM), PARA INSTALACOES DE MEDIA PRESSAO PARA GASES COMBUSTIVEIS E MEDICINAIS","M",1.0210999999999999,156.97800000000001,{"$f":"IF(ISNUMBER(F4085),E4085*F4085,\"\")","v":160.2902358},{"$f":"SUM(G4085:G4087)","v":163.41645780000002},null,0]
[null,null,"AUXILIAR DE ENCANADOR OU BOMBEIRO HIDRÁULICO COM ENCARGOS COMPLEMENTARES","H",6.6000000000000003E-2,20.909500000000001,{"$f":"IF(ISNUMBER(F4086),E4086*F4086,\"\")","v":1.3800270000000001},null,null,0]
[null,null,"ENCANADOR OU BOMBEIRO HIDRÁULICO COM ENCARGOS COMPLEMENTARES","H",6.6000000000000003E-2,26.4575,{"$f":"IF(ISNUMBER(F4087),E4087*F4087,\"\")","v":1.7461950000000002},null,null,0]
[null,null,null,null,null,"",{"$f":"IF(ISNUMBER(F4088),E4088*F4088,\"\")","v":""},null,null,0]
["SF-01098",{"$f":"INDEX(Orçamentária!A:B,MATCH(Composições!A4089,Orçamentária!A:A,0),2)","v":"Tubo de cobre de 1 5/8”"},null,"m",null,"",{"$f":"IF(ISNUMBER(F4089),E4089*F4089,\"\")","v":""},null,null,0]
[null,null,null,null,null,"",{"$f":"IF(ISNUMBER(F4090),E4090*F4090,\"\")","v":""},null,null,0]
[null,null,"TUBO DE COBRE CLASSE \"A\", DN = 1 1/2 \" (42 MM), PARA INSTALACOES DE MEDIA PRESSAO PARA GASES COMBUSTIVEIS E MEDICINAIS","M",1.0210999999999999,188.86949999999999,{"$f":"IF(ISNUMBER(F4091),E4091*F4091,\"\")","v":192.85464644999996},{"$f":"SUM(G4091:G4093)","v":196.45453844999997},null,0]
[null,null,"AUXILIAR DE ENCANADOR OU BOMBEIRO HIDRÁULICO COM ENCARGOS COMPLEMENTARES","H",7.5999999999999998E-2,20.909500000000001,{"$f":"IF(ISNUMBER(F4092),E4092*F4092,\"\")","v":1.5891220000000001},null,null,0]
[null,null,"ENCANADOR OU BOMBEIRO HIDRÁULICO COM ENCARGOS COMPLEMENTARES","H",7.5999999999999998E-2,26.4575,{"$f":"IF(ISNUMBER(F4093),E4093*F4093,\"\")","v":2.0107699999999999},null,null,0]
[null,null,null,null,null,"",{"$f":"IF(ISNUMBER(F4094),E4094*F4094,\"\")","v":""},null,null,0]
["SF-01101",{"$f":"INDEX(Orçamentária!A:B,MATCH(Composições!A4095,Orçamentária!A:A,0),2)","v":"Eletroduto flexível metálico com capa de PVC 1 1/2\""},null,"m",null,"",{"$f":"IF(ISNUMBER(F4095),E4095*F4095,\"\")","v":""},null,null,0]
[null,null,null,null,null,"",{"$f":"IF(ISNUMBER(F4096),E4096*F4096,\"\")","v":""},null,null,0]
[null,null,"ELETRODUTO FLEXIVEL, EM ACO GALVANIZADO, REVESTIDO EXTERNAMENTE COM PVC PRETO, DIAMETRO EXTERNO DE 50 MM( 1 1/2\"), TIPO SEALTUBO","M",1.1000000000000001,26.847000000000001,{"$f":"IF(ISNUMBER(F4097),E4097*F4097,\"\")","v":29.531700000000004},{"$f":"SUM(G4097:G4100)","v":35.977944000000001},null,0]
[null,null,"ARAME RECOZIDO 16 BWG, D = 1,65 MM (0,016 KG/M) OU 18 BWG, D = 1,25 MM (0,01 KG/M)","KG",2.3E-3,22.61,{"$f":"IF(ISNUMBER(F4098),E4098*F4098,\"\")","v":5.2003000000000001E-2},null,null,0]
[null,null,"AUXILIAR DE ELETRICISTA COM ENCARGOS COMPLEMENTARES","H",0.13100000000000001,21.337,{"$f":"IF(ISNUMBER(F4099),E4099*F4099,\"\")","v":2.795147},null,null,0]
[null,null,"ELETRICISTA COM ENCARGOS COMPLEMENTARES","H",0.13100000000000001,27.474,{"$f":"IF(ISNUMBER(F4100),E4100*F4100,\"\")","v":3.599094},null,null,0]
[null,null,null,null,null,"",{"$f":"IF(ISNUMBER(F4101),E4101*F4101,\"\")","v":""},null,null,0]
["SF-01102",{"$f":"INDEX(Orçamentária!A:B,MATCH(Composições!A4102,Orçamentária!A:A,0),2)","v":"Técnico(a) em Edificações - Planejamento de Manutenção"},null,"Profissional",null,"",{"$f":"IF(ISNUMBER(F4102),E4102*F4102,\"\")","v":""},null,null,0]
[null,null,null,null,null,"",{"$f":"IF(ISNUMBER(F4103),E4103*F4103,\"\")","v":""},null,null,0]
[null,null,"TECNICO DE EDIFICACOES COM ENCARGOS COMPLEMENTARES","H",{"$f":"ROUND(1/(1+70.03%),2)","v":0.59},3089.0484999999999,{"$f":"IF(ISNUMBER(F4104),E4104*F4104,\"\")","v":1822.5386149999999},{"$f":"SUM(G4104:G4104)","v":1822.5386149999999},null,0]
[null,null,null,null,null,"",{"$f":"IF(ISNUMBER(F4105),E4105*F4105,\"\")","v":""},null,null,0]
[null,null,"Obs: considerando 220h/mês e encargos sociais indicados na tabela do SINAPI.",null,null,"",{"$f":"IF(ISNUMBER(F4106),E4106*F4106,\"\")","v":""},null,null,0]
[null,null,null,null,null,"",{"$f":"IF(ISNUMBER(F4107),E4107*F4107,\"\")","v":""},null,null,0]
["SF-01104",{"$f":"INDEX(Orçamentária!A:B,MATCH(Composições!A4108,Orçamentária!A:A,0),2)","v":"Projeto de Impermeabilização"},null,"m2",null,"",{"$f":"IF(ISNUMBER(F4108),E4108*F4108,\"\")","v":""},null,null,0]
[null,null,null,null,null,"",{"$f":"IF(ISNUMBER(F4109),E4109*F4109,\"\")","v":""},null,null,0]
[null,null,"ENGENHEIRO CIVIL PLENO COM ENCARGOS COMPLEMENTARES","H",{"$f":"ROUND(1/10,4)","v":0.1},118.465,{"$f":"IF(ISNUMBER(F4110),E4110*F4110,\"\")","v":11.846500000000001},{"$f":"SUM(G4110:G4110)","v":11.846500000000001},null,0]
[null,null,null,null,null,"",{"$f":"IF(ISNUMBER(F4111),E4111*F4111,\"\")","v":""},null,null,0]
["SF-01105",{"$f":"INDEX(Orçamentária!A:B,MATCH(Composições!A4112,Orçamentária!A:A,0),2)","v":"Laminado decorativo de alta pressão (LDAP)"},null,"m2",null,"",{"$f":"IF(ISNUMBER(F4112),E4112*F4112,\"\")","v":""},null,null,0]
[null,null,null,null,null,"",{"$f":"IF(ISNUMBER(F4113),E4113*F4113,\"\")","v":""},null,null,0]
[null,null,"Servente com Encargos Complementares","h",0.18,20.225499999999997,{"$f":"IF(ISNUMBER(F4114),E4114*F4114,\"\")","v":3.6405899999999991},{"$f":"SUM(G4114:G4117)","v":54.993600000000001},null,0]
[null,null,"TAQUEADOR OU TAQUEIRO COM ENCARGOS COMPLEMENTARES","h",0.18,26.799499999999998,{"$f":"IF(ISNUMBER(F4115),E4115*F4115,\"\")","v":4.8239099999999997},null,null,0]
[null,null,"Cola a base de resina sintetica para chapa de laminado melaminico","kg",0.9,51.698999999999998,{"$f":"IF(ISNUMBER(F4116),E4116*F4116,\"\")","v":46.5291},null,null,0]
[null,null,"Laminado melamínico texturizado esp. 1,3 mm","m2",1.05,0,{"$f":"IF(ISNUMBER(F4117),E4117*F4117,\"\")","v":0},null,null,0]
[null,null,null,null,null,"",{"$f":"IF(ISNUMBER(F4118),E4118*F4118,\"\")","v":""},null,null,0]
["SF-01106",{"$f":"INDEX(Orçamentária!A:B,MATCH(Composições!A4119,Orçamentária!A:A,0),2)","v":"Granito Preto Absoluto para revestimento de superfícies internas e externas – Linha Administrativa"},null,"m2",null,"",{"$f":"IF(ISNUMBER(F4119),E4119*F4119,\"\")","v":""},null,null,0]
[null,null,null,null,null,"",{"$f":"IF(ISNUMBER(F4120),E4120*F4120,\"\")","v":""},null,null,0]
[null,null,"Argamassa colante tipo AC III","kg",8.6199999999999992,1.748,{"$f":"IF(ISNUMBER(F4121),E4121*F4121,\"\")","v":15.067759999999998},{"$f":"SUM(G4121:G4125)","v":59.669822999999994},null,0]
[null,null,"Marmorista/graniteiro com encargos complementares","h",1.1879999999999999,27.036999999999999,{"$f":"IF(ISNUMBER(F4122),E4122*F4122,\"\")","v":32.119955999999995},null,null,0]
[null,null,"Servente com Encargos Complementares","h",0.59399999999999997,20.225499999999997,{"$f":"IF(ISNUMBER(F4123),E4123*F4123,\"\")","v":12.013946999999998},null,null,0]
[null,null,"Rejunte cimenticio, qualquer cor","kg",0.14000000000000001,3.3439999999999999,{"$f":"IF(ISNUMBER(F4124),E4124*F4124,\"\")","v":0.46816000000000002},null,null,0]
[null,null,"Granito Preto Absoluto, com 20 mm de espessura","m2",1.1599999999999999,"",{"$f":"IF(ISNUMBER(F4125),E4125*F4125,\"\")","v":""},null,null,0]
[null,null,null,null,null,"",{"$f":"IF(ISNUMBER(F4126),E4126*F4126,\"\")","v":""},null,null,0]
["SF-01107",{"$f":"INDEX(Orçamentária!A:B,MATCH(Composições!A4127,Orçamentária!A:A,0),2)","v":"Granito Arabesco para revestimento de superfícies internas e externas – Linha Administrativa"},null,"m2",null,"",{"$f":"IF(ISNUMBER(F4127),E4127*F4127,\"\")","v":""},null,null,0]
[null,null,null,null,null,"",{"$f":"IF(ISNUMBER(F4128),E4128*F4128,\"\")","v":""},null,null,0]
[null,null,"Argamassa colante tipo AC III","kg",8.6199999999999992,1.748,{"$f":"IF(ISNUMBER(F4129),E4129*F4129,\"\")","v":15.067759999999998},{"$f":"SUM(G4129:G4133)","v":59.669822999999994},null,0]
[null,null,"Marmorista/graniteiro com encargos complementares","h",1.1879999999999999,27.036999999999999,{"$f":"IF(ISNUMBER(F4130),E4130*F4130,\"\")","v":32.119955999999995},null,null,0]
[null,null,"Servente com Encargos Complementares","h",0.59399999999999997,20.225499999999997,{"$f":"IF(ISNUMBER(F4131),E4131*F4131,\"\")","v":12.013946999999998},null,null,0]
[null,null,"Rejunte cimenticio, qualquer cor","kg",0.14000000000000001,3.3439999999999999,{"$f":"IF(ISNUMBER(F4132),E4132*F4132,\"\")","v":0.46816000000000002},null,null,0]
[null,null,"Granito Arabesco, com 20 mm de espessura","m2",1.1599999999999999,"",{"$f":"IF(ISNUMBER(F4133),E4133*F4133,\"\")","v":""},null,null,0]
[null,null,null,null,null,"",{"$f":"IF(ISNUMBER(F4134),E4134*F4134,\"\")","v":""},null,null,0]
["SF-01108",{"$f":"INDEX(Orçamentária!A:B,MATCH(Composições!A4135,Orçamentária!A:A,0),2)","v":"Porcelanato para revestimento de superfícies internas e externas – Linha Residencial"},null,"m2",null,"",{"$f":"IF(ISNUMBER(F4135),E4135*F4135,\"\")","v":""},null,null,0]
[null,null,null,null,null,"",{"$f":"IF(ISNUMBER(F4136),E4136*F4136,\"\")","v":""},null,null,0]
[null,null,"PISO EM PORCELANATO RETIFICADO EXTRA, FORMATO MENOR OU IGUAL A 2025 CM2","M2",1.07,75.885999999999996,{"$f":"IF(ISNUMBER(F4137),E4137*F4137,\"\")","v":81.19802},{"$f":"SUM(G4137:G4141)","v":118.617285},null,0]
[null,null,"Rejunte cimenticio, qualquer cor","KG",0.24,3.3439999999999999,{"$f":"IF(ISNUMBER(F4138),E4138*F4138,\"\")","v":0.80255999999999994},null,null,0]
[null,null,"Argamassa colante tipo AC III","KG",8.6199999999999992,1.748,{"$f":"IF(ISNUMBER(F4139),E4139*F4139,\"\")","v":15.067759999999998},null,null,0]
[null,null,"AZULEJISTA OU LADRILHISTA COM ENCARGOS COMPLEMENTARES","H",0.61,27.036999999999999,{"$f":"IF(ISNUMBER(F4140),E4140*F4140,\"\")","v":16.492570000000001},null,null,0]
[null,null,"SERVENTE COM ENCARGOS COMPLEMENTARES","H",0.25,20.225499999999997,{"$f":"IF(ISNUMBER(F4141),E4141*F4141,\"\")","v":5.0563749999999992},null,null,0]
[null,null,null,null,null,"",{"$f":"IF(ISNUMBER(F4142),E4142*F4142,\"\")","v":""},null,null,0]
["SF-01109",{"$f":"INDEX(Orçamentária!A:B,MATCH(Composições!A4143,Orçamentária!A:A,0),2)","v":"Granitina para revestimento de pisos"},null,"m2",null,"",{"$f":"IF(ISNUMBER(F4143),E4143*F4143,\"\")","v":""},null,null,0]
[null,null,null,null,null,"",{"$f":"IF(ISNUMBER(F4144),E4144*F4144,\"\")","v":""},null,null,0]
[null,null,"PISO EM GRANILITE, MARMORITE OU GRANITINA, AGREGADO COR PRETO, CINZA, PALHA OU BRANCO, E= *8* MM (INCLUSO EXECUCAO)","M2",1,114,{"$f":"IF(ISNUMBER(F4145),E4145*F4145,\"\")","v":114},{"$f":"SUM(G4145:G4145)","v":114},null,0]
[null,null,null,null,null,"",{"$f":"IF(ISNUMBER(F4146),E4146*F4146,\"\")","v":""},null,null,0]
["SF-01110",{"$f":"INDEX(Orçamentária!A:B,MATCH(Composições!A4147,Orçamentária!A:A,0),2)","v":"Piso vinílico flexível em manta"},null,"m2",null,"",{"$f":"IF(ISNUMBER(F4147),E4147*F4147,\"\")","v":""},null,null,0]
[null,null,null,null,null,"",{"$f":"IF(ISNUMBER(F4148),E4148*F4148,\"\")","v":""},null,null,0]
[null,null,"Piso vinílico em manta esp. 2 mm","m2",1.05,"",{"$f":"IF(ISNUMBER(F4149),E4149*F4149,\"\")","v":""},{"$f":"SUM(G4149:G4153)","v":28.099574999999994},null,0]
[null,null,"Argamassa autonivelante para preparação/regularização de contrapiso","kg",1.7,"",{"$f":"IF(ISNUMBER(F4150),E4150*F4150,\"\")","v":""},null,null,0]
[null,null,"ADESIVO ACRILICO DE BASE AQUOSA / COLA DE CONTATO","kg",0.35,48.335999999999999,{"$f":"IF(ISNUMBER(F4151),E4151*F4151,\"\")","v":16.917599999999997},null,null,0]
[null,null,"Pedreiro com Encargos Complementares","h",{"$f":"0.15*2","v":0.3},27.160499999999999,{"$f":"IF(ISNUMBER(F4152),E4152*F4152,\"\")","v":8.1481499999999993},null,null,0]
[null,null,"Servente com Encargos Complementares","h",0.15,20.225499999999997,{"$f":"IF(ISNUMBER(F4153),E4153*F4153,\"\")","v":3.0338249999999993},null,null,0]
[null,null,null,null,null,"",{"$f":"IF(ISNUMBER(F4154),E4154*F4154,\"\")","v":""},null,null,0]
["SF-01111",{"$f":"INDEX(Orçamentária!A:B,MATCH(Composições!A4155,Orçamentária!A:A,0),2)","v":"Tratamento de juntas de dilatação ou movimentação"},null,"m",null,"",{"$f":"IF(ISNUMBER(F4155),E4155*F4155,\"\")","v":""},null,null,0]
[null,null,null,null,null,"",{"$f":"IF(ISNUMBER(F4156),E4156*F4156,\"\")","v":""},null,null,0]
[null,null,"Pedreiro com Encargos Complementares","h",0.35,27.160499999999999,{"$f":"IF(ISNUMBER(F4157),E4157*F4157,\"\")","v":9.5061749999999989},{"$f":"SUM(G4157:G4161)","v":72.019120000000001},null,0]
[null,null,"Servente com Encargos Complementares","h",0.35,20.225499999999997,{"$f":"IF(ISNUMBER(F4158),E4158*F4158,\"\")","v":7.0789249999999981},null,null,0]
[null,null,"SELANTE MONOCOMPONENTE A BASE DE SILICONE DE BAIXO MODULO, PARA JUNTAS DE PAVIMENTACAO","L",0.2,181.90599999999998,{"$f":"IF(ISNUMBER(F4159),E4159*F4159,\"\")","v":36.3812},null,null,0]
[null,null,"Corpo de apoio em polietileno para aplicação de mástiques em juntas","m",1,0,{"$f":"IF(ISNUMBER(F4160),E4160*F4160,\"\")","v":0},null,null,0]
[null,null,"ADESIVO ESTRUTURAL A BASE DE RESINA EPOXI, BICOMPONENTE, PASTOSO (TIXOTROPICO)","kg",{"$f":"1.8*1*(0.01+0.01)*10","v":0.36000000000000004},52.924500000000002,{"$f":"IF(ISNUMBER(F4161),E4161*F4161,\"\")","v":19.052820000000004},null,null,0]
[null,null,null,null,null,"",null,null,null,0]
[null,null,"Obs 1: Considerando consumo do adesivo estrutural 1,8 kg / m² / mm.",null,null,"",null,null,null,0]
[null,null,"Obs 2: Considerando consumo do selante 100 ml / cm de espessura.",null,null,"",null,null,null,0]
[null,null,null,null,null,"",{"$f":"IF(ISNUMBER(F4165),E4165*F4165,\"\")","v":""},null,null,0]
["SF-01112",{"$f":"INDEX(Orçamentária!A:B,MATCH(Composições!A4166,Orçamentária!A:A,0),2)","v":"Recuperação superficial de preparação para pintura epóxi de alto desempenho"},null,"m2",null,"",{"$f":"IF(ISNUMBER(F4166),E4166*F4166,\"\")","v":""},null,null,0]
[null,null,null,null,null,"",{"$f":"IF(ISNUMBER(F4167),E4167*F4167,\"\")","v":""},null,null,0]
[null,null,"Pedreiro com Encargos Complementares","h",0.3,27.160499999999999,{"$f":"IF(ISNUMBER(F4168),E4168*F4168,\"\")","v":8.1481499999999993},{"$f":"SUM(G4168:G4173)","v":19.747174999999999},null,0]
[null,null,"Servente com Encargos Complementares","h",{"$f":"0.3+0.25","v":0.55000000000000004},20.225499999999997,{"$f":"IF(ISNUMBER(F4169),E4169*F4169,\"\")","v":11.124025},null,null,0]
[null,null,"Massa rápida para recuperação","kg",5,"",{"$f":"IF(ISNUMBER(F4170),E4170*F4170,\"\")","v":""},null,null,0]
[null,null,"Argamassa para recuperação","kg",0.5,"",{"$f":"IF(ISNUMBER(F4171),E4171*F4171,\"\")","v":""},null,null,0]
[null,null,"Primer à base de resina acrílica","kg",0.1,"",{"$f":"IF(ISNUMBER(F4172),E4172*F4172,\"\")","v":""},null,null,0]
[null,null,"Lixa grana 100 para superfície metálica","UN",0.5,0.95,{"$f":"IF(ISNUMBER(F4173),E4173*F4173,\"\")","v":0.47499999999999998},null,null,0]
[null,null,null,null,null,"",{"$f":"IF(ISNUMBER(F4174),E4174*F4174,\"\")","v":""},null,null,0]
[null,null,"Fonte: Pini 20.105.000010.SER e Pini 20.105.000015.SER",null,null,"",{"$f":"IF(ISNUMBER(F4175),E4175*F4175,\"\")","v":""},null,null,0]
[null,null,null,null,null,"",{"$f":"IF(ISNUMBER(F4176),E4176*F4176,\"\")","v":""},null,null,0]
["SF-01113",{"$f":"INDEX(Orçamentária!A:B,MATCH(Composições!A4177,Orçamentária!A:A,0),2)","v":"Lixamento, calafetação e aplicação de sinteco em piso de madeira – Linha Residencial"},null,"m2",null,"",{"$f":"IF(ISNUMBER(F4177),E4177*F4177,\"\")","v":""},null,null,0]
[null,null,null,null,null,"",{"$f":"IF(ISNUMBER(F4178),E4178*F4178,\"\")","v":""},null,null,0]
[null,null,"Raspagem, calafetagem, aplicação de synteko alto brilho em piso de madeira","m2",1,0,{"$f":"IF(ISNUMBER(F4179),E4179*F4179,\"\")","v":0},{"$f":"SUM(G4179:G4179)","v":0},null,0]
[null,null,null,null,null,"",{"$f":"IF(ISNUMBER(F4180),E4180*F4180,\"\")","v":""},null,null,0]
["SF-01114",{"$f":"INDEX(Orçamentária!A:B,MATCH(Composições!A4181,Orçamentária!A:A,0),2)","v":"Piso em taco de madeira – Linha Residencial"},null,"m2",null,"",{"$f":"IF(ISNUMBER(F4181),E4181*F4181,\"\")","v":""},null,null,0]
[null,null,null,null,null,"",{"$f":"IF(ISNUMBER(F4182),E4182*F4182,\"\")","v":""},null,null,0]
[null,null,"TACO DE MADEIRA PARA PISO, IPE (CERNE) OU EQUIVALENTE DA REGIAO, 7 X 42 CM, E = 2 CM","M2",1.05,179.1985,{"$f":"IF(ISNUMBER(F4183),E4183*F4183,\"\")","v":188.15842499999999},{"$f":"SUM(G4183:G4186)","v":233.56639200000001},null,0]
[null,null,"COLA BRANCA BASE PVA","kg",0.57499999999999996,43.6905,{"$f":"IF(ISNUMBER(F4184),E4184*F4184,\"\")","v":25.122037499999998},null,null,0]
[null,null,"SERVENTE COM ENCARGOS COMPLEMENTARES","H",0.2399,20.225499999999997,{"$f":"IF(ISNUMBER(F4185),E4185*F4185,\"\")","v":4.8520974499999996},null,null,0]
[null,null,"TAQUEADOR OU TAQUEIRO COM ENCARGOS COMPLEMENTARES","H",0.57589999999999997,26.799499999999998,{"$f":"IF(ISNUMBER(F4186),E4186*F4186,\"\")","v":15.433832049999998},null,null,0]
[null,null,null,null,null,"",{"$f":"IF(ISNUMBER(F4187),E4187*F4187,\"\")","v":""},null,null,0]
["SF-01115",{"$f":"INDEX(Orçamentária!A:B,MATCH(Composições!A4188,Orçamentária!A:A,0),2)","v":"Piso de borracha antiderrapante tipo moeda"},null,"m2",null,"",{"$f":"IF(ISNUMBER(F4188),E4188*F4188,\"\")","v":""},null,null,0]
[null,null,null,null,null,"",{"$f":"IF(ISNUMBER(F4189),E4189*F4189,\"\")","v":""},null,null,0]
[null,null,"ADESIVO ACRILICO DE BASE AQUOSA / COLA DE CONTATO","KG",0.56369999999999998,48.335999999999999,{"$f":"IF(ISNUMBER(F4190),E4190*F4190,\"\")","v":27.247003199999998},{"$f":"SUM(G4190:G4193)","v":94.485019249999993},null,0]
[null,null,"PISO DE BORRACHA PASTILHADO EM PLACAS 50 X 50 CM, E = *3,5* MM, PARA COLA, PRETO","M2",1.06,47.195999999999998,{"$f":"IF(ISNUMBER(F4191),E4191*F4191,\"\")","v":50.027760000000001},null,null,0]
[null,null,"PEDREIRO COM ENCARGOS COMPLEMENTARES","H",0.48359999999999997,27.160499999999999,{"$f":"IF(ISNUMBER(F4192),E4192*F4192,\"\")","v":13.134817799999999},null,null,0]
[null,null,"SERVENTE COM ENCARGOS COMPLEMENTARES","H",0.20150000000000001,20.225499999999997,{"$f":"IF(ISNUMBER(F4193),E4193*F4193,\"\")","v":4.0754382499999995},null,null,0]
[null,null,null,null,null,"",{"$f":"IF(ISNUMBER(F4194),E4194*F4194,\"\")","v":""},null,null,0]
["SF-01116",{"$f":"INDEX(Orçamentária!A:B,MATCH(Composições!A4195,Orçamentária!A:A,0),2)","v":"Piso sintético flutuante – Linha Residencial"},null,"m2",null,"",{"$f":"IF(ISNUMBER(F4195),E4195*F4195,\"\")","v":""},null,null,0]
[null,null,null,null,null,"",{"$f":"IF(ISNUMBER(F4196),E4196*F4196,\"\")","v":""},null,null,0]
[null,null,"Piso sintético flutuante, laminado de alta resistência, superfície em overlay, substrato HDF-H, painel de fibras de madeira de alta densidade, e = 7 cm","M2",1.05,"",{"$f":"IF(ISNUMBER(F4197),E4197*F4197,\"\")","v":""},{"$f":"SUM(G4197:G4199)","v":15.655779884999998},null,0]
[null,null,"SERVENTE COM ENCARGOS COMPLEMENTARES","H",0.2399,20.225499999999997,{"$f":"IF(ISNUMBER(F4198),E4198*F4198,\"\")","v":4.8520974499999996},null,null,0]
[null,null,"TAQUEADOR OU TAQUEIRO COM ENCARGOS COMPLEMENTARES","H",{"$f":"0.5759*0.7","v":0.40312999999999993},26.799499999999998,{"$f":"IF(ISNUMBER(F4199),E4199*F4199,\"\")","v":10.803682434999997},null,null,0]
[null,null,null,null,null,"",{"$f":"IF(ISNUMBER(F4200),E4200*F4200,\"\")","v":""},null,null,0]
["SF-01117",{"$f":"INDEX(Orçamentária!A:B,MATCH(Composições!A4201,Orçamentária!A:A,0),2)","v":"Revestimento acústico perfilado – Linha Administrativa"},null,"m2",null,"",{"$f":"IF(ISNUMBER(F4201),E4201*F4201,\"\")","v":""},null,null,0]
[null,null,null,null,null,"",{"$f":"IF(ISNUMBER(F4202),E4202*F4202,\"\")","v":""},null,null,0]
[null,null,"Placa acústica perfilada, semi-rígida, de estrutura micro-celular, com dimensões de 625x625x25 mm, na cor natural (cinza claro)","m2",1.05,"",{"$f":"IF(ISNUMBER(F4203),E4203*F4203,\"\")","v":""},{"$f":"SUM(G4203:G4205)","v":12.237044999999998},null,0]
[null,null,"TAQUEADOR OU TAQUEIRO COM ENCARGOS COMPLEMENTARES","H",0.15,26.799499999999998,{"$f":"IF(ISNUMBER(F4204),E4204*F4204,\"\")","v":4.0199249999999997},null,null,0]
[null,null,"ADESIVO ACRILICO DE BASE AQUOSA / COLA DE CONTATO","kg",0.17,48.335999999999999,{"$f":"IF(ISNUMBER(F4205),E4205*F4205,\"\")","v":8.2171199999999995},null,null,0]
[null,null,null,null,null,"",{"$f":"IF(ISNUMBER(F4206),E4206*F4206,\"\")","v":""},null,null,0]
["SF-01118",{"$f":"INDEX(Orçamentária!A:B,MATCH(Composições!A4207,Orçamentária!A:A,0),2)","v":"Revestimento acústico plano – Linha Administrativa"},null,"m2",null,"",{"$f":"IF(ISNUMBER(F4207),E4207*F4207,\"\")","v":""},null,null,0]
[null,null,null,null,null,"",{"$f":"IF(ISNUMBER(F4208),E4208*F4208,\"\")","v":""},null,null,0]
[null,null,"Placa acústica plana, semi-rígida, de estrutura micro-celular, com dimensões de 625x625x25 mm, na cor natural (cinza claro)","m2",1.05,"",{"$f":"IF(ISNUMBER(F4209),E4209*F4209,\"\")","v":""},{"$f":"SUM(G4209:G4211)","v":12.237044999999998},null,0]
[null,null,"TAQUEADOR OU TAQUEIRO COM ENCARGOS COMPLEMENTARES","H",0.15,26.799499999999998,{"$f":"IF(ISNUMBER(F4210),E4210*F4210,\"\")","v":4.0199249999999997},null,null,0]
[null,null,"ADESIVO ACRILICO DE BASE AQUOSA / COLA DE CONTATO","kg",0.17,48.335999999999999,{"$f":"IF(ISNUMBER(F4211),E4211*F4211,\"\")","v":8.2171199999999995},null,null,0]
[null,null,null,null,null,"",{"$f":"IF(ISNUMBER(F4212),E4212*F4212,\"\")","v":""},null,null,0]
["SF-01119",{"$f":"INDEX(Orçamentária!A:B,MATCH(Composições!A4213,Orçamentária!A:A,0),2)","v":"Forro monolítico de gesso em placas"},null,"m2",null,"",{"$f":"IF(ISNUMBER(F4213),E4213*F4213,\"\")","v":""},null,null,0]
[null,null,null,null,null,"",{"$f":"IF(ISNUMBER(F4214),E4214*F4214,\"\")","v":""},null,null,0]
[null,null,"ARAME GALVANIZADO 18 BWG, D = 1,24MM (0,009 KG/M)","KG",2.5000000000000001E-2,32.252499999999998,{"$f":"IF(ISNUMBER(F4215),E4215*F4215,\"\")","v":0.80631249999999999},{"$f":"SUM(G4215:G4221)","v":42.624777649999999},null,0]
[null,null,"GESSO EM PO PARA REVESTIMENTOS/MOLDURAS/SANCAS E USO GERAL","KG",0.99639999999999995,0.73149999999999993,{"$f":"IF(ISNUMBER(F4216),E4216*F4216,\"\")","v":0.72886659999999992},null,null,0]
[null,null,"PLACA DE GESSO PARA FORRO, *60 X 60* CM, ESPESSURA DE 12 MM (SEM COLOCACAO)","M2",1.0293000000000001,10.222,{"$f":"IF(ISNUMBER(F4217),E4217*F4217,\"\")","v":10.5215046},null,null,0]
[null,null,"SISAL EM FIBRA / ESTOPA SISAL PARA GESSO","KG",7.7999999999999996E-3,19,{"$f":"IF(ISNUMBER(F4218),E4218*F4218,\"\")","v":0.1482},null,null,0]
[null,null,"PARAFUSO ZINCADO, AUTOBROCANTE, FLANGEADO, 4,2 MM X 19 MM","CENTO",3.0800000000000001E-2,27.587999999999997,{"$f":"IF(ISNUMBER(F4219),E4219*F4219,\"\")","v":0.84971039999999998},null,null,0]
[null,null,"GESSEIRO COM ENCARGOS COMPLEMENTARES","H",0.7974,26.970499999999998,{"$f":"IF(ISNUMBER(F4220),E4220*F4220,\"\")","v":21.506276699999997},null,null,0]
[null,null,"SERVENTE COM ENCARGOS COMPLEMENTARES","H",0.3987,20.225499999999997,{"$f":"IF(ISNUMBER(F4221),E4221*F4221,\"\")","v":8.0639068499999986},null,null,0]
[null,null,null,null,null,"",{"$f":"IF(ISNUMBER(F4222),E4222*F4222,\"\")","v":""},null,null,0]
["SF-01120",{"$f":"INDEX(Orçamentária!A:B,MATCH(Composições!A4223,Orçamentária!A:A,0),2)","v":"Textura acrílica – Linha Administrativa"},null,"m2",null,"",{"$f":"IF(ISNUMBER(F4223),E4223*F4223,\"\")","v":""},null,null,0]
[null,null,null,null,null,"",{"$f":"IF(ISNUMBER(F4224),E4224*F4224,\"\")","v":""},null,null,0]
[null,null,"MASSA PREMIUM PARA TEXTURA LISA DE BASE ACRILICA, USO INTERNO E EXTERNO","KG",1.1399999999999999,6.4694999999999991,{"$f":"IF(ISNUMBER(F4225),E4225*F4225,\"\")","v":7.3752299999999984},{"$f":"SUM(G4225:G4227)","v":14.094855499999996},null,0]
[null,null,"PINTOR COM ENCARGOS COMPLEMENTARES","H",0.188,28.319499999999998,{"$f":"IF(ISNUMBER(F4226),E4226*F4226,\"\")","v":5.3240659999999993},null,null,0]
[null,null,"SERVENTE COM ENCARGOS COMPLEMENTARES","H",6.9000000000000006E-2,20.225499999999997,{"$f":"IF(ISNUMBER(F4227),E4227*F4227,\"\")","v":1.3955594999999998},null,null,0]
[null,null,null,null,null,"",{"$f":"IF(ISNUMBER(F4228),E4228*F4228,\"\")","v":""},null,null,0]
["SF-01121",{"$f":"INDEX(Orçamentária!A:B,MATCH(Composições!A4229,Orçamentária!A:A,0),2)","v":"Pintura com tinta látex acrílica Premium – cores especiais (sistema tintométrico)"},null,"m2",null,"",{"$f":"IF(ISNUMBER(F4229),E4229*F4229,\"\")","v":""},null,null,0]
[null,null,null,null,null,"",{"$f":"IF(ISNUMBER(F4230),E4230*F4230,\"\")","v":""},null,null,0]
[null,null,"TINTA LATEX ACRILICA PREMIUM, COR BRANCO FOSCO","L",{"$f":"ROUND(0.33*1.15,4)","v":0.3795},27.122499999999999,{"$f":"IF(ISNUMBER(F4231),E4231*F4231,\"\")","v":10.292988749999999},{"$f":"SUM(G4231:G4233)","v":16.98429475},null,0]
[null,null,"PINTOR COM ENCARGOS COMPLEMENTARES","H",0.187,28.319499999999998,{"$f":"IF(ISNUMBER(F4232),E4232*F4232,\"\")","v":5.2957464999999999},null,null,0]
[null,null,"SERVENTE COM ENCARGOS COMPLEMENTARES","H",6.9000000000000006E-2,20.225499999999997,{"$f":"IF(ISNUMBER(F4233),E4233*F4233,\"\")","v":1.3955594999999998},null,null,0]
[null,null,null,null,null,"",{"$f":"IF(ISNUMBER(F4234),E4234*F4234,\"\")","v":""},null,null,0]
[null,null,"Obs.: Acréscimo de 15% no coeficiente da tinta para suprir a diferença de preço da tinta branca para as tintas de cores especiais.",null,null,"",{"$f":"IF(ISNUMBER(F4235),E4235*F4235,\"\")","v":""},null,null,0]
[null,null,null,null,null,"",{"$f":"IF(ISNUMBER(F4236),E4236*F4236,\"\")","v":""},null,null,0]
["SF-01123",{"$f":"INDEX(Orçamentária!A:B,MATCH(Composições!A4237,Orçamentária!A:A,0),2)","v":"Pintura com tinta acrílica (pisos)"},null,"m2",null,"",{"$f":"IF(ISNUMBER(F4237),E4237*F4237,\"\")","v":""},null,null,18]
[null,null,null,null,null,"",{"$f":"IF(ISNUMBER(F4238),E4238*F4238,\"\")","v":""},null,null,18]
[null,null,"SELADOR ACRILICO OPACO PREMIUM INTERIOR/EXTERIOR","L",0.16,11.2195,{"$f":"IF(ISNUMBER(F4239),E4239*F4239,\"\")","v":1.79512},{"$f":"SUM(G4239:G4243)","v":19.763942500000002},null,18]
[null,null,"TINTA ACRILICA PREMIUM PARA PISO","L",0.42699999999999999,18.192499999999999,{"$f":"IF(ISNUMBER(F4240),E4240*F4240,\"\")","v":7.7681974999999994},null,null,18]
[null,null,"FITA CREPE ROLO DE 25 MM X 50 M","UN",0.01,8.6829999999999998,{"$f":"IF(ISNUMBER(F4241),E4241*F4241,\"\")","v":8.6830000000000004E-2},null,null,18]
[null,null,"PINTOR COM ENCARGOS COMPLEMENTARES","H",0.27500000000000002,28.319499999999998,{"$f":"IF(ISNUMBER(F4242),E4242*F4242,\"\")","v":7.7878625000000001},null,null,18]
[null,null,"SERVENTE COM ENCARGOS COMPLEMENTARES","H",0.115,20.225499999999997,{"$f":"IF(ISNUMBER(F4243),E4243*F4243,\"\")","v":2.3259324999999995},null,null,18]
[null,null,null,null,null,"",{"$f":"IF(ISNUMBER(F4244),E4244*F4244,\"\")","v":""},null,null,18]
["SF-01124",{"$f":"INDEX(Orçamentária!A:B,MATCH(Composições!A4245,Orçamentária!A:A,0),2)","v":"Pintura com tinta epóxi de alto desempenho (pisos)"},null,"m2",null,"",{"$f":"IF(ISNUMBER(F4245),E4245*F4245,\"\")","v":""},null,null,0]
[null,null,null,null,null,"",{"$f":"IF(ISNUMBER(F4246),E4246*F4246,\"\")","v":""},null,null,0]
[null,null,"DILUENTE EPOXI","L",6.4000000000000001E-2,43.262999999999998,{"$f":"IF(ISNUMBER(F4247),E4247*F4247,\"\")","v":2.7688319999999997},{"$f":"SUM(G4247:G4252)","v":60.611839199999999},null,0]
[null,null,"TINTA EPOXI BASE AGUA PREMIUM, BRANCA","L",0.32200000000000001,76.161500000000004,{"$f":"IF(ISNUMBER(F4248),E4248*F4248,\"\")","v":24.524003},null,null,0]
[null,null,"FITA CREPE ROLO DE 25 MM X 50 M","UN",0.01,8.6829999999999998,{"$f":"IF(ISNUMBER(F4249),E4249*F4249,\"\")","v":8.6830000000000004E-2},null,null,0]
[null,null,"PRIMER EPOXI / EPOXIDICO","L",0.2016,114.67449999999999,{"$f":"IF(ISNUMBER(F4250),E4250*F4250,\"\")","v":23.1183792},null,null,0]
[null,null,"PINTOR COM ENCARGOS COMPLEMENTARES","H",0.27500000000000002,28.319499999999998,{"$f":"IF(ISNUMBER(F4251),E4251*F4251,\"\")","v":7.7878625000000001},null,null,0]
[null,null,"SERVENTE COM ENCARGOS COMPLEMENTARES","H",0.115,20.225499999999997,{"$f":"IF(ISNUMBER(F4252),E4252*F4252,\"\")","v":2.3259324999999995},null,null,0]
[null,null,null,null,null,"",{"$f":"IF(ISNUMBER(F4253),E4253*F4253,\"\")","v":""},null,null,0]
["SF-01125",{"$f":"INDEX(Orçamentária!A:B,MATCH(Composições!A4254,Orçamentária!A:A,0),2)","v":"Verniz de poliuretano sobre pintura epóxi de alto desempenho"},null,"m2",null,"",{"$f":"IF(ISNUMBER(F4254),E4254*F4254,\"\")","v":""},null,null,0]
[null,null,null,null,null,"",{"$f":"IF(ISNUMBER(F4255),E4255*F4255,\"\")","v":""},null,null,0]
[null,null,"SOLVENTE PARA VERNIZ POLIURETANO","L",0.04,0,{"$f":"IF(ISNUMBER(F4256),E4256*F4256,\"\")","v":0},{"$f":"SUM(G4256:G4259)","v":23.14048},null,0]
[null,null,"VERNIZ POLIURETANO ALIFÁTICO BICOMPONENTE","KG",0.36,0,{"$f":"IF(ISNUMBER(F4257),E4257*F4257,\"\")","v":0},null,null,0]
[null,null,"PINTOR COM ENCARGOS COMPLEMENTARES","H",0.66,28.319499999999998,{"$f":"IF(ISNUMBER(F4258),E4258*F4258,\"\")","v":18.69087},null,null,0]
[null,null,"SERVENTE COM ENCARGOS COMPLEMENTARES","H",0.22,20.225499999999997,{"$f":"IF(ISNUMBER(F4259),E4259*F4259,\"\")","v":4.449609999999999},null,null,0]
[null,null,null,null,null,"",{"$f":"IF(ISNUMBER(F4260),E4260*F4260,\"\")","v":""},null,null,0]
["SF-01126",{"$f":"INDEX(Orçamentária!A:B,MATCH(Composições!A4261,Orçamentária!A:A,0),2)","v":"Tratamento antiderrapante em verniz de poliuretano sobre pintura epóxi"},null,"m2",null,"",{"$f":"IF(ISNUMBER(F4261),E4261*F4261,\"\")","v":""},null,null,0]
[null,null,null,null,null,"",{"$f":"IF(ISNUMBER(F4262),E4262*F4262,\"\")","v":""},null,null,0]
[null,null,"Carga inerte para tratamento antiderrapante em piso (ref.: Sikadur 512 ou 515)","KG",2,"",{"$f":"IF(ISNUMBER(F4263),E4263*F4263,\"\")","v":""},{"$f":"SUM(G4263:G4264)","v":1.3955594999999998},null,0]
[null,null,"SERVENTE COM ENCARGOS COMPLEMENTARES","H",6.9000000000000006E-2,20.225499999999997,{"$f":"IF(ISNUMBER(F4264),E4264*F4264,\"\")","v":1.3955594999999998},null,null,0]
[null,null,null,null,null,"",{"$f":"IF(ISNUMBER(F4265),E4265*F4265,\"\")","v":""},null,null,0]
["SF-01127",{"$f":"INDEX(Orçamentária!A:B,MATCH(Composições!A4266,Orçamentária!A:A,0),2)","v":"Pintura para superfícies galvanizadas"},null,"m2",null,"",{"$f":"IF(ISNUMBER(F4266),E4266*F4266,\"\")","v":""},null,null,0]
[null,null,null,null,null,"",{"$f":"IF(ISNUMBER(F4267),E4267*F4267,\"\")","v":""},null,null,0]
[null,null,"DILUENTE AGUARRAS","L",6.1899999999999997E-2,18.980999999999998,{"$f":"IF(ISNUMBER(F4268),E4268*F4268,\"\")","v":1.1749238999999998},{"$f":"SUM(G4268:G4272)","v":33.908676799999995},null,0]
[null,null,"FUNDO ANTICORROSIVO PARA METAIS FERROSOS (ZARCAO)","L",0.20699999999999999,39.814499999999995,{"$f":"IF(ISNUMBER(F4269),E4269*F4269,\"\")","v":8.241601499999998},null,null,0]
[null,null,"PINTOR COM ENCARGOS COMPLEMENTARES","H",0.52659999999999996,28.319499999999998,{"$f":"IF(ISNUMBER(F4270),E4270*F4270,\"\")","v":14.913048699999997},null,null,0]
[null,null,"LIXA EM FOLHA PARA FERRO, NUMERO 150","UN",0.3,3.7429999999999999,{"$f":"IF(ISNUMBER(F4271),E4271*F4271,\"\")","v":1.1229},null,null,0]
[null,null,"PINTOR COM ENCARGOS COMPLEMENTARES","H",0.29859999999999998,28.319499999999998,{"$f":"IF(ISNUMBER(F4272),E4272*F4272,\"\")","v":8.4562026999999986},null,null,0]
[null,null,null,null,null,"",{"$f":"IF(ISNUMBER(F4273),E4273*F4273,\"\")","v":""},null,null,0]
["SF-01128",{"$f":"INDEX(Orçamentária!A:B,MATCH(Composições!A4274,Orçamentária!A:A,0),2)","v":"Selagem ou resselagem de juntas em pavimentação de concreto armado"},null,"m",null,"",{"$f":"IF(ISNUMBER(F4274),E4274*F4274,\"\")","v":""},null,null,0]
[null,null,null,null,null,"",{"$f":"IF(ISNUMBER(F4275),E4275*F4275,\"\")","v":""},null,null,0]
[null,null,"SERVENTE COM ENCARGOS COMPLEMENTARES","h",{"$f":"ROUND(4/74.7,4)","v":5.3499999999999999E-2},20.225499999999997,{"$f":"IF(ISNUMBER(F4276),E4276*F4276,\"\")","v":1.0820642499999997},{"$f":"SUM(G4276:G4281)","v":11.10556555},null,0]
[null,null,"Compressor de ar portátil de 71 PCM - 15 kW","CHP",{"$f":"ROUND(1/74.7,4)","v":1.34E-2},0,{"$f":"IF(ISNUMBER(F4277),E4277*F4277,\"\")","v":0},null,null,0]
[null,null,"Serra para corte de concreto e asfalto - 10 kW","CHP",{"$f":"ROUND(1/74.7,4)","v":1.34E-2},0,{"$f":"IF(ISNUMBER(F4278),E4278*F4278,\"\")","v":0},null,null,0]
[null,null,"Cordão de polietileno expandido","m",1,0,{"$f":"IF(ISNUMBER(F4279),E4279*F4279,\"\")","v":0},null,null,0]
[null,null,"Disco diamantado - D = 350 mm","UN",3.3E-3,0,{"$f":"IF(ISNUMBER(F4280),E4280*F4280,\"\")","v":0},null,null,0]
[null,null,"SELANTE A BASE DE ALCATRAO E POLIURETANO PARA JUNTAS HORIZONTAIS","kg",0.1181,84.873000000000005,{"$f":"IF(ISNUMBER(F4281),E4281*F4281,\"\")","v":10.0235013},null,null,0]
[null,null,null,null,null,"",{"$f":"IF(ISNUMBER(F4282),E4282*F4282,\"\")","v":""},null,null,0]
["SF-01129",{"$f":"INDEX(Orçamentária!A:B,MATCH(Composições!A4283,Orçamentária!A:A,0),2)","v":"Pavimentação em elementos intertravados de concreto"},null,"m2",null,"",{"$f":"IF(ISNUMBER(F4283),E4283*F4283,\"\")","v":""},null,null,0]
[null,null,null,null,null,"",{"$f":"IF(ISNUMBER(F4284),E4284*F4284,\"\")","v":""},null,null,0]
[null,null,"AREIA MEDIA - POSTO JAZIDA/FORNECEDOR (RETIRADO NA JAZIDA, SEM TRANSPORTE)","M3",5.6800000000000003E-2,202.2835,{"$f":"IF(ISNUMBER(F4285),E4285*F4285,\"\")","v":11.489702800000002},{"$f":"SUM(G4285:G4295)","v":77.350274317459977},null,0]
[null,null,"PO DE PEDRA (POSTO PEDREIRA/FORNECEDOR, SEM FRETE)","M3",3.5999999999999999E-3,151.75300000000001,{"$f":"IF(ISNUMBER(F4286),E4286*F4286,\"\")","v":0.54631079999999999},null,null,0]
[null,null,"BLOQUETE/PISO DE CONCRETO - MODELO BLOCO PISOGRAMA/CONCREGRAMA 2 FUROS, DIMENSOES APROX. DE 35 CM X 15 CM E ESPESSURA DE 7 CM (+/- 1 CM), COR NATURAL","M2",1.0042,56.847999999999999,{"$f":"IF(ISNUMBER(F4287),E4287*F4287,\"\")","v":57.086761599999996},null,null,0]
[null,null,"CALCETEIRO COM ENCARGOS COMPLEMENTARES","H",9.7000000000000003E-2,25.127499999999998,{"$f":"IF(ISNUMBER(F4288),E4288*F4288,\"\")","v":2.4373674999999997},null,null,0]
[null,null,"SERVENTE COM ENCARGOS COMPLEMENTARES","H",9.7000000000000003E-2,20.225499999999997,{"$f":"IF(ISNUMBER(F4289),E4289*F4289,\"\")","v":1.9618734999999998},null,null,0]
[null,null,"PLACA VIBRATÓRIA REVERSÍVEL COM MOTOR 4 TEMPOS A GASOLINA, FORÇA CENTRÍFUGA DE 25 KN (2500 KGF), POTÊNCIA 5,5 CV - CHP DIURNO. AF_08/2015","CHP",4.1000000000000003E-3,7.9610000000000003,{"$f":"IF(ISNUMBER(F4290),E4290*F4290,\"\")","v":3.2640100000000005E-2},null,null,0]
[null,null,"PLACA VIBRATÓRIA REVERSÍVEL COM MOTOR 4 TEMPOS A GASOLINA, FORÇA CENTRÍFUGA DE 25 KN (2500 KGF), POTÊNCIA 5,5 CV - CHI DIURNO. AF_08/2015","CHI",4.4400000000000002E-2,0.55099999999999993,{"$f":"IF(ISNUMBER(F4291),E4291*F4291,\"\")","v":2.4464399999999997E-2},null,null,0]
[null,null,"CORTADORA DE PISO COM MOTOR 4 TEMPOS A GASOLINA, POTÊNCIA DE 13 HP, COM DISCO DE CORTE DIAMANTADO SEGMENTADO PARA CONCRETO, DIÂMETRO DE 350 MM, FURO DE 1\" (14 X 1\") - CHP DIURNO. AF_08/2015","CHP",3.7000000000000002E-3,8.6259999999999994,{"$f":"IF(ISNUMBER(F4292),E4292*F4292,\"\")","v":3.1916199999999999E-2},null,null,0]
[null,null,"CORTADORA DE PISO COM MOTOR 4 TEMPOS A GASOLINA, POTÊNCIA DE 13 HP, COM DISCO DE CORTE DIAMANTADO SEGMENTADO PARA CONCRETO, DIÂMETRO DE 350 MM, FURO DE 1\" (14 X 1\") - CHI DIURNO. AF_08/2015","CHI",4.48E-2,0.82650000000000001,{"$f":"IF(ISNUMBER(F4293),E4293*F4293,\"\")","v":3.7027200000000003E-2},null,null,0]
[null,null,"CARGA, MANOBRA E DESCARGA DE SOLOS E MATERIAIS GRANULARES EM CAMINHÃO BASCULANTE 6 M³ - CARGA COM PÁ CARREGADEIRA (CAÇAMBA DE 1,7 A 2,8 M³ / 128 HP) E DESCARGA LIVRE (UNIDADE: M3). AF_07/2020","m3",{"$f":"1*(E4285+E4286)","v":6.0400000000000002E-2},7.9843291499999998,{"$f":"IF(ISNUMBER(F4294),E4294*F4294,\"\")","v":0.48225348066000001},null,null,0]
[null,null,"TRANSPORTE COM CAMINHÃO BASCULANTE DE 6 M3, EM VIA URBANA PAVIMENTADA, DMT ATÉ 30 KM (UNIDADE: M3xKM). AF_01/2018","M3xKM",{"$f":"20*(E4285+E4286)","v":1.208},2.6655270999999994,{"$f":"IF(ISNUMBER(F4295),E4295*F4295,\"\")","v":3.2199567367999991},null,null,0]
[null,null,null,null,null,"",{"$f":"IF(ISNUMBER(F4296),E4296*F4296,\"\")","v":""},null,null,0]
[null,null,"Obs: considerando fornecedor de areia e brita a 20 km do Senado Federal",null,null,"",{"$f":"IF(ISNUMBER(F4297),E4297*F4297,\"\")","v":""},null,null,0]
[null,null,null,null,null,"",{"$f":"IF(ISNUMBER(F4298),E4298*F4298,\"\")","v":""},null,null,0]
["SF-01130",{"$f":"INDEX(Orçamentária!A:B,MATCH(Composições!A4299,Orçamentária!A:A,0),2)","v":"Pavimentação com Asfalto Pré-Misturado a Frio (PMF)"},null,"m3",null,"",{"$f":"IF(ISNUMBER(F4299),E4299*F4299,\"\")","v":""},null,null,0]
[null,null,null,null,null,"",{"$f":"IF(ISNUMBER(F4300),E4300*F4300,\"\")","v":""},null,null,0]
[null,null,"SERVENTE COM ENCARGOS COMPLEMENTARES","H",0.4,20.225499999999997,{"$f":"IF(ISNUMBER(F4301),E4301*F4301,\"\")","v":8.0901999999999994},{"$f":"SUM(G4301:G4322)","v":447.23463735599989},null,0]
[null,null,"ROLO COMPACTADOR DE PNEUS, ESTATICO, PRESSAO VARIAVEL, POTENCIA 110 HP, PESO SEM/COM LASTRO 10,8/27 T, LARGURA DE ROLAGEM 2,30 M - CHI DIURNO. AF_06/2017","CHI",6.0000000000000001E-3,82.289000000000001,{"$f":"IF(ISNUMBER(F4302),E4302*F4302,\"\")","v":0.49373400000000001},null,null,0]
[null,null,"ROLO COMPACTADOR DE PNEUS, ESTATICO, PRESSAO VARIAVEL, POTENCIA 110 HP, PESO SEM/COM LASTRO 10,8/27 T, LARGURA DE ROLAGEM 2,30 M - CHP DIURNO. AF_06/2017","CHP",1.0699999999999999E-2,214.95650000000001,{"$f":"IF(ISNUMBER(F4303),E4303*F4303,\"\")","v":2.3000345499999999},null,null,0]
[null,null,"ROLO COMPACTADOR VIBRATORIO TANDEM, ACO LISO, POTENCIA 125 HP, PESO SEM/COM LASTRO 10,20/11,65 T, LARGURA DE TRABALHO 1,73 M - CHP DIURNO. AF_11/2016","CHP",6.1999999999999998E-3,228.48449999999997,{"$f":"IF(ISNUMBER(F4304),E4304*F4304,\"\")","v":1.4166038999999997},null,null,0]
[null,null,"ROLO COMPACTADOR VIBRATORIO TANDEM, ACO LISO, POTENCIA 125 HP, PESO SEM/COM LASTRO 10,20/11,65 T, LARGURA DE TRABALHO 1,73 M - CHI DIURNO. AF_11/2016","CHI",1.0500000000000001E-2,76.284999999999997,{"$f":"IF(ISNUMBER(F4305),E4305*F4305,\"\")","v":0.8009925},null,null,0]
[null,null,"TRATOR DE PNEUS, POTÊNCIA 85 CV, TRAÇÃO 4X4, PESO COM LASTRO DE 4.675 KG - CHI DIURNO. AF_06/2014","CHI",1.2200000000000001E-2,36.726999999999997,{"$f":"IF(ISNUMBER(F4306),E4306*F4306,\"\")","v":0.44806940000000001},null,null,0]
[null,null,"TRATOR DE PNEUS, POTÊNCIA 85 CV, TRAÇÃO 4X4, PESO COM LASTRO DE 4.675 KG - CHP DIURNO. AF_06/2014","CHP",4.4999999999999997E-3,120.88749999999999,{"$f":"IF(ISNUMBER(F4307),E4307*F4307,\"\")","v":0.54399374999999994},null,null,0]
[null,null,"VASSOURA MECÂNICA REBOCÁVEL COM ESCOVA CILÍNDRICA, LARGURA ÚTIL DE VARRIMENTO DE 2,44 M - CHI DIURNO. AF_06/2014","CHI",1.2200000000000001E-2,5.1109999999999998,{"$f":"IF(ISNUMBER(F4308),E4308*F4308,\"\")","v":6.2354199999999999E-2},null,null,0]
[null,null,"VASSOURA MECÂNICA REBOCÁVEL COM ESCOVA CILÍNDRICA, LARGURA ÚTIL DE VARRIMENTO DE 2,44 M - CHP DIURNO. AF_06/2014","CHP",4.4999999999999997E-3,10.7445,{"$f":"IF(ISNUMBER(F4309),E4309*F4309,\"\")","v":4.8350249999999997E-2},null,null,0]
[null,null,"VIBROACABADORA DE ASFALTO SOBRE ESTEIRAS, LARGURA DE PAVIMENTAÇÃO 1,90 M A 5,30 M, POTÊNCIA 105 HP CAPACIDADE 450 T/H - CHP DIURNO. AF_11/2014","CHP",1.67E-2,377.71049999999997,{"$f":"IF(ISNUMBER(F4310),E4310*F4310,\"\")","v":6.3077653499999995},null,null,0]
[null,null,"CAMINHÃO BASCULANTE 10 M3, TRUCADO, POTÊNCIA 230 CV, INCLUSIVE CAÇAMBA METÁLICA, COM DISTRIBUIDOR DE AGREGADOS ACOPLADO - CHP DIURNO. AF_02/2017","CHP",2.7199999999999998E-2,258.495,{"$f":"IF(ISNUMBER(F4311),E4311*F4311,\"\")","v":7.0310639999999998},null,null,0]
[null,null,"SERVENTE COM ENCARGOS COMPLEMENTARES","H",0.3,20.225499999999997,{"$f":"IF(ISNUMBER(F4312),E4312*F4312,\"\")","v":6.0676499999999987},null,null,0]
[null,null,"AREIA GROSSA - POSTO JAZIDA/FORNECEDOR (RETIRADO NA JAZIDA, SEM TRANSPORTE)","m3",0.18,204.92449999999999,{"$f":"IF(ISNUMBER(F4313),E4313*F4313,\"\")","v":36.886409999999998},null,null,0]
[null,null,"PEDRA BRITADA N. 0, OU PEDRISCO (4,8 A 9,5 MM) POSTO PEDREIRA/FORNECEDOR, SEM FRETE","m3",1.26,185.47800000000001,{"$f":"IF(ISNUMBER(F4314),E4314*F4314,\"\")","v":233.70228},null,null,0]
[null,null,"Emulsão asfáltica RR 2C","T",0.14000000000000001,0,{"$f":"IF(ISNUMBER(F4315),E4315*F4315,\"\")","v":0},null,null,0]
[null,null,"GRUPO GERADOR ESTACIONÁRIO, POTÊNCIA 150 KVA, MOTOR A DIESEL- CHP DIURNO. AF_03/2016","CHP",0.05,176.86149999999998,{"$f":"IF(ISNUMBER(F4316),E4316*F4316,\"\")","v":8.8430749999999989},null,null,0]
[null,null,"PÁ CARREGADEIRA SOBRE RODAS, POTÊNCIA 197 HP, CAPACIDADE DA CAÇAMBA 2,5 A 3,5 M3, PESO OPERACIONAL 18338 KG - CHP DIURNO. AF_06/2014","CHP",2.1000000000000001E-2,215.17499999999998,{"$f":"IF(ISNUMBER(F4317),E4317*F4317,\"\")","v":4.518675},null,null,0]
[null,null,"PÁ CARREGADEIRA SOBRE RODAS, POTÊNCIA 197 HP, CAPACIDADE DA CAÇAMBA 2,5 A 3,5 M3, PESO OPERACIONAL 18338 KG - CHI DIURNO. AF_06/2014","CHI",2.9000000000000001E-2,80.198999999999998,{"$f":"IF(ISNUMBER(F4318),E4318*F4318,\"\")","v":2.325771},null,null,0]
[null,null,"USINA DE ASFALTO À FRIO, CAPACIDADE DE 40 A 60 TON/HORA, ELÉTRICA POTÊNCIA 30 CV - CHP DIURNO. AF_03/2016","CHP",0.05,233.73799999999997,{"$f":"IF(ISNUMBER(F4319),E4319*F4319,\"\")","v":11.6869},null,null,0]
[null,null,"TANQUE DE ASFALTO ESTACIONÁRIO COM SERPENTINA, CAPACIDADE 30.000 L - CHP DIURNO. AF_06/2014","CHP",0.1,273.96099999999996,{"$f":"IF(ISNUMBER(F4320),E4320*F4320,\"\")","v":27.396099999999997},null,null,0]
[null,null,"CARGA, MANOBRA E DESCARGA DE SOLOS E MATERIAIS GRANULARES EM CAMINHÃO BASCULANTE 6 M³ - CARGA COM PÁ CARREGADEIRA (CAÇAMBA DE 1,7 A 2,8 M³ / 128 HP) E DESCARGA LIVRE (UNIDADE: M3). AF_07/2020","m3",{"$f":"1*(E4313+E4314)","v":1.44},7.9843291499999998,{"$f":"IF(ISNUMBER(F4321),E4321*F4321,\"\")","v":11.497433976},null,null,0]
[null,null,"TRANSPORTE COM CAMINHÃO BASCULANTE DE 6 M3, EM VIA URBANA PAVIMENTADA, DMT ATÉ 30 KM (UNIDADE: M3xKM). AF_01/2018","M3xKM",{"$f":"20*(E4314+E4313)","v":28.799999999999997},2.6655270999999994,{"$f":"IF(ISNUMBER(F4322),E4322*F4322,\"\")","v":76.767180479999979},null,null,0]
[null,null,null,null,null,"",{"$f":"IF(ISNUMBER(F4323),E4323*F4323,\"\")","v":""},null,null,0]
[null,null,"Obs: considerando fornecedor de areia e brita a 20 km do Senado Federal",null,null,"",{"$f":"IF(ISNUMBER(F4324),E4324*F4324,\"\")","v":""},null,null,0]
[null,null,null,null,null,"",{"$f":"IF(ISNUMBER(F4325),E4325*F4325,\"\")","v":""},null,null,0]
["SF-01131",{"$f":"INDEX(Orçamentária!A:B,MATCH(Composições!A4326,Orçamentária!A:A,0),2)","v":"Pavimentação asfáltica com CBUQ para aplicação a frio (remendo)"},null,"m3",null,"",{"$f":"IF(ISNUMBER(F4326),E4326*F4326,\"\")","v":""},null,null,0]
[null,null,null,null,null,"",{"$f":"IF(ISNUMBER(F4327),E4327*F4327,\"\")","v":""},null,null,0]
[null,null,"SERVENTE COM ENCARGOS COMPLEMENTARES","H",{"$f":"6/0.5","v":12},20.225499999999997,{"$f":"IF(ISNUMBER(F4328),E4328*F4328,\"\")","v":242.70599999999996},{"$f":"SUM(G4328:G4331)","v":242.70599999999996},null,0]
[null,null,"Compactador manual de placa vibratória - 3 kW - CHP","CHP",{"$f":"0.2/0.5","v":0.4},0,{"$f":"IF(ISNUMBER(F4329),E4329*F4329,\"\")","v":0},null,null,0]
[null,null,"Compactador manual de placa vibratória - 3 kW - CHI","CHI",{"$f":"0.8/0.5","v":1.6},0,{"$f":"IF(ISNUMBER(F4330),E4330*F4330,\"\")","v":0},null,null,0]
[null,null,"Asfalto a frio ensacado","kg",2500,"",{"$f":"IF(ISNUMBER(F4331),E4331*F4331,\"\")","v":""},null,null,0]
[null,null,null,null,null,"",{"$f":"IF(ISNUMBER(F4332),E4332*F4332,\"\")","v":""},null,null,0]
["SF-01132",{"$f":"INDEX(Orçamentária!A:B,MATCH(Composições!A4333,Orçamentária!A:A,0),2)","v":"Pintura para sinalização e demarcação viária horizontal"},null,"m",null,"",{"$f":"IF(ISNUMBER(F4333),E4333*F4333,\"\")","v":""},null,null,0]
[null,null,null,null,null,"",{"$f":"IF(ISNUMBER(F4334),E4334*F4334,\"\")","v":""},null,null,0]
[null,null,"DILUENTE AGUARRAS","L",2E-3,18.980999999999998,{"$f":"IF(ISNUMBER(F4335),E4335*F4335,\"\")","v":3.7961999999999996E-2},{"$f":"SUM(G4335:G4342)","v":4.8015232499999998},null,0]
[null,null,"TINTA ACRILICA A BASE DE SOLVENTE, PARA SINALIZACAO HORIZONTAL VIARIA (NBR 11862)","L",4.2999999999999997E-2,18.325499999999998,{"$f":"IF(ISNUMBER(F4336),E4336*F4336,\"\")","v":0.78799649999999988},null,null,0]
[null,null,"MICROESFERAS DE VIDRO PARA SINALIZACAO HORIZONTAL VIARIA, TIPO I-B (PREMIX) - NBR 16184","KG",1.0999999999999999E-2,6.3839999999999995,{"$f":"IF(ISNUMBER(F4337),E4337*F4337,\"\")","v":7.0223999999999995E-2},null,null,0]
[null,null,"MICROESFERAS DE VIDRO PARA SINALIZACAO HORIZONTAL VIARIA, TIPO II-A (DROP-ON) - NBR 16184","KG",2.5000000000000001E-2,6.3839999999999995,{"$f":"IF(ISNUMBER(F4338),E4338*F4338,\"\")","v":0.15959999999999999},null,null,0]
[null,null,"PINTOR COM ENCARGOS COMPLEMENTARES","H",3.4000000000000002E-2,28.319499999999998,{"$f":"IF(ISNUMBER(F4339),E4339*F4339,\"\")","v":0.96286300000000002},null,null,0]
[null,null,"SERVENTE COM ENCARGOS COMPLEMENTARES","H",1.4E-2,20.225499999999997,{"$f":"IF(ISNUMBER(F4340),E4340*F4340,\"\")","v":0.28315699999999994},null,null,0]
[null,null,"MÁQUINA DEMARCADORA DE FAIXA DE TRÁFEGO À FRIO, AUTOPROPELIDA, POTÊNCIA 38 HP - CHP DIURNO. AF_07/2016","CHP",2.9999999999999997E-4,155.58150000000001,{"$f":"IF(ISNUMBER(F4341),E4341*F4341,\"\")","v":4.6674449999999999E-2},null,null,0]
[null,null,"MÁQUINA DEMARCADORA DE FAIXA DE TRÁFEGO À FRIO, AUTOPROPELIDA, POTÊNCIA 38 HP - CHI DIURNO. AF_07/2016","CHI",3.3399999999999999E-2,73.444500000000005,{"$f":"IF(ISNUMBER(F4342),E4342*F4342,\"\")","v":2.4530463},null,null,0]
[null,null,null,null,null,"",{"$f":"IF(ISNUMBER(F4343),E4343*F4343,\"\")","v":""},null,null,0]
["SF-01133",{"$f":"INDEX(Orçamentária!A:B,MATCH(Composições!A4344,Orçamentária!A:A,0),2)","v":"Telha metálica trapezoidal galvanizada - GR-40"},null,"m2",null,"",{"$f":"IF(ISNUMBER(F4344),E4344*F4344,\"\")","v":""},null,null,0]
[null,null,null,null,null,"",{"$f":"IF(ISNUMBER(F4345),E4345*F4345,\"\")","v":""},null,null,0]
[null,null,"TELHA TRAPEZOIDAL EM ACO ZINCADO, SEM PINTURA, ALTURA DE APROXIMADAMENTE 40 MM, ESPESSURA DE 0,50 MM E LARGURA UTIL DE 980 MM","M2",1.1659999999999999,62.224999999999994,{"$f":"IF(ISNUMBER(F4346),E4346*F4346,\"\")","v":72.554349999999985},{"$f":"SUM(G4346:G4351)","v":86.442636549999989},null,0]
[null,null,"HASTE RETA PARA GANCHO DE FERRO GALVANIZADO, COM ROSCA 1/4 \" X 30 CM PARA FIXACAO DE TELHA METALICA, INCLUI PORCA E ARRUELAS DE VEDACAO","CJ",4.1500000000000004,2.2799999999999998,{"$f":"IF(ISNUMBER(F4347),E4347*F4347,\"\")","v":9.4619999999999997},null,null,0]
[null,null,"SERVENTE COM ENCARGOS COMPLEMENTARES","H",9.7000000000000003E-2,20.225499999999997,{"$f":"IF(ISNUMBER(F4348),E4348*F4348,\"\")","v":1.9618734999999998},null,null,0]
[null,null,"TELHADISTA COM ENCARGOS COMPLEMENTARES","H",9.0999999999999998E-2,26.552499999999998,{"$f":"IF(ISNUMBER(F4349),E4349*F4349,\"\")","v":2.4162774999999996},null,null,0]
[null,null,"GUINCHO ELÉTRICO DE COLUNA, CAPACIDADE 400 KG, COM MOTO FREIO, MOTOR TRIFÁSICO DE 1,25 CV - CHP DIURNO. AF_03/2016","CHP",8.9999999999999998E-4,22.334500000000002,{"$f":"IF(ISNUMBER(F4350),E4350*F4350,\"\")","v":2.0101050000000002E-2},null,null,0]
[null,null,"GUINCHO ELÉTRICO DE COLUNA, CAPACIDADE 400 KG, COM MOTO FREIO, MOTOR TRIFÁSICO DE 1,25 CV - CHI DIURNO. AF_03/2016","CHI",1.2999999999999999E-3,21.564999999999998,{"$f":"IF(ISNUMBER(F4351),E4351*F4351,\"\")","v":2.8034499999999997E-2},null,null,0]
[null,null,null,null,null,"",{"$f":"IF(ISNUMBER(F4352),E4352*F4352,\"\")","v":""},null,null,0]
["SF-01134",{"$f":"INDEX(Orçamentária!A:B,MATCH(Composições!A4353,Orçamentária!A:A,0),2)","v":"Cumeeira para telha metálica trapezoidal galvanizada - GR-40"},null,"m",null,"",{"$f":"IF(ISNUMBER(F4353),E4353*F4353,\"\")","v":""},null,null,0]
[null,null,null,null,null,"",{"$f":"IF(ISNUMBER(F4354),E4354*F4354,\"\")","v":""},null,null,0]
[null,null,"HASTE RETA PARA GANCHO DE FERRO GALVANIZADO, COM ROSCA 1/4 \" X 30 CM PARA FIXACAO DE TELHA METALICA, INCLUI PORCA E ARRUELAS DE VEDACAO","CJ",4.1500000000000004,2.2799999999999998,{"$f":"IF(ISNUMBER(F4355),E4355*F4355,\"\")","v":9.4619999999999997},{"$f":"SUM(G4355:G4360)","v":12.6278826},null,0]
[null,null,"Cumeeira metálica galvanizada GR 40 com espessura de 0,43 mm.","m",1.0289999999999999,"",{"$f":"IF(ISNUMBER(F4356),E4356*F4356,\"\")","v":""},null,null,0]
[null,null,"SERVENTE COM ENCARGOS COMPLEMENTARES","H",7.2999999999999995E-2,20.225499999999997,{"$f":"IF(ISNUMBER(F4357),E4357*F4357,\"\")","v":1.4764614999999996},null,null,0]
[null,null,"TELHADISTA COM ENCARGOS COMPLEMENTARES","H",0.06,26.552499999999998,{"$f":"IF(ISNUMBER(F4358),E4358*F4358,\"\")","v":1.5931499999999998},null,null,0]
[null,null,"GUINCHO ELÉTRICO DE COLUNA, CAPACIDADE 400 KG, COM MOTO FREIO, MOTOR TRIFÁSICO DE 1,25 CV - CHP DIURNO. AF_03/2016","CHP",1.8E-3,22.334500000000002,{"$f":"IF(ISNUMBER(F4359),E4359*F4359,\"\")","v":4.0202100000000004E-2},null,null,0]
[null,null,"GUINCHO ELÉTRICO DE COLUNA, CAPACIDADE 400 KG, COM MOTO FREIO, MOTOR TRIFÁSICO DE 1,25 CV - CHI DIURNO. AF_03/2016","CHI",2.5999999999999999E-3,21.564999999999998,{"$f":"IF(ISNUMBER(F4360),E4360*F4360,\"\")","v":5.6068999999999994E-2},null,null,0]
[null,null,null,null,null,"",{"$f":"IF(ISNUMBER(F4361),E4361*F4361,\"\")","v":""},null,null,0]
["SF-01135",{"$f":"INDEX(Orçamentária!A:B,MATCH(Composições!A4362,Orçamentária!A:A,0),2)","v":"Telha metálica trapezoidal galvanizada - GR-25"},null,"m2",null,"",{"$f":"IF(ISNUMBER(F4362),E4362*F4362,\"\")","v":""},null,null,0]
[null,null,null,null,null,"",{"$f":"IF(ISNUMBER(F4363),E4363*F4363,\"\")","v":""},null,null,0]
[null,null,"Telha metálica trapezoidal galvanizada GR 25 com espessura de 0,43 mm, com largura de 1020 mm e comprimento de 5 metros.","M2",1.1659999999999999,"",{"$f":"IF(ISNUMBER(F4364),E4364*F4364,\"\")","v":""},{"$f":"SUM(G4364:G4369)","v":13.888286549999998},null,0]
[null,null,"HASTE RETA PARA GANCHO DE FERRO GALVANIZADO, COM ROSCA 1/4 \" X 30 CM PARA FIXACAO DE TELHA METALICA, INCLUI PORCA E ARRUELAS DE VEDACAO","CJ",4.1500000000000004,2.2799999999999998,{"$f":"IF(ISNUMBER(F4365),E4365*F4365,\"\")","v":9.4619999999999997},null,null,0]
[null,null,"SERVENTE COM ENCARGOS COMPLEMENTARES","H",9.7000000000000003E-2,20.225499999999997,{"$f":"IF(ISNUMBER(F4366),E4366*F4366,\"\")","v":1.9618734999999998},null,null,0]
[null,null,"TELHADISTA COM ENCARGOS COMPLEMENTARES","H",9.0999999999999998E-2,26.552499999999998,{"$f":"IF(ISNUMBER(F4367),E4367*F4367,\"\")","v":2.4162774999999996},null,null,0]
[null,null,"GUINCHO ELÉTRICO DE COLUNA, CAPACIDADE 400 KG, COM MOTO FREIO, MOTOR TRIFÁSICO DE 1,25 CV - CHP DIURNO. AF_03/2016","CHP",8.9999999999999998E-4,22.334500000000002,{"$f":"IF(ISNUMBER(F4368),E4368*F4368,\"\")","v":2.0101050000000002E-2},null,null,0]
[null,null,"GUINCHO ELÉTRICO DE COLUNA, CAPACIDADE 400 KG, COM MOTO FREIO, MOTOR TRIFÁSICO DE 1,25 CV - CHI DIURNO. AF_03/2016","CHI",1.2999999999999999E-3,21.564999999999998,{"$f":"IF(ISNUMBER(F4369),E4369*F4369,\"\")","v":2.8034499999999997E-2},null,null,0]
[null,null,null,null,null,"",{"$f":"IF(ISNUMBER(F4370),E4370*F4370,\"\")","v":""},null,null,0]
["SF-01136",{"$f":"INDEX(Orçamentária!A:B,MATCH(Composições!A4371,Orçamentária!A:A,0),2)","v":"Cumeeira para telha metálica trapezoidal galvanizada - GR-25"},null,"m",null,"",{"$f":"IF(ISNUMBER(F4371),E4371*F4371,\"\")","v":""},null,null,0]
[null,null,null,null,null,"",{"$f":"IF(ISNUMBER(F4372),E4372*F4372,\"\")","v":""},null,null,0]
[null,null,"HASTE RETA PARA GANCHO DE FERRO GALVANIZADO, COM ROSCA 1/4 \" X 30 CM PARA FIXACAO DE TELHA METALICA, INCLUI PORCA E ARRUELAS DE VEDACAO","CJ",4.1500000000000004,2.2799999999999998,{"$f":"IF(ISNUMBER(F4373),E4373*F4373,\"\")","v":9.4619999999999997},{"$f":"SUM(G4373:G4378)","v":12.6278826},null,0]
[null,null,"Cumeeira metálica galvanizada GR 25 com espessura de 0,43 mm.","m",1.0289999999999999,"",{"$f":"IF(ISNUMBER(F4374),E4374*F4374,\"\")","v":""},null,null,0]
[null,null,"SERVENTE COM ENCARGOS COMPLEMENTARES","H",7.2999999999999995E-2,20.225499999999997,{"$f":"IF(ISNUMBER(F4375),E4375*F4375,\"\")","v":1.4764614999999996},null,null,0]
[null,null,"TELHADISTA COM ENCARGOS COMPLEMENTARES","H",0.06,26.552499999999998,{"$f":"IF(ISNUMBER(F4376),E4376*F4376,\"\")","v":1.5931499999999998},null,null,0]
[null,null,"GUINCHO ELÉTRICO DE COLUNA, CAPACIDADE 400 KG, COM MOTO FREIO, MOTOR TRIFÁSICO DE 1,25 CV - CHP DIURNO. AF_03/2016","CHP",1.8E-3,22.334500000000002,{"$f":"IF(ISNUMBER(F4377),E4377*F4377,\"\")","v":4.0202100000000004E-2},null,null,0]
[null,null,"GUINCHO ELÉTRICO DE COLUNA, CAPACIDADE 400 KG, COM MOTO FREIO, MOTOR TRIFÁSICO DE 1,25 CV - CHI DIURNO. AF_03/2016","CHI",2.5999999999999999E-3,21.564999999999998,{"$f":"IF(ISNUMBER(F4378),E4378*F4378,\"\")","v":5.6068999999999994E-2},null,null,0]
[null,null,null,null,null,"",{"$f":"IF(ISNUMBER(F4379),E4379*F4379,\"\")","v":""},null,null,0]
["SF-01137",{"$f":"INDEX(Orçamentária!A:B,MATCH(Composições!A4380,Orçamentária!A:A,0),2)","v":"Telha de fibrocimento modulada - espessura 8mm"},null,"m2",null,"",{"$f":"IF(ISNUMBER(F4380),E4380*F4380,\"\")","v":""},null,null,0]
[null,null,null,null,null,"",{"$f":"IF(ISNUMBER(F4381),E4381*F4381,\"\")","v":""},null,null,0]
[null,null,"TELHADISTA COM ENCARGOS COMPLEMENTARES","h",0.3,26.552499999999998,{"$f":"IF(ISNUMBER(F4382),E4382*F4382,\"\")","v":7.965749999999999},{"$f":"SUM(G4382:G4388)","v":20.101049999999997},null,0]
[null,null,"SERVENTE COM ENCARGOS COMPLEMENTARES","h",0.6,20.225499999999997,{"$f":"IF(ISNUMBER(F4383),E4383*F4383,\"\")","v":12.135299999999997},null,null,0]
[null,null,"Conjunto de vedação elástica para furo Ø 8 mm","UN",1.1100000000000001,0,{"$f":"IF(ISNUMBER(F4384),E4384*F4384,\"\")","v":0},null,null,0]
[null,null,"Telha estrutural de fibrocimento ondulada esp. 8 mm largura útil 102 cm","m2",1.24,0,{"$f":"IF(ISNUMBER(F4385),E4385*F4385,\"\")","v":0},null,null,0]
[null,null,"Calço plástico para fixação de telha de fibrocimento tipo modulada e onda 50","UN",1.1100000000000001,0,{"$f":"IF(ISNUMBER(F4386),E4386*F4386,\"\")","v":0},null,null,0]
[null,null,"Fixador de aba telha de fibrocimento simples modulada","UN",1,0,{"$f":"IF(ISNUMBER(F4387),E4387*F4387,\"\")","v":0},null,null,0]
[null,null,"Parafuso rosca soberba galvanizado Ø 8 mm x 165 mm","UN",1.1100000000000001,0,{"$f":"IF(ISNUMBER(F4388),E4388*F4388,\"\")","v":0},null,null,0]
[null,null,null,null,null,"",{"$f":"IF(ISNUMBER(F4389),E4389*F4389,\"\")","v":""},null,null,0]
["SF-01138",{"$f":"INDEX(Orçamentária!A:B,MATCH(Composições!A4390,Orçamentária!A:A,0),2)","v":"Cumeeira articulada ABA SUPERIOR de fibrocimento para telha modulada - espessura 6 mm"},null,"m",null,"",{"$f":"IF(ISNUMBER(F4390),E4390*F4390,\"\")","v":""},null,null,0]
[null,null,null,null,null,"",{"$f":"IF(ISNUMBER(F4391),E4391*F4391,\"\")","v":""},null,null,0]
[null,null,"TELHADISTA COM ENCARGOS COMPLEMENTARES","h",{"$f":"0.12/2","v":0.06},26.552499999999998,{"$f":"IF(ISNUMBER(F4392),E4392*F4392,\"\")","v":1.5931499999999998},{"$f":"SUM(G4392:G4396)","v":2.8066799999999996},null,0]
[null,null,"SERVENTE COM ENCARGOS COMPLEMENTARES","h",{"$f":"0.12/2","v":0.06},20.225499999999997,{"$f":"IF(ISNUMBER(F4393),E4393*F4393,\"\")","v":1.2135299999999998},null,null,0]
[null,null,"Conjunto de vedação elástica para furo Ø 8 mm","UN",{"$f":"4.12/2","v":2.06},0,{"$f":"IF(ISNUMBER(F4394),E4394*F4394,\"\")","v":0},null,null,0]
[null,null,"Cumeeira articulada superior para telha de fibrocimento modulada ou onda 50","UN",2.06,0,{"$f":"IF(ISNUMBER(F4395),E4395*F4395,\"\")","v":0},null,null,0]
[null,null,"Parafuso rosca soberba galvanizado Ø 8 mm x 165 mm","UN",{"$f":"4.12/2","v":2.06},0,{"$f":"IF(ISNUMBER(F4396),E4396*F4396,\"\")","v":0},null,null,0]
[null,null,null,null,null,"",{"$f":"IF(ISNUMBER(F4397),E4397*F4397,\"\")","v":""},null,null,0]
["SF-01139",{"$f":"INDEX(Orçamentária!A:B,MATCH(Composições!A4398,Orçamentária!A:A,0),2)","v":"Cumeeira articulada ABA INFERIOR de fibrocimento para telha modulada - espessura 6 mm"},null,"m",null,"",{"$f":"IF(ISNUMBER(F4398),E4398*F4398,\"\")","v":""},null,null,0]
[null,null,null,null,null,"",{"$f":"IF(ISNUMBER(F4399),E4399*F4399,\"\")","v":""},null,null,0]
[null,null,"TELHADISTA COM ENCARGOS COMPLEMENTARES","h",{"$f":"0.12/2","v":0.06},26.552499999999998,{"$f":"IF(ISNUMBER(F4400),E4400*F4400,\"\")","v":1.5931499999999998},{"$f":"SUM(G4400:G4404)","v":2.8066799999999996},null,0]
[null,null,"SERVENTE COM ENCARGOS COMPLEMENTARES","h",{"$f":"0.12/2","v":0.06},20.225499999999997,{"$f":"IF(ISNUMBER(F4401),E4401*F4401,\"\")","v":1.2135299999999998},null,null,0]
[null,null,"Conjunto de vedação elástica para furo Ø 8 mm","UN",{"$f":"4.12/2","v":2.06},0,{"$f":"IF(ISNUMBER(F4402),E4402*F4402,\"\")","v":0},null,null,0]
[null,null,"Cumeeira articulada inferior para telha de fibrocimento tipo modulada ou onda 50","UN",2.06,0,{"$f":"IF(ISNUMBER(F4403),E4403*F4403,\"\")","v":0},null,null,0]
[null,null,"Parafuso rosca soberba galvanizado Ø 8 mm x 165 mm","UN",{"$f":"4.12/2","v":2.06},0,{"$f":"IF(ISNUMBER(F4404),E4404*F4404,\"\")","v":0},null,null,0]
[null,null,null,null,null,"",{"$f":"IF(ISNUMBER(F4405),E4405*F4405,\"\")","v":""},null,null,0]
["SF-01140",{"$f":"INDEX(Orçamentária!A:B,MATCH(Composições!A4406,Orçamentária!A:A,0),2)","v":"Telha de fibrocimento ondulada - espessura 6mm"},null,"m2",null,"",{"$f":"IF(ISNUMBER(F4406),E4406*F4406,\"\")","v":""},null,null,0]
[null,null,null,null,null,"",{"$f":"IF(ISNUMBER(F4407),E4407*F4407,\"\")","v":""},null,null,0]
[null,null,"CONJUNTO ARRUELAS DE VEDACAO 5/16\" PARA TELHA FIBROCIMENTO (UMA ARRUELA METALICA E UMA ARRUELA PVC - CONICAS)","CJ",1.27,0.30399999999999999,{"$f":"IF(ISNUMBER(F4408),E4408*F4408,\"\")","v":0.38607999999999998},{"$f":"SUM(G4408:G4414)","v":41.061925999999993},null,0]
[null,null,"PARAFUSO ZINCADO ROSCA SOBERBA, CABECA SEXTAVADA, 5/16 \" X 250 MM, PARA FIXACAO DE TELHA EM MADEIRA","UN",1.27,4.607499999999999,{"$f":"IF(ISNUMBER(F4409),E4409*F4409,\"\")","v":5.8515249999999988},null,null,0]
[null,null,"TELHA DE FIBROCIMENTO ONDULADA E = 6 MM, DE 2,44 X 1,10 M (SEM AMIANTO)","M2",1.2749999999999999,22.334500000000002,{"$f":"IF(ISNUMBER(F4410),E4410*F4410,\"\")","v":28.476487500000001},null,null,0]
[null,null,"SERVENTE COM ENCARGOS COMPLEMENTARES","H",0.15,20.225499999999997,{"$f":"IF(ISNUMBER(F4411),E4411*F4411,\"\")","v":3.0338249999999993},null,null,0]
[null,null,"TELHADISTA COM ENCARGOS COMPLEMENTARES","H",0.115,26.552499999999998,{"$f":"IF(ISNUMBER(F4412),E4412*F4412,\"\")","v":3.0535375},null,null,0]
[null,null,"GUINCHO ELÉTRICO DE COLUNA, CAPACIDADE 400 KG, COM MOTO FREIO, MOTOR TRIFÁSICO DE 1,25 CV - CHP DIURNO. AF_03/2016","CHP",5.0000000000000001E-3,22.334500000000002,{"$f":"IF(ISNUMBER(F4413),E4413*F4413,\"\")","v":0.11167250000000001},null,null,0]
[null,null,"GUINCHO ELÉTRICO DE COLUNA, CAPACIDADE 400 KG, COM MOTO FREIO, MOTOR TRIFÁSICO DE 1,25 CV - CHI DIURNO. AF_03/2016","CHI",6.8999999999999999E-3,21.564999999999998,{"$f":"IF(ISNUMBER(F4414),E4414*F4414,\"\")","v":0.14879849999999997},null,null,0]
[null,null,null,null,null,"",{"$f":"IF(ISNUMBER(F4415),E4415*F4415,\"\")","v":""},null,null,0]
["SF-01141",{"$f":"INDEX(Orçamentária!A:B,MATCH(Composições!A4416,Orçamentária!A:A,0),2)","v":"Cumeeira UNIVERSAL para telha de fibrocimento ondulada - espessura 6 mm"},null,"m",null,"",{"$f":"IF(ISNUMBER(F4416),E4416*F4416,\"\")","v":""},null,null,0]
[null,null,null,null,null,"",{"$f":"IF(ISNUMBER(F4417),E4417*F4417,\"\")","v":""},null,null,0]
[null,null,"CONJUNTO ARRUELAS DE VEDACAO 5/16\" PARA TELHA FIBROCIMENTO (UMA ARRUELA METALICA E UMA ARRUELA PVC - CONICAS)","CJ",4.2,0.30399999999999999,{"$f":"IF(ISNUMBER(F4418),E4418*F4418,\"\")","v":1.2767999999999999},{"$f":"SUM(G4418:G4424)","v":72.397968599999984},null,0]
[null,null,"PARAFUSO ZINCADO ROSCA SOBERBA, CABECA SEXTAVADA, 5/16 \" X 250 MM, PARA FIXACAO DE TELHA EM MADEIRA","UN",4.2,4.607499999999999,{"$f":"IF(ISNUMBER(F4419),E4419*F4419,\"\")","v":19.351499999999998},null,null,0]
[null,null,"CUMEEIRA UNIVERSAL PARA TELHA ONDULADA DE FIBROCIMENTO, E = 6 MM, ABA 210 MM, COMPRIMENTO 1100 MM (SEM AMIANTO)","UN",1.0289999999999999,47.233999999999995,{"$f":"IF(ISNUMBER(F4420),E4420*F4420,\"\")","v":48.603785999999992},null,null,0]
[null,null,"SERVENTE COM ENCARGOS COMPLEMENTARES","H",7.2999999999999995E-2,20.225499999999997,{"$f":"IF(ISNUMBER(F4421),E4421*F4421,\"\")","v":1.4764614999999996},null,null,0]
[null,null,"TELHADISTA COM ENCARGOS COMPLEMENTARES","H",0.06,26.552499999999998,{"$f":"IF(ISNUMBER(F4422),E4422*F4422,\"\")","v":1.5931499999999998},null,null,0]
[null,null,"GUINCHO ELÉTRICO DE COLUNA, CAPACIDADE 400 KG, COM MOTO FREIO, MOTOR TRIFÁSICO DE 1,25 CV - CHP DIURNO. AF_03/2016","CHP",1.8E-3,22.334500000000002,{"$f":"IF(ISNUMBER(F4423),E4423*F4423,\"\")","v":4.0202100000000004E-2},null,null,0]
[null,null,"GUINCHO ELÉTRICO DE COLUNA, CAPACIDADE 400 KG, COM MOTO FREIO, MOTOR TRIFÁSICO DE 1,25 CV - CHI DIURNO. AF_03/2016","CHI",2.5999999999999999E-3,21.564999999999998,{"$f":"IF(ISNUMBER(F4424),E4424*F4424,\"\")","v":5.6068999999999994E-2},null,null,0]
[null,null,null,null,null,"",{"$f":"IF(ISNUMBER(F4425),E4425*F4425,\"\")","v":""},null,null,0]
["SF-01142",{"$f":"INDEX(Orçamentária!A:B,MATCH(Composições!A4426,Orçamentária!A:A,0),2)","v":"Cumeeira TIPO SHED para telha de fibrocimento ondulada - espessura 6 mm"},null,"m",null,"",{"$f":"IF(ISNUMBER(F4426),E4426*F4426,\"\")","v":""},null,null,0]
[null,null,null,null,null,"",{"$f":"IF(ISNUMBER(F4427),E4427*F4427,\"\")","v":""},null,null,0]
[null,null,"CONJUNTO ARRUELAS DE VEDACAO 5/16\" PARA TELHA FIBROCIMENTO (UMA ARRUELA METALICA E UMA ARRUELA PVC - CONICAS)","CJ",4.2,0.30399999999999999,{"$f":"IF(ISNUMBER(F4428),E4428*F4428,\"\")","v":1.2767999999999999},{"$f":"SUM(G4428:G4434)","v":77.727079099999983},null,0]
[null,null,"PARAFUSO ZINCADO ROSCA SOBERBA, CABECA SEXTAVADA, 5/16 \" X 250 MM, PARA FIXACAO DE TELHA EM MADEIRA","UN",4.2,4.607499999999999,{"$f":"IF(ISNUMBER(F4429),E4429*F4429,\"\")","v":19.351499999999998},null,null,0]
[null,null,"CUMEEIRA SHED PARA TELHA ONDULADA DE FIBROCIMENTO, E = 6 MM, ABA 280 MM, COMPRIMENTO 1100 MM (SEM AMIANTO)","UN",1.0289999999999999,53.256999999999998,{"$f":"IF(ISNUMBER(F4430),E4430*F4430,\"\")","v":54.801452999999995},null,null,0]
[null,null,"SERVENTE COM ENCARGOS COMPLEMENTARES","H",5.5E-2,20.225499999999997,{"$f":"IF(ISNUMBER(F4431),E4431*F4431,\"\")","v":1.1124024999999997},null,null,0]
[null,null,"TELHADISTA COM ENCARGOS COMPLEMENTARES","H",4.1000000000000002E-2,26.552499999999998,{"$f":"IF(ISNUMBER(F4432),E4432*F4432,\"\")","v":1.0886525},null,null,0]
[null,null,"GUINCHO ELÉTRICO DE COLUNA, CAPACIDADE 400 KG, COM MOTO FREIO, MOTOR TRIFÁSICO DE 1,25 CV - CHP DIURNO. AF_03/2016","CHP",1.8E-3,22.334500000000002,{"$f":"IF(ISNUMBER(F4433),E4433*F4433,\"\")","v":4.0202100000000004E-2},null,null,0]
[null,null,"GUINCHO ELÉTRICO DE COLUNA, CAPACIDADE 400 KG, COM MOTO FREIO, MOTOR TRIFÁSICO DE 1,25 CV - CHI DIURNO. AF_03/2016","CHI",2.5999999999999999E-3,21.564999999999998,{"$f":"IF(ISNUMBER(F4434),E4434*F4434,\"\")","v":5.6068999999999994E-2},null,null,0]
[null,null,null,null,null,"",{"$f":"IF(ISNUMBER(F4435),E4435*F4435,\"\")","v":""},null,null,0]
["SF-01143",{"$f":"INDEX(Orçamentária!A:B,MATCH(Composições!A4436,Orçamentária!A:A,0),2)","v":"Telha de fibrocimento - Canalete 49 Eternit"},null,"m2",null,"",{"$f":"IF(ISNUMBER(F4436),E4436*F4436,\"\")","v":""},null,null,0]
[null,null,null,null,null,"",{"$f":"IF(ISNUMBER(F4437),E4437*F4437,\"\")","v":""},null,null,0]
[null,null,"TELHADISTA COM ENCARGOS COMPLEMENTARES","h",0.15,26.552499999999998,{"$f":"IF(ISNUMBER(F4438),E4438*F4438,\"\")","v":3.9828749999999995},{"$f":"SUM(G4438:G4442)","v":7.0166999999999984},null,0]
[null,null,"SERVENTE COM ENCARGOS COMPLEMENTARES","h",0.15,20.225499999999997,{"$f":"IF(ISNUMBER(F4439),E4439*F4439,\"\")","v":3.0338249999999993},null,null,0]
[null,null,"Conjunto de vedação elástica para furo Ø 8 mm","UN",4.12,0,{"$f":"IF(ISNUMBER(F4440),E4440*F4440,\"\")","v":0},null,null,0]
[null,null,"Telha estrutural de fibrocimento esp. 8 mm largura útil 49 cm","m2",1.06,0,{"$f":"IF(ISNUMBER(F4441),E4441*F4441,\"\")","v":0},null,null,0]
[null,null,"Parafuso rosca soberba galvanizado Ø 8 mm x 250 mm","UN",4.12,0,{"$f":"IF(ISNUMBER(F4442),E4442*F4442,\"\")","v":0},null,null,0]
[null,null,null,null,null,"",{"$f":"IF(ISNUMBER(F4443),E4443*F4443,\"\")","v":""},null,null,0]
["SF-01147",{"$f":"INDEX(Orçamentária!A:B,MATCH(Composições!A4444,Orçamentária!A:A,0),2)","v":"Escada tipo marinheiro COM proteção"},null,"m",null,"",{"$f":"IF(ISNUMBER(F4444),E4444*F4444,\"\")","v":""},null,null,0]
[null,null,null,null,null,"",{"$f":"IF(ISNUMBER(F4445),E4445*F4445,\"\")","v":""},null,null,0]
[null,null,"ACO CA-50, 10,0 MM, VERGALHAO","KG",2.8,9.5189999999999984,{"$f":"IF(ISNUMBER(F4446),E4446*F4446,\"\")","v":26.653199999999995},{"$f":"SUM(G4446:G4454)","v":285.36692309245666},null,0]
[null,null,"FUNDO ANTICORROSIVO PARA METAIS FERROSOS (ZARCAO)","L",2.5000000000000001E-2,39.814499999999995,{"$f":"IF(ISNUMBER(F4447),E4447*F4447,\"\")","v":0.99536249999999993},null,null,0]
[null,null,"ARMADOR COM ENCARGOS COMPLEMENTARES","H",0.35,26.970499999999998,{"$f":"IF(ISNUMBER(F4448),E4448*F4448,\"\")","v":9.4396749999999994},null,null,0]
[null,null,"PEDREIRO COM ENCARGOS COMPLEMENTARES","H",1.1000000000000001,27.160499999999999,{"$f":"IF(ISNUMBER(F4449),E4449*F4449,\"\")","v":29.876550000000002},null,null,0]
[null,null,"SERVENTE COM ENCARGOS COMPLEMENTARES","H",1.1299999999999999,20.225499999999997,{"$f":"IF(ISNUMBER(F4450),E4450*F4450,\"\")","v":22.854814999999995},null,null,0]
[null,null,"ARGAMASSA TRAÇO 1:3 (EM VOLUME DE CIMENTO E AREIA MÉDIA ÚMIDA), PREPARO MANUAL. AF_08/2019","M3",3.5000000000000001E-3,758.17731213050001,{"$f":"IF(ISNUMBER(F4451),E4451*F4451,\"\")","v":2.65362059245675},null,null,0]
[null,null,"ACO CA-50, 10,0 MM, VERGALHAO","KG",3,9.5189999999999984,{"$f":"IF(ISNUMBER(F4452),E4452*F4452,\"\")","v":28.556999999999995},null,null,0]
[null,null,"CANTONEIRA ACO ABAS IGUAIS (QUALQUER BITOLA), ESPESSURA ENTRE 1/8\" E 1/4\"","KG",15,10.231499999999999,{"$f":"IF(ISNUMBER(F4453),E4453*F4453,\"\")","v":153.47249999999997},null,null,0]
[null,null,"PEDREIRO COM ENCARGOS COMPLEMENTARES","H",0.4,27.160499999999999,{"$f":"IF(ISNUMBER(F4454),E4454*F4454,\"\")","v":10.8642},null,null,0]
[null,null,null,null,null,"",{"$f":"IF(ISNUMBER(F4455),E4455*F4455,\"\")","v":""},null,null,0]
["SF-01148",{"$f":"INDEX(Orçamentária!A:B,MATCH(Composições!A4456,Orçamentária!A:A,0),2)","v":"Escada tipo marinheiro SEM proteção"},null,"m",null,"",{"$f":"IF(ISNUMBER(F4456),E4456*F4456,\"\")","v":""},null,null,0]
[null,null,null,null,null,"",{"$f":"IF(ISNUMBER(F4457),E4457*F4457,\"\")","v":""},null,null,0]
[null,null,"ACO CA-50, 10,0 MM, VERGALHAO","KG",2.8,9.5189999999999984,{"$f":"IF(ISNUMBER(F4458),E4458*F4458,\"\")","v":26.653199999999995},{"$f":"SUM(G4458:G4466)","v":147.85820868491351},null,0]
[null,null,"FUNDO ANTICORROSIVO PARA METAIS FERROSOS (ZARCAO)","L",2.5000000000000001E-2,39.814499999999995,{"$f":"IF(ISNUMBER(F4459),E4459*F4459,\"\")","v":0.99536249999999993},null,null,0]
[null,null,"ARMADOR COM ENCARGOS COMPLEMENTARES","H",0.35,26.970499999999998,{"$f":"IF(ISNUMBER(F4460),E4460*F4460,\"\")","v":9.4396749999999994},null,null,0]
[null,null,"PEDREIRO COM ENCARGOS COMPLEMENTARES","H",1.1000000000000001,27.160499999999999,{"$f":"IF(ISNUMBER(F4461),E4461*F4461,\"\")","v":29.876550000000002},null,null,0]
[null,null,"SERVENTE COM ENCARGOS COMPLEMENTARES","H",1.1299999999999999,20.225499999999997,{"$f":"IF(ISNUMBER(F4462),E4462*F4462,\"\")","v":22.854814999999995},null,null,0]
[null,null,"ARGAMASSA TRAÇO 1:3 (EM VOLUME DE CIMENTO E AREIA MÉDIA ÚMIDA), PREPARO MANUAL. AF_08/2019","M3",3.5000000000000001E-3,758.17731213050001,{"$f":"IF(ISNUMBER(F4463),E4463*F4463,\"\")","v":2.65362059245675},null,null,0]
[null,null,"PEDREIRO COM ENCARGOS COMPLEMENTARES","H",1.1000000000000001,27.160499999999999,{"$f":"IF(ISNUMBER(F4464),E4464*F4464,\"\")","v":29.876550000000002},null,null,0]
[null,null,"SERVENTE COM ENCARGOS COMPLEMENTARES","H",1.1299999999999999,20.225499999999997,{"$f":"IF(ISNUMBER(F4465),E4465*F4465,\"\")","v":22.854814999999995},null,null,0]
[null,null,"ARGAMASSA TRAÇO 1:3 (EM VOLUME DE CIMENTO E AREIA MÉDIA ÚMIDA), PREPARO MANUAL. AF_08/2019","M3",3.5000000000000001E-3,758.17731213050001,{"$f":"IF(ISNUMBER(F4466),E4466*F4466,\"\")","v":2.65362059245675},null,null,0]
[null,null,null,null,null,"",{"$f":"IF(ISNUMBER(F4467),E4467*F4467,\"\")","v":""},null,null,0]
["SF-01149",{"$f":"INDEX(Orçamentária!A:B,MATCH(Composições!A4468,Orçamentária!A:A,0),2)","v":"Limpeza e Preparação do Substrato para Impermeabilização"},null,"m2",null,"",{"$f":"IF(ISNUMBER(F4468),E4468*F4468,\"\")","v":""},null,null,0]
[null,null,null,null,null,"",{"$f":"IF(ISNUMBER(F4469),E4469*F4469,\"\")","v":""},null,null,0]
[null,null,"SERVENTE COM ENCARGOS COMPLEMENTARES","h",0.11,20.225499999999997,{"$f":"IF(ISNUMBER(F4470),E4470*F4470,\"\")","v":2.2248049999999995},{"$f":"SUM(G4470:G4472)","v":2.2248049999999995},null,0]
[null,null,"Lava-jato água fria pressão 1700 psi","loc/un/h",0.22,0,{"$f":"IF(ISNUMBER(F4471),E4471*F4471,\"\")","v":0},null,null,0]
[null,null,"Solução limpadora diluída em água","L",0.4,0,{"$f":"IF(ISNUMBER(F4472),E4472*F4472,\"\")","v":0},null,null,0]
[null,null,null,null,null,"",{"$f":"IF(ISNUMBER(F4473),E4473*F4473,\"\")","v":""},null,null,0]
["SF-01150",{"$f":"INDEX(Orçamentária!A:B,MATCH(Composições!A4474,Orçamentária!A:A,0),2)","v":"Substituição de Coletores de Águas Pluviais"},null,"un",null,"",{"$f":"IF(ISNUMBER(F4474),E4474*F4474,\"\")","v":""},null,null,0]
[null,null,null,null,null,"",{"$f":"IF(ISNUMBER(F4475),E4475*F4475,\"\")","v":""},null,null,0]
[null,null,"ANEL BORRACHA, DN 150 MM, PARA TUBO SERIE REFORCADA ESGOTO PREDIAL","UN",1,10.488,{"$f":"IF(ISNUMBER(F4476),E4476*F4476,\"\")","v":10.488},{"$f":"SUM(G4476:G4490)","v":230.13492835},null,0]
[null,null,"REDUCAO EXCENTRICA PVC, SERIE R, DN 150 X 100 MM, PARA ESGOTO PREDIAL","UN",1,54.026499999999992,{"$f":"IF(ISNUMBER(F4477),E4477*F4477,\"\")","v":54.026499999999992},null,null,0]
[null,null,"PASTA LUBRIFICANTE PARA TUBOS E CONEXOES COM JUNTA ELASTICA, EMBALAGEM DE *400* GR (USO EM PVC, ACO, POLIETILENO E OUTROS)","UN",7.0000000000000007E-2,25.725999999999996,{"$f":"IF(ISNUMBER(F4478),E4478*F4478,\"\")","v":1.8008199999999999},null,null,0]
[null,null,"AUXILIAR DE ENCANADOR OU BOMBEIRO HIDRÁULICO COM ENCARGOS COMPLEMENTARES","H",0.11,20.909500000000001,{"$f":"IF(ISNUMBER(F4479),E4479*F4479,\"\")","v":2.3000450000000003},null,null,0]
[null,null,"ENCANADOR OU BOMBEIRO HIDRÁULICO COM ENCARGOS COMPLEMENTARES","H",0.11,26.4575,{"$f":"IF(ISNUMBER(F4480),E4480*F4480,\"\")","v":2.9103249999999998},null,null,0]
[null,null,"ADESIVO PLASTICO PARA PVC, FRASCO COM *850* GR","UN",6.1999999999999998E-3,62.348499999999994,{"$f":"IF(ISNUMBER(F4481),E4481*F4481,\"\")","v":0.38656069999999992},null,null,0]
[null,null,"TUBO PVC, SERIE R, DN 150 MM, PARA ESGOTO OU AGUAS PLUVIAIS PREDIAL (NBR 5688)","M",{"$f":"1.04/2","v":0.52},57.969000000000001,{"$f":"IF(ISNUMBER(F4482),E4482*F4482,\"\")","v":30.143880000000003},null,null,0]
[null,null,"SOLUCAO PREPARADORA / LIMPADORA PARA PVC, FRASCO COM 1000 CM3","UN",1.0200000000000001E-2,70.641999999999996,{"$f":"IF(ISNUMBER(F4483),E4483*F4483,\"\")","v":0.72054839999999998},null,null,0]
[null,null,"LIXA D'AGUA EM FOLHA, GRAO 100","UN",3.6999999999999998E-2,2.1185,{"$f":"IF(ISNUMBER(F4484),E4484*F4484,\"\")","v":7.8384499999999996E-2},null,null,0]
[null,null,"AUXILIAR DE ENCANADOR OU BOMBEIRO HIDRÁULICO COM ENCARGOS COMPLEMENTARES","H",0.18,20.909500000000001,{"$f":"IF(ISNUMBER(F4485),E4485*F4485,\"\")","v":3.7637100000000001},null,null,0]
[null,null,"ENCANADOR OU BOMBEIRO HIDRÁULICO COM ENCARGOS COMPLEMENTARES","H",0.18,26.4575,{"$f":"IF(ISNUMBER(F4486),E4486*F4486,\"\")","v":4.7623499999999996},null,null,0]
[null,null,"PEDREIRO COM ENCARGOS COMPLEMENTARES","H",1,27.160499999999999,{"$f":"IF(ISNUMBER(F4487),E4487*F4487,\"\")","v":27.160499999999999},null,null,0]
[null,null,"ADESIVO ESTRUTURAL A BASE DE RESINA EPOXI, BICOMPONENTE, PASTOSO (TIXOTROPICO)","KG",{"$f":"ROUND(1.8*(PI()*(0.25-0.15)*0.1)*10,4)","v":0.5655},52.924500000000002,{"$f":"IF(ISNUMBER(F4488),E4488*F4488,\"\")","v":29.928804750000001},null,null,0]
[null,null,"SELANTE ELASTICO MONOCOMPONENTE A BASE DE POLIURETANO (PU) PARA JUNTAS DIVERSAS","310ml",0.2,40.042499999999997,{"$f":"IF(ISNUMBER(F4489),E4489*F4489,\"\")","v":8.0084999999999997},null,null,0]
[null,null,"RALO FOFO SEMIESFERICO, 150 MM, PARA LAJES/ CALHAS","UN",1,53.655999999999992,{"$f":"IF(ISNUMBER(F4490),E4490*F4490,\"\")","v":53.655999999999992},null,null,0]
[null,null,null,null,null,"",null,null,null,0]
[null,null,"Obs 1: Considerando consumo do adesivo estrutural 1,8 kg / m² / mm.",null,null,"",null,null,null,0]
[null,null,null,null,null,"",{"$f":"IF(ISNUMBER(F4493),E4493*F4493,\"\")","v":""},null,null,0]
["SF-01151",{"$f":"INDEX(Orçamentária!A:B,MATCH(Composições!A4494,Orçamentária!A:A,0),2)","v":"Tratamento de Tubulação Passante para Impermeabilização"},null,"un",null,"",{"$f":"IF(ISNUMBER(F4494),E4494*F4494,\"\")","v":""},null,null,0]
[null,null,null,null,null,"",{"$f":"IF(ISNUMBER(F4495),E4495*F4495,\"\")","v":""},null,null,0]
[null,null,"IMPERMEABILIZADOR COM ENCARGOS COMPLEMENTARES","H",0.5,27.160499999999999,{"$f":"IF(ISNUMBER(F4496),E4496*F4496,\"\")","v":13.580249999999999},{"$f":"SUM(G4496:G4498)","v":51.517554750000002},null,0]
[null,null,"ADESIVO ESTRUTURAL A BASE DE RESINA EPOXI, BICOMPONENTE, PASTOSO (TIXOTROPICO)","KG",{"$f":"ROUND(1.8*(PI()*(0.25-0.15)*0.1)*10,4)","v":0.5655},52.924500000000002,{"$f":"IF(ISNUMBER(F4497),E4497*F4497,\"\")","v":29.928804750000001},null,null,0]
[null,null,"SELANTE ELASTICO MONOCOMPONENTE A BASE DE POLIURETANO (PU) PARA JUNTAS DIVERSAS","310ml",0.2,40.042499999999997,{"$f":"IF(ISNUMBER(F4498),E4498*F4498,\"\")","v":8.0084999999999997},null,null,0]
[null,null,null,null,null,"",null,null,null,0]
[null,null,"Obs 1: Considerando consumo do adesivo estrutural 1,8 kg / m² / mm.",null,null,"",null,null,null,0]
[null,null,null,null,null,"",{"$f":"IF(ISNUMBER(F4501),E4501*F4501,\"\")","v":""},null,null,0]
["SF-01152",{"$f":"INDEX(Orçamentária!A:B,MATCH(Composições!A4502,Orçamentária!A:A,0),2)","v":"Regularização de substrato para Impermeabilização - 3cm"},null,"m2",null,"",{"$f":"IF(ISNUMBER(F4502),E4502*F4502,\"\")","v":""},null,null,0]
[null,null,null,null,null,"",{"$f":"IF(ISNUMBER(F4503),E4503*F4503,\"\")","v":""},null,null,0]
[null,null,"CIMENTO PORTLAND COMPOSTO CP II-32","KG",0.5,0.627,{"$f":"IF(ISNUMBER(F4504),E4504*F4504,\"\")","v":0.3135},{"$f":"SUM(G4504:G4508)","v":45.146060778828392},null,0]
[null,null,"ADITIVO ADESIVO LIQUIDO PARA ARGAMASSAS DE REVESTIMENTOS CIMENTICIOS","L",0.21,16.302,{"$f":"IF(ISNUMBER(F4505),E4505*F4505,\"\")","v":3.4234199999999997},null,null,0]
[null,null,"ARGAMASSA TRAÇO 1:4 (EM VOLUME DE CIMENTO E AREIA MÉDIA ÚMIDA) PARA CONTRAPISO, PREPARO MECÂNICO COM BETONEIRA 400 L. AF_08/2019","M3",4.3099999999999999E-2,748.65618976399992,{"$f":"IF(ISNUMBER(F4506),E4506*F4506,\"\")","v":32.267081778828398},null,null,0]
[null,null,"PEDREIRO COM ENCARGOS COMPLEMENTARES","H",0.245,27.160499999999999,{"$f":"IF(ISNUMBER(F4507),E4507*F4507,\"\")","v":6.6543224999999993},null,null,0]
[null,null,"SERVENTE COM ENCARGOS COMPLEMENTARES","H",0.123,20.225499999999997,{"$f":"IF(ISNUMBER(F4508),E4508*F4508,\"\")","v":2.4877364999999996},null,null,0]
[null,null,null,null,null,"",{"$f":"IF(ISNUMBER(F4509),E4509*F4509,\"\")","v":""},null,null,0]
["SF-01153",{"$f":"INDEX(Orçamentária!A:B,MATCH(Composições!A4510,Orçamentária!A:A,0),2)","v":"Regularização de substrato para Impermeabilização - 6cm"},null,"m2",null,"",{"$f":"IF(ISNUMBER(F4510),E4510*F4510,\"\")","v":""},null,null,0]
[null,null,null,null,null,"",{"$f":"IF(ISNUMBER(F4511),E4511*F4511,\"\")","v":""},null,null,0]
[null,null,"PEDREIRO COM ENCARGOS COMPLEMENTARES","h",0.29899999999999999,27.160499999999999,{"$f":"IF(ISNUMBER(F4512),E4512*F4512,\"\")","v":8.1209894999999985},{"$f":"SUM(G4512:G4514)","v":60.620763143400396},null,0]
[null,null,"SERVENTE COM ENCARGOS COMPLEMENTARES","h",0.14899999999999999,20.225499999999997,{"$f":"IF(ISNUMBER(F4513),E4513*F4513,\"\")","v":3.0135994999999993},null,null,0]
[null,null,"ARGAMASSA TRAÇO 1:4 (EM VOLUME DE CIMENTO E AREIA MÉDIA ÚMIDA) PARA CONTRAPISO, PREPARO MECÂNICO COM BETONEIRA 400 L. AF_08/2019","M3",6.6100000000000006E-2,748.65618976399992,{"$f":"IF(ISNUMBER(F4514),E4514*F4514,\"\")","v":49.486174143400397},null,null,0]
[null,null,null,null,null,"",{"$f":"IF(ISNUMBER(F4515),E4515*F4515,\"\")","v":""},null,null,0]
["SF-01154",{"$f":"INDEX(Orçamentária!A:B,MATCH(Composições!A4516,Orçamentária!A:A,0),2)","v":"Camada Separadora para Impermeabilização"},null,"m2",null,"",{"$f":"IF(ISNUMBER(F4516),E4516*F4516,\"\")","v":""},null,null,0]
[null,null,null,null,null,"",{"$f":"IF(ISNUMBER(F4517),E4517*F4517,\"\")","v":""},null,null,0]
[null,null,"SERVENTE COM ENCARGOS COMPLEMENTARES","H",0.01,20.225499999999997,{"$f":"IF(ISNUMBER(F4518),E4518*F4518,\"\")","v":0.20225499999999996},{"$f":"SUM(G4518:G4519)","v":7.6426549999999995},null,0]
[null,null,"GEOTEXTIL NAO TECIDO AGULHADO DE FILAMENTOS CONTINUOS 100% POLIESTER, RESITENCIA A TRACAO = 10 KN/M","m2",1.1000000000000001,6.7639999999999993,{"$f":"IF(ISNUMBER(F4519),E4519*F4519,\"\")","v":7.4403999999999995},null,null,0]
[null,null,null,null,null,"",{"$f":"IF(ISNUMBER(F4520),E4520*F4520,\"\")","v":""},null,null,0]
["SF-01155",{"$f":"INDEX(Orçamentária!A:B,MATCH(Composições!A4521,Orçamentária!A:A,0),2)","v":"Camada de Proteção Térmica para Impermeabilização"},null,"m2",null,"",{"$f":"IF(ISNUMBER(F4521),E4521*F4521,\"\")","v":""},null,null,0]
[null,null,null,null,null,"",{"$f":"IF(ISNUMBER(F4522),E4522*F4522,\"\")","v":""},null,null,0]
[null,null,"SERVENTE COM ENCARGOS COMPLEMENTARES","H",0.05,20.225499999999997,{"$f":"IF(ISNUMBER(F4523),E4523*F4523,\"\")","v":1.0112749999999999},{"$f":"SUM(G4523:G4524)","v":10.986274999999999},null,0]
[null,null,"POLIESTIRENO EXPANDIDO/EPS (ISOPOR), TIPO 2F, PLACA, ISOLAMENTO TERMOACUSTICO, E = 20 MM, 1000 X 500 MM","m2",1.05,9.5,{"$f":"IF(ISNUMBER(F4524),E4524*F4524,\"\")","v":9.9749999999999996},null,null,0]
[null,null,null,null,null,"",{"$f":"IF(ISNUMBER(F4525),E4525*F4525,\"\")","v":""},null,null,0]
["SF-01156",{"$f":"INDEX(Orçamentária!A:B,MATCH(Composições!A4526,Orçamentária!A:A,0),2)","v":"Camada de Amortecimento para Impermeabilização"},null,"m2",null,"",{"$f":"IF(ISNUMBER(F4526),E4526*F4526,\"\")","v":""},null,null,0]
[null,null,null,null,null,"",{"$f":"IF(ISNUMBER(F4527),E4527*F4527,\"\")","v":""},null,null,0]
[null,null,"PEDREIRO COM ENCARGOS COMPLEMENTARES","h",0.107,27.160499999999999,{"$f":"IF(ISNUMBER(F4528),E4528*F4528,\"\")","v":2.9061735},{"$f":"SUM(G4528:G4532)","v":33.595566846554},null,0]
[null,null,"SERVENTE COM ENCARGOS COMPLEMENTARES","h",0.214,20.225499999999997,{"$f":"IF(ISNUMBER(F4529),E4529*F4529,\"\")","v":4.3282569999999989},null,null,0]
[null,null,"CIMENTO PORTLAND COMPOSTO CP II-32","KG",0.5,0.627,{"$f":"IF(ISNUMBER(F4530),E4530*F4530,\"\")","v":0.3135},null,null,0]
[null,null,"ADITIVO ADESIVO LIQUIDO PARA ARGAMASSAS DE REVESTIMENTOS CIMENTICIOS","L",0.21,16.302,{"$f":"IF(ISNUMBER(F4531),E4531*F4531,\"\")","v":3.4234199999999997},null,null,0]
[null,null,"ARGAMASSA TRAÇO 1:2:8 (EM VOLUME DE CIMENTO, CAL E AREIA MÉDIA ÚMIDA) PARA EMBOÇO/MASSA ÚNICA/ASSENTAMENTO DE ALVENARIA DE VEDAÇÃO, PREPARO MECÂNICO COM BETONEIRA 400 L. AF_08/2019","M3",3.1E-2,729.81343053399996,{"$f":"IF(ISNUMBER(F4532),E4532*F4532,\"\")","v":22.624216346554},null,null,0]
[null,null,null,null,null,"",{"$f":"IF(ISNUMBER(F4533),E4533*F4533,\"\")","v":""},null,null,0]
["SF-01157",{"$f":"INDEX(Orçamentária!A:B,MATCH(Composições!A4534,Orçamentária!A:A,0),2)","v":"Camada de Proteção Mecânica em Placas de Impermeabilização"},null,"m2",null,"",{"$f":"IF(ISNUMBER(F4534),E4534*F4534,\"\")","v":""},null,null,0]
[null,null,null,null,null,"",{"$f":"IF(ISNUMBER(F4535),E4535*F4535,\"\")","v":""},null,null,0]
[null,null,"CAMADA SEPARADORA DE FILME DE POLIETILENO 20 A 25 MICRA","M2",1.04,1.8524999999999998,{"$f":"IF(ISNUMBER(F4536),E4536*F4536,\"\")","v":1.9265999999999999},{"$f":"SUM(G4536:G4540)","v":93.084465633250005},null,0]
[null,null,"ARGAMASSA TRAÇO 1:3 (EM VOLUME DE CIMENTO E AREIA MÉDIA ÚMIDA) PARA CONTRAPISO, PREPARO MANUAL. AF_08/2019","M3",4.3999999999999997E-2,918.47096893750006,{"$f":"IF(ISNUMBER(F4537),E4537*F4537,\"\")","v":40.412722633249999},null,null,0]
[null,null,"PEDREIRO COM ENCARGOS COMPLEMENTARES","H",0.89900000000000002,27.160499999999999,{"$f":"IF(ISNUMBER(F4538),E4538*F4538,\"\")","v":24.417289499999999},null,null,0]
[null,null,"SERVENTE COM ENCARGOS COMPLEMENTARES","H",0.182,20.225499999999997,{"$f":"IF(ISNUMBER(F4539),E4539*F4539,\"\")","v":3.6810409999999991},null,null,0]
[null,null,"MANTA LIQUIDA DE BASE ASFALTICA MODIFICADA COM A ADICAO DE ELASTOMEROS DILUIDOS EM SOLVENTE ORGANICO, APLICACAO A FRIO (MEMBRANA IMPERMEABILIZANTE ASFASTICA)","KG",{"$f":"0.15*2.5*(6/2)","v":1.125},20.130500000000001,{"$f":"IF(ISNUMBER(F4540),E4540*F4540,\"\")","v":22.646812500000003},null,null,0]
[null,null,null,null,null,"",{"$f":"IF(ISNUMBER(F4541),E4541*F4541,\"\")","v":""},null,null,0]
["SF-01158",{"$f":"INDEX(Orçamentária!A:B,MATCH(Composições!A4542,Orçamentária!A:A,0),2)","v":"Pintura Inibidora de Raízes em Estrutura Impermeabilizada"},null,"m2",null,"",{"$f":"IF(ISNUMBER(F4542),E4542*F4542,\"\")","v":""},null,null,0]
[null,null,null,null,null,"",{"$f":"IF(ISNUMBER(F4543),E4543*F4543,\"\")","v":""},null,null,0]
[null,null,"Pintura inibidora de raízes","L",0.32569999999999999,"",{"$f":"IF(ISNUMBER(F4544),E4544*F4544,\"\")","v":""},{"$f":"SUM(G4544:G4545)","v":12.825901549999999},null,0]
[null,null,"PINTOR COM ENCARGOS COMPLEMENTARES","H",0.45290000000000002,28.319499999999998,{"$f":"IF(ISNUMBER(F4545),E4545*F4545,\"\")","v":12.825901549999999},null,null,0]
[null,null,null,null,null,"",{"$f":"IF(ISNUMBER(F4546),E4546*F4546,\"\")","v":""},null,null,0]
["SF-01159",{"$f":"INDEX(Orçamentária!A:B,MATCH(Composições!A4547,Orçamentária!A:A,0),2)","v":"Camada Drenante para Impermeabilização"},null,"m2",null,"",{"$f":"IF(ISNUMBER(F4547),E4547*F4547,\"\")","v":""},null,null,0]
[null,null,null,null,null,"",{"$f":"IF(ISNUMBER(F4548),E4548*F4548,\"\")","v":""},null,null,0]
[null,null,"SERVENTE COM ENCARGOS COMPLEMENTARES","H",0.02,20.225499999999997,{"$f":"IF(ISNUMBER(F4549),E4549*F4549,\"\")","v":0.40450999999999993},{"$f":"SUM(G4549:G4551)","v":7.8449099999999996},null,0]
[null,null,"Geocomposto Drenante industrializado formado por estrutura drenante de pelo menos 10 mm","m2",1.05,"",{"$f":"IF(ISNUMBER(F4550),E4550*F4550,\"\")","v":""},null,null,0]
[null,null,"GEOTEXTIL NAO TECIDO AGULHADO DE FILAMENTOS CONTINUOS 100% POLIESTER, RESITENCIA A TRACAO = 10 KN/M","m2",1.1000000000000001,6.7639999999999993,{"$f":"IF(ISNUMBER(F4551),E4551*F4551,\"\")","v":7.4403999999999995},null,null,0]
[null,null,null,null,null,"",{"$f":"IF(ISNUMBER(F4552),E4552*F4552,\"\")","v":""},null,null,0]
["SF-01160",{"$f":"INDEX(Orçamentária!A:B,MATCH(Composições!A4553,Orçamentária!A:A,0),2)","v":"Calha em Chapa de Aço Galvanizado nº 24"},null,"m2",null,"",{"$f":"IF(ISNUMBER(F4553),E4553*F4553,\"\")","v":""},null,null,0]
[null,null,null,null,null,"",{"$f":"IF(ISNUMBER(F4554),E4554*F4554,\"\")","v":""},null,null,0]
[null,null,"SELANTE ELASTICO MONOCOMPONENTE A BASE DE POLIURETANO (PU) PARA JUNTAS DIVERSAS","310ML",0.161,40.042499999999997,{"$f":"IF(ISNUMBER(F4555),E4555*F4555,\"\")","v":6.4468424999999998},{"$f":"SUM(G4555:G4563)","v":197.68537460000002},null,0]
[null,null,"PREGO DE ACO POLIDO COM CABECA 18 X 27 (2 1/2 X 10)","KG",2.5000000000000001E-2,21.232500000000002,{"$f":"IF(ISNUMBER(F4556),E4556*F4556,\"\")","v":0.53081250000000002},null,null,0]
[null,null,"REBITE DE ALUMINIO VAZADO DE REPUXO, 3,2 X 8 MM (1KG = 1025 UNIDADES)","KG",4.8999999999999998E-3,65.492999999999995,{"$f":"IF(ISNUMBER(F4557),E4557*F4557,\"\")","v":0.32091569999999997},null,null,0]
[null,null,"SOLDA EM BARRA DE ESTANHO-CHUMBO 50/50","KG",0.18,184.92699999999999,{"$f":"IF(ISNUMBER(F4558),E4558*F4558,\"\")","v":33.286859999999997},null,null,0]
[null,null,"CALHA QUADRADA DE CHAPA DE ACO GALVANIZADA NUM 24, CORTE 100 CM","M",1.05,123.139,{"$f":"IF(ISNUMBER(F4559),E4559*F4559,\"\")","v":129.29595},null,null,0]
[null,null,"SERVENTE COM ENCARGOS COMPLEMENTARES","H",0.63300000000000001,20.225499999999997,{"$f":"IF(ISNUMBER(F4560),E4560*F4560,\"\")","v":12.802741499999998},null,null,0]
[null,null,"TELHADISTA COM ENCARGOS COMPLEMENTARES","H",0.53900000000000003,26.552499999999998,{"$f":"IF(ISNUMBER(F4561),E4561*F4561,\"\")","v":14.311797500000001},null,null,0]
[null,null,"GUINCHO ELÉTRICO DE COLUNA, CAPACIDADE 400 KG, COM MOTO FREIO, MOTOR TRIFÁSICO DE 1,25 CV - CHP DIURNO. AF_03/2016","CHP",1.32E-2,22.334500000000002,{"$f":"IF(ISNUMBER(F4562),E4562*F4562,\"\")","v":0.29481540000000001},null,null,0]
[null,null,"GUINCHO ELÉTRICO DE COLUNA, CAPACIDADE 400 KG, COM MOTO FREIO, MOTOR TRIFÁSICO DE 1,25 CV - CHI DIURNO. AF_03/2016","CHI",1.83E-2,21.564999999999998,{"$f":"IF(ISNUMBER(F4563),E4563*F4563,\"\")","v":0.39463949999999998},null,null,0]
[null,null,null,null,null,"",{"$f":"IF(ISNUMBER(F4564),E4564*F4564,\"\")","v":""},null,null,0]
["SF-01161",{"$f":"INDEX(Orçamentária!A:B,MATCH(Composições!A4565,Orçamentária!A:A,0),2)","v":"Rufo em Chapa de Aço Galvanizado nº 24"},null,"m2",null,"",{"$f":"IF(ISNUMBER(F4565),E4565*F4565,\"\")","v":""},null,null,0]
[null,null,null,null,null,"",{"$f":"IF(ISNUMBER(F4566),E4566*F4566,\"\")","v":""},null,null,0]
[null,null,"SELANTE ELASTICO MONOCOMPONENTE A BASE DE POLIURETANO (PU) PARA JUNTAS DIVERSAS","310ML",{"$f":"0.198*4","v":0.79200000000000004},40.042499999999997,{"$f":"IF(ISNUMBER(F4567),E4567*F4567,\"\")","v":31.713659999999997},{"$f":"SUM(G4567:G4575)","v":228.23679319999997},null,0]
[null,null,"PREGO DE ACO POLIDO COM CABECA 18 X 27 (2 1/2 X 10)","KG",{"$f":"0.006*4","v":2.4E-2},21.232500000000002,{"$f":"IF(ISNUMBER(F4568),E4568*F4568,\"\")","v":0.50958000000000003},null,null,0]
[null,null,"REBITE DE ALUMINIO VAZADO DE REPUXO, 3,2 X 8 MM (1KG = 1025 UNIDADES)","KG",{"$f":"0.0012*4","v":4.7999999999999996E-3},65.492999999999995,{"$f":"IF(ISNUMBER(F4569),E4569*F4569,\"\")","v":0.31436639999999993},null,null,0]
[null,null,"SOLDA EM BARRA DE ESTANHO-CHUMBO 50/50","KG",{"$f":"0.045*4","v":0.18},184.92699999999999,{"$f":"IF(ISNUMBER(F4570),E4570*F4570,\"\")","v":33.286859999999997},null,null,0]
[null,null,"RUFO INTERNO/EXTERNO DE CHAPA DE ACO GALVANIZADA NUM 24, CORTE 25 CM","M",{"$f":"4*1.05","v":4.2},34.9315,{"$f":"IF(ISNUMBER(F4571),E4571*F4571,\"\")","v":146.7123},null,null,0]
[null,null,"SERVENTE COM ENCARGOS COMPLEMENTARES","H",{"$f":"0.207*2","v":0.41399999999999998},20.225499999999997,{"$f":"IF(ISNUMBER(F4572),E4572*F4572,\"\")","v":8.3733569999999986},null,null,0]
[null,null,"TELHADISTA COM ENCARGOS COMPLEMENTARES","H",{"$f":"0.112*2","v":0.224},26.552499999999998,{"$f":"IF(ISNUMBER(F4573),E4573*F4573,\"\")","v":5.9477599999999997},null,null,0]
[null,null,"GUINCHO ELÉTRICO DE COLUNA, CAPACIDADE 400 KG, COM MOTO FREIO, MOTOR TRIFÁSICO DE 1,25 CV - CHP DIURNO. AF_03/2016","CHP",{"$f":"0.0132*2","v":2.64E-2},22.334500000000002,{"$f":"IF(ISNUMBER(F4574),E4574*F4574,\"\")","v":0.58963080000000001},null,null,0]
[null,null,"GUINCHO ELÉTRICO DE COLUNA, CAPACIDADE 400 KG, COM MOTO FREIO, MOTOR TRIFÁSICO DE 1,25 CV - CHI DIURNO. AF_03/2016","CHI",{"$f":"0.0183*2","v":3.6600000000000001E-2},21.564999999999998,{"$f":"IF(ISNUMBER(F4575),E4575*F4575,\"\")","v":0.78927899999999995},null,null,0]
[null,null,null,null,null,"",{"$f":"IF(ISNUMBER(F4576),E4576*F4576,\"\")","v":""},null,null,0]
["SF-01163",{"$f":"INDEX(Orçamentária!A:B,MATCH(Composições!A4577,Orçamentária!A:A,0),2)","v":"Chapim Pré-Moldado de Concreto Aparente"},null,"m",null,"",{"$f":"IF(ISNUMBER(F4577),E4577*F4577,\"\")","v":""},null,null,0]
[null,null,null,null,null,"",{"$f":"IF(ISNUMBER(F4578),E4578*F4578,\"\")","v":""},null,null,0]
[null,null,"ARAME RECOZIDO 16 BWG, D = 1,65 MM (0,016 KG/M) OU 18 BWG, D = 1,25 MM (0,01 KG/M)","KG",0.02,22.61,{"$f":"IF(ISNUMBER(F4579),E4579*F4579,\"\")","v":0.45219999999999999},{"$f":"SUM(G4579:G4592)","v":128.24887824950002},null,0]
[null,null,"AREIA GROSSA - POSTO JAZIDA/FORNECEDOR (RETIRADO NA JAZIDA, SEM TRANSPORTE)","m3",0.04,204.92449999999999,{"$f":"IF(ISNUMBER(F4580),E4580*F4580,\"\")","v":8.1969799999999999},null,null,0]
[null,null,"ARMADOR COM ENCARGOS COMPLEMENTARES","H",0.8,26.970499999999998,{"$f":"IF(ISNUMBER(F4581),E4581*F4581,\"\")","v":21.5764},null,null,0]
[null,null,"ACO CA-50, 10,0 MM, OU 12,5 MM, OU 16,0 MM, OU 20,0 MM, DOBRADO E CORTADO","KG",1.35,9.4715000000000007,{"$f":"IF(ISNUMBER(F4582),E4582*F4582,\"\")","v":12.786525000000001},null,null,0]
[null,null,"Carpinteiro de formas com encargos complementares","H",0.7,26.799499999999998,{"$f":"IF(ISNUMBER(F4583),E4583*F4583,\"\")","v":18.759649999999997},null,null,0]
[null,null,"Chapa de madeira compensada resinada 1,10 x 2,20 m # 10 mm","m2",1,0,{"$f":"IF(ISNUMBER(F4584),E4584*F4584,\"\")","v":0},null,null,0]
[null,null,"BETONEIRA CAPACIDADE NOMINAL DE 600 L, CAPACIDADE DE MISTURA 360 L, MOTOR ELÉTRICO TRIFÁSICO POTÊNCIA DE 4 CV, SEM CARREGADOR - CHP DIURNO. AF_11/2014","CHP",0.02,5.1395,{"$f":"IF(ISNUMBER(F4585),E4585*F4585,\"\")","v":0.10279000000000001},null,null,0]
[null,null,"CIMENTO PORTLAND COMPOSTO CP II-32","KG",17.36,0.627,{"$f":"IF(ISNUMBER(F4586),E4586*F4586,\"\")","v":10.88472},null,null,0]
[null,null,"PEDRA BRITADA N. 0, OU PEDRISCO (4,8 A 9,5 MM) POSTO PEDREIRA/FORNECEDOR, SEM FRETE","m3",0.09,185.47800000000001,{"$f":"IF(ISNUMBER(F4587),E4587*F4587,\"\")","v":16.693020000000001},null,null,0]
[null,null,"PREGO DE ACO POLIDO COM CABECA 17 X 21 (2 X 11)","kg",0.02,21.602999999999998,{"$f":"IF(ISNUMBER(F4588),E4588*F4588,\"\")","v":0.43205999999999994},null,null,0]
[null,null,"PEDREIRO COM ENCARGOS COMPLEMENTARES","h",0.3,27.160499999999999,{"$f":"IF(ISNUMBER(F4589),E4589*F4589,\"\")","v":8.1481499999999993},null,null,0]
[null,null,"SERVENTE COM ENCARGOS COMPLEMENTARES","H",1.1000000000000001,20.225499999999997,{"$f":"IF(ISNUMBER(F4590),E4590*F4590,\"\")","v":22.248049999999999},null,null,0]
[null,null,"CARGA, MANOBRA E DESCARGA DE SOLOS E MATERIAIS GRANULARES EM CAMINHÃO BASCULANTE 6 M³ - CARGA COM PÁ CARREGADEIRA (CAÇAMBA DE 1,7 A 2,8 M³ / 128 HP) E DESCARGA LIVRE (UNIDADE: M3). AF_07/2020","m3",{"$f":"1*(E4580+E4587)","v":0.13},7.9843291499999998,{"$f":"IF(ISNUMBER(F4591),E4591*F4591,\"\")","v":1.0379627895000001},null,null,0]
[null,null,"TRANSPORTE COM CAMINHÃO BASCULANTE DE 6 M3, EM VIA URBANA PAVIMENTADA, DMT ATÉ 30 KM (UNIDADE: M3xKM). AF_01/2018","M3xKM",{"$f":"(E4580+E4587)*20","v":2.6},2.6655270999999994,{"$f":"IF(ISNUMBER(F4592),E4592*F4592,\"\")","v":6.9303704599999989},null,null,0]
[null,null,null,null,null,"",{"$f":"IF(ISNUMBER(F4593),E4593*F4593,\"\")","v":""},null,null,0]
[null,null,"Obs: considerando fornecedor de areia e brita a 20 km do Senado Federal",null,null,"",{"$f":"IF(ISNUMBER(F4594),E4594*F4594,\"\")","v":""},null,null,0]
[null,null,null,null,null,"",{"$f":"IF(ISNUMBER(F4595),E4595*F4595,\"\")","v":""},null,null,0]
["SF-01164",{"$f":"INDEX(Orçamentária!A:B,MATCH(Composições!A4596,Orçamentária!A:A,0),2)","v":"Armação em tela de aço soldado nervurada"},null,"m2",null,"",{"$f":"IF(ISNUMBER(F4596),E4596*F4596,\"\")","v":""},null,null,0]
[null,null,null,null,null,"",{"$f":"IF(ISNUMBER(F4597),E4597*F4597,\"\")","v":""},null,null,0]
[null,null,"TELA DE ACO SOLDADA NERVURADA, CA-60, Q-92, (1,48 KG/M2), DIAMETRO DO FIO = 4,2 MM, LARGURA = 2,45 X 60 M DE COMPRIMENTO, ESPACAMENTO DA MALHA = 15 X 15 CM","M2",{"$f":"ROUND(0.712*1.48,4)","v":1.0538000000000001},14.952999999999999,{"$f":"IF(ISNUMBER(F4598),E4598*F4598,\"\")","v":15.7574714},{"$f":"SUM(G4598:G4602)","v":18.271366150000002},null,0]
[null,null,"ESPACADOR / DISTANCIADOR CIRCULAR COM ENTRADA LATERAL, EM PLASTICO, PARA VERGALHAO *4,2 A 12,5* MM, COBRIMENTO 20 MM","UN",{"$f":"ROUND(1.382*1.48,4)","v":2.0453999999999999},0.20899999999999999,{"$f":"IF(ISNUMBER(F4599),E4599*F4599,\"\")","v":0.42748859999999994},null,null,0]
[null,null,"ARAME RECOZIDO 16 BWG, D = 1,65 MM (0,016 KG/M) OU 18 BWG, D = 1,25 MM (0,01 KG/M)","KG",{"$f":"ROUND(0.0105*1.48,4)","v":1.55E-2},22.61,{"$f":"IF(ISNUMBER(F4600),E4600*F4600,\"\")","v":0.35045499999999996},null,null,0]
[null,null,"AJUDANTE DE ARMADOR COM ENCARGOS COMPLEMENTARES","H",{"$f":"ROUND(0.006*1.48,4)","v":8.8999999999999999E-3},20.196999999999999,{"$f":"IF(ISNUMBER(F4601),E4601*F4601,\"\")","v":0.1797533},null,null,0]
[null,null,"ARMADOR COM ENCARGOS COMPLEMENTARES","H",{"$f":"ROUND(0.039*1.48,4)","v":5.7700000000000001E-2},26.970499999999998,{"$f":"IF(ISNUMBER(F4602),E4602*F4602,\"\")","v":1.55619785},null,null,0]
[null,null,null,null,null,"",{"$f":"IF(ISNUMBER(F4603),E4603*F4603,\"\")","v":""},null,null,0]
["SF-01165",{"$f":"INDEX(Orçamentária!A:B,MATCH(Composições!A4604,Orçamentária!A:A,0),2)","v":"Trama de aço composta por terças para telhados de até 2 águas"},null,"m2",null,"",{"$f":"IF(ISNUMBER(F4604),E4604*F4604,\"\")","v":""},null,null,0]
[null,null,null,null,null,"",{"$f":"IF(ISNUMBER(F4605),E4605*F4605,\"\")","v":""},null,null,0]
[null,null,"PARAFUSO, COMUM, ASTM A307, SEXTAVADO, DIAMETRO 1/2\" (12,7 MM), COMPRIMENTO 1\" (25,4 MM)","CENTO",7.0000000000000001E-3,187.19749999999999,{"$f":"IF(ISNUMBER(F4606),E4606*F4606,\"\")","v":1.3103825},{"$f":"SUM(G4606:G4611)","v":56.054111599999992},null,0]
[null,null,"PERFIL \"U\" ENRIJECIDO DE ACO GALVANIZADO, DOBRADO, 150 X 60 X 20 MM, E = 3,00 MM OU 200 X 75 X 25 MM, E = 3,75 MM","KG",4.3330000000000002,11.038999999999998,{"$f":"IF(ISNUMBER(F4607),E4607*F4607,\"\")","v":47.831986999999991},null,null,0]
[null,null,"MONTADOR DE ESTRUTURA METÁLICA COM ENCARGOS COMPLEMENTARES","H",0.21299999999999999,20.719499999999996,{"$f":"IF(ISNUMBER(F4608),E4608*F4608,\"\")","v":4.4132534999999988},null,null,0]
[null,null,"SERVENTE COM ENCARGOS COMPLEMENTARES","H",0.106,20.225499999999997,{"$f":"IF(ISNUMBER(F4609),E4609*F4609,\"\")","v":2.1439029999999994},null,null,0]
[null,null,"GUINCHO ELÉTRICO DE COLUNA, CAPACIDADE 400 KG, COM MOTO FREIO, MOTOR TRIFÁSICO DE 1,25 CV - CHP DIURNO. AF_03/2016","CHP",6.7999999999999996E-3,22.334500000000002,{"$f":"IF(ISNUMBER(F4610),E4610*F4610,\"\")","v":0.1518746},null,null,0]
[null,null,"GUINCHO ELÉTRICO DE COLUNA, CAPACIDADE 400 KG, COM MOTO FREIO, MOTOR TRIFÁSICO DE 1,25 CV - CHI DIURNO. AF_03/2016","CHI",9.4000000000000004E-3,21.564999999999998,{"$f":"IF(ISNUMBER(F4611),E4611*F4611,\"\")","v":0.20271099999999997},null,null,0]
[null,null,null,null,null,"",{"$f":"IF(ISNUMBER(F4612),E4612*F4612,\"\")","v":""},null,null,0]
["SF-01166",{"$f":"INDEX(Orçamentária!A:B,MATCH(Composições!A4613,Orçamentária!A:A,0),2)","v":"Revestimento impermeabilizante bloqueador de umidade"},null,"m2",null,"",{"$f":"IF(ISNUMBER(F4613),E4613*F4613,\"\")","v":""},null,null,0]
[null,null,null,null,null,"",{"$f":"IF(ISNUMBER(F4614),E4614*F4614,\"\")","v":""},null,null,0]
[null,null,"Ajudante de pintor com Encargos Complementares","H",0.1,22.790499999999998,{"$f":"IF(ISNUMBER(F4615),E4615*F4615,\"\")","v":2.2790499999999998},{"$f":"SUM(G4615:G4617)","v":7.9429499999999997},null,0]
[null,null,"PINTOR COM ENCARGOS COMPLEMENTARES","H",0.2,28.319499999999998,{"$f":"IF(ISNUMBER(F4616),E4616*F4616,\"\")","v":5.6638999999999999},null,null,0]
[null,null,"Revestimento impermabilizante bloqueador de umidade","L",{"$f":"2*3.6/75","v":9.6000000000000002E-2},"",{"$f":"IF(ISNUMBER(F4617),E4617*F4617,\"\")","v":""},null,null,0]
[null,null,null,null,null,"",{"$f":"IF(ISNUMBER(F4618),E4618*F4618,\"\")","v":""},null,null,0]
[null,null,"Obs: considerando rendimento informado na especificação técnica do produto indicado como referência comercial (Lata de 3,6L rende até 3 demãos, com 25 m²/demão).",null,null,"",{"$f":"IF(ISNUMBER(F4619),E4619*F4619,\"\")","v":""},null,null,0]
[null,null,null,null,null,"",{"$f":"IF(ISNUMBER(F4620),E4620*F4620,\"\")","v":""},null,null,0]
["SF-01167",{"$f":"INDEX(Orçamentária!A:B,MATCH(Composições!A4621,Orçamentária!A:A,0),2)","v":"Pintura com tinta refletiva aluminizada para impermeabilização"},null,"m2",null,"",{"$f":"IF(ISNUMBER(F4621),E4621*F4621,\"\")","v":""},null,null,0]
[null,null,null,null,null,"",{"$f":"IF(ISNUMBER(F4622),E4622*F4622,\"\")","v":""},null,null,0]
[null,null,"Ajudante de pintor com Encargos Complementares","H",0.1,22.790499999999998,{"$f":"IF(ISNUMBER(F4623),E4623*F4623,\"\")","v":2.2790499999999998},{"$f":"SUM(G4623:G4625)","v":7.9429499999999997},null,0]
[null,null,"PINTOR COM ENCARGOS COMPLEMENTARES","H",0.2,28.319499999999998,{"$f":"IF(ISNUMBER(F4624),E4624*F4624,\"\")","v":5.6638999999999999},null,null,0]
[null,null,"Tinta aluminizada de base asfáltica","L",0.5,0,{"$f":"IF(ISNUMBER(F4625),E4625*F4625,\"\")","v":0},null,null,0]
[null,null,null,null,null,"",{"$f":"IF(ISNUMBER(F4626),E4626*F4626,\"\")","v":""},null,null,0]
["SF-01168",{"$f":"INDEX(Orçamentária!A:B,MATCH(Composições!A4627,Orçamentária!A:A,0),2)","v":"Concreto leve com poliestireno expandido"},null,"m3",null,"",{"$f":"IF(ISNUMBER(F4627),E4627*F4627,\"\")","v":""},null,null,0]
[null,null,null,null,null,"",{"$f":"IF(ISNUMBER(F4628),E4628*F4628,\"\")","v":""},null,null,0]
[null,null,"SERVENTE COM ENCARGOS COMPLEMENTARES","H",6.5,20.225499999999997,{"$f":"IF(ISNUMBER(F4629),E4629*F4629,\"\")","v":131.46574999999999},{"$f":"SUM(G4629:G4635)","v":1052.7480273717001},null,0]
[null,null,"AREIA MEDIA - POSTO JAZIDA/FORNECEDOR (RETIRADO NA JAZIDA, SEM TRANSPORTE)","m3",0.35799999999999998,202.2835,{"$f":"IF(ISNUMBER(F4630),E4630*F4630,\"\")","v":72.417492999999993},null,null,0]
[null,null,"CIMENTO PORTLAND COMPOSTO CP II-32","KG",400,0.627,{"$f":"IF(ISNUMBER(F4631),E4631*F4631,\"\")","v":250.8},null,null,0]
[null,null,"POLIESTIRENO EXPANDIDO/EPS (ISOPOR), PEROLAS, PARA CONCRETO LEVE","kg",10.5,54.814999999999998,{"$f":"IF(ISNUMBER(F4632),E4632*F4632,\"\")","v":575.5575},null,null,0]
[null,null,"BETONEIRA CAPACIDADE NOMINAL DE 400 L, CAPACIDADE DE MISTURA 280 L, MOTOR ELÉTRICO TRIFÁSICO POTÊNCIA DE 2 CV, SEM CARREGADOR - CHP DIURNO. AF_10/2014","CHP",0.34300000000000003,1.6435,{"$f":"IF(ISNUMBER(F4633),E4633*F4633,\"\")","v":0.56372050000000007},null,null,0]
[null,null,"CARGA, MANOBRA E DESCARGA DE SOLOS E MATERIAIS GRANULARES EM CAMINHÃO BASCULANTE 6 M³ - CARGA COM PÁ CARREGADEIRA (CAÇAMBA DE 1,7 A 2,8 M³ / 128 HP) E DESCARGA LIVRE (UNIDADE: M3). AF_07/2020","m3",{"$f":"1*E4630","v":0.35799999999999998},7.9843291499999998,{"$f":"IF(ISNUMBER(F4634),E4634*F4634,\"\")","v":2.8583898356999997},null,null,0]
[null,null,"TRANSPORTE COM CAMINHÃO BASCULANTE DE 6 M3, EM VIA URBANA PAVIMENTADA, DMT ATÉ 30 KM (UNIDADE: M3xKM). AF_01/2018","M3xKM",{"$f":"E4630*20","v":7.16},2.6655270999999994,{"$f":"IF(ISNUMBER(F4635),E4635*F4635,\"\")","v":19.085174035999994},null,null,0]
[null,null,null,null,null,"",{"$f":"IF(ISNUMBER(F4636),E4636*F4636,\"\")","v":""},null,null,0]
[null,null,"Obs: considerando fornecedor de areia a 20 km do Senado Federal",null,null,"",{"$f":"IF(ISNUMBER(F4637),E4637*F4637,\"\")","v":""},null,null,0]
[null,null,null,null,null,"",{"$f":"IF(ISNUMBER(F4638),E4638*F4638,\"\")","v":""},null,null,0]
["SF-01169",{"$f":"INDEX(Orçamentária!A:B,MATCH(Composições!A4639,Orçamentária!A:A,0),2)","v":"Colagem da camada de proteção térmica de impermeabilização"},null,"m2",null,"",{"$f":"IF(ISNUMBER(F4639),E4639*F4639,\"\")","v":""},null,null,0]
[null,null,null,null,null,"",{"$f":"IF(ISNUMBER(F4640),E4640*F4640,\"\")","v":""},null,null,0]
[null,null,"PRIMER PARA MANTA ASFALTICA A BASE DE ASFALTO MODIFICADO DILUIDO EM SOLVENTE, APLICACAO A FRIO","L",0.35,16.948,{"$f":"IF(ISNUMBER(F4641),E4641*F4641,\"\")","v":5.9318},{"$f":"SUM(G4641:G4642)","v":7.74383},null,0]
[null,null,"AJUDANTE ESPECIALIZADO COM ENCARGOS COMPLEMENTARES","H",8.5000000000000006E-2,21.318000000000001,{"$f":"IF(ISNUMBER(F4642),E4642*F4642,\"\")","v":1.8120300000000003},null,null,0]
[null,null,null,null,null,"",{"$f":"IF(ISNUMBER(F4643),E4643*F4643,\"\")","v":""},null,null,0]
[null,null,"Obs: Adotou-se o consumo de 350 mL/m², conforme recomendação do fabricante do produto para aplicação homogênea.",null,null,"",{"$f":"IF(ISNUMBER(F4644),E4644*F4644,\"\")","v":""},null,null,0]
[null,null,"http://vedacit.com.br/produtos/primer-eco-vedacit",null,null,"",{"$f":"IF(ISNUMBER(F4645),E4645*F4645,\"\")","v":""},null,null,0]
[null,null,null,null,null,"",{"$f":"IF(ISNUMBER(F4646),E4646*F4646,\"\")","v":""},null,null,0]
["SF-01170",{"$f":"INDEX(Orçamentária!A:B,MATCH(Composições!A4647,Orçamentária!A:A,0),2)","v":"Impermeabilização com Membrana de Poliuretano"},null,"m2",null,"",{"$f":"IF(ISNUMBER(F4647),E4647*F4647,\"\")","v":""},null,null,0]
[null,null,null,null,null,"",{"$f":"IF(ISNUMBER(F4648),E4648*F4648,\"\")","v":""},null,null,0]
[null,null,"MEMBRANA IMPERMEABILIZANTE A BASE DE POLIURETANO","KG",2,69.454499999999996,{"$f":"IF(ISNUMBER(F4649),E4649*F4649,\"\")","v":138.90899999999999},{"$f":"SUM(G4649:G4651)","v":153.88392599999997},null,0]
[null,null,"AJUDANTE ESPECIALIZADO COM ENCARGOS COMPLEMENTARES","H",9.6000000000000002E-2,21.318000000000001,{"$f":"IF(ISNUMBER(F4650),E4650*F4650,\"\")","v":2.0465280000000003},null,null,0]
[null,null,"IMPERMEABILIZADOR COM ENCARGOS COMPLEMENTARES","H",0.47599999999999998,27.160499999999999,{"$f":"IF(ISNUMBER(F4651),E4651*F4651,\"\")","v":12.928398},null,null,0]
[null,null,null,null,null,"",{"$f":"IF(ISNUMBER(F4652),E4652*F4652,\"\")","v":""},null,null,0]
["SF-01171",{"$f":"INDEX(Orçamentária!A:B,MATCH(Composições!A4653,Orçamentária!A:A,0),2)","v":"Impermeabilização com Manta Asfáltica"},null,"m2",null,"",{"$f":"IF(ISNUMBER(F4653),E4653*F4653,\"\")","v":""},null,null,0]
[null,null,null,null,null,"",{"$f":"IF(ISNUMBER(F4654),E4654*F4654,\"\")","v":""},null,null,0]
[null,null,"PRIMER PARA MANTA ASFALTICA A BASE DE ASFALTO MODIFICADO DILUIDO EM SOLVENTE, APLICACAO A FRIO","L",0.61499999999999999,16.948,{"$f":"IF(ISNUMBER(F4655),E4655*F4655,\"\")","v":10.423019999999999},{"$f":"SUM(G4655:G4659)","v":108.41798999999999},null,0]
[null,null,"MANTA ASFALTICA ELASTOMERICA EM POLIESTER 4 MM, TIPO III, CLASSE B, ACABAMENTO PP (NBR 9952)","M2",1.125,58.861999999999995,{"$f":"IF(ISNUMBER(F4656),E4656*F4656,\"\")","v":66.219749999999991},null,null,0]
[null,null,"GAS DE COZINHA - GLP","KG",0.26,7.4384999999999994,{"$f":"IF(ISNUMBER(F4657),E4657*F4657,\"\")","v":1.93401},null,null,0]
[null,null,"AJUDANTE ESPECIALIZADO COM ENCARGOS COMPLEMENTARES","H",0.192,21.318000000000001,{"$f":"IF(ISNUMBER(F4658),E4658*F4658,\"\")","v":4.0930560000000007},null,null,0]
[null,null,"IMPERMEABILIZADOR COM ENCARGOS COMPLEMENTARES","H",0.94799999999999995,27.160499999999999,{"$f":"IF(ISNUMBER(F4659),E4659*F4659,\"\")","v":25.748154},null,null,0]
[null,null,null,null,null,"",{"$f":"IF(ISNUMBER(F4660),E4660*F4660,\"\")","v":""},null,null,0]
["SF-01172",{"$f":"INDEX(Orçamentária!A:B,MATCH(Composições!A4661,Orçamentária!A:A,0),2)","v":"Impermeabilização com manta asfáltica aluminizada"},null,"m2",null,"",{"$f":"IF(ISNUMBER(F4661),E4661*F4661,\"\")","v":""},null,null,0]
[null,null,null,null,null,"",{"$f":"IF(ISNUMBER(F4662),E4662*F4662,\"\")","v":""},null,null,0]
[null,null,"PRIMER PARA MANTA ASFALTICA A BASE DE ASFALTO MODIFICADO DILUIDO EM SOLVENTE, APLICACAO A FRIO","L",0.61499999999999999,16.948,{"$f":"IF(ISNUMBER(F4663),E4663*F4663,\"\")","v":10.423019999999999},{"$f":"SUM(G4663:G4667)","v":42.198239999999998},null,0]
[null,null,"Manta asfáltica aluminizada","M2",1.125,0,{"$f":"IF(ISNUMBER(F4664),E4664*F4664,\"\")","v":0},null,null,0]
[null,null,"GAS DE COZINHA - GLP","KG",0.26,7.4384999999999994,{"$f":"IF(ISNUMBER(F4665),E4665*F4665,\"\")","v":1.93401},null,null,0]
[null,null,"AJUDANTE ESPECIALIZADO COM ENCARGOS COMPLEMENTARES","H",0.192,21.318000000000001,{"$f":"IF(ISNUMBER(F4666),E4666*F4666,\"\")","v":4.0930560000000007},null,null,0]
[null,null,"IMPERMEABILIZADOR COM ENCARGOS COMPLEMENTARES","H",0.94799999999999995,27.160499999999999,{"$f":"IF(ISNUMBER(F4667),E4667*F4667,\"\")","v":25.748154},null,null,0]
[null,null,null,null,null,"",{"$f":"IF(ISNUMBER(F4668),E4668*F4668,\"\")","v":""},null,null,0]
["SF-01173",{"$f":"INDEX(Orçamentária!A:B,MATCH(Composições!A4669,Orçamentária!A:A,0),2)","v":"Impermeabilização com manta elastomérica de etileno-propileno-dieno-monômero (EPDM)"},null,"m2",null,"",{"$f":"IF(ISNUMBER(F4669),E4669*F4669,\"\")","v":""},null,null,0]
[null,null,null,null,null,"",{"$f":"IF(ISNUMBER(F4670),E4670*F4670,\"\")","v":""},null,null,0]
[null,null,"IMPERMEABILIZADOR COM ENCARGOS COMPLEMENTARES","H",0.5,27.160499999999999,{"$f":"IF(ISNUMBER(F4671),E4671*F4671,\"\")","v":13.580249999999999},{"$f":"SUM(G4671:G4677)","v":24.239249999999998},null,0]
[null,null,"AJUDANTE ESPECIALIZADO COM ENCARGOS COMPLEMENTARES","H",0.5,21.318000000000001,{"$f":"IF(ISNUMBER(F4672),E4672*F4672,\"\")","v":10.659000000000001},null,null,0]
[null,null,"Emulsão hidro-asfáltica","KG",0.8,0,{"$f":"IF(ISNUMBER(F4673),E4673*F4673,\"\")","v":0},null,null,0]
[null,null,"Tinta betuminosa","L",0.6,0,{"$f":"IF(ISNUMBER(F4674),E4674*F4674,\"\")","v":0},null,null,0]
[null,null,"Manta butílica # 0,8 mm","m2",1.1000000000000001,0,{"$f":"IF(ISNUMBER(F4675),E4675*F4675,\"\")","v":0},null,null,0]
[null,null,"Fita de caldeação para manta butilíca largura 50 mm # 3 mm","m",2,0,{"$f":"IF(ISNUMBER(F4676),E4676*F4676,\"\")","v":0},null,null,0]
[null,null,"Adesivo auto vulcanizante para manta butilíca","L",0.2,0,{"$f":"IF(ISNUMBER(F4677),E4677*F4677,\"\")","v":0},null,null,0]
[null,null,null,null,null,"",{"$f":"IF(ISNUMBER(F4678),E4678*F4678,\"\")","v":""},null,null,0]
["SF-01174",{"$f":"INDEX(Orçamentária!A:B,MATCH(Composições!A4679,Orçamentária!A:A,0),2)","v":"Impermeabilização com membrana acrílica"},null,"m2",null,"",{"$f":"IF(ISNUMBER(F4679),E4679*F4679,\"\")","v":""},null,null,0]
[null,null,null,null,null,"",{"$f":"IF(ISNUMBER(F4680),E4680*F4680,\"\")","v":""},null,null,0]
[null,null,"MEMBRANA IMPERMEABILIZANTE ACRILICA MONOCOMPONENTE","KG",1.2,26.904,{"$f":"IF(ISNUMBER(F4681),E4681*F4681,\"\")","v":32.284799999999997},{"$f":"SUM(G4681:G4683)","v":50.477774999999994},null,0]
[null,null,"AJUDANTE ESPECIALIZADO COM ENCARGOS COMPLEMENTARES","H",0.11700000000000001,21.318000000000001,{"$f":"IF(ISNUMBER(F4682),E4682*F4682,\"\")","v":2.4942060000000001},null,null,0]
[null,null,"IMPERMEABILIZADOR COM ENCARGOS COMPLEMENTARES","H",0.57799999999999996,27.160499999999999,{"$f":"IF(ISNUMBER(F4683),E4683*F4683,\"\")","v":15.698768999999999},null,null,0]
[null,null,null,null,null,"",{"$f":"IF(ISNUMBER(F4684),E4684*F4684,\"\")","v":""},null,null,0]
["SF-01175",{"$f":"INDEX(Orçamentária!A:B,MATCH(Composições!A4685,Orçamentária!A:A,0),2)","v":"Asfalto elastomérico para colagem de manta asfáltica"},null,"m2",null,"",{"$f":"IF(ISNUMBER(F4685),E4685*F4685,\"\")","v":""},null,null,0]
[null,null,null,null,null,"",{"$f":"IF(ISNUMBER(F4686),E4686*F4686,\"\")","v":""},null,null,0]
[null,null,"Asfalto elastomérico","KG",3,"",{"$f":"IF(ISNUMBER(F4687),E4687*F4687,\"\")","v":""},{"$f":"SUM(G4687:G4688)","v":5.4321000000000002},null,0]
[null,null,"IMPERMEABILIZADOR COM ENCARGOS COMPLEMENTARES","H",0.2,27.160499999999999,{"$f":"IF(ISNUMBER(F4688),E4688*F4688,\"\")","v":5.4321000000000002},null,null,0]
[null,null,null,null,null,"",{"$f":"IF(ISNUMBER(F4689),E4689*F4689,\"\")","v":""},null,null,0]
[null,null,"*Adotou-se o consumo de 2 kg/m², valor intermediário da recomendação do fabricante do produto.",null,null,"",{"$f":"IF(ISNUMBER(F4690),E4690*F4690,\"\")","v":""},null,null,0]
[null,null,"http://www.denverimper.com.br/files/produtos/0000001-0000500/122/e5fe48d2b8810574e94921c5fb6cea0c.pdf",null,null,"",{"$f":"IF(ISNUMBER(F4691),E4691*F4691,\"\")","v":""},null,null,0]
[null,null,null,null,null,"",{"$f":"IF(ISNUMBER(F4692),E4692*F4692,\"\")","v":""},null,null,0]
["SF-01176",{"$f":"INDEX(Orçamentária!A:B,MATCH(Composições!A4693,Orçamentária!A:A,0),2)","v":"Impermeabilização com manta dupla (com maçarico)"},null,"m2",null,"",{"$f":"IF(ISNUMBER(F4693),E4693*F4693,\"\")","v":""},null,null,0]
[null,null,null,null,null,"",{"$f":"IF(ISNUMBER(F4694),E4694*F4694,\"\")","v":""},null,null,0]
[null,null,"PRIMER PARA MANTA ASFALTICA A BASE DE ASFALTO MODIFICADO DILUIDO EM SOLVENTE, APLICACAO A FRIO","L",0.61499999999999999,16.948,{"$f":"IF(ISNUMBER(F4695),E4695*F4695,\"\")","v":10.423019999999999},{"$f":"SUM(G4695:G4700)","v":177.71200649999997},null,0]
[null,null,"MANTA ASFALTICA ELASTOMERICA EM POLIESTER 3 MM, TIPO III, CLASSE B, ACABAMENTO PP (NBR 9952)","M2",1.125,47.936999999999998,{"$f":"IF(ISNUMBER(F4696),E4696*F4696,\"\")","v":53.929124999999999},null,null,0]
[null,null,"MANTA ASFALTICA ELASTOMERICA EM POLIESTER 4 MM, TIPO III, CLASSE B, ACABAMENTO PP (NBR 9952)","M2",1.125,58.861999999999995,{"$f":"IF(ISNUMBER(F4697),E4697*F4697,\"\")","v":66.219749999999991},null,null,0]
[null,null,"GAS DE COZINHA - GLP","KG",0.52,7.4384999999999994,{"$f":"IF(ISNUMBER(F4698),E4698*F4698,\"\")","v":3.86802},null,null,0]
[null,null,"AJUDANTE ESPECIALIZADO COM ENCARGOS COMPLEMENTARES","H",0.27800000000000002,21.318000000000001,{"$f":"IF(ISNUMBER(F4699),E4699*F4699,\"\")","v":5.9264040000000007},null,null,0]
[null,null,"IMPERMEABILIZADOR COM ENCARGOS COMPLEMENTARES","H",1.375,27.160499999999999,{"$f":"IF(ISNUMBER(F4700),E4700*F4700,\"\")","v":37.345687499999997},null,null,0]
[null,null,null,null,null,"",{"$f":"IF(ISNUMBER(F4701),E4701*F4701,\"\")","v":""},null,null,0]
["SF-01177",{"$f":"INDEX(Orçamentária!A:B,MATCH(Composições!A4702,Orçamentária!A:A,0),2)","v":"Impermeabilização com manta dupla (com asfalto elastomérico)"},null,"m2",null,"",{"$f":"IF(ISNUMBER(F4702),E4702*F4702,\"\")","v":""},null,null,0]
[null,null,null,null,null,"",{"$f":"IF(ISNUMBER(F4703),E4703*F4703,\"\")","v":""},null,null,0]
[null,null,"PRIMER PARA MANTA ASFALTICA A BASE DE ASFALTO MODIFICADO DILUIDO EM SOLVENTE, APLICACAO A FRIO","L",0.61499999999999999,16.948,{"$f":"IF(ISNUMBER(F4704),E4704*F4704,\"\")","v":10.423019999999999},{"$f":"SUM(G4704:G4709)","v":179.77039049999999},null,0]
[null,null,"MANTA ASFALTICA ELASTOMERICA EM POLIESTER 3 MM, TIPO III, CLASSE B, ACABAMENTO PP (NBR 9952)","M2",1.125,47.936999999999998,{"$f":"IF(ISNUMBER(F4705),E4705*F4705,\"\")","v":53.929124999999999},null,null,0]
[null,null,"MANTA ASFALTICA ELASTOMERICA EM POLIESTER 4 MM, TIPO III, CLASSE B, ACABAMENTO PP (NBR 9952)","M2",1.125,58.861999999999995,{"$f":"IF(ISNUMBER(F4706),E4706*F4706,\"\")","v":66.219749999999991},null,null,0]
[null,null,"Asfalto elastomérico","KG",2,"",{"$f":"IF(ISNUMBER(F4707),E4707*F4707,\"\")","v":""},null,null,0]
[null,null,"AJUDANTE ESPECIALIZADO COM ENCARGOS COMPLEMENTARES","H",{"$f":"0.278*2","v":0.55600000000000005},21.318000000000001,{"$f":"IF(ISNUMBER(F4708),E4708*F4708,\"\")","v":11.852808000000001},null,null,0]
[null,null,"IMPERMEABILIZADOR COM ENCARGOS COMPLEMENTARES","H",1.375,27.160499999999999,{"$f":"IF(ISNUMBER(F4709),E4709*F4709,\"\")","v":37.345687499999997},null,null,0]
[null,null,null,null,null,"",{"$f":"IF(ISNUMBER(F4710),E4710*F4710,\"\")","v":""},null,null,0]
[null,null,"*Adotou-se o consumo de 2 kg/m², valor intermediário da recomendação do fabricante do produto.",null,null,"",{"$f":"IF(ISNUMBER(F4711),E4711*F4711,\"\")","v":""},null,null,0]
[null,null,"http://www.denverimper.com.br/files/produtos/0000001-0000500/122/e5fe48d2b8810574e94921c5fb6cea0c.pdf",null,null,"",{"$f":"IF(ISNUMBER(F4712),E4712*F4712,\"\")","v":""},null,null,0]
[null,null,null,null,null,"",{"$f":"IF(ISNUMBER(F4713),E4713*F4713,\"\")","v":""},null,null,0]
["SF-01178",{"$f":"INDEX(Orçamentária!A:B,MATCH(Composições!A4714,Orçamentária!A:A,0),2)","v":"Fibra de Polipropileno"},null,"kg",null,"",{"$f":"IF(ISNUMBER(F4714),E4714*F4714,\"\")","v":""},null,null,0]
[null,null,null,null,null,"",{"$f":"IF(ISNUMBER(F4715),E4715*F4715,\"\")","v":""},null,null,0]
[null,null,"FIBRA DE POLIPROPILENO P/ CONCRETO DOSADO EM CENTRAL FILAMENTOS - TECNOLOGIA \"CRACKSTOP\"","kg",1,0,{"$f":"IF(ISNUMBER(F4716),E4716*F4716,\"\")","v":0},{"$f":"SUM(G4716:G4716)","v":0},null,0]
[null,null,null,null,null,"",{"$f":"IF(ISNUMBER(F4717),E4717*F4717,\"\")","v":""},null,null,0]
["SF-01179",{"$f":"INDEX(Orçamentária!A:B,MATCH(Composições!A4718,Orçamentária!A:A,0),2)","v":"Aditivo Incorporador de Ar"},null,"kg",null,"",{"$f":"IF(ISNUMBER(F4718),E4718*F4718,\"\")","v":""},null,null,0]
[null,null,null,null,null,"",{"$f":"IF(ISNUMBER(F4719),E4719*F4719,\"\")","v":""},null,null,0]
[null,null,"ADITIVO LIQUIDO INCORPORADOR DE AR PARA CONCRETO E ARGAMASSA, LIQUIDO E ISENTO DE CLORETOS","L",1.01,8.2744999999999997,{"$f":"IF(ISNUMBER(F4720),E4720*F4720,\"\")","v":8.3572450000000007},{"$f":"SUM(G4720:G4720)","v":8.3572450000000007},null,0]
[null,null,null,null,null,"",{"$f":"IF(ISNUMBER(F4721),E4721*F4721,\"\")","v":""},null,null,0]
[null,null,"Obs: considerando 1,01 L/kg, conforme especificado na ficha técnica do produto indicado como referência comercial.",null,null,"",{"$f":"IF(ISNUMBER(F4722),E4722*F4722,\"\")","v":""},null,null,0]
[null,null,null,null,null,"",{"$f":"IF(ISNUMBER(F4723),E4723*F4723,\"\")","v":""},null,null,0]
["SF-01180",{"$f":"INDEX(Orçamentária!A:B,MATCH(Composições!A4724,Orçamentária!A:A,0),2)","v":"Brita Nº 2"},null,"m3",null,"",{"$f":"IF(ISNUMBER(F4724),E4724*F4724,\"\")","v":""},null,null,0]
[null,null,null,null,null,"",{"$f":"IF(ISNUMBER(F4725),E4725*F4725,\"\")","v":""},null,null,0]
[null,null,"PEDRA BRITADA N. 2 (19 A 38 MM) POSTO PEDREIRA/FORNECEDOR, SEM FRETE","m3",1,161.5,{"$f":"IF(ISNUMBER(F4726),E4726*F4726,\"\")","v":161.5},{"$f":"SUM(G4726:G4728)","v":222.79487115000001},null,0]
[null,null,"CARGA, MANOBRA E DESCARGA DE SOLOS E MATERIAIS GRANULARES EM CAMINHÃO BASCULANTE 6 M³ - CARGA COM PÁ CARREGADEIRA (CAÇAMBA DE 1,7 A 2,8 M³ / 128 HP) E DESCARGA LIVRE (UNIDADE: M3). AF_07/2020","m3",{"$f":"1*E4726","v":1},7.9843291499999998,{"$f":"IF(ISNUMBER(F4727),E4727*F4727,\"\")","v":7.9843291499999998},null,null,0]
[null,null,"TRANSPORTE COM CAMINHÃO BASCULANTE DE 6 M3, EM VIA URBANA PAVIMENTADA, DMT ATÉ 30 KM (UNIDADE: M3xKM). AF_01/2018","M3xKM",{"$f":"E4726*20","v":20},2.6655270999999994,{"$f":"IF(ISNUMBER(F4728),E4728*F4728,\"\")","v":53.310541999999984},null,null,0]
[null,null,null,null,null,"",{"$f":"IF(ISNUMBER(F4729),E4729*F4729,\"\")","v":""},null,null,0]
[null,null,"Obs: considerando fornecedor de brita a 20 km do Senado Federal",null,null,"",{"$f":"IF(ISNUMBER(F4730),E4730*F4730,\"\")","v":""},null,null,0]
[null,null,null,null,null,"",{"$f":"IF(ISNUMBER(F4731),E4731*F4731,\"\")","v":""},null,null,0]
["SF-01184",{"$f":"INDEX(Orçamentária!A:B,MATCH(Composições!A4732,Orçamentária!A:A,0),2)","v":"Calha em chapa de zinco # 24 - Modelo 1"},null,"m",null,"",{"$f":"IF(ISNUMBER(F4732),E4732*F4732,\"\")","v":""},null,null,0]
[null,null,null,null,null,"",{"$f":"IF(ISNUMBER(F4733),E4733*F4733,\"\")","v":""},null,null,0]
[null,null,"CALHA QUADRADA DE CHAPA DE ACO GALVANIZADA NUM 24, CORTE 50 CM","m",{"$f":"65/50","v":1.3},62.947000000000003,{"$f":"IF(ISNUMBER(F4734),E4734*F4734,\"\")","v":81.831100000000006},{"$f":"SUM(G4734:G4734)","v":81.831100000000006},null,0]
[null,null,null,null,null,"",{"$f":"IF(ISNUMBER(F4735),E4735*F4735,\"\")","v":""},null,null,0]
["SF-01185",{"$f":"INDEX(Orçamentária!A:B,MATCH(Composições!A4736,Orçamentária!A:A,0),2)","v":"Calha em chapa de zinco # 24 - Modelo 2"},null,"m",null,"",{"$f":"IF(ISNUMBER(F4736),E4736*F4736,\"\")","v":""},null,null,0]
[null,null,null,null,null,"",{"$f":"IF(ISNUMBER(F4737),E4737*F4737,\"\")","v":""},null,null,0]
[null,null,"CALHA QUADRADA DE CHAPA DE ACO GALVANIZADA NUM 24, CORTE 100 CM","m",1.1000000000000001,123.139,{"$f":"IF(ISNUMBER(F4738),E4738*F4738,\"\")","v":135.4529},{"$f":"SUM(G4738:G4738)","v":135.4529},null,0]
[null,null,null,null,null,"",{"$f":"IF(ISNUMBER(F4739),E4739*F4739,\"\")","v":""},null,null,0]
["SF-01201",{"$f":"INDEX(Orçamentária!A:B,MATCH(Composições!A4740,Orçamentária!A:A,0),2)","v":"Talhadeira"},null,"un",null,"",{"$f":"IF(ISNUMBER(F4740),E4740*F4740,\"\")","v":""},null,null,0]
[null,null,null,null,null,"",{"$f":"IF(ISNUMBER(F4741),E4741*F4741,\"\")","v":""},null,null,0]
[null,null,"TALHADEIRA COM PUNHO DE PROTECAO *20 X 250* MM","UN",1,40.802500000000002,{"$f":"IF(ISNUMBER(F4742),E4742*F4742,\"\")","v":40.802500000000002},{"$f":"SUM(G4742:G4742)","v":40.802500000000002},null,0]
[null,null,null,null,null,"",{"$f":"IF(ISNUMBER(F4743),E4743*F4743,\"\")","v":""},null,null,0]
["SF-01205",{"$f":"INDEX(Orçamentária!A:B,MATCH(Composições!A4744,Orçamentária!A:A,0),2)","v":"Enxada com cabo (2,5 libras)"},null,"un",null,"",{"$f":"IF(ISNUMBER(F4744),E4744*F4744,\"\")","v":""},null,null,0]
[null,null,null,null,null,"",{"$f":"IF(ISNUMBER(F4745),E4745*F4745,\"\")","v":""},null,null,0]
[null,null,"ENXADA ESTREITA *25 X 23* CM COM CABO","UN",1,59.66,{"$f":"IF(ISNUMBER(F4746),E4746*F4746,\"\")","v":59.66},{"$f":"SUM(G4746:G4746)","v":59.66},null,0]
[null,null,null,null,null,"",{"$f":"IF(ISNUMBER(F4747),E4747*F4747,\"\")","v":""},null,null,0]
["SF-01206",{"$f":"INDEX(Orçamentária!A:B,MATCH(Composições!A4748,Orçamentária!A:A,0),2)","v":"Escada extensível de alumínio dupla 2x8"},null,"un",null,"",{"$f":"IF(ISNUMBER(F4748),E4748*F4748,\"\")","v":""},null,null,0]
[null,null,null,null,null,"",{"$f":"IF(ISNUMBER(F4749),E4749*F4749,\"\")","v":""},null,null,0]
[null,null,"ESCADA DUPLA DE ABRIR EM ALUMINIO, MODELO PINTOR, 8 DEGRAUS","UN",1,448.38099999999997,{"$f":"IF(ISNUMBER(F4750),E4750*F4750,\"\")","v":448.38099999999997},{"$f":"SUM(G4750:G4750)","v":448.38099999999997},null,0]
[null,null,null,null,null,"",{"$f":"IF(ISNUMBER(F4751),E4751*F4751,\"\")","v":""},null,null,0]
["SF-01214",{"$f":"INDEX(Orçamentária!A:B,MATCH(Composições!A4752,Orçamentária!A:A,0),2)","v":"Mangueira de nível de 20m"},null,"un",null,"",{"$f":"IF(ISNUMBER(F4752),E4752*F4752,\"\")","v":""},null,null,0]
[null,null,null,null,null,"",{"$f":"IF(ISNUMBER(F4753),E4753*F4753,\"\")","v":""},null,null,0]
[null,null,"MANGUEIRA CRISTAL PARA NIVEL, LISA, PVC TRANSPARENTE, 5/16\" X1 MM","m",20,2.2894999999999999,{"$f":"IF(ISNUMBER(F4754),E4754*F4754,\"\")","v":45.79},{"$f":"SUM(G4754:G4754)","v":45.79},null,0]
[null,null,null,null,null,"",{"$f":"IF(ISNUMBER(F4755),E4755*F4755,\"\")","v":""},null,null,0]
["SF-01219",{"$f":"INDEX(Orçamentária!A:B,MATCH(Composições!A4756,Orçamentária!A:A,0),2)","v":"Talha Manual para Elevação de Cargas (2 ton)"},null,"un",null,"",{"$f":"IF(ISNUMBER(F4756),E4756*F4756,\"\")","v":""},null,null,0]
[null,null,null,null,null,"",{"$f":"IF(ISNUMBER(F4757),E4757*F4757,\"\")","v":""},null,null,0]
[null,null,"TALHA MANUAL DE CORRENTE, CAPACIDADE DE 2 T COM ELEVACAO DE 3 M","UN",1,1093.3074999999999,{"$f":"IF(ISNUMBER(F4758),E4758*F4758,\"\")","v":1093.3074999999999},{"$f":"SUM(G4758:G4758)","v":1093.3074999999999},null,0]
[null,null,null,null,null,"",{"$f":"IF(ISNUMBER(F4759),E4759*F4759,\"\")","v":""},null,null,0]
["SF-01225",{"$f":"INDEX(Orçamentária!A:B,MATCH(Composições!A4760,Orçamentária!A:A,0),2)","v":"Manta autocolante aluminizada"},null,"m2",null,"",{"$f":"IF(ISNUMBER(F4760),E4760*F4760,\"\")","v":""},null,null,0]
[null,null,null,null,null,"",{"$f":"IF(ISNUMBER(F4761),E4761*F4761,\"\")","v":""},null,null,0]
[null,null,"MANTA ASFALTICA ELASTOMERICA EM POLIESTER ALUMINIZADA 3 MM, TIPO III, CLASSE B (NBR 9952)","m2",1,46.331499999999998,{"$f":"IF(ISNUMBER(F4762),E4762*F4762,\"\")","v":46.331499999999998},{"$f":"SUM(G4762:G4762)","v":46.331499999999998},null,0]
[null,null,null,null,null,"",{"$f":"IF(ISNUMBER(F4763),E4763*F4763,\"\")","v":""},null,null,0]
["SF-01226",{"$f":"INDEX(Orçamentária!A:B,MATCH(Composições!A4764,Orçamentária!A:A,0),2)","v":"Primer para aplicação de manta autocolante aluminizada"},null,"L",null,"",{"$f":"IF(ISNUMBER(F4764),E4764*F4764,\"\")","v":""},null,null,0]
[null,null,null,null,null,"",{"$f":"IF(ISNUMBER(F4765),E4765*F4765,\"\")","v":""},null,null,0]
[null,null,"PRIMER PARA MANTA ASFALTICA A BASE DE ASFALTO MODIFICADO DILUIDO EM SOLVENTE, APLICACAO A FRIO","L",1,16.948,{"$f":"IF(ISNUMBER(F4766),E4766*F4766,\"\")","v":16.948},{"$f":"SUM(G4766:G4766)","v":16.948},null,0]
[null,null,null,null,null,"",{"$f":"IF(ISNUMBER(F4767),E4767*F4767,\"\")","v":""},null,null,0]
["SF-01232",{"$f":"INDEX(Orçamentária!A:B,MATCH(Composições!A4768,Orçamentária!A:A,0),2)","v":"Carpete aveludado azul royal - fornecimento e instalação"},null,"m2",null,"",{"$f":"IF(ISNUMBER(F4768),E4768*F4768,\"\")","v":""},null,null,0]
[null,null,null,null,null,"",{"$f":"IF(ISNUMBER(F4769),E4769*F4769,\"\")","v":""},null,null,0]
[null,null,"PEDREIRO COM ENCARGOS COMPLEMENTARES","H",0.1,27.160499999999999,{"$f":"IF(ISNUMBER(F4770),E4770*F4770,\"\")","v":2.7160500000000001},{"$f":"SUM(G4770:G4777)","v":15.1563},null,0]
[null,null,"SERVENTE COM ENCARGOS COMPLEMENTARES","H",0.1,20.225499999999997,{"$f":"IF(ISNUMBER(F4771),E4771*F4771,\"\")","v":2.0225499999999998},null,null,0]
[null,null,"Adesivo de contato a base d'água","KG",0.1,"",{"$f":"IF(ISNUMBER(F4772),E4772*F4772,\"\")","v":""},null,null,0]
[null,null,"Carpete aveludado azul royal, para uso comercial, adequado para tráfego pesado, conforme especificações técnicas.","m2",1.1000000000000001,"",{"$f":"IF(ISNUMBER(F4773),E4773*F4773,\"\")","v":""},null,null,0]
[null,null,"PEDREIRO COM ENCARGOS COMPLEMENTARES","H",0.2,27.160499999999999,{"$f":"IF(ISNUMBER(F4774),E4774*F4774,\"\")","v":5.4321000000000002},null,null,0]
[null,null,"SERVENTE COM ENCARGOS COMPLEMENTARES","H",0.2,20.225499999999997,{"$f":"IF(ISNUMBER(F4775),E4775*F4775,\"\")","v":4.0450999999999997},null,null,0]
[null,null,"CIMENTO PORTLAND COMPOSTO CP II-32","KG",1.5,0.627,{"$f":"IF(ISNUMBER(F4776),E4776*F4776,\"\")","v":0.9405},null,null,0]
[null,null,"Adjuvante para argamassa base PVA","KG",{"$f":"ROUND(E4776*0.1,2)","v":0.15},"",{"$f":"IF(ISNUMBER(F4777),E4777*F4777,\"\")","v":""},null,null,0]
[null,null,null,null,null,"",{"$f":"IF(ISNUMBER(F4778),E4778*F4778,\"\")","v":""},null,null,0]
["SF-01233",{"$f":"INDEX(Orçamentária!A:B,MATCH(Composições!A4779,Orçamentária!A:A,0),2)","v":"Demolição de revestimento de piso têxtil (carpete)"},null,"m2",null,"",{"$f":"IF(ISNUMBER(F4779),E4779*F4779,\"\")","v":""},null,null,0]
[null,null,null,null,null,"",{"$f":"IF(ISNUMBER(F4780),E4780*F4780,\"\")","v":""},null,null,0]
[null,null,"PEDREIRO COM ENCARGOS COMPLEMENTARES","H",0.01,27.160499999999999,{"$f":"IF(ISNUMBER(F4781),E4781*F4781,\"\")","v":0.27160499999999999},{"$f":"SUM(G4781:G4782)","v":2.2941549999999999},null,0]
[null,null,"SERVENTE COM ENCARGOS COMPLEMENTARES","H",0.1,20.225499999999997,{"$f":"IF(ISNUMBER(F4782),E4782*F4782,\"\")","v":2.0225499999999998},null,null,0]
[null,null,null,null,null,"",{"$f":"IF(ISNUMBER(F4783),E4783*F4783,\"\")","v":""},null,null,0]
["SF-01235",{"$f":"INDEX(Orçamentária!A:B,MATCH(Composições!A4784,Orçamentária!A:A,0),2)","v":"Bancada em granito cinza andorinha polido - 2,40 m x 0,60 m"},null,"un",null,"",{"$f":"IF(ISNUMBER(F4784),E4784*F4784,\"\")","v":""},null,null,0]
[null,null,null,null,null,"",{"$f":"IF(ISNUMBER(F4785),E4785*F4785,\"\")","v":""},null,null,0]
[null,null,"MASSA PLASTICA PARA MARMORE/GRANITO","KG",{"$f":"0.5228*2.4/1.5","v":0.83648},35.1785,{"$f":"IF(ISNUMBER(F4786),E4786*F4786,\"\")","v":29.426111679999998},{"$f":"SUM(G4786:G4792)","v":941.91703557999972},null,0]
[null,null,"BUCHA DE NYLON SEM ABA S10, COM PARAFUSO DE 6,10 X 65 MM EM ACO ZINCADO COM ROSCA SOBERBA, CABECA CHATA E FENDA PHILLIPS","UN",9,1.1019999999999999,{"$f":"IF(ISNUMBER(F4787),E4787*F4787,\"\")","v":9.9179999999999993},null,null,0]
[null,null,"GRANITO PARA BANCADA, POLIDO, TIPO ANDORINHA/ QUARTZ/ CASTELO/ CORUMBA OU OUTROS EQUIVALENTES DA REGIAO, E= *2,5* CM","M2",{"$f":"1.005*2.4/1.5","v":1.6079999999999997},474.11649999999997,{"$f":"IF(ISNUMBER(F4788),E4788*F4788,\"\")","v":762.37933199999975},null,null,0]
[null,null,"REJUNTE EPOXI, QUALQUER COR","KG",{"$f":"0.0211*2.4/1.5","v":3.3759999999999998E-2},70.489999999999995,{"$f":"IF(ISNUMBER(F4789),E4789*F4789,\"\")","v":2.3797423999999996},null,null,0]
[null,null,"SUPORTE MAO-FRANCESA EM ACO, ABAS IGUAIS 40 CM, CAPACIDADE MINIMA 70 KG, BRANCO","UN",3,25.84,{"$f":"IF(ISNUMBER(F4790),E4790*F4790,\"\")","v":77.52},null,null,0]
[null,null,"MARMORISTA/GRANITEIRO COM ENCARGOS COMPLEMENTARES","H",1.4944,27.036999999999999,{"$f":"IF(ISNUMBER(F4791),E4791*F4791,\"\")","v":40.404092799999994},null,null,0]
[null,null,"SERVENTE COM ENCARGOS COMPLEMENTARES","H",0.98340000000000005,20.225499999999997,{"$f":"IF(ISNUMBER(F4792),E4792*F4792,\"\")","v":19.8897567},null,null,0]
[null,null,null,null,null,"",{"$f":"IF(ISNUMBER(F4793),E4793*F4793,\"\")","v":""},null,null,0]
["SF-01236",{"$f":"INDEX(Orçamentária!A:B,MATCH(Composições!A4794,Orçamentária!A:A,0),2)","v":"Bancada em granito cinza andorinha polido - 2,50 m x 0,60 m"},null,"un",null,"",{"$f":"IF(ISNUMBER(F4794),E4794*F4794,\"\")","v":""},null,null,0]
[null,null,null,null,null,"",{"$f":"IF(ISNUMBER(F4795),E4795*F4795,\"\")","v":""},null,null,0]
[null,null,"MASSA PLASTICA PARA MARMORE/GRANITO","KG",{"$f":"0.5228*2.5/1.5","v":0.8713333333333334},35.1785,{"$f":"IF(ISNUMBER(F4796),E4796*F4796,\"\")","v":30.652199666666668},{"$f":"SUM(G4796:G4802)","v":975.00808499999982},null,0]
[null,null,"BUCHA DE NYLON SEM ABA S10, COM PARAFUSO DE 6,10 X 65 MM EM ACO ZINCADO COM ROSCA SOBERBA, CABECA CHATA E FENDA PHILLIPS","UN",9,1.1019999999999999,{"$f":"IF(ISNUMBER(F4797),E4797*F4797,\"\")","v":9.9179999999999993},null,null,0]
[null,null,"GRANITO PARA BANCADA, POLIDO, TIPO ANDORINHA/ QUARTZ/ CASTELO/ CORUMBA OU OUTROS EQUIVALENTES DA REGIAO, E= *2,5* CM","M2",{"$f":"1.005*2.5/1.5","v":1.6749999999999998},474.11649999999997,{"$f":"IF(ISNUMBER(F4798),E4798*F4798,\"\")","v":794.14513749999992},null,null,0]
[null,null,"REJUNTE EPOXI, QUALQUER COR","KG",{"$f":"0.0211*2.5/1.5","v":3.5166666666666672E-2},70.489999999999995,{"$f":"IF(ISNUMBER(F4799),E4799*F4799,\"\")","v":2.4788983333333334},null,null,0]
[null,null,"SUPORTE MAO-FRANCESA EM ACO, ABAS IGUAIS 40 CM, CAPACIDADE MINIMA 70 KG, BRANCO","UN",3,25.84,{"$f":"IF(ISNUMBER(F4800),E4800*F4800,\"\")","v":77.52},null,null,0]
[null,null,"MARMORISTA/GRANITEIRO COM ENCARGOS COMPLEMENTARES","H",1.4944,27.036999999999999,{"$f":"IF(ISNUMBER(F4801),E4801*F4801,\"\")","v":40.404092799999994},null,null,0]
[null,null,"SERVENTE COM ENCARGOS COMPLEMENTARES","H",0.98340000000000005,20.225499999999997,{"$f":"IF(ISNUMBER(F4802),E4802*F4802,\"\")","v":19.8897567},null,null,0]
[null,null,null,null,null,"",{"$f":"IF(ISNUMBER(F4803),E4803*F4803,\"\")","v":""},null,null,0]
["SF-01240",{"$f":"INDEX(Orçamentária!A:B,MATCH(Composições!A4804,Orçamentária!A:A,0),2)","v":"Batedor/limitador inferior para box de correr"},null,"un",null,"",{"$f":"IF(ISNUMBER(F4804),E4804*F4804,\"\")","v":""},null,null,0]
[null,null,null,null,null,"",{"$f":"IF(ISNUMBER(F4805),E4805*F4805,\"\")","v":""},null,null,0]
[null,null,"Vidraceiro com encargos complementares","h",0.15,25.060999999999996,{"$f":"IF(ISNUMBER(F4806),E4806*F4806,\"\")","v":3.7591499999999991},{"$f":"SUM(G4806:G4807)","v":3.7591499999999991},null,0]
[null,null,"Batedor/limitador inferior para box de correr, em material polimérico sintético","un",1,"",{"$f":"IF(ISNUMBER(F4807),E4807*F4807,\"\")","v":""},null,null,0]
[null,null,null,null,null,"",{"$f":"IF(ISNUMBER(F4808),E4808*F4808,\"\")","v":""},null,null,0]
["SF-01241",{"$f":"INDEX(Orçamentária!A:B,MATCH(Composições!A4809,Orçamentária!A:A,0),2)","v":"Batedor/amortecedor lateral para box de correr"},null,"un",null,"",{"$f":"IF(ISNUMBER(F4809),E4809*F4809,\"\")","v":""},null,null,0]
[null,null,null,null,null,"",{"$f":"IF(ISNUMBER(F4810),E4810*F4810,\"\")","v":""},null,null,0]
[null,null,"Vidraceiro com encargos complementares","h",0.15,25.060999999999996,{"$f":"IF(ISNUMBER(F4811),E4811*F4811,\"\")","v":3.7591499999999991},{"$f":"SUM(G4811:G4812)","v":3.7591499999999991},null,0]
[null,null,"Batedor/amortecedor lateral de borracha para box de correr.","un",1,"",{"$f":"IF(ISNUMBER(F4812),E4812*F4812,\"\")","v":""},null,null,0]
[null,null,null,null,null,"",{"$f":"IF(ISNUMBER(F4813),E4813*F4813,\"\")","v":""},null,null,0]
["SF-01242",{"$f":"INDEX(Orçamentária!A:B,MATCH(Composições!A4814,Orçamentária!A:A,0),2)","v":"Batedor/limitador superior para box de correr"},null,"un",null,"",{"$f":"IF(ISNUMBER(F4814),E4814*F4814,\"\")","v":""},null,null,0]
[null,null,null,null,null,"",{"$f":"IF(ISNUMBER(F4815),E4815*F4815,\"\")","v":""},null,null,0]
[null,null,"Vidraceiro com encargos complementares","h",0.15,25.060999999999996,{"$f":"IF(ISNUMBER(F4816),E4816*F4816,\"\")","v":3.7591499999999991},{"$f":"SUM(G4816:G4817)","v":3.7591499999999991},null,0]
[null,null,"Batedor/limitador superior para roldana de box de correr, em material polimérico sintético","un",1,"",{"$f":"IF(ISNUMBER(F4817),E4817*F4817,\"\")","v":""},null,null,0]
[null,null,null,null,null,"",{"$f":"IF(ISNUMBER(F4818),E4818*F4818,\"\")","v":""},null,null,0]
["SF-01243",{"$f":"INDEX(Orçamentária!A:B,MATCH(Composições!A4819,Orçamentária!A:A,0),2)","v":"Perfil cadeirinha em alumínio com encaixe para escova de vedação para vidro temperado 8mm"},null,"m",null,"",{"$f":"IF(ISNUMBER(F4819),E4819*F4819,\"\")","v":""},null,null,0]
[null,null,null,null,null,"",{"$f":"IF(ISNUMBER(F4820),E4820*F4820,\"\")","v":""},null,null,0]
[null,null,"Vidraceiro com encargos complementares","h",0.2,25.060999999999996,{"$f":"IF(ISNUMBER(F4821),E4821*F4821,\"\")","v":5.0122},{"$f":"SUM(G4821:G4822)","v":10.074313},null,0]
[null,null,"PERFIL DE ALUMINIO ANODIZADO","kg",0.126,40.1755,{"$f":"IF(ISNUMBER(F4822),E4822*F4822,\"\")","v":5.0621130000000001},null,null,0]
[null,null,null,null,null,"",null,null,null,0]
[null,null,"Ref.: AL Indústria Ref.: AL-63",null,null,"",null,null,null,0]
[null,null,"Fonte: http://www.alpuxadores.com.br/baixar/catalogo.pdf",null,null,"",{"$f":"IF(ISNUMBER(F4825),E4825*F4825,\"\")","v":""},null,null,0]
[null,null,null,null,null,"",null,null,null,0]
["SF-01244",{"$f":"INDEX(Orçamentária!A:B,MATCH(Composições!A4827,Orçamentária!A:A,0),2)","v":"Perfil em alumínio para acabamento de trilho superior - Vidro temperado 8mm"},null,"m",null,"",{"$f":"IF(ISNUMBER(F4827),E4827*F4827,\"\")","v":""},null,null,0]
[null,null,null,null,null,"",{"$f":"IF(ISNUMBER(F4828),E4828*F4828,\"\")","v":""},null,null,0]
[null,null,"Vidraceiro com encargos complementares","h",0.2,25.060999999999996,{"$f":"IF(ISNUMBER(F4829),E4829*F4829,\"\")","v":5.0122},{"$f":"SUM(G4829:G4830)","v":14.0516875},null,0]
[null,null,"PERFIL DE ALUMINIO ANODIZADO","kg",0.22500000000000001,40.1755,{"$f":"IF(ISNUMBER(F4830),E4830*F4830,\"\")","v":9.0394874999999999},null,null,0]
[null,null,null,null,null,"",null,null,null,0]
[null,null,"Ref.: AL Indústria Ref.: AL-BX-02",null,null,"",null,null,null,0]
[null,null,"Fonte: http://www.alpuxadores.com.br/baixar/catalogo.pdf",null,null,"",null,null,null,0]
[null,null,null,null,null,"",{"$f":"IF(ISNUMBER(F4834),E4834*F4834,\"\")","v":""},null,null,0]
["SF-01245",{"$f":"INDEX(Orçamentária!A:B,MATCH(Composições!A4835,Orçamentária!A:A,0),2)","v":"Capa do Perfil Guia Inferior “Click” - Vidro temperado 8mm"},null,"m",null,"",{"$f":"IF(ISNUMBER(F4835),E4835*F4835,\"\")","v":""},null,null,0]
[null,null,null,null,null,"",{"$f":"IF(ISNUMBER(F4836),E4836*F4836,\"\")","v":""},null,null,0]
[null,null,"Vidraceiro com encargos complementares","h",0.15,25.060999999999996,{"$f":"IF(ISNUMBER(F4837),E4837*F4837,\"\")","v":3.7591499999999991},{"$f":"SUM(G4837:G4838)","v":5.9688024999999989},null,0]
[null,null,"PERFIL DE ALUMINIO ANODIZADO","kg",5.5E-2,40.1755,{"$f":"IF(ISNUMBER(F4838),E4838*F4838,\"\")","v":2.2096524999999998},null,null,0]
[null,null,null,null,null,"",null,null,null,0]
[null,null,"Ref.: AL Indústria Ref.: AL-BX-07",null,null,"",null,null,null,0]
[null,null,"Fonte: http://www.alpuxadores.com.br/baixar/catalogo.pdf",null,null,"",null,null,null,0]
[null,null,null,null,null,"",{"$f":"IF(ISNUMBER(F4842),E4842*F4842,\"\")","v":""},null,null,0]
["SF-01246",{"$f":"INDEX(Orçamentária!A:B,MATCH(Composições!A4843,Orçamentária!A:A,0),2)","v":"Perfil guia inferior de alumínio para porta de giro em vidro temperado 8mm"},null,"m",null,"",{"$f":"IF(ISNUMBER(F4843),E4843*F4843,\"\")","v":""},null,null,0]
[null,null,null,null,null,"",{"$f":"IF(ISNUMBER(F4844),E4844*F4844,\"\")","v":""},null,null,0]
[null,null,"Vidraceiro com encargos complementares","h",0.3,25.060999999999996,{"$f":"IF(ISNUMBER(F4845),E4845*F4845,\"\")","v":7.5182999999999982},{"$f":"SUM(G4845:G4846)","v":15.874803999999997},null,0]
[null,null,"PERFIL DE ALUMINIO ANODIZADO","kg",0.20799999999999999,40.1755,{"$f":"IF(ISNUMBER(F4846),E4846*F4846,\"\")","v":8.3565039999999993},null,null,0]
[null,null,null,null,null,"",null,null,null,0]
[null,null,"Ref.: AL Indústria Ref.: AL-BX-08",null,null,"",null,null,null,0]
[null,null,"Fonte: http://www.alpuxadores.com.br/baixar/catalogo.pdf",null,null,"",null,null,null,0]
[null,null,null,null,null,"",{"$f":"IF(ISNUMBER(F4850),E4850*F4850,\"\")","v":""},null,null,0]
["SF-01247",{"$f":"INDEX(Orçamentária!A:B,MATCH(Composições!A4851,Orçamentária!A:A,0),2)","v":"Perfil guia inferior de alumínio para porta de correr em vidro temperado 8mm"},null,"m",null,"",{"$f":"IF(ISNUMBER(F4851),E4851*F4851,\"\")","v":""},null,null,0]
[null,null,null,null,null,"",{"$f":"IF(ISNUMBER(F4852),E4852*F4852,\"\")","v":""},null,null,0]
[null,null,"Vidraceiro com encargos complementares","h",0.3,25.060999999999996,{"$f":"IF(ISNUMBER(F4853),E4853*F4853,\"\")","v":7.5182999999999982},{"$f":"SUM(G4853:G4854)","v":17.923754499999998},null,0]
[null,null,"PERFIL DE ALUMINIO ANODIZADO","kg",0.25900000000000001,40.1755,{"$f":"IF(ISNUMBER(F4854),E4854*F4854,\"\")","v":10.405454499999999},null,null,0]
[null,null,null,null,null,"",null,null,null,0]
[null,null,"Ref.: AL Indústria Ref.: AL-BX-03",null,null,"",null,null,null,0]
[null,null,"Fonte: http://www.alpuxadores.com.br/baixar/catalogo.pdf",null,null,"",null,null,null,0]
[null,null,null,null,null,"",{"$f":"IF(ISNUMBER(F4858),E4858*F4858,\"\")","v":""},null,null,0]
["SF-01248",{"$f":"INDEX(Orçamentária!A:B,MATCH(Composições!A4859,Orçamentária!A:A,0),2)","v":"Trilho superior em alumínio 53,8mm x 49,6mm, para vidro temperado"},null,"m",null,"",{"$f":"IF(ISNUMBER(F4859),E4859*F4859,\"\")","v":""},null,null,0]
[null,null,null,null,null,"",{"$f":"IF(ISNUMBER(F4860),E4860*F4860,\"\")","v":""},null,null,0]
[null,null,"Vidraceiro com encargos complementares","h",0.3,25.060999999999996,{"$f":"IF(ISNUMBER(F4861),E4861*F4861,\"\")","v":7.5182999999999982},{"$f":"SUM(G4861:G4862)","v":29.052368000000001},null,0]
[null,null,"PERFIL DE ALUMINIO ANODIZADO","kg",0.53600000000000003,40.1755,{"$f":"IF(ISNUMBER(F4862),E4862*F4862,\"\")","v":21.534068000000001},null,null,0]
[null,null,null,null,null,"",null,null,null,0]
[null,null,"Ref.: AL Indústria Ref.: AL-BX-01",null,null,"",null,null,null,0]
[null,null,"Fonte: http://www.alpuxadores.com.br/baixar/catalogo.pdf",null,null,"",null,null,null,0]
[null,null,null,null,null,"",{"$f":"IF(ISNUMBER(F4866),E4866*F4866,\"\")","v":""},null,null,0]
["SF-01249",{"$f":"INDEX(Orçamentária!A:B,MATCH(Composições!A4867,Orçamentária!A:A,0),2)","v":"Perfil em alumínio, tipo U - 10,5 x 20mm - para box de vidro temperado 8mm"},null,"m",null,"",{"$f":"IF(ISNUMBER(F4867),E4867*F4867,\"\")","v":""},null,null,0]
[null,null,null,null,null,"",{"$f":"IF(ISNUMBER(F4868),E4868*F4868,\"\")","v":""},null,null,0]
[null,null,"Vidraceiro com encargos complementares","h",0.2,25.060999999999996,{"$f":"IF(ISNUMBER(F4869),E4869*F4869,\"\")","v":5.0122},{"$f":"SUM(G4869:G4870)","v":9.2306275000000007},null,0]
[null,null,"PERFIL DE ALUMINIO ANODIZADO","kg",0.105,40.1755,{"$f":"IF(ISNUMBER(F4870),E4870*F4870,\"\")","v":4.2184274999999998},null,null,0]
[null,null,null,null,null,"",null,null,null,0]
[null,null,"Ref.: AL Indústria Ref.: AL-BX-05",null,null,"",null,null,null,0]
[null,null,"Fonte: http://www.alpuxadores.com.br/baixar/catalogo.pdf",null,null,"",null,null,null,0]
[null,null,null,null,null,"",{"$f":"IF(ISNUMBER(F4874),E4874*F4874,\"\")","v":""},null,null,0]
["SF-01250",{"$f":"INDEX(Orçamentária!A:B,MATCH(Composições!A4875,Orçamentária!A:A,0),2)","v":"Perfil em alumínio , tipo U –  14 x 20mm - para box de vidro temperado 8mm"},null,"m",null,"",{"$f":"IF(ISNUMBER(F4875),E4875*F4875,\"\")","v":""},null,null,0]
[null,null,null,null,null,"",{"$f":"IF(ISNUMBER(F4876),E4876*F4876,\"\")","v":""},null,null,0]
[null,null,"Vidraceiro com encargos complementares","h",0.2,25.060999999999996,{"$f":"IF(ISNUMBER(F4877),E4877*F4877,\"\")","v":5.0122},{"$f":"SUM(G4877:G4878)","v":9.7930844999999991},null,0]
[null,null,"PERFIL DE ALUMINIO ANODIZADO","kg",0.11899999999999999,40.1755,{"$f":"IF(ISNUMBER(F4878),E4878*F4878,\"\")","v":4.7808845},null,null,0]
[null,null,null,null,null,"",null,null,null,0]
[null,null,"Ref.: AL Indústria Ref.: AL-BX-06",null,null,"",null,null,null,0]
[null,null,"Fonte: http://www.alpuxadores.com.br/baixar/catalogo.pdf",null,null,"",null,null,null,0]
[null,null,null,null,null,"",{"$f":"IF(ISNUMBER(F4882),E4882*F4882,\"\")","v":""},null,null,0]
["SF-01251",{"$f":"INDEX(Orçamentária!A:B,MATCH(Composições!A4883,Orçamentária!A:A,0),2)","v":"Bacia convencional – Linha Residencial"},null,"un",null,"",{"$f":"IF(ISNUMBER(F4883),E4883*F4883,\"\")","v":""},null,null,0]
[null,null,null,null,null,"",{"$f":"IF(ISNUMBER(F4884),E4884*F4884,\"\")","v":""},null,null,0]
[null,null,"Bacia Sanitária convencional branca ref: Deca Vogue Plus P.5.17 ou equivalente","UN",1,"",{"$f":"IF(ISNUMBER(F4885),E4885*F4885,\"\")","v":""},{"$f":"SUM(G4885:G4891)","v":86.206567249999992},null,0]
[null,null,"Tubo de ligação para bacia sanitária em PVC, com acabamento cromado, ajustável ou não. Ref.: DECA 1968C ou equivalente","un",1,"",{"$f":"IF(ISNUMBER(F4886),E4886*F4886,\"\")","v":""},null,null,0]
[null,null,"Parafuso niquelado com acabamento cromado para fixar peca sanitaria, inclui porca cega, arruela e bucha de nylon tamanho S-10","UN",2,22.695499999999999,{"$f":"IF(ISNUMBER(F4887),E4887*F4887,\"\")","v":45.390999999999998},null,null,0]
[null,null,"ANEL DE VEDACAO, PVC FLEXIVEL, 100 MM, PARA SAIDA DE BACIA / VASO SANITARIO","un",1,14.3925,{"$f":"IF(ISNUMBER(F4888),E4888*F4888,\"\")","v":14.3925},null,null,0]
[null,null,"Rejunte epoxi, qualquer cor","kg",8.8099999999999998E-2,70.489999999999995,{"$f":"IF(ISNUMBER(F4889),E4889*F4889,\"\")","v":6.2101689999999996},null,null,0]
[null,null,"Encanador ou Bombeiro Hidráulico com Encargos Complementares","h",0.49680000000000002,26.4575,{"$f":"IF(ISNUMBER(F4890),E4890*F4890,\"\")","v":13.144086},null,null,0]
[null,null,"Servente com Encargos Complementares","h",0.34949999999999998,20.225499999999997,{"$f":"IF(ISNUMBER(F4891),E4891*F4891,\"\")","v":7.0688122499999988},null,null,0]
[null,null,null,null,null,"",{"$f":"IF(ISNUMBER(F4892),E4892*F4892,\"\")","v":""},null,null,0]
["SF-01252",{"$f":"INDEX(Orçamentária!A:B,MATCH(Composições!A4893,Orçamentária!A:A,0),2)","v":"Bidê 3 furos - Linha Residencial"},null,"un",null,"",{"$f":"IF(ISNUMBER(F4893),E4893*F4893,\"\")","v":""},null,null,0]
[null,null,null,null,null,"",{"$f":"IF(ISNUMBER(F4894),E4894*F4894,\"\")","v":""},null,null,0]
[null,null,"Bidê 3 furos branco ref: Deca Vogue Plus B.5.17 ou equivalente","UN",1,"",{"$f":"IF(ISNUMBER(F4895),E4895*F4895,\"\")","v":""},{"$f":"SUM(G4895:G4900)","v":86.206567249999992},null,0]
[null,null,"ANEL DE VEDACAO, PVC FLEXIVEL, 100 MM, PARA SAIDA DE BACIA / VASO SANITARIO","un",1,14.3925,{"$f":"IF(ISNUMBER(F4896),E4896*F4896,\"\")","v":14.3925},null,null,0]
[null,null,"Parafuso niquelado com acabamento cromado para fixar peca sanitaria, inclui porca cega, arruela e bucha de nylon tamanho S-10","UN",2,22.695499999999999,{"$f":"IF(ISNUMBER(F4897),E4897*F4897,\"\")","v":45.390999999999998},null,null,0]
[null,null,"Rejunte epoxi, qualquer cor","kg",8.8099999999999998E-2,70.489999999999995,{"$f":"IF(ISNUMBER(F4898),E4898*F4898,\"\")","v":6.2101689999999996},null,null,0]
[null,null,"Encanador ou Bombeiro Hidráulico com Encargos Complementares","h",0.49680000000000002,26.4575,{"$f":"IF(ISNUMBER(F4899),E4899*F4899,\"\")","v":13.144086},null,null,0]
[null,null,"Servente com Encargos Complementares","h",0.34949999999999998,20.225499999999997,{"$f":"IF(ISNUMBER(F4900),E4900*F4900,\"\")","v":7.0688122499999988},null,null,0]
[null,null,null,null,null,"",{"$f":"IF(ISNUMBER(F4901),E4901*F4901,\"\")","v":""},null,null,0]
["SF-01255",{"$f":"INDEX(Orçamentária!A:B,MATCH(Composições!A4902,Orçamentária!A:A,0),2)","v":"Chuveiro de metal com tubo de parede – Linha Residencial"},null,"un",null,"",{"$f":"IF(ISNUMBER(F4902),E4902*F4902,\"\")","v":""},null,null,0]
[null,null,null,null,null,"",{"$f":"IF(ISNUMBER(F4903),E4903*F4903,\"\")","v":""},null,null,0]
[null,null,"Chuveiro de metal cromado com tubo de parede, crivo regulável e restritor de vazão. Ref.: Deca Aspen 1967.C.CT ou equivalente","UN",1,"",{"$f":"IF(ISNUMBER(F4904),E4904*F4904,\"\")","v":""},{"$f":"SUM(G4904:G4907)","v":14.742098099999998},null,0]
[null,null,"FITA VEDA ROSCA EM ROLOS DE 18 MM X 10 M (L X C)","UN",2.1000000000000001E-2,3.7049999999999996,{"$f":"IF(ISNUMBER(F4905),E4905*F4905,\"\")","v":7.7804999999999999E-2},null,null,0]
[null,null,"ENCANADOR OU BOMBEIRO HIDRÁULICO COM ENCARGOS COMPLEMENTARES","H",0.44669999999999999,26.4575,{"$f":"IF(ISNUMBER(F4906),E4906*F4906,\"\")","v":11.818565249999999},null,null,0]
[null,null,"SERVENTE COM ENCARGOS COMPLEMENTARES","H",0.14069999999999999,20.225499999999997,{"$f":"IF(ISNUMBER(F4907),E4907*F4907,\"\")","v":2.8457278499999994},null,null,0]
[null,null,null,null,null,"",{"$f":"IF(ISNUMBER(F4908),E4908*F4908,\"\")","v":""},null,null,0]
["SF-01256",{"$f":"INDEX(Orçamentária!A:B,MATCH(Composições!A4909,Orçamentária!A:A,0),2)","v":"Misturador para bidê – Linha Residencial"},null,"un",null,"",{"$f":"IF(ISNUMBER(F4909),E4909*F4909,\"\")","v":""},null,null,0]
[null,null,null,null,null,"",{"$f":"IF(ISNUMBER(F4910),E4910*F4910,\"\")","v":""},null,null,0]
[null,null,"FITA VEDA ROSCA EM ROLOS DE 18 MM X 10 M (L X C)","UN",4.2000000000000003E-2,3.7049999999999996,{"$f":"IF(ISNUMBER(F4911),E4911*F4911,\"\")","v":0.15561},{"$f":"SUM(G4911:G4914)","v":15.36629275},null,0]
[null,null,"Misturador para bidê, ref: Deca Aspen 1895.C35 ou equivalente","UN",1,"",{"$f":"IF(ISNUMBER(F4912),E4912*F4912,\"\")","v":""},null,null,0]
[null,null,"ENCANADOR OU BOMBEIRO HIDRÁULICO COM ENCARGOS COMPLEMENTARES","H",0.46329999999999999,26.4575,{"$f":"IF(ISNUMBER(F4913),E4913*F4913,\"\")","v":12.25775975},null,null,0]
[null,null,"SERVENTE COM ENCARGOS COMPLEMENTARES","H",0.14599999999999999,20.225499999999997,{"$f":"IF(ISNUMBER(F4914),E4914*F4914,\"\")","v":2.9529229999999993},null,null,0]
[null,null,null,null,null,"",{"$f":"IF(ISNUMBER(F4915),E4915*F4915,\"\")","v":""},null,null,0]
["SF-01257",{"$f":"INDEX(Orçamentária!A:B,MATCH(Composições!A4916,Orçamentária!A:A,0),2)","v":"Misturador de mesa para cozinha bica móvel – Linha Residencial"},null,"un",null,"",{"$f":"IF(ISNUMBER(F4916),E4916*F4916,\"\")","v":""},null,null,0]
[null,null,null,null,null,"",{"$f":"IF(ISNUMBER(F4917),E4917*F4917,\"\")","v":""},null,null,0]
[null,null,"FITA VEDA ROSCA EM ROLOS DE 18 MM X 10 M (L X C)","UN",4.2000000000000003E-2,3.7049999999999996,{"$f":"IF(ISNUMBER(F4918),E4918*F4918,\"\")","v":0.15561},{"$f":"SUM(G4918:G4921)","v":7.5949802000000002},null,0]
[null,null,"Misturador de mesa para cozinha, bica móvel, cromado. Ref.: Deca Aspen 1256.C35 ou equivalente","UN",1,"",{"$f":"IF(ISNUMBER(F4919),E4919*F4919,\"\")","v":""},null,null,0]
[null,null,"ENCANADOR OU BOMBEIRO HIDRÁULICO COM ENCARGOS COMPLEMENTARES","H",0.2266,26.4575,{"$f":"IF(ISNUMBER(F4920),E4920*F4920,\"\")","v":5.9952695},null,null,0]
[null,null,"SERVENTE COM ENCARGOS COMPLEMENTARES","H",7.1400000000000005E-2,20.225499999999997,{"$f":"IF(ISNUMBER(F4921),E4921*F4921,\"\")","v":1.4441006999999999},null,null,0]
[null,null,null,null,null,"",{"$f":"IF(ISNUMBER(F4922),E4922*F4922,\"\")","v":""},null,null,0]
["SF-01258",{"$f":"INDEX(Orçamentária!A:B,MATCH(Composições!A4923,Orçamentária!A:A,0),2)","v":"Misturador de mesa para lavatório bica alta – Linha Residencial"},null,"un",null,"",{"$f":"IF(ISNUMBER(F4923),E4923*F4923,\"\")","v":""},null,null,0]
[null,null,null,null,null,"",{"$f":"IF(ISNUMBER(F4924),E4924*F4924,\"\")","v":""},null,null,0]
[null,null,"FITA VEDA ROSCA EM ROLOS DE 18 MM X 10 M (L X C)","UN",4.2000000000000003E-2,3.7049999999999996,{"$f":"IF(ISNUMBER(F4925),E4925*F4925,\"\")","v":0.15561},{"$f":"SUM(G4925:G4928)","v":15.36629275},null,0]
[null,null,"Misturador para lavatório de mesa bica alta, cromado. Ref.: Deca Aspen 1877.C35 ou equivalente","UN",1,"",{"$f":"IF(ISNUMBER(F4926),E4926*F4926,\"\")","v":""},null,null,0]
[null,null,"ENCANADOR OU BOMBEIRO HIDRÁULICO COM ENCARGOS COMPLEMENTARES","H",0.46329999999999999,26.4575,{"$f":"IF(ISNUMBER(F4927),E4927*F4927,\"\")","v":12.25775975},null,null,0]
[null,null,"SERVENTE COM ENCARGOS COMPLEMENTARES","H",0.14599999999999999,20.225499999999997,{"$f":"IF(ISNUMBER(F4928),E4928*F4928,\"\")","v":2.9529229999999993},null,null,0]
[null,null,null,null,null,"",{"$f":"IF(ISNUMBER(F4929),E4929*F4929,\"\")","v":""},null,null,0]
["SF-01259",{"$f":"INDEX(Orçamentária!A:B,MATCH(Composições!A4930,Orçamentária!A:A,0),2)","v":"Misturador de parede para cozinha bica móvel – Linha Residencial"},null,"un",null,"",{"$f":"IF(ISNUMBER(F4930),E4930*F4930,\"\")","v":""},null,null,0]
[null,null,null,null,null,"",{"$f":"IF(ISNUMBER(F4931),E4931*F4931,\"\")","v":""},null,null,0]
[null,null,"FITA VEDA ROSCA EM ROLOS DE 18 MM X 10 M (L X C)","UN",4.2000000000000003E-2,3.7049999999999996,{"$f":"IF(ISNUMBER(F4932),E4932*F4932,\"\")","v":0.15561},{"$f":"SUM(G4932:G4935)","v":7.5949802000000002},null,0]
[null,null,"Misturador de parede para cozinha, cromada. Ref.: Deca Aspen 1258.C35 ou equivalente","UN",1,"",{"$f":"IF(ISNUMBER(F4933),E4933*F4933,\"\")","v":""},null,null,0]
[null,null,"ENCANADOR OU BOMBEIRO HIDRÁULICO COM ENCARGOS COMPLEMENTARES","H",0.2266,26.4575,{"$f":"IF(ISNUMBER(F4934),E4934*F4934,\"\")","v":5.9952695},null,null,0]
[null,null,"SERVENTE COM ENCARGOS COMPLEMENTARES","H",7.1400000000000005E-2,20.225499999999997,{"$f":"IF(ISNUMBER(F4935),E4935*F4935,\"\")","v":1.4441006999999999},null,null,0]
[null,null,null,null,null,"",{"$f":"IF(ISNUMBER(F4936),E4936*F4936,\"\")","v":""},null,null,0]
["SF-01260",{"$f":"INDEX(Orçamentária!A:B,MATCH(Composições!A4937,Orçamentária!A:A,0),2)","v":"Dobradiça automática vidro/vidro para box de vidro temperado"},null,"un",null,"",{"$f":"IF(ISNUMBER(F4937),E4937*F4937,\"\")","v":""},null,null,0]
[null,null,null,null,null,"",{"$f":"IF(ISNUMBER(F4938),E4938*F4938,\"\")","v":""},null,null,0]
[null,null,"Vidraceiro com encargos complementares","h",0.3,25.060999999999996,{"$f":"IF(ISNUMBER(F4939),E4939*F4939,\"\")","v":7.5182999999999982},{"$f":"SUM(G4939:G4940)","v":7.5182999999999982},null,0]
[null,null,"Dobradiça metálica automática para vidro/vidro, utilizada em Box de vidro temperado, com porta de abrir. Ref.: Santa Marina, 1129.","un",1,"",{"$f":"IF(ISNUMBER(F4940),E4940*F4940,\"\")","v":""},null,null,0]
[null,null,null,null,null,"",{"$f":"IF(ISNUMBER(F4941),E4941*F4941,\"\")","v":""},null,null,0]
["SF-01261",{"$f":"INDEX(Orçamentária!A:B,MATCH(Composições!A4942,Orçamentária!A:A,0),2)","v":"Luminária tipo arandela – Linha Residencial"},null,"un",null,"",{"$f":"IF(ISNUMBER(F4942),E4942*F4942,\"\")","v":""},null,null,0]
[null,null,null,null,null,"",{"$f":"IF(ISNUMBER(F4943),E4943*F4943,\"\")","v":""},null,null,0]
[null,null,"Luminária tipo arandela, de sobrepor, dimensões (em mm) 250 x 250 x 73, base E27. Ref.: Taschibra-Arandela Embaú; Bronzearte - Bambu","un ",1,"",{"$f":"IF(ISNUMBER(F4944),E4944*F4944,\"\")","v":""},{"$f":"SUM(G4944:G4947)","v":17.208353199999998},null,0]
[null,null,"Lâmpada fluorescente compacta, 23W, ref: OSRAM Duluxstar DST STICK 23 W/865 220V E27","un ",1,"",{"$f":"IF(ISNUMBER(F4945),E4945*F4945,\"\")","v":""},null,null,0]
[null,null,"Auxiliar de eletricista com encargos complementares","h",0.19719999999999999,21.337,{"$f":"IF(ISNUMBER(F4946),E4946*F4946,\"\")","v":4.2076563999999994},null,null,0]
[null,null,"Eletricista com encargos complementares","h",0.47320000000000001,27.474,{"$f":"IF(ISNUMBER(F4947),E4947*F4947,\"\")","v":13.0006968},null,null,0]
[null,null,null,null,null,"",{"$f":"IF(ISNUMBER(F4948),E4948*F4948,\"\")","v":""},null,null,0]
["SF-01262",{"$f":"INDEX(Orçamentária!A:B,MATCH(Composições!A4949,Orçamentária!A:A,0),2)","v":"Tê misturador de transição 1/2” ou 3/4” – Linha Residencial"},null,"un",null,"",{"$f":"IF(ISNUMBER(F4949),E4949*F4949,\"\")","v":""},null,null,0]
[null,null,null,null,null,"",{"$f":"IF(ISNUMBER(F4950),E4950*F4950,\"\")","v":""},null,null,0]
[null,null,"ADESIVO PARA TUBOS CPVC, *75* G","UN",1.2E-2,31.967499999999998,{"$f":"IF(ISNUMBER(F4951),E4951*F4951,\"\")","v":0.38361000000000001},{"$f":"SUM(G4951:G4954)","v":33.200771000000003},null,0]
[null,null,"TE MISTURADOR DE TRANSICAO, CPVC, COM ROSCA, 22 MM X 3/4\", PARA AGUA QUENTE","UN",1,24.149000000000001,{"$f":"IF(ISNUMBER(F4952),E4952*F4952,\"\")","v":24.149000000000001},null,null,0]
[null,null,"AUXILIAR DE ENCANADOR OU BOMBEIRO HIDRÁULICO COM ENCARGOS COMPLEMENTARES","H",0.183,20.909500000000001,{"$f":"IF(ISNUMBER(F4953),E4953*F4953,\"\")","v":3.8264385000000001},null,null,0]
[null,null,"ENCANADOR OU BOMBEIRO HIDRÁULICO COM ENCARGOS COMPLEMENTARES","H",0.183,26.4575,{"$f":"IF(ISNUMBER(F4954),E4954*F4954,\"\")","v":4.8417224999999995},null,null,0]
[null,null,null,null,null,"",{"$f":"IF(ISNUMBER(F4955),E4955*F4955,\"\")","v":""},null,null,0]
["SF-01263",{"$f":"INDEX(Orçamentária!A:B,MATCH(Composições!A4956,Orçamentária!A:A,0),2)","v":"Base para válvula de descarga 1 1/2”"},null,"un",null,"",{"$f":"IF(ISNUMBER(F4956),E4956*F4956,\"\")","v":""},null,null,0]
[null,null,null,null,null,"",{"$f":"IF(ISNUMBER(F4957),E4957*F4957,\"\")","v":""},null,null,0]
[null,null,"FITA VEDA ROSCA EM ROLOS DE 18 MM X 50 M (L X C)","UN",1.9199999999999998E-2,13.661,{"$f":"IF(ISNUMBER(F4958),E4958*F4958,\"\")","v":0.26229119999999995},{"$f":"SUM(G4958:G4961)","v":35.309134499999999},null,0]
[null,null,"Base de válvula de descarga 1 1/2”","UN",1,"",{"$f":"IF(ISNUMBER(F4959),E4959*F4959,\"\")","v":""},null,null,0]
[null,null,"AUXILIAR DE ENCANADOR OU BOMBEIRO HIDRÁULICO COM ENCARGOS COMPLEMENTARES","H",{"$f":"ROUND(0.9249*0.8,4)","v":0.7399},20.909500000000001,{"$f":"IF(ISNUMBER(F4960),E4960*F4960,\"\")","v":15.47093905},null,null,0]
[null,null,"ENCANADOR OU BOMBEIRO HIDRÁULICO COM ENCARGOS COMPLEMENTARES","H",{"$f":"ROUND(0.9249*0.8,4)","v":0.7399},26.4575,{"$f":"IF(ISNUMBER(F4961),E4961*F4961,\"\")","v":19.575904250000001},null,null,0]
[null,null,null,null,null,"",{"$f":"IF(ISNUMBER(F4962),E4962*F4962,\"\")","v":""},null,null,0]
["SF-01264",{"$f":"INDEX(Orçamentária!A:B,MATCH(Composições!A4963,Orçamentária!A:A,0),2)","v":"Base para válvula de descarga 1 1/4”"},null,"un",null,"",{"$f":"IF(ISNUMBER(F4963),E4963*F4963,\"\")","v":""},null,null,0]
[null,null,null,null,null,"",{"$f":"IF(ISNUMBER(F4964),E4964*F4964,\"\")","v":""},null,null,0]
[null,null,"FITA VEDA ROSCA EM ROLOS DE 18 MM X 50 M (L X C)","UN",1.9199999999999998E-2,13.661,{"$f":"IF(ISNUMBER(F4965),E4965*F4965,\"\")","v":0.26229119999999995},{"$f":"SUM(G4965:G4968)","v":35.309134499999999},null,0]
[null,null,"Base de válvula de descarga 1 1/4”","UN",1,"",{"$f":"IF(ISNUMBER(F4966),E4966*F4966,\"\")","v":""},null,null,0]
[null,null,"AUXILIAR DE ENCANADOR OU BOMBEIRO HIDRÁULICO COM ENCARGOS COMPLEMENTARES","H",{"$f":"ROUND(0.9249*0.8,4)","v":0.7399},20.909500000000001,{"$f":"IF(ISNUMBER(F4967),E4967*F4967,\"\")","v":15.47093905},null,null,0]
[null,null,"ENCANADOR OU BOMBEIRO HIDRÁULICO COM ENCARGOS COMPLEMENTARES","H",0.7399,26.4575,{"$f":"IF(ISNUMBER(F4968),E4968*F4968,\"\")","v":19.575904250000001},null,null,0]
[null,null,null,null,null,"",{"$f":"IF(ISNUMBER(F4969),E4969*F4969,\"\")","v":""},null,null,0]
["SF-01265",{"$f":"INDEX(Orçamentária!A:B,MATCH(Composições!A4970,Orçamentária!A:A,0),2)","v":"Anel de Vedação para bacia sanitária"},null,"un",null,"",{"$f":"IF(ISNUMBER(F4970),E4970*F4970,\"\")","v":""},null,null,0]
[null,null,null,null,null,"",{"$f":"IF(ISNUMBER(F4971),E4971*F4971,\"\")","v":""},null,null,0]
[null,null,"ANEL DE VEDACAO, PVC FLEXIVEL, 100 MM, PARA SAIDA DE BACIA / VASO SANITARIO","un",1,14.3925,{"$f":"IF(ISNUMBER(F4972),E4972*F4972,\"\")","v":14.3925},{"$f":"SUM(G4972:G4973)","v":17.038250000000001},null,0]
[null,null,"ENCANADOR OU BOMBEIRO HIDRÁULICO COM ENCARGOS COMPLEMENTARES","H",0.1,26.4575,{"$f":"IF(ISNUMBER(F4973),E4973*F4973,\"\")","v":2.64575},null,null,0]
[null,null,null,null,null,"",{"$f":"IF(ISNUMBER(F4974),E4974*F4974,\"\")","v":""},null,null,0]
["SF-01266",{"$f":"INDEX(Orçamentária!A:B,MATCH(Composições!A4975,Orçamentária!A:A,0),2)","v":"Folha de porta em madeira e MDF 2,10x0,60m"},null,"un",null,"",{"$f":"IF(ISNUMBER(F4975),E4975*F4975,\"\")","v":""},null,null,0]
[null,null,null,null,null,"",{"$f":"IF(ISNUMBER(F4976),E4976*F4976,\"\")","v":""},null,null,0]
[null,null,"PORTA DE MADEIRA, FOLHA MEDIA (NBR 15930) DE 600 X 2100 MM, DE 35 MM A 40 MM DE ESPESSURA, NUCLEO SEMI-SOLIDO (SARRAFEADO), CAPA FRISADA EM HDF, ACABAMENTO MELAMINICO EM PADRAO MADEIRA","UN",1,235.5145,{"$f":"IF(ISNUMBER(F4977),E4977*F4977,\"\")","v":235.5145},{"$f":"SUM(G4977:G4979)","v":272.27072199999998},null,0]
[null,null,"CARPINTEIRO DE ESQUADRIA COM ENCARGOS COMPLEMENTARES","H",{"$f":"ROUND(1.282*0.8,4)","v":1.0256000000000001},25.725999999999996,{"$f":"IF(ISNUMBER(F4978),E4978*F4978,\"\")","v":26.384585599999998},null,null,0]
[null,null,"SERVENTE COM ENCARGOS COMPLEMENTARES","H",{"$f":"ROUND(0.641*0.8,4)","v":0.51280000000000003},20.225499999999997,{"$f":"IF(ISNUMBER(F4979),E4979*F4979,\"\")","v":10.3716364},null,null,0]
[null,null,null,null,null,"",{"$f":"IF(ISNUMBER(F4980),E4980*F4980,\"\")","v":""},null,null,0]
["SF-01267",{"$f":"INDEX(Orçamentária!A:B,MATCH(Composições!A4981,Orçamentária!A:A,0),2)","v":"Folha de porta em madeira e MDF 2,10x0,70m"},null,"un",null,"",{"$f":"IF(ISNUMBER(F4981),E4981*F4981,\"\")","v":""},null,null,0]
[null,null,null,null,null,"",{"$f":"IF(ISNUMBER(F4982),E4982*F4982,\"\")","v":""},null,null,0]
[null,null,"PORTA DE ABRIR / GIRO, DE MADEIRA FOLHA MEDIA (NBR 15930) DE 700 X 2100 MM, DE 35 MM A 40 MM DE ESPESSURA, NUCLEO SEMI-SOLIDO (SARRAFEADO), CAPA FRISADA EM HDF, ACABAMENTO MELAMINICO EM PADRAO MADEIRA","UN",1,255.99650000000003,{"$f":"IF(ISNUMBER(F4983),E4983*F4983,\"\")","v":255.99650000000003},{"$f":"SUM(G4983:G4985)","v":296.53729399999997},null,0]
[null,null,"CARPINTEIRO DE ESQUADRIA COM ENCARGOS COMPLEMENTARES","H",{"$f":"ROUND(1.414*0.8,4)","v":1.1312},25.725999999999996,{"$f":"IF(ISNUMBER(F4984),E4984*F4984,\"\")","v":29.101251199999993},null,null,0]
[null,null,"SERVENTE COM ENCARGOS COMPLEMENTARES","H",{"$f":"ROUND(0.707*0.8,4)","v":0.56559999999999999},20.225499999999997,{"$f":"IF(ISNUMBER(F4985),E4985*F4985,\"\")","v":11.439542799999998},null,null,0]
[null,null,null,null,null,"",{"$f":"IF(ISNUMBER(F4986),E4986*F4986,\"\")","v":""},null,null,0]
["SF-01268",{"$f":"INDEX(Orçamentária!A:B,MATCH(Composições!A4987,Orçamentária!A:A,0),2)","v":"Folha de porta em madeira e MDF 2,10x0,80m"},null,"un",null,"",{"$f":"IF(ISNUMBER(F4987),E4987*F4987,\"\")","v":""},null,null,0]
[null,null,null,null,null,"",{"$f":"IF(ISNUMBER(F4988),E4988*F4988,\"\")","v":""},null,null,0]
[null,null,"PORTA DE ABRIR / GIRO, DE MADEIRA FOLHA MEDIA (NBR 15930) DE 800 X 2100 MM, DE 35 MM A 40 MM DE ESPESSURA, NUCLEO SEMI-SOLIDO (SARRAFEADO), CAPA FRISADA EM HDF, ACABAMENTO MELAMINICO EM PADRAO MADEIRA","UN",1,289.12299999999999,{"$f":"IF(ISNUMBER(F4989),E4989*F4989,\"\")","v":289.12299999999999},{"$f":"SUM(G4989:G4991)","v":333.44836599999996},null,0]
[null,null,"CARPINTEIRO DE ESQUADRIA COM ENCARGOS COMPLEMENTARES","H",{"$f":"ROUND(1.546*0.8,4)","v":1.2367999999999999},25.725999999999996,{"$f":"IF(ISNUMBER(F4990),E4990*F4990,\"\")","v":31.817916799999992},null,null,0]
[null,null,"SERVENTE COM ENCARGOS COMPLEMENTARES","H",{"$f":"ROUND(0.773*0.8,4)","v":0.61839999999999995},20.225499999999997,{"$f":"IF(ISNUMBER(F4991),E4991*F4991,\"\")","v":12.507449199999996},null,null,0]
[null,null,null,null,null,"",{"$f":"IF(ISNUMBER(F4992),E4992*F4992,\"\")","v":""},null,null,0]
["SF-01269",{"$f":"INDEX(Orçamentária!A:B,MATCH(Composições!A4993,Orçamentária!A:A,0),2)","v":"Folha de porta em madeira e MDF 2,10x0,90m"},null,"un",null,"",{"$f":"IF(ISNUMBER(F4993),E4993*F4993,\"\")","v":""},null,null,0]
[null,null,null,null,null,"",{"$f":"IF(ISNUMBER(F4994),E4994*F4994,\"\")","v":""},null,null,0]
[null,null,"PORTA DE ABRIR / GIRO, DE MADEIRA FOLHA MEDIA (NBR 15930) DE 900 X 2100 MM, DE 35 MM A 40 MM DE ESPESSURA, NUCLEO SEMI-SOLIDO (SARRAFEADO), CAPA LISA EM HDF, ACABAMENTO EM LAMINADO NATURAL PARA VERNIZ","UN",1,323.11399999999998,{"$f":"IF(ISNUMBER(F4995),E4995*F4995,\"\")","v":323.11399999999998},{"$f":"SUM(G4995:G4997)","v":371.22393799999998},null,0]
[null,null,"CARPINTEIRO DE ESQUADRIA COM ENCARGOS COMPLEMENTARES","H",{"$f":"ROUND(1.678*0.8,4)","v":1.3424},25.725999999999996,{"$f":"IF(ISNUMBER(F4996),E4996*F4996,\"\")","v":34.534582399999998},null,null,0]
[null,null,"SERVENTE COM ENCARGOS COMPLEMENTARES","H",{"$f":"ROUND(0.839*0.8,4)","v":0.67120000000000002},20.225499999999997,{"$f":"IF(ISNUMBER(F4997),E4997*F4997,\"\")","v":13.575355599999998},null,null,0]
[null,null,null,null,null,"",{"$f":"IF(ISNUMBER(F4998),E4998*F4998,\"\")","v":""},null,null,0]
["SF-01270",{"$f":"INDEX(Orçamentária!A:B,MATCH(Composições!A4999,Orçamentária!A:A,0),2)","v":"Remoção de boiler"},null,"un",null,"",{"$f":"IF(ISNUMBER(F4999),E4999*F4999,\"\")","v":""},null,null,0]
[null,null,null,null,null,"",{"$f":"IF(ISNUMBER(F5000),E5000*F5000,\"\")","v":""},null,null,0]
[null,null,"AUXILIAR DE ENCANADOR OU BOMBEIRO HIDRÁULICO COM ENCARGOS COMPLEMENTARES","H",{"$f":"4*0.3","v":1.2},20.909500000000001,{"$f":"IF(ISNUMBER(F5001),E5001*F5001,\"\")","v":25.0914},{"$f":"SUM(G5001:G5004)","v":86.12700000000001},null,0]
[null,null,"ENCANADOR OU BOMBEIRO HIDRÁULICO COM ENCARGOS COMPLEMENTARES","H",{"$f":"4*0.3","v":1.2},26.4575,{"$f":"IF(ISNUMBER(F5002),E5002*F5002,\"\")","v":31.748999999999999},null,null,0]
[null,null,"Auxiliar de eletricista com encargos complementares","H",{"$f":"2*0.3","v":0.6},21.337,{"$f":"IF(ISNUMBER(F5003),E5003*F5003,\"\")","v":12.802199999999999},null,null,0]
[null,null,"Eletricista com encargos complementares","H",{"$f":"2*0.3","v":0.6},27.474,{"$f":"IF(ISNUMBER(F5004),E5004*F5004,\"\")","v":16.484400000000001},null,null,0]
[null,null,null,null,null,"",{"$f":"IF(ISNUMBER(F5005),E5005*F5005,\"\")","v":""},null,null,0]
["SF-01271",{"$f":"INDEX(Orçamentária!A:B,MATCH(Composições!A5006,Orçamentária!A:A,0),2)","v":"Remoção de tacos de madeira"},null,"m2",null,"",{"$f":"IF(ISNUMBER(F5006),E5006*F5006,\"\")","v":""},null,null,0]
[null,null,null,null,null,"",{"$f":"IF(ISNUMBER(F5007),E5007*F5007,\"\")","v":""},null,null,0]
[null,null,"CARPINTEIRO DE ESQUADRIA COM ENCARGOS COMPLEMENTARES","H",0.12,25.725999999999996,{"$f":"IF(ISNUMBER(F5008),E5008*F5008,\"\")","v":3.0871199999999992},{"$f":"SUM(G5008:G5009)","v":28.691519999999997},null,0]
[null,null,"AJUDANTE DE CARPINTEIRO COM ENCARGOS COMPLEMENTARES","H",1.2,21.337,{"$f":"IF(ISNUMBER(F5009),E5009*F5009,\"\")","v":25.604399999999998},null,null,0]
[null,null,null,null,null,"",{"$f":"IF(ISNUMBER(F5010),E5010*F5010,\"\")","v":""},null,null,0]
["SF-01272",{"$f":"INDEX(Orçamentária!A:B,MATCH(Composições!A5011,Orçamentária!A:A,0),2)","v":"Cerâmica 30x60cm - Glacier White - Portobello – Linha Residencial"},null,"m2",null,"",{"$f":"IF(ISNUMBER(F5011),E5011*F5011,\"\")","v":""},null,null,0]
[null,null,null,null,null,"",{"$f":"IF(ISNUMBER(F5012),E5012*F5012,\"\")","v":""},null,null,0]
[null,null,"Cerâmica 30x60xm Glacier White (26109E) – Linha White Home – Portobello, ou similar","m2",1.08,"",{"$f":"IF(ISNUMBER(F5013),E5013*F5013,\"\")","v":""},{"$f":"SUM(G5013:G5017)","v":32.335909999999998},null,0]
[null,null,"Argamassa colante AC II","kg",6.14,1.0545,{"$f":"IF(ISNUMBER(F5014),E5014*F5014,\"\")","v":6.4746299999999994},null,null,0]
[null,null,"Rejunte cimenticio, qualquer cor","kg",0.22,3.3439999999999999,{"$f":"IF(ISNUMBER(F5015),E5015*F5015,\"\")","v":0.73568},null,null,0]
[null,null,"Azulejista ou ladrilhista com encargos complementares","h",0.66,27.036999999999999,{"$f":"IF(ISNUMBER(F5016),E5016*F5016,\"\")","v":17.84442},null,null,0]
[null,null,"Servente com Encargos Complementares","h",0.36,20.225499999999997,{"$f":"IF(ISNUMBER(F5017),E5017*F5017,\"\")","v":7.2811799999999982},null,null,0]
[null,null,null,null,null,"",{"$f":"IF(ISNUMBER(F5018),E5018*F5018,\"\")","v":""},null,null,0]
["SF-01273",{"$f":"INDEX(Orçamentária!A:B,MATCH(Composições!A5019,Orçamentária!A:A,0),2)","v":"Instalação de tacos de madeira reaproveitados"},null,"m2",null,"",{"$f":"IF(ISNUMBER(F5019),E5019*F5019,\"\")","v":""},null,null,0]
[null,null,null,null,null,"",{"$f":"IF(ISNUMBER(F5020),E5020*F5020,\"\")","v":""},null,null,0]
[null,null,"COLA BRANCA BASE PVA","kg",0.57499999999999996,43.6905,{"$f":"IF(ISNUMBER(F5021),E5021*F5021,\"\")","v":25.122037499999998},{"$f":"SUM(G5021:G5023)","v":45.407966999999992},null,0]
[null,null,"SERVENTE COM ENCARGOS COMPLEMENTARES","H",0.2399,20.225499999999997,{"$f":"IF(ISNUMBER(F5022),E5022*F5022,\"\")","v":4.8520974499999996},null,null,0]
[null,null,"TAQUEADOR OU TAQUEIRO COM ENCARGOS COMPLEMENTARES","H",0.57589999999999997,26.799499999999998,{"$f":"IF(ISNUMBER(F5023),E5023*F5023,\"\")","v":15.433832049999998},null,null,0]
[null,null,null,null,null,"",{"$f":"IF(ISNUMBER(F5024),E5024*F5024,\"\")","v":""},null,null,0]
["SF-01278",{"$f":"INDEX(Orçamentária!A:B,MATCH(Composições!A5025,Orçamentária!A:A,0),2)","v":"Instalação de cortinas reaproveitadas"},null,"m",null,"",{"$f":"IF(ISNUMBER(F5025),E5025*F5025,\"\")","v":""},null,null,0]
[null,null,null,null,null,"",{"$f":"IF(ISNUMBER(F5026),E5026*F5026,\"\")","v":""},null,null,0]
[null,null,"AJUDANTE ESPECIALIZADO COM ENCARGOS COMPLEMENTARES","H",0.5,21.318000000000001,{"$f":"IF(ISNUMBER(F5027),E5027*F5027,\"\")","v":10.659000000000001},{"$f":"SUM(G5027:G5027)","v":10.659000000000001},null,0]
[null,null,null,null,null,"",{"$f":"IF(ISNUMBER(F5028),E5028*F5028,\"\")","v":""},null,null,0]
["SF-01279",{"$f":"INDEX(Orçamentária!A:B,MATCH(Composições!A5029,Orçamentária!A:A,0),2)","v":"Tubo CPVC soldável 22mm – Linha Residencial"},null,"m",null,"",{"$f":"IF(ISNUMBER(F5029),E5029*F5029,\"\")","v":""},null,null,0]
[null,null,null,null,null,"",{"$f":"IF(ISNUMBER(F5030),E5030*F5030,\"\")","v":""},null,null,0]
[null,null,"TUBO CPVC, SOLDAVEL, 22 MM, AGUA QUENTE PREDIAL (NBR 15884)","M",1.0609999999999999,13.0055,{"$f":"IF(ISNUMBER(F5031),E5031*F5031,\"\")","v":13.798835499999999},{"$f":"SUM(G5031:G5033)","v":29.8562485},null,0]
[null,null,"AUXILIAR DE ENCANADOR OU BOMBEIRO HIDRÁULICO COM ENCARGOS COMPLEMENTARES","H",0.33900000000000002,20.909500000000001,{"$f":"IF(ISNUMBER(F5032),E5032*F5032,\"\")","v":7.0883205000000009},null,null,0]
[null,null,"ENCANADOR OU BOMBEIRO HIDRÁULICO COM ENCARGOS COMPLEMENTARES","H",0.33900000000000002,26.4575,{"$f":"IF(ISNUMBER(F5033),E5033*F5033,\"\")","v":8.9690925000000004},null,null,0]
[null,null,null,null,null,"",{"$f":"IF(ISNUMBER(F5034),E5034*F5034,\"\")","v":""},null,null,0]
["SF-01280",{"$f":"INDEX(Orçamentária!A:B,MATCH(Composições!A5035,Orçamentária!A:A,0),2)","v":"Tubo CPVC soldável 28mm – Linha Residencial"},null,"m",null,"",{"$f":"IF(ISNUMBER(F5035),E5035*F5035,\"\")","v":""},null,null,0]
[null,null,null,null,null,"",{"$f":"IF(ISNUMBER(F5036),E5036*F5036,\"\")","v":""},null,null,0]
[null,null,"TUBO CPVC, SOLDAVEL, 28 MM, AGUA QUENTE PREDIAL (NBR 15884)","M",1.0609999999999999,22.400999999999996,{"$f":"IF(ISNUMBER(F5037),E5037*F5037,\"\")","v":23.767460999999994},{"$f":"SUM(G5037:G5039)","v":42.714260999999993},null,0]
[null,null,"AUXILIAR DE ENCANADOR OU BOMBEIRO HIDRÁULICO COM ENCARGOS COMPLEMENTARES","H",0.4,20.909500000000001,{"$f":"IF(ISNUMBER(F5038),E5038*F5038,\"\")","v":8.3638000000000012},null,null,0]
[null,null,"ENCANADOR OU BOMBEIRO HIDRÁULICO COM ENCARGOS COMPLEMENTARES","H",0.4,26.4575,{"$f":"IF(ISNUMBER(F5039),E5039*F5039,\"\")","v":10.583},null,null,0]
[null,null,null,null,null,"",{"$f":"IF(ISNUMBER(F5040),E5040*F5040,\"\")","v":""},null,null,0]
["SF-01281",{"$f":"INDEX(Orçamentária!A:B,MATCH(Composições!A5041,Orçamentária!A:A,0),2)","v":"Instalação de bidê reaproveitado"},null,"un",null,"",{"$f":"IF(ISNUMBER(F5041),E5041*F5041,\"\")","v":""},null,null,0]
[null,null,null,null,null,"",{"$f":"IF(ISNUMBER(F5042),E5042*F5042,\"\")","v":""},null,null,0]
[null,null,"Parafuso niquelado com acabamento cromado para fixar peca sanitaria, inclui porca cega, arruela e bucha de nylon tamanho S-10","UN",2,22.695499999999999,{"$f":"IF(ISNUMBER(F5043),E5043*F5043,\"\")","v":45.390999999999998},{"$f":"SUM(G5043:G5047)","v":86.206567249999992},null,0]
[null,null,"ANEL DE VEDACAO, PVC FLEXIVEL, 100 MM, PARA SAIDA DE BACIA / VASO SANITARIO","UN",1,14.3925,{"$f":"IF(ISNUMBER(F5044),E5044*F5044,\"\")","v":14.3925},null,null,0]
[null,null,"Rejunte epoxi, qualquer cor","kg",8.8099999999999998E-2,70.489999999999995,{"$f":"IF(ISNUMBER(F5045),E5045*F5045,\"\")","v":6.2101689999999996},null,null,0]
[null,null,"Encanador ou Bombeiro Hidráulico com Encargos Complementares","h",0.49680000000000002,26.4575,{"$f":"IF(ISNUMBER(F5046),E5046*F5046,\"\")","v":13.144086},null,null,0]
[null,null,"Servente com Encargos Complementares","h",0.34949999999999998,20.225499999999997,{"$f":"IF(ISNUMBER(F5047),E5047*F5047,\"\")","v":7.0688122499999988},null,null,0]
[null,null,null,null,null,"",{"$f":"IF(ISNUMBER(F5048),E5048*F5048,\"\")","v":""},null,null,0]
["SF-01282",{"$f":"INDEX(Orçamentária!A:B,MATCH(Composições!A5049,Orçamentária!A:A,0),2)","v":"Aquecedor elétrico para pia – Linha Residencial"},null,"un",null,"",{"$f":"IF(ISNUMBER(F5049),E5049*F5049,\"\")","v":""},null,null,0]
[null,null,null,null,null,"",{"$f":"IF(ISNUMBER(F5050),E5050*F5050,\"\")","v":""},null,null,0]
[null,null,"ENCANADOR OU BOMBEIRO HIDRÁULICO COM ENCARGOS COMPLEMENTARES","H",0.5,26.4575,{"$f":"IF(ISNUMBER(F5051),E5051*F5051,\"\")","v":13.22875},{"$f":"SUM(G5051:G5054)","v":23.811913400000002},null,0]
[null,null,"AUXILIAR DE ENCANADOR OU BOMBEIRO HIDRÁULICO COM ENCARGOS COMPLEMENTARES","H",0.5,20.909500000000001,{"$f":"IF(ISNUMBER(F5052),E5052*F5052,\"\")","v":10.454750000000001},null,null,0]
[null,null,"FITA VEDA ROSCA EM ROLOS DE 18 MM X 50 M (L X C)","UN",{"$f":"0.47/50","v":9.3999999999999986E-3},13.661,{"$f":"IF(ISNUMBER(F5053),E5053*F5053,\"\")","v":0.12841339999999998},null,null,0]
[null,null,"Aquecedor elétrico individual automático, 5000W, 220V","UN",1,"",{"$f":"IF(ISNUMBER(F5054),E5054*F5054,\"\")","v":""},null,null,0]
[null,null,null,null,null,"",{"$f":"IF(ISNUMBER(F5055),E5055*F5055,\"\")","v":""},null,null,0]
["SF-01283",{"$f":"INDEX(Orçamentária!A:B,MATCH(Composições!A5056,Orçamentária!A:A,0),2)","v":"Chuveiro elétrico – Linha Residencial"},null,"un",null,"",{"$f":"IF(ISNUMBER(F5056),E5056*F5056,\"\")","v":""},null,null,0]
[null,null,null,null,null,"",{"$f":"IF(ISNUMBER(F5057),E5057*F5057,\"\")","v":""},null,null,0]
[null,null,"Chuveiro elétrico 7800W, 220V. Ref: Lorenzetti Acqua Storm Ultra","UN",1,"",{"$f":"IF(ISNUMBER(F5058),E5058*F5058,\"\")","v":""},{"$f":"SUM(G5058:G5061)","v":14.742098099999998},null,0]
[null,null,"FITA VEDA ROSCA EM ROLOS DE 18 MM X 10 M (L X C)","UN",2.1000000000000001E-2,3.7049999999999996,{"$f":"IF(ISNUMBER(F5059),E5059*F5059,\"\")","v":7.7804999999999999E-2},null,null,0]
[null,null,"ENCANADOR OU BOMBEIRO HIDRÁULICO COM ENCARGOS COMPLEMENTARES","H",0.44669999999999999,26.4575,{"$f":"IF(ISNUMBER(F5060),E5060*F5060,\"\")","v":11.818565249999999},null,null,0]
[null,null,"SERVENTE COM ENCARGOS COMPLEMENTARES","H",0.14069999999999999,20.225499999999997,{"$f":"IF(ISNUMBER(F5061),E5061*F5061,\"\")","v":2.8457278499999994},null,null,0]
[null,null,null,null,null,"",{"$f":"IF(ISNUMBER(F5062),E5062*F5062,\"\")","v":""},null,null,0]
["SF-01284",{"$f":"INDEX(Orçamentária!A:B,MATCH(Composições!A5063,Orçamentária!A:A,0),2)","v":"Instalação de boiler reaproveitado"},null,"un",null,"",{"$f":"IF(ISNUMBER(F5063),E5063*F5063,\"\")","v":""},null,null,0]
[null,null,null,null,null,"",{"$f":"IF(ISNUMBER(F5064),E5064*F5064,\"\")","v":""},null,null,0]
[null,null,"AUXILIAR DE ENCANADOR OU BOMBEIRO HIDRÁULICO COM ENCARGOS COMPLEMENTARES","H",4,20.909500000000001,{"$f":"IF(ISNUMBER(F5065),E5065*F5065,\"\")","v":83.638000000000005},{"$f":"SUM(G5065:G5069)","v":287.53460000000001},null,0]
[null,null,"ENCANADOR OU BOMBEIRO HIDRÁULICO COM ENCARGOS COMPLEMENTARES","H",4,26.4575,{"$f":"IF(ISNUMBER(F5066),E5066*F5066,\"\")","v":105.83},null,null,0]
[null,null,"Auxiliar de eletricista com encargos complementares","H",2,21.337,{"$f":"IF(ISNUMBER(F5067),E5067*F5067,\"\")","v":42.673999999999999},null,null,0]
[null,null,"Eletricista com encargos complementares","H",2,27.474,{"$f":"IF(ISNUMBER(F5068),E5068*F5068,\"\")","v":54.948},null,null,0]
[null,null,"FITA VEDA ROSCA EM ROLOS DE 18 MM X 10 M (L X C)","UN",{"$f":"1.2/10","v":0.12},3.7049999999999996,{"$f":"IF(ISNUMBER(F5069),E5069*F5069,\"\")","v":0.44459999999999994},null,null,0]
[null,null,null,null,null,"",{"$f":"IF(ISNUMBER(F5070),E5070*F5070,\"\")","v":""},null,null,0]
["SF-01285",{"$f":"INDEX(Orçamentária!A:B,MATCH(Composições!A5071,Orçamentária!A:A,0),2)","v":"Prateleira – Linha Residencial"},null,"un",null,"",{"$f":"IF(ISNUMBER(F5071),E5071*F5071,\"\")","v":""},null,null,0]
[null,null,null,null,null,"",{"$f":"IF(ISNUMBER(F5072),E5072*F5072,\"\")","v":""},null,null,0]
[null,null,"Prateleira com base em resina, com acabamento cromado. Ref: Deca Flex 2031.C.FLX ou equivalente","un ",1,"",{"$f":"IF(ISNUMBER(F5073),E5073*F5073,\"\")","v":""},{"$f":"SUM(G5073:G5075)","v":20.757996849999998},null,0]
[null,null,"Encanador ou Bombeiro Hidráulico com Encargos Complementares","h",0.63229999999999997,26.4575,{"$f":"IF(ISNUMBER(F5074),E5074*F5074,\"\")","v":16.72907725},null,null,0]
[null,null,"Servente com Encargos Complementares","h",0.19919999999999999,20.225499999999997,{"$f":"IF(ISNUMBER(F5075),E5075*F5075,\"\")","v":4.0289195999999992},null,null,0]
[null,null,null,null,null,"",{"$f":"IF(ISNUMBER(F5076),E5076*F5076,\"\")","v":""},null,null,0]
["SF-01286",{"$f":"INDEX(Orçamentária!A:B,MATCH(Composições!A5077,Orçamentária!A:A,0),2)","v":"Saboneteira – Linha Residencial"},null,"un",null,"",{"$f":"IF(ISNUMBER(F5077),E5077*F5077,\"\")","v":""},null,null,0]
[null,null,null,null,null,"",{"$f":"IF(ISNUMBER(F5078),E5078*F5078,\"\")","v":""},null,null,0]
[null,null,"Saboneteira com base em resina de alta resistência com espessura com acabamento cromado. Ref: Deca Flex 2010.C.FLX ou equivalente","un ",1,"",{"$f":"IF(ISNUMBER(F5079),E5079*F5079,\"\")","v":""},{"$f":"SUM(G5079:G5081)","v":10.380321299999999},null,0]
[null,null,"Encanador ou Bombeiro Hidráulico com Encargos Complementares","h",0.31619999999999998,26.4575,{"$f":"IF(ISNUMBER(F5080),E5080*F5080,\"\")","v":8.3658614999999994},null,null,0]
[null,null,"Servente com Encargos Complementares","h",9.9599999999999994E-2,20.225499999999997,{"$f":"IF(ISNUMBER(F5081),E5081*F5081,\"\")","v":2.0144597999999996},null,null,0]
[null,null,null,null,null,"",{"$f":"IF(ISNUMBER(F5082),E5082*F5082,\"\")","v":""},null,null,0]
["SF-01287",{"$f":"INDEX(Orçamentária!A:B,MATCH(Composições!A5083,Orçamentária!A:A,0),2)","v":"Módulo campainha eletrônica – Linha Residencial"},null,"un",null,"",{"$f":"IF(ISNUMBER(F5083),E5083*F5083,\"\")","v":""},null,null,0]
[null,null,null,null,null,"",{"$f":"IF(ISNUMBER(F5084),E5084*F5084,\"\")","v":""},null,null,0]
[null,null,"Campainha eletrônica de dois tons, 70 dB,  220V","un",1,"",{"$f":"IF(ISNUMBER(F5085),E5085*F5085,\"\")","v":""},{"$f":"SUM(G5085:G5087)","v":17.132660999999999},null,0]
[null,null,"Auxiliar de eletricista com encargos complementares","h",0.35099999999999998,21.337,{"$f":"IF(ISNUMBER(F5086),E5086*F5086,\"\")","v":7.4892869999999991},null,null,0]
[null,null,"Eletricista com encargos complementares","h",0.35099999999999998,27.474,{"$f":"IF(ISNUMBER(F5087),E5087*F5087,\"\")","v":9.6433739999999997},null,null,0]
[null,null,null,null,null,"",{"$f":"IF(ISNUMBER(F5088),E5088*F5088,\"\")","v":""},null,null,0]
["SF-01288",{"$f":"INDEX(Orçamentária!A:B,MATCH(Composições!A5089,Orçamentária!A:A,0),2)","v":"Módulo pulsador – Linha Residencial"},null,"un",null,"",{"$f":"IF(ISNUMBER(F5089),E5089*F5089,\"\")","v":""},null,null,0]
[null,null,null,null,null,"",{"$f":"IF(ISNUMBER(F5090),E5090*F5090,\"\")","v":""},null,null,0]
[null,null,"PULSADOR CAMPAINHA 10A, 250V (APENAS MODULO)","UN",1,6.3650000000000002,{"$f":"IF(ISNUMBER(F5091),E5091*F5091,\"\")","v":6.3650000000000002},{"$f":"SUM(G5091:G5093)","v":17.347474999999999},null,0]
[null,null,"Auxiliar de eletricista com encargos complementares","h",0.22500000000000001,21.337,{"$f":"IF(ISNUMBER(F5092),E5092*F5092,\"\")","v":4.8008249999999997},null,null,0]
[null,null,"Eletricista com encargos complementares","h",0.22500000000000001,27.474,{"$f":"IF(ISNUMBER(F5093),E5093*F5093,\"\")","v":6.1816500000000003},null,null,0]
[null,null,null,null,null,"",{"$f":"IF(ISNUMBER(F5094),E5094*F5094,\"\")","v":""},null,null,0]
["SF-01289",{"$f":"INDEX(Orçamentária!A:B,MATCH(Composições!A5095,Orçamentária!A:A,0),2)","v":"Luminária redonda de sobrepor (plafond) – Linha Residencial"},null,"un",null,"",{"$f":"IF(ISNUMBER(F5095),E5095*F5095,\"\")","v":""},null,null,0]
[null,null,null,null,null,"",{"$f":"IF(ISNUMBER(F5096),E5096*F5096,\"\")","v":""},null,null,0]
[null,null,"LUMINARIA PLAFON REDONDO COM VIDRO FOSCO DIAMETRO *30* CM, PARA 2 LAMPADAS, BASE E27, POTENCIA MAXIMA 40/60 W (NAO INCLUI LAMPADAS)","UN",1,37.163999999999994,{"$f":"IF(ISNUMBER(F5097),E5097*F5097,\"\")","v":37.163999999999994},{"$f":"SUM(G5097:G5100)","v":90.75146509999999},null,0]
[null,null,"LAMPADA FLUORESCENTE COMPACTA 2U BRANCA 15 W, BASE E27 (127/220 V)","UN",2,14.212,{"$f":"IF(ISNUMBER(F5098),E5098*F5098,\"\")","v":28.423999999999999},null,null,0]
[null,null,"Auxiliar de eletricista com encargos complementares","h",0.2883,21.337,{"$f":"IF(ISNUMBER(F5099),E5099*F5099,\"\")","v":6.1514571},null,null,0]
[null,null,"Eletricista com encargos complementares","h",0.69199999999999995,27.474,{"$f":"IF(ISNUMBER(F5100),E5100*F5100,\"\")","v":19.012007999999998},null,null,0]
[null,null,null,null,null,"",{"$f":"IF(ISNUMBER(F5101),E5101*F5101,\"\")","v":""},null,null,0]
["SF-01295",{"$f":"INDEX(Orçamentária!A:B,MATCH(Composições!A5102,Orçamentária!A:A,0),2)","v":"Bandeira de porta, em madeira e MDF"},null,"m2",null,"",{"$f":"IF(ISNUMBER(F5102),E5102*F5102,\"\")","v":""},null,null,0]
[null,null,null,null,null,"",{"$f":"IF(ISNUMBER(F5103),E5103*F5103,\"\")","v":""},null,null,0]
[null,null,"PORTA DE ABRIR / GIRO, DE MADEIRA FOLHA MEDIA (NBR 15930) DE 800 X 2100 MM, DE 35 MM A 40 MM DE ESPESSURA, NUCLEO SEMI-SOLIDO (SARRAFEADO), CAPA FRISADA EM HDF, ACABAMENTO MELAMINICO EM PADRAO MADEIRA","UN",{"$f":"1/(0.8*2.1)","v":0.59523809523809523},289.12299999999999,{"$f":"IF(ISNUMBER(F5104),E5104*F5104,\"\")","v":172.09702380952379},{"$f":"SUM(G5104:G5107)","v":223.78713655952376},null,0]
[null,null,"CANTONEIRA ALUMINIO ABAS IGUAIS 1 \", E = 3 /16 \"","M",{"$f":"1/0.8","v":1.25},20.244499999999999,{"$f":"IF(ISNUMBER(F5105),E5105*F5105,\"\")","v":25.305624999999999},null,null,0]
[null,null,"CARPINTEIRO DE ESQUADRIA COM ENCARGOS COMPLEMENTARES","H",{"$f":"ROUND(1.546*0.8/(2.1*0.8),4)","v":0.73619999999999997},25.725999999999996,{"$f":"IF(ISNUMBER(F5106),E5106*F5106,\"\")","v":18.939481199999996},null,null,0]
[null,null,"SERVENTE COM ENCARGOS COMPLEMENTARES","H",{"$f":"ROUND(0.773*0.8/(2.1*0.8),4)","v":0.36809999999999998},20.225499999999997,{"$f":"IF(ISNUMBER(F5107),E5107*F5107,\"\")","v":7.4450065499999987},null,null,0]
[null,null,null,null,null,"",{"$f":"IF(ISNUMBER(F5108),E5108*F5108,\"\")","v":""},null,null,0]
["SF-01296",{"$f":"INDEX(Orçamentária!A:B,MATCH(Composições!A5109,Orçamentária!A:A,0),2)","v":"Bandeira de porta, em madeira pintada"},null,"m2",null,"",{"$f":"IF(ISNUMBER(F5109),E5109*F5109,\"\")","v":""},null,null,0]
[null,null,null,null,null,"",{"$f":"IF(ISNUMBER(F5110),E5110*F5110,\"\")","v":""},null,null,0]
[null,null,"PORTA DE ABRIR / GIRO, DE MADEIRA FOLHA MEDIA (NBR 15930) DE 800 X 2100 MM, DE 35 MM A 40 MM DE ESPESSURA, NUCLEO SEMI-SOLIDO (SARRAFEADO), CAPA LISA EM HDF, ACABAMENTO EM LAMINADO NATURAL PARA VERNIZ","UN",{"$f":"1/(0.8*2.1)","v":0.59523809523809523},282.4255,{"$f":"IF(ISNUMBER(F5111),E5111*F5111,\"\")","v":168.11041666666665},{"$f":"SUM(G5111:G5116)","v":243.88616761666663},null,0]
[null,null,"CANTONEIRA ALUMINIO ABAS IGUAIS 1 \", E = 3 /16 \"","M",{"$f":"1/0.8","v":1.25},20.244499999999999,{"$f":"IF(ISNUMBER(F5112),E5112*F5112,\"\")","v":25.305624999999999},null,null,0]
[null,null,"CARPINTEIRO DE ESQUADRIA COM ENCARGOS COMPLEMENTARES","H",{"$f":"ROUND(1.546*0.8/(0.8*2.1),4)","v":0.73619999999999997},25.725999999999996,{"$f":"IF(ISNUMBER(F5113),E5113*F5113,\"\")","v":18.939481199999996},null,null,0]
[null,null,"SERVENTE COM ENCARGOS COMPLEMENTARES","H",{"$f":"ROUND(0.773*0.8/(0.8*2.1),4)","v":0.36809999999999998},20.225499999999997,{"$f":"IF(ISNUMBER(F5114),E5114*F5114,\"\")","v":7.4450065499999987},null,null,0]
[null,null,"Verniz a base de água para madeira","L",0.108,37.47,{"$f":"IF(ISNUMBER(F5115),E5115*F5115,\"\")","v":4.0467599999999999},null,null,0]
[null,null,"Pintor com encargos complementares","h",0.70760000000000001,28.319499999999998,{"$f":"IF(ISNUMBER(F5116),E5116*F5116,\"\")","v":20.038878199999999},null,null,0]
[null,null,null,null,null,"",null,null,null,0]
[null,null,"Obs: considerando rendimento informado na especificação técnica de produto equivalente da Suvinil (Lata de 3,6L rende até 100 m²/demão).",null,null,"",null,null,null,0]
[null,null,null,null,null,"",{"$f":"IF(ISNUMBER(F5119),E5119*F5119,\"\")","v":""},null,null,0]
["SF-01310",{"$f":"INDEX(Orçamentária!A:B,MATCH(Composições!A5120,Orçamentária!A:A,0),2)","v":"Cambota elastomérica de 8”"},null,"un",null,"",{"$f":"IF(ISNUMBER(F5120),E5120*F5120,\"\")","v":""},null,null,0]
[null,null,null,null,null,"",{"$f":"IF(ISNUMBER(F5121),E5121*F5121,\"\")","v":""},null,null,0]
[null,null,"AUXILIAR DE ENCANADOR OU BOMBEIRO HIDRÁULICO COM ENCARGOS COMPLEMENTARES","H",0.93,20.909500000000001,{"$f":"IF(ISNUMBER(F5122),E5122*F5122,\"\")","v":19.445835000000002},{"$f":"SUM(G5122:G5124)","v":44.051310000000001},null,0]
[null,null,"ENCANADOR OU BOMBEIRO HIDRÁULICO COM ENCARGOS COMPLEMENTARES","H",0.93,26.4575,{"$f":"IF(ISNUMBER(F5123),E5123*F5123,\"\")","v":24.605475000000002},null,null,0]
[null,null,"Cambota elastomérica de 8\" para suporte de tubulação industrial","UN",1,"",{"$f":"IF(ISNUMBER(F5124),E5124*F5124,\"\")","v":""},null,null,0]
[null,null,null,null,null,"",{"$f":"IF(ISNUMBER(F5125),E5125*F5125,\"\")","v":""},null,null,0]
["SF-01311",{"$f":"INDEX(Orçamentária!A:B,MATCH(Composições!A5126,Orçamentária!A:A,0),2)","v":"Curva raio curto 45° em aço carbono para solda de topo DN 125 (5\" NPS)"},null,"un",null,"",{"$f":"IF(ISNUMBER(F5126),E5126*F5126,\"\")","v":""},null,null,0]
[null,null,null,null,null,"",{"$f":"IF(ISNUMBER(F5127),E5127*F5127,\"\")","v":""},null,null,0]
[null,null,"ELETRODO REVESTIDO AWS - E6013, DIAMETRO IGUAL A 2,50 MM","KG",{"$f":"ROUND(0.089*1.3,4)","v":0.1157},36.489499999999992,{"$f":"IF(ISNUMBER(F5128),E5128*F5128,\"\")","v":4.2218351499999986},{"$f":"SUM(G5128:G5132)","v":95.060654650000004},null,0]
[null,null,"Curva raio curto 45° em aço carbono para solda de topo, SCH 40, DN 125 (5\" NPS)","UN",1,"",{"$f":"IF(ISNUMBER(F5129),E5129*F5129,\"\")","v":""},null,null,0]
[null,null,"AUXILIAR DE ENCANADOR OU BOMBEIRO HIDRÁULICO COM ENCARGOS COMPLEMENTARES","H",{"$f":"ROUND(0.93*1.3,4)","v":1.2090000000000001},20.909500000000001,{"$f":"IF(ISNUMBER(F5130),E5130*F5130,\"\")","v":25.279585500000003},null,null,0]
[null,null,"ENCANADOR OU BOMBEIRO HIDRÁULICO COM ENCARGOS COMPLEMENTARES","H",{"$f":"ROUND(0.93*1.3,4)","v":1.2090000000000001},26.4575,{"$f":"IF(ISNUMBER(F5131),E5131*F5131,\"\")","v":31.9871175},null,null,0]
[null,null,"SOLDADOR COM ENCARGOS COMPLEMENTARES","H",{"$f":"ROUND(0.93*1.3,4)","v":1.2090000000000001},27.7685,{"$f":"IF(ISNUMBER(F5132),E5132*F5132,\"\")","v":33.5721165},null,null,0]
[null,null,null,null,null,"",{"$f":"IF(ISNUMBER(F5133),E5133*F5133,\"\")","v":""},null,null,0]
["SF-01312",{"$f":"INDEX(Orçamentária!A:B,MATCH(Composições!A5134,Orçamentária!A:A,0),2)","v":"Curva raio curto 90° em aço carbono para solda de topo DN 125 (5\" NPS)"},null,"un",null,"",{"$f":"IF(ISNUMBER(F5134),E5134*F5134,\"\")","v":""},null,null,0]
[null,null,null,null,null,"",{"$f":"IF(ISNUMBER(F5135),E5135*F5135,\"\")","v":""},null,null,0]
[null,null,"ELETRODO REVESTIDO AWS - E6013, DIAMETRO IGUAL A 2,50 MM","KG",{"$f":"ROUND(0.089*1.3,4)","v":0.1157},36.489499999999992,{"$f":"IF(ISNUMBER(F5136),E5136*F5136,\"\")","v":4.2218351499999986},{"$f":"SUM(G5136:G5140)","v":95.060654650000004},null,0]
[null,null,"Curva raio curto 90° em aço carbono para solda de topo, SCH 40, DN 125 (5\" NPS)","UN",1,"",{"$f":"IF(ISNUMBER(F5137),E5137*F5137,\"\")","v":""},null,null,0]
[null,null,"AUXILIAR DE ENCANADOR OU BOMBEIRO HIDRÁULICO COM ENCARGOS COMPLEMENTARES","H",{"$f":"ROUND(0.93*1.3,4)","v":1.2090000000000001},20.909500000000001,{"$f":"IF(ISNUMBER(F5138),E5138*F5138,\"\")","v":25.279585500000003},null,null,0]
[null,null,"ENCANADOR OU BOMBEIRO HIDRÁULICO COM ENCARGOS COMPLEMENTARES","H",{"$f":"ROUND(0.93*1.3,4)","v":1.2090000000000001},26.4575,{"$f":"IF(ISNUMBER(F5139),E5139*F5139,\"\")","v":31.9871175},null,null,0]
[null,null,"SOLDADOR COM ENCARGOS COMPLEMENTARES","H",{"$f":"ROUND(0.93*1.3,4)","v":1.2090000000000001},27.7685,{"$f":"IF(ISNUMBER(F5140),E5140*F5140,\"\")","v":33.5721165},null,null,0]
[null,null,null,null,null,"",{"$f":"IF(ISNUMBER(F5141),E5141*F5141,\"\")","v":""},null,null,0]
["SF-01313",{"$f":"INDEX(Orçamentária!A:B,MATCH(Composições!A5142,Orçamentária!A:A,0),2)","v":"Curva raio longo 90° em aço carbono para solda de topo DN 125 (5\" NPS)"},null,"un",null,"",{"$f":"IF(ISNUMBER(F5142),E5142*F5142,\"\")","v":""},null,null,0]
[null,null,null,null,null,"",{"$f":"IF(ISNUMBER(F5143),E5143*F5143,\"\")","v":""},null,null,0]
[null,null,"ELETRODO REVESTIDO AWS - E6013, DIAMETRO IGUAL A 2,50 MM","KG",{"$f":"ROUND(0.089*1.3,4)","v":0.1157},36.489499999999992,{"$f":"IF(ISNUMBER(F5144),E5144*F5144,\"\")","v":4.2218351499999986},{"$f":"SUM(G5144:G5148)","v":95.060654650000004},null,0]
[null,null,"Curva raio longo 90° em aço carbono para solda de topo, SCH 40, DN 125 (5\" NPS)","UN",1,"",{"$f":"IF(ISNUMBER(F5145),E5145*F5145,\"\")","v":""},null,null,0]
[null,null,"AUXILIAR DE ENCANADOR OU BOMBEIRO HIDRÁULICO COM ENCARGOS COMPLEMENTARES","H",{"$f":"ROUND(0.93*1.3,4)","v":1.2090000000000001},20.909500000000001,{"$f":"IF(ISNUMBER(F5146),E5146*F5146,\"\")","v":25.279585500000003},null,null,0]
[null,null,"ENCANADOR OU BOMBEIRO HIDRÁULICO COM ENCARGOS COMPLEMENTARES","H",{"$f":"ROUND(0.93*1.3,4)","v":1.2090000000000001},26.4575,{"$f":"IF(ISNUMBER(F5147),E5147*F5147,\"\")","v":31.9871175},null,null,0]
[null,null,"SOLDADOR COM ENCARGOS COMPLEMENTARES","H",{"$f":"ROUND(0.93*1.3,4)","v":1.2090000000000001},27.7685,{"$f":"IF(ISNUMBER(F5148),E5148*F5148,\"\")","v":33.5721165},null,null,0]
[null,null,null,null,null,"",{"$f":"IF(ISNUMBER(F5149),E5149*F5149,\"\")","v":""},null,null,0]
["SF-01314",{"$f":"INDEX(Orçamentária!A:B,MATCH(Composições!A5150,Orçamentária!A:A,0),2)","v":"Curva raio longo 90° em aço carbono para solda de topo DN 200 (8\" NPS)"},null,"un",null,"",{"$f":"IF(ISNUMBER(F5150),E5150*F5150,\"\")","v":""},null,null,0]
[null,null,null,null,null,"",{"$f":"IF(ISNUMBER(F5151),E5151*F5151,\"\")","v":""},null,null,0]
[null,null,"ELETRODO REVESTIDO AWS - E6013, DIAMETRO IGUAL A 2,50 MM","KG",{"$f":"ROUND(0.089*1.5,4)","v":0.13350000000000001},36.489499999999992,{"$f":"IF(ISNUMBER(F5152),E5152*F5152,\"\")","v":4.8713482499999996},{"$f":"SUM(G5152:G5156)","v":109.68537075},null,0]
[null,null,"Curva raio longo 90° em aço carbono para solda de topo, SCH 40, DN 200 (8\" NPS)","UN",1,"",{"$f":"IF(ISNUMBER(F5153),E5153*F5153,\"\")","v":""},null,null,0]
[null,null,"AUXILIAR DE ENCANADOR OU BOMBEIRO HIDRÁULICO COM ENCARGOS COMPLEMENTARES","H",{"$f":"ROUND(0.93*1.5,4)","v":1.395},20.909500000000001,{"$f":"IF(ISNUMBER(F5154),E5154*F5154,\"\")","v":29.168752500000004},null,null,0]
[null,null,"ENCANADOR OU BOMBEIRO HIDRÁULICO COM ENCARGOS COMPLEMENTARES","H",{"$f":"ROUND(0.93*1.5,4)","v":1.395},26.4575,{"$f":"IF(ISNUMBER(F5155),E5155*F5155,\"\")","v":36.908212499999998},null,null,0]
[null,null,"SOLDADOR COM ENCARGOS COMPLEMENTARES","H",{"$f":"ROUND(0.93*1.5,4)","v":1.395},27.7685,{"$f":"IF(ISNUMBER(F5156),E5156*F5156,\"\")","v":38.737057499999999},null,null,0]
[null,null,null,null,null,"",{"$f":"IF(ISNUMBER(F5157),E5157*F5157,\"\")","v":""},null,null,0]
["SF-01315",{"$f":"INDEX(Orçamentária!A:B,MATCH(Composições!A5158,Orçamentária!A:A,0),2)","v":"Eliminador de ar para líquidos DN 20 (3/4\" NPS)"},null,"un",null,"",{"$f":"IF(ISNUMBER(F5158),E5158*F5158,\"\")","v":""},null,null,0]
[null,null,null,null,null,"",{"$f":"IF(ISNUMBER(F5159),E5159*F5159,\"\")","v":""},null,null,0]
[null,null,"Eliminador de ar para líquidos com pressão máxima de operação de 10,5 kgf/cm2 (150 psi), DN 20 (3/4\" NPS), conexão roscada","UN",1,"",{"$f":"IF(ISNUMBER(F5160),E5160*F5160,\"\")","v":""},{"$f":"SUM(G5160:G5162)","v":18.567864},null,0]
[null,null,"AUXILIAR DE ENCANADOR OU BOMBEIRO HIDRÁULICO COM ENCARGOS COMPLEMENTARES","H",0.39200000000000002,20.909500000000001,{"$f":"IF(ISNUMBER(F5161),E5161*F5161,\"\")","v":8.1965240000000001},null,null,0]
[null,null,"ENCANADOR OU BOMBEIRO HIDRÁULICO COM ENCARGOS COMPLEMENTARES","H",0.39200000000000002,26.4575,{"$f":"IF(ISNUMBER(F5162),E5162*F5162,\"\")","v":10.37134},null,null,0]
[null,null,null,null,null,"",{"$f":"IF(ISNUMBER(F5163),E5163*F5163,\"\")","v":""},null,null,0]
["SF-01316",{"$f":"INDEX(Orçamentária!A:B,MATCH(Composições!A5164,Orçamentária!A:A,0),2)","v":"Flange de pescoço, aço carbono, classe 150, DN 125 (5\" NPS)"},null,"un",null,"",{"$f":"IF(ISNUMBER(F5164),E5164*F5164,\"\")","v":""},null,null,0]
[null,null,null,null,null,"",{"$f":"IF(ISNUMBER(F5165),E5165*F5165,\"\")","v":""},null,null,0]
[null,null,"ELETRODO REVESTIDO AWS - E6013, DIAMETRO IGUAL A 2,50 MM","KG",{"$f":"ROUND(0.089*1.3,4)","v":0.1157},36.489499999999992,{"$f":"IF(ISNUMBER(F5166),E5166*F5166,\"\")","v":4.2218351499999986},{"$f":"SUM(G5166:G5170)","v":95.060654650000004},null,0]
[null,null,"Flange de pescoço em aço carbono, classe 150, DN 125 (5\" NPS)","UN",1,"",{"$f":"IF(ISNUMBER(F5167),E5167*F5167,\"\")","v":""},null,null,0]
[null,null,"AUXILIAR DE ENCANADOR OU BOMBEIRO HIDRÁULICO COM ENCARGOS COMPLEMENTARES","H",{"$f":"ROUND(0.93*1.3,4)","v":1.2090000000000001},20.909500000000001,{"$f":"IF(ISNUMBER(F5168),E5168*F5168,\"\")","v":25.279585500000003},null,null,0]
[null,null,"ENCANADOR OU BOMBEIRO HIDRÁULICO COM ENCARGOS COMPLEMENTARES","H",{"$f":"ROUND(0.93*1.3,4)","v":1.2090000000000001},26.4575,{"$f":"IF(ISNUMBER(F5169),E5169*F5169,\"\")","v":31.9871175},null,null,0]
[null,null,"SOLDADOR COM ENCARGOS COMPLEMENTARES","H",{"$f":"ROUND(0.93*1.3,4)","v":1.2090000000000001},27.7685,{"$f":"IF(ISNUMBER(F5170),E5170*F5170,\"\")","v":33.5721165},null,null,0]
[null,null,null,null,null,"",{"$f":"IF(ISNUMBER(F5171),E5171*F5171,\"\")","v":""},null,null,0]
["SF-01317",{"$f":"INDEX(Orçamentária!A:B,MATCH(Composições!A5172,Orçamentária!A:A,0),2)","v":"Isolamento elastomérico para tubulações de ferro de 5”"},null,"m",null,"",{"$f":"IF(ISNUMBER(F5172),E5172*F5172,\"\")","v":""},null,null,0]
[null,null,null,null,null,"",{"$f":"IF(ISNUMBER(F5173),E5173*F5173,\"\")","v":""},null,null,0]
[null,null,"isolamento elastomérico em formato de tubo ou coquilha de espessura M, próprio para tubulações de ferro de diâmetro nominal 5”. Ref.: AF/Armaflex M-48, K-Flex ST","m",1.0210999999999999,"",{"$f":"IF(ISNUMBER(F5174),E5174*F5174,\"\")","v":""},{"$f":"SUM(G5174:G5176)","v":4.5472320000000002},null,0]
[null,null,"AUXILIAR DE ENCANADOR OU BOMBEIRO HIDRÁULICO COM ENCARGOS COMPLEMENTARES","H",{"$f":"5*0.064*0.3","v":9.6000000000000002E-2},20.909500000000001,{"$f":"IF(ISNUMBER(F5175),E5175*F5175,\"\")","v":2.0073120000000002},null,null,0]
[null,null,"ENCANADOR OU BOMBEIRO HIDRÁULICO COM ENCARGOS COMPLEMENTARES","H",{"$f":"5*0.064*0.3","v":9.6000000000000002E-2},26.4575,{"$f":"IF(ISNUMBER(F5176),E5176*F5176,\"\")","v":2.53992},null,null,0]
[null,null,null,null,null,"",{"$f":"IF(ISNUMBER(F5177),E5177*F5177,\"\")","v":""},null,null,0]
["SF-01318",{"$f":"INDEX(Orçamentária!A:B,MATCH(Composições!A5178,Orçamentária!A:A,0),2)","v":"Meia luva em aço carbono DN 15 (1/2\" NPS)"},null,"un",null,"",{"$f":"IF(ISNUMBER(F5178),E5178*F5178,\"\")","v":""},null,null,0]
[null,null,null,null,null,"",{"$f":"IF(ISNUMBER(F5179),E5179*F5179,\"\")","v":""},null,null,0]
[null,null,"ELETRODO REVESTIDO AWS - E6013, DIAMETRO IGUAL A 2,50 MM","KG",8.9999999999999993E-3,36.489499999999992,{"$f":"IF(ISNUMBER(F5180),E5180*F5180,\"\")","v":0.32840549999999991},{"$f":"SUM(G5180:G5184)","v":8.8938524999999995},null,0]
[null,null,"Meia luva em aço carbono, classe 3000 lbs, rosca BSP ou NPT, DN 15 (1/2\" NPS)","UN",1,"",{"$f":"IF(ISNUMBER(F5181),E5181*F5181,\"\")","v":""},null,null,0]
[null,null,"AUXILIAR DE ENCANADOR OU BOMBEIRO HIDRÁULICO COM ENCARGOS COMPLEMENTARES","H",0.114,20.909500000000001,{"$f":"IF(ISNUMBER(F5182),E5182*F5182,\"\")","v":2.3836830000000004},null,null,0]
[null,null,"ENCANADOR OU BOMBEIRO HIDRÁULICO COM ENCARGOS COMPLEMENTARES","H",0.114,26.4575,{"$f":"IF(ISNUMBER(F5183),E5183*F5183,\"\")","v":3.0161549999999999},null,null,0]
[null,null,"SOLDADOR COM ENCARGOS COMPLEMENTARES","H",0.114,27.7685,{"$f":"IF(ISNUMBER(F5184),E5184*F5184,\"\")","v":3.1656089999999999},null,null,0]
[null,null,null,null,null,"",{"$f":"IF(ISNUMBER(F5185),E5185*F5185,\"\")","v":""},null,null,0]
["SF-01319",{"$f":"INDEX(Orçamentária!A:B,MATCH(Composições!A5186,Orçamentária!A:A,0),2)","v":"Redução concêntrica em aço carbono para solda de topo DN 200 (8\" NPS) × DN 125 (5\" NPS)"},null,"un",null,"",{"$f":"IF(ISNUMBER(F5186),E5186*F5186,\"\")","v":""},null,null,0]
[null,null,null,null,null,"",{"$f":"IF(ISNUMBER(F5187),E5187*F5187,\"\")","v":""},null,null,0]
[null,null,"ELETRODO REVESTIDO AWS - E6013, DIAMETRO IGUAL A 2,50 MM","KG",{"$f":"ROUND(0.089*1.3,4)","v":0.1157},36.489499999999992,{"$f":"IF(ISNUMBER(F5188),E5188*F5188,\"\")","v":4.2218351499999986},{"$f":"SUM(G5188:G5192)","v":64.781048150000004},null,0]
[null,null,"Redução concêntrica em aço carbono para solda de topo, SCH 40, diâmetro DN 200 (8\" NPS) × DN 125 (5\" NPS)","UN",1,"",{"$f":"IF(ISNUMBER(F5189),E5189*F5189,\"\")","v":""},null,null,0]
[null,null,"AUXILIAR DE ENCANADOR OU BOMBEIRO HIDRÁULICO COM ENCARGOS COMPLEMENTARES","H",{"$f":"ROUND(0.62*1.3,4)","v":0.80600000000000005},20.909500000000001,{"$f":"IF(ISNUMBER(F5190),E5190*F5190,\"\")","v":16.853057000000003},null,null,0]
[null,null,"ENCANADOR OU BOMBEIRO HIDRÁULICO COM ENCARGOS COMPLEMENTARES","H",{"$f":"ROUND(0.62*1.3,4)","v":0.80600000000000005},26.4575,{"$f":"IF(ISNUMBER(F5191),E5191*F5191,\"\")","v":21.324745},null,null,0]
[null,null,"SOLDADOR COM ENCARGOS COMPLEMENTARES","H",{"$f":"ROUND(0.62*1.3,4)","v":0.80600000000000005},27.7685,{"$f":"IF(ISNUMBER(F5192),E5192*F5192,\"\")","v":22.381411},null,null,0]
[null,null,null,null,null,"",{"$f":"IF(ISNUMBER(F5193),E5193*F5193,\"\")","v":""},null,null,0]
["SF-01325",{"$f":"INDEX(Orçamentária!A:B,MATCH(Composições!A5194,Orçamentária!A:A,0),2)","v":"Tê em aço carbono para solda de topo DN 200 (8\" NPS)"},null,"un",null,"",{"$f":"IF(ISNUMBER(F5194),E5194*F5194,\"\")","v":""},null,null,0]
[null,null,null,null,null,"",{"$f":"IF(ISNUMBER(F5195),E5195*F5195,\"\")","v":""},null,null,0]
[null,null,"ELETRODO REVESTIDO AWS - E6013, DIAMETRO IGUAL A 2,50 MM","KG",{"$f":"ROUND(0.133*1.3,4)","v":0.1729},36.489499999999992,{"$f":"IF(ISNUMBER(F5196),E5196*F5196,\"\")","v":6.3090345499999989},{"$f":"SUM(G5196:G5200)","v":100.27349085},null,0]
[null,null,"Tê em aço carbono para solda de topo, SCH 40, diâmetro DN 200 (8\" NPS)","UN",1,"",{"$f":"IF(ISNUMBER(F5197),E5197*F5197,\"\")","v":""},null,null,0]
[null,null,"AUXILIAR DE ENCANADOR OU BOMBEIRO HIDRÁULICO COM ENCARGOS COMPLEMENTARES","H",{"$f":"ROUND(0.962*1.3,4)","v":1.2505999999999999},20.909500000000001,{"$f":"IF(ISNUMBER(F5198),E5198*F5198,\"\")","v":26.1494207},null,null,0]
[null,null,"ENCANADOR OU BOMBEIRO HIDRÁULICO COM ENCARGOS COMPLEMENTARES","H",{"$f":"ROUND(0.962*1.3,4)","v":1.2505999999999999},26.4575,{"$f":"IF(ISNUMBER(F5199),E5199*F5199,\"\")","v":33.087749500000001},null,null,0]
[null,null,"SOLDADOR COM ENCARGOS COMPLEMENTARES","H",{"$f":"ROUND(0.962*1.3,4)","v":1.2505999999999999},27.7685,{"$f":"IF(ISNUMBER(F5200),E5200*F5200,\"\")","v":34.727286100000001},null,null,0]
[null,null,null,null,null,"",{"$f":"IF(ISNUMBER(F5201),E5201*F5201,\"\")","v":""},null,null,0]
["SF-01326",{"$f":"INDEX(Orçamentária!A:B,MATCH(Composições!A5202,Orçamentária!A:A,0),2)","v":"Tubo de aço-carbono preto DN 125 (5\" NPS)"},null,"m",null,"",{"$f":"IF(ISNUMBER(F5202),E5202*F5202,\"\")","v":""},null,null,0]
[null,null,null,null,null,"",{"$f":"IF(ISNUMBER(F5203),E5203*F5203,\"\")","v":""},null,null,0]
[null,null,"ESCAVADEIRA HIDRÁULICA SOBRE ESTEIRAS, CAÇAMBA 0,80 M3, PESO OPERACIONAL 17 T, POTENCIA BRUTA 111 HP - CHP DIURNO. AF_06/2014","CHP",2.1100000000000001E-2,199.17699999999999,{"$f":"IF(ISNUMBER(F5204),E5204*F5204,\"\")","v":4.2026346999999999},{"$f":"SUM(G5204:G5213)","v":308.12144669436799},null,0]
[null,null,"ESCAVADEIRA HIDRÁULICA SOBRE ESTEIRAS, CAÇAMBA 0,80 M3, PESO OPERACIONAL 17 T, POTENCIA BRUTA 111 HP - CHI DIURNO. AF_06/2014","CHI",4.0300000000000002E-2,76.845500000000001,{"$f":"IF(ISNUMBER(F5205),E5205*F5205,\"\")","v":3.09687365},null,null,0]
[null,null,"ELETRODO REVESTIDO AWS - E7018, DIAMETRO IGUAL A 4,00 MM","KG",0.1125,38,{"$f":"IF(ISNUMBER(F5206),E5206*F5206,\"\")","v":4.2750000000000004},null,null,0]
[null,null,"ASSENTADOR DE TUBOS COM ENCARGOS COMPLEMENTARES","H",6.5600000000000006E-2,21.213499999999996,{"$f":"IF(ISNUMBER(F5207),E5207*F5207,\"\")","v":1.3916055999999999},null,null,0]
[null,null,"SERVENTE COM ENCARGOS COMPLEMENTARES","H",6.5600000000000006E-2,20.225499999999997,{"$f":"IF(ISNUMBER(F5208),E5208*F5208,\"\")","v":1.3267928},null,null,0]
[null,null,"SOLDADOR COM ENCARGOS COMPLEMENTARES","H",0.28749999999999998,27.7685,{"$f":"IF(ISNUMBER(F5209),E5209*F5209,\"\")","v":7.9834437499999993},null,null,0]
[null,null,"TUBO ACO CARBONO SEM COSTURA 5\", E= *6,55 MM, SCHEDULE 40, *21,75* KG/M","M",1,260.59449999999998,{"$f":"IF(ISNUMBER(F5210),E5210*F5210,\"\")","v":260.59449999999998},null,null,0]
[null,null,"CARGA, MANOBRA E DESCARGA DE TUBOS METÁLICOS, DN MENOR OU IGUAL A 150 MM, EM CAMINHÃO CARROCERIA COM GUINDAUTO (MUNCK) 11,7 TM. AF_07/2020","T",2.1760000000000002E-2,36.419199049999996,{"$f":"IF(ISNUMBER(F5211),E5211*F5211,\"\")","v":0.79248177132800002},null,null,0]
[null,null,"TRANSPORTE COM CAMINHÃO CARROCERIA COM GUINDAUTO (MUNCK),  MOMENTO MÁXIMO DE CARGA 11,7 TM, EM VIA URBANA PAVIMENTADA, DMT ATÉ 30KM (UNIDADE: TXKM). AF_07/2020","TXKM",0.65280000000000005,2.6259842999999998,{"$f":"IF(ISNUMBER(F5212),E5212*F5212,\"\")","v":1.7142425510400001},null,null,0]
[null,null,"TRANSPORTE COM CAMINHÃO CARROCERIA COM GUINDAUTO (MUNCK),  MOMENTO MÁXIMO DE CARGA 11,7 TM, EM VIA URBANA PAVIMENTADA, ADICIONAL PARA DMT EXCEDENTE A 30 KM (UNIDADE: TXKM). AF_07/2020","TXKM",21.76,1.0452146999999998,{"$f":"IF(ISNUMBER(F5213),E5213*F5213,\"\")","v":22.743871872},null,null,0]
[null,null,null,null,null,"",{"$f":"IF(ISNUMBER(F5214),E5214*F5214,\"\")","v":""},null,null,0]
[null,null,"*Considerando distância Brasília-Sâo Paulo = 1.030 km",null,null,"",{"$f":"IF(ISNUMBER(F5215),E5215*F5215,\"\")","v":""},null,null,0]
[null,null,null,null,null,"",{"$f":"IF(ISNUMBER(F5216),E5216*F5216,\"\")","v":""},null,null,0]
["SF-01327",{"$f":"INDEX(Orçamentária!A:B,MATCH(Composições!A5217,Orçamentária!A:A,0),2)","v":"Tubo de aço-carbono preto DN 200 (8\" NPS)"},null,"m",null,"",{"$f":"IF(ISNUMBER(F5217),E5217*F5217,\"\")","v":""},null,null,0]
[null,null,null,null,null,"",{"$f":"IF(ISNUMBER(F5218),E5218*F5218,\"\")","v":""},null,null,0]
[null,null,"ESCAVADEIRA HIDRÁULICA SOBRE ESTEIRAS, CAÇAMBA 0,80 M3, PESO OPERACIONAL 17 T, POTENCIA BRUTA 111 HP - CHP DIURNO. AF_06/2014","CHP",2.1100000000000001E-2,199.17699999999999,{"$f":"IF(ISNUMBER(F5219),E5219*F5219,\"\")","v":4.2026346999999999},{"$f":"SUM(G5219:G5230)","v":517.04884352321244},null,0]
[null,null,"ESCAVADEIRA HIDRÁULICA SOBRE ESTEIRAS, CAÇAMBA 0,80 M3, PESO OPERACIONAL 17 T, POTENCIA BRUTA 111 HP - CHI DIURNO. AF_06/2014","CHI",4.0300000000000002E-2,76.845500000000001,{"$f":"IF(ISNUMBER(F5220),E5220*F5220,\"\")","v":3.09687365},null,null,0]
[null,null,"ELETRODO REVESTIDO AWS - E7018, DIAMETRO IGUAL A 4,00 MM","KG",0.15,38,{"$f":"IF(ISNUMBER(F5221),E5221*F5221,\"\")","v":5.7},null,null,0]
[null,null,"ASSENTADOR DE TUBOS COM ENCARGOS COMPLEMENTARES","H",6.5600000000000006E-2,21.213499999999996,{"$f":"IF(ISNUMBER(F5222),E5222*F5222,\"\")","v":1.3916055999999999},null,null,0]
[null,null,"SERVENTE COM ENCARGOS COMPLEMENTARES","H",6.5600000000000006E-2,20.225499999999997,{"$f":"IF(ISNUMBER(F5223),E5223*F5223,\"\")","v":1.3267928},null,null,0]
[null,null,"SOLDADOR COM ENCARGOS COMPLEMENTARES","H",0.38340000000000002,27.7685,{"$f":"IF(ISNUMBER(F5224),E5224*F5224,\"\")","v":10.6464429},null,null,0]
[null,null,"TUBO ACO CARBONO SEM COSTURA 8\", E= *8,18 MM, SCHEDULE 40, *42,55 KG/M","M",1,441.68349999999998,{"$f":"IF(ISNUMBER(F5225),E5225*F5225,\"\")","v":441.68349999999998},null,null,0]
[null,null,"CARGA, MANOBRA E DESCARGA DE TUBOS METÁLICOS, DN 200 MM, EM CAMINHÃO CARROCERIA COM GUINDAUTO (MUNCK) 11,7 TM. AF_07/2020","T",4.2549999999999998E-2,27.615497749999996,{"$f":"IF(ISNUMBER(F5226),E5226*F5226,\"\")","v":1.1750394292624997},null,null,0]
[null,null,"TRANSPORTE COM CAMINHÃO CARROCERIA COM GUINDAUTO (MUNCK),  MOMENTO MÁXIMO DE CARGA 11,7 TM, EM VIA URBANA PAVIMENTADA, DMT ATÉ 30KM (UNIDADE: TXKM). AF_07/2020","TXKM",1.2765,2.6259842999999998,{"$f":"IF(ISNUMBER(F5227),E5227*F5227,\"\")","v":3.3520689589499999},null,null,0]
[null,null,"TRANSPORTE COM CAMINHÃO CARROCERIA COM GUINDAUTO (MUNCK),  MOMENTO MÁXIMO DE CARGA 11,7 TM, EM VIA URBANA PAVIMENTADA, ADICIONAL PARA DMT EXCEDENTE A 30 KM (UNIDADE: TXKM). AF_07/2020","TXKM",42.55,1.0452146999999998,{"$f":"IF(ISNUMBER(F5228),E5228*F5228,\"\")","v":44.47388548499999},null,null,0]
[null,null,null,null,null,null,null,null,null,0]
[null,null,"*Considerando distância Brasília-Sâo Paulo = 1.030 km",null,null,"",{"$f":"IF(ISNUMBER(F5230),E5230*F5230,\"\")","v":""},null,null,0]
[null,null,null,null,null,"",{"$f":"IF(ISNUMBER(F5231),E5231*F5231,\"\")","v":""},null,null,0]
["SF-01328",{"$f":"INDEX(Orçamentária!A:B,MATCH(Composições!A5232,Orçamentária!A:A,0),2)","v":"Válvula de esfera em bronze 1/2”"},null,"un",null,"",{"$f":"IF(ISNUMBER(F5232),E5232*F5232,\"\")","v":""},null,null,0]
[null,null,null,null,null,"",{"$f":"IF(ISNUMBER(F5233),E5233*F5233,\"\")","v":""},null,null,0]
[null,null,"FITA VEDA ROSCA EM ROLOS DE 18 MM X 50 M (L X C)","UN",8.3999999999999995E-3,13.661,{"$f":"IF(ISNUMBER(F5234),E5234*F5234,\"\")","v":0.11475239999999999},{"$f":"SUM(G5234:G5237)","v":47.733439699999991},null,0]
[null,null,"VALVULA DE ESFERA BRUTA EM BRONZE, BITOLA 1/2 \" (REF 1552-B)","UN",1,44.212999999999994,{"$f":"IF(ISNUMBER(F5235),E5235*F5235,\"\")","v":44.212999999999994},null,null,0]
[null,null,"AUXILIAR DE ENCANADOR OU BOMBEIRO HIDRÁULICO COM ENCARGOS COMPLEMENTARES","H",7.1900000000000006E-2,20.909500000000001,{"$f":"IF(ISNUMBER(F5236),E5236*F5236,\"\")","v":1.5033930500000001},null,null,0]
[null,null,"ENCANADOR OU BOMBEIRO HIDRÁULICO COM ENCARGOS COMPLEMENTARES","H",7.1900000000000006E-2,26.4575,{"$f":"IF(ISNUMBER(F5237),E5237*F5237,\"\")","v":1.9022942500000002},null,null,0]
[null,null,null,null,null,"",{"$f":"IF(ISNUMBER(F5238),E5238*F5238,\"\")","v":""},null,null,0]
["SF-01329",{"$f":"INDEX(Orçamentária!A:B,MATCH(Composições!A5239,Orçamentária!A:A,0),2)","v":"Válvula gaveta com flange DN 125 (5\" NPS)"},null,"un",null,"",{"$f":"IF(ISNUMBER(F5239),E5239*F5239,\"\")","v":""},null,null,0]
[null,null,null,null,null,"",{"$f":"IF(ISNUMBER(F5240),E5240*F5240,\"\")","v":""},null,null,0]
[null,null,"FITA VEDA ROSCA EM ROLOS DE 18 MM X 50 M (L X C)","UN",4.5199999999999997E-2,13.661,{"$f":"IF(ISNUMBER(F5241),E5241*F5241,\"\")","v":0.61747719999999995},{"$f":"SUM(G5241:G5244)","v":34.8401347},null,0]
[null,null,"Válvula gaveta com flange DN 125 (5\" NPS)","UN",1,"",{"$f":"IF(ISNUMBER(F5242),E5242*F5242,\"\")","v":""},null,null,0]
[null,null,"AUXILIAR DE ENCANADOR OU BOMBEIRO HIDRÁULICO COM ENCARGOS COMPLEMENTARES","H",0.72250000000000003,20.909500000000001,{"$f":"IF(ISNUMBER(F5243),E5243*F5243,\"\")","v":15.107113750000002},null,null,0]
[null,null,"ENCANADOR OU BOMBEIRO HIDRÁULICO COM ENCARGOS COMPLEMENTARES","H",0.72250000000000003,26.4575,{"$f":"IF(ISNUMBER(F5244),E5244*F5244,\"\")","v":19.115543750000001},null,null,0]
[null,null,null,null,null,"",{"$f":"IF(ISNUMBER(F5245),E5245*F5245,\"\")","v":""},null,null,0]
["SF-01331",{"$f":"INDEX(Orçamentária!A:B,MATCH(Composições!A5246,Orçamentária!A:A,0),2)","v":"Cabo de fibra óptica monomodo 12 fibras"},null,"m",null,"",{"$f":"IF(ISNUMBER(F5246),E5246*F5246,\"\")","v":""},null,null,0]
[null,null,null,null,null,"",{"$f":"IF(ISNUMBER(F5247),E5247*F5247,\"\")","v":""},null,null,0]
[null,null,"Cabo constituído por 12 fibras ópticas do tipo monomodo (9/125μm)","m",1.05,"",{"$f":"IF(ISNUMBER(F5248),E5248*F5248,\"\")","v":""},{"$f":"SUM(G5248:G5250)","v":3.4704620999999998},null,0]
[null,null,"AUXILIAR DE ELETRICISTA COM ENCARGOS COMPLEMENTARES","H",7.1099999999999997E-2,21.337,{"$f":"IF(ISNUMBER(F5249),E5249*F5249,\"\")","v":1.5170606999999998},null,null,0]
[null,null,"ELETRICISTA COM ENCARGOS COMPLEMENTARES","H",7.1099999999999997E-2,27.474,{"$f":"IF(ISNUMBER(F5250),E5250*F5250,\"\")","v":1.9534014},null,null,0]
[null,null,null,null,null,"",{"$f":"IF(ISNUMBER(F5251),E5251*F5251,\"\")","v":""},null,null,0]
["SF-01332",{"$f":"INDEX(Orçamentária!A:B,MATCH(Composições!A5252,Orçamentária!A:A,0),2)","v":"Cabo de fibra óptica monomodo 144 fibras"},null,"m",null,"",{"$f":"IF(ISNUMBER(F5252),E5252*F5252,\"\")","v":""},null,null,0]
[null,null,null,null,null,"",{"$f":"IF(ISNUMBER(F5253),E5253*F5253,\"\")","v":""},null,null,0]
[null,null,"Cabo constituído por 144 fibras ópticas do tipo monomodo (9/125μm)","m",1.05,"",{"$f":"IF(ISNUMBER(F5254),E5254*F5254,\"\")","v":""},{"$f":"SUM(G5254:G5256)","v":6.7749668000000005},null,0]
[null,null,"AUXILIAR DE ELETRICISTA COM ENCARGOS COMPLEMENTARES","H",0.13880000000000001,21.337,{"$f":"IF(ISNUMBER(F5255),E5255*F5255,\"\")","v":2.9615756000000002},null,null,0]
[null,null,"ELETRICISTA COM ENCARGOS COMPLEMENTARES","H",0.13880000000000001,27.474,{"$f":"IF(ISNUMBER(F5256),E5256*F5256,\"\")","v":3.8133912000000003},null,null,0]
[null,null,null,null,null,"",{"$f":"IF(ISNUMBER(F5257),E5257*F5257,\"\")","v":""},null,null,0]
["SF-01333",{"$f":"INDEX(Orçamentária!A:B,MATCH(Composições!A5258,Orçamentária!A:A,0),2)","v":"Eletroduto PEAD 1 1/4\" - fornecimento e instalação"},null,"m",null,"",{"$f":"IF(ISNUMBER(F5258),E5258*F5258,\"\")","v":""},null,null,0]
[null,null,null,null,null,"",{"$f":"IF(ISNUMBER(F5259),E5259*F5259,\"\")","v":""},null,null,0]
[null,null,"ELETRODUTO/DUTO PEAD FLEXIVEL PAREDE SIMPLES, CORRUGACAO HELICOIDAL, COR PRETA, SEM ROSCA, DE 1 1/4\", PARA CABEAMENTO SUBTERRANEO (NBR 15715)","M",1.1000000000000001,3.6574999999999998,{"$f":"IF(ISNUMBER(F5260),E5260*F5260,\"\")","v":4.02325},{"$f":"SUM(G5260:G5263)","v":12.5245055},null,0]
[null,null,"AUXILIAR DE ELETRICISTA COM ENCARGOS COMPLEMENTARES","H",0.113,21.337,{"$f":"IF(ISNUMBER(F5261),E5261*F5261,\"\")","v":2.4110810000000003},null,null,0]
[null,null,"ELETRICISTA COM ENCARGOS COMPLEMENTARES","H",0.113,27.474,{"$f":"IF(ISNUMBER(F5262),E5262*F5262,\"\")","v":3.104562},null,null,0]
[null,null,"FIXAÇÃO DE TUBOS HORIZONTAIS DE PVC, CPVC OU COBRE DIÂMETROS MENORES OU IGUAIS A 40 MM OU ELETROCALHAS ATÉ 150MM DE LARGURA, COM ABRAÇADEIRA METÁLICA RÍGIDA TIPO D 1/2\u0094, FIXADA EM PERFILADO EM LAJE. AF_05/2015","M",1,2.9856125000000002,{"$f":"IF(ISNUMBER(F5263),E5263*F5263,\"\")","v":2.9856125000000002},null,null,0]
[null,null,null,null,null,"",{"$f":"IF(ISNUMBER(F5264),E5264*F5264,\"\")","v":""},null,null,0]
["SF-01334",{"$f":"INDEX(Orçamentária!A:B,MATCH(Composições!A5265,Orçamentária!A:A,0),2)","v":"Caixa de Passagem Subterrânea 1600x2000mm"},null,"un",null,"",{"$f":"IF(ISNUMBER(F5265),E5265*F5265,\"\")","v":""},null,null,0]
[null,null,null,null,null,"",{"$f":"IF(ISNUMBER(F5266),E5266*F5266,\"\")","v":""},null,null,0]
[null,null,"RETROESCAVADEIRA SOBRE RODAS COM CARREGADEIRA, TRAÇÃO 4X4, POTÊNCIA LÍQ. 88 HP, CAÇAMBA CARREG. CAP. MÍN. 1 M3, CAÇAMBA RETRO CAP. 0,26 M3, PESO OPERACIONAL MÍN. 6.674 KG, PROFUNDIDADE ESCAVAÇÃO MÁX. 4,37 M - CHP DIURNO. AF_06/2014","CHP",{"$f":"ROUND(0.0087*3.33,4)","v":2.9000000000000001E-2},139.441,{"$f":"IF(ISNUMBER(F5267),E5267*F5267,\"\")","v":4.0437890000000003},{"$f":"SUM(G5267:G5275)","v":1937.1816463716655},null,0]
[null,null,"RETROESCAVADEIRA SOBRE RODAS COM CARREGADEIRA, TRAÇÃO 4X4, POTÊNCIA LÍQ. 88 HP, CAÇAMBA CARREG. CAP. MÍN. 1 M3, CAÇAMBA RETRO CAP. 0,26 M3, PESO OPERACIONAL MÍN. 6.674 KG, PROFUNDIDADE ESCAVAÇÃO MÁX. 4,37 M - CHI DIURNO. AF_06/2014","CHI",{"$f":"ROUND(0.0294*3.33,4)","v":9.7900000000000001E-2},54.966999999999999,{"$f":"IF(ISNUMBER(F5268),E5268*F5268,\"\")","v":5.3812692999999996},null,null,0]
[null,null,"TIJOLO CERAMICO MACICO COMUM *5 X 10 X 20* CM (L X A X C)","UN",{"$f":"ROUND(169.8027*3.33,4)","v":565.44299999999998},0.63649999999999995,{"$f":"IF(ISNUMBER(F5269),E5269*F5269,\"\")","v":359.90446949999995},null,null,0]
[null,null,"ARGAMASSA TRAÇO 1:4 (EM VOLUME DE CIMENTO E AREIA GROSSA ÚMIDA) PARA CHAPISCO CONVENCIONAL, PREPARO MECÂNICO COM BETONEIRA 400 L. AF_08/2019","M3",{"$f":"ROUND(0.0014*3.33,4)","v":4.7000000000000002E-3},584.38255857299987,{"$f":"IF(ISNUMBER(F5270),E5270*F5270,\"\")","v":2.7465980252930997},null,null,0]
[null,null,"PEDREIRO COM ENCARGOS COMPLEMENTARES","H",{"$f":"ROUND(5.4392*3.33,4)","v":18.112500000000001},27.160499999999999,{"$f":"IF(ISNUMBER(F5271),E5271*F5271,\"\")","v":491.94455625000001},null,null,0]
[null,null,"SERVENTE COM ENCARGOS COMPLEMENTARES","H",{"$f":"ROUND(5.4392*3.33,4)","v":18.112500000000001},20.225499999999997,{"$f":"IF(ISNUMBER(F5272),E5272*F5272,\"\")","v":366.33436874999995},null,null,0]
[null,null,"ARGAMASSA TRAÇO 1:3 (EM VOLUME DE CIMENTO E AREIA MÉDIA ÚMIDA), PREPARO MECÂNICO COM BETONEIRA 400 L. AF_08/2019","M3",{"$f":"ROUND(0.1012*3.33,4)","v":0.33700000000000002},657.14224713049998,{"$f":"IF(ISNUMBER(F5273),E5273*F5273,\"\")","v":221.45693728297852},null,null,0]
[null,null,"PEÇA RETANGULAR PRÉ-MOLDADA, VOLUME DE CONCRETO DE 30 A 100 LITROS, TAXA DE AÇO APROXIMADA DE 30KG/M³. AF_01/2018","M3",{"$f":"ROUND(0.0448*3.33,4)","v":0.1492},2564.6196071453983,{"$f":"IF(ISNUMBER(F5274),E5274*F5274,\"\")","v":382.64124538609343},null,null,0]
[null,null,"PREPARO DE FUNDO DE VALA COM LARGURA MENOR QUE 1,5 M, COM CAMADA DE BRITA, LANÇAMENTO MECANIZADO. AF_08/2020","M3",{"$f":"ROUND(0.081*3.33,4)","v":0.2697},380.89882416500001,{"$f":"IF(ISNUMBER(F5275),E5275*F5275,\"\")","v":102.7284128773005},null,null,0]
[null,null,null,null,null,"",{"$f":"IF(ISNUMBER(F5276),E5276*F5276,\"\")","v":""},null,null,0]
["SF-01335",{"$f":"INDEX(Orçamentária!A:B,MATCH(Composições!A5277,Orçamentária!A:A,0),2)","v":"Projeto Executivo de Rede de Telecomunicações Backbone"},null,"un",null,"",{"$f":"IF(ISNUMBER(F5277),E5277*F5277,\"\")","v":""},null,null,0]
[null,null,null,null,null,"",{"$f":"IF(ISNUMBER(F5278),E5278*F5278,\"\")","v":""},null,null,0]
[null,null,"Engenheiro Civil Pleno com encargos complementares","H",40,118.465,{"$f":"IF(ISNUMBER(F5279),E5279*F5279,\"\")","v":4738.6000000000004},{"$f":"SUM(G5279:G5283)","v":5945.09},null,0]
[null,null,"DESENHISTA PROJETISTA COM ENCARGOS COMPLEMENTARES","h",20,15.9125,{"$f":"IF(ISNUMBER(F5280),E5280*F5280,\"\")","v":318.25},null,null,0]
[null,null,"TOPOGRAFO COM ENCARGOS COMPLEMENTARES","h",20,21.156499999999998,{"$f":"IF(ISNUMBER(F5281),E5281*F5281,\"\")","v":423.12999999999994},null,null,0]
[null,null,"AUXILIAR DE TOPÓGRAFO COM ENCARGOS COMPLEMENTARES","h",20,10.526,{"$f":"IF(ISNUMBER(F5282),E5282*F5282,\"\")","v":210.51999999999998},null,null,0]
[null,null,"Anotação de Responsabilidade Técnica","un",1,254.59,{"$f":"IF(ISNUMBER(F5283),E5283*F5283,\"\")","v":254.59},null,null,0]
[null,null,null,null,null,"",{"$f":"IF(ISNUMBER(F5284),E5284*F5284,\"\")","v":""},null,null,0]
["SF-01336",{"$f":"INDEX(Orçamentária!A:B,MATCH(Composições!A5285,Orçamentária!A:A,0),2)","v":"Eletroduto PEAD 2”"},null,"m",null,"",{"$f":"IF(ISNUMBER(F5285),E5285*F5285,\"\")","v":""},null,null,0]
[null,null,null,null,null,"",{"$f":"IF(ISNUMBER(F5286),E5286*F5286,\"\")","v":""},null,null,0]
[null,null,"ELETRODUTO/DUTO PEAD FLEXIVEL PAREDE SIMPLES, CORRUGACAO HELICOIDAL, COR PRETA, SEM ROSCA, DE 2\", PARA CABEAMENTO SUBTERRANEO (NBR 15715)","M",1.1000000000000001,6.0229999999999997,{"$f":"IF(ISNUMBER(F5287),E5287*F5287,\"\")","v":6.6253000000000002},{"$f":"SUM(G5287:G5289)","v":11.2379395},null,0]
[null,null,"AUXILIAR DE ELETRICISTA COM ENCARGOS COMPLEMENTARES","H",9.4500000000000001E-2,21.337,{"$f":"IF(ISNUMBER(F5288),E5288*F5288,\"\")","v":2.0163465},null,null,0]
[null,null,"ELETRICISTA COM ENCARGOS COMPLEMENTARES","H",9.4500000000000001E-2,27.474,{"$f":"IF(ISNUMBER(F5289),E5289*F5289,\"\")","v":2.5962930000000002},null,null,0]
[null,null,null,null,null,"",{"$f":"IF(ISNUMBER(F5290),E5290*F5290,\"\")","v":""},null,null,0]
["SF-01339",{"$f":"INDEX(Orçamentária!A:B,MATCH(Composições!A5291,Orçamentária!A:A,0),2)","v":"Tampa em Ferro Fundido - Circular DN-600 mm Classe 400"},null,"un",null,"",{"$f":"IF(ISNUMBER(F5291),E5291*F5291,\"\")","v":""},null,null,0]
[null,null,null,null,null,"",{"$f":"IF(ISNUMBER(F5292),E5292*F5292,\"\")","v":""},null,null,0]
[null,null,"TAMPAO FOFO ARTICULADO, CLASSE D400 CARGA MAX 40 T, REDONDO, TAMPA 600 MM (COM INSCRICAO EM RELEVO DO TIPO DE REDE)","UN",1,722.70299999999997,{"$f":"IF(ISNUMBER(F5293),E5293*F5293,\"\")","v":722.70299999999997},{"$f":"SUM(G5293:G5296)","v":769.02940818737409},null,0]
[null,null,"PEDREIRO COM ENCARGOS COMPLEMENTARES","H",1.0088999999999999,27.160499999999999,{"$f":"IF(ISNUMBER(F5294),E5294*F5294,\"\")","v":27.402228449999996},null,null,0]
[null,null,"SERVENTE COM ENCARGOS COMPLEMENTARES","H",0.79269999999999996,20.225499999999997,{"$f":"IF(ISNUMBER(F5295),E5295*F5295,\"\")","v":16.032753849999995},null,null,0]
[null,null,"ARGAMASSA TRAÇO 1:3 (EM VOLUME DE CIMENTO E AREIA MÉDIA ÚMIDA), PREPARO MECÂNICO COM BETONEIRA 400 L. AF_08/2019","M3",4.4000000000000003E-3,657.14224713049998,{"$f":"IF(ISNUMBER(F5296),E5296*F5296,\"\")","v":2.8914258873742003},null,null,0]
[null,null,null,null,null,"",{"$f":"IF(ISNUMBER(F5297),E5297*F5297,\"\")","v":""},null,null,0]
["SF-01342",{"$f":"INDEX(Orçamentária!A:B,MATCH(Composições!A5298,Orçamentária!A:A,0),2)","v":"Tubo multicamadas flexível 20 mm para gás"},null,"m",null,"",{"$f":"IF(ISNUMBER(F5298),E5298*F5298,\"\")","v":""},null,null,0]
[null,null,null,null,null,"",{"$f":"IF(ISNUMBER(F5299),E5299*F5299,\"\")","v":""},null,null,0]
[null,null,"TUBO MULTICAMADA PEX, DN 20 MM, PARA INSTALACOES A GAS (AMARELO)","M",1.0216000000000001,17.052499999999998,{"$f":"IF(ISNUMBER(F5300),E5300*F5300,\"\")","v":17.420833999999999},{"$f":"SUM(G5300:G5302)","v":26.274756100000001},null,0]
[null,null,"AUXILIAR DE ENCANADOR OU BOMBEIRO HIDRÁULICO COM ENCARGOS COMPLEMENTARES","H",8.1799999999999998E-2,20.909500000000001,{"$f":"IF(ISNUMBER(F5301),E5301*F5301,\"\")","v":1.7103971},null,null,0]
[null,null,"ENCANADOR OU BOMBEIRO HIDRÁULICO COM ENCARGOS COMPLEMENTARES","H",0.27,26.4575,{"$f":"IF(ISNUMBER(F5302),E5302*F5302,\"\")","v":7.1435250000000003},null,null,0]
[null,null,null,null,null,"",{"$f":"IF(ISNUMBER(F5303),E5303*F5303,\"\")","v":""},null,null,0]
["SF-01343",{"$f":"INDEX(Orçamentária!A:B,MATCH(Composições!A5304,Orçamentária!A:A,0),2)","v":"Tubo multicamadas flexível 26 mm para gás"},null,"m",null,"",{"$f":"IF(ISNUMBER(F5304),E5304*F5304,\"\")","v":""},null,null,0]
[null,null,null,null,null,"",{"$f":"IF(ISNUMBER(F5305),E5305*F5305,\"\")","v":""},null,null,0]
[null,null,"TUBO MULTICAMADA PEX, DN *26* MM, PARA INSTALACOES A GAS (AMARELO)","M",1.0216000000000001,23.607500000000002,{"$f":"IF(ISNUMBER(F5306),E5306*F5306,\"\")","v":24.117422000000005},{"$f":"SUM(G5306:G5308)","v":34.710234550000003},null,0]
[null,null,"AUXILIAR DE ENCANADOR OU BOMBEIRO HIDRÁULICO COM ENCARGOS COMPLEMENTARES","H",9.7900000000000001E-2,20.909500000000001,{"$f":"IF(ISNUMBER(F5307),E5307*F5307,\"\")","v":2.0470400500000001},null,null,0]
[null,null,"ENCANADOR OU BOMBEIRO HIDRÁULICO COM ENCARGOS COMPLEMENTARES","H",0.32300000000000001,26.4575,{"$f":"IF(ISNUMBER(F5308),E5308*F5308,\"\")","v":8.5457725},null,null,0]
[null,null,null,null,null,"",{"$f":"IF(ISNUMBER(F5309),E5309*F5309,\"\")","v":""},null,null,0]
["SF-01347",{"$f":"INDEX(Orçamentária!A:B,MATCH(Composições!A5310,Orçamentária!A:A,0),2)","v":"Bloco autônomo de emergência 1000 lumens – fornecimento e instalação"},null,"un",null,"",{"$f":"IF(ISNUMBER(F5310),E5310*F5310,\"\")","v":""},null,null,0]
[null,null,null,null,null,"",{"$f":"IF(ISNUMBER(F5311),E5311*F5311,\"\")","v":""},null,null,0]
[null,null,"Bloco autônomo de emergência com fluxo mínimo de 1000 lumens","UN",1,"",{"$f":"IF(ISNUMBER(F5312),E5312*F5312,\"\")","v":""},{"$f":"SUM(G5312:G5314)","v":6.5275905999999999},null,0]
[null,null,"AUXILIAR DE ELETRICISTA COM ENCARGOS COMPLEMENTARES","H",7.4800000000000005E-2,21.337,{"$f":"IF(ISNUMBER(F5313),E5313*F5313,\"\")","v":1.5960076000000001},null,null,0]
[null,null,"ELETRICISTA COM ENCARGOS COMPLEMENTARES","H",0.17949999999999999,27.474,{"$f":"IF(ISNUMBER(F5314),E5314*F5314,\"\")","v":4.9315829999999998},null,null,0]
[null,null,null,null,null,"",{"$f":"IF(ISNUMBER(F5315),E5315*F5315,\"\")","v":""},null,null,0]
["SF-01348",{"$f":"INDEX(Orçamentária!A:B,MATCH(Composições!A5316,Orçamentária!A:A,0),2)","v":"Cabo Ethernet blindado"},null,"m",null,"",{"$f":"IF(ISNUMBER(F5316),E5316*F5316,\"\")","v":""},null,null,0]
[null,null,null,null,null,"",{"$f":"IF(ISNUMBER(F5317),E5317*F5317,\"\")","v":""},null,null,0]
[null,null,"Cabo ethernet categoria 5e blindado (FTP)","m",1.05,"",{"$f":"IF(ISNUMBER(F5318),E5318*F5318,\"\")","v":""},{"$f":"SUM(G5318:G5320)","v":0.13667080000000001},null,0]
[null,null,"AUXILIAR DE ELETRICISTA COM ENCARGOS COMPLEMENTARES","H",2.8E-3,21.337,{"$f":"IF(ISNUMBER(F5319),E5319*F5319,\"\")","v":5.9743600000000001E-2},null,null,0]
[null,null,"ELETRICISTA COM ENCARGOS COMPLEMENTARES","H",2.8E-3,27.474,{"$f":"IF(ISNUMBER(F5320),E5320*F5320,\"\")","v":7.6927200000000001E-2},null,null,0]
[null,null,null,null,null,"",{"$f":"IF(ISNUMBER(F5321),E5321*F5321,\"\")","v":""},null,null,0]
["SF-01349",{"$f":"INDEX(Orçamentária!A:B,MATCH(Composições!A5322,Orçamentária!A:A,0),2)","v":"Cabo de fibra óptica multimodo 12 fibras"},null,"m",null,"",{"$f":"IF(ISNUMBER(F5322),E5322*F5322,\"\")","v":""},null,null,0]
[null,null,null,null,null,"",{"$f":"IF(ISNUMBER(F5323),E5323*F5323,\"\")","v":""},null,null,0]
[null,null,"Cabo constituído por 12 fibras ópticas do tipo multimodo, LSZH","m",1.05,"",{"$f":"IF(ISNUMBER(F5324),E5324*F5324,\"\")","v":""},{"$f":"SUM(G5324:G5326)","v":3.4704620999999998},null,0]
[null,null,"AUXILIAR DE ELETRICISTA COM ENCARGOS COMPLEMENTARES","H",7.1099999999999997E-2,21.337,{"$f":"IF(ISNUMBER(F5325),E5325*F5325,\"\")","v":1.5170606999999998},null,null,0]
[null,null,"ELETRICISTA COM ENCARGOS COMPLEMENTARES","H",7.1099999999999997E-2,27.474,{"$f":"IF(ISNUMBER(F5326),E5326*F5326,\"\")","v":1.9534014},null,null,0]
[null,null,null,null,null,"",{"$f":"IF(ISNUMBER(F5327),E5327*F5327,\"\")","v":""},null,null,0]
["SF-01350",{"$f":"INDEX(Orçamentária!A:B,MATCH(Composições!A5328,Orçamentária!A:A,0),2)","v":"Cabos de cobre para comunicação CANbus"},null,"m",null,"",{"$f":"IF(ISNUMBER(F5328),E5328*F5328,\"\")","v":""},null,null,0]
[null,null,null,null,null,"",{"$f":"IF(ISNUMBER(F5329),E5329*F5329,\"\")","v":""},null,null,0]
[null,null,"Cabo de cobre para comunicação CANbus","m",1.05,"",{"$f":"IF(ISNUMBER(F5330),E5330*F5330,\"\")","v":""},{"$f":"SUM(G5330:G5332)","v":0.13667080000000001},null,0]
[null,null,"AUXILIAR DE ELETRICISTA COM ENCARGOS COMPLEMENTARES","H",2.8E-3,21.337,{"$f":"IF(ISNUMBER(F5331),E5331*F5331,\"\")","v":5.9743600000000001E-2},null,null,0]
[null,null,"ELETRICISTA COM ENCARGOS COMPLEMENTARES","H",2.8E-3,27.474,{"$f":"IF(ISNUMBER(F5332),E5332*F5332,\"\")","v":7.6927200000000001E-2},null,null,0]
[null,null,null,null,null,"",{"$f":"IF(ISNUMBER(F5333),E5333*F5333,\"\")","v":""},null,null,0]
["SF-01351",{"$f":"INDEX(Orçamentária!A:B,MATCH(Composições!A5334,Orçamentária!A:A,0),2)","v":"Cabos de cobre para comunicação padrão RS-485"},null,"m",null,"",{"$f":"IF(ISNUMBER(F5334),E5334*F5334,\"\")","v":""},null,null,0]
[null,null,null,null,null,"",{"$f":"IF(ISNUMBER(F5335),E5335*F5335,\"\")","v":""},null,null,0]
[null,null,"Cabo de cobre para comunicação padrão RS-485","m",1.05,"",{"$f":"IF(ISNUMBER(F5336),E5336*F5336,\"\")","v":""},{"$f":"SUM(G5336:G5338)","v":0.13667080000000001},null,0]
[null,null,"AUXILIAR DE ELETRICISTA COM ENCARGOS COMPLEMENTARES","H",2.8E-3,21.337,{"$f":"IF(ISNUMBER(F5337),E5337*F5337,\"\")","v":5.9743600000000001E-2},null,null,0]
[null,null,"ELETRICISTA COM ENCARGOS COMPLEMENTARES","H",2.8E-3,27.474,{"$f":"IF(ISNUMBER(F5338),E5338*F5338,\"\")","v":7.6927200000000001E-2},null,null,0]
[null,null,null,null,null,"",{"$f":"IF(ISNUMBER(F5339),E5339*F5339,\"\")","v":""},null,null,0]
["SF-01352",{"$f":"INDEX(Orçamentária!A:B,MATCH(Composições!A5340,Orçamentária!A:A,0),2)","v":"Condulete de alumínio de 2”"},null,"un",null,"",{"$f":"IF(ISNUMBER(F5340),E5340*F5340,\"\")","v":""},null,null,0]
[null,null,null,null,null,"",{"$f":"IF(ISNUMBER(F5341),E5341*F5341,\"\")","v":""},null,null,0]
[null,null,"Auxiliar de eletricista com encargos complementares","h",0.5121,21.337,{"$f":"IF(ISNUMBER(F5342),E5342*F5342,\"\")","v":10.926677699999999},{"$f":"SUM(G5342:G5345)","v":69.313613099999998},null,0]
[null,null,"Eletricista com encargos complementares","h",0.5121,27.474,{"$f":"IF(ISNUMBER(F5343),E5343*F5343,\"\")","v":14.0694354},null,null,0]
[null,null,"Bucha de nylon sem aba S6, com parafuso de 4,20 x 40 mm em aco zincado com rosca soberba, cabeca chata e fenda Phillips","un",2,0.3705,{"$f":"IF(ISNUMBER(F5344),E5344*F5344,\"\")","v":0.74099999999999999},null,null,0]
[null,null,"CONDULETE DE ALUMINIO TIPO T, PARA ELETRODUTO ROSCAVEL DE 2\", COM TAMPA CEGA","un",1,43.576499999999996,{"$f":"IF(ISNUMBER(F5345),E5345*F5345,\"\")","v":43.576499999999996},null,null,0]
[null,null,null,null,null,"",{"$f":"IF(ISNUMBER(F5346),E5346*F5346,\"\")","v":""},null,null,0]
["SF-01353",{"$f":"INDEX(Orçamentária!A:B,MATCH(Composições!A5347,Orçamentária!A:A,0),2)","v":"Cabo de potência, 8,7 kV/15 kV, 95 mm²"},null,"m",null,"",{"$f":"IF(ISNUMBER(F5347),E5347*F5347,\"\")","v":""},null,null,0]
[null,null,null,null,null,"",{"$f":"IF(ISNUMBER(F5348),E5348*F5348,\"\")","v":""},null,null,0]
[null,null,"Auxiliar de eletricista com encargos complementares","h",0.128,21.337,{"$f":"IF(ISNUMBER(F5349),E5349*F5349,\"\")","v":2.7311360000000002},{"$f":"SUM(G5349:G5352)","v":6.2830340000000007},null,0]
[null,null,"Eletricista com encargos complementares","h",0.128,27.474,{"$f":"IF(ISNUMBER(F5350),E5350*F5350,\"\")","v":3.5166720000000002},null,null,0]
[null,null,"FITA ISOLANTE ADESIVA ANTICHAMA, USO ATE 750 V, EM ROLO DE 19 MM X 5 M","UN",8.9999999999999993E-3,3.9139999999999997,{"$f":"IF(ISNUMBER(F5351),E5351*F5351,\"\")","v":3.5225999999999993E-2},null,null,0]
[null,null,"Cabo de potência, 8,7 kV / 15 kV, 95 mm²","m",1.0149999999999999,"",{"$f":"IF(ISNUMBER(F5352),E5352*F5352,\"\")","v":""},null,null,0]
[null,null,null,null,null,"",{"$f":"IF(ISNUMBER(F5353),E5353*F5353,\"\")","v":""},null,null,0]
["SF-01354",{"$f":"INDEX(Orçamentária!A:B,MATCH(Composições!A5354,Orçamentária!A:A,0),2)","v":"Cabo de potência, 8,7 kV/15 kV, 240 mm²"},null,"m",null,"",{"$f":"IF(ISNUMBER(F5354),E5354*F5354,\"\")","v":""},null,null,0]
[null,null,null,null,null,"",{"$f":"IF(ISNUMBER(F5355),E5355*F5355,\"\")","v":""},null,null,0]
[null,null,"Auxiliar de eletricista com encargos complementares","h",0.26300000000000001,21.337,{"$f":"IF(ISNUMBER(F5356),E5356*F5356,\"\")","v":5.611631},{"$f":"SUM(G5356:G5359)","v":12.872519},null,0]
[null,null,"Eletricista com encargos complementares","h",0.26300000000000001,27.474,{"$f":"IF(ISNUMBER(F5357),E5357*F5357,\"\")","v":7.2256620000000007},null,null,0]
[null,null,"FITA ISOLANTE ADESIVA ANTICHAMA, USO ATE 750 V, EM ROLO DE 19 MM X 5 M","UN",8.9999999999999993E-3,3.9139999999999997,{"$f":"IF(ISNUMBER(F5358),E5358*F5358,\"\")","v":3.5225999999999993E-2},null,null,0]
[null,null,"Cabo de potência, 8,7 kV / 15 kV, 240 mm²","m",1.0149999999999999,"",{"$f":"IF(ISNUMBER(F5359),E5359*F5359,\"\")","v":""},null,null,0]
[null,null,null,null,null,"",{"$f":"IF(ISNUMBER(F5360),E5360*F5360,\"\")","v":""},null,null,0]
["SF-01355",{"$f":"INDEX(Orçamentária!A:B,MATCH(Composições!A5361,Orçamentária!A:A,0),2)","v":"Distribuidor Interno Óptico Industrial – fornecimento e instalação"},null,"un",null,"",{"$f":"IF(ISNUMBER(F5361),E5361*F5361,\"\")","v":""},null,null,0]
[null,null,null,null,null,"",{"$f":"IF(ISNUMBER(F5362),E5362*F5362,\"\")","v":""},null,null,0]
[null,null,"Distribuidor Interno Óptico Industrial para, no mínimo, 12 fibras","un",1,"",{"$f":"IF(ISNUMBER(F5363),E5363*F5363,\"\")","v":""},{"$f":"SUM(G5363:G5365)","v":122.0275},null,0]
[null,null,"AUXILIAR DE ELETRICISTA COM ENCARGOS COMPLEMENTARES","H",2.5,21.337,{"$f":"IF(ISNUMBER(F5364),E5364*F5364,\"\")","v":53.342500000000001},null,null,0]
[null,null,"ELETRICISTA COM ENCARGOS COMPLEMENTARES","H",2.5,27.474,{"$f":"IF(ISNUMBER(F5365),E5365*F5365,\"\")","v":68.685000000000002},null,null,0]
[null,null,null,null,null,"",{"$f":"IF(ISNUMBER(F5366),E5366*F5366,\"\")","v":""},null,null,0]
["SF-01356",{"$f":"INDEX(Orçamentária!A:B,MATCH(Composições!A5367,Orçamentária!A:A,0),2)","v":"Eletroduto PEAD 5”"},null,"m",null,"",{"$f":"IF(ISNUMBER(F5367),E5367*F5367,\"\")","v":""},null,null,0]
[null,null,null,null,null,"",{"$f":"IF(ISNUMBER(F5368),E5368*F5368,\"\")","v":""},null,null,0]
[null,null,"ELETRODUTO/DUTO PEAD FLEXIVEL PAREDE SIMPLES, CORRUGACAO HELICOIDAL, COR PRETA, SEM ROSCA, DE 5\",  PARA CABEAMENTO SUBTERRANEO (NBR 15715)","M",1.1000000000000001,0,{"$f":"IF(ISNUMBER(F5369),E5369*F5369,\"\")","v":0},{"$f":"SUM(G5369:G5371)","v":11.22653},null,0]
[null,null,"AUXILIAR DE ELETRICISTA COM ENCARGOS COMPLEMENTARES","H",0.23,21.337,{"$f":"IF(ISNUMBER(F5370),E5370*F5370,\"\")","v":4.9075100000000003},null,null,0]
[null,null,"ELETRICISTA COM ENCARGOS COMPLEMENTARES","H",0.23,27.474,{"$f":"IF(ISNUMBER(F5371),E5371*F5371,\"\")","v":6.3190200000000001},null,null,0]
[null,null,null,null,null,"",{"$f":"IF(ISNUMBER(F5372),E5372*F5372,\"\")","v":""},null,null,0]
["SF-01358",{"$f":"INDEX(Orçamentária!A:B,MATCH(Composições!A5373,Orçamentária!A:A,0),2)","v":"Interruptor duplo para condulete"},null,"un",null,"",{"$f":"IF(ISNUMBER(F5373),E5373*F5373,\"\")","v":""},null,null,0]
[null,null,null,null,null,"",{"$f":"IF(ISNUMBER(F5374),E5374*F5374,\"\")","v":""},null,null,0]
[null,null,"Eletricista com encargos complementares","h",{"$f":"0.3/2","v":0.15},27.474,{"$f":"IF(ISNUMBER(F5375),E5375*F5375,\"\")","v":4.1211000000000002},{"$f":"SUM(G5375:G5378)","v":7.32165},null,0]
[null,null,"Auxiliar de eletricista com encargos complementares","h",{"$f":"0.3/2","v":0.15},21.337,{"$f":"IF(ISNUMBER(F5376),E5376*F5376,\"\")","v":3.2005499999999998},null,null,0]
[null,null,"Tampa para condulete alumínio para eletrodutos de 1\", de sobrepor , com conexões e acessórios. ","un",1,"",{"$f":"IF(ISNUMBER(F5377),E5377*F5377,\"\")","v":""},null,null,0]
[null,null,"Interruptor duplo para condulete alumínio para eletrodutos de 1’’, de sobrepor, com conexões e acessórios.","un",1,"",{"$f":"IF(ISNUMBER(F5378),E5378*F5378,\"\")","v":""},null,null,0]
[null,null,null,null,null,"",{"$f":"IF(ISNUMBER(F5379),E5379*F5379,\"\")","v":""},null,null,0]
["SF-01359",{"$f":"INDEX(Orçamentária!A:B,MATCH(Composições!A5380,Orçamentária!A:A,0),2)","v":"Leito 400x100 mm"},null,"m",null,"",{"$f":"IF(ISNUMBER(F5380),E5380*F5380,\"\")","v":""},null,null,0]
[null,null,null,null,null,"",{"$f":"IF(ISNUMBER(F5381),E5381*F5381,\"\")","v":""},null,null,0]
[null,null,"Eletricista com encargos complementares","h",0.6,27.474,{"$f":"IF(ISNUMBER(F5382),E5382*F5382,\"\")","v":16.484400000000001},{"$f":"SUM(G5382:G5384)","v":29.2866},null,0]
[null,null,"Auxiliar de eletricista com encargos complementares","h",0.6,21.337,{"$f":"IF(ISNUMBER(F5383),E5383*F5383,\"\")","v":12.802199999999999},null,null,0]
[null,null,"Leito tipo semi-pesado 400 mm x 100 mm fabricado em aço galvanizado a fogo # 12/14","m",1.05,"",{"$f":"IF(ISNUMBER(F5384),E5384*F5384,\"\")","v":""},null,null,0]
[null,null,null,null,null,"",{"$f":"IF(ISNUMBER(F5385),E5385*F5385,\"\")","v":""},null,null,0]
["SF-01360",{"$f":"INDEX(Orçamentária!A:B,MATCH(Composições!A5386,Orçamentária!A:A,0),2)","v":"Leito 600x100 mm"},null,"m",null,"",{"$f":"IF(ISNUMBER(F5386),E5386*F5386,\"\")","v":""},null,null,0]
[null,null,null,null,null,"",{"$f":"IF(ISNUMBER(F5387),E5387*F5387,\"\")","v":""},null,null,0]
[null,null,"Eletricista com encargos complementares","h",0.7,27.474,{"$f":"IF(ISNUMBER(F5388),E5388*F5388,\"\")","v":19.2318},{"$f":"SUM(G5388:G5390)","v":34.167699999999996},null,0]
[null,null,"Auxiliar de eletricista com encargos complementares","h",0.7,21.337,{"$f":"IF(ISNUMBER(F5389),E5389*F5389,\"\")","v":14.935899999999998},null,null,0]
[null,null,"Leito tipo semi-pesado 600 mm x 100 mm fabricado em aço galvanizado a fogo # 12/14","m",1.05,"",{"$f":"IF(ISNUMBER(F5390),E5390*F5390,\"\")","v":""},null,null,0]
[null,null,null,null,null,"",{"$f":"IF(ISNUMBER(F5391),E5391*F5391,\"\")","v":""},null,null,0]
["SF-01361",{"$f":"INDEX(Orçamentária!A:B,MATCH(Composições!A5392,Orçamentária!A:A,0),2)","v":"Luminária 2x28 W hermética de sobrepor"},null,"un",null,"",{"$f":"IF(ISNUMBER(F5392),E5392*F5392,\"\")","v":""},null,null,4]
[null,null,null,null,null,"",{"$f":"IF(ISNUMBER(F5393),E5393*F5393,\"\")","v":""},null,null,4]
[null,null,"Luminária de sobrepor T5 2x28W, ref:Osram LEDVANCE DAMP‐PROOF HOUSING Longa Dupla (7016392), Osram LEDVANCE DAMP‐PROOF SEM TUBO DUPLA (7012956), Philips TCW060 2x36, Ourolux Ourofort IP65 2X28/32/36/40W (01527/01528), Lumicenter FHT03‐S228","un ",1,102.89,{"$f":"IF(ISNUMBER(F5394),E5394*F5394,\"\")","v":102.89},{"$f":"SUM(G5394:G5398)","v":206.5601255},null,4]
[null,null,"Reator eletrônico 2x28W. Ref.: Philips EB228A26; Philips EL214-28A26; Intral REH-T5 2x28/127-220/50-60 (cod. 02475); MarGirus PB 2X28 AF2.","un ",1,52.5,{"$f":"IF(ISNUMBER(F5395),E5395*F5395,\"\")","v":52.5},null,null,4]
[null,null,"Lâmpada fluorescente T5 de 28W, ref: Osram HE 28W/840 SMARTLUX; Philips TL5-28W-HE/840; GE F28W/T5/840","un ",2,18.05,{"$f":"IF(ISNUMBER(F5396),E5396*F5396,\"\")","v":36.1},null,null,4]
[null,null,"Auxiliar de eletricista com encargos complementares","h",0.17269999999999999,21.337,{"$f":"IF(ISNUMBER(F5397),E5397*F5397,\"\")","v":3.6848999},null,null,4]
[null,null,"Eletricista com encargos complementares","h",0.41439999999999999,27.474,{"$f":"IF(ISNUMBER(F5398),E5398*F5398,\"\")","v":11.3852256},null,null,4]
[null,null,null,null,null,"",{"$f":"IF(ISNUMBER(F5399),E5399*F5399,\"\")","v":""},null,null,4]
["SF-01362",{"$f":"INDEX(Orçamentária!A:B,MATCH(Composições!A5400,Orçamentária!A:A,0),2)","v":"Luminária LED para poste 60 W"},null,"un",null,"",{"$f":"IF(ISNUMBER(F5400),E5400*F5400,\"\")","v":""},null,null,0]
[null,null,null,null,null,"",{"$f":"IF(ISNUMBER(F5401),E5401*F5401,\"\")","v":""},null,null,0]
[null,null,"GUINDAUTO HIDRÁULICO, CAPACIDADE MÁXIMA DE CARGA 6200 KG, MOMENTO MÁXIMO DE CARGA 11,7 TM, ALCANCE MÁXIMO HORIZONTAL 9,70 M, INCLUSIVE CAMINHÃO TOCO PBT 16.000 KG, POTÊNCIA DE 189 CV - CHP DIURNO. AF_06/2014","CHP",0.23880000000000001,258.95099999999996,{"$f":"IF(ISNUMBER(F5402),E5402*F5402,\"\")","v":61.837498799999992},{"$f":"SUM(G5402:G5406)","v":479.62969390000001},null,0]
[null,null,"FITA ISOLANTE ADESIVA ANTICHAMA, USO ATE 750 V, EM ROLO DE 19 MM X 5 M","UN",1.4E-2,3.9139999999999997,{"$f":"IF(ISNUMBER(F5403),E5403*F5403,\"\")","v":5.4795999999999997E-2},null,null,0]
[null,null,"LUMINARIA DE LED PARA ILUMINACAO PUBLICA, DE 51 W ATE 67 W, INVOLUCRO EM ALUMINIO OU ACO INOX","UN",1,406.1155,{"$f":"IF(ISNUMBER(F5404),E5404*F5404,\"\")","v":406.1155},null,null,0]
[null,null,"AUXILIAR DE ELETRICISTA COM ENCARGOS COMPLEMENTARES","H",0.23810000000000001,21.337,{"$f":"IF(ISNUMBER(F5405),E5405*F5405,\"\")","v":5.0803396999999997},null,null,0]
[null,null,"ELETRICISTA COM ENCARGOS COMPLEMENTARES","H",0.23810000000000001,27.474,{"$f":"IF(ISNUMBER(F5406),E5406*F5406,\"\")","v":6.5415594000000006},null,null,0]
[null,null,null,null,null,"",{"$f":"IF(ISNUMBER(F5407),E5407*F5407,\"\")","v":""},null,null,0]
["SF-01363",{"$f":"INDEX(Orçamentária!A:B,MATCH(Composições!A5408,Orçamentária!A:A,0),2)","v":"Luminária LED para poste 120 W"},null,"un",null,"",{"$f":"IF(ISNUMBER(F5408),E5408*F5408,\"\")","v":""},null,null,0]
[null,null,null,null,null,"",{"$f":"IF(ISNUMBER(F5409),E5409*F5409,\"\")","v":""},null,null,0]
[null,null,"GUINDAUTO HIDRÁULICO, CAPACIDADE MÁXIMA DE CARGA 6200 KG, MOMENTO MÁXIMO DE CARGA 11,7 TM, ALCANCE MÁXIMO HORIZONTAL 9,70 M, INCLUSIVE CAMINHÃO TOCO PBT 16.000 KG, POTÊNCIA DE 189 CV - CHP DIURNO. AF_06/2014","CHP",0.23880000000000001,258.95099999999996,{"$f":"IF(ISNUMBER(F5410),E5410*F5410,\"\")","v":61.837498799999992},{"$f":"SUM(G5410:G5414)","v":615.59369389999983},null,0]
[null,null,"FITA ISOLANTE ADESIVA ANTICHAMA, USO ATE 750 V, EM ROLO DE 19 MM X 5 M","UN",1.4E-2,3.9139999999999997,{"$f":"IF(ISNUMBER(F5411),E5411*F5411,\"\")","v":5.4795999999999997E-2},null,null,0]
[null,null,"LUMINARIA DE LED PARA ILUMINACAO PUBLICA, DE 98 W ATE 137 W, INVOLUCRO EM ALUMINIO OU ACO INOX","UN",1,542.07949999999994,{"$f":"IF(ISNUMBER(F5412),E5412*F5412,\"\")","v":542.07949999999994},null,null,0]
[null,null,"AUXILIAR DE ELETRICISTA COM ENCARGOS COMPLEMENTARES","H",0.23810000000000001,21.337,{"$f":"IF(ISNUMBER(F5413),E5413*F5413,\"\")","v":5.0803396999999997},null,null,0]
[null,null,"ELETRICISTA COM ENCARGOS COMPLEMENTARES","H",0.23810000000000001,27.474,{"$f":"IF(ISNUMBER(F5414),E5414*F5414,\"\")","v":6.5415594000000006},null,null,0]
[null,null,null,null,null,"",{"$f":"IF(ISNUMBER(F5415),E5415*F5415,\"\")","v":""},null,null,0]
["SF-01369",{"$f":"INDEX(Orçamentária!A:B,MATCH(Composições!A5416,Orçamentária!A:A,0),2)","v":"Poste curvo simples 8 metros"},null,"un",null,"",{"$f":"IF(ISNUMBER(F5416),E5416*F5416,\"\")","v":""},null,null,0]
[null,null,null,null,null,"",{"$f":"IF(ISNUMBER(F5417),E5417*F5417,\"\")","v":""},null,null,0]
[null,null,"POSTE CONICO CONTINUO EM ACO GALVANIZADO, CURVO, BRACO SIMPLES, ENGASTADO, H = 9 M, DIAMETRO INFERIOR = *135* MM","UN",1,1877.5419999999999,{"$f":"IF(ISNUMBER(F5418),E5418*F5418,\"\")","v":1877.5419999999999},{"$f":"SUM(G5418:G5421)","v":1984.4541925000001},null,0]
[null,null,"GUINDAUTO HIDRÁULICO, CAPACIDADE MÁXIMA DE CARGA 6200 KG, MOMENTO MÁXIMO DE CARGA 11,7 TM, ALCANCE MÁXIMO HORIZONTAL 9,70 M, INCLUSIVE CAMINHÃO TOCO PBT 16.000 KG, POTÊNCIA DE 189 CV - CHP DIURNO. AF_06/2014","CHP",0.111,258.95099999999996,{"$f":"IF(ISNUMBER(F5419),E5419*F5419,\"\")","v":28.743560999999996},null,null,0]
[null,null,"AUXILIAR DE ELETRICISTA COM ENCARGOS COMPLEMENTARES","H",{"$f":"1.413/2","v":0.70650000000000002},21.337,{"$f":"IF(ISNUMBER(F5420),E5420*F5420,\"\")","v":15.074590499999999},null,null,0]
[null,null,"ELETRICISTA COM ENCARGOS COMPLEMENTARES","H",{"$f":"4.593/2","v":2.2965},27.474,{"$f":"IF(ISNUMBER(F5421),E5421*F5421,\"\")","v":63.094040999999997},null,null,0]
[null,null,null,null,null,"",{"$f":"IF(ISNUMBER(F5422),E5422*F5422,\"\")","v":""},null,null,0]
["SF-01370",{"$f":"INDEX(Orçamentária!A:B,MATCH(Composições!A5423,Orçamentária!A:A,0),2)","v":"Caixa de Passagem Subterrânea 300x300x500mm"},null,"un",null,"",{"$f":"IF(ISNUMBER(F5423),E5423*F5423,\"\")","v":""},null,null,0]
[null,null,null,null,null,"",{"$f":"IF(ISNUMBER(F5424),E5424*F5424,\"\")","v":""},null,null,0]
[null,null,"TIJOLO CERAMICO MACICO COMUM *5 X 10 X 20* CM (L X A X C)","UN",{"$f":"48.7507*5/3","v":81.251166666666663},0.63649999999999995,{"$f":"IF(ISNUMBER(F5425),E5425*F5425,\"\")","v":51.71636758333333},{"$f":"SUM(G5425:G5431)","v":272.69936275697387},null,0]
[null,null,"ARGAMASSA TRAÇO 1:4 (EM VOLUME DE CIMENTO E AREIA GROSSA ÚMIDA) PARA CHAPISCO CONVENCIONAL, PREPARO MECÂNICO COM BETONEIRA 400 L. AF_08/2019","M3",{"$f":"0.0004*5/3","v":6.6666666666666664E-4},584.38255857299987,{"$f":"IF(ISNUMBER(F5426),E5426*F5426,\"\")","v":0.38958837238199989},null,null,0]
[null,null,"PEDREIRO COM ENCARGOS COMPLEMENTARES","H",{"$f":"1.5362*5/3","v":2.5603333333333333},27.160499999999999,{"$f":"IF(ISNUMBER(F5427),E5427*F5427,\"\")","v":69.539933500000004},null,null,0]
[null,null,"SERVENTE COM ENCARGOS COMPLEMENTARES","H",{"$f":"1.5362*5/3","v":2.5603333333333333},20.225499999999997,{"$f":"IF(ISNUMBER(F5428),E5428*F5428,\"\")","v":51.784021833333327},null,null,0]
[null,null,"ARGAMASSA TRAÇO 1:3 (EM VOLUME DE CIMENTO E AREIA MÉDIA ÚMIDA), PREPARO MECÂNICO COM BETONEIRA 400 L. AF_08/2019","M3",{"$f":"0.0278*5/3","v":4.6333333333333331E-2},657.14224713049998,{"$f":"IF(ISNUMBER(F5429),E5429*F5429,\"\")","v":30.447590783713164},null,null,0]
[null,null,"PEÇA RETANGULAR PRÉ-MOLDADA, VOLUME DE CONCRETO DE 10 A 30 LITROS, TAXA DE AÇO APROXIMADA DE 30KG/M³. AF_01/2018","M3",{"$f":"0.0175","v":1.7500000000000002E-2},3072.1743095126862,{"$f":"IF(ISNUMBER(F5430),E5430*F5430,\"\")","v":53.763050416472012},null,null,0]
[null,null,"PREPARO DE FUNDO DE VALA COM LARGURA MENOR QUE 1,5 M, COM CAMADA DE BRITA, LANÇAMENTO MANUAL. AF_08/2020","M3",{"$f":"0.036","v":3.5999999999999997E-2},418.30028521499997,{"$f":"IF(ISNUMBER(F5431),E5431*F5431,\"\")","v":15.058810267739998},null,null,0]
[null,null,null,null,null,"",{"$f":"IF(ISNUMBER(F5432),E5432*F5432,\"\")","v":""},null,null,0]
["SF-01373",{"$f":"INDEX(Orçamentária!A:B,MATCH(Composições!A5433,Orçamentária!A:A,0),2)","v":"Caixa de Passagem Subterrânea 600x600x800mm"},null,"un",null,"",{"$f":"IF(ISNUMBER(F5433),E5433*F5433,\"\")","v":""},null,null,0]
[null,null,null,null,null,"",{"$f":"IF(ISNUMBER(F5434),E5434*F5434,\"\")","v":""},null,null,0]
[null,null,"RETROESCAVADEIRA SOBRE RODAS COM CARREGADEIRA, TRAÇÃO 4X4, POTÊNCIA LÍQ. 88 HP, CAÇAMBA CARREG. CAP. MÍN. 1 M3, CAÇAMBA RETRO CAP. 0,26 M3, PESO OPERACIONAL MÍN. 6.674 KG, PROFUNDIDADE ESCAVAÇÃO MÁX. 4,37 M - CHP DIURNO. AF_06/2014","CHP",{"$f":"ROUND(0.0087*8/6,4)","v":1.1599999999999999E-2},139.441,{"$f":"IF(ISNUMBER(F5435),E5435*F5435,\"\")","v":1.6175155999999999},{"$f":"SUM(G5435:G5443)","v":727.04218035667191},null,0]
[null,null,"RETROESCAVADEIRA SOBRE RODAS COM CARREGADEIRA, TRAÇÃO 4X4, POTÊNCIA LÍQ. 88 HP, CAÇAMBA CARREG. CAP. MÍN. 1 M3, CAÇAMBA RETRO CAP. 0,26 M3, PESO OPERACIONAL MÍN. 6.674 KG, PROFUNDIDADE ESCAVAÇÃO MÁX. 4,37 M - CHI DIURNO. AF_06/2014","CHI",{"$f":"ROUND(0.0294*8/6,4)","v":3.9199999999999999E-2},54.966999999999999,{"$f":"IF(ISNUMBER(F5436),E5436*F5436,\"\")","v":2.1547063999999998},null,null,0]
[null,null,"TIJOLO CERAMICO MACICO COMUM *5 X 10 X 20* CM (L X A X C)","UN",{"$f":"ROUND(169.8027*8/6,4)","v":226.40360000000001},0.63649999999999995,{"$f":"IF(ISNUMBER(F5437),E5437*F5437,\"\")","v":144.10589139999999},null,null,0]
[null,null,"ARGAMASSA TRAÇO 1:4 (EM VOLUME DE CIMENTO E AREIA GROSSA ÚMIDA) PARA CHAPISCO CONVENCIONAL, PREPARO MECÂNICO COM BETONEIRA 400 L. AF_08/2019","M3",{"$f":"ROUND(0.0014*8/6,4)","v":1.9E-3},584.38255857299987,{"$f":"IF(ISNUMBER(F5438),E5438*F5438,\"\")","v":1.1103268612886998},null,null,0]
[null,null,"PEDREIRO COM ENCARGOS COMPLEMENTARES","H",{"$f":"ROUND(5.4392*8/6,4)","v":7.2523},27.160499999999999,{"$f":"IF(ISNUMBER(F5439),E5439*F5439,\"\")","v":196.97609414999999},null,null,0]
[null,null,"SERVENTE COM ENCARGOS COMPLEMENTARES","H",{"$f":"ROUND(5.4392*8/6,4)","v":7.2523},20.225499999999997,{"$f":"IF(ISNUMBER(F5440),E5440*F5440,\"\")","v":146.68139364999996},null,null,0]
[null,null,"ARGAMASSA TRAÇO 1:3 (EM VOLUME DE CIMENTO E AREIA MÉDIA ÚMIDA), PREPARO MECÂNICO COM BETONEIRA 400 L. AF_08/2019","M3",{"$f":"ROUND(0.1012*8/6,4)","v":0.13489999999999999},657.14224713049998,{"$f":"IF(ISNUMBER(F5441),E5441*F5441,\"\")","v":88.648489137904448},null,null,0]
[null,null,"PEÇA RETANGULAR PRÉ-MOLDADA, VOLUME DE CONCRETO DE 30 A 100 LITROS, TAXA DE AÇO APROXIMADA DE 30KG/M³. AF_01/2018","M3",4.48E-2,2564.6196071453983,{"$f":"IF(ISNUMBER(F5442),E5442*F5442,\"\")","v":114.89495840011384},null,null,0]
[null,null,"PREPARO DE FUNDO DE VALA COM LARGURA MENOR QUE 1,5 M, COM CAMADA DE BRITA, LANÇAMENTO MECANIZADO. AF_08/2020","M3",8.1000000000000003E-2,380.89882416500001,{"$f":"IF(ISNUMBER(F5443),E5443*F5443,\"\")","v":30.852804757365},null,null,0]
[null,null,null,null,null,"",{"$f":"IF(ISNUMBER(F5444),E5444*F5444,\"\")","v":""},null,null,0]
["SF-01375",{"$f":"INDEX(Orçamentária!A:B,MATCH(Composições!A5445,Orçamentária!A:A,0),2)","v":"Kit terminal para cabo de potência, 8,7 kV/15 kV, 95 mm²"},null,"un",null,"",{"$f":"IF(ISNUMBER(F5445),E5445*F5445,\"\")","v":""},null,null,0]
[null,null,null,null,null,"",{"$f":"IF(ISNUMBER(F5446),E5446*F5446,\"\")","v":""},null,null,0]
[null,null,"Terminal para cabo de média tensão. Ref: Prysmian TM-20-120","UN",1,"",{"$f":"IF(ISNUMBER(F5447),E5447*F5447,\"\")","v":""},{"$f":"SUM(G5447:G5449)","v":24.4055},null,0]
[null,null,"AUXILIAR DE ELETRICISTA COM ENCARGOS COMPLEMENTARES","H",0.5,21.337,{"$f":"IF(ISNUMBER(F5448),E5448*F5448,\"\")","v":10.6685},null,null,0]
[null,null,"ELETRICISTA COM ENCARGOS COMPLEMENTARES","H",0.5,27.474,{"$f":"IF(ISNUMBER(F5449),E5449*F5449,\"\")","v":13.737},null,null,0]
[null,null,null,null,null,"",{"$f":"IF(ISNUMBER(F5450),E5450*F5450,\"\")","v":""},null,null,0]
["SF-01376",{"$f":"INDEX(Orçamentária!A:B,MATCH(Composições!A5451,Orçamentária!A:A,0),2)","v":"Kit terminal para cabo de potência, 8,7 kV/15 kV, 240 mm²"},null,"un",null,"",{"$f":"IF(ISNUMBER(F5451),E5451*F5451,\"\")","v":""},null,null,0]
[null,null,null,null,null,"",{"$f":"IF(ISNUMBER(F5452),E5452*F5452,\"\")","v":""},null,null,0]
[null,null,"Terminal para cabo de média tensão. Ref: Prysmian TM-20-240","UN",1,"",{"$f":"IF(ISNUMBER(F5453),E5453*F5453,\"\")","v":""},{"$f":"SUM(G5453:G5455)","v":24.4055},null,0]
[null,null,"AUXILIAR DE ELETRICISTA COM ENCARGOS COMPLEMENTARES","H",0.5,21.337,{"$f":"IF(ISNUMBER(F5454),E5454*F5454,\"\")","v":10.6685},null,null,0]
[null,null,"ELETRICISTA COM ENCARGOS COMPLEMENTARES","H",0.5,27.474,{"$f":"IF(ISNUMBER(F5455),E5455*F5455,\"\")","v":13.737},null,null,0]
[null,null,null,null,null,"",{"$f":"IF(ISNUMBER(F5456),E5456*F5456,\"\")","v":""},null,null,0]
["SF-01377",{"$f":"INDEX(Orçamentária!A:B,MATCH(Composições!A5457,Orçamentária!A:A,0),2)","v":"Tomada para condulete (20 A)"},null,"un",null,"",{"$f":"IF(ISNUMBER(F5457),E5457*F5457,\"\")","v":""},null,null,0]
[null,null,null,null,null,"",{"$f":"IF(ISNUMBER(F5458),E5458*F5458,\"\")","v":""},null,null,0]
[null,null,"Eletricista com encargos complementares","h",0.308,27.474,{"$f":"IF(ISNUMBER(F5459),E5459*F5459,\"\")","v":8.4619920000000004},{"$f":"SUM(G5459:G5462)","v":15.033788000000001},null,0]
[null,null,"Auxiliar de eletricista com encargos complementares","h",0.308,21.337,{"$f":"IF(ISNUMBER(F5460),E5460*F5460,\"\")","v":6.571796},null,null,0]
[null,null,"Tampa para condulete alumínio para eletrodutos de 1\", de sobrepor , com conexões e acessórios. ","un",1,"",{"$f":"IF(ISNUMBER(F5461),E5461*F5461,\"\")","v":""},null,null,0]
[null,null,"Tomada 20A para condulete alumínio para eletrodutos de 1’’, de sobrepor, com conexões e acessórios. ","un",1,"",{"$f":"IF(ISNUMBER(F5462),E5462*F5462,\"\")","v":""},null,null,0]
[null,null,null,null,null,"",{"$f":"IF(ISNUMBER(F5463),E5463*F5463,\"\")","v":""},null,null,0]
["SF-01384",{"$f":"INDEX(Orçamentária!A:B,MATCH(Composições!A5464,Orçamentária!A:A,0),2)","v":"Cabo de cobre nu 50 mm²"},null,"m",null,"",{"$f":"IF(ISNUMBER(F5464),E5464*F5464,\"\")","v":""},null,null,0]
[null,null,null,null,null,"",{"$f":"IF(ISNUMBER(F5465),E5465*F5465,\"\")","v":""},null,null,0]
[null,null,"CABO DE COBRE NU 50 MM2 MEIO-DURO","M",1.1000000000000001,53.865000000000002,{"$f":"IF(ISNUMBER(F5466),E5466*F5466,\"\")","v":59.251500000000007},{"$f":"SUM(G5466:G5468)","v":60.896430700000003},null,0]
[null,null,"AUXILIAR DE ELETRICISTA COM ENCARGOS COMPLEMENTARES","H",3.3700000000000001E-2,21.337,{"$f":"IF(ISNUMBER(F5467),E5467*F5467,\"\")","v":0.7190569},null,null,0]
[null,null,"ELETRICISTA COM ENCARGOS COMPLEMENTARES","H",3.3700000000000001E-2,27.474,{"$f":"IF(ISNUMBER(F5468),E5468*F5468,\"\")","v":0.92587380000000008},null,null,0]
[null,null,null,null,null,"",{"$f":"IF(ISNUMBER(F5469),E5469*F5469,\"\")","v":""},null,null,0]
["SF-01386",{"$f":"INDEX(Orçamentária!A:B,MATCH(Composições!A5470,Orçamentária!A:A,0),2)","v":"Haste de aterramento 3/4” x 3 m"},null,"un",null,"",{"$f":"IF(ISNUMBER(F5470),E5470*F5470,\"\")","v":""},null,null,0]
[null,null,null,null,null,"",{"$f":"IF(ISNUMBER(F5471),E5471*F5471,\"\")","v":""},null,null,0]
[null,null,"Haste de aterramento 3/4\" x 3 m, tipo camada alta de cobre","un",1,"",{"$f":"IF(ISNUMBER(F5472),E5472*F5472,\"\")","v":""},{"$f":"SUM(G5472:G5474)","v":19.304750500000001},null,0]
[null,null,"AUXILIAR DE ELETRICISTA COM ENCARGOS COMPLEMENTARES","H",0.39550000000000002,21.337,{"$f":"IF(ISNUMBER(F5473),E5473*F5473,\"\")","v":8.4387834999999995},null,null,0]
[null,null,"ELETRICISTA COM ENCARGOS COMPLEMENTARES","H",0.39550000000000002,27.474,{"$f":"IF(ISNUMBER(F5474),E5474*F5474,\"\")","v":10.865967000000001},null,null,0]
[null,null,null,null,null,"",{"$f":"IF(ISNUMBER(F5475),E5475*F5475,\"\")","v":""},null,null,0]
["SF-01387",{"$f":"INDEX(Orçamentária!A:B,MATCH(Composições!A5476,Orçamentária!A:A,0),2)","v":"Leito 800x100 mm"},null,"m",null,"",{"$f":"IF(ISNUMBER(F5476),E5476*F5476,\"\")","v":""},null,null,0]
[null,null,null,null,null,"",{"$f":"IF(ISNUMBER(F5477),E5477*F5477,\"\")","v":""},null,null,0]
[null,null,"Eletricista com encargos complementares","h",0.75,27.474,{"$f":"IF(ISNUMBER(F5478),E5478*F5478,\"\")","v":20.605499999999999},{"$f":"SUM(G5478:G5480)","v":36.608249999999998},null,0]
[null,null,"Auxiliar de eletricista com encargos complementares","h",0.75,21.337,{"$f":"IF(ISNUMBER(F5479),E5479*F5479,\"\")","v":16.002749999999999},null,null,0]
[null,null,"Leito tipo semi-pesado 800 mm x 100 mm fabricado em aço galvanizado a fogo # 12/14","m",1.05,"",{"$f":"IF(ISNUMBER(F5480),E5480*F5480,\"\")","v":""},null,null,0]
[null,null,null,null,null,"",{"$f":"IF(ISNUMBER(F5481),E5481*F5481,\"\")","v":""},null,null,0]
["SF-01388",{"$f":"INDEX(Orçamentária!A:B,MATCH(Composições!A5482,Orçamentária!A:A,0),2)","v":"Engenheiro(a) eletricista pleno"},null,"hh",null,"",{"$f":"IF(ISNUMBER(F5482),E5482*F5482,\"\")","v":""},null,null,0]
[null,null,null,null,null,"",{"$f":"IF(ISNUMBER(F5483),E5483*F5483,\"\")","v":""},null,null,0]
[null,null,"Engenheiro Eletricista com encargos complementares","h",1,124.203,{"$f":"IF(ISNUMBER(F5484),E5484*F5484,\"\")","v":124.203},{"$f":"SUM(G5484:G5484)","v":124.203},null,0]
[null,null,null,null,null,"",{"$f":"IF(ISNUMBER(F5485),E5485*F5485,\"\")","v":""},null,null,0]
["SF-01390",{"$f":"INDEX(Orçamentária!A:B,MATCH(Composições!A5486,Orçamentária!A:A,0),2)","v":"Mão francesa metálica dupla"},null,"un",null,"",{"$f":"IF(ISNUMBER(F5486),E5486*F5486,\"\")","v":""},null,null,0]
[null,null,null,null,null,"",{"$f":"IF(ISNUMBER(F5487),E5487*F5487,\"\")","v":""},null,null,0]
[null,null,"BUCHA DE NYLON SEM ABA S10, COM PARAFUSO DE 6,10 X 65 MM EM ACO ZINCADO COM ROSCA SOBERBA, CABECA CHATA E FENDA PHILLIPS","UN",3,1.1019999999999999,{"$f":"IF(ISNUMBER(F5488),E5488*F5488,\"\")","v":3.3059999999999996},{"$f":"SUM(G5488:G5491)","v":19.524666},null,0]
[null,null,"Mão francesa metálica dupla, com dois perfis 38 mm x 38 mm, L = 800 mm","UN",1,"",{"$f":"IF(ISNUMBER(F5489),E5489*F5489,\"\")","v":""},null,null,0]
[null,null,"Eletricista com encargos complementares","H",0.4743,27.474,{"$f":"IF(ISNUMBER(F5490),E5490*F5490,\"\")","v":13.0309182},null,null,0]
[null,null,"Auxiliar de eletricista com encargos complementares","H",0.14940000000000001,21.337,{"$f":"IF(ISNUMBER(F5491),E5491*F5491,\"\")","v":3.1877477999999999},null,null,0]
[null,null,null,null,null,"",{"$f":"IF(ISNUMBER(F5492),E5492*F5492,\"\")","v":""},null,null,0]
["SF-01391",{"$f":"INDEX(Orçamentária!A:B,MATCH(Composições!A5493,Orçamentária!A:A,0),2)","v":"Óleo diesel"},null,"L",null,"",{"$f":"IF(ISNUMBER(F5493),E5493*F5493,\"\")","v":""},null,null,0]
[null,null,null,null,null,"",{"$f":"IF(ISNUMBER(F5494),E5494*F5494,\"\")","v":""},null,null,0]
[null,null,"OLEO DIESEL COMBUSTIVEL COMUM","L",1,6.1464999999999996,{"$f":"IF(ISNUMBER(F5495),E5495*F5495,\"\")","v":6.1464999999999996},{"$f":"SUM(G5495:G5495)","v":6.1464999999999996},null,0]
[null,null,null,null,null,"",{"$f":"IF(ISNUMBER(F5496),E5496*F5496,\"\")","v":""},null,null,0]
["SF-01403",{"$f":"INDEX(Orçamentária!A:B,MATCH(Composições!A5497,Orçamentária!A:A,0),2)","v":"Supervisor Técnico – Sistema Elétrico"},null,"Profissional",null,"",{"$f":"IF(ISNUMBER(F5497),E5497*F5497,\"\")","v":""},null,null,0]
[null,null,null,null,null,"",{"$f":"IF(ISNUMBER(F5498),E5498*F5498,\"\")","v":""},null,null,0]
[null,null,"ENGENHEIRO ELETRICISTA COM ENCARGOS COMPLEMENTARES","h",{"$f":"ROUND(220/(1+110.14%),4)","v":104.6921},124.203,{"$f":"IF(ISNUMBER(F5499),E5499*F5499,\"\")","v":13003.0728963},{"$f":"SUM(G5499:G5499)","v":13003.0728963},null,0]
[null,null,null,null,null,"",{"$f":"IF(ISNUMBER(F5500),E5500*F5500,\"\")","v":""},null,null,0]
[null,null,"Obs: considerando 220h/mês e encargos sociais indicados na tabela do SINAPI.",null,null,"",{"$f":"IF(ISNUMBER(F5501),E5501*F5501,\"\")","v":""},null,null,0]
[null,null,null,null,null,"",{"$f":"IF(ISNUMBER(F5502),E5502*F5502,\"\")","v":""},null,null,0]
["SF-01404",{"$f":"INDEX(Orçamentária!A:B,MATCH(Composições!A5503,Orçamentária!A:A,0),2)","v":"Supervisor Técnico – Sistema Elétrico e Segurança do Trabalho"},null,"Profissional",null,"",{"$f":"IF(ISNUMBER(F5503),E5503*F5503,\"\")","v":""},null,null,0]
[null,null,null,null,null,"",{"$f":"IF(ISNUMBER(F5504),E5504*F5504,\"\")","v":""},null,null,0]
[null,null,"ENGENHEIRO ELETRICISTA COM ENCARGOS COMPLEMENTARES","h",{"$f":"ROUND(220/(1+110.14%),4)","v":104.6921},124.203,{"$f":"IF(ISNUMBER(F5505),E5505*F5505,\"\")","v":13003.0728963},{"$f":"SUM(G5505:G5505)","v":13003.0728963},null,0]
[null,null,null,null,null,"",{"$f":"IF(ISNUMBER(F5506),E5506*F5506,\"\")","v":""},null,null,0]
[null,null,"Obs: considerando 220h/mês e encargos sociais indicados na tabela do SINAPI.",null,null,"",{"$f":"IF(ISNUMBER(F5507),E5507*F5507,\"\")","v":""},null,null,0]
[null,null,null,null,null,"",{"$f":"IF(ISNUMBER(F5508),E5508*F5508,\"\")","v":""},null,null,0]
["SF-01405",{"$f":"INDEX(Orçamentária!A:B,MATCH(Composições!A5509,Orçamentária!A:A,0),2)","v":"Técnico de Segurança do Trabalho"},null,"Profissional",null,"",{"$f":"IF(ISNUMBER(F5509),E5509*F5509,\"\")","v":""},null,null,0]
[null,null,null,null,null,"",{"$f":"IF(ISNUMBER(F5510),E5510*F5510,\"\")","v":""},null,null,0]
[null,null,"TÉCNICO EM SEGURANÇA DO TRABALHO COM ENCARGOS COMPLEMENTARES","h",{"$f":"ROUND(220/(1+110.14%),4)","v":104.6921},44.003999999999998,{"$f":"IF(ISNUMBER(F5511),E5511*F5511,\"\")","v":4606.8711684},{"$f":"SUM(G5511:G5511)","v":4606.8711684},null,0]
[null,null,null,null,null,"",{"$f":"IF(ISNUMBER(F5512),E5512*F5512,\"\")","v":""},null,null,0]
[null,null,"Obs: considerando 220h/mês e encargos sociais indicados na tabela do SINAPI.",null,null,"",{"$f":"IF(ISNUMBER(F5513),E5513*F5513,\"\")","v":""},null,null,0]
[null,null,null,null,null,"",{"$f":"IF(ISNUMBER(F5514),E5514*F5514,\"\")","v":""},null,null,0]
["SF-01406",{"$f":"INDEX(Orçamentária!A:B,MATCH(Composições!A5515,Orçamentária!A:A,0),2)","v":"Auxiliar de Almoxarifado"},null,"Profissional",null,"",{"$f":"IF(ISNUMBER(F5515),E5515*F5515,\"\")","v":""},null,null,0]
[null,null,null,null,null,"",{"$f":"IF(ISNUMBER(F5516),E5516*F5516,\"\")","v":""},null,null,0]
[null,null,"AUXILIAR DE ALMOXARIFE COM ENCARGOS COMPLEMENTARES","h",{"$f":"ROUND(220/(1+110.14%),4)","v":104.6921},21.061500000000002,{"$f":"IF(ISNUMBER(F5517),E5517*F5517,\"\")","v":2204.9726641500001},{"$f":"SUM(G5517:G5517)","v":2204.9726641500001},null,0]
[null,null,null,null,null,"",{"$f":"IF(ISNUMBER(F5518),E5518*F5518,\"\")","v":""},null,null,0]
[null,null,"Obs: considerando 220h/mês e encargos sociais indicados na tabela do SINAPI.",null,null,"",{"$f":"IF(ISNUMBER(F5519),E5519*F5519,\"\")","v":""},null,null,0]
[null,null,null,null,null,"",{"$f":"IF(ISNUMBER(F5520),E5520*F5520,\"\")","v":""},null,null,0]
["SF-01407",{"$f":"INDEX(Orçamentária!A:B,MATCH(Composições!A5521,Orçamentária!A:A,0),2)","v":"Auxiliar Administrativo"},null,"Profissional",null,"",{"$f":"IF(ISNUMBER(F5521),E5521*F5521,\"\")","v":""},null,null,0]
[null,null,null,null,null,"",{"$f":"IF(ISNUMBER(F5522),E5522*F5522,\"\")","v":""},null,null,0]
[null,null,"AUXILIAR DE ESCRITORIO COM ENCARGOS COMPLEMENTARES","h",{"$f":"ROUND(220/(1+110.14%),4)","v":104.6921},23.721499999999999,{"$f":"IF(ISNUMBER(F5523),E5523*F5523,\"\")","v":2483.4536501499997},{"$f":"SUM(G5523:G5523)","v":2483.4536501499997},null,0]
[null,null,null,null,null,"",{"$f":"IF(ISNUMBER(F5524),E5524*F5524,\"\")","v":""},null,null,0]
[null,null,"Obs: considerando 220h/mês e encargos sociais indicados na tabela do SINAPI.",null,null,"",{"$f":"IF(ISNUMBER(F5525),E5525*F5525,\"\")","v":""},null,null,0]
[null,null,null,null,null,"",{"$f":"IF(ISNUMBER(F5526),E5526*F5526,\"\")","v":""},null,null,0]
["SF-01408",{"$f":"INDEX(Orçamentária!A:B,MATCH(Composições!A5527,Orçamentária!A:A,0),2)","v":"Desenhista Técnico"},null,"Profissional",null,"",{"$f":"IF(ISNUMBER(F5527),E5527*F5527,\"\")","v":""},null,null,0]
[null,null,null,null,null,"",{"$f":"IF(ISNUMBER(F5528),E5528*F5528,\"\")","v":""},null,null,0]
[null,null,"DESENHISTA PROJETISTA COM ENCARGOS COMPLEMENTARES","h",{"$f":"ROUND(220/(1+110.14%),4)","v":104.6921},15.9125,{"$f":"IF(ISNUMBER(F5529),E5529*F5529,\"\")","v":1665.9130412499999},{"$f":"SUM(G5529:G5529)","v":1665.9130412499999},null,0]
[null,null,null,null,null,"",{"$f":"IF(ISNUMBER(F5530),E5530*F5530,\"\")","v":""},null,null,0]
[null,null,"Obs: considerando 220h/mês e encargos sociais indicados na tabela do SINAPI.",null,null,"",{"$f":"IF(ISNUMBER(F5531),E5531*F5531,\"\")","v":""},null,null,0]
[null,null,null,null,null,"",{"$f":"IF(ISNUMBER(F5532),E5532*F5532,\"\")","v":""},null,null,0]
["SF-01409",{"$f":"INDEX(Orçamentária!A:B,MATCH(Composições!A5533,Orçamentária!A:A,0),2)","v":"Técnico em Eletrotécnica Encarregado"},null,"Profissional",null,"",{"$f":"IF(ISNUMBER(F5533),E5533*F5533,\"\")","v":""},null,null,0]
[null,null,null,null,null,"",{"$f":"IF(ISNUMBER(F5534),E5534*F5534,\"\")","v":""},null,null,0]
[null,null,"ELETROTÉCNICO COM ENCARGOS COMPLEMENTARES","h",{"$f":"ROUND(220/(1+110.14%),4)","v":104.6921},33.230999999999995,{"$f":"IF(ISNUMBER(F5535),E5535*F5535,\"\")","v":3479.0231750999992},{"$f":"SUM(G5535:G5535)","v":3479.0231750999992},null,0]
[null,null,null,null,null,"",{"$f":"IF(ISNUMBER(F5536),E5536*F5536,\"\")","v":""},null,null,0]
[null,null,"Obs: considerando 220h/mês e encargos sociais indicados na tabela do SINAPI.",null,null,"",{"$f":"IF(ISNUMBER(F5537),E5537*F5537,\"\")","v":""},null,null,0]
[null,null,null,null,null,"",{"$f":"IF(ISNUMBER(F5538),E5538*F5538,\"\")","v":""},null,null,0]
["SF-01410",{"$f":"INDEX(Orçamentária!A:B,MATCH(Composições!A5539,Orçamentária!A:A,0),2)","v":"Técnico em Eletrotécnica Planejador de Manutenção"},null,"Profissional",null,"",{"$f":"IF(ISNUMBER(F5539),E5539*F5539,\"\")","v":""},null,null,0]
[null,null,null,null,null,"",{"$f":"IF(ISNUMBER(F5540),E5540*F5540,\"\")","v":""},null,null,0]
[null,null,"ELETROTÉCNICO COM ENCARGOS COMPLEMENTARES","h",{"$f":"ROUND(220/(1+110.14%),4)","v":104.6921},33.230999999999995,{"$f":"IF(ISNUMBER(F5541),E5541*F5541,\"\")","v":3479.0231750999992},{"$f":"SUM(G5541:G5541)","v":3479.0231750999992},null,0]
[null,null,null,null,null,"",{"$f":"IF(ISNUMBER(F5542),E5542*F5542,\"\")","v":""},null,null,0]
[null,null,"Obs: considerando 220h/mês e encargos sociais indicados na tabela do SINAPI.",null,null,"",{"$f":"IF(ISNUMBER(F5543),E5543*F5543,\"\")","v":""},null,null,0]
[null,null,null,null,null,"",{"$f":"IF(ISNUMBER(F5544),E5544*F5544,\"\")","v":""},null,null,0]
["SF-01411",{"$f":"INDEX(Orçamentária!A:B,MATCH(Composições!A5545,Orçamentária!A:A,0),2)","v":"Técnico em Eletrotécnica Termografista"},null,"Profissional",null,"",{"$f":"IF(ISNUMBER(F5545),E5545*F5545,\"\")","v":""},null,null,0]
[null,null,null,null,null,"",{"$f":"IF(ISNUMBER(F5546),E5546*F5546,\"\")","v":""},null,null,0]
[null,null,"ELETROTÉCNICO COM ENCARGOS COMPLEMENTARES","h",{"$f":"ROUND(220/(1+110.14%),4)","v":104.6921},33.230999999999995,{"$f":"IF(ISNUMBER(F5547),E5547*F5547,\"\")","v":3479.0231750999992},{"$f":"SUM(G5547:G5547)","v":3479.0231750999992},null,0]
[null,null,null,null,null,"",{"$f":"IF(ISNUMBER(F5548),E5548*F5548,\"\")","v":""},null,null,0]
[null,null,"Obs: considerando 220h/mês e encargos sociais indicados na tabela do SINAPI.",null,null,"",{"$f":"IF(ISNUMBER(F5549),E5549*F5549,\"\")","v":""},null,null,0]
[null,null,null,null,null,"",{"$f":"IF(ISNUMBER(F5550),E5550*F5550,\"\")","v":""},null,null,0]
["SF-01412",{"$f":"INDEX(Orçamentária!A:B,MATCH(Composições!A5551,Orçamentária!A:A,0),2)","v":"Técnico em Eletrotécnica"},null,"Profissional",null,"",{"$f":"IF(ISNUMBER(F5551),E5551*F5551,\"\")","v":""},null,null,0]
[null,null,null,null,null,"",{"$f":"IF(ISNUMBER(F5552),E5552*F5552,\"\")","v":""},null,null,0]
[null,null,"ELETROTÉCNICO COM ENCARGOS COMPLEMENTARES","h",{"$f":"ROUND(220/(1+110.14%),4)","v":104.6921},33.230999999999995,{"$f":"IF(ISNUMBER(F5553),E5553*F5553,\"\")","v":3479.0231750999992},{"$f":"SUM(G5553:G5553)","v":3479.0231750999992},null,0]
[null,null,null,null,null,"",{"$f":"IF(ISNUMBER(F5554),E5554*F5554,\"\")","v":""},null,null,0]
[null,null,"Obs: considerando 220h/mês e encargos sociais indicados na tabela do SINAPI.",null,null,"",{"$f":"IF(ISNUMBER(F5555),E5555*F5555,\"\")","v":""},null,null,0]
[null,null,null,null,null,"",{"$f":"IF(ISNUMBER(F5556),E5556*F5556,\"\")","v":""},null,null,0]
["SF-01413",{"$f":"INDEX(Orçamentária!A:B,MATCH(Composições!A5557,Orçamentária!A:A,0),2)","v":"Eletricista"},null,"Profissional",null,"",{"$f":"IF(ISNUMBER(F5557),E5557*F5557,\"\")","v":""},null,null,0]
[null,null,null,null,null,"",{"$f":"IF(ISNUMBER(F5558),E5558*F5558,\"\")","v":""},null,null,0]
[null,null,"ELETRICISTA COM ENCARGOS COMPLEMENTARES","h",{"$f":"ROUND(220/(1+110.14%),4)","v":104.6921},27.474,{"$f":"IF(ISNUMBER(F5559),E5559*F5559,\"\")","v":2876.3107553999998},{"$f":"SUM(G5559:G5559)","v":2876.3107553999998},null,0]
[null,null,null,null,null,"",{"$f":"IF(ISNUMBER(F5560),E5560*F5560,\"\")","v":""},null,null,0]
[null,null,"Obs: considerando 220h/mês e encargos sociais indicados na tabela do SINAPI.",null,null,"",{"$f":"IF(ISNUMBER(F5561),E5561*F5561,\"\")","v":""},null,null,0]
[null,null,null,null,null,"",{"$f":"IF(ISNUMBER(F5562),E5562*F5562,\"\")","v":""},null,null,0]
["SF-01414",{"$f":"INDEX(Orçamentária!A:B,MATCH(Composições!A5563,Orçamentária!A:A,0),2)","v":"Auxiliar de Eletricista"},null,"Profissional",null,"",{"$f":"IF(ISNUMBER(F5563),E5563*F5563,\"\")","v":""},null,null,0]
[null,null,null,null,null,"",{"$f":"IF(ISNUMBER(F5564),E5564*F5564,\"\")","v":""},null,null,0]
[null,null,"AUXILIAR DE ELETRICISTA COM ENCARGOS COMPLEMENTARES","h",{"$f":"ROUND(220/(1+110.14%),4)","v":104.6921},21.337,{"$f":"IF(ISNUMBER(F5565),E5565*F5565,\"\")","v":2233.8153376999999},{"$f":"SUM(G5565:G5565)","v":2233.8153376999999},null,0]
[null,null,null,null,null,"",{"$f":"IF(ISNUMBER(F5566),E5566*F5566,\"\")","v":""},null,null,0]
[null,null,"Obs: considerando 220h/mês e encargos sociais indicados na tabela do SINAPI.",null,null,"",{"$f":"IF(ISNUMBER(F5567),E5567*F5567,\"\")","v":""},null,null,0]
[null,null,null,null,null,"",{"$f":"IF(ISNUMBER(F5568),E5568*F5568,\"\")","v":""},null,null,0]
["SF-01415",{"$f":"INDEX(Orçamentária!A:B,MATCH(Composições!A5569,Orçamentária!A:A,0),2)","v":"Técnico em Eletromecânica"},null,"Profissional",null,"",{"$f":"IF(ISNUMBER(F5569),E5569*F5569,\"\")","v":""},null,null,0]
[null,null,null,null,null,"",{"$f":"IF(ISNUMBER(F5570),E5570*F5570,\"\")","v":""},null,null,0]
[null,null,"ELETROTÉCNICO COM ENCARGOS COMPLEMENTARES","h",{"$f":"ROUND(220/(1+110.14%),4)","v":104.6921},33.230999999999995,{"$f":"IF(ISNUMBER(F5571),E5571*F5571,\"\")","v":3479.0231750999992},{"$f":"SUM(G5571:G5571)","v":3479.0231750999992},null,0]
[null,null,null,null,null,"",{"$f":"IF(ISNUMBER(F5572),E5572*F5572,\"\")","v":""},null,null,0]
[null,null,"Obs: considerando 220h/mês e encargos sociais indicados na tabela do SINAPI.",null,null,"",{"$f":"IF(ISNUMBER(F5573),E5573*F5573,\"\")","v":""},null,null,0]
[null,null,null,null,null,"",{"$f":"IF(ISNUMBER(F5574),E5574*F5574,\"\")","v":""},null,null,0]
["SF-01416",{"$f":"INDEX(Orçamentária!A:B,MATCH(Composições!A5575,Orçamentária!A:A,0),2)","v":"Técnico em Automação"},null,"Profissional",null,"",{"$f":"IF(ISNUMBER(F5575),E5575*F5575,\"\")","v":""},null,null,0]
[null,null,null,null,null,"",{"$f":"IF(ISNUMBER(F5576),E5576*F5576,\"\")","v":""},null,null,0]
[null,null,"ELETROTÉCNICO COM ENCARGOS COMPLEMENTARES","h",{"$f":"ROUND(220/(1+110.14%),4)","v":104.6921},33.230999999999995,{"$f":"IF(ISNUMBER(F5577),E5577*F5577,\"\")","v":3479.0231750999992},{"$f":"SUM(G5577:G5577)","v":3479.0231750999992},null,0]
[null,null,null,null,null,"",{"$f":"IF(ISNUMBER(F5578),E5578*F5578,\"\")","v":""},null,null,0]
[null,null,"Obs: considerando 220h/mês e encargos sociais indicados na tabela do SINAPI.",null,null,"",{"$f":"IF(ISNUMBER(F5579),E5579*F5579,\"\")","v":""},null,null,0]
[null,null,null,null,null,"",{"$f":"IF(ISNUMBER(F5580),E5580*F5580,\"\")","v":""},null,null,0]
["SF-01417",{"$f":"INDEX(Orçamentária!A:B,MATCH(Composições!A5581,Orçamentária!A:A,0),2)","v":"Técnico em Eletrotécnica Plantonista (diurno)"},null,"Profissional",null,"",{"$f":"IF(ISNUMBER(F5581),E5581*F5581,\"\")","v":""},null,null,0]
[null,null,null,null,null,"",{"$f":"IF(ISNUMBER(F5582),E5582*F5582,\"\")","v":""},null,null,0]
[null,null,"ELETROTÉCNICO COM ENCARGOS COMPLEMENTARES","h",{"$f":"ROUND(220/(1+110.14%),4)","v":104.6921},33.230999999999995,{"$f":"IF(ISNUMBER(F5583),E5583*F5583,\"\")","v":3479.0231750999992},{"$f":"SUM(G5583:G5583)","v":3479.0231750999992},null,0]
[null,null,null,null,null,"",{"$f":"IF(ISNUMBER(F5584),E5584*F5584,\"\")","v":""},null,null,0]
[null,null,"Obs: considerando 220h/mês e encargos sociais indicados na tabela do SINAPI.",null,null,"",{"$f":"IF(ISNUMBER(F5585),E5585*F5585,\"\")","v":""},null,null,0]
[null,null,null,null,null,"",{"$f":"IF(ISNUMBER(F5586),E5586*F5586,\"\")","v":""},null,null,0]
["SF-01418",{"$f":"INDEX(Orçamentária!A:B,MATCH(Composições!A5587,Orçamentária!A:A,0),2)","v":"Técnico em Eletrotécnica Plantonista (noturno)"},null,"Profissional",null,"",{"$f":"IF(ISNUMBER(F5587),E5587*F5587,\"\")","v":""},null,null,0]
[null,null,null,null,null,"",{"$f":"IF(ISNUMBER(F5588),E5588*F5588,\"\")","v":""},null,null,0]
[null,null,"ELETROTÉCNICO COM ENCARGOS COMPLEMENTARES","h",{"$f":"ROUND(220/(1+110.14%),4)","v":104.6921},33.230999999999995,{"$f":"IF(ISNUMBER(F5589),E5589*F5589,\"\")","v":3479.0231750999992},{"$f":"SUM(G5589:G5589)","v":3479.0231750999992},null,0]
[null,null,null,null,null,"",{"$f":"IF(ISNUMBER(F5590),E5590*F5590,\"\")","v":""},null,null,0]
[null,null,"Obs: considerando 220h/mês e encargos sociais indicados na tabela do SINAPI.",null,null,"",{"$f":"IF(ISNUMBER(F5591),E5591*F5591,\"\")","v":""},null,null,0]
[null,null,null,null,null,"",{"$f":"IF(ISNUMBER(F5592),E5592*F5592,\"\")","v":""},null,null,0]
["SF-01419",{"$f":"INDEX(Orçamentária!A:B,MATCH(Composições!A5593,Orçamentária!A:A,0),2)","v":"Eletricista Plantonista (diurno)"},null,"Profissional",null,"",{"$f":"IF(ISNUMBER(F5593),E5593*F5593,\"\")","v":""},null,null,0]
[null,null,null,null,null,"",{"$f":"IF(ISNUMBER(F5594),E5594*F5594,\"\")","v":""},null,null,0]
[null,null,"ELETRICISTA COM ENCARGOS COMPLEMENTARES","h",{"$f":"ROUND(220/(1+110.14%),4)","v":104.6921},27.474,{"$f":"IF(ISNUMBER(F5595),E5595*F5595,\"\")","v":2876.3107553999998},{"$f":"SUM(G5595:G5595)","v":2876.3107553999998},null,0]
[null,null,null,null,null,"",{"$f":"IF(ISNUMBER(F5596),E5596*F5596,\"\")","v":""},null,null,0]
[null,null,"Obs: considerando 220h/mês e encargos sociais indicados na tabela do SINAPI.",null,null,"",{"$f":"IF(ISNUMBER(F5597),E5597*F5597,\"\")","v":""},null,null,0]
[null,null,null,null,null,"",{"$f":"IF(ISNUMBER(F5598),E5598*F5598,\"\")","v":""},null,null,0]
["SF-01420",{"$f":"INDEX(Orçamentária!A:B,MATCH(Composições!A5599,Orçamentária!A:A,0),2)","v":"Eletricista Plantonista (noturno)"},null,"Profissional",null,"",{"$f":"IF(ISNUMBER(F5599),E5599*F5599,\"\")","v":""},null,null,0]
[null,null,null,null,null,"",{"$f":"IF(ISNUMBER(F5600),E5600*F5600,\"\")","v":""},null,null,0]
[null,null,"ELETRICISTA COM ENCARGOS COMPLEMENTARES","h",{"$f":"ROUND(220/(1+110.14%),4)","v":104.6921},27.474,{"$f":"IF(ISNUMBER(F5601),E5601*F5601,\"\")","v":2876.3107553999998},{"$f":"SUM(G5601:G5601)","v":2876.3107553999998},null,0]
[null,null,null,null,null,"",{"$f":"IF(ISNUMBER(F5602),E5602*F5602,\"\")","v":""},null,null,0]
[null,null,"Obs: considerando 220h/mês e encargos sociais indicados na tabela do SINAPI.",null,null,"",{"$f":"IF(ISNUMBER(F5603),E5603*F5603,\"\")","v":""},null,null,0]
[null,null,null,null,null,"",{"$f":"IF(ISNUMBER(F5604),E5604*F5604,\"\")","v":""},null,null,0]
["SF-01421",{"$f":"INDEX(Orçamentária!A:B,MATCH(Composições!A5605,Orçamentária!A:A,0),2)","v":"Eletricista Plantonista – Áreas Restritas (diurno)"},null,"Profissional",null,"",{"$f":"IF(ISNUMBER(F5605),E5605*F5605,\"\")","v":""},null,null,0]
[null,null,null,null,null,"",{"$f":"IF(ISNUMBER(F5606),E5606*F5606,\"\")","v":""},null,null,0]
[null,null,"ELETRICISTA COM ENCARGOS COMPLEMENTARES","h",{"$f":"ROUND(220/(1+110.14%),4)","v":104.6921},27.474,{"$f":"IF(ISNUMBER(F5607),E5607*F5607,\"\")","v":2876.3107553999998},{"$f":"SUM(G5607:G5607)","v":2876.3107553999998},null,0]
[null,null,null,null,null,"",{"$f":"IF(ISNUMBER(F5608),E5608*F5608,\"\")","v":""},null,null,0]
[null,null,"Obs: considerando 220h/mês e encargos sociais indicados na tabela do SINAPI.",null,null,"",{"$f":"IF(ISNUMBER(F5609),E5609*F5609,\"\")","v":""},null,null,0]
[null,null,null,null,null,"",{"$f":"IF(ISNUMBER(F5610),E5610*F5610,\"\")","v":""},null,null,0]
["SF-01422",{"$f":"INDEX(Orçamentária!A:B,MATCH(Composições!A5611,Orçamentária!A:A,0),2)","v":"Eletricista Plantonista – Áreas Restritas (noturno)"},null,"Profissional",null,"",{"$f":"IF(ISNUMBER(F5611),E5611*F5611,\"\")","v":""},null,null,0]
[null,null,null,null,null,"",{"$f":"IF(ISNUMBER(F5612),E5612*F5612,\"\")","v":""},null,null,0]
[null,null,"ELETRICISTA COM ENCARGOS COMPLEMENTARES","h",{"$f":"ROUND(220/(1+110.14%),4)","v":104.6921},27.474,{"$f":"IF(ISNUMBER(F5613),E5613*F5613,\"\")","v":2876.3107553999998},{"$f":"SUM(G5613:G5613)","v":2876.3107553999998},null,0]
[null,null,null,null,null,"",{"$f":"IF(ISNUMBER(F5614),E5614*F5614,\"\")","v":""},null,null,0]
[null,null,"Obs: considerando 220h/mês e encargos sociais indicados na tabela do SINAPI.",null,null,"",{"$f":"IF(ISNUMBER(F5615),E5615*F5615,\"\")","v":""},null,null,0]
[null,null,null,null,null,"",{"$f":"IF(ISNUMBER(F5616),E5616*F5616,\"\")","v":""},null,null,0]
["SF-01488",{"$f":"INDEX(Orçamentária!A:B,MATCH(Composições!A5617,Orçamentária!A:A,0),2)","v":"Chapa de aço galvanizado"},null,"kg",null,"",{"$f":"IF(ISNUMBER(F5617),E5617*F5617,\"\")","v":""},null,null,0]
[null,null,null,null,null,"",{"$f":"IF(ISNUMBER(F5618),E5618*F5618,\"\")","v":""},null,null,0]
[null,null,"CHAPA DE ACO GALVANIZADA BITOLA GSG 16, E = 1,55 MM (12,40 KG/M2)","kg",1,16.054999999999996,{"$f":"IF(ISNUMBER(F5619),E5619*F5619,\"\")","v":16.054999999999996},{"$f":"SUM(G5619:G5619)","v":16.054999999999996},null,0]
[null,null,null,null,null,"",{"$f":"IF(ISNUMBER(F5620),E5620*F5620,\"\")","v":""},null,null,0]
["SF-01494",{"$f":"INDEX(Orçamentária!A:B,MATCH(Composições!A5621,Orçamentária!A:A,0),2)","v":"Perfil de aço"},null,"kg",null,"",{"$f":"IF(ISNUMBER(F5621),E5621*F5621,\"\")","v":""},null,null,0]
[null,null,null,null,null,"",{"$f":"IF(ISNUMBER(F5622),E5622*F5622,\"\")","v":""},null,null,0]
[null,null,"CANTONEIRA ACO ABAS IGUAIS (QUALQUER BITOLA), ESPESSURA ENTRE 1/8\" E 1/4\"","kg",1,10.231499999999999,{"$f":"IF(ISNUMBER(F5623),E5623*F5623,\"\")","v":10.231499999999999},{"$f":"SUM(G5623:G5623)","v":10.231499999999999},null,0]
[null,null,null,null,null,"",{"$f":"IF(ISNUMBER(F5624),E5624*F5624,\"\")","v":""},null,null,0]
["SF-01540",{"$f":"INDEX(Orçamentária!A:B,MATCH(Composições!A5625,Orçamentária!A:A,0),2)","v":"Condulete de alumínio de 3/4”"},null,"un",null,"",{"$f":"IF(ISNUMBER(F5625),E5625*F5625,\"\")","v":""},null,null,0]
[null,null,null,null,null,"",{"$f":"IF(ISNUMBER(F5626),E5626*F5626,\"\")","v":""},null,null,0]
[null,null,"CONDULETE DE ALUMINIO TIPO E, PARA ELETRODUTO ROSCAVEL DE 3/4\", COM TAMPA CEGA","un",1,8.4834999999999994,{"$f":"IF(ISNUMBER(F5627),E5627*F5627,\"\")","v":8.4834999999999994},{"$f":"SUM(G5627:G5627)","v":8.4834999999999994},null,0]
[null,null,null,null,null,"",{"$f":"IF(ISNUMBER(F5628),E5628*F5628,\"\")","v":""},null,null,0]
["SF-01541",{"$f":"INDEX(Orçamentária!A:B,MATCH(Composições!A5629,Orçamentária!A:A,0),2)","v":"Condulete de alumínio de 1”"},null,"un",null,"",{"$f":"IF(ISNUMBER(F5629),E5629*F5629,\"\")","v":""},null,null,0]
[null,null,null,null,null,"",{"$f":"IF(ISNUMBER(F5630),E5630*F5630,\"\")","v":""},null,null,0]
[null,null,"CONDULETE DE ALUMINIO TIPO E, PARA ELETRODUTO ROSCAVEL DE 1\", COM TAMPA CEGA","un",1,14.240499999999999,{"$f":"IF(ISNUMBER(F5631),E5631*F5631,\"\")","v":14.240499999999999},{"$f":"SUM(G5631:G5631)","v":14.240499999999999},null,0]
[null,null,null,null,null,"",{"$f":"IF(ISNUMBER(F5632),E5632*F5632,\"\")","v":""},null,null,0]
["SF-01542",{"$f":"INDEX(Orçamentária!A:B,MATCH(Composições!A5633,Orçamentária!A:A,0),2)","v":"Condulete de alumínio de 1 1/4”"},null,"un",null,"",{"$f":"IF(ISNUMBER(F5633),E5633*F5633,\"\")","v":""},null,null,0]
[null,null,null,null,null,"",{"$f":"IF(ISNUMBER(F5634),E5634*F5634,\"\")","v":""},null,null,0]
[null,null,"CONDULETE DE ALUMINIO TIPO E, PARA ELETRODUTO ROSCAVEL DE 1 1/4\", COM TAMPA CEGA","un",1,17.460999999999999,{"$f":"IF(ISNUMBER(F5635),E5635*F5635,\"\")","v":17.460999999999999},{"$f":"SUM(G5635:G5635)","v":17.460999999999999},null,0]
[null,null,null,null,null,"",{"$f":"IF(ISNUMBER(F5636),E5636*F5636,\"\")","v":""},null,null,0]
["SF-01543",{"$f":"INDEX(Orçamentária!A:B,MATCH(Composições!A5637,Orçamentária!A:A,0),2)","v":"Condulete de alumínio de 1 1/2”"},null,"un",null,"",{"$f":"IF(ISNUMBER(F5637),E5637*F5637,\"\")","v":""},null,null,0]
[null,null,null,null,null,"",{"$f":"IF(ISNUMBER(F5638),E5638*F5638,\"\")","v":""},null,null,0]
[null,null,"CONDULETE DE ALUMINIO TIPO E, PARA ELETRODUTO ROSCAVEL DE 1 1/2\", COM TAMPA CEGA","un",1,23.208499999999997,{"$f":"IF(ISNUMBER(F5639),E5639*F5639,\"\")","v":23.208499999999997},{"$f":"SUM(G5639:G5639)","v":23.208499999999997},null,0]
[null,null,null,null,null,"",{"$f":"IF(ISNUMBER(F5640),E5640*F5640,\"\")","v":""},null,null,0]
["SF-01544",{"$f":"INDEX(Orçamentária!A:B,MATCH(Composições!A5641,Orçamentária!A:A,0),2)","v":"Condulete de alumínio de 2” "},null,"un",null,"",{"$f":"IF(ISNUMBER(F5641),E5641*F5641,\"\")","v":""},null,null,0]
[null,null,null,null,null,"",{"$f":"IF(ISNUMBER(F5642),E5642*F5642,\"\")","v":""},null,null,0]
[null,null,"CONDULETE DE ALUMINIO TIPO E, PARA ELETRODUTO ROSCAVEL DE 2\", COM TAMPA CEGA","un",1,34.048000000000002,{"$f":"IF(ISNUMBER(F5643),E5643*F5643,\"\")","v":34.048000000000002},{"$f":"SUM(G5643:G5643)","v":34.048000000000002},null,0]
[null,null,null,null,null,"",{"$f":"IF(ISNUMBER(F5644),E5644*F5644,\"\")","v":""},null,null,0]
["SF-01546",{"$f":"INDEX(Orçamentária!A:B,MATCH(Composições!A5645,Orçamentária!A:A,0),2)","v":"Condulete de alumínio de 3”"},null,"un",null,"",{"$f":"IF(ISNUMBER(F5645),E5645*F5645,\"\")","v":""},null,null,0]
[null,null,null,null,null,"",{"$f":"IF(ISNUMBER(F5646),E5646*F5646,\"\")","v":""},null,null,0]
[null,null,"CONDULETE DE ALUMINIO TIPO E, PARA ELETRODUTO ROSCAVEL DE 3\", COM TAMPA CEGA","un",1,94.5535,{"$f":"IF(ISNUMBER(F5647),E5647*F5647,\"\")","v":94.5535},{"$f":"SUM(G5647:G5647)","v":94.5535},null,0]
[null,null,null,null,null,"",{"$f":"IF(ISNUMBER(F5648),E5648*F5648,\"\")","v":""},null,null,0]
["SF-01547",{"$f":"INDEX(Orçamentária!A:B,MATCH(Composições!A5649,Orçamentária!A:A,0),2)","v":"Condulete de alumínio de 4”"},null,"un",null,"",{"$f":"IF(ISNUMBER(F5649),E5649*F5649,\"\")","v":""},null,null,0]
[null,null,null,null,null,"",{"$f":"IF(ISNUMBER(F5650),E5650*F5650,\"\")","v":""},null,null,0]
[null,null,"CONDULETE DE ALUMINIO TIPO C, PARA ELETRODUTO ROSCAVEL DE 4\", COM TAMPA CEGA","un",1,173.54599999999999,{"$f":"IF(ISNUMBER(F5651),E5651*F5651,\"\")","v":173.54599999999999},{"$f":"SUM(G5651:G5651)","v":173.54599999999999},null,0]
[null,null,null,null,null,"",{"$f":"IF(ISNUMBER(F5652),E5652*F5652,\"\")","v":""},null,null,0]
["SF-01561",{"$f":"INDEX(Orçamentária!A:B,MATCH(Composições!A5653,Orçamentária!A:A,0),2)","v":"Tampa para condulete de PVC"},null,"un",null,"",{"$f":"IF(ISNUMBER(F5653),E5653*F5653,\"\")","v":""},null,null,0]
[null,null,null,null,null,"",{"$f":"IF(ISNUMBER(F5654),E5654*F5654,\"\")","v":""},null,null,0]
[null,null,"TAMPA PARA CONDULETE, EM PVC, PARA 1 MODULO RJ","un",1,4.8449999999999998,{"$f":"IF(ISNUMBER(F5655),E5655*F5655,\"\")","v":4.8449999999999998},{"$f":"SUM(G5655:G5655)","v":4.8449999999999998},null,0]
[null,null,null,null,null,"",{"$f":"IF(ISNUMBER(F5656),E5656*F5656,\"\")","v":""},null,null,0]
["SF-01563",{"$f":"INDEX(Orçamentária!A:B,MATCH(Composições!A5657,Orçamentária!A:A,0),2)","v":"Terminal de compressão 25 mm²"},null,"un",null,"",{"$f":"IF(ISNUMBER(F5657),E5657*F5657,\"\")","v":""},null,null,0]
[null,null,null,null,null,"",{"$f":"IF(ISNUMBER(F5658),E5658*F5658,\"\")","v":""},null,null,0]
[null,null,"TERMINAL A COMPRESSAO EM COBRE ESTANHADO PARA CABO 25 MM2, 1 FURO E 1 COMPRESSAO, PARA PARAFUSO DE FIXACAO M8","un",1,2.9164999999999996,{"$f":"IF(ISNUMBER(F5659),E5659*F5659,\"\")","v":2.9164999999999996},{"$f":"SUM(G5659:G5659)","v":2.9164999999999996},null,0]
[null,null,null,null,null,"",{"$f":"IF(ISNUMBER(F5660),E5660*F5660,\"\")","v":""},null,null,0]
["SF-01564",{"$f":"INDEX(Orçamentária!A:B,MATCH(Composições!A5661,Orçamentária!A:A,0),2)","v":"Terminal de compressão 35 mm²"},null,"un",null,"",{"$f":"IF(ISNUMBER(F5661),E5661*F5661,\"\")","v":""},null,null,0]
[null,null,null,null,null,"",{"$f":"IF(ISNUMBER(F5662),E5662*F5662,\"\")","v":""},null,null,0]
[null,null,"TERMINAL A COMPRESSAO EM COBRE ESTANHADO PARA CABO 35 MM2, 1 FURO E 1 COMPRESSAO, PARA PARAFUSO DE FIXACAO M8","un",1,3.2869999999999999,{"$f":"IF(ISNUMBER(F5663),E5663*F5663,\"\")","v":3.2869999999999999},{"$f":"SUM(G5663:G5663)","v":3.2869999999999999},null,0]
[null,null,null,null,null,"",{"$f":"IF(ISNUMBER(F5664),E5664*F5664,\"\")","v":""},null,null,0]
["SF-01565",{"$f":"INDEX(Orçamentária!A:B,MATCH(Composições!A5665,Orçamentária!A:A,0),2)","v":"Terminal de compressão 50 mm²"},null,"un",null,"",{"$f":"IF(ISNUMBER(F5665),E5665*F5665,\"\")","v":""},null,null,0]
[null,null,null,null,null,"",{"$f":"IF(ISNUMBER(F5666),E5666*F5666,\"\")","v":""},null,null,0]
[null,null,"TERMINAL A COMPRESSAO EM COBRE ESTANHADO PARA CABO 50 MM2, 1 FURO E 1 COMPRESSAO, PARA PARAFUSO DE FIXACAO M8","un",1,5.6999999999999993,{"$f":"IF(ISNUMBER(F5667),E5667*F5667,\"\")","v":5.6999999999999993},{"$f":"SUM(G5667:G5667)","v":5.6999999999999993},null,0]
[null,null,null,null,null,"",{"$f":"IF(ISNUMBER(F5668),E5668*F5668,\"\")","v":""},null,null,0]
["SF-01566",{"$f":"INDEX(Orçamentária!A:B,MATCH(Composições!A5669,Orçamentária!A:A,0),2)","v":"Terminal de compressão 70 mm²"},null,"un",null,"",{"$f":"IF(ISNUMBER(F5669),E5669*F5669,\"\")","v":""},null,null,0]
[null,null,null,null,null,"",{"$f":"IF(ISNUMBER(F5670),E5670*F5670,\"\")","v":""},null,null,0]
[null,null,"TERMINAL A COMPRESSAO EM COBRE ESTANHADO PARA CABO 70 MM2, 1 FURO E 1 COMPRESSAO, PARA PARAFUSO DE FIXACAO M10","un",1,7.1059999999999999,{"$f":"IF(ISNUMBER(F5671),E5671*F5671,\"\")","v":7.1059999999999999},{"$f":"SUM(G5671:G5671)","v":7.1059999999999999},null,0]
[null,null,null,null,null,"",{"$f":"IF(ISNUMBER(F5672),E5672*F5672,\"\")","v":""},null,null,0]
["SF-01567",{"$f":"INDEX(Orçamentária!A:B,MATCH(Composições!A5673,Orçamentária!A:A,0),2)","v":"Terminal de compressão 95 mm²"},null,"un",null,"",{"$f":"IF(ISNUMBER(F5673),E5673*F5673,\"\")","v":""},null,null,0]
[null,null,null,null,null,"",{"$f":"IF(ISNUMBER(F5674),E5674*F5674,\"\")","v":""},null,null,0]
[null,null,"TERMINAL A COMPRESSAO EM COBRE ESTANHADO PARA CABO 95 MM2, 1 FURO E 1 COMPRESSAO, PARA PARAFUSO DE FIXACAO M12","un",1,8.7495000000000012,{"$f":"IF(ISNUMBER(F5675),E5675*F5675,\"\")","v":8.7495000000000012},{"$f":"SUM(G5675:G5675)","v":8.7495000000000012},null,0]
[null,null,null,null,null,"",{"$f":"IF(ISNUMBER(F5676),E5676*F5676,\"\")","v":""},null,null,0]
["SF-01568",{"$f":"INDEX(Orçamentária!A:B,MATCH(Composições!A5677,Orçamentária!A:A,0),2)","v":"Terminal de compressão 120 mm²"},null,"un",null,"",{"$f":"IF(ISNUMBER(F5677),E5677*F5677,\"\")","v":""},null,null,0]
[null,null,null,null,null,"",{"$f":"IF(ISNUMBER(F5678),E5678*F5678,\"\")","v":""},null,null,0]
[null,null,"TERMINAL A COMPRESSAO EM COBRE ESTANHADO PARA CABO 120 MM2, 1 FURO E 1 COMPRESSAO, PARA PARAFUSO DE FIXACAO M12","un",1,12.311999999999999,{"$f":"IF(ISNUMBER(F5679),E5679*F5679,\"\")","v":12.311999999999999},{"$f":"SUM(G5679:G5679)","v":12.311999999999999},null,0]
[null,null,null,null,null,"",{"$f":"IF(ISNUMBER(F5680),E5680*F5680,\"\")","v":""},null,null,0]
["SF-01569",{"$f":"INDEX(Orçamentária!A:B,MATCH(Composições!A5681,Orçamentária!A:A,0),2)","v":"Terminal de compressão 150 mm²"},null,"un",null,"",{"$f":"IF(ISNUMBER(F5681),E5681*F5681,\"\")","v":""},null,null,0]
[null,null,null,null,null,"",{"$f":"IF(ISNUMBER(F5682),E5682*F5682,\"\")","v":""},null,null,0]
[null,null,"TERMINAL METALICO A PRESSAO PARA 1 CABO DE 150 MM2, COM 1 FURO DE FIXACAO","un",1,27.701999999999998,{"$f":"IF(ISNUMBER(F5683),E5683*F5683,\"\")","v":27.701999999999998},{"$f":"SUM(G5683:G5683)","v":27.701999999999998},null,0]
[null,null,null,null,null,"",{"$f":"IF(ISNUMBER(F5684),E5684*F5684,\"\")","v":""},null,null,0]
["SF-01570",{"$f":"INDEX(Orçamentária!A:B,MATCH(Composições!A5685,Orçamentária!A:A,0),2)","v":"Terminal de compressão 185 mm²"},null,"un",null,"",{"$f":"IF(ISNUMBER(F5685),E5685*F5685,\"\")","v":""},null,null,0]
[null,null,null,null,null,"",{"$f":"IF(ISNUMBER(F5686),E5686*F5686,\"\")","v":""},null,null,0]
[null,null,"TERMINAL METALICO A PRESSAO PARA 1 CABO DE 185 MM2, COM 1 FURO DE FIXACAO","un",1,30.276499999999999,{"$f":"IF(ISNUMBER(F5687),E5687*F5687,\"\")","v":30.276499999999999},{"$f":"SUM(G5687:G5687)","v":30.276499999999999},null,0]
[null,null,null,null,null,"",{"$f":"IF(ISNUMBER(F5688),E5688*F5688,\"\")","v":""},null,null,0]
["SF-01571",{"$f":"INDEX(Orçamentária!A:B,MATCH(Composições!A5689,Orçamentária!A:A,0),2)","v":"Terminal de compressão 240 mm²"},null,"un",null,"",{"$f":"IF(ISNUMBER(F5689),E5689*F5689,\"\")","v":""},null,null,0]
[null,null,null,null,null,"",{"$f":"IF(ISNUMBER(F5690),E5690*F5690,\"\")","v":""},null,null,0]
[null,null,"TERMINAL METALICO A PRESSAO PARA 1 CABO DE 240 MM2, COM 1 FURO DE FIXACAO","un",1,39.957000000000001,{"$f":"IF(ISNUMBER(F5691),E5691*F5691,\"\")","v":39.957000000000001},{"$f":"SUM(G5691:G5691)","v":39.957000000000001},null,0]
[null,null,null,null,null,"",{"$f":"IF(ISNUMBER(F5692),E5692*F5692,\"\")","v":""},null,null,0]
["SF-01572",{"$f":"INDEX(Orçamentária!A:B,MATCH(Composições!A5693,Orçamentária!A:A,0),2)","v":"Terminal de compressão 300 mm²"},null,"un",null,"",{"$f":"IF(ISNUMBER(F5693),E5693*F5693,\"\")","v":""},null,null,0]
[null,null,null,null,null,"",{"$f":"IF(ISNUMBER(F5694),E5694*F5694,\"\")","v":""},null,null,0]
[null,null,"TERMINAL METALICO A PRESSAO PARA 1 CABO DE 300 MM2, COM 1 FURO DE FIXACAO","un",1,58.14,{"$f":"IF(ISNUMBER(F5695),E5695*F5695,\"\")","v":58.14},{"$f":"SUM(G5695:G5695)","v":58.14},null,0]
[null,null,null,null,null,"",{"$f":"IF(ISNUMBER(F5696),E5696*F5696,\"\")","v":""},null,null,0]
["SF-01599",{"$f":"INDEX(Orçamentária!A:B,MATCH(Composições!A5697,Orçamentária!A:A,0),2)","v":"Cobre nu 16 mm²"},null,"m",null,"",{"$f":"IF(ISNUMBER(F5697),E5697*F5697,\"\")","v":""},null,null,0]
[null,null,null,null,null,"",{"$f":"IF(ISNUMBER(F5698),E5698*F5698,\"\")","v":""},null,null,0]
[null,null,"CABO DE COBRE NU 16 MM2 MEIO-DURO","m",1,18.012,{"$f":"IF(ISNUMBER(F5699),E5699*F5699,\"\")","v":18.012},{"$f":"SUM(G5699:G5699)","v":18.012},null,0]
[null,null,null,null,null,"",{"$f":"IF(ISNUMBER(F5700),E5700*F5700,\"\")","v":""},null,null,0]
["SF-01600",{"$f":"INDEX(Orçamentária!A:B,MATCH(Composições!A5701,Orçamentária!A:A,0),2)","v":"Cobre nu 25 mm²"},null,"m",null,"",{"$f":"IF(ISNUMBER(F5701),E5701*F5701,\"\")","v":""},null,null,0]
[null,null,null,null,null,"",{"$f":"IF(ISNUMBER(F5702),E5702*F5702,\"\")","v":""},null,null,0]
[null,null,"CABO DE COBRE NU 25 MM2 MEIO-DURO","m",1,25.6785,{"$f":"IF(ISNUMBER(F5703),E5703*F5703,\"\")","v":25.6785},{"$f":"SUM(G5703:G5703)","v":25.6785},null,0]
[null,null,null,null,null,"",{"$f":"IF(ISNUMBER(F5704),E5704*F5704,\"\")","v":""},null,null,0]
["SF-01601",{"$f":"INDEX(Orçamentária!A:B,MATCH(Composições!A5705,Orçamentária!A:A,0),2)","v":"Cobre nu 35 mm²"},null,"m",null,"",{"$f":"IF(ISNUMBER(F5705),E5705*F5705,\"\")","v":""},null,null,0]
[null,null,null,null,null,"",{"$f":"IF(ISNUMBER(F5706),E5706*F5706,\"\")","v":""},null,null,0]
[null,null,"CABO DE COBRE NU 35 MM2 MEIO-DURO","m",1,37.809999999999995,{"$f":"IF(ISNUMBER(F5707),E5707*F5707,\"\")","v":37.809999999999995},{"$f":"SUM(G5707:G5707)","v":37.809999999999995},null,0]
[null,null,null,null,null,"",{"$f":"IF(ISNUMBER(F5708),E5708*F5708,\"\")","v":""},null,null,0]
["SF-01602",{"$f":"INDEX(Orçamentária!A:B,MATCH(Composições!A5709,Orçamentária!A:A,0),2)","v":"Cobre nu 50 mm²"},null,"m",null,"",{"$f":"IF(ISNUMBER(F5709),E5709*F5709,\"\")","v":""},null,null,0]
[null,null,null,null,null,"",{"$f":"IF(ISNUMBER(F5710),E5710*F5710,\"\")","v":""},null,null,0]
[null,null,"CABO DE COBRE NU 50 MM2 MEIO-DURO","m",1,53.865000000000002,{"$f":"IF(ISNUMBER(F5711),E5711*F5711,\"\")","v":53.865000000000002},{"$f":"SUM(G5711:G5711)","v":53.865000000000002},null,0]
[null,null,null,null,null,"",{"$f":"IF(ISNUMBER(F5712),E5712*F5712,\"\")","v":""},null,null,0]
["SF-01603",{"$f":"INDEX(Orçamentária!A:B,MATCH(Composições!A5713,Orçamentária!A:A,0),2)","v":"Cobre nu 70 mm²"},null,"m",null,"",{"$f":"IF(ISNUMBER(F5713),E5713*F5713,\"\")","v":""},null,null,0]
[null,null,null,null,null,"",{"$f":"IF(ISNUMBER(F5714),E5714*F5714,\"\")","v":""},null,null,0]
[null,null,"CABO DE COBRE NU 70 MM2 MEIO-DURO","m",1,71.155000000000001,{"$f":"IF(ISNUMBER(F5715),E5715*F5715,\"\")","v":71.155000000000001},{"$f":"SUM(G5715:G5715)","v":71.155000000000001},null,0]
[null,null,null,null,null,"",{"$f":"IF(ISNUMBER(F5716),E5716*F5716,\"\")","v":""},null,null,0]
["SF-01807",{"$f":"INDEX(Orçamentária!A:B,MATCH(Composições!A5717,Orçamentária!A:A,0),2)","v":"Eletroduto de aço galvanizado de 3/4”"},null,"m",null,"",{"$f":"IF(ISNUMBER(F5717),E5717*F5717,\"\")","v":""},null,null,0]
[null,null,null,null,null,"",{"$f":"IF(ISNUMBER(F5718),E5718*F5718,\"\")","v":""},null,null,0]
[null,null,"ELETRODUTO DE AÇO GALVANIZADO ELETROLÍTICO TIPO LEVE - ROSCA NBR 8133 - ESP. 1,06MM - 3/4\"","m",1,0,{"$f":"IF(ISNUMBER(F5719),E5719*F5719,\"\")","v":0},{"$f":"SUM(G5719:G5719)","v":0},null,0]
[null,null,null,null,null,"",{"$f":"IF(ISNUMBER(F5720),E5720*F5720,\"\")","v":""},null,null,0]
["SF-01808",{"$f":"INDEX(Orçamentária!A:B,MATCH(Composições!A5721,Orçamentária!A:A,0),2)","v":"Eletroduto de aço galvanizado de 1”"},null,"m",null,"",{"$f":"IF(ISNUMBER(F5721),E5721*F5721,\"\")","v":""},null,null,0]
[null,null,null,null,null,"",{"$f":"IF(ISNUMBER(F5722),E5722*F5722,\"\")","v":""},null,null,0]
[null,null,"ELETRODUTO DE AÇO GALVANIZADO ELETROLÍTICO TIPO LEVE - ROSCA NBR 8133 - ESP. 1,06MM - 1\"","m",1,0,{"$f":"IF(ISNUMBER(F5723),E5723*F5723,\"\")","v":0},{"$f":"SUM(G5723:G5723)","v":0},null,0]
[null,null,null,null,null,"",{"$f":"IF(ISNUMBER(F5724),E5724*F5724,\"\")","v":""},null,null,0]
["SF-01809",{"$f":"INDEX(Orçamentária!A:B,MATCH(Composições!A5725,Orçamentária!A:A,0),2)","v":"Eletroduto de aço galvanizado de 1 1/4”"},null,"m",null,"",{"$f":"IF(ISNUMBER(F5725),E5725*F5725,\"\")","v":""},null,null,0]
[null,null,null,null,null,"",{"$f":"IF(ISNUMBER(F5726),E5726*F5726,\"\")","v":""},null,null,0]
[null,null,"ELETRODUTO DE AÇO GALVANIZADO ELETROLÍTICO TIPO LEVE - ROSCA NBR 8133 - ESP. 1,06MM - 1 1/4\"","m",1,0,{"$f":"IF(ISNUMBER(F5727),E5727*F5727,\"\")","v":0},{"$f":"SUM(G5727:G5727)","v":0},null,0]
[null,null,null,null,null,"",{"$f":"IF(ISNUMBER(F5728),E5728*F5728,\"\")","v":""},null,null,0]
["SF-01810",{"$f":"INDEX(Orçamentária!A:B,MATCH(Composições!A5729,Orçamentária!A:A,0),2)","v":"Eletroduto de aço galvanizado de 1 1/2”"},null,"m",null,"",{"$f":"IF(ISNUMBER(F5729),E5729*F5729,\"\")","v":""},null,null,0]
[null,null,null,null,null,"",{"$f":"IF(ISNUMBER(F5730),E5730*F5730,\"\")","v":""},null,null,0]
[null,null,"ELETRODUTO DE AÇO GALVANIZADO ELETROLÍTICO TIPO LEVE - ROSCA NBR 8133 - ESP. 1,06MM - 1 1/2\"","m",1,0,{"$f":"IF(ISNUMBER(F5731),E5731*F5731,\"\")","v":0},{"$f":"SUM(G5731:G5731)","v":0},null,0]
[null,null,null,null,null,"",{"$f":"IF(ISNUMBER(F5732),E5732*F5732,\"\")","v":""},null,null,0]
["SF-01811",{"$f":"INDEX(Orçamentária!A:B,MATCH(Composições!A5733,Orçamentária!A:A,0),2)","v":"Eletroduto de aço galvanizado de 2”"},null,"m",null,"",{"$f":"IF(ISNUMBER(F5733),E5733*F5733,\"\")","v":""},null,null,0]
[null,null,null,null,null,"",{"$f":"IF(ISNUMBER(F5734),E5734*F5734,\"\")","v":""},null,null,0]
[null,null,"ELETRODUTO DE AÇO GALVANIZADO ELETROLÍTICO TIPO LEVE - ROSCA NBR 8133 - ESP. 1,50MM - 2\"","m",1,0,{"$f":"IF(ISNUMBER(F5735),E5735*F5735,\"\")","v":0},{"$f":"SUM(G5735:G5735)","v":0},null,0]
[null,null,null,null,null,"",{"$f":"IF(ISNUMBER(F5736),E5736*F5736,\"\")","v":""},null,null,0]
["SF-01812",{"$f":"INDEX(Orçamentária!A:B,MATCH(Composições!A5737,Orçamentária!A:A,0),2)","v":"Eletroduto de aço galvanizado de 2 1/2”"},null,"m",null,"",{"$f":"IF(ISNUMBER(F5737),E5737*F5737,\"\")","v":""},null,null,0]
[null,null,null,null,null,"",{"$f":"IF(ISNUMBER(F5738),E5738*F5738,\"\")","v":""},null,null,0]
[null,null,"ELETRODUTO DE AÇO GALVANIZADO ELETROLÍTICO TIPO LEVE - ROSCA NBR 8133 - ESP. 1,50MM - 2 1/2\"","m",1,0,{"$f":"IF(ISNUMBER(F5739),E5739*F5739,\"\")","v":0},{"$f":"SUM(G5739:G5739)","v":0},null,0]
[null,null,null,null,null,"",{"$f":"IF(ISNUMBER(F5740),E5740*F5740,\"\")","v":""},null,null,0]
["SF-01813",{"$f":"INDEX(Orçamentária!A:B,MATCH(Composições!A5741,Orçamentária!A:A,0),2)","v":"Eletroduto de aço galvanizado de 3” "},null,"m",null,"",{"$f":"IF(ISNUMBER(F5741),E5741*F5741,\"\")","v":""},null,null,0]
[null,null,null,null,null,"",{"$f":"IF(ISNUMBER(F5742),E5742*F5742,\"\")","v":""},null,null,0]
[null,null,"ELETRODUTO DE AÇO GALVANIZADO ELETROLÍTICO TIPO LEVE - ROSCA NBR 8133 - ESP. 1,50MM - 3\"","m",1,0,{"$f":"IF(ISNUMBER(F5743),E5743*F5743,\"\")","v":0},{"$f":"SUM(G5743:G5743)","v":0},null,0]
[null,null,null,null,null,"",{"$f":"IF(ISNUMBER(F5744),E5744*F5744,\"\")","v":""},null,null,0]
["SF-01814",{"$f":"INDEX(Orçamentária!A:B,MATCH(Composições!A5745,Orçamentária!A:A,0),2)","v":"Eletroduto de aço galvanizado de 4”"},null,"m",null,"",{"$f":"IF(ISNUMBER(F5745),E5745*F5745,\"\")","v":""},null,null,0]
[null,null,null,null,null,"",{"$f":"IF(ISNUMBER(F5746),E5746*F5746,\"\")","v":""},null,null,0]
[null,null,"ELETRODUTO DE AÇO GALVANIZADO ELETROLÍTICO TIPO LEVE - ROSCA NBR 8133 - ESP. 1,50MM - 4\"","un ",1,0,{"$f":"IF(ISNUMBER(F5747),E5747*F5747,\"\")","v":0},{"$f":"SUM(G5747:G5747)","v":0},null,0]
[null,null,null,null,null,"",{"$f":"IF(ISNUMBER(F5748),E5748*F5748,\"\")","v":""},null,null,0]
["SF-01824",{"$f":"INDEX(Orçamentária!A:B,MATCH(Composições!A5749,Orçamentária!A:A,0),2)","v":"Luva para eletroduto 1/2”"},null,"un",null,"",{"$f":"IF(ISNUMBER(F5749),E5749*F5749,\"\")","v":""},null,null,0]
[null,null,null,null,null,"",{"$f":"IF(ISNUMBER(F5750),E5750*F5750,\"\")","v":""},null,null,0]
[null,null,"LUVA PARA ELETRODUTO, EM ACO GALVANIZADO ELETROLITICO, DIAMETRO DE 15 MM (1/2\")","un",1,1.6435,{"$f":"IF(ISNUMBER(F5751),E5751*F5751,\"\")","v":1.6435},{"$f":"SUM(G5751:G5751)","v":1.6435},null,0]
[null,null,null,null,null,"",{"$f":"IF(ISNUMBER(F5752),E5752*F5752,\"\")","v":""},null,null,0]
["SF-01826",{"$f":"INDEX(Orçamentária!A:B,MATCH(Composições!A5753,Orçamentária!A:A,0),2)","v":"Curva para eletroduto 1/2”"},null,"un",null,"",{"$f":"IF(ISNUMBER(F5753),E5753*F5753,\"\")","v":""},null,null,0]
[null,null,null,null,null,"",{"$f":"IF(ISNUMBER(F5754),E5754*F5754,\"\")","v":""},null,null,0]
[null,null,"CURVA 90 GRAUS, PARA ELETRODUTO, EM ACO GALVANIZADO ELETROLITICO, DIAMETRO DE 15 MM (1/2\")","un",1,4.1040000000000001,{"$f":"IF(ISNUMBER(F5755),E5755*F5755,\"\")","v":4.1040000000000001},{"$f":"SUM(G5755:G5755)","v":4.1040000000000001},null,0]
[null,null,null,null,null,"",{"$f":"IF(ISNUMBER(F5756),E5756*F5756,\"\")","v":""},null,null,0]
["SF-01827",{"$f":"INDEX(Orçamentária!A:B,MATCH(Composições!A5757,Orçamentária!A:A,0),2)","v":"Conector reto para eletroduto 3/4”"},null,"un",null,"",{"$f":"IF(ISNUMBER(F5757),E5757*F5757,\"\")","v":""},null,null,0]
[null,null,null,null,null,"",{"$f":"IF(ISNUMBER(F5758),E5758*F5758,\"\")","v":""},null,null,0]
[null,null,"CONECTOR RETO DE ALUMINIO PARA ELETRODUTO DE 3/4\", PARA ADAPTAR ENTRADA DE ELETRODUTO METALICO FLEXIVEL EM QUADROS","un",1,1.7004999999999999,{"$f":"IF(ISNUMBER(F5759),E5759*F5759,\"\")","v":1.7004999999999999},{"$f":"SUM(G5759:G5759)","v":1.7004999999999999},null,0]
[null,null,null,null,null,"",{"$f":"IF(ISNUMBER(F5760),E5760*F5760,\"\")","v":""},null,null,0]
["SF-01828",{"$f":"INDEX(Orçamentária!A:B,MATCH(Composições!A5761,Orçamentária!A:A,0),2)","v":"Conector curvo para eletroduto 3/4”"},null,"un",null,"",{"$f":"IF(ISNUMBER(F5761),E5761*F5761,\"\")","v":""},null,null,0]
[null,null,null,null,null,"",{"$f":"IF(ISNUMBER(F5762),E5762*F5762,\"\")","v":""},null,null,0]
[null,null,"CONECTOR CURVO 90 GRAUS DE ALUMINIO, BITOLA 3/4\", PARA ADAPTAR ENTRADA DE ELETRODUTO METALICO FLEXIVEL EM QUADROS","un",1,8.0274999999999981,{"$f":"IF(ISNUMBER(F5763),E5763*F5763,\"\")","v":8.0274999999999981},{"$f":"SUM(G5763:G5763)","v":8.0274999999999981},null,0]
[null,null,null,null,null,"",{"$f":"IF(ISNUMBER(F5764),E5764*F5764,\"\")","v":""},null,null,0]
["SF-01829",{"$f":"INDEX(Orçamentária!A:B,MATCH(Composições!A5765,Orçamentária!A:A,0),2)","v":"Luva para eletroduto 3/4”"},null,"un",null,"",{"$f":"IF(ISNUMBER(F5765),E5765*F5765,\"\")","v":""},null,null,0]
[null,null,null,null,null,"",{"$f":"IF(ISNUMBER(F5766),E5766*F5766,\"\")","v":""},null,null,0]
[null,null,"LUVA PARA ELETRODUTO, EM ACO GALVANIZADO ELETROLITICO, DIAMETRO DE 20 MM (3/4\")","un",1,1.748,{"$f":"IF(ISNUMBER(F5767),E5767*F5767,\"\")","v":1.748},{"$f":"SUM(G5767:G5767)","v":1.748},null,0]
[null,null,null,null,null,"",{"$f":"IF(ISNUMBER(F5768),E5768*F5768,\"\")","v":""},null,null,0]
["SF-01831",{"$f":"INDEX(Orçamentária!A:B,MATCH(Composições!A5769,Orçamentária!A:A,0),2)","v":"Curva para eletroduto 3/4”"},null,"un",null,"",{"$f":"IF(ISNUMBER(F5769),E5769*F5769,\"\")","v":""},null,null,0]
[null,null,null,null,null,"",{"$f":"IF(ISNUMBER(F5770),E5770*F5770,\"\")","v":""},null,null,0]
[null,null,"CURVA 90 GRAUS, PARA ELETRODUTO, EM ACO GALVANIZADO ELETROLITICO, DIAMETRO DE 20 MM (3/4\")","un",1,4.6360000000000001,{"$f":"IF(ISNUMBER(F5771),E5771*F5771,\"\")","v":4.6360000000000001},{"$f":"SUM(G5771:G5771)","v":4.6360000000000001},null,0]
[null,null,null,null,null,"",{"$f":"IF(ISNUMBER(F5772),E5772*F5772,\"\")","v":""},null,null,0]
["SF-01832",{"$f":"INDEX(Orçamentária!A:B,MATCH(Composições!A5773,Orçamentária!A:A,0),2)","v":"Conector reto para eletroduto 1”"},null,"un",null,"",{"$f":"IF(ISNUMBER(F5773),E5773*F5773,\"\")","v":""},null,null,0]
[null,null,null,null,null,"",{"$f":"IF(ISNUMBER(F5774),E5774*F5774,\"\")","v":""},null,null,0]
[null,null,"CONECTOR RETO DE ALUMINIO PARA ELETRODUTO DE 1\", PARA ADAPTAR ENTRADA DE ELETRODUTO METALICO FLEXIVEL EM QUADROS","un",1,3.0305,{"$f":"IF(ISNUMBER(F5775),E5775*F5775,\"\")","v":3.0305},{"$f":"SUM(G5775:G5775)","v":3.0305},null,0]
[null,null,null,null,null,"",{"$f":"IF(ISNUMBER(F5776),E5776*F5776,\"\")","v":""},null,null,0]
["SF-01833",{"$f":"INDEX(Orçamentária!A:B,MATCH(Composições!A5777,Orçamentária!A:A,0),2)","v":"Conector curvo para eletroduto 1”"},null,"un",null,"",{"$f":"IF(ISNUMBER(F5777),E5777*F5777,\"\")","v":""},null,null,0]
[null,null,null,null,null,"",{"$f":"IF(ISNUMBER(F5778),E5778*F5778,\"\")","v":""},null,null,0]
[null,null,"CONECTOR CURVO 90 GRAUS DE ALUMINIO, BITOLA 1\", PARA ADAPTAR ENTRADA DE ELETRODUTO METALICO FLEXIVEL EM QUADROS","un",1,9.6425000000000001,{"$f":"IF(ISNUMBER(F5779),E5779*F5779,\"\")","v":9.6425000000000001},{"$f":"SUM(G5779:G5779)","v":9.6425000000000001},null,0]
[null,null,null,null,null,"",{"$f":"IF(ISNUMBER(F5780),E5780*F5780,\"\")","v":""},null,null,0]
["SF-01834",{"$f":"INDEX(Orçamentária!A:B,MATCH(Composições!A5781,Orçamentária!A:A,0),2)","v":"Luva para eletroduto 1”"},null,"un",null,"",{"$f":"IF(ISNUMBER(F5781),E5781*F5781,\"\")","v":""},null,null,0]
[null,null,null,null,null,"",{"$f":"IF(ISNUMBER(F5782),E5782*F5782,\"\")","v":""},null,null,0]
[null,null,"LUVA PARA ELETRODUTO, EM ACO GALVANIZADO ELETROLITICO, DIAMETRO DE 25 MM (1\")","un",1,2.0329999999999999,{"$f":"IF(ISNUMBER(F5783),E5783*F5783,\"\")","v":2.0329999999999999},{"$f":"SUM(G5783:G5783)","v":2.0329999999999999},null,0]
[null,null,null,null,null,"",{"$f":"IF(ISNUMBER(F5784),E5784*F5784,\"\")","v":""},null,null,0]
["SF-01836",{"$f":"INDEX(Orçamentária!A:B,MATCH(Composições!A5785,Orçamentária!A:A,0),2)","v":"Curva para eletroduto 1”"},null,"un",null,"",{"$f":"IF(ISNUMBER(F5785),E5785*F5785,\"\")","v":""},null,null,0]
[null,null,null,null,null,"",{"$f":"IF(ISNUMBER(F5786),E5786*F5786,\"\")","v":""},null,null,0]
[null,null,"CURVA 90 GRAUS, PARA ELETRODUTO, EM ACO GALVANIZADO ELETROLITICO, DIAMETRO DE 25 MM (1\")","un",1,6.3079999999999998,{"$f":"IF(ISNUMBER(F5787),E5787*F5787,\"\")","v":6.3079999999999998},{"$f":"SUM(G5787:G5787)","v":6.3079999999999998},null,0]
[null,null,null,null,null,"",{"$f":"IF(ISNUMBER(F5788),E5788*F5788,\"\")","v":""},null,null,0]
["SF-01837",{"$f":"INDEX(Orçamentária!A:B,MATCH(Composições!A5789,Orçamentária!A:A,0),2)","v":"Conector reto para eletroduto 1 1/4”"},null,"un",null,"",{"$f":"IF(ISNUMBER(F5789),E5789*F5789,\"\")","v":""},null,null,0]
[null,null,null,null,null,"",{"$f":"IF(ISNUMBER(F5790),E5790*F5790,\"\")","v":""},null,null,0]
[null,null,"CONECTOR RETO DE ALUMINIO PARA ELETRODUTO DE 1 1/4\", PARA ADAPTAR ENTRADA DE ELETRODUTO METALICO FLEXIVEL EM QUADROS","un",1,4.2560000000000002,{"$f":"IF(ISNUMBER(F5791),E5791*F5791,\"\")","v":4.2560000000000002},{"$f":"SUM(G5791:G5791)","v":4.2560000000000002},null,0]
[null,null,null,null,null,"",{"$f":"IF(ISNUMBER(F5792),E5792*F5792,\"\")","v":""},null,null,0]
["SF-01838",{"$f":"INDEX(Orçamentária!A:B,MATCH(Composições!A5793,Orçamentária!A:A,0),2)","v":"Conector curvo para eletroduto 1 1/4”"},null,"un",null,"",{"$f":"IF(ISNUMBER(F5793),E5793*F5793,\"\")","v":""},null,null,0]
[null,null,null,null,null,"",{"$f":"IF(ISNUMBER(F5794),E5794*F5794,\"\")","v":""},null,null,0]
[null,null,"CONECTOR CURVO 90 GRAUS DE ALUMINIO, BITOLA 1 1/4\", PARA ADAPTAR ENTRADA DE ELETRODUTO METALICO FLEXIVEL EM QUADROS","un",1,12.007999999999999,{"$f":"IF(ISNUMBER(F5795),E5795*F5795,\"\")","v":12.007999999999999},{"$f":"SUM(G5795:G5795)","v":12.007999999999999},null,0]
[null,null,null,null,null,"",{"$f":"IF(ISNUMBER(F5796),E5796*F5796,\"\")","v":""},null,null,0]
["SF-01839",{"$f":"INDEX(Orçamentária!A:B,MATCH(Composições!A5797,Orçamentária!A:A,0),2)","v":"Luva para eletroduto 1 1/4”"},null,"un",null,"",{"$f":"IF(ISNUMBER(F5797),E5797*F5797,\"\")","v":""},null,null,0]
[null,null,null,null,null,"",{"$f":"IF(ISNUMBER(F5798),E5798*F5798,\"\")","v":""},null,null,0]
[null,null,"LUVA PARA ELETRODUTO, EM ACO GALVANIZADO ELETROLITICO, DIAMETRO DE 32 MM (1 1/4\")","un",1,3.61,{"$f":"IF(ISNUMBER(F5799),E5799*F5799,\"\")","v":3.61},{"$f":"SUM(G5799:G5799)","v":3.61},null,0]
[null,null,null,null,null,"",{"$f":"IF(ISNUMBER(F5800),E5800*F5800,\"\")","v":""},null,null,0]
["SF-01841",{"$f":"INDEX(Orçamentária!A:B,MATCH(Composições!A5801,Orçamentária!A:A,0),2)","v":"Curva para eletroduto 1 1/4”"},null,"un",null,"",{"$f":"IF(ISNUMBER(F5801),E5801*F5801,\"\")","v":""},null,null,0]
[null,null,null,null,null,"",{"$f":"IF(ISNUMBER(F5802),E5802*F5802,\"\")","v":""},null,null,0]
[null,null,"CURVA 90 GRAUS, PARA ELETRODUTO, EM ACO GALVANIZADO ELETROLITICO, DIAMETRO DE 32 MM (1 1/4\")","un",1,14.363999999999999,{"$f":"IF(ISNUMBER(F5803),E5803*F5803,\"\")","v":14.363999999999999},{"$f":"SUM(G5803:G5803)","v":14.363999999999999},null,0]
[null,null,null,null,null,"",{"$f":"IF(ISNUMBER(F5804),E5804*F5804,\"\")","v":""},null,null,0]
["SF-01842",{"$f":"INDEX(Orçamentária!A:B,MATCH(Composições!A5805,Orçamentária!A:A,0),2)","v":"Conector reto para eletroduto 1 1/2”"},null,"un",null,"",{"$f":"IF(ISNUMBER(F5805),E5805*F5805,\"\")","v":""},null,null,0]
[null,null,null,null,null,"",{"$f":"IF(ISNUMBER(F5806),E5806*F5806,\"\")","v":""},null,null,0]
[null,null,"CONECTOR RETO DE ALUMINIO PARA ELETRODUTO DE 1 1/2\", PARA ADAPTAR ENTRADA DE ELETRODUTO METALICO FLEXIVEL EM QUADROS","un",1,6.6499999999999995,{"$f":"IF(ISNUMBER(F5807),E5807*F5807,\"\")","v":6.6499999999999995},{"$f":"SUM(G5807:G5807)","v":6.6499999999999995},null,0]
[null,null,null,null,null,"",{"$f":"IF(ISNUMBER(F5808),E5808*F5808,\"\")","v":""},null,null,0]
["SF-01843",{"$f":"INDEX(Orçamentária!A:B,MATCH(Composições!A5809,Orçamentária!A:A,0),2)","v":"Conector curvo para eletroduto 1 1/2”"},null,"un",null,"",{"$f":"IF(ISNUMBER(F5809),E5809*F5809,\"\")","v":""},null,null,0]
[null,null,null,null,null,"",{"$f":"IF(ISNUMBER(F5810),E5810*F5810,\"\")","v":""},null,null,0]
[null,null,"CONECTOR CURVO 90 GRAUS DE ALUMINIO, BITOLA 1 1/2\", PARA ADAPTAR ENTRADA DE ELETRODUTO METALICO FLEXIVEL EM QUADROS","un",1,18.581999999999997,{"$f":"IF(ISNUMBER(F5811),E5811*F5811,\"\")","v":18.581999999999997},{"$f":"SUM(G5811:G5811)","v":18.581999999999997},null,0]
[null,null,null,null,null,"",{"$f":"IF(ISNUMBER(F5812),E5812*F5812,\"\")","v":""},null,null,0]
["SF-01844",{"$f":"INDEX(Orçamentária!A:B,MATCH(Composições!A5813,Orçamentária!A:A,0),2)","v":"Luva para eletroduto 1 1/2”"},null,"un",null,"",{"$f":"IF(ISNUMBER(F5813),E5813*F5813,\"\")","v":""},null,null,0]
[null,null,null,null,null,"",{"$f":"IF(ISNUMBER(F5814),E5814*F5814,\"\")","v":""},null,null,0]
[null,null,"LUVA PARA ELETRODUTO, EM ACO GALVANIZADO ELETROLITICO, DIAMETRO DE 40 MM (1 1/2\")","un",1,5.2249999999999996,{"$f":"IF(ISNUMBER(F5815),E5815*F5815,\"\")","v":5.2249999999999996},{"$f":"SUM(G5815:G5815)","v":5.2249999999999996},null,0]
[null,null,null,null,null,"",{"$f":"IF(ISNUMBER(F5816),E5816*F5816,\"\")","v":""},null,null,0]
["SF-01846",{"$f":"INDEX(Orçamentária!A:B,MATCH(Composições!A5689,Orçamentária!A:A,0),2)","v":"Terminal de compressão 240 mm²"},null,"un",null,"",{"$f":"IF(ISNUMBER(F5817),E5817*F5817,\"\")","v":""},null,null,0]
[null,null,null,null,null,"",{"$f":"IF(ISNUMBER(F5818),E5818*F5818,\"\")","v":""},null,null,0]
[null,null,"CURVA 90 GRAUS, PARA ELETRODUTO, EM ACO GALVANIZADO ELETROLITICO, DIAMETRO DE 40 MM (1 1/2\")","un",1,17.518000000000001,{"$f":"IF(ISNUMBER(F5819),E5819*F5819,\"\")","v":17.518000000000001},{"$f":"SUM(G5819:G5819)","v":17.518000000000001},null,0]
[null,null,null,null,null,"",{"$f":"IF(ISNUMBER(F5820),E5820*F5820,\"\")","v":""},null,null,0]
["SF-01847",{"$f":"INDEX(Orçamentária!A:B,MATCH(Composições!A5821,Orçamentária!A:A,0),2)","v":"Conector reto para eletroduto 2”"},null,"un",null,"",{"$f":"IF(ISNUMBER(F5821),E5821*F5821,\"\")","v":""},null,null,0]
[null,null,null,null,null,"",{"$f":"IF(ISNUMBER(F5822),E5822*F5822,\"\")","v":""},null,null,0]
[null,null,"CONECTOR RETO DE ALUMINIO PARA ELETRODUTO DE 2\", PARA ADAPTAR ENTRADA DE ELETRODUTO METALICO FLEXIVEL EM QUADROS","un",1,7.3719999999999999,{"$f":"IF(ISNUMBER(F5823),E5823*F5823,\"\")","v":7.3719999999999999},{"$f":"SUM(G5823:G5823)","v":7.3719999999999999},null,0]
[null,null,null,null,null,"",{"$f":"IF(ISNUMBER(F5824),E5824*F5824,\"\")","v":""},null,null,0]
["SF-01848",{"$f":"INDEX(Orçamentária!A:B,MATCH(Composições!A5825,Orçamentária!A:A,0),2)","v":"Conector curvo para eletroduto 2”"},null,"un",null,"",{"$f":"IF(ISNUMBER(F5825),E5825*F5825,\"\")","v":""},null,null,0]
[null,null,null,null,null,"",{"$f":"IF(ISNUMBER(F5826),E5826*F5826,\"\")","v":""},null,null,0]
[null,null,"CONECTOR CURVO 90 GRAUS DE ALUMINIO, BITOLA 2\", PARA ADAPTAR ENTRADA DE ELETRODUTO METALICO FLEXIVEL EM QUADROS","un",1,37.648499999999999,{"$f":"IF(ISNUMBER(F5827),E5827*F5827,\"\")","v":37.648499999999999},{"$f":"SUM(G5827:G5827)","v":37.648499999999999},null,0]
[null,null,null,null,null,"",{"$f":"IF(ISNUMBER(F5828),E5828*F5828,\"\")","v":""},null,null,0]
["SF-01849",{"$f":"INDEX(Orçamentária!A:B,MATCH(Composições!A5829,Orçamentária!A:A,0),2)","v":"Luva para eletroduto 2”"},null,"un",null,"",{"$f":"IF(ISNUMBER(F5829),E5829*F5829,\"\")","v":""},null,null,0]
[null,null,null,null,null,"",{"$f":"IF(ISNUMBER(F5830),E5830*F5830,\"\")","v":""},null,null,0]
[null,null,"LUVA PARA ELETRODUTO, EM ACO GALVANIZADO ELETROLITICO, DIAMETRO DE 50 MM (2\")","un",1,7.2770000000000001,{"$f":"IF(ISNUMBER(F5831),E5831*F5831,\"\")","v":7.2770000000000001},{"$f":"SUM(G5831:G5831)","v":7.2770000000000001},null,0]
[null,null,null,null,null,"",{"$f":"IF(ISNUMBER(F5832),E5832*F5832,\"\")","v":""},null,null,0]
["SF-01851",{"$f":"INDEX(Orçamentária!A:B,MATCH(Composições!A5833,Orçamentária!A:A,0),2)","v":"Curva para eletroduto 2”"},null,"un",null,"",{"$f":"IF(ISNUMBER(F5833),E5833*F5833,\"\")","v":""},null,null,0]
[null,null,null,null,null,"",{"$f":"IF(ISNUMBER(F5834),E5834*F5834,\"\")","v":""},null,null,0]
[null,null,"CURVA 90 GRAUS, PARA ELETRODUTO, EM ACO GALVANIZADO ELETROLITICO, DIAMETRO DE 50 MM (2\")","un",1,25.7165,{"$f":"IF(ISNUMBER(F5835),E5835*F5835,\"\")","v":25.7165},{"$f":"SUM(G5835:G5835)","v":25.7165},null,0]
[null,null,null,null,null,"",{"$f":"IF(ISNUMBER(F5836),E5836*F5836,\"\")","v":""},null,null,0]
["SF-01853",{"$f":"INDEX(Orçamentária!A:B,MATCH(Composições!A5837,Orçamentária!A:A,0),2)","v":"Conector curvo para eletroduto 2 1/2”"},null,"un",null,"",{"$f":"IF(ISNUMBER(F5837),E5837*F5837,\"\")","v":""},null,null,0]
[null,null,null,null,null,"",{"$f":"IF(ISNUMBER(F5838),E5838*F5838,\"\")","v":""},null,null,0]
[null,null,"CONECTOR CURVO 90 GRAUS DE ALUMINIO, BITOLA 2 1/2\", PARA ADAPTAR ENTRADA DE ELETRODUTO METALICO FLEXIVEL EM QUADROS","un",1,88.454499999999996,{"$f":"IF(ISNUMBER(F5839),E5839*F5839,\"\")","v":88.454499999999996},{"$f":"SUM(G5839:G5839)","v":88.454499999999996},null,0]
[null,null,null,null,null,"",{"$f":"IF(ISNUMBER(F5840),E5840*F5840,\"\")","v":""},null,null,0]
["SF-01854",{"$f":"INDEX(Orçamentária!A:B,MATCH(Composições!A5841,Orçamentária!A:A,0),2)","v":"Luva para eletroduto 2 1/2”"},null,"un",null,"",{"$f":"IF(ISNUMBER(F5841),E5841*F5841,\"\")","v":""},null,null,0]
[null,null,null,null,null,"",{"$f":"IF(ISNUMBER(F5842),E5842*F5842,\"\")","v":""},null,null,0]
[null,null,"LUVA PARA ELETRODUTO, EM ACO GALVANIZADO ELETROLITICO, DIAMETRO DE 65 MM (2 1/2\")","un",1,10.620999999999999,{"$f":"IF(ISNUMBER(F5843),E5843*F5843,\"\")","v":10.620999999999999},{"$f":"SUM(G5843:G5843)","v":10.620999999999999},null,0]
[null,null,null,null,null,"",{"$f":"IF(ISNUMBER(F5844),E5844*F5844,\"\")","v":""},null,null,0]
["SF-01856",{"$f":"INDEX(Orçamentária!A:B,MATCH(Composições!A5845,Orçamentária!A:A,0),2)","v":"Curva para eletroduto 2 1/2”"},null,"un",null,"",{"$f":"IF(ISNUMBER(F5845),E5845*F5845,\"\")","v":""},null,null,0]
[null,null,null,null,null,"",{"$f":"IF(ISNUMBER(F5846),E5846*F5846,\"\")","v":""},null,null,0]
[null,null,"CURVA 90 GRAUS, PARA ELETRODUTO, EM ACO GALVANIZADO ELETROLITICO, DIAMETRO DE 65 MM (2 1/2\")","un",1,65.122499999999988,{"$f":"IF(ISNUMBER(F5847),E5847*F5847,\"\")","v":65.122499999999988},{"$f":"SUM(G5847:G5847)","v":65.122499999999988},null,0]
[null,null,null,null,null,"",{"$f":"IF(ISNUMBER(F5848),E5848*F5848,\"\")","v":""},null,null,0]
["SF-01857",{"$f":"INDEX(Orçamentária!A:B,MATCH(Composições!A5849,Orçamentária!A:A,0),2)","v":"Conector reto para eletroduto 3”"},null,"un",null,"",{"$f":"IF(ISNUMBER(F5849),E5849*F5849,\"\")","v":""},null,null,0]
[null,null,null,null,null,"",{"$f":"IF(ISNUMBER(F5850),E5850*F5850,\"\")","v":""},null,null,0]
[null,null,"CONECTOR RETO DE ALUMINIO PARA ELETRODUTO DE 3\", PARA ADAPTAR ENTRADA DE ELETRODUTO METALICO FLEXIVEL EM QUADROS","un",1,24.310499999999998,{"$f":"IF(ISNUMBER(F5851),E5851*F5851,\"\")","v":24.310499999999998},{"$f":"SUM(G5851:G5851)","v":24.310499999999998},null,0]
[null,null,null,null,null,"",{"$f":"IF(ISNUMBER(F5852),E5852*F5852,\"\")","v":""},null,null,0]
["SF-01858",{"$f":"INDEX(Orçamentária!A:B,MATCH(Composições!A5853,Orçamentária!A:A,0),2)","v":"Conector curvo para eletroduto 3”"},null,"un",null,"",{"$f":"IF(ISNUMBER(F5853),E5853*F5853,\"\")","v":""},null,null,0]
[null,null,null,null,null,"",{"$f":"IF(ISNUMBER(F5854),E5854*F5854,\"\")","v":""},null,null,0]
[null,null,"CONECTOR CURVO 90 GRAUS DE ALUMINIO, BITOLA 3\", PARA ADAPTAR ENTRADA DE ELETRODUTO METALICO FLEXIVEL EM QUADROS","un",1,106.65649999999999,{"$f":"IF(ISNUMBER(F5855),E5855*F5855,\"\")","v":106.65649999999999},{"$f":"SUM(G5855:G5855)","v":106.65649999999999},null,0]
[null,null,null,null,null,"",{"$f":"IF(ISNUMBER(F5856),E5856*F5856,\"\")","v":""},null,null,0]
["SF-01859",{"$f":"INDEX(Orçamentária!A:B,MATCH(Composições!A5857,Orçamentária!A:A,0),2)","v":"Luva para eletroduto 3”"},null,"un",null,"",{"$f":"IF(ISNUMBER(F5857),E5857*F5857,\"\")","v":""},null,null,0]
[null,null,null,null,null,"",{"$f":"IF(ISNUMBER(F5858),E5858*F5858,\"\")","v":""},null,null,0]
[null,null,"LUVA PARA ELETRODUTO, EM ACO GALVANIZADO ELETROLITICO, DIAMETRO DE 80 MM (3\")","un",1,16.1785,{"$f":"IF(ISNUMBER(F5859),E5859*F5859,\"\")","v":16.1785},{"$f":"SUM(G5859:G5859)","v":16.1785},null,0]
[null,null,null,null,null,"",{"$f":"IF(ISNUMBER(F5860),E5860*F5860,\"\")","v":""},null,null,0]
["SF-01861",{"$f":"INDEX(Orçamentária!A:B,MATCH(Composições!A5861,Orçamentária!A:A,0),2)","v":"Curva para eletroduto 3”"},null,"un",null,"",{"$f":"IF(ISNUMBER(F5861),E5861*F5861,\"\")","v":""},null,null,0]
[null,null,null,null,null,"",{"$f":"IF(ISNUMBER(F5862),E5862*F5862,\"\")","v":""},null,null,0]
[null,null,"CURVA 90 GRAUS, PARA ELETRODUTO, EM ACO GALVANIZADO ELETROLITICO, DIAMETRO DE 80 MM (3\")","un",1,85.5,{"$f":"IF(ISNUMBER(F5863),E5863*F5863,\"\")","v":85.5},{"$f":"SUM(G5863:G5863)","v":85.5},null,0]
[null,null,null,null,null,"",{"$f":"IF(ISNUMBER(F5864),E5864*F5864,\"\")","v":""},null,null,0]
["SF-01862",{"$f":"INDEX(Orçamentária!A:B,MATCH(Composições!A5865,Orçamentária!A:A,0),2)","v":"Conector reto para eletroduto 4”"},null,"un",null,"",{"$f":"IF(ISNUMBER(F5865),E5865*F5865,\"\")","v":""},null,null,0]
[null,null,null,null,null,"",{"$f":"IF(ISNUMBER(F5866),E5866*F5866,\"\")","v":""},null,null,0]
[null,null,"CONECTOR RETO DE ALUMINIO PARA ELETRODUTO DE 4\", PARA ADAPTAR ENTRADA DE ELETRODUTO METALICO FLEXIVEL EM QUADROS","un",1,38.104499999999994,{"$f":"IF(ISNUMBER(F5867),E5867*F5867,\"\")","v":38.104499999999994},{"$f":"SUM(G5867:G5867)","v":38.104499999999994},null,0]
[null,null,null,null,null,"",{"$f":"IF(ISNUMBER(F5868),E5868*F5868,\"\")","v":""},null,null,0]
["SF-01863",{"$f":"INDEX(Orçamentária!A:B,MATCH(Composições!A5869,Orçamentária!A:A,0),2)","v":"Conector curvo para eletroduto 4”"},null,"un",null,"",{"$f":"IF(ISNUMBER(F5869),E5869*F5869,\"\")","v":""},null,null,0]
[null,null,null,null,null,"",{"$f":"IF(ISNUMBER(F5870),E5870*F5870,\"\")","v":""},null,null,0]
[null,null,"CONECTOR CURVO 90 GRAUS DE ALUMINIO, BITOLA 4\", PARA ADAPTAR ENTRADA DE ELETRODUTO METALICO FLEXIVEL EM QUADROS","un",1,196.30799999999996,{"$f":"IF(ISNUMBER(F5871),E5871*F5871,\"\")","v":196.30799999999996},{"$f":"SUM(G5871:G5871)","v":196.30799999999996},null,0]
[null,null,null,null,null,"",{"$f":"IF(ISNUMBER(F5872),E5872*F5872,\"\")","v":""},null,null,0]
["SF-01864",{"$f":"INDEX(Orçamentária!A:B,MATCH(Composições!A5873,Orçamentária!A:A,0),2)","v":"Luva para eletroduto 4”"},null,"un",null,"",{"$f":"IF(ISNUMBER(F5873),E5873*F5873,\"\")","v":""},null,null,0]
[null,null,null,null,null,"",{"$f":"IF(ISNUMBER(F5874),E5874*F5874,\"\")","v":""},null,null,0]
[null,null,"LUVA PARA ELETRODUTO, EM ACO GALVANIZADO ELETROLITICO, DIAMETRO DE 100 MM (4\")","un",1,25.526499999999999,{"$f":"IF(ISNUMBER(F5875),E5875*F5875,\"\")","v":25.526499999999999},{"$f":"SUM(G5875:G5875)","v":25.526499999999999},null,0]
[null,null,null,null,null,"",{"$f":"IF(ISNUMBER(F5876),E5876*F5876,\"\")","v":""},null,null,0]
["SF-01866",{"$f":"INDEX(Orçamentária!A:B,MATCH(Composições!A5877,Orçamentária!A:A,0),2)","v":"Curva para eletroduto 4”"},null,"un",null,"",{"$f":"IF(ISNUMBER(F5877),E5877*F5877,\"\")","v":""},null,null,0]
[null,null,null,null,null,"",{"$f":"IF(ISNUMBER(F5878),E5878*F5878,\"\")","v":""},null,null,0]
[null,null,"CURVA 90 GRAUS, PARA ELETRODUTO, EM ACO GALVANIZADO ELETROLITICO, DIAMETRO DE 100 MM (4\")","un",1,145.00799999999998,{"$f":"IF(ISNUMBER(F5879),E5879*F5879,\"\")","v":145.00799999999998},{"$f":"SUM(G5879:G5879)","v":145.00799999999998},null,0]
[null,null,null,null,null,"",{"$f":"IF(ISNUMBER(F5880),E5880*F5880,\"\")","v":""},null,null,0]
["SF-01867",{"$f":"INDEX(Orçamentária!A:B,MATCH(Composições!A5881,Orçamentária!A:A,0),2)","v":"Eletroduto de PVC Corrugado Reforçado 3/4” (DE 25mm)"},null,"m",null,"",{"$f":"IF(ISNUMBER(F5881),E5881*F5881,\"\")","v":""},null,null,0]
[null,null,null,null,null,"",{"$f":"IF(ISNUMBER(F5882),E5882*F5882,\"\")","v":""},null,null,0]
[null,null,"ELETRODUTO PVC FLEXIVEL CORRUGADO, REFORCADO, COR LARANJA, DE 25 MM, PARA LAJES E PISOS","m",1,4.3605,{"$f":"IF(ISNUMBER(F5883),E5883*F5883,\"\")","v":4.3605},{"$f":"SUM(G5883:G5883)","v":4.3605},null,0]
[null,null,null,null,null,"",{"$f":"IF(ISNUMBER(F5884),E5884*F5884,\"\")","v":""},null,null,0]
["SF-01868",{"$f":"INDEX(Orçamentária!A:B,MATCH(Composições!A5885,Orçamentária!A:A,0),2)","v":"Eletroduto de PVC Corrugado Reforçado 1” (DE 32mm)"},null,"m",null,"",{"$f":"IF(ISNUMBER(F5885),E5885*F5885,\"\")","v":""},null,null,0]
[null,null,null,null,null,"",{"$f":"IF(ISNUMBER(F5886),E5886*F5886,\"\")","v":""},null,null,0]
[null,null,"ELETRODUTO PVC FLEXIVEL CORRUGADO, REFORCADO, COR LARANJA, DE 32 MM, PARA LAJES E PISOS","m",1,8.3885000000000005,{"$f":"IF(ISNUMBER(F5887),E5887*F5887,\"\")","v":8.3885000000000005},{"$f":"SUM(G5887:G5887)","v":8.3885000000000005},null,0]
[null,null,null,null,null,"",{"$f":"IF(ISNUMBER(F5888),E5888*F5888,\"\")","v":""},null,null,0]
["SF-01869",{"$f":"INDEX(Orçamentária!A:B,MATCH(Composições!A5889,Orçamentária!A:A,0),2)","v":"Eletroduto flexível metálico com capa de PVC 3/4”"},null,"m",null,"",{"$f":"IF(ISNUMBER(F5889),E5889*F5889,\"\")","v":""},null,null,0]
[null,null,null,null,null,"",{"$f":"IF(ISNUMBER(F5890),E5890*F5890,\"\")","v":""},null,null,0]
[null,null,"ELETRODUTO FLEXIVEL, EM ACO GALVANIZADO, REVESTIDO EXTERNAMENTE COM PVC PRETO, DIAMETRO EXTERNO DE 25 MM (3/4\"), TIPO SEALTUBO","m",1,10.535499999999999,{"$f":"IF(ISNUMBER(F5891),E5891*F5891,\"\")","v":10.535499999999999},{"$f":"SUM(G5891:G5891)","v":10.535499999999999},null,0]
[null,null,null,null,null,"",{"$f":"IF(ISNUMBER(F5892),E5892*F5892,\"\")","v":""},null,null,0]
["SF-01871",{"$f":"INDEX(Orçamentária!A:B,MATCH(Composições!A5893,Orçamentária!A:A,0),2)","v":"Eletroduto flexível metálico com capa de PVC 1”"},null,"m",null,"",{"$f":"IF(ISNUMBER(F5893),E5893*F5893,\"\")","v":""},null,null,0]
[null,null,null,null,null,"",{"$f":"IF(ISNUMBER(F5894),E5894*F5894,\"\")","v":""},null,null,0]
[null,null,"ELETRODUTO FLEXIVEL, EM ACO GALVANIZADO, REVESTIDO EXTERNAMENTE COM PVC PRETO, DIAMETRO EXTERNO DE 32 MM (1\"), TIPO SEALTUBO","m",1,13.8225,{"$f":"IF(ISNUMBER(F5895),E5895*F5895,\"\")","v":13.8225},{"$f":"SUM(G5895:G5895)","v":13.8225},null,0]
[null,null,null,null,null,"",{"$f":"IF(ISNUMBER(F5896),E5896*F5896,\"\")","v":""},null,null,0]
["SF-01873",{"$f":"INDEX(Orçamentária!A:B,MATCH(Composições!A5897,Orçamentária!A:A,0),2)","v":"Eletroduto flexível metálico com capa de PVC 1 1/4”"},null,"m",null,"",{"$f":"IF(ISNUMBER(F5897),E5897*F5897,\"\")","v":""},null,null,0]
[null,null,null,null,null,"",{"$f":"IF(ISNUMBER(F5898),E5898*F5898,\"\")","v":""},null,null,0]
[null,null,"ELETRODUTO FLEXIVEL, EM ACO GALVANIZADO, REVESTIDO EXTERNAMENTE COM PVC PRETO, DIAMETRO EXTERNO DE 40 MM (1 1/4\"), TIPO SEALTUBO","m",1,20.852499999999999,{"$f":"IF(ISNUMBER(F5899),E5899*F5899,\"\")","v":20.852499999999999},{"$f":"SUM(G5899:G5899)","v":20.852499999999999},null,0]
[null,null,null,null,null,"",{"$f":"IF(ISNUMBER(F5900),E5900*F5900,\"\")","v":""},null,null,0]
["SF-01875",{"$f":"INDEX(Orçamentária!A:B,MATCH(Composições!A5901,Orçamentária!A:A,0),2)","v":"Eletroduto flexível metálico com capa de PVC 1 1/2”"},null,"m",null,"",{"$f":"IF(ISNUMBER(F5901),E5901*F5901,\"\")","v":""},null,null,0]
[null,null,null,null,null,"",{"$f":"IF(ISNUMBER(F5902),E5902*F5902,\"\")","v":""},null,null,0]
[null,null,"ELETRODUTO FLEXIVEL, EM ACO GALVANIZADO, REVESTIDO EXTERNAMENTE COM PVC PRETO, DIAMETRO EXTERNO DE 50 MM( 1 1/2\"), TIPO SEALTUBO","m",1,26.847000000000001,{"$f":"IF(ISNUMBER(F5903),E5903*F5903,\"\")","v":26.847000000000001},{"$f":"SUM(G5903:G5903)","v":26.847000000000001},null,0]
[null,null,null,null,null,"",{"$f":"IF(ISNUMBER(F5904),E5904*F5904,\"\")","v":""},null,null,0]
["SF-01877",{"$f":"INDEX(Orçamentária!A:B,MATCH(Composições!A5905,Orçamentária!A:A,0),2)","v":"Eletroduto flexível metálico com capa de PVC 2”"},null,"m",null,"",{"$f":"IF(ISNUMBER(F5905),E5905*F5905,\"\")","v":""},null,null,0]
[null,null,null,null,null,"",{"$f":"IF(ISNUMBER(F5906),E5906*F5906,\"\")","v":""},null,null,0]
[null,null,"ELETRODUTO FLEXIVEL, EM ACO GALVANIZADO, REVESTIDO EXTERNAMENTE COM PVC PRETO, DIAMETRO EXTERNO DE 60 MM (2\"), TIPO SEALTUBO","m",1,35.757999999999996,{"$f":"IF(ISNUMBER(F5907),E5907*F5907,\"\")","v":35.757999999999996},{"$f":"SUM(G5907:G5907)","v":35.757999999999996},null,0]
[null,null,null,null,null,"",{"$f":"IF(ISNUMBER(F5908),E5908*F5908,\"\")","v":""},null,null,0]
["SF-01879",{"$f":"INDEX(Orçamentária!A:B,MATCH(Composições!A5909,Orçamentária!A:A,0),2)","v":"Eletroduto de PEAD de 1 1/4”"},null,"m",null,"",{"$f":"IF(ISNUMBER(F5909),E5909*F5909,\"\")","v":""},null,null,0]
[null,null,null,null,null,"",{"$f":"IF(ISNUMBER(F5910),E5910*F5910,\"\")","v":""},null,null,0]
[null,null,"ELETRODUTO/DUTO PEAD FLEXIVEL PAREDE SIMPLES, CORRUGACAO HELICOIDAL, COR PRETA, SEM ROSCA, DE 1 1/4\", PARA CABEAMENTO SUBTERRANEO (NBR 15715)","m",1,3.6574999999999998,{"$f":"IF(ISNUMBER(F5911),E5911*F5911,\"\")","v":3.6574999999999998},{"$f":"SUM(G5911:G5911)","v":3.6574999999999998},null,0]
[null,null,null,null,null,"",{"$f":"IF(ISNUMBER(F5912),E5912*F5912,\"\")","v":""},null,null,0]
["SF-01880",{"$f":"INDEX(Orçamentária!A:B,MATCH(Composições!A5913,Orçamentária!A:A,0),2)","v":"Terminal para eletroduto de PEAD de 1 1/4”"},null,"un",null,"",{"$f":"IF(ISNUMBER(F5913),E5913*F5913,\"\")","v":""},null,null,0]
[null,null,null,null,null,"",{"$f":"IF(ISNUMBER(F5914),E5914*F5914,\"\")","v":""},null,null,0]
[null,null,"TAMPAO / TERMINAL / PLUG, D = 1 1/4\" , PARA DUTO CORRUGADO PEAD (CABEAMENTO SUBTERRANEO)","un",1,6.08,{"$f":"IF(ISNUMBER(F5915),E5915*F5915,\"\")","v":6.08},{"$f":"SUM(G5915:G5915)","v":6.08},null,0]
[null,null,null,null,null,"",{"$f":"IF(ISNUMBER(F5916),E5916*F5916,\"\")","v":""},null,null,0]
["SF-01881",{"$f":"INDEX(Orçamentária!A:B,MATCH(Composições!A5917,Orçamentária!A:A,0),2)","v":"Eletroduto de PEAD de 2”"},null,"m",null,"",{"$f":"IF(ISNUMBER(F5917),E5917*F5917,\"\")","v":""},null,null,0]
[null,null,null,null,null,"",{"$f":"IF(ISNUMBER(F5918),E5918*F5918,\"\")","v":""},null,null,0]
[null,null,"ELETRODUTO/DUTO PEAD FLEXIVEL PAREDE SIMPLES, CORRUGACAO HELICOIDAL, COR PRETA, SEM ROSCA, DE 2\", PARA CABEAMENTO SUBTERRANEO (NBR 15715)","m",1,6.0229999999999997,{"$f":"IF(ISNUMBER(F5919),E5919*F5919,\"\")","v":6.0229999999999997},{"$f":"SUM(G5919:G5919)","v":6.0229999999999997},null,0]
[null,null,null,null,null,"",{"$f":"IF(ISNUMBER(F5920),E5920*F5920,\"\")","v":""},null,null,0]
["SF-01882",{"$f":"INDEX(Orçamentária!A:B,MATCH(Composições!A5921,Orçamentária!A:A,0),2)","v":"Terminal para eletroduto de PEAD de 2”"},null,"un",null,"",{"$f":"IF(ISNUMBER(F5921),E5921*F5921,\"\")","v":""},null,null,0]
[null,null,null,null,null,"",{"$f":"IF(ISNUMBER(F5922),E5922*F5922,\"\")","v":""},null,null,0]
[null,null,"TAMPAO / TERMINAL / PLUG, D = 2\" , PARA DUTO CORRUGADO PEAD (CABEAMENTO SUBTERRANEO)","un",1,6.9349999999999996,{"$f":"IF(ISNUMBER(F5923),E5923*F5923,\"\")","v":6.9349999999999996},{"$f":"SUM(G5923:G5923)","v":6.9349999999999996},null,0]
[null,null,null,null,null,"",{"$f":"IF(ISNUMBER(F5924),E5924*F5924,\"\")","v":""},null,null,0]
["SF-01883",{"$f":"INDEX(Orçamentária!A:B,MATCH(Composições!A5925,Orçamentária!A:A,0),2)","v":"Eletroduto de PEAD de 3”"},null,"m",null,"",{"$f":"IF(ISNUMBER(F5925),E5925*F5925,\"\")","v":""},null,null,0]
[null,null,null,null,null,"",{"$f":"IF(ISNUMBER(F5926),E5926*F5926,\"\")","v":""},null,null,0]
[null,null,"ELETRODUTO/DUTO PEAD FLEXIVEL PAREDE SIMPLES, CORRUGACAO HELICOIDAL, COR PRETA, SEM ROSCA, DE 3\", PARA CABEAMENTO SUBTERRANEO (NBR 15715)","m",1,8.4359999999999999,{"$f":"IF(ISNUMBER(F5927),E5927*F5927,\"\")","v":8.4359999999999999},{"$f":"SUM(G5927:G5927)","v":8.4359999999999999},null,0]
[null,null,null,null,null,"",{"$f":"IF(ISNUMBER(F5928),E5928*F5928,\"\")","v":""},null,null,0]
["SF-01884",{"$f":"INDEX(Orçamentária!A:B,MATCH(Composições!A5929,Orçamentária!A:A,0),2)","v":"Terminal para eletroduto de PEAD de 3”"},null,"un",null,"",{"$f":"IF(ISNUMBER(F5929),E5929*F5929,\"\")","v":""},null,null,0]
[null,null,null,null,null,"",{"$f":"IF(ISNUMBER(F5930),E5930*F5930,\"\")","v":""},null,null,0]
[null,null,"TAMPAO / TERMINAL / PLUG, D = 3\" , PARA DUTO CORRUGADO PEAD (CABEAMENTO SUBTERRANEO)","un",1,10.241,{"$f":"IF(ISNUMBER(F5931),E5931*F5931,\"\")","v":10.241},{"$f":"SUM(G5931:G5931)","v":10.241},null,0]
[null,null,null,null,null,"",{"$f":"IF(ISNUMBER(F5932),E5932*F5932,\"\")","v":""},null,null,0]
["SF-01885",{"$f":"INDEX(Orçamentária!A:B,MATCH(Composições!A5933,Orçamentária!A:A,0),2)","v":"Eletroduto de PVC de 3/4”"},null,"m",null,"",{"$f":"IF(ISNUMBER(F5933),E5933*F5933,\"\")","v":""},null,null,0]
[null,null,null,null,null,"",{"$f":"IF(ISNUMBER(F5934),E5934*F5934,\"\")","v":""},null,null,0]
[null,null,"ELETRODUTO DE PVC RIGIDO ROSCAVEL DE 3/4 \", SEM LUVA","m",1,5.4435000000000002,{"$f":"IF(ISNUMBER(F5935),E5935*F5935,\"\")","v":5.4435000000000002},{"$f":"SUM(G5935:G5935)","v":5.4435000000000002},null,0]
[null,null,null,null,null,"",{"$f":"IF(ISNUMBER(F5936),E5936*F5936,\"\")","v":""},null,null,0]
["SF-01886",{"$f":"INDEX(Orçamentária!A:B,MATCH(Composições!A5937,Orçamentária!A:A,0),2)","v":"Luva para eletroduto de PVC de 3/4”"},null,"un",null,"",{"$f":"IF(ISNUMBER(F5937),E5937*F5937,\"\")","v":""},null,null,0]
[null,null,null,null,null,"",{"$f":"IF(ISNUMBER(F5938),E5938*F5938,\"\")","v":""},null,null,0]
[null,null,"LUVA EM PVC RIGIDO ROSCAVEL, DE 3/4\", PARA ELETRODUTO","un",1,1.6244999999999998,{"$f":"IF(ISNUMBER(F5939),E5939*F5939,\"\")","v":1.6244999999999998},{"$f":"SUM(G5939:G5939)","v":1.6244999999999998},null,0]
[null,null,null,null,null,"",{"$f":"IF(ISNUMBER(F5940),E5940*F5940,\"\")","v":""},null,null,0]
["SF-01887",{"$f":"INDEX(Orçamentária!A:B,MATCH(Composições!A5941,Orçamentária!A:A,0),2)","v":"Curva para eletroduto de PVC de 3/4”"},null,"un",null,"",{"$f":"IF(ISNUMBER(F5941),E5941*F5941,\"\")","v":""},null,null,0]
[null,null,null,null,null,"",{"$f":"IF(ISNUMBER(F5942),E5942*F5942,\"\")","v":""},null,null,0]
[null,null,"CURVA 90 GRAUS, CURTA, DE PVC RIGIDO ROSCAVEL, DE 3/4\", PARA ELETRODUTO","un",1,3.5150000000000001,{"$f":"IF(ISNUMBER(F5943),E5943*F5943,\"\")","v":3.5150000000000001},{"$f":"SUM(G5943:G5943)","v":3.5150000000000001},null,0]
[null,null,null,null,null,"",{"$f":"IF(ISNUMBER(F5944),E5944*F5944,\"\")","v":""},null,null,0]
["SF-01888",{"$f":"INDEX(Orçamentária!A:B,MATCH(Composições!A5945,Orçamentária!A:A,0),2)","v":"Eletroduto de PVC de 1”"},null,"m",null,"",{"$f":"IF(ISNUMBER(F5945),E5945*F5945,\"\")","v":""},null,null,0]
[null,null,null,null,null,"",{"$f":"IF(ISNUMBER(F5946),E5946*F5946,\"\")","v":""},null,null,0]
[null,null,"ELETRODUTO DE PVC RIGIDO ROSCAVEL DE 1 \", SEM LUVA","m",1,8.5024999999999995,{"$f":"IF(ISNUMBER(F5947),E5947*F5947,\"\")","v":8.5024999999999995},{"$f":"SUM(G5947:G5947)","v":8.5024999999999995},null,0]
[null,null,null,null,null,"",{"$f":"IF(ISNUMBER(F5948),E5948*F5948,\"\")","v":""},null,null,0]
["SF-01889",{"$f":"INDEX(Orçamentária!A:B,MATCH(Composições!A5949,Orçamentária!A:A,0),2)","v":"Luva para eletroduto de PVC de 1”"},null,"un",null,"",{"$f":"IF(ISNUMBER(F5949),E5949*F5949,\"\")","v":""},null,null,0]
[null,null,null,null,null,"",{"$f":"IF(ISNUMBER(F5950),E5950*F5950,\"\")","v":""},null,null,0]
[null,null,"LUVA EM PVC RIGIDO ROSCAVEL, DE 1\", PARA ELETRODUTO","un",1,2.2705000000000002,{"$f":"IF(ISNUMBER(F5951),E5951*F5951,\"\")","v":2.2705000000000002},{"$f":"SUM(G5951:G5951)","v":2.2705000000000002},null,0]
[null,null,null,null,null,"",{"$f":"IF(ISNUMBER(F5952),E5952*F5952,\"\")","v":""},null,null,0]
["SF-01890",{"$f":"INDEX(Orçamentária!A:B,MATCH(Composições!A5953,Orçamentária!A:A,0),2)","v":"Curva para eletroduto de PVC de 1”"},null,"un",null,"",{"$f":"IF(ISNUMBER(F5953),E5953*F5953,\"\")","v":""},null,null,0]
[null,null,null,null,null,"",{"$f":"IF(ISNUMBER(F5954),E5954*F5954,\"\")","v":""},null,null,0]
[null,null,"CURVA 90 GRAUS, CURTA, DE PVC RIGIDO ROSCAVEL, DE 1\", PARA ELETRODUTO","un",1,4.8639999999999999,{"$f":"IF(ISNUMBER(F5955),E5955*F5955,\"\")","v":4.8639999999999999},{"$f":"SUM(G5955:G5955)","v":4.8639999999999999},null,0]
[null,null,null,null,null,"",{"$f":"IF(ISNUMBER(F5956),E5956*F5956,\"\")","v":""},null,null,0]
["SF-01891",{"$f":"INDEX(Orçamentária!A:B,MATCH(Composições!A5957,Orçamentária!A:A,0),2)","v":"Eletroduto de PVC de 1 1/4”"},null,"m",null,"",{"$f":"IF(ISNUMBER(F5957),E5957*F5957,\"\")","v":""},null,null,0]
[null,null,null,null,null,"",{"$f":"IF(ISNUMBER(F5958),E5958*F5958,\"\")","v":""},null,null,0]
[null,null,"ELETRODUTO DE PVC RIGIDO ROSCAVEL DE 1 1/4 \", SEM LUVA","m",1,11.324,{"$f":"IF(ISNUMBER(F5959),E5959*F5959,\"\")","v":11.324},{"$f":"SUM(G5959:G5959)","v":11.324},null,0]
[null,null,null,null,null,"",{"$f":"IF(ISNUMBER(F5960),E5960*F5960,\"\")","v":""},null,null,0]
["SF-01892",{"$f":"INDEX(Orçamentária!A:B,MATCH(Composições!A5961,Orçamentária!A:A,0),2)","v":"Luva para eletroduto de PVC de 1 1/4”"},null,"un",null,"",{"$f":"IF(ISNUMBER(F5961),E5961*F5961,\"\")","v":""},null,null,0]
[null,null,null,null,null,"",{"$f":"IF(ISNUMBER(F5962),E5962*F5962,\"\")","v":""},null,null,0]
[null,null,"LUVA EM PVC RIGIDO ROSCAVEL, DE 1 1/4\", PARA ELETRODUTO","un",1,3.5244999999999997,{"$f":"IF(ISNUMBER(F5963),E5963*F5963,\"\")","v":3.5244999999999997},{"$f":"SUM(G5963:G5963)","v":3.5244999999999997},null,0]
[null,null,null,null,null,"",{"$f":"IF(ISNUMBER(F5964),E5964*F5964,\"\")","v":""},null,null,0]
["SF-01893",{"$f":"INDEX(Orçamentária!A:B,MATCH(Composições!A5965,Orçamentária!A:A,0),2)","v":"Curva para eletroduto de PVC de 1 1/4”"},null,"un",null,"",{"$f":"IF(ISNUMBER(F5965),E5965*F5965,\"\")","v":""},null,null,0]
[null,null,null,null,null,"",{"$f":"IF(ISNUMBER(F5966),E5966*F5966,\"\")","v":""},null,null,0]
[null,null,"CURVA 90 GRAUS, LONGA, DE PVC RIGIDO ROSCAVEL, DE 1 1/4\", PARA ELETRODUTO","un",1,6.4124999999999996,{"$f":"IF(ISNUMBER(F5967),E5967*F5967,\"\")","v":6.4124999999999996},{"$f":"SUM(G5967:G5967)","v":6.4124999999999996},null,0]
[null,null,null,null,null,"",{"$f":"IF(ISNUMBER(F5968),E5968*F5968,\"\")","v":""},null,null,0]
["SF-01894",{"$f":"INDEX(Orçamentária!A:B,MATCH(Composições!A5969,Orçamentária!A:A,0),2)","v":"Eletroduto de PVC de 1 1/2”"},null,"m",null,"",{"$f":"IF(ISNUMBER(F5969),E5969*F5969,\"\")","v":""},null,null,0]
[null,null,null,null,null,"",{"$f":"IF(ISNUMBER(F5970),E5970*F5970,\"\")","v":""},null,null,0]
[null,null,"ELETRODUTO DE PVC RIGIDO ROSCAVEL DE 1 1/2 \", SEM LUVA","m",1,12.444999999999999,{"$f":"IF(ISNUMBER(F5971),E5971*F5971,\"\")","v":12.444999999999999},{"$f":"SUM(G5971:G5971)","v":12.444999999999999},null,0]
[null,null,null,null,null,"",{"$f":"IF(ISNUMBER(F5972),E5972*F5972,\"\")","v":""},null,null,0]
["SF-01895",{"$f":"INDEX(Orçamentária!A:B,MATCH(Composições!A5973,Orçamentária!A:A,0),2)","v":"Luva para eletroduto de PVC de 1 1/2”"},null,"un",null,"",{"$f":"IF(ISNUMBER(F5973),E5973*F5973,\"\")","v":""},null,null,0]
[null,null,null,null,null,"",{"$f":"IF(ISNUMBER(F5974),E5974*F5974,\"\")","v":""},null,null,0]
[null,null,"LUVA EM PVC RIGIDO ROSCAVEL, DE 1 1/2\", PARA ELETRODUTO","un",1,4.8449999999999998,{"$f":"IF(ISNUMBER(F5975),E5975*F5975,\"\")","v":4.8449999999999998},{"$f":"SUM(G5975:G5975)","v":4.8449999999999998},null,0]
[null,null,null,null,null,"",{"$f":"IF(ISNUMBER(F5976),E5976*F5976,\"\")","v":""},null,null,0]
["SF-01896",{"$f":"INDEX(Orçamentária!A:B,MATCH(Composições!A5977,Orçamentária!A:A,0),2)","v":"Curva para eletroduto de PVC de 1 1/2”"},null,"un",null,"",{"$f":"IF(ISNUMBER(F5977),E5977*F5977,\"\")","v":""},null,null,0]
[null,null,null,null,null,"",{"$f":"IF(ISNUMBER(F5978),E5978*F5978,\"\")","v":""},null,null,0]
[null,null,"CURVA 90 GRAUS, LONGA, DE PVC RIGIDO ROSCAVEL, DE 1 1/2\", PARA ELETRODUTO","un",1,7.770999999999999,{"$f":"IF(ISNUMBER(F5979),E5979*F5979,\"\")","v":7.770999999999999},{"$f":"SUM(G5979:G5979)","v":7.770999999999999},null,0]
[null,null,null,null,null,"",{"$f":"IF(ISNUMBER(F5980),E5980*F5980,\"\")","v":""},null,null,0]
["SF-01897",{"$f":"INDEX(Orçamentária!A:B,MATCH(Composições!A5981,Orçamentária!A:A,0),2)","v":"Eletroduto de PVC de 2”"},null,"m",null,"",{"$f":"IF(ISNUMBER(F5981),E5981*F5981,\"\")","v":""},null,null,0]
[null,null,null,null,null,"",{"$f":"IF(ISNUMBER(F5982),E5982*F5982,\"\")","v":""},null,null,0]
[null,null,"ELETRODUTO DE PVC RIGIDO ROSCAVEL DE 2 \", SEM LUVA","m",1,20.329999999999998,{"$f":"IF(ISNUMBER(F5983),E5983*F5983,\"\")","v":20.329999999999998},{"$f":"SUM(G5983:G5983)","v":20.329999999999998},null,0]
[null,null,null,null,null,"",{"$f":"IF(ISNUMBER(F5984),E5984*F5984,\"\")","v":""},null,null,0]
["SF-01898",{"$f":"INDEX(Orçamentária!A:B,MATCH(Composições!A5985,Orçamentária!A:A,0),2)","v":"Luva para eletroduto de PVC de 2”"},null,"un",null,"",{"$f":"IF(ISNUMBER(F5985),E5985*F5985,\"\")","v":""},null,null,0]
[null,null,null,null,null,"",{"$f":"IF(ISNUMBER(F5986),E5986*F5986,\"\")","v":""},null,null,0]
[null,null,"LUVA EM PVC RIGIDO ROSCAVEL, DE 2\", PARA ELETRODUTO","un",1,7.0204999999999993,{"$f":"IF(ISNUMBER(F5987),E5987*F5987,\"\")","v":7.0204999999999993},{"$f":"SUM(G5987:G5987)","v":7.0204999999999993},null,0]
[null,null,null,null,null,"",{"$f":"IF(ISNUMBER(F5988),E5988*F5988,\"\")","v":""},null,null,0]
["SF-01899",{"$f":"INDEX(Orçamentária!A:B,MATCH(Composições!A5989,Orçamentária!A:A,0),2)","v":"Curva para eletroduto de PVC de 2”"},null,"un",null,"",{"$f":"IF(ISNUMBER(F5989),E5989*F5989,\"\")","v":""},null,null,0]
[null,null,null,null,null,"",{"$f":"IF(ISNUMBER(F5990),E5990*F5990,\"\")","v":""},null,null,0]
[null,null,"CURVA 90 GRAUS, LONGA, DE PVC RIGIDO ROSCAVEL, DE 2\", PARA ELETRODUTO","un",1,12.625499999999999,{"$f":"IF(ISNUMBER(F5991),E5991*F5991,\"\")","v":12.625499999999999},{"$f":"SUM(G5991:G5991)","v":12.625499999999999},null,0]
[null,null,null,null,null,"",{"$f":"IF(ISNUMBER(F5992),E5992*F5992,\"\")","v":""},null,null,0]
["SF-01900",{"$f":"INDEX(Orçamentária!A:B,MATCH(Composições!A5993,Orçamentária!A:A,0),2)","v":"Eletroduto de PVC de 3”"},null,"m",null,"",{"$f":"IF(ISNUMBER(F5993),E5993*F5993,\"\")","v":""},null,null,0]
[null,null,null,null,null,"",{"$f":"IF(ISNUMBER(F5994),E5994*F5994,\"\")","v":""},null,null,0]
[null,null,"ELETRODUTO DE PVC RIGIDO ROSCAVEL DE 3 \", SEM LUVA","m",1,37.201999999999998,{"$f":"IF(ISNUMBER(F5995),E5995*F5995,\"\")","v":37.201999999999998},{"$f":"SUM(G5995:G5995)","v":37.201999999999998},null,0]
[null,null,null,null,null,"",{"$f":"IF(ISNUMBER(F5996),E5996*F5996,\"\")","v":""},null,null,0]
["SF-01901",{"$f":"INDEX(Orçamentária!A:B,MATCH(Composições!A5997,Orçamentária!A:A,0),2)","v":"Luva para eletroduto de PVC de 3”"},null,"un",null,"",{"$f":"IF(ISNUMBER(F5997),E5997*F5997,\"\")","v":""},null,null,0]
[null,null,null,null,null,"",{"$f":"IF(ISNUMBER(F5998),E5998*F5998,\"\")","v":""},null,null,0]
[null,null,"LUVA EM PVC RIGIDO ROSCAVEL, DE 3\", PARA ELETRODUTO","un",1,20.956999999999997,{"$f":"IF(ISNUMBER(F5999),E5999*F5999,\"\")","v":20.956999999999997},{"$f":"SUM(G5999:G5999)","v":20.956999999999997},null,0]
[null,null,null,null,null,"",{"$f":"IF(ISNUMBER(F6000),E6000*F6000,\"\")","v":""},null,null,0]
["SF-01902",{"$f":"INDEX(Orçamentária!A:B,MATCH(Composições!A6001,Orçamentária!A:A,0),2)","v":"Curva para eletroduto de PVC de 3”"},null,"un",null,"",{"$f":"IF(ISNUMBER(F6001),E6001*F6001,\"\")","v":""},null,null,0]
[null,null,null,null,null,"",{"$f":"IF(ISNUMBER(F6002),E6002*F6002,\"\")","v":""},null,null,0]
[null,null,"CURVA 90 GRAUS, LONGA, DE PVC RIGIDO ROSCAVEL, DE 3\", PARA ELETRODUTO","un",1,32.252499999999998,{"$f":"IF(ISNUMBER(F6003),E6003*F6003,\"\")","v":32.252499999999998},{"$f":"SUM(G6003:G6003)","v":32.252499999999998},null,0]
[null,null,null,null,null,"",{"$f":"IF(ISNUMBER(F6004),E6004*F6004,\"\")","v":""},null,null,0]
["SF-01915",{"$f":"INDEX(Orçamentária!A:B,MATCH(Composições!A6005,Orçamentária!A:A,0),2)","v":"Base fusível NH 00 / NH 000"},null,"un",null,"",{"$f":"IF(ISNUMBER(F6005),E6005*F6005,\"\")","v":""},null,null,0]
[null,null,null,null,null,"",{"$f":"IF(ISNUMBER(F6006),E6006*F6006,\"\")","v":""},null,null,0]
[null,null,"BASE DE FUSÍVEL NH 00 ATÉ 160 A EM QUADRO DE DISTRIBUIÇÃO DE LUZ E FORÇA","un",1,0,{"$f":"IF(ISNUMBER(F6007),E6007*F6007,\"\")","v":0},{"$f":"SUM(G6007:G6007)","v":0},null,0]
[null,null,null,null,null,"",{"$f":"IF(ISNUMBER(F6008),E6008*F6008,\"\")","v":""},null,null,0]
["SF-01916",{"$f":"INDEX(Orçamentária!A:B,MATCH(Composições!A6009,Orçamentária!A:A,0),2)","v":"Base fusível NH 1"},null,"un",null,"",{"$f":"IF(ISNUMBER(F6009),E6009*F6009,\"\")","v":""},null,null,0]
[null,null,null,null,null,"",{"$f":"IF(ISNUMBER(F6010),E6010*F6010,\"\")","v":""},null,null,0]
[null,null,"BASE DE FUSÍVEL NH 1 ATÉ 250 A EM QUADRO DE DISTRIBUIÇÃO DE LUZ E FORÇA","un",1,0,{"$f":"IF(ISNUMBER(F6011),E6011*F6011,\"\")","v":0},{"$f":"SUM(G6011:G6011)","v":0},null,0]
[null,null,null,null,null,"",{"$f":"IF(ISNUMBER(F6012),E6012*F6012,\"\")","v":""},null,null,0]
["SF-01917",{"$f":"INDEX(Orçamentária!A:B,MATCH(Composições!A6013,Orçamentária!A:A,0),2)","v":"Base fusível NH 2"},null,"un",null,"",{"$f":"IF(ISNUMBER(F6013),E6013*F6013,\"\")","v":""},null,null,0]
[null,null,null,null,null,"",{"$f":"IF(ISNUMBER(F6014),E6014*F6014,\"\")","v":""},null,null,0]
[null,null,"BASE DE FUSÍVEL NH 2 ATÉ 400 A EM QUADRO DE DISTRIBUIÇÃO DE LUZ E FORÇA","un",1,0,{"$f":"IF(ISNUMBER(F6015),E6015*F6015,\"\")","v":0},{"$f":"SUM(G6015:G6015)","v":0},null,0]
[null,null,null,null,null,"",{"$f":"IF(ISNUMBER(F6016),E6016*F6016,\"\")","v":""},null,null,0]
["SF-01918",{"$f":"INDEX(Orçamentária!A:B,MATCH(Composições!A6017,Orçamentária!A:A,0),2)","v":"Base fusível NH 3"},null,"un",null,"",{"$f":"IF(ISNUMBER(F6017),E6017*F6017,\"\")","v":""},null,null,0]
[null,null,null,null,null,"",{"$f":"IF(ISNUMBER(F6018),E6018*F6018,\"\")","v":""},null,null,0]
[null,null,"BASE DE FUSÍVEL NH 3 ATÉ 630 A EM QUADRO DE DISTRIBUIÇÃO DE FORÇA","un",1,0,{"$f":"IF(ISNUMBER(F6019),E6019*F6019,\"\")","v":0},{"$f":"SUM(G6019:G6019)","v":0},null,0]
[null,null,null,null,null,"",{"$f":"IF(ISNUMBER(F6020),E6020*F6020,\"\")","v":""},null,null,0]
["SF-01919",{"$f":"INDEX(Orçamentária!A:B,MATCH(Composições!A6021,Orçamentária!A:A,0),2)","v":"Fusível NH 000"},null,"un",null,"",{"$f":"IF(ISNUMBER(F6021),E6021*F6021,\"\")","v":""},null,null,0]
[null,null,null,null,null,"",{"$f":"IF(ISNUMBER(F6022),E6022*F6022,\"\")","v":""},null,null,0]
[null,null,"FUSÍVEL RETARDADO NH 00 COM INDICADOR DE TOPO 125 A","un",1,0,{"$f":"IF(ISNUMBER(F6023),E6023*F6023,\"\")","v":0},{"$f":"SUM(G6023:G6023)","v":0},null,0]
[null,null,null,null,null,"",{"$f":"IF(ISNUMBER(F6024),E6024*F6024,\"\")","v":""},null,null,0]
["SF-01921",{"$f":"INDEX(Orçamentária!A:B,MATCH(Composições!A6025,Orçamentária!A:A,0),2)","v":"Fusível NH 1"},null,"un",null,"",{"$f":"IF(ISNUMBER(F6025),E6025*F6025,\"\")","v":""},null,null,0]
[null,null,null,null,null,"",{"$f":"IF(ISNUMBER(F6026),E6026*F6026,\"\")","v":""},null,null,0]
[null,null,"FUSÍVEL RETARDADO NH 01 COM INDICADOR DE TOPO 250 A","un",1,0,{"$f":"IF(ISNUMBER(F6027),E6027*F6027,\"\")","v":0},{"$f":"SUM(G6027:G6027)","v":0},null,0]
[null,null,null,null,null,"",{"$f":"IF(ISNUMBER(F6028),E6028*F6028,\"\")","v":""},null,null,0]
["SF-01923",{"$f":"INDEX(Orçamentária!A:B,MATCH(Composições!A6029,Orçamentária!A:A,0),2)","v":"Fusível NH 2"},null,"un",null,"",{"$f":"IF(ISNUMBER(F6029),E6029*F6029,\"\")","v":""},null,null,0]
[null,null,null,null,null,"",{"$f":"IF(ISNUMBER(F6030),E6030*F6030,\"\")","v":""},null,null,0]
[null,null,"FUSÍVEL RETARDADO NH 02 COM INDICADOR DE TOPO 400 A","un",1,0,{"$f":"IF(ISNUMBER(F6031),E6031*F6031,\"\")","v":0},{"$f":"SUM(G6031:G6031)","v":0},null,0]
[null,null,null,null,null,"",{"$f":"IF(ISNUMBER(F6032),E6032*F6032,\"\")","v":""},null,null,0]
["SF-01925",{"$f":"INDEX(Orçamentária!A:B,MATCH(Composições!A6033,Orçamentária!A:A,0),2)","v":"Fusível NH 3"},null,"un",null,"",{"$f":"IF(ISNUMBER(F6033),E6033*F6033,\"\")","v":""},null,null,0]
[null,null,null,null,null,"",{"$f":"IF(ISNUMBER(F6034),E6034*F6034,\"\")","v":""},null,null,0]
[null,null,"FUSÍVEL RETARDADO NH 03 COM INDICADOR DE TOPO 630 A","un",1,0,{"$f":"IF(ISNUMBER(F6035),E6035*F6035,\"\")","v":0},{"$f":"SUM(G6035:G6035)","v":0},null,0]
[null,null,null,null,null,"",{"$f":"IF(ISNUMBER(F6036),E6036*F6036,\"\")","v":""},null,null,0]
["SF-01928",{"$f":"INDEX(Orçamentária!A:B,MATCH(Composições!A6037,Orçamentária!A:A,0),2)","v":"Fusível Diazed"},null,"un",null,"",{"$f":"IF(ISNUMBER(F6037),E6037*F6037,\"\")","v":""},null,null,0]
[null,null,null,null,null,"",{"$f":"IF(ISNUMBER(F6038),E6038*F6038,\"\")","v":""},null,null,0]
[null,null,"FUSIVEL DIAZED 35 A TAMANHO DIII, CAPACIDADE DE INTERRUPCAO DE 50 KA EM VCA E 8 KA EM VCC, TENSAO NOMIMNAL DE 500 V","un",1,6.1180000000000003,{"$f":"IF(ISNUMBER(F6039),E6039*F6039,\"\")","v":6.1180000000000003},{"$f":"SUM(G6039:G6039)","v":6.1180000000000003},null,0]
[null,null,null,null,null,"",{"$f":"IF(ISNUMBER(F6040),E6040*F6040,\"\")","v":""},null,null,0]
["SF-01944",{"$f":"INDEX(Orçamentária!A:B,MATCH(Composições!A6041,Orçamentária!A:A,0),2)","v":"Poste reto 3m"},null,"un",null,"",{"$f":"IF(ISNUMBER(F6041),E6041*F6041,\"\")","v":""},null,null,0]
[null,null,null,null,null,"",{"$f":"IF(ISNUMBER(F6042),E6042*F6042,\"\")","v":""},null,null,0]
[null,null,"POSTE CONICO CONTINUO EM ACO GALVANIZADO, RETO, FLANGEADO, H = 3 M, DIAMETRO INFERIOR = *95* MM","un",1,483.02749999999997,{"$f":"IF(ISNUMBER(F6043),E6043*F6043,\"\")","v":483.02749999999997},{"$f":"SUM(G6043:G6043)","v":483.02749999999997},null,0]
[null,null,null,null,null,"",{"$f":"IF(ISNUMBER(F6044),E6044*F6044,\"\")","v":""},null,null,0]
["SF-01946",{"$f":"INDEX(Orçamentária!A:B,MATCH(Composições!A6045,Orçamentária!A:A,0),2)","v":"Poste curvo simples 8m"},null,"un",null,"",{"$f":"IF(ISNUMBER(F6045),E6045*F6045,\"\")","v":""},null,null,0]
[null,null,null,null,null,"",{"$f":"IF(ISNUMBER(F6046),E6046*F6046,\"\")","v":""},null,null,0]
[null,null,"POSTE CONICO CONTINUO EM ACO GALVANIZADO, CURVO, BRACO SIMPLES, FLANGEADO, H = 9 M, DIAMETRO INFERIOR = *135* MM","un",1,1874.8154999999999,{"$f":"IF(ISNUMBER(F6047),E6047*F6047,\"\")","v":1874.8154999999999},{"$f":"SUM(G6047:G6047)","v":1874.8154999999999},null,0]
[null,null,null,null,null,"",{"$f":"IF(ISNUMBER(F6048),E6048*F6048,\"\")","v":""},null,null,0]
["SF-01948",{"$f":"INDEX(Orçamentária!A:B,MATCH(Composições!A6049,Orçamentária!A:A,0),2)","v":"Poste curvo duplo 8m"},null,"un",null,"",{"$f":"IF(ISNUMBER(F6049),E6049*F6049,\"\")","v":""},null,null,0]
[null,null,null,null,null,"",{"$f":"IF(ISNUMBER(F6050),E6050*F6050,\"\")","v":""},null,null,0]
[null,null,"POSTE CONICO CONTINUO EM ACO GALVANIZADO, CURVO, BRACO DUPLO, FLANGEADO, H = 9 M, DIAMETRO INFERIOR = *135* MM","un",1,2207.61,{"$f":"IF(ISNUMBER(F6051),E6051*F6051,\"\")","v":2207.61},{"$f":"SUM(G6051:G6051)","v":2207.61},null,0]
[null,null,null,null,null,"",{"$f":"IF(ISNUMBER(F6052),E6052*F6052,\"\")","v":""},null,null,0]
["SF-01949",{"$f":"INDEX(Orçamentária!A:B,MATCH(Composições!A6053,Orçamentária!A:A,0),2)","v":"Braço para iluminação"},null,"un",null,"",{"$f":"IF(ISNUMBER(F6053),E6053*F6053,\"\")","v":""},null,null,0]
[null,null,null,null,null,"",{"$f":"IF(ISNUMBER(F6054),E6054*F6054,\"\")","v":""},null,null,0]
[null,null,"BRACO P/ LUMINARIA PUBLICA 1 X 1,50M ROMAGNOLE OU EQUIV","un",1,20.225499999999997,{"$f":"IF(ISNUMBER(F6055),E6055*F6055,\"\")","v":20.225499999999997},{"$f":"SUM(G6055:G6055)","v":20.225499999999997},null,0]
[null,null,null,null,null,"",{"$f":"IF(ISNUMBER(F6056),E6056*F6056,\"\")","v":""},null,null,0]
["SF-02076",{"$f":"INDEX(Orçamentária!A:B,MATCH(Composições!A6057,Orçamentária!A:A,0),2)","v":"Chumbador 1/4”"},null,"un",null,"",{"$f":"IF(ISNUMBER(F6057),E6057*F6057,\"\")","v":""},null,null,0]
[null,null,null,null,null,"",{"$f":"IF(ISNUMBER(F6058),E6058*F6058,\"\")","v":""},null,null,0]
[null,null,"CHUMBADOR, DIAMETRO 1/4\" COM PARAFUSO 1/4\" X 40 MM","un",1,1.2064999999999999,{"$f":"IF(ISNUMBER(F6059),E6059*F6059,\"\")","v":1.2064999999999999},{"$f":"SUM(G6059:G6059)","v":1.2064999999999999},null,0]
[null,null,null,null,null,"",{"$f":"IF(ISNUMBER(F6060),E6060*F6060,\"\")","v":""},null,null,0]
["SF-02083",{"$f":"INDEX(Orçamentária!A:B,MATCH(Composições!A6061,Orçamentária!A:A,0),2)","v":"Caixa 4x4 de embutir para alvenaria "},null,"un",null,"",{"$f":"IF(ISNUMBER(F6061),E6061*F6061,\"\")","v":""},null,null,0]
[null,null,null,null,null,"",{"$f":"IF(ISNUMBER(F6062),E6062*F6062,\"\")","v":""},null,null,0]
[null,null,"CAIXA DE PASSAGEM, EM PVC, DE 4\" X 4\", PARA ELETRODUTO FLEXIVEL CORRUGADO","un",1,6.4409999999999998,{"$f":"IF(ISNUMBER(F6063),E6063*F6063,\"\")","v":6.4409999999999998},{"$f":"SUM(G6063:G6063)","v":6.4409999999999998},null,0]
[null,null,null,null,null,"",{"$f":"IF(ISNUMBER(F6064),E6064*F6064,\"\")","v":""},null,null,0]
["SF-02082",{"$f":"INDEX(Orçamentária!A:B,MATCH(Composições!A6065,Orçamentária!A:A,0),2)","v":"Caixa 4x2 de embutir para alvenaria "},null,"un",null,"",{"$f":"IF(ISNUMBER(F6065),E6065*F6065,\"\")","v":""},null,null,0]
[null,null,null,null,null,"",{"$f":"IF(ISNUMBER(F6066),E6066*F6066,\"\")","v":""},null,null,0]
[null,null,"CAIXA DE PASSAGEM, EM PVC, DE 4\" X 2\", PARA ELETRODUTO FLEXIVEL CORRUGADO","un",1,3.2395,{"$f":"IF(ISNUMBER(F6067),E6067*F6067,\"\")","v":3.2395},{"$f":"SUM(G6067:G6067)","v":3.2395},null,0]
[null,null,null,null,null,"",{"$f":"IF(ISNUMBER(F6068),E6068*F6068,\"\")","v":""},null,null,0]
["SF-02083",{"$f":"INDEX(Orçamentária!A:B,MATCH(Composições!A6069,Orçamentária!A:A,0),2)","v":"Caixa 4x4 de embutir para alvenaria "},null,"un",null,"",{"$f":"IF(ISNUMBER(F6069),E6069*F6069,\"\")","v":""},null,null,0]
[null,null,null,null,null,"",{"$f":"IF(ISNUMBER(F6070),E6070*F6070,\"\")","v":""},null,null,0]
[null,null,"CAIXA DE PASSAGEM, EM PVC, DE 4\" X 4\", PARA ELETRODUTO FLEXIVEL CORRUGADO","un",1,6.4409999999999998,{"$f":"IF(ISNUMBER(F6071),E6071*F6071,\"\")","v":6.4409999999999998},{"$f":"SUM(G6071:G6071)","v":6.4409999999999998},null,0]
[null,null,null,null,null,"",{"$f":"IF(ISNUMBER(F6072),E6072*F6072,\"\")","v":""},null,null,0]
["SF-02091",{"$f":"INDEX(Orçamentária!A:B,MATCH(Composições!A6073,Orçamentária!A:A,0),2)","v":"Caixa de passagem em aço 400x400x150mm"},null,"un",null,"",{"$f":"IF(ISNUMBER(F6073),E6073*F6073,\"\")","v":""},null,null,0]
[null,null,null,null,null,"",{"$f":"IF(ISNUMBER(F6074),E6074*F6074,\"\")","v":""},null,null,0]
[null,null,"CAIXA DE PASSAGEM EM CHAPA DE AÇO COM TAMPA APARAFUSADA 402 X 402 X 152 MM","un",1,0,{"$f":"IF(ISNUMBER(F6075),E6075*F6075,\"\")","v":0},{"$f":"SUM(G6075:G6075)","v":0},null,0]
[null,null,null,null,null,"",{"$f":"IF(ISNUMBER(F6076),E6076*F6076,\"\")","v":""},null,null,0]
["SF-02094",{"$f":"INDEX(Orçamentária!A:B,MATCH(Composições!A6077,Orçamentária!A:A,0),2)","v":"Abraçadeira tipo D para eletroduto"},null,"un",null,"",{"$f":"IF(ISNUMBER(F6077),E6077*F6077,\"\")","v":""},null,null,0]
[null,null,null,null,null,"",{"$f":"IF(ISNUMBER(F6078),E6078*F6078,\"\")","v":""},null,null,0]
[null,null,"ABRACADEIRA EM ACO PARA AMARRACAO DE ELETRODUTOS, TIPO D, COM 3\" E PARAFUSO DE FIXACAO","un",1,4.7974999999999994,{"$f":"IF(ISNUMBER(F6079),E6079*F6079,\"\")","v":4.7974999999999994},{"$f":"SUM(G6079:G6079)","v":4.7974999999999994},null,0]
[null,null,null,null,null,"",{"$f":"IF(ISNUMBER(F6080),E6080*F6080,\"\")","v":""},null,null,0]
["SF-02095",{"$f":"INDEX(Orçamentária!A:B,MATCH(Composições!A6081,Orçamentária!A:A,0),2)","v":"Abraçadeira tipo copo para eletroduto"},null,"un",null,"",{"$f":"IF(ISNUMBER(F6081),E6081*F6081,\"\")","v":""},null,null,0]
[null,null,null,null,null,"",{"$f":"IF(ISNUMBER(F6082),E6082*F6082,\"\")","v":""},null,null,0]
[null,null,"ABRACADEIRA TIPO COPO, DE 1\"","un",1,0,{"$f":"IF(ISNUMBER(F6083),E6083*F6083,\"\")","v":0},{"$f":"SUM(G6083:G6083)","v":0},null,0]
[null,null,null,null,null,"",{"$f":"IF(ISNUMBER(F6084),E6084*F6084,\"\")","v":""},null,null,0]
["SF-02099",{"$f":"INDEX(Orçamentária!A:B,MATCH(Composições!A6085,Orçamentária!A:A,0),2)","v":"Tampa cega metálica para caixas de piso 4x4 "},null,"un",null,"",{"$f":"IF(ISNUMBER(F6085),E6085*F6085,\"\")","v":""},null,null,0]
[null,null,null,null,null,"",{"$f":"IF(ISNUMBER(F6086),E6086*F6086,\"\")","v":""},null,null,0]
[null,null,"PLACA/TAMPA CEGA EM LATAO ESCOVADO PARA CONDULETE EM LIGA DE ALUMINIO 4 X 4\"","un",1,23.75,{"$f":"IF(ISNUMBER(F6087),E6087*F6087,\"\")","v":23.75},{"$f":"SUM(G6087:G6087)","v":23.75},null,0]
[null,null,null,null,null,"",{"$f":"IF(ISNUMBER(F6088),E6088*F6088,\"\")","v":""},null,null,0]
["SF-02212",{"$f":"INDEX(Orçamentária!A:B,MATCH(Composições!A6089,Orçamentária!A:A,0),2)","v":"Quadro termoplástico para 12 disjuntores"},null,"un",null,"",{"$f":"IF(ISNUMBER(F6089),E6089*F6089,\"\")","v":""},null,null,0]
[null,null,null,null,null,"",{"$f":"IF(ISNUMBER(F6090),E6090*F6090,\"\")","v":""},null,null,0]
[null,null,"QUADRO DE DISTRIBUICAO, EM PVC, DE EMBUTIR, COM BARRAMENTO TERRA / NEUTRO, PARA 12 DISJUNTORES NEMA OU 16 DISJUNTORES DIN","un",1,193.54349999999999,{"$f":"IF(ISNUMBER(F6091),E6091*F6091,\"\")","v":193.54349999999999},{"$f":"SUM(G6091:G6091)","v":193.54349999999999},null,0]
[null,null,null,null,null,"",{"$f":"IF(ISNUMBER(F6092),E6092*F6092,\"\")","v":""},null,null,0]
["SF-02213",{"$f":"INDEX(Orçamentária!A:B,MATCH(Composições!A6093,Orçamentária!A:A,0),2)","v":"Quadro termoplástico para 24 disjuntores"},null,"un",null,"",{"$f":"IF(ISNUMBER(F6093),E6093*F6093,\"\")","v":""},null,null,0]
[null,null,null,null,null,"",{"$f":"IF(ISNUMBER(F6094),E6094*F6094,\"\")","v":""},null,null,0]
[null,null,"QUADRO DE DISTRIBUICAO, EM PVC, DE EMBUTIR, COM BARRAMENTO TERRA / NEUTRO, PARA 18 DISJUNTORES NEMA OU 24 DISJUNTORES DIN","un",1,358.58699999999999,{"$f":"IF(ISNUMBER(F6095),E6095*F6095,\"\")","v":358.58699999999999},{"$f":"SUM(G6095:G6095)","v":358.58699999999999},null,0]
[null,null,null,null,null,"",{"$f":"IF(ISNUMBER(F6096),E6096*F6096,\"\")","v":""},null,null,0]
["SF-02214",{"$f":"INDEX(Orçamentária!A:B,MATCH(Composições!A6097,Orçamentária!A:A,0),2)","v":"Quadro termoplástico para 36 disjuntores"},null,"un",null,"",{"$f":"IF(ISNUMBER(F6097),E6097*F6097,\"\")","v":""},null,null,0]
[null,null,null,null,null,"",{"$f":"IF(ISNUMBER(F6098),E6098*F6098,\"\")","v":""},null,null,0]
[null,null,"QUADRO DE DISTRIBUICAO, EM PVC, DE EMBUTIR, COM BARRAMENTO TERRA / NEUTRO, PARA 27 DISJUNTORES NEMA OU 36 DISJUNTORES DIN","un",1,777.14749999999992,{"$f":"IF(ISNUMBER(F6099),E6099*F6099,\"\")","v":777.14749999999992},{"$f":"SUM(G6099:G6099)","v":777.14749999999992},null,0]
[null,null,null,null,null,"",{"$f":"IF(ISNUMBER(F6100),E6100*F6100,\"\")","v":""},null,null,0]
["SF-02250",{"$f":"INDEX(Orçamentária!A:B,MATCH(Composições!A6101,Orçamentária!A:A,0),2)","v":"Sensor de presença externo"},null,"un",null,"",{"$f":"IF(ISNUMBER(F6101),E6101*F6101,\"\")","v":""},null,null,0]
[null,null,null,null,null,"",{"$f":"IF(ISNUMBER(F6102),E6102*F6102,\"\")","v":""},null,null,0]
[null,null,"SENSOR DE PRESENCA BIVOLT COM FOTOCELULA PARA QUALQUER TIPO DE LAMPADA, POTENCIA MAXIMA *1000* W, USO EXTERNO","un",1,36.014499999999998,{"$f":"IF(ISNUMBER(F6103),E6103*F6103,\"\")","v":36.014499999999998},{"$f":"SUM(G6103:G6103)","v":36.014499999999998},null,0]
[null,null,null,null,null,"",{"$f":"IF(ISNUMBER(F6104),E6104*F6104,\"\")","v":""},null,null,0]
["SF-02285",{"$f":"INDEX(Orçamentária!A:B,MATCH(Composições!A6105,Orçamentária!A:A,0),2)","v":"Caixa de inspeção de aterramento 300 mm"},null,"un",null,"",{"$f":"IF(ISNUMBER(F6105),E6105*F6105,\"\")","v":""},null,null,0]
[null,null,null,null,null,"",{"$f":"IF(ISNUMBER(F6106),E6106*F6106,\"\")","v":""},null,null,0]
[null,null,"CAIXA DE INSPECAO PARA ATERRAMENTO E PARA RAIOS, EM POLIPROPILENO, DIAMETRO = 300 MM X ALTURA = 400 MM","un",1,54.406500000000001,{"$f":"IF(ISNUMBER(F6107),E6107*F6107,\"\")","v":54.406500000000001},{"$f":"SUM(G6107:G6107)","v":54.406500000000001},null,0]
[null,null,null,null,null,"",{"$f":"IF(ISNUMBER(F6108),E6108*F6108,\"\")","v":""},null,null,0]
["SF-02290",{"$f":"INDEX(Orçamentária!A:B,MATCH(Composições!A6109,Orçamentária!A:A,0),2)","v":"Captor tipo Franklin"},null,"un",null,"",{"$f":"IF(ISNUMBER(F6109),E6109*F6109,\"\")","v":""},null,null,0]
[null,null,null,null,null,"",{"$f":"IF(ISNUMBER(F6110),E6110*F6110,\"\")","v":""},null,null,0]
[null,null,"PARA-RAIOS TIPO FRANKLIN 350 MM, EM LATAO CROMADO, DUAS DESCIDAS, PARA PROTECAO DE EDIFICACOES CONTRA DESCARGAS ATMOSFERICAS","un",1,123.41449999999999,{"$f":"IF(ISNUMBER(F6111),E6111*F6111,\"\")","v":123.41449999999999},{"$f":"SUM(G6111:G6111)","v":123.41449999999999},null,0]
[null,null,null,null,null,"",{"$f":"IF(ISNUMBER(F6112),E6112*F6112,\"\")","v":""},null,null,0]
["SF-02294",{"$f":"INDEX(Orçamentária!A:B,MATCH(Composições!A6113,Orçamentária!A:A,0),2)","v":"Mastro 3m"},null,"un",null,"",{"$f":"IF(ISNUMBER(F6113),E6113*F6113,\"\")","v":""},null,null,0]
[null,null,null,null,null,"",{"$f":"IF(ISNUMBER(F6114),E6114*F6114,\"\")","v":""},null,null,0]
[null,null,"MASTRO SIMPLES GALVANIZADO DIAMETRO NOMINAL 2\"","m",3,58.842999999999996,{"$f":"IF(ISNUMBER(F6115),E6115*F6115,\"\")","v":176.529},{"$f":"SUM(G6115:G6115)","v":176.529},null,0]
[null,null,null,null,null,"",{"$f":"IF(ISNUMBER(F6116),E6116*F6116,\"\")","v":""},null,null,0]
["SF-02310",{"$f":"INDEX(Orçamentária!A:B,MATCH(Composições!A6117,Orçamentária!A:A,0),2)","v":"Adesivo estrutural"},null,"pct",null,"",{"$f":"IF(ISNUMBER(F6117),E6117*F6117,\"\")","v":""},null,null,0]
[null,null,null,null,null,"",{"$f":"IF(ISNUMBER(F6118),E6118*F6118,\"\")","v":""},null,null,0]
[null,null,"ADESIVO ESTRUTURAL A BASE DE RESINA EPOXI, BICOMPONENTE, PASTOSO (TIXOTROPICO)","kg",1,52.924500000000002,{"$f":"IF(ISNUMBER(F6119),E6119*F6119,\"\")","v":52.924500000000002},{"$f":"SUM(G6119:G6119)","v":52.924500000000002},null,0]
[null,null,null,null,null,"",{"$f":"IF(ISNUMBER(F6120),E6120*F6120,\"\")","v":""},null,null,0]
["SF-02328",{"$f":"INDEX(Orçamentária!A:B,MATCH(Composições!A6121,Orçamentária!A:A,0),2)","v":"Tampão DN 600 Articulado D-400"},null,"un",null,"",{"$f":"IF(ISNUMBER(F6121),E6121*F6121,\"\")","v":""},null,null,0]
[null,null,null,null,null,"",{"$f":"IF(ISNUMBER(F6122),E6122*F6122,\"\")","v":""},null,null,0]
[null,null,"TAMPAO FOFO ARTICULADO, CLASSE D400 CARGA MAX 40 T, REDONDO, TAMPA 600 MM (COM INSCRICAO EM RELEVO DO TIPO DE REDE)","un",1,722.70299999999997,{"$f":"IF(ISNUMBER(F6123),E6123*F6123,\"\")","v":722.70299999999997},{"$f":"SUM(G6123:G6123)","v":722.70299999999997},null,0]
[null,null,null,null,null,"",{"$f":"IF(ISNUMBER(F6124),E6124*F6124,\"\")","v":""},null,null,0]
["SF-02329",{"$f":"INDEX(Orçamentária!A:B,MATCH(Composições!A6125,Orçamentária!A:A,0),2)","v":"Tampão T-33 Articulado B-125"},null,"un",null,"",{"$f":"IF(ISNUMBER(F6125),E6125*F6125,\"\")","v":""},null,null,0]
[null,null,null,null,null,"",{"$f":"IF(ISNUMBER(F6126),E6126*F6126,\"\")","v":""},null,null,0]
[null,null,"TAMPAO FOFO ARTICULADO, CLASSE B125 CARGA MAX 12,5 T, REDONDO, TAMPA 600 MM (COM INSCRICAO EM RELEVO DO TIPO DE REDE)","un",1,589.7885,{"$f":"IF(ISNUMBER(F6127),E6127*F6127,\"\")","v":589.7885},{"$f":"SUM(G6127:G6127)","v":589.7885},null,0]
[null,null,null,null,null,"",{"$f":"IF(ISNUMBER(F6128),E6128*F6128,\"\")","v":""},null,null,0]
["SF-02330",{"$f":"INDEX(Orçamentária!A:B,MATCH(Composições!A6129,Orçamentária!A:A,0),2)","v":"Tampão T-33 Simples Pesado"},null,"un",null,"",{"$f":"IF(ISNUMBER(F6129),E6129*F6129,\"\")","v":""},null,null,0]
[null,null,null,null,null,"",{"$f":"IF(ISNUMBER(F6130),E6130*F6130,\"\")","v":""},null,null,0]
[null,null,"TAMPAO FOFO SIMPLES COM BASE, CLASSE A15 CARGA MAX 1,5 T, 400 X 600 MM (COM INSCRICAO EM RELEVO DO TIPO DE REDE)","un",1,301.53950000000003,{"$f":"IF(ISNUMBER(F6131),E6131*F6131,\"\")","v":301.53950000000003},{"$f":"SUM(G6131:G6131)","v":301.53950000000003},null,0]
[null,null,null,null,null,"",{"$f":"IF(ISNUMBER(F6132),E6132*F6132,\"\")","v":""},null,null,0]
["SF-02363",{"$f":"INDEX(Orçamentária!A:B,MATCH(Composições!A6133,Orçamentária!A:A,0),2)","v":"Placa de sinalização em PVC 2mm"},null,"m2",null,"",{"$f":"IF(ISNUMBER(F6133),E6133*F6133,\"\")","v":""},null,null,0]
[null,null,null,null,null,"",{"$f":"IF(ISNUMBER(F6134),E6134*F6134,\"\")","v":""},null,null,0]
[null,null,"PLACA DE SINALIZACAO DE SEGURANCA CONTRA INCENDIO, FOTOLUMINESCENTE, RETANGULAR, *13 X 26* CM, EM PVC *2* MM ANTI-CHAMAS (SIMBOLOS, CORES E PICTOGRAMAS CONFORME NBR 16820)","un",{"$f":"1/0.13/0.26","v":29.585798816568044},19,{"$f":"IF(ISNUMBER(F6135),E6135*F6135,\"\")","v":562.13017751479288},{"$f":"SUM(G6135:G6135)","v":562.13017751479288},null,0]
[null,null,null,null,null,"",{"$f":"IF(ISNUMBER(F6136),E6136*F6136,\"\")","v":""},null,null,0]
["SF-02379",{"$f":"INDEX(Orçamentária!A:B,MATCH(Composições!A6137,Orçamentária!A:A,0),2)","v":"Solda exotérmica"},null,"un",null,"",{"$f":"IF(ISNUMBER(F6137),E6137*F6137,\"\")","v":""},null,null,0]
[null,null,null,null,null,"",{"$f":"IF(ISNUMBER(F6138),E6138*F6138,\"\")","v":""},null,null,0]
[null,null,"ELETRICISTA COM ENCARGOS COMPLEMENTARES","h",0.08,27.474,{"$f":"IF(ISNUMBER(F6139),E6139*F6139,\"\")","v":2.1979199999999999},{"$f":"SUM(G6139:G6143)","v":3.8159599999999996},null,0]
[null,null,"SERVENTE COM ENCARGOS COMPLEMENTARES","h",0.08,20.225499999999997,{"$f":"IF(ISNUMBER(F6140),E6140*F6140,\"\")","v":1.6180399999999997},null,null,0]
[null,null,"CARTUCHO DE SOLDA EXOTÉRMICA N.º 90","un",1,0,{"$f":"IF(ISNUMBER(F6141),E6141*F6141,\"\")","v":0},null,null,0]
[null,null,"IGNEX - PALITO IGNITOR PARA SOLDA EXOTÉRMICA","un",1,0,{"$f":"IF(ISNUMBER(F6142),E6142*F6142,\"\")","v":0},null,null,0]
[null,null,"MOLDE P/ SOLDA TIPO \"T\" ATÉ 35mm²","un",0.04,0,{"$f":"IF(ISNUMBER(F6143),E6143*F6143,\"\")","v":0},null,null,0]
[null,null,null,null,null,"",null,null,null,0]
["SF-02389",{"$f":"INDEX(Orçamentária!A:B,MATCH(Composições!A6145,Orçamentária!A:A,0),2)","v":"Cone de sinalização"},null,"un",null,"",{"$f":"IF(ISNUMBER(F6145),E6145*F6145,\"\")","v":""},null,null,0]
[null,null,null,null,null,"",{"$f":"IF(ISNUMBER(F6146),E6146*F6146,\"\")","v":""},null,null,0]
[null,null,"CONE DE SINALIZACAO EM PVC RIGIDO COM FAIXA REFLETIVA, H = 70 / 76 CM","un",1,39.9,{"$f":"IF(ISNUMBER(F6147),E6147*F6147,\"\")","v":39.9},{"$f":"SUM(G6147:G6147)","v":39.9},null,0]
[null,null,null,null,null,"",{"$f":"IF(ISNUMBER(F6148),E6148*F6148,\"\")","v":""},null,null,0]
["SF-02499",{"$f":"INDEX(Orçamentária!A:B,MATCH(Composições!A6149,Orçamentária!A:A,0),2)","v":"Alicate crimpador com catraca para terminal RJ45"},null,"un",null,"",{"$f":"IF(ISNUMBER(F6149),E6149*F6149,\"\")","v":""},null,null,0]
[null,null,null,null,null,"",{"$f":"IF(ISNUMBER(F6150),E6150*F6150,\"\")","v":""},null,null,0]
[null,null,"ALICATE DE CRIMPAR RJ11, RJ12 E RJ45","un",1,143.279,{"$f":"IF(ISNUMBER(F6151),E6151*F6151,\"\")","v":143.279},{"$f":"SUM(G6151:G6151)","v":143.279},null,0]
[null,null,null,null,null,"",{"$f":"IF(ISNUMBER(F6152),E6152*F6152,\"\")","v":""},null,null,0]
["SF-02588",{"$f":"INDEX(Orçamentária!A:B,MATCH(Composições!A6153,Orçamentária!A:A,0),2)","v":"Protetor solar"},null,"L",null,"",{"$f":"IF(ISNUMBER(F6153),E6153*F6153,\"\")","v":""},null,null,0]
[null,null,null,null,null,"",{"$f":"IF(ISNUMBER(F6154),E6154*F6154,\"\")","v":""},null,null,0]
[null,null,"PROTETOR SOLAR FPS 30, EMBALAGEM 2 LITROS","un",0.5,229.81449999999998,{"$f":"IF(ISNUMBER(F6155),E6155*F6155,\"\")","v":114.90724999999999},{"$f":"SUM(G6155:G6155)","v":114.90724999999999},null,0]
[null,null,null,null,null,"",{"$f":"IF(ISNUMBER(F6156),E6156*F6156,\"\")","v":""},null,null,0]
["SF-02590",{"$f":"INDEX(Orçamentária!A:B,MATCH(Composições!A6157,Orçamentária!A:A,0),2)","v":"Carpete em placa para o Bloco 2 (Interlegis) - fornecimento e instalação"},null,"m2",null,"",{"$f":"IF(ISNUMBER(F6157),E6157*F6157,\"\")","v":""},null,null,0]
[null,null,null,null,null,"",{"$f":"IF(ISNUMBER(F6158),E6158*F6158,\"\")","v":""},null,null,0]
[null,null,"PEDREIRO COM ENCARGOS COMPLEMENTARES","H",{"$f":"0.1*1.3","v":0.13},27.160499999999999,{"$f":"IF(ISNUMBER(F6159),E6159*F6159,\"\")","v":3.5308649999999999},{"$f":"SUM(G6159:G6166)","v":16.577879999999997},null,0]
[null,null,"SERVENTE COM ENCARGOS COMPLEMENTARES","H",{"$f":"0.1*1.3","v":0.13},20.225499999999997,{"$f":"IF(ISNUMBER(F6160),E6160*F6160,\"\")","v":2.6293149999999996},null,null,0]
[null,null,"Adesivo de contato a base d'água","KG",0.1,"",{"$f":"IF(ISNUMBER(F6161),E6161*F6161,\"\")","v":""},null,null,0]
[null,null,"Carpete em placa, para uso comercial, adequado para tráfego pesado, conforme especificações técnicas.","m2",1.1000000000000001,"",{"$f":"IF(ISNUMBER(F6162),E6162*F6162,\"\")","v":""},null,null,0]
[null,null,"PEDREIRO COM ENCARGOS COMPLEMENTARES","H",0.2,27.160499999999999,{"$f":"IF(ISNUMBER(F6163),E6163*F6163,\"\")","v":5.4321000000000002},null,null,0]
[null,null,"SERVENTE COM ENCARGOS COMPLEMENTARES","H",0.2,20.225499999999997,{"$f":"IF(ISNUMBER(F6164),E6164*F6164,\"\")","v":4.0450999999999997},null,null,0]
[null,null,"CIMENTO PORTLAND COMPOSTO CP II-32","KG",1.5,0.627,{"$f":"IF(ISNUMBER(F6165),E6165*F6165,\"\")","v":0.9405},null,null,0]
[null,null,"Adjuvante para argamassa base PVA","KG",{"$f":"ROUND(E6165*0.1,2)","v":0.15},"",{"$f":"IF(ISNUMBER(F6166),E6166*F6166,\"\")","v":""},null,null,0]
[null,null,null,null,null,"",{"$f":"IF(ISNUMBER(F6167),E6167*F6167,\"\")","v":""},null,null,0]
["SF-02591",{"$f":"INDEX(Orçamentária!A:B,MATCH(Composições!A6168,Orçamentária!A:A,0),2)","v":"Carpete em rolo para o Bloco 2 (Interlegis) - fornecimento e instalação"},null,"m2",null,"",{"$f":"IF(ISNUMBER(F6168),E6168*F6168,\"\")","v":""},null,null,0]
[null,null,null,null,null,"",{"$f":"IF(ISNUMBER(F6169),E6169*F6169,\"\")","v":""},null,null,0]
[null,null,"PEDREIRO COM ENCARGOS COMPLEMENTARES","H",0.1,27.160499999999999,{"$f":"IF(ISNUMBER(F6170),E6170*F6170,\"\")","v":2.7160500000000001},{"$f":"SUM(G6170:G6177)","v":15.1563},null,0]
[null,null,"SERVENTE COM ENCARGOS COMPLEMENTARES","H",0.1,20.225499999999997,{"$f":"IF(ISNUMBER(F6171),E6171*F6171,\"\")","v":2.0225499999999998},null,null,0]
[null,null,"Adesivo de contato a base d'água","KG",0.1,"",{"$f":"IF(ISNUMBER(F6172),E6172*F6172,\"\")","v":""},null,null,0]
[null,null,"Carpete em rolo, para uso comercial, adequado para tráfego pesado, conforme especificações técnicas.","m2",1.1000000000000001,"",{"$f":"IF(ISNUMBER(F6173),E6173*F6173,\"\")","v":""},null,null,0]
[null,null,"PEDREIRO COM ENCARGOS COMPLEMENTARES","H",0.2,27.160499999999999,{"$f":"IF(ISNUMBER(F6174),E6174*F6174,\"\")","v":5.4321000000000002},null,null,0]
[null,null,"SERVENTE COM ENCARGOS COMPLEMENTARES","H",0.2,20.225499999999997,{"$f":"IF(ISNUMBER(F6175),E6175*F6175,\"\")","v":4.0450999999999997},null,null,0]
[null,null,"CIMENTO PORTLAND COMPOSTO CP II-32","KG",1.5,0.627,{"$f":"IF(ISNUMBER(F6176),E6176*F6176,\"\")","v":0.9405},null,null,0]
[null,null,"Adjuvante para argamassa base PVA","KG",{"$f":"ROUND(E6176*0.1,2)","v":0.15},"",{"$f":"IF(ISNUMBER(F6177),E6177*F6177,\"\")","v":""},null,null,0]
[null,null,null,null,null,"",{"$f":"IF(ISNUMBER(F6178),E6178*F6178,\"\")","v":""},null,null,0]
["SF-02592",{"$f":"INDEX(Orçamentária!A:B,MATCH(Composições!A6179,Orçamentária!A:A,0),2)","v":"Corte em chapas metálicas"},null,"m",null,"",{"$f":"IF(ISNUMBER(F6179),E6179*F6179,\"\")","v":""},null,null,0]
[null,null,null,null,null,"",{"$f":"IF(ISNUMBER(F6180),E6180*F6180,\"\")","v":""},null,null,0]
[null,null,"OXIGENIO, RECARGA PARA CILINDRO DE CONJUNTO OXICORTE GRANDE","m3",0.23,14.0695,{"$f":"IF(ISNUMBER(F6181),E6181*F6181,\"\")","v":3.2359849999999999},{"$f":"SUM(G6181:G6184)","v":12.43045455},null,0]
[null,null,"ACETILENO (RECARGA DE GAS ACETILENO PARA CILINDRO DE CONJUNTO OXICORTE GRANDE) NAO INCLUI TROCA/MANUTENCAO DO CILINDRO","kg",3.2000000000000001E-2,64.219999999999985,{"$f":"IF(ISNUMBER(F6182),E6182*F6182,\"\")","v":2.0550399999999995},null,null,0]
[null,null,"Auxiliar de serralheiro com encargos complementares","H",9.2700000000000005E-2,21.479499999999998,{"$f":"IF(ISNUMBER(F6183),E6183*F6183,\"\")","v":1.9911496499999999},null,null,0]
[null,null,"SOLDADOR COM ENCARGOS COMPLEMENTARES","H",0.18540000000000001,27.7685,{"$f":"IF(ISNUMBER(F6184),E6184*F6184,\"\")","v":5.1482799000000004},null,null,0]
[null,null,null,null,null,"",null,null,null,0]
["SF-02593",{"$f":"INDEX(Orçamentária!A:B,MATCH(Composições!A6186,Orçamentária!A:A,0),2)","v":"Remoção de revestimento em chapa de alumínio ACM para aproveitamento"},null,"m2",null,"",{"$f":"IF(ISNUMBER(F6186),E6186*F6186,\"\")","v":""},null,null,0]
[null,null,null,null,null,"",{"$f":"IF(ISNUMBER(F6187),E6187*F6187,\"\")","v":""},null,null,0]
[null,null,"PEDREIRO COM ENCARGOS COMPLEMENTARES","H",0.5,27.160499999999999,{"$f":"IF(ISNUMBER(F6188),E6188*F6188,\"\")","v":13.580249999999999},{"$f":"SUM(G6188:G6189)","v":33.805749999999996},null,0]
[null,null,"SERVENTE COM ENCARGOS COMPLEMENTARES","H",1,20.225499999999997,{"$f":"IF(ISNUMBER(F6189),E6189*F6189,\"\")","v":20.225499999999997},null,null,0]
[null,null,null,null,null,"",null,null,null,0]
["SF-02594",{"$f":"INDEX(Orçamentária!A:B,MATCH(Composições!A6191,Orçamentária!A:A,0),2)","v":"Instalação de revestimento em chapa de alumínio ACM reaproveitado"},null,"m2",null,"",{"$f":"IF(ISNUMBER(F6191),E6191*F6191,\"\")","v":""},null,null,0]
[null,null,null,null,null,"",{"$f":"IF(ISNUMBER(F6192),E6192*F6192,\"\")","v":""},null,null,0]
[null,null,"PEDREIRO COM ENCARGOS COMPLEMENTARES","H",1.5,27.160499999999999,{"$f":"IF(ISNUMBER(F6193),E6193*F6193,\"\")","v":40.740749999999998},{"$f":"SUM(G6193:G6194)","v":60.966249999999995},null,0]
[null,null,"SERVENTE COM ENCARGOS COMPLEMENTARES","H",1,20.225499999999997,{"$f":"IF(ISNUMBER(F6194),E6194*F6194,\"\")","v":20.225499999999997},null,null,0]
[null,null,null,null,null,"",null,null,null,0]
["SF-02595",{"$f":"INDEX(Orçamentária!A:B,MATCH(Composições!A6196,Orçamentária!A:A,0),2)","v":"Graute industrializado, fck ≥ 100MPa"},null,"m3",null,"",{"$f":"IF(ISNUMBER(F6196),E6196*F6196,\"\")","v":""},null,null,0]
[null,null,null,null,null,"",{"$f":"IF(ISNUMBER(F6197),E6197*F6197,\"\")","v":""},null,null,0]
[null,null,"PEDREIRO COM ENCARGOS COMPLEMENTARES","H",0.74148000000000003,27.160499999999999,{"$f":"IF(ISNUMBER(F6198),E6198*F6198,\"\")","v":20.138967539999999},{"$f":"SUM(G6198:G6200)","v":120.11765913999999},null,0]
[null,null,"SERVENTE COM ENCARGOS COMPLEMENTARES","H",4.9432,20.225499999999997,{"$f":"IF(ISNUMBER(F6199),E6199*F6199,\"\")","v":99.978691599999991},null,null,0]
[null,null,"Graute epóxi fluido de alta resistência mecânica. Ref: Sikadur 42 BR.","kg",{"$f":"1.203*2000","v":2406},"",{"$f":"IF(ISNUMBER(F6200),E6200*F6200,\"\")","v":""},null,null,0]
[null,null,null,null,null,"",null,null,null,0]
[null,null,"Obs.: considerando consumo de 2.000 kg/m³, conforme site do fabricante: https://bra.sika.com/pt/construcao/pisos-industriais/reparo-em-pisos/argamassa-epoxi/sikadur-42-br.html",null,null,"",null,null,null,0]
[null,null,null,null,null,"",null,null,null,0]
["SF-02596",{"$f":"INDEX(Orçamentária!A:B,MATCH(Composições!A6204,Orçamentária!A:A,0),2)","v":"Armação de aço CA-25 bitola de 16mm"},null,"kg",null,"",{"$f":"IF(ISNUMBER(F6204),E6204*F6204,\"\")","v":""},null,null,0]
[null,null,null,null,null,"",{"$f":"IF(ISNUMBER(F6205),E6205*F6205,\"\")","v":""},null,null,0]
[null,null,"ESPACADOR / DISTANCIADOR CIRCULAR COM ENTRADA LATERAL, EM PLASTICO, PARA VERGALHAO *4,2 A 12,5* MM, COBRIMENTO 20 MM","UN",0.21199999999999999,0.20899999999999999,{"$f":"IF(ISNUMBER(F6206),E6206*F6206,\"\")","v":4.4308E-2},{"$f":"SUM(G6206:G6210)","v":12.857091},null,0]
[null,null,"ARAME RECOZIDO 16 BWG, D = 1,65 MM (0,016 KG/M) OU 18 BWG, D = 1,25 MM (0,01 KG/M)","KG",2.5000000000000001E-2,22.61,{"$f":"IF(ISNUMBER(F6207),E6207*F6207,\"\")","v":0.56525000000000003},null,null,0]
[null,null,"AJUDANTE DE ARMADOR COM ENCARGOS COMPLEMENTARES","H",4.3E-3,20.196999999999999,{"$f":"IF(ISNUMBER(F6208),E6208*F6208,\"\")","v":8.6847099999999997E-2},null,null,0]
[null,null,"ARMADOR COM ENCARGOS COMPLEMENTARES","H",2.6100000000000002E-2,26.970499999999998,{"$f":"IF(ISNUMBER(F6209),E6209*F6209,\"\")","v":0.70393004999999997},null,null,0]
[null,null,"CORTE E DOBRA DE AÇO CA-25, DIÂMETRO DE 16,0 MM. AF_12/2015","KG",1,11.45675585,{"$f":"IF(ISNUMBER(F6210),E6210*F6210,\"\")","v":11.45675585},null,null,0]
[null,null,null,null,null,"",null,null,null,0]
["SF-02597",{"$f":"INDEX(Orçamentária!A:B,MATCH(Composições!A6212,Orçamentária!A:A,0),2)","v":"Concreto virado em betoneira, fck = 20MPa"},null,"m3",null,"",{"$f":"IF(ISNUMBER(F6212),E6212*F6212,\"\")","v":""},null,null,0]
[null,null,null,null,null,"",{"$f":"IF(ISNUMBER(F6213),E6213*F6213,\"\")","v":""},null,null,0]
[null,null,"CONCRETO FCK = 20MPA, TRAÇO 1:2,7:3 (CIMENTO/ AREIA MÉDIA/ BRITA 1)  - PREPARO MECÂNICO COM BETONEIRA 400 L. AF_07/2016","M3",1.103,607.03807833191502,{"$f":"IF(ISNUMBER(F6214),E6214*F6214,\"\")","v":669.56300040010228},{"$f":"SUM(G6214:G6219)","v":969.64327190010238},null,0]
[null,null,"CARPINTEIRO DE FORMAS COM ENCARGOS COMPLEMENTARES","H",1.19,26.799499999999998,{"$f":"IF(ISNUMBER(F6215),E6215*F6215,\"\")","v":31.891404999999995},null,null,0]
[null,null,"PEDREIRO COM ENCARGOS COMPLEMENTARES","H",3.5710000000000002,27.160499999999999,{"$f":"IF(ISNUMBER(F6216),E6216*F6216,\"\")","v":96.990145499999997},null,null,0]
[null,null,"SERVENTE COM ENCARGOS COMPLEMENTARES","H",8.407,20.225499999999997,{"$f":"IF(ISNUMBER(F6217),E6217*F6217,\"\")","v":170.03577849999996},null,null,0]
[null,null,"VIBRADOR DE IMERSÃO, DIÂMETRO DE PONTEIRA 45MM, MOTOR ELÉTRICO TRIFÁSICO POTÊNCIA DE 2 CV - CHP DIURNO. AF_06/2015","CHP",0.94199999999999995,1.1114999999999999,{"$f":"IF(ISNUMBER(F6218),E6218*F6218,\"\")","v":1.0470329999999999},null,null,0]
[null,null,"VIBRADOR DE IMERSÃO, DIÂMETRO DE PONTEIRA 45MM, MOTOR ELÉTRICO TRIFÁSICO POTÊNCIA DE 2 CV - CHI DIURNO. AF_06/2015","CHI",0.249,0.46549999999999997,{"$f":"IF(ISNUMBER(F6219),E6219*F6219,\"\")","v":0.1159095},null,null,0]
[null,null,null,null,null,"",null,null,null,0]
["SF-02598",{"$f":"INDEX(Orçamentária!A:B,MATCH(Composições!A6221,Orçamentária!A:A,0),2)","v":"Furo em concreto de até 40mm de diâmetro"},null,"un",null,"",{"$f":"IF(ISNUMBER(F6221),E6221*F6221,\"\")","v":""},null,null,0]
[null,null,null,null,null,"",{"$f":"IF(ISNUMBER(F6222),E6222*F6222,\"\")","v":""},null,null,0]
[null,null,"MARTELETE OU ROMPEDOR PNEUMÁTICO MANUAL, 28 KG, COM SILENCIADOR - CHP DIURNO. AF_07/2016","CHP",0.36699999999999999,24.6525,{"$f":"IF(ISNUMBER(F6223),E6223*F6223,\"\")","v":9.0474674999999998},{"$f":"SUM(G6223:G6226)","v":62.404340999999995},null,0]
[null,null,"MARTELETE OU ROMPEDOR PNEUMÁTICO MANUAL, 28 KG, COM SILENCIADOR - CHI DIURNO. AF_07/2016","CHI",0.80500000000000005,23.008999999999997,{"$f":"IF(ISNUMBER(F6224),E6224*F6224,\"\")","v":18.522244999999998},null,null,0]
[null,null,"AUXILIAR DE ENCANADOR OU BOMBEIRO HIDRÁULICO COM ENCARGOS COMPLEMENTARES","H",0.183,20.909500000000001,{"$f":"IF(ISNUMBER(F6225),E6225*F6225,\"\")","v":3.8264385000000001},null,null,0]
[null,null,"ENCANADOR OU BOMBEIRO HIDRÁULICO COM ENCARGOS COMPLEMENTARES","H",1.1719999999999999,26.4575,{"$f":"IF(ISNUMBER(F6226),E6226*F6226,\"\")","v":31.008189999999999},null,null,0]
[null,null,null,null,null,"",null,null,null,0]
["SF-02599",{"$f":"INDEX(Orçamentária!A:B,MATCH(Composições!A6228,Orçamentária!A:A,0),2)","v":"Adesivo Estrutural Epóxi Bicomponente – fornecimento e aplicação"},null,"m2",null,"",{"$f":"IF(ISNUMBER(F6228),E6228*F6228,\"\")","v":""},null,null,0]
[null,null,null,null,null,"",{"$f":"IF(ISNUMBER(F6229),E6229*F6229,\"\")","v":""},null,null,0]
[null,null,"PEDREIRO COM ENCARGOS COMPLEMENTARES","H",0.2,27.160499999999999,{"$f":"IF(ISNUMBER(F6230),E6230*F6230,\"\")","v":5.4321000000000002},{"$f":"SUM(G6230:G6232)","v":71.369700000000009},null,0]
[null,null,"SERVENTE COM ENCARGOS COMPLEMENTARES","H",0.2,20.225499999999997,{"$f":"IF(ISNUMBER(F6231),E6231*F6231,\"\")","v":4.0450999999999997},null,null,0]
[null,null,"ADESIVO ESTRUTURAL A BASE DE RESINA EPOXI, BICOMPONENTE, FLUIDO","kg",1,61.892500000000005,{"$f":"IF(ISNUMBER(F6232),E6232*F6232,\"\")","v":61.892500000000005},null,null,0]
[null,null,null,null,null,"",null,null,null,0]
["SF-02600",{"$f":"INDEX(Orçamentária!A:B,MATCH(Composições!A6234,Orçamentária!A:A,0),2)","v":"Estaca escavada manualmente de diâmetro 30cm"},null,"m",null,"",{"$f":"IF(ISNUMBER(F6234),E6234*F6234,\"\")","v":""},null,null,0]
[null,null,null,null,null,"",{"$f":"IF(ISNUMBER(F6235),E6235*F6235,\"\")","v":""},null,null,0]
[null,null,"PEDREIRO COM ENCARGOS COMPLEMENTARES","H",1.103,27.160499999999999,{"$f":"IF(ISNUMBER(F6236),E6236*F6236,\"\")","v":29.958031499999997},{"$f":"SUM(G6236:G6239)","v":128.80431038454469},null,0]
[null,null,"SERVENTE COM ENCARGOS COMPLEMENTARES","H",1.33,20.225499999999997,{"$f":"IF(ISNUMBER(F6237),E6237*F6237,\"\")","v":26.899914999999996},null,null,0]
[null,null,"CORTE E DOBRA DE AÇO CA-50, DIÂMETRO DE 12,5 MM. AF_06/2022","KG",2.1230000000000002,9.2986760000000004,{"$f":"IF(ISNUMBER(F6238),E6238*F6238,\"\")","v":19.741089148000004},null,null,0]
[null,null,"CONCRETO FCK = 20MPA, TRAÇO 1:2,7:3 (EM MASSA SECA DE CIMENTO/ AREIA MÉDIA/ BRITA 1) - PREPARO MECÂNICO COM BETONEIRA 600 L. AF_05/2021","M3",8.5999999999999993E-2,607.03807833191502,{"$f":"IF(ISNUMBER(F6239),E6239*F6239,\"\")","v":52.205274736544688},null,null,0]
[null,null,null,null,null,"",null,null,null,0]
["SF-02601",{"$f":"INDEX(Orçamentária!A:B,MATCH(Composições!A6241,Orçamentária!A:A,0),2)","v":"Arrasamento mecânico de estacas de concreto armado com diâmetros de até 40cm"},null,"un",null,"",{"$f":"IF(ISNUMBER(F6241),E6241*F6241,\"\")","v":""},null,null,0]
[null,null,null,null,null,"",{"$f":"IF(ISNUMBER(F6242),E6242*F6242,\"\")","v":""},null,null,0]
[null,null,"SERVENTE COM ENCARGOS COMPLEMENTARES","H",0.36299999999999999,20.225499999999997,{"$f":"IF(ISNUMBER(F6243),E6243*F6243,\"\")","v":7.3418564999999987},{"$f":"SUM(G6243:G6245)","v":15.682783349999999},null,0]
[null,null,"MARTELO DEMOLIDOR ELÉTRICO, COM POTÊNCIA DE 2.000 W, 1.000 IMPACTOS POR MINUTO, PESO DE 30 KG -  CHI DIURNO. AF_01/2021","CHI",0.20030000000000001,22.172999999999998,{"$f":"IF(ISNUMBER(F6244),E6244*F6244,\"\")","v":4.4412519000000001},null,null,0]
[null,null,"MARTELO DEMOLIDOR ELÉTRICO, COM POTÊNCIA DE 2.000 W, 1.000 IMPACTOS POR MINUTO, PESO DE 30 KG - CHP DIURNO. AF_01/2021","CHP",0.16270000000000001,23.968499999999999,{"$f":"IF(ISNUMBER(F6245),E6245*F6245,\"\")","v":3.8996749500000001},null,null,0]
[null,null,null,null,null,"",null,null,null,0]
["SF-02602",{"$f":"INDEX(Orçamentária!A:B,MATCH(Composições!A6247,Orçamentária!A:A,0),2)","v":"Quadro 400x300x200 mm – fornecimento e instalação"},null,"un",null,"",{"$f":"IF(ISNUMBER(F6247),E6247*F6247,\"\")","v":""},null,null,0]
[null,null,null,null,null,"",{"$f":"IF(ISNUMBER(F6248),E6248*F6248,\"\")","v":""},null,null,0]
[null,null,"QUADRO DE DISTRIBUICAO COM BARRAMENTO TRIFASICO, DE SOBREPOR, EM CHAPA DE ACO GALVANIZADO, PARA 18 DISJUNTORES DIN, 100 A","UN",1,"",{"$f":"IF(ISNUMBER(F6249),E6249*F6249,\"\")","v":""},{"$f":"SUM(G6249:G6251)","v":74.353796299999999},null,0]
[null,null,"AUXILIAR DE ELETRICISTA COM ENCARGOS COMPLEMENTARES","H",1.5233000000000001,21.337,{"$f":"IF(ISNUMBER(F6250),E6250*F6250,\"\")","v":32.502652099999999},null,null,0]
[null,null,"ELETRICISTA COM ENCARGOS COMPLEMENTARES","H",1.5233000000000001,27.474,{"$f":"IF(ISNUMBER(F6251),E6251*F6251,\"\")","v":41.8511442},null,null,0]
[null,null,null,null,null,"",null,null,null,0]
["SF-02603",{"$f":"INDEX(Orçamentária!A:B,MATCH(Composições!A6253,Orçamentária!A:A,0),2)","v":"Concreto Usinado, fck = 25MPa"},null,"m3",null,"",{"$f":"IF(ISNUMBER(F6253),E6253*F6253,\"\")","v":""},null,null,0]
[null,null,null,null,null,"",{"$f":"IF(ISNUMBER(F6254),E6254*F6254,\"\")","v":""},null,null,0]
[null,null,"CONCRETO USINADO BOMBEAVEL, CLASSE DE RESISTENCIA C25, COM BRITA 0 E 1, SLUMP = 100 +/- 20 MM, INCLUI SERVICO DE BOMBEAMENTO (NBR 8953)","M3",1.103,470.88650000000001,{"$f":"IF(ISNUMBER(F6255),E6255*F6255,\"\")","v":519.3878095},{"$f":"SUM(G6255:G6260)","v":560.09022700000003},null,0]
[null,null,"CARPINTEIRO DE FORMAS COM ENCARGOS COMPLEMENTARES","H",0.125,26.799499999999998,{"$f":"IF(ISNUMBER(F6256),E6256*F6256,\"\")","v":3.3499374999999998},null,null,0]
[null,null,"PEDREIRO COM ENCARGOS COMPLEMENTARES","H",0.753,27.160499999999999,{"$f":"IF(ISNUMBER(F6257),E6257*F6257,\"\")","v":20.451856499999998},null,null,0]
[null,null,"SERVENTE COM ENCARGOS COMPLEMENTARES","H",0.82599999999999996,20.225499999999997,{"$f":"IF(ISNUMBER(F6258),E6258*F6258,\"\")","v":16.706262999999996},null,null,0]
[null,null,"VIBRADOR DE IMERSÃO, DIÂMETRO DE PONTEIRA 45MM, MOTOR ELÉTRICO TRIFÁSICO POTÊNCIA DE 2 CV - CHP DIURNO. AF_06/2015","CHP",0.12,1.1114999999999999,{"$f":"IF(ISNUMBER(F6259),E6259*F6259,\"\")","v":0.13338},null,null,0]
[null,null,"VIBRADOR DE IMERSÃO, DIÂMETRO DE PONTEIRA 45MM, MOTOR ELÉTRICO TRIFÁSICO POTÊNCIA DE 2 CV - CHI DIURNO. AF_06/2015","CHI",0.13100000000000001,0.46549999999999997,{"$f":"IF(ISNUMBER(F6260),E6260*F6260,\"\")","v":6.09805E-2},null,null,0]
[null,null,null,null,null,"",null,null,null,0]
["SF-02604",{"$f":"INDEX(Orçamentária!A:B,MATCH(Composições!A6262,Orçamentária!A:A,0),2)","v":"Estaca escavada mecanicamente - 40cm de diâmetro"},null,"m",null,"",{"$f":"IF(ISNUMBER(F6262),E6262*F6262,\"\")","v":""},null,null,0]
[null,null,null,null,null,"",{"$f":"IF(ISNUMBER(F6263),E6263*F6263,\"\")","v":""},null,null,0]
[null,null,"CONCRETO USINADO BOMBEAVEL, CLASSE DE RESISTENCIA C25, COM BRITA 0 E 1, SLUMP = 130 +/- 20 MM, EXCLUI SERVICO DE BOMBEAMENTO (NBR 8953)","M3",0.1426,451.39249999999998,{"$f":"IF(ISNUMBER(F6264),E6264*F6264,\"\")","v":64.368570500000004},{"$f":"SUM(G6264:G6271)","v":108.36259620851001},null,0]
[null,null,"SERVENTE COM ENCARGOS COMPLEMENTARES","H",0.27950000000000003,20.225499999999997,{"$f":"IF(ISNUMBER(F6265),E6265*F6265,\"\")","v":5.6530272499999992},null,null,0]
[null,null,"PERFURATRIZ HIDRÁULICA SOBRE CAMINHÃO COM TRADO CURTO ACOPLADO, PROFUNDIDADE MÁXIMA DE 20 M, DIÂMETRO MÁXIMO DE 1500 MM, POTÊNCIA INSTALADA DE 137 HP, MESA ROTATIVA COM TORQUE MÁXIMO DE 30 KNM - CHP DIURNO. AF_06/2015","CHP",3.4200000000000001E-2,383.13499999999999,{"$f":"IF(ISNUMBER(F6266),E6266*F6266,\"\")","v":13.103217000000001},null,null,0]
[null,null,"PERFURATRIZ HIDRÁULICA SOBRE CAMINHÃO COM TRADO CURTO ACOPLADO, PROFUNDIDADE MÁXIMA DE 20 M, DIÂMETRO MÁXIMO DE 1500 MM, POTÊNCIA INSTALADA DE 137 HP, MESA ROTATIVA COM TORQUE MÁXIMO DE 30 KNM - CHI DIURNO. AF_06/2015","CHI",6.1199999999999997E-2,149.67250000000001,{"$f":"IF(ISNUMBER(F6267),E6267*F6267,\"\")","v":9.1599570000000003},null,null,0]
[null,null,"ENGENHEIRO CIVIL DE OBRA PLENO COM ENCARGOS COMPLEMENTARES","H",6.4000000000000003E-3,118.2085,{"$f":"IF(ISNUMBER(F6268),E6268*F6268,\"\")","v":0.75653440000000005},null,null,0]
[null,null,"MONTAGEM DE ARMADURA DE ESTACAS, DIÂMETRO = 16,0 MM. AF_09/2021","KG",1.3913,10.000987250000001,{"$f":"IF(ISNUMBER(F6269),E6269*F6269,\"\")","v":13.914373560925002},null,null,0]
[null,null,"TRANSPORTE COM CAMINHÃO BASCULANTE DE 6 M³, EM VIA URBANA EM REVESTIMENTO PRIMÁRIO (UNIDADE: M3XKM). AF_07/2020","M3XKM",5.2400000000000002E-2,2.9118012999999996,{"$f":"IF(ISNUMBER(F6270),E6270*F6270,\"\")","v":0.15257838811999999},null,null,0]
[null,null,"CARGA, MANOBRA E DESCARGA DE SOLOS E MATERIAIS GRANULARES EM CAMINHÃO BASCULANTE 6 M³ - CARGA COM PÁ CARREGADEIRA (CAÇAMBA DE 1,7 A 2,8 M³ / 128 HP) E DESCARGA LIVRE (UNIDADE: M3). AF_07/2020","M3",0.15709999999999999,7.9843291499999998,{"$f":"IF(ISNUMBER(F6271),E6271*F6271,\"\")","v":1.2543381094649999},null,null,0]
[null,null,null,null,null,"",null,null,null,0]
["SF-02606",{"$f":"INDEX(Orçamentária!A:B,MATCH(Composições!A6273,Orçamentária!A:A,0),2)","v":"Armação de aço CA-60 bitolas de 5,0mm a 8,00mm"},null,"kg",null,"",{"$f":"IF(ISNUMBER(F6273),E6273*F6273,\"\")","v":""},null,null,0]
[null,null,null,null,null,"",{"$f":"IF(ISNUMBER(F6274),E6274*F6274,\"\")","v":""},null,null,0]
[null,null,"ESPACADOR / DISTANCIADOR CIRCULAR COM ENTRADA LATERAL, EM PLASTICO, PARA VERGALHAO *4,2 A 12,5* MM, COBRIMENTO 20 MM","UN",1.19,0.20899999999999999,{"$f":"IF(ISNUMBER(F6275),E6275*F6275,\"\")","v":0.24870999999999999},{"$f":"SUM(G6275:G6279)","v":15.445831499999999},null,0]
[null,null,"ARAME RECOZIDO 16 BWG, D = 1,65 MM (0,016 KG/M) OU 18 BWG, D = 1,25 MM (0,01 KG/M)","KG",2.5000000000000001E-2,22.61,{"$f":"IF(ISNUMBER(F6276),E6276*F6276,\"\")","v":0.56525000000000003},null,null,0]
[null,null,"AJUDANTE DE ARMADOR COM ENCARGOS COMPLEMENTARES","H",1.7500000000000002E-2,20.196999999999999,{"$f":"IF(ISNUMBER(F6277),E6277*F6277,\"\")","v":0.35344750000000003},null,null,0]
[null,null,"ARMADOR COM ENCARGOS COMPLEMENTARES","H",0.1069,26.970499999999998,{"$f":"IF(ISNUMBER(F6278),E6278*F6278,\"\")","v":2.8831464499999995},null,null,0]
[null,null,"CORTE E DOBRA DE AÇO CA-60, DIÂMETRO DE 5,0 MM. AF_06/2022","KG",1,11.395277549999999,{"$f":"IF(ISNUMBER(F6279),E6279*F6279,\"\")","v":11.395277549999999},null,null,0]
[null,null,null,null,null,"",null,null,null,0]
["SF-02607",{"$f":"INDEX(Orçamentária!A:B,MATCH(Composições!A6281,Orçamentária!A:A,0),2)","v":"Pavimentação em concreto simples"},null,"m2",null,"",{"$f":"IF(ISNUMBER(F6281),E6281*F6281,\"\")","v":""},null,null,0]
[null,null,null,null,null,"",{"$f":"IF(ISNUMBER(F6282),E6282*F6282,\"\")","v":""},null,null,0]
[null,null,"CONCRETO USINADO BOMBEAVEL, CLASSE DE RESISTENCIA C20, COM BRITA 0 E 1, SLUMP = 100 +/- 20 MM, EXCLUI SERVICO DE BOMBEAMENTO (NBR 8953)","M3",8.14E-2,422.75,{"$f":"IF(ISNUMBER(F6283),E6283*F6283,\"\")","v":34.411850000000001},{"$f":"SUM(G6283:G6287)","v":79.565544750000001},null,0]
[null,null,"ENDURECEDOR MINERAL DE BASE CIMENTICIA PARA PISO DE CONCRETO","KG",4,10.279,{"$f":"IF(ISNUMBER(F6284),E6284*F6284,\"\")","v":41.116},null,null,0]
[null,null,"PEDREIRO COM ENCARGOS COMPLEMENTARES","H",0.1119,27.160499999999999,{"$f":"IF(ISNUMBER(F6285),E6285*F6285,\"\")","v":3.0392599499999999},null,null,0]
[null,null,"SERVENTE COM ENCARGOS COMPLEMENTARES","H",4.6600000000000003E-2,20.225499999999997,{"$f":"IF(ISNUMBER(F6286),E6286*F6286,\"\")","v":0.94250829999999985},null,null,0]
[null,null,"DESEMPENADEIRA DE CONCRETO, PESO DE 78 KG, 4 PÁS, MOTOR A GASOLINA, POTÊNCIA 5,5 HP - CHP DIURNO. AF_09/2016","CHP",7.0000000000000001E-3,7.9894999999999996,{"$f":"IF(ISNUMBER(F6287),E6287*F6287,\"\")","v":5.5926499999999997E-2},null,null,0]
[null,null,null,null,null,"",null,null,null,0]
["SF-02608",{"$f":"INDEX(Orçamentária!A:B,MATCH(Composições!A6289,Orçamentária!A:A,0),2)","v":"Tubo PVC esgoto ou águas pluviais predial DN 150mm"},null,"m",null,"",{"$f":"IF(ISNUMBER(F6289),E6289*F6289,\"\")","v":""},null,null,0]
[null,null,null,null,null,"",{"$f":"IF(ISNUMBER(F6290),E6290*F6290,\"\")","v":""},null,null,0]
[null,null,"ADESIVO PLASTICO PARA PVC, FRASCO COM *850* GR","UN",6.1999999999999998E-3,62.348499999999994,{"$f":"IF(ISNUMBER(F6291),E6291*F6291,\"\")","v":0.38656069999999992},{"$f":"SUM(G6291:G6296)","v":69.999313599999994},null,0]
[null,null,"TUBO PVC, SERIE R, DN 150 MM, PARA ESGOTO OU AGUAS PLUVIAIS PREDIAL (NBR 5688)","M",1.04,57.969000000000001,{"$f":"IF(ISNUMBER(F6292),E6292*F6292,\"\")","v":60.287760000000006},null,null,0]
[null,null,"SOLUCAO PREPARADORA / LIMPADORA PARA PVC, FRASCO COM 1000 CM3","UN",1.0200000000000001E-2,70.641999999999996,{"$f":"IF(ISNUMBER(F6293),E6293*F6293,\"\")","v":0.72054839999999998},null,null,0]
[null,null,"LIXA D'AGUA EM FOLHA, GRAO 100","UN",3.6999999999999998E-2,2.1185,{"$f":"IF(ISNUMBER(F6294),E6294*F6294,\"\")","v":7.8384499999999996E-2},null,null,0]
[null,null,"AUXILIAR DE ENCANADOR OU BOMBEIRO HIDRÁULICO COM ENCARGOS COMPLEMENTARES","H",0.18,20.909500000000001,{"$f":"IF(ISNUMBER(F6295),E6295*F6295,\"\")","v":3.7637100000000001},null,null,0]
[null,null,"ENCANADOR OU BOMBEIRO HIDRÁULICO COM ENCARGOS COMPLEMENTARES","H",0.18,26.4575,{"$f":"IF(ISNUMBER(F6296),E6296*F6296,\"\")","v":4.7623499999999996},null,null,0]
[null,null,null,null,null,"",null,null,null,0]
["SF-02609",{"$f":"INDEX(Orçamentária!A:B,MATCH(Composições!A6298,Orçamentária!A:A,0),2)","v":"Alvenaria Estrutural"},null,"m2",null,"",{"$f":"IF(ISNUMBER(F6298),E6298*F6298,\"\")","v":""},null,null,0]
[null,null,null,null,null,"",{"$f":"IF(ISNUMBER(F6299),E6299*F6299,\"\")","v":""},null,null,0]
[null,null,"BLOCO DE CONCRETO ESTRUTURAL 14 X 19 X 39 CM, FBK 4,5 MPA (NBR 6136)","UN",10.220000000000001,4.1040000000000001,{"$f":"IF(ISNUMBER(F6300),E6300*F6300,\"\")","v":41.942880000000002},{"$f":"SUM(G6300:G6307)","v":87.341624541352402},null,0]
[null,null,"TELA DE ACO SOLDADA GALVANIZADA/ZINCADA PARA ALVENARIA, FIO D = *1,20 A 1,70* MM, MALHA 15 X 15 MM, (C X L) *50 X 12* CM","M",0.87,4.4744999999999999,{"$f":"IF(ISNUMBER(F6301),E6301*F6301,\"\")","v":3.8928149999999997},null,null,0]
[null,null,"MEIO BLOCO DE CONCRETO ESTRUTURAL 14 X 19 X 19 CM, FBK 4,5 MPA (NBR 6136)","UN",1.46,2.3465000000000003,{"$f":"IF(ISNUMBER(F6302),E6302*F6302,\"\")","v":3.4258900000000003},null,null,0]
[null,null,"BLOCO DE CONCRETO ESTRUTURAL 14 X 19 X 34 CM, FBK 4,5 MPA (NBR 6136)","UN",1.46,3.7524999999999999,{"$f":"IF(ISNUMBER(F6303),E6303*F6303,\"\")","v":5.47865},null,null,0]
[null,null,"CANALETA DE CONCRETO ESTRUTURAL 14 X 19 X 39 CM, FBK 4,5 MPA (NBR 6136)","UN",0.97,4.6265000000000001,{"$f":"IF(ISNUMBER(F6304),E6304*F6304,\"\")","v":4.4877050000000001},null,null,0]
[null,null,"PEDREIRO COM ENCARGOS COMPLEMENTARES","H",0.49,27.160499999999999,{"$f":"IF(ISNUMBER(F6305),E6305*F6305,\"\")","v":13.308644999999999},null,null,0]
[null,null,"SERVENTE COM ENCARGOS COMPLEMENTARES","H",0.37,20.225499999999997,{"$f":"IF(ISNUMBER(F6306),E6306*F6306,\"\")","v":7.4834349999999983},null,null,0]
[null,null,"ARGAMASSA TRAÇO 1:2:9 (EM VOLUME DE CIMENTO, CAL E AREIA MÉDIA ÚMIDA) PARA EMBOÇO/MASSA ÚNICA/ASSENTAMENTO DE ALVENARIA DE VEDAÇÃO, PREPARO MECÂNICO COM BETONEIRA 400 L. AF_08/2019","M3",1.04E-2,704.00043666850002,{"$f":"IF(ISNUMBER(F6307),E6307*F6307,\"\")","v":7.3216045413524},null,null,0]
[null,null,null,null,null,"",null,null,null,0]
["SF-02610",{"$f":"INDEX(Orçamentária!A:B,MATCH(Composições!A6309,Orçamentária!A:A,0),2)","v":"Boca de lobo simples em blocos de concreto, h=1,0 m"},null,"un",null,"",{"$f":"IF(ISNUMBER(F6309),E6309*F6309,\"\")","v":""},null,null,0]
[null,null,null,null,null,"",{"$f":"IF(ISNUMBER(F6310),E6310*F6310,\"\")","v":""},null,null,0]
[null,null,"CANALETA DE CONCRETO 19 X 19 X 19 CM (CLASSE C - NBR 6136)","UN",21,3.1825000000000001,{"$f":"IF(ISNUMBER(F6311),E6311*F6311,\"\")","v":66.832499999999996},{"$f":"SUM(G6311:G6331)","v":1513.2404781847199},null,0]
[null,null,"DESMOLDANTE PROTETOR PARA FORMAS DE MADEIRA, DE BASE OLEOSA EMULSIONADA EM AGUA","L",8.2000000000000007E-3,8.0274999999999981,{"$f":"IF(ISNUMBER(F6312),E6312*F6312,\"\")","v":6.5825499999999995E-2},null,null,0]
[null,null,"PONTALETE *7,5 X 7,5* CM EM PINUS, MISTA OU EQUIVALENTE DA REGIAO - BRUTA","M",0.17760000000000001,8.1509999999999998,{"$f":"IF(ISNUMBER(F6313),E6313*F6313,\"\")","v":1.4476176000000001},null,null,0]
[null,null,"SARRAFO *2,5 X 7,5* CM EM PINUS, MISTA OU EQUIVALENTE DA REGIAO - BRUTA","M",0.2112,2.8499999999999996,{"$f":"IF(ISNUMBER(F6314),E6314*F6314,\"\")","v":0.6019199999999999},null,null,0]
[null,null,"PREGO DE ACO POLIDO COM CABECA 17 X 27 (2 1/2 X 11)","KG",0.187,22.011500000000002,{"$f":"IF(ISNUMBER(F6315),E6315*F6315,\"\")","v":4.1161505000000007},null,null,0]
[null,null,"RETROESCAVADEIRA SOBRE RODAS COM CARREGADEIRA, TRAÇÃO 4X4, POTÊNCIA LÍQ. 88 HP, CAÇAMBA CARREG. CAP. MÍN. 1 M3, CAÇAMBA RETRO CAP. 0,26 M3, PESO OPERACIONAL MÍN. 6.674 KG, PROFUNDIDADE ESCAVAÇÃO MÁX. 4,37 M - CHP DIURNO. AF_06/2014","CHP",3.1300000000000001E-2,139.441,{"$f":"IF(ISNUMBER(F6316),E6316*F6316,\"\")","v":4.3645033},null,null,0]
[null,null,"RETROESCAVADEIRA SOBRE RODAS COM CARREGADEIRA, TRAÇÃO 4X4, POTÊNCIA LÍQ. 88 HP, CAÇAMBA CARREG. CAP. MÍN. 1 M3, CAÇAMBA RETRO CAP. 0,26 M3, PESO OPERACIONAL MÍN. 6.674 KG, PROFUNDIDADE ESCAVAÇÃO MÁX. 4,37 M - CHI DIURNO. AF_06/2014","CHI",6.3700000000000007E-2,54.966999999999999,{"$f":"IF(ISNUMBER(F6317),E6317*F6317,\"\")","v":3.5013979000000002},null,null,0]
[null,null,"TABUA NAO APARELHADA *2,5 X 20* CM, EM MACARANDUBA, ANGELIM OU EQUIVALENTE DA REGIAO - BRUTA","M",0.66239999999999999,23.398499999999999,{"$f":"IF(ISNUMBER(F6318),E6318*F6318,\"\")","v":15.499166399999998},null,null,0]
[null,null,"BLOCO DE CONCRETO ESTRUTURAL 19 X 19 X 39 CM, FBK 4,5 MPA (NBR 6136)","UN",47.175699999999999,5.1395,{"$f":"IF(ISNUMBER(F6319),E6319*F6319,\"\")","v":242.45951015},null,null,0]
[null,null,"MEIO-FIO OU GUIA DE CONCRETO PRE-MOLDADO, TIPO CHAPEU PARA BOCA DE LOBO, DIMENSOES *1,20* X 0,15 X 0,30 M","UN",1,44.003999999999998,{"$f":"IF(ISNUMBER(F6320),E6320*F6320,\"\")","v":44.003999999999998},null,null,0]
[null,null,"ARGAMASSA TRAÇO 1:4 (EM VOLUME DE CIMENTO E AREIA GROSSA ÚMIDA) PARA CHAPISCO CONVENCIONAL, PREPARO MECÂNICO COM BETONEIRA 400 L. AF_08/2019","M3",4.3E-3,584.38255857299987,{"$f":"IF(ISNUMBER(F6321),E6321*F6321,\"\")","v":2.5128450018638993},null,null,0]
[null,null,"PEDREIRO COM ENCARGOS COMPLEMENTARES","H",9.5631000000000004,27.160499999999999,{"$f":"IF(ISNUMBER(F6322),E6322*F6322,\"\")","v":259.73857755},null,null,0]
[null,null,"SERVENTE COM ENCARGOS COMPLEMENTARES","H",7.5138999999999996,20.225499999999997,{"$f":"IF(ISNUMBER(F6323),E6323*F6323,\"\")","v":151.97238444999996},null,null,0]
[null,null,"ARGAMASSA TRAÇO 1:3 (EM VOLUME DE CIMENTO E AREIA MÉDIA ÚMIDA), PREPARO MECÂNICO COM BETONEIRA 400 L. AF_08/2019","M3",0.47460000000000002,657.14224713049998,{"$f":"IF(ISNUMBER(F6324),E6324*F6324,\"\")","v":311.87971048813529},null,null,0]
[null,null,"GRAUTEAMENTO VERTICAL EM ALVENARIA ESTRUTURAL. AF_09/2021","M3",2.9899999999999999E-2,1155.9112511748194,{"$f":"IF(ISNUMBER(F6325),E6325*F6325,\"\")","v":34.5617464101271},null,null,0]
[null,null,"GRAUTEAMENTO DE CINTA SUPERIOR OU DE VERGA EM ALVENARIA ESTRUTURAL. AF_09/2021","M3",6.1499999999999999E-2,1120.0434482748194,{"$f":"IF(ISNUMBER(F6326),E6326*F6326,\"\")","v":68.8826720689014},null,null,0]
[null,null,"ARMAÇÃO VERTICAL DE ALVENARIA ESTRUTURAL; DIÂMETRO DE 10,0 MM. AF_01/2015","KG",0.98719999999999997,12.117952999999998,{"$f":"IF(ISNUMBER(F6327),E6327*F6327,\"\")","v":11.962843201599998},null,null,0]
[null,null,"ARMAÇÃO DE CINTA DE ALVENARIA ESTRUTURAL; DIÂMETRO DE 10,0 MM. AF_01/2015","KG",2.468,11.559144,{"$f":"IF(ISNUMBER(F6328),E6328*F6328,\"\")","v":28.527967392000001},null,null,0]
[null,null,"CONCRETO FCK = 20MPA, TRAÇO 1:2,7:3 (CIMENTO/ AREIA MÉDIA/ BRITA 1)  - PREPARO MECÂNICO COM BETONEIRA 600 L. AF_07/2016","M3",0.1628,607.03807833191502,{"$f":"IF(ISNUMBER(F6329),E6329*F6329,\"\")","v":98.825799152435764},null,null,0]
[null,null,"PEÇA RETANGULAR PRÉ-MOLDADA, VOLUME DE CONCRETO DE 30 A 100 LITROS, TAXA DE AÇO APROXIMADA DE 30KG/M³. AF_01/2018","M3",6.1600000000000002E-2,2564.6196071453983,{"$f":"IF(ISNUMBER(F6330),E6330*F6330,\"\")","v":157.98056780015654},null,null,0]
[null,null,"PREPARO DE FUNDO DE VALA COM LARGURA MAIOR OU IGUAL A 1,5 M E MENOR QUE 2,5 M (ACERTO DO SOLO NATURAL). AF_08/2020","M2",1.17,2.9938233500000004,{"$f":"IF(ISNUMBER(F6331),E6331*F6331,\"\")","v":3.5027733195000001},null,null,0]
[null,null,null,null,null,"",null,null,null,0]
["SF-02611",{"$f":"INDEX(Orçamentária!A:B,MATCH(Composições!A6333,Orçamentária!A:A,0),2)","v":"Canaleta de concreto armado 30 cm x 30 cm com tampa"},null,"m",null,"",{"$f":"IF(ISNUMBER(F6333),E6333*F6333,\"\")","v":""},null,null,0]
[null,null,null,null,null,"",{"$f":"IF(ISNUMBER(F6334),E6334*F6334,\"\")","v":""},null,null,0]
[null,null,"Armadura de tela de aço CA-60 4,2mm","m2",3.12,0,{"$f":"IF(ISNUMBER(F6335),E6335*F6335,\"\")","v":0},{"$f":"SUM(G6335:G6341)","v":16.902874999999998},null,0]
[null,null,"Concreto preparado na obra C20 S50, controle \"B\", brita 1","M3",0.17299999999999999,0,{"$f":"IF(ISNUMBER(F6336),E6336*F6336,\"\")","v":0},null,null,0]
[null,null,"Forma para fundação com tábuas e sarrafos, 3 reaproveitamentos","m2",2.56,0,{"$f":"IF(ISNUMBER(F6337),E6337*F6337,\"\")","v":0},null,null,0]
[null,null,"Lastro de brita 1 apiloado com soquete manual para regularização","M3",3.3000000000000002E-2,0,{"$f":"IF(ISNUMBER(F6338),E6338*F6338,\"\")","v":0},null,null,0]
[null,null,"PEDREIRO COM ENCARGOS COMPLEMENTARES","H",0.25,27.160499999999999,{"$f":"IF(ISNUMBER(F6339),E6339*F6339,\"\")","v":6.7901249999999997},null,null,0]
[null,null,"SERVENTE COM ENCARGOS COMPLEMENTARES","H",0.5,20.225499999999997,{"$f":"IF(ISNUMBER(F6340),E6340*F6340,\"\")","v":10.112749999999998},null,null,0]
[null,null,"Grelha pré-moldada de concreto para canaleta 35 x 60 x 5 cm","un",1.7,0,{"$f":"IF(ISNUMBER(F6341),E6341*F6341,\"\")","v":0},null,null,0]
[null,null,null,null,null,"",null,null,null,0]
["SF-02612",{"$f":"INDEX(Orçamentária!A:B,MATCH(Composições!A6343,Orçamentária!A:A,0),2)","v":"Remoção de árvore, inclusive raiz"},null,"un",null,"",{"$f":"IF(ISNUMBER(F6343),E6343*F6343,\"\")","v":""},null,null,0]
[null,null,null,null,null,"",{"$f":"IF(ISNUMBER(F6344),E6344*F6344,\"\")","v":""},null,null,0]
[null,null,"SERVENTE COM ENCARGOS COMPLEMENTARES","H",1.5444,20.225499999999997,{"$f":"IF(ISNUMBER(F6345),E6345*F6345,\"\")","v":31.236262199999995},{"$f":"SUM(G6345:G6350)","v":140.9965775},null,0]
[null,null,"JARDINEIRO COM ENCARGOS COMPLEMENTARES","H",1.5444,21.384499999999999,{"$f":"IF(ISNUMBER(F6346),E6346*F6346,\"\")","v":33.026221800000002},null,null,0]
[null,null,"RETROESCAVADEIRA SOBRE RODAS COM CARREGADEIRA, TRAÇÃO 4X4, POTÊNCIA LÍQ. 88 HP, CAÇAMBA CARREG. CAP. MÍN. 1 M3, CAÇAMBA RETRO CAP. 0,26 M3, PESO OPERACIONAL MÍN. 6.674 KG, PROFUNDIDADE ESCAVAÇÃO MÁX. 4,37 M - CHP DIURNO. AF_06/2014","CHP",0.1333,139.441,{"$f":"IF(ISNUMBER(F6347),E6347*F6347,\"\")","v":18.587485300000001},null,null,0]
[null,null,"RETROESCAVADEIRA SOBRE RODAS COM CARREGADEIRA, TRAÇÃO 4X4, POTÊNCIA LÍQ. 88 HP, CAÇAMBA CARREG. CAP. MÍN. 1 M3, CAÇAMBA RETRO CAP. 0,26 M3, PESO OPERACIONAL MÍN. 6.674 KG, PROFUNDIDADE ESCAVAÇÃO MÁX. 4,37 M - CHI DIURNO. AF_06/2014","CHI",0.54459999999999997,54.966999999999999,{"$f":"IF(ISNUMBER(F6348),E6348*F6348,\"\")","v":29.935028199999998},null,null,0]
[null,null,"SERVENTE COM ENCARGOS COMPLEMENTARES","H",0.67800000000000005,20.225499999999997,{"$f":"IF(ISNUMBER(F6349),E6349*F6349,\"\")","v":13.712888999999999},null,null,0]
[null,null,"JARDINEIRO COM ENCARGOS COMPLEMENTARES","H",0.67800000000000005,21.384499999999999,{"$f":"IF(ISNUMBER(F6350),E6350*F6350,\"\")","v":14.498691000000001},null,null,0]
[null,null,null,null,null,"",null,null,null,0]
["SF-02613",{"$f":"INDEX(Orçamentária!A:B,MATCH(Composições!A6352,Orçamentária!A:A,0),2)","v":"Demolição de telhas"},null,"m2",null,"",{"$f":"IF(ISNUMBER(F6352),E6352*F6352,\"\")","v":""},null,null,0]
[null,null,null,null,null,"",{"$f":"IF(ISNUMBER(F6353),E6353*F6353,\"\")","v":""},null,null,0]
[null,null,"SERVENTE COM ENCARGOS COMPLEMENTARES","H",9.7100000000000006E-2,20.225499999999997,{"$f":"IF(ISNUMBER(F6354),E6354*F6354,\"\")","v":1.9638960499999998},{"$f":"SUM(G6354:G6355)","v":3.2755895499999994},null,0]
[null,null,"TELHADISTA COM ENCARGOS COMPLEMENTARES","H",4.9399999999999999E-2,26.552499999999998,{"$f":"IF(ISNUMBER(F6355),E6355*F6355,\"\")","v":1.3116934999999998},null,null,0]
[null,null,null,null,null,"",null,null,null,0]
["SF-02614",{"$f":"INDEX(Orçamentária!A:B,MATCH(Composições!A6357,Orçamentária!A:A,0),2)","v":"Locação de obra"},null,"m",null,"",{"$f":"IF(ISNUMBER(F6357),E6357*F6357,\"\")","v":""},null,null,0]
[null,null,null,null,null,"",{"$f":"IF(ISNUMBER(F6358),E6358*F6358,\"\")","v":""},null,null,0]
[null,null,"SARRAFO NAO APARELHADO *2,5 X 7* CM, EM MACARANDUBA, ANGELIM OU EQUIVALENTE DA REGIAO - BRUTA","M",0.74450000000000005,9.0060000000000002,{"$f":"IF(ISNUMBER(F6359),E6359*F6359,\"\")","v":6.7049670000000008},{"$f":"SUM(G6359:G6369)","v":61.958793963821229},null,0]
[null,null,"CAIBRO NAO APARELHADO *7,5 X 7,5* CM, EM MACARANDUBA, ANGELIM OU EQUIVALENTE DA REGIAO - BRUTA","M",0.41249999999999998,32.375999999999998,{"$f":"IF(ISNUMBER(F6360),E6360*F6360,\"\")","v":13.355099999999998},null,null,0]
[null,null,"PREGO DE ACO POLIDO COM CABECA 17 X 21 (2 X 11)","KG",0.111,21.602999999999998,{"$f":"IF(ISNUMBER(F6361),E6361*F6361,\"\")","v":2.3979329999999996},null,null,0]
[null,null,"TINTA LATEX ACRILICA PREMIUM, COR BRANCO FOSCO","L",2.5600000000000001E-2,27.122499999999999,{"$f":"IF(ISNUMBER(F6362),E6362*F6362,\"\")","v":0.69433599999999995},null,null,0]
[null,null,"TABUA *2,5 X 23* CM EM PINUS, MISTA OU EQUIVALENTE DA REGIAO - BRUTA","M",0.55000000000000004,9.2149999999999981,{"$f":"IF(ISNUMBER(F6363),E6363*F6363,\"\")","v":5.068249999999999},null,null,0]
[null,null,"AJUDANTE DE CARPINTEIRO COM ENCARGOS COMPLEMENTARES","H",0.35630000000000001,21.337,{"$f":"IF(ISNUMBER(F6364),E6364*F6364,\"\")","v":7.6023731000000003},null,null,0]
[null,null,"CARPINTEIRO DE FORMAS COM ENCARGOS COMPLEMENTARES","H",0.71250000000000002,26.799499999999998,{"$f":"IF(ISNUMBER(F6365),E6365*F6365,\"\")","v":19.094643749999999},null,null,0]
[null,null,"SERRA CIRCULAR DE BANCADA COM MOTOR ELÉTRICO POTÊNCIA DE 5HP, COM COIFA PARA DISCO 10\" - CHP DIURNO. AF_08/2015","CHP",3.8999999999999998E-3,22.210999999999999,{"$f":"IF(ISNUMBER(F6366),E6366*F6366,\"\")","v":8.6622899999999989E-2},null,null,0]
[null,null,"SERRA CIRCULAR DE BANCADA COM MOTOR ELÉTRICO POTÊNCIA DE 5HP, COM COIFA PARA DISCO 10\" - CHI DIURNO. AF_08/2015","CHI",1.6799999999999999E-2,21.2895,{"$f":"IF(ISNUMBER(F6367),E6367*F6367,\"\")","v":0.35766359999999997},null,null,0]
[null,null,"CONCRETO MAGRO PARA LASTRO, TRAÇO 1:4,5:4,5 (EM MASSA SECA DE CIMENTO/ AREIA MÉDIA/ BRITA 1) - PREPARO MANUAL. AF_05/2021","M3",4.5999999999999999E-3,621.76087800461505,{"$f":"IF(ISNUMBER(F6368),E6368*F6368,\"\")","v":2.860100038821229},null,null,0]
[null,null,"MARCAÇÃO DE PONTOS EM GABARITO OU CAVALETE. AF_10/2018","UN",1.5,2.4912030499999998,{"$f":"IF(ISNUMBER(F6369),E6369*F6369,\"\")","v":3.7368045749999999},null,null,0]
[null,null,null,null,null,"",null,null,null,0]
["SF-02615",{"$f":"INDEX(Orçamentária!A:B,MATCH(Composições!A6371,Orçamentária!A:A,0),2)","v":"Paraciclo metálico para bicicletas"},null,"un",null,"",{"$f":"IF(ISNUMBER(F6371),E6371*F6371,\"\")","v":""},null,null,0]
[null,null,null,null,null,"",{"$f":"IF(ISNUMBER(F6372),E6372*F6372,\"\")","v":""},null,null,0]
[null,null,"Furo em concreto com broca de widia, utilizando martele elétrico Ø 3/8\" profundidade 10 cm","UN",4,0,{"$f":"IF(ISNUMBER(F6373),E6373*F6373,\"\")","v":0},{"$f":"SUM(G6373:G6382)","v":276.67150274299996},null,0]
[null,null,"PEDREIRO COM ENCARGOS COMPLEMENTARES","H",0.4,27.160499999999999,{"$f":"IF(ISNUMBER(F6374),E6374*F6374,\"\")","v":10.8642},null,null,0]
[null,null,"Serralheiro com encargos complementares","H",1.5,26.970499999999998,{"$f":"IF(ISNUMBER(F6375),E6375*F6375,\"\")","v":40.455749999999995},null,null,0]
[null,null,"SERVENTE COM ENCARGOS COMPLEMENTARES","H",0.4,20.225499999999997,{"$f":"IF(ISNUMBER(F6376),E6376*F6376,\"\")","v":8.0901999999999994},null,null,0]
[null,null,"CHAPA DE ACO GROSSA, ASTM A36, E = 3/8 \" (9,53 MM) 74,69 KG/M2","kg",{"$f":"0.023*74.69","v":1.71787},12.416499999999999,{"$f":"IF(ISNUMBER(F6377),E6377*F6377,\"\")","v":21.329932854999999},null,null,0]
[null,null,"TUBO ACO CARBONO SEM COSTURA 2\", E= *3,91* MM, SCHEDULE 40, *5,43* KG/M","m",3.05,55.973999999999997,{"$f":"IF(ISNUMBER(F6378),E6378*F6378,\"\")","v":170.72069999999999},null,null,0]
[null,null,"PARAFUSO DE ACO TIPO CHUMBADOR PARABOLT, DIAMETRO 3/8\", COMPRIMENTO 75 MM","UN",4,2.4034999999999997,{"$f":"IF(ISNUMBER(F6379),E6379*F6379,\"\")","v":9.613999999999999},null,null,0]
[null,null,"SOLDA EM BARRA DE ESTANHO-CHUMBO 50/50","kg",0.02,184.92699999999999,{"$f":"IF(ISNUMBER(F6380),E6380*F6380,\"\")","v":3.6985399999999999},null,null,0]
[null,null,"Pintor com encargos complementares","h",{"$f":"0.5708*0.48","v":0.27398399999999995},28.319499999999998,{"$f":"IF(ISNUMBER(F6381),E6381*F6381,\"\")","v":7.7590898879999983},null,null,0]
[null,null,"Tinta esmalte sintetico a base de água","L",{"$f":"ROUND(0.48*3*3.6/75,4)","v":6.9099999999999995E-2},59.9,{"$f":"IF(ISNUMBER(F6382),E6382*F6382,\"\")","v":4.1390899999999995},null,null,0]
[null,null,null,null,null,"",null,null,null,0]
[null,null,"Obs: considerando rendimento informado na especificação técnica de um dos produtos indicados como referência comercial (Lata de 3,6L rende até 75 m²/demão).",null,null,"",null,null,null,0]
[null,null,null,null,null,"",null,null,null,0]
["SF-02617",{"$f":"INDEX(Orçamentária!A:B,MATCH(Composições!A6386,Orçamentária!A:A,0),2)","v":"Poste reto 5 metros – fornecimento e instalação"},null,"un",null,"",{"$f":"IF(ISNUMBER(F6386),E6386*F6386,\"\")","v":""},null,null,0]
[null,null,null,null,null,"",{"$f":"IF(ISNUMBER(F6387),E6387*F6387,\"\")","v":""},null,null,0]
[null,null,"POSTE CONICO CONTINUO EM ACO GALVANIZADO, RETO, BRACO SIMPLES, ENGASTADO,  H = 5 M","UN",1,"",{"$f":"IF(ISNUMBER(F6388),E6388*F6388,\"\")","v":""},{"$f":"SUM(G6388:G6391)","v":90.916215999999991},null,0]
[null,null,"GUINDAUTO HIDRÁULICO, CAPACIDADE MÁXIMA DE CARGA 6200 KG, MOMENTO MÁXIMO DE CARGA 11,7 TM, ALCANCE MÁXIMO HORIZONTAL 9,70 M, INCLUSIVE CAMINHÃO TOCO PBT 16.000 KG, POTÊNCIA DE 189 CV - CHP DIURNO. AF_06/2014","CHP",0.111,258.95099999999996,{"$f":"IF(ISNUMBER(F6389),E6389*F6389,\"\")","v":28.743560999999996},null,null,0]
[null,null,"AUXILIAR DE ELETRICISTA COM ENCARGOS COMPLEMENTARES","H",{"$f":"1.124/2","v":0.56200000000000006},21.337,{"$f":"IF(ISNUMBER(F6390),E6390*F6390,\"\")","v":11.991394000000001},null,null,0]
[null,null,"ELETRICISTA COM ENCARGOS COMPLEMENTARES","H",{"$f":"3.653/2","v":1.8265},27.474,{"$f":"IF(ISNUMBER(F6391),E6391*F6391,\"\")","v":50.181260999999999},null,null,0]
[null,null,null,null,null,"",{"$f":"IF(ISNUMBER(F6392),E6392*F6392,\"\")","v":""},null,null,0]
["SF-02618",{"$f":"INDEX(Orçamentária!A:B,MATCH(Composições!A6393,Orçamentária!A:A,0),2)","v":"Suporte para luminária de poste simples – fornecimento e instalação"},null,"un",null,"",{"$f":"IF(ISNUMBER(F6393),E6393*F6393,\"\")","v":""},null,null,0]
[null,null,null,null,null,"",{"$f":"IF(ISNUMBER(F6394),E6394*F6394,\"\")","v":""},null,null,0]
[null,null,"SUPORTE PARA 1 PÉTALA PARA LUMINÁRIA DE ILUMINAÇÃO PÚBLICA","UN",1,0,{"$f":"IF(ISNUMBER(F6395),E6395*F6395,\"\")","v":0},{"$f":"SUM(G6395:G6397)","v":12.20275},null,0]
[null,null,"AUXILIAR DE ELETRICISTA COM ENCARGOS COMPLEMENTARES","H",0.25,21.337,{"$f":"IF(ISNUMBER(F6396),E6396*F6396,\"\")","v":5.3342499999999999},null,null,0]
[null,null,"ELETRICISTA COM ENCARGOS COMPLEMENTARES","H",0.25,27.474,{"$f":"IF(ISNUMBER(F6397),E6397*F6397,\"\")","v":6.8685},null,null,0]
[null,null,null,null,null,"",{"$f":"IF(ISNUMBER(F6398),E6398*F6398,\"\")","v":""},null,null,0]
["SF-02678",{"$f":"INDEX(Orçamentária!A:B,MATCH(Composições!A6399,Orçamentária!A:A,0),2)","v":"Tubo de aço-carbono galvanizado 2 1/2”"},null,"m",null,"",{"$f":"IF(ISNUMBER(F6399),E6399*F6399,\"\")","v":""},null,null,0]
[null,null,null,null,null,"",{"$f":"IF(ISNUMBER(F6400),E6400*F6400,\"\")","v":""},null,null,0]
[null,null,"Encanador ou Bombeiro Hidráulico com Encargos Complementares","h",0.13,26.4575,{"$f":"IF(ISNUMBER(F6401),E6401*F6401,\"\")","v":3.4394750000000003},{"$f":"SUM(G6401:G6404)","v":103.99140799999998},null,0]
[null,null,"Auxiliar de encanador ou bombeiro hidráulico com encargos complementares","h",0.13,20.909500000000001,{"$f":"IF(ISNUMBER(F6402),E6402*F6402,\"\")","v":2.7182350000000004},null,null,0]
[null,null,"Soldador com encargos complementares","h",0.13,27.7685,{"$f":"IF(ISNUMBER(F6403),E6403*F6403,\"\")","v":3.6099049999999999},null,null,0]
[null,null,"TUBO ACO CARBONO SEM COSTURA 2 1/2\", E = 5,16 MM, SCHEDULE 40 (8,62 KG/M)","m",1.0389999999999999,90.686999999999983,{"$f":"IF(ISNUMBER(F6404),E6404*F6404,\"\")","v":94.223792999999972},null,null,0]
[null,null,null,null,null,"",{"$f":"IF(ISNUMBER(F6405),E6405*F6405,\"\")","v":""},null,null,0]
["SF-02679",{"$f":"INDEX(Orçamentária!A:B,MATCH(Composições!A6406,Orçamentária!A:A,0),2)","v":"Remoção de Caixa de Hidrante e acessórios para aproveitamento"},null,"un",null,"",{"$f":"IF(ISNUMBER(F6406),E6406*F6406,\"\")","v":""},null,null,0]
[null,null,null,null,null,"",{"$f":"IF(ISNUMBER(F6407),E6407*F6407,\"\")","v":""},null,null,0]
[null,null,"Encanador ou Bombeiro Hidráulico com Encargos Complementares","h",3,26.4575,{"$f":"IF(ISNUMBER(F6408),E6408*F6408,\"\")","v":79.372500000000002},{"$f":"SUM(G6408:G6408)","v":79.372500000000002},null,0]
[null,null,null,null,null,"",{"$f":"IF(ISNUMBER(F6409),E6409*F6409,\"\")","v":""},null,null,0]
["SF-02680",{"$f":"INDEX(Orçamentária!A:B,MATCH(Composições!A6410,Orçamentária!A:A,0),2)","v":"Instalação de Caixa de Hidrante e acessórios reaproveitados"},null,"un",null,"",{"$f":"IF(ISNUMBER(F6410),E6410*F6410,\"\")","v":""},null,null,0]
[null,null,null,null,null,"",{"$f":"IF(ISNUMBER(F6411),E6411*F6411,\"\")","v":""},null,null,0]
[null,null,"Encanador ou Bombeiro Hidráulico com Encargos Complementares","h",5.2,26.4575,{"$f":"IF(ISNUMBER(F6412),E6412*F6412,\"\")","v":137.57900000000001},{"$f":"SUM(G6412:G6413)","v":246.30840000000001},null,0]
[null,null,"Auxiliar de encanador ou bombeiro hidráulico com encargos complementares","h",5.2,20.909500000000001,{"$f":"IF(ISNUMBER(F6413),E6413*F6413,\"\")","v":108.72940000000001},null,null,0]
[null,null,null,null,null,"",{"$f":"IF(ISNUMBER(F6414),E6414*F6414,\"\")","v":""},null,null,0]
["SF-02681",{"$f":"INDEX(Orçamentária!A:B,MATCH(Composições!A6415,Orçamentária!A:A,0),2)","v":"Remoção de Mesa de Granito e acessórios para aproveitamento"},null,"un",null,"",{"$f":"IF(ISNUMBER(F6415),E6415*F6415,\"\")","v":""},null,null,0]
[null,null,null,null,null,"",{"$f":"IF(ISNUMBER(F6416),E6416*F6416,\"\")","v":""},null,null,0]
[null,null,"SERVENTE COM ENCARGOS COMPLEMENTARES","H",0.9,20.225499999999997,{"$f":"IF(ISNUMBER(F6417),E6417*F6417,\"\")","v":18.202949999999998},{"$f":"SUM(G6417:G6417)","v":18.202949999999998},null,0]
[null,null,null,null,null,"",{"$f":"IF(ISNUMBER(F6418),E6418*F6418,\"\")","v":""},null,null,0]
["SF-02682",{"$f":"INDEX(Orçamentária!A:B,MATCH(Composições!A6419,Orçamentária!A:A,0),2)","v":"Instalação de Mesa de Granito e acessórios reaproveitados"},null,"un",null,"",{"$f":"IF(ISNUMBER(F6419),E6419*F6419,\"\")","v":""},null,null,0]
[null,null,null,null,null,"",{"$f":"IF(ISNUMBER(F6420),E6420*F6420,\"\")","v":""},null,null,0]
[null,null,"SERVENTE COM ENCARGOS COMPLEMENTARES","H",{"$f":"0.9*1.5","v":1.35},20.225499999999997,{"$f":"IF(ISNUMBER(F6421),E6421*F6421,\"\")","v":27.304424999999998},{"$f":"SUM(G6421:G6421)","v":27.304424999999998},null,0]
[null,null,null,null,null,"",{"$f":"IF(ISNUMBER(F6422),E6422*F6422,\"\")","v":""},null,null,0]
["SF-02689",{"$f":"INDEX(Orçamentária!A:B,MATCH(Composições!A6423,Orçamentária!A:A,0),2)","v":"Demolição de revestimento de piso vinílico"},null,"m2",null,"",{"$f":"IF(ISNUMBER(F6423),E6423*F6423,\"\")","v":""},null,null,0]
[null,null,null,null,null,"",{"$f":"IF(ISNUMBER(F6424),E6424*F6424,\"\")","v":""},null,null,0]
[null,null,"PEDREIRO COM ENCARGOS COMPLEMENTARES","H",0.09,27.160499999999999,{"$f":"IF(ISNUMBER(F6425),E6425*F6425,\"\")","v":2.444445},{"$f":"SUM(G6425:G6426)","v":20.647394999999996},null,0]
[null,null,"SERVENTE COM ENCARGOS COMPLEMENTARES","H",0.9,20.225499999999997,{"$f":"IF(ISNUMBER(F6426),E6426*F6426,\"\")","v":18.202949999999998},null,null,0]
[null,null,null,null,null,"",{"$f":"IF(ISNUMBER(F6427),E6427*F6427,\"\")","v":""},null,null,0]
["SF-02690",{"$f":"INDEX(Orçamentária!A:B,MATCH(Composições!A6428,Orçamentária!A:A,0),2)","v":"Remoção de telhas de fibrocimento, metálica ou cerâmica"},null,"m2",null,"",{"$f":"IF(ISNUMBER(F6428),E6428*F6428,\"\")","v":""},null,null,0]
[null,null,null,null,null,"",{"$f":"IF(ISNUMBER(F6429),E6429*F6429,\"\")","v":""},null,null,0]
[null,null,"SERVENTE COM ENCARGOS COMPLEMENTARES","H",9.7100000000000006E-2,20.225499999999997,{"$f":"IF(ISNUMBER(F6430),E6430*F6430,\"\")","v":1.9638960499999998},{"$f":"SUM(G6430:G6431)","v":3.2755895499999994},null,0]
[null,null,"TELHADISTA COM ENCARGOS COMPLEMENTARES","H",4.9399999999999999E-2,26.552499999999998,{"$f":"IF(ISNUMBER(F6431),E6431*F6431,\"\")","v":1.3116934999999998},null,null,0]
[null,null,null,null,null,"",{"$f":"IF(ISNUMBER(F6432),E6432*F6432,\"\")","v":""},null,null,0]
["SF-02691",{"$f":"INDEX(Orçamentária!A:B,MATCH(Composições!A6433,Orçamentária!A:A,0),2)","v":"Instalação de forro metálico reaproveitado"},null,"m2",null,"",{"$f":"IF(ISNUMBER(F6433),E6433*F6433,\"\")","v":""},null,null,0]
[null,null,null,null,null,"",{"$f":"IF(ISNUMBER(F6434),E6434*F6434,\"\")","v":""},null,null,0]
[null,null,"Ajudante de operação em geral com encargos complementares","h",0.5,23.160999999999998,{"$f":"IF(ISNUMBER(F6435),E6435*F6435,\"\")","v":11.580499999999999},{"$f":"SUM(G6435:G6436)","v":21.940249999999999},null,0]
[null,null,"Montador de estrutura metálica com encargos complementares","h",0.5,20.719499999999996,{"$f":"IF(ISNUMBER(F6436),E6436*F6436,\"\")","v":10.359749999999998},null,null,0]
[null,null,null,null,null,"",{"$f":"IF(ISNUMBER(F6437),E6437*F6437,\"\")","v":""},null,null,0]
["SF-02692",{"$f":"INDEX(Orçamentária!A:B,MATCH(Composições!A6438,Orçamentária!A:A,0),2)","v":"Condulete de alumínio de 1 1/2”"},null,"un",null,"",{"$f":"IF(ISNUMBER(F6438),E6438*F6438,\"\")","v":""},null,null,7]
[null,null,null,null,null,"",{"$f":"IF(ISNUMBER(F6439),E6439*F6439,\"\")","v":""},null,null,7]
[null,null,"CONDULETE DE ALUMINIO TIPO LR, PARA ELETRODUTO ROSCAVEL DE 1 1/2\", COM TAMPA CEGA","UN",1,26.847000000000001,{"$f":"IF(ISNUMBER(F6440),E6440*F6440,\"\")","v":26.847000000000001},{"$f":"SUM(G6440:G6443)","v":51.739682799999997},null,7]
[null,null,"BUCHA DE NYLON SEM ABA S6, COM PARAFUSO DE 4,20 X 40 MM EM ACO ZINCADO COM ROSCA SOBERBA, CABECA CHATA E FENDA PHILLIPS","UN",2,0.3705,{"$f":"IF(ISNUMBER(F6441),E6441*F6441,\"\")","v":0.74099999999999999},null,null,7]
[null,null,"AUXILIAR DE ELETRICISTA COM ENCARGOS COMPLEMENTARES","H",0.49480000000000002,21.337,{"$f":"IF(ISNUMBER(F6442),E6442*F6442,\"\")","v":10.557547599999999},null,null,7]
[null,null,"ELETRICISTA COM ENCARGOS COMPLEMENTARES","H",0.49480000000000002,27.474,{"$f":"IF(ISNUMBER(F6443),E6443*F6443,\"\")","v":13.5941352},null,null,7]
[null,null,null,null,null,"",{"$f":"IF(ISNUMBER(F6444),E6444*F6444,\"\")","v":""},null,null,7]
["SF-02701",{"$f":"INDEX(Orçamentária!A:B,MATCH(Composições!A6445,Orçamentária!A:A,0),2)","v":"Remoção de pavimento em elementos intertravados de concreto"},null,"m2",null,"",{"$f":"IF(ISNUMBER(F6445),E6445*F6445,\"\")","v":""},null,null,0]
[null,null,null,null,null,"",{"$f":"IF(ISNUMBER(F6446),E6446*F6446,\"\")","v":""},null,null,0]
[null,null,"CALCETEIRO COM ENCARGOS COMPLEMENTARES","H",0.45910000000000001,25.127499999999998,{"$f":"IF(ISNUMBER(F6447),E6447*F6447,\"\")","v":11.536035249999999},{"$f":"SUM(G6447:G6448)","v":14.735709349999999},null,0]
[null,null,"SERVENTE COM ENCARGOS COMPLEMENTARES","H",0.15820000000000001,20.225499999999997,{"$f":"IF(ISNUMBER(F6448),E6448*F6448,\"\")","v":3.1996740999999997},null,null,0]
[null,null,null,null,null,"",{"$f":"IF(ISNUMBER(F6449),E6449*F6449,\"\")","v":""},null,null,0]
["SF-02702",{"$f":"INDEX(Orçamentária!A:B,MATCH(Composições!A6450,Orçamentária!A:A,0),2)","v":"Instalação de pavimentação em elementos intertravados de concreto reaproveitados"},null,"m2",null,"",{"$f":"IF(ISNUMBER(F6450),E6450*F6450,\"\")","v":""},null,null,0]
[null,null,null,null,null,"",{"$f":"IF(ISNUMBER(F6451),E6451*F6451,\"\")","v":""},null,null,0]
[null,null,"AREIA MEDIA - POSTO JAZIDA/FORNECEDOR (RETIRADO NA JAZIDA, SEM TRANSPORTE)","M3",5.6800000000000003E-2,202.2835,{"$f":"IF(ISNUMBER(F6452),E6452*F6452,\"\")","v":11.489702800000002},{"$f":"SUM(G6452:G6457)","v":21.814481399999998},null,0]
[null,null,"PO DE PEDRA (POSTO PEDREIRA/FORNECEDOR, SEM FRETE)","M3",6.4000000000000003E-3,151.75300000000001,{"$f":"IF(ISNUMBER(F6453),E6453*F6453,\"\")","v":0.97121920000000017},null,null,0]
[null,null,"CALCETEIRO COM ENCARGOS COMPLEMENTARES","H",0.2041,25.127499999999998,{"$f":"IF(ISNUMBER(F6454),E6454*F6454,\"\")","v":5.1285227499999992},null,null,0]
[null,null,"SERVENTE COM ENCARGOS COMPLEMENTARES","H",0.2041,20.225499999999997,{"$f":"IF(ISNUMBER(F6455),E6455*F6455,\"\")","v":4.1280245499999992},null,null,0]
[null,null,"PLACA VIBRATÓRIA REVERSÍVEL COM MOTOR 4 TEMPOS A GASOLINA, FORÇA CENTRÍFUGA DE 25 KN (2500 KGF), POTÊNCIA 5,5 CV - CHP DIURNO. AF_08/2015","CHP",5.4999999999999997E-3,7.9610000000000003,{"$f":"IF(ISNUMBER(F6456),E6456*F6456,\"\")","v":4.3785499999999998E-2},null,null,0]
[null,null,"PLACA VIBRATÓRIA REVERSÍVEL COM MOTOR 4 TEMPOS A GASOLINA, FORÇA CENTRÍFUGA DE 25 KN (2500 KGF), POTÊNCIA 5,5 CV - CHI DIURNO. AF_08/2015","CHI",9.6600000000000005E-2,0.55099999999999993,{"$f":"IF(ISNUMBER(F6457),E6457*F6457,\"\")","v":5.3226599999999999E-2},null,null,0]
[null,null,null,null,null,"",{"$f":"IF(ISNUMBER(F6458),E6458*F6458,\"\")","v":""},null,null,0]
["SF-02703",{"$f":"INDEX(Orçamentária!A:B,MATCH(Composições!A6459,Orçamentária!A:A,0),2)","v":"Disjuntor tripolar trilho DIN até 40A"},null,"un",null,"",{"$f":"IF(ISNUMBER(F6459),E6459*F6459,\"\")","v":""},null,null,0]
[null,null,null,null,null,"",{"$f":"IF(ISNUMBER(F6460),E6460*F6460,\"\")","v":""},null,null,0]
[null,null,"TERMINAL A COMPRESSAO EM COBRE ESTANHADO PARA CABO 10 MM2, 1 FURO E 1 COMPRESSAO, PARA PARAFUSO DE FIXACAO M6","UN",3,1.7765,{"$f":"IF(ISNUMBER(F6461),E6461*F6461,\"\")","v":5.3294999999999995},{"$f":"SUM(G6461:G6464)","v":107.55412269999999},null,0]
[null,null,"DISJUNTOR TIPO DIN/IEC, TRIPOLAR DE 10 ATE 50A","UN",1,82.421999999999997,{"$f":"IF(ISNUMBER(F6462),E6462*F6462,\"\")","v":82.421999999999997},null,null,0]
[null,null,"AUXILIAR DE ELETRICISTA COM ENCARGOS COMPLEMENTARES","H",0.40570000000000001,21.337,{"$f":"IF(ISNUMBER(F6463),E6463*F6463,\"\")","v":8.6564209000000005},null,null,0]
[null,null,"ELETRICISTA COM ENCARGOS COMPLEMENTARES","H",0.40570000000000001,27.474,{"$f":"IF(ISNUMBER(F6464),E6464*F6464,\"\")","v":11.1462018},null,null,0]
[null,null,null,null,null,"",{"$f":"IF(ISNUMBER(F6465),E6465*F6465,\"\")","v":""},null,null,0]
["SF-02704",{"$f":"INDEX(Orçamentária!A:B,MATCH(Composições!A6466,Orçamentária!A:A,0),2)","v":"Poste reto 4m para câmera de CFTV"},null,"un",null,"",{"$f":"IF(ISNUMBER(F6466),E6466*F6466,\"\")","v":""},null,null,0]
[null,null,null,null,null,"",{"$f":"IF(ISNUMBER(F6467),E6467*F6467,\"\")","v":""},null,null,0]
[null,null,"CHUMBADOR DE ACO, DIAMETRO 5/8\", COMPRIMENTO 6\", COM PORCA","UN",4,23.730999999999998,{"$f":"IF(ISNUMBER(F6468),E6468*F6468,\"\")","v":94.923999999999992},{"$f":"SUM(G6468:G6471)","v":211.92668399999997},null,0]
[null,null,"POSTE CONICO CONTINUO EM ACO GALVANIZADO, RETO, H = 4 M","UN",1,"",{"$f":"IF(ISNUMBER(F6469),E6469*F6469,\"\")","v":""},null,null,0]
[null,null,"AUXILIAR DE ELETRICISTA COM ENCARGOS COMPLEMENTARES","H",1.0580000000000001,21.337,{"$f":"IF(ISNUMBER(F6470),E6470*F6470,\"\")","v":22.574546000000002},null,null,0]
[null,null,"ELETRICISTA COM ENCARGOS COMPLEMENTARES","H",3.4369999999999998,27.474,{"$f":"IF(ISNUMBER(F6471),E6471*F6471,\"\")","v":94.42813799999999},null,null,0]
[null,null,null,null,null,"",{"$f":"IF(ISNUMBER(F6472),E6472*F6472,\"\")","v":""},null,null,0]
["SF-02705",{"$f":"INDEX(Orçamentária!A:B,MATCH(Composições!A6473,Orçamentária!A:A,0),2)","v":"Caixa hermética para CFTV"},null,"un",null,"",{"$f":"IF(ISNUMBER(F6473),E6473*F6473,\"\")","v":""},null,null,0]
[null,null,null,null,null,"",{"$f":"IF(ISNUMBER(F6474),E6474*F6474,\"\")","v":""},null,null,0]
[null,null,"Caixa hermética para CFTV","un",1,"",{"$f":"IF(ISNUMBER(F6475),E6475*F6475,\"\")","v":""},{"$f":"SUM(G6475:G6478)","v":46.969546166252798},null,0]
[null,null,"ARGAMASSA TRAÇO 1:1:6 (EM VOLUME DE CIMENTO, CAL E AREIA MÉDIA ÚMIDA) PARA EMBOÇO/MASSA ÚNICA/ASSENTAMENTO DE ALVENARIA DE VEDAÇÃO, PREPARO MANUAL. AF_08/2019","M3",1.9199999999999998E-2,835.31330553399994,{"$f":"IF(ISNUMBER(F6476),E6476*F6476,\"\")","v":16.038015466252798},null,null,0]
[null,null,"Auxiliar de eletricista com encargos complementares","h",0.63370000000000004,21.337,{"$f":"IF(ISNUMBER(F6477),E6477*F6477,\"\")","v":13.521256900000001},null,null,0]
[null,null,"Eletricista com encargos complementares","h",0.63370000000000004,27.474,{"$f":"IF(ISNUMBER(F6478),E6478*F6478,\"\")","v":17.410273800000002},null,null,0]
[null,null,null,null,null,"",{"$f":"IF(ISNUMBER(F6479),E6479*F6479,\"\")","v":""},null,null,0]
["SF-02709",{"$f":"INDEX(Orçamentária!A:B,MATCH(Composições!A6480,Orçamentária!A:A,0),2)","v":"Quadro elétrico TTA - 6 disjuntores terminais"},null,"un",null,"",{"$f":"IF(ISNUMBER(F6480),E6480*F6480,\"\")","v":""},null,null,0]
[null,null,null,null,null,"",{"$f":"IF(ISNUMBER(F6481),E6481*F6481,\"\")","v":""},null,null,0]
[null,null,"Quadro elétrico tipo TTA completo com 06 disjuntores terminais, contemplando disjuntores, DPS, DR, etc., conforme especificação","un",1,"",{"$f":"IF(ISNUMBER(F6482),E6482*F6482,\"\")","v":""},{"$f":"SUM(G6482:G6485)","v":46.969546166252798},null,0]
[null,null,"ARGAMASSA TRAÇO 1:1:6 (EM VOLUME DE CIMENTO, CAL E AREIA MÉDIA ÚMIDA) PARA EMBOÇO/MASSA ÚNICA/ASSENTAMENTO DE ALVENARIA DE VEDAÇÃO, PREPARO MANUAL. AF_08/2019","M3",1.9199999999999998E-2,835.31330553399994,{"$f":"IF(ISNUMBER(F6483),E6483*F6483,\"\")","v":16.038015466252798},null,null,0]
[null,null,"Auxiliar de eletricista com encargos complementares","h",0.63370000000000004,21.337,{"$f":"IF(ISNUMBER(F6484),E6484*F6484,\"\")","v":13.521256900000001},null,null,0]
[null,null,"Eletricista com encargos complementares","h",0.63370000000000004,27.474,{"$f":"IF(ISNUMBER(F6485),E6485*F6485,\"\")","v":17.410273800000002},null,null,0]
[null,null,null,null,null,"",{"$f":"IF(ISNUMBER(F6486),E6486*F6486,\"\")","v":""},null,null,0]
["SF-02710",{"$f":"INDEX(Orçamentária!A:B,MATCH(Composições!A6487,Orçamentária!A:A,0),2)","v":"Quadro elétrico TTA - 11 disjuntores terminais"},null,"un",null,"",{"$f":"IF(ISNUMBER(F6487),E6487*F6487,\"\")","v":""},null,null,0]
[null,null,null,null,null,"",{"$f":"IF(ISNUMBER(F6488),E6488*F6488,\"\")","v":""},null,null,0]
[null,null,"Quadro elétrico tipo TTA completo com 11 disjuntores terminais, contemplando disjuntores, DPS, DR, etc., conforme especificação","un",1,"",{"$f":"IF(ISNUMBER(F6489),E6489*F6489,\"\")","v":""},{"$f":"SUM(G6489:G6492)","v":46.969546166252798},null,0]
[null,null,"ARGAMASSA TRAÇO 1:1:6 (EM VOLUME DE CIMENTO, CAL E AREIA MÉDIA ÚMIDA) PARA EMBOÇO/MASSA ÚNICA/ASSENTAMENTO DE ALVENARIA DE VEDAÇÃO, PREPARO MANUAL. AF_08/2019","M3",1.9199999999999998E-2,835.31330553399994,{"$f":"IF(ISNUMBER(F6490),E6490*F6490,\"\")","v":16.038015466252798},null,null,0]
[null,null,"Auxiliar de eletricista com encargos complementares","h",0.63370000000000004,21.337,{"$f":"IF(ISNUMBER(F6491),E6491*F6491,\"\")","v":13.521256900000001},null,null,0]
[null,null,"Eletricista com encargos complementares","h",0.63370000000000004,27.474,{"$f":"IF(ISNUMBER(F6492),E6492*F6492,\"\")","v":17.410273800000002},null,null,0]
[null,null,null,null,null,"",{"$f":"IF(ISNUMBER(F6493),E6493*F6493,\"\")","v":""},null,null,0]
["SF-02717",{"$f":"INDEX(Orçamentária!A:B,MATCH(Composições!A6494,Orçamentária!A:A,0),2)","v":"Anel de borracha para vedação na interligação de tubos de esgoto"},null,"un",null,"",{"$f":"IF(ISNUMBER(F6494),E6494*F6494,\"\")","v":""},null,null,0]
[null,null,null,null,null,"",{"$f":"IF(ISNUMBER(F6495),E6495*F6495,\"\")","v":""},null,null,0]
[null,null,"ANEL DE VEDACAO, PVC FLEXIVEL, 100 MM, PARA SAIDA DE BACIA / VASO SANITARIO","un",1,14.3925,{"$f":"IF(ISNUMBER(F6496),E6496*F6496,\"\")","v":14.3925},{"$f":"SUM(G6496:G6496)","v":14.3925},null,0]
[null,null,null,null,null,"",{"$f":"IF(ISNUMBER(F6497),E6497*F6497,\"\")","v":""},null,null,0]
["SF-02719",{"$f":"INDEX(Orçamentária!A:B,MATCH(Composições!A6498,Orçamentária!A:A,0),2)","v":"Anel de Vedação para bacia sanitária"},null,"un",null,"",{"$f":"IF(ISNUMBER(F6498),E6498*F6498,\"\")","v":""},null,null,0]
[null,null,null,null,null,"",{"$f":"IF(ISNUMBER(F6499),E6499*F6499,\"\")","v":""},null,null,0]
[null,null,"ANEL BORRACHA PARA TUBO ESGOTO PREDIAL, DN 100 MM (NBR 5688)","un",1,2.5840000000000001,{"$f":"IF(ISNUMBER(F6500),E6500*F6500,\"\")","v":2.5840000000000001},{"$f":"SUM(G6500:G6500)","v":2.5840000000000001},null,0]
[null,null,null,null,null,"",{"$f":"IF(ISNUMBER(F6501),E6501*F6501,\"\")","v":""},null,null,0]
["SF-02720",{"$f":"INDEX(Orçamentária!A:B,MATCH(Composições!A6502,Orçamentária!A:A,0),2)","v":"Rejunte cimentício flexível"},null,"kg",null,"",{"$f":"IF(ISNUMBER(F6502),E6502*F6502,\"\")","v":""},null,null,0]
[null,null,null,null,null,"",{"$f":"IF(ISNUMBER(F6503),E6503*F6503,\"\")","v":""},null,null,0]
[null,null,"REJUNTE CIMENTICIO, QUALQUER COR","kg",1,3.3439999999999999,{"$f":"IF(ISNUMBER(F6504),E6504*F6504,\"\")","v":3.3439999999999999},{"$f":"SUM(G6504:G6504)","v":3.3439999999999999},null,0]
[null,null,null,null,null,"",{"$f":"IF(ISNUMBER(F6505),E6505*F6505,\"\")","v":""},null,null,0]
["SF-02724",{"$f":"INDEX(Orçamentária!A:B,MATCH(Composições!A6506,Orçamentária!A:A,0),2)","v":"Assento para bacia convencional"},null,"un",null,"",{"$f":"IF(ISNUMBER(F6506),E6506*F6506,\"\")","v":""},null,null,0]
[null,null,null,null,null,"",{"$f":"IF(ISNUMBER(F6507),E6507*F6507,\"\")","v":""},null,null,0]
[null,null,"ASSENTO SANITARIO DE PLASTICO, TIPO CONVENCIONAL","un",1,41.400999999999996,{"$f":"IF(ISNUMBER(F6508),E6508*F6508,\"\")","v":41.400999999999996},{"$f":"SUM(G6508:G6508)","v":41.400999999999996},null,0]
[null,null,null,null,null,"",{"$f":"IF(ISNUMBER(F6509),E6509*F6509,\"\")","v":""},null,null,0]
["SF-02730",{"$f":"INDEX(Orçamentária!A:B,MATCH(Composições!A6510,Orçamentária!A:A,0),2)","v":"Barra de apoio 70 cm - Linha Acessibilidade"},null,"un",null,"",{"$f":"IF(ISNUMBER(F6510),E6510*F6510,\"\")","v":""},null,null,0]
[null,null,null,null,null,"",{"$f":"IF(ISNUMBER(F6511),E6511*F6511,\"\")","v":""},null,null,0]
[null,null,"BARRA DE APOIO RETA, EM ACO INOX POLIDO, COMPRIMENTO 70CM, DIAMETRO MINIMO 3 CM","un",1,146.11000000000001,{"$f":"IF(ISNUMBER(F6512),E6512*F6512,\"\")","v":146.11000000000001},{"$f":"SUM(G6512:G6512)","v":146.11000000000001},null,0]
[null,null,null,null,null,"",{"$f":"IF(ISNUMBER(F6513),E6513*F6513,\"\")","v":""},null,null,0]
["SF-02731",{"$f":"INDEX(Orçamentária!A:B,MATCH(Composições!A6514,Orçamentária!A:A,0),2)","v":"Barra de apoio 80 cm - Linha Acessibilidade"},null,"un",null,"",{"$f":"IF(ISNUMBER(F6514),E6514*F6514,\"\")","v":""},null,null,0]
[null,null,null,null,null,"",{"$f":"IF(ISNUMBER(F6515),E6515*F6515,\"\")","v":""},null,null,0]
[null,null,"BARRA DE APOIO RETA, EM ACO INOX POLIDO, COMPRIMENTO 80CM, DIAMETRO MINIMO 3 CM","un",1,155.79050000000001,{"$f":"IF(ISNUMBER(F6516),E6516*F6516,\"\")","v":155.79050000000001},{"$f":"SUM(G6516:G6516)","v":155.79050000000001},null,0]
[null,null,null,null,null,"",{"$f":"IF(ISNUMBER(F6517),E6517*F6517,\"\")","v":""},null,null,0]
["SF-02735",{"$f":"INDEX(Orçamentária!A:B,MATCH(Composições!A6518,Orçamentária!A:A,0),2)","v":"Bolsa de ligação Branca para Vaso Sanitário"},null,"un",null,"",{"$f":"IF(ISNUMBER(F6518),E6518*F6518,\"\")","v":""},null,null,0]
[null,null,null,null,null,"",{"$f":"IF(ISNUMBER(F6519),E6519*F6519,\"\")","v":""},null,null,0]
[null,null,"BOLSA DE LIGACAO EM PVC FLEXIVEL PARA VASO SANITARIO 1.1/2 \" (40 MM)","un",1,4.6265000000000001,{"$f":"IF(ISNUMBER(F6520),E6520*F6520,\"\")","v":4.6265000000000001},{"$f":"SUM(G6520:G6520)","v":4.6265000000000001},null,0]
[null,null,null,null,null,"",{"$f":"IF(ISNUMBER(F6521),E6521*F6521,\"\")","v":""},null,null,0]
["SF-02737",{"$f":"INDEX(Orçamentária!A:B,MATCH(Composições!A6522,Orçamentária!A:A,0),2)","v":"Botão de Acionamento para Mictório"},null,"un",null,"",{"$f":"IF(ISNUMBER(F6522),E6522*F6522,\"\")","v":""},null,null,0]
[null,null,null,null,null,"",{"$f":"IF(ISNUMBER(F6523),E6523*F6523,\"\")","v":""},null,null,0]
[null,null,"VALVULA DE DESCARGA EM METAL CROMADO PARA MICTORIO COM ACIONAMENTO POR PRESSAO E FECHAMENTO AUTOMATICO","un",1,222.053,{"$f":"IF(ISNUMBER(F6524),E6524*F6524,\"\")","v":222.053},{"$f":"SUM(G6524:G6524)","v":222.053},null,0]
[null,null,null,null,null,"",{"$f":"IF(ISNUMBER(F6525),E6525*F6525,\"\")","v":""},null,null,0]
["SF-02739",{"$f":"INDEX(Orçamentária!A:B,MATCH(Composições!A6526,Orçamentária!A:A,0),2)","v":"Braço de metal para Chuveiro"},null,"un",null,"",{"$f":"IF(ISNUMBER(F6526),E6526*F6526,\"\")","v":""},null,null,0]
[null,null,null,null,null,"",{"$f":"IF(ISNUMBER(F6527),E6527*F6527,\"\")","v":""},null,null,0]
[null,null,"BRACO / CANO PARA CHUVEIRO ELETRICO, EM ALUMINIO, 30 CM X 1/2 \"","un",1,24.053999999999998,{"$f":"IF(ISNUMBER(F6528),E6528*F6528,\"\")","v":24.053999999999998},{"$f":"SUM(G6528:G6528)","v":24.053999999999998},null,0]
[null,null,null,null,null,"",{"$f":"IF(ISNUMBER(F6529),E6529*F6529,\"\")","v":""},null,null,0]
["SF-02742",{"$f":"INDEX(Orçamentária!A:B,MATCH(Composições!A6530,Orçamentária!A:A,0),2)","v":"Caixa de descarga alta/elevada"},null,"un",null,"",{"$f":"IF(ISNUMBER(F6530),E6530*F6530,\"\")","v":""},null,null,0]
[null,null,null,null,null,"",{"$f":"IF(ISNUMBER(F6531),E6531*F6531,\"\")","v":""},null,null,0]
[null,null,"CAIXA DE DESCARGA DE PLASTICO EXTERNA, DE *9* L, PUXADOR FIO DE NYLON, NAO INCLUSO CANO, BOLSA, ENGATE","un",1,53.199999999999996,{"$f":"IF(ISNUMBER(F6532),E6532*F6532,\"\")","v":53.199999999999996},{"$f":"SUM(G6532:G6532)","v":53.199999999999996},null,0]
[null,null,null,null,null,"",{"$f":"IF(ISNUMBER(F6533),E6533*F6533,\"\")","v":""},null,null,0]
["SF-02743",{"$f":"INDEX(Orçamentária!A:B,MATCH(Composições!A6534,Orçamentária!A:A,0),2)","v":"Caixa de gordura grande com cesta"},null,"un",null,"",{"$f":"IF(ISNUMBER(F6534),E6534*F6534,\"\")","v":""},null,null,0]
[null,null,null,null,null,"",{"$f":"IF(ISNUMBER(F6535),E6535*F6535,\"\")","v":""},null,null,0]
[null,null,"CAIXA DE GORDURA EM PVC, DIAMETRO MINIMO 300 MM, DIAMETRO DE SAIDA 100 MM, CAPACIDADE APROXIMADA 18 LITROS, COM TAMPA E CESTO","un",1,472.38749999999999,{"$f":"IF(ISNUMBER(F6536),E6536*F6536,\"\")","v":472.38749999999999},{"$f":"SUM(G6536:G6536)","v":472.38749999999999},null,0]
[null,null,null,null,null,"",{"$f":"IF(ISNUMBER(F6537),E6537*F6537,\"\")","v":""},null,null,0]
["SF-02745",{"$f":"INDEX(Orçamentária!A:B,MATCH(Composições!A6538,Orçamentária!A:A,0),2)","v":"Caixa de hidrante de parede com vidro - 70x50 cm"},null,"un",null,"",{"$f":"IF(ISNUMBER(F6538),E6538*F6538,\"\")","v":""},null,null,0]
[null,null,null,null,null,"",{"$f":"IF(ISNUMBER(F6539),E6539*F6539,\"\")","v":""},null,null,0]
[null,null,"CAIXA DE INCENDIO/ABRIGO PARA MANGUEIRA, DE EMBUTIR/INTERNA, COM 90 X 60 X 17 CM, EM CHAPA DE ACO, PORTA COM VENTILACAO, VISOR COM A INSCRICAO \"INCENDIO\", SUPORTE/CESTA INTERNA PARA A MANGUEIRA, PINTURA ELETROSTATICA VERMELHA","un",1,340.66049999999996,{"$f":"IF(ISNUMBER(F6540),E6540*F6540,\"\")","v":340.66049999999996},{"$f":"SUM(G6540:G6540)","v":340.66049999999996},null,0]
[null,null,null,null,null,"",{"$f":"IF(ISNUMBER(F6541),E6541*F6541,\"\")","v":""},null,null,0]
["SF-02747",{"$f":"INDEX(Orçamentária!A:B,MATCH(Composições!A6542,Orçamentária!A:A,0),2)","v":"Caixa sifonada de PVC DN 150 mm"},null,"un",null,"",{"$f":"IF(ISNUMBER(F6542),E6542*F6542,\"\")","v":""},null,null,0]
[null,null,null,null,null,"",{"$f":"IF(ISNUMBER(F6543),E6543*F6543,\"\")","v":""},null,null,0]
[null,null,"CAIXA SIFONADA, PVC, 150 X 150 X 50 MM, COM GRELHA REDONDA, BRANCA","un",1,67.45,{"$f":"IF(ISNUMBER(F6544),E6544*F6544,\"\")","v":67.45},{"$f":"SUM(G6544:G6544)","v":67.45},null,0]
[null,null,null,null,null,"",{"$f":"IF(ISNUMBER(F6545),E6545*F6545,\"\")","v":""},null,null,0]
["SF-02748",{"$f":"INDEX(Orçamentária!A:B,MATCH(Composições!A6546,Orçamentária!A:A,0),2)","v":"Caixa sifonada de PVC DN 250 mm"},null,"un",null,"",{"$f":"IF(ISNUMBER(F6546),E6546*F6546,\"\")","v":""},null,null,0]
[null,null,null,null,null,"",{"$f":"IF(ISNUMBER(F6547),E6547*F6547,\"\")","v":""},null,null,0]
[null,null,"CAIXA SIFONADA PVC, 250 X 230 X 75 MM, COM TAMPA CEGA QUADRADA, BRANCA","un",1,125.78,{"$f":"IF(ISNUMBER(F6548),E6548*F6548,\"\")","v":125.78},{"$f":"SUM(G6548:G6548)","v":125.78},null,0]
[null,null,null,null,null,"",{"$f":"IF(ISNUMBER(F6549),E6549*F6549,\"\")","v":""},null,null,0]
["SF-02752",{"$f":"INDEX(Orçamentária!A:B,MATCH(Composições!A6550,Orçamentária!A:A,0),2)","v":"Chuveiro Elétrico"},null,"un",null,"",{"$f":"IF(ISNUMBER(F6550),E6550*F6550,\"\")","v":""},null,null,0]
[null,null,null,null,null,"",{"$f":"IF(ISNUMBER(F6551),E6551*F6551,\"\")","v":""},null,null,0]
[null,null,"CHUVEIRO COMUM EM PLASTICO BRANCO, COM CANO, 3 TEMPERATURAS, 5500 W (110/220 V)","un",1,66.405000000000001,{"$f":"IF(ISNUMBER(F6552),E6552*F6552,\"\")","v":66.405000000000001},{"$f":"SUM(G6552:G6552)","v":66.405000000000001},null,0]
[null,null,null,null,null,"",{"$f":"IF(ISNUMBER(F6553),E6553*F6553,\"\")","v":""},null,null,0]
["SF-02760",{"$f":"INDEX(Orçamentária!A:B,MATCH(Composições!A6554,Orçamentária!A:A,0),2)","v":"Cuba retangular em aço inox"},null,"un",null,"",{"$f":"IF(ISNUMBER(F6554),E6554*F6554,\"\")","v":""},null,null,0]
[null,null,null,null,null,"",{"$f":"IF(ISNUMBER(F6555),E6555*F6555,\"\")","v":""},null,null,0]
[null,null,"CUBA ACO INOX (AISI 304) DE EMBUTIR COM VALVULA 3 1/2 \", DE *40 X 34 X 12* CM","un",1,122.71149999999999,{"$f":"IF(ISNUMBER(F6556),E6556*F6556,\"\")","v":122.71149999999999},{"$f":"SUM(G6556:G6556)","v":122.71149999999999},null,0]
[null,null,null,null,null,"",{"$f":"IF(ISNUMBER(F6557),E6557*F6557,\"\")","v":""},null,null,0]
["SF-02778",{"$f":"INDEX(Orçamentária!A:B,MATCH(Composições!A6558,Orçamentária!A:A,0),2)","v":"Manômetro DN63 (2 1/2”) até 150psi - Seco"},null,"un",null,"",{"$f":"IF(ISNUMBER(F6558),E6558*F6558,\"\")","v":""},null,null,0]
[null,null,null,null,null,"",{"$f":"IF(ISNUMBER(F6559),E6559*F6559,\"\")","v":""},null,null,0]
[null,null,"MANOMETRO COM CAIXA EM ACO PINTADO, ESCALA *10* KGF/CM2 (*10* BAR), DIAMETRO NOMINAL DE *63* MM, CONEXAO DE 1/4\"","un",1,108.82249999999999,{"$f":"IF(ISNUMBER(F6560),E6560*F6560,\"\")","v":108.82249999999999},{"$f":"SUM(G6560:G6560)","v":108.82249999999999},null,0]
[null,null,null,null,null,"",{"$f":"IF(ISNUMBER(F6561),E6561*F6561,\"\")","v":""},null,null,0]
["SF-02784",{"$f":"INDEX(Orçamentária!A:B,MATCH(Composições!A6562,Orçamentária!A:A,0),2)","v":"Tê misturador de transição 1/2” ou 3/4” – Linha Residencial"},null,"un",null,"",{"$f":"IF(ISNUMBER(F6562),E6562*F6562,\"\")","v":""},null,null,0]
[null,null,null,null,null,"",{"$f":"IF(ISNUMBER(F6563),E6563*F6563,\"\")","v":""},null,null,0]
[null,null,"MISTURADOR METALICO, BASE PARA CHUVEIRO/BANHEIRA, 1/2 \" OU 3/4 \", SOLDAVEL OU ROSCAVEL (NAO INCLUI ACABAMENTOS)","un",1,183.68249999999998,{"$f":"IF(ISNUMBER(F6564),E6564*F6564,\"\")","v":183.68249999999998},{"$f":"SUM(G6564:G6564)","v":183.68249999999998},null,0]
[null,null,null,null,null,"",{"$f":"IF(ISNUMBER(F6565),E6565*F6565,\"\")","v":""},null,null,0]
["SF-02801",{"$f":"INDEX(Orçamentária!A:B,MATCH(Composições!A6566,Orçamentária!A:A,0),2)","v":"Ralo semi esférico, tipo Abacaxi - 4”"},null,"un",null,"",{"$f":"IF(ISNUMBER(F6566),E6566*F6566,\"\")","v":""},null,null,0]
[null,null,null,null,null,"",{"$f":"IF(ISNUMBER(F6567),E6567*F6567,\"\")","v":""},null,null,0]
[null,null,"RALO FOFO SEMIESFERICO, 100 MM, PARA LAJES/ CALHAS","un",1,22.837999999999997,{"$f":"IF(ISNUMBER(F6568),E6568*F6568,\"\")","v":22.837999999999997},{"$f":"SUM(G6568:G6568)","v":22.837999999999997},null,0]
[null,null,null,null,null,"",{"$f":"IF(ISNUMBER(F6569),E6569*F6569,\"\")","v":""},null,null,0]
["SF-02807",{"$f":"INDEX(Orçamentária!A:B,MATCH(Composições!A6570,Orçamentária!A:A,0),2)","v":"Válvula de esfera em bronze 1/2”"},null,"un",null,"",{"$f":"IF(ISNUMBER(F6570),E6570*F6570,\"\")","v":""},null,null,0]
[null,null,null,null,null,"",{"$f":"IF(ISNUMBER(F6571),E6571*F6571,\"\")","v":""},null,null,0]
[null,null,"VALVULA DE ESFERA BRUTA EM BRONZE, BITOLA 1/2 \" (REF 1552-B)","un",1,44.212999999999994,{"$f":"IF(ISNUMBER(F6572),E6572*F6572,\"\")","v":44.212999999999994},{"$f":"SUM(G6572:G6572)","v":44.212999999999994},null,0]
[null,null,null,null,null,"",{"$f":"IF(ISNUMBER(F6573),E6573*F6573,\"\")","v":""},null,null,0]
["SF-02808",{"$f":"INDEX(Orçamentária!A:B,MATCH(Composições!A6574,Orçamentária!A:A,0),2)","v":"Válvula de esfera em bronze 3/4”"},null,"un",null,"",{"$f":"IF(ISNUMBER(F6574),E6574*F6574,\"\")","v":""},null,null,0]
[null,null,null,null,null,"",{"$f":"IF(ISNUMBER(F6575),E6575*F6575,\"\")","v":""},null,null,0]
[null,null,"VALVULA DE ESFERA BRUTA EM BRONZE, BITOLA 3/4 \" (REF 1552-B)","un",1,51.033999999999999,{"$f":"IF(ISNUMBER(F6576),E6576*F6576,\"\")","v":51.033999999999999},{"$f":"SUM(G6576:G6576)","v":51.033999999999999},null,0]
[null,null,null,null,null,"",{"$f":"IF(ISNUMBER(F6577),E6577*F6577,\"\")","v":""},null,null,0]
["SF-02809",{"$f":"INDEX(Orçamentária!A:B,MATCH(Composições!A6578,Orçamentária!A:A,0),2)","v":"Válvula de esfera em bronze 1 1/2”"},null,"un",null,"",{"$f":"IF(ISNUMBER(F6578),E6578*F6578,\"\")","v":""},null,null,0]
[null,null,null,null,null,"",{"$f":"IF(ISNUMBER(F6579),E6579*F6579,\"\")","v":""},null,null,0]
[null,null,"VALVULA DE ESFERA BRUTA EM BRONZE, BITOLA 1 1/2 \" (REF 1552-B)","un",1,123.7565,{"$f":"IF(ISNUMBER(F6580),E6580*F6580,\"\")","v":123.7565},{"$f":"SUM(G6580:G6580)","v":123.7565},null,0]
[null,null,null,null,null,"",{"$f":"IF(ISNUMBER(F6581),E6581*F6581,\"\")","v":""},null,null,0]
["SF-02810",{"$f":"INDEX(Orçamentária!A:B,MATCH(Composições!A6582,Orçamentária!A:A,0),2)","v":"Válvula de esfera em bronze 2”"},null,"un",null,"",{"$f":"IF(ISNUMBER(F6582),E6582*F6582,\"\")","v":""},null,null,2]
[null,null,null,null,null,"",{"$f":"IF(ISNUMBER(F6583),E6583*F6583,\"\")","v":""},null,null,2]
[null,null,"VALVULA DE ESFERA BRUTA EM BRONZE, BITOLA 2 \" (REF 1552-B)","un",1,190.82649999999998,{"$f":"IF(ISNUMBER(F6584),E6584*F6584,\"\")","v":190.82649999999998},{"$f":"SUM(G6584:G6584)","v":190.82649999999998},null,2]
[null,null,null,null,null,"",{"$f":"IF(ISNUMBER(F6585),E6585*F6585,\"\")","v":""},null,null,2]
["SF-02811",{"$f":"INDEX(Orçamentária!A:B,MATCH(Composições!A6586,Orçamentária!A:A,0),2)","v":"Válvula de esfera metálica 1/2” para gás"},null,"un",null,"",{"$f":"IF(ISNUMBER(F6586),E6586*F6586,\"\")","v":""},null,null,0]
[null,null,null,null,null,"",{"$f":"IF(ISNUMBER(F6587),E6587*F6587,\"\")","v":""},null,null,0]
[null,null,"VALVULA DE ESFERA BRUTA EM BRONZE, BITOLA 1/2 \" (REF 1552-B)","un",1,44.212999999999994,{"$f":"IF(ISNUMBER(F6588),E6588*F6588,\"\")","v":44.212999999999994},{"$f":"SUM(G6588:G6588)","v":44.212999999999994},null,0]
[null,null,null,null,null,"",{"$f":"IF(ISNUMBER(F6589),E6589*F6589,\"\")","v":""},null,null,0]
["SF-02812",{"$f":"INDEX(Orçamentária!A:B,MATCH(Composições!A6590,Orçamentária!A:A,0),2)","v":"Registro de Gaveta Bruto 1 1/2”"},null,"un",null,"",{"$f":"IF(ISNUMBER(F6590),E6590*F6590,\"\")","v":""},null,null,0]
[null,null,null,null,null,"",{"$f":"IF(ISNUMBER(F6591),E6591*F6591,\"\")","v":""},null,null,0]
[null,null,"REGISTRO GAVETA BRUTO EM LATAO FORJADO, BITOLA 1 1/2 \" (REF 1509)","un",1,84.502499999999998,{"$f":"IF(ISNUMBER(F6592),E6592*F6592,\"\")","v":84.502499999999998},{"$f":"SUM(G6592:G6592)","v":84.502499999999998},null,0]
[null,null,null,null,null,"",{"$f":"IF(ISNUMBER(F6593),E6593*F6593,\"\")","v":""},null,null,0]
["SF-02813",{"$f":"INDEX(Orçamentária!A:B,MATCH(Composições!A6594,Orçamentária!A:A,0),2)","v":"Registro de Gaveta Bruto 1 1/4”"},null,"un",null,"",{"$f":"IF(ISNUMBER(F6594),E6594*F6594,\"\")","v":""},null,null,0]
[null,null,null,null,null,"",{"$f":"IF(ISNUMBER(F6595),E6595*F6595,\"\")","v":""},null,null,0]
[null,null,"REGISTRO GAVETA BRUTO EM LATAO FORJADO, BITOLA 1 1/4 \" (REF 1509)","un",1,66.927499999999995,{"$f":"IF(ISNUMBER(F6596),E6596*F6596,\"\")","v":66.927499999999995},{"$f":"SUM(G6596:G6596)","v":66.927499999999995},null,0]
[null,null,null,null,null,"",{"$f":"IF(ISNUMBER(F6597),E6597*F6597,\"\")","v":""},null,null,0]
["SF-02814",{"$f":"INDEX(Orçamentária!A:B,MATCH(Composições!A6598,Orçamentária!A:A,0),2)","v":"Registro de Gaveta Bruto 1”"},null,"un",null,"",{"$f":"IF(ISNUMBER(F6598),E6598*F6598,\"\")","v":""},null,null,0]
[null,null,null,null,null,"",{"$f":"IF(ISNUMBER(F6599),E6599*F6599,\"\")","v":""},null,null,0]
[null,null,"REGISTRO GAVETA BRUTO EM LATAO FORJADO, BITOLA 1 \" (REF 1509)","un",1,49.105499999999992,{"$f":"IF(ISNUMBER(F6600),E6600*F6600,\"\")","v":49.105499999999992},{"$f":"SUM(G6600:G6600)","v":49.105499999999992},null,0]
[null,null,null,null,null,"",{"$f":"IF(ISNUMBER(F6601),E6601*F6601,\"\")","v":""},null,null,0]
["SF-02815",{"$f":"INDEX(Orçamentária!A:B,MATCH(Composições!A6602,Orçamentária!A:A,0),2)","v":"Registro de Gaveta Bruto 1/2”"},null,"un",null,"",{"$f":"IF(ISNUMBER(F6602),E6602*F6602,\"\")","v":""},null,null,0]
[null,null,null,null,null,"",{"$f":"IF(ISNUMBER(F6603),E6603*F6603,\"\")","v":""},null,null,0]
[null,null,"REGISTRO GAVETA BRUTO EM LATAO FORJADO, BITOLA 1/2 \" (REF 1509)","un",1,29.497499999999999,{"$f":"IF(ISNUMBER(F6604),E6604*F6604,\"\")","v":29.497499999999999},{"$f":"SUM(G6604:G6604)","v":29.497499999999999},null,0]
[null,null,null,null,null,"",{"$f":"IF(ISNUMBER(F6605),E6605*F6605,\"\")","v":""},null,null,0]
["SF-02816",{"$f":"INDEX(Orçamentária!A:B,MATCH(Composições!A6606,Orçamentária!A:A,0),2)","v":"Registro de Gaveta Bruto 2 1/2”"},null,"un",null,"",{"$f":"IF(ISNUMBER(F6606),E6606*F6606,\"\")","v":""},null,null,0]
[null,null,null,null,null,"",{"$f":"IF(ISNUMBER(F6607),E6607*F6607,\"\")","v":""},null,null,0]
[null,null,"REGISTRO GAVETA BRUTO EM LATAO FORJADO, BITOLA 2 1/2 \" (REF 1509)","un",1,244.10249999999996,{"$f":"IF(ISNUMBER(F6608),E6608*F6608,\"\")","v":244.10249999999996},{"$f":"SUM(G6608:G6608)","v":244.10249999999996},null,0]
[null,null,null,null,null,"",{"$f":"IF(ISNUMBER(F6609),E6609*F6609,\"\")","v":""},null,null,0]
["SF-02817",{"$f":"INDEX(Orçamentária!A:B,MATCH(Composições!A6610,Orçamentária!A:A,0),2)","v":"Registro de Gaveta Bruto 2”"},null,"un",null,"",{"$f":"IF(ISNUMBER(F6610),E6610*F6610,\"\")","v":""},null,null,0]
[null,null,null,null,null,"",{"$f":"IF(ISNUMBER(F6611),E6611*F6611,\"\")","v":""},null,null,0]
[null,null,"REGISTRO GAVETA BRUTO EM LATAO FORJADO, BITOLA 2 \" (REF 1509)","un",1,117.6955,{"$f":"IF(ISNUMBER(F6612),E6612*F6612,\"\")","v":117.6955},{"$f":"SUM(G6612:G6612)","v":117.6955},null,0]
[null,null,null,null,null,"",{"$f":"IF(ISNUMBER(F6613),E6613*F6613,\"\")","v":""},null,null,0]
["SF-02818",{"$f":"INDEX(Orçamentária!A:B,MATCH(Composições!A6614,Orçamentária!A:A,0),2)","v":"Registro de Gaveta Bruto 3”"},null,"un",null,"",{"$f":"IF(ISNUMBER(F6614),E6614*F6614,\"\")","v":""},null,null,0]
[null,null,null,null,null,"",{"$f":"IF(ISNUMBER(F6615),E6615*F6615,\"\")","v":""},null,null,0]
[null,null,"REGISTRO GAVETA BRUTO EM LATAO FORJADO, BITOLA 3 \" (REF 1509)","un",1,295.52599999999995,{"$f":"IF(ISNUMBER(F6616),E6616*F6616,\"\")","v":295.52599999999995},{"$f":"SUM(G6616:G6616)","v":295.52599999999995},null,0]
[null,null,null,null,null,"",{"$f":"IF(ISNUMBER(F6617),E6617*F6617,\"\")","v":""},null,null,0]
["SF-02819",{"$f":"INDEX(Orçamentária!A:B,MATCH(Composições!A6618,Orçamentária!A:A,0),2)","v":"Registro de Gaveta Bruto 3/4”"},null,"un",null,"",{"$f":"IF(ISNUMBER(F6618),E6618*F6618,\"\")","v":""},null,null,0]
[null,null,null,null,null,"",{"$f":"IF(ISNUMBER(F6619),E6619*F6619,\"\")","v":""},null,null,0]
[null,null,"REGISTRO GAVETA BRUTO EM LATAO FORJADO, BITOLA 3/4 \" (REF 1509)","un",1,31.112499999999997,{"$f":"IF(ISNUMBER(F6620),E6620*F6620,\"\")","v":31.112499999999997},{"$f":"SUM(G6620:G6620)","v":31.112499999999997},null,0]
[null,null,null,null,null,"",{"$f":"IF(ISNUMBER(F6621),E6621*F6621,\"\")","v":""},null,null,0]
["SF-02820",{"$f":"INDEX(Orçamentária!A:B,MATCH(Composições!A6622,Orçamentária!A:A,0),2)","v":"Registro de Gaveta Bruto 4”"},null,"un",null,"",{"$f":"IF(ISNUMBER(F6622),E6622*F6622,\"\")","v":""},null,null,0]
[null,null,null,null,null,"",{"$f":"IF(ISNUMBER(F6623),E6623*F6623,\"\")","v":""},null,null,0]
[null,null,"REGISTRO GAVETA BRUTO EM LATAO FORJADO, BITOLA 4 \" (REF 1509)","un",1,615.77099999999996,{"$f":"IF(ISNUMBER(F6624),E6624*F6624,\"\")","v":615.77099999999996},{"$f":"SUM(G6624:G6624)","v":615.77099999999996},null,0]
[null,null,null,null,null,"",{"$f":"IF(ISNUMBER(F6625),E6625*F6625,\"\")","v":""},null,null,0]
["SF-02823",{"$f":"INDEX(Orçamentária!A:B,MATCH(Composições!A6626,Orçamentária!A:A,0),2)","v":"Registro de Pressão Bruto 1/2”"},null,"un",null,"",{"$f":"IF(ISNUMBER(F6626),E6626*F6626,\"\")","v":""},null,null,0]
[null,null,null,null,null,"",{"$f":"IF(ISNUMBER(F6627),E6627*F6627,\"\")","v":""},null,null,0]
[null,null,"REGISTRO PRESSAO BRUTO EM LATAO FORJADO, BITOLA 1/2 \" (REF 1400)","un",1,20.9,{"$f":"IF(ISNUMBER(F6628),E6628*F6628,\"\")","v":20.9},{"$f":"SUM(G6628:G6628)","v":20.9},null,0]
[null,null,null,null,null,"",{"$f":"IF(ISNUMBER(F6629),E6629*F6629,\"\")","v":""},null,null,0]
["SF-02824",{"$f":"INDEX(Orçamentária!A:B,MATCH(Composições!A6630,Orçamentária!A:A,0),2)","v":"Registro de Pressão Bruto 3/4”"},null,"un",null,"",{"$f":"IF(ISNUMBER(F6630),E6630*F6630,\"\")","v":""},null,null,0]
[null,null,null,null,null,"",{"$f":"IF(ISNUMBER(F6631),E6631*F6631,\"\")","v":""},null,null,0]
[null,null,"REGISTRO PRESSAO BRUTO EM LATAO FORJADO, BITOLA 3/4 \" (REF 1400)","un",1,24.956499999999998,{"$f":"IF(ISNUMBER(F6632),E6632*F6632,\"\")","v":24.956499999999998},{"$f":"SUM(G6632:G6632)","v":24.956499999999998},null,0]
[null,null,null,null,null,"",{"$f":"IF(ISNUMBER(F6633),E6633*F6633,\"\")","v":""},null,null,0]
["SF-02825",{"$f":"INDEX(Orçamentária!A:B,MATCH(Composições!A6634,Orçamentária!A:A,0),2)","v":"Registro Esfera PVC VS Roscável 1/2”"},null,"un",null,"",{"$f":"IF(ISNUMBER(F6634),E6634*F6634,\"\")","v":""},null,null,0]
[null,null,null,null,null,"",{"$f":"IF(ISNUMBER(F6635),E6635*F6635,\"\")","v":""},null,null,0]
[null,null,"REGISTRO DE ESFERA, PVC, COM VOLANTE, VS, ROSCAVEL, DN 1/2\", COM CORPO DIVIDIDO","un",1,23.787999999999997,{"$f":"IF(ISNUMBER(F6636),E6636*F6636,\"\")","v":23.787999999999997},{"$f":"SUM(G6636:G6636)","v":23.787999999999997},null,0]
[null,null,null,null,null,"",{"$f":"IF(ISNUMBER(F6637),E6637*F6637,\"\")","v":""},null,null,0]
["SF-02826",{"$f":"INDEX(Orçamentária!A:B,MATCH(Composições!A6638,Orçamentária!A:A,0),2)","v":"Registro Esfera PVC VS Roscável 1 1/2”"},null,"un",null,"",{"$f":"IF(ISNUMBER(F6638),E6638*F6638,\"\")","v":""},null,null,0]
[null,null,null,null,null,"",{"$f":"IF(ISNUMBER(F6639),E6639*F6639,\"\")","v":""},null,null,0]
[null,null,"REGISTRO DE ESFERA, PVC, COM VOLANTE, VS, ROSCAVEL, DN 1 1/2\", COM CORPO DIVIDIDO","un",1,65.207999999999998,{"$f":"IF(ISNUMBER(F6640),E6640*F6640,\"\")","v":65.207999999999998},{"$f":"SUM(G6640:G6640)","v":65.207999999999998},null,0]
[null,null,null,null,null,"",{"$f":"IF(ISNUMBER(F6641),E6641*F6641,\"\")","v":""},null,null,0]
["SF-02827",{"$f":"INDEX(Orçamentária!A:B,MATCH(Composições!A6642,Orçamentária!A:A,0),2)","v":"Registro Esfera PVC VS Soldável 60mm"},null,"un",null,"",{"$f":"IF(ISNUMBER(F6642),E6642*F6642,\"\")","v":""},null,null,0]
[null,null,null,null,null,"",{"$f":"IF(ISNUMBER(F6643),E6643*F6643,\"\")","v":""},null,null,0]
[null,null,"REGISTRO DE ESFERA, PVC, COM VOLANTE, VS, SOLDAVEL, DN 60 MM, COM CORPO DIVIDIDO","un",1,116.09,{"$f":"IF(ISNUMBER(F6644),E6644*F6644,\"\")","v":116.09},{"$f":"SUM(G6644:G6644)","v":116.09},null,0]
[null,null,null,null,null,"",{"$f":"IF(ISNUMBER(F6645),E6645*F6645,\"\")","v":""},null,null,0]
["SF-02828",{"$f":"INDEX(Orçamentária!A:B,MATCH(Composições!A6646,Orçamentária!A:A,0),2)","v":"Registro para Hidrante 2 1/2”"},null,"un",null,"",{"$f":"IF(ISNUMBER(F6646),E6646*F6646,\"\")","v":""},null,null,0]
[null,null,null,null,null,"",{"$f":"IF(ISNUMBER(F6647),E6647*F6647,\"\")","v":""},null,null,0]
[null,null,"REGISTRO OU VALVULA GLOBO ANGULAR EM LATAO, PARA HIDRANTES EM INSTALACAO PREDIAL DE INCENDIO, 45 GRAUS, DIAMETRO DE 2 1/2\", COM VOLANTE, CLASSE DE PRESSAO DE ATE 200 PSI","un",1,171,{"$f":"IF(ISNUMBER(F6648),E6648*F6648,\"\")","v":171},{"$f":"SUM(G6648:G6648)","v":171},null,0]
[null,null,null,null,null,"",{"$f":"IF(ISNUMBER(F6649),E6649*F6649,\"\")","v":""},null,null,0]
["SF-02848",{"$f":"INDEX(Orçamentária!A:B,MATCH(Composições!A6650,Orçamentária!A:A,0),2)","v":"Terminal de Ventilação PVC - 100 mm"},null,"un",null,"",{"$f":"IF(ISNUMBER(F6650),E6650*F6650,\"\")","v":""},null,null,0]
[null,null,null,null,null,"",{"$f":"IF(ISNUMBER(F6651),E6651*F6651,\"\")","v":""},null,null,0]
[null,null,"TERMINAL DE VENTILACAO, 100 MM, SERIE NORMAL, ESGOTO PREDIAL","un",1,21.441499999999998,{"$f":"IF(ISNUMBER(F6652),E6652*F6652,\"\")","v":21.441499999999998},{"$f":"SUM(G6652:G6652)","v":21.441499999999998},null,0]
[null,null,null,null,null,"",{"$f":"IF(ISNUMBER(F6653),E6653*F6653,\"\")","v":""},null,null,0]
["SF-02849",{"$f":"INDEX(Orçamentária!A:B,MATCH(Composições!A6654,Orçamentária!A:A,0),2)","v":"Terminal de Ventilação PVC - 50 mm"},null,"un",null,"",{"$f":"IF(ISNUMBER(F6654),E6654*F6654,\"\")","v":""},null,null,0]
[null,null,null,null,null,"",{"$f":"IF(ISNUMBER(F6655),E6655*F6655,\"\")","v":""},null,null,0]
[null,null,"TERMINAL DE VENTILACAO, 50 MM, SERIE NORMAL, ESGOTO PREDIAL","un",1,8.9205000000000005,{"$f":"IF(ISNUMBER(F6656),E6656*F6656,\"\")","v":8.9205000000000005},{"$f":"SUM(G6656:G6656)","v":8.9205000000000005},null,0]
[null,null,null,null,null,"",{"$f":"IF(ISNUMBER(F6657),E6657*F6657,\"\")","v":""},null,null,0]
["SF-02850",{"$f":"INDEX(Orçamentária!A:B,MATCH(Composições!A6658,Orçamentária!A:A,0),2)","v":"Terminal de Ventilação PVC - 75 mm"},null,"un",null,"",{"$f":"IF(ISNUMBER(F6658),E6658*F6658,\"\")","v":""},null,null,0]
[null,null,null,null,null,"",{"$f":"IF(ISNUMBER(F6659),E6659*F6659,\"\")","v":""},null,null,0]
[null,null,"TERMINAL DE VENTILACAO, 75 MM, SERIE NORMAL, ESGOTO PREDIAL","un",1,17.156999999999996,{"$f":"IF(ISNUMBER(F6660),E6660*F6660,\"\")","v":17.156999999999996},{"$f":"SUM(G6660:G6660)","v":17.156999999999996},null,0]
[null,null,null,null,null,"",{"$f":"IF(ISNUMBER(F6661),E6661*F6661,\"\")","v":""},null,null,0]
["SF-02852",{"$f":"INDEX(Orçamentária!A:B,MATCH(Composições!A6662,Orçamentária!A:A,0),2)","v":"Torneira de Bóia Com Balão Plástico 1 1/2”"},null,"un",null,"",{"$f":"IF(ISNUMBER(F6662),E6662*F6662,\"\")","v":""},null,null,0]
[null,null,null,null,null,"",{"$f":"IF(ISNUMBER(F6663),E6663*F6663,\"\")","v":""},null,null,0]
[null,null,"TORNEIRA DE BOIA CONVENCIONAL PARA CAIXA D'AGUA, AGUA FRIA, 1.1/2\", COM HASTE E TORNEIRA METALICOS E BALAO PLASTICO","un",1,439.60300000000001,{"$f":"IF(ISNUMBER(F6664),E6664*F6664,\"\")","v":439.60300000000001},{"$f":"SUM(G6664:G6664)","v":439.60300000000001},null,0]
[null,null,null,null,null,"",{"$f":"IF(ISNUMBER(F6665),E6665*F6665,\"\")","v":""},null,null,0]
["SF-02853",{"$f":"INDEX(Orçamentária!A:B,MATCH(Composições!A6666,Orçamentária!A:A,0),2)","v":"Torneira de Bóia Com Balão Plástico 1 1/4”"},null,"un",null,"",{"$f":"IF(ISNUMBER(F6666),E6666*F6666,\"\")","v":""},null,null,0]
[null,null,null,null,null,"",{"$f":"IF(ISNUMBER(F6667),E6667*F6667,\"\")","v":""},null,null,0]
[null,null,"TORNEIRA DE BOIA CONVENCIONAL PARA CAIXA D'AGUA, AGUA FRIA, 1.1/4\", COM HASTE E TORNEIRA METALICOS E BALAO PLASTICO","un",1,360.66749999999996,{"$f":"IF(ISNUMBER(F6668),E6668*F6668,\"\")","v":360.66749999999996},{"$f":"SUM(G6668:G6668)","v":360.66749999999996},null,0]
[null,null,null,null,null,"",{"$f":"IF(ISNUMBER(F6669),E6669*F6669,\"\")","v":""},null,null,0]
["SF-02854",{"$f":"INDEX(Orçamentária!A:B,MATCH(Composições!A6670,Orçamentária!A:A,0),2)","v":"Torneira de Bóia Com Balão Plástico 1”"},null,"un",null,"",{"$f":"IF(ISNUMBER(F6670),E6670*F6670,\"\")","v":""},null,null,0]
[null,null,null,null,null,"",{"$f":"IF(ISNUMBER(F6671),E6671*F6671,\"\")","v":""},null,null,0]
[null,null,"TORNEIRA DE BOIA CONVENCIONAL PARA CAIXA D'AGUA, 1\", AGUA FRIA, COM HASTE E TORNEIRA METALICOS E BALAO PLASTICO","un",1,211.77399999999997,{"$f":"IF(ISNUMBER(F6672),E6672*F6672,\"\")","v":211.77399999999997},{"$f":"SUM(G6672:G6672)","v":211.77399999999997},null,0]
[null,null,null,null,null,"",{"$f":"IF(ISNUMBER(F6673),E6673*F6673,\"\")","v":""},null,null,0]
["SF-02855",{"$f":"INDEX(Orçamentária!A:B,MATCH(Composições!A6674,Orçamentária!A:A,0),2)","v":"Torneira de Bóia Com Balão Plástico 2”"},null,"un",null,"",{"$f":"IF(ISNUMBER(F6674),E6674*F6674,\"\")","v":""},null,null,0]
[null,null,null,null,null,"",{"$f":"IF(ISNUMBER(F6675),E6675*F6675,\"\")","v":""},null,null,0]
[null,null,"TORNEIRA DE BOIA CONVENCIONAL PARA CAIXA D'AGUA, 2\", AGUA FRIA, COM HASTE E TORNEIRA METALICOS E BALAO PLASTICO","un",1,564.03399999999999,{"$f":"IF(ISNUMBER(F6676),E6676*F6676,\"\")","v":564.03399999999999},{"$f":"SUM(G6676:G6676)","v":564.03399999999999},null,0]
[null,null,null,null,null,"",{"$f":"IF(ISNUMBER(F6677),E6677*F6677,\"\")","v":""},null,null,0]
["SF-02856",{"$f":"INDEX(Orçamentária!A:B,MATCH(Composições!A6678,Orçamentária!A:A,0),2)","v":"Torneira de Bóia Com Balão Plástico 3/4”"},null,"un",null,"",{"$f":"IF(ISNUMBER(F6678),E6678*F6678,\"\")","v":""},null,null,0]
[null,null,null,null,null,"",{"$f":"IF(ISNUMBER(F6679),E6679*F6679,\"\")","v":""},null,null,0]
[null,null,"TORNEIRA DE BOIA CONVENCIONAL PARA CAIXA D'AGUA, AGUA FRIA, 3/4\", COM HASTE E TORNEIRA METALICOS E BALAO PLASTICO","un",1,94.135499999999993,{"$f":"IF(ISNUMBER(F6680),E6680*F6680,\"\")","v":94.135499999999993},{"$f":"SUM(G6680:G6680)","v":94.135499999999993},null,0]
[null,null,null,null,null,"",{"$f":"IF(ISNUMBER(F6681),E6681*F6681,\"\")","v":""},null,null,0]
["SF-02863",{"$f":"INDEX(Orçamentária!A:B,MATCH(Composições!A6682,Orçamentária!A:A,0),2)","v":"Tubo de cobre classe “E” 22mm"},null,"m",null,"",{"$f":"IF(ISNUMBER(F6682),E6682*F6682,\"\")","v":""},null,null,0]
[null,null,null,null,null,"",{"$f":"IF(ISNUMBER(F6683),E6683*F6683,\"\")","v":""},null,null,0]
[null,null,"TUBO DE COBRE CLASSE \"E\", DN = 22 MM, PARA INSTALACAO HIDRAULICA PREDIAL","m",1,56.097499999999997,{"$f":"IF(ISNUMBER(F6684),E6684*F6684,\"\")","v":56.097499999999997},{"$f":"SUM(G6684:G6684)","v":56.097499999999997},null,0]
[null,null,null,null,null,"",{"$f":"IF(ISNUMBER(F6685),E6685*F6685,\"\")","v":""},null,null,0]
["SF-02864",{"$f":"INDEX(Orçamentária!A:B,MATCH(Composições!A6686,Orçamentária!A:A,0),2)","v":"Tubo de cobre classe “E” 28 mm"},null,"m",null,"",{"$f":"IF(ISNUMBER(F6686),E6686*F6686,\"\")","v":""},null,null,0]
[null,null,null,null,null,"",{"$f":"IF(ISNUMBER(F6687),E6687*F6687,\"\")","v":""},null,null,0]
[null,null,"TUBO DE COBRE CLASSE \"E\", DN = 28 MM, PARA INSTALACAO HIDRAULICA PREDIAL","m",1,71.202500000000001,{"$f":"IF(ISNUMBER(F6688),E6688*F6688,\"\")","v":71.202500000000001},{"$f":"SUM(G6688:G6688)","v":71.202500000000001},null,0]
[null,null,null,null,null,"",{"$f":"IF(ISNUMBER(F6689),E6689*F6689,\"\")","v":""},null,null,0]
["SF-02865",{"$f":"INDEX(Orçamentária!A:B,MATCH(Composições!A6690,Orçamentária!A:A,0),2)","v":"Tubo de cobre classe “E” 42mm"},null,"m",null,"",{"$f":"IF(ISNUMBER(F6690),E6690*F6690,\"\")","v":""},null,null,0]
[null,null,null,null,null,"",{"$f":"IF(ISNUMBER(F6691),E6691*F6691,\"\")","v":""},null,null,0]
[null,null,"TUBO DE COBRE CLASSE \"E\", DN = 42 MM, PARA INSTALACAO HIDRAULICA PREDIAL","m",1,139.63099999999997,{"$f":"IF(ISNUMBER(F6692),E6692*F6692,\"\")","v":139.63099999999997},{"$f":"SUM(G6692:G6692)","v":139.63099999999997},null,0]
[null,null,null,null,null,"",{"$f":"IF(ISNUMBER(F6693),E6693*F6693,\"\")","v":""},null,null,0]
["SF-02866",{"$f":"INDEX(Orçamentária!A:B,MATCH(Composições!A6694,Orçamentária!A:A,0),2)","v":"Tubo de cobre classe “E” 35mm"},null,"m",null,"",{"$f":"IF(ISNUMBER(F6694),E6694*F6694,\"\")","v":""},null,null,0]
[null,null,null,null,null,"",{"$f":"IF(ISNUMBER(F6695),E6695*F6695,\"\")","v":""},null,null,0]
[null,null,"TUBO DE COBRE CLASSE \"E\", DN = 35 MM, PARA INSTALACAO HIDRAULICA PREDIAL","m",1,103.398,{"$f":"IF(ISNUMBER(F6696),E6696*F6696,\"\")","v":103.398},{"$f":"SUM(G6696:G6696)","v":103.398},null,0]
[null,null,null,null,null,"",{"$f":"IF(ISNUMBER(F6697),E6697*F6697,\"\")","v":""},null,null,0]
["SF-02867",{"$f":"INDEX(Orçamentária!A:B,MATCH(Composições!A6698,Orçamentária!A:A,0),2)","v":"Tubo de cobre classe “E” 54mm"},null,"m",null,"",{"$f":"IF(ISNUMBER(F6698),E6698*F6698,\"\")","v":""},null,null,0]
[null,null,null,null,null,"",{"$f":"IF(ISNUMBER(F6699),E6699*F6699,\"\")","v":""},null,null,0]
[null,null,"TUBO DE COBRE CLASSE \"E\", DN = 54 MM, PARA INSTALACAO HIDRAULICA PREDIAL","m",1,202.49250000000001,{"$f":"IF(ISNUMBER(F6700),E6700*F6700,\"\")","v":202.49250000000001},{"$f":"SUM(G6700:G6700)","v":202.49250000000001},null,0]
[null,null,null,null,null,"",{"$f":"IF(ISNUMBER(F6701),E6701*F6701,\"\")","v":""},null,null,0]
["SF-02868",{"$f":"INDEX(Orçamentária!A:B,MATCH(Composições!A6702,Orçamentária!A:A,0),2)","v":"Tubo de cobre classe “E” 66mm"},null,"m",null,"",{"$f":"IF(ISNUMBER(F6702),E6702*F6702,\"\")","v":""},null,null,0]
[null,null,null,null,null,"",{"$f":"IF(ISNUMBER(F6703),E6703*F6703,\"\")","v":""},null,null,0]
[null,null,"TUBO DE COBRE CLASSE \"E\", DN = 66 MM, PARA INSTALACAO HIDRAULICA PREDIAL","m",1,285.27550000000002,{"$f":"IF(ISNUMBER(F6704),E6704*F6704,\"\")","v":285.27550000000002},{"$f":"SUM(G6704:G6704)","v":285.27550000000002},null,0]
[null,null,null,null,null,"",{"$f":"IF(ISNUMBER(F6705),E6705*F6705,\"\")","v":""},null,null,0]
["SF-02869",{"$f":"INDEX(Orçamentária!A:B,MATCH(Composições!A6706,Orçamentária!A:A,0),2)","v":"Tubo de cobre classe “E” 79mm"},null,"m",null,"",{"$f":"IF(ISNUMBER(F6706),E6706*F6706,\"\")","v":""},null,null,0]
[null,null,null,null,null,"",{"$f":"IF(ISNUMBER(F6707),E6707*F6707,\"\")","v":""},null,null,0]
[null,null,"TUBO DE COBRE CLASSE \"E\", DN = 79 MM, PARA INSTALACAO HIDRAULICA PREDIAL","m",1,417.0215,{"$f":"IF(ISNUMBER(F6708),E6708*F6708,\"\")","v":417.0215},{"$f":"SUM(G6708:G6708)","v":417.0215},null,0]
[null,null,null,null,null,"",{"$f":"IF(ISNUMBER(F6709),E6709*F6709,\"\")","v":""},null,null,0]
["SF-02870",{"$f":"INDEX(Orçamentária!A:B,MATCH(Composições!A6710,Orçamentária!A:A,0),2)","v":"Tubo de cobre classe “E” 104mm"},null,"m",null,"",{"$f":"IF(ISNUMBER(F6710),E6710*F6710,\"\")","v":""},null,null,0]
[null,null,null,null,null,"",{"$f":"IF(ISNUMBER(F6711),E6711*F6711,\"\")","v":""},null,null,0]
[null,null,"TUBO DE COBRE CLASSE \"E\", DN = 104 MM, PARA INSTALACAO HIDRAULICA PREDIAL","m",1,614.92549999999994,{"$f":"IF(ISNUMBER(F6712),E6712*F6712,\"\")","v":614.92549999999994},{"$f":"SUM(G6712:G6712)","v":614.92549999999994},null,0]
[null,null,null,null,null,"",{"$f":"IF(ISNUMBER(F6713),E6713*F6713,\"\")","v":""},null,null,0]
["SF-02871",{"$f":"INDEX(Orçamentária!A:B,MATCH(Composições!A6714,Orçamentária!A:A,0),2)","v":"Tubo CPVC soldável 22 mm – Linha Residencial"},null,"m",null,"",{"$f":"IF(ISNUMBER(F6714),E6714*F6714,\"\")","v":""},null,null,0]
[null,null,null,null,null,"",{"$f":"IF(ISNUMBER(F6715),E6715*F6715,\"\")","v":""},null,null,0]
[null,null,"TUBO CPVC, SOLDAVEL, 22 MM, AGUA QUENTE PREDIAL (NBR 15884)","m",1,13.0055,{"$f":"IF(ISNUMBER(F6716),E6716*F6716,\"\")","v":13.0055},{"$f":"SUM(G6716:G6716)","v":13.0055},null,0]
[null,null,null,null,null,"",{"$f":"IF(ISNUMBER(F6717),E6717*F6717,\"\")","v":""},null,null,0]
["SF-02872",{"$f":"INDEX(Orçamentária!A:B,MATCH(Composições!A6718,Orçamentária!A:A,0),2)","v":"Tubo CPVC soldável 28 mm  – Linha Residencial"},null,"m",null,"",{"$f":"IF(ISNUMBER(F6718),E6718*F6718,\"\")","v":""},null,null,0]
[null,null,null,null,null,"",{"$f":"IF(ISNUMBER(F6719),E6719*F6719,\"\")","v":""},null,null,0]
[null,null,"TUBO CPVC, SOLDAVEL, 28 MM, AGUA QUENTE PREDIAL (NBR 15884)","m",1,22.400999999999996,{"$f":"IF(ISNUMBER(F6720),E6720*F6720,\"\")","v":22.400999999999996},{"$f":"SUM(G6720:G6720)","v":22.400999999999996},null,0]
[null,null,null,null,null,"",{"$f":"IF(ISNUMBER(F6721),E6721*F6721,\"\")","v":""},null,null,0]
["SF-02873",{"$f":"INDEX(Orçamentária!A:B,MATCH(Composições!A6722,Orçamentária!A:A,0),2)","v":"Tubo de aço-carbono galvanizado 1 1/4” – Água Potável e Combate a Incêndio"},null,"m",null,"",{"$f":"IF(ISNUMBER(F6722),E6722*F6722,\"\")","v":""},null,null,0]
[null,null,null,null,null,"",{"$f":"IF(ISNUMBER(F6723),E6723*F6723,\"\")","v":""},null,null,0]
[null,null,"TUBO ACO GALVANIZADO COM COSTURA, CLASSE LEVE, DN 32 MM ( 1 1/4\"), E = 2,65 MM, *2,71* KG/M (NBR 5580)","m",1,49.523499999999999,{"$f":"IF(ISNUMBER(F6724),E6724*F6724,\"\")","v":49.523499999999999},{"$f":"SUM(G6724:G6724)","v":49.523499999999999},null,0]
[null,null,null,null,null,"",{"$f":"IF(ISNUMBER(F6725),E6725*F6725,\"\")","v":""},null,null,0]
["SF-02874",{"$f":"INDEX(Orçamentária!A:B,MATCH(Composições!A6726,Orçamentária!A:A,0),2)","v":"Tubo de aço-carbono galvanizado 1/2” – Água Potável e Combate a Incêndio"},null,"m",null,"",{"$f":"IF(ISNUMBER(F6726),E6726*F6726,\"\")","v":""},null,null,0]
[null,null,null,null,null,"",{"$f":"IF(ISNUMBER(F6727),E6727*F6727,\"\")","v":""},null,null,0]
[null,null,"TUBO ACO GALVANIZADO COM COSTURA, CLASSE LEVE, DN 15 MM ( 1/2\"), E = 2,25 MM, *1,2* KG/M (NBR 5580)","m",1,19.437000000000001,{"$f":"IF(ISNUMBER(F6728),E6728*F6728,\"\")","v":19.437000000000001},{"$f":"SUM(G6728:G6728)","v":19.437000000000001},null,0]
[null,null,null,null,null,"",{"$f":"IF(ISNUMBER(F6729),E6729*F6729,\"\")","v":""},null,null,0]
["SF-02875",{"$f":"INDEX(Orçamentária!A:B,MATCH(Composições!A6730,Orçamentária!A:A,0),2)","v":"Tubo de aço-carbono galvanizado 3/4” – Água Potável e Combate a Incêndio"},null,"m",null,"",{"$f":"IF(ISNUMBER(F6730),E6730*F6730,\"\")","v":""},null,null,0]
[null,null,null,null,null,"",{"$f":"IF(ISNUMBER(F6731),E6731*F6731,\"\")","v":""},null,null,0]
[null,null,"TUBO ACO GALVANIZADO COM COSTURA, CLASSE LEVE, DN 20 MM ( 3/4\"), E = 2,25 MM, *1,3* KG/M (NBR 5580)","m",1,25.308,{"$f":"IF(ISNUMBER(F6732),E6732*F6732,\"\")","v":25.308},{"$f":"SUM(G6732:G6732)","v":25.308},null,0]
[null,null,null,null,null,"",{"$f":"IF(ISNUMBER(F6733),E6733*F6733,\"\")","v":""},null,null,0]
["SF-02876",{"$f":"INDEX(Orçamentária!A:B,MATCH(Composições!A6734,Orçamentária!A:A,0),2)","v":"Tubo de aço-carbono galvanizado 1” – Água Potável e Combate a Incêndio"},null,"m",null,"",{"$f":"IF(ISNUMBER(F6734),E6734*F6734,\"\")","v":""},null,null,0]
[null,null,null,null,null,"",{"$f":"IF(ISNUMBER(F6735),E6735*F6735,\"\")","v":""},null,null,0]
[null,null,"TUBO ACO GALVANIZADO COM COSTURA, CLASSE LEVE, DN 25 MM ( 1\"), E = 2,65 MM, *2,11* KG/M (NBR 5580)","m",1,33.981500000000004,{"$f":"IF(ISNUMBER(F6736),E6736*F6736,\"\")","v":33.981500000000004},{"$f":"SUM(G6736:G6736)","v":33.981500000000004},null,0]
[null,null,null,null,null,"",{"$f":"IF(ISNUMBER(F6737),E6737*F6737,\"\")","v":""},null,null,0]
["SF-02877",{"$f":"INDEX(Orçamentária!A:B,MATCH(Composições!A6738,Orçamentária!A:A,0),2)","v":"Tubo de aço-carbono galvanizado 2” – Água Potável e Combate a Incêndio"},null,"m",null,"",{"$f":"IF(ISNUMBER(F6738),E6738*F6738,\"\")","v":""},null,null,0]
[null,null,null,null,null,"",{"$f":"IF(ISNUMBER(F6739),E6739*F6739,\"\")","v":""},null,null,0]
[null,null,"TUBO ACO GALVANIZADO COM COSTURA, CLASSE LEVE, DN 50 MM ( 2\"), E = 3,00 MM, *4,40* KG/M (NBR 5580)","m",1,71.421000000000006,{"$f":"IF(ISNUMBER(F6740),E6740*F6740,\"\")","v":71.421000000000006},{"$f":"SUM(G6740:G6740)","v":71.421000000000006},null,0]
[null,null,null,null,null,"",{"$f":"IF(ISNUMBER(F6741),E6741*F6741,\"\")","v":""},null,null,0]
["SF-02878",{"$f":"INDEX(Orçamentária!A:B,MATCH(Composições!A6742,Orçamentária!A:A,0),2)","v":"Tubo de aço-carbono galvanizado 2 1/2” – Água Potável e Combate a Incêndio"},null,"m",null,"",{"$f":"IF(ISNUMBER(F6742),E6742*F6742,\"\")","v":""},null,null,0]
[null,null,null,null,null,"",{"$f":"IF(ISNUMBER(F6743),E6743*F6743,\"\")","v":""},null,null,0]
[null,null,"TUBO ACO GALVANIZADO COM COSTURA, CLASSE LEVE, DN 65 MM ( 2 1/2\"), E = 3,35 MM, * 6,23* KG/M (NBR 5580)","m",1,99.930499999999995,{"$f":"IF(ISNUMBER(F6744),E6744*F6744,\"\")","v":99.930499999999995},{"$f":"SUM(G6744:G6744)","v":99.930499999999995},null,0]
[null,null,null,null,null,"",{"$f":"IF(ISNUMBER(F6745),E6745*F6745,\"\")","v":""},null,null,0]
["SF-02879",{"$f":"INDEX(Orçamentária!A:B,MATCH(Composições!A6746,Orçamentária!A:A,0),2)","v":"Tubo de aço-carbono galvanizado 3” – Água Potável e Combate a Incêndio"},null,"m",null,"",{"$f":"IF(ISNUMBER(F6746),E6746*F6746,\"\")","v":""},null,null,0]
[null,null,null,null,null,"",{"$f":"IF(ISNUMBER(F6747),E6747*F6747,\"\")","v":""},null,null,0]
[null,null,"TUBO ACO GALVANIZADO COM COSTURA, CLASSE LEVE, DN 80 MM ( 3\"), E = 3,35 MM, *7,32* KG/M (NBR 5580)","m",1,114.80749999999999,{"$f":"IF(ISNUMBER(F6748),E6748*F6748,\"\")","v":114.80749999999999},{"$f":"SUM(G6748:G6748)","v":114.80749999999999},null,0]
[null,null,null,null,null,"",{"$f":"IF(ISNUMBER(F6749),E6749*F6749,\"\")","v":""},null,null,0]
["SF-02880",{"$f":"INDEX(Orçamentária!A:B,MATCH(Composições!A6750,Orçamentária!A:A,0),2)","v":"Niple de aço-carbono galvanizado 2”"},null,"un",null,"",{"$f":"IF(ISNUMBER(F6750),E6750*F6750,\"\")","v":""},null,null,0]
[null,null,null,null,null,"",{"$f":"IF(ISNUMBER(F6751),E6751*F6751,\"\")","v":""},null,null,0]
[null,null,"NIPLE DE FERRO GALVANIZADO, COM ROSCA BSP, DE 2\"","un",1,35.0075,{"$f":"IF(ISNUMBER(F6752),E6752*F6752,\"\")","v":35.0075},{"$f":"SUM(G6752:G6752)","v":35.0075},null,0]
[null,null,null,null,null,"",{"$f":"IF(ISNUMBER(F6753),E6753*F6753,\"\")","v":""},null,null,0]
["SF-02881",{"$f":"INDEX(Orçamentária!A:B,MATCH(Composições!A6754,Orçamentária!A:A,0),2)","v":"Niple de aço-carbono galvanizado 2 1/2”"},null,"un",null,"",{"$f":"IF(ISNUMBER(F6754),E6754*F6754,\"\")","v":""},null,null,0]
[null,null,null,null,null,"",{"$f":"IF(ISNUMBER(F6755),E6755*F6755,\"\")","v":""},null,null,0]
[null,null,"NIPLE DE FERRO GALVANIZADO, COM ROSCA BSP, DE 2 1/2\"","un",1,53.58,{"$f":"IF(ISNUMBER(F6756),E6756*F6756,\"\")","v":53.58},{"$f":"SUM(G6756:G6756)","v":53.58},null,0]
[null,null,null,null,null,"",{"$f":"IF(ISNUMBER(F6757),E6757*F6757,\"\")","v":""},null,null,0]
["SF-02882",{"$f":"INDEX(Orçamentária!A:B,MATCH(Composições!A6758,Orçamentária!A:A,0),2)","v":"Niple de aço-carbono galvanizado 3”"},null,"un",null,"",{"$f":"IF(ISNUMBER(F6758),E6758*F6758,\"\")","v":""},null,null,0]
[null,null,null,null,null,"",{"$f":"IF(ISNUMBER(F6759),E6759*F6759,\"\")","v":""},null,null,0]
[null,null,"NIPLE DE FERRO GALVANIZADO, COM ROSCA BSP, DE 3\"","un",1,87.162499999999994,{"$f":"IF(ISNUMBER(F6760),E6760*F6760,\"\")","v":87.162499999999994},{"$f":"SUM(G6760:G6760)","v":87.162499999999994},null,0]
[null,null,null,null,null,"",{"$f":"IF(ISNUMBER(F6761),E6761*F6761,\"\")","v":""},null,null,0]
["SF-02885",{"$f":"INDEX(Orçamentária!A:B,MATCH(Composições!A6762,Orçamentária!A:A,0),2)","v":"Tubo PVC esgoto DN 300 mm - Ocre"},null,"m",null,"",{"$f":"IF(ISNUMBER(F6762),E6762*F6762,\"\")","v":""},null,null,0]
[null,null,null,null,null,"",{"$f":"IF(ISNUMBER(F6763),E6763*F6763,\"\")","v":""},null,null,0]
[null,null,"TUBO COLETOR DE ESGOTO PVC, JEI, DN 300 MM (NBR 7362)","m",1,315.13400000000001,{"$f":"IF(ISNUMBER(F6764),E6764*F6764,\"\")","v":315.13400000000001},{"$f":"SUM(G6764:G6764)","v":315.13400000000001},null,0]
[null,null,null,null,null,"",{"$f":"IF(ISNUMBER(F6765),E6765*F6765,\"\")","v":""},null,null,0]
["SF-02886",{"$f":"INDEX(Orçamentária!A:B,MATCH(Composições!A6766,Orçamentária!A:A,0),2)","v":"Tubo PVC esgoto ou águas pluviais predial DN 100mm"},null,"m",null,"",{"$f":"IF(ISNUMBER(F6766),E6766*F6766,\"\")","v":""},null,null,0]
[null,null,null,null,null,"",{"$f":"IF(ISNUMBER(F6767),E6767*F6767,\"\")","v":""},null,null,0]
[null,null,"TUBO PVC SERIE NORMAL, DN 100 MM, PARA ESGOTO PREDIAL (NBR 5688)","m",1,14.572999999999999,{"$f":"IF(ISNUMBER(F6768),E6768*F6768,\"\")","v":14.572999999999999},{"$f":"SUM(G6768:G6768)","v":14.572999999999999},null,0]
[null,null,null,null,null,"",{"$f":"IF(ISNUMBER(F6769),E6769*F6769,\"\")","v":""},null,null,0]
["SF-02887",{"$f":"INDEX(Orçamentária!A:B,MATCH(Composições!A6770,Orçamentária!A:A,0),2)","v":"Tubo PVC esgoto ou águas pluviais predial DN 150mm"},null,"m",null,"",{"$f":"IF(ISNUMBER(F6770),E6770*F6770,\"\")","v":""},null,null,0]
[null,null,null,null,null,"",{"$f":"IF(ISNUMBER(F6771),E6771*F6771,\"\")","v":""},null,null,0]
[null,null,"TUBO PVC SERIE NORMAL, DN 150 MM, PARA ESGOTO PREDIAL (NBR 5688)","m",1,38.094999999999999,{"$f":"IF(ISNUMBER(F6772),E6772*F6772,\"\")","v":38.094999999999999},{"$f":"SUM(G6772:G6772)","v":38.094999999999999},null,0]
[null,null,null,null,null,"",{"$f":"IF(ISNUMBER(F6773),E6773*F6773,\"\")","v":""},null,null,0]
["SF-02888",{"$f":"INDEX(Orçamentária!A:B,MATCH(Composições!A6774,Orçamentária!A:A,0),2)","v":"Tubo PVC esgoto ou águas pluviais predial DN 40 mm"},null,"m",null,"",{"$f":"IF(ISNUMBER(F6774),E6774*F6774,\"\")","v":""},null,null,0]
[null,null,null,null,null,"",{"$f":"IF(ISNUMBER(F6775),E6775*F6775,\"\")","v":""},null,null,0]
[null,null,"TUBO PVC SERIE NORMAL, DN 40 MM, PARA ESGOTO PREDIAL (NBR 5688)","m",1,6.3650000000000002,{"$f":"IF(ISNUMBER(F6776),E6776*F6776,\"\")","v":6.3650000000000002},{"$f":"SUM(G6776:G6776)","v":6.3650000000000002},null,0]
[null,null,null,null,null,"",{"$f":"IF(ISNUMBER(F6777),E6777*F6777,\"\")","v":""},null,null,0]
["SF-02889",{"$f":"INDEX(Orçamentária!A:B,MATCH(Composições!A6778,Orçamentária!A:A,0),2)","v":"Tubo PVC esgoto ou águas pluviais predial DN 50mm"},null,"m",null,"",{"$f":"IF(ISNUMBER(F6778),E6778*F6778,\"\")","v":""},null,null,0]
[null,null,null,null,null,"",{"$f":"IF(ISNUMBER(F6779),E6779*F6779,\"\")","v":""},null,null,0]
[null,null,"TUBO PVC SERIE NORMAL, DN 50 MM, PARA ESGOTO PREDIAL (NBR 5688)","m",1,10.516500000000001,{"$f":"IF(ISNUMBER(F6780),E6780*F6780,\"\")","v":10.516500000000001},{"$f":"SUM(G6780:G6780)","v":10.516500000000001},null,0]
[null,null,null,null,null,"",{"$f":"IF(ISNUMBER(F6781),E6781*F6781,\"\")","v":""},null,null,0]
["SF-02890",{"$f":"INDEX(Orçamentária!A:B,MATCH(Composições!A6782,Orçamentária!A:A,0),2)","v":"Tubo PVC esgoto ou águas pluviais predial DN 75mm"},null,"m",null,"",{"$f":"IF(ISNUMBER(F6782),E6782*F6782,\"\")","v":""},null,null,0]
[null,null,null,null,null,"",{"$f":"IF(ISNUMBER(F6783),E6783*F6783,\"\")","v":""},null,null,0]
[null,null,"TUBO PVC SERIE NORMAL, DN 75 MM, PARA ESGOTO PREDIAL (NBR 5688)","m",1,13.793999999999999,{"$f":"IF(ISNUMBER(F6784),E6784*F6784,\"\")","v":13.793999999999999},{"$f":"SUM(G6784:G6784)","v":13.793999999999999},null,0]
[null,null,null,null,null,"",{"$f":"IF(ISNUMBER(F6785),E6785*F6785,\"\")","v":""},null,null,0]
["SF-02891",{"$f":"INDEX(Orçamentária!A:B,MATCH(Composições!A6786,Orçamentária!A:A,0),2)","v":"Tubo PVC roscável para água fria 1 1/2”"},null,"m",null,"",{"$f":"IF(ISNUMBER(F6786),E6786*F6786,\"\")","v":""},null,null,0]
[null,null,null,null,null,"",{"$f":"IF(ISNUMBER(F6787),E6787*F6787,\"\")","v":""},null,null,0]
[null,null,"TUBO PVC, ROSCAVEL, 1 1/2\", AGUA FRIA PREDIAL","m",1,33.040999999999997,{"$f":"IF(ISNUMBER(F6788),E6788*F6788,\"\")","v":33.040999999999997},{"$f":"SUM(G6788:G6788)","v":33.040999999999997},null,0]
[null,null,null,null,null,"",{"$f":"IF(ISNUMBER(F6789),E6789*F6789,\"\")","v":""},null,null,0]
["SF-02892",{"$f":"INDEX(Orçamentária!A:B,MATCH(Composições!A6790,Orçamentária!A:A,0),2)","v":"Tubo PVC roscável para água fria 1”"},null,"m",null,"",{"$f":"IF(ISNUMBER(F6790),E6790*F6790,\"\")","v":""},null,null,0]
[null,null,null,null,null,"",{"$f":"IF(ISNUMBER(F6791),E6791*F6791,\"\")","v":""},null,null,0]
[null,null,"TUBO PVC, ROSCAVEL, 1\", AGUA FRIA PREDIAL","m",1,22.391500000000001,{"$f":"IF(ISNUMBER(F6792),E6792*F6792,\"\")","v":22.391500000000001},{"$f":"SUM(G6792:G6792)","v":22.391500000000001},null,0]
[null,null,null,null,null,"",{"$f":"IF(ISNUMBER(F6793),E6793*F6793,\"\")","v":""},null,null,0]
["SF-02893",{"$f":"INDEX(Orçamentária!A:B,MATCH(Composições!A6794,Orçamentária!A:A,0),2)","v":"Tubo PVC roscável para água fria 2 1/2”"},null,"m",null,"",{"$f":"IF(ISNUMBER(F6794),E6794*F6794,\"\")","v":""},null,null,0]
[null,null,null,null,null,"",{"$f":"IF(ISNUMBER(F6795),E6795*F6795,\"\")","v":""},null,null,0]
[null,null,"TUBO PVC, ROSCAVEL, 2 1/2\", AGUA FRIA PREDIAL","m",1,64.780499999999989,{"$f":"IF(ISNUMBER(F6796),E6796*F6796,\"\")","v":64.780499999999989},{"$f":"SUM(G6796:G6796)","v":64.780499999999989},null,0]
[null,null,null,null,null,"",{"$f":"IF(ISNUMBER(F6797),E6797*F6797,\"\")","v":""},null,null,0]
["SF-02894",{"$f":"INDEX(Orçamentária!A:B,MATCH(Composições!A6798,Orçamentária!A:A,0),2)","v":"Tubo PVC roscável para água fria 2”"},null,"m",null,"",{"$f":"IF(ISNUMBER(F6798),E6798*F6798,\"\")","v":""},null,null,0]
[null,null,null,null,null,"",{"$f":"IF(ISNUMBER(F6799),E6799*F6799,\"\")","v":""},null,null,0]
[null,null,"TUBO PVC, ROSCAVEL, 2\", PARA AGUA FRIA PREDIAL","m",1,47.290999999999997,{"$f":"IF(ISNUMBER(F6800),E6800*F6800,\"\")","v":47.290999999999997},{"$f":"SUM(G6800:G6800)","v":47.290999999999997},null,0]
[null,null,null,null,null,"",{"$f":"IF(ISNUMBER(F6801),E6801*F6801,\"\")","v":""},null,null,0]
["SF-02895",{"$f":"INDEX(Orçamentária!A:B,MATCH(Composições!A6802,Orçamentária!A:A,0),2)","v":"Tubo PVC roscável para água fria 3”"},null,"m",null,"",{"$f":"IF(ISNUMBER(F6802),E6802*F6802,\"\")","v":""},null,null,0]
[null,null,null,null,null,"",{"$f":"IF(ISNUMBER(F6803),E6803*F6803,\"\")","v":""},null,null,0]
[null,null,"TUBO PVC, ROSCAVEL, 3\", AGUA FRIA PREDIAL","m",1,0,{"$f":"IF(ISNUMBER(F6804),E6804*F6804,\"\")","v":0},{"$f":"SUM(G6804:G6804)","v":0},null,0]
[null,null,null,null,null,"",{"$f":"IF(ISNUMBER(F6805),E6805*F6805,\"\")","v":""},null,null,0]
["SF-02896",{"$f":"INDEX(Orçamentária!A:B,MATCH(Composições!A6806,Orçamentária!A:A,0),2)","v":"Tubo PVC roscável para água fria 3/4”"},null,"m",null,"",{"$f":"IF(ISNUMBER(F6806),E6806*F6806,\"\")","v":""},null,null,0]
[null,null,null,null,null,"",{"$f":"IF(ISNUMBER(F6807),E6807*F6807,\"\")","v":""},null,null,0]
[null,null,"TUBO PVC ROSCAVEL, 3/4\", AGUA FRIA PREDIAL","m",1,10.715999999999999,{"$f":"IF(ISNUMBER(F6808),E6808*F6808,\"\")","v":10.715999999999999},{"$f":"SUM(G6808:G6808)","v":10.715999999999999},null,0]
[null,null,null,null,null,"",{"$f":"IF(ISNUMBER(F6809),E6809*F6809,\"\")","v":""},null,null,0]
["SF-02897",{"$f":"INDEX(Orçamentária!A:B,MATCH(Composições!A6810,Orçamentária!A:A,0),2)","v":"Tubo PVC roscável para água fria 4”"},null,"m",null,"",{"$f":"IF(ISNUMBER(F6810),E6810*F6810,\"\")","v":""},null,null,0]
[null,null,null,null,null,"",{"$f":"IF(ISNUMBER(F6811),E6811*F6811,\"\")","v":""},null,null,0]
[null,null,"TUBO PVC, ROSCAVEL, 4\", AGUA FRIA PREDIAL","m",1,0,{"$f":"IF(ISNUMBER(F6812),E6812*F6812,\"\")","v":0},{"$f":"SUM(G6812:G6812)","v":0},null,0]
[null,null,null,null,null,"",{"$f":"IF(ISNUMBER(F6813),E6813*F6813,\"\")","v":""},null,null,0]
["SF-02899",{"$f":"INDEX(Orçamentária!A:B,MATCH(Composições!A6814,Orçamentária!A:A,0),2)","v":"Tubo PVC soldável água fria DN 20mm"},null,"m",null,"",{"$f":"IF(ISNUMBER(F6814),E6814*F6814,\"\")","v":""},null,null,0]
[null,null,null,null,null,"",{"$f":"IF(ISNUMBER(F6815),E6815*F6815,\"\")","v":""},null,null,0]
[null,null,"TUBO PVC, SOLDAVEL, DE 20 MM, AGUA FRIA (NBR-5648)","m",1,3.8759999999999999,{"$f":"IF(ISNUMBER(F6816),E6816*F6816,\"\")","v":3.8759999999999999},{"$f":"SUM(G6816:G6816)","v":3.8759999999999999},null,0]
[null,null,null,null,null,"",{"$f":"IF(ISNUMBER(F6817),E6817*F6817,\"\")","v":""},null,null,0]
["SF-02900",{"$f":"INDEX(Orçamentária!A:B,MATCH(Composições!A6818,Orçamentária!A:A,0),2)","v":"Tubo PVC soldável água fria DN 25mm"},null,"m",null,"",{"$f":"IF(ISNUMBER(F6818),E6818*F6818,\"\")","v":""},null,null,0]
[null,null,null,null,null,"",{"$f":"IF(ISNUMBER(F6819),E6819*F6819,\"\")","v":""},null,null,0]
[null,null,"TUBO PVC, SOLDAVEL, DE 25 MM, AGUA FRIA (NBR-5648)","m",1,4.3795000000000002,{"$f":"IF(ISNUMBER(F6820),E6820*F6820,\"\")","v":4.3795000000000002},{"$f":"SUM(G6820:G6820)","v":4.3795000000000002},null,0]
[null,null,null,null,null,"",{"$f":"IF(ISNUMBER(F6821),E6821*F6821,\"\")","v":""},null,null,0]
["SF-02901",{"$f":"INDEX(Orçamentária!A:B,MATCH(Composições!A6822,Orçamentária!A:A,0),2)","v":"Tubo PVC soldável água fria DN 32mm"},null,"m",null,"",{"$f":"IF(ISNUMBER(F6822),E6822*F6822,\"\")","v":""},null,null,0]
[null,null,null,null,null,"",{"$f":"IF(ISNUMBER(F6823),E6823*F6823,\"\")","v":""},null,null,0]
[null,null,"TUBO PVC, SOLDAVEL, DE 32 MM, AGUA FRIA (NBR-5648)","m",1,9.4524999999999988,{"$f":"IF(ISNUMBER(F6824),E6824*F6824,\"\")","v":9.4524999999999988},{"$f":"SUM(G6824:G6824)","v":9.4524999999999988},null,0]
[null,null,null,null,null,"",{"$f":"IF(ISNUMBER(F6825),E6825*F6825,\"\")","v":""},null,null,0]
["SF-02902",{"$f":"INDEX(Orçamentária!A:B,MATCH(Composições!A6826,Orçamentária!A:A,0),2)","v":"Tubo PVC soldável água fria DN 40mm"},null,"m",null,"",{"$f":"IF(ISNUMBER(F6826),E6826*F6826,\"\")","v":""},null,null,0]
[null,null,null,null,null,"",{"$f":"IF(ISNUMBER(F6827),E6827*F6827,\"\")","v":""},null,null,0]
[null,null,"TUBO PVC, SOLDAVEL, DE 40 MM, AGUA FRIA (NBR-5648)","m",1,14.838999999999999,{"$f":"IF(ISNUMBER(F6828),E6828*F6828,\"\")","v":14.838999999999999},{"$f":"SUM(G6828:G6828)","v":14.838999999999999},null,0]
[null,null,null,null,null,"",{"$f":"IF(ISNUMBER(F6829),E6829*F6829,\"\")","v":""},null,null,0]
["SF-02903",{"$f":"INDEX(Orçamentária!A:B,MATCH(Composições!A6830,Orçamentária!A:A,0),2)","v":"Tubo PVC soldável água fria DN 50mm"},null,"m",null,"",{"$f":"IF(ISNUMBER(F6830),E6830*F6830,\"\")","v":""},null,null,0]
[null,null,null,null,null,"",{"$f":"IF(ISNUMBER(F6831),E6831*F6831,\"\")","v":""},null,null,0]
[null,null,"TUBO PVC, SOLDAVEL, DE 50 MM, AGUA FRIA (NBR-5648)","m",1,16.273499999999999,{"$f":"IF(ISNUMBER(F6832),E6832*F6832,\"\")","v":16.273499999999999},{"$f":"SUM(G6832:G6832)","v":16.273499999999999},null,0]
[null,null,null,null,null,"",{"$f":"IF(ISNUMBER(F6833),E6833*F6833,\"\")","v":""},null,null,0]
["SF-02904",{"$f":"INDEX(Orçamentária!A:B,MATCH(Composições!A6834,Orçamentária!A:A,0),2)","v":"Tubo PVC soldável água fria DN 60mm"},null,"m",null,"",{"$f":"IF(ISNUMBER(F6834),E6834*F6834,\"\")","v":""},null,null,0]
[null,null,null,null,null,"",{"$f":"IF(ISNUMBER(F6835),E6835*F6835,\"\")","v":""},null,null,0]
[null,null,"TUBO PVC, SOLDAVEL, DE 60 MM, AGUA FRIA (NBR-5648)","m",1,26.7805,{"$f":"IF(ISNUMBER(F6836),E6836*F6836,\"\")","v":26.7805},{"$f":"SUM(G6836:G6836)","v":26.7805},null,0]
[null,null,null,null,null,"",{"$f":"IF(ISNUMBER(F6837),E6837*F6837,\"\")","v":""},null,null,0]
["SF-02905",{"$f":"INDEX(Orçamentária!A:B,MATCH(Composições!A6838,Orçamentária!A:A,0),2)","v":"Tubo PVC soldável água fria DN 75 mm"},null,"m",null,"",{"$f":"IF(ISNUMBER(F6838),E6838*F6838,\"\")","v":""},null,null,0]
[null,null,null,null,null,"",{"$f":"IF(ISNUMBER(F6839),E6839*F6839,\"\")","v":""},null,null,0]
[null,null,"TUBO PVC, SOLDAVEL, DE 75 MM, AGUA FRIA (NBR-5648)","m",1,44.374499999999998,{"$f":"IF(ISNUMBER(F6840),E6840*F6840,\"\")","v":44.374499999999998},{"$f":"SUM(G6840:G6840)","v":44.374499999999998},null,0]
[null,null,null,null,null,"",{"$f":"IF(ISNUMBER(F6841),E6841*F6841,\"\")","v":""},null,null,0]
["SF-02906",{"$f":"INDEX(Orçamentária!A:B,MATCH(Composições!A6842,Orçamentária!A:A,0),2)","v":"Tubo PVC soldável água fria DN 85 mm"},null,"m",null,"",{"$f":"IF(ISNUMBER(F6842),E6842*F6842,\"\")","v":""},null,null,0]
[null,null,null,null,null,"",{"$f":"IF(ISNUMBER(F6843),E6843*F6843,\"\")","v":""},null,null,0]
[null,null,"TUBO PVC, SOLDAVEL, DE 85 MM, AGUA FRIA (NBR-5648)","m",1,61.74049999999999,{"$f":"IF(ISNUMBER(F6844),E6844*F6844,\"\")","v":61.74049999999999},{"$f":"SUM(G6844:G6844)","v":61.74049999999999},null,0]
[null,null,null,null,null,"",{"$f":"IF(ISNUMBER(F6845),E6845*F6845,\"\")","v":""},null,null,0]
["SF-02907",{"$f":"INDEX(Orçamentária!A:B,MATCH(Composições!A6846,Orçamentária!A:A,0),2)","v":"Tubo PVC soldável água fria DN 110 mm"},null,"m",null,"",{"$f":"IF(ISNUMBER(F6846),E6846*F6846,\"\")","v":""},null,null,0]
[null,null,null,null,null,"",{"$f":"IF(ISNUMBER(F6847),E6847*F6847,\"\")","v":""},null,null,0]
[null,null,"TUBO PVC, SOLDAVEL, DE 110 MM, AGUA FRIA (NBR-5648)","m",1,96.614999999999995,{"$f":"IF(ISNUMBER(F6848),E6848*F6848,\"\")","v":96.614999999999995},{"$f":"SUM(G6848:G6848)","v":96.614999999999995},null,0]
[null,null,null,null,null,"",{"$f":"IF(ISNUMBER(F6849),E6849*F6849,\"\")","v":""},null,null,0]
["SF-02918",{"$f":"INDEX(Orçamentária!A:B,MATCH(Composições!A6850,Orçamentária!A:A,0),2)","v":"Válvula de escoamento para lavatório e bidê"},null,"un",null,"",{"$f":"IF(ISNUMBER(F6850),E6850*F6850,\"\")","v":""},null,null,0]
[null,null,null,null,null,"",{"$f":"IF(ISNUMBER(F6851),E6851*F6851,\"\")","v":""},null,null,0]
[null,null,"VALVULA EM METAL CROMADO PARA LAVATORIO, 1 \" SEM LADRAO","un",1,37.183,{"$f":"IF(ISNUMBER(F6852),E6852*F6852,\"\")","v":37.183},{"$f":"SUM(G6852:G6852)","v":37.183},null,0]
[null,null,null,null,null,"",{"$f":"IF(ISNUMBER(F6853),E6853*F6853,\"\")","v":""},null,null,0]
["SF-02919",{"$f":"INDEX(Orçamentária!A:B,MATCH(Composições!A6854,Orçamentária!A:A,0),2)","v":"Válvula de escoamento para pia de cozinha 3 1/2”"},null,"un",null,"",{"$f":"IF(ISNUMBER(F6854),E6854*F6854,\"\")","v":""},null,null,0]
[null,null,null,null,null,"",{"$f":"IF(ISNUMBER(F6855),E6855*F6855,\"\")","v":""},null,null,0]
[null,null,"VALVULA EM METAL CROMADO PARA PIA AMERICANA 3.1/2 X 1.1/2 \"","un",1,50.796499999999995,{"$f":"IF(ISNUMBER(F6856),E6856*F6856,\"\")","v":50.796499999999995},{"$f":"SUM(G6856:G6856)","v":50.796499999999995},null,0]
[null,null,null,null,null,"",{"$f":"IF(ISNUMBER(F6857),E6857*F6857,\"\")","v":""},null,null,0]
["SF-02921",{"$f":"INDEX(Orçamentária!A:B,MATCH(Composições!A6858,Orçamentária!A:A,0),2)","v":"Válvula de Sucção tipo Pé com Crivos 1”"},null,"un",null,"",{"$f":"IF(ISNUMBER(F6858),E6858*F6858,\"\")","v":""},null,null,0]
[null,null,null,null,null,"",{"$f":"IF(ISNUMBER(F6859),E6859*F6859,\"\")","v":""},null,null,0]
[null,null,"VALVULA DE RETENCAO DE BRONZE, PE COM CRIVOS, EXTREMIDADE COM ROSCA, DE 1\", PARA FUNDO DE POCO","un",1,56.439499999999995,{"$f":"IF(ISNUMBER(F6860),E6860*F6860,\"\")","v":56.439499999999995},{"$f":"SUM(G6860:G6860)","v":56.439499999999995},null,0]
[null,null,null,null,null,"",{"$f":"IF(ISNUMBER(F6861),E6861*F6861,\"\")","v":""},null,null,0]
["SF-02922",{"$f":"INDEX(Orçamentária!A:B,MATCH(Composições!A6862,Orçamentária!A:A,0),2)","v":"Válvula de Sucção tipo Pé com Crivos 2”"},null,"un",null,"",{"$f":"IF(ISNUMBER(F6862),E6862*F6862,\"\")","v":""},null,null,0]
[null,null,null,null,null,"",{"$f":"IF(ISNUMBER(F6863),E6863*F6863,\"\")","v":""},null,null,0]
[null,null,"VALVULA DE RETENCAO DE BRONZE, PE COM CRIVOS, EXTREMIDADE COM ROSCA, DE 2\", PARA FUNDO DE POCO","un",1,144.82749999999999,{"$f":"IF(ISNUMBER(F6864),E6864*F6864,\"\")","v":144.82749999999999},{"$f":"SUM(G6864:G6864)","v":144.82749999999999},null,0]
[null,null,null,null,null,"",{"$f":"IF(ISNUMBER(F6865),E6865*F6865,\"\")","v":""},null,null,0]
["SF-02924",{"$f":"INDEX(Orçamentária!A:B,MATCH(Composições!A6866,Orçamentária!A:A,0),2)","v":"Válvula de retenção horizontal – PN-25 3/4”"},null,"un",null,"",{"$f":"IF(ISNUMBER(F6866),E6866*F6866,\"\")","v":""},null,null,0]
[null,null,null,null,null,"",{"$f":"IF(ISNUMBER(F6867),E6867*F6867,\"\")","v":""},null,null,0]
[null,null,"VALVULA DE RETENCAO HORIZONTAL, DE BRONZE (PN-25), 3/4\", 400 PSI, TAMPA DE PORCA DE UNIAO, EXTREMIDADES COM ROSCA","un",1,81.585999999999999,{"$f":"IF(ISNUMBER(F6868),E6868*F6868,\"\")","v":81.585999999999999},{"$f":"SUM(G6868:G6868)","v":81.585999999999999},null,0]
[null,null,null,null,null,"",{"$f":"IF(ISNUMBER(F6869),E6869*F6869,\"\")","v":""},null,null,0]
["SF-02925",{"$f":"INDEX(Orçamentária!A:B,MATCH(Composições!A6870,Orçamentária!A:A,0),2)","v":"Válvula de retenção horizontal – PN-25 2”"},null,"un",null,"",{"$f":"IF(ISNUMBER(F6870),E6870*F6870,\"\")","v":""},null,null,0]
[null,null,null,null,null,"",{"$f":"IF(ISNUMBER(F6871),E6871*F6871,\"\")","v":""},null,null,0]
[null,null,"VALVULA DE RETENCAO HORIZONTAL, DE BRONZE (PN-25), 2\", 400 PSI, TAMPA DE PORCA DE UNIAO, EXTREMIDADES COM ROSCA","un",1,259.90099999999995,{"$f":"IF(ISNUMBER(F6872),E6872*F6872,\"\")","v":259.90099999999995},{"$f":"SUM(G6872:G6872)","v":259.90099999999995},null,0]
[null,null,null,null,null,"",{"$f":"IF(ISNUMBER(F6873),E6873*F6873,\"\")","v":""},null,null,0]
["SF-02926",{"$f":"INDEX(Orçamentária!A:B,MATCH(Composições!A6874,Orçamentária!A:A,0),2)","v":"Válvula de retenção vertical - 3”"},null,"un",null,"",{"$f":"IF(ISNUMBER(F6874),E6874*F6874,\"\")","v":""},null,null,0]
[null,null,null,null,null,"",{"$f":"IF(ISNUMBER(F6875),E6875*F6875,\"\")","v":""},null,null,0]
[null,null,"VALVULA DE RETENCAO VERTICAL, DE BRONZE (PN-16), 3\", 200 PSI, EXTREMIDADES COM ROSCA","un",1,314.88699999999994,{"$f":"IF(ISNUMBER(F6876),E6876*F6876,\"\")","v":314.88699999999994},{"$f":"SUM(G6876:G6876)","v":314.88699999999994},null,0]
[null,null,null,null,null,"",{"$f":"IF(ISNUMBER(F6877),E6877*F6877,\"\")","v":""},null,null,0]
["SF-02927",{"$f":"INDEX(Orçamentária!A:B,MATCH(Composições!A6878,Orçamentária!A:A,0),2)","v":"Válvula de retenção vertical - 4”"},null,"un",null,"",{"$f":"IF(ISNUMBER(F6878),E6878*F6878,\"\")","v":""},null,null,0]
[null,null,null,null,null,"",{"$f":"IF(ISNUMBER(F6879),E6879*F6879,\"\")","v":""},null,null,0]
[null,null,"VALVULA DE RETENCAO VERTICAL, DE BRONZE (PN-16), 4\", 200 PSI, EXTREMIDADES COM ROSCA","un",1,546.49699999999996,{"$f":"IF(ISNUMBER(F6880),E6880*F6880,\"\")","v":546.49699999999996},{"$f":"SUM(G6880:G6880)","v":546.49699999999996},null,0]
[null,null,null,null,null,"",{"$f":"IF(ISNUMBER(F6881),E6881*F6881,\"\")","v":""},null,null,0]
["SF-02928",{"$f":"INDEX(Orçamentária!A:B,MATCH(Composições!A6882,Orçamentária!A:A,0),2)","v":"Válvula de retenção vertical - 2”"},null,"un",null,"",{"$f":"IF(ISNUMBER(F6882),E6882*F6882,\"\")","v":""},null,null,0]
[null,null,null,null,null,"",{"$f":"IF(ISNUMBER(F6883),E6883*F6883,\"\")","v":""},null,null,0]
[null,null,"VALVULA DE RETENCAO VERTICAL, DE BRONZE (PN-16), 2\", 200 PSI, EXTREMIDADES COM ROSCA","un",1,143.8965,{"$f":"IF(ISNUMBER(F6884),E6884*F6884,\"\")","v":143.8965},{"$f":"SUM(G6884:G6884)","v":143.8965},null,0]
[null,null,null,null,null,"",{"$f":"IF(ISNUMBER(F6885),E6885*F6885,\"\")","v":""},null,null,0]
["SF-02929",{"$f":"INDEX(Orçamentária!A:B,MATCH(Composições!A6886,Orçamentária!A:A,0),2)","v":"Válvula de retenção vertical - 2 1/2”"},null,"un",null,"",{"$f":"IF(ISNUMBER(F6886),E6886*F6886,\"\")","v":""},null,null,0]
[null,null,null,null,null,"",{"$f":"IF(ISNUMBER(F6887),E6887*F6887,\"\")","v":""},null,null,0]
[null,null,"VALVULA DE RETENCAO VERTICAL, DE BRONZE (PN-16), 2 1/2\", 200 PSI, EXTREMIDADES COM ROSCA","un",1,230.58399999999997,{"$f":"IF(ISNUMBER(F6888),E6888*F6888,\"\")","v":230.58399999999997},{"$f":"SUM(G6888:G6888)","v":230.58399999999997},null,0]
[null,null,null,null,null,"",{"$f":"IF(ISNUMBER(F6889),E6889*F6889,\"\")","v":""},null,null,0]
["SF-02931",{"$f":"INDEX(Orçamentária!A:B,MATCH(Composições!A6890,Orçamentária!A:A,0),2)","v":"Válvula de escoamento para tanque"},null,"un",null,"",{"$f":"IF(ISNUMBER(F6890),E6890*F6890,\"\")","v":""},null,null,0]
[null,null,null,null,null,"",{"$f":"IF(ISNUMBER(F6891),E6891*F6891,\"\")","v":""},null,null,0]
[null,null,"VALVULA DE ESCOAMENTO PARA TANQUE, EM METAL CROMADO, 1.1/2 \", SEM LADRAO, COM TAMPAO PLASTICO","un",1,46.796999999999997,{"$f":"IF(ISNUMBER(F6892),E6892*F6892,\"\")","v":46.796999999999997},{"$f":"SUM(G6892:G6892)","v":46.796999999999997},null,0]
[null,null,null,null,null,"",{"$f":"IF(ISNUMBER(F6893),E6893*F6893,\"\")","v":""},null,null,0]
["SF-02932",{"$f":"INDEX(Orçamentária!A:B,MATCH(Composições!A6894,Orçamentária!A:A,0),2)","v":"Sifão para tanque"},null,"un",null,"",{"$f":"IF(ISNUMBER(F6894),E6894*F6894,\"\")","v":""},null,null,0]
[null,null,null,null,null,"",{"$f":"IF(ISNUMBER(F6895),E6895*F6895,\"\")","v":""},null,null,0]
[null,null,"SIFAO EM METAL CROMADO PARA TANQUE, 1.1/4 X 1.1/2 \"","un",1,157.5385,{"$f":"IF(ISNUMBER(F6896),E6896*F6896,\"\")","v":157.5385},{"$f":"SUM(G6896:G6896)","v":157.5385},null,0]
[null,null,null,null,null,"",{"$f":"IF(ISNUMBER(F6897),E6897*F6897,\"\")","v":""},null,null,0]
["SF-02933",{"$f":"INDEX(Orçamentária!A:B,MATCH(Composições!A6898,Orçamentária!A:A,0),2)","v":"Tampa em ferro fundido 20x20 cm"},null,"un",null,"",{"$f":"IF(ISNUMBER(F6898),E6898*F6898,\"\")","v":""},null,null,0]
[null,null,null,null,null,"",{"$f":"IF(ISNUMBER(F6899),E6899*F6899,\"\")","v":""},null,null,0]
[null,null,"TAMPAO FOFO ARTICULADO P/ REGISTRO, CLASSE A15 CARGA MAX 1,5 T, *200 X 200* MM","un",1,93.033500000000004,{"$f":"IF(ISNUMBER(F6900),E6900*F6900,\"\")","v":93.033500000000004},{"$f":"SUM(G6900:G6900)","v":93.033500000000004},null,0]
[null,null,null,null,null,"",{"$f":"IF(ISNUMBER(F6901),E6901*F6901,\"\")","v":""},null,null,0]
["SF-02935",{"$f":"INDEX(Orçamentária!A:B,MATCH(Composições!A6902,Orçamentária!A:A,0),2)","v":"Adaptador com Flange e Anel 85mm x 3”"},null,"un",null,"",{"$f":"IF(ISNUMBER(F6902),E6902*F6902,\"\")","v":""},null,null,0]
[null,null,null,null,null,"",{"$f":"IF(ISNUMBER(F6903),E6903*F6903,\"\")","v":""},null,null,0]
[null,null,"ADAPTADOR PVC SOLDAVEL, COM FLANGES LIVRES, 85 MM X 3\", PARA CAIXA D' AGUA","un",1,321.97399999999999,{"$f":"IF(ISNUMBER(F6904),E6904*F6904,\"\")","v":321.97399999999999},{"$f":"SUM(G6904:G6904)","v":321.97399999999999},null,0]
[null,null,null,null,null,"",{"$f":"IF(ISNUMBER(F6905),E6905*F6905,\"\")","v":""},null,null,0]
["SF-02940",{"$f":"INDEX(Orçamentária!A:B,MATCH(Composições!A6906,Orçamentária!A:A,0),2)","v":"Adaptador PVC água fria- 60 mm x 2”"},null,"un",null,"",{"$f":"IF(ISNUMBER(F6906),E6906*F6906,\"\")","v":""},null,null,0]
[null,null,null,null,null,"",{"$f":"IF(ISNUMBER(F6907),E6907*F6907,\"\")","v":""},null,null,0]
[null,null,"ADAPTADOR PVC SOLDAVEL CURTO COM BOLSA E ROSCA, 60 MM X 2\", PARA AGUA FRIA","un",1,11.78,{"$f":"IF(ISNUMBER(F6908),E6908*F6908,\"\")","v":11.78},{"$f":"SUM(G6908:G6908)","v":11.78},null,0]
[null,null,null,null,null,"",{"$f":"IF(ISNUMBER(F6909),E6909*F6909,\"\")","v":""},null,null,0]
["SF-02941",{"$f":"INDEX(Orçamentária!A:B,MATCH(Composições!A6910,Orçamentária!A:A,0),2)","v":"Manilha para Poço – 1,10x0,50x0,05 m"},null,"un",null,"",{"$f":"IF(ISNUMBER(F6910),E6910*F6910,\"\")","v":""},null,null,0]
[null,null,null,null,null,"",{"$f":"IF(ISNUMBER(F6911),E6911*F6911,\"\")","v":""},null,null,0]
[null,null,"ANEL EM CONCRETO ARMADO, LISO, PARA POCOS DE VISITAS, POCOS DE INSPECAO, FOSSAS SEPTICAS E SUMIDOUROS, COM FUNDO, DIAMETRO INTERNO DE 1,00 M E ALTURA DE 0,50 M","un",1,278.39749999999998,{"$f":"IF(ISNUMBER(F6912),E6912*F6912,\"\")","v":278.39749999999998},{"$f":"SUM(G6912:G6912)","v":278.39749999999998},null,0]
[null,null,null,null,null,"",{"$f":"IF(ISNUMBER(F6913),E6913*F6913,\"\")","v":""},null,null,0]
["SF-02943",{"$f":"INDEX(Orçamentária!A:B,MATCH(Composições!A6914,Orçamentária!A:A,0),2)","v":"Aquecedor elétrico horizontal – 200L – Linha Residencial"},null,"un",null,"",{"$f":"IF(ISNUMBER(F6914),E6914*F6914,\"\")","v":""},null,null,0]
[null,null,null,null,null,"",{"$f":"IF(ISNUMBER(F6915),E6915*F6915,\"\")","v":""},null,null,0]
[null,null,"AQUECEDOR DE AGUA ELETRICO HORIZONTAL, RESERVATORIO DE 200 L CILINDRICO EM COBRE, REFORCADO COM ACO CARBONO, MONOFASICO, TENSAO NOMINAL 220 V","un",1,4887.1324999999997,{"$f":"IF(ISNUMBER(F6916),E6916*F6916,\"\")","v":4887.1324999999997},{"$f":"SUM(G6916:G6916)","v":4887.1324999999997},null,0]
[null,null,null,null,null,"",{"$f":"IF(ISNUMBER(F6917),E6917*F6917,\"\")","v":""},null,null,0]
["SF-02970",{"$f":"INDEX(Orçamentária!A:B,MATCH(Composições!A6918,Orçamentária!A:A,0),2)","v":"Bucha de Redução em CPVC 28 x 22mm"},null,"un",null,"",{"$f":"IF(ISNUMBER(F6918),E6918*F6918,\"\")","v":""},null,null,0]
[null,null,null,null,null,"",{"$f":"IF(ISNUMBER(F6919),E6919*F6919,\"\")","v":""},null,null,0]
[null,null,"BUCHA DE REDUCAO, CPVC, SOLDAVEL, 28 X 22 MM, PARA AGUA QUENTE","un",1,2.8025000000000002,{"$f":"IF(ISNUMBER(F6920),E6920*F6920,\"\")","v":2.8025000000000002},{"$f":"SUM(G6920:G6920)","v":2.8025000000000002},null,0]
[null,null,null,null,null,"",{"$f":"IF(ISNUMBER(F6921),E6921*F6921,\"\")","v":""},null,null,0]
["SF-02973",{"$f":"INDEX(Orçamentária!A:B,MATCH(Composições!A6922,Orçamentária!A:A,0),2)","v":"Plug Galvanizado 4”"},null,"un",null,"",{"$f":"IF(ISNUMBER(F6922),E6922*F6922,\"\")","v":""},null,null,0]
[null,null,null,null,null,"",{"$f":"IF(ISNUMBER(F6923),E6923*F6923,\"\")","v":""},null,null,0]
[null,null,"PLUG OU BUJAO DE FERRO GALVANIZADO, DE 4\"","un",1,108.05299999999998,{"$f":"IF(ISNUMBER(F6924),E6924*F6924,\"\")","v":108.05299999999998},{"$f":"SUM(G6924:G6924)","v":108.05299999999998},null,0]
[null,null,null,null,null,"",{"$f":"IF(ISNUMBER(F6925),E6925*F6925,\"\")","v":""},null,null,0]
["SF-02974",{"$f":"INDEX(Orçamentária!A:B,MATCH(Composições!A6926,Orçamentária!A:A,0),2)","v":"Caixa d’água 1000 Litros"},null,"un",null,"",{"$f":"IF(ISNUMBER(F6926),E6926*F6926,\"\")","v":""},null,null,0]
[null,null,null,null,null,"",{"$f":"IF(ISNUMBER(F6927),E6927*F6927,\"\")","v":""},null,null,0]
[null,null,"CAIXA D'AGUA EM POLIETILENO 1000 LITROS, COM TAMPA","un",1,455.90499999999997,{"$f":"IF(ISNUMBER(F6928),E6928*F6928,\"\")","v":455.90499999999997},{"$f":"SUM(G6928:G6928)","v":455.90499999999997},null,0]
[null,null,null,null,null,"",{"$f":"IF(ISNUMBER(F6929),E6929*F6929,\"\")","v":""},null,null,0]
["SF-02975",{"$f":"INDEX(Orçamentária!A:B,MATCH(Composições!A6930,Orçamentária!A:A,0),2)","v":"Canopla para Sprinkler de 1/2”, em latão cromado, diâmetro externo de 6,5cm"},null,"un",null,"",{"$f":"IF(ISNUMBER(F6930),E6930*F6930,\"\")","v":""},null,null,0]
[null,null,null,null,null,"",{"$f":"IF(ISNUMBER(F6931),E6931*F6931,\"\")","v":""},null,null,0]
[null,null,"CANOPLA ACABAMENTO CROMADO PARA INSTALACAO DE SPRINKLER, SOB FORRO, 15 MM","un",1,5.4339999999999993,{"$f":"IF(ISNUMBER(F6932),E6932*F6932,\"\")","v":5.4339999999999993},{"$f":"SUM(G6932:G6932)","v":5.4339999999999993},null,0]
[null,null,null,null,null,"",{"$f":"IF(ISNUMBER(F6933),E6933*F6933,\"\")","v":""},null,null,0]
["SF-02976",{"$f":"INDEX(Orçamentária!A:B,MATCH(Composições!A6934,Orçamentária!A:A,0),2)","v":"Sprinkler Pendente 1/2” Cromado 68°C, Fator K80 (5,6)"},null,"un",null,"",{"$f":"IF(ISNUMBER(F6934),E6934*F6934,\"\")","v":""},null,null,0]
[null,null,null,null,null,"",{"$f":"IF(ISNUMBER(F6935),E6935*F6935,\"\")","v":""},null,null,0]
[null,null,"SPRINKLER TIPO PENDENTE, BULBO VERMELHO DE RESPOSTA RAPIDA, 68 GRAUS CELSIUS, ACABAMENTO CROMADO, D = 15 MM (1/2\")","un",1,33.981500000000004,{"$f":"IF(ISNUMBER(F6936),E6936*F6936,\"\")","v":33.981500000000004},{"$f":"SUM(G6936:G6936)","v":33.981500000000004},null,0]
[null,null,null,null,null,"",{"$f":"IF(ISNUMBER(F6937),E6937*F6937,\"\")","v":""},null,null,0]
["SF-02977",{"$f":"INDEX(Orçamentária!A:B,MATCH(Composições!A6938,Orçamentária!A:A,0),2)","v":"Cap PVC Soldável 60 mm"},null,"un",null,"",{"$f":"IF(ISNUMBER(F6938),E6938*F6938,\"\")","v":""},null,null,0]
[null,null,null,null,null,"",{"$f":"IF(ISNUMBER(F6939),E6939*F6939,\"\")","v":""},null,null,0]
[null,null,"CAP PVC, SOLDAVEL, 60 MM, PARA AGUA FRIA PREDIAL","un",1,12.587499999999999,{"$f":"IF(ISNUMBER(F6940),E6940*F6940,\"\")","v":12.587499999999999},{"$f":"SUM(G6940:G6940)","v":12.587499999999999},null,0]
[null,null,null,null,null,"",{"$f":"IF(ISNUMBER(F6941),E6941*F6941,\"\")","v":""},null,null,0]
["SF-02979",{"$f":"INDEX(Orçamentária!A:B,MATCH(Composições!A6942,Orçamentária!A:A,0),2)","v":"Tê 90° em cobre 22 mm"},null,"un",null,"",{"$f":"IF(ISNUMBER(F6942),E6942*F6942,\"\")","v":""},null,null,0]
[null,null,null,null,null,"",{"$f":"IF(ISNUMBER(F6943),E6943*F6943,\"\")","v":""},null,null,0]
[null,null,"TE DE COBRE (REF 611) SEM ANEL DE SOLDA, BOLSA X BOLSA X BOLSA, 22 MM","un",1,15.874499999999999,{"$f":"IF(ISNUMBER(F6944),E6944*F6944,\"\")","v":15.874499999999999},{"$f":"SUM(G6944:G6944)","v":15.874499999999999},null,0]
[null,null,null,null,null,"",{"$f":"IF(ISNUMBER(F6945),E6945*F6945,\"\")","v":""},null,null,0]
["SF-02980",{"$f":"INDEX(Orçamentária!A:B,MATCH(Composições!A6946,Orçamentária!A:A,0),2)","v":"Conector em cobre ou bronze 22mm x 3/4” fêmea"},null,"un",null,"",{"$f":"IF(ISNUMBER(F6946),E6946*F6946,\"\")","v":""},null,null,0]
[null,null,null,null,null,"",{"$f":"IF(ISNUMBER(F6947),E6947*F6947,\"\")","v":""},null,null,0]
[null,null,"CONECTOR BRONZE/LATAO (REF 603) SEM ANEL DE SOLDA, BOLSA X ROSCA F, 22 MM X 3/4\"","un",1,18.534500000000001,{"$f":"IF(ISNUMBER(F6948),E6948*F6948,\"\")","v":18.534500000000001},{"$f":"SUM(G6948:G6948)","v":18.534500000000001},null,0]
[null,null,null,null,null,"",{"$f":"IF(ISNUMBER(F6949),E6949*F6949,\"\")","v":""},null,null,0]
["SF-02985",{"$f":"INDEX(Orçamentária!A:B,MATCH(Composições!A6950,Orçamentária!A:A,0),2)","v":"Curva Ferro Galvanizado 90° Fêmea 2”"},null,"un",null,"",{"$f":"IF(ISNUMBER(F6950),E6950*F6950,\"\")","v":""},null,null,0]
[null,null,null,null,null,"",{"$f":"IF(ISNUMBER(F6951),E6951*F6951,\"\")","v":""},null,null,0]
[null,null,"CURVA 90 GRAUS DE FERRO GALVANIZADO, COM ROSCA BSP FEMEA, DE 2\"","un",1,131.63200000000001,{"$f":"IF(ISNUMBER(F6952),E6952*F6952,\"\")","v":131.63200000000001},{"$f":"SUM(G6952:G6952)","v":131.63200000000001},null,0]
[null,null,null,null,null,"",{"$f":"IF(ISNUMBER(F6953),E6953*F6953,\"\")","v":""},null,null,0]
["SF-02986",{"$f":"INDEX(Orçamentária!A:B,MATCH(Composições!A6954,Orçamentária!A:A,0),2)","v":"Curva 45° Longa PVC esgoto ou águas pluviais predial DN 100 mm"},null,"un",null,"",{"$f":"IF(ISNUMBER(F6954),E6954*F6954,\"\")","v":""},null,null,0]
[null,null,null,null,null,"",{"$f":"IF(ISNUMBER(F6955),E6955*F6955,\"\")","v":""},null,null,0]
[null,null,"CURVA PVC LONGA 45 GRAUS, 100 MM, PARA ESGOTO PREDIAL","un",1,0,{"$f":"IF(ISNUMBER(F6956),E6956*F6956,\"\")","v":0},{"$f":"SUM(G6956:G6956)","v":0},null,0]
[null,null,null,null,null,"",{"$f":"IF(ISNUMBER(F6957),E6957*F6957,\"\")","v":""},null,null,0]
["SF-02987",{"$f":"INDEX(Orçamentária!A:B,MATCH(Composições!A6958,Orçamentária!A:A,0),2)","v":"Curva 90° de aço-carbono galvanizado 3”"},null,"un",null,"",{"$f":"IF(ISNUMBER(F6958),E6958*F6958,\"\")","v":""},null,null,0]
[null,null,null,null,null,"",{"$f":"IF(ISNUMBER(F6959),E6959*F6959,\"\")","v":""},null,null,0]
[null,null,"CURVA 90 GRAUS DE FERRO GALVANIZADO, COM ROSCA BSP FEMEA, DE 3\"","un",1,308.35099999999994,{"$f":"IF(ISNUMBER(F6960),E6960*F6960,\"\")","v":308.35099999999994},{"$f":"SUM(G6960:G6960)","v":308.35099999999994},null,0]
[null,null,null,null,null,"",{"$f":"IF(ISNUMBER(F6961),E6961*F6961,\"\")","v":""},null,null,0]
["SF-02988",{"$f":"INDEX(Orçamentária!A:B,MATCH(Composições!A6962,Orçamentária!A:A,0),2)","v":"Curva 90° PVC esgoto DN 100 mm Série R"},null,"un",null,"",{"$f":"IF(ISNUMBER(F6962),E6962*F6962,\"\")","v":""},null,null,0]
[null,null,null,null,null,"",{"$f":"IF(ISNUMBER(F6963),E6963*F6963,\"\")","v":""},null,null,0]
[null,null,"CURVA DE PVC, 90 GRAUS, SERIE R, DN 100 MM, PARA ESGOTO PREDIAL","un",1,34.674999999999997,{"$f":"IF(ISNUMBER(F6964),E6964*F6964,\"\")","v":34.674999999999997},{"$f":"SUM(G6964:G6964)","v":34.674999999999997},null,0]
[null,null,null,null,null,"",{"$f":"IF(ISNUMBER(F6965),E6965*F6965,\"\")","v":""},null,null,0]
["SF-02989",{"$f":"INDEX(Orçamentária!A:B,MATCH(Composições!A6966,Orçamentária!A:A,0),2)","v":"Fita perfurada em aço-carbono - 17x0,40mm - rolo 30m"},null,"un",null,"",{"$f":"IF(ISNUMBER(F6966),E6966*F6966,\"\")","v":""},null,null,0]
[null,null,null,null,null,"",{"$f":"IF(ISNUMBER(F6967),E6967*F6967,\"\")","v":""},null,null,0]
[null,null,"FITA METALICA PERFURADA, L = 17 MM, ROLO DE 30 M, CARGA RECOMENDADA = *19* KGF","un",1,41.648000000000003,{"$f":"IF(ISNUMBER(F6968),E6968*F6968,\"\")","v":41.648000000000003},{"$f":"SUM(G6968:G6968)","v":41.648000000000003},null,0]
[null,null,null,null,null,"",{"$f":"IF(ISNUMBER(F6969),E6969*F6969,\"\")","v":""},null,null,0]
["SF-02990",{"$f":"INDEX(Orçamentária!A:B,MATCH(Composições!A6970,Orçamentária!A:A,0),2)","v":"Flange PVC soldável água fria DN 60mm"},null,"un",null,"",{"$f":"IF(ISNUMBER(F6970),E6970*F6970,\"\")","v":""},null,null,0]
[null,null,null,null,null,"",{"$f":"IF(ISNUMBER(F6971),E6971*F6971,\"\")","v":""},null,null,0]
[null,null,"ADAPTADOR PVC SOLDAVEL, COM FLANGES E ANEL DE VEDACAO, 60 MM X 2\", PARA CAIXA D' AGUA","un",1,48.317,{"$f":"IF(ISNUMBER(F6972),E6972*F6972,\"\")","v":48.317},{"$f":"SUM(G6972:G6972)","v":48.317},null,0]
[null,null,null,null,null,"",{"$f":"IF(ISNUMBER(F6973),E6973*F6973,\"\")","v":""},null,null,0]
["SF-02991",{"$f":"INDEX(Orçamentária!A:B,MATCH(Composições!A6974,Orçamentária!A:A,0),2)","v":"Flange PVC soldável água fria DN 25mm"},null,"un",null,"",{"$f":"IF(ISNUMBER(F6974),E6974*F6974,\"\")","v":""},null,null,0]
[null,null,null,null,null,"",{"$f":"IF(ISNUMBER(F6975),E6975*F6975,\"\")","v":""},null,null,0]
[null,null,"ADAPTADOR PVC SOLDAVEL, COM FLANGE E ANEL DE VEDACAO, 25 MM X 3/4\", PARA CAIXA D'AGUA","un",1,12.995999999999999,{"$f":"IF(ISNUMBER(F6976),E6976*F6976,\"\")","v":12.995999999999999},{"$f":"SUM(G6976:G6976)","v":12.995999999999999},null,0]
[null,null,null,null,null,"",{"$f":"IF(ISNUMBER(F6977),E6977*F6977,\"\")","v":""},null,null,0]
["SF-02996",{"$f":"INDEX(Orçamentária!A:B,MATCH(Composições!A6978,Orçamentária!A:A,0),2)","v":"Joelho 45° CPVC 28mm – Linha Residencial"},null,"un",null,"",{"$f":"IF(ISNUMBER(F6978),E6978*F6978,\"\")","v":""},null,null,0]
[null,null,null,null,null,"",{"$f":"IF(ISNUMBER(F6979),E6979*F6979,\"\")","v":""},null,null,0]
[null,null,"JOELHO CPVC, SOLDAVEL, 45 GRAUS, 28 MM, PARA AGUA QUENTE","un",1,5.8805000000000005,{"$f":"IF(ISNUMBER(F6980),E6980*F6980,\"\")","v":5.8805000000000005},{"$f":"SUM(G6980:G6980)","v":5.8805000000000005},null,0]
[null,null,null,null,null,"",{"$f":"IF(ISNUMBER(F6981),E6981*F6981,\"\")","v":""},null,null,0]
["SF-02997",{"$f":"INDEX(Orçamentária!A:B,MATCH(Composições!A6982,Orçamentária!A:A,0),2)","v":"Joelho 45° PVC soldável água fria DN 60mm"},null,"un",null,"",{"$f":"IF(ISNUMBER(F6982),E6982*F6982,\"\")","v":""},null,null,0]
[null,null,null,null,null,"",{"$f":"IF(ISNUMBER(F6983),E6983*F6983,\"\")","v":""},null,null,0]
[null,null,"JOELHO, PVC SOLDAVEL, 45 GRAUS, 60 MM, COR MARROM, PARA AGUA FRIA PREDIAL","un",1,28.680499999999999,{"$f":"IF(ISNUMBER(F6984),E6984*F6984,\"\")","v":28.680499999999999},{"$f":"SUM(G6984:G6984)","v":28.680499999999999},null,0]
[null,null,null,null,null,"",{"$f":"IF(ISNUMBER(F6985),E6985*F6985,\"\")","v":""},null,null,0]
["SF-02998",{"$f":"INDEX(Orçamentária!A:B,MATCH(Composições!A6986,Orçamentária!A:A,0),2)","v":"Joelho 45° CPVC 22mm – Linha Residencial"},null,"un",null,"",{"$f":"IF(ISNUMBER(F6986),E6986*F6986,\"\")","v":""},null,null,0]
[null,null,null,null,null,"",{"$f":"IF(ISNUMBER(F6987),E6987*F6987,\"\")","v":""},null,null,0]
[null,null,"JOELHO CPVC, SOLDAVEL, 45 GRAUS, 22 MM, PARA AGUA QUENTE","un",1,4.0754999999999999,{"$f":"IF(ISNUMBER(F6988),E6988*F6988,\"\")","v":4.0754999999999999},{"$f":"SUM(G6988:G6988)","v":4.0754999999999999},null,0]
[null,null,null,null,null,"",{"$f":"IF(ISNUMBER(F6989),E6989*F6989,\"\")","v":""},null,null,0]
["SF-02999",{"$f":"INDEX(Orçamentária!A:B,MATCH(Composições!A6990,Orçamentária!A:A,0),2)","v":"Joelho 45° PVC esgoto ou águas pluviais predial DN 50 mm"},null,"un",null,"",{"$f":"IF(ISNUMBER(F6990),E6990*F6990,\"\")","v":""},null,null,0]
[null,null,null,null,null,"",{"$f":"IF(ISNUMBER(F6991),E6991*F6991,\"\")","v":""},null,null,0]
[null,null,"JOELHO PVC, SOLDAVEL, PB, 45 GRAUS, DN 50 MM, PARA ESGOTO PREDIAL","un",1,3.7049999999999996,{"$f":"IF(ISNUMBER(F6992),E6992*F6992,\"\")","v":3.7049999999999996},{"$f":"SUM(G6992:G6992)","v":3.7049999999999996},null,0]
[null,null,null,null,null,"",{"$f":"IF(ISNUMBER(F6993),E6993*F6993,\"\")","v":""},null,null,0]
["SF-03006",{"$f":"INDEX(Orçamentária!A:B,MATCH(Composições!A6994,Orçamentária!A:A,0),2)","v":"Joelho 90° CPVC 22mm – Linha Residencial"},null,"un",null,"",{"$f":"IF(ISNUMBER(F6994),E6994*F6994,\"\")","v":""},null,null,0]
[null,null,null,null,null,"",{"$f":"IF(ISNUMBER(F6995),E6995*F6995,\"\")","v":""},null,null,0]
[null,null,"JOELHO CPVC, SOLDAVEL, 90 GRAUS, 22 MM, PARA AGUA QUENTE","un",1,2.9734999999999996,{"$f":"IF(ISNUMBER(F6996),E6996*F6996,\"\")","v":2.9734999999999996},{"$f":"SUM(G6996:G6996)","v":2.9734999999999996},null,0]
[null,null,null,null,null,"",{"$f":"IF(ISNUMBER(F6997),E6997*F6997,\"\")","v":""},null,null,0]
["SF-03007",{"$f":"INDEX(Orçamentária!A:B,MATCH(Composições!A6998,Orçamentária!A:A,0),2)","v":"Joelho 90° CPVC 28mm – Linha Residencial"},null,"un",null,"",{"$f":"IF(ISNUMBER(F6998),E6998*F6998,\"\")","v":""},null,null,0]
[null,null,null,null,null,"",{"$f":"IF(ISNUMBER(F6999),E6999*F6999,\"\")","v":""},null,null,0]
[null,null,"JOELHO CPVC, SOLDAVEL, 90 GRAUS, 28 MM, PARA AGUA QUENTE","un",1,6.3365,{"$f":"IF(ISNUMBER(F7000),E7000*F7000,\"\")","v":6.3365},{"$f":"SUM(G7000:G7000)","v":6.3365},null,0]
[null,null,null,null,null,"",{"$f":"IF(ISNUMBER(F7001),E7001*F7001,\"\")","v":""},null,null,0]
["SF-03008",{"$f":"INDEX(Orçamentária!A:B,MATCH(Composições!A7002,Orçamentária!A:A,0),2)","v":"Joelho 90° PVC soldável água fria DN 60mm"},null,"un",null,"",{"$f":"IF(ISNUMBER(F7002),E7002*F7002,\"\")","v":""},null,null,0]
[null,null,null,null,null,"",{"$f":"IF(ISNUMBER(F7003),E7003*F7003,\"\")","v":""},null,null,0]
[null,null,"JOELHO PVC, SOLDAVEL, 90 GRAUS, 60 MM, COR MARROM, PARA AGUA FRIA PREDIAL","un",1,30.523500000000002,{"$f":"IF(ISNUMBER(F7004),E7004*F7004,\"\")","v":30.523500000000002},{"$f":"SUM(G7004:G7004)","v":30.523500000000002},null,0]
[null,null,null,null,null,"",{"$f":"IF(ISNUMBER(F7005),E7005*F7005,\"\")","v":""},null,null,0]
["SF-03009",{"$f":"INDEX(Orçamentária!A:B,MATCH(Composições!A7006,Orçamentária!A:A,0),2)","v":"Tê 90° PVC soldável água fria DN 60mm"},null,"un",null,"",{"$f":"IF(ISNUMBER(F7006),E7006*F7006,\"\")","v":""},null,null,0]
[null,null,null,null,null,"",{"$f":"IF(ISNUMBER(F7007),E7007*F7007,\"\")","v":""},null,null,0]
[null,null,"TE SOLDAVEL, PVC, 90 GRAUS, 60 MM, PARA AGUA FRIA PREDIAL (NBR 5648)","un",1,32.641999999999996,{"$f":"IF(ISNUMBER(F7008),E7008*F7008,\"\")","v":32.641999999999996},{"$f":"SUM(G7008:G7008)","v":32.641999999999996},null,0]
[null,null,null,null,null,"",{"$f":"IF(ISNUMBER(F7009),E7009*F7009,\"\")","v":""},null,null,0]
["SF-03013",{"$f":"INDEX(Orçamentária!A:B,MATCH(Composições!A7010,Orçamentária!A:A,0),2)","v":"Tubo PEAD corrugado para drenagem – Diâmetro 110mm"},null,"m",null,"",{"$f":"IF(ISNUMBER(F7010),E7010*F7010,\"\")","v":""},null,null,0]
[null,null,null,null,null,"",{"$f":"IF(ISNUMBER(F7011),E7011*F7011,\"\")","v":""},null,null,0]
[null,null,"TUBO DRENO, CORRUGADO, ESPIRALADO, FLEXIVEL, PERFURADO, EM POLIETILENO DE ALTA DENSIDADE (PEAD), DN 100 MM, (4\") PARA DRENAGEM - EM ROLO (NORMA DNIT 093/2006 - E.M)","m",1,10.754,{"$f":"IF(ISNUMBER(F7012),E7012*F7012,\"\")","v":10.754},{"$f":"SUM(G7012:G7012)","v":10.754},null,0]
[null,null,null,null,null,"",{"$f":"IF(ISNUMBER(F7013),E7013*F7013,\"\")","v":""},null,null,0]
["SF-03014",{"$f":"INDEX(Orçamentária!A:B,MATCH(Composições!A7014,Orçamentária!A:A,0),2)","v":"Tubo PVC para Calha 88mm"},null,"m",null,"",{"$f":"IF(ISNUMBER(F7014),E7014*F7014,\"\")","v":""},null,null,0]
[null,null,null,null,null,"",{"$f":"IF(ISNUMBER(F7015),E7015*F7015,\"\")","v":""},null,null,0]
[null,null,"CONDUTOR PLUVIAL, PVC, CIRCULAR, DIAMETRO ENTRE 80 E 100 MM, PARA DRENAGEM PLUVIAL PREDIAL","m",1,43.044499999999999,{"$f":"IF(ISNUMBER(F7016),E7016*F7016,\"\")","v":43.044499999999999},{"$f":"SUM(G7016:G7016)","v":43.044499999999999},null,0]
[null,null,null,null,null,"",{"$f":"IF(ISNUMBER(F7017),E7017*F7017,\"\")","v":""},null,null,0]
["SF-03015",{"$f":"INDEX(Orçamentária!A:B,MATCH(Composições!A7018,Orçamentária!A:A,0),2)","v":"Luva de Correr PVC esgoto ou águas pluviais predial DN 100mm"},null,"un",null,"",{"$f":"IF(ISNUMBER(F7018),E7018*F7018,\"\")","v":""},null,null,0]
[null,null,null,null,null,"",{"$f":"IF(ISNUMBER(F7019),E7019*F7019,\"\")","v":""},null,null,0]
[null,null,"LUVA DE CORRER, PVC SERIE R, 100 MM, PARA ESGOTO PREDIAL","un",1,23.958999999999996,{"$f":"IF(ISNUMBER(F7020),E7020*F7020,\"\")","v":23.958999999999996},{"$f":"SUM(G7020:G7020)","v":23.958999999999996},null,0]
[null,null,null,null,null,"",{"$f":"IF(ISNUMBER(F7021),E7021*F7021,\"\")","v":""},null,null,0]
["SF-03017",{"$f":"INDEX(Orçamentária!A:B,MATCH(Composições!A7022,Orçamentária!A:A,0),2)","v":"Luva de transição CPVC 1/2” x 22mm  – Linha Residencial"},null,"un",null,"",{"$f":"IF(ISNUMBER(F7022),E7022*F7022,\"\")","v":""},null,null,0]
[null,null,null,null,null,"",{"$f":"IF(ISNUMBER(F7023),E7023*F7023,\"\")","v":""},null,null,0]
[null,null,"LUVA DE TRANSICAO, CPVC, 22 MM X 1/2\", PARA AGUA QUENTE","un",1,7.7235000000000005,{"$f":"IF(ISNUMBER(F7024),E7024*F7024,\"\")","v":7.7235000000000005},{"$f":"SUM(G7024:G7024)","v":7.7235000000000005},null,0]
[null,null,null,null,null,"",{"$f":"IF(ISNUMBER(F7025),E7025*F7025,\"\")","v":""},null,null,0]
["SF-03019",{"$f":"INDEX(Orçamentária!A:B,MATCH(Composições!A7026,Orçamentária!A:A,0),2)","v":"Luva em aço-carbono galvanizado 2 1/2” - Água Potável e Combate a Incêndio"},null,"un",null,"",{"$f":"IF(ISNUMBER(F7026),E7026*F7026,\"\")","v":""},null,null,0]
[null,null,null,null,null,"",{"$f":"IF(ISNUMBER(F7027),E7027*F7027,\"\")","v":""},null,null,0]
[null,null,"LUVA PARA ELETRODUTO, EM ACO GALVANIZADO ELETROLITICO, DIAMETRO DE 65 MM (2 1/2\")","un",1,10.620999999999999,{"$f":"IF(ISNUMBER(F7028),E7028*F7028,\"\")","v":10.620999999999999},{"$f":"SUM(G7028:G7028)","v":10.620999999999999},null,0]
[null,null,null,null,null,"",{"$f":"IF(ISNUMBER(F7029),E7029*F7029,\"\")","v":""},null,null,0]
["SF-03020",{"$f":"INDEX(Orçamentária!A:B,MATCH(Composições!A7030,Orçamentária!A:A,0),2)","v":"Luva em aço-carbono galvanizado 2” - Água Potável e Combate a Incêndio"},null,"un",null,"",{"$f":"IF(ISNUMBER(F7030),E7030*F7030,\"\")","v":""},null,null,0]
[null,null,null,null,null,"",{"$f":"IF(ISNUMBER(F7031),E7031*F7031,\"\")","v":""},null,null,0]
[null,null,"LUVA PARA ELETRODUTO, EM ACO GALVANIZADO ELETROLITICO, DIAMETRO DE 50 MM (2\")","un",1,7.2770000000000001,{"$f":"IF(ISNUMBER(F7032),E7032*F7032,\"\")","v":7.2770000000000001},{"$f":"SUM(G7032:G7032)","v":7.2770000000000001},null,0]
[null,null,null,null,null,"",{"$f":"IF(ISNUMBER(F7033),E7033*F7033,\"\")","v":""},null,null,0]
["SF-03021",{"$f":"INDEX(Orçamentária!A:B,MATCH(Composições!A7034,Orçamentária!A:A,0),2)","v":"Luva em aço-carbono galvanizado 3” - Água Potável e Combate a Incêndio"},null,"un",null,"",{"$f":"IF(ISNUMBER(F7034),E7034*F7034,\"\")","v":""},null,null,0]
[null,null,null,null,null,"",{"$f":"IF(ISNUMBER(F7035),E7035*F7035,\"\")","v":""},null,null,0]
[null,null,"LUVA PARA ELETRODUTO, EM ACO GALVANIZADO ELETROLITICO, DIAMETRO DE 80 MM (3\")","un",1,16.1785,{"$f":"IF(ISNUMBER(F7036),E7036*F7036,\"\")","v":16.1785},{"$f":"SUM(G7036:G7036)","v":16.1785},null,0]
[null,null,null,null,null,"",{"$f":"IF(ISNUMBER(F7037),E7037*F7037,\"\")","v":""},null,null,0]
["SF-03022",{"$f":"INDEX(Orçamentária!A:B,MATCH(Composições!A7038,Orçamentária!A:A,0),2)","v":"Tê 45° (Junção) em aço-carbono galvanizado 2 1/2” – Água Potável e Combate a Incêndio"},null,"un",null,"",{"$f":"IF(ISNUMBER(F7038),E7038*F7038,\"\")","v":""},null,null,0]
[null,null,null,null,null,"",{"$f":"IF(ISNUMBER(F7039),E7039*F7039,\"\")","v":""},null,null,0]
[null,null,"TE 45 GRAUS DE FERRO GALVANIZADO, COM ROSCA BSP, DE 2 1/2\"","un",1,257.04149999999998,{"$f":"IF(ISNUMBER(F7040),E7040*F7040,\"\")","v":257.04149999999998},{"$f":"SUM(G7040:G7040)","v":257.04149999999998},null,0]
[null,null,null,null,null,"",{"$f":"IF(ISNUMBER(F7041),E7041*F7041,\"\")","v":""},null,null,0]
["SF-03023",{"$f":"INDEX(Orçamentária!A:B,MATCH(Composições!A7042,Orçamentária!A:A,0),2)","v":"Tê 45° (Junção) em aço-carbono galvanizado 2” – Água Potável e Combate a Incêndio"},null,"un",null,"",{"$f":"IF(ISNUMBER(F7042),E7042*F7042,\"\")","v":""},null,null,0]
[null,null,null,null,null,"",{"$f":"IF(ISNUMBER(F7043),E7043*F7043,\"\")","v":""},null,null,0]
[null,null,"TE 45 GRAUS DE FERRO GALVANIZADO, COM ROSCA BSP, DE 2\"","un",1,137.96849999999998,{"$f":"IF(ISNUMBER(F7044),E7044*F7044,\"\")","v":137.96849999999998},{"$f":"SUM(G7044:G7044)","v":137.96849999999998},null,0]
[null,null,null,null,null,"",{"$f":"IF(ISNUMBER(F7045),E7045*F7045,\"\")","v":""},null,null,0]
["SF-03024",{"$f":"INDEX(Orçamentária!A:B,MATCH(Composições!A7046,Orçamentária!A:A,0),2)","v":"Tê 45° (Junção) em aço-carbono galvanizado 3” – Água Potável e Combate a Incêndio"},null,"un",null,"",{"$f":"IF(ISNUMBER(F7046),E7046*F7046,\"\")","v":""},null,null,0]
[null,null,null,null,null,"",{"$f":"IF(ISNUMBER(F7047),E7047*F7047,\"\")","v":""},null,null,0]
[null,null,"TE 45 GRAUS DE FERRO GALVANIZADO, COM ROSCA BSP, DE 3\"","un",1,406.30549999999999,{"$f":"IF(ISNUMBER(F7048),E7048*F7048,\"\")","v":406.30549999999999},{"$f":"SUM(G7048:G7048)","v":406.30549999999999},null,0]
[null,null,null,null,null,"",{"$f":"IF(ISNUMBER(F7049),E7049*F7049,\"\")","v":""},null,null,0]
["SF-03025",{"$f":"INDEX(Orçamentária!A:B,MATCH(Composições!A7050,Orçamentária!A:A,0),2)","v":"Tê 45° (Junção) PVC esgoto ou águas pluviais predial DN 75mm"},null,"un",null,"",{"$f":"IF(ISNUMBER(F7050),E7050*F7050,\"\")","v":""},null,null,0]
[null,null,null,null,null,"",{"$f":"IF(ISNUMBER(F7051),E7051*F7051,\"\")","v":""},null,null,0]
[null,null,"JUNCAO SIMPLES, PVC SERIE R, DN 75 X 75 MM, PARA ESGOTO PREDIAL","un",1,36.119,{"$f":"IF(ISNUMBER(F7052),E7052*F7052,\"\")","v":36.119},{"$f":"SUM(G7052:G7052)","v":36.119},null,0]
[null,null,null,null,null,"",{"$f":"IF(ISNUMBER(F7053),E7053*F7053,\"\")","v":""},null,null,0]
["SF-03026",{"$f":"INDEX(Orçamentária!A:B,MATCH(Composições!A7054,Orçamentária!A:A,0),2)","v":"União CPVC 22mm – Linha Residencial"},null,"un",null,"",{"$f":"IF(ISNUMBER(F7054),E7054*F7054,\"\")","v":""},null,null,0]
[null,null,null,null,null,"",{"$f":"IF(ISNUMBER(F7055),E7055*F7055,\"\")","v":""},null,null,0]
[null,null,"UNIAO, CPVC, SOLDAVEL, 22 MM, PARA AGUA QUENTE PREDIAL","un",1,11.247999999999999,{"$f":"IF(ISNUMBER(F7056),E7056*F7056,\"\")","v":11.247999999999999},{"$f":"SUM(G7056:G7056)","v":11.247999999999999},null,0]
[null,null,null,null,null,"",{"$f":"IF(ISNUMBER(F7057),E7057*F7057,\"\")","v":""},null,null,0]
["SF-03027",{"$f":"INDEX(Orçamentária!A:B,MATCH(Composições!A7058,Orçamentária!A:A,0),2)","v":"União CPVC 28mm– Linha Residencial"},null,"un",null,"",{"$f":"IF(ISNUMBER(F7058),E7058*F7058,\"\")","v":""},null,null,0]
[null,null,null,null,null,"",{"$f":"IF(ISNUMBER(F7059),E7059*F7059,\"\")","v":""},null,null,0]
[null,null,"UNIAO, CPVC, SOLDAVEL, 28 MM, PARA AGUA QUENTE PREDIAL","un",1,14.962499999999999,{"$f":"IF(ISNUMBER(F7060),E7060*F7060,\"\")","v":14.962499999999999},14.962499999999999,null,0]
[null,null,null,null,null,"",{"$f":"IF(ISNUMBER(F7061),E7061*F7061,\"\")","v":""},null,null,0]
["SF-03028",{"$f":"INDEX(Orçamentária!A:B,MATCH(Composições!A7062,Orçamentária!A:A,0),2)","v":"União com assento cônico aço-carbono galvanizado 1 1/2” – Água Potável e Combate a Incêndio"},null,"un",null,"",{"$f":"IF(ISNUMBER(F7062),E7062*F7062,\"\")","v":""},null,null,0]
[null,null,null,null,null,"",{"$f":"IF(ISNUMBER(F7063),E7063*F7063,\"\")","v":""},null,null,0]
[null,null,"UNIAO DE FERRO GALVANIZADO, COM ROSCA BSP, COM ASSENTO PLANO, DE 1 1/2\"","un",1,68.989000000000004,{"$f":"IF(ISNUMBER(F7064),E7064*F7064,\"\")","v":68.989000000000004},68.989000000000004,null,0]
[null,null,null,null,null,"",{"$f":"IF(ISNUMBER(F7065),E7065*F7065,\"\")","v":""},null,null,0]
["SF-03029",{"$f":"INDEX(Orçamentária!A:B,MATCH(Composições!A7066,Orçamentária!A:A,0),2)","v":"União com assento cônico aço-carbono galvanizado 1 1/4” – Água Potável e Combate a Incêndio"},null,"un",null,"",{"$f":"IF(ISNUMBER(F7066),E7066*F7066,\"\")","v":""},null,null,0]
[null,null,null,null,null,"",{"$f":"IF(ISNUMBER(F7067),E7067*F7067,\"\")","v":""},null,null,0]
[null,null,"UNIAO DE FERRO GALVANIZADO, COM ASSENTO CONICO DE BRONZE, DE 1 1/4\"","un",1,92.482499999999987,{"$f":"IF(ISNUMBER(F7068),E7068*F7068,\"\")","v":92.482499999999987},92.482499999999987,null,0]
[null,null,null,null,null,"",{"$f":"IF(ISNUMBER(F7069),E7069*F7069,\"\")","v":""},null,null,0]
["SF-03030",{"$f":"INDEX(Orçamentária!A:B,MATCH(Composições!A7070,Orçamentária!A:A,0),2)","v":"União com assento cônico aço-carbono galvanizado 2” – Água Potável e Combate a Incêndio"},null,"un",null,"",{"$f":"IF(ISNUMBER(F7070),E7070*F7070,\"\")","v":""},null,null,0]
[null,null,null,null,null,"",{"$f":"IF(ISNUMBER(F7071),E7071*F7071,\"\")","v":""},null,null,0]
[null,null,"UNIAO DE FERRO GALVANIZADO, COM ROSCA BSP, COM ASSENTO PLANO, DE 2\"","un",1,101.441,{"$f":"IF(ISNUMBER(F7072),E7072*F7072,\"\")","v":101.441},101.441,null,0]
[null,null,null,null,null,"",{"$f":"IF(ISNUMBER(F7073),E7073*F7073,\"\")","v":""},null,null,0]
["SF-03031",{"$f":"INDEX(Orçamentária!A:B,MATCH(Composições!A7074,Orçamentária!A:A,0),2)","v":"União com assento cônico aço-carbono galvanizado 3” – Água Potável e Combate a Incêndio"},null,"un",null,"",{"$f":"IF(ISNUMBER(F7074),E7074*F7074,\"\")","v":""},null,null,0]
[null,null,null,null,null,"",{"$f":"IF(ISNUMBER(F7075),E7075*F7075,\"\")","v":""},null,null,0]
[null,null,"UNIAO DE FERRO GALVANIZADO, COM ROSCA BSP, COM ASSENTO PLANO, DE 3\"","un",1,260.01499999999999,{"$f":"IF(ISNUMBER(F7076),E7076*F7076,\"\")","v":260.01499999999999},260.01499999999999,null,0]
[null,null,null,null,null,"",{"$f":"IF(ISNUMBER(F7077),E7077*F7077,\"\")","v":""},null,null,0]
["SF-03032",{"$f":"INDEX(Orçamentária!A:B,MATCH(Composições!A7078,Orçamentária!A:A,0),2)","v":"União com assento cônico aço-carbono galvanizado 4” – Água Potável e Combate a Incêndio"},null,"un",null,"",{"$f":"IF(ISNUMBER(F7078),E7078*F7078,\"\")","v":""},null,null,0]
[null,null,null,null,null,"",{"$f":"IF(ISNUMBER(F7079),E7079*F7079,\"\")","v":""},null,null,0]
[null,null,"UNIAO DE FERRO GALVANIZADO, COM ROSCA BSP, COM ASSENTO PLANO, DE 4\"","un",1,365.01850000000002,{"$f":"IF(ISNUMBER(F7080),E7080*F7080,\"\")","v":365.01850000000002},365.01850000000002,null,0]
[null,null,null,null,null,"",{"$f":"IF(ISNUMBER(F7081),E7081*F7081,\"\")","v":""},null,null,0]
["SF-03033",{"$f":"INDEX(Orçamentária!A:B,MATCH(Composições!A7082,Orçamentária!A:A,0),2)","v":"União com assento cônico aço-carbono galvanizado 1” – Água Potável e Combate a Incêndio"},null,"un",null,"",{"$f":"IF(ISNUMBER(F7082),E7082*F7082,\"\")","v":""},null,null,0]
[null,null,null,null,null,"",{"$f":"IF(ISNUMBER(F7083),E7083*F7083,\"\")","v":""},null,null,0]
[null,null,"UNIAO DE FERRO GALVANIZADO, COM ROSCA BSP, COM ASSENTO PLANO, DE 1\"","un",1,33.126499999999993,{"$f":"IF(ISNUMBER(F7084),E7084*F7084,\"\")","v":33.126499999999993},33.126499999999993,null,0]
[null,null,null,null,null,"",{"$f":"IF(ISNUMBER(F7085),E7085*F7085,\"\")","v":""},null,null,0]
["SF-03034",{"$f":"INDEX(Orçamentária!A:B,MATCH(Composições!A7086,Orçamentária!A:A,0),2)","v":"União com assento cônico aço-carbono galvanizado 2 1/2” – Água Potável e Combate a Incêndio"},null,"un",null,"",{"$f":"IF(ISNUMBER(F7086),E7086*F7086,\"\")","v":""},null,null,0]
[null,null,null,null,null,"",{"$f":"IF(ISNUMBER(F7087),E7087*F7087,\"\")","v":""},null,null,0]
[null,null,"UNIAO DE FERRO GALVANIZADO, COM ROSCA BSP, COM ASSENTO PLANO, DE 2 1/2\"","un",1,167.83649999999997,{"$f":"IF(ISNUMBER(F7088),E7088*F7088,\"\")","v":167.83649999999997},167.83649999999997,null,0]
[null,null,null,null,null,"",{"$f":"IF(ISNUMBER(F7089),E7089*F7089,\"\")","v":""},null,null,0]
["SF-03035",{"$f":"INDEX(Orçamentária!A:B,MATCH(Composições!A7090,Orçamentária!A:A,0),2)","v":"Tê 90° em aço-carbono galvanizado 1 1/2” – Água Potável e Combate a Incêndio"},null,"un",null,"",{"$f":"IF(ISNUMBER(F7090),E7090*F7090,\"\")","v":""},null,null,0]
[null,null,null,null,null,"",{"$f":"IF(ISNUMBER(F7091),E7091*F7091,\"\")","v":""},null,null,0]
[null,null,"TE DE FERRO GALVANIZADO, DE 1 1/2\"","un",1,41.714499999999994,{"$f":"IF(ISNUMBER(F7092),E7092*F7092,\"\")","v":41.714499999999994},41.714499999999994,null,0]
[null,null,null,null,null,"",{"$f":"IF(ISNUMBER(F7093),E7093*F7093,\"\")","v":""},null,null,0]
["SF-03036",{"$f":"INDEX(Orçamentária!A:B,MATCH(Composições!A7094,Orçamentária!A:A,0),2)","v":"Tê 90° em aço-carbono galvanizado 1/2” – Água Potável e Combate a Incêndio"},null,"un",null,"",{"$f":"IF(ISNUMBER(F7094),E7094*F7094,\"\")","v":""},null,null,0]
[null,null,null,null,null,"",{"$f":"IF(ISNUMBER(F7095),E7095*F7095,\"\")","v":""},null,null,0]
[null,null,"TE DE FERRO GALVANIZADO, DE 1/2\"","un",1,9.386000000000001,{"$f":"IF(ISNUMBER(F7096),E7096*F7096,\"\")","v":9.386000000000001},9.386000000000001,null,0]
[null,null,null,null,null,"",{"$f":"IF(ISNUMBER(F7097),E7097*F7097,\"\")","v":""},null,null,0]
["SF-03037",{"$f":"INDEX(Orçamentária!A:B,MATCH(Composições!A7098,Orçamentária!A:A,0),2)","v":"Tê 90° em aço-carbono galvanizado 2 1/2” – Água Potável e Combate a Incêndio"},null,"un",null,"",{"$f":"IF(ISNUMBER(F7098),E7098*F7098,\"\")","v":""},null,null,0]
[null,null,null,null,null,"",{"$f":"IF(ISNUMBER(F7099),E7099*F7099,\"\")","v":""},null,null,0]
[null,null,"TE DE FERRO GALVANIZADO, DE 2 1/2\"","un",1,125.45699999999999,{"$f":"IF(ISNUMBER(F7100),E7100*F7100,\"\")","v":125.45699999999999},125.45699999999999,null,0]
[null,null,null,null,null,"",{"$f":"IF(ISNUMBER(F7101),E7101*F7101,\"\")","v":""},null,null,0]
["SF-03038",{"$f":"INDEX(Orçamentária!A:B,MATCH(Composições!A7102,Orçamentária!A:A,0),2)","v":"Tê 90° em aço-carbono galvanizado 2” – Água Potável e Combate a Incêndio"},null,"un",null,"",{"$f":"IF(ISNUMBER(F7102),E7102*F7102,\"\")","v":""},null,null,0]
[null,null,null,null,null,"",{"$f":"IF(ISNUMBER(F7103),E7103*F7103,\"\")","v":""},null,null,0]
[null,null,"TE DE FERRO GALVANIZADO, DE 2\"","un",1,66.072499999999991,{"$f":"IF(ISNUMBER(F7104),E7104*F7104,\"\")","v":66.072499999999991},66.072499999999991,null,0]
[null,null,null,null,null,"",{"$f":"IF(ISNUMBER(F7105),E7105*F7105,\"\")","v":""},null,null,0]
["SF-03039",{"$f":"INDEX(Orçamentária!A:B,MATCH(Composições!A7106,Orçamentária!A:A,0),2)","v":"Tê de redução em aço-carbono galvanizado 2”x1 1/2” – Água Potável e Combate a Incêndio"},null,"un",null,"",{"$f":"IF(ISNUMBER(F7106),E7106*F7106,\"\")","v":""},null,null,0]
[null,null,null,null,null,"",{"$f":"IF(ISNUMBER(F7107),E7107*F7107,\"\")","v":""},null,null,0]
[null,null,"TE DE REDUCAO DE FERRO GALVANIZADO, COM ROSCA BSP, DE 2\" X 1 1/2\"","un",1,73.140499999999989,{"$f":"IF(ISNUMBER(F7108),E7108*F7108,\"\")","v":73.140499999999989},73.140499999999989,null,0]
[null,null,null,null,null,"",{"$f":"IF(ISNUMBER(F7109),E7109*F7109,\"\")","v":""},null,null,0]
["SF-03040",{"$f":"INDEX(Orçamentária!A:B,MATCH(Composições!A7110,Orçamentária!A:A,0),2)","v":"Tê 90° CPVC 22mm – Linha Residencial"},null,"un",null,"",{"$f":"IF(ISNUMBER(F7110),E7110*F7110,\"\")","v":""},null,null,0]
[null,null,null,null,null,"",{"$f":"IF(ISNUMBER(F7111),E7111*F7111,\"\")","v":""},null,null,0]
[null,null,"TE CPVC, SOLDAVEL, 90 GRAUS, 22 MM, PARA AGUA QUENTE PREDIAL","un",1,3.3534999999999995,{"$f":"IF(ISNUMBER(F7112),E7112*F7112,\"\")","v":3.3534999999999995},3.3534999999999995,null,0]
[null,null,null,null,null,"",{"$f":"IF(ISNUMBER(F7113),E7113*F7113,\"\")","v":""},null,null,0]
["SF-03041",{"$f":"INDEX(Orçamentária!A:B,MATCH(Composições!A7114,Orçamentária!A:A,0),2)","v":"Tê 90° CPVC 28mm – Linha Residencial"},null,"un",null,"",{"$f":"IF(ISNUMBER(F7114),E7114*F7114,\"\")","v":""},null,null,0]
[null,null,null,null,null,"",{"$f":"IF(ISNUMBER(F7115),E7115*F7115,\"\")","v":""},null,null,0]
[null,null,"TE CPVC, SOLDAVEL, 90 GRAUS, 28 MM, PARA AGUA QUENTE PREDIAL","un",1,6.726,{"$f":"IF(ISNUMBER(F7116),E7116*F7116,\"\")","v":6.726},6.726,null,0]
[null,null,null,null,null,"",{"$f":"IF(ISNUMBER(F7117),E7117*F7117,\"\")","v":""},null,null,0]
["SF-03042",{"$f":"INDEX(Orçamentária!A:B,MATCH(Composições!A7118,Orçamentária!A:A,0),2)","v":"Luva CPVC 22mm – Linha Residencial"},null,"un",null,"",{"$f":"IF(ISNUMBER(F7118),E7118*F7118,\"\")","v":""},null,null,0]
[null,null,null,null,null,"",{"$f":"IF(ISNUMBER(F7119),E7119*F7119,\"\")","v":""},null,null,0]
[null,null,"LUVA CPVC, SOLDAVEL, 22 MM, PARA AGUA QUENTE PREDIAL","un",1,1.653,{"$f":"IF(ISNUMBER(F7120),E7120*F7120,\"\")","v":1.653},{"$f":"SUM(G7120:G7120)","v":1.653},null,0]
[null,null,null,null,null,"",{"$f":"IF(ISNUMBER(F7121),E7121*F7121,\"\")","v":""},null,null,0]
["SF-03043",{"$f":"INDEX(Orçamentária!A:B,MATCH(Composições!A7122,Orçamentária!A:A,0),2)","v":"Luva CPVC 28mm– Linha Residencial"},null,"un",null,"",{"$f":"IF(ISNUMBER(F7122),E7122*F7122,\"\")","v":""},null,null,0]
[null,null,null,null,null,"",{"$f":"IF(ISNUMBER(F7123),E7123*F7123,\"\")","v":""},null,null,0]
[null,null,"LUVA CPVC, SOLDAVEL, 28 MM, PARA AGUA QUENTE PREDIAL","un",1,3.6764999999999999,{"$f":"IF(ISNUMBER(F7124),E7124*F7124,\"\")","v":3.6764999999999999},3.6764999999999999,null,0]
[null,null,null,null,null,"",{"$f":"IF(ISNUMBER(F7125),E7125*F7125,\"\")","v":""},null,null,0]
["SF-03044",{"$f":"INDEX(Orçamentária!A:B,MATCH(Composições!A7126,Orçamentária!A:A,0),2)","v":"Luva PVC roscável para água fria 1 1/2”"},null,"un",null,"",{"$f":"IF(ISNUMBER(F7126),E7126*F7126,\"\")","v":""},null,null,0]
[null,null,null,null,null,"",{"$f":"IF(ISNUMBER(F7127),E7127*F7127,\"\")","v":""},null,null,0]
[null,null,"LUVA PVC, ROSCAVEL, 1 1/2\", AGUA FRIA PREDIAL","un",1,12.606499999999999,{"$f":"IF(ISNUMBER(F7128),E7128*F7128,\"\")","v":12.606499999999999},12.606499999999999,null,0]
[null,null,null,null,null,"",{"$f":"IF(ISNUMBER(F7129),E7129*F7129,\"\")","v":""},null,null,0]
["SF-03045",{"$f":"INDEX(Orçamentária!A:B,MATCH(Composições!A7130,Orçamentária!A:A,0),2)","v":"Luva PVC roscável para água fria 2”"},null,"un",null,"",{"$f":"IF(ISNUMBER(F7130),E7130*F7130,\"\")","v":""},null,null,0]
[null,null,null,null,null,"",{"$f":"IF(ISNUMBER(F7131),E7131*F7131,\"\")","v":""},null,null,0]
[null,null,"LUVA PVC, ROSCAVEL, 2\", AGUA FRIA PREDIAL","un",1,0,{"$f":"IF(ISNUMBER(F7132),E7132*F7132,\"\")","v":0},0,null,0]
[null,null,null,null,null,"",{"$f":"IF(ISNUMBER(F7133),E7133*F7133,\"\")","v":""},null,null,0]
["SF-03046",{"$f":"INDEX(Orçamentária!A:B,MATCH(Composições!A7134,Orçamentária!A:A,0),2)","v":"Luva de PVC soldável água fria DN 60mm"},null,"un",null,"",{"$f":"IF(ISNUMBER(F7134),E7134*F7134,\"\")","v":""},null,null,0]
[null,null,null,null,null,"",{"$f":"IF(ISNUMBER(F7135),E7135*F7135,\"\")","v":""},null,null,0]
[null,null,"LUVA PVC SOLDAVEL, 60 MM, PARA AGUA FRIA PREDIAL","un",1,14.0885,{"$f":"IF(ISNUMBER(F7136),E7136*F7136,\"\")","v":14.0885},14.0885,null,0]
[null,null,null,null,null,"",{"$f":"IF(ISNUMBER(F7137),E7137*F7137,\"\")","v":""},null,null,0]
["SF-03047",{"$f":"INDEX(Orçamentária!A:B,MATCH(Composições!A7138,Orçamentária!A:A,0),2)","v":"União PVC soldável 60mm"},null,"un",null,"",{"$f":"IF(ISNUMBER(F7138),E7138*F7138,\"\")","v":""},null,null,0]
[null,null,null,null,null,"",{"$f":"IF(ISNUMBER(F7139),E7139*F7139,\"\")","v":""},null,null,0]
[null,null,"UNIAO PVC, SOLDAVEL, 60 MM, PARA AGUA FRIA PREDIAL","un",1,75.819500000000005,{"$f":"IF(ISNUMBER(F7140),E7140*F7140,\"\")","v":75.819500000000005},75.819500000000005,null,0]
[null,null,null,null,null,"",{"$f":"IF(ISNUMBER(F7141),E7141*F7141,\"\")","v":""},null,null,0]
["SF-03048",{"$f":"INDEX(Orçamentária!A:B,MATCH(Composições!A7142,Orçamentária!A:A,0),2)","v":"União PVC soldável 85mm"},null,"un",null,"",{"$f":"IF(ISNUMBER(F7142),E7142*F7142,\"\")","v":""},null,null,0]
[null,null,null,null,null,"",{"$f":"IF(ISNUMBER(F7143),E7143*F7143,\"\")","v":""},null,null,0]
[null,null,"UNIAO PVC, SOLDAVEL, 85 MM, PARA AGUA FRIA PREDIAL","un",1,182.30500000000001,{"$f":"IF(ISNUMBER(F7144),E7144*F7144,\"\")","v":182.30500000000001},182.30500000000001,null,0]
[null,null,null,null,null,"",{"$f":"IF(ISNUMBER(F7145),E7145*F7145,\"\")","v":""},null,null,0]
["SF-03084",{"$f":"INDEX(Orçamentária!A:B,MATCH(Composições!A7146,Orçamentária!A:A,0),2)","v":"Supervisor(a) Técnico(a) - Sistema Hidrossanitário"},null,"Profissional",null,"",{"$f":"IF(ISNUMBER(F7146),E7146*F7146,\"\")","v":""},null,null,0]
[null,null,null,null,null,"",{"$f":"IF(ISNUMBER(F7147),E7147*F7147,\"\")","v":""},null,null,0]
[null,null,"ENGENHEIRO CIVIL DE OBRA PLENO COM ENCARGOS COMPLEMENTARES","h",{"$f":"ROUND(220/(1+110.14%),4)","v":104.6921},118.2085,{"$f":"IF(ISNUMBER(F7148),E7148*F7148,\"\")","v":12375.49610285},{"$f":"SUM(G7148:G7148)","v":12375.49610285},null,0]
[null,null,null,null,null,"",{"$f":"IF(ISNUMBER(F7149),E7149*F7149,\"\")","v":""},null,null,0]
[null,null,"Obs: considerando 220h/mês e encargos sociais indicados na tabela do SINAPI.",null,null,"",{"$f":"IF(ISNUMBER(F7150),E7150*F7150,\"\")","v":""},null,null,0]
[null,null,null,null,null,"",{"$f":"IF(ISNUMBER(F7151),E7151*F7151,\"\")","v":""},null,null,0]
["SF-03085",{"$f":"INDEX(Orçamentária!A:B,MATCH(Composições!A7152,Orçamentária!A:A,0),2)","v":"Supervisor(a) Técnico(a) - Segurança do Trabalho"},null,"Profissional",null,"",{"$f":"IF(ISNUMBER(F7152),E7152*F7152,\"\")","v":""},null,null,0]
[null,null,null,null,null,"",{"$f":"IF(ISNUMBER(F7153),E7153*F7153,\"\")","v":""},null,null,0]
[null,null,"ENGENHEIRO CIVIL DE OBRA PLENO COM ENCARGOS COMPLEMENTARES","h",{"$f":"ROUND(220/(1+110.14%),4)","v":104.6921},118.2085,{"$f":"IF(ISNUMBER(F7154),E7154*F7154,\"\")","v":12375.49610285},{"$f":"SUM(G7154:G7154)","v":12375.49610285},null,0]
[null,null,null,null,null,"",{"$f":"IF(ISNUMBER(F7155),E7155*F7155,\"\")","v":""},null,null,0]
[null,null,"Obs: considerando 220h/mês e encargos sociais indicados na tabela do SINAPI.",null,null,"",{"$f":"IF(ISNUMBER(F7156),E7156*F7156,\"\")","v":""},null,null,0]
[null,null,null,null,null,"",{"$f":"IF(ISNUMBER(F7157),E7157*F7157,\"\")","v":""},null,null,0]
["SF-03086",{"$f":"INDEX(Orçamentária!A:B,MATCH(Composições!A7158,Orçamentária!A:A,0),2)","v":"Encarregado(a) de Manutenção Hidrossanitária"},null,"Profissional",null,"",{"$f":"IF(ISNUMBER(F7158),E7158*F7158,\"\")","v":""},null,null,0]
[null,null,null,null,null,"",{"$f":"IF(ISNUMBER(F7159),E7159*F7159,\"\")","v":""},null,null,0]
[null,null,"ENCARREGADO GERAL COM ENCARGOS COMPLEMENTARES","h",{"$f":"ROUND(220/(1+110.14%),4)","v":104.6921},21.916499999999999,{"$f":"IF(ISNUMBER(F7160),E7160*F7160,\"\")","v":2294.4844096499996},{"$f":"SUM(G7160:G7160)","v":2294.4844096499996},null,0]
[null,null,null,null,null,"",{"$f":"IF(ISNUMBER(F7161),E7161*F7161,\"\")","v":""},null,null,0]
[null,null,"Obs: considerando 220h/mês e encargos sociais indicados na tabela do SINAPI.",null,null,"",{"$f":"IF(ISNUMBER(F7162),E7162*F7162,\"\")","v":""},null,null,0]
[null,null,null,null,null,"",{"$f":"IF(ISNUMBER(F7163),E7163*F7163,\"\")","v":""},null,null,0]
["SF-03087",{"$f":"INDEX(Orçamentária!A:B,MATCH(Composições!A7164,Orçamentária!A:A,0),2)","v":"Bombeiro(a) Hidráulico(a) Planejador(a) de Manutenção"},null,"Profissional",null,"",{"$f":"IF(ISNUMBER(F7164),E7164*F7164,\"\")","v":""},null,null,0]
[null,null,null,null,null,"",{"$f":"IF(ISNUMBER(F7165),E7165*F7165,\"\")","v":""},null,null,0]
[null,null,"ENCANADOR OU BOMBEIRO HIDRÁULICO COM ENCARGOS COMPLEMENTARES","h",{"$f":"ROUND(220/(1+110.14%),4)","v":104.6921},26.4575,{"$f":"IF(ISNUMBER(F7166),E7166*F7166,\"\")","v":2769.8912357499999},{"$f":"SUM(G7166:G7166)","v":2769.8912357499999},null,0]
[null,null,null,null,null,"",{"$f":"IF(ISNUMBER(F7167),E7167*F7167,\"\")","v":""},null,null,0]
[null,null,"Obs: considerando 220h/mês e encargos sociais indicados na tabela do SINAPI.",null,null,"",{"$f":"IF(ISNUMBER(F7168),E7168*F7168,\"\")","v":""},null,null,0]
[null,null,null,null,null,"",{"$f":"IF(ISNUMBER(F7169),E7169*F7169,\"\")","v":""},null,null,0]
["SF-03088",{"$f":"INDEX(Orçamentária!A:B,MATCH(Composições!A7170,Orçamentária!A:A,0),2)","v":"Instalador(a) Hidráulico(a)"},null,"Profissional",null,"",{"$f":"IF(ISNUMBER(F7170),E7170*F7170,\"\")","v":""},null,null,0]
[null,null,null,null,null,"",{"$f":"IF(ISNUMBER(F7171),E7171*F7171,\"\")","v":""},null,null,0]
[null,null,"INSTALADOR DE TUBULACOES (TUBOS/EQUIPAMENTOS)","h",{"$f":"ROUND(220/(1+110.14%),4)","v":104.6921},14.725,{"$f":"IF(ISNUMBER(F7172),E7172*F7172,\"\")","v":1541.5911724999999},{"$f":"SUM(G7172:G7172)","v":1541.5911724999999},null,0]
[null,null,null,null,null,"",{"$f":"IF(ISNUMBER(F7173),E7173*F7173,\"\")","v":""},null,null,0]
[null,null,"Obs: considerando 220h/mês e encargos sociais indicados na tabela do SINAPI.",null,null,"",{"$f":"IF(ISNUMBER(F7174),E7174*F7174,\"\")","v":""},null,null,0]
[null,null,null,null,null,"",{"$f":"IF(ISNUMBER(F7175),E7175*F7175,\"\")","v":""},null,null,0]
["SF-03089",{"$f":"INDEX(Orçamentária!A:B,MATCH(Composições!A7176,Orçamentária!A:A,0),2)","v":"Bombeiro(a) Hidráulico(a) Plantonista (diurno)"},null,"Profissional",null,"",{"$f":"IF(ISNUMBER(F7176),E7176*F7176,\"\")","v":""},null,null,0]
[null,null,null,null,null,"",{"$f":"IF(ISNUMBER(F7177),E7177*F7177,\"\")","v":""},null,null,0]
[null,null,"ENCANADOR OU BOMBEIRO HIDRÁULICO COM ENCARGOS COMPLEMENTARES","h",{"$f":"ROUND(220/(1+110.14%),4)","v":104.6921},26.4575,{"$f":"IF(ISNUMBER(F7178),E7178*F7178,\"\")","v":2769.8912357499999},{"$f":"SUM(G7178:G7178)","v":2769.8912357499999},null,0]
[null,null,null,null,null,"",{"$f":"IF(ISNUMBER(F7179),E7179*F7179,\"\")","v":""},null,null,0]
[null,null,"Obs: considerando 220h/mês e encargos sociais indicados na tabela do SINAPI.",null,null,"",{"$f":"IF(ISNUMBER(F7180),E7180*F7180,\"\")","v":""},null,null,0]
[null,null,null,null,null,"",{"$f":"IF(ISNUMBER(F7181),E7181*F7181,\"\")","v":""},null,null,0]
["SF-03090",{"$f":"INDEX(Orçamentária!A:B,MATCH(Composições!A7182,Orçamentária!A:A,0),2)","v":"Bombeiro(a) Hidráulico(a) Plantonista (noturno)"},null,"Profissional",null,"",{"$f":"IF(ISNUMBER(F7182),E7182*F7182,\"\")","v":""},null,null,0]
[null,null,null,null,null,"",{"$f":"IF(ISNUMBER(F7183),E7183*F7183,\"\")","v":""},null,null,0]
[null,null,"ENCANADOR OU BOMBEIRO HIDRÁULICO COM ENCARGOS COMPLEMENTARES","h",{"$f":"ROUND(220/(1+110.14%),4)","v":104.6921},26.4575,{"$f":"IF(ISNUMBER(F7184),E7184*F7184,\"\")","v":2769.8912357499999},{"$f":"SUM(G7184:G7184)","v":2769.8912357499999},null,0]
[null,null,null,null,null,"",{"$f":"IF(ISNUMBER(F7185),E7185*F7185,\"\")","v":""},null,null,0]
[null,null,"Obs: considerando 220h/mês e encargos sociais indicados na tabela do SINAPI.",null,null,"",{"$f":"IF(ISNUMBER(F7186),E7186*F7186,\"\")","v":""},null,null,0]
[null,null,null,null,null,"",{"$f":"IF(ISNUMBER(F7187),E7187*F7187,\"\")","v":""},null,null,0]
["SF-03091",{"$f":"INDEX(Orçamentária!A:B,MATCH(Composições!A7188,Orçamentária!A:A,0),2)","v":"Ajudante de Manutenção Hidrossanitária"},null,"Profissional",null,"",{"$f":"IF(ISNUMBER(F7188),E7188*F7188,\"\")","v":""},null,null,0]
[null,null,null,null,null,"",{"$f":"IF(ISNUMBER(F7189),E7189*F7189,\"\")","v":""},null,null,0]
[null,null,"AUXILIAR DE ENCANADOR OU BOMBEIRO HIDRÁULICO COM ENCARGOS COMPLEMENTARES","h",{"$f":"ROUND(220/(1+110.14%),4)","v":104.6921},20.909500000000001,{"$f":"IF(ISNUMBER(F7190),E7190*F7190,\"\")","v":2189.0594649499999},{"$f":"SUM(G7190:G7190)","v":2189.0594649499999},null,0]
[null,null,null,null,null,"",{"$f":"IF(ISNUMBER(F7191),E7191*F7191,\"\")","v":""},null,null,0]
[null,null,"Obs: considerando 220h/mês e encargos sociais indicados na tabela do SINAPI.",null,null,"",{"$f":"IF(ISNUMBER(F7192),E7192*F7192,\"\")","v":""},null,null,0]
[null,null,null,null,null,"",{"$f":"IF(ISNUMBER(F7193),E7193*F7193,\"\")","v":""},null,null,0]
["SF-03092",{"$f":"INDEX(Orçamentária!A:B,MATCH(Composições!A7194,Orçamentária!A:A,0),2)","v":"Ajudante de Bombeiro(a) Hidráulico(a) Plantonista (diurno)"},null,"Profissional",null,"",{"$f":"IF(ISNUMBER(F7194),E7194*F7194,\"\")","v":""},null,null,0]
[null,null,null,null,null,"",{"$f":"IF(ISNUMBER(F7195),E7195*F7195,\"\")","v":""},null,null,0]
[null,null,"AUXILIAR DE ENCANADOR OU BOMBEIRO HIDRÁULICO COM ENCARGOS COMPLEMENTARES","h",{"$f":"ROUND(220/(1+110.14%),4)","v":104.6921},20.909500000000001,{"$f":"IF(ISNUMBER(F7196),E7196*F7196,\"\")","v":2189.0594649499999},{"$f":"SUM(G7196:G7196)","v":2189.0594649499999},null,0]
[null,null,null,null,null,"",{"$f":"IF(ISNUMBER(F7197),E7197*F7197,\"\")","v":""},null,null,0]
[null,null,"Obs: considerando 220h/mês e encargos sociais indicados na tabela do SINAPI.",null,null,"",{"$f":"IF(ISNUMBER(F7198),E7198*F7198,\"\")","v":""},null,null,0]
[null,null,null,null,null,"",{"$f":"IF(ISNUMBER(F7199),E7199*F7199,\"\")","v":""},null,null,0]
["SF-03093",{"$f":"INDEX(Orçamentária!A:B,MATCH(Composições!A7200,Orçamentária!A:A,0),2)","v":"Ajudante de Bombeiro(a) Hidráulico(a) Plantonista (noturno)"},null,"Profissional",null,"",{"$f":"IF(ISNUMBER(F7200),E7200*F7200,\"\")","v":""},null,null,0]
[null,null,null,null,null,"",{"$f":"IF(ISNUMBER(F7201),E7201*F7201,\"\")","v":""},null,null,0]
[null,null,"AUXILIAR DE ENCANADOR OU BOMBEIRO HIDRÁULICO COM ENCARGOS COMPLEMENTARES","h",{"$f":"ROUND(220/(1+110.14%),4)","v":104.6921},20.909500000000001,{"$f":"IF(ISNUMBER(F7202),E7202*F7202,\"\")","v":2189.0594649499999},{"$f":"SUM(G7202:G7202)","v":2189.0594649499999},null,0]
[null,null,null,null,null,"",{"$f":"IF(ISNUMBER(F7203),E7203*F7203,\"\")","v":""},null,null,0]
[null,null,"Obs: considerando 220h/mês e encargos sociais indicados na tabela do SINAPI.",null,null,"",{"$f":"IF(ISNUMBER(F7204),E7204*F7204,\"\")","v":""},null,null,0]
[null,null,null,null,null,"",{"$f":"IF(ISNUMBER(F7205),E7205*F7205,\"\")","v":""},null,null,0]
["SF-03095",{"$f":"INDEX(Orçamentária!A:B,MATCH(Composições!A7206,Orçamentária!A:A,0),2)","v":"Mangueira de incêndio tipo 2 - engate 2 1/2” - lance 15m"},null,"un",null,"",{"$f":"IF(ISNUMBER(F7206),E7206*F7206,\"\")","v":""},null,null,0]
[null,null,null,null,null,"",{"$f":"IF(ISNUMBER(F7207),E7207*F7207,\"\")","v":""},null,null,0]
[null,null,"MANGUEIRA DE INCENDIO, TIPO 2, DE 2 1/2\", COMPRIMENTO = 15 M, TECIDO EM FIO DE POLIESTER E TUBO INTERNO EM BORRACHA SINTETICA, COM UNIOES ENGATE RAPIDO","un",1,584.62049999999999,{"$f":"IF(ISNUMBER(F7208),E7208*F7208,\"\")","v":584.62049999999999},584.62049999999999,null,0]
[null,null,null,null,null,"",{"$f":"IF(ISNUMBER(F7209),E7209*F7209,\"\")","v":""},null,null,0]
["SF-03096",{"$f":"INDEX(Orçamentária!A:B,MATCH(Composições!A7210,Orçamentária!A:A,0),2)","v":"Manômetro DN100 (4”) até 150psi - para aferição (NBR 14105-1 classe A1)"},null,"un",null,"",{"$f":"IF(ISNUMBER(F7210),E7210*F7210,\"\")","v":""},null,null,0]
[null,null,null,null,null,"",{"$f":"IF(ISNUMBER(F7211),E7211*F7211,\"\")","v":""},null,null,0]
[null,null,"MANOMETRO COM CAIXA EM ACO PINTADO, ESCALA *10* KGF/CM2 (*10* BAR), DIAMETRO NOMINAL DE 100 MM, CONEXAO DE 1/2\"","un",1,172.62450000000001,{"$f":"IF(ISNUMBER(F7212),E7212*F7212,\"\")","v":172.62450000000001},172.62450000000001,null,0]
[null,null,null,null,null,"",{"$f":"IF(ISNUMBER(F7213),E7213*F7213,\"\")","v":""},null,null,0]
["SF-03111",{"$f":"INDEX(Orçamentária!A:B,MATCH(Composições!A7214,Orçamentária!A:A,0),2)","v":"Bucha de redução em ferro galvanizado 3” X 2 1/2”"},null,"un",null,"",{"$f":"IF(ISNUMBER(F7214),E7214*F7214,\"\")","v":""},null,null,0]
[null,null,null,null,null,"",{"$f":"IF(ISNUMBER(F7215),E7215*F7215,\"\")","v":""},null,null,0]
[null,null,"BUCHA DE REDUCAO DE FERRO GALVANIZADO, COM ROSCA BSP, DE 3\" X 2 1/2\"","un",1,64.115499999999997,{"$f":"IF(ISNUMBER(F7216),E7216*F7216,\"\")","v":64.115499999999997},64.115499999999997,null,0]
[null,null,null,null,null,"",{"$f":"IF(ISNUMBER(F7217),E7217*F7217,\"\")","v":""},null,null,0]
["SF-03112",{"$f":"INDEX(Orçamentária!A:B,MATCH(Composições!A7218,Orçamentária!A:A,0),2)","v":"Tubo de aço-carbono galvanizado 1 1/2” – Água Potável e Combate a Incêndio"},null,"m",null,"",{"$f":"IF(ISNUMBER(F7218),E7218*F7218,\"\")","v":""},null,null,0]
[null,null,null,null,null,"",{"$f":"IF(ISNUMBER(F7219),E7219*F7219,\"\")","v":""},null,null,0]
[null,null,"TUBO ACO GALVANIZADO COM COSTURA, CLASSE LEVE, DN 40 MM ( 1 1/2\"), E = 3,00 MM, *3,48* KG/M (NBR 5580)","m",1,54.729499999999994,{"$f":"IF(ISNUMBER(F7220),E7220*F7220,\"\")","v":54.729499999999994},{"$f":"SUM(G7220:G7220)","v":54.729499999999994},null,0]
[null,null,null,null,null,"",{"$f":"IF(ISNUMBER(F7221),E7221*F7221,\"\")","v":""},null,null,0]
["SF-03127",{"$f":"INDEX(Orçamentária!A:B,MATCH(Composições!A7222,Orçamentária!A:A,0),2)","v":"Grelha para retorno quadrada 225x225 mm"},null,"un",null,"",{"$f":"IF(ISNUMBER(F7222),E7222*F7222,\"\")","v":""},null,null,0]
[null,null,null,null,null,"",{"$f":"IF(ISNUMBER(F7223),E7223*F7223,\"\")","v":""},null,null,0]
[null,null,"Ajudante de operação em geral com encargos complementares","h",3.5,23.160999999999998,{"$f":"IF(ISNUMBER(F7224),E7224*F7224,\"\")","v":81.063499999999991},{"$f":"SUM(G7224:G7226)","v":181.91074999999998},null,0]
[null,null,"MONTADOR ELETROMECÃNICO COM ENCARGOS COMPLEMENTARES","h",3.5,28.813499999999998,{"$f":"IF(ISNUMBER(F7225),E7225*F7225,\"\")","v":100.84724999999999},null,null,0]
[null,null,"Grelha para retorno de ar com lâminas fixas e registro, 225 mm x 225 mm","un ",1,"",{"$f":"IF(ISNUMBER(F7226),E7226*F7226,\"\")","v":""},null,null,0]
[null,null,null,null,null,"",{"$f":"IF(ISNUMBER(F7227),E7227*F7227,\"\")","v":""},null,null,0]
["SF-03131",{"$f":"INDEX(Orçamentária!A:B,MATCH(Composições!A7228,Orçamentária!A:A,0),2)","v":"Instalação de quadros elétricos ou de telecomunicações"},null,"un",null,"",{"$f":"IF(ISNUMBER(F7228),E7228*F7228,\"\")","v":""},null,null,0]
[null,null,null,null,null,"",{"$f":"IF(ISNUMBER(F7229),E7229*F7229,\"\")","v":""},null,null,0]
[null,null,"ARGAMASSA TRAÇO 1:1:6 (EM VOLUME DE CIMENTO, CAL E AREIA MÉDIA ÚMIDA) PARA EMBOÇO/MASSA ÚNICA/ASSENTAMENTO DE ALVENARIA DE VEDAÇÃO, PREPARO MANUAL. AF_08/2019","M3",1.9199999999999998E-2,835.31330553399994,{"$f":"IF(ISNUMBER(F7230),E7230*F7230,\"\")","v":16.038015466252798},{"$f":"SUM(G7230:G7232)","v":46.969546166252798},null,0]
[null,null,"Auxiliar de eletricista com encargos complementares","h",0.63370000000000004,21.337,{"$f":"IF(ISNUMBER(F7231),E7231*F7231,\"\")","v":13.521256900000001},null,null,0]
[null,null,"Eletricista com encargos complementares","h",0.63370000000000004,27.474,{"$f":"IF(ISNUMBER(F7232),E7232*F7232,\"\")","v":17.410273800000002},null,null,0]
[null,null,null,null,null,"",null,null,null,0]
["SF-03132",{"$f":"INDEX(Orçamentária!A:B,MATCH(Composições!A7234,Orçamentária!A:A,0),2)","v":"Condulete de alumínio de 3\""},null,"un",null,"",{"$f":"IF(ISNUMBER(F7234),E7234*F7234,\"\")","v":""},null,null,0]
[null,null,null,null,null,"",{"$f":"IF(ISNUMBER(F7235),E7235*F7235,\"\")","v":""},null,null,0]
[null,null,"CONDULETE DE ALUMINIO TIPO E, PARA ELETRODUTO ROSCAVEL DE 3\", COM TAMPA CEGA","un",1,94.5535,{"$f":"IF(ISNUMBER(F7236),E7236*F7236,\"\")","v":94.5535},{"$f":"SUM(G7236:G7239)","v":120.2906131},null,0]
[null,null,"BUCHA DE NYLON SEM ABA S6, COM PARAFUSO DE 4,20 X 40 MM EM ACO ZINCADO COM ROSCA SOBERBA, CABECA CHATA E FENDA PHILLIPS","un",2,0.3705,{"$f":"IF(ISNUMBER(F7237),E7237*F7237,\"\")","v":0.74099999999999999},null,null,0]
[null,null,"AUXILIAR DE ELETRICISTA COM ENCARGOS COMPLEMENTARES","H",0.5121,21.337,{"$f":"IF(ISNUMBER(F7238),E7238*F7238,\"\")","v":10.926677699999999},null,null,0]
[null,null,"ELETRICISTA COM ENCARGOS COMPLEMENTARES","H",0.5121,27.474,{"$f":"IF(ISNUMBER(F7239),E7239*F7239,\"\")","v":14.0694354},null,null,0]
[null,null,null,null,null,"",{"$f":"IF(ISNUMBER(F7240),E7240*F7240,\"\")","v":""},null,null,0]
["SF-03159",{"$f":"INDEX(Orçamentária!A:B,MATCH(Composições!A7241,Orçamentária!A:A,0),2)","v":"Fluido de arrefecimento diluído para motor MTU 16V4000"},null,"litro",null,"",{"$f":"IF(ISNUMBER(F7241),E7241*F7241,\"\")","v":""},null,null,0]
[null,null,null,null,null,"",{"$f":"IF(ISNUMBER(F7242),E7242*F7242,\"\")","v":""},null,null,0]
[null,null,"Água destilada/desmineralizada/desionizada/ultrafiltrada","L",0.91,"",{"$f":"IF(ISNUMBER(F7243),E7243*F7243,\"\")","v":""},{"$f":"SUM(G7243:G7244)","v":0},null,0]
[null,null,"Fluido de arrefecimento para motor MTU 16V4000","L",0.09,"",{"$f":"IF(ISNUMBER(F7244),E7244*F7244,\"\")","v":""},null,null,0]
[null,null,null,null,null,"",{"$f":"IF(ISNUMBER(F7245),E7245*F7245,\"\")","v":""},null,null,0]
["SF-03167",{"$f":"INDEX(Orçamentária!A:B,MATCH(Composições!A7246,Orçamentária!A:A,0),2)","v":"Fluido de arrefecimento diluído para motor Cummins NTA 855"},null,"litro",null,"",{"$f":"IF(ISNUMBER(F7246),E7246*F7246,\"\")","v":""},null,null,0]
[null,null,null,null,null,"",{"$f":"IF(ISNUMBER(F7247),E7247*F7247,\"\")","v":""},null,null,0]
[null,null,"Água destilada/desmineralizada/desionizada/ultrafiltrada","L",0.96,"",{"$f":"IF(ISNUMBER(F7248),E7248*F7248,\"\")","v":""},{"$f":"SUM(G7248:G7249)","v":0},null,0]
[null,null,"Fluido de arrefecimento para motor Cummins NTA 855","L",0.04,"",{"$f":"IF(ISNUMBER(F7249),E7249*F7249,\"\")","v":""},null,null,0]
[null,null,null,null,null,"",{"$f":"IF(ISNUMBER(F7250),E7250*F7250,\"\")","v":""},null,null,0]
["SF-03180",{"$f":"INDEX(Orçamentária!A:B,MATCH(Composições!A7251,Orçamentária!A:A,0),2)","v":"Fluido de arrefecimento diluído para motor Mercedes-Benz OM 447 LA"},null,"litro",null,"",{"$f":"IF(ISNUMBER(F7251),E7251*F7251,\"\")","v":""},null,null,0]
[null,null,null,null,null,"",{"$f":"IF(ISNUMBER(F7252),E7252*F7252,\"\")","v":""},null,null,0]
[null,null,"Água destilada/desmineralizada/desionizada/ultrafiltrada","L",0.5,"",{"$f":"IF(ISNUMBER(F7253),E7253*F7253,\"\")","v":""},{"$f":"SUM(G7253:G7254)","v":0},null,0]
[null,null,"Fluido de arrefecimento para motor Mercedes-Benz OM 447 LA","L",0.5,"",{"$f":"IF(ISNUMBER(F7254),E7254*F7254,\"\")","v":""},null,null,0]
[null,null,null,null,null,"",{"$f":"IF(ISNUMBER(F7255),E7255*F7255,\"\")","v":""},null,null,0]
["SF-03203",{"$f":"INDEX(Orçamentária!A:B,MATCH(Composições!A7256,Orçamentária!A:A,0),2)","v":"Cotovelo BSP 1 1/2” para filtro de óleo diesel"},null,"un",null,"",{"$f":"IF(ISNUMBER(F7256),E7256*F7256,\"\")","v":""},null,null,0]
[null,null,null,null,null,"",{"$f":"IF(ISNUMBER(F7257),E7257*F7257,\"\")","v":""},null,null,0]
[null,null,"COTOVELO 90 GRAUS DE FERRO GALVANIZADO, COM ROSCA BSP MACHO/FEMEA, DE 1 1/2\"","un",1,40.403500000000001,{"$f":"IF(ISNUMBER(F7258),E7258*F7258,\"\")","v":40.403500000000001},{"$f":"SUM(G7258:G7258)","v":40.403500000000001},null,0]
[null,null,null,null,null,"",{"$f":"IF(ISNUMBER(F7259),E7259*F7259,\"\")","v":""},null,null,0]
["SF-03206",{"$f":"INDEX(Orçamentária!A:B,MATCH(Composições!A7260,Orçamentária!A:A,0),2)","v":"União BSP 1 1/2” para filtro de óleo diesel"},null,"un",null,"",{"$f":"IF(ISNUMBER(F7260),E7260*F7260,\"\")","v":""},null,null,0]
[null,null,null,null,null,"",{"$f":"IF(ISNUMBER(F7261),E7261*F7261,\"\")","v":""},null,null,0]
[null,null,"UNIAO DE FERRO GALVANIZADO, COM ROSCA BSP, COM ASSENTO PLANO, DE 1 1/2\"","un",1,68.989000000000004,{"$f":"IF(ISNUMBER(F7262),E7262*F7262,\"\")","v":68.989000000000004},{"$f":"SUM(G7262:G7262)","v":68.989000000000004},null,0]
[null,null,null,null,null,"",{"$f":"IF(ISNUMBER(F7263),E7263*F7263,\"\")","v":""},null,null,0]
["SF-03207",{"$f":"INDEX(Orçamentária!A:B,MATCH(Composições!A7264,Orçamentária!A:A,0),2)","v":"Tubo de aço-carbono 1 1/2” - Filtro de óleo diesel"},null,"m",null,"",{"$f":"IF(ISNUMBER(F7264),E7264*F7264,\"\")","v":""},null,null,0]
[null,null,null,null,null,"",{"$f":"IF(ISNUMBER(F7265),E7265*F7265,\"\")","v":""},null,null,0]
[null,null,"TUBO ACO GALVANIZADO COM COSTURA, CLASSE LEVE, DN 40 MM ( 1 1/2\"), E = 3,00 MM, *3,48* KG/M (NBR 5580)","m",1,54.729499999999994,{"$f":"IF(ISNUMBER(F7266),E7266*F7266,\"\")","v":54.729499999999994},{"$f":"SUM(G7266:G7266)","v":54.729499999999994},null,0]
[null,null,null,null,null,"",{"$f":"IF(ISNUMBER(F7267),E7267*F7267,\"\")","v":""},null,null,0]
["SF-03214",{"$f":"INDEX(Orçamentária!A:B,MATCH(Composições!A7268,Orçamentária!A:A,0),2)","v":"Bloco vazado de concreto simples com 02 furos (19x19x39 - Classe A)"},null,"un",null,"",{"$f":"IF(ISNUMBER(F7268),E7268*F7268,\"\")","v":""},null,null,0]
[null,null,null,null,null,"",{"$f":"IF(ISNUMBER(F7269),E7269*F7269,\"\")","v":""},null,null,0]
[null,null,"BLOCO DE CONCRETO ESTRUTURAL 19 X 19 X 39 CM, FBK 8 MPA (NBR 6136)","un",1,5.7285000000000004,{"$f":"IF(ISNUMBER(F7270),E7270*F7270,\"\")","v":5.7285000000000004},{"$f":"SUM(G7270:G7270)","v":5.7285000000000004},null,0]
[null,null,null,null,null,"",{"$f":"IF(ISNUMBER(F7271),E7271*F7271,\"\")","v":""},null,null,0]
["SF-03215",{"$f":"INDEX(Orçamentária!A:B,MATCH(Composições!A7272,Orçamentária!A:A,0),2)","v":"Bloco vazado de concreto simples tipo canaleta (19x19x39 - Classe A)"},null,"un",null,"",{"$f":"IF(ISNUMBER(F7272),E7272*F7272,\"\")","v":""},null,null,0]
[null,null,null,null,null,"",{"$f":"IF(ISNUMBER(F7273),E7273*F7273,\"\")","v":""},null,null,0]
[null,null,"Bloco de concreto tipo canaleta 19 x 19 x 39 cm","un",1,0,{"$f":"IF(ISNUMBER(F7274),E7274*F7274,\"\")","v":0},{"$f":"SUM(G7274:G7274)","v":0},null,0]
[null,null,null,null,null,"",{"$f":"IF(ISNUMBER(F7275),E7275*F7275,\"\")","v":""},null,null,0]
["SF-03217",{"$f":"INDEX(Orçamentária!A:B,MATCH(Composições!A7276,Orçamentária!A:A,0),2)","v":"Bloco vazado de concreto simples tipo compensador A (19x19x9 - Classe C)"},null,"un",null,"",{"$f":"IF(ISNUMBER(F7276),E7276*F7276,\"\")","v":""},null,null,0]
[null,null,null,null,null,"",{"$f":"IF(ISNUMBER(F7277),E7277*F7277,\"\")","v":""},null,null,0]
[null,null,"MEIO BLOCO DE VEDACAO DE CONCRETO 9 X 19 X 19 CM (CLASSE C - NBR 6136)","un",1,1.7289999999999999,{"$f":"IF(ISNUMBER(F7278),E7278*F7278,\"\")","v":1.7289999999999999},{"$f":"SUM(G7278:G7278)","v":1.7289999999999999},null,0]
[null,null,null,null,null,"",{"$f":"IF(ISNUMBER(F7279),E7279*F7279,\"\")","v":""},null,null,0]
["SF-03220",{"$f":"INDEX(Orçamentária!A:B,MATCH(Composições!A7280,Orçamentária!A:A,0),2)","v":"Graute industrializado, 50 MPa ≤ fck ≤ 60 Mpa"},null,"25 kg",null,"",{"$f":"IF(ISNUMBER(F7280),E7280*F7280,\"\")","v":""},null,null,0]
[null,null,null,null,null,"",{"$f":"IF(ISNUMBER(F7281),E7281*F7281,\"\")","v":""},null,null,0]
[null,null,"GRAUTE CIMENTICIO PARA USO GERAL","kg",25,1.9664999999999997,{"$f":"IF(ISNUMBER(F7282),E7282*F7282,\"\")","v":49.162499999999994},{"$f":"SUM(G7282:G7282)","v":49.162499999999994},null,0]
[null,null,null,null,null,"",{"$f":"IF(ISNUMBER(F7283),E7283*F7283,\"\")","v":""},null,null,0]
["SF-03221",{"$f":"INDEX(Orçamentária!A:B,MATCH(Composições!A7284,Orçamentária!A:A,0),2)","v":"Tela metálica para reboco"},null,"m2",null,"",{"$f":"IF(ISNUMBER(F7284),E7284*F7284,\"\")","v":""},null,null,0]
[null,null,null,null,null,"",{"$f":"IF(ISNUMBER(F7285),E7285*F7285,\"\")","v":""},null,null,0]
[null,null,"TELA DE ACO SOLDADA GALVANIZADA/ZINCADA PARA ALVENARIA, FIO D = *1,24 MM, MALHA 25 X 25 MM","m2",1,20.719499999999996,{"$f":"IF(ISNUMBER(F7286),E7286*F7286,\"\")","v":20.719499999999996},{"$f":"SUM(G7286:G7286)","v":20.719499999999996},null,0]
[null,null,null,null,null,"",{"$f":"IF(ISNUMBER(F7287),E7287*F7287,\"\")","v":""},null,null,0]
["SF-03222",{"$f":"INDEX(Orçamentária!A:B,MATCH(Composições!A7288,Orçamentária!A:A,0),2)","v":"Vergalhão Ca-60 Diâmetro 4,2 mm"},null,"m",null,"",{"$f":"IF(ISNUMBER(F7288),E7288*F7288,\"\")","v":""},null,null,0]
[null,null,null,null,null,"",{"$f":"IF(ISNUMBER(F7289),E7289*F7289,\"\")","v":""},null,null,0]
[null,null,"ACO CA-60, 4,2 MM, OU 5,0 MM, OU 6,0 MM, OU 7,0 MM, VERGALHAO","kg",0.109,9.0060000000000002,{"$f":"IF(ISNUMBER(F7290),E7290*F7290,\"\")","v":0.98165400000000003},{"$f":"SUM(G7290:G7290)","v":0.98165400000000003},null,0]
[null,null,null,null,null,"",{"$f":"IF(ISNUMBER(F7291),E7291*F7291,\"\")","v":""},null,null,0]
["SF-03223",{"$f":"INDEX(Orçamentária!A:B,MATCH(Composições!A7292,Orçamentária!A:A,0),2)","v":"Vermiculita Expandida"},null,"100 L",null,"",{"$f":"IF(ISNUMBER(F7292),E7292*F7292,\"\")","v":""},null,null,0]
[null,null,null,null,null,"",{"$f":"IF(ISNUMBER(F7293),E7293*F7293,\"\")","v":""},null,null,0]
[null,null,"Vermiculita expandida","m3",0.1,0,{"$f":"IF(ISNUMBER(F7294),E7294*F7294,\"\")","v":0},{"$f":"SUM(G7294:G7294)","v":0},null,0]
[null,null,null,null,null,"",{"$f":"IF(ISNUMBER(F7295),E7295*F7295,\"\")","v":""},null,null,0]
["SF-03225",{"$f":"INDEX(Orçamentária!A:B,MATCH(Composições!A7296,Orçamentária!A:A,0),2)","v":"Conector Macho 26mm  x 3/4” para tubo PEX para gás - GLP"},null,"un",null,"",{"$f":"IF(ISNUMBER(F7296),E7296*F7296,\"\")","v":""},null,null,0]
[null,null,null,null,null,"",{"$f":"IF(ISNUMBER(F7297),E7297*F7297,\"\")","v":""},null,null,0]
[null,null,"Adaptador fixo rosca macho PEX gás Ø 26 mm x 3/4","un",1,0,{"$f":"IF(ISNUMBER(F7298),E7298*F7298,\"\")","v":0},{"$f":"SUM(G7298:G7298)","v":0},null,0]
[null,null,null,null,null,"",{"$f":"IF(ISNUMBER(F7299),E7299*F7299,\"\")","v":""},null,null,0]
["SF-03229",{"$f":"INDEX(Orçamentária!A:B,MATCH(Composições!A7300,Orçamentária!A:A,0),2)","v":"Redução 26 mm x 20mm para tubo PEX para gás – GLP"},null,"un",null,"",{"$f":"IF(ISNUMBER(F7300),E7300*F7300,\"\")","v":""},null,null,0]
[null,null,null,null,null,"",{"$f":"IF(ISNUMBER(F7301),E7301*F7301,\"\")","v":""},null,null,0]
[null,null,"Luva redução PEX gás Ø 26 mm x 20 mm","un",1,0,{"$f":"IF(ISNUMBER(F7302),E7302*F7302,\"\")","v":0},{"$f":"SUM(G7302:G7302)","v":0},null,0]
[null,null,null,null,null,"",{"$f":"IF(ISNUMBER(F7303),E7303*F7303,\"\")","v":""},null,null,0]
["SF-03230",{"$f":"INDEX(Orçamentária!A:B,MATCH(Composições!A7304,Orçamentária!A:A,0),2)","v":"Tê Fêmea 26mm X 3/4” para tubo PEX para gás - GLP"},null,"un",null,"",{"$f":"IF(ISNUMBER(F7304),E7304*F7304,\"\")","v":""},null,null,0]
[null,null,null,null,null,"",{"$f":"IF(ISNUMBER(F7305),E7305*F7305,\"\")","v":""},null,null,0]
[null,null,"Tê rosca fêmea PEX gás Ø 26 mm x 3/4\"","un",1,0,{"$f":"IF(ISNUMBER(F7306),E7306*F7306,\"\")","v":0},{"$f":"SUM(G7306:G7306)","v":0},null,0]
[null,null,null,null,null,"",{"$f":"IF(ISNUMBER(F7307),E7307*F7307,\"\")","v":""},null,null,0]
["SF-03231",{"$f":"INDEX(Orçamentária!A:B,MATCH(Composições!A7308,Orçamentária!A:A,0),2)","v":"Tubo de sistema PEX multicamada flexível 20 mm para gás"},null,"m",null,"",{"$f":"IF(ISNUMBER(F7308),E7308*F7308,\"\")","v":""},null,null,0]
[null,null,null,null,null,"",{"$f":"IF(ISNUMBER(F7309),E7309*F7309,\"\")","v":""},null,null,0]
[null,null,"TUBO MULTICAMADA PEX, DN 20 MM, PARA INSTALACOES A GAS (AMARELO)","m",1,17.052499999999998,{"$f":"IF(ISNUMBER(F7310),E7310*F7310,\"\")","v":17.052499999999998},{"$f":"SUM(G7310:G7310)","v":17.052499999999998},null,0]
[null,null,null,null,null,"",{"$f":"IF(ISNUMBER(F7311),E7311*F7311,\"\")","v":""},null,null,0]
["SF-03232",{"$f":"INDEX(Orçamentária!A:B,MATCH(Composições!A7312,Orçamentária!A:A,0),2)","v":"Tubo de sistema PEX multicamada flexível 26 mm para gás"},null,"m",null,"",{"$f":"IF(ISNUMBER(F7312),E7312*F7312,\"\")","v":""},null,null,0]
[null,null,null,null,null,"",{"$f":"IF(ISNUMBER(F7313),E7313*F7313,\"\")","v":""},null,null,0]
[null,null,"TUBO MULTICAMADA PEX, DN *26* MM, PARA INSTALACOES A GAS (AMARELO)","m",1,23.607500000000002,{"$f":"IF(ISNUMBER(F7314),E7314*F7314,\"\")","v":23.607500000000002},{"$f":"SUM(G7314:G7314)","v":23.607500000000002},null,0]
[null,null,null,null,null,"",{"$f":"IF(ISNUMBER(F7315),E7315*F7315,\"\")","v":""},null,null,0]
["SF-03235",{"$f":"INDEX(Orçamentária!A:B,MATCH(Composições!A7316,Orçamentária!A:A,0),2)","v":"Pastilha de porcelana (2 x 2 cm) – Fornecimento e instalação"},null,"m2",null,"",{"$f":"IF(ISNUMBER(F7316),E7316*F7316,\"\")","v":""},null,null,0]
[null,null,null,null,null,"",{"$f":"IF(ISNUMBER(F7317),E7317*F7317,\"\")","v":""},null,null,0]
[null,null,"PASTILHA CERAMICA/PORCELANA, REVEST INT/EXT E PISCINA, CORES BRANCA OU FRIAS, SOLIDAS, SEM MESCLAGEM/MISTURA, ACABAMENTO LISO *2,5 X 2,5* CM","M2",1.1599999999999999,185.08850000000001,{"$f":"IF(ISNUMBER(F7318),E7318*F7318,\"\")","v":214.70266000000001},{"$f":"SUM(G7318:G7321)","v":282.45124499999997},null,0]
[null,null,"ARGAMASSA COLANTE TIPO AC III E","KG",9.84,2.0044999999999997,{"$f":"IF(ISNUMBER(F7319),E7319*F7319,\"\")","v":19.724279999999997},null,null,0]
[null,null,"AZULEJISTA OU LADRILHISTA COM ENCARGOS COMPLEMENTARES","H",1.29,27.036999999999999,{"$f":"IF(ISNUMBER(F7320),E7320*F7320,\"\")","v":34.87773},null,null,0]
[null,null,"SERVENTE COM ENCARGOS COMPLEMENTARES","H",0.65,20.225499999999997,{"$f":"IF(ISNUMBER(F7321),E7321*F7321,\"\")","v":13.146574999999999},null,null,0]
[null,null,null,null,null,"",{"$f":"IF(ISNUMBER(F7322),E7322*F7322,\"\")","v":""},null,null,0]
["SF-03238",{"$f":"INDEX(Orçamentária!A:B,MATCH(Composições!A7323,Orçamentária!A:A,0),2)","v":"Eletroduto de PEAD de 4\""},null,"m",null,"",{"$f":"IF(ISNUMBER(F7323),E7323*F7323,\"\")","v":""},null,null,0]
[null,null,null,null,null,"",{"$f":"IF(ISNUMBER(F7324),E7324*F7324,\"\")","v":""},null,null,0]
[null,null,"ELETRODUTO/DUTO PEAD FLEXIVEL PAREDE SIMPLES, CORRUGACAO HELICOIDAL, COR PRETA, SEM ROSCA, DE 4\", PARA CABEAMENTO SUBTERRANEO (NBR 15715)","M",1.1000000000000001,11.761000000000001,{"$f":"IF(ISNUMBER(F7325),E7325*F7325,\"\")","v":12.937100000000003},{"$f":"SUM(G7325:G7327)","v":21.337473100000004},null,0]
[null,null,"AUXILIAR DE ELETRICISTA COM ENCARGOS COMPLEMENTARES","H",0.1721,21.337,{"$f":"IF(ISNUMBER(F7326),E7326*F7326,\"\")","v":3.6720977000000001},null,null,0]
[null,null,"ELETRICISTA COM ENCARGOS COMPLEMENTARES","H",0.1721,27.474,{"$f":"IF(ISNUMBER(F7327),E7327*F7327,\"\")","v":4.7282754000000002},null,null,0]
[null,null,null,null,null,"",{"$f":"IF(ISNUMBER(F7328),E7328*F7328,\"\")","v":""},null,null,0]
["SF-03242",{"$f":"INDEX(Orçamentária!A:B,MATCH(Composições!A7329,Orçamentária!A:A,0),2)","v":"Poste de Concreto Circular L=12m"},null,"un",null,"",{"$f":"IF(ISNUMBER(F7329),E7329*F7329,\"\")","v":""},null,null,0]
[null,null,null,null,null,"",{"$f":"IF(ISNUMBER(F7330),E7330*F7330,\"\")","v":""},null,null,0]
[null,null,"CABO DE COBRE NU 35 MM2 MEIO-DURO","M",9,37.809999999999995,{"$f":"IF(ISNUMBER(F7331),E7331*F7331,\"\")","v":340.28999999999996},{"$f":"SUM(G7331:G7335)","v":2045.00154},null,0]
[null,null,"GUINDAUTO HIDRÁULICO, CAPACIDADE MÁXIMA DE CARGA 6200 KG, MOMENTO MÁXIMO DE CARGA 11,7 TM, ALCANCE MÁXIMO HORIZONTAL 9,70 M, INCLUSIVE CAMINHÃO TOCO PBT 16.000 KG, POTÊNCIA DE 189 CV - CHP DIURNO. AF_06/2014","CHP",7.6999999999999999E-2,258.95099999999996,{"$f":"IF(ISNUMBER(F7332),E7332*F7332,\"\")","v":19.939226999999995},null,null,0]
[null,null,"AUXILIAR DE ELETRICISTA COM ENCARGOS COMPLEMENTARES","H",1.2330000000000001,21.337,{"$f":"IF(ISNUMBER(F7333),E7333*F7333,\"\")","v":26.308521000000002},null,null,0]
[null,null,"ELETRICISTA COM ENCARGOS COMPLEMENTARES","H",4.008,27.474,{"$f":"IF(ISNUMBER(F7334),E7334*F7334,\"\")","v":110.115792},null,null,0]
[null,null,"POSTE DE CONCRETO ARMADO DE SECAO CIRCULAR, EXTENSAO DE 11,00 M, RESISTENCIA DE 200 A 300 DAN, TIPO C-14","un",1,1548.348,{"$f":"IF(ISNUMBER(F7335),E7335*F7335,\"\")","v":1548.348},null,null,0]
[null,null,null,null,null,"",{"$f":"IF(ISNUMBER(F7336),E7336*F7336,\"\")","v":""},null,null,0]
["SF-03243",{"$f":"INDEX(Orçamentária!A:B,MATCH(Composições!A7337,Orçamentária!A:A,0),2)","v":"Poste de Concreto Circular L=9m"},null,"un",null,"",{"$f":"IF(ISNUMBER(F7337),E7337*F7337,\"\")","v":""},null,null,0]
[null,null,null,null,null,"",{"$f":"IF(ISNUMBER(F7338),E7338*F7338,\"\")","v":""},null,null,0]
[null,null,"CABO DE COBRE NU 35 MM2 MEIO-DURO","M",12,37.809999999999995,{"$f":"IF(ISNUMBER(F7339),E7339*F7339,\"\")","v":453.71999999999991},{"$f":"SUM(G7339:G7343)","v":2073.1842209999995},null,0]
[null,null,"GUINDAUTO HIDRÁULICO, CAPACIDADE MÁXIMA DE CARGA 6200 KG, MOMENTO MÁXIMO DE CARGA 11,7 TM, ALCANCE MÁXIMO HORIZONTAL 9,70 M, INCLUSIVE CAMINHÃO TOCO PBT 16.000 KG, POTÊNCIA DE 189 CV - CHP DIURNO. AF_06/2014","CHP",9.9000000000000005E-2,258.95099999999996,{"$f":"IF(ISNUMBER(F7340),E7340*F7340,\"\")","v":25.636148999999996},null,null,0]
[null,null,"AUXILIAR DE ELETRICISTA COM ENCARGOS COMPLEMENTARES","H",2.234,21.337,{"$f":"IF(ISNUMBER(F7341),E7341*F7341,\"\")","v":47.666857999999998},null,null,0]
[null,null,"ELETRICISTA COM ENCARGOS COMPLEMENTARES","H",7.2610000000000001,27.474,{"$f":"IF(ISNUMBER(F7342),E7342*F7342,\"\")","v":199.48871400000002},null,null,0]
[null,null,"POSTE DE CONCRETO ARMADO DE SECAO CIRCULAR, EXTENSAO DE 9,00 M, RESISTENCIA DE 200 A 300 DAN, TIPO C-14","un",1,1346.6724999999999,{"$f":"IF(ISNUMBER(F7343),E7343*F7343,\"\")","v":1346.6724999999999},null,null,0]
[null,null,null,null,null,"",{"$f":"IF(ISNUMBER(F7344),E7344*F7344,\"\")","v":""},null,null,0]
["SF-03244",{"$f":"INDEX(Orçamentária!A:B,MATCH(Composições!A7345,Orçamentária!A:A,0),2)","v":"Suporte para luminária de poste triplo"},null,"un",null,"",{"$f":"IF(ISNUMBER(F7345),E7345*F7345,\"\")","v":""},null,null,0]
[null,null,null,null,null,"",{"$f":"IF(ISNUMBER(F7346),E7346*F7346,\"\")","v":""},null,null,0]
[null,null,"SUPORTE PARA 3 PÉTALAS PARA LUMINÁRIA DE ILUMINAÇÃO PÚBLICA","un",1,0,{"$f":"IF(ISNUMBER(F7347),E7347*F7347,\"\")","v":0},{"$f":"SUM(G7347:G7349)","v":12.20275},null,0]
[null,null,"AUXILIAR DE ELETRICISTA COM ENCARGOS COMPLEMENTARES","H",0.25,21.337,{"$f":"IF(ISNUMBER(F7348),E7348*F7348,\"\")","v":5.3342499999999999},null,null,0]
[null,null,"ELETRICISTA COM ENCARGOS COMPLEMENTARES","H",0.25,27.474,{"$f":"IF(ISNUMBER(F7349),E7349*F7349,\"\")","v":6.8685},null,null,0]
[null,null,null,null,null,"",{"$f":"IF(ISNUMBER(F7350),E7350*F7350,\"\")","v":""},null,null,0]
["SF-03245",{"$f":"INDEX(Orçamentária!A:B,MATCH(Composições!A7351,Orçamentária!A:A,0),2)","v":"Remoção de poste de iluminação"},null,"un",null,"",{"$f":"IF(ISNUMBER(F7351),E7351*F7351,\"\")","v":""},null,null,0]
[null,null,null,null,null,"",{"$f":"IF(ISNUMBER(F7352),E7352*F7352,\"\")","v":""},null,null,0]
[null,null,"AUXILIAR DE ELETRICISTA COM ENCARGOS COMPLEMENTARES","H",5,21.337,{"$f":"IF(ISNUMBER(F7353),E7353*F7353,\"\")","v":106.685},{"$f":"SUM(G7353:G7354)","v":244.05500000000001},null,0]
[null,null,"ELETRICISTA COM ENCARGOS COMPLEMENTARES","H",5,27.474,{"$f":"IF(ISNUMBER(F7354),E7354*F7354,\"\")","v":137.37},null,null,0]
[null,null,null,null,null,"",{"$f":"IF(ISNUMBER(F7355),E7355*F7355,\"\")","v":""},null,null,0]
["SF-03246",{"$f":"INDEX(Orçamentária!A:B,MATCH(Composições!A7356,Orçamentária!A:A,0),2)","v":"Remoção de braço de iluminação"},null,"un",null,"",{"$f":"IF(ISNUMBER(F7356),E7356*F7356,\"\")","v":""},null,null,0]
[null,null,null,null,null,"",{"$f":"IF(ISNUMBER(F7357),E7357*F7357,\"\")","v":""},null,null,0]
[null,null,"AUXILIAR DE ELETRICISTA COM ENCARGOS COMPLEMENTARES","H",0.8,21.337,{"$f":"IF(ISNUMBER(F7358),E7358*F7358,\"\")","v":17.069600000000001},{"$f":"SUM(G7358:G7359)","v":39.0488},null,0]
[null,null,"ELETRICISTA COM ENCARGOS COMPLEMENTARES","H",0.8,27.474,{"$f":"IF(ISNUMBER(F7359),E7359*F7359,\"\")","v":21.979200000000002},null,null,0]
[null,null,null,null,null,"",{"$f":"IF(ISNUMBER(F7360),E7360*F7360,\"\")","v":""},null,null,0]
["SF-03247",{"$f":"INDEX(Orçamentária!A:B,MATCH(Composições!A7361,Orçamentária!A:A,0),2)","v":"Cabo 3x10mm²"},null,"m",null,"",{"$f":"IF(ISNUMBER(F7361),E7361*F7361,\"\")","v":""},null,null,0]
[null,null,null,null,null,"",{"$f":"IF(ISNUMBER(F7362),E7362*F7362,\"\")","v":""},null,null,0]
[null,null,"Auxiliar de eletricista com encargos complementares","h",6.08E-2,21.337,{"$f":"IF(ISNUMBER(F7363),E7363*F7363,\"\")","v":1.2972896},{"$f":"SUM(G7363:G7366)","v":3.0029348000000002},null,0]
[null,null,"Eletricista com encargos complementares","h",6.08E-2,27.474,{"$f":"IF(ISNUMBER(F7364),E7364*F7364,\"\")","v":1.6704192},null,null,0]
[null,null,"Cabo de cobre multipolar, classe 5, isolação em EPR, 0,6/1 kV, 3x10,0mm² resistente a chama, livre de halogênios","m",1.0149999999999999,"",{"$f":"IF(ISNUMBER(F7365),E7365*F7365,\"\")","v":""},null,null,0]
[null,null,"Fita isolante adesiva antichama, uso ate 750 V, em rolo de 19 mm x 5 m","un",8.9999999999999993E-3,3.9139999999999997,{"$f":"IF(ISNUMBER(F7366),E7366*F7366,\"\")","v":3.5225999999999993E-2},null,null,0]
[null,null,null,null,null,"",{"$f":"IF(ISNUMBER(F7367),E7367*F7367,\"\")","v":""},null,null,0]
["SF-03248",{"$f":"INDEX(Orçamentária!A:B,MATCH(Composições!A7368,Orçamentária!A:A,0),2)","v":"Quadro elétrico tipo PTTA/TTA para uso ao tempo"},null,"un",null,"",{"$f":"IF(ISNUMBER(F7368),E7368*F7368,\"\")","v":""},null,null,0]
[null,null,null,null,null,"",{"$f":"IF(ISNUMBER(F7369),E7369*F7369,\"\")","v":""},null,null,0]
[null,null,"Quadro elétrico tipo TTA completo, para uso externo, com 11 disjuntores terminais, contemplando disjuntores, DPS, DR, etc., conforme especificação","un",1,"",{"$f":"IF(ISNUMBER(F7370),E7370*F7370,\"\")","v":""},{"$f":"SUM(G7370:G7373)","v":46.969546166252798},null,0]
[null,null,"ARGAMASSA TRAÇO 1:1:6 (EM VOLUME DE CIMENTO, CAL E AREIA MÉDIA ÚMIDA) PARA EMBOÇO/MASSA ÚNICA/ASSENTAMENTO DE ALVENARIA DE VEDAÇÃO, PREPARO MANUAL. AF_08/2019","M3",1.9199999999999998E-2,835.31330553399994,{"$f":"IF(ISNUMBER(F7371),E7371*F7371,\"\")","v":16.038015466252798},null,null,0]
[null,null,"Auxiliar de eletricista com encargos complementares","h",0.63370000000000004,21.337,{"$f":"IF(ISNUMBER(F7372),E7372*F7372,\"\")","v":13.521256900000001},null,null,0]
[null,null,"Eletricista com encargos complementares","h",0.63370000000000004,27.474,{"$f":"IF(ISNUMBER(F7373),E7373*F7373,\"\")","v":17.410273800000002},null,null,0]
[null,null,null,null,null,"",{"$f":"IF(ISNUMBER(F7374),E7374*F7374,\"\")","v":""},null,null,0]
["SF-03249",{"$f":"INDEX(Orçamentária!A:B,MATCH(Composições!A7375,Orçamentária!A:A,0),2)","v":"Luminária LED para poste 230W"},null,"un",null,"",{"$f":"IF(ISNUMBER(F7375),E7375*F7375,\"\")","v":""},null,null,0]
[null,null,null,null,null,"",{"$f":"IF(ISNUMBER(F7376),E7376*F7376,\"\")","v":""},null,null,0]
[null,null,"GUINDAUTO HIDRÁULICO, CAPACIDADE MÁXIMA DE CARGA 6200 KG, MOMENTO MÁXIMO DE CARGA 11,7 TM, ALCANCE MÁXIMO HORIZONTAL 9,70 M, INCLUSIVE CAMINHÃO TOCO PBT 16.000 KG, POTÊNCIA DE 189 CV - CHP DIURNO. AF_06/2014","CHP",0.23880000000000001,258.95099999999996,{"$f":"IF(ISNUMBER(F7377),E7377*F7377,\"\")","v":61.837498799999992},{"$f":"SUM(G7377:G7381)","v":924.1821938999999},null,0]
[null,null,"FITA ISOLANTE ADESIVA ANTICHAMA, USO ATE 750 V, EM ROLO DE 19 MM X 5 M","UN",1.4E-2,3.9139999999999997,{"$f":"IF(ISNUMBER(F7378),E7378*F7378,\"\")","v":5.4795999999999997E-2},null,null,0]
[null,null,"LUMINARIA DE LED PARA ILUMINACAO PUBLICA, DE 181 W ATE 239 W, INVOLUCRO EM ALUMINIO OU ACO INOX","UN",1,850.66800000000001,{"$f":"IF(ISNUMBER(F7379),E7379*F7379,\"\")","v":850.66800000000001},null,null,0]
[null,null,"AUXILIAR DE ELETRICISTA COM ENCARGOS COMPLEMENTARES","H",0.23810000000000001,21.337,{"$f":"IF(ISNUMBER(F7380),E7380*F7380,\"\")","v":5.0803396999999997},null,null,0]
[null,null,"ELETRICISTA COM ENCARGOS COMPLEMENTARES","H",0.23810000000000001,27.474,{"$f":"IF(ISNUMBER(F7381),E7381*F7381,\"\")","v":6.5415594000000006},null,null,0]
[null,null,null,null,null,"",{"$f":"IF(ISNUMBER(F7382),E7382*F7382,\"\")","v":""},null,null,0]
["SF-03250",{"$f":"INDEX(Orçamentária!A:B,MATCH(Composições!A7383,Orçamentária!A:A,0),2)","v":"Eletroduto PEAD 1 1/2”(40mm)"},null,"m",null,"",{"$f":"IF(ISNUMBER(F7383),E7383*F7383,\"\")","v":""},null,null,0]
[null,null,null,null,null,"",{"$f":"IF(ISNUMBER(F7384),E7384*F7384,\"\")","v":""},null,null,0]
[null,null,"ELETRODUTO/DUTO PEAD FLEXIVEL PAREDE SIMPLES, CORRUGACAO HELICOIDAL, COR PRETA, SEM ROSCA, DE 1 1/2\", PARA CABEAMENTO SUBTERRANEO (NBR 15715)","M",1.1000000000000001,4.1894999999999998,{"$f":"IF(ISNUMBER(F7385),E7385*F7385,\"\")","v":4.6084500000000004},{"$f":"SUM(G7385:G7387)","v":7.8885491999999999},null,0]
[null,null,"AUXILIAR DE ELETRICISTA COM ENCARGOS COMPLEMENTARES","H",6.7199999999999996E-2,21.337,{"$f":"IF(ISNUMBER(F7386),E7386*F7386,\"\")","v":1.4338464},null,null,0]
[null,null,"ELETRICISTA COM ENCARGOS COMPLEMENTARES","H",6.7199999999999996E-2,27.474,{"$f":"IF(ISNUMBER(F7387),E7387*F7387,\"\")","v":1.8462527999999998},null,null,0]
[null,null,null,null,null,"",{"$f":"IF(ISNUMBER(F7388),E7388*F7388,\"\")","v":""},null,null,0]
["SF-03251",{"$f":"INDEX(Orçamentária!A:B,MATCH(Composições!A7389,Orçamentária!A:A,0),2)","v":"Cabo 3x6 mm²"},null,"m",null,"",{"$f":"IF(ISNUMBER(F7389),E7389*F7389,\"\")","v":""},null,null,0]
[null,null,null,null,null,"",{"$f":"IF(ISNUMBER(F7390),E7390*F7390,\"\")","v":""},null,null,0]
[null,null,"Auxiliar de eletricista com encargos complementares","h",1.2999999999999999E-2,21.337,{"$f":"IF(ISNUMBER(F7391),E7391*F7391,\"\")","v":0.27738099999999999},{"$f":"SUM(G7391:G7394)","v":0.67368299999999992},null,0]
[null,null,"Eletricista com encargos complementares","h",1.2999999999999999E-2,27.474,{"$f":"IF(ISNUMBER(F7392),E7392*F7392,\"\")","v":0.35716199999999998},null,null,0]
[null,null,"Cabo de cobre multipolar, classe 5, isolação em EPR, 0,6/1 kV, 3x6,0mm² resistente a chama, livre de halogênios","m",1.0269999999999999,"",{"$f":"IF(ISNUMBER(F7393),E7393*F7393,\"\")","v":""},null,null,0]
[null,null,"Fita isolante adesiva antichama, uso ate 750 V, em rolo de 19 mm x 5 m","un",0.01,3.9139999999999997,{"$f":"IF(ISNUMBER(F7394),E7394*F7394,\"\")","v":3.9140000000000001E-2},null,null,0]
[null,null,null,null,null,"",{"$f":"IF(ISNUMBER(F7395),E7395*F7395,\"\")","v":""},null,null,0]
["SF-03252",{"$f":"INDEX(Orçamentária!A:B,MATCH(Composições!A7396,Orçamentária!A:A,0),2)","v":"Eletroduto de aço galvanizado a fogo de 1”"},null,"m",null,"",{"$f":"IF(ISNUMBER(F7396),E7396*F7396,\"\")","v":""},null,null,0]
[null,null,null,null,null,"",{"$f":"IF(ISNUMBER(F7397),E7397*F7397,\"\")","v":""},null,null,0]
[null,null,"Eletroduto rígido roscável de aço galvanizado a fogo de 1”, tipo pesado","m",1.05,0,{"$f":"IF(ISNUMBER(F7398),E7398*F7398,\"\")","v":0},{"$f":"SUM(G7398:G7400)","v":24.4055},null,0]
[null,null,"AUXILIAR DE ELETRICISTA COM ENCARGOS COMPLEMENTARES","H",0.5,21.337,{"$f":"IF(ISNUMBER(F7399),E7399*F7399,\"\")","v":10.6685},null,null,0]
[null,null,"ELETRICISTA COM ENCARGOS COMPLEMENTARES","H",0.5,27.474,{"$f":"IF(ISNUMBER(F7400),E7400*F7400,\"\")","v":13.737},null,null,0]
[null,null,null,null,null,"",{"$f":"IF(ISNUMBER(F7401),E7401*F7401,\"\")","v":""},null,null,0]
["SF-03253",{"$f":"INDEX(Orçamentária!A:B,MATCH(Composições!A7402,Orçamentária!A:A,0),2)","v":"Eletroduto de aço galvanizado a fogo de 1 1/2”"},null,"m",null,"",{"$f":"IF(ISNUMBER(F7402),E7402*F7402,\"\")","v":""},null,null,0]
[null,null,null,null,null,"",{"$f":"IF(ISNUMBER(F7403),E7403*F7403,\"\")","v":""},null,null,0]
[null,null,"Eletroduto rígido roscável de aço galvanizado a fogo de 1 1/2”, tipo pesado","m",1.05,0,{"$f":"IF(ISNUMBER(F7404),E7404*F7404,\"\")","v":0},{"$f":"SUM(G7404:G7406)","v":36.608249999999998},null,0]
[null,null,"Eletricista com encargos complementares","h",0.75,27.474,{"$f":"IF(ISNUMBER(F7405),E7405*F7405,\"\")","v":20.605499999999999},null,null,0]
[null,null,"Auxiliar de eletricista com encargos complementares","h",0.75,21.337,{"$f":"IF(ISNUMBER(F7406),E7406*F7406,\"\")","v":16.002749999999999},null,null,0]
[null,null,null,null,null,"",{"$f":"IF(ISNUMBER(F7407),E7407*F7407,\"\")","v":""},null,null,0]
["SF-03254",{"$f":"INDEX(Orçamentária!A:B,MATCH(Composições!A7408,Orçamentária!A:A,0),2)","v":"Eletroduto de aço galvanizado a fogo de 2”"},null,"m",null,"",{"$f":"IF(ISNUMBER(F7408),E7408*F7408,\"\")","v":""},null,null,0]
[null,null,null,null,null,"",{"$f":"IF(ISNUMBER(F7409),E7409*F7409,\"\")","v":""},null,null,0]
[null,null,"Eletroduto rígido roscável de aço galvanizado a fogo de 2”, tipo pesado","m",1.05,0,{"$f":"IF(ISNUMBER(F7410),E7410*F7410,\"\")","v":0},{"$f":"SUM(G7410:G7412)","v":36.608249999999998},null,0]
[null,null,"Eletricista com encargos complementares","h",0.75,27.474,{"$f":"IF(ISNUMBER(F7411),E7411*F7411,\"\")","v":20.605499999999999},null,null,0]
[null,null,"Auxiliar de eletricista com encargos complementares","h",0.75,21.337,{"$f":"IF(ISNUMBER(F7412),E7412*F7412,\"\")","v":16.002749999999999},null,null,0]
[null,null,null,null,null,"",{"$f":"IF(ISNUMBER(F7413),E7413*F7413,\"\")","v":""},null,null,0]
["SF-03255",{"$f":"INDEX(Orçamentária!A:B,MATCH(Composições!A7414,Orçamentária!A:A,0),2)","v":"Eletroduto de aço galvanizado a fogo de 3”"},null,"m",null,"",{"$f":"IF(ISNUMBER(F7414),E7414*F7414,\"\")","v":""},null,null,0]
[null,null,null,null,null,"",{"$f":"IF(ISNUMBER(F7415),E7415*F7415,\"\")","v":""},null,null,0]
[null,null,"Eletroduto rígido roscável de aço galvanizado a fogo de 3”, tipo pesado","m",1.05,0,{"$f":"IF(ISNUMBER(F7416),E7416*F7416,\"\")","v":0},{"$f":"SUM(G7416:G7418)","v":48.811},null,0]
[null,null,"Eletricista com encargos complementares","h",1,27.474,{"$f":"IF(ISNUMBER(F7417),E7417*F7417,\"\")","v":27.474},null,null,0]
[null,null,"Auxiliar de eletricista com encargos complementares","h",1,21.337,{"$f":"IF(ISNUMBER(F7418),E7418*F7418,\"\")","v":21.337},null,null,0]
[null,null,null,null,null,"",{"$f":"IF(ISNUMBER(F7419),E7419*F7419,\"\")","v":""},null,null,0]
["SF-03256",{"$f":"INDEX(Orçamentária!A:B,MATCH(Composições!A7420,Orçamentária!A:A,0),2)","v":"Projeto Executivo de Iluminação Viária"},null,"un",null,"",{"$f":"IF(ISNUMBER(F7420),E7420*F7420,\"\")","v":""},null,null,0]
[null,null,null,null,null,"",{"$f":"IF(ISNUMBER(F7421),E7421*F7421,\"\")","v":""},null,null,0]
[null,null,"ENGENHEIRO ELETRICISTA COM ENCARGOS COMPLEMENTARES","H",40,124.203,{"$f":"IF(ISNUMBER(F7422),E7422*F7422,\"\")","v":4968.12},{"$f":"SUM(G7422:G7423)","v":5604.62},null,0]
[null,null,"DESENHISTA PROJETISTA COM ENCARGOS COMPLEMENTARES","H",40,15.9125,{"$f":"IF(ISNUMBER(F7423),E7423*F7423,\"\")","v":636.5},null,null,0]
[null,null,null,null,null,"",{"$f":"IF(ISNUMBER(F7424),E7424*F7424,\"\")","v":""},null,null,0]
["SF-03257",{"$f":"INDEX(Orçamentária!A:B,MATCH(Composições!A7425,Orçamentária!A:A,0),2)","v":"Luminária LED para poste 150W"},null,"un",null,"",{"$f":"IF(ISNUMBER(F7425),E7425*F7425,\"\")","v":""},null,null,0]
[null,null,null,null,null,"",{"$f":"IF(ISNUMBER(F7426),E7426*F7426,\"\")","v":""},null,null,0]
[null,null,"GUINDAUTO HIDRÁULICO, CAPACIDADE MÁXIMA DE CARGA 6200 KG, MOMENTO MÁXIMO DE CARGA 11,7 TM, ALCANCE MÁXIMO HORIZONTAL 9,70 M, INCLUSIVE CAMINHÃO TOCO PBT 16.000 KG, POTÊNCIA DE 189 CV - CHP DIURNO. AF_06/2014","CHP",0.23880000000000001,258.95099999999996,{"$f":"IF(ISNUMBER(F7427),E7427*F7427,\"\")","v":61.837498799999992},{"$f":"SUM(G7427:G7431)","v":805.85019389999991},null,0]
[null,null,"FITA ISOLANTE ADESIVA ANTICHAMA, USO ATE 750 V, EM ROLO DE 19 MM X 5 M","UN",1.4E-2,3.9139999999999997,{"$f":"IF(ISNUMBER(F7428),E7428*F7428,\"\")","v":5.4795999999999997E-2},null,null,0]
[null,null,"LUMINARIA DE LED PARA ILUMINACAO PUBLICA, DE 138 W ATE 180 W, INVOLUCRO EM ALUMINIO OU ACO INOX","UN",1,732.33600000000001,{"$f":"IF(ISNUMBER(F7429),E7429*F7429,\"\")","v":732.33600000000001},null,null,0]
[null,null,"AUXILIAR DE ELETRICISTA COM ENCARGOS COMPLEMENTARES","H",0.23810000000000001,21.337,{"$f":"IF(ISNUMBER(F7430),E7430*F7430,\"\")","v":5.0803396999999997},null,null,0]
[null,null,"ELETRICISTA COM ENCARGOS COMPLEMENTARES","H",0.23810000000000001,27.474,{"$f":"IF(ISNUMBER(F7431),E7431*F7431,\"\")","v":6.5415594000000006},null,null,0]
[null,null,null,null,null,"",{"$f":"IF(ISNUMBER(F7432),E7432*F7432,\"\")","v":""},null,null,0]
["SF-03258",{"$f":"INDEX(Orçamentária!A:B,MATCH(Composições!A7433,Orçamentária!A:A,0),2)","v":"Suporte para luminária de poste quádruplo"},null,"un",null,"",{"$f":"IF(ISNUMBER(F7433),E7433*F7433,\"\")","v":""},null,null,0]
[null,null,null,null,null,"",{"$f":"IF(ISNUMBER(F7434),E7434*F7434,\"\")","v":""},null,null,0]
[null,null,"SUPORTE PARA 4 PÉTALAS PARA LUMINÁRIA DE ILUMINAÇÃO PÚBLICA","un",1,0,{"$f":"IF(ISNUMBER(F7435),E7435*F7435,\"\")","v":0},{"$f":"SUM(G7435:G7437)","v":12.20275},null,0]
[null,null,"AUXILIAR DE ELETRICISTA COM ENCARGOS COMPLEMENTARES","H",0.25,21.337,{"$f":"IF(ISNUMBER(F7436),E7436*F7436,\"\")","v":5.3342499999999999},null,null,0]
[null,null,"ELETRICISTA COM ENCARGOS COMPLEMENTARES","H",0.25,27.474,{"$f":"IF(ISNUMBER(F7437),E7437*F7437,\"\")","v":6.8685},null,null,0]
[null,null,null,null,null,"",{"$f":"IF(ISNUMBER(F7438),E7438*F7438,\"\")","v":""},null,null,0]
["SF-03259",{"$f":"INDEX(Orçamentária!A:B,MATCH(Composições!A7439,Orçamentária!A:A,0),2)","v":"Braço para iluminação"},null,"un",null,"",{"$f":"IF(ISNUMBER(F7439),E7439*F7439,\"\")","v":""},null,null,0]
[null,null,null,null,null,"",{"$f":"IF(ISNUMBER(F7440),E7440*F7440,\"\")","v":""},null,null,0]
[null,null,"BRACO P/ LUMINARIA PUBLICA 1 X 1,50M ROMAGNOLE OU EQUIV","UN",1,20.225499999999997,{"$f":"IF(ISNUMBER(F7441),E7441*F7441,\"\")","v":20.225499999999997},{"$f":"SUM(G7441:G7444)","v":114.9128018},null,0]
[null,null,"GUINDAUTO HIDRÁULICO, CAPACIDADE MÁXIMA DE CARGA 6200 KG, MOMENTO MÁXIMO DE CARGA 11,7 TM, ALCANCE MÁXIMO HORIZONTAL 9,70 M, INCLUSIVE CAMINHÃO TOCO PBT 16.000 KG, POTÊNCIA DE 189 CV - CHP DIURNO. AF_06/2014","CHP",0.23880000000000001,258.95099999999996,{"$f":"IF(ISNUMBER(F7442),E7442*F7442,\"\")","v":61.837498799999992},null,null,0]
[null,null,"AUXILIAR DE ELETRICISTA COM ENCARGOS COMPLEMENTARES","H",0.67300000000000004,21.337,{"$f":"IF(ISNUMBER(F7443),E7443*F7443,\"\")","v":14.359801000000001},null,null,0]
[null,null,"ELETRICISTA COM ENCARGOS COMPLEMENTARES","H",0.67300000000000004,27.474,{"$f":"IF(ISNUMBER(F7444),E7444*F7444,\"\")","v":18.490002},null,null,0]
[null,null,null,null,null,"",{"$f":"IF(ISNUMBER(F7445),E7445*F7445,\"\")","v":""},null,null,0]
["SF-03260",{"$f":"INDEX(Orçamentária!A:B,MATCH(Composições!A7446,Orçamentária!A:A,0),2)","v":"Quadro elétrico TTA (18 disjuntores terminais)"},null,"un",null,"",{"$f":"IF(ISNUMBER(F7446),E7446*F7446,\"\")","v":""},null,null,0]
[null,null,null,null,null,"",{"$f":"IF(ISNUMBER(F7447),E7447*F7447,\"\")","v":""},null,null,0]
[null,null,"Quadro elétrico tipo TTA completo, para uso externo, com 18 disjuntores terminais, contemplando disjuntores, DPS, DR, etc., conforme especificação","un",1,"",{"$f":"IF(ISNUMBER(F7448),E7448*F7448,\"\")","v":""},{"$f":"SUM(G7448:G7451)","v":46.969546166252798},null,0]
[null,null,"ARGAMASSA TRAÇO 1:1:6 (EM VOLUME DE CIMENTO, CAL E AREIA MÉDIA ÚMIDA) PARA EMBOÇO/MASSA ÚNICA/ASSENTAMENTO DE ALVENARIA DE VEDAÇÃO, PREPARO MANUAL. AF_08/2019","M3",1.9199999999999998E-2,835.31330553399994,{"$f":"IF(ISNUMBER(F7449),E7449*F7449,\"\")","v":16.038015466252798},null,null,0]
[null,null,"Auxiliar de eletricista com encargos complementares","h",0.63370000000000004,21.337,{"$f":"IF(ISNUMBER(F7450),E7450*F7450,\"\")","v":13.521256900000001},null,null,0]
[null,null,"Eletricista com encargos complementares","h",0.63370000000000004,27.474,{"$f":"IF(ISNUMBER(F7451),E7451*F7451,\"\")","v":17.410273800000002},null,null,0]
[null,null,null,null,null,"",{"$f":"IF(ISNUMBER(F7452),E7452*F7452,\"\")","v":""},null,null,0]
["SF-03261",{"$f":"INDEX(Orçamentária!A:B,MATCH(Composições!A7453,Orçamentária!A:A,0),2)","v":"Condulete de alumínio de 3/4’’"},null,"un",null,"",{"$f":"IF(ISNUMBER(F7453),E7453*F7453,\"\")","v":""},null,null,11]
[null,null,null,null,null,"",{"$f":"IF(ISNUMBER(F7454),E7454*F7454,\"\")","v":""},null,null,11]
[null,null,"CONDULETE DE ALUMINIO TIPO X, PARA ELETRODUTO ROSCAVEL DE 3/4\", COM TAMPA CEGA","un",1,13.337999999999999,{"$f":"IF(ISNUMBER(F7455),E7455*F7455,\"\")","v":13.337999999999999},{"$f":"SUM(G7455:G7458)","v":33.642448799999997},null,11]
[null,null,"BUCHA DE NYLON SEM ABA S6, COM PARAFUSO DE 4,20 X 40 MM EM ACO ZINCADO COM ROSCA SOBERBA, CABECA CHATA E FENDA PHILLIPS","un",2,0.3705,{"$f":"IF(ISNUMBER(F7456),E7456*F7456,\"\")","v":0.74099999999999999},null,null,11]
[null,null,"AUXILIAR DE ELETRICISTA COM ENCARGOS COMPLEMENTARES","H",0.40079999999999999,21.337,{"$f":"IF(ISNUMBER(F7457),E7457*F7457,\"\")","v":8.5518695999999998},null,null,11]
[null,null,"ELETRICISTA COM ENCARGOS COMPLEMENTARES","H",0.40079999999999999,27.474,{"$f":"IF(ISNUMBER(F7458),E7458*F7458,\"\")","v":11.0115792},null,null,11]
[null,null,null,null,null,"",{"$f":"IF(ISNUMBER(F7459),E7459*F7459,\"\")","v":""},null,null,11]
["SF-03262",{"$f":"INDEX(Orçamentária!A:B,MATCH(Composições!A7460,Orçamentária!A:A,0),2)","v":"Condulete de alumínio de 2’’"},null,"un",null,"",{"$f":"IF(ISNUMBER(F7460),E7460*F7460,\"\")","v":""},null,null,0]
[null,null,null,null,null,"",{"$f":"IF(ISNUMBER(F7461),E7461*F7461,\"\")","v":""},null,null,0]
[null,null,"CONDULETE DE ALUMINIO TIPO T, PARA ELETRODUTO ROSCAVEL DE 2\", COM TAMPA CEGA","un",1,43.576499999999996,{"$f":"IF(ISNUMBER(F7462),E7462*F7462,\"\")","v":43.576499999999996},{"$f":"SUM(G7462:G7465)","v":69.313613099999998},null,0]
[null,null,"BUCHA DE NYLON SEM ABA S6, COM PARAFUSO DE 4,20 X 40 MM EM ACO ZINCADO COM ROSCA SOBERBA, CABECA CHATA E FENDA PHILLIPS","un",2,0.3705,{"$f":"IF(ISNUMBER(F7463),E7463*F7463,\"\")","v":0.74099999999999999},null,null,0]
[null,null,"AUXILIAR DE ELETRICISTA COM ENCARGOS COMPLEMENTARES","H",0.5121,21.337,{"$f":"IF(ISNUMBER(F7464),E7464*F7464,\"\")","v":10.926677699999999},null,null,0]
[null,null,"ELETRICISTA COM ENCARGOS COMPLEMENTARES","H",0.5121,27.474,{"$f":"IF(ISNUMBER(F7465),E7465*F7465,\"\")","v":14.0694354},null,null,0]
[null,null,null,null,null,"",{"$f":"IF(ISNUMBER(F7466),E7466*F7466,\"\")","v":""},null,null,0]
["SF-03264",{"$f":"INDEX(Orçamentária!A:B,MATCH(Composições!A7467,Orçamentária!A:A,0),2)","v":"Cerâmica para revestimento de PAREDES de superfícies internas"},null,"m2",null,"",{"$f":"IF(ISNUMBER(F7467),E7467*F7467,\"\")","v":""},null,null,0]
[null,null,null,null,null,"",{"$f":"IF(ISNUMBER(F7468),E7468*F7468,\"\")","v":""},null,null,0]
[null,null,"Cerâmica esmaltada (G-Glazed), brilho ou acetinado, retificada ou não retificada, fabricante Eliane, modelo Branco Piscina, 20x20, fabricante Portobello, modelo Idea Bianco ou Antartida, 30x60, fabricante Biancogres, modelo Tradizione, 32x60, ou similares","m2",1.08,"",{"$f":"IF(ISNUMBER(F7469),E7469*F7469,\"\")","v":""},{"$f":"SUM(G7469:G7473)","v":32.335909999999998},null,0]
[null,null,"Argamassa colante AC II","kg",6.14,1.0545,{"$f":"IF(ISNUMBER(F7470),E7470*F7470,\"\")","v":6.4746299999999994},null,null,0]
[null,null,"Rejunte cimenticio, qualquer cor","kg",0.22,3.3439999999999999,{"$f":"IF(ISNUMBER(F7471),E7471*F7471,\"\")","v":0.73568},null,null,0]
[null,null,"Azulejista ou ladrilhista com encargos complementares","h",0.66,27.036999999999999,{"$f":"IF(ISNUMBER(F7472),E7472*F7472,\"\")","v":17.84442},null,null,0]
[null,null,"Servente com Encargos Complementares","h",0.36,20.225499999999997,{"$f":"IF(ISNUMBER(F7473),E7473*F7473,\"\")","v":7.2811799999999982},null,null,0]
[null,null,null,null,null,"",{"$f":"IF(ISNUMBER(F7474),E7474*F7474,\"\")","v":""},null,null,0]
["SF-03265",{"$f":"INDEX(Orçamentária!A:B,MATCH(Composições!A7475,Orçamentária!A:A,0),2)","v":"Cerâmica para revestimento de pisos de superfícies internas"},null,"m2",null,"",{"$f":"IF(ISNUMBER(F7475),E7475*F7475,\"\")","v":""},null,null,0]
[null,null,null,null,null,"",{"$f":"IF(ISNUMBER(F7476),E7476*F7476,\"\")","v":""},null,null,0]
[null,null,"Cerâmica esmaltada (G-Glazed), acetinado, retificada ou não retificada, fabricante Eliane, modelo Cargo Plus White AC 45x45cm, ou similares","m2",1.08,"",{"$f":"IF(ISNUMBER(F7477),E7477*F7477,\"\")","v":""},{"$f":"SUM(G7477:G7481)","v":32.335909999999998},null,0]
[null,null,"Argamassa colante AC II","kg",6.14,1.0545,{"$f":"IF(ISNUMBER(F7478),E7478*F7478,\"\")","v":6.4746299999999994},null,null,0]
[null,null,"Rejunte cimenticio, qualquer cor","kg",0.22,3.3439999999999999,{"$f":"IF(ISNUMBER(F7479),E7479*F7479,\"\")","v":0.73568},null,null,0]
[null,null,"Azulejista ou ladrilhista com encargos complementares","h",0.66,27.036999999999999,{"$f":"IF(ISNUMBER(F7480),E7480*F7480,\"\")","v":17.84442},null,null,0]
[null,null,"Servente com Encargos Complementares","h",0.36,20.225499999999997,{"$f":"IF(ISNUMBER(F7481),E7481*F7481,\"\")","v":7.2811799999999982},null,null,0]
[null,null,null,null,null,"",{"$f":"IF(ISNUMBER(F7482),E7482*F7482,\"\")","v":""},null,null,0]
["SF-03266",{"$f":"INDEX(Orçamentária!A:B,MATCH(Composições!A7483,Orçamentária!A:A,0),2)","v":"Cerâmica de linha industrial para revestimento de PISOS E PAREDES de superfícies internas e externas"},null,"m2",null,"",{"$f":"IF(ISNUMBER(F7483),E7483*F7483,\"\")","v":""},null,null,0]
[null,null,null,null,null,"",{"$f":"IF(ISNUMBER(F7484),E7484*F7484,\"\")","v":""},null,null,0]
[null,null,"Cerâmica Gail Industrial linha Gressit 300x300x9mm, 240x116x9mm ou 300x147x9mm cor 1001 – Bege ou similares","m2",1.08,"",{"$f":"IF(ISNUMBER(F7485),E7485*F7485,\"\")","v":""},{"$f":"SUM(G7485:G7489)","v":32.335909999999998},null,0]
[null,null,"Argamassa colante AC II","kg",6.14,1.0545,{"$f":"IF(ISNUMBER(F7486),E7486*F7486,\"\")","v":6.4746299999999994},null,null,0]
[null,null,"Rejunte cimenticio, qualquer cor","kg",0.22,3.3439999999999999,{"$f":"IF(ISNUMBER(F7487),E7487*F7487,\"\")","v":0.73568},null,null,0]
[null,null,"Azulejista ou ladrilhista com encargos complementares","h",0.66,27.036999999999999,{"$f":"IF(ISNUMBER(F7488),E7488*F7488,\"\")","v":17.84442},null,null,0]
[null,null,"Servente com Encargos Complementares","h",0.36,20.225499999999997,{"$f":"IF(ISNUMBER(F7489),E7489*F7489,\"\")","v":7.2811799999999982},null,null,0]
[null,null,null,null,null,"",{"$f":"IF(ISNUMBER(F7490),E7490*F7490,\"\")","v":""},null,null,0]
["SF-03275",{"$f":"INDEX(Orçamentária!A:B,MATCH(Composições!A7491,Orçamentária!A:A,0),2)","v":"Projeto Executivo para a Climatização da Sala de Leitura e Hall de Entrada da COBIB"},null,"un",null,"",{"$f":"IF(ISNUMBER(F7491),E7491*F7491,\"\")","v":""},null,null,1]
[null,null,null,null,null,"",{"$f":"IF(ISNUMBER(F7492),E7492*F7492,\"\")","v":""},null,null,1]
[null,null,"ENGENHEIRO ELETRICISTA COM ENCARGOS COMPLEMENTARES","H",40,124.203,{"$f":"IF(ISNUMBER(F7493),E7493*F7493,\"\")","v":4968.12},{"$f":"SUM(G7493:G7495)","v":5540.96},null,1]
[null,null,"DESENHISTA PROJETISTA COM ENCARGOS COMPLEMENTARES","H",20,15.9125,{"$f":"IF(ISNUMBER(F7494),E7494*F7494,\"\")","v":318.25},null,null,1]
[null,null,"Anotação de Responsabilidade Técnica","un",1,254.59,{"$f":"IF(ISNUMBER(F7495),E7495*F7495,\"\")","v":254.59},null,null,1]
[null,null,null,null,null,"",{"$f":"IF(ISNUMBER(F7496),E7496*F7496,\"\")","v":""},null,null,1]
["SF-03276",{"$f":"INDEX(Orçamentária!A:B,MATCH(Composições!A7497,Orçamentária!A:A,0),2)","v":"Grelha de Captação de Ar Externo com Damper e Filtro"},null,"un",null,"",{"$f":"IF(ISNUMBER(F7497),E7497*F7497,\"\")","v":""},null,null,1]
[null,null,null,null,null,"",{"$f":"IF(ISNUMBER(F7498),E7498*F7498,\"\")","v":""},null,null,1]
[null,null,"Ajudante de operação em geral com encargos complementares","h",3.5,23.160999999999998,{"$f":"IF(ISNUMBER(F7499),E7499*F7499,\"\")","v":81.063499999999991},{"$f":"SUM(G7499:G7504)","v":6379.9407499999998},null,1]
[null,null,"MONTADOR ELETROMECÃNICO COM ENCARGOS COMPLEMENTARES","h",3.5,28.813499999999998,{"$f":"IF(ISNUMBER(F7500),E7500*F7500,\"\")","v":100.84724999999999},null,null,1]
[null,null,"Grelha em alumínio para captação de ar externo, veneziana, 785 x 660 mm","un ",1,980.61,{"$f":"IF(ISNUMBER(F7501),E7501*F7501,\"\")","v":980.61},null,null,1]
[null,null,"Elemento filtrante classe G4, compatível com grelha de 785 x 660 mm","un ",1,637.73,{"$f":"IF(ISNUMBER(F7502),E7502*F7502,\"\")","v":637.73},null,null,1]
[null,null,"Damper em aço galvanizado compatível com grelha de 785 x 660 mm","un ",1,3043.64,{"$f":"IF(ISNUMBER(F7503),E7503*F7503,\"\")","v":3043.64},null,null,1]
[null,null,"Atuador para damper, torque compatível","un ",1,1536.05,{"$f":"IF(ISNUMBER(F7504),E7504*F7504,\"\")","v":1536.05},null,null,1]
[null,null,null,null,null,"",{"$f":"IF(ISNUMBER(F7505),E7505*F7505,\"\")","v":""},null,null,1]
["SF-03277",{"$f":"INDEX(Orçamentária!A:B,MATCH(Composições!A7506,Orçamentária!A:A,0),2)","v":"Grelha de retorno com aletas horizontais 1225x525 mm"},null,"un",null,"",{"$f":"IF(ISNUMBER(F7506),E7506*F7506,\"\")","v":""},null,null,1]
[null,null,null,null,null,"",{"$f":"IF(ISNUMBER(F7507),E7507*F7507,\"\")","v":""},null,null,1]
[null,null,"Ajudante de operação em geral com encargos complementares","h",3.5,23.160999999999998,{"$f":"IF(ISNUMBER(F7508),E7508*F7508,\"\")","v":81.063499999999991},{"$f":"SUM(G7508:G7510)","v":1332.5107499999999},null,1]
[null,null,"MONTADOR ELETROMECÃNICO COM ENCARGOS COMPLEMENTARES","h",3.5,28.813499999999998,{"$f":"IF(ISNUMBER(F7509),E7509*F7509,\"\")","v":100.84724999999999},null,null,1]
[null,null,"Grelha para retorno de ar com lâminas fixas e sem registro, 1225x525 mm","un ",1,1150.5999999999999,{"$f":"IF(ISNUMBER(F7510),E7510*F7510,\"\")","v":1150.5999999999999},null,null,1]
[null,null,null,null,null,"",{"$f":"IF(ISNUMBER(F7511),E7511*F7511,\"\")","v":""},null,null,1]
["SF-03278",{"$f":"INDEX(Orçamentária!A:B,MATCH(Composições!A7512,Orçamentária!A:A,0),2)","v":"Grelha retangular 325x125 mm"},null,"un",null,"",{"$f":"IF(ISNUMBER(F7512),E7512*F7512,\"\")","v":""},null,null,19]
[null,null,null,null,null,"",{"$f":"IF(ISNUMBER(F7513),E7513*F7513,\"\")","v":""},null,null,19]
[null,null,"Ajudante de operação em geral com encargos complementares","h",3.5,23.160999999999998,{"$f":"IF(ISNUMBER(F7514),E7514*F7514,\"\")","v":81.063499999999991},{"$f":"SUM(G7514:G7516)","v":212.89024999999998},null,19]
[null,null,"MONTADOR ELETROMECÃNICO COM ENCARGOS COMPLEMENTARES","h",3.5,28.813499999999998,{"$f":"IF(ISNUMBER(F7515),E7515*F7515,\"\")","v":100.84724999999999},null,null,19]
[null,null,"Grelha para retorno de ar com lâminas fixas e registro, 30 x 15 cm","un ",1,30.979499999999998,{"$f":"IF(ISNUMBER(F7516),E7516*F7516,\"\")","v":30.979499999999998},null,null,19]
[null,null,null,null,null,"",{"$f":"IF(ISNUMBER(F7517),E7517*F7517,\"\")","v":""},null,null,19]
["SF-03279",{"$f":"INDEX(Orçamentária!A:B,MATCH(Composições!A7518,Orçamentária!A:A,0),2)","v":"Ar-condicionado Fan-Coil 5,0 TR com Acessórios"},null,"un",null,"",{"$f":"IF(ISNUMBER(F7518),E7518*F7518,\"\")","v":""},null,null,1]
[null,null,null,null,null,"",{"$f":"IF(ISNUMBER(F7519),E7519*F7519,\"\")","v":""},null,null,1]
[null,null,"TERMINAL A COMPRESSAO EM COBRE ESTANHADO PARA CABO 2,5 MM2, 1 FURO E 1 COMPRESSAO, PARA PARAFUSO DE FIXACAO M5","UN",10,1.0545,{"$f":"IF(ISNUMBER(F7520),E7520*F7520,\"\")","v":10.545},{"$f":"SUM(G7520:G7530)","v":19251.359229199999},null,1]
[null,null,"AJUDANTE ESPECIALIZADO COM ENCARGOS COMPLEMENTARES","H",5.3597999999999999,21.318000000000001,{"$f":"IF(ISNUMBER(F7521),E7521*F7521,\"\")","v":114.2602164},null,null,1]
[null,null,"GUINDASTE HIDRÁULICO AUTOPROPELIDO, COM LANÇA TELESCÓPICA 40 M, CAPACIDADE MÁXIMA 60 T, POTÊNCIA 260 KW - CHP DIURNO. AF_03/2016","CHP",0.4118,298.89849999999996,{"$f":"IF(ISNUMBER(F7522),E7522*F7522,\"\")","v":123.08640229999997},null,null,1]
[null,null,"GUINDASTE HIDRÁULICO AUTOPROPELIDO, COM LANÇA TELESCÓPICA 40 M, CAPACIDADE MÁXIMA 60 T, POTÊNCIA 260 KW - CHI DIURNO. AF_03/2016","CHI",3.0331999999999999,142.83249999999998,{"$f":"IF(ISNUMBER(F7523),E7523*F7523,\"\")","v":433.23953899999992},null,null,1]
[null,null,"MECÂNICO DE REFRIGERAÇÃO COM ENCARGOS COMPLEMENTARES","H",5.3597999999999999,28.642499999999998,{"$f":"IF(ISNUMBER(F7524),E7524*F7524,\"\")","v":153.51807149999999},null,null,1]
[null,null,"Fan-coil 5,0 TR, vazão de ar 3730 m3/h, 250 Pa disponível","un",1,12561,{"$f":"IF(ISNUMBER(F7525),E7525*F7525,\"\")","v":12561},null,null,1]
[null,null,"Válvula de balanceamento e controle independente de pressão (PIBCV) 2 vias, para controle proporcional, de diâmetro nominal de 1 1/2\". Ref.: IMI Hydronic Engineering TA-MODULATOR, Honeywell VRN2E","un",1,4254.03,{"$f":"IF(ISNUMBER(F7526),E7526*F7526,\"\")","v":4254.03},null,null,1]
[null,null,"Atuador para controle proporcional para válvulas de diâmetro nominal de 1 1/2\" a 2\". Referência Comercial: IMI Hydronic Engineering TA-SLIDER 500, Honeywell MN7505A2001","un",1,927.02,{"$f":"IF(ISNUMBER(F7527),E7527*F7527,\"\")","v":927.02},null,null,1]
[null,null,"Válvula de esfera em bronze ou em latão niquelado, PN20 a 5°C, de diâmetro nominal de 1 1/2\", conexão com rosca, acompanhadas dos elementos de fixação e vedação e dos conectores. Ref.: Mipel Linha 9101","un",2,135.61000000000001,{"$f":"IF(ISNUMBER(F7528),E7528*F7528,\"\")","v":271.22000000000003},null,null,1]
[null,null," Filtro em Y fabricado em bronze, extremidade com roscas, filtro em aço inoxidável, classe de pressão PN25 ou superior, de diâmetro nominal de 1 1/2\". Ref.: Deca Linha F085","un",1,225.64,{"$f":"IF(ISNUMBER(F7529),E7529*F7529,\"\")","v":225.64},null,null,1]
[null,null,"Pressostato diferencial para ar, ajuste de diferencial de pressão 100–500 Pa, contato SPDT 250V/1,5A, para montagem vertical em Ar-Condicionado Fan-Coil 5,0 TR. Ref.: Honeywell DPS500","un",1,177.8,{"$f":"IF(ISNUMBER(F7530),E7530*F7530,\"\")","v":177.8},null,null,1]
[null,null,null,null,null,"",{"$f":"IF(ISNUMBER(F7531),E7531*F7531,\"\")","v":""},null,null,1]
["SF-03280",{"$f":"INDEX(Orçamentária!A:B,MATCH(Composições!A7532,Orçamentária!A:A,0),2)","v":"Ar-condicionado Fan-Coil 3,5 TR com Acessórios"},null,"un",null,"",{"$f":"IF(ISNUMBER(F7532),E7532*F7532,\"\")","v":""},null,null,1]
[null,null,null,null,null,"",{"$f":"IF(ISNUMBER(F7533),E7533*F7533,\"\")","v":""},null,null,1]
[null,null,"TERMINAL A COMPRESSAO EM COBRE ESTANHADO PARA CABO 2,5 MM2, 1 FURO E 1 COMPRESSAO, PARA PARAFUSO DE FIXACAO M5","UN",10,1.0545,{"$f":"IF(ISNUMBER(F7534),E7534*F7534,\"\")","v":10.545},{"$f":"SUM(G7534:G7544)","v":16383.179229199999},null,1]
[null,null,"AJUDANTE ESPECIALIZADO COM ENCARGOS COMPLEMENTARES","H",5.3597999999999999,21.318000000000001,{"$f":"IF(ISNUMBER(F7535),E7535*F7535,\"\")","v":114.2602164},null,null,1]
[null,null,"GUINDASTE HIDRÁULICO AUTOPROPELIDO, COM LANÇA TELESCÓPICA 40 M, CAPACIDADE MÁXIMA 60 T, POTÊNCIA 260 KW - CHP DIURNO. AF_03/2016","CHP",0.4118,298.89849999999996,{"$f":"IF(ISNUMBER(F7536),E7536*F7536,\"\")","v":123.08640229999997},null,null,1]
[null,null,"GUINDASTE HIDRÁULICO AUTOPROPELIDO, COM LANÇA TELESCÓPICA 40 M, CAPACIDADE MÁXIMA 60 T, POTÊNCIA 260 KW - CHI DIURNO. AF_03/2016","CHI",3.0331999999999999,142.83249999999998,{"$f":"IF(ISNUMBER(F7537),E7537*F7537,\"\")","v":433.23953899999992},null,null,1]
[null,null,"MECÂNICO DE REFRIGERAÇÃO COM ENCARGOS COMPLEMENTARES","H",5.3597999999999999,28.642499999999998,{"$f":"IF(ISNUMBER(F7538),E7538*F7538,\"\")","v":153.51807149999999},null,null,1]
[null,null,"Fan-coil 3,5 TR, vazão de ar 2560 m3/h, 250 Pa disponível","un",1,12162,{"$f":"IF(ISNUMBER(F7539),E7539*F7539,\"\")","v":12162},null,null,1]
[null,null,"Válvula de balanceamento e controle independente de pressão (PIBCV) 2 vias, para controle proporcional, de diâmetro nominal de 1 1/4\". Ref.: IMI Hydronic Engineering TA-MODULATOR, Honeywell VRN2D","un",1,1918.57,{"$f":"IF(ISNUMBER(F7540),E7540*F7540,\"\")","v":1918.57},null,null,1]
[null,null,"Atuador para controle proporcional para válvulas de diâmetro nominal de 1/2\" a 1 1/4\". Referência Comercial: IMI Hydronic Engineering TA-SLIDER 160, Honeywell MVN713A0000","un",1,797.99,{"$f":"IF(ISNUMBER(F7541),E7541*F7541,\"\")","v":797.99},null,null,1]
[null,null,"Válvula de esfera em bronze ou em latão niquelado, PN20 a 5°C, de diâmetro nominal de 1 1/4\", conexão com rosca, acompanhadas dos elementos de fixação e vedação e dos conectores. Ref.: Mipel Linha 9101 ","un",2,142.88999999999999,{"$f":"IF(ISNUMBER(F7542),E7542*F7542,\"\")","v":285.77999999999997},null,null,1]
[null,null,"Filtro em Y fabricado em bronze, extremidade com roscas, filtro em aço inoxidável, classe de pressão PN25 ou superior,  de diâmetro nominal de  1 1/4\". Ref.: Deca Linha F085 ","un",1,206.39,{"$f":"IF(ISNUMBER(F7543),E7543*F7543,\"\")","v":206.39},null,null,1]
[null,null,"Pressostato diferencial para ar, ajuste de diferencial de pressão 100–500 Pa, contato SPDT 250V/1,5A, para montagem vertical em Ar-condicionado Fan-Coil 3,5 TR. Ref.: Honeywell DPS500","un",1,177.8,{"$f":"IF(ISNUMBER(F7544),E7544*F7544,\"\")","v":177.8},null,null,1]
[null,null,null,null,null,"",{"$f":"IF(ISNUMBER(F7545),E7545*F7545,\"\")","v":""},null,null,1]
["SF-03281",{"$f":"INDEX(Orçamentária!A:B,MATCH(Composições!A7546,Orçamentária!A:A,0),2)","v":"Quadro para acionamento, proteção e controle de sistema de climatização por fan coil – capacidade até 5 TR"},null,"un",null,"",{"$f":"IF(ISNUMBER(F7546),E7546*F7546,\"\")","v":""},null,null,2]
[null,null,null,null,null,"",{"$f":"IF(ISNUMBER(F7547),E7547*F7547,\"\")","v":""},null,null,2]
[null,null,"Quadro para acionamento, proteção e controle de sistema de climatização por fan coil – capacidade até 5 TR","un",1,13822.04,{"$f":"IF(ISNUMBER(F7548),E7548*F7548,\"\")","v":13822.04},{"$f":"SUM(G7548:G7551)","v":13869.009546166253},null,2]
[null,null,"ARGAMASSA TRAÇO 1:1:6 (EM VOLUME DE CIMENTO, CAL E AREIA MÉDIA ÚMIDA) PARA EMBOÇO/MASSA ÚNICA/ASSENTAMENTO DE ALVENARIA DE VEDAÇÃO, PREPARO MANUAL. AF_08/2019","M3",1.9199999999999998E-2,835.31330553399994,{"$f":"IF(ISNUMBER(F7549),E7549*F7549,\"\")","v":16.038015466252798},null,null,2]
[null,null,"Auxiliar de eletricista com encargos complementares","h",0.63370000000000004,21.337,{"$f":"IF(ISNUMBER(F7550),E7550*F7550,\"\")","v":13.521256900000001},null,null,2]
[null,null,"Eletricista com encargos complementares","h",0.63370000000000004,27.474,{"$f":"IF(ISNUMBER(F7551),E7551*F7551,\"\")","v":17.410273800000002},null,null,2]
[null,null,null,null,null,"",{"$f":"IF(ISNUMBER(F7552),E7552*F7552,\"\")","v":""},null,null,2]

{"sheet":"Comp.Aux1","index":1,"n_rows":643,"n_cols":9,"rows_kept":643,"cut":false,"hidden":false,"merged":[[629,0,642,0],[599,0,606,0],[607,0,612,0],[613,0,617,0],[618,0,622,0],[623,0,628,0],[519,0,524,0],[525,0,530,0],[531,0,536,0],[576,0,580,0],[581,0,593,0],[537,0,542,0],[543,0,549,0],[550,0,562,0],[563,0,568,0],[569,0,575,0],[426,0,437,0],[438,0,456,0],[457,0,470,0],[502,0,512,0],[513,0,518,0],[47,0,59,0],[5,0,14,0],[15,0,19,0],[20,0,25,0],[26,0,36,0],[37,0,46,0],[273,0,283,0],[284,0,291,0],[292,0,297,0],[212,0,225,0],[265,0,272,0],[60,0,67,0],[68,0,77,0],[78,0,84,0],[85,0,94,0],[95,0,104,0],[105,0,110,0],[111,0,116,0],[117,0,122,0],[123,0,128,0],[179,0,184,0],[167,0,172,0],[173,0,178,0],[129,0,134,0],[135,0,140,0],[185,0,189,0],[190,0,193,0],[194,0,201,0],[141,0,154,0],[155,0,166,0],[202,0,206,0],[207,0,211,0],[226,0,239,0],[240,0,254,0],[255,0,264,0],[594,0,598,0],[298,0,311,0],[312,0,325,0],[326,0,337,0],[338,0,344,0],[345,0,351,0],[415,0,425,0],[403,0,414,0],[391,0,402,0],[352,0,359,0],[360,0,365,0],[366,0,371,0],[372,0,380,0],[381,0,390,0],[471,0,489,0],[490,0,501,0]]}
["Implementação de sistema de climatização para a sala de leitura da Biblioteca do Senado Federal"]
["COMPOSIÇÕES DE CUSTO UNITÁRIO AUXILIARES DE 1º NÍVEL"]
["Data: março de 2023"]
[]
["DESCRIÇÃO","DISCRIMINAÇÃO DA COMPOSIÇÃO","UNIDADE","COEFICIENTE","CUSTO UNITÁRIO","CUSTO TOTAL","TOTAL",null,"QTD"]
["ARGAMASSA TRAÇO 1:3 (EM VOLUME DE CIMENTO E AREIA MÉDIA ÚMIDA), PREPARO MANUAL. AF_08/2019","","M3",null,"",{"$f":"IF(ISNUMBER(E6),E6*$D6,\"\")","v":""},null,null,2.7000000000000001E-3]
[null,"",null,null,"",{"$f":"IF(ISNUMBER(E7),E7*$D7,\"\")","v":""},null,null,2.7000000000000001E-3]
[null,"AREIA MEDIA - POSTO JAZIDA/FORNECEDOR (RETIRADO NA JAZIDA, SEM TRANSPORTE)","M3",1.07,202.2835,{"$f":"IF(ISNUMBER(E8),E8*$D8,\"\")","v":216.44334500000002},{"$f":"SUM(F8:F12)","v":758.17731213050001},null,2.7000000000000001E-3]
[null,"CIMENTO PORTLAND COMPOSTO CP II-32","KG",482.96,0.627,{"$f":"IF(ISNUMBER(E9),E9*$D9,\"\")","v":302.81592000000001},null,null,2.7000000000000001E-3]
[null,"Servente com encargos complementares","H",8.57,20.225499999999997,{"$f":"IF(ISNUMBER(E10),E10*$D10,\"\")","v":173.33253499999998},null,null,2.7000000000000001E-3]
[null,"CARGA, MANOBRA E DESCARGA DE SOLOS E MATERIAIS GRANULARES EM CAMINHÃO BASCULANTE 6 M³ - CARGA COM PÁ CARREGADEIRA (CAÇAMBA DE 1,7 A 2,8 M³ / 128 HP) E DESCARGA LIVRE (UNIDADE: M3). AF_07/2020","M3",{"$f":"ROUND(1*D8,4)","v":1.07},7.9843291499999998,{"$f":"IF(ISNUMBER(E11),E11*$D11,\"\")","v":8.5432321904999995},null,null,2.7000000000000001E-3]
[null,"TRANSPORTE COM CAMINHÃO BASCULANTE DE 6 M³, EM VIA URBANA PAVIMENTADA, DMT ATÉ 30 KM (UNIDADE: M3XKM). AF_07/2020","M3xKM",{"$f":"ROUND(D8*20,4)","v":21.4},2.6655270999999994,{"$f":"IF(ISNUMBER(E12),E12*$D12,\"\")","v":57.042279939999986},null,null,2.7000000000000001E-3]
[null,null,null,null,"",{"$f":"IF(ISNUMBER(E13),E13*$D13,\"\")","v":""},null,null,2.7000000000000001E-3]
[null,"Obs.: Considerando fornecedor de areia a 20 km do Senado Federal.",null,null,"",{"$f":"IF(ISNUMBER(E14),E14*$D14,\"\")","v":""},null,null,2.7000000000000001E-3]
[null,"",null,null,"",{"$f":"IF(ISNUMBER(E15),E15*$D15,\"\")","v":""},null,null,2.7000000000000001E-3]
["FIXAÇÃO UTILIZANDO PARAFUSO E BUCHA DE NYLON, SOMENTE MÃO DE OBRA. AF_10/2016","","UN",null,"",{"$f":"IF(ISNUMBER(E16),E16*$D16,\"\")","v":""},null,null,0]
[null,"",null,null,"",{"$f":"IF(ISNUMBER(E17),E17*$D17,\"\")","v":""},null,null,0]
[null,"Auxiliar de encanador ou bombeiro hidráulico com encargos complementares","H",2.2700000000000001E-2,20.909500000000001,{"$f":"IF(ISNUMBER(E18),E18*$D18,\"\")","v":0.47464565000000009},{"$f":"SUM(F18:F19)","v":4.7634064},null,0]
[null,"Encanador ou bombeiro hidráulico com encargos complementares","H",0.16209999999999999,26.4575,{"$f":"IF(ISNUMBER(E19),E19*$D19,\"\")","v":4.2887607499999998},null,null,0]
[null,"",null,null,"",{"$f":"IF(ISNUMBER(E20),E20*$D20,\"\")","v":""},null,null,0]
["FIXAÇÃO DE TUBOS HORIZONTAIS DE PVC, CPVC OU COBRE DIÂMETROS MENORES OU IGUAIS A 40 MM OU ELETROCALHAS ATÉ 150MM DE LARGURA, COM ABRAÇADEIRA METÁLICA RÍGIDA TIPO D 1/2\u0094, FIXADA EM PERFILADO EM LAJE. AF_05/2015","","M",null,"",{"$f":"IF(ISNUMBER(E21),E21*$D21,\"\")","v":""},null,null,15]
[null,"",null,null,"",{"$f":"IF(ISNUMBER(E22),E22*$D22,\"\")","v":""},null,null,15]
[null,"ABRACADEIRA EM ACO PARA AMARRACAO DE ELETRODUTOS, TIPO D, COM 1/2\" E PARAFUSO DE FIXACAO","UN",0.65,1.4629999999999999,{"$f":"IF(ISNUMBER(E23),E23*$D23,\"\")","v":0.95094999999999996},{"$f":"SUM(F23:F25)","v":2.9856125000000002},null,15]
[null,"Auxiliar de encanador ou bombeiro hidráulico com encargos complementares","H",0.01,20.909500000000001,{"$f":"IF(ISNUMBER(E24),E24*$D24,\"\")","v":0.20909500000000003},null,null,15]
[null,"Encanador ou bombeiro hidráulico com encargos complementares","H",6.9000000000000006E-2,26.4575,{"$f":"IF(ISNUMBER(E25),E25*$D25,\"\")","v":1.8255675000000002},null,null,15]
[null,"",null,null,"",{"$f":"IF(ISNUMBER(E26),E26*$D26,\"\")","v":""},null,null,15]
["FABRICAÇÃO DE FÔRMA PARA VIGAS, EM CHAPA DE MADEIRA COMPENSADA RESINADA, E = 17 MM. AF_09/2020","","M2",null,"",{"$f":"IF(ISNUMBER(E27),E27*$D27,\"\")","v":""},null,null,0]
[null,"",null,null,"",{"$f":"IF(ISNUMBER(E28),E28*$D28,\"\")","v":""},null,null,0]
[null,"CHAPA/PAINEL DE MADEIRA COMPENSADA RESINADA (MADEIRITE RESINADO ROSA) PARA FORMA DE CONCRETO, DE 2200 x 1100 MM, E = 17 MM","M2",1.1459999999999999,59.033000000000001,{"$f":"IF(ISNUMBER(E29),E29*$D29,\"\")","v":67.651817999999992},{"$f":"SUM(F29:F36)","v":128.03068299999998},null,0]
[null,"PONTALETE *7,5 X 7,5* CM EM PINUS, MISTA OU EQUIVALENTE DA REGIAO - BRUTA","M",0.16600000000000001,8.1509999999999998,{"$f":"IF(ISNUMBER(E30),E30*$D30,\"\")","v":1.3530660000000001},null,null,0]
[null,"SARRAFO *2,5 X 7,5* CM EM PINUS, MISTA OU EQUIVALENTE DA REGIAO - BRUTA","M",6.952,2.8499999999999996,{"$f":"IF(ISNUMBER(E31),E31*$D31,\"\")","v":19.813199999999998},null,null,0]
[null,"Prego de aco polido com cabeca 17 x 21 (2 x 11)","KG",0.159,21.602999999999998,{"$f":"IF(ISNUMBER(E32),E32*$D32,\"\")","v":3.4348769999999997},null,null,0]
[null,"Ajudante de carpinteiro com encargos complementares","H",0.20200000000000001,21.337,{"$f":"IF(ISNUMBER(E33),E33*$D33,\"\")","v":4.3100740000000002},null,null,0]
[null,"Carpinteiro de formas com encargos complementares","H",1.012,26.799499999999998,{"$f":"IF(ISNUMBER(E34),E34*$D34,\"\")","v":27.121093999999999},null,null,0]
[null,"Serra circular de bancada com motor elétrico potência de 5HP, com coifa para disco 10\" - CHP diurno. af_08/2015","CHP",0.05,22.210999999999999,{"$f":"IF(ISNUMBER(E35),E35*$D35,\"\")","v":1.1105499999999999},null,null,0]
[null,"Serra circular de bancada com motor elétrico potência de 5HP, com coifa para disco 10\" - CHI diurno. af_08/2015","CHI",0.152,21.2895,{"$f":"IF(ISNUMBER(E36),E36*$D36,\"\")","v":3.2360039999999999},null,null,0]
[null,"",null,null,"",{"$f":"IF(ISNUMBER(E37),E37*$D37,\"\")","v":""},null,null,0]
["FABRICAÇÃO DE ESCORAS DE VIGA DO TIPO GARFO, EM MADEIRA. AF_09/2020","","M",null,"",{"$f":"IF(ISNUMBER(E38),E38*$D38,\"\")","v":""},null,null,0]
[null,"",null,null,"",{"$f":"IF(ISNUMBER(E39),E39*$D39,\"\")","v":""},null,null,0]
[null,"CHAPA/PAINEL DE MADEIRA COMPENSADA PLASTIFICADA (MADEIRITE PLASTIFICADO) PARA FORMA DE CONCRETO, DE 2200 x 1100 MM, E = *17* MM","M2",0.13600000000000001,99.968500000000006,{"$f":"IF(ISNUMBER(E40),E40*$D40,\"\")","v":13.595716000000001},{"$f":"SUM(F40:F46)","v":38.643634500000005},null,0]
[null,"PONTALETE *7,5 X 7,5* CM EM PINUS, MISTA OU EQUIVALENTE DA REGIAO - BRUTA","M",2.3420000000000001,8.1509999999999998,{"$f":"IF(ISNUMBER(E41),E41*$D41,\"\")","v":19.089642000000001},null,null,0]
[null,"PREGO DE ACO POLIDO COM CABECA 17 X 21 (2 X 11)","KG",1.2E-2,21.602999999999998,{"$f":"IF(ISNUMBER(E42),E42*$D42,\"\")","v":0.25923599999999997},null,null,0]
[null,"AJUDANTE DE CARPINTEIRO COM ENCARGOS COMPLEMENTARES","H",3.2000000000000001E-2,21.337,{"$f":"IF(ISNUMBER(E43),E43*$D43,\"\")","v":0.68278400000000006},null,null,0]
[null,"CARPINTEIRO DE FORMAS COM ENCARGOS COMPLEMENTARES","H",0.161,26.799499999999998,{"$f":"IF(ISNUMBER(E44),E44*$D44,\"\")","v":4.3147194999999998},null,null,0]
[null,"SERRA CIRCULAR DE BANCADA COM MOTOR ELÉTRICO POTÊNCIA DE 5HP, COM COIFA PARA DISCO 10\" - CHP DIURNO. AF_08/2015","CHP",2.1999999999999999E-2,22.210999999999999,{"$f":"IF(ISNUMBER(E45),E45*$D45,\"\")","v":0.48864199999999997},null,null,0]
[null,"SERRA CIRCULAR DE BANCADA COM MOTOR ELÉTRICO POTÊNCIA DE 5HP, COM COIFA PARA DISCO 10\" - CHI DIURNO. AF_08/2015","CHI",0.01,21.2895,{"$f":"IF(ISNUMBER(E46),E46*$D46,\"\")","v":0.212895},null,null,0]
[null,"",null,null,"",{"$f":"IF(ISNUMBER(E47),E47*$D47,\"\")","v":""},null,null,0]
["ARGAMASSA TRAÇO 1:2:8 (EM VOLUME DE CIMENTO, CAL E AREIA MÉDIA ÚMIDA) PARA EMBOÇO/MASSA ÚNICA/ASSENTAMENTO DE ALVENARIA DE VEDAÇÃO, PREPARO MECÂNICO COM BETONEIRA 400 L. AF_08/2019","","M3",null,"",{"$f":"IF(ISNUMBER(E48),E48*$D48,\"\")","v":""},null,null,0.39130000000000004]
[null,"",null,null,"",{"$f":"IF(ISNUMBER(E49),E49*$D49,\"\")","v":""},null,null,0.39130000000000004]
[null,"AREIA MEDIA - POSTO JAZIDA/FORNECEDOR (RETIRADO NA JAZIDA, SEM TRANSPORTE)","M3",1.1599999999999999,202.2835,{"$f":"IF(ISNUMBER(E50),E50*$D50,\"\")","v":234.64885999999998},{"$f":"SUM(F50:F57)","v":729.81343053399996},null,0.39130000000000004]
[null,"Cal hidratada CH-I para argamassas","KG",174.1,1.1875,{"$f":"IF(ISNUMBER(E51),E51*$D51,\"\")","v":206.74375000000001},null,null,0.39130000000000004]
[null,"CIMENTO PORTLAND COMPOSTO CP II-32","KG",195.86,0.627,{"$f":"IF(ISNUMBER(E52),E52*$D52,\"\")","v":122.80422000000002},null,null,0.39130000000000004]
[null,"Operador de betoneira estacionária/misturador com encargos complementares","H",4.5,20.291999999999998,{"$f":"IF(ISNUMBER(E53),E53*$D53,\"\")","v":91.313999999999993},null,null,0.39130000000000004]
[null,"Betoneira capacidade nominal de 400 L, capacidade de mistura 280 L, motor elétrico trifásico potência de 2 cv, sem carregador - CHP diurno. af_10/2014","CHP",1.05,1.6435,{"$f":"IF(ISNUMBER(E54),E54*$D54,\"\")","v":1.7256750000000001},null,null,0.39130000000000004]
[null,"Betoneira capacidade nominal de 400 L, capacidade de mistura 280 L, motor elétrico trifásico potência de 2 cv, sem carregador - CHI diurno. af_10/2014","CHI",3.45,0.42749999999999999,{"$f":"IF(ISNUMBER(E55),E55*$D55,\"\")","v":1.4748749999999999},null,null,0.39130000000000004]
[null,"CARGA, MANOBRA E DESCARGA DE SOLOS E MATERIAIS GRANULARES EM CAMINHÃO BASCULANTE 6 M³ - CARGA COM PÁ CARREGADEIRA (CAÇAMBA DE 1,7 A 2,8 M³ / 128 HP) E DESCARGA LIVRE (UNIDADE: M3). AF_07/2020","M3",{"$f":"ROUND(1*D50,4)","v":1.1599999999999999},7.9843291499999998,{"$f":"IF(ISNUMBER(E56),E56*$D56,\"\")","v":9.2618218139999993},null,null,0.39130000000000004]
[null,"TRANSPORTE COM CAMINHÃO BASCULANTE DE 6 M³, EM VIA URBANA PAVIMENTADA, DMT ATÉ 30 KM (UNIDADE: M3XKM). AF_07/2020","M3xKM",{"$f":"ROUND(D50*20,4)","v":23.2},2.6655270999999994,{"$f":"IF(ISNUMBER(E57),E57*$D57,\"\")","v":61.840228719999985},null,null,0.39130000000000004]
[null,null,null,null,"",{"$f":"IF(ISNUMBER(E58),E58*$D58,\"\")","v":""},null,null,0.39130000000000004]
[null,"Obs.: Considerando fornecedor de areia a 20 km do Senado Federal.",null,null,"",{"$f":"IF(ISNUMBER(E59),E59*$D59,\"\")","v":""},null,null,0.39130000000000004]
[null,"",null,null,"",{"$f":"IF(ISNUMBER(E60),E60*$D60,\"\")","v":""},null,null,0.39130000000000004]
["CONTRAPISO EM ARGAMASSA TRAÇO 1:4 (CIMENTO E AREIA), PREPARO MECÂNICO COM BETONEIRA 400 L, APLICADO EM ÁREAS SECAS SOBRE LAJE, ADERIDO, ACABAMENTO NÃO REFORÇADO, ESPESSURA 3CM. AF_07/2021","","M2",null,"",{"$f":"IF(ISNUMBER(E61),E61*$D61,\"\")","v":""},null,null,0]
[null,"",null,null,"",{"$f":"IF(ISNUMBER(E62),E62*$D62,\"\")","v":""},null,null,0]
[null,"CIMENTO PORTLAND COMPOSTO CP II-32","KG",0.5,0.627,{"$f":"IF(ISNUMBER(E63),E63*$D63,\"\")","v":0.3135},{"$f":"SUM(F63:F67)","v":45.146060778828392},null,0]
[null,"Aditivo adesivo liquido para argamassas de revestimentos cimenticios","L",0.21,16.302,{"$f":"IF(ISNUMBER(E64),E64*$D64,\"\")","v":3.4234199999999997},null,null,0]
[null,"ARGAMASSA TRAÇO 1:4 (EM VOLUME DE CIMENTO E AREIA MÉDIA ÚMIDA) PARA CONTRAPISO, PREPARO MECÂNICO COM BETONEIRA 400 L. AF_08/2019","M3",4.3099999999999999E-2,748.65618976399992,{"$f":"IF(ISNUMBER(E65),E65*$D65,\"\")","v":32.267081778828398},null,null,0]
[null,"Pedreiro com encargos complementares","H",0.245,27.160499999999999,{"$f":"IF(ISNUMBER(E66),E66*$D66,\"\")","v":6.6543224999999993},null,null,0]
[null,"Servente com encargos complementares","H",0.123,20.225499999999997,{"$f":"IF(ISNUMBER(E67),E67*$D67,\"\")","v":2.4877364999999996},null,null,0]
[null,"",null,null,"",{"$f":"IF(ISNUMBER(E68),E68*$D68,\"\")","v":""},null,null,0]
["ARGAMASSA TRAÇO 1:3 (EM VOLUME DE CIMENTO E AREIA GROSSA ÚMIDA) PARA CHAPISCO CONVENCIONAL, PREPARO MANUAL. AF_08/2019","","M3",null,"",{"$f":"IF(ISNUMBER(E69),E69*$D69,\"\")","v":""},null,null,0.25530000000000003]
[null,"",null,null,"",{"$f":"IF(ISNUMBER(E70),E70*$D70,\"\")","v":""},null,null,0.25530000000000003]
[null,"Areia grossa - posto jazida/fornecedor (retirado na jazida, sem transporte)","M3",0.94,204.92449999999999,{"$f":"IF(ISNUMBER(E71),E71*$D71,\"\")","v":192.62902999999997},{"$f":"SUM(F71:F75)","v":738.12022888099989},null,0.25530000000000003]
[null,"CIMENTO PORTLAND COMPOSTO CP II-32","KG",422.63,0.627,{"$f":"IF(ISNUMBER(E72),E72*$D72,\"\")","v":264.98901000000001},null,null,0.25530000000000003]
[null,"Servente com encargos complementares","H",11.02,20.225499999999997,{"$f":"IF(ISNUMBER(E73),E73*$D73,\"\")","v":222.88500999999997},null,null,0.25530000000000003]
[null,"CARGA, MANOBRA E DESCARGA DE SOLOS E MATERIAIS GRANULARES EM CAMINHÃO BASCULANTE 6 M³ - CARGA COM PÁ CARREGADEIRA (CAÇAMBA DE 1,7 A 2,8 M³ / 128 HP) E DESCARGA LIVRE (UNIDADE: M3). AF_07/2020","M3",{"$f":"ROUND(1*D71,4)","v":0.94},7.9843291499999998,{"$f":"IF(ISNUMBER(E74),E74*$D74,\"\")","v":7.5052694009999996},null,null,0.25530000000000003]
[null,"TRANSPORTE COM CAMINHÃO BASCULANTE DE 6 M³, EM VIA URBANA PAVIMENTADA, DMT ATÉ 30 KM (UNIDADE: M3XKM). AF_07/2020","M3xKM",{"$f":"ROUND(D71*20,4)","v":18.8},2.6655270999999994,{"$f":"IF(ISNUMBER(E75),E75*$D75,\"\")","v":50.111909479999987},null,null,0.25530000000000003]
[null,null,null,null,"",{"$f":"IF(ISNUMBER(E76),E76*$D76,\"\")","v":""},null,null,0.25530000000000003]
[null,"Obs.: Considerando fornecedor de areia a 20 km do Senado Federal.",null,null,"",{"$f":"IF(ISNUMBER(E77),E77*$D77,\"\")","v":""},null,null,0.25530000000000003]
[null,"",null,null,"",{"$f":"IF(ISNUMBER(E78),E78*$D78,\"\")","v":""},null,null,0.25530000000000003]
["ARGAMASSA INDUSTRIALIZADA PARA CHAPISCO COLANTE, PREPARO COM MISTURADOR DE EIXO HORIZONTAL DE 300 KG. AF_08/2019","","M3",null,"",{"$f":"IF(ISNUMBER(E79),E79*$D79,\"\")","v":""},null,null,0]
[null,"",null,null,"",{"$f":"IF(ISNUMBER(E80),E80*$D80,\"\")","v":""},null,null,0]
[null,"Argamassa industrializada para chapisco colante","KG",1981.23,1.159,{"$f":"IF(ISNUMBER(E81),E81*$D81,\"\")","v":2296.24557},{"$f":"SUM(F81:F84)","v":2400.9771799999999},null,0]
[null,"Operador de betoneira estacionária/misturador com encargos complementares","H",4.72,20.291999999999998,{"$f":"IF(ISNUMBER(E82),E82*$D82,\"\")","v":95.778239999999983},null,null,0]
[null,"Misturador de argamassa, eixo horizontal, capacidade de mistura 300 kg, motor elétrico potência 5 cv - CHP diurno. af_06/2014","CHP",1.1000000000000001,4.2939999999999996,{"$f":"IF(ISNUMBER(E83),E83*$D83,\"\")","v":4.7233999999999998},null,null,0]
[null,"Misturador de argamassa, eixo horizontal, capacidade de mistura 300 kg, motor elétrico potência 5 cv - CHI diurno. af_06/2014","CHI",3.62,1.1684999999999999,{"$f":"IF(ISNUMBER(E84),E84*$D84,\"\")","v":4.2299699999999998},null,null,0]
[null,"",null,null,"",{"$f":"IF(ISNUMBER(E85),E85*$D85,\"\")","v":""},null,null,0]
["ARGAMASSA TRAÇO 1:4 (EM VOLUME DE CIMENTO E AREIA MÉDIA ÚMIDA) PARA CONTRAPISO, PREPARO MANUAL. AF_08/2019","","M3",null,"",{"$f":"IF(ISNUMBER(E86),E86*$D86,\"\")","v":""},null,null,0.55800000000000005]
[null,"",null,null,"",{"$f":"IF(ISNUMBER(E87),E87*$D87,\"\")","v":""},null,null,0.55800000000000005]
[null,"AREIA MEDIA - POSTO JAZIDA/FORNECEDOR (RETIRADO NA JAZIDA, SEM TRANSPORTE)","M3",1.35,202.2835,{"$f":"IF(ISNUMBER(E88),E88*$D88,\"\")","v":273.08272500000004},{"$f":"SUM(F88:F92)","v":863.73747105250004},null,0.55800000000000005]
[null,"CIMENTO PORTLAND COMPOSTO CP II-32","KG",454.58,0.627,{"$f":"IF(ISNUMBER(E89),E89*$D89,\"\")","v":285.02166},null,null,0.55800000000000005]
[null,"Servente com encargos complementares","H",11.02,20.225499999999997,{"$f":"IF(ISNUMBER(E90),E90*$D90,\"\")","v":222.88500999999997},null,null,0.55800000000000005]
[null,"CARGA, MANOBRA E DESCARGA DE SOLOS E MATERIAIS GRANULARES EM CAMINHÃO BASCULANTE 6 M³ - CARGA COM PÁ CARREGADEIRA (CAÇAMBA DE 1,7 A 2,8 M³ / 128 HP) E DESCARGA LIVRE (UNIDADE: M3). AF_07/2020","M3",{"$f":"ROUND(1*D88,4)","v":1.35},7.9843291499999998,{"$f":"IF(ISNUMBER(E91),E91*$D91,\"\")","v":10.7788443525},null,null,0.55800000000000005]
[null,"TRANSPORTE COM CAMINHÃO BASCULANTE DE 6 M³, EM VIA URBANA PAVIMENTADA, DMT ATÉ 30 KM (UNIDADE: M3XKM). AF_07/2020","M3xKM",{"$f":"ROUND(D88*20,4)","v":27},2.6655270999999994,{"$f":"IF(ISNUMBER(E92),E92*$D92,\"\")","v":71.96923169999998},null,null,0.55800000000000005]
[null,null,null,null,"",{"$f":"IF(ISNUMBER(E93),E93*$D93,\"\")","v":""},null,null,0.55800000000000005]
[null,"Obs.: Considerando fornecedor de areia a 20 km do Senado Federal.",null,null,"",{"$f":"IF(ISNUMBER(E94),E94*$D94,\"\")","v":""},null,null,0.55800000000000005]
[null,"",null,null,"",{"$f":"IF(ISNUMBER(E95),E95*$D95,\"\")","v":""},null,null,0.55800000000000005]
["ARGAMASSA TRAÇO 1:4 (EM VOLUME DE CIMENTO E AREIA MÉDIA ÚMIDA), PREPARO MANUAL. AF_08/2019","","M3",null,"",{"$f":"IF(ISNUMBER(E96),E96*$D96,\"\")","v":""},null,null,0]
[null,"",null,null,"",{"$f":"IF(ISNUMBER(E97),E97*$D97,\"\")","v":""},null,null,0]
[null,"AREIA MEDIA - POSTO JAZIDA/FORNECEDOR (RETIRADO NA JAZIDA, SEM TRANSPORTE)","M3",1.1499999999999999,202.2835,{"$f":"IF(ISNUMBER(E98),E98*$D98,\"\")","v":232.626025},{"$f":"SUM(F98:F102)","v":715.02610182249998},null,0]
[null,"CIMENTO PORTLAND COMPOSTO CP II-32","KG",389.54,0.627,{"$f":"IF(ISNUMBER(E99),E99*$D99,\"\")","v":244.24158000000003},null,null,0]
[null,"Servente com encargos complementares","H",8.2899999999999991,20.225499999999997,{"$f":"IF(ISNUMBER(E100),E100*$D100,\"\")","v":167.66939499999995},null,null,0]
[null,"CARGA, MANOBRA E DESCARGA DE SOLOS E MATERIAIS GRANULARES EM CAMINHÃO BASCULANTE 6 M³ - CARGA COM PÁ CARREGADEIRA (CAÇAMBA DE 1,7 A 2,8 M³ / 128 HP) E DESCARGA LIVRE (UNIDADE: M3). AF_07/2020","M3",{"$f":"ROUND(1*D98,4)","v":1.1499999999999999},7.9843291499999998,{"$f":"IF(ISNUMBER(E101),E101*$D101,\"\")","v":9.1819785224999997},null,null,0]
[null,"TRANSPORTE COM CAMINHÃO BASCULANTE DE 6 M³, EM VIA URBANA PAVIMENTADA, DMT ATÉ 30 KM (UNIDADE: M3XKM). AF_07/2020","M3xKM",{"$f":"ROUND(D98*20,4)","v":23},2.6655270999999994,{"$f":"IF(ISNUMBER(E102),E102*$D102,\"\")","v":61.307123299999986},null,null,0]
[null,null,null,null,"",{"$f":"IF(ISNUMBER(E103),E103*$D103,\"\")","v":""},null,null,0]
[null,"Obs.: Considerando fornecedor de areia a 20 km do Senado Federal.",null,null,"",{"$f":"IF(ISNUMBER(E104),E104*$D104,\"\")","v":""},null,null,0]
[null,"",null,null,"",{"$f":"IF(ISNUMBER(E105),E105*$D105,\"\")","v":""},null,null,0]
["FIXAÇÃO DE TUBOS VERTICAIS DE PPR DIÂMETROS MENORES OU IGUAIS A 40 MM COM ABRAÇADEIRA METÁLICA RÍGIDA TIPO D 1/2\", FIXADA EM PERFILADO EM ALVENARIA. AF_05/2015","","M",null,"",{"$f":"IF(ISNUMBER(E106),E106*$D106,\"\")","v":""},null,null,0]
[null,"",null,null,"",{"$f":"IF(ISNUMBER(E107),E107*$D107,\"\")","v":""},null,null,0]
[null,"ABRACADEIRA EM ACO PARA AMARRACAO DE ELETRODUTOS, TIPO D, COM 1/2\" E PARAFUSO DE FIXACAO","UN",0.33300000000000002,1.4629999999999999,{"$f":"IF(ISNUMBER(E108),E108*$D108,\"\")","v":0.48717899999999997},{"$f":"SUM(F108:F110)","v":1.5177390000000002},null,0]
[null,"Auxiliar de encanador ou bombeiro hidráulico com encargos complementares","H",5.0000000000000001E-3,20.909500000000001,{"$f":"IF(ISNUMBER(E109),E109*$D109,\"\")","v":0.10454750000000002},null,null,0]
[null,"Encanador ou bombeiro hidráulico com encargos complementares","H",3.5000000000000003E-2,26.4575,{"$f":"IF(ISNUMBER(E110),E110*$D110,\"\")","v":0.92601250000000013},null,null,0]
[null,"",null,null,"",{"$f":"IF(ISNUMBER(E111),E111*$D111,\"\")","v":""},null,null,0]
["LUVA DE AÇO GALVANIZADO PARA ELETRODUTO Ø 20 MM - 3/4\"","","UN",null,"",{"$f":"IF(ISNUMBER(E112),E112*$D112,\"\")","v":""},null,null,0]
[null,"",null,null,"",{"$f":"IF(ISNUMBER(E113),E113*$D113,\"\")","v":""},null,null,0]
[null,"Luva para eletroduto, em aco galvanizado eletrolitico, diametro de 20 mm (3/4\")","UN",1,2.4319999999999999,{"$f":"IF(ISNUMBER(E114),E114*$D114,\"\")","v":2.4319999999999999},{"$f":"SUM(F114:F116)","v":5.1052999999999997},null,0]
[null,"Auxiliar de eletricista com encargos complementares","H",0.06,19.4085,{"$f":"IF(ISNUMBER(E115),E115*$D115,\"\")","v":1.1645099999999999},null,null,0]
[null,"Eletricista com encargos complementares","H",0.06,25.146499999999996,{"$f":"IF(ISNUMBER(E116),E116*$D116,\"\")","v":1.5087899999999996},null,null,0]
[null,"",null,null,"",{"$f":"IF(ISNUMBER(E117),E117*$D117,\"\")","v":""},null,null,0]
["LUVA DE AÇO GALVANIZADO PARA ELETRODUTO Ø 25 MM - 1\"","","UN",null,"",{"$f":"IF(ISNUMBER(E118),E118*$D118,\"\")","v":""},null,null,0]
[null,"",null,null,"",{"$f":"IF(ISNUMBER(E119),E119*$D119,\"\")","v":""},null,null,0]
[null,"Luva para eletroduto, em aco galvanizado eletrolitico, diametro de 25 mm (1\")","UN",1,2.831,{"$f":"IF(ISNUMBER(E120),E120*$D120,\"\")","v":2.831},{"$f":"SUM(F120:F122)","v":5.5042999999999997},null,0]
[null,"Auxiliar de eletricista com encargos complementares","H",0.06,19.4085,{"$f":"IF(ISNUMBER(E121),E121*$D121,\"\")","v":1.1645099999999999},null,null,0]
[null,"Eletricista com encargos complementares","H",0.06,25.146499999999996,{"$f":"IF(ISNUMBER(E122),E122*$D122,\"\")","v":1.5087899999999996},null,null,0]
[null,"",null,null,"",{"$f":"IF(ISNUMBER(E123),E123*$D123,\"\")","v":""},null,null,0]
["LUVA DE AÇO GALVANIZADO PARA ELETRODUTO Ø 32 MM - 1 1/4\"","","UN",null,"",{"$f":"IF(ISNUMBER(E124),E124*$D124,\"\")","v":""},null,null,0]
[null,"",null,null,"",{"$f":"IF(ISNUMBER(E125),E125*$D125,\"\")","v":""},null,null,0]
[null,"Luva para eletroduto, em aco galvanizado eletrolitico, diametro de 32 mm (1 1/4\")","UN",1,5.016,{"$f":"IF(ISNUMBER(E126),E126*$D126,\"\")","v":5.016},{"$f":"SUM(F126:F128)","v":9.0259499999999999},null,0]
[null,"Auxiliar de eletricista com encargos complementares","H",0.09,19.4085,{"$f":"IF(ISNUMBER(E127),E127*$D127,\"\")","v":1.7467649999999999},null,null,0]
[null,"Eletricista com encargos complementares","H",0.09,25.146499999999996,{"$f":"IF(ISNUMBER(E128),E128*$D128,\"\")","v":2.2631849999999996},null,null,0]
[null,"",null,null,"",{"$f":"IF(ISNUMBER(E129),E129*$D129,\"\")","v":""},null,null,0]
["LUVA DE AÇO GALVANIZADO PARA ELETRODUTO Ø 40 MM - 1 1/2\"","","UN",null,"",{"$f":"IF(ISNUMBER(E130),E130*$D130,\"\")","v":""},null,null,0]
[null,"",null,null,"",{"$f":"IF(ISNUMBER(E131),E131*$D131,\"\")","v":""},null,null,0]
[null,"Luva para eletroduto, em aco galvanizado eletrolitico, diametro de 40 mm (1 1/2\")","UN",1,7.2579999999999991,{"$f":"IF(ISNUMBER(E132),E132*$D132,\"\")","v":7.2579999999999991},{"$f":"SUM(F132:F134)","v":11.267949999999999},null,0]
[null,"Auxiliar de eletricista com encargos complementares","H",0.09,19.4085,{"$f":"IF(ISNUMBER(E133),E133*$D133,\"\")","v":1.7467649999999999},null,null,0]
[null,"Eletricista com encargos complementares","H",0.09,25.146499999999996,{"$f":"IF(ISNUMBER(E134),E134*$D134,\"\")","v":2.2631849999999996},null,null,0]
[null,"",null,null,"",{"$f":"IF(ISNUMBER(E135),E135*$D135,\"\")","v":""},null,null,0]
["FIXAÇÃO DE TUBOS VERTICAIS DE PPR DIÂMETROS MAIORES QUE 40 MM E MENORES OU IGUAIS A 75 MM COM ABRAÇADEIRA METÁLICA RÍGIDA TIPO D 1 1/2\", FIXADA EM PERFILADO EM ALVENARIA. AF_05/2015","","M",null,"",{"$f":"IF(ISNUMBER(E136),E136*$D136,\"\")","v":""},null,null,0]
[null,"",null,null,"",{"$f":"IF(ISNUMBER(E137),E137*$D137,\"\")","v":""},null,null,0]
[null,"Abracadeira em aco para amarracao de eletrodutos, tipo D, com 1 1/2\" e parafuso de fixacao","UN",0.33300000000000002,3.0114999999999998,{"$f":"IF(ISNUMBER(E138),E138*$D138,\"\")","v":1.0028295},{"$f":"SUM(F138:F140)","v":2.9636675000000006},null,0]
[null,"Auxiliar de encanador ou bombeiro hidráulico com encargos complementares","H",8.9999999999999993E-3,20.909500000000001,{"$f":"IF(ISNUMBER(E139),E139*$D139,\"\")","v":0.18818550000000001},null,null,0]
[null,"Encanador ou bombeiro hidráulico com encargos complementares","H",6.7000000000000004E-2,26.4575,{"$f":"IF(ISNUMBER(E140),E140*$D140,\"\")","v":1.7726525000000002},null,null,0]
[null,"",null,null,"",{"$f":"IF(ISNUMBER(E141),E141*$D141,\"\")","v":""},null,null,0]
["ARGAMASSA TRAÇO 1:2:9 (EM VOLUME DE CIMENTO, CAL E AREIA MÉDIA ÚMIDA) PARA EMBOÇO/MASSA ÚNICA/ASSENTAMENTO DE ALVENARIA DE VEDAÇÃO, PREPARO MECÂNICO COM BETONEIRA 600 L. AF_08/2019","","M3",null,"",{"$f":"IF(ISNUMBER(E142),E142*$D142,\"\")","v":""},null,null,0]
[null,"",null,null,"",{"$f":"IF(ISNUMBER(E143),E143*$D143,\"\")","v":""},null,null,0]
[null,"AREIA MEDIA - POSTO JAZIDA/FORNECEDOR (RETIRADO NA JAZIDA, SEM TRANSPORTE)","M3",1.18,202.2835,{"$f":"IF(ISNUMBER(E144),E144*$D144,\"\")","v":238.69452999999999},{"$f":"SUM(F144:F152)","v":708.47663795699998},null,0]
[null,"Cal hidratada CH-I para argamassas","KG",157.44,1.1875,{"$f":"IF(ISNUMBER(E145),E145*$D145,\"\")","v":186.96},null,null,0]
[null,"CIMENTO PORTLAND COMPOSTO CP II-32","KG",177.12,0.627,{"$f":"IF(ISNUMBER(E146),E146*$D146,\"\")","v":111.05424000000001},null,null,0]
[null,"Servente com encargos complementares","H",0.79,20.225499999999997,{"$f":"IF(ISNUMBER(E147),E147*$D147,\"\")","v":15.978144999999998},null,null,0]
[null,"Operador de betoneira estacionária/misturador com encargos complementares","H",3.65,20.291999999999998,{"$f":"IF(ISNUMBER(E148),E148*$D148,\"\")","v":74.065799999999996},null,null,0]
[null,"Betoneira capacidade nominal de 600 L, capacidade de mistura 360 L, motor elétrico trifásico potência de 4 cv, sem carregador - CHP diurno. af_11/2014","CHP",0.85,5.1395,{"$f":"IF(ISNUMBER(E149),E149*$D149,\"\")","v":4.3685749999999999},null,null,0]
[null,"Betoneira capacidade nominal de 600 L, capacidade de mistura 360 L, motor elétrico trifásico potência de 4 cv, sem carregador - CHI diurno. af_11/2014","CHI",2.8,1.7954999999999999,{"$f":"IF(ISNUMBER(E150),E150*$D150,\"\")","v":5.0273999999999992},null,null,0]
[null,"CARGA, MANOBRA E DESCARGA DE SOLOS E MATERIAIS GRANULARES EM CAMINHÃO BASCULANTE 6 M³ - CARGA COM PÁ CARREGADEIRA (CAÇAMBA DE 1,7 A 2,8 M³ / 128 HP) E DESCARGA LIVRE (UNIDADE: M3). AF_07/2020","M3",{"$f":"ROUND(1*D144,4)","v":1.18},7.9843291499999998,{"$f":"IF(ISNUMBER(E151),E151*$D151,\"\")","v":9.4215083969999984},null,null,0]
[null,"TRANSPORTE COM CAMINHÃO BASCULANTE DE 6 M³, EM VIA URBANA PAVIMENTADA, DMT ATÉ 30 KM (UNIDADE: M3XKM). AF_07/2020","M3xKM",{"$f":"ROUND(D144*20,4)","v":23.6},2.6655270999999994,{"$f":"IF(ISNUMBER(E152),E152*$D152,\"\")","v":62.906439559999988},null,null,0]
[null,null,null,null,"",{"$f":"IF(ISNUMBER(E153),E153*$D153,\"\")","v":""},null,null,0]
[null,"Obs.: Considerando fornecedor de areia a 20 km do Senado Federal.",null,null,"",{"$f":"IF(ISNUMBER(E154),E154*$D154,\"\")","v":""},null,null,0]
[null,null,null,null,"",{"$f":"IF(ISNUMBER(E155),E155*$D155,\"\")","v":""},null,null,0]
["ARGAMASSA TRAÇO 1:4 (EM VOLUME DE CIMENTO E AREIA MÉDIA ÚMIDA) PARA CONTRAPISO, PREPARO MECÂNICO COM BETONEIRA 400 L. AF_08/2019","","M3",null,"",{"$f":"IF(ISNUMBER(E156),E156*$D156,\"\")","v":""},null,null,0]
[null,"",null,null,"",{"$f":"IF(ISNUMBER(E157),E157*$D157,\"\")","v":""},null,null,0]
[null,"AREIA MEDIA - POSTO JAZIDA/FORNECEDOR (RETIRADO NA JAZIDA, SEM TRANSPORTE)","M3",1.36,202.2835,{"$f":"IF(ISNUMBER(E158),E158*$D158,\"\")","v":275.10556000000003},{"$f":"SUM(F158:F164)","v":748.65618976400015},null,0]
[null,"CIMENTO PORTLAND COMPOSTO CP II-32","KG",459.85,0.627,{"$f":"IF(ISNUMBER(E159),E159*$D159,\"\")","v":288.32595000000003},null,null,0]
[null,"Operador de betoneira estacionária/misturador com encargos complementares","H",4.8499999999999996,20.291999999999998,{"$f":"IF(ISNUMBER(E160),E160*$D160,\"\")","v":98.416199999999989},null,null,0]
[null,"Betoneira capacidade nominal de 400 L, capacidade de mistura 280 L, motor elétrico trifásico potência de 2 cv, sem carregador - CHP diurno. af_10/2014","CHP",1.1299999999999999,1.6435,{"$f":"IF(ISNUMBER(E161),E161*$D161,\"\")","v":1.8571549999999999},null,null,0]
[null,"Betoneira capacidade nominal de 400 L, capacidade de mistura 280 L, motor elétrico trifásico potência de 2 cv, sem carregador - CHI diurno. af_10/2014","CHI",3.72,0.42749999999999999,{"$f":"IF(ISNUMBER(E162),E162*$D162,\"\")","v":1.5903},null,null,0]
[null,"CARGA, MANOBRA E DESCARGA DE SOLOS E MATERIAIS GRANULARES EM CAMINHÃO BASCULANTE 6 M³ - CARGA COM PÁ CARREGADEIRA (CAÇAMBA DE 1,7 A 2,8 M³ / 128 HP) E DESCARGA LIVRE (UNIDADE: M3). AF_07/2020","M3",{"$f":"ROUND(1*D158,4)","v":1.36},7.9843291499999998,{"$f":"IF(ISNUMBER(E163),E163*$D163,\"\")","v":10.858687644},null,null,0]
[null,"TRANSPORTE COM CAMINHÃO BASCULANTE DE 6 M³, EM VIA URBANA PAVIMENTADA, DMT ATÉ 30 KM (UNIDADE: M3XKM). AF_07/2020","M3xKM",{"$f":"ROUND(D158*20,4)","v":27.2},2.6655270999999994,{"$f":"IF(ISNUMBER(E164),E164*$D164,\"\")","v":72.502337119999979},null,null,0]
[null,null,null,null,"",{"$f":"IF(ISNUMBER(E165),E165*$D165,\"\")","v":""},null,null,0]
[null,"Obs.: Considerando fornecedor de areia a 20 km do Senado Federal.",null,null,"",{"$f":"IF(ISNUMBER(E166),E166*$D166,\"\")","v":""},null,null,0]
[null,null,null,null,"",{"$f":"IF(ISNUMBER(E167),E167*$D167,\"\")","v":""},null,null,0]
["UMIDIFICAÇÃO DE MATERIAL PARA VALAS COM CAMINHÃO PIPA 10000L. AF_11/2016","","M3",null,"",{"$f":"IF(ISNUMBER(E168),E168*$D168,\"\")","v":""},null,null,0]
[null,"",null,null,"",{"$f":"IF(ISNUMBER(E169),E169*$D169,\"\")","v":""},null,null,0]
[null,"CAMINHÃO PIPA 10.000 L TRUCADO, PESO BRUTO TOTAL 23.000 KG, CARGA ÚTIL MÁXIMA 15.935 KG, DISTÂNCIA ENTRE EIXOS 4,8 M, POTÊNCIA 230 CV, INCLUSIVE TANQUE DE AÇO PARA TRANSPORTE DE ÁGUA - CHP DIURNO. AF_06/2014","CHP",6.0000000000000001E-3,302.76499999999999,{"$f":"IF(ISNUMBER(E170),E170*$D170,\"\")","v":1.8165899999999999},{"$f":"SUM(F170:F172)","v":2.1730394999999998},null,0]
[null,"CAMINHÃO PIPA 10.000 L TRUCADO, PESO BRUTO TOTAL 23.000 KG, CARGA ÚTIL MÁXIMA 15.935 KG, DISTÂNCIA ENTRE EIXOS 4,8 M, POTÊNCIA 230 CV, INCLUSIVE TANQUE DE AÇO PARA TRANSPORTE DE ÁGUA - CHI DIURNO. AF_06/2014","CHI",3.0000000000000001E-3,58.14,{"$f":"IF(ISNUMBER(E171),E171*$D171,\"\")","v":0.17441999999999999},null,null,0]
[null,"SERVENTE COM ENCARGOS COMPLEMENTARES","H",8.9999999999999993E-3,20.225499999999997,{"$f":"IF(ISNUMBER(E172),E172*$D172,\"\")","v":0.18202949999999996},null,null,0]
[null,null,null,null,"",{"$f":"IF(ISNUMBER(E173),E173*$D173,\"\")","v":""},null,null,0]
["CORTE E DOBRA DE AÇO CA-50, DIÂMETRO DE 8,0 MM. AF_06/2022","","KG",null,"",{"$f":"IF(ISNUMBER(E174),E174*$D174,\"\")","v":""},null,null,0]
[null,"",null,null,"",{"$f":"IF(ISNUMBER(E175),E175*$D175,\"\")","v":""},null,null,0]
[null,"ACO CA-50, 8,0 MM, VERGALHAO","KG",1.1100000000000001,10.0985,{"$f":"IF(ISNUMBER(E176),E176*$D176,\"\")","v":11.209335000000001},{"$f":"SUM(F176:F178)","v":11.698769300000002},null,0]
[null,"AJUDANTE DE ARMADOR COM ENCARGOS COMPLEMENTARES","H",2.5999999999999999E-3,20.196999999999999,{"$f":"IF(ISNUMBER(E177),E177*$D177,\"\")","v":5.2512199999999995E-2},null,null,0]
[null,"ARMADOR COM ENCARGOS COMPLEMENTARES","H",1.6199999999999999E-2,26.970499999999998,{"$f":"IF(ISNUMBER(E178),E178*$D178,\"\")","v":0.43692209999999992},null,null,0]
[null,"",null,null,"",{"$f":"IF(ISNUMBER(E179),E179*$D179,\"\")","v":""},null,null,0]
["CORTE E DOBRA DE AÇO CA-50, DIÂMETRO DE 12,5 MM. AF_06/2022","","KG",null,"",{"$f":"IF(ISNUMBER(E180),E180*$D180,\"\")","v":""},null,null,0]
[null,"",null,null,"",{"$f":"IF(ISNUMBER(E181),E181*$D181,\"\")","v":""},null,null,0]
[null,"ACO CA-50, 12,5 MM OU 16,0 MM, VERGALHAO","KG",1.1100000000000001,8.2459999999999987,{"$f":"IF(ISNUMBER(E182),E182*$D182,\"\")","v":9.15306},{"$f":"SUM(F182:F184)","v":9.2986760000000004},null,0]
[null,"AJUDANTE DE ARMADOR COM ENCARGOS COMPLEMENTARES","H",8.0000000000000004E-4,20.196999999999999,{"$f":"IF(ISNUMBER(E183),E183*$D183,\"\")","v":1.6157600000000001E-2},null,null,0]
[null,"ARMADOR COM ENCARGOS COMPLEMENTARES","H",4.7999999999999996E-3,26.970499999999998,{"$f":"IF(ISNUMBER(E184),E184*$D184,\"\")","v":0.12945839999999997},null,null,0]
[null,"",null,null,"",{"$f":"IF(ISNUMBER(E185),E185*$D185,\"\")","v":""},null,null,0]
["CORTE E DOBRA DE AÇO CA-50, DIÂMETRO DE 16,0 MM. AF_06/2022","","KG",null,"",{"$f":"IF(ISNUMBER(E186),E186*$D186,\"\")","v":""},null,null,0]
[null,"",null,null,"",{"$f":"IF(ISNUMBER(E187),E187*$D187,\"\")","v":""},null,null,0]
[null,"ACO CA-50, 12,5 MM OU 16,0 MM, VERGALHAO","KG",1.1100000000000001,8.2459999999999987,{"$f":"IF(ISNUMBER(E188),E188*$D188,\"\")","v":9.15306},{"$f":"SUM(F188:F189)","v":9.2204862500000004},null,0]
[null,"ARMADOR COM ENCARGOS COMPLEMENTARES","H",2.5000000000000001E-3,26.970499999999998,{"$f":"IF(ISNUMBER(E189),E189*$D189,\"\")","v":6.7426249999999993E-2},null,null,0]
[null,"",null,null,"",{"$f":"IF(ISNUMBER(E190),E190*$D190,\"\")","v":""},null,null,0]
["TRANSPORTE HORIZONTAL MANUAL, DE TUBO DE AÇO CARBONO LEVE OU MÉDIO, PRETO OU GALVANIZADO, COM DIÂMETRO MAIOR QUE 32 MM E MENOR OU IGUAL A 65 MM (UNIDADE: MXKM). AF_07/2019","","MXKM",null,"",{"$f":"IF(ISNUMBER(E191),E191*$D191,\"\")","v":""},null,null,0]
[null,"",null,null,"",{"$f":"IF(ISNUMBER(E192),E192*$D192,\"\")","v":""},null,null,0]
[null,"SERVENTE COM ENCARGOS COMPLEMENTARES","H",0.61180000000000001,20.225499999999997,{"$f":"IF(ISNUMBER(E193),E193*$D193,\"\")","v":12.373960899999998},{"$f":"SUM(F193:F193)","v":12.373960899999998},null,0]
[null,"",null,null,"",{"$f":"IF(ISNUMBER(E194),E194*$D194,\"\")","v":""},null,null,0]
["LANÇAMENTO COM USO DE BALDES, ADENSAMENTO E ACABAMENTO DE CONCRETO EM ESTRUTURAS. AF_02/2022","","M3",null,"",{"$f":"IF(ISNUMBER(E195),E195*$D195,\"\")","v":""},null,null,0]
[null,"",null,null,"",{"$f":"IF(ISNUMBER(E196),E196*$D196,\"\")","v":""},null,null,0]
[null,"Carpinteiro de formas com encargos complementares","h",2.4590000000000001,26.799499999999998,{"$f":"IF(ISNUMBER(E197),E197*$D197,\"\")","v":65.899970499999995},{"$f":"SUM(F197:F201)","v":283.70894999999996},null,0]
[null,"Pedreiro com Encargos Complementares","h",2.4590000000000001,27.160499999999999,{"$f":"IF(ISNUMBER(E198),E198*$D198,\"\")","v":66.787669499999993},null,null,0]
[null,"Servente com Encargos Complementares","h",7.3769999999999998,20.225499999999997,{"$f":"IF(ISNUMBER(E199),E199*$D199,\"\")","v":149.20351349999996},null,null,0]
[null,"Vibrador de imersão, diâmetro de ponteira 45mm, motor elétrico trifásico potência de 2 CV - CHP diurno. AF_06/2015","chp",1.042,1.1114999999999999,{"$f":"IF(ISNUMBER(E200),E200*$D200,\"\")","v":1.158183},null,null,0]
[null,"Vibrador de imersão, diâmetro de ponteira 45mm, motor elétrico trifásico potência de 2 CV - CHI diurno. AF_06/2015","chi",1.417,0.46549999999999997,{"$f":"IF(ISNUMBER(E201),E201*$D201,\"\")","v":0.65961349999999996},null,null,0]
[null,null,null,null,"",{"$f":"IF(ISNUMBER(E202),E202*$D202,\"\")","v":""},null,null,0]
["TRANSPORTE COM CAMINHÃO BASCULANTE DE 6 M³, EM VIA URBANA PAVIMENTADA, DMT ATÉ 30 KM (UNIDADE: M3XKM). AF_07/2020","","M3xKM",null,"",{"$f":"IF(ISNUMBER(E203),E203*$D203,\"\")","v":""},null,null,0]
[null,"",null,null,"",{"$f":"IF(ISNUMBER(E204),E204*$D204,\"\")","v":""},null,null,0]
[null,"CAMINHÃO BASCULANTE 6 M3 TOCO, PESO BRUTO TOTAL 16.000 KG, CARGA ÚTIL MÁXIMA 11.130 KG, DISTÂNCIA ENTRE EIXOS 5,36 M, POTÊNCIA 185 CV, INCLUSIVE CAÇAMBA METÁLICA - CHP DIURNO. AF_06/2014","CHP",1.3899999999999999E-2,170.44899999999998,{"$f":"IF(ISNUMBER(E205),E205*$D205,\"\")","v":2.3692410999999995},{"$f":"SUM(F205:F206)","v":2.6655270999999994},null,0]
[null,"CAMINHÃO BASCULANTE 6 M3 TOCO, PESO BRUTO TOTAL 16.000 KG, CARGA ÚTIL MÁXIMA 11.130 KG, DISTÂNCIA ENTRE EIXOS 5,36 M, POTÊNCIA 185 CV, INCLUSIVE CAÇAMBA METÁLICA - CHI DIURNO. AF_06/2014","CHI",6.0000000000000001E-3,49.380999999999993,{"$f":"IF(ISNUMBER(E206),E206*$D206,\"\")","v":0.29628599999999994},null,null,0]
[null,"",null,null,"",{"$f":"IF(ISNUMBER(E207),E207*$D207,\"\")","v":""},null,null,0]
["TRANSPORTE COM CAMINHÃO BASCULANTE DE 6 M³, EM VIA URBANA PAVIMENTADA, DMT ATÉ 30 KM (UNIDADE: TXKM). AF_07/2020","","TxKM",null,"",{"$f":"IF(ISNUMBER(E208),E208*$D208,\"\")","v":""},null,null,0]
[null,"",null,null,"",{"$f":"IF(ISNUMBER(E209),E209*$D209,\"\")","v":""},null,null,0]
[null,"CAMINHÃO BASCULANTE 6 M3 TOCO, PESO BRUTO TOTAL 16.000 KG, CARGA ÚTIL MÁXIMA 11.130 KG, DISTÂNCIA ENTRE EIXOS 5,36 M, POTÊNCIA 185 CV, INCLUSIVE CAÇAMBA METÁLICA - CHP DIURNO. AF_06/2014","CHP",9.2999999999999992E-3,170.44899999999998,{"$f":"IF(ISNUMBER(E210),E210*$D210,\"\")","v":1.5851756999999997},{"$f":"SUM(F210:F211)","v":1.7826996999999998},null,0]
[null,"CAMINHÃO BASCULANTE 6 M3 TOCO, PESO BRUTO TOTAL 16.000 KG, CARGA ÚTIL MÁXIMA 11.130 KG, DISTÂNCIA ENTRE EIXOS 5,36 M, POTÊNCIA 185 CV, INCLUSIVE CAÇAMBA METÁLICA - CHI DIURNO. AF_06/2014","CHI",4.0000000000000001E-3,49.380999999999993,{"$f":"IF(ISNUMBER(E211),E211*$D211,\"\")","v":0.19752399999999998},null,null,0]
[null,"",null,null,"",{"$f":"IF(ISNUMBER(E212),E212*$D212,\"\")","v":""},null,null,0]
["CONCRETO FCK = 20MPA, TRAÇO 1:2,7:3 (EM MASSA SECA DE CIMENTO/ AREIA MÉDIA/ BRITA 1) - PREPARO MECÂNICO COM BETONEIRA 600 L. AF_05/2021","","M3",null,"",{"$f":"IF(ISNUMBER(E213),E213*$D213,\"\")","v":""},null,null,0]
[null,"",null,null,"",{"$f":"IF(ISNUMBER(E214),E214*$D214,\"\")","v":""},null,null,0]
[null,"AREIA MEDIA - POSTO JAZIDA/FORNECEDOR (RETIRADO NA JAZIDA, SEM TRANSPORTE)","M3",0.76090000000000002,202.2835,{"$f":"IF(ISNUMBER(E215),E215*$D215,\"\")","v":153.91751515000001},{"$f":"SUM(F215:F223)","v":607.03807833191502},null,0]
[null,"CIMENTO PORTLAND COMPOSTO CP II-32","KG",325.15890000000002,0.627,{"$f":"IF(ISNUMBER(E216),E216*$D216,\"\")","v":203.87463030000001},null,null,0]
[null,"PEDRA BRITADA N. 1 (9,5 a 19 MM) POSTO PEDREIRA/FORNECEDOR, SEM FRETE","M3",0.59119999999999995,160.65450000000001,{"$f":"IF(ISNUMBER(E217),E217*$D217,\"\")","v":94.978940399999999},null,null,0]
[null,"SERVENTE COM ENCARGOS COMPLEMENTARES","H",2.0266999999999999,20.225499999999997,{"$f":"IF(ISNUMBER(E218),E218*$D218,\"\")","v":40.991020849999991},null,null,0]
[null,"OPERADOR DE BETONEIRA ESTACIONÁRIA/MISTURADOR COM ENCARGOS COMPLEMENTARES","H",1.2767999999999999,20.291999999999998,{"$f":"IF(ISNUMBER(E219),E219*$D219,\"\")","v":25.908825599999997},null,null,0]
[null,"BETONEIRA CAPACIDADE NOMINAL DE 600 L, CAPACIDADE DE MISTURA 360 L, MOTOR ELÉTRICO TRIFÁSICO POTÊNCIA DE 4 CV, SEM CARREGADOR - CHP DIURNO. AF_11/2014","CHP",0.65720000000000001,5.1395,{"$f":"IF(ISNUMBER(E220),E220*$D220,\"\")","v":3.3776793999999999},null,null,0]
[null,"BETONEIRA CAPACIDADE NOMINAL DE 600 L, CAPACIDADE DE MISTURA 360 L, MOTOR ELÉTRICO TRIFÁSICO POTÊNCIA DE 4 CV, SEM CARREGADOR - CHI DIURNO. AF_11/2014","CHI",0.61970000000000003,1.7954999999999999,{"$f":"IF(ISNUMBER(E221),E221*$D221,\"\")","v":1.1126713500000001},null,null,0]
[null,"CARGA, MANOBRA E DESCARGA DE SOLOS E MATERIAIS GRANULARES EM CAMINHÃO BASCULANTE 6 M³ - CARGA COM PÁ CARREGADEIRA (CAÇAMBA DE 1,7 A 2,8 M³ / 128 HP) E DESCARGA LIVRE (UNIDADE: M3). AF_07/2020","M3",{"$f":"ROUND(1*(D215+D217),4)","v":1.3521000000000001},7.9843291499999998,{"$f":"IF(ISNUMBER(E222),E222*$D222,\"\")","v":10.795611443715},null,null,0]
[null,"TRANSPORTE COM CAMINHÃO BASCULANTE DE 6 M³, EM VIA URBANA PAVIMENTADA, DMT ATÉ 30 KM (UNIDADE: M3XKM). AF_07/2020","M3xKM",{"$f":"ROUND((D215+D217)*20,4)","v":27.042000000000002},2.6655270999999994,{"$f":"IF(ISNUMBER(E223),E223*$D223,\"\")","v":72.081183838199991},null,null,0]
[null,null,null,null,"",{"$f":"IF(ISNUMBER(E224),E224*$D224,\"\")","v":""},null,null,0]
[null,"Obs.: Considerando fornecedor de areia e brita a 20 km do Senado Federal.",null,null,"",{"$f":"IF(ISNUMBER(E225),E225*$D225,\"\")","v":""},null,null,0]
[null,"",null,null,"",{"$f":"IF(ISNUMBER(E226),E226*$D226,\"\")","v":""},null,null,0]
["CONCRETO MAGRO PARA LASTRO, TRAÇO 1:4,5:4,5 (EM MASSA SECA DE CIMENTO/ AREIA MÉDIA/ BRITA 1) - PREPARO MECÂNICO COM BETONEIRA 400 L. AF_05/2021","","M3",null,"",{"$f":"IF(ISNUMBER(E227),E227*$D227,\"\")","v":""},null,null,0]
[null,"",null,null,"",{"$f":"IF(ISNUMBER(E228),E228*$D228,\"\")","v":""},null,null,0]
[null,"AREIA MEDIA - POSTO JAZIDA/FORNECEDOR (RETIRADO NA JAZIDA, SEM TRANSPORTE)","M3",0.82689999999999997,202.2835,{"$f":"IF(ISNUMBER(E229),E229*$D229,\"\")","v":167.26822615},{"$f":"SUM(F229:F237)","v":558.22926770286495},null,0]
[null,"CIMENTO PORTLAND COMPOSTO CP II-32","KG",212.01939999999999,0.627,{"$f":"IF(ISNUMBER(E230),E230*$D230,\"\")","v":132.9361638},null,null,0]
[null,"PEDRA BRITADA N. 1 (9,5 a 19 MM) POSTO PEDREIRA/FORNECEDOR, SEM FRETE","M3",0.57820000000000005,160.65450000000001,{"$f":"IF(ISNUMBER(E231),E231*$D231,\"\")","v":92.89043190000001},null,null,0]
[null,"SERVENTE COM ENCARGOS COMPLEMENTARES","H",2.3433000000000002,20.225499999999997,{"$f":"IF(ISNUMBER(E232),E232*$D232,\"\")","v":47.394414149999996},null,null,0]
[null,"OPERADOR DE BETONEIRA ESTACIONÁRIA/MISTURADOR COM ENCARGOS COMPLEMENTARES","H",1.4811000000000001,20.291999999999998,{"$f":"IF(ISNUMBER(E233),E233*$D233,\"\")","v":30.054481199999998},null,null,0]
[null,"BETONEIRA CAPACIDADE NOMINAL DE 400 L, CAPACIDADE DE MISTURA 280 L, MOTOR ELÉTRICO TRIFÁSICO POTÊNCIA DE 2 CV, SEM CARREGADOR - CHP DIURNO. AF_10/2014","CHP",0.76229999999999998,1.6435,{"$f":"IF(ISNUMBER(E234),E234*$D234,\"\")","v":1.2528400499999999},null,null,0]
[null,"BETONEIRA CAPACIDADE NOMINAL DE 400 L, CAPACIDADE DE MISTURA 280 L, MOTOR ELÉTRICO TRIFÁSICO POTÊNCIA DE 2 CV, SEM CARREGADOR - CHI DIURNO. AF_10/2014","CHI",0.71879999999999999,0.42749999999999999,{"$f":"IF(ISNUMBER(E235),E235*$D235,\"\")","v":0.30728699999999998},null,null,0]
[null,"CARGA, MANOBRA E DESCARGA DE SOLOS E MATERIAIS GRANULARES EM CAMINHÃO BASCULANTE 6 M³ - CARGA COM PÁ CARREGADEIRA (CAÇAMBA DE 1,7 A 2,8 M³ / 128 HP) E DESCARGA LIVRE (UNIDADE: M3). AF_07/2020","M3",{"$f":"ROUND(1*(D229+D231),4)","v":1.4051},7.9843291499999998,{"$f":"IF(ISNUMBER(E236),E236*$D236,\"\")","v":11.218780888665},null,null,0]
[null,"TRANSPORTE COM CAMINHÃO BASCULANTE DE 6 M³, EM VIA URBANA PAVIMENTADA, DMT ATÉ 30 KM (UNIDADE: M3XKM). AF_07/2020","M3xKM",{"$f":"ROUND((D229+D231)*20,4)","v":28.102},2.6655270999999994,{"$f":"IF(ISNUMBER(E237),E237*$D237,\"\")","v":74.906642564199984},null,null,0]
[null,null,null,null,"",{"$f":"IF(ISNUMBER(E238),E238*$D238,\"\")","v":""},null,null,0]
[null,"Obs.: Considerando fornecedor de areia e brita a 20 km do Senado Federal.",null,null,"",{"$f":"IF(ISNUMBER(E239),E239*$D239,\"\")","v":""},null,null,0]
[null,"",null,null,"",{"$f":"IF(ISNUMBER(E240),E240*$D240,\"\")","v":""},null,null,0]
["GRAUTE FGK=25 MPA; TRAÇO 1:0,02:1,3:1,6 (EM MASSA SECA DE CIMENTO/ CAL/ AREIA GROSSA/ BRITA 0) - PREPARO MECÂNICO COM BETONEIRA 400 L. AF_09/2021","","M3",null,"",{"$f":"IF(ISNUMBER(E241),E241*$D241,\"\")","v":""},null,null,0]
[null,"",null,null,"",{"$f":"IF(ISNUMBER(E242),E242*$D242,\"\")","v":""},null,null,0]
[null,"AREIA GROSSA - POSTO JAZIDA/FORNECEDOR (RETIRADO NA JAZIDA, SEM TRANSPORTE)","M3",0.57979999999999998,204.92449999999999,{"$f":"IF(ISNUMBER(E243),E243*$D243,\"\")","v":118.81522509999999},{"$f":"SUM(F243:F252)","v":718.34760493481974},null,0]
[null,"CAL HIDRATADA CH-I PARA ARGAMASSAS","KG",12.3698,1.1875,{"$f":"IF(ISNUMBER(E244),E244*$D244,\"\")","v":14.689137499999999},null,null,0]
[null,"CIMENTO PORTLAND COMPOSTO CP II-32","KG",515.40949999999998,0.627,{"$f":"IF(ISNUMBER(E245),E245*$D245,\"\")","v":323.16175649999997},null,null,0]
[null,"PEDRA BRITADA N. 0, OU PEDRISCO (4,8 A 9,5 MM) POSTO PEDREIRA/FORNECEDOR, SEM FRETE","M3",0.56699999999999995,185.47800000000001,{"$f":"IF(ISNUMBER(E246),E246*$D246,\"\")","v":105.166026},null,null,0]
[null,"SERVENTE COM ENCARGOS COMPLEMENTARES","H",2.5491999999999999,20.225499999999997,{"$f":"IF(ISNUMBER(E247),E247*$D247,\"\")","v":51.558844599999986},null,null,0]
[null,"OPERADOR DE BETONEIRA ESTACIONÁRIA/MISTURADOR COM ENCARGOS COMPLEMENTARES","H",1.6075999999999999,20.291999999999998,{"$f":"IF(ISNUMBER(E248),E248*$D248,\"\")","v":32.621419199999998},null,null,0]
[null,"BETONEIRA CAPACIDADE NOMINAL DE 400 L, CAPACIDADE DE MISTURA 280 L, MOTOR ELÉTRICO TRIFÁSICO POTÊNCIA DE 2 CV, SEM CARREGADOR - CHP DIURNO. AF_10/2014","CHP",1.1143000000000001,1.6435,{"$f":"IF(ISNUMBER(E249),E249*$D249,\"\")","v":1.83135205},null,null,0]
[null,"BETONEIRA CAPACIDADE NOMINAL DE 400 L, CAPACIDADE DE MISTURA 280 L, MOTOR ELÉTRICO TRIFÁSICO POTÊNCIA DE 2 CV, SEM CARREGADOR - CHI DIURNO. AF_10/2014","CHI",0.49330000000000002,0.42749999999999999,{"$f":"IF(ISNUMBER(E250),E250*$D250,\"\")","v":0.21088575000000001},null,null,0]
[null,"CARGA, MANOBRA E DESCARGA DE SOLOS E MATERIAIS GRANULARES EM CAMINHÃO BASCULANTE 6 M³ - CARGA COM PÁ CARREGADEIRA (CAÇAMBA DE 1,7 A 2,8 M³ / 128 HP) E DESCARGA LIVRE (UNIDADE: M3). AF_07/2020","M3",{"$f":"ROUND(1*(D243+D246),4)","v":1.1468},7.9843291499999998,{"$f":"IF(ISNUMBER(E251),E251*$D251,\"\")","v":9.1564286692200003},null,null,0]
[null,"TRANSPORTE COM CAMINHÃO BASCULANTE DE 6 M³, EM VIA URBANA PAVIMENTADA, DMT ATÉ 30 KM (UNIDADE: M3XKM). AF_07/2020","M3xKM",{"$f":"ROUND((D243+D246)*20,4)","v":22.936},2.6655270999999994,{"$f":"IF(ISNUMBER(E252),E252*$D252,\"\")","v":61.136529565599986},null,null,0]
[null,null,null,null,"",{"$f":"IF(ISNUMBER(E253),E253*$D253,\"\")","v":""},null,null,0]
[null,"Obs.: Considerando fornecedor de areia e brita a 20 km do Senado Federal.",null,null,"",{"$f":"IF(ISNUMBER(E254),E254*$D254,\"\")","v":""},null,null,0]
[null,null,null,null,"",{"$f":"IF(ISNUMBER(E255),E255*$D255,\"\")","v":""},null,null,0]
["ARGAMASSA TRAÇO 1:3 (EM VOLUME DE CIMENTO E AREIA MÉDIA ÚMIDA) PARA CONTRAPISO, PREPARO MANUAL. AF_08/2019","","M3",null,"",{"$f":"IF(ISNUMBER(E256),E256*$D256,\"\")","v":""},null,null,0]
[null,"",null,null,"",{"$f":"IF(ISNUMBER(E257),E257*$D257,\"\")","v":""},null,null,0]
[null,"AREIA MEDIA - POSTO JAZIDA/FORNECEDOR (RETIRADO NA JAZIDA, SEM TRANSPORTE)","M3",1.25,202.2835,{"$f":"IF(ISNUMBER(E258),E258*$D258,\"\")","v":252.854375},{"$f":"SUM(F258:F262)","v":918.47096893750006},null,0]
[null,"CIMENTO PORTLAND COMPOSTO CP II-32","KG",563.59,0.627,{"$f":"IF(ISNUMBER(E259),E259*$D259,\"\")","v":353.37093000000004},null,null,0]
[null,"Servente com encargos complementares","H",11.65,20.225499999999997,{"$f":"IF(ISNUMBER(E260),E260*$D260,\"\")","v":235.62707499999996},null,null,0]
[null,"CARGA, MANOBRA E DESCARGA DE SOLOS E MATERIAIS GRANULARES EM CAMINHÃO BASCULANTE 6 M³ - CARGA COM PÁ CARREGADEIRA (CAÇAMBA DE 1,7 A 2,8 M³ / 128 HP) E DESCARGA LIVRE (UNIDADE: M3). AF_07/2020","M3",{"$f":"ROUND(1*(D258),4)","v":1.25},7.9843291499999998,{"$f":"IF(ISNUMBER(E261),E261*$D261,\"\")","v":9.980411437499999},null,null,0]
[null,"TRANSPORTE COM CAMINHÃO BASCULANTE DE 6 M³, EM VIA URBANA PAVIMENTADA, DMT ATÉ 30 KM (UNIDADE: M3XKM). AF_07/2020","M3xKM",{"$f":"ROUND(D258*20,4)","v":25},2.6655270999999994,{"$f":"IF(ISNUMBER(E262),E262*$D262,\"\")","v":66.638177499999983},null,null,0]
[null,null,null,null,"",{"$f":"IF(ISNUMBER(E263),E263*$D263,\"\")","v":""},null,null,0]
[null,"Obs.: Considerando fornecedor de areia a 20 km do Senado Federal.",null,null,"",{"$f":"IF(ISNUMBER(E264),E264*$D264,\"\")","v":""},null,null,0]
[null,"",null,null,"",{"$f":"IF(ISNUMBER(E265),E265*$D265,\"\")","v":""},null,null,0]
["BATENTE PARA PORTA DE MADEIRA, PADRÃO MÉDIO - FORNECIMENTO E MONTAGEM. AF_12/2019","","un",null,"",{"$f":"IF(ISNUMBER(E266),E266*$D266,\"\")","v":""},null,null,0]
[null,"",null,null,"",{"$f":"IF(ISNUMBER(E267),E267*$D267,\"\")","v":""},null,null,0]
[null,"BATENTE / PORTAL / ADUELA / MARCO EM MADEIRA MACICA COM REBAIXO, E = *3* CM, L = *14* CM, PARA PORTAS DE GIRO DE *60 CM A 120* CM X *210* CM, CEDRINHO / ANGELIM COMERCIAL / TAURI / CURUPIXA / PEROBA / CUMARU OU EQUIVALENTE DA REGIAO (NAO INCLUI ALIZARES)","JG",1,242.25,{"$f":"IF(ISNUMBER(E268),E268*$D268,\"\")","v":242.25},{"$f":"SUM(F268:F272)","v":341.04252350000002},null,0]
[null,"PREGO DE ACO POLIDO COM CABECA 12 X 12","KG",1.0999999999999999E-2,28.462,{"$f":"IF(ISNUMBER(E269),E269*$D269,\"\")","v":0.31308199999999997},null,null,0]
[null,"PREGO DE ACO POLIDO COM CABECA 18 X 30 (2 3/4 X 10)","KG",2.4E-2,21.602999999999998,{"$f":"IF(ISNUMBER(E270),E270*$D270,\"\")","v":0.51847199999999993},null,null,0]
[null,"CARPINTEIRO DE ESQUADRIA COM ENCARGOS COMPLEMENTARES","H",2.7410000000000001,25.725999999999996,{"$f":"IF(ISNUMBER(E271),E271*$D271,\"\")","v":70.514965999999987},null,null,0]
[null,"SERVENTE COM ENCARGOS COMPLEMENTARES","H",1.357,20.225499999999997,{"$f":"IF(ISNUMBER(E272),E272*$D272,\"\")","v":27.446003499999996},null,null,0]
[null,null,null,null,"",{"$f":"IF(ISNUMBER(E273),E273*$D273,\"\")","v":""},null,null,0]
["ARGAMASSA TRAÇO 1:0,5:4,5 (EM VOLUME DE CIMENTO, CAL E AREIA MÉDIA ÚMIDA) PARA ASSENTAMENTO DE ALVENARIA, PREPARO MANUAL. AF_08/2019","","M3",null,"",{"$f":"IF(ISNUMBER(E274),E274*$D274,\"\")","v":""},null,null,0]
[null,"",null,null,"",{"$f":"IF(ISNUMBER(E275),E275*$D275,\"\")","v":""},null,null,0]
[null,"AREIA MEDIA - POSTO JAZIDA/FORNECEDOR (RETIRADO NA JAZIDA, SEM TRANSPORTE)","M3",1.07,202.2835,{"$f":"IF(ISNUMBER(E276),E276*$D276,\"\")","v":216.44334500000002},{"$f":"SUM(F276:F281)","v":762.17111213049998},null,0]
[null,"CAL HIDRATADA CH-I PARA ARGAMASSAS","KG",75.47,1.1875,{"$f":"IF(ISNUMBER(E277),E277*$D277,\"\")","v":89.620625000000004},null,null,0]
[null,"CIMENTO PORTLAND COMPOSTO CP II-32","KG",339.62,0.627,{"$f":"IF(ISNUMBER(E278),E278*$D278,\"\")","v":212.94174000000001},null,null,0]
[null,"Servente com encargos complementares","H",8.7799999999999994,20.225499999999997,{"$f":"IF(ISNUMBER(E279),E279*$D279,\"\")","v":177.57988999999995},null,null,0]
[null,"CARGA, MANOBRA E DESCARGA DE SOLOS E MATERIAIS GRANULARES EM CAMINHÃO BASCULANTE 6 M³ - CARGA COM PÁ CARREGADEIRA (CAÇAMBA DE 1,7 A 2,8 M³ / 128 HP) E DESCARGA LIVRE (UNIDADE: M3). AF_07/2020","M3",{"$f":"ROUND(1*D276,4)","v":1.07},7.9843291499999998,{"$f":"IF(ISNUMBER(E280),E280*$D280,\"\")","v":8.5432321904999995},null,null,0]
[null,"TRANSPORTE COM CAMINHÃO BASCULANTE DE 6 M³, EM VIA URBANA PAVIMENTADA, DMT ATÉ 30 KM (UNIDADE: M3XKM). AF_07/2020","M3xKM",{"$f":"ROUND(D276*20,4)","v":21.4},2.6655270999999994,{"$f":"IF(ISNUMBER(E281),E281*$D281,\"\")","v":57.042279939999986},null,null,0]
[null,null,null,null,"",{"$f":"IF(ISNUMBER(E282),E282*$D282,\"\")","v":""},null,null,0]
[null,"Obs.: Considerando fornecedor de areia a 20 km do Senado Federal.",null,null,"",{"$f":"IF(ISNUMBER(E283),E283*$D283,\"\")","v":""},null,null,0]
[null,"",null,null,"",{"$f":"IF(ISNUMBER(E284),E284*$D284,\"\")","v":""},null,null,0]
["ARMAÇÃO DE LAJE DE ESTRUTURA CONVENCIONAL DE CONCRETO ARMADO UTILIZANDO AÇO CA-60 DE 4,2 MM - MONTAGEM. AF_06/2022","","KG",null,"",{"$f":"IF(ISNUMBER(E285),E285*$D285,\"\")","v":""},null,null,0]
[null,"",null,null,"",{"$f":"IF(ISNUMBER(E286),E286*$D286,\"\")","v":""},null,null,0]
[null,"ESPACADOR / DISTANCIADOR CIRCULAR COM ENTRADA LATERAL, EM PLASTICO, PARA VERGALHAO *4,2 A 12,5* MM, COBRIMENTO 20 MM","UN",2.8159999999999998,0.20899999999999999,{"$f":"IF(ISNUMBER(E287),E287*$D287,\"\")","v":0.58854399999999996},{"$f":"SUM(F287:F291)","v":16.763918500000003},null,0]
[null,"ARAME RECOZIDO 16 BWG, D = 1,65 MM (0,016 KG/M) OU 18 BWG, D = 1,25 MM (0,01 KG/M)","KG",2.5000000000000001E-2,22.61,{"$f":"IF(ISNUMBER(E288),E288*$D288,\"\")","v":0.56525000000000003},null,null,0]
[null,"AJUDANTE DE ARMADOR COM ENCARGOS COMPLEMENTARES","H",1.72E-2,20.196999999999999,{"$f":"IF(ISNUMBER(E289),E289*$D289,\"\")","v":0.34738839999999999},null,null,0]
[null,"ARMADOR COM ENCARGOS COMPLEMENTARES","H",0.1055,26.970499999999998,{"$f":"IF(ISNUMBER(E290),E290*$D290,\"\")","v":2.8453877499999995},null,null,0]
[null,"CORTE E DOBRA DE AÇO CA-60, DIÂMETRO DE 4,2 MM, UTILIZADO EM LAJE. AF_12/2015","KG",1,12.417348350000001,{"$f":"IF(ISNUMBER(E291),E291*$D291,\"\")","v":12.417348350000001},null,null,0]
[null,null,null,null,"",{"$f":"IF(ISNUMBER(E292),E292*$D292,\"\")","v":""},null,null,0]
["CORTE E DOBRA DE AÇO CA-60, DIÂMETRO DE 4,2 MM. AF_06/2022","","KG",null,"",{"$f":"IF(ISNUMBER(E293),E293*$D293,\"\")","v":""},null,null,0]
[null,"",null,null,"",{"$f":"IF(ISNUMBER(E294),E294*$D294,\"\")","v":""},null,null,0]
[null,"ACO CA-60, 4,2 MM, OU 5,0 MM, OU 6,0 MM, OU 7,0 MM, VERGALHAO","KG",1.07,9.0060000000000002,{"$f":"IF(ISNUMBER(E295),E295*$D295,\"\")","v":9.6364200000000011},{"$f":"SUM(F295:F297)","v":12.417348350000001},null,0]
[null,"AJUDANTE DE ARMADOR COM ENCARGOS COMPLEMENTARES","H",1.3100000000000001E-2,20.196999999999999,{"$f":"IF(ISNUMBER(E296),E296*$D296,\"\")","v":0.2645807},null,null,0]
[null,"ARMADOR COM ENCARGOS COMPLEMENTARES","H",9.3299999999999994E-2,26.970499999999998,{"$f":"IF(ISNUMBER(E297),E297*$D297,\"\")","v":2.5163476499999997},null,null,0]
[null,"",null,null,"",{"$f":"IF(ISNUMBER(E298),E298*$D298,\"\")","v":""},null,null,0]
["CONCRETO FCK = 15MPA, TRAÇO 1:3,4:3,5 (EM MASSA SECA DE CIMENTO/ AREIA MÉDIA/ BRITA 1) - PREPARO MECÂNICO COM BETONEIRA 600 L. AF_05/2021","","M3",null,"",{"$f":"IF(ISNUMBER(E299),E299*$D299,\"\")","v":""},null,null,0]
[null,"",null,null,"",{"$f":"IF(ISNUMBER(E300),E300*$D300,\"\")","v":""},null,null,0]
[null,"AREIA MEDIA - POSTO JAZIDA/FORNECEDOR (RETIRADO NA JAZIDA, SEM TRANSPORTE)","M3",0.80759999999999998,202.2835,{"$f":"IF(ISNUMBER(E301),E301*$D301,\"\")","v":163.36415460000001},{"$f":"SUM(F301:F309)","v":585.24119544023506},null,0]
[null,"CIMENTO PORTLAND COMPOSTO CP II-32","KG",274.06349999999998,0.627,{"$f":"IF(ISNUMBER(E302),E302*$D302,\"\")","v":171.83781449999998},null,null,0]
[null,"PEDRA BRITADA N. 1 (9,5 a 19 MM) POSTO PEDREIRA/FORNECEDOR, SEM FRETE","M3",0.58130000000000004,160.65450000000001,{"$f":"IF(ISNUMBER(E303),E303*$D303,\"\")","v":93.388460850000016},null,null,0]
[null,"SERVENTE COM ENCARGOS COMPLEMENTARES","H",2.0266999999999999,20.225499999999997,{"$f":"IF(ISNUMBER(E304),E304*$D304,\"\")","v":40.991020849999991},null,null,0]
[null,"OPERADOR DE BETONEIRA ESTACIONÁRIA/MISTURADOR COM ENCARGOS COMPLEMENTARES","H",1.2822,20.291999999999998,{"$f":"IF(ISNUMBER(E305),E305*$D305,\"\")","v":26.018402399999999},null,null,0]
[null,"BETONEIRA CAPACIDADE NOMINAL DE 600 L, CAPACIDADE DE MISTURA 360 L, MOTOR ELÉTRICO TRIFÁSICO POTÊNCIA DE 4 CV, SEM CARREGADOR - CHP DIURNO. AF_11/2014","CHP",0.65990000000000004,5.1395,{"$f":"IF(ISNUMBER(E306),E306*$D306,\"\")","v":3.3915560500000002},null,null,0]
[null,"BETONEIRA CAPACIDADE NOMINAL DE 600 L, CAPACIDADE DE MISTURA 360 L, MOTOR ELÉTRICO TRIFÁSICO POTÊNCIA DE 4 CV, SEM CARREGADOR - CHI DIURNO. AF_11/2014","CHI",0.62229999999999996,1.7954999999999999,{"$f":"IF(ISNUMBER(E307),E307*$D307,\"\")","v":1.1173396499999999},null,null,0]
[null,"CARGA, MANOBRA E DESCARGA DE SOLOS E MATERIAIS GRANULARES EM CAMINHÃO BASCULANTE 6 M³ - CARGA COM PÁ CARREGADEIRA (CAÇAMBA DE 1,7 A 2,8 M³ / 128 HP) E DESCARGA LIVRE (UNIDADE: M3). AF_07/2020","M3",{"$f":"ROUND(1*(D301+D303),4)","v":1.3889},7.9843291499999998,{"$f":"IF(ISNUMBER(E308),E308*$D308,\"\")","v":11.089434756435001},null,null,0]
[null,"TRANSPORTE COM CAMINHÃO BASCULANTE DE 6 M³, EM VIA URBANA PAVIMENTADA, DMT ATÉ 30 KM (UNIDADE: M3XKM). AF_07/2020","M3xKM",{"$f":"ROUND((D301+D303)*20,4)","v":27.777999999999999},2.6655270999999994,{"$f":"IF(ISNUMBER(E309),E309*$D309,\"\")","v":74.043011783799983},null,null,0]
[null,null,null,null,"",{"$f":"IF(ISNUMBER(E310),E310*$D310,\"\")","v":""},null,null,0]
[null,"Obs.: Considerando fornecedor de areia e brita a 20 km do Senado Federal.",null,null,"",{"$f":"IF(ISNUMBER(E311),E311*$D311,\"\")","v":""},null,null,0]
[null,"",null,null,"",{"$f":"IF(ISNUMBER(E312),E312*$D312,\"\")","v":""},null,null,0]
["CONCRETO MAGRO PARA LASTRO, TRAÇO 1:4,5:4,5 (EM MASSA SECA DE CIMENTO/ AREIA MÉDIA/ BRITA 1) - PREPARO MECÂNICO COM BETONEIRA 600 L. AF_05/2021","","M3",null,"",{"$f":"IF(ISNUMBER(E313),E313*$D313,\"\")","v":""},null,null,0]
[null,"",null,null,"",{"$f":"IF(ISNUMBER(E314),E314*$D314,\"\")","v":""},null,null,0]
[null,"AREIA MEDIA - POSTO JAZIDA/FORNECEDOR (RETIRADO NA JAZIDA, SEM TRANSPORTE)","M3",0.83250000000000002,202.2835,{"$f":"IF(ISNUMBER(E315),E315*$D315,\"\")","v":168.40101375},{"$f":"SUM(F315:F323)","v":556.75282397879005},null,0]
[null,"CIMENTO PORTLAND COMPOSTO CP II-32","KG",213.45310000000001,0.627,{"$f":"IF(ISNUMBER(E316),E316*$D316,\"\")","v":133.83509370000002},null,null,0]
[null,"PEDRA BRITADA N. 1 (9,5 a 19 MM) POSTO PEDREIRA/FORNECEDOR, SEM FRETE","M3",0.58209999999999995,160.65450000000001,{"$f":"IF(ISNUMBER(E317),E317*$D317,\"\")","v":93.516984449999995},null,null,0]
[null,"SERVENTE COM ENCARGOS COMPLEMENTARES","H",2.1057999999999999,20.225499999999997,{"$f":"IF(ISNUMBER(E318),E318*$D318,\"\")","v":42.590857899999989},null,null,0]
[null,"OPERADOR DE BETONEIRA ESTACIONÁRIA/MISTURADOR COM ENCARGOS COMPLEMENTARES","H",1.3314999999999999,20.291999999999998,{"$f":"IF(ISNUMBER(E319),E319*$D319,\"\")","v":27.018797999999997},null,null,0]
[null,"BETONEIRA CAPACIDADE NOMINAL DE 600 L, CAPACIDADE DE MISTURA 360 L, MOTOR ELÉTRICO TRIFÁSICO POTÊNCIA DE 4 CV, SEM CARREGADOR - CHP DIURNO. AF_11/2014","CHP",0.68530000000000002,5.1395,{"$f":"IF(ISNUMBER(E320),E320*$D320,\"\")","v":3.52209935},null,null,0]
[null,"BETONEIRA CAPACIDADE NOMINAL DE 600 L, CAPACIDADE DE MISTURA 360 L, MOTOR ELÉTRICO TRIFÁSICO POTÊNCIA DE 4 CV, SEM CARREGADOR - CHI DIURNO. AF_11/2014","CHI",0.6462,1.7954999999999999,{"$f":"IF(ISNUMBER(E321),E321*$D321,\"\")","v":1.1602520999999999},null,null,0]
[null,"CARGA, MANOBRA E DESCARGA DE SOLOS E MATERIAIS GRANULARES EM CAMINHÃO BASCULANTE 6 M³ - CARGA COM PÁ CARREGADEIRA (CAÇAMBA DE 1,7 A 2,8 M³ / 128 HP) E DESCARGA LIVRE (UNIDADE: M3). AF_07/2020","M3",{"$f":"ROUND(1*(D315+D317),4)","v":1.4146000000000001},7.9843291499999998,{"$f":"IF(ISNUMBER(E322),E322*$D322,\"\")","v":11.29463201559},null,null,0]
[null,"TRANSPORTE COM CAMINHÃO BASCULANTE DE 6 M³, EM VIA URBANA PAVIMENTADA, DMT ATÉ 30 KM (UNIDADE: M3XKM). AF_07/2020","M3xKM",{"$f":"ROUND((D315+D317)*20,4)","v":28.292000000000002},2.6655270999999994,{"$f":"IF(ISNUMBER(E323),E323*$D323,\"\")","v":75.413092713199987},null,null,0]
[null,null,null,null,"",{"$f":"IF(ISNUMBER(E324),E324*$D324,\"\")","v":""},null,null,0]
[null,"Obs.: Considerando fornecedor de areia e brita a 20 km do Senado Federal.",null,null,"",{"$f":"IF(ISNUMBER(E325),E325*$D325,\"\")","v":""},null,null,0]
[null,"",null,null,"",{"$f":"IF(ISNUMBER(E326),E326*$D326,\"\")","v":""},null,null,0]
["ARGAMASSA TRAÇO 1:4 (EM VOLUME DE CIMENTO E AREIA GROSSA ÚMIDA) PARA CHAPISCO CONVENCIONAL, PREPARO MECÂNICO COM BETONEIRA 400 L. AF_08/2019","","M3",null,"",{"$f":"IF(ISNUMBER(E327),E327*$D327,\"\")","v":""},null,null,0]
[null,"",null,null,"",{"$f":"IF(ISNUMBER(E328),E328*$D328,\"\")","v":""},null,null,0]
[null,"AREIA GROSSA - POSTO JAZIDA/FORNECEDOR (RETIRADO NA JAZIDA, SEM TRANSPORTE)","M3",1.02,204.92449999999999,{"$f":"IF(ISNUMBER(E329),E329*$D329,\"\")","v":209.02298999999999},{"$f":"SUM(F329:F335)","v":584.38255857299998},null,0]
[null,"CIMENTO PORTLAND COMPOSTO CP II-32","KG",343.52,0.627,{"$f":"IF(ISNUMBER(E330),E330*$D330,\"\")","v":215.38703999999998},null,null,0]
[null,"OPERADOR DE BETONEIRA ESTACIONÁRIA/MISTURADOR COM ENCARGOS COMPLEMENTARES","H",4.6399999999999997,20.291999999999998,{"$f":"IF(ISNUMBER(E331),E331*$D331,\"\")","v":94.154879999999991},null,null,0]
[null,"BETONEIRA CAPACIDADE NOMINAL DE 400 L, CAPACIDADE DE MISTURA 280 L, MOTOR ELÉTRICO TRIFÁSICO POTÊNCIA DE 2 CV, SEM CARREGADOR - CHP DIURNO. AF_10/2014","CHP",1.08,1.6435,{"$f":"IF(ISNUMBER(E332),E332*$D332,\"\")","v":1.77498},null,null,0]
[null,"BETONEIRA CAPACIDADE NOMINAL DE 400 L, CAPACIDADE DE MISTURA 280 L, MOTOR ELÉTRICO TRIFÁSICO POTÊNCIA DE 2 CV, SEM CARREGADOR - CHI DIURNO. AF_10/2014","CHI",3.56,0.42749999999999999,{"$f":"IF(ISNUMBER(E333),E333*$D333,\"\")","v":1.5219},null,null,0]
[null,"CARGA, MANOBRA E DESCARGA DE SOLOS E MATERIAIS GRANULARES EM CAMINHÃO BASCULANTE 6 M³ - CARGA COM PÁ CARREGADEIRA (CAÇAMBA DE 1,7 A 2,8 M³ / 128 HP) E DESCARGA LIVRE (UNIDADE: M3). AF_07/2020","M3",{"$f":"ROUND(1*(D329),4)","v":1.02},7.9843291499999998,{"$f":"IF(ISNUMBER(E334),E334*$D334,\"\")","v":8.1440157329999998},null,null,0]
[null,"TRANSPORTE COM CAMINHÃO BASCULANTE DE 6 M³, EM VIA URBANA PAVIMENTADA, DMT ATÉ 30 KM (UNIDADE: M3XKM). AF_07/2020","M3xKM",{"$f":"ROUND(D329*20,4)","v":20.399999999999999},2.6655270999999994,{"$f":"IF(ISNUMBER(E335),E335*$D335,\"\")","v":54.37675283999998},null,null,0]
[null,null,null,null,"",{"$f":"IF(ISNUMBER(E336),E336*$D336,\"\")","v":""},null,null,0]
[null,"Obs.: Considerando fornecedor de areia a 20 km do Senado Federal.",null,null,"",{"$f":"IF(ISNUMBER(E337),E337*$D337,\"\")","v":""},null,null,0]
[null,"",null,null,"",{"$f":"IF(ISNUMBER(E338),E338*$D338,\"\")","v":""},null,null,0]
["CARGA, MANOBRA E DESCARGA DE SOLOS E MATERIAIS GRANULARES EM CAMINHÃO BASCULANTE 6 M³ - CARGA COM PÁ CARREGADEIRA (CAÇAMBA DE 1,7 A 2,8 M³ / 128 HP) E DESCARGA LIVRE (UNIDADE: M3). AF_07/2020","","M3",null,"",{"$f":"IF(ISNUMBER(E339),E339*$D339,\"\")","v":""},null,null,0]
[null,"",null,null,"",{"$f":"IF(ISNUMBER(E340),E340*$D340,\"\")","v":""},null,null,0]
[null,"PÁ CARREGADEIRA SOBRE RODAS, POTÊNCIA LÍQUIDA 128 HP, CAPACIDADE DA CAÇAMBA 1,7 A 2,8 M3, PESO OPERACIONAL 11632 KG - CHP DIURNO. AF_06/2014","CHP",8.3000000000000001E-3,175.87349999999998,{"$f":"IF(ISNUMBER(E341),E341*$D341,\"\")","v":1.4597500499999998},{"$f":"SUM(F341:F344)","v":7.9843291499999998},null,0]
[null,"PÁ CARREGADEIRA SOBRE RODAS, POTÊNCIA LÍQUIDA 128 HP, CAPACIDADE DA CAÇAMBA 1,7 A 2,8 M3, PESO OPERACIONAL 11632 KG - CHI DIURNO. AF_06/2014","CHI",1.5100000000000001E-2,64.314999999999998,{"$f":"IF(ISNUMBER(E342),E342*$D342,\"\")","v":0.97115649999999998},null,null,0]
[null,"CAMINHÃO BASCULANTE 6 M3 TOCO, PESO BRUTO TOTAL 16.000 KG, CARGA ÚTIL MÁXIMA 11.130 KG, DISTÂNCIA ENTRE EIXOS 5,36 M, POTÊNCIA 185 CV, INCLUSIVE CAÇAMBA METÁLICA - CHP DIURNO. AF_06/2014","CHP",2.6700000000000002E-2,170.44899999999998,{"$f":"IF(ISNUMBER(E343),E343*$D343,\"\")","v":4.5509883000000002},null,null,0]
[null,"CAMINHÃO BASCULANTE 6 M3 TOCO, PESO BRUTO TOTAL 16.000 KG, CARGA ÚTIL MÁXIMA 11.130 KG, DISTÂNCIA ENTRE EIXOS 5,36 M, POTÊNCIA 185 CV, INCLUSIVE CAÇAMBA METÁLICA - CHI DIURNO. AF_06/2014","CHI",2.0299999999999999E-2,49.380999999999993,{"$f":"IF(ISNUMBER(E344),E344*$D344,\"\")","v":1.0024342999999998},null,null,0]
[null,"",null,null,"",{"$f":"IF(ISNUMBER(E345),E345*$D345,\"\")","v":""},null,null,0]
["CARGA, MANOBRA E DESCARGA DE SOLOS E MATERIAIS GRANULARES EM CAMINHÃO BASCULANTE 6 M³ - CARGA COM PÁ CARREGADEIRA (CAÇAMBA DE 1,7 A 2,8 M³ / 128 HP) E DESCARGA LIVRE (UNIDADE: T). AF_07/2020","","T",null,"",{"$f":"IF(ISNUMBER(E346),E346*$D346,\"\")","v":""},null,null,0]
[null,"",null,null,"",{"$f":"IF(ISNUMBER(E347),E347*$D347,\"\")","v":""},null,null,0]
[null,"PÁ CARREGADEIRA SOBRE RODAS, POTÊNCIA LÍQUIDA 128 HP, CAPACIDADE DA CAÇAMBA 1,7 A 2,8 M3, PESO OPERACIONAL 11632 KG - CHP DIURNO. AF_06/2014","CHP",5.5599999999999998E-3,175.87349999999998,{"$f":"IF(ISNUMBER(E348),E348*$D348,\"\")","v":0.97785665999999982},{"$f":"SUM(F348:F351)","v":5.3280738599999991},null,0]
[null,"PÁ CARREGADEIRA SOBRE RODAS, POTÊNCIA LÍQUIDA 128 HP, CAPACIDADE DA CAÇAMBA 1,7 A 2,8 M3, PESO OPERACIONAL 11632 KG - CHI DIURNO. AF_06/2014","CHI",1.01E-2,64.314999999999998,{"$f":"IF(ISNUMBER(E349),E349*$D349,\"\")","v":0.64958149999999992},null,null,0]
[null,"CAMINHÃO BASCULANTE 6 M3 TOCO, PESO BRUTO TOTAL 16.000 KG, CARGA ÚTIL MÁXIMA 11.130 KG, DISTÂNCIA ENTRE EIXOS 5,36 M, POTÊNCIA 185 CV, INCLUSIVE CAÇAMBA METÁLICA - CHP DIURNO. AF_06/2014","CHP",1.78E-2,170.44899999999998,{"$f":"IF(ISNUMBER(E350),E350*$D350,\"\")","v":3.0339921999999997},null,null,0]
[null,"CAMINHÃO BASCULANTE 6 M3 TOCO, PESO BRUTO TOTAL 16.000 KG, CARGA ÚTIL MÁXIMA 11.130 KG, DISTÂNCIA ENTRE EIXOS 5,36 M, POTÊNCIA 185 CV, INCLUSIVE CAÇAMBA METÁLICA - CHI DIURNO. AF_06/2014","CHI",1.35E-2,49.380999999999993,{"$f":"IF(ISNUMBER(E351),E351*$D351,\"\")","v":0.66664349999999994},null,null,0]
[null,"",null,null,"",{"$f":"IF(ISNUMBER(E352),E352*$D352,\"\")","v":""},null,null,0]
["MONTAGEM E DESMONTAGEM DE FÔRMA DE PILARES RETANGULARES E ESTRUTURAS SIMILARES, PÉ-DIREITO SIMPLES, EM MADEIRA SERRADA, 2 UTILIZAÇÕES. AF_09/2020","","M2",null,"",{"$f":"IF(ISNUMBER(E353),E353*$D353,\"\")","v":""},null,null,0]
[null,"",null,null,"",{"$f":"IF(ISNUMBER(E354),E354*$D354,\"\")","v":""},null,null,0]
[null,"DESMOLDANTE PROTETOR PARA FORMAS DE MADEIRA, DE BASE OLEOSA EMULSIONADA EM AGUA","L",1.7000000000000001E-2,8.0274999999999981,{"$f":"IF(ISNUMBER(E355),E355*$D355,\"\")","v":0.13646749999999996},{"$f":"SUM(F355:F359)","v":222.07940620000002},null,0]
[null,"PREGO DE ACO POLIDO COM CABECA DUPLA 17 X 27 (2 1/2 X 11)","KG",2.7E-2,26.656999999999996,{"$f":"IF(ISNUMBER(E356),E356*$D356,\"\")","v":0.71973899999999991},null,null,0]
[null,"AJUDANTE DE CARPINTEIRO COM ENCARGOS COMPLEMENTARES","H",0.48899999999999999,21.337,{"$f":"IF(ISNUMBER(E357),E357*$D357,\"\")","v":10.433793},null,null,0]
[null,"CARPINTEIRO DE FORMAS COM ENCARGOS COMPLEMENTARES","H",2.6680000000000001,26.799499999999998,{"$f":"IF(ISNUMBER(E358),E358*$D358,\"\")","v":71.501065999999994},null,null,0]
[null,"FABRICAÇÃO DE FÔRMA PARA PILARES E ESTRUTURAS SIMILARES, EM MADEIRA SERRADA, E=25 MM. AF_12/2015","M2",0.53,262.80819000000002,{"$f":"IF(ISNUMBER(E359),E359*$D359,\"\")","v":139.28834070000002},null,null,0]
[null,"",null,null,"",{"$f":"IF(ISNUMBER(E360),E360*$D360,\"\")","v":""},null,null,0]
["CHAPISCO APLICADO EM ALVENARIAS E ESTRUTURAS DE CONCRETO INTERNAS, COM COLHER DE PEDREIRO.  ARGAMASSA TRAÇO 1:3 COM PREPARO EM BETONEIRA 400L. AF_10/2022","","M2",null,"",{"$f":"IF(ISNUMBER(E361),E361*$D361,\"\")","v":""},null,null,0]
[null,"",null,null,"",{"$f":"IF(ISNUMBER(E362),E362*$D362,\"\")","v":""},null,null,0]
[null,"ARGAMASSA TRAÇO 1:3 (EM VOLUME DE CIMENTO E AREIA GROSSA ÚMIDA) PARA CHAPISCO CONVENCIONAL, PREPARO MECÂNICO COM BETONEIRA 400 L. AF_08/2019","M3",4.1999999999999997E-3,611.05403259249999,{"$f":"IF(ISNUMBER(E363),E363*$D363,\"\")","v":2.5664269368885},{"$f":"SUM(F363:F365)","v":4.6092404368884994},null,0]
[null,"PEDREIRO COM ENCARGOS COMPLEMENTARES","H",7.0000000000000007E-2,27.160499999999999,{"$f":"IF(ISNUMBER(E364),E364*$D364,\"\")","v":1.901235},null,null,0]
[null,"SERVENTE COM ENCARGOS COMPLEMENTARES","H",7.0000000000000001E-3,20.225499999999997,{"$f":"IF(ISNUMBER(E365),E365*$D365,\"\")","v":0.14157849999999997},null,null,0]
[null,null,null,null,"",null,null,null,0]
["EMBOÇO, PARA RECEBIMENTO DE CERÂMICA, EM ARGAMASSA TRAÇO 1:2:8, PREPARO MECÂNICO COM BETONEIRA 400L, APLICADO MANUALMENTE EM FACES INTERNAS DE PAREDES, PARA AMBIENTE COM ÁREA MENOR QUE 5M2, ESPESSURA DE 10MM, COM EXECUÇÃO DE TALISCAS. AF_06/2014","","M2",null,"",{"$f":"IF(ISNUMBER(E367),E367*$D367,\"\")","v":""},null,null,0]
[null,"",null,null,"",{"$f":"IF(ISNUMBER(E368),E368*$D368,\"\")","v":""},null,null,0]
[null,"ARGAMASSA TRAÇO 1:2:8 (EM VOLUME DE CIMENTO, CAL E AREIA MÉDIA ÚMIDA) PARA EMBOÇO/MASSA ÚNICA/ASSENTAMENTO DE ALVENARIA DE VEDAÇÃO, PREPARO MECÂNICO COM BETONEIRA 400 L. AF_08/2019","M3",2.1299999999999999E-2,729.81343053399996,{"$f":"IF(ISNUMBER(E369),E369*$D369,\"\")","v":15.545026070374199},{"$f":"SUM(F369:F371)","v":31.416514570374201},null,0]
[null,"PEDREIRO COM ENCARGOS COMPLEMENTARES","H",0.46,27.160499999999999,{"$f":"IF(ISNUMBER(E370),E370*$D370,\"\")","v":12.493830000000001},null,null,0]
[null,"SERVENTE COM ENCARGOS COMPLEMENTARES","H",0.16700000000000001,20.225499999999997,{"$f":"IF(ISNUMBER(E371),E371*$D371,\"\")","v":3.3776584999999995},null,null,0]
[null,null,null,null,"",null,null,null,0]
["ALVENARIA DE VEDAÇÃO DE BLOCOS CERÂMICOS FURADOS NA VERTICAL DE 9X19X39 CM (ESPESSURA 9 CM) E ARGAMASSA DE ASSENTAMENTO COM PREPARO EM BETONEIRA. AF_12/2021","","M2",null,"",{"$f":"IF(ISNUMBER(E373),E373*$D373,\"\")","v":""},null,null,0]
[null,"",null,null,"",{"$f":"IF(ISNUMBER(E374),E374*$D374,\"\")","v":""},null,null,0]
[null,"TELA DE ACO SOLDADA GALVANIZADA/ZINCADA PARA ALVENARIA, FIO D = *1,20 A 1,70* MM, MALHA 15 X 15 MM, (C X L) *50 X 7,5* CM","M",0.42,2.831,{"$f":"IF(ISNUMBER(E375),E375*$D375,\"\")","v":1.18902},{"$f":"SUM(F375:F380)","v":57.324317177553596},null,0]
[null,"PINO DE ACO COM FURO, HASTE = 27 MM (ACAO DIRETA)","CENTO",5.0000000000000001E-3,39.444000000000003,{"$f":"IF(ISNUMBER(E376),E376*$D376,\"\")","v":0.19722000000000001},null,null,0]
[null,"BLOCO CERAMICO / TIJOLO VAZADO PARA ALVENARIA DE VEDACAO, FUROS NA VERTICAL,, 9 X 19 X 39 CM (NBR 15270)","UN",13.6,1.9379999999999999,{"$f":"IF(ISNUMBER(E377),E377*$D377,\"\")","v":26.3568},null,null,0]
[null,"ARGAMASSA TRAÇO 1:2:8 (EM VOLUME DE CIMENTO, CAL E AREIA MÉDIA ÚMIDA) PARA EMBOÇO/MASSA ÚNICA/ASSENTAMENTO DE ALVENARIA DE VEDAÇÃO, PREPARO MECÂNICO COM BETONEIRA 400 L. AF_08/2019","M3",1.04E-2,729.81343053399996,{"$f":"IF(ISNUMBER(E378),E378*$D378,\"\")","v":7.5900596775535991},null,null,0]
[null,"PEDREIRO COM ENCARGOS COMPLEMENTARES","H",0.59,27.160499999999999,{"$f":"IF(ISNUMBER(E379),E379*$D379,\"\")","v":16.024694999999998},null,null,0]
[null,"SERVENTE COM ENCARGOS COMPLEMENTARES","H",0.29499999999999998,20.225499999999997,{"$f":"IF(ISNUMBER(E380),E380*$D380,\"\")","v":5.9665224999999991},null,null,0]
[null,"",null,null,"",{"$f":"IF(ISNUMBER(E381),E381*$D381,\"\")","v":""},null,null,0]
["FABRICAÇÃO DE FÔRMA PARA PILARES E ESTRUTURAS SIMILARES, EM MADEIRA SERRADA, E=25 MM. AF_09/2020","","M2",null,"",{"$f":"IF(ISNUMBER(E382),ROUND(E382*$D382,2),\"\")","v":""},null,null,0]
[null,"",null,null,"",{"$f":"IF(ISNUMBER(E383),ROUND(E383*$D383,2),\"\")","v":""},null,null,0]
[null,"SARRAFO *2,5 X 7,5* CM EM PINUS, MISTA OU EQUIVALENTE DA REGIAO - BRUTA","M",4.4320000000000004,2.8499999999999996,{"$f":"IF(ISNUMBER(E384),ROUND(E384*$D384,2),\"\")","v":12.63},{"$f":"SUM(F384:F390)","v":262.81000000000006},null,0]
[null,"PREGO DE ACO POLIDO COM CABECA 17 X 21 (2 X 11)","KG",8.5999999999999993E-2,21.602999999999998,{"$f":"IF(ISNUMBER(E385),ROUND(E385*$D385,2),\"\")","v":1.86},null,null,0]
[null,"TABUA NAO APARELHADA *2,5 X 30* CM, EM MACARANDUBA, ANGELIM OU EQUIVALENTE DA REGIAO - BRUTA","M",6.53,34.152500000000003,{"$f":"IF(ISNUMBER(E386),ROUND(E386*$D386,2),\"\")","v":223.02},null,null,0]
[null,"AJUDANTE DE CARPINTEIRO COM ENCARGOS COMPLEMENTARES","H",0.14299999999999999,21.337,{"$f":"IF(ISNUMBER(E387),ROUND(E387*$D387,2),\"\")","v":3.05},null,null,0]
[null,"CARPINTEIRO DE FORMAS COM ENCARGOS COMPLEMENTARES","H",0.71499999999999997,26.799499999999998,{"$f":"IF(ISNUMBER(E388),ROUND(E388*$D388,2),\"\")","v":19.16},null,null,0]
[null,"SERRA CIRCULAR DE BANCADA COM MOTOR ELÉTRICO POTÊNCIA DE 5HP, COM COIFA PARA DISCO 10\" - CHP DIURNO. AF_08/2015","CHP",0.05,22.210999999999999,{"$f":"IF(ISNUMBER(E389),ROUND(E389*$D389,2),\"\")","v":1.1100000000000001},null,null,0]
[null,"SERRA CIRCULAR DE BANCADA COM MOTOR ELÉTRICO POTÊNCIA DE 5HP, COM COIFA PARA DISCO 10\" - CHI DIURNO. AF_08/2015","CHI",9.2999999999999999E-2,21.2895,{"$f":"IF(ISNUMBER(E390),ROUND(E390*$D390,2),\"\")","v":1.98},null,null,0]
[null,null,null,null,"",{"$f":"IF(ISNUMBER(E391),ROUND(E391*$D391,2),\"\")","v":""},null,null,0]
["ARGAMASSA TRAÇO 1:3 (EM VOLUME DE CIMENTO E AREIA GROSSA ÚMIDA) PARA CHAPISCO CONVENCIONAL, PREPARO MECÂNICO COM BETONEIRA 400 L. AF_08/2019","","M3",null,"",{"$f":"IF(ISNUMBER(E392),ROUND(E392*$D392,2),\"\")","v":""},null,null,0]
[null,"",null,null,"",{"$f":"IF(ISNUMBER(E393),ROUND(E393*$D393,2),\"\")","v":""},null,null,0]
[null,"AREIA GROSSA - POSTO JAZIDA/FORNECEDOR (RETIRADO NA JAZIDA, SEM TRANSPORTE)","M3",0.95,204.92449999999999,{"$f":"IF(ISNUMBER(E394),ROUND(E394*$D394,2),\"\")","v":194.68},{"$f":"SUM(F394:F402)","v":611.06012759249995},null,0]
[null,"CIMENTO PORTLAND COMPOSTO CP II-32","KG",426.49,0.627,{"$f":"IF(ISNUMBER(E395),ROUND(E395*$D395,2),\"\")","v":267.41000000000003},null,null,0]
[null,"OPERADOR DE BETONEIRA ESTACIONÁRIA/MISTURADOR COM ENCARGOS COMPLEMENTARES","H",4.32,20.291999999999998,{"$f":"IF(ISNUMBER(E396),ROUND(E396*$D396,2),\"\")","v":87.66},null,null,0]
[null,"BETONEIRA CAPACIDADE NOMINAL DE 400 L, CAPACIDADE DE MISTURA 280 L, MOTOR ELÉTRICO TRIFÁSICO POTÊNCIA DE 2 CV, SEM CARREGADOR - CHP DIURNO. AF_10/2014","CHP",1.01,1.6435,{"$f":"IF(ISNUMBER(E397),ROUND(E397*$D397,2),\"\")","v":1.66},null,null,0]
[null,"BETONEIRA CAPACIDADE NOMINAL DE 400 L, CAPACIDADE DE MISTURA 280 L, MOTOR ELÉTRICO TRIFÁSICO POTÊNCIA DE 2 CV, SEM CARREGADOR - CHI DIURNO. AF_10/2014","CHI",3.31,0.42749999999999999,{"$f":"IF(ISNUMBER(E398),ROUND(E398*$D398,2),\"\")","v":1.42},null,null,0]
[null,"CARGA, MANOBRA E DESCARGA DE SOLOS E MATERIAIS GRANULARES EM CAMINHÃO BASCULANTE 6 M³ - CARGA COM PÁ CARREGADEIRA (CAÇAMBA DE 1,7 A 2,8 M³ / 128 HP) E DESCARGA LIVRE (UNIDADE: M3). AF_07/2020","M3",{"$f":"ROUND(1*(D394),4)","v":0.95},7.9843291499999998,{"$f":"IF(ISNUMBER(E399),E399*$D399,\"\")","v":7.5851126924999992},null,null,0]
[null,"TRANSPORTE COM CAMINHÃO BASCULANTE DE 6 M³, EM VIA URBANA PAVIMENTADA, DMT ATÉ 30 KM (UNIDADE: M3XKM). AF_07/2020","M3xKM",{"$f":"ROUND(D394*20,4)","v":19},2.6655270999999994,{"$f":"IF(ISNUMBER(E400),E400*$D400,\"\")","v":50.645014899999985},null,null,0]
[null,null,null,null,"",{"$f":"IF(ISNUMBER(E401),ROUND(E401*$D401,2),\"\")","v":""},null,null,0]
[null,"Obs.: Considerando fornecedor de areia a 20 km do Senado Federal.",null,null,"",{"$f":"IF(ISNUMBER(E402),ROUND(E402*$D402,2),\"\")","v":""},null,null,0]
[null,null,null,null,"",{"$f":"IF(ISNUMBER(E403),ROUND(E403*$D403,2),\"\")","v":""},null,null,0]
["ARGAMASSA TRAÇO 1:3 (EM VOLUME DE CIMENTO E AREIA MÉDIA ÚMIDA) PARA CONTRAPISO, PREPARO MECÂNICO COM BETONEIRA 400 L. AF_08/2019","","M3",null,"",{"$f":"IF(ISNUMBER(E404),ROUND(E404*$D404,2),\"\")","v":""},null,null,0]
[null,"",null,null,"",{"$f":"IF(ISNUMBER(E405),ROUND(E405*$D405,2),\"\")","v":""},null,null,0]
[null,"AREIA GROSSA - POSTO JAZIDA/FORNECEDOR (RETIRADO NA JAZIDA, SEM TRANSPORTE)","M3",1.27,204.92449999999999,{"$f":"IF(ISNUMBER(E406),ROUND(E406*$D406,2),\"\")","v":260.25},{"$f":"SUM(F406:F414)","v":790.57448636050003},null,0]
[null,"CIMENTO PORTLAND COMPOSTO CP II-32","KG",573.61,0.627,{"$f":"IF(ISNUMBER(E407),ROUND(E407*$D407,2),\"\")","v":359.65},null,null,0]
[null,"OPERADOR DE BETONEIRA ESTACIONÁRIA/MISTURADOR COM ENCARGOS COMPLEMENTARES","H",4.42,20.291999999999998,{"$f":"IF(ISNUMBER(E408),ROUND(E408*$D408,2),\"\")","v":89.69},null,null,0]
[null,"BETONEIRA CAPACIDADE NOMINAL DE 400 L, CAPACIDADE DE MISTURA 280 L, MOTOR ELÉTRICO TRIFÁSICO POTÊNCIA DE 2 CV, SEM CARREGADOR - CHP DIURNO. AF_10/2014","CHP",1.03,1.6435,{"$f":"IF(ISNUMBER(E409),ROUND(E409*$D409,2),\"\")","v":1.69},null,null,0]
[null,"BETONEIRA CAPACIDADE NOMINAL DE 400 L, CAPACIDADE DE MISTURA 280 L, MOTOR ELÉTRICO TRIFÁSICO POTÊNCIA DE 2 CV, SEM CARREGADOR - CHI DIURNO. AF_10/2014","CHI",3.39,0.42749999999999999,{"$f":"IF(ISNUMBER(E410),ROUND(E410*$D410,2),\"\")","v":1.45},null,null,0]
[null,"CARGA, MANOBRA E DESCARGA DE SOLOS E MATERIAIS GRANULARES EM CAMINHÃO BASCULANTE 6 M³ - CARGA COM PÁ CARREGADEIRA (CAÇAMBA DE 1,7 A 2,8 M³ / 128 HP) E DESCARGA LIVRE (UNIDADE: M3). AF_07/2020","M3",{"$f":"ROUND(1*(D406),4)","v":1.27},7.9843291499999998,{"$f":"IF(ISNUMBER(E411),E411*$D411,\"\")","v":10.1400980205},null,null,0]
[null,"TRANSPORTE COM CAMINHÃO BASCULANTE DE 6 M³, EM VIA URBANA PAVIMENTADA, DMT ATÉ 30 KM (UNIDADE: M3XKM). AF_07/2020","M3xKM",{"$f":"ROUND(D406*20,4)","v":25.4},2.6655270999999994,{"$f":"IF(ISNUMBER(E412),E412*$D412,\"\")","v":67.70438833999998},null,null,0]
[null,null,null,null,"",{"$f":"IF(ISNUMBER(E413),ROUND(E413*$D413,2),\"\")","v":""},null,null,0]
[null,"Obs.: Considerando fornecedor de areia a 20 km do Senado Federal.",null,null,"",{"$f":"IF(ISNUMBER(E414),ROUND(E414*$D414,2),\"\")","v":""},null,null,0]
[null,null,null,null,"",{"$f":"IF(ISNUMBER(E415),ROUND(E415*$D415,2),\"\")","v":""},null,null,0]
["ARGAMASSA TRAÇO 1:1:6 (EM VOLUME DE CIMENTO, CAL E AREIA MÉDIA ÚMIDA) PARA EMBOÇO/MASSA ÚNICA/ASSENTAMENTO DE ALVENARIA DE VEDAÇÃO, PREPARO MANUAL. AF_08/2019","","M3",null,"",{"$f":"IF(ISNUMBER(E416),ROUND(E416*$D416,2),\"\")","v":""},null,null,5.7599999999999998E-2]
[null,"",null,null,"",{"$f":"IF(ISNUMBER(E417),ROUND(E417*$D417,2),\"\")","v":""},null,null,5.7599999999999998E-2]
[null,"AREIA MEDIA - POSTO JAZIDA/FORNECEDOR (RETIRADO NA JAZIDA, SEM TRANSPORTE)","M3",1.1599999999999999,202.2835,{"$f":"IF(ISNUMBER(E418),ROUND(E418*$D418,2),\"\")","v":234.65},{"$f":"SUM(F418:F425)","v":835.32205053400003},null,5.7599999999999998E-2]
[null,"CAL HIDRATADA CH-I PARA ARGAMASSAS","KG",116.4,1.1875,{"$f":"IF(ISNUMBER(E419),ROUND(E419*$D419,2),\"\")","v":138.22999999999999},null,null,5.7599999999999998E-2]
[null,"CIMENTO PORTLAND COMPOSTO CP II-32","KG",261.89,0.627,{"$f":"IF(ISNUMBER(E420),ROUND(E420*$D420,2),\"\")","v":164.21},null,null,5.7599999999999998E-2]
[null,"SERVENTE COM ENCARGOS COMPLEMENTARES","H",11.23,20.225499999999997,{"$f":"IF(ISNUMBER(E421),ROUND(E421*$D421,2),\"\")","v":227.13},null,null,5.7599999999999998E-2]
[null,"CARGA, MANOBRA E DESCARGA DE SOLOS E MATERIAIS GRANULARES EM CAMINHÃO BASCULANTE 6 M³ - CARGA COM PÁ CARREGADEIRA (CAÇAMBA DE 1,7 A 2,8 M³ / 128 HP) E DESCARGA LIVRE (UNIDADE: M3). AF_07/2020","M3",{"$f":"ROUND(1*(D418),4)","v":1.1599999999999999},7.9843291499999998,{"$f":"IF(ISNUMBER(E422),E422*$D422,\"\")","v":9.2618218139999993},null,null,5.7599999999999998E-2]
[null,"TRANSPORTE COM CAMINHÃO BASCULANTE DE 6 M³, EM VIA URBANA PAVIMENTADA, DMT ATÉ 30 KM (UNIDADE: M3XKM). AF_07/2020","M3xKM",{"$f":"ROUND(D418*20,4)","v":23.2},2.6655270999999994,{"$f":"IF(ISNUMBER(E423),E423*$D423,\"\")","v":61.840228719999985},null,null,5.7599999999999998E-2]
[null,null,null,null,"",{"$f":"IF(ISNUMBER(E424),ROUND(E424*$D424,2),\"\")","v":""},null,null,5.7599999999999998E-2]
[null,"Obs.: Considerando fornecedor de areia a 20 km do Senado Federal.",null,null,"",{"$f":"IF(ISNUMBER(E425),ROUND(E425*$D425,2),\"\")","v":""},null,null,5.7599999999999998E-2]
[null,null,null,null,"",{"$f":"IF(ISNUMBER(E426),ROUND(E426*$D426,2),\"\")","v":""},null,null,5.7599999999999998E-2]
["ARGAMASSA TRAÇO 1:3 (EM VOLUME DE CIMENTO E AREIA MÉDIA ÚMIDA), PREPARO MECÂNICO COM BETONEIRA 400 L. AF_08/2019","","M3",null,"",{"$f":"IF(ISNUMBER(E427),ROUND(E427*$D427,2),\"\")","v":""},null,null,0]
[null,"",null,null,"",{"$f":"IF(ISNUMBER(E428),ROUND(E428*$D428,2),\"\")","v":""},null,null,0]
[null,"AREIA MEDIA - POSTO JAZIDA/FORNECEDOR (RETIRADO NA JAZIDA, SEM TRANSPORTE)","M3",1.07,202.2835,{"$f":"IF(ISNUMBER(E429),ROUND(E429*$D429,2),\"\")","v":216.44},{"$f":"SUM(F429:F437)","v":657.13551213049993},null,0]
[null,"CIMENTO PORTLAND COMPOSTO CP II-32","KG",483.7,0.627,{"$f":"IF(ISNUMBER(E430),ROUND(E430*$D430,2),\"\")","v":303.27999999999997},null,null,0]
[null,"OPERADOR DE BETONEIRA ESTACIONÁRIA/MISTURADOR COM ENCARGOS COMPLEMENTARES","H",3.42,20.291999999999998,{"$f":"IF(ISNUMBER(E431),ROUND(E431*$D431,2),\"\")","v":69.400000000000006},null,null,0]
[null,"BETONEIRA CAPACIDADE NOMINAL DE 400 L, CAPACIDADE DE MISTURA 280 L, MOTOR ELÉTRICO TRIFÁSICO POTÊNCIA DE 2 CV, SEM CARREGADOR - CHP DIURNO. AF_10/2014","CHP",0.8,1.6435,{"$f":"IF(ISNUMBER(E432),ROUND(E432*$D432,2),\"\")","v":1.31},null,null,0]
[null,"BETONEIRA CAPACIDADE NOMINAL DE 400 L, CAPACIDADE DE MISTURA 280 L, MOTOR ELÉTRICO TRIFÁSICO POTÊNCIA DE 2 CV, SEM CARREGADOR - CHI DIURNO. AF_10/2014","CHI",2.62,0.42749999999999999,{"$f":"IF(ISNUMBER(E433),ROUND(E433*$D433,2),\"\")","v":1.1200000000000001},null,null,0]
[null,"CARGA, MANOBRA E DESCARGA DE SOLOS E MATERIAIS GRANULARES EM CAMINHÃO BASCULANTE 6 M³ - CARGA COM PÁ CARREGADEIRA (CAÇAMBA DE 1,7 A 2,8 M³ / 128 HP) E DESCARGA LIVRE (UNIDADE: M3). AF_07/2020","M3",{"$f":"ROUND(1*(D429),4)","v":1.07},7.9843291499999998,{"$f":"IF(ISNUMBER(E434),E434*$D434,\"\")","v":8.5432321904999995},null,null,0]
[null,"TRANSPORTE COM CAMINHÃO BASCULANTE DE 6 M³, EM VIA URBANA PAVIMENTADA, DMT ATÉ 30 KM (UNIDADE: M3XKM). AF_07/2020","M3xKM",{"$f":"ROUND(D429*20,4)","v":21.4},2.6655270999999994,{"$f":"IF(ISNUMBER(E435),E435*$D435,\"\")","v":57.042279939999986},null,null,0]
[null,null,null,null,"",{"$f":"IF(ISNUMBER(E436),ROUND(E436*$D436,2),\"\")","v":""},null,null,0]
[null,"Obs.: Considerando fornecedor de areia a 20 km do Senado Federal.",null,null,"",{"$f":"IF(ISNUMBER(E437),ROUND(E437*$D437,2),\"\")","v":""},null,null,0]
[null,null,null,null,"",{"$f":"IF(ISNUMBER(E438),ROUND(E438*$D438,2),\"\")","v":""},null,null,0]
["PEÇA RETANGULAR PRÉ-MOLDADA, VOLUME DE CONCRETO DE 30 A 100 LITROS, TAXA DE AÇO APROXIMADA DE 30KG/M³. AF_01/2018","","M3",null,"",{"$f":"IF(ISNUMBER(E439),ROUND(E439*$D439,2),\"\")","v":""},null,null,0]
[null,"",null,null,"",{"$f":"IF(ISNUMBER(E440),ROUND(E440*$D440,2),\"\")","v":""},null,null,0]
[null,"CHAPA/PAINEL DE MADEIRA COMPENSADA RESINADA (MADEIRITE RESINADO ROSA) PARA FORMA DE CONCRETO, DE 2200 x 1100 MM, E = 17 MM","M2",1.3111999999999999,59.033000000000001,{"$f":"IF(ISNUMBER(E441),ROUND(E441*$D441,2),\"\")","v":77.400000000000006},{"$f":"SUM(F441:F456)","v":2564.623009245398},null,0]
[null,"DESMOLDANTE PROTETOR PARA FORMAS DE MADEIRA, DE BASE OLEOSA EMULSIONADA EM AGUA","L",5.67E-2,8.0274999999999981,{"$f":"IF(ISNUMBER(E442),ROUND(E442*$D442,2),\"\")","v":0.46},null,null,0]
[null,"SARRAFO *2,5 X 7,5* CM EM PINUS, MISTA OU EQUIVALENTE DA REGIAO - BRUTA","M",4.4770000000000003,2.8499999999999996,{"$f":"IF(ISNUMBER(E443),ROUND(E443*$D443,2),\"\")","v":12.76},null,null,0]
[null,"PREGO DE ACO POLIDO COM CABECA 15 X 15 (1 1/4 X 13)","KG",0.26190000000000002,23.9115,{"$f":"IF(ISNUMBER(E444),ROUND(E444*$D444,2),\"\")","v":6.26},null,null,0]
[null,"AJUDANTE DE CARPINTEIRO COM ENCARGOS COMPLEMENTARES","H",0.73560000000000003,21.337,{"$f":"IF(ISNUMBER(E445),ROUND(E445*$D445,2),\"\")","v":15.7},null,null,0]
[null,"CARPINTEIRO DE ESQUADRIA COM ENCARGOS COMPLEMENTARES","H",3.6779999999999999,25.725999999999996,{"$f":"IF(ISNUMBER(E446),E446*$D446,\"\")","v":94.620227999999983},null,null,0]
[null,"PEDREIRO COM ENCARGOS COMPLEMENTARES","H",22.888400000000001,27.160499999999999,{"$f":"IF(ISNUMBER(E447),E447*$D447,\"\")","v":621.66038819999994},null,null,0]
[null,"SERVENTE COM ENCARGOS COMPLEMENTARES","H",22.888400000000001,20.225499999999997,{"$f":"IF(ISNUMBER(E448),E448*$D448,\"\")","v":462.92933419999991},null,null,0]
[null,"VIBRADOR DE IMERSÃO, DIÂMETRO DE PONTEIRA 45MM, MOTOR ELÉTRICO TRIFÁSICO POTÊNCIA DE 2 CV - CHP DIURNO. AF_06/2015","CHP",4.7533000000000003,1.1114999999999999,{"$f":"IF(ISNUMBER(E449),E449*$D449,\"\")","v":5.2832929499999999},null,null,0]
[null,"VIBRADOR DE IMERSÃO, DIÂMETRO DE PONTEIRA 45MM, MOTOR ELÉTRICO TRIFÁSICO POTÊNCIA DE 2 CV - CHI DIURNO. AF_06/2015","CHI",13.0715,0.46549999999999997,{"$f":"IF(ISNUMBER(E450),E450*$D450,\"\")","v":6.0847832500000001},null,null,0]
[null,"SERRA CIRCULAR DE BANCADA COM MOTOR ELÉTRICO POTÊNCIA DE 5HP, COM COIFA PARA DISCO 10\" - CHP DIURNO. AF_08/2015","CHP",0.313,22.210999999999999,{"$f":"IF(ISNUMBER(E451),E451*$D451,\"\")","v":6.9520429999999998},null,null,0]
[null,"SERRA CIRCULAR DE BANCADA COM MOTOR ELÉTRICO POTÊNCIA DE 5HP, COM COIFA PARA DISCO 10\" - CHI DIURNO. AF_08/2015","CHI",0.42259999999999998,21.2895,{"$f":"IF(ISNUMBER(E452),E452*$D452,\"\")","v":8.9969427},null,null,0]
[null,"ARMAÇÃO DE LAJE DE UMA ESTRUTURA CONVENCIONAL DE CONCRETO ARMADO EM UMA EDIFICAÇÃO TÉRREA OU SOBRADO UTILIZANDO AÇO CA-60 DE 4,2 MM - MONTAGEM. AF_12/2015","KG",28.936900000000001,16.763918500000003,{"$f":"IF(ISNUMBER(E453),E453*$D453,\"\")","v":485.09583324265009},null,null,0]
[null,"CONCRETO FCK = 30MPA, TRAÇO 1:2,1:2,5 (CIMENTO/ AREIA MÉDIA/ BRITA 1)  - PREPARO MECÂNICO COM BETONEIRA 600 L. AF_07/2016","M3",1.2,633.68346975229008,{"$f":"IF(ISNUMBER(E454),E454*$D454,\"\")","v":760.42016370274803},null,null,0]
[null,null,null,null,"",{"$f":"IF(ISNUMBER(E455),ROUND(E455*$D455,2),\"\")","v":""},null,null,0]
[null,"Obs.: Considerando fornecedor de areia a 20 km do Senado Federal.",null,null,"",{"$f":"IF(ISNUMBER(E456),ROUND(E456*$D456,2),\"\")","v":""},null,null,0]
[null,null,null,null,"",{"$f":"IF(ISNUMBER(E457),ROUND(E457*$D457,2),\"\")","v":""},null,null,0]
["PREPARO DE FUNDO DE VALA COM LARGURA MENOR QUE 1,5 M, COM CAMADA DE BRITA, LANÇAMENTO MECANIZADO. AF_08/2020","","M3",null,"",{"$f":"IF(ISNUMBER(E458),ROUND(E458*$D458,2),\"\")","v":""},null,null,0]
[null,"",null,null,"",{"$f":"IF(ISNUMBER(E459),ROUND(E459*$D459,2),\"\")","v":""},null,null,0]
[null,"PEDRA BRITADA N. 0, OU PEDRISCO (4,8 A 9,5 MM) POSTO PEDREIRA/FORNECEDOR, SEM FRETE","M3",1.1000000000000001,185.47800000000001,{"$f":"IF(ISNUMBER(E460),ROUND(E460*$D460,2),\"\")","v":204.03},{"$f":"SUM(F460:F470)","v":380.90410246499994},null,0]
[null,"RETROESCAVADEIRA SOBRE RODAS COM CARREGADEIRA, TRAÇÃO 4X4, POTÊNCIA LÍQ. 88 HP, CAÇAMBA CARREG. CAP. MÍN. 1 M3, CAÇAMBA RETRO CAP. 0,26 M3, PESO OPERACIONAL MÍN. 6.674 KG, PROFUNDIDADE ESCAVAÇÃO MÁX. 4,37 M - CHP DIURNO. AF_06/2014","CHP",0.128,139.441,{"$f":"IF(ISNUMBER(E461),ROUND(E461*$D461,2),\"\")","v":17.850000000000001},null,null,0]
[null,"RETROESCAVADEIRA SOBRE RODAS COM CARREGADEIRA, TRAÇÃO 4X4, POTÊNCIA LÍQ. 88 HP, CAÇAMBA CARREG. CAP. MÍN. 1 M3, CAÇAMBA RETRO CAP. 0,26 M3, PESO OPERACIONAL MÍN. 6.674 KG, PROFUNDIDADE ESCAVAÇÃO MÁX. 4,37 M - CHI DIURNO. AF_06/2014","CHI",0.63980000000000004,54.966999999999999,{"$f":"IF(ISNUMBER(E462),ROUND(E462*$D462,2),\"\")","v":35.17},null,null,0]
[null,"PEDREIRO COM ENCARGOS COMPLEMENTARES","H",0.92130000000000001,27.160499999999999,{"$f":"IF(ISNUMBER(E463),ROUND(E463*$D463,2),\"\")","v":25.02},null,null,0]
[null,"SERVENTE COM ENCARGOS COMPLEMENTARES","H",1.3818999999999999,20.225499999999997,{"$f":"IF(ISNUMBER(E464),ROUND(E464*$D464,2),\"\")","v":27.95},null,null,0]
[null,"COMPACTADOR DE SOLOS DE PERCUSSÃO (SOQUETE) COM MOTOR A GASOLINA 4 TEMPOS, POTÊNCIA 4 CV - CHP DIURNO. AF_08/2015","CHP",7.1800000000000003E-2,27.7685,{"$f":"IF(ISNUMBER(E465),E465*$D465,\"\")","v":1.9937783},null,null,0]
[null,"COMPACTADOR DE SOLOS DE PERCUSSÃO (SOQUETE) COM MOTOR A GASOLINA 4 TEMPOS, POTÊNCIA 4 CV - CHI DIURNO. AF_08/2015","CHI",6.6600000000000006E-2,22.011500000000002,{"$f":"IF(ISNUMBER(E466),E466*$D466,\"\")","v":1.4659659000000003},null,null,0]
[null,"CARGA, MANOBRA E DESCARGA DE SOLOS E MATERIAIS GRANULARES EM CAMINHÃO BASCULANTE 6 M³ - CARGA COM PÁ CARREGADEIRA (CAÇAMBA DE 1,7 A 2,8 M³ / 128 HP) E DESCARGA LIVRE (UNIDADE: M3). AF_07/2020","M3",{"$f":"ROUND(1*(D460),4)","v":1.1000000000000001},7.9843291499999998,{"$f":"IF(ISNUMBER(E467),E467*$D467,\"\")","v":8.782762065},null,null,0]
[null,"TRANSPORTE COM CAMINHÃO BASCULANTE DE 6 M³, EM VIA URBANA PAVIMENTADA, DMT ATÉ 30 KM (UNIDADE: M3XKM). AF_07/2020","M3xKM",{"$f":"ROUND(D460*20,4)","v":22},2.6655270999999994,{"$f":"IF(ISNUMBER(E468),E468*$D468,\"\")","v":58.641596199999988},null,null,0]
[null,null,null,null,"",{"$f":"IF(ISNUMBER(E469),ROUND(E469*$D469,2),\"\")","v":""},null,null,0]
[null,"Obs.: Considerando fornecedor de areia a 20 km do Senado Federal.",null,null,"",{"$f":"IF(ISNUMBER(E470),ROUND(E470*$D470,2),\"\")","v":""},null,null,0]
[null,null,null,null,"",{"$f":"IF(ISNUMBER(E471),ROUND(E471*$D471,2),\"\")","v":""},null,null,0]
["PEÇA RETANGULAR PRÉ-MOLDADA, VOLUME DE CONCRETO DE 10 A 30 LITROS, TAXA DE AÇO APROXIMADA DE 30KG/M³. AF_01/2018","","M3",null,"",{"$f":"IF(ISNUMBER(E472),ROUND(E472*$D472,2),\"\")","v":""},null,null,0]
[null,"",null,null,"",{"$f":"IF(ISNUMBER(E473),ROUND(E473*$D473,2),\"\")","v":""},null,null,0]
[null,"CHAPA/PAINEL DE MADEIRA COMPENSADA RESINADA (MADEIRITE RESINADO ROSA) PARA FORMA DE CONCRETO, DE 2200 x 1100 MM, E = 17 MM","M2",1.9403999999999999,59.033000000000001,{"$f":"IF(ISNUMBER(E474),ROUND(E474*$D474,2),\"\")","v":114.55},{"$f":"SUM(F474:F489)","v":3072.176256812686},null,0]
[null,"DESMOLDANTE PROTETOR PARA FORMAS DE MADEIRA, DE BASE OLEOSA EMULSIONADA EM AGUA","L",8.3299999999999999E-2,8.0274999999999981,{"$f":"IF(ISNUMBER(E475),ROUND(E475*$D475,2),\"\")","v":0.67},null,null,0]
[null,"SARRAFO *2,5 X 7,5* CM EM PINUS, MISTA OU EQUIVALENTE DA REGIAO - BRUTA","M",5.6283000000000003,2.8499999999999996,{"$f":"IF(ISNUMBER(E476),ROUND(E476*$D476,2),\"\")","v":16.04},null,null,0]
[null,"PREGO DE ACO POLIDO COM CABECA 15 X 15 (1 1/4 X 13)","KG",0.4365,23.9115,{"$f":"IF(ISNUMBER(E477),ROUND(E477*$D477,2),\"\")","v":10.44},null,null,0]
[null,"AJUDANTE DE CARPINTEIRO COM ENCARGOS COMPLEMENTARES","H",1.1919999999999999,21.337,{"$f":"IF(ISNUMBER(E478),ROUND(E478*$D478,2),\"\")","v":25.43},null,null,0]
[null,"CARPINTEIRO DE ESQUADRIA COM ENCARGOS COMPLEMENTARES","H",5.96,25.725999999999996,{"$f":"IF(ISNUMBER(E479),E479*$D479,\"\")","v":153.32695999999999},null,null,0]
[null,"PEDREIRO COM ENCARGOS COMPLEMENTARES","H",31.5459,27.160499999999999,{"$f":"IF(ISNUMBER(E480),E480*$D480,\"\")","v":856.80241694999995},null,null,0]
[null,"SERVENTE COM ENCARGOS COMPLEMENTARES","H",31.5459,20.225499999999997,{"$f":"IF(ISNUMBER(E481),E481*$D481,\"\")","v":638.03160044999993},null,null,0]
[null,"VIBRADOR DE IMERSÃO, DIÂMETRO DE PONTEIRA 45MM, MOTOR ELÉTRICO TRIFÁSICO POTÊNCIA DE 2 CV - CHP DIURNO. AF_06/2015","CHP",6.6349999999999998,1.1114999999999999,{"$f":"IF(ISNUMBER(E482),E482*$D482,\"\")","v":7.3748024999999995},null,null,0]
[null,"VIBRADOR DE IMERSÃO, DIÂMETRO DE PONTEIRA 45MM, MOTOR ELÉTRICO TRIFÁSICO POTÊNCIA DE 2 CV - CHI DIURNO. AF_06/2015","CHI",18.246200000000002,0.46549999999999997,{"$f":"IF(ISNUMBER(E483),E483*$D483,\"\")","v":8.4936061000000009},null,null,0]
[null,"SERRA CIRCULAR DE BANCADA COM MOTOR ELÉTRICO POTÊNCIA DE 5HP, COM COIFA PARA DISCO 10\" - CHP DIURNO. AF_08/2015","CHP",0.48770000000000002,22.210999999999999,{"$f":"IF(ISNUMBER(E484),E484*$D484,\"\")","v":10.8323047},null,null,0]
[null,"SERRA CIRCULAR DE BANCADA COM MOTOR ELÉTRICO POTÊNCIA DE 5HP, COM COIFA PARA DISCO 10\" - CHI DIURNO. AF_08/2015","CHI",0.70430000000000004,21.2895,{"$f":"IF(ISNUMBER(E485),E485*$D485,\"\")","v":14.994194850000001},null,null,0]
[null,"ARMAÇÃO DE LAJE DE UMA ESTRUTURA CONVENCIONAL DE CONCRETO ARMADO EM UMA EDIFICAÇÃO TÉRREA OU SOBRADO UTILIZANDO AÇO CA-60 DE 4,2 MM - MONTAGEM. AF_12/2015","KG",27.898800000000001,16.763918500000003,{"$f":"IF(ISNUMBER(E486),E486*$D486,\"\")","v":467.69320944780009},null,null,0]
[null,"CONCRETO FCK = 25MPA, TRAÇO 1:2,3:2,7 (CIMENTO/ AREIA MÉDIA/ BRITA 1)  - PREPARO MECÂNICO COM BETONEIRA 600 L. AF_07/2016","M3",1.2,622.9143015124049,{"$f":"IF(ISNUMBER(E487),E487*$D487,\"\")","v":747.49716181488589},null,null,0]
[null,null,null,null,"",{"$f":"IF(ISNUMBER(E488),ROUND(E488*$D488,2),\"\")","v":""},null,null,0]
[null,"Obs.: Considerando fornecedor de areia a 20 km do Senado Federal.",null,null,"",{"$f":"IF(ISNUMBER(E489),ROUND(E489*$D489,2),\"\")","v":""},null,null,0]
[null,null,null,null,"",{"$f":"IF(ISNUMBER(E490),ROUND(E490*$D490,2),\"\")","v":""},null,null,0]
["PREPARO DE FUNDO DE VALA COM LARGURA MENOR QUE 1,5 M, COM CAMADA DE BRITA, LANÇAMENTO MANUAL. AF_08/2020","","M3",null,"",{"$f":"IF(ISNUMBER(E491),ROUND(E491*$D491,2),\"\")","v":""},null,null,0]
[null,"",null,null,"",{"$f":"IF(ISNUMBER(E492),ROUND(E492*$D492,2),\"\")","v":""},null,null,0]
[null,"PEDRA BRITADA N. 0, OU PEDRISCO (4,8 A 9,5 MM) POSTO PEDREIRA/FORNECEDOR, SEM FRETE","M3",1.1000000000000001,185.47800000000001,{"$f":"IF(ISNUMBER(E493),ROUND(E493*$D493,2),\"\")","v":204.03},{"$f":"SUM(F493:F501)","v":418.30410246499991},null,0]
[null,"PEDREIRO COM ENCARGOS COMPLEMENTARES","H",2.4937999999999998,27.160499999999999,{"$f":"IF(ISNUMBER(E494),ROUND(E494*$D494,2),\"\")","v":67.73},null,null,0]
[null,"SERVENTE COM ENCARGOS COMPLEMENTARES","H",3.7406999999999999,20.225499999999997,{"$f":"IF(ISNUMBER(E495),ROUND(E495*$D495,2),\"\")","v":75.66},null,null,0]
[null,"COMPACTADOR DE SOLOS DE PERCUSSÃO (SOQUETE) COM MOTOR A GASOLINA 4 TEMPOS, POTÊNCIA 4 CV - CHP DIURNO. AF_08/2015","CHP",7.1800000000000003E-2,27.7685,{"$f":"IF(ISNUMBER(E496),E496*$D496,\"\")","v":1.9937783},null,null,0]
[null,"COMPACTADOR DE SOLOS DE PERCUSSÃO (SOQUETE) COM MOTOR A GASOLINA 4 TEMPOS, POTÊNCIA 4 CV - CHI DIURNO. AF_08/2015","CHI",6.6600000000000006E-2,22.011500000000002,{"$f":"IF(ISNUMBER(E497),E497*$D497,\"\")","v":1.4659659000000003},null,null,0]
[null,"CARGA, MANOBRA E DESCARGA DE SOLOS E MATERIAIS GRANULARES EM CAMINHÃO BASCULANTE 6 M³ - CARGA COM PÁ CARREGADEIRA (CAÇAMBA DE 1,7 A 2,8 M³ / 128 HP) E DESCARGA LIVRE (UNIDADE: M3). AF_07/2020","M3",{"$f":"ROUND(1*(D493),4)","v":1.1000000000000001},7.9843291499999998,{"$f":"IF(ISNUMBER(E498),E498*$D498,\"\")","v":8.782762065},null,null,0]
[null,"TRANSPORTE COM CAMINHÃO BASCULANTE DE 6 M³, EM VIA URBANA PAVIMENTADA, DMT ATÉ 30 KM (UNIDADE: M3XKM). AF_07/2020","M3xKM",{"$f":"ROUND(D493*20,4)","v":22},2.6655270999999994,{"$f":"IF(ISNUMBER(E499),E499*$D499,\"\")","v":58.641596199999988},null,null,0]
[null,null,null,null,"",{"$f":"IF(ISNUMBER(E500),ROUND(E500*$D500,2),\"\")","v":""},null,null,0]
[null,"Obs.: Considerando fornecedor de areia a 20 km do Senado Federal.",null,null,"",{"$f":"IF(ISNUMBER(E501),ROUND(E501*$D501,2),\"\")","v":""},null,null,0]
[null,null,null,null,"",{"$f":"IF(ISNUMBER(E502),ROUND(E502*$D502,2),\"\")","v":""},null,null,0]
["CONCRETO MAGRO PARA LASTRO, TRAÇO 1:4,5:4,5 (EM MASSA SECA DE CIMENTO/ AREIA MÉDIA/ BRITA 1) - PREPARO MANUAL. AF_05/2021","","M3",null,"",{"$f":"IF(ISNUMBER(E503),ROUND(E503*$D503,2),\"\")","v":""},null,null,0]
[null,"",null,null,"",{"$f":"IF(ISNUMBER(E504),ROUND(E504*$D504,2),\"\")","v":""},null,null,0]
[null,"AREIA MEDIA - POSTO JAZIDA/FORNECEDOR (RETIRADO NA JAZIDA, SEM TRANSPORTE)","M3",0.85299999999999998,202.2835,{"$f":"IF(ISNUMBER(E505),ROUND(E505*$D505,2),\"\")","v":172.55},{"$f":"SUM(F505:F512)","v":621.76369265461506},null,0]
[null,"CIMENTO PORTLAND COMPOSTO CP II-32","KG",218.93,0.627,{"$f":"IF(ISNUMBER(E506),ROUND(E506*$D506,2),\"\")","v":137.27000000000001},null,null,0]
[null,"PEDRA BRITADA N. 1 (9,5 a 19 MM) POSTO PEDREIRA/FORNECEDOR, SEM FRETE","M3",0.59709999999999996,160.65450000000001,{"$f":"IF(ISNUMBER(E507),ROUND(E507*$D507,2),\"\")","v":95.93},null,null,0]
[null,"SERVENTE COM ENCARGOS COMPLEMENTARES","H",6.2858000000000001,20.225499999999997,{"$f":"IF(ISNUMBER(E508),ROUND(E508*$D508,2),\"\")","v":127.13},null,null,0]
[null,"CARGA, MANOBRA E DESCARGA DE SOLOS E MATERIAIS GRANULARES EM CAMINHÃO BASCULANTE 6 M³ - CARGA COM PÁ CARREGADEIRA (CAÇAMBA DE 1,7 A 2,8 M³ / 128 HP) E DESCARGA LIVRE (UNIDADE: M3). AF_07/2020","M3",{"$f":"ROUND(1*(D505+D507),4)","v":1.4500999999999999},7.9843291499999998,{"$f":"IF(ISNUMBER(E509),E509*$D509,\"\")","v":11.578075700414999},null,null,0]
[null,"TRANSPORTE COM CAMINHÃO BASCULANTE DE 6 M³, EM VIA URBANA PAVIMENTADA, DMT ATÉ 30 KM (UNIDADE: M3XKM). AF_07/2020","M3xKM",{"$f":"ROUND((D505+D507)*20,4)","v":29.001999999999999},2.6655270999999994,{"$f":"IF(ISNUMBER(E510),E510*$D510,\"\")","v":77.305616954199976},null,null,0]
[null,null,null,null,"",{"$f":"IF(ISNUMBER(E511),ROUND(E511*$D511,2),\"\")","v":""},null,null,0]
[null,"Obs.: Considerando fornecedor de areia e brita a 20 km do Senado Federal.",null,null,"",{"$f":"IF(ISNUMBER(E512),ROUND(E512*$D512,2),\"\")","v":""},null,null,0]
[null,null,null,null,"",{"$f":"IF(ISNUMBER(E513),ROUND(E513*$D513,2),\"\")","v":""},null,null,0]
["MARCAÇÃO DE PONTOS EM GABARITO OU CAVALETE. AF_10/2018","","UN",null,"",{"$f":"IF(ISNUMBER(E514),ROUND(E514*$D514,2),\"\")","v":""},null,null,0]
[null,"",null,null,"",{"$f":"IF(ISNUMBER(E515),ROUND(E515*$D515,2),\"\")","v":""},null,null,0]
[null,"PREGO DE ACO POLIDO COM CABECA 17 X 21 (2 X 11)","KG",3.3999999999999998E-3,21.602999999999998,{"$f":"IF(ISNUMBER(E516),ROUND(E516*$D516,2),\"\")","v":7.0000000000000007E-2},{"$f":"SUM(F516:F518)","v":2.4900000000000002},null,0]
[null,"AJUDANTE DE CARPINTEIRO COM ENCARGOS COMPLEMENTARES","H",3.2300000000000002E-2,21.337,{"$f":"IF(ISNUMBER(E517),ROUND(E517*$D517,2),\"\")","v":0.69},null,null,0]
[null,"CARPINTEIRO DE FORMAS COM ENCARGOS COMPLEMENTARES","H",6.4500000000000002E-2,26.799499999999998,{"$f":"IF(ISNUMBER(E518),ROUND(E518*$D518,2),\"\")","v":1.73},null,null,0]
[null,null,null,null,"",{"$f":"IF(ISNUMBER(E519),ROUND(E519*$D519,2),\"\")","v":""},null,null,0]
["GRAUTEAMENTO VERTICAL EM ALVENARIA ESTRUTURAL. AF_09/2021","","M3",null,"",{"$f":"IF(ISNUMBER(E520),ROUND(E520*$D520,2),\"\")","v":""},null,null,0]
[null,"",null,null,"",{"$f":"IF(ISNUMBER(E521),ROUND(E521*$D521,2),\"\")","v":""},null,null,0]
[null,"PEDREIRO COM ENCARGOS COMPLEMENTARES","H",8.2972999999999999,27.160499999999999,{"$f":"IF(ISNUMBER(E522),ROUND(E522*$D522,2),\"\")","v":225.36},{"$f":"SUM(F522:F524)","v":1155.92},null,0]
[null,"SERVENTE COM ENCARGOS COMPLEMENTARES","H",5.5315000000000003,20.225499999999997,{"$f":"IF(ISNUMBER(E523),ROUND(E523*$D523,2),\"\")","v":111.88},null,null,0]
[null,"GRAUTE FGK=20 MPA; TRAÇO 1:0,04:1,8:2,1 (EM MASSA SECA DE CIMENTO/ CAL/ AREIA GROSSA/ BRITA 0) - PREPARO MECÂNICO COM BETONEIRA 400 L. AF_09/2021","M3",1.2030000000000001,680.52791460915989,{"$f":"IF(ISNUMBER(E524),ROUND(E524*$D524,2),\"\")","v":818.68},null,null,0]
[null,null,null,null,"",{"$f":"IF(ISNUMBER(E525),ROUND(E525*$D525,2),\"\")","v":""},null,null,0]
["GRAUTEAMENTO DE CINTA SUPERIOR OU DE VERGA EM ALVENARIA ESTRUTURAL. AF_09/2021","","M3",null,"",{"$f":"IF(ISNUMBER(E526),ROUND(E526*$D526,2),\"\")","v":""},null,null,0]
[null,"",null,null,"",{"$f":"IF(ISNUMBER(E527),ROUND(E527*$D527,2),\"\")","v":""},null,null,0]
[null,"PEDREIRO COM ENCARGOS COMPLEMENTARES","H",7.4147999999999996,27.160499999999999,{"$f":"IF(ISNUMBER(E528),ROUND(E528*$D528,2),\"\")","v":201.39},{"$f":"SUM(F528:F530)","v":1120.05},null,0]
[null,"SERVENTE COM ENCARGOS COMPLEMENTARES","H",4.9432,20.225499999999997,{"$f":"IF(ISNUMBER(E529),ROUND(E529*$D529,2),\"\")","v":99.98},null,null,0]
[null,"GRAUTE FGK=20 MPA; TRAÇO 1:0,04:1,8:2,1 (EM MASSA SECA DE CIMENTO/ CAL/ AREIA GROSSA/ BRITA 0) - PREPARO MECÂNICO COM BETONEIRA 400 L. AF_09/2021","M3",1.2030000000000001,680.52791460915989,{"$f":"IF(ISNUMBER(E530),ROUND(E530*$D530,2),\"\")","v":818.68},null,null,0]
[null,null,null,null,"",{"$f":"IF(ISNUMBER(E531),ROUND(E531*$D531,2),\"\")","v":""},null,null,0]
["ARMAÇÃO VERTICAL DE ALVENARIA ESTRUTURAL; DIÂMETRO DE 10,0 MM. AF_09/2021","","KG",null,"",{"$f":"IF(ISNUMBER(E532),ROUND(E532*$D532,2),\"\")","v":""},null,null,0]
[null,"",null,null,"",{"$f":"IF(ISNUMBER(E533),ROUND(E533*$D533,2),\"\")","v":""},null,null,0]
[null,"ACO CA-50, 10,0 MM, VERGALHAO","KG",1,9.5189999999999984,{"$f":"IF(ISNUMBER(E534),ROUND(E534*$D534,2),\"\")","v":9.52},{"$f":"SUM(F534:F536)","v":12.12},null,0]
[null,"PEDREIRO COM ENCARGOS COMPLEMENTARES","H",6.2700000000000006E-2,27.160499999999999,{"$f":"IF(ISNUMBER(E535),ROUND(E535*$D535,2),\"\")","v":1.7},null,null,0]
[null,"SERVENTE COM ENCARGOS COMPLEMENTARES","H",4.4299999999999999E-2,20.225499999999997,{"$f":"IF(ISNUMBER(E536),ROUND(E536*$D536,2),\"\")","v":0.9},null,null,0]
[null,null,null,null,"",{"$f":"IF(ISNUMBER(E537),ROUND(E537*$D537,2),\"\")","v":""},null,null,0]
["ARMAÇÃO DE CINTA DE ALVENARIA ESTRUTURAL; DIÂMETRO DE 10,0 MM. AF_09/2021","","KG",null,"",{"$f":"IF(ISNUMBER(E538),ROUND(E538*$D538,2),\"\")","v":""},null,null,0]
[null,"",null,null,"",{"$f":"IF(ISNUMBER(E539),ROUND(E539*$D539,2),\"\")","v":""},null,null,0]
[null,"ACO CA-50, 10,0 MM, VERGALHAO","KG",1,9.5189999999999984,{"$f":"IF(ISNUMBER(E540),ROUND(E540*$D540,2),\"\")","v":9.52},{"$f":"SUM(F540:F542)","v":11.559999999999999},null,0]
[null,"PEDREIRO COM ENCARGOS COMPLEMENTARES","H",4.9200000000000001E-2,27.160499999999999,{"$f":"IF(ISNUMBER(E541),ROUND(E541*$D541,2),\"\")","v":1.34},null,null,0]
[null,"SERVENTE COM ENCARGOS COMPLEMENTARES","H",3.4799999999999998E-2,20.225499999999997,{"$f":"IF(ISNUMBER(E542),ROUND(E542*$D542,2),\"\")","v":0.7},null,null,0]
[null,null,null,null,"",{"$f":"IF(ISNUMBER(E543),ROUND(E543*$D543,2),\"\")","v":""},null,null,0]
["PREPARO DE FUNDO DE VALA COM LARGURA MAIOR OU IGUAL A 1,5 M E MENOR QUE 2,5 M (ACERTO DO SOLO NATURAL). AF_08/2020","","M2",null,"",{"$f":"IF(ISNUMBER(E544),E544*$D544,\"\")","v":""},null,null,0]
[null,"",null,null,"",{"$f":"IF(ISNUMBER(E545),E545*$D545,\"\")","v":""},null,null,0]
[null,"PEDREIRO COM ENCARGOS COMPLEMENTARES","H",5.0700000000000002E-2,27.160499999999999,{"$f":"IF(ISNUMBER(E546),E546*$D546,\"\")","v":1.3770373499999999},{"$f":"SUM(F546:F549)","v":2.99382335},null,0]
[null,"SERVENTE COM ENCARGOS COMPLEMENTARES","H",7.5999999999999998E-2,20.225499999999997,{"$f":"IF(ISNUMBER(E547),E547*$D547,\"\")","v":1.5371379999999997},null,null,0]
[null,"COMPACTADOR DE SOLOS DE PERCUSSÃO (SOQUETE) COM MOTOR A GASOLINA 4 TEMPOS, POTÊNCIA 4 CV - CHP DIURNO. AF_08/2015","CHP",1.6000000000000001E-3,27.7685,{"$f":"IF(ISNUMBER(E548),E548*$D548,\"\")","v":4.44296E-2},null,null,0]
[null,"COMPACTADOR DE SOLOS DE PERCUSSÃO (SOQUETE) COM MOTOR A GASOLINA 4 TEMPOS, POTÊNCIA 4 CV - CHI DIURNO. AF_08/2015","CHI",1.6000000000000001E-3,22.011500000000002,{"$f":"IF(ISNUMBER(E549),E549*$D549,\"\")","v":3.5218400000000004E-2},null,null,0]
[null,"",null,null,"",{"$f":"IF(ISNUMBER(E550),E550*$D550,\"\")","v":""},null,null,0]
["ARGAMASSA TRAÇO 1:1:6 (EM VOLUME DE CIMENTO, CAL E AREIA MÉDIA ÚMIDA) PARA EMBOÇO/MASSA ÚNICA/ASSENTAMENTO DE ALVENARIA DE VEDAÇÃO, PREPARO MECÂNICO COM BETONEIRA 400 L. AF_08/2019","","M3",null,"",{"$f":"IF(ISNUMBER(E551),ROUND(E551*$D551,2),\"\")","v":""},null,null,0]
[null,"",null,null,"",{"$f":"IF(ISNUMBER(E552),ROUND(E552*$D552,2),\"\")","v":""},null,null,0]
[null,"AREIA MEDIA - POSTO JAZIDA/FORNECEDOR (RETIRADO NA JAZIDA, SEM TRANSPORTE)","M3",1.17,202.2835,{"$f":"IF(ISNUMBER(E553),ROUND(E553*$D553,2),\"\")","v":236.67},{"$f":"SUM(F553:F562)","v":721.31681924550003},null,0]
[null,"CAL HIDRATADA CH-I PARA ARGAMASSAS","KG",117.22,1.1875,{"$f":"IF(ISNUMBER(E554),ROUND(E554*$D554,2),\"\")","v":139.19999999999999},null,null,0]
[null,"CIMENTO PORTLAND COMPOSTO CP II-32","KG",263.74,0.627,{"$f":"IF(ISNUMBER(E555),ROUND(E555*$D555,2),\"\")","v":165.36},null,null,0]
[null,"OPERADOR DE BETONEIRA ESTACIONÁRIA/MISTURADOR COM ENCARGOS COMPLEMENTARES","H",5.16,20.291999999999998,{"$f":"IF(ISNUMBER(E556),E556*$D556,\"\")","v":104.70671999999999},null,null,0]
[null,"BETONEIRA CAPACIDADE NOMINAL DE 400 L, CAPACIDADE DE MISTURA 280 L, MOTOR ELÉTRICO TRIFÁSICO POTÊNCIA DE 2 CV, SEM CARREGADOR - CHP DIURNO. AF_10/2014","CHP",1.2,1.6435,{"$f":"IF(ISNUMBER(E557),E557*$D557,\"\")","v":1.9722},null,null,0]
[null,"BETONEIRA CAPACIDADE NOMINAL DE 400 L, CAPACIDADE DE MISTURA 280 L, MOTOR ELÉTRICO TRIFÁSICO POTÊNCIA DE 2 CV, SEM CARREGADOR - CHI DIURNO. AF_10/2014","CHI",3.96,0.42749999999999999,{"$f":"IF(ISNUMBER(E558),E558*$D558,\"\")","v":1.6928999999999998},null,null,0]
[null,"CARGA, MANOBRA E DESCARGA DE SOLOS E MATERIAIS GRANULARES EM CAMINHÃO BASCULANTE 6 M³ - CARGA COM PÁ CARREGADEIRA (CAÇAMBA DE 1,7 A 2,8 M³ / 128 HP) E DESCARGA LIVRE (UNIDADE: M3). AF_07/2020","M3",{"$f":"ROUND(1*(D553),4)","v":1.17},7.9843291499999998,{"$f":"IF(ISNUMBER(E559),E559*$D559,\"\")","v":9.3416651054999988},null,null,0]
[null,"TRANSPORTE COM CAMINHÃO BASCULANTE DE 6 M³, EM VIA URBANA PAVIMENTADA, DMT ATÉ 30 KM (UNIDADE: M3XKM). AF_07/2020","M3xKM",{"$f":"ROUND(D553*20,4)","v":23.4},2.6655270999999994,{"$f":"IF(ISNUMBER(E560),E560*$D560,\"\")","v":62.373334139999983},null,null,0]
[null,null,null,null,"",{"$f":"IF(ISNUMBER(E561),ROUND(E561*$D561,2),\"\")","v":""},null,null,0]
[null,"Obs.: Considerando fornecedor de areia a 20 km do Senado Federal.",null,null,"",{"$f":"IF(ISNUMBER(E562),ROUND(E562*$D562,2),\"\")","v":""},null,null,0]
[null,null,null,null,"",{"$f":"IF(ISNUMBER(E563),ROUND(E563*$D563,2),\"\")","v":""},null,null,0]
["CORTE E DOBRA DE AÇO CA-60, DIÂMETRO DE 5,0 MM. AF_06/2022","","KG",null,"",{"$f":"IF(ISNUMBER(E564),ROUND(E564*$D564,2),\"\")","v":""},null,null,0]
[null,"",null,null,"",{"$f":"IF(ISNUMBER(E565),ROUND(E565*$D565,2),\"\")","v":""},null,null,0]
[null,"ACO CA-60, 4,2 MM, OU 5,0 MM, OU 6,0 MM, OU 7,0 MM, VERGALHAO","KG",1.07,9.0060000000000002,{"$f":"IF(ISNUMBER(E566),ROUND(E566*$D566,2),\"\")","v":9.64},{"$f":"SUM(F566:F568)","v":11.4},null,0]
[null,"AJUDANTE DE ARMADOR COM ENCARGOS COMPLEMENTARES","H",9.4999999999999998E-3,20.196999999999999,{"$f":"IF(ISNUMBER(E567),ROUND(E567*$D567,2),\"\")","v":0.19},null,null,0]
[null,"ARMADOR COM ENCARGOS COMPLEMENTARES","H",5.8099999999999999E-2,26.970499999999998,{"$f":"IF(ISNUMBER(E568),ROUND(E568*$D568,2),\"\")","v":1.57},null,null,0]
[null,null,null,null,"",{"$f":"IF(ISNUMBER(E569),ROUND(E569*$D569,2),\"\")","v":""},null,null,0]
["MONTAGEM DE ARMADURA DE ESTACAS, DIÂMETRO = 16,0 MM. AF_09/2021_PS","","KG",null,"",{"$f":"IF(ISNUMBER(E570),ROUND(E570*$D570,2),\"\")","v":""},null,null,0]
[null,"",null,null,"",{"$f":"IF(ISNUMBER(E571),ROUND(E571*$D571,2),\"\")","v":""},null,null,0]
[null,"ARAME RECOZIDO 16 BWG, D = 1,65 MM (0,016 KG/M) OU 18 BWG, D = 1,25 MM (0,01 KG/M)","KG",0.02,22.61,{"$f":"IF(ISNUMBER(E572),ROUND(E572*$D572,2),\"\")","v":0.45},{"$f":"SUM(F572:F575)","v":10},null,0]
[null,"AJUDANTE DE ARMADOR COM ENCARGOS COMPLEMENTARES","H",2.0999999999999999E-3,20.196999999999999,{"$f":"IF(ISNUMBER(E573),ROUND(E573*$D573,2),\"\")","v":0.04},null,null,0]
[null,"ARMADOR COM ENCARGOS COMPLEMENTARES","H",1.06E-2,26.970499999999998,{"$f":"IF(ISNUMBER(E574),ROUND(E574*$D574,2),\"\")","v":0.28999999999999998},null,null,0]
[null,"CORTE E DOBRA DE AÇO CA-50, DIÂMETRO DE 16,0 MM, UTILIZADO EM ESTRUTURAS DIVERSAS, EXCETO LAJES. AF_12/2015","KG",1,9.2204862500000004,{"$f":"IF(ISNUMBER(E575),ROUND(E575*$D575,2),\"\")","v":9.2200000000000006},null,null,0]
[null,null,null,null,"",{"$f":"IF(ISNUMBER(E576),ROUND(E576*$D576,2),\"\")","v":""},null,null,0]
["TRANSPORTE COM CAMINHÃO BASCULANTE DE 6 M³, EM VIA URBANA EM REVESTIMENTO PRIMÁRIO (UNIDADE: M3XKM). AF_07/2020","","M3XKM",null,"",{"$f":"IF(ISNUMBER(E577),ROUND(E577*$D577,2),\"\")","v":""},null,null,0]
[null,"",null,null,"",{"$f":"IF(ISNUMBER(E578),ROUND(E578*$D578,2),\"\")","v":""},null,null,0]
[null,"CAMINHÃO BASCULANTE 6 M3 TOCO, PESO BRUTO TOTAL 16.000 KG, CARGA ÚTIL MÁXIMA 11.130 KG, DISTÂNCIA ENTRE EIXOS 5,36 M, POTÊNCIA 185 CV, INCLUSIVE CAÇAMBA METÁLICA - CHP DIURNO. AF_06/2014","CHP",1.52E-2,170.44899999999998,{"$f":"IF(ISNUMBER(E579),ROUND(E579*$D579,2),\"\")","v":2.59},{"$f":"SUM(F579:F580)","v":2.9099999999999997},null,0]
[null,"CAMINHÃO BASCULANTE 6 M3 TOCO, PESO BRUTO TOTAL 16.000 KG, CARGA ÚTIL MÁXIMA 11.130 KG, DISTÂNCIA ENTRE EIXOS 5,36 M, POTÊNCIA 185 CV, INCLUSIVE CAÇAMBA METÁLICA - CHI DIURNO. AF_06/2014","CHI",6.4999999999999997E-3,49.380999999999993,{"$f":"IF(ISNUMBER(E580),ROUND(E580*$D580,2),\"\")","v":0.32},null,null,0]
[null,null,null,null,"",{"$f":"IF(ISNUMBER(E581),ROUND(E581*$D581,2),\"\")","v":""},null,null,0]
["ARGAMASSA TRAÇO 1:2:9 (EM VOLUME DE CIMENTO, CAL E AREIA MÉDIA ÚMIDA) PARA EMBOÇO/MASSA ÚNICA/ASSENTAMENTO DE ALVENARIA DE VEDAÇÃO, PREPARO MECÂNICO COM BETONEIRA 400 L. AF_08/2019","","M3",null,"",{"$f":"IF(ISNUMBER(E582),ROUND(E582*$D582,2),\"\")","v":""},null,null,0]
[null,"",null,null,"",{"$f":"IF(ISNUMBER(E583),ROUND(E583*$D583,2),\"\")","v":""},null,null,0]
[null,"AREIA MEDIA - POSTO JAZIDA/FORNECEDOR (RETIRADO NA JAZIDA, SEM TRANSPORTE)","M3",1.19,202.2835,{"$f":"IF(ISNUMBER(E584),ROUND(E584*$D584,2),\"\")","v":240.72},{"$f":"SUM(F584:F593)","v":703.99980666850001},null,0]
[null,"CAL HIDRATADA CH-I PARA ARGAMASSAS","KG",158.94999999999999,1.1875,{"$f":"IF(ISNUMBER(E585),ROUND(E585*$D585,2),\"\")","v":188.75},null,null,0]
[null,"CIMENTO PORTLAND COMPOSTO CP II-32","KG",178.82,0.627,{"$f":"IF(ISNUMBER(E586),ROUND(E586*$D586,2),\"\")","v":112.12},null,null,0]
[null,"OPERADOR DE BETONEIRA ESTACIONÁRIA/MISTURADOR COM ENCARGOS COMPLEMENTARES","H",4.26,20.291999999999998,{"$f":"IF(ISNUMBER(E587),E587*$D587,\"\")","v":86.443919999999991},null,null,0]
[null,"BETONEIRA CAPACIDADE NOMINAL DE 400 L, CAPACIDADE DE MISTURA 280 L, MOTOR ELÉTRICO TRIFÁSICO POTÊNCIA DE 2 CV, SEM CARREGADOR - CHP DIURNO. AF_10/2014","CHP",0.99,1.6435,{"$f":"IF(ISNUMBER(E588),E588*$D588,\"\")","v":1.627065},null,null,0]
[null,"BETONEIRA CAPACIDADE NOMINAL DE 400 L, CAPACIDADE DE MISTURA 280 L, MOTOR ELÉTRICO TRIFÁSICO POTÊNCIA DE 2 CV, SEM CARREGADOR - CHI DIURNO. AF_10/2014","CHI",3.27,0.42749999999999999,{"$f":"IF(ISNUMBER(E589),E589*$D589,\"\")","v":1.3979250000000001},null,null,0]
[null,"CARGA, MANOBRA E DESCARGA DE SOLOS E MATERIAIS GRANULARES EM CAMINHÃO BASCULANTE 6 M³ - CARGA COM PÁ CARREGADEIRA (CAÇAMBA DE 1,7 A 2,8 M³ / 128 HP) E DESCARGA LIVRE (UNIDADE: M3). AF_07/2020","M3",{"$f":"ROUND(1*(D584),4)","v":1.19},7.9843291499999998,{"$f":"IF(ISNUMBER(E590),E590*$D590,\"\")","v":9.5013516884999998},null,null,0]
[null,"TRANSPORTE COM CAMINHÃO BASCULANTE DE 6 M³, EM VIA URBANA PAVIMENTADA, DMT ATÉ 30 KM (UNIDADE: M3XKM). AF_07/2020","M3xKM",{"$f":"ROUND(D584*20,4)","v":23.8},2.6655270999999994,{"$f":"IF(ISNUMBER(E591),E591*$D591,\"\")","v":63.439544979999987},null,null,0]
[null,null,null,null,"",{"$f":"IF(ISNUMBER(E592),ROUND(E592*$D592,2),\"\")","v":""},null,null,0]
[null,"Obs.: Considerando fornecedor de areia a 20 km do Senado Federal.",null,null,"",{"$f":"IF(ISNUMBER(E593),ROUND(E593*$D593,2),\"\")","v":""},null,null,0]
[null,null,null,null,"",{"$f":"IF(ISNUMBER(E594),ROUND(E594*$D594,2),\"\")","v":""},null,null,0]
["CORTE E DOBRA DE AÇO CA-25, DIÂMETRO DE 16,0 MM. AF_06/2022","","KG",null,"",{"$f":"IF(ISNUMBER(E595),E595*$D595,\"\")","v":""},null,null,0]
[null,"",null,null,"",{"$f":"IF(ISNUMBER(E596),E596*$D596,\"\")","v":""},null,null,0]
[null,"ACO CA-25, 10,0 MM, OU 12,5 MM, OU 16,0 MM, OU 20,0 MM, OU 25,0 MM, VERGALHAO","KG",1.1100000000000001,10.231499999999999,{"$f":"IF(ISNUMBER(E597),E597*$D597,\"\")","v":11.356964999999999},{"$f":"SUM(F597:F598)","v":11.456755849999999},null,0]
[null,"ARMADOR COM ENCARGOS COMPLEMENTARES","H",3.7000000000000002E-3,26.970499999999998,{"$f":"IF(ISNUMBER(E598),E598*$D598,\"\")","v":9.979085E-2},null,null,0]
[null,"",null,null,"",{"$f":"IF(ISNUMBER(E599),E599*$D599,\"\")","v":""},null,null,0]
["ARMAÇÃO DE LAJE DE ESTRUTURA CONVENCIONAL DE CONCRETO ARMADO UTILIZANDO AÇO CA-60 DE 5,0 MM - MONTAGEM. AF_06/2022","","KG",null,"",{"$f":"IF(ISNUMBER(E600),E600*$D600,\"\")","v":""},null,null,0]
[null,"",null,null,"",{"$f":"IF(ISNUMBER(E601),E601*$D601,\"\")","v":""},null,null,0]
[null,"ESPACADOR / DISTANCIADOR CIRCULAR COM ENTRADA LATERAL, EM PLASTICO, PARA VERGALHAO *4,2 A 12,5* MM, COBRIMENTO 20 MM","UN",2.1179999999999999,0.20899999999999999,{"$f":"IF(ISNUMBER(E602),E602*$D602,\"\")","v":0.44266199999999994},{"$f":"SUM(F602:F606)","v":14.906346449999999},null,0]
[null,"ARAME RECOZIDO 16 BWG, D = 1,65 MM (0,016 KG/M) OU 18 BWG, D = 1,25 MM (0,01 KG/M)","KG",2.5000000000000001E-2,22.61,{"$f":"IF(ISNUMBER(E603),E603*$D603,\"\")","v":0.56525000000000003},null,null,0]
[null,"AJUDANTE DE ARMADOR COM ENCARGOS COMPLEMENTARES","H",1.3599999999999999E-2,20.196999999999999,{"$f":"IF(ISNUMBER(E604),E604*$D604,\"\")","v":0.27467919999999996},null,null,0]
[null,"ARMADOR COM ENCARGOS COMPLEMENTARES","H",8.3599999999999994E-2,26.970499999999998,{"$f":"IF(ISNUMBER(E605),E605*$D605,\"\")","v":2.2547337999999995},null,null,0]
[null,"CORTE E DOBRA DE AÇO CA-60, DIÂMETRO DE 5,0 MM, UTILIZADO EM LAJE. AF_12/2015","KG",1,11.36902145,{"$f":"IF(ISNUMBER(E606),E606*$D606,\"\")","v":11.36902145},null,null,0]
[null,null,null,null,"",{"$f":"IF(ISNUMBER(E607),E607*$D607,\"\")","v":""},null,null,0]
["CARGA, MANOBRA E DESCARGA DE TUBOS METÁLICOS, DN MENOR OU IGUAL A 150 MM, EM CAMINHÃO CARROCERIA COM GUINDAUTO (MUNCK) 11,7 TM. AF_07/2020","","T",null,"",{"$f":"IF(ISNUMBER(E608),ROUND(E608*$D608,2),\"\")","v":""},null,null,0]
[null,"",null,null,"",{"$f":"IF(ISNUMBER(E609),ROUND(E609*$D609,2),\"\")","v":""},null,null,0]
[null,"GUINDAUTO HIDRÁULICO, CAPACIDADE MÁXIMA DE CARGA 6200 KG, MOMENTO MÁXIMO DE CARGA 11,7 TM, ALCANCE MÁXIMO HORIZONTAL 9,70 M, INCLUSIVE CAMINHÃO TOCO PBT 16.000 KG, POTÊNCIA DE 189 CV - CHP DIURNO. AF_06/2014","CHP",0.1071,258.95099999999996,{"$f":"IF(ISNUMBER(E610),ROUND(E610*$D610,2),\"\")","v":27.73},{"$f":"SUM(F610:F612)","v":36.42},null,0]
[null,"GUINDAUTO HIDRÁULICO, CAPACIDADE MÁXIMA DE CARGA 6200 KG, MOMENTO MÁXIMO DE CARGA 11,7 TM, ALCANCE MÁXIMO HORIZONTAL 9,70 M, INCLUSIVE CAMINHÃO TOCO PBT 16.000 KG, POTÊNCIA DE 189 CV - CHI DIURNO. AF_06/2014","CHI",4.5900000000000003E-2,54.434999999999995,{"$f":"IF(ISNUMBER(E611),ROUND(E611*$D611,2),\"\")","v":2.5},null,null,0]
[null,"SERVENTE COM ENCARGOS COMPLEMENTARES","H",0.30590000000000001,20.225499999999997,{"$f":"IF(ISNUMBER(E612),ROUND(E612*$D612,2),\"\")","v":6.19},null,null,0]
[null,null,null,null,"",{"$f":"IF(ISNUMBER(E613),ROUND(E613*$D613,2),\"\")","v":""},null,null,0]
["TRANSPORTE COM CAMINHÃO CARROCERIA COM GUINDAUTO (MUNCK),  MOMENTO MÁXIMO DE CARGA 11,7 TM, EM VIA URBANA PAVIMENTADA, DMT ATÉ 30KM (UNIDADE: TXKM). AF_07/2020","","TXKM",null,"",{"$f":"IF(ISNUMBER(E614),ROUND(E614*$D614,2),\"\")","v":""},null,null,0]
[null,"",null,null,"",{"$f":"IF(ISNUMBER(E615),ROUND(E615*$D615,2),\"\")","v":""},null,null,0]
[null,"GUINDAUTO HIDRÁULICO, CAPACIDADE MÁXIMA DE CARGA 6200 KG, MOMENTO MÁXIMO DE CARGA 11,7 TM, ALCANCE MÁXIMO HORIZONTAL 9,70 M, INCLUSIVE CAMINHÃO TOCO PBT 16.000 KG, POTÊNCIA DE 189 CV - CHP DIURNO. AF_06/2014","CHP",9.2999999999999992E-3,258.95099999999996,{"$f":"IF(ISNUMBER(E616),ROUND(E616*$D616,2),\"\")","v":2.41},{"$f":"SUM(F616:F617)","v":2.6300000000000003},null,0]
[null,"GUINDAUTO HIDRÁULICO, CAPACIDADE MÁXIMA DE CARGA 6200 KG, MOMENTO MÁXIMO DE CARGA 11,7 TM, ALCANCE MÁXIMO HORIZONTAL 9,70 M, INCLUSIVE CAMINHÃO TOCO PBT 16.000 KG, POTÊNCIA DE 189 CV - CHI DIURNO. AF_06/2014","CHI",4.0000000000000001E-3,54.434999999999995,{"$f":"IF(ISNUMBER(E617),ROUND(E617*$D617,2),\"\")","v":0.22},null,null,0]
[null,null,null,null,"",{"$f":"IF(ISNUMBER(E618),ROUND(E618*$D618,2),\"\")","v":""},null,null,0]
["TRANSPORTE COM CAMINHÃO CARROCERIA COM GUINDAUTO (MUNCK),  MOMENTO MÁXIMO DE CARGA 11,7 TM, EM VIA URBANA PAVIMENTADA, ADICIONAL PARA DMT EXCEDENTE A 30 KM (UNIDADE: TXKM). AF_07/2020","","TXKM",null,"",{"$f":"IF(ISNUMBER(E619),ROUND(E619*$D619,2),\"\")","v":""},null,null,0]
[null,"",null,null,"",{"$f":"IF(ISNUMBER(E620),ROUND(E620*$D620,2),\"\")","v":""},null,null,0]
[null,"GUINDAUTO HIDRÁULICO, CAPACIDADE MÁXIMA DE CARGA 6200 KG, MOMENTO MÁXIMO DE CARGA 11,7 TM, ALCANCE MÁXIMO HORIZONTAL 9,70 M, INCLUSIVE CAMINHÃO TOCO PBT 16.000 KG, POTÊNCIA DE 189 CV - CHP DIURNO. AF_06/2014","CHP",3.7000000000000002E-3,258.95099999999996,{"$f":"IF(ISNUMBER(E621),ROUND(E621*$D621,2),\"\")","v":0.96},{"$f":"SUM(F621:F622)","v":1.05},null,0]
[null,"GUINDAUTO HIDRÁULICO, CAPACIDADE MÁXIMA DE CARGA 6200 KG, MOMENTO MÁXIMO DE CARGA 11,7 TM, ALCANCE MÁXIMO HORIZONTAL 9,70 M, INCLUSIVE CAMINHÃO TOCO PBT 16.000 KG, POTÊNCIA DE 189 CV - CHI DIURNO. AF_06/2014","CHI",1.6000000000000001E-3,54.434999999999995,{"$f":"IF(ISNUMBER(E622),ROUND(E622*$D622,2),\"\")","v":0.09},null,null,0]
[null,null,null,null,"",{"$f":"IF(ISNUMBER(E623),ROUND(E623*$D623,2),\"\")","v":""},null,null,0]
["CARGA, MANOBRA E DESCARGA DE TUBOS METÁLICOS, DN 200 MM, EM CAMINHÃO CARROCERIA COM GUINDAUTO (MUNCK) 11,7 TM. AF_07/2020","","T",null,"",{"$f":"IF(ISNUMBER(E624),ROUND(E624*$D624,2),\"\")","v":""},null,null,0]
[null,"",null,null,"",{"$f":"IF(ISNUMBER(E625),ROUND(E625*$D625,2),\"\")","v":""},null,null,0]
[null,"GUINDAUTO HIDRÁULICO, CAPACIDADE MÁXIMA DE CARGA 6200 KG, MOMENTO MÁXIMO DE CARGA 11,7 TM, ALCANCE MÁXIMO HORIZONTAL 9,70 M, INCLUSIVE CAMINHÃO TOCO PBT 16.000 KG, POTÊNCIA DE 189 CV - CHP DIURNO. AF_06/2014","CHP",8.1199999999999994E-2,258.95099999999996,{"$f":"IF(ISNUMBER(E626),ROUND(E626*$D626,2),\"\")","v":21.03},{"$f":"SUM(F626:F628)","v":27.610000000000003},null,0]
[null,"GUINDAUTO HIDRÁULICO, CAPACIDADE MÁXIMA DE CARGA 6200 KG, MOMENTO MÁXIMO DE CARGA 11,7 TM, ALCANCE MÁXIMO HORIZONTAL 9,70 M, INCLUSIVE CAMINHÃO TOCO PBT 16.000 KG, POTÊNCIA DE 189 CV - CHI DIURNO. AF_06/2014","CHI",3.4799999999999998E-2,54.434999999999995,{"$f":"IF(ISNUMBER(E627),ROUND(E627*$D627,2),\"\")","v":1.89},null,null,0]
[null,"SERVENTE COM ENCARGOS COMPLEMENTARES","H",0.2321,20.225499999999997,{"$f":"IF(ISNUMBER(E628),ROUND(E628*$D628,2),\"\")","v":4.6900000000000004},null,null,0]
[null,null,null,null,"",{"$f":"IF(ISNUMBER(E629),ROUND(E629*$D629,2),\"\")","v":""},null,null,0]
["CONCRETO FCK = 30MPA, TRAÇO 1:2,1:2,5 (EM MASSA SECA DE CIMENTO/ AREIA MÉDIA/ BRITA 1) - PREPARO MECÂNICO COM BETONEIRA 600 L. AF_05/2021","","M3",null,"",{"$f":"IF(ISNUMBER(E630),E630*$D630,\"\")","v":""},null,null,0]
[null,"",null,null,"",{"$f":"IF(ISNUMBER(E631),E631*$D631,\"\")","v":""},null,null,0]
[null,"AREIA MEDIA - POSTO JAZIDA/FORNECEDOR (RETIRADO NA JAZIDA, SEM TRANSPORTE)","M3",0.71189999999999998,202.2835,{"$f":"IF(ISNUMBER(E632),E632*$D632,\"\")","v":144.00562364999999},{"$f":"SUM(F632:F640)","v":633.68346975228985},null,0]
[null,"CIMENTO PORTLAND COMPOSTO CP II-32","KG",391.16629999999998,0.627,{"$f":"IF(ISNUMBER(E633),E633*$D633,\"\")","v":245.26127009999999},null,null,0]
[null,"PEDRA BRITADA N. 1 (9,5 a 19 MM) POSTO PEDREIRA/FORNECEDOR, SEM FRETE","M3",0.5927,160.65450000000001,{"$f":"IF(ISNUMBER(E634),E634*$D634,\"\")","v":95.219922150000002},null,null,0]
[null,"SERVENTE COM ENCARGOS COMPLEMENTARES","H",1.9633,20.225499999999997,{"$f":"IF(ISNUMBER(E635),E635*$D635,\"\")","v":39.708724149999995},null,null,0]
[null,"OPERADOR DE BETONEIRA ESTACIONÁRIA/MISTURADOR COM ENCARGOS COMPLEMENTARES","H",1.24,20.291999999999998,{"$f":"IF(ISNUMBER(E636),E636*$D636,\"\")","v":25.162079999999996},null,null,0]
[null,"BETONEIRA CAPACIDADE NOMINAL DE 600 L, CAPACIDADE DE MISTURA 360 L, MOTOR ELÉTRICO TRIFÁSICO POTÊNCIA DE 4 CV, SEM CARREGADOR - CHP DIURNO. AF_11/2014","CHP",0.63819999999999999,5.1395,{"$f":"IF(ISNUMBER(E637),E637*$D637,\"\")","v":3.2800289},null,null,0]
[null,"BETONEIRA CAPACIDADE NOMINAL DE 600 L, CAPACIDADE DE MISTURA 360 L, MOTOR ELÉTRICO TRIFÁSICO POTÊNCIA DE 4 CV, SEM CARREGADOR - CHI DIURNO. AF_11/2014","CHI",0.6018,1.7954999999999999,{"$f":"IF(ISNUMBER(E638),E638*$D638,\"\")","v":1.0805319},null,null,0]
[null,"CARGA, MANOBRA E DESCARGA DE SOLOS E MATERIAIS GRANULARES EM CAMINHÃO BASCULANTE 6 M³ - CARGA COM PÁ CARREGADEIRA (CAÇAMBA DE 1,7 A 2,8 M³ / 128 HP) E DESCARGA LIVRE (UNIDADE: M3). AF_07/2020","M3",{"$f":"ROUND(1*(D632+D634),4)","v":1.3046},7.9843291499999998,{"$f":"IF(ISNUMBER(E639),E639*$D639,\"\")","v":10.41635580909},null,null,0]
[null,"TRANSPORTE COM CAMINHÃO BASCULANTE DE 6 M³, EM VIA URBANA PAVIMENTADA, DMT ATÉ 30 KM (UNIDADE: M3XKM). AF_07/2020","M3xKM",{"$f":"ROUND((D632+D634)*20,4)","v":26.091999999999999},2.6655270999999994,{"$f":"IF(ISNUMBER(E640),E640*$D640,\"\")","v":69.548933093199977},null,null,0]
[null,null,null,null,"",{"$f":"IF(ISNUMBER(E641),E641*$D641,\"\")","v":""},null,null,0]
[null,"Obs.: Considerando fornecedor de areia e brita a 20 km do Senado Federal.",null,null,"",{"$f":"IF(ISNUMBER(E642),E642*$D642,\"\")","v":""},null,null,0]
[null,"",null,null,"",{"$f":"IF(ISNUMBER(E643),E643*$D643,\"\")","v":""},null,null,0]

{"sheet":"Comp.Aux2","index":2,"n_rows":139,"n_cols":10,"rows_kept":139,"cut":false,"hidden":false,"merged":[[134,0,138,0],[128,0,133,0],[108,0,122,0],[123,0,127,0],[94,0,107,0],[72,0,79,0],[80,0,93,0],[45,0,57,0],[58,0,71,0],[5,0,9,0],[10,0,15,0],[16,0,22,0],[23,0,34,0],[35,0,44,0]]}
["Implementação de sistema de climatização para a sala de leitura da Biblioteca do Senado Federal"]
["COMPOSIÇÕES DE CUSTO UNITÁRIO AUXILIARES DE 2º NÍVEL"]
["Data: março de 2023"]
[]
["DESCRIÇÃO","DISCRIMINAÇÃO DA COMPOSIÇÃO","UNIDADE","COEFICIENTE","CUSTO UNITÁRIO","FONTE DO PREÇO","CUSTO TOTAL","TOTAL",null,"QTD"]
["TRANSPORTE COM CAMINHÃO BASCULANTE DE 6 M³, EM VIA URBANA PAVIMENTADA, DMT ATÉ 30 KM (UNIDADE: M3XKM). AF_07/2020","","M3xKM",null,"",null,{"$f":"IF(ISNUMBER(E6),ROUND(E6*$D6,2),\"\")","v":""},null,null,30.337900000000005]
[null,"",null,null,"",null,{"$f":"IF(ISNUMBER(E7),ROUND(E7*$D7,2),\"\")","v":""},null,null,30.337900000000005]
[null,"CAMINHÃO BASCULANTE 6 M3 TOCO, PESO BRUTO TOTAL 16.000 KG, CARGA ÚTIL MÁXIMA 11.130 KG, DISTÂNCIA ENTRE EIXOS 5,36 M, POTÊNCIA 185 CV, INCLUSIVE CAÇAMBA METÁLICA - CHP DIURNO. AF_06/2014","CHP",1.3899999999999999E-2,170.44899999999998,"Sinapi 67826",{"$f":"IF(ISNUMBER(E8),ROUND(E8*$D8,2),\"\")","v":2.37},{"$f":"SUM(G8:G9)","v":2.67},null,30.337900000000005]
[null,"CAMINHÃO BASCULANTE 6 M3 TOCO, PESO BRUTO TOTAL 16.000 KG, CARGA ÚTIL MÁXIMA 11.130 KG, DISTÂNCIA ENTRE EIXOS 5,36 M, POTÊNCIA 185 CV, INCLUSIVE CAÇAMBA METÁLICA - CHI DIURNO. AF_06/2014","CHI",6.0000000000000001E-3,49.380999999999993,"Sinapi 67827",{"$f":"IF(ISNUMBER(E9),ROUND(E9*$D9,2),\"\")","v":0.3},null,null,30.337900000000005]
[null,"",null,null,"",null,{"$f":"IF(ISNUMBER(E10),ROUND(E10*$D10,2),\"\")","v":""},null,null,30.337900000000005]
["CORTE E DOBRA DE AÇO CA-60, DIÂMETRO DE 4,2 MM. AF_06/2022","","KG",null,"",null,{"$f":"IF(ISNUMBER(E11),ROUND(E11*$D11,2),\"\")","v":""},null,null,0]
[null,"",null,null,"",null,{"$f":"IF(ISNUMBER(E12),ROUND(E12*$D12,2),\"\")","v":""},null,null,0]
[null,"ACO CA-60, 4,2 MM, OU 5,0 MM, OU 6,0 MM, OU 7,0 MM, VERGALHAO","KG",1.07,9.0060000000000002,"Sinapi 43059",{"$f":"IF(ISNUMBER(E13),ROUND(E13*$D13,2),\"\")","v":9.64},{"$f":"SUM(G13:G15)","v":12.42},null,0]
[null,"AJUDANTE DE ARMADOR COM ENCARGOS COMPLEMENTARES","H",1.3100000000000001E-2,20.196999999999999,"Sinapi 88238",{"$f":"IF(ISNUMBER(E14),ROUND(E14*$D14,2),\"\")","v":0.26},null,null,0]
[null,"ARMADOR COM ENCARGOS COMPLEMENTARES","H",9.3299999999999994E-2,26.970499999999998,"Sinapi 88245",{"$f":"IF(ISNUMBER(E15),ROUND(E15*$D15,2),\"\")","v":2.52},null,null,0]
[null,"",null,null,"",null,{"$f":"IF(ISNUMBER(E16),ROUND(E16*$D16,2),\"\")","v":""},null,null,0]
["CARGA, MANOBRA E DESCARGA DE SOLOS E MATERIAIS GRANULARES EM CAMINHÃO BASCULANTE 6 M³ - CARGA COM PÁ CARREGADEIRA (CAÇAMBA DE 1,7 A 2,8 M³ / 128 HP) E DESCARGA LIVRE (UNIDADE: M3). AF_07/2020","","M3",null,"",null,{"$f":"IF(ISNUMBER(E17),ROUND(E17*$D17,2),\"\")","v":""},null,null,1.5168950000000001]
[null,"",null,null,"",null,{"$f":"IF(ISNUMBER(E18),ROUND(E18*$D18,2),\"\")","v":""},null,null,1.5168950000000001]
[null,"PÁ CARREGADEIRA SOBRE RODAS, POTÊNCIA LÍQUIDA 128 HP, CAPACIDADE DA CAÇAMBA 1,7 A 2,8 M3, PESO OPERACIONAL 11632 KG - CHP DIURNO. AF_06/2014","CHP",8.3000000000000001E-3,175.87349999999998,"Sinapi 5940",{"$f":"IF(ISNUMBER(E19),ROUND(E19*$D19,2),\"\")","v":1.46},{"$f":"SUM(G19:G22)","v":7.9845791000000004},null,1.5168950000000001]
[null,"PÁ CARREGADEIRA SOBRE RODAS, POTÊNCIA LÍQUIDA 128 HP, CAPACIDADE DA CAÇAMBA 1,7 A 2,8 M3, PESO OPERACIONAL 11632 KG - CHI DIURNO. AF_06/2014","CHI",1.5100000000000001E-2,64.314999999999998,"Sinapi 5942",{"$f":"IF(ISNUMBER(E20),E20*$D20,\"\")","v":0.97115649999999998},null,null,1.5168950000000001]
[null,"CAMINHÃO BASCULANTE 6 M3 TOCO, PESO BRUTO TOTAL 16.000 KG, CARGA ÚTIL MÁXIMA 11.130 KG, DISTÂNCIA ENTRE EIXOS 5,36 M, POTÊNCIA 185 CV, INCLUSIVE CAÇAMBA METÁLICA - CHP DIURNO. AF_06/2014","CHP",2.6700000000000002E-2,170.44899999999998,"Sinapi 67826",{"$f":"IF(ISNUMBER(E21),E21*$D21,\"\")","v":4.5509883000000002},null,null,1.5168950000000001]
[null,"CAMINHÃO BASCULANTE 6 M3 TOCO, PESO BRUTO TOTAL 16.000 KG, CARGA ÚTIL MÁXIMA 11.130 KG, DISTÂNCIA ENTRE EIXOS 5,36 M, POTÊNCIA 185 CV, INCLUSIVE CAÇAMBA METÁLICA - CHI DIURNO. AF_06/2014","CHI",2.0299999999999999E-2,49.380999999999993,"Sinapi 67827",{"$f":"IF(ISNUMBER(E22),E22*$D22,\"\")","v":1.0024342999999998},null,null,1.5168950000000001]
[null,"",null,null,"",null,{"$f":"IF(ISNUMBER(E23),ROUND(E23*$D23,2),\"\")","v":""},null,null,1.5168950000000001]
["ARGAMASSA TRAÇO 1:4 (EM VOLUME DE CIMENTO E AREIA MÉDIA ÚMIDA) PARA CONTRAPISO, PREPARO MECÂNICO COM BETONEIRA 400 L. AF_08/2019","","M3",null,"",null,{"$f":"IF(ISNUMBER(E24),ROUND(E24*$D24,2),\"\")","v":""},null,null,0]
[null,"",null,null,"",null,{"$f":"IF(ISNUMBER(E25),ROUND(E25*$D25,2),\"\")","v":""},null,null,0]
[null,"Areia media - posto jazida/fornecedor (retirado na jazida, sem transporte)","M3",1.36,202.2835,"Sinapi 370",{"$f":"IF(ISNUMBER(E26),ROUND(E26*$D26,2),\"\")","v":275.11},{"$f":"SUM(G26:G32)","v":748.6686876440001},null,0]
[null,"Cimento Portland composto CP II-32","KG",459.85,0.627,"Sinapi 1379",{"$f":"IF(ISNUMBER(E27),ROUND(E27*$D27,2),\"\")","v":288.33},null,null,0]
[null,"Operador de betoneira estacionária/misturador com encargos complementares","H",4.8499999999999996,20.291999999999998,"Sinapi 88377",{"$f":"IF(ISNUMBER(E28),ROUND(E28*$D28,2),\"\")","v":98.42},null,null,0]
[null,"Betoneira capacidade nominal de 400 L, capacidade de mistura 280 L, motor elétrico trifásico potência de 2 cv, sem carregador - CHP diurno. af_10/2014","CHP",1.1299999999999999,1.6435,"Sinapi 88830",{"$f":"IF(ISNUMBER(E29),ROUND(E29*$D29,2),\"\")","v":1.86},null,null,0]
[null,"Betoneira capacidade nominal de 400 L, capacidade de mistura 280 L, motor elétrico trifásico potência de 2 cv, sem carregador - CHI diurno. af_10/2014","CHI",3.72,0.42749999999999999,"Sinapi 88831",{"$f":"IF(ISNUMBER(E30),ROUND(E30*$D30,2),\"\")","v":1.59},null,null,0]
[null,"CARGA, MANOBRA E DESCARGA DE SOLOS E MATERIAIS GRANULARES EM CAMINHÃO BASCULANTE 6 M³ - CARGA COM PÁ CARREGADEIRA (CAÇAMBA DE 1,7 A 2,8 M³ / 128 HP) E DESCARGA LIVRE (UNIDADE: M3). AF_07/2020","M3",{"$f":"D26","v":1.36},7.9843291499999998,"Sinapi 100973",{"$f":"IF(ISNUMBER(E31),E31*$D31,\"\")","v":10.858687644},null,null,0]
[null,"TRANSPORTE COM CAMINHÃO BASCULANTE DE 6 M³, EM VIA URBANA PAVIMENTADA, DMT ATÉ 30 KM (UNIDADE: M3XKM). AF_07/2020","M3xKM",{"$f":"20*D26","v":27.200000000000003},2.6655270999999994,"Sinapi 97914",{"$f":"IF(ISNUMBER(E32),ROUND(E32*$D32,2),\"\")","v":72.5},null,null,0]
[null,null,null,null,"",null,{"$f":"IF(ISNUMBER(E33),ROUND(E33*$D33,2),\"\")","v":""},null,null,0]
[null,"Obs.: Considerando fornecedor de areia a 20 km do Senado Federal.",null,null,"",null,{"$f":"IF(ISNUMBER(E34),ROUND(E34*$D34,2),\"\")","v":""},null,null,0]
[null,"Obs.2: Inclusão de composições Sinapi 100973 e 97914.",null,null,"",null,{"$f":"IF(ISNUMBER(E35),ROUND(E35*$D35,2),\"\")","v":""},null,null,0]
["FABRICAÇÃO DE FÔRMA PARA PILARES E ESTRUTURAS SIMILARES, EM MADEIRA SERRADA, E=25 MM. AF_09/2020","","M2",null,"",null,{"$f":"IF(ISNUMBER(E36),ROUND(E36*$D36,2),\"\")","v":""},null,null,0]
[null,"",null,null,"",null,{"$f":"IF(ISNUMBER(E37),ROUND(E37*$D37,2),\"\")","v":""},null,null,0]
[null,"SARRAFO *2,5 X 7,5* CM EM PINUS, MISTA OU EQUIVALENTE DA REGIAO - BRUTA","M",4.4320000000000004,2.8499999999999996,"Sinapi 4517",{"$f":"IF(ISNUMBER(E38),ROUND(E38*$D38,2),\"\")","v":12.63},{"$f":"SUM(G38:G44)","v":262.81000000000006},null,0]
[null,"PREGO DE ACO POLIDO COM CABECA 17 X 21 (2 X 11)","KG",8.5999999999999993E-2,21.602999999999998,"Sinapi 5068",{"$f":"IF(ISNUMBER(E39),ROUND(E39*$D39,2),\"\")","v":1.86},null,null,0]
[null,"TABUA NAO APARELHADA *2,5 X 30* CM, EM MACARANDUBA, ANGELIM OU EQUIVALENTE DA REGIAO - BRUTA","M",6.53,34.152500000000003,"Sinapi 6189",{"$f":"IF(ISNUMBER(E40),ROUND(E40*$D40,2),\"\")","v":223.02},null,null,0]
[null,"AJUDANTE DE CARPINTEIRO COM ENCARGOS COMPLEMENTARES","H",0.14299999999999999,21.337,"Sinapi 88239",{"$f":"IF(ISNUMBER(E41),ROUND(E41*$D41,2),\"\")","v":3.05},null,null,0]
[null,"CARPINTEIRO DE FORMAS COM ENCARGOS COMPLEMENTARES","H",0.71499999999999997,26.799499999999998,"Sinapi 88262",{"$f":"IF(ISNUMBER(E42),ROUND(E42*$D42,2),\"\")","v":19.16},null,null,0]
[null,"SERRA CIRCULAR DE BANCADA COM MOTOR ELÉTRICO POTÊNCIA DE 5HP, COM COIFA PARA DISCO 10\" - CHP DIURNO. AF_08/2015","CHP",0.05,22.210999999999999,"Sinapi 91692",{"$f":"IF(ISNUMBER(E43),ROUND(E43*$D43,2),\"\")","v":1.1100000000000001},null,null,0]
[null,"SERRA CIRCULAR DE BANCADA COM MOTOR ELÉTRICO POTÊNCIA DE 5HP, COM COIFA PARA DISCO 10\" - CHI DIURNO. AF_08/2015","CHI",9.2999999999999999E-2,21.2895,"Sinapi 91693",{"$f":"IF(ISNUMBER(E44),ROUND(E44*$D44,2),\"\")","v":1.98},null,null,0]
[null,null,null,null,"",null,{"$f":"IF(ISNUMBER(E45),ROUND(E45*$D45,2),\"\")","v":""},null,null,0]
["ARGAMASSA TRAÇO 1:3 (EM VOLUME DE CIMENTO E AREIA GROSSA ÚMIDA) PARA CHAPISCO CONVENCIONAL, PREPARO MECÂNICO COM BETONEIRA 400 L. AF_08/2019","","M3",null,"",null,{"$f":"IF(ISNUMBER(E46),ROUND(E46*$D46,2),\"\")","v":""},null,null,0]
[null,"",null,null,"",null,{"$f":"IF(ISNUMBER(E47),ROUND(E47*$D47,2),\"\")","v":""},null,null,0]
[null,"AREIA GROSSA - POSTO JAZIDA/FORNECEDOR (RETIRADO NA JAZIDA, SEM TRANSPORTE)","M3",0.95,204.92449999999999,"Sinapi 367",{"$f":"IF(ISNUMBER(E48),ROUND(E48*$D48,2),\"\")","v":194.68},{"$f":"SUM(G48:G57)","v":611.06511269249995},null,0]
[null,"CIMENTO PORTLAND COMPOSTO CP II-32","KG",426.49,0.627,"Sinapi 1379",{"$f":"IF(ISNUMBER(E49),ROUND(E49*$D49,2),\"\")","v":267.41000000000003},null,null,0]
[null,"OPERADOR DE BETONEIRA ESTACIONÁRIA/MISTURADOR COM ENCARGOS COMPLEMENTARES","H",4.32,20.291999999999998,"Sinapi 88377",{"$f":"IF(ISNUMBER(E50),ROUND(E50*$D50,2),\"\")","v":87.66},null,null,0]
[null,"BETONEIRA CAPACIDADE NOMINAL DE 400 L, CAPACIDADE DE MISTURA 280 L, MOTOR ELÉTRICO TRIFÁSICO POTÊNCIA DE 2 CV, SEM CARREGADOR - CHP DIURNO. AF_10/2014","CHP",1.01,1.6435,"Sinapi 88830",{"$f":"IF(ISNUMBER(E51),ROUND(E51*$D51,2),\"\")","v":1.66},null,null,0]
[null,"BETONEIRA CAPACIDADE NOMINAL DE 400 L, CAPACIDADE DE MISTURA 280 L, MOTOR ELÉTRICO TRIFÁSICO POTÊNCIA DE 2 CV, SEM CARREGADOR - CHI DIURNO. AF_10/2014","CHI",3.31,0.42749999999999999,"Sinapi 88831",{"$f":"IF(ISNUMBER(E52),ROUND(E52*$D52,2),\"\")","v":1.42},null,null,0]
[null,"CARGA, MANOBRA E DESCARGA DE SOLOS E MATERIAIS GRANULARES EM CAMINHÃO BASCULANTE 6 M³ - CARGA COM PÁ CARREGADEIRA (CAÇAMBA DE 1,7 A 2,8 M³ / 128 HP) E DESCARGA LIVRE (UNIDADE: M3). AF_07/2020","M3",{"$f":"D48","v":0.95},7.9843291499999998,"Sinapi 100973",{"$f":"IF(ISNUMBER(E53),E53*$D53,\"\")","v":7.5851126924999992},null,null,0]
[null,"TRANSPORTE COM CAMINHÃO BASCULANTE DE 6 M³, EM VIA URBANA PAVIMENTADA, DMT ATÉ 30 KM (UNIDADE: M3XKM). AF_07/2020","M3xKM",{"$f":"20*D48","v":19},2.6655270999999994,"Sinapi 97914",{"$f":"IF(ISNUMBER(E54),ROUND(E54*$D54,2),\"\")","v":50.65},null,null,0]
[null,null,null,null,"",null,{"$f":"IF(ISNUMBER(E55),ROUND(E55*$D55,2),\"\")","v":""},null,null,0]
[null,"Obs.: Considerando fornecedor de areia a 20 km do Senado Federal.",null,null,"",null,{"$f":"IF(ISNUMBER(E56),ROUND(E56*$D56,2),\"\")","v":""},null,null,0]
[null,"Obs.2: Inclusão de composições (abertas) Sinapi 100973 e 97914.",null,null,"",null,{"$f":"IF(ISNUMBER(E57),ROUND(E57*$D57,2),\"\")","v":""},null,null,0]
[null,null,null,null,"",null,{"$f":"IF(ISNUMBER(E58),ROUND(E58*$D58,2),\"\")","v":""},null,null,0]
["ARGAMASSA TRAÇO 1:2:8 (EM VOLUME DE CIMENTO, CAL E AREIA MÉDIA ÚMIDA) PARA EMBOÇO/MASSA ÚNICA/ASSENTAMENTO DE ALVENARIA DE VEDAÇÃO, PREPARO MECÂNICO COM BETONEIRA 400 L. AF_08/2019","","M3",null,"",null,{"$f":"IF(ISNUMBER(E59),ROUND(E59*$D59,2),\"\")","v":""},null,null,0]
[null,"",null,null,"",null,{"$f":"IF(ISNUMBER(E60),ROUND(E60*$D60,2),\"\")","v":""},null,null,0]
[null,"AREIA MEDIA - POSTO JAZIDA/FORNECEDOR (RETIRADO NA JAZIDA, SEM TRANSPORTE)","M3",1.1599999999999999,202.2835,"Sinapi 370",{"$f":"IF(ISNUMBER(E61),ROUND(E61*$D61,2),\"\")","v":234.65},{"$f":"SUM(G61:G71)","v":729.80182181400005},null,0]
[null,"CAL HIDRATADA CH-I PARA ARGAMASSAS","KG",174.1,1.1875,"Sinapi 1106",{"$f":"IF(ISNUMBER(E62),ROUND(E62*$D62,2),\"\")","v":206.74},null,null,0]
[null,"CIMENTO PORTLAND COMPOSTO CP II-32","KG",195.86,0.627,"Sinapi 1379",{"$f":"IF(ISNUMBER(E63),ROUND(E63*$D63,2),\"\")","v":122.8},null,null,0]
[null,"OPERADOR DE BETONEIRA ESTACIONÁRIA/MISTURADOR COM ENCARGOS COMPLEMENTARES","H",4.5,20.291999999999998,"Sinapi 88377",{"$f":"IF(ISNUMBER(E64),ROUND(E64*$D64,2),\"\")","v":91.31},null,null,0]
[null,"BETONEIRA CAPACIDADE NOMINAL DE 400 L, CAPACIDADE DE MISTURA 280 L, MOTOR ELÉTRICO TRIFÁSICO POTÊNCIA DE 2 CV, SEM CARREGADOR - CHP DIURNO. AF_10/2014","CHP",1.05,1.6435,"Sinapi 88830",{"$f":"IF(ISNUMBER(E65),ROUND(E65*$D65,2),\"\")","v":1.73},null,null,0]
[null,"Betoneira capacidade nominal de 400 L, capacidade de mistura 280 L, motor elétrico trifásico potência de 2 cv, sem carregador - CHI diurno. af_10/2014","CHI",3.45,0.42749999999999999,"Sinapi 88831",{"$f":"IF(ISNUMBER(E66),ROUND(E66*$D66,2),\"\")","v":1.47},null,null,0]
[null,"CARGA, MANOBRA E DESCARGA DE SOLOS E MATERIAIS GRANULARES EM CAMINHÃO BASCULANTE 6 M³ - CARGA COM PÁ CARREGADEIRA (CAÇAMBA DE 1,7 A 2,8 M³ / 128 HP) E DESCARGA LIVRE (UNIDADE: M3). AF_07/2020","M3",{"$f":"D61","v":1.1599999999999999},7.9843291499999998,"Sinapi 100973",{"$f":"IF(ISNUMBER(E67),E67*$D67,\"\")","v":9.2618218139999993},null,null,0]
[null,"TRANSPORTE COM CAMINHÃO BASCULANTE DE 6 M³, EM VIA URBANA PAVIMENTADA, DMT ATÉ 30 KM (UNIDADE: M3XKM). AF_07/2020","M3xKM",{"$f":"20*D61","v":23.2},2.6655270999999994,"Sinapi 97914",{"$f":"IF(ISNUMBER(E68),ROUND(E68*$D68,2),\"\")","v":61.84},null,null,0]
[null,null,null,null,"",null,{"$f":"IF(ISNUMBER(E69),ROUND(E69*$D69,2),\"\")","v":""},null,null,0]
[null,"Obs.: Considerando fornecedor de areia a 20 km do Senado Federal.",null,null,"",null,{"$f":"IF(ISNUMBER(E70),ROUND(E70*$D70,2),\"\")","v":""},null,null,0]
[null,"Obs.2: Inclusão de composições (abertas) Sinapi 100973 e 97914.",null,null,"",null,{"$f":"IF(ISNUMBER(E71),ROUND(E71*$D71,2),\"\")","v":""},null,null,0]
[null,null,null,null,"",null,{"$f":"IF(ISNUMBER(E72),ROUND(E72*$D72,2),\"\")","v":""},null,null,0]
["ARMAÇÃO DE LAJE DE ESTRUTURA CONVENCIONAL DE CONCRETO ARMADO UTILIZANDO AÇO CA-60 DE 4,2 MM - MONTAGEM. AF_06/2022","","KG",null,"",null,{"$f":"IF(ISNUMBER(E73),ROUND(E73*$D73,2),\"\")","v":""},null,null,0]
[null,"",null,null,"",null,{"$f":"IF(ISNUMBER(E74),ROUND(E74*$D74,2),\"\")","v":""},null,null,0]
[null,"ESPACADOR / DISTANCIADOR CIRCULAR COM ENTRADA LATERAL, EM PLASTICO, PARA VERGALHAO *4,2 A 12,5* MM, COBRIMENTO 20 MM","UN",2.8159999999999998,0.20899999999999999,"Sinapi 39017",{"$f":"IF(ISNUMBER(E75),ROUND(E75*$D75,2),\"\")","v":0.59},{"$f":"SUM(G75:G79)","v":16.78},null,0]
[null,"ARAME RECOZIDO 16 BWG, D = 1,65 MM (0,016 KG/M) OU 18 BWG, D = 1,25 MM (0,01 KG/M)","KG",2.5000000000000001E-2,22.61,"Sinapi 43132",{"$f":"IF(ISNUMBER(E76),ROUND(E76*$D76,2),\"\")","v":0.56999999999999995},null,null,0]
[null,"AJUDANTE DE ARMADOR COM ENCARGOS COMPLEMENTARES","H",1.72E-2,20.196999999999999,"Sinapi 88238",{"$f":"IF(ISNUMBER(E77),ROUND(E77*$D77,2),\"\")","v":0.35},null,null,0]
[null,"ARMADOR COM ENCARGOS COMPLEMENTARES","H",0.1055,26.970499999999998,"Sinapi 88245",{"$f":"IF(ISNUMBER(E78),ROUND(E78*$D78,2),\"\")","v":2.85},null,null,0]
[null,"CORTE E DOBRA DE AÇO CA-60, DIÂMETRO DE 4,2 MM. AF_06/2022","KG",1,12.417348350000001,"Sinapi 92799",{"$f":"IF(ISNUMBER(E79),ROUND(E79*$D79,2),\"\")","v":12.42},null,null,0]
[null,null,null,null,"",null,{"$f":"IF(ISNUMBER(E80),ROUND(E80*$D80,2),\"\")","v":""},null,null,0]
["CONCRETO FCK = 30MPA, TRAÇO 1:2,1:2,5 (EM MASSA SECA DE CIMENTO/ AREIA MÉDIA/ BRITA 1) - PREPARO MECÂNICO COM BETONEIRA 600 L. AF_05/2021","","M3",null,"",null,{"$f":"IF(ISNUMBER(E81),ROUND(E81*$D81,2),\"\")","v":""},null,null,0]
[null,"",null,null,"",null,{"$f":"IF(ISNUMBER(E82),ROUND(E82*$D82,2),\"\")","v":""},null,null,0]
[null,"AREIA MEDIA - POSTO JAZIDA/FORNECEDOR (RETIRADO NA JAZIDA, SEM TRANSPORTE)","M3",0.71189999999999998,202.2835,"Sinapi 370",{"$f":"IF(ISNUMBER(E83),ROUND(E83*$D83,2),\"\")","v":144.01},{"$f":"SUM(G83:G91)","v":633.68691660908996},null,0]
[null,"CIMENTO PORTLAND COMPOSTO CP II-32","KG",391.16629999999998,0.627,"Sinapi 1379",{"$f":"IF(ISNUMBER(E84),ROUND(E84*$D84,2),\"\")","v":245.26},null,null,0]
[null,"PEDRA BRITADA N. 1 (9,5 a 19 MM) POSTO PEDREIRA/FORNECEDOR, SEM FRETE","M3",0.5927,160.65450000000001,"Sinapi 4721",{"$f":"IF(ISNUMBER(E85),ROUND(E85*$D85,2),\"\")","v":95.22},null,null,0]
[null,"SERVENTE COM ENCARGOS COMPLEMENTARES","H",1.9633,20.225499999999997,"Sinapi 88316",{"$f":"IF(ISNUMBER(E86),ROUND(E86*$D86,2),\"\")","v":39.71},null,null,0]
[null,"OPERADOR DE BETONEIRA ESTACIONÁRIA/MISTURADOR COM ENCARGOS COMPLEMENTARES","H",1.24,20.291999999999998,"Sinapi 88377",{"$f":"IF(ISNUMBER(E87),ROUND(E87*$D87,2),\"\")","v":25.16},null,null,0]
[null,"BETONEIRA CAPACIDADE NOMINAL DE 600 L, CAPACIDADE DE MISTURA 360 L, MOTOR ELÉTRICO TRIFÁSICO POTÊNCIA DE 4 CV, SEM CARREGADOR - CHP DIURNO. AF_11/2014","CHP",0.63819999999999999,5.1395,"Sinapi 89225",{"$f":"IF(ISNUMBER(E88),E88*$D88,\"\")","v":3.2800289},null,null,0]
[null,"BETONEIRA CAPACIDADE NOMINAL DE 600 L, CAPACIDADE DE MISTURA 360 L, MOTOR ELÉTRICO TRIFÁSICO POTÊNCIA DE 4 CV, SEM CARREGADOR - CHI DIURNO. AF_11/2014","CHI",0.6018,1.7954999999999999,"Sinapi 89226",{"$f":"IF(ISNUMBER(E89),E89*$D89,\"\")","v":1.0805319},null,null,0]
[null,"CARGA, MANOBRA E DESCARGA DE SOLOS E MATERIAIS GRANULARES EM CAMINHÃO BASCULANTE 6 M³ - CARGA COM PÁ CARREGADEIRA (CAÇAMBA DE 1,7 A 2,8 M³ / 128 HP) E DESCARGA LIVRE (UNIDADE: M3). AF_07/2020","M3",{"$f":"D83+D85","v":1.3046},7.9843291499999998,"Sinapi 100973",{"$f":"IF(ISNUMBER(E90),E90*$D90,\"\")","v":10.41635580909},null,null,0]
[null,"TRANSPORTE COM CAMINHÃO BASCULANTE DE 6 M³, EM VIA URBANA PAVIMENTADA, DMT ATÉ 30 KM (UNIDADE: M3XKM). AF_07/2020","M3xKM",{"$f":"20*(D83+D85)","v":26.091999999999999},2.6655270999999994,"Sinapi 97914",{"$f":"IF(ISNUMBER(E91),ROUND(E91*$D91,2),\"\")","v":69.55},null,null,0]
[null,null,null,null,"",null,{"$f":"IF(ISNUMBER(E92),ROUND(E92*$D92,2),\"\")","v":""},null,null,0]
[null,"Obs.: Considerando fornecedor de areia a 20 km do Senado Federal.",null,null,"",null,{"$f":"IF(ISNUMBER(E93),ROUND(E93*$D93,2),\"\")","v":""},null,null,0]
[null,null,null,null,"",null,{"$f":"IF(ISNUMBER(E94),ROUND(E94*$D94,2),\"\")","v":""},null,null,0]
["CONCRETO FCK = 25MPA, TRAÇO 1:2,3:2,7 (EM MASSA SECA DE CIMENTO/ AREIA MÉDIA/ BRITA 1) - PREPARO MECÂNICO COM BETONEIRA 600 L. AF_05/2021","","M3",null,"",null,{"$f":"IF(ISNUMBER(E95),ROUND(E95*$D95,2),\"\")","v":""},null,null,0]
[null,"",null,null,"",null,{"$f":"IF(ISNUMBER(E96),ROUND(E96*$D96,2),\"\")","v":""},null,null,0]
[null,"AREIA MEDIA - POSTO JAZIDA/FORNECEDOR (RETIRADO NA JAZIDA, SEM TRANSPORTE)","M3",0.72750000000000004,202.2835,"Sinapi 370",{"$f":"IF(ISNUMBER(E97),ROUND(E97*$D97,2),\"\")","v":147.16},{"$f":"SUM(G97:G105)","v":622.91292497500501},null,0]
[null,"CIMENTO PORTLAND COMPOSTO CP II-32","KG",364.94330000000002,0.627,"Sinapi 1379",{"$f":"IF(ISNUMBER(E98),ROUND(E98*$D98,2),\"\")","v":228.82},null,null,0]
[null,"PEDRA BRITADA N. 1 (9,5 a 19 MM) POSTO PEDREIRA/FORNECEDOR, SEM FRETE","M3",0.59719999999999995,160.65450000000001,"Sinapi 4721",{"$f":"IF(ISNUMBER(E99),ROUND(E99*$D99,2),\"\")","v":95.94},null,null,0]
[null,"SERVENTE COM ENCARGOS COMPLEMENTARES","H",1.9792000000000001,20.225499999999997,"Sinapi 88316",{"$f":"IF(ISNUMBER(E100),ROUND(E100*$D100,2),\"\")","v":40.03},null,null,0]
[null,"OPERADOR DE BETONEIRA ESTACIONÁRIA/MISTURADOR COM ENCARGOS COMPLEMENTARES","H",1.2501,20.291999999999998,"Sinapi 88377",{"$f":"IF(ISNUMBER(E101),ROUND(E101*$D101,2),\"\")","v":25.37},null,null,0]
[null,"BETONEIRA CAPACIDADE NOMINAL DE 600 L, CAPACIDADE DE MISTURA 360 L, MOTOR ELÉTRICO TRIFÁSICO POTÊNCIA DE 4 CV, SEM CARREGADOR - CHP DIURNO. AF_11/2014","CHP",0.64339999999999997,5.1395,"Sinapi 89225",{"$f":"IF(ISNUMBER(E102),E102*$D102,\"\")","v":3.3067542999999997},null,null,0]
[null,"BETONEIRA CAPACIDADE NOMINAL DE 600 L, CAPACIDADE DE MISTURA 360 L, MOTOR ELÉTRICO TRIFÁSICO POTÊNCIA DE 4 CV, SEM CARREGADOR - CHI DIURNO. AF_11/2014","CHI",0.60670000000000002,1.7954999999999999,"Sinapi 89226",{"$f":"IF(ISNUMBER(E103),E103*$D103,\"\")","v":1.0893298499999999},null,null,0]
[null,"CARGA, MANOBRA E DESCARGA DE SOLOS E MATERIAIS GRANULARES EM CAMINHÃO BASCULANTE 6 M³ - CARGA COM PÁ CARREGADEIRA (CAÇAMBA DE 1,7 A 2,8 M³ / 128 HP) E DESCARGA LIVRE (UNIDADE: M3). AF_07/2020","M3",{"$f":"D97+D99","v":1.3247},7.9843291499999998,"Sinapi 100973",{"$f":"IF(ISNUMBER(E104),E104*$D104,\"\")","v":10.576840825005},null,null,0]
[null,"TRANSPORTE COM CAMINHÃO BASCULANTE DE 6 M³, EM VIA URBANA PAVIMENTADA, DMT ATÉ 30 KM (UNIDADE: M3XKM). AF_07/2020","M3xKM",{"$f":"20*(D97+D99)","v":26.494},2.6655270999999994,"Sinapi 97914",{"$f":"IF(ISNUMBER(E105),ROUND(E105*$D105,2),\"\")","v":70.62},null,null,0]
[null,null,null,null,"",null,{"$f":"IF(ISNUMBER(E106),ROUND(E106*$D106,2),\"\")","v":""},null,null,0]
[null,"Obs.: Considerando fornecedor de areia a 20 km do Senado Federal.",null,null,"",null,{"$f":"IF(ISNUMBER(E107),ROUND(E107*$D107,2),\"\")","v":""},null,null,0]
[null,null,null,null,"",null,{"$f":"IF(ISNUMBER(E108),ROUND(E108*$D108,2),\"\")","v":""},null,null,0]
["GRAUTE FGK=20 MPA; TRAÇO 1:0,04:1,8:2,1 (EM MASSA SECA DE CIMENTO/ CAL/ AREIA GROSSA/ BRITA 0) - PREPARO MECÂNICO COM BETONEIRA 400 L. AF_09/2021","","M3",null,"",null,{"$f":"IF(ISNUMBER(E109),ROUND(E109*$D109,2),\"\")","v":""},null,null,0]
[null,"",null,null,"",null,{"$f":"IF(ISNUMBER(E110),ROUND(E110*$D110,2),\"\")","v":""},null,null,0]
[null,"AREIA GROSSA - POSTO JAZIDA/FORNECEDOR (RETIRADO NA JAZIDA, SEM TRANSPORTE)","M3",0.63019999999999998,204.92449999999999,"Sinapi 367",{"$f":"IF(ISNUMBER(E111),ROUND(E111*$D111,2),\"\")","v":129.13999999999999},{"$f":"SUM(G111:G120)","v":680.52665198636009},null,0]
[null,"CAL HIDRATADA CH-I PARA ARGAMASSAS","KG",15.125500000000001,1.1875,"Sinapi 1106",{"$f":"IF(ISNUMBER(E112),ROUND(E112*$D112,2),\"\")","v":17.96},null,null,0]
[null,"CIMENTO PORTLAND COMPOSTO CP II-32","KG",420.15269999999998,0.627,"Sinapi 1379",{"$f":"IF(ISNUMBER(E113),ROUND(E113*$D113,2),\"\")","v":263.44},null,null,0]
[null,"PEDRA BRITADA N. 0, OU PEDRISCO (4,8 A 9,5 MM) POSTO PEDREIRA/FORNECEDOR, SEM FRETE","M3",0.58819999999999995,185.47800000000001,"Sinapi 4720",{"$f":"IF(ISNUMBER(E114),ROUND(E114*$D114,2),\"\")","v":109.1},null,null,0]
[null,"SERVENTE COM ENCARGOS COMPLEMENTARES","H",2.5491999999999999,20.225499999999997,"Sinapi 88316",{"$f":"IF(ISNUMBER(E115),ROUND(E115*$D115,2),\"\")","v":51.56},null,null,0]
[null,"OPERADOR DE BETONEIRA ESTACIONÁRIA/MISTURADOR COM ENCARGOS COMPLEMENTARES","H",1.6069,20.291999999999998,"Sinapi 88377",{"$f":"IF(ISNUMBER(E116),E116*$D116,\"\")","v":32.607214799999994},null,null,0]
[null,"BETONEIRA CAPACIDADE NOMINAL DE 400 L, CAPACIDADE DE MISTURA 280 L, MOTOR ELÉTRICO TRIFÁSICO POTÊNCIA DE 2 CV, SEM CARREGADOR - CHP DIURNO. AF_10/2014","CHP",1.1137999999999999,1.6435,"Sinapi 88830",{"$f":"IF(ISNUMBER(E117),E117*$D117,\"\")","v":1.8305302999999997},null,null,0]
[null,"BETONEIRA CAPACIDADE NOMINAL DE 400 L, CAPACIDADE DE MISTURA 280 L, MOTOR ELÉTRICO TRIFÁSICO POTÊNCIA DE 2 CV, SEM CARREGADOR - CHI DIURNO. AF_10/2014","CHI",0.49309999999999998,0.42749999999999999,"Sinapi 88831",{"$f":"IF(ISNUMBER(E118),E118*$D118,\"\")","v":0.21080024999999999},null,null,0]
[null,"CARGA, MANOBRA E DESCARGA DE SOLOS E MATERIAIS GRANULARES EM CAMINHÃO BASCULANTE 6 M³ - CARGA COM PÁ CARREGADEIRA (CAÇAMBA DE 1,7 A 2,8 M³ / 128 HP) E DESCARGA LIVRE (UNIDADE: M3). AF_07/2020","M3",{"$f":"D111+D114","v":1.2183999999999999},7.9843291499999998,"Sinapi 100973",{"$f":"IF(ISNUMBER(E119),E119*$D119,\"\")","v":9.7281066363599997},null,null,0]
[null,"TRANSPORTE COM CAMINHÃO BASCULANTE DE 6 M³, EM VIA URBANA PAVIMENTADA, DMT ATÉ 30 KM (UNIDADE: M3XKM). AF_07/2020","M3xKM",{"$f":"20*(D111+D114)","v":24.367999999999999},2.6655270999999994,"Sinapi 97914",{"$f":"IF(ISNUMBER(E120),ROUND(E120*$D120,2),\"\")","v":64.95},null,null,0]
[null,null,null,null,"",null,{"$f":"IF(ISNUMBER(E121),ROUND(E121*$D121,2),\"\")","v":""},null,null,0]
[null,"Obs.: Considerando fornecedor de areia a 20 km do Senado Federal.",null,null,"",null,{"$f":"IF(ISNUMBER(E122),ROUND(E122*$D122,2),\"\")","v":""},null,null,0]
[null,null,null,null,"",null,{"$f":"IF(ISNUMBER(E123),ROUND(E123*$D123,2),\"\")","v":""},null,null,0]
["CORTE E DOBRA DE AÇO CA-25, DIÂMETRO DE 16,0 MM. AF_06/2022","","KG",null,"",null,{"$f":"IF(ISNUMBER(E124),ROUND(E124*$D124,2),\"\")","v":""},null,null,0]
[null,"",null,null,"",null,{"$f":"IF(ISNUMBER(E125),ROUND(E125*$D125,2),\"\")","v":""},null,null,0]
[null,"ACO CA-25, 10,0 MM, OU 12,5 MM, OU 16,0 MM, OU 20,0 MM, OU 25,0 MM, VERGALHAO","KG",1.1100000000000001,10.231499999999999,"Sinapi 43054",{"$f":"IF(ISNUMBER(E126),ROUND(E126*$D126,2),\"\")","v":11.36},{"$f":"SUM(G126:G127)","v":11.459999999999999},null,0]
[null,"ARMADOR COM ENCARGOS COMPLEMENTARES","H",3.7000000000000002E-3,26.970499999999998,"Sinapi 88245",{"$f":"IF(ISNUMBER(E127),ROUND(E127*$D127,2),\"\")","v":0.1},null,null,0]
[null,"",null,null,"",null,{"$f":"IF(ISNUMBER(E128),ROUND(E128*$D128,2),\"\")","v":""},null,null,0]
["CORTE E DOBRA DE AÇO CA-60, DIÂMETRO DE 5,0 MM. AF_06/2022","","KG",null,"",null,{"$f":"IF(ISNUMBER(E129),ROUND(E129*$D129,2),\"\")","v":""},null,null,0]
[null,"",null,null,"",null,{"$f":"IF(ISNUMBER(E130),ROUND(E130*$D130,2),\"\")","v":""},null,null,0]
[null,"ACO CA-60, 4,2 MM, OU 5,0 MM, OU 6,0 MM, OU 7,0 MM, VERGALHAO","KG",1.07,9.0060000000000002,"Sinapi 43059",{"$f":"IF(ISNUMBER(E131),ROUND(E131*$D131,2),\"\")","v":9.64},{"$f":"SUM(G131:G133)","v":11.38},null,0]
[null,"AJUDANTE DE ARMADOR COM ENCARGOS COMPLEMENTARES","H",8.2000000000000007E-3,20.196999999999999,"Sinapi 88238",{"$f":"IF(ISNUMBER(E132),ROUND(E132*$D132,2),\"\")","v":0.17},null,null,0]
[null,"ARMADOR COM ENCARGOS COMPLEMENTARES","H",5.8099999999999999E-2,26.970499999999998,"Sinapi 88245",{"$f":"IF(ISNUMBER(E133),ROUND(E133*$D133,2),\"\")","v":1.57},null,null,0]
[null,"",null,null,"",null,{"$f":"IF(ISNUMBER(E134),ROUND(E134*$D134,2),\"\")","v":""},null,null,0]
["CORTE E DOBRA DE AÇO CA-50, DIÂMETRO DE 16,0 MM. AF_06/2022","","KG",null,"",null,{"$f":"IF(ISNUMBER(E135),ROUND(E135*$D135,2),\"\")","v":""},null,null,0]
[null,"",null,null,"",null,{"$f":"IF(ISNUMBER(E136),ROUND(E136*$D136,2),\"\")","v":""},null,null,0]
[null,"ACO CA-50, 12,5 MM OU 16,0 MM, VERGALHAO","KG",1.1100000000000001,8.2459999999999987,"Sinapi 43055",{"$f":"IF(ISNUMBER(E137),ROUND(E137*$D137,2),\"\")","v":9.15},{"$f":"SUM(G137:G138)","v":9.2200000000000006},null,0]
[null,"ARMADOR COM ENCARGOS COMPLEMENTARES","H",2.5000000000000001E-3,26.970499999999998,"Sinapi 88245",{"$f":"IF(ISNUMBER(E138),ROUND(E138*$D138,2),\"\")","v":7.0000000000000007E-2},null,null,0]
[null,"",null,null,"",null,{"$f":"IF(ISNUMBER(E139),ROUND(E139*$D139,2),\"\")","v":""},null,null,0]

{"sheet":"Orçamentária","index":3,"n_rows":3478,"n_cols":9,"rows_kept":3478,"cut":false,"hidden":false,"merged":[]}
["Implementação de sistema de climatização para a sala de leitura da Biblioteca do Senado Federal"]
["PLANILHA ORÇAMENTÁRIA"]
["Data: março de 2023"]
[]
["ITEM","DESCRIÇÃO","UNIDADE","QUANTIDADE","CUSTO UNITÁRIO","CUSTO DIRETO TOTAL","BDI (%)","PREÇO UNITÁRIO COM BDI","PREÇO TOTAL"]
["SF-00001","Engenheiro(a) /Arquiteto(a) júnior","hh",40,{"$f":"OFFSET(INDEX(Composições!A:J,MATCH(Orçamentária!A6,Composições!A:A,0),8),2,0)","v":104.08199999999999},{"$f":"IF(ISNUMBER(E6),D6*E6,\"\")","v":4163.28},{"$f":"BDI!$B$17","v":0.191},{"$f":"IF(ISNUMBER(E6),ROUND(E6*(1+G6),2),\"\")","v":123.96},{"$f":"IF(ISNUMBER(E6),ROUND(H6*D6,2),\"\")","v":4958.3999999999996}]
["SF-00002","Mestre de obras","hh",120,{"$f":"OFFSET(INDEX(Composições!A:J,MATCH(Orçamentária!A7,Composições!A:A,0),8),2,0)","v":44.564499999999995},{"$f":"IF(ISNUMBER(E7),D7*E7,\"\")","v":5347.74},{"$f":"BDI!$B$17","v":0.191},{"$f":"IF(ISNUMBER(E7),ROUND(E7*(1+G7),2),\"\")","v":53.08},{"$f":"IF(ISNUMBER(E7),ROUND(H7*D7,2),\"\")","v":6369.6}]
["SF-00003","Planejamento físico-financeiro","un",0,{"$f":"OFFSET(INDEX(Composições!A:J,MATCH(Orçamentária!A8,Composições!A:A,0),8),2,0)","v":1891.336},0,{"$f":"IF(A8<>\"\",IF(AND(#REF!=\"Padrão\",$H$4=#REF!),BDI!$B$17,IF(AND(#REF!=\"Padrão\",$H$4=#REF!),BDI!#REF!,IF(AND(#REF!=\"Diferenciado\",$H$4=#REF!),BDI!$E$17,IF(AND(#REF!=\"Diferenciado\",$H$4=#REF!),BDI!#REF!,IF(#REF!=\"ZERO\",0))))),\"\")","v":{"$error":"#REF!"}},{"$error":"#REF!"},{"$error":"#REF!"}]
["SF-00004","Projetos de segurança do trabalho","un",0,{"$f":"OFFSET(INDEX(Composições!A:J,MATCH(Orçamentária!A9,Composições!A:A,0),8),2,0)","v":2623.8900000000003},0,{"$f":"IF(A9<>\"\",IF(AND(#REF!=\"Padrão\",$H$4=#REF!),BDI!$B$17,IF(AND(#REF!=\"Padrão\",$H$4=#REF!),BDI!#REF!,IF(AND(#REF!=\"Diferenciado\",$H$4=#REF!),BDI!$E$17,IF(AND(#REF!=\"Diferenciado\",$H$4=#REF!),BDI!#REF!,IF(#REF!=\"ZERO\",0))))),\"\")","v":{"$error":"#REF!"}},{"$error":"#REF!"},{"$error":"#REF!"}]
["SF-00005","Demolição de alvenarias","m3",0,{"$f":"OFFSET(INDEX(Composições!A:J,MATCH(Orçamentária!A10,Composições!A:A,0),8),2,0)","v":53.131354899999991},0,{"$f":"IF(A10<>\"\",IF(AND(#REF!=\"Padrão\",$H$4=#REF!),BDI!$B$17,IF(AND(#REF!=\"Padrão\",$H$4=#REF!),BDI!#REF!,IF(AND(#REF!=\"Diferenciado\",$H$4=#REF!),BDI!$E$17,IF(AND(#REF!=\"Diferenciado\",$H$4=#REF!),BDI!#REF!,IF(#REF!=\"ZERO\",0))))),\"\")","v":{"$error":"#REF!"}},{"$error":"#REF!"},{"$error":"#REF!"}]
["SF-00006","Demolição de concreto simples","m3",1,{"$f":"OFFSET(INDEX(Composições!A:J,MATCH(Orçamentária!A11,Composições!A:A,0),8),2,0)","v":298.24014999999997},298.24014999999997,{"$f":"BDI!$B$17","v":0.191},355.2,355.2]
["SF-00007","Demolição de contrapiso","m2",0,{"$f":"OFFSET(INDEX(Composições!A:J,MATCH(Orçamentária!A12,Composições!A:A,0),8),2,0)","v":18.35324},0,{"$f":"IF(A12<>\"\",IF(AND(#REF!=\"Padrão\",$H$4=#REF!),BDI!$B$17,IF(AND(#REF!=\"Padrão\",$H$4=#REF!),BDI!#REF!,IF(AND(#REF!=\"Diferenciado\",$H$4=#REF!),BDI!$E$17,IF(AND(#REF!=\"Diferenciado\",$H$4=#REF!),BDI!#REF!,IF(#REF!=\"ZERO\",0))))),\"\")","v":{"$error":"#REF!"}},{"$error":"#REF!"},{"$error":"#REF!"}]
["SF-00008","Demolição de fechamento ou parede em gesso acartonado","m2",20,{"$f":"OFFSET(INDEX(Composições!A:J,MATCH(Orçamentária!A13,Composições!A:A,0),8),2,0)","v":7.1678516499999985},143.35703299999997,{"$f":"BDI!$B$17","v":0.191},8.5399999999999991,170.8]
["SF-00009","Demolição de forro","m2",125,{"$f":"OFFSET(INDEX(Composições!A:J,MATCH(Orçamentária!A14,Composições!A:A,0),8),2,0)","v":1.5599959499999998},194.99949374999997,{"$f":"BDI!$B$17","v":0.191},1.86,232.5]
["SF-00010","Demolição de infraestrutura elétrica (eletrodutos, eletrocalhas, cabos)","m",27,{"$f":"OFFSET(INDEX(Composições!A:J,MATCH(Orçamentária!A15,Composições!A:A,0),8),2,0)","v":3.2199489999999997},86.938622999999993,{"$f":"BDI!$B$17","v":0.191},3.83,103.41]
["SF-00011","Demolição de revestimento cerâmico, granito, mármore ou granitina","m2",18,{"$f":"OFFSET(INDEX(Composições!A:J,MATCH(Orçamentária!A16,Composições!A:A,0),8),2,0)","v":11.695665649999999},210.52198169999997,{"$f":"BDI!$B$17","v":0.191},13.93,250.74]
["SF-00012","Demolição de revestimento em argamassa","m2",0,{"$f":"OFFSET(INDEX(Composições!A:J,MATCH(Orçamentária!A17,Composições!A:A,0),8),2,0)","v":3.1455478499999998},0,{"$f":"IF(A17<>\"\",IF(AND(#REF!=\"Padrão\",$H$4=#REF!),BDI!$B$17,IF(AND(#REF!=\"Padrão\",$H$4=#REF!),BDI!#REF!,IF(AND(#REF!=\"Diferenciado\",$H$4=#REF!),BDI!$E$17,IF(AND(#REF!=\"Diferenciado\",$H$4=#REF!),BDI!#REF!,IF(#REF!=\"ZERO\",0))))),\"\")","v":{"$error":"#REF!"}},{"$error":"#REF!"},{"$error":"#REF!"}]
["SF-00013","Demolição de tubulação hidrossanitária embutida com conexões e acessórios","m",0,{"$f":"OFFSET(INDEX(Composições!A:J,MATCH(Orçamentária!A18,Composições!A:A,0),8),2,0)","v":0.47100524999999993},0,{"$f":"IF(A18<>\"\",IF(AND(#REF!=\"Padrão\",$H$4=#REF!),BDI!$B$17,IF(AND(#REF!=\"Padrão\",$H$4=#REF!),BDI!#REF!,IF(AND(#REF!=\"Diferenciado\",$H$4=#REF!),BDI!$E$17,IF(AND(#REF!=\"Diferenciado\",$H$4=#REF!),BDI!#REF!,IF(#REF!=\"ZERO\",0))))),\"\")","v":{"$error":"#REF!"}},{"$error":"#REF!"},{"$error":"#REF!"}]
["SF-00014","Demolição em concreto armado","m3",0,{"$f":"OFFSET(INDEX(Composições!A:J,MATCH(Orçamentária!A19,Composições!A:A,0),8),2,0)","v":271.83592409999994},0,{"$f":"IF(A19<>\"\",IF(AND(#REF!=\"Padrão\",$H$4=#REF!),BDI!$B$17,IF(AND(#REF!=\"Padrão\",$H$4=#REF!),BDI!#REF!,IF(AND(#REF!=\"Diferenciado\",$H$4=#REF!),BDI!$E$17,IF(AND(#REF!=\"Diferenciado\",$H$4=#REF!),BDI!#REF!,IF(#REF!=\"ZERO\",0))))),\"\")","v":{"$error":"#REF!"}},{"$error":"#REF!"},{"$error":"#REF!"}]
["SF-00015","Locação de caçambas","un",3,332.5,997.5,{"$f":"BDI!$E$17","v":0.11260000000000001},369.94,1109.82]
["SF-00016","Remoção de armários","m2",0,{"$f":"OFFSET(INDEX(Composições!A:J,MATCH(Orçamentária!A21,Composições!A:A,0),8),2,0)","v":16.083024999999996},0,{"$f":"IF(A21<>\"\",IF(AND(#REF!=\"Padrão\",$H$4=#REF!),BDI!$B$17,IF(AND(#REF!=\"Padrão\",$H$4=#REF!),BDI!#REF!,IF(AND(#REF!=\"Diferenciado\",$H$4=#REF!),BDI!$E$17,IF(AND(#REF!=\"Diferenciado\",$H$4=#REF!),BDI!#REF!,IF(#REF!=\"ZERO\",0))))),\"\")","v":{"$error":"#REF!"}},{"$error":"#REF!"},{"$error":"#REF!"}]
["SF-00017","Remoção de bancadas","m2",0,{"$f":"OFFSET(INDEX(Composições!A:J,MATCH(Orçamentária!A22,Composições!A:A,0),8),2,0)","v":24.299574999999997},0,{"$f":"IF(A22<>\"\",IF(AND(#REF!=\"Padrão\",$H$4=#REF!),BDI!$B$17,IF(AND(#REF!=\"Padrão\",$H$4=#REF!),BDI!#REF!,IF(AND(#REF!=\"Diferenciado\",$H$4=#REF!),BDI!$E$17,IF(AND(#REF!=\"Diferenciado\",$H$4=#REF!),BDI!#REF!,IF(#REF!=\"ZERO\",0))))),\"\")","v":{"$error":"#REF!"}},{"$error":"#REF!"},{"$error":"#REF!"}]
["SF-00018","Remoção de batentes de madeira","un",0,{"$f":"OFFSET(INDEX(Composições!A:J,MATCH(Orçamentária!A23,Composições!A:A,0),8),2,0)","v":9.1766199999999998},0,{"$f":"IF(A23<>\"\",IF(AND(#REF!=\"Padrão\",$H$4=#REF!),BDI!$B$17,IF(AND(#REF!=\"Padrão\",$H$4=#REF!),BDI!#REF!,IF(AND(#REF!=\"Diferenciado\",$H$4=#REF!),BDI!$E$17,IF(AND(#REF!=\"Diferenciado\",$H$4=#REF!),BDI!#REF!,IF(#REF!=\"ZERO\",0))))),\"\")","v":{"$error":"#REF!"}},{"$error":"#REF!"},{"$error":"#REF!"}]
["SF-00019","Remoção de canaleta em alumínio","m",0,{"$f":"OFFSET(INDEX(Composições!A:J,MATCH(Orçamentária!A24,Composições!A:A,0),8),2,0)","v":5.0943749999999994},0,{"$f":"IF(A24<>\"\",IF(AND(#REF!=\"Padrão\",$H$4=#REF!),BDI!$B$17,IF(AND(#REF!=\"Padrão\",$H$4=#REF!),BDI!#REF!,IF(AND(#REF!=\"Diferenciado\",$H$4=#REF!),BDI!$E$17,IF(AND(#REF!=\"Diferenciado\",$H$4=#REF!),BDI!#REF!,IF(#REF!=\"ZERO\",0))))),\"\")","v":{"$error":"#REF!"}},{"$error":"#REF!"},{"$error":"#REF!"}]
["SF-00020","Remoção de carpete","m2",0,{"$f":"OFFSET(INDEX(Composições!A:J,MATCH(Orçamentária!A25,Composições!A:A,0),8),2,0)","v":2.2941549999999999},0,{"$f":"IF(A25<>\"\",IF(AND(#REF!=\"Padrão\",$H$4=#REF!),BDI!$B$17,IF(AND(#REF!=\"Padrão\",$H$4=#REF!),BDI!#REF!,IF(AND(#REF!=\"Diferenciado\",$H$4=#REF!),BDI!$E$17,IF(AND(#REF!=\"Diferenciado\",$H$4=#REF!),BDI!#REF!,IF(#REF!=\"ZERO\",0))))),\"\")","v":{"$error":"#REF!"}},{"$error":"#REF!"},{"$error":"#REF!"}]
["SF-00021","Remoção de cortinas","m",0,{"$f":"OFFSET(INDEX(Composições!A:J,MATCH(Orçamentária!A26,Composições!A:A,0),8),2,0)","v":3.5537106000000001},0,{"$f":"IF(A26<>\"\",IF(AND(#REF!=\"Padrão\",$H$4=#REF!),BDI!$B$17,IF(AND(#REF!=\"Padrão\",$H$4=#REF!),BDI!#REF!,IF(AND(#REF!=\"Diferenciado\",$H$4=#REF!),BDI!$E$17,IF(AND(#REF!=\"Diferenciado\",$H$4=#REF!),BDI!#REF!,IF(#REF!=\"ZERO\",0))))),\"\")","v":{"$error":"#REF!"}},{"$error":"#REF!"},{"$error":"#REF!"}]
["SF-00022","Remoção de difusores, grelhas e acessórios de climatização","un",2,{"$f":"OFFSET(INDEX(Composições!A:J,MATCH(Orçamentária!A27,Composições!A:A,0),8),2,0)","v":26.031899999999993},52.063799999999986,{"$f":"BDI!$B$17","v":0.191},31,62]
["SF-00023","Remoção de divisória de mármore ou granito","m2",0,{"$f":"OFFSET(INDEX(Composições!A:J,MATCH(Orçamentária!A28,Composições!A:A,0),8),2,0)","v":40.492799999999988},0,{"$f":"IF(A28<>\"\",IF(AND(#REF!=\"Padrão\",$H$4=#REF!),BDI!$B$17,IF(AND(#REF!=\"Padrão\",$H$4=#REF!),BDI!#REF!,IF(AND(#REF!=\"Diferenciado\",$H$4=#REF!),BDI!$E$17,IF(AND(#REF!=\"Diferenciado\",$H$4=#REF!),BDI!#REF!,IF(#REF!=\"ZERO\",0))))),\"\")","v":{"$error":"#REF!"}},{"$error":"#REF!"},{"$error":"#REF!"}]
["SF-00024","Remoção de divisórias de MDF e gesso acartonado","m2",27,{"$f":"OFFSET(INDEX(Composições!A:J,MATCH(Orçamentária!A29,Composições!A:A,0),8),2,0)","v":7.1678516499999985},193.53199454999995,{"$f":"BDI!$B$17","v":0.191},8.5399999999999991,230.58]
["SF-00025","Remoção de dutos/tubulações","m",0,{"$f":"OFFSET(INDEX(Composições!A:J,MATCH(Orçamentária!A30,Composições!A:A,0),8),2,0)","v":10.697712499999998},0,{"$f":"IF(A30<>\"\",IF(AND(#REF!=\"Padrão\",$H$4=#REF!),BDI!$B$17,IF(AND(#REF!=\"Padrão\",$H$4=#REF!),BDI!#REF!,IF(AND(#REF!=\"Diferenciado\",$H$4=#REF!),BDI!$E$17,IF(AND(#REF!=\"Diferenciado\",$H$4=#REF!),BDI!#REF!,IF(#REF!=\"ZERO\",0))))),\"\")","v":{"$error":"#REF!"}},{"$error":"#REF!"},{"$error":"#REF!"}]
["SF-00026","Remoção de esquadrias metálicas","m2",0,{"$f":"OFFSET(INDEX(Composições!A:J,MATCH(Orçamentária!A31,Composições!A:A,0),8),2,0)","v":11.470774999999998},0,{"$f":"IF(A31<>\"\",IF(AND(#REF!=\"Padrão\",$H$4=#REF!),BDI!$B$17,IF(AND(#REF!=\"Padrão\",$H$4=#REF!),BDI!#REF!,IF(AND(#REF!=\"Diferenciado\",$H$4=#REF!),BDI!$E$17,IF(AND(#REF!=\"Diferenciado\",$H$4=#REF!),BDI!#REF!,IF(#REF!=\"ZERO\",0))))),\"\")","v":{"$error":"#REF!"}},{"$error":"#REF!"},{"$error":"#REF!"}]
["SF-00027","Remoção de exaustor","un",0,{"$f":"OFFSET(INDEX(Composições!A:J,MATCH(Orçamentária!A32,Composições!A:A,0),8),2,0)","v":8.2422000000000004},0,{"$f":"IF(A32<>\"\",IF(AND(#REF!=\"Padrão\",$H$4=#REF!),BDI!$B$17,IF(AND(#REF!=\"Padrão\",$H$4=#REF!),BDI!#REF!,IF(AND(#REF!=\"Diferenciado\",$H$4=#REF!),BDI!$E$17,IF(AND(#REF!=\"Diferenciado\",$H$4=#REF!),BDI!#REF!,IF(#REF!=\"ZERO\",0))))),\"\")","v":{"$error":"#REF!"}},{"$error":"#REF!"},{"$error":"#REF!"}]
["SF-00028","Remoção de fechadura/puxador de porta","un",0,{"$f":"OFFSET(INDEX(Composições!A:J,MATCH(Orçamentária!A33,Composições!A:A,0),8),2,0)","v":6.4314999999999989},0,{"$f":"IF(A33<>\"\",IF(AND(#REF!=\"Padrão\",$H$4=#REF!),BDI!$B$17,IF(AND(#REF!=\"Padrão\",$H$4=#REF!),BDI!#REF!,IF(AND(#REF!=\"Diferenciado\",$H$4=#REF!),BDI!$E$17,IF(AND(#REF!=\"Diferenciado\",$H$4=#REF!),BDI!#REF!,IF(#REF!=\"ZERO\",0))))),\"\")","v":{"$error":"#REF!"}},{"$error":"#REF!"},{"$error":"#REF!"}]
["SF-00029","Remoção de folha de porta e dobradiças / pivôs","un",0,{"$f":"OFFSET(INDEX(Composições!A:J,MATCH(Orçamentária!A34,Composições!A:A,0),8),2,0)","v":8.7938298499999981},0,{"$f":"IF(A34<>\"\",IF(AND(#REF!=\"Padrão\",$H$4=#REF!),BDI!$B$17,IF(AND(#REF!=\"Padrão\",$H$4=#REF!),BDI!#REF!,IF(AND(#REF!=\"Diferenciado\",$H$4=#REF!),BDI!$E$17,IF(AND(#REF!=\"Diferenciado\",$H$4=#REF!),BDI!#REF!,IF(#REF!=\"ZERO\",0))))),\"\")","v":{"$error":"#REF!"}},{"$error":"#REF!"},{"$error":"#REF!"}]
["SF-00030","Remoção de laminado melamínico (LDAP), em PVC ou vinílico","m2",0,{"$f":"OFFSET(INDEX(Composições!A:J,MATCH(Orçamentária!A35,Composições!A:A,0),8),2,0)","v":20.647394999999996},0,{"$f":"IF(A35<>\"\",IF(AND(#REF!=\"Padrão\",$H$4=#REF!),BDI!$B$17,IF(AND(#REF!=\"Padrão\",$H$4=#REF!),BDI!#REF!,IF(AND(#REF!=\"Diferenciado\",$H$4=#REF!),BDI!$E$17,IF(AND(#REF!=\"Diferenciado\",$H$4=#REF!),BDI!#REF!,IF(#REF!=\"ZERO\",0))))),\"\")","v":{"$error":"#REF!"}},{"$error":"#REF!"},{"$error":"#REF!"}]
["SF-00031","Remoção de louças","un",0,{"$f":"OFFSET(INDEX(Composições!A:J,MATCH(Orçamentária!A36,Composições!A:A,0),8),2,0)","v":11.617043649999999},0,{"$f":"IF(A36<>\"\",IF(AND(#REF!=\"Padrão\",$H$4=#REF!),BDI!$B$17,IF(AND(#REF!=\"Padrão\",$H$4=#REF!),BDI!#REF!,IF(AND(#REF!=\"Diferenciado\",$H$4=#REF!),BDI!$E$17,IF(AND(#REF!=\"Diferenciado\",$H$4=#REF!),BDI!#REF!,IF(#REF!=\"ZERO\",0))))),\"\")","v":{"$error":"#REF!"}},{"$error":"#REF!"},{"$error":"#REF!"}]
["SF-00032","Remoção de luminária","un",39,{"$f":"OFFSET(INDEX(Composições!A:J,MATCH(Orçamentária!A37,Composições!A:A,0),8),2,0)","v":6.1443482499999993},239.62958174999997,{"$f":"BDI!$B$17","v":0.191},7.32,285.48]
["SF-00033","Remoção de metais e acessórios","un",0,{"$f":"OFFSET(INDEX(Composições!A:J,MATCH(Orçamentária!A38,Composições!A:A,0),8),2,0)","v":8.4712506999999988},0,{"$f":"IF(A38<>\"\",IF(AND(#REF!=\"Padrão\",$H$4=#REF!),BDI!$B$17,IF(AND(#REF!=\"Padrão\",$H$4=#REF!),BDI!#REF!,IF(AND(#REF!=\"Diferenciado\",$H$4=#REF!),BDI!$E$17,IF(AND(#REF!=\"Diferenciado\",$H$4=#REF!),BDI!#REF!,IF(#REF!=\"ZERO\",0))))),\"\")","v":{"$error":"#REF!"}},{"$error":"#REF!"},{"$error":"#REF!"}]
["SF-00034","Remoção de painéis de vidro temperado","m2",0,{"$f":"OFFSET(INDEX(Composições!A:J,MATCH(Orçamentária!A39,Composições!A:A,0),8),2,0)","v":15.557446999999996},0,{"$f":"IF(A39<>\"\",IF(AND(#REF!=\"Padrão\",$H$4=#REF!),BDI!$B$17,IF(AND(#REF!=\"Padrão\",$H$4=#REF!),BDI!#REF!,IF(AND(#REF!=\"Diferenciado\",$H$4=#REF!),BDI!$E$17,IF(AND(#REF!=\"Diferenciado\",$H$4=#REF!),BDI!#REF!,IF(#REF!=\"ZERO\",0))))),\"\")","v":{"$error":"#REF!"}},{"$error":"#REF!"},{"$error":"#REF!"}]
["SF-00035","Remoção de película","m2",0,{"$f":"OFFSET(INDEX(Composições!A:J,MATCH(Orçamentária!A40,Composições!A:A,0),8),2,0)","v":10.0244},0,{"$f":"IF(A40<>\"\",IF(AND(#REF!=\"Padrão\",$H$4=#REF!),BDI!$B$17,IF(AND(#REF!=\"Padrão\",$H$4=#REF!),BDI!#REF!,IF(AND(#REF!=\"Diferenciado\",$H$4=#REF!),BDI!$E$17,IF(AND(#REF!=\"Diferenciado\",$H$4=#REF!),BDI!#REF!,IF(#REF!=\"ZERO\",0))))),\"\")","v":{"$error":"#REF!"}},{"$error":"#REF!"},{"$error":"#REF!"}]
["SF-00036","Remoção de persianas","m",0,{"$f":"OFFSET(INDEX(Composições!A:J,MATCH(Orçamentária!A41,Composições!A:A,0),8),2,0)","v":3.5537106000000001},0,{"$f":"IF(A41<>\"\",IF(AND(#REF!=\"Padrão\",$H$4=#REF!),BDI!$B$17,IF(AND(#REF!=\"Padrão\",$H$4=#REF!),BDI!#REF!,IF(AND(#REF!=\"Diferenciado\",$H$4=#REF!),BDI!$E$17,IF(AND(#REF!=\"Diferenciado\",$H$4=#REF!),BDI!#REF!,IF(#REF!=\"ZERO\",0))))),\"\")","v":{"$error":"#REF!"}},{"$error":"#REF!"},{"$error":"#REF!"}]
["SF-00037","Remoção de pintura ou textura","m2",0,{"$f":"OFFSET(INDEX(Composições!A:J,MATCH(Orçamentária!A42,Composições!A:A,0),8),2,0)","v":8.0901999999999994},0,{"$f":"IF(A42<>\"\",IF(AND(#REF!=\"Padrão\",$H$4=#REF!),BDI!$B$17,IF(AND(#REF!=\"Padrão\",$H$4=#REF!),BDI!#REF!,IF(AND(#REF!=\"Diferenciado\",$H$4=#REF!),BDI!$E$17,IF(AND(#REF!=\"Diferenciado\",$H$4=#REF!),BDI!#REF!,IF(#REF!=\"ZERO\",0))))),\"\")","v":{"$error":"#REF!"}},{"$error":"#REF!"},{"$error":"#REF!"}]
["SF-00038","Remoção de placas de forro","m2",0,{"$f":"OFFSET(INDEX(Composições!A:J,MATCH(Orçamentária!A43,Composições!A:A,0),8),2,0)","v":4.6799878499999998},0,{"$f":"IF(A43<>\"\",IF(AND(#REF!=\"Padrão\",$H$4=#REF!),BDI!$B$17,IF(AND(#REF!=\"Padrão\",$H$4=#REF!),BDI!#REF!,IF(AND(#REF!=\"Diferenciado\",$H$4=#REF!),BDI!$E$17,IF(AND(#REF!=\"Diferenciado\",$H$4=#REF!),BDI!#REF!,IF(#REF!=\"ZERO\",0))))),\"\")","v":{"$error":"#REF!"}},{"$error":"#REF!"},{"$error":"#REF!"}]
["SF-00039","Remoção de quadros de elétricos ou de telecomunicações","un",0,{"$f":"OFFSET(INDEX(Composições!A:J,MATCH(Orçamentária!A44,Composições!A:A,0),8),2,0)","v":71.791499999999999},0,{"$f":"IF(A44<>\"\",IF(AND(#REF!=\"Padrão\",$H$4=#REF!),BDI!$B$17,IF(AND(#REF!=\"Padrão\",$H$4=#REF!),BDI!#REF!,IF(AND(#REF!=\"Diferenciado\",$H$4=#REF!),BDI!$E$17,IF(AND(#REF!=\"Diferenciado\",$H$4=#REF!),BDI!#REF!,IF(#REF!=\"ZERO\",0))))),\"\")","v":{"$error":"#REF!"}},{"$error":"#REF!"},{"$error":"#REF!"}]
["SF-00040","Remoção de revestimento acústico","m2",62,{"$f":"OFFSET(INDEX(Composições!A:J,MATCH(Orçamentária!A45,Composições!A:A,0),8),2,0)","v":4.0450999999999997},250.79619999999997,{"$f":"BDI!$B$17","v":0.191},4.82,298.83999999999997]
["SF-00041","Remoção de rodapé/rodabanca de mármore ou granito","m",0,{"$f":"OFFSET(INDEX(Composições!A:J,MATCH(Orçamentária!A46,Composições!A:A,0),8),2,0)","v":1.7677086999999998},0,{"$f":"IF(A46<>\"\",IF(AND(#REF!=\"Padrão\",$H$4=#REF!),BDI!$B$17,IF(AND(#REF!=\"Padrão\",$H$4=#REF!),BDI!#REF!,IF(AND(#REF!=\"Diferenciado\",$H$4=#REF!),BDI!$E$17,IF(AND(#REF!=\"Diferenciado\",$H$4=#REF!),BDI!#REF!,IF(#REF!=\"ZERO\",0))))),\"\")","v":{"$error":"#REF!"}},{"$error":"#REF!"},{"$error":"#REF!"}]
["SF-00042","Remoção de rodapés de madeira","m2",0,{"$f":"OFFSET(INDEX(Composições!A:J,MATCH(Orçamentária!A47,Composições!A:A,0),8),2,0)","v":7.2055124999999993},0,{"$f":"IF(A47<>\"\",IF(AND(#REF!=\"Padrão\",$H$4=#REF!),BDI!$B$17,IF(AND(#REF!=\"Padrão\",$H$4=#REF!),BDI!#REF!,IF(AND(#REF!=\"Diferenciado\",$H$4=#REF!),BDI!$E$17,IF(AND(#REF!=\"Diferenciado\",$H$4=#REF!),BDI!#REF!,IF(#REF!=\"ZERO\",0))))),\"\")","v":{"$error":"#REF!"}},{"$error":"#REF!"},{"$error":"#REF!"}]
["SF-00043","Remoção de soleira de mármore ou granito","m",0,{"$f":"OFFSET(INDEX(Composições!A:J,MATCH(Orçamentária!A48,Composições!A:A,0),8),2,0)","v":11.124025},0,{"$f":"IF(A48<>\"\",IF(AND(#REF!=\"Padrão\",$H$4=#REF!),BDI!$B$17,IF(AND(#REF!=\"Padrão\",$H$4=#REF!),BDI!#REF!,IF(AND(#REF!=\"Diferenciado\",$H$4=#REF!),BDI!$E$17,IF(AND(#REF!=\"Diferenciado\",$H$4=#REF!),BDI!#REF!,IF(#REF!=\"ZERO\",0))))),\"\")","v":{"$error":"#REF!"}},{"$error":"#REF!"},{"$error":"#REF!"}]
["SF-00044","Remoção de split/fancolete/ACJ (equipamento unitário)","un",0,{"$f":"OFFSET(INDEX(Composições!A:J,MATCH(Orçamentária!A49,Composições!A:A,0),8),2,0)","v":51.974499999999992},0,{"$f":"IF(A49<>\"\",IF(AND(#REF!=\"Padrão\",$H$4=#REF!),BDI!$B$17,IF(AND(#REF!=\"Padrão\",$H$4=#REF!),BDI!#REF!,IF(AND(#REF!=\"Diferenciado\",$H$4=#REF!),BDI!$E$17,IF(AND(#REF!=\"Diferenciado\",$H$4=#REF!),BDI!#REF!,IF(#REF!=\"ZERO\",0))))),\"\")","v":{"$error":"#REF!"}},{"$error":"#REF!"},{"$error":"#REF!"}]
["SF-00045","Remoção de vidro comum / espelho","m2",0,{"$f":"OFFSET(INDEX(Composições!A:J,MATCH(Orçamentária!A50,Composições!A:A,0),8),2,0)","v":17.937405999999999},0,{"$f":"IF(A50<>\"\",IF(AND(#REF!=\"Padrão\",$H$4=#REF!),BDI!$B$17,IF(AND(#REF!=\"Padrão\",$H$4=#REF!),BDI!#REF!,IF(AND(#REF!=\"Diferenciado\",$H$4=#REF!),BDI!$E$17,IF(AND(#REF!=\"Diferenciado\",$H$4=#REF!),BDI!#REF!,IF(#REF!=\"ZERO\",0))))),\"\")","v":{"$error":"#REF!"}},{"$error":"#REF!"},{"$error":"#REF!"}]
["SF-00046","Retirada de entulhos","m3",15,{"$f":"OFFSET(INDEX(Composições!A:J,MATCH(Orçamentária!A51,Composições!A:A,0),8),2,0)","v":20.225499999999997},303.38249999999994,{"$f":"BDI!$B$17","v":0.191},24.09,361.35]
["SF-00047","Absorvedor de energia para linha de vida","un",0,"","",{"$f":"IF(A52<>\"\",IF(AND(#REF!=\"Padrão\",$H$4=#REF!),BDI!$B$17,IF(AND(#REF!=\"Padrão\",$H$4=#REF!),BDI!#REF!,IF(AND(#REF!=\"Diferenciado\",$H$4=#REF!),BDI!$E$17,IF(AND(#REF!=\"Diferenciado\",$H$4=#REF!),BDI!#REF!,IF(#REF!=\"ZERO\",0))))),\"\")","v":{"$error":"#REF!"}},"",""]
["SF-00048","Andaime fachadeiro","m2 x mês",0,{"$f":"OFFSET(INDEX(Composições!A:J,MATCH(Orçamentária!A53,Composições!A:A,0),8),2,0)","v":6.327},0,{"$f":"IF(A53<>\"\",IF(AND(#REF!=\"Padrão\",$H$4=#REF!),BDI!$B$17,IF(AND(#REF!=\"Padrão\",$H$4=#REF!),BDI!#REF!,IF(AND(#REF!=\"Diferenciado\",$H$4=#REF!),BDI!$E$17,IF(AND(#REF!=\"Diferenciado\",$H$4=#REF!),BDI!#REF!,IF(#REF!=\"ZERO\",0))))),\"\")","v":{"$error":"#REF!"}},{"$error":"#REF!"},{"$error":"#REF!"}]
["SF-00049","Andaime tubular (aluguel/mês)","m x mês",0,{"$f":"OFFSET(INDEX(Composições!A:J,MATCH(Orçamentária!A54,Composições!A:A,0),8),2,0)","v":19},0,{"$f":"IF(A54<>\"\",IF(AND(#REF!=\"Padrão\",$H$4=#REF!),BDI!$B$17,IF(AND(#REF!=\"Padrão\",$H$4=#REF!),BDI!#REF!,IF(AND(#REF!=\"Diferenciado\",$H$4=#REF!),BDI!$E$17,IF(AND(#REF!=\"Diferenciado\",$H$4=#REF!),BDI!#REF!,IF(#REF!=\"ZERO\",0))))),\"\")","v":{"$error":"#REF!"}},{"$error":"#REF!"},{"$error":"#REF!"}]
["SF-00050","Cabo de aço com 8 mm de diâmetro galvanizado para linha de vida","m",0,"","",{"$f":"IF(A55<>\"\",IF(AND(#REF!=\"Padrão\",$H$4=#REF!),BDI!$B$17,IF(AND(#REF!=\"Padrão\",$H$4=#REF!),BDI!#REF!,IF(AND(#REF!=\"Diferenciado\",$H$4=#REF!),BDI!$E$17,IF(AND(#REF!=\"Diferenciado\",$H$4=#REF!),BDI!#REF!,IF(#REF!=\"ZERO\",0))))),\"\")","v":{"$error":"#REF!"}},"",""]
["SF-00051","Corda de poliamida 12 mm tipo bombeiro, para trabalho em altura","m",0,{"$f":"OFFSET(INDEX(Composições!A:J,MATCH(Orçamentária!A56,Composições!A:A,0),8),2,0)","v":5.7700149999999999},0,{"$f":"IF(A56<>\"\",IF(AND(#REF!=\"Padrão\",$H$4=#REF!),BDI!$B$17,IF(AND(#REF!=\"Padrão\",$H$4=#REF!),BDI!#REF!,IF(AND(#REF!=\"Diferenciado\",$H$4=#REF!),BDI!$E$17,IF(AND(#REF!=\"Diferenciado\",$H$4=#REF!),BDI!#REF!,IF(#REF!=\"ZERO\",0))))),\"\")","v":{"$error":"#REF!"}},{"$error":"#REF!"},{"$error":"#REF!"}]
["SF-00052","Ensaio de ponto de ancoragem existente","un",0,"","",{"$f":"IF(A57<>\"\",IF(AND(#REF!=\"Padrão\",$H$4=#REF!),BDI!$B$17,IF(AND(#REF!=\"Padrão\",$H$4=#REF!),BDI!#REF!,IF(AND(#REF!=\"Diferenciado\",$H$4=#REF!),BDI!$E$17,IF(AND(#REF!=\"Diferenciado\",$H$4=#REF!),BDI!#REF!,IF(#REF!=\"ZERO\",0))))),\"\")","v":{"$error":"#REF!"}},"",""]
["SF-00053","Escadas de acesso para andaime tubular","m x mês",0,"","",{"$f":"IF(A58<>\"\",IF(AND(#REF!=\"Padrão\",$H$4=#REF!),BDI!$B$17,IF(AND(#REF!=\"Padrão\",$H$4=#REF!),BDI!#REF!,IF(AND(#REF!=\"Diferenciado\",$H$4=#REF!),BDI!$E$17,IF(AND(#REF!=\"Diferenciado\",$H$4=#REF!),BDI!#REF!,IF(#REF!=\"ZERO\",0))))),\"\")","v":{"$error":"#REF!"}},"",""]
["SF-00054","Esticador de cabo de aço","un",0,"","",{"$f":"IF(A59<>\"\",IF(AND(#REF!=\"Padrão\",$H$4=#REF!),BDI!$B$17,IF(AND(#REF!=\"Padrão\",$H$4=#REF!),BDI!#REF!,IF(AND(#REF!=\"Diferenciado\",$H$4=#REF!),BDI!$E$17,IF(AND(#REF!=\"Diferenciado\",$H$4=#REF!),BDI!#REF!,IF(#REF!=\"ZERO\",0))))),\"\")","v":{"$error":"#REF!"}},"",""]
["SF-00055","Guarda-corpo com rodapé para andaime tubular","m x mês",0,"","",{"$f":"IF(A60<>\"\",IF(AND(#REF!=\"Padrão\",$H$4=#REF!),BDI!$B$17,IF(AND(#REF!=\"Padrão\",$H$4=#REF!),BDI!#REF!,IF(AND(#REF!=\"Diferenciado\",$H$4=#REF!),BDI!$E$17,IF(AND(#REF!=\"Diferenciado\",$H$4=#REF!),BDI!#REF!,IF(#REF!=\"ZERO\",0))))),\"\")","v":{"$error":"#REF!"}},"",""]
["SF-00056","Indicador de tensão","un",0,"","",{"$f":"IF(A61<>\"\",IF(AND(#REF!=\"Padrão\",$H$4=#REF!),BDI!$B$17,IF(AND(#REF!=\"Padrão\",$H$4=#REF!),BDI!#REF!,IF(AND(#REF!=\"Diferenciado\",$H$4=#REF!),BDI!$E$17,IF(AND(#REF!=\"Diferenciado\",$H$4=#REF!),BDI!#REF!,IF(#REF!=\"ZERO\",0))))),\"\")","v":{"$error":"#REF!"}},"",""]
["SF-00057","Isolamento de obra com tela plástica com malha de 5mm e estrutura de madeira pontaleteada","m2",0,{"$f":"OFFSET(INDEX(Composições!A:J,MATCH(Orçamentária!A62,Composições!A:A,0),8),2,0)","v":28.187449999999995},0,{"$f":"IF(A62<>\"\",IF(AND(#REF!=\"Padrão\",$H$4=#REF!),BDI!$B$17,IF(AND(#REF!=\"Padrão\",$H$4=#REF!),BDI!#REF!,IF(AND(#REF!=\"Diferenciado\",$H$4=#REF!),BDI!$E$17,IF(AND(#REF!=\"Diferenciado\",$H$4=#REF!),BDI!#REF!,IF(#REF!=\"ZERO\",0))))),\"\")","v":{"$error":"#REF!"}},{"$error":"#REF!"},{"$error":"#REF!"}]
["SF-00058","Suporte intermediário curvo para linha de vida","un",0,"","",{"$f":"IF(A63<>\"\",IF(AND(#REF!=\"Padrão\",$H$4=#REF!),BDI!$B$17,IF(AND(#REF!=\"Padrão\",$H$4=#REF!),BDI!#REF!,IF(AND(#REF!=\"Diferenciado\",$H$4=#REF!),BDI!$E$17,IF(AND(#REF!=\"Diferenciado\",$H$4=#REF!),BDI!#REF!,IF(#REF!=\"ZERO\",0))))),\"\")","v":{"$error":"#REF!"}},"",""]
["SF-00059","Kit de linha de vida para escada de marinheiro","un",0,"","",{"$f":"IF(A64<>\"\",IF(AND(#REF!=\"Padrão\",$H$4=#REF!),BDI!$B$17,IF(AND(#REF!=\"Padrão\",$H$4=#REF!),BDI!#REF!,IF(AND(#REF!=\"Diferenciado\",$H$4=#REF!),BDI!$E$17,IF(AND(#REF!=\"Diferenciado\",$H$4=#REF!),BDI!#REF!,IF(#REF!=\"ZERO\",0))))),\"\")","v":{"$error":"#REF!"}},"",""]
["SF-00060","Kit para montagem de dois olhais","un",0,"","",{"$f":"IF(A65<>\"\",IF(AND(#REF!=\"Padrão\",$H$4=#REF!),BDI!$B$17,IF(AND(#REF!=\"Padrão\",$H$4=#REF!),BDI!#REF!,IF(AND(#REF!=\"Diferenciado\",$H$4=#REF!),BDI!$E$17,IF(AND(#REF!=\"Diferenciado\",$H$4=#REF!),BDI!#REF!,IF(#REF!=\"ZERO\",0))))),\"\")","v":{"$error":"#REF!"}},"",""]
["SF-00061","Manilha com travamento por porca e cupilha","un",0,"","",{"$f":"IF(A66<>\"\",IF(AND(#REF!=\"Padrão\",$H$4=#REF!),BDI!$B$17,IF(AND(#REF!=\"Padrão\",$H$4=#REF!),BDI!#REF!,IF(AND(#REF!=\"Diferenciado\",$H$4=#REF!),BDI!$E$17,IF(AND(#REF!=\"Diferenciado\",$H$4=#REF!),BDI!#REF!,IF(#REF!=\"ZERO\",0))))),\"\")","v":{"$error":"#REF!"}},"",""]
["SF-00062","Pilar de ancoragem para linha de vida","un",0,"","",{"$f":"IF(A67<>\"\",IF(AND(#REF!=\"Padrão\",$H$4=#REF!),BDI!$B$17,IF(AND(#REF!=\"Padrão\",$H$4=#REF!),BDI!#REF!,IF(AND(#REF!=\"Diferenciado\",$H$4=#REF!),BDI!$E$17,IF(AND(#REF!=\"Diferenciado\",$H$4=#REF!),BDI!#REF!,IF(#REF!=\"ZERO\",0))))),\"\")","v":{"$error":"#REF!"}},"",""]
["SF-00063","Piso metálico para andaime tubular","m2 x mês",0,"","",{"$f":"IF(A68<>\"\",IF(AND(#REF!=\"Padrão\",$H$4=#REF!),BDI!$B$17,IF(AND(#REF!=\"Padrão\",$H$4=#REF!),BDI!#REF!,IF(AND(#REF!=\"Diferenciado\",$H$4=#REF!),BDI!$E$17,IF(AND(#REF!=\"Diferenciado\",$H$4=#REF!),BDI!#REF!,IF(#REF!=\"ZERO\",0))))),\"\")","v":{"$error":"#REF!"}},"",""]
["SF-00064","Placa de ancoragem para extremidade","un",0,"","",{"$f":"IF(A69<>\"\",IF(AND(#REF!=\"Padrão\",$H$4=#REF!),BDI!$B$17,IF(AND(#REF!=\"Padrão\",$H$4=#REF!),BDI!#REF!,IF(AND(#REF!=\"Diferenciado\",$H$4=#REF!),BDI!$E$17,IF(AND(#REF!=\"Diferenciado\",$H$4=#REF!),BDI!#REF!,IF(#REF!=\"ZERO\",0))))),\"\")","v":{"$error":"#REF!"}},"",""]
["SF-00065","Placa de ancoragem para montagem no pilar","un",0,"","",{"$f":"IF(A70<>\"\",IF(AND(#REF!=\"Padrão\",$H$4=#REF!),BDI!$B$17,IF(AND(#REF!=\"Padrão\",$H$4=#REF!),BDI!#REF!,IF(AND(#REF!=\"Diferenciado\",$H$4=#REF!),BDI!$E$17,IF(AND(#REF!=\"Diferenciado\",$H$4=#REF!),BDI!#REF!,IF(#REF!=\"ZERO\",0))))),\"\")","v":{"$error":"#REF!"}},"",""]
["SF-00066","Ponto de ancoragem","un",0,"",{"$f":"IF(ISNUMBER(E71),D71*E71,\"\")","v":""},{"$f":"IF(A71<>\"\",IF(AND(#REF!=\"Padrão\",$H$4=#REF!),BDI!$B$17,IF(AND(#REF!=\"Padrão\",$H$4=#REF!),BDI!#REF!,IF(AND(#REF!=\"Diferenciado\",$H$4=#REF!),BDI!$E$17,IF(AND(#REF!=\"Diferenciado\",$H$4=#REF!),BDI!#REF!,IF(#REF!=\"ZERO\",0))))),\"\")","v":{"$error":"#REF!"}},{"$f":"IF(ISNUMBER(E71),ROUND(E71*(1+G71),2),\"\")","v":""},{"$f":"IF(ISNUMBER(E71),ROUND(H71*D71,2),\"\")","v":""}]
["SF-00067","Sapatas e rodízios para andaime tubular","conj x mês",0,"","",{"$f":"IF(A72<>\"\",IF(AND(#REF!=\"Padrão\",$H$4=#REF!),BDI!$B$17,IF(AND(#REF!=\"Padrão\",$H$4=#REF!),BDI!#REF!,IF(AND(#REF!=\"Diferenciado\",$H$4=#REF!),BDI!$E$17,IF(AND(#REF!=\"Diferenciado\",$H$4=#REF!),BDI!#REF!,IF(#REF!=\"ZERO\",0))))),\"\")","v":{"$error":"#REF!"}},"",""]
["SF-00068","Sistema Guarda-corpo-Rodapé (GcR) metálico","m x mês",0,"","",{"$f":"IF(A73<>\"\",IF(AND(#REF!=\"Padrão\",$H$4=#REF!),BDI!$B$17,IF(AND(#REF!=\"Padrão\",$H$4=#REF!),BDI!#REF!,IF(AND(#REF!=\"Diferenciado\",$H$4=#REF!),BDI!$E$17,IF(AND(#REF!=\"Diferenciado\",$H$4=#REF!),BDI!#REF!,IF(#REF!=\"ZERO\",0))))),\"\")","v":{"$error":"#REF!"}},"",""]
["SF-00069","Suporte intermediário reto para linha de vida","un",0,"","",{"$f":"IF(A74<>\"\",IF(AND(#REF!=\"Padrão\",$H$4=#REF!),BDI!$B$17,IF(AND(#REF!=\"Padrão\",$H$4=#REF!),BDI!#REF!,IF(AND(#REF!=\"Diferenciado\",$H$4=#REF!),BDI!$E$17,IF(AND(#REF!=\"Diferenciado\",$H$4=#REF!),BDI!#REF!,IF(#REF!=\"ZERO\",0))))),\"\")","v":{"$error":"#REF!"}},"",""]
["SF-00070","Tapume","m2",93,{"$f":"OFFSET(INDEX(Composições!A:J,MATCH(Orçamentária!A75,Composições!A:A,0),8),2,0)","v":110.65406200000001},10290.827766,{"$f":"BDI!$B$17","v":0.191},131.79,12256.47]
["SF-00071","Trole para linha de vida horizontal","un",0,"","",{"$f":"IF(A76<>\"\",IF(AND(#REF!=\"Padrão\",$H$4=#REF!),BDI!$B$17,IF(AND(#REF!=\"Padrão\",$H$4=#REF!),BDI!#REF!,IF(AND(#REF!=\"Diferenciado\",$H$4=#REF!),BDI!$E$17,IF(AND(#REF!=\"Diferenciado\",$H$4=#REF!),BDI!#REF!,IF(#REF!=\"ZERO\",0))))),\"\")","v":{"$error":"#REF!"}},"",""]
["SF-00072","Trole para travaqueda retrátil","un",0,"","",{"$f":"IF(A77<>\"\",IF(AND(#REF!=\"Padrão\",$H$4=#REF!),BDI!$B$17,IF(AND(#REF!=\"Padrão\",$H$4=#REF!),BDI!#REF!,IF(AND(#REF!=\"Diferenciado\",$H$4=#REF!),BDI!$E$17,IF(AND(#REF!=\"Diferenciado\",$H$4=#REF!),BDI!#REF!,IF(#REF!=\"ZERO\",0))))),\"\")","v":{"$error":"#REF!"}},"",""]
["SF-00073","Limpeza final","m2",124,{"$f":"OFFSET(INDEX(Composições!A:J,MATCH(Orçamentária!A78,Composições!A:A,0),8),2,0)","v":2.467511},305.97136399999999,{"$f":"BDI!$B$17","v":0.191},2.94,364.56]
["SF-00074","Abertura/fechamento rasgo em alvenaria","m",0,{"$f":"OFFSET(INDEX(Composições!A:J,MATCH(Orçamentária!A79,Composições!A:A,0),8),2,0)","v":20.429278936391501},0,{"$f":"IF(A79<>\"\",IF(AND(#REF!=\"Padrão\",$H$4=#REF!),BDI!$B$17,IF(AND(#REF!=\"Padrão\",$H$4=#REF!),BDI!#REF!,IF(AND(#REF!=\"Diferenciado\",$H$4=#REF!),BDI!$E$17,IF(AND(#REF!=\"Diferenciado\",$H$4=#REF!),BDI!#REF!,IF(#REF!=\"ZERO\",0))))),\"\")","v":{"$error":"#REF!"}},{"$error":"#REF!"},{"$error":"#REF!"}]
["SF-00075","Furo em concreto de 40mm até 75mm de diâmetro","un",0,{"$f":"OFFSET(INDEX(Composições!A:J,MATCH(Orçamentária!A80,Composições!A:A,0),8),2,0)","v":99.939838499999993},0,{"$f":"IF(A80<>\"\",IF(AND(#REF!=\"Padrão\",$H$4=#REF!),BDI!$B$17,IF(AND(#REF!=\"Padrão\",$H$4=#REF!),BDI!#REF!,IF(AND(#REF!=\"Diferenciado\",$H$4=#REF!),BDI!$E$17,IF(AND(#REF!=\"Diferenciado\",$H$4=#REF!),BDI!#REF!,IF(#REF!=\"ZERO\",0))))),\"\")","v":{"$error":"#REF!"}},{"$error":"#REF!"},{"$error":"#REF!"}]
["SF-00076","Furo em concreto para diâmetros maiores que 75mm","un",0,{"$f":"OFFSET(INDEX(Composições!A:J,MATCH(Orçamentária!A81,Composições!A:A,0),8),2,0)","v":127.64488799999998},0,{"$f":"IF(A81<>\"\",IF(AND(#REF!=\"Padrão\",$H$4=#REF!),BDI!$B$17,IF(AND(#REF!=\"Padrão\",$H$4=#REF!),BDI!#REF!,IF(AND(#REF!=\"Diferenciado\",$H$4=#REF!),BDI!$E$17,IF(AND(#REF!=\"Diferenciado\",$H$4=#REF!),BDI!#REF!,IF(#REF!=\"ZERO\",0))))),\"\")","v":{"$error":"#REF!"}},{"$error":"#REF!"},{"$error":"#REF!"}]
["SF-00077","Concreto virado em betoneira, fck = 15 MPa","m3",0,{"$f":"OFFSET(INDEX(Composições!A:J,MATCH(Orçamentária!A82,Composições!A:A,0),8),2,0)","v":872.39142327508989},0,{"$f":"IF(A82<>\"\",IF(AND(#REF!=\"Padrão\",$H$4=#REF!),BDI!$B$17,IF(AND(#REF!=\"Padrão\",$H$4=#REF!),BDI!#REF!,IF(AND(#REF!=\"Diferenciado\",$H$4=#REF!),BDI!$E$17,IF(AND(#REF!=\"Diferenciado\",$H$4=#REF!),BDI!#REF!,IF(#REF!=\"ZERO\",0))))),\"\")","v":{"$error":"#REF!"}},{"$error":"#REF!"},{"$error":"#REF!"}]
["SF-00078","Concreto virado em betoneira, fck = 25MPa","m3",0,{"$f":"OFFSET(INDEX(Composições!A:J,MATCH(Orçamentária!A83,Composições!A:A,0),8),2,0)","v":911.33956954474502},0,{"$f":"IF(A83<>\"\",IF(AND(#REF!=\"Padrão\",$H$4=#REF!),BDI!$B$17,IF(AND(#REF!=\"Padrão\",$H$4=#REF!),BDI!#REF!,IF(AND(#REF!=\"Diferenciado\",$H$4=#REF!),BDI!$E$17,IF(AND(#REF!=\"Diferenciado\",$H$4=#REF!),BDI!#REF!,IF(#REF!=\"ZERO\",0))))),\"\")","v":{"$error":"#REF!"}},{"$error":"#REF!"},{"$error":"#REF!"}]
["SF-00079","Escoramento metálico","m2 x mês",0,{"$f":"OFFSET(INDEX(Composições!A:J,MATCH(Orçamentária!A84,Composições!A:A,0),8),2,0)","v":20.630200000000002},0,{"$f":"IF(A84<>\"\",IF(AND(#REF!=\"Padrão\",$H$4=#REF!),BDI!$B$17,IF(AND(#REF!=\"Padrão\",$H$4=#REF!),BDI!#REF!,IF(AND(#REF!=\"Diferenciado\",$H$4=#REF!),BDI!$E$17,IF(AND(#REF!=\"Diferenciado\",$H$4=#REF!),BDI!#REF!,IF(#REF!=\"ZERO\",0))))),\"\")","v":{"$error":"#REF!"}},{"$error":"#REF!"},{"$error":"#REF!"}]
["SF-00080","Estrutura metálica em aço","kg",0,{"$f":"OFFSET(INDEX(Composições!A:J,MATCH(Orçamentária!A85,Composições!A:A,0),8),2,0)","v":15.36853},0,{"$f":"IF(A85<>\"\",IF(AND(#REF!=\"Padrão\",$H$4=#REF!),BDI!$B$17,IF(AND(#REF!=\"Padrão\",$H$4=#REF!),BDI!#REF!,IF(AND(#REF!=\"Diferenciado\",$H$4=#REF!),BDI!$E$17,IF(AND(#REF!=\"Diferenciado\",$H$4=#REF!),BDI!#REF!,IF(#REF!=\"ZERO\",0))))),\"\")","v":{"$error":"#REF!"}},{"$error":"#REF!"},{"$error":"#REF!"}]
["SF-00081","Forma para estruturas de concreto","m2",0,{"$f":"OFFSET(INDEX(Composições!A:J,MATCH(Orçamentária!A86,Composições!A:A,0),8),2,0)","v":196.55077639500001},0,{"$f":"IF(A86<>\"\",IF(AND(#REF!=\"Padrão\",$H$4=#REF!),BDI!$B$17,IF(AND(#REF!=\"Padrão\",$H$4=#REF!),BDI!#REF!,IF(AND(#REF!=\"Diferenciado\",$H$4=#REF!),BDI!$E$17,IF(AND(#REF!=\"Diferenciado\",$H$4=#REF!),BDI!#REF!,IF(#REF!=\"ZERO\",0))))),\"\")","v":{"$error":"#REF!"}},{"$error":"#REF!"},{"$error":"#REF!"}]
["SF-00082","Verga/contraverga/cinta em bloco de concreto canaleta 11,5 x 19 x 39 cm","m",0,{"$f":"OFFSET(INDEX(Composições!A:J,MATCH(Orçamentária!A87,Composições!A:A,0),8),2,0)","v":27.121852422999993},0,{"$f":"IF(A87<>\"\",IF(AND(#REF!=\"Padrão\",$H$4=#REF!),BDI!$B$17,IF(AND(#REF!=\"Padrão\",$H$4=#REF!),BDI!#REF!,IF(AND(#REF!=\"Diferenciado\",$H$4=#REF!),BDI!$E$17,IF(AND(#REF!=\"Diferenciado\",$H$4=#REF!),BDI!#REF!,IF(#REF!=\"ZERO\",0))))),\"\")","v":{"$error":"#REF!"}},{"$error":"#REF!"},{"$error":"#REF!"}]
["SF-00083","Impermeabilização de superfície com revestimento bicomponente semi flexível","m2",22,{"$f":"OFFSET(INDEX(Composições!A:J,MATCH(Orçamentária!A88,Composições!A:A,0),8),2,0)","v":29.002929999999999},638.06445999999994,{"$f":"BDI!$B$17","v":0.191},34.54,759.88]
["SF-00084","Alvenaria de vedação","m2",43,{"$f":"OFFSET(INDEX(Composições!A:J,MATCH(Orçamentária!A89,Composições!A:A,0),8),2,0)","v":89.2841297178594},3839.2175778679543,{"$f":"BDI!$B$17","v":0.191},106.34,4572.62]
["SF-00085","Fechamento ou shaft em gesso acartonado tipo drywall","m2",0,{"$f":"OFFSET(INDEX(Composições!A:J,MATCH(Orçamentária!A90,Composições!A:A,0),8),2,0)","v":59.642189399999992},0,{"$f":"IF(A90<>\"\",IF(AND(#REF!=\"Padrão\",$H$4=#REF!),BDI!$B$17,IF(AND(#REF!=\"Padrão\",$H$4=#REF!),BDI!#REF!,IF(AND(#REF!=\"Diferenciado\",$H$4=#REF!),BDI!$E$17,IF(AND(#REF!=\"Diferenciado\",$H$4=#REF!),BDI!#REF!,IF(#REF!=\"ZERO\",0))))),\"\")","v":{"$error":"#REF!"}},{"$error":"#REF!"},{"$error":"#REF!"}]
["SF-00086","Fixação (encunhamento) de Alvenaria de Vedação","m",0,{"$f":"OFFSET(INDEX(Composições!A:J,MATCH(Orçamentária!A91,Composições!A:A,0),8),2,0)","v":27.324686017376397},0,{"$f":"IF(A91<>\"\",IF(AND(#REF!=\"Padrão\",$H$4=#REF!),BDI!$B$17,IF(AND(#REF!=\"Padrão\",$H$4=#REF!),BDI!#REF!,IF(AND(#REF!=\"Diferenciado\",$H$4=#REF!),BDI!$E$17,IF(AND(#REF!=\"Diferenciado\",$H$4=#REF!),BDI!#REF!,IF(#REF!=\"ZERO\",0))))),\"\")","v":{"$error":"#REF!"}},{"$error":"#REF!"},{"$error":"#REF!"}]
["SF-00087","Parede em gesso acartonado (drywall)","m2",0,{"$f":"OFFSET(INDEX(Composições!A:J,MATCH(Orçamentária!A92,Composições!A:A,0),8),2,0)","v":86.771715599999993},0,{"$f":"IF(A92<>\"\",IF(AND(#REF!=\"Padrão\",$H$4=#REF!),BDI!$B$17,IF(AND(#REF!=\"Padrão\",$H$4=#REF!),BDI!#REF!,IF(AND(#REF!=\"Diferenciado\",$H$4=#REF!),BDI!$E$17,IF(AND(#REF!=\"Diferenciado\",$H$4=#REF!),BDI!#REF!,IF(#REF!=\"ZERO\",0))))),\"\")","v":{"$error":"#REF!"}},{"$error":"#REF!"},{"$error":"#REF!"}]
["SF-00088","Reparos superficiais em painéis de gesso acartonado","m2",0,{"$f":"OFFSET(INDEX(Composições!A:J,MATCH(Orçamentária!A93,Composições!A:A,0),8),2,0)","v":5.8025144999999991},0,{"$f":"IF(A93<>\"\",IF(AND(#REF!=\"Padrão\",$H$4=#REF!),BDI!$B$17,IF(AND(#REF!=\"Padrão\",$H$4=#REF!),BDI!#REF!,IF(AND(#REF!=\"Diferenciado\",$H$4=#REF!),BDI!$E$17,IF(AND(#REF!=\"Diferenciado\",$H$4=#REF!),BDI!#REF!,IF(#REF!=\"ZERO\",0))))),\"\")","v":{"$error":"#REF!"}},{"$error":"#REF!"},{"$error":"#REF!"}]
["SF-00089","Sóculo h=10 cm","m2",0,{"$f":"OFFSET(INDEX(Composições!A:J,MATCH(Orçamentária!A94,Composições!A:A,0),8),2,0)","v":88.740831747927785},0,{"$f":"IF(A94<>\"\",IF(AND(#REF!=\"Padrão\",$H$4=#REF!),BDI!$B$17,IF(AND(#REF!=\"Padrão\",$H$4=#REF!),BDI!#REF!,IF(AND(#REF!=\"Diferenciado\",$H$4=#REF!),BDI!$E$17,IF(AND(#REF!=\"Diferenciado\",$H$4=#REF!),BDI!#REF!,IF(#REF!=\"ZERO\",0))))),\"\")","v":{"$error":"#REF!"}},{"$error":"#REF!"},{"$error":"#REF!"}]
["SF-00090","Chapisco colante industrializado em vigas e pilares","m2",0,{"$f":"OFFSET(INDEX(Composições!A:J,MATCH(Orçamentária!A95,Composições!A:A,0),8),2,0)","v":18.889418176},0,{"$f":"IF(A95<>\"\",IF(AND(#REF!=\"Padrão\",$H$4=#REF!),BDI!$B$17,IF(AND(#REF!=\"Padrão\",$H$4=#REF!),BDI!#REF!,IF(AND(#REF!=\"Diferenciado\",$H$4=#REF!),BDI!$E$17,IF(AND(#REF!=\"Diferenciado\",$H$4=#REF!),BDI!#REF!,IF(#REF!=\"ZERO\",0))))),\"\")","v":{"$error":"#REF!"}},{"$error":"#REF!"},{"$error":"#REF!"}]
["SF-00091","Chapisco com argamassa traço 1:3","m2",69,{"$f":"OFFSET(INDEX(Composições!A:J,MATCH(Orçamentária!A96,Composições!A:A,0),8),2,0)","v":5.0964251468596995},351.65333513331927,{"$f":"BDI!$B$17","v":0.191},6.07,418.83]
["SF-00092","Gesso cola","m2",0,{"$f":"OFFSET(INDEX(Composições!A:J,MATCH(Orçamentária!A97,Composições!A:A,0),8),2,0)","v":12.40624},0,{"$f":"IF(A97<>\"\",IF(AND(#REF!=\"Padrão\",$H$4=#REF!),BDI!$B$17,IF(AND(#REF!=\"Padrão\",$H$4=#REF!),BDI!#REF!,IF(AND(#REF!=\"Diferenciado\",$H$4=#REF!),BDI!$E$17,IF(AND(#REF!=\"Diferenciado\",$H$4=#REF!),BDI!#REF!,IF(#REF!=\"ZERO\",0))))),\"\")","v":{"$error":"#REF!"}},{"$error":"#REF!"},{"$error":"#REF!"}]
["SF-00093","Reboco com argamassa industrializada e=2,0 cm","m2",69,{"$f":"OFFSET(INDEX(Composições!A:J,MATCH(Orçamentária!A98,Composições!A:A,0),8),2,0)","v":43.308924899999994},2988.3158180999994,{"$f":"BDI!$B$17","v":0.191},51.58,3559.02]
["SF-00094","Regularização com argamassa industrializada e=0,5 cm","m2",0,{"$f":"OFFSET(INDEX(Composições!A:J,MATCH(Orçamentária!A99,Composições!A:A,0),8),2,0)","v":14.616393624999999},0,{"$f":"IF(A99<>\"\",IF(AND(#REF!=\"Padrão\",$H$4=#REF!),BDI!$B$17,IF(AND(#REF!=\"Padrão\",$H$4=#REF!),BDI!#REF!,IF(AND(#REF!=\"Diferenciado\",$H$4=#REF!),BDI!$E$17,IF(AND(#REF!=\"Diferenciado\",$H$4=#REF!),BDI!#REF!,IF(#REF!=\"ZERO\",0))))),\"\")","v":{"$error":"#REF!"}},{"$error":"#REF!"},{"$error":"#REF!"}]
["SF-00095","Tratamento de trincas superficiais","m",0,{"$f":"OFFSET(INDEX(Composições!A:J,MATCH(Orçamentária!A100,Composições!A:A,0),8),2,0)","v":16.837972899999997},0,{"$f":"IF(A100<>\"\",IF(AND(#REF!=\"Padrão\",$H$4=#REF!),BDI!$B$17,IF(AND(#REF!=\"Padrão\",$H$4=#REF!),BDI!#REF!,IF(AND(#REF!=\"Diferenciado\",$H$4=#REF!),BDI!$E$17,IF(AND(#REF!=\"Diferenciado\",$H$4=#REF!),BDI!#REF!,IF(#REF!=\"ZERO\",0))))),\"\")","v":{"$error":"#REF!"}},{"$error":"#REF!"},{"$error":"#REF!"}]
["SF-00096","Aplicação de fundo selador base água","m2",0,{"$f":"OFFSET(INDEX(Composições!A:J,MATCH(Orçamentária!A101,Composições!A:A,0),8),2,0)","v":3.5479554999999996},0,{"$f":"IF(A101<>\"\",IF(AND(#REF!=\"Padrão\",$H$4=#REF!),BDI!$B$17,IF(AND(#REF!=\"Padrão\",$H$4=#REF!),BDI!#REF!,IF(AND(#REF!=\"Diferenciado\",$H$4=#REF!),BDI!$E$17,IF(AND(#REF!=\"Diferenciado\",$H$4=#REF!),BDI!#REF!,IF(#REF!=\"ZERO\",0))))),\"\")","v":{"$error":"#REF!"}},{"$error":"#REF!"},{"$error":"#REF!"}]
["SF-00097","Fundo anticorrosivo e de aderência","m2",0,{"$f":"OFFSET(INDEX(Composições!A:J,MATCH(Orçamentária!A102,Composições!A:A,0),8),2,0)","v":12.171721099999999},0,{"$f":"IF(A102<>\"\",IF(AND(#REF!=\"Padrão\",$H$4=#REF!),BDI!$B$17,IF(AND(#REF!=\"Padrão\",$H$4=#REF!),BDI!#REF!,IF(AND(#REF!=\"Diferenciado\",$H$4=#REF!),BDI!$E$17,IF(AND(#REF!=\"Diferenciado\",$H$4=#REF!),BDI!#REF!,IF(#REF!=\"ZERO\",0))))),\"\")","v":{"$error":"#REF!"}},{"$error":"#REF!"},{"$error":"#REF!"}]
["SF-00098","Massa acrílica","m2",0,{"$f":"OFFSET(INDEX(Composições!A:J,MATCH(Orçamentária!A103,Composições!A:A,0),8),2,0)","v":21.59730798},0,{"$f":"IF(A103<>\"\",IF(AND(#REF!=\"Padrão\",$H$4=#REF!),BDI!$B$17,IF(AND(#REF!=\"Padrão\",$H$4=#REF!),BDI!#REF!,IF(AND(#REF!=\"Diferenciado\",$H$4=#REF!),BDI!$E$17,IF(AND(#REF!=\"Diferenciado\",$H$4=#REF!),BDI!#REF!,IF(#REF!=\"ZERO\",0))))),\"\")","v":{"$error":"#REF!"}},{"$error":"#REF!"},{"$error":"#REF!"}]
["SF-00099","Massa corrida","m2",253,{"$f":"OFFSET(INDEX(Composições!A:J,MATCH(Orçamentária!A104,Composições!A:A,0),8),2,0)","v":17.028140099999998},4308.1194452999998,{"$f":"BDI!$B$17","v":0.191},20.28,5130.84]
["SF-00100","Pintura com tinta látex acrílica Premium (paredes)","m2",97,{"$f":"OFFSET(INDEX(Composições!A:J,MATCH(Orçamentária!A105,Composições!A:A,0),8),2,0)","v":15.641731},1517.2479069999999,{"$f":"BDI!$B$17","v":0.191},18.63,1807.11]
["SF-00101","Pintura em verniz sintético","m2",0,{"$f":"OFFSET(INDEX(Composições!A:J,MATCH(Orçamentária!A106,Composições!A:A,0),8),2,0)","v":24.085638199999998},0,{"$f":"IF(A106<>\"\",IF(AND(#REF!=\"Padrão\",$H$4=#REF!),BDI!$B$17,IF(AND(#REF!=\"Padrão\",$H$4=#REF!),BDI!#REF!,IF(AND(#REF!=\"Diferenciado\",$H$4=#REF!),BDI!$E$17,IF(AND(#REF!=\"Diferenciado\",$H$4=#REF!),BDI!#REF!,IF(#REF!=\"ZERO\",0))))),\"\")","v":{"$error":"#REF!"}},{"$error":"#REF!"},{"$error":"#REF!"}]
["SF-00102","Pintura esmalte acetinado (metais e madeiras)","m2",0,{"$f":"OFFSET(INDEX(Composições!A:J,MATCH(Orçamentária!A107,Composições!A:A,0),8),2,0)","v":24.790370599999996},0,{"$f":"IF(A107<>\"\",IF(AND(#REF!=\"Padrão\",$H$4=#REF!),BDI!$B$17,IF(AND(#REF!=\"Padrão\",$H$4=#REF!),BDI!#REF!,IF(AND(#REF!=\"Diferenciado\",$H$4=#REF!),BDI!$E$17,IF(AND(#REF!=\"Diferenciado\",$H$4=#REF!),BDI!#REF!,IF(#REF!=\"ZERO\",0))))),\"\")","v":{"$error":"#REF!"}},{"$error":"#REF!"},{"$error":"#REF!"}]
["SF-00103","Pintura tinta látex acrílica standard (tetos)","m2",157,{"$f":"OFFSET(INDEX(Composições!A:J,MATCH(Orçamentária!A108,Composições!A:A,0),8),2,0)","v":17.660452499999998},2772.6910424999996,{"$f":"BDI!$B$17","v":0.191},21.03,3301.71]
["SF-00104","Cerâmica para revestimento de superfícies internas ou externas – Linha Administrativa","m2",0,{"$f":"OFFSET(INDEX(Composições!A:J,MATCH(Orçamentária!A109,Composições!A:A,0),8),2,0)","v":77.305489999999978},0,{"$f":"IF(A109<>\"\",IF(AND(#REF!=\"Padrão\",$H$4=#REF!),BDI!$B$17,IF(AND(#REF!=\"Padrão\",$H$4=#REF!),BDI!#REF!,IF(AND(#REF!=\"Diferenciado\",$H$4=#REF!),BDI!$E$17,IF(AND(#REF!=\"Diferenciado\",$H$4=#REF!),BDI!#REF!,IF(#REF!=\"ZERO\",0))))),\"\")","v":{"$error":"#REF!"}},{"$error":"#REF!"},{"$error":"#REF!"}]
["SF-00105","Contrapiso em argamassa","m2",0,{"$f":"OFFSET(INDEX(Composições!A:J,MATCH(Orçamentária!A110,Composições!A:A,0),8),2,0)","v":59.626169465782489},0,{"$f":"IF(A110<>\"\",IF(AND(#REF!=\"Padrão\",$H$4=#REF!),BDI!$B$17,IF(AND(#REF!=\"Padrão\",$H$4=#REF!),BDI!#REF!,IF(AND(#REF!=\"Diferenciado\",$H$4=#REF!),BDI!$E$17,IF(AND(#REF!=\"Diferenciado\",$H$4=#REF!),BDI!#REF!,IF(#REF!=\"ZERO\",0))))),\"\")","v":{"$error":"#REF!"}},{"$error":"#REF!"},{"$error":"#REF!"}]
["SF-00106","Contrapiso em argamassa (e=2cm) ou Regularização de contrapiso existente","m2",18,{"$f":"OFFSET(INDEX(Composições!A:J,MATCH(Orçamentária!A111,Composições!A:A,0),8),2,0)","v":38.489257102627498},692.80662784729498,{"$f":"BDI!$B$17","v":0.191},45.84,825.12]
["SF-00107","Granito cinza andorinha para piso","m2",0,{"$f":"OFFSET(INDEX(Composições!A:J,MATCH(Orçamentária!A112,Composições!A:A,0),8),2,0)","v":271.97302300000001},0,{"$f":"IF(A112<>\"\",IF(AND(#REF!=\"Padrão\",$H$4=#REF!),BDI!$B$17,IF(AND(#REF!=\"Padrão\",$H$4=#REF!),BDI!#REF!,IF(AND(#REF!=\"Diferenciado\",$H$4=#REF!),BDI!$E$17,IF(AND(#REF!=\"Diferenciado\",$H$4=#REF!),BDI!#REF!,IF(#REF!=\"ZERO\",0))))),\"\")","v":{"$error":"#REF!"}},{"$error":"#REF!"},{"$error":"#REF!"}]
["SF-00108","Granito Cinza Andorinha para rodapé","m2",0,{"$f":"OFFSET(INDEX(Composições!A:J,MATCH(Orçamentária!A113,Composições!A:A,0),8),2,0)","v":251.482888},0,{"$f":"IF(A113<>\"\",IF(AND(#REF!=\"Padrão\",$H$4=#REF!),BDI!$B$17,IF(AND(#REF!=\"Padrão\",$H$4=#REF!),BDI!#REF!,IF(AND(#REF!=\"Diferenciado\",$H$4=#REF!),BDI!$E$17,IF(AND(#REF!=\"Diferenciado\",$H$4=#REF!),BDI!#REF!,IF(#REF!=\"ZERO\",0))))),\"\")","v":{"$error":"#REF!"}},{"$error":"#REF!"},{"$error":"#REF!"}]
["SF-00109","Granito Cinza Andorinha para soleira e peitoril","m2",0,{"$f":"OFFSET(INDEX(Composições!A:J,MATCH(Orçamentária!A114,Composições!A:A,0),8),2,0)","v":180.43918789999998},0,{"$f":"IF(A114<>\"\",IF(AND(#REF!=\"Padrão\",$H$4=#REF!),BDI!$B$17,IF(AND(#REF!=\"Padrão\",$H$4=#REF!),BDI!#REF!,IF(AND(#REF!=\"Diferenciado\",$H$4=#REF!),BDI!$E$17,IF(AND(#REF!=\"Diferenciado\",$H$4=#REF!),BDI!#REF!,IF(#REF!=\"ZERO\",0))))),\"\")","v":{"$error":"#REF!"}},{"$error":"#REF!"},{"$error":"#REF!"}]
["SF-00110","Granito Preto São Gabriel para piso","m2",0,{"$f":"OFFSET(INDEX(Composições!A:J,MATCH(Orçamentária!A115,Composições!A:A,0),8),2,0)","v":65.81782299999999},0,{"$f":"IF(A115<>\"\",IF(AND(#REF!=\"Padrão\",$H$4=#REF!),BDI!$B$17,IF(AND(#REF!=\"Padrão\",$H$4=#REF!),BDI!#REF!,IF(AND(#REF!=\"Diferenciado\",$H$4=#REF!),BDI!$E$17,IF(AND(#REF!=\"Diferenciado\",$H$4=#REF!),BDI!#REF!,IF(#REF!=\"ZERO\",0))))),\"\")","v":{"$error":"#REF!"}},{"$error":"#REF!"},{"$error":"#REF!"}]
["SF-00111","Granito Preto São Gabriel para rodapé","m2",0,{"$f":"OFFSET(INDEX(Composições!A:J,MATCH(Orçamentária!A116,Composições!A:A,0),8),2,0)","v":1825.4777519999998},0,{"$f":"IF(A116<>\"\",IF(AND(#REF!=\"Padrão\",$H$4=#REF!),BDI!$B$17,IF(AND(#REF!=\"Padrão\",$H$4=#REF!),BDI!#REF!,IF(AND(#REF!=\"Diferenciado\",$H$4=#REF!),BDI!$E$17,IF(AND(#REF!=\"Diferenciado\",$H$4=#REF!),BDI!#REF!,IF(#REF!=\"ZERO\",0))))),\"\")","v":{"$error":"#REF!"}},{"$error":"#REF!"},{"$error":"#REF!"}]
["SF-00112","Granito Preto São Gabriel para soleira e peitoril","m2",0,{"$f":"OFFSET(INDEX(Composições!A:J,MATCH(Orçamentária!A117,Composições!A:A,0),8),2,0)","v":233.90612189999996},0,{"$f":"IF(A117<>\"\",IF(AND(#REF!=\"Padrão\",$H$4=#REF!),BDI!$B$17,IF(AND(#REF!=\"Padrão\",$H$4=#REF!),BDI!#REF!,IF(AND(#REF!=\"Diferenciado\",$H$4=#REF!),BDI!$E$17,IF(AND(#REF!=\"Diferenciado\",$H$4=#REF!),BDI!#REF!,IF(#REF!=\"ZERO\",0))))),\"\")","v":{"$error":"#REF!"}},{"$error":"#REF!"},{"$error":"#REF!"}]
["SF-00113","Instalação de rodapé de madeira reaproveitado","m",0,{"$f":"OFFSET(INDEX(Composições!A:J,MATCH(Orçamentária!A118,Composições!A:A,0),8),2,0)","v":14.564486099999998},0,{"$f":"IF(A118<>\"\",IF(AND(#REF!=\"Padrão\",$H$4=#REF!),BDI!$B$17,IF(AND(#REF!=\"Padrão\",$H$4=#REF!),BDI!#REF!,IF(AND(#REF!=\"Diferenciado\",$H$4=#REF!),BDI!$E$17,IF(AND(#REF!=\"Diferenciado\",$H$4=#REF!),BDI!#REF!,IF(#REF!=\"ZERO\",0))))),\"\")","v":{"$error":"#REF!"}},{"$error":"#REF!"},{"$error":"#REF!"}]
["SF-00114","Mármore Bege Bahia para piso e parede","m2",0,{"$f":"OFFSET(INDEX(Composições!A:J,MATCH(Orçamentária!A119,Composições!A:A,0),8),2,0)","v":61.583822999999995},0,{"$f":"IF(A119<>\"\",IF(AND(#REF!=\"Padrão\",$H$4=#REF!),BDI!$B$17,IF(AND(#REF!=\"Padrão\",$H$4=#REF!),BDI!#REF!,IF(AND(#REF!=\"Diferenciado\",$H$4=#REF!),BDI!$E$17,IF(AND(#REF!=\"Diferenciado\",$H$4=#REF!),BDI!#REF!,IF(#REF!=\"ZERO\",0))))),\"\")","v":{"$error":"#REF!"}},{"$error":"#REF!"},{"$error":"#REF!"}]
["SF-00115","Mármore Branco Especial para piso e parede","m2",0,{"$f":"OFFSET(INDEX(Composições!A:J,MATCH(Orçamentária!A120,Composições!A:A,0),8),2,0)","v":63.695022999999992},0,{"$f":"IF(A120<>\"\",IF(AND(#REF!=\"Padrão\",$H$4=#REF!),BDI!$B$17,IF(AND(#REF!=\"Padrão\",$H$4=#REF!),BDI!#REF!,IF(AND(#REF!=\"Diferenciado\",$H$4=#REF!),BDI!$E$17,IF(AND(#REF!=\"Diferenciado\",$H$4=#REF!),BDI!#REF!,IF(#REF!=\"ZERO\",0))))),\"\")","v":{"$error":"#REF!"}},{"$error":"#REF!"},{"$error":"#REF!"}]
["SF-00116","Rodapé de madeira","m",0,{"$f":"OFFSET(INDEX(Composições!A:J,MATCH(Orçamentária!A121,Composições!A:A,0),8),2,0)","v":32.3121486},0,{"$f":"IF(A121<>\"\",IF(AND(#REF!=\"Padrão\",$H$4=#REF!),BDI!$B$17,IF(AND(#REF!=\"Padrão\",$H$4=#REF!),BDI!#REF!,IF(AND(#REF!=\"Diferenciado\",$H$4=#REF!),BDI!$E$17,IF(AND(#REF!=\"Diferenciado\",$H$4=#REF!),BDI!#REF!,IF(#REF!=\"ZERO\",0))))),\"\")","v":{"$error":"#REF!"}},{"$error":"#REF!"},{"$error":"#REF!"}]
["SF-00117","Acabamento abaulado em placas de granito ou mármore reaproveitadas","m",0,{"$f":"OFFSET(INDEX(Composições!A:J,MATCH(Orçamentária!A122,Composições!A:A,0),8),2,0)","v":54.073999999999998},0,{"$f":"IF(A122<>\"\",IF(AND(#REF!=\"Padrão\",$H$4=#REF!),BDI!$B$17,IF(AND(#REF!=\"Padrão\",$H$4=#REF!),BDI!#REF!,IF(AND(#REF!=\"Diferenciado\",$H$4=#REF!),BDI!$E$17,IF(AND(#REF!=\"Diferenciado\",$H$4=#REF!),BDI!#REF!,IF(#REF!=\"ZERO\",0))))),\"\")","v":{"$error":"#REF!"}},{"$error":"#REF!"},{"$error":"#REF!"}]
["SF-00118","Acabamento em meia esquadria em placas de granito ou mármore reaproveitadas","m",0,{"$f":"OFFSET(INDEX(Composições!A:J,MATCH(Orçamentária!A123,Composições!A:A,0),8),2,0)","v":47.314749999999997},0,{"$f":"IF(A123<>\"\",IF(AND(#REF!=\"Padrão\",$H$4=#REF!),BDI!$B$17,IF(AND(#REF!=\"Padrão\",$H$4=#REF!),BDI!#REF!,IF(AND(#REF!=\"Diferenciado\",$H$4=#REF!),BDI!$E$17,IF(AND(#REF!=\"Diferenciado\",$H$4=#REF!),BDI!#REF!,IF(#REF!=\"ZERO\",0))))),\"\")","v":{"$error":"#REF!"}},{"$error":"#REF!"},{"$error":"#REF!"}]
["SF-00119","Acabamento reto em placas de granito ou mármore reaproveitadas","m",0,{"$f":"OFFSET(INDEX(Composições!A:J,MATCH(Orçamentária!A124,Composições!A:A,0),8),2,0)","v":27.036999999999999},0,{"$f":"IF(A124<>\"\",IF(AND(#REF!=\"Padrão\",$H$4=#REF!),BDI!$B$17,IF(AND(#REF!=\"Padrão\",$H$4=#REF!),BDI!#REF!,IF(AND(#REF!=\"Diferenciado\",$H$4=#REF!),BDI!$E$17,IF(AND(#REF!=\"Diferenciado\",$H$4=#REF!),BDI!#REF!,IF(#REF!=\"ZERO\",0))))),\"\")","v":{"$error":"#REF!"}},{"$error":"#REF!"},{"$error":"#REF!"}]
["SF-00120","Corte de peça de granito ou mármore reaproveitada","m",0,{"$f":"OFFSET(INDEX(Composições!A:J,MATCH(Orçamentária!A125,Composições!A:A,0),8),2,0)","v":33.796250000000001},0,{"$f":"IF(A125<>\"\",IF(AND(#REF!=\"Padrão\",$H$4=#REF!),BDI!$B$17,IF(AND(#REF!=\"Padrão\",$H$4=#REF!),BDI!#REF!,IF(AND(#REF!=\"Diferenciado\",$H$4=#REF!),BDI!$E$17,IF(AND(#REF!=\"Diferenciado\",$H$4=#REF!),BDI!#REF!,IF(#REF!=\"ZERO\",0))))),\"\")","v":{"$error":"#REF!"}},{"$error":"#REF!"},{"$error":"#REF!"}]
["SF-00121","Corte em placas de granito ou mármore reaproveitadas, para instalação de cubas","un",0,{"$f":"OFFSET(INDEX(Composições!A:J,MATCH(Orçamentária!A126,Composições!A:A,0),8),2,0)","v":119.339},0,{"$f":"IF(A126<>\"\",IF(AND(#REF!=\"Padrão\",$H$4=#REF!),BDI!$B$17,IF(AND(#REF!=\"Padrão\",$H$4=#REF!),BDI!#REF!,IF(AND(#REF!=\"Diferenciado\",$H$4=#REF!),BDI!$E$17,IF(AND(#REF!=\"Diferenciado\",$H$4=#REF!),BDI!#REF!,IF(#REF!=\"ZERO\",0))))),\"\")","v":{"$error":"#REF!"}},{"$error":"#REF!"},{"$error":"#REF!"}]
["SF-00122","Furo em placas de granito ou mármore reaproveitadas, para instalação de torneira ou misturador","un",0,{"$f":"OFFSET(INDEX(Composições!A:J,MATCH(Orçamentária!A127,Composições!A:A,0),8),2,0)","v":17.898},0,{"$f":"IF(A127<>\"\",IF(AND(#REF!=\"Padrão\",$H$4=#REF!),BDI!$B$17,IF(AND(#REF!=\"Padrão\",$H$4=#REF!),BDI!#REF!,IF(AND(#REF!=\"Diferenciado\",$H$4=#REF!),BDI!$E$17,IF(AND(#REF!=\"Diferenciado\",$H$4=#REF!),BDI!#REF!,IF(#REF!=\"ZERO\",0))))),\"\")","v":{"$error":"#REF!"}},{"$error":"#REF!"},{"$error":"#REF!"}]
["SF-00123","Granito Cinza Andorinha 20mm para rodabancada","m2",0,{"$f":"OFFSET(INDEX(Composições!A:J,MATCH(Orçamentária!A128,Composições!A:A,0),8),2,0)","v":38151.3421217},0,{"$f":"IF(A128<>\"\",IF(AND(#REF!=\"Padrão\",$H$4=#REF!),BDI!$B$17,IF(AND(#REF!=\"Padrão\",$H$4=#REF!),BDI!#REF!,IF(AND(#REF!=\"Diferenciado\",$H$4=#REF!),BDI!$E$17,IF(AND(#REF!=\"Diferenciado\",$H$4=#REF!),BDI!#REF!,IF(#REF!=\"ZERO\",0))))),\"\")","v":{"$error":"#REF!"}},{"$error":"#REF!"},{"$error":"#REF!"}]
["SF-00124","Granito Cinza Andorinha 20mm para bancadas","m2",0,{"$f":"OFFSET(INDEX(Composições!A:J,MATCH(Orçamentária!A129,Composições!A:A,0),8),2,0)","v":173.82340969999998},0,{"$f":"IF(A129<>\"\",IF(AND(#REF!=\"Padrão\",$H$4=#REF!),BDI!$B$17,IF(AND(#REF!=\"Padrão\",$H$4=#REF!),BDI!#REF!,IF(AND(#REF!=\"Diferenciado\",$H$4=#REF!),BDI!$E$17,IF(AND(#REF!=\"Diferenciado\",$H$4=#REF!),BDI!#REF!,IF(#REF!=\"ZERO\",0))))),\"\")","v":{"$error":"#REF!"}},{"$error":"#REF!"},{"$error":"#REF!"}]
["SF-00125","Granito Cinza Andorinha 20mm para divisória","m2",0,{"$f":"OFFSET(INDEX(Composições!A:J,MATCH(Orçamentária!A130,Composições!A:A,0),8),2,0)","v":140.23989699999998},0,{"$f":"IF(A130<>\"\",IF(AND(#REF!=\"Padrão\",$H$4=#REF!),BDI!$B$17,IF(AND(#REF!=\"Padrão\",$H$4=#REF!),BDI!#REF!,IF(AND(#REF!=\"Diferenciado\",$H$4=#REF!),BDI!$E$17,IF(AND(#REF!=\"Diferenciado\",$H$4=#REF!),BDI!#REF!,IF(#REF!=\"ZERO\",0))))),\"\")","v":{"$error":"#REF!"}},{"$error":"#REF!"},{"$error":"#REF!"}]
["SF-00126","Granito Preto São Gabriel 20mm para rodabancada","m2",0,{"$f":"OFFSET(INDEX(Composições!A:J,MATCH(Orçamentária!A131,Composições!A:A,0),8),2,0)","v":253.43899070000001},0,{"$f":"IF(A131<>\"\",IF(AND(#REF!=\"Padrão\",$H$4=#REF!),BDI!$B$17,IF(AND(#REF!=\"Padrão\",$H$4=#REF!),BDI!#REF!,IF(AND(#REF!=\"Diferenciado\",$H$4=#REF!),BDI!$E$17,IF(AND(#REF!=\"Diferenciado\",$H$4=#REF!),BDI!#REF!,IF(#REF!=\"ZERO\",0))))),\"\")","v":{"$error":"#REF!"}},{"$error":"#REF!"},{"$error":"#REF!"}]
["SF-00127","Granito Preto São Gabriel 20mm para bancadas","m2",0,{"$f":"OFFSET(INDEX(Composições!A:J,MATCH(Orçamentária!A132,Composições!A:A,0),8),2,0)","v":255.73335470000001},0,{"$f":"IF(A132<>\"\",IF(AND(#REF!=\"Padrão\",$H$4=#REF!),BDI!$B$17,IF(AND(#REF!=\"Padrão\",$H$4=#REF!),BDI!#REF!,IF(AND(#REF!=\"Diferenciado\",$H$4=#REF!),BDI!$E$17,IF(AND(#REF!=\"Diferenciado\",$H$4=#REF!),BDI!#REF!,IF(#REF!=\"ZERO\",0))))),\"\")","v":{"$error":"#REF!"}},{"$error":"#REF!"},{"$error":"#REF!"}]
["SF-00128","Instalação de bancada de granito ou mármore reaproveitada","m2",0,{"$f":"OFFSET(INDEX(Composições!A:J,MATCH(Orçamentária!A133,Composições!A:A,0),8),2,0)","v":153.8456467},0,{"$f":"IF(A133<>\"\",IF(AND(#REF!=\"Padrão\",$H$4=#REF!),BDI!$B$17,IF(AND(#REF!=\"Padrão\",$H$4=#REF!),BDI!#REF!,IF(AND(#REF!=\"Diferenciado\",$H$4=#REF!),BDI!$E$17,IF(AND(#REF!=\"Diferenciado\",$H$4=#REF!),BDI!#REF!,IF(#REF!=\"ZERO\",0))))),\"\")","v":{"$error":"#REF!"}},{"$error":"#REF!"},{"$error":"#REF!"}]
["SF-00129","Instalação de rodapé/rodabanca reaproveitado(a), de mármore ou granito","m2",0,{"$f":"OFFSET(INDEX(Composições!A:J,MATCH(Orçamentária!A134,Composições!A:A,0),8),2,0)","v":13.0248952},0,{"$f":"IF(A134<>\"\",IF(AND(#REF!=\"Padrão\",$H$4=#REF!),BDI!$B$17,IF(AND(#REF!=\"Padrão\",$H$4=#REF!),BDI!#REF!,IF(AND(#REF!=\"Diferenciado\",$H$4=#REF!),BDI!$E$17,IF(AND(#REF!=\"Diferenciado\",$H$4=#REF!),BDI!#REF!,IF(#REF!=\"ZERO\",0))))),\"\")","v":{"$error":"#REF!"}},{"$error":"#REF!"},{"$error":"#REF!"}]
["SF-00130","Instalação de soleira ou peitoril, de mármore ou granito, reaproveitados","m2",0,{"$f":"OFFSET(INDEX(Composições!A:J,MATCH(Orçamentária!A135,Composições!A:A,0),8),2,0)","v":59.201662999999989},{"$f":"IF(ISNUMBER(E135),D135*E135,\"\")","v":0},{"$f":"IF(A135<>\"\",IF(AND(#REF!=\"Padrão\",$H$4=#REF!),BDI!$B$17,IF(AND(#REF!=\"Padrão\",$H$4=#REF!),BDI!#REF!,IF(AND(#REF!=\"Diferenciado\",$H$4=#REF!),BDI!$E$17,IF(AND(#REF!=\"Diferenciado\",$H$4=#REF!),BDI!#REF!,IF(#REF!=\"ZERO\",0))))),\"\")","v":{"$error":"#REF!"}},{"$f":"IF(ISNUMBER(E135),ROUND(E135*(1+G135),2),\"\")","v":{"$error":"#REF!"}},{"$f":"IF(ISNUMBER(E135),ROUND(H135*D135,2),\"\")","v":{"$error":"#REF!"}}]
["SF-00131","Mármore Branco Especial 20mm para rodabancada","m2",0,{"$f":"OFFSET(INDEX(Composições!A:J,MATCH(Orçamentária!A136,Composições!A:A,0),8),2,0)","v":59.669822999999994},0,{"$f":"IF(A136<>\"\",IF(AND(#REF!=\"Padrão\",$H$4=#REF!),BDI!$B$17,IF(AND(#REF!=\"Padrão\",$H$4=#REF!),BDI!#REF!,IF(AND(#REF!=\"Diferenciado\",$H$4=#REF!),BDI!$E$17,IF(AND(#REF!=\"Diferenciado\",$H$4=#REF!),BDI!#REF!,IF(#REF!=\"ZERO\",0))))),\"\")","v":{"$error":"#REF!"}},{"$error":"#REF!"},{"$error":"#REF!"}]
["SF-00132","Divisória em gesso acartonado revestido - Painel liso cego - Ed. Anexo I","m2",0,"","",{"$f":"IF(A137<>\"\",IF(AND(#REF!=\"Padrão\",$H$4=#REF!),BDI!$B$17,IF(AND(#REF!=\"Padrão\",$H$4=#REF!),BDI!#REF!,IF(AND(#REF!=\"Diferenciado\",$H$4=#REF!),BDI!$E$17,IF(AND(#REF!=\"Diferenciado\",$H$4=#REF!),BDI!#REF!,IF(#REF!=\"ZERO\",0))))),\"\")","v":{"$error":"#REF!"}},"",""]
["SF-00133","Divisória em gesso acartonado revestido - Painel liso, painel de vidro e bandeira – ed. Anexo I","m2",0,"","",{"$f":"IF(A138<>\"\",IF(AND(#REF!=\"Padrão\",$H$4=#REF!),BDI!$B$17,IF(AND(#REF!=\"Padrão\",$H$4=#REF!),BDI!#REF!,IF(AND(#REF!=\"Diferenciado\",$H$4=#REF!),BDI!$E$17,IF(AND(#REF!=\"Diferenciado\",$H$4=#REF!),BDI!#REF!,IF(#REF!=\"ZERO\",0))))),\"\")","v":{"$error":"#REF!"}},"",""]
["SF-00134","Divisória MDF com painel liso cego e bandeira","m2",0,"","",{"$f":"IF(A139<>\"\",IF(AND(#REF!=\"Padrão\",$H$4=#REF!),BDI!$B$17,IF(AND(#REF!=\"Padrão\",$H$4=#REF!),BDI!#REF!,IF(AND(#REF!=\"Diferenciado\",$H$4=#REF!),BDI!$E$17,IF(AND(#REF!=\"Diferenciado\",$H$4=#REF!),BDI!#REF!,IF(#REF!=\"ZERO\",0))))),\"\")","v":{"$error":"#REF!"}},"",""]
["SF-00135","Divisória MDF com painel liso, painel de vidro e bandeira","m2",0,"","",{"$f":"IF(A140<>\"\",IF(AND(#REF!=\"Padrão\",$H$4=#REF!),BDI!$B$17,IF(AND(#REF!=\"Padrão\",$H$4=#REF!),BDI!#REF!,IF(AND(#REF!=\"Diferenciado\",$H$4=#REF!),BDI!$E$17,IF(AND(#REF!=\"Diferenciado\",$H$4=#REF!),BDI!#REF!,IF(#REF!=\"ZERO\",0))))),\"\")","v":{"$error":"#REF!"}},"",""]
["SF-00136","Divisória MDF com painel paginado cego e bandeira - Interlegis","m2",0,"","",{"$f":"IF(A141<>\"\",IF(AND(#REF!=\"Padrão\",$H$4=#REF!),BDI!$B$17,IF(AND(#REF!=\"Padrão\",$H$4=#REF!),BDI!#REF!,IF(AND(#REF!=\"Diferenciado\",$H$4=#REF!),BDI!$E$17,IF(AND(#REF!=\"Diferenciado\",$H$4=#REF!),BDI!#REF!,IF(#REF!=\"ZERO\",0))))),\"\")","v":{"$error":"#REF!"}},"",""]
["SF-00137","Divisória MDF com painel paginado, painel de vidro e bandeira - Interlegis","m2",0,"","",{"$f":"IF(A142<>\"\",IF(AND(#REF!=\"Padrão\",$H$4=#REF!),BDI!$B$17,IF(AND(#REF!=\"Padrão\",$H$4=#REF!),BDI!#REF!,IF(AND(#REF!=\"Diferenciado\",$H$4=#REF!),BDI!$E$17,IF(AND(#REF!=\"Diferenciado\",$H$4=#REF!),BDI!#REF!,IF(#REF!=\"ZERO\",0))))),\"\")","v":{"$error":"#REF!"}},"",""]
["SF-00138","Instalação de divisória e porta de divisória com dobradiça reaproveitadas","m2",0,{"$f":"OFFSET(INDEX(Composições!A:J,MATCH(Orçamentária!A143,Composições!A:A,0),8),2,0)","v":0},0,{"$f":"IF(A143<>\"\",IF(AND(#REF!=\"Padrão\",$H$4=#REF!),BDI!$B$17,IF(AND(#REF!=\"Padrão\",$H$4=#REF!),BDI!#REF!,IF(AND(#REF!=\"Diferenciado\",$H$4=#REF!),BDI!$E$17,IF(AND(#REF!=\"Diferenciado\",$H$4=#REF!),BDI!#REF!,IF(#REF!=\"ZERO\",0))))),\"\")","v":{"$error":"#REF!"}},{"$error":"#REF!"},{"$error":"#REF!"}]
["SF-00139","Alçapão em forro de gesso acartonado","m2",0,{"$f":"OFFSET(INDEX(Composições!A:J,MATCH(Orçamentária!A144,Composições!A:A,0),8),2,0)","v":69.047899999999998},0,{"$f":"IF(A144<>\"\",IF(AND(#REF!=\"Padrão\",$H$4=#REF!),BDI!$B$17,IF(AND(#REF!=\"Padrão\",$H$4=#REF!),BDI!#REF!,IF(AND(#REF!=\"Diferenciado\",$H$4=#REF!),BDI!$E$17,IF(AND(#REF!=\"Diferenciado\",$H$4=#REF!),BDI!#REF!,IF(#REF!=\"ZERO\",0))))),\"\")","v":{"$error":"#REF!"}},{"$error":"#REF!"},{"$error":"#REF!"}]
["SF-00140","Forro de PVC em réguas de 100 x 6000mm","m2",0,{"$f":"OFFSET(INDEX(Composições!A:J,MATCH(Orçamentária!A145,Composições!A:A,0),8),2,0)","v":65.018967099999998},0,{"$f":"IF(A145<>\"\",IF(AND(#REF!=\"Padrão\",$H$4=#REF!),BDI!$B$17,IF(AND(#REF!=\"Padrão\",$H$4=#REF!),BDI!#REF!,IF(AND(#REF!=\"Diferenciado\",$H$4=#REF!),BDI!$E$17,IF(AND(#REF!=\"Diferenciado\",$H$4=#REF!),BDI!#REF!,IF(#REF!=\"ZERO\",0))))),\"\")","v":{"$error":"#REF!"}},{"$error":"#REF!"},{"$error":"#REF!"}]
["SF-00141","Forro de PVC em réguas de 100 x 6000mm, sem estrutura","m2",0,{"$f":"OFFSET(INDEX(Composições!A:J,MATCH(Orçamentária!A146,Composições!A:A,0),8),2,0)","v":28.603871099999992},0,{"$f":"IF(A146<>\"\",IF(AND(#REF!=\"Padrão\",$H$4=#REF!),BDI!$B$17,IF(AND(#REF!=\"Padrão\",$H$4=#REF!),BDI!#REF!,IF(AND(#REF!=\"Diferenciado\",$H$4=#REF!),BDI!$E$17,IF(AND(#REF!=\"Diferenciado\",$H$4=#REF!),BDI!#REF!,IF(#REF!=\"ZERO\",0))))),\"\")","v":{"$error":"#REF!"}},{"$error":"#REF!"},{"$error":"#REF!"}]
["SF-00142","Forro de PVC modular em placas","m2",0,{"$f":"OFFSET(INDEX(Composições!A:J,MATCH(Orçamentária!A147,Composições!A:A,0),8),2,0)","v":40.039287099999996},0,{"$f":"IF(A147<>\"\",IF(AND(#REF!=\"Padrão\",$H$4=#REF!),BDI!$B$17,IF(AND(#REF!=\"Padrão\",$H$4=#REF!),BDI!#REF!,IF(AND(#REF!=\"Diferenciado\",$H$4=#REF!),BDI!$E$17,IF(AND(#REF!=\"Diferenciado\",$H$4=#REF!),BDI!#REF!,IF(#REF!=\"ZERO\",0))))),\"\")","v":{"$error":"#REF!"}},{"$error":"#REF!"},{"$error":"#REF!"}]
["SF-00143","Forro em chapas metálicas","m2",0,{"$f":"OFFSET(INDEX(Composições!A:J,MATCH(Orçamentária!A148,Composições!A:A,0),8),2,0)","v":21.940249999999999},0,{"$f":"IF(A148<>\"\",IF(AND(#REF!=\"Padrão\",$H$4=#REF!),BDI!$B$17,IF(AND(#REF!=\"Padrão\",$H$4=#REF!),BDI!#REF!,IF(AND(#REF!=\"Diferenciado\",$H$4=#REF!),BDI!$E$17,IF(AND(#REF!=\"Diferenciado\",$H$4=#REF!),BDI!#REF!,IF(#REF!=\"ZERO\",0))))),\"\")","v":{"$error":"#REF!"}},{"$error":"#REF!"},{"$error":"#REF!"}]
["SF-00144","Forro em gesso acartonado monolítico","m2",124,{"$f":"OFFSET(INDEX(Composições!A:J,MATCH(Orçamentária!A149,Composições!A:A,0),8),2,0)","v":69.347695299999998},8599.1142172,{"$f":"BDI!$B$17","v":0.191},82.59,10241.16]
["SF-00145","Forro em gesso acartonado monolítico, sem estrutura","m2",0,{"$f":"OFFSET(INDEX(Composições!A:J,MATCH(Orçamentária!A150,Composições!A:A,0),8),2,0)","v":41.744322399999994},0,{"$f":"IF(A150<>\"\",IF(AND(#REF!=\"Padrão\",$H$4=#REF!),BDI!$B$17,IF(AND(#REF!=\"Padrão\",$H$4=#REF!),BDI!#REF!,IF(AND(#REF!=\"Diferenciado\",$H$4=#REF!),BDI!$E$17,IF(AND(#REF!=\"Diferenciado\",$H$4=#REF!),BDI!#REF!,IF(#REF!=\"ZERO\",0))))),\"\")","v":{"$error":"#REF!"}},{"$error":"#REF!"},{"$error":"#REF!"}]
["SF-00146","Forro mineral modulado","m2",0,{"$f":"OFFSET(INDEX(Composições!A:J,MATCH(Orçamentária!A151,Composições!A:A,0),8),2,0)","v":114.9785},0,{"$f":"IF(A151<>\"\",IF(AND(#REF!=\"Padrão\",$H$4=#REF!),BDI!$B$17,IF(AND(#REF!=\"Padrão\",$H$4=#REF!),BDI!#REF!,IF(AND(#REF!=\"Diferenciado\",$H$4=#REF!),BDI!$E$17,IF(AND(#REF!=\"Diferenciado\",$H$4=#REF!),BDI!#REF!,IF(#REF!=\"ZERO\",0))))),\"\")","v":{"$error":"#REF!"}},{"$error":"#REF!"},{"$error":"#REF!"}]
["SF-00147","Forro mineral modulado, sem estrutura","m2",0,{"$f":"OFFSET(INDEX(Composições!A:J,MATCH(Orçamentária!A152,Composições!A:A,0),8),2,0)","v":32.007399999999997},0,{"$f":"IF(A152<>\"\",IF(AND(#REF!=\"Padrão\",$H$4=#REF!),BDI!$B$17,IF(AND(#REF!=\"Padrão\",$H$4=#REF!),BDI!#REF!,IF(AND(#REF!=\"Diferenciado\",$H$4=#REF!),BDI!$E$17,IF(AND(#REF!=\"Diferenciado\",$H$4=#REF!),BDI!#REF!,IF(#REF!=\"ZERO\",0))))),\"\")","v":{"$error":"#REF!"}},{"$error":"#REF!"},{"$error":"#REF!"}]
["SF-00148","Instalação de forro de PVC reaproveitado","m2",0,{"$f":"OFFSET(INDEX(Composições!A:J,MATCH(Orçamentária!A153,Composições!A:A,0),8),2,0)","v":3.1037810999999991},0,{"$f":"IF(A153<>\"\",IF(AND(#REF!=\"Padrão\",$H$4=#REF!),BDI!$B$17,IF(AND(#REF!=\"Padrão\",$H$4=#REF!),BDI!#REF!,IF(AND(#REF!=\"Diferenciado\",$H$4=#REF!),BDI!$E$17,IF(AND(#REF!=\"Diferenciado\",$H$4=#REF!),BDI!#REF!,IF(#REF!=\"ZERO\",0))))),\"\")","v":{"$error":"#REF!"}},{"$error":"#REF!"},{"$error":"#REF!"}]
["SF-00149","Instalação de forro mineral reaproveitado","m2",0,{"$f":"OFFSET(INDEX(Composições!A:J,MATCH(Orçamentária!A154,Composições!A:A,0),8),2,0)","v":50.444999999999993},0,{"$f":"IF(A154<>\"\",IF(AND(#REF!=\"Padrão\",$H$4=#REF!),BDI!$B$17,IF(AND(#REF!=\"Padrão\",$H$4=#REF!),BDI!#REF!,IF(AND(#REF!=\"Diferenciado\",$H$4=#REF!),BDI!$E$17,IF(AND(#REF!=\"Diferenciado\",$H$4=#REF!),BDI!#REF!,IF(#REF!=\"ZERO\",0))))),\"\")","v":{"$error":"#REF!"}},{"$error":"#REF!"},{"$error":"#REF!"}]
["SF-00150","Tabica metálica em forro de gesso acartonado","m",0,{"$f":"OFFSET(INDEX(Composições!A:J,MATCH(Orçamentária!A155,Composições!A:A,0),8),2,0)","v":13.426265449999999},0,{"$f":"IF(A155<>\"\",IF(AND(#REF!=\"Padrão\",$H$4=#REF!),BDI!$B$17,IF(AND(#REF!=\"Padrão\",$H$4=#REF!),BDI!#REF!,IF(AND(#REF!=\"Diferenciado\",$H$4=#REF!),BDI!$E$17,IF(AND(#REF!=\"Diferenciado\",$H$4=#REF!),BDI!#REF!,IF(#REF!=\"ZERO\",0))))),\"\")","v":{"$error":"#REF!"}},{"$error":"#REF!"},{"$error":"#REF!"}]
["SF-00151","Instalação de revestimento de piso têxtil (carpete) reaproveitado","m2",0,{"$f":"OFFSET(INDEX(Composições!A:J,MATCH(Orçamentária!A156,Composições!A:A,0),8),2,0)","v":9.5722000000000005},0,{"$f":"IF(A156<>\"\",IF(AND(#REF!=\"Padrão\",$H$4=#REF!),BDI!$B$17,IF(AND(#REF!=\"Padrão\",$H$4=#REF!),BDI!#REF!,IF(AND(#REF!=\"Diferenciado\",$H$4=#REF!),BDI!$E$17,IF(AND(#REF!=\"Diferenciado\",$H$4=#REF!),BDI!#REF!,IF(#REF!=\"ZERO\",0))))),\"\")","v":{"$error":"#REF!"}},{"$error":"#REF!"},{"$error":"#REF!"}]
["SF-00152","Baguetes metálicos","m",0,{"$f":"OFFSET(INDEX(Composições!A:J,MATCH(Orçamentária!A157,Composições!A:A,0),8),2,0)","v":4882.37075},0,{"$f":"IF(A157<>\"\",IF(AND(#REF!=\"Padrão\",$H$4=#REF!),BDI!$B$17,IF(AND(#REF!=\"Padrão\",$H$4=#REF!),BDI!#REF!,IF(AND(#REF!=\"Diferenciado\",$H$4=#REF!),BDI!$E$17,IF(AND(#REF!=\"Diferenciado\",$H$4=#REF!),BDI!#REF!,IF(#REF!=\"ZERO\",0))))),\"\")","v":{"$error":"#REF!"}},{"$error":"#REF!"},{"$error":"#REF!"}]
["SF-00153","Cordão de massa de vidraceiro","m",0,{"$f":"OFFSET(INDEX(Composições!A:J,MATCH(Orçamentária!A158,Composições!A:A,0),8),2,0)","v":20.516674999999999},0,{"$f":"IF(A158<>\"\",IF(AND(#REF!=\"Padrão\",$H$4=#REF!),BDI!$B$17,IF(AND(#REF!=\"Padrão\",$H$4=#REF!),BDI!#REF!,IF(AND(#REF!=\"Diferenciado\",$H$4=#REF!),BDI!$E$17,IF(AND(#REF!=\"Diferenciado\",$H$4=#REF!),BDI!#REF!,IF(#REF!=\"ZERO\",0))))),\"\")","v":{"$error":"#REF!"}},{"$error":"#REF!"},{"$error":"#REF!"}]
["SF-00154","Espelho cristal, e=5 mm","m2",0,{"$f":"OFFSET(INDEX(Composições!A:J,MATCH(Orçamentária!A159,Composições!A:A,0),8),2,0)","v":113.21624999999997},0,{"$f":"IF(A159<>\"\",IF(AND(#REF!=\"Padrão\",$H$4=#REF!),BDI!$B$17,IF(AND(#REF!=\"Padrão\",$H$4=#REF!),BDI!#REF!,IF(AND(#REF!=\"Diferenciado\",$H$4=#REF!),BDI!$E$17,IF(AND(#REF!=\"Diferenciado\",$H$4=#REF!),BDI!#REF!,IF(#REF!=\"ZERO\",0))))),\"\")","v":{"$error":"#REF!"}},{"$error":"#REF!"},{"$error":"#REF!"}]
["SF-00155","Instalação de vidro reaproveitado","m2",0,{"$f":"OFFSET(INDEX(Composições!A:J,MATCH(Orçamentária!A160,Composições!A:A,0),8),2,0)","v":34.826999999999998},0,{"$f":"IF(A160<>\"\",IF(AND(#REF!=\"Padrão\",$H$4=#REF!),BDI!$B$17,IF(AND(#REF!=\"Padrão\",$H$4=#REF!),BDI!#REF!,IF(AND(#REF!=\"Diferenciado\",$H$4=#REF!),BDI!$E$17,IF(AND(#REF!=\"Diferenciado\",$H$4=#REF!),BDI!#REF!,IF(#REF!=\"ZERO\",0))))),\"\")","v":{"$error":"#REF!"}},{"$error":"#REF!"},{"$error":"#REF!"}]
["SF-00156","Substituição da calafetação com selante","m",0,{"$f":"OFFSET(INDEX(Composições!A:J,MATCH(Orçamentária!A161,Composições!A:A,0),8),2,0)","v":22.404234749999997},0,{"$f":"IF(A161<>\"\",IF(AND(#REF!=\"Padrão\",$H$4=#REF!),BDI!$B$17,IF(AND(#REF!=\"Padrão\",$H$4=#REF!),BDI!#REF!,IF(AND(#REF!=\"Diferenciado\",$H$4=#REF!),BDI!$E$17,IF(AND(#REF!=\"Diferenciado\",$H$4=#REF!),BDI!#REF!,IF(#REF!=\"ZERO\",0))))),\"\")","v":{"$error":"#REF!"}},{"$error":"#REF!"},{"$error":"#REF!"}]
["SF-00157","Vidro liso comum transparente 4mm","m2",0,{"$f":"OFFSET(INDEX(Composições!A:J,MATCH(Orçamentária!A162,Composições!A:A,0),8),2,0)","v":121.36281349999999},0,{"$f":"IF(A162<>\"\",IF(AND(#REF!=\"Padrão\",$H$4=#REF!),BDI!$B$17,IF(AND(#REF!=\"Padrão\",$H$4=#REF!),BDI!#REF!,IF(AND(#REF!=\"Diferenciado\",$H$4=#REF!),BDI!$E$17,IF(AND(#REF!=\"Diferenciado\",$H$4=#REF!),BDI!#REF!,IF(#REF!=\"ZERO\",0))))),\"\")","v":{"$error":"#REF!"}},{"$error":"#REF!"},{"$error":"#REF!"}]
["SF-00158","Vidro liso comum transparente 6mm","m2",0,{"$f":"OFFSET(INDEX(Composições!A:J,MATCH(Orçamentária!A163,Composições!A:A,0),8),2,0)","v":136.26515000000001},0,{"$f":"IF(A163<>\"\",IF(AND(#REF!=\"Padrão\",$H$4=#REF!),BDI!$B$17,IF(AND(#REF!=\"Padrão\",$H$4=#REF!),BDI!#REF!,IF(AND(#REF!=\"Diferenciado\",$H$4=#REF!),BDI!$E$17,IF(AND(#REF!=\"Diferenciado\",$H$4=#REF!),BDI!#REF!,IF(#REF!=\"ZERO\",0))))),\"\")","v":{"$error":"#REF!"}},{"$error":"#REF!"},{"$error":"#REF!"}]
["SF-00159","Instalação de painéis de vidro temperado reaproveitados","m2",0,{"$f":"OFFSET(INDEX(Composições!A:J,MATCH(Orçamentária!A164,Composições!A:A,0),8),2,0)","v":49.815150000000003},0,{"$f":"IF(A164<>\"\",IF(AND(#REF!=\"Padrão\",$H$4=#REF!),BDI!$B$17,IF(AND(#REF!=\"Padrão\",$H$4=#REF!),BDI!#REF!,IF(AND(#REF!=\"Diferenciado\",$H$4=#REF!),BDI!$E$17,IF(AND(#REF!=\"Diferenciado\",$H$4=#REF!),BDI!#REF!,IF(#REF!=\"ZERO\",0))))),\"\")","v":{"$error":"#REF!"}},{"$error":"#REF!"},{"$error":"#REF!"}]
["SF-00160","Mola hidráulica de piso","un",0,{"$f":"OFFSET(INDEX(Composições!A:J,MATCH(Orçamentária!A165,Composições!A:A,0),8),2,0)","v":1331.5393564999999},0,{"$f":"IF(A165<>\"\",IF(AND(#REF!=\"Padrão\",$H$4=#REF!),BDI!$B$17,IF(AND(#REF!=\"Padrão\",$H$4=#REF!),BDI!#REF!,IF(AND(#REF!=\"Diferenciado\",$H$4=#REF!),BDI!$E$17,IF(AND(#REF!=\"Diferenciado\",$H$4=#REF!),BDI!#REF!,IF(#REF!=\"ZERO\",0))))),\"\")","v":{"$error":"#REF!"}},{"$error":"#REF!"},{"$error":"#REF!"}]
["SF-00161","Instalação de persianas reaproveitadas","m",0,{"$f":"OFFSET(INDEX(Composições!A:J,MATCH(Orçamentária!A166,Composições!A:A,0),8),2,0)","v":7.1052894000000002},0,{"$f":"IF(A166<>\"\",IF(AND(#REF!=\"Padrão\",$H$4=#REF!),BDI!$B$17,IF(AND(#REF!=\"Padrão\",$H$4=#REF!),BDI!#REF!,IF(AND(#REF!=\"Diferenciado\",$H$4=#REF!),BDI!$E$17,IF(AND(#REF!=\"Diferenciado\",$H$4=#REF!),BDI!#REF!,IF(#REF!=\"ZERO\",0))))),\"\")","v":{"$error":"#REF!"}},{"$error":"#REF!"},{"$error":"#REF!"}]
["SF-00162","Persiana vertical em alumínio 90 mm, cor verde claro","m2",0,"","",{"$f":"IF(A167<>\"\",IF(AND(#REF!=\"Padrão\",$H$4=#REF!),BDI!$B$17,IF(AND(#REF!=\"Padrão\",$H$4=#REF!),BDI!#REF!,IF(AND(#REF!=\"Diferenciado\",$H$4=#REF!),BDI!$E$17,IF(AND(#REF!=\"Diferenciado\",$H$4=#REF!),BDI!#REF!,IF(#REF!=\"ZERO\",0))))),\"\")","v":{"$error":"#REF!"}},"",""]
["SF-00163","Persiana vertical em tecido Juta Resinado sem blecaute de 90mm, cor bege","m2",0,"","",{"$f":"IF(A168<>\"\",IF(AND(#REF!=\"Padrão\",$H$4=#REF!),BDI!$B$17,IF(AND(#REF!=\"Padrão\",$H$4=#REF!),BDI!#REF!,IF(AND(#REF!=\"Diferenciado\",$H$4=#REF!),BDI!$E$17,IF(AND(#REF!=\"Diferenciado\",$H$4=#REF!),BDI!#REF!,IF(#REF!=\"ZERO\",0))))),\"\")","v":{"$error":"#REF!"}},"",""]
["SF-00164","Persiana vertical em tecido sintético sem blecaute de 90mm, cores verde escuro ou branca","m2",0,"","",{"$f":"IF(A169<>\"\",IF(AND(#REF!=\"Padrão\",$H$4=#REF!),BDI!$B$17,IF(AND(#REF!=\"Padrão\",$H$4=#REF!),BDI!#REF!,IF(AND(#REF!=\"Diferenciado\",$H$4=#REF!),BDI!$E$17,IF(AND(#REF!=\"Diferenciado\",$H$4=#REF!),BDI!#REF!,IF(#REF!=\"ZERO\",0))))),\"\")","v":{"$error":"#REF!"}},"",""]
["SF-00165","Película jateada","m2",0,"","",{"$f":"IF(A170<>\"\",IF(AND(#REF!=\"Padrão\",$H$4=#REF!),BDI!$B$17,IF(AND(#REF!=\"Padrão\",$H$4=#REF!),BDI!#REF!,IF(AND(#REF!=\"Diferenciado\",$H$4=#REF!),BDI!$E$17,IF(AND(#REF!=\"Diferenciado\",$H$4=#REF!),BDI!#REF!,IF(#REF!=\"ZERO\",0))))),\"\")","v":{"$error":"#REF!"}},"",""]
["SF-00166","Tubo de ligação para bacia sanitária","un",0,{"$f":"OFFSET(INDEX(Composições!A:J,MATCH(Orçamentária!A171,Composições!A:A,0),8),2,0)","v":19.684000000000001},0,{"$f":"IF(A171<>\"\",IF(AND(#REF!=\"Padrão\",$H$4=#REF!),BDI!$B$17,IF(AND(#REF!=\"Padrão\",$H$4=#REF!),BDI!#REF!,IF(AND(#REF!=\"Diferenciado\",$H$4=#REF!),BDI!$E$17,IF(AND(#REF!=\"Diferenciado\",$H$4=#REF!),BDI!#REF!,IF(#REF!=\"ZERO\",0))))),\"\")","v":{"$error":"#REF!"}},{"$error":"#REF!"},{"$error":"#REF!"}]
["SF-00167","Tubo PVC esgoto ou aguas pluviais predial DN 100mm","m",0,{"$f":"OFFSET(INDEX(Composições!A:J,MATCH(Orçamentária!A172,Composições!A:A,0),8),2,0)","v":57.562987099999994},0,{"$f":"IF(A172<>\"\",IF(AND(#REF!=\"Padrão\",$H$4=#REF!),BDI!$B$17,IF(AND(#REF!=\"Padrão\",$H$4=#REF!),BDI!#REF!,IF(AND(#REF!=\"Diferenciado\",$H$4=#REF!),BDI!$E$17,IF(AND(#REF!=\"Diferenciado\",$H$4=#REF!),BDI!#REF!,IF(#REF!=\"ZERO\",0))))),\"\")","v":{"$error":"#REF!"}},{"$error":"#REF!"},{"$error":"#REF!"}]
["SF-00168","Tubo PVC esgoto ou aguas pluviais predial DN 40mm","m",0,{"$f":"OFFSET(INDEX(Composições!A:J,MATCH(Orçamentária!A173,Composições!A:A,0),8),2,0)","v":17.1514995},0,{"$f":"IF(A173<>\"\",IF(AND(#REF!=\"Padrão\",$H$4=#REF!),BDI!$B$17,IF(AND(#REF!=\"Padrão\",$H$4=#REF!),BDI!#REF!,IF(AND(#REF!=\"Diferenciado\",$H$4=#REF!),BDI!$E$17,IF(AND(#REF!=\"Diferenciado\",$H$4=#REF!),BDI!#REF!,IF(#REF!=\"ZERO\",0))))),\"\")","v":{"$error":"#REF!"}},{"$error":"#REF!"},{"$error":"#REF!"}]
["SF-00169","Tubo PVC esgoto ou aguas pluviais predial DN 50mm","m",0,{"$f":"OFFSET(INDEX(Composições!A:J,MATCH(Orçamentária!A174,Composições!A:A,0),8),2,0)","v":25.218625899999999},0,{"$f":"IF(A174<>\"\",IF(AND(#REF!=\"Padrão\",$H$4=#REF!),BDI!$B$17,IF(AND(#REF!=\"Padrão\",$H$4=#REF!),BDI!#REF!,IF(AND(#REF!=\"Diferenciado\",$H$4=#REF!),BDI!$E$17,IF(AND(#REF!=\"Diferenciado\",$H$4=#REF!),BDI!#REF!,IF(#REF!=\"ZERO\",0))))),\"\")","v":{"$error":"#REF!"}},{"$error":"#REF!"},{"$error":"#REF!"}]
["SF-00170","Tubo PVC esgoto ou aguas pluviais predial DN 75mm","m",13,{"$f":"OFFSET(INDEX(Composições!A:J,MATCH(Orçamentária!A175,Composições!A:A,0),8),2,0)","v":44.307994300000004},576.00392590000001,{"$f":"BDI!$B$17","v":0.191},52.77,686.01]
["SF-00171","Tubo PVC soldável água fria DN 25mm","m",13,{"$f":"OFFSET(INDEX(Composições!A:J,MATCH(Orçamentária!A176,Composições!A:A,0),8),2,0)","v":5.4045215000000004},70.258779500000003,{"$f":"BDI!$B$17","v":0.191},6.44,83.72]
["SF-00172","Tubo PVC soldável água fria DN 32mm","m",0,{"$f":"OFFSET(INDEX(Composições!A:J,MATCH(Orçamentária!A177,Composições!A:A,0),8),2,0)","v":10.976442499999999},0,{"$f":"IF(A177<>\"\",IF(AND(#REF!=\"Padrão\",$H$4=#REF!),BDI!$B$17,IF(AND(#REF!=\"Padrão\",$H$4=#REF!),BDI!#REF!,IF(AND(#REF!=\"Diferenciado\",$H$4=#REF!),BDI!$E$17,IF(AND(#REF!=\"Diferenciado\",$H$4=#REF!),BDI!#REF!,IF(#REF!=\"ZERO\",0))))),\"\")","v":{"$error":"#REF!"}},{"$error":"#REF!"},{"$error":"#REF!"}]
["SF-00173","Tubo PVC soldável água fria DN 40mm","m",0,{"$f":"OFFSET(INDEX(Composições!A:J,MATCH(Orçamentária!A178,Composições!A:A,0),8),2,0)","v":16.897934999999997},0,{"$f":"IF(A178<>\"\",IF(AND(#REF!=\"Padrão\",$H$4=#REF!),BDI!$B$17,IF(AND(#REF!=\"Padrão\",$H$4=#REF!),BDI!#REF!,IF(AND(#REF!=\"Diferenciado\",$H$4=#REF!),BDI!$E$17,IF(AND(#REF!=\"Diferenciado\",$H$4=#REF!),BDI!#REF!,IF(#REF!=\"ZERO\",0))))),\"\")","v":{"$error":"#REF!"}},{"$error":"#REF!"},{"$error":"#REF!"}]
["SF-00174","Tubo PVC soldável água fria DN 50mm","m",0,{"$f":"OFFSET(INDEX(Composições!A:J,MATCH(Orçamentária!A179,Composições!A:A,0),8),2,0)","v":18.661011499999994},0,{"$f":"IF(A179<>\"\",IF(AND(#REF!=\"Padrão\",$H$4=#REF!),BDI!$B$17,IF(AND(#REF!=\"Padrão\",$H$4=#REF!),BDI!#REF!,IF(AND(#REF!=\"Diferenciado\",$H$4=#REF!),BDI!$E$17,IF(AND(#REF!=\"Diferenciado\",$H$4=#REF!),BDI!#REF!,IF(#REF!=\"ZERO\",0))))),\"\")","v":{"$error":"#REF!"}},{"$error":"#REF!"},{"$error":"#REF!"}]
["SF-00175","Base registro gaveta 3/4\"","un",0,{"$f":"OFFSET(INDEX(Composições!A:J,MATCH(Orçamentária!A180,Composições!A:A,0),8),2,0)","v":10.622387},0,{"$f":"IF(A180<>\"\",IF(AND(#REF!=\"Padrão\",$H$4=#REF!),BDI!$B$17,IF(AND(#REF!=\"Padrão\",$H$4=#REF!),BDI!#REF!,IF(AND(#REF!=\"Diferenciado\",$H$4=#REF!),BDI!$E$17,IF(AND(#REF!=\"Diferenciado\",$H$4=#REF!),BDI!#REF!,IF(#REF!=\"ZERO\",0))))),\"\")","v":{"$error":"#REF!"}},{"$error":"#REF!"},{"$error":"#REF!"}]
["SF-00176","Caixa sifonada de PVC DN 150mm","un",1,{"$f":"OFFSET(INDEX(Composições!A:J,MATCH(Orçamentária!A181,Composições!A:A,0),8),2,0)","v":109.2411973},109.2411973,{"$f":"BDI!$B$17","v":0.191},130.11000000000001,130.11000000000001]
["SF-00177","Caixa sifonada de PVC DN 250mm","un",0,{"$f":"OFFSET(INDEX(Composições!A:J,MATCH(Orçamentária!A182,Composições!A:A,0),8),2,0)","v":149.33119730000001},0,{"$f":"IF(A182<>\"\",IF(AND(#REF!=\"Padrão\",$H$4=#REF!),BDI!$B$17,IF(AND(#REF!=\"Padrão\",$H$4=#REF!),BDI!#REF!,IF(AND(#REF!=\"Diferenciado\",$H$4=#REF!),BDI!$E$17,IF(AND(#REF!=\"Diferenciado\",$H$4=#REF!),BDI!#REF!,IF(#REF!=\"ZERO\",0))))),\"\")","v":{"$error":"#REF!"}},{"$error":"#REF!"},{"$error":"#REF!"}]
["SF-00178","Grelha quadrada para ralo 10x10cm","un",0,{"$f":"OFFSET(INDEX(Composições!A:J,MATCH(Orçamentária!A183,Composições!A:A,0),8),2,0)","v":3.0338249999999993},0,{"$f":"IF(A183<>\"\",IF(AND(#REF!=\"Padrão\",$H$4=#REF!),BDI!$B$17,IF(AND(#REF!=\"Padrão\",$H$4=#REF!),BDI!#REF!,IF(AND(#REF!=\"Diferenciado\",$H$4=#REF!),BDI!$E$17,IF(AND(#REF!=\"Diferenciado\",$H$4=#REF!),BDI!#REF!,IF(#REF!=\"ZERO\",0))))),\"\")","v":{"$error":"#REF!"}},{"$error":"#REF!"},{"$error":"#REF!"}]
["SF-00179","Grelha quadrada para ralo 15x15cm","un",0,{"$f":"OFFSET(INDEX(Composições!A:J,MATCH(Orçamentária!A184,Composições!A:A,0),8),2,0)","v":2024.5938249999999},0,{"$f":"IF(A184<>\"\",IF(AND(#REF!=\"Padrão\",$H$4=#REF!),BDI!$B$17,IF(AND(#REF!=\"Padrão\",$H$4=#REF!),BDI!#REF!,IF(AND(#REF!=\"Diferenciado\",$H$4=#REF!),BDI!$E$17,IF(AND(#REF!=\"Diferenciado\",$H$4=#REF!),BDI!#REF!,IF(#REF!=\"ZERO\",0))))),\"\")","v":{"$error":"#REF!"}},{"$error":"#REF!"},{"$error":"#REF!"}]
["SF-00180","Ralo seco PVC DN 100x40mm","un",0,{"$f":"OFFSET(INDEX(Composições!A:J,MATCH(Orçamentária!A185,Composições!A:A,0),8),2,0)","v":15.96702715},0,{"$f":"IF(A185<>\"\",IF(AND(#REF!=\"Padrão\",$H$4=#REF!),BDI!$B$17,IF(AND(#REF!=\"Padrão\",$H$4=#REF!),BDI!#REF!,IF(AND(#REF!=\"Diferenciado\",$H$4=#REF!),BDI!$E$17,IF(AND(#REF!=\"Diferenciado\",$H$4=#REF!),BDI!#REF!,IF(#REF!=\"ZERO\",0))))),\"\")","v":{"$error":"#REF!"}},{"$error":"#REF!"},{"$error":"#REF!"}]
["SF-00181","Assento para bacia convencional","un",0,{"$f":"OFFSET(INDEX(Composições!A:J,MATCH(Orçamentária!A186,Composições!A:A,0),8),2,0)","v":687.84255000000007},0,{"$f":"IF(A186<>\"\",IF(AND(#REF!=\"Padrão\",$H$4=#REF!),BDI!$B$17,IF(AND(#REF!=\"Padrão\",$H$4=#REF!),BDI!#REF!,IF(AND(#REF!=\"Diferenciado\",$H$4=#REF!),BDI!$E$17,IF(AND(#REF!=\"Diferenciado\",$H$4=#REF!),BDI!#REF!,IF(#REF!=\"ZERO\",0))))),\"\")","v":{"$error":"#REF!"}},{"$error":"#REF!"},{"$error":"#REF!"}]
["SF-00182","Bacia convencional – Linha Administrativa","un",0,{"$f":"OFFSET(INDEX(Composições!A:J,MATCH(Orçamentária!A187,Composições!A:A,0),8),2,0)","v":270.58256725000001},0,{"$f":"IF(A187<>\"\",IF(AND(#REF!=\"Padrão\",$H$4=#REF!),BDI!$B$17,IF(AND(#REF!=\"Padrão\",$H$4=#REF!),BDI!#REF!,IF(AND(#REF!=\"Diferenciado\",$H$4=#REF!),BDI!$E$17,IF(AND(#REF!=\"Diferenciado\",$H$4=#REF!),BDI!#REF!,IF(#REF!=\"ZERO\",0))))),\"\")","v":{"$error":"#REF!"}},{"$error":"#REF!"},{"$error":"#REF!"}]
["SF-00183","Bacia convencional com saída horizontal","un",0,{"$f":"OFFSET(INDEX(Composições!A:J,MATCH(Orçamentária!A188,Composições!A:A,0),8),2,0)","v":86.206567249999992},0,{"$f":"IF(A188<>\"\",IF(AND(#REF!=\"Padrão\",$H$4=#REF!),BDI!$B$17,IF(AND(#REF!=\"Padrão\",$H$4=#REF!),BDI!#REF!,IF(AND(#REF!=\"Diferenciado\",$H$4=#REF!),BDI!$E$17,IF(AND(#REF!=\"Diferenciado\",$H$4=#REF!),BDI!#REF!,IF(#REF!=\"ZERO\",0))))),\"\")","v":{"$error":"#REF!"}},{"$error":"#REF!"},{"$error":"#REF!"}]
["SF-00184","Cuba oval de embutir","un",0,{"$f":"OFFSET(INDEX(Composições!A:J,MATCH(Orçamentária!A189,Composições!A:A,0),8),2,0)","v":46.800577700000005},0,{"$f":"IF(A189<>\"\",IF(AND(#REF!=\"Padrão\",$H$4=#REF!),BDI!$B$17,IF(AND(#REF!=\"Padrão\",$H$4=#REF!),BDI!#REF!,IF(AND(#REF!=\"Diferenciado\",$H$4=#REF!),BDI!$E$17,IF(AND(#REF!=\"Diferenciado\",$H$4=#REF!),BDI!#REF!,IF(#REF!=\"ZERO\",0))))),\"\")","v":{"$error":"#REF!"}},{"$error":"#REF!"},{"$error":"#REF!"}]
["SF-00185","Cuba retangular em aço inox","un",0,{"$f":"OFFSET(INDEX(Composições!A:J,MATCH(Orçamentária!A190,Composições!A:A,0),8),2,0)","v":26.411464899999999},0,{"$f":"IF(A190<>\"\",IF(AND(#REF!=\"Padrão\",$H$4=#REF!),BDI!$B$17,IF(AND(#REF!=\"Padrão\",$H$4=#REF!),BDI!#REF!,IF(AND(#REF!=\"Diferenciado\",$H$4=#REF!),BDI!$E$17,IF(AND(#REF!=\"Diferenciado\",$H$4=#REF!),BDI!#REF!,IF(#REF!=\"ZERO\",0))))),\"\")","v":{"$error":"#REF!"}},{"$error":"#REF!"},{"$error":"#REF!"}]
["SF-00186","Cuba semiencaixe quadrada com mesa","un",0,{"$f":"OFFSET(INDEX(Composições!A:J,MATCH(Orçamentária!A191,Composições!A:A,0),8),2,0)","v":46.800577700000005},0,{"$f":"IF(A191<>\"\",IF(AND(#REF!=\"Padrão\",$H$4=#REF!),BDI!$B$17,IF(AND(#REF!=\"Padrão\",$H$4=#REF!),BDI!#REF!,IF(AND(#REF!=\"Diferenciado\",$H$4=#REF!),BDI!$E$17,IF(AND(#REF!=\"Diferenciado\",$H$4=#REF!),BDI!#REF!,IF(#REF!=\"ZERO\",0))))),\"\")","v":{"$error":"#REF!"}},{"$error":"#REF!"},{"$error":"#REF!"}]
["SF-00187","Instalação de lavatório reaproveitado","un",0,{"$f":"OFFSET(INDEX(Composições!A:J,MATCH(Orçamentária!A192,Composições!A:A,0),8),2,0)","v":49.845477799999998},0,{"$f":"IF(A192<>\"\",IF(AND(#REF!=\"Padrão\",$H$4=#REF!),BDI!$B$17,IF(AND(#REF!=\"Padrão\",$H$4=#REF!),BDI!#REF!,IF(AND(#REF!=\"Diferenciado\",$H$4=#REF!),BDI!$E$17,IF(AND(#REF!=\"Diferenciado\",$H$4=#REF!),BDI!#REF!,IF(#REF!=\"ZERO\",0))))),\"\")","v":{"$error":"#REF!"}},{"$error":"#REF!"},{"$error":"#REF!"}]
["SF-00188","Instalação de mictório reaproveitado","un",0,{"$f":"OFFSET(INDEX(Composições!A:J,MATCH(Orçamentária!A193,Composições!A:A,0),8),2,0)","v":50.347895749999999},0,{"$f":"IF(A193<>\"\",IF(AND(#REF!=\"Padrão\",$H$4=#REF!),BDI!$B$17,IF(AND(#REF!=\"Padrão\",$H$4=#REF!),BDI!#REF!,IF(AND(#REF!=\"Diferenciado\",$H$4=#REF!),BDI!$E$17,IF(AND(#REF!=\"Diferenciado\",$H$4=#REF!),BDI!#REF!,IF(#REF!=\"ZERO\",0))))),\"\")","v":{"$error":"#REF!"}},{"$error":"#REF!"},{"$error":"#REF!"}]
["SF-00189","Instalação de vaso sanitário reaproveitado","un",0,{"$f":"OFFSET(INDEX(Composições!A:J,MATCH(Orçamentária!A194,Composições!A:A,0),8),2,0)","v":86.206567249999992},0,{"$f":"IF(A194<>\"\",IF(AND(#REF!=\"Padrão\",$H$4=#REF!),BDI!$B$17,IF(AND(#REF!=\"Padrão\",$H$4=#REF!),BDI!#REF!,IF(AND(#REF!=\"Diferenciado\",$H$4=#REF!),BDI!$E$17,IF(AND(#REF!=\"Diferenciado\",$H$4=#REF!),BDI!#REF!,IF(#REF!=\"ZERO\",0))))),\"\")","v":{"$error":"#REF!"}},{"$error":"#REF!"},{"$error":"#REF!"}]
["SF-00190","Lavatório suspenso","un",0,{"$f":"OFFSET(INDEX(Composições!A:J,MATCH(Orçamentária!A195,Composições!A:A,0),8),2,0)","v":133.32197780000001},0,{"$f":"IF(A195<>\"\",IF(AND(#REF!=\"Padrão\",$H$4=#REF!),BDI!$B$17,IF(AND(#REF!=\"Padrão\",$H$4=#REF!),BDI!#REF!,IF(AND(#REF!=\"Diferenciado\",$H$4=#REF!),BDI!$E$17,IF(AND(#REF!=\"Diferenciado\",$H$4=#REF!),BDI!#REF!,IF(#REF!=\"ZERO\",0))))),\"\")","v":{"$error":"#REF!"}},{"$error":"#REF!"},{"$error":"#REF!"}]
["SF-00191","Mictório – Linha Administrativa","un",0,{"$f":"OFFSET(INDEX(Composições!A:J,MATCH(Orçamentária!A196,Composições!A:A,0),8),2,0)","v":371.36239574999996},0,{"$f":"IF(A196<>\"\",IF(AND(#REF!=\"Padrão\",$H$4=#REF!),BDI!$B$17,IF(AND(#REF!=\"Padrão\",$H$4=#REF!),BDI!#REF!,IF(AND(#REF!=\"Diferenciado\",$H$4=#REF!),BDI!$E$17,IF(AND(#REF!=\"Diferenciado\",$H$4=#REF!),BDI!#REF!,IF(#REF!=\"ZERO\",0))))),\"\")","v":{"$error":"#REF!"}},{"$error":"#REF!"},{"$error":"#REF!"}]
["SF-00192","Tanque 38 litros","un",0,{"$f":"OFFSET(INDEX(Composições!A:J,MATCH(Orçamentária!A197,Composições!A:A,0),8),2,0)","v":98.780756799999992},0,{"$f":"IF(A197<>\"\",IF(AND(#REF!=\"Padrão\",$H$4=#REF!),BDI!$B$17,IF(AND(#REF!=\"Padrão\",$H$4=#REF!),BDI!#REF!,IF(AND(#REF!=\"Diferenciado\",$H$4=#REF!),BDI!$E$17,IF(AND(#REF!=\"Diferenciado\",$H$4=#REF!),BDI!#REF!,IF(#REF!=\"ZERO\",0))))),\"\")","v":{"$error":"#REF!"}},{"$error":"#REF!"},{"$error":"#REF!"}]
["SF-00193","Acabamento para registro GD","un",0,{"$f":"OFFSET(INDEX(Composições!A:J,MATCH(Orçamentária!A198,Composições!A:A,0),8),2,0)","v":2.1166},0,{"$f":"IF(A198<>\"\",IF(AND(#REF!=\"Padrão\",$H$4=#REF!),BDI!$B$17,IF(AND(#REF!=\"Padrão\",$H$4=#REF!),BDI!#REF!,IF(AND(#REF!=\"Diferenciado\",$H$4=#REF!),BDI!$E$17,IF(AND(#REF!=\"Diferenciado\",$H$4=#REF!),BDI!#REF!,IF(#REF!=\"ZERO\",0))))),\"\")","v":{"$error":"#REF!"}},{"$error":"#REF!"},{"$error":"#REF!"}]
["SF-00194","Acabamento para registro PQ","un",1,{"$f":"OFFSET(INDEX(Composições!A:J,MATCH(Orçamentária!A199,Composições!A:A,0),8),2,0)","v":52.016599999999997},{"$f":"IF(ISNUMBER(E199),D199*E199,\"\")","v":52.016599999999997},{"$f":"BDI!$B$17","v":0.191},{"$f":"IF(ISNUMBER(E199),ROUND(E199*(1+G199),2),\"\")","v":61.95},{"$f":"IF(ISNUMBER(E199),ROUND(H199*D199,2),\"\")","v":61.95}]
["SF-00195","Ducha higiênica","un",0,{"$f":"OFFSET(INDEX(Composições!A:J,MATCH(Orçamentária!A200,Composições!A:A,0),8),2,0)","v":23.683500000000002},0,{"$f":"IF(A200<>\"\",IF(AND(#REF!=\"Padrão\",$H$4=#REF!),BDI!$B$17,IF(AND(#REF!=\"Padrão\",$H$4=#REF!),BDI!#REF!,IF(AND(#REF!=\"Diferenciado\",$H$4=#REF!),BDI!$E$17,IF(AND(#REF!=\"Diferenciado\",$H$4=#REF!),BDI!#REF!,IF(#REF!=\"ZERO\",0))))),\"\")","v":{"$error":"#REF!"}},{"$error":"#REF!"},{"$error":"#REF!"}]
["SF-00196","Instalação de metais e acessórios reaproveitados","un",0,{"$f":"OFFSET(INDEX(Composições!A:J,MATCH(Orçamentária!A201,Composições!A:A,0),8),2,0)","v":4.7634064},0,{"$f":"IF(A201<>\"\",IF(AND(#REF!=\"Padrão\",$H$4=#REF!),BDI!$B$17,IF(AND(#REF!=\"Padrão\",$H$4=#REF!),BDI!#REF!,IF(AND(#REF!=\"Diferenciado\",$H$4=#REF!),BDI!$E$17,IF(AND(#REF!=\"Diferenciado\",$H$4=#REF!),BDI!#REF!,IF(#REF!=\"ZERO\",0))))),\"\")","v":{"$error":"#REF!"}},{"$error":"#REF!"},{"$error":"#REF!"}]
["SF-00197","Ligação flexível 1/2” x 40 cm","un",0,{"$f":"OFFSET(INDEX(Composições!A:J,MATCH(Orçamentária!A202,Composições!A:A,0),8),2,0)","v":42.379737499999997},0,{"$f":"IF(A202<>\"\",IF(AND(#REF!=\"Padrão\",$H$4=#REF!),BDI!$B$17,IF(AND(#REF!=\"Padrão\",$H$4=#REF!),BDI!#REF!,IF(AND(#REF!=\"Diferenciado\",$H$4=#REF!),BDI!$E$17,IF(AND(#REF!=\"Diferenciado\",$H$4=#REF!),BDI!#REF!,IF(#REF!=\"ZERO\",0))))),\"\")","v":{"$error":"#REF!"}},{"$error":"#REF!"},{"$error":"#REF!"}]
["SF-00198","Sifão articulado para cozinha","un",0,{"$f":"OFFSET(INDEX(Composições!A:J,MATCH(Orçamentária!A203,Composições!A:A,0),8),2,0)","v":9.0999245999999978},0,{"$f":"IF(A203<>\"\",IF(AND(#REF!=\"Padrão\",$H$4=#REF!),BDI!$B$17,IF(AND(#REF!=\"Padrão\",$H$4=#REF!),BDI!#REF!,IF(AND(#REF!=\"Diferenciado\",$H$4=#REF!),BDI!$E$17,IF(AND(#REF!=\"Diferenciado\",$H$4=#REF!),BDI!#REF!,IF(#REF!=\"ZERO\",0))))),\"\")","v":{"$error":"#REF!"}},{"$error":"#REF!"},{"$error":"#REF!"}]
["SF-00199","Sifão para lavatório 1 1/2\"","un",0,{"$f":"OFFSET(INDEX(Composições!A:J,MATCH(Orçamentária!A204,Composições!A:A,0),8),2,0)","v":157.90007},0,{"$f":"IF(A204<>\"\",IF(AND(#REF!=\"Padrão\",$H$4=#REF!),BDI!$B$17,IF(AND(#REF!=\"Padrão\",$H$4=#REF!),BDI!#REF!,IF(AND(#REF!=\"Diferenciado\",$H$4=#REF!),BDI!$E$17,IF(AND(#REF!=\"Diferenciado\",$H$4=#REF!),BDI!#REF!,IF(#REF!=\"ZERO\",0))))),\"\")","v":{"$error":"#REF!"}},{"$error":"#REF!"},{"$error":"#REF!"}]
["SF-00200","Sifão para tanque","un",0,{"$f":"OFFSET(INDEX(Composições!A:J,MATCH(Orçamentária!A205,Composições!A:A,0),8),2,0)","v":166.63842460000001},0,{"$f":"IF(A205<>\"\",IF(AND(#REF!=\"Padrão\",$H$4=#REF!),BDI!$B$17,IF(AND(#REF!=\"Padrão\",$H$4=#REF!),BDI!#REF!,IF(AND(#REF!=\"Diferenciado\",$H$4=#REF!),BDI!$E$17,IF(AND(#REF!=\"Diferenciado\",$H$4=#REF!),BDI!#REF!,IF(#REF!=\"ZERO\",0))))),\"\")","v":{"$error":"#REF!"}},{"$error":"#REF!"},{"$error":"#REF!"}]
["SF-00201","Torneira de mesa para cozinha bica móvel – Linha Administrativa","un",0,{"$f":"OFFSET(INDEX(Composições!A:J,MATCH(Orçamentária!A206,Composições!A:A,0),8),2,0)","v":5.5501089999999991},0,{"$f":"IF(A206<>\"\",IF(AND(#REF!=\"Padrão\",$H$4=#REF!),BDI!$B$17,IF(AND(#REF!=\"Padrão\",$H$4=#REF!),BDI!#REF!,IF(AND(#REF!=\"Diferenciado\",$H$4=#REF!),BDI!$E$17,IF(AND(#REF!=\"Diferenciado\",$H$4=#REF!),BDI!#REF!,IF(#REF!=\"ZERO\",0))))),\"\")","v":{"$error":"#REF!"}},{"$error":"#REF!"},{"$error":"#REF!"}]
["SF-00202","Torneira de mesa para cozinha bica móvel","un",0,{"$f":"OFFSET(INDEX(Composições!A:J,MATCH(Orçamentária!A207,Composições!A:A,0),8),2,0)","v":5.5501089999999991},0,{"$f":"IF(A207<>\"\",IF(AND(#REF!=\"Padrão\",$H$4=#REF!),BDI!$B$17,IF(AND(#REF!=\"Padrão\",$H$4=#REF!),BDI!#REF!,IF(AND(#REF!=\"Diferenciado\",$H$4=#REF!),BDI!$E$17,IF(AND(#REF!=\"Diferenciado\",$H$4=#REF!),BDI!#REF!,IF(#REF!=\"ZERO\",0))))),\"\")","v":{"$error":"#REF!"}},{"$error":"#REF!"},{"$error":"#REF!"}]
["SF-00203","Torneira de mesa para lavatório – Linha Acessibilidade","un",0,{"$f":"OFFSET(INDEX(Composições!A:J,MATCH(Orçamentária!A208,Composições!A:A,0),8),2,0)","v":3.2305576499999997},0,{"$f":"IF(A208<>\"\",IF(AND(#REF!=\"Padrão\",$H$4=#REF!),BDI!$B$17,IF(AND(#REF!=\"Padrão\",$H$4=#REF!),BDI!#REF!,IF(AND(#REF!=\"Diferenciado\",$H$4=#REF!),BDI!$E$17,IF(AND(#REF!=\"Diferenciado\",$H$4=#REF!),BDI!#REF!,IF(#REF!=\"ZERO\",0))))),\"\")","v":{"$error":"#REF!"}},{"$error":"#REF!"},{"$error":"#REF!"}]
["SF-00204","Torneira de mesa para lavatório bica alta","un",0,{"$f":"OFFSET(INDEX(Composições!A:J,MATCH(Orçamentária!A209,Composições!A:A,0),8),2,0)","v":3.2305576499999997},0,{"$f":"IF(A209<>\"\",IF(AND(#REF!=\"Padrão\",$H$4=#REF!),BDI!$B$17,IF(AND(#REF!=\"Padrão\",$H$4=#REF!),BDI!#REF!,IF(AND(#REF!=\"Diferenciado\",$H$4=#REF!),BDI!$E$17,IF(AND(#REF!=\"Diferenciado\",$H$4=#REF!),BDI!#REF!,IF(#REF!=\"ZERO\",0))))),\"\")","v":{"$error":"#REF!"}},{"$error":"#REF!"},{"$error":"#REF!"}]
["SF-00205","Torneira de mesa para lavatório bica baixa","un",0,{"$f":"OFFSET(INDEX(Composições!A:J,MATCH(Orçamentária!A210,Composições!A:A,0),8),2,0)","v":3.2305576499999997},0,{"$f":"IF(A210<>\"\",IF(AND(#REF!=\"Padrão\",$H$4=#REF!),BDI!$B$17,IF(AND(#REF!=\"Padrão\",$H$4=#REF!),BDI!#REF!,IF(AND(#REF!=\"Diferenciado\",$H$4=#REF!),BDI!$E$17,IF(AND(#REF!=\"Diferenciado\",$H$4=#REF!),BDI!#REF!,IF(#REF!=\"ZERO\",0))))),\"\")","v":{"$error":"#REF!"}},{"$error":"#REF!"},{"$error":"#REF!"}]
["SF-00206","Torneira de mesa para lavatório com fechamento automático – Linha Administrativa","un",0,{"$f":"OFFSET(INDEX(Composições!A:J,MATCH(Orçamentária!A211,Composições!A:A,0),8),2,0)","v":118.76955765},0,{"$f":"IF(A211<>\"\",IF(AND(#REF!=\"Padrão\",$H$4=#REF!),BDI!$B$17,IF(AND(#REF!=\"Padrão\",$H$4=#REF!),BDI!#REF!,IF(AND(#REF!=\"Diferenciado\",$H$4=#REF!),BDI!$E$17,IF(AND(#REF!=\"Diferenciado\",$H$4=#REF!),BDI!#REF!,IF(#REF!=\"ZERO\",0))))),\"\")","v":{"$error":"#REF!"}},{"$error":"#REF!"},{"$error":"#REF!"}]
["SF-00207","Torneira de parede para cozinha","un",0,{"$f":"OFFSET(INDEX(Composições!A:J,MATCH(Orçamentária!A212,Composições!A:A,0),8),2,0)","v":3.8997338500000001},0,{"$f":"IF(A212<>\"\",IF(AND(#REF!=\"Padrão\",$H$4=#REF!),BDI!$B$17,IF(AND(#REF!=\"Padrão\",$H$4=#REF!),BDI!#REF!,IF(AND(#REF!=\"Diferenciado\",$H$4=#REF!),BDI!$E$17,IF(AND(#REF!=\"Diferenciado\",$H$4=#REF!),BDI!#REF!,IF(#REF!=\"ZERO\",0))))),\"\")","v":{"$error":"#REF!"}},{"$error":"#REF!"},{"$error":"#REF!"}]
["SF-00208","Torneira de parede para tanque","un",1,{"$f":"OFFSET(INDEX(Composições!A:J,MATCH(Orçamentária!A213,Composições!A:A,0),8),2,0)","v":51.293420299999994},51.293420299999994,{"$f":"BDI!$B$17","v":0.191},61.09,61.09]
["SF-00209","Acabamento para válvula de descarga 1 1/2\" – Linha Acessibilidade","un",0,{"$f":"OFFSET(INDEX(Composições!A:J,MATCH(Orçamentária!A214,Composições!A:A,0),8),2,0)","v":23.683500000000002},0,{"$f":"IF(A214<>\"\",IF(AND(#REF!=\"Padrão\",$H$4=#REF!),BDI!$B$17,IF(AND(#REF!=\"Padrão\",$H$4=#REF!),BDI!#REF!,IF(AND(#REF!=\"Diferenciado\",$H$4=#REF!),BDI!$E$17,IF(AND(#REF!=\"Diferenciado\",$H$4=#REF!),BDI!#REF!,IF(#REF!=\"ZERO\",0))))),\"\")","v":{"$error":"#REF!"}},{"$error":"#REF!"},{"$error":"#REF!"}]
["SF-00210","Acabamento para válvula de descarga 1 1/2\"","un",0,{"$f":"OFFSET(INDEX(Composições!A:J,MATCH(Orçamentária!A215,Composições!A:A,0),8),2,0)","v":23.683500000000002},0,{"$f":"IF(A215<>\"\",IF(AND(#REF!=\"Padrão\",$H$4=#REF!),BDI!$B$17,IF(AND(#REF!=\"Padrão\",$H$4=#REF!),BDI!#REF!,IF(AND(#REF!=\"Diferenciado\",$H$4=#REF!),BDI!$E$17,IF(AND(#REF!=\"Diferenciado\",$H$4=#REF!),BDI!#REF!,IF(#REF!=\"ZERO\",0))))),\"\")","v":{"$error":"#REF!"}},{"$error":"#REF!"},{"$error":"#REF!"}]
["SF-00211","Acabamento para válvula de descarga 1 1/4\" – Linha Acessibilidade","un",0,{"$f":"OFFSET(INDEX(Composições!A:J,MATCH(Orçamentária!A216,Composições!A:A,0),8),2,0)","v":23.683500000000002},0,{"$f":"IF(A216<>\"\",IF(AND(#REF!=\"Padrão\",$H$4=#REF!),BDI!$B$17,IF(AND(#REF!=\"Padrão\",$H$4=#REF!),BDI!#REF!,IF(AND(#REF!=\"Diferenciado\",$H$4=#REF!),BDI!$E$17,IF(AND(#REF!=\"Diferenciado\",$H$4=#REF!),BDI!#REF!,IF(#REF!=\"ZERO\",0))))),\"\")","v":{"$error":"#REF!"}},{"$error":"#REF!"},{"$error":"#REF!"}]
["SF-00212","Acabamento para válvula de descarga 1 1/4\"","un",0,{"$f":"OFFSET(INDEX(Composições!A:J,MATCH(Orçamentária!A217,Composições!A:A,0),8),2,0)","v":23.683500000000002},0,{"$f":"IF(A217<>\"\",IF(AND(#REF!=\"Padrão\",$H$4=#REF!),BDI!$B$17,IF(AND(#REF!=\"Padrão\",$H$4=#REF!),BDI!#REF!,IF(AND(#REF!=\"Diferenciado\",$H$4=#REF!),BDI!$E$17,IF(AND(#REF!=\"Diferenciado\",$H$4=#REF!),BDI!#REF!,IF(#REF!=\"ZERO\",0))))),\"\")","v":{"$error":"#REF!"}},{"$error":"#REF!"},{"$error":"#REF!"}]
["SF-00213","Válvula de escoamento para lavatório","un",0,{"$f":"OFFSET(INDEX(Composições!A:J,MATCH(Orçamentária!A218,Composições!A:A,0),8),2,0)","v":43.072802400000008},0,{"$f":"IF(A218<>\"\",IF(AND(#REF!=\"Padrão\",$H$4=#REF!),BDI!$B$17,IF(AND(#REF!=\"Padrão\",$H$4=#REF!),BDI!#REF!,IF(AND(#REF!=\"Diferenciado\",$H$4=#REF!),BDI!$E$17,IF(AND(#REF!=\"Diferenciado\",$H$4=#REF!),BDI!#REF!,IF(#REF!=\"ZERO\",0))))),\"\")","v":{"$error":"#REF!"}},{"$error":"#REF!"},{"$error":"#REF!"}]
["SF-00214","Válvula de escoamento para tanque","un",0,{"$f":"OFFSET(INDEX(Composições!A:J,MATCH(Orçamentária!A219,Composições!A:A,0),8),2,0)","v":50.964319399999994},0,{"$f":"IF(A219<>\"\",IF(AND(#REF!=\"Padrão\",$H$4=#REF!),BDI!$B$17,IF(AND(#REF!=\"Padrão\",$H$4=#REF!),BDI!#REF!,IF(AND(#REF!=\"Diferenciado\",$H$4=#REF!),BDI!$E$17,IF(AND(#REF!=\"Diferenciado\",$H$4=#REF!),BDI!#REF!,IF(#REF!=\"ZERO\",0))))),\"\")","v":{"$error":"#REF!"}},{"$error":"#REF!"},{"$error":"#REF!"}]
["SF-00215","Válvula descarga para mictório – Linha Administrativa","un",0,{"$f":"OFFSET(INDEX(Composições!A:J,MATCH(Orçamentária!A220,Composições!A:A,0),8),2,0)","v":266.12502949999998},0,{"$f":"IF(A220<>\"\",IF(AND(#REF!=\"Padrão\",$H$4=#REF!),BDI!$B$17,IF(AND(#REF!=\"Padrão\",$H$4=#REF!),BDI!#REF!,IF(AND(#REF!=\"Diferenciado\",$H$4=#REF!),BDI!$E$17,IF(AND(#REF!=\"Diferenciado\",$H$4=#REF!),BDI!#REF!,IF(#REF!=\"ZERO\",0))))),\"\")","v":{"$error":"#REF!"}},{"$error":"#REF!"},{"$error":"#REF!"}]
["SF-00216","Alarme de emergência para sanitários PNE","un",0,{"$f":"OFFSET(INDEX(Composições!A:J,MATCH(Orçamentária!A221,Composições!A:A,0),8),2,0)","v":14.155189999999997},0,{"$f":"IF(A221<>\"\",IF(AND(#REF!=\"Padrão\",$H$4=#REF!),BDI!$B$17,IF(AND(#REF!=\"Padrão\",$H$4=#REF!),BDI!#REF!,IF(AND(#REF!=\"Diferenciado\",$H$4=#REF!),BDI!$E$17,IF(AND(#REF!=\"Diferenciado\",$H$4=#REF!),BDI!#REF!,IF(#REF!=\"ZERO\",0))))),\"\")","v":{"$error":"#REF!"}},{"$error":"#REF!"},{"$error":"#REF!"}]
["SF-00217","Barra de apoio 40cm – Linha Acessibilidade","un",0,{"$f":"OFFSET(INDEX(Composições!A:J,MATCH(Orçamentária!A222,Composições!A:A,0),8),2,0)","v":51.262},0,{"$f":"IF(A222<>\"\",IF(AND(#REF!=\"Padrão\",$H$4=#REF!),BDI!$B$17,IF(AND(#REF!=\"Padrão\",$H$4=#REF!),BDI!#REF!,IF(AND(#REF!=\"Diferenciado\",$H$4=#REF!),BDI!$E$17,IF(AND(#REF!=\"Diferenciado\",$H$4=#REF!),BDI!#REF!,IF(#REF!=\"ZERO\",0))))),\"\")","v":{"$error":"#REF!"}},{"$error":"#REF!"},{"$error":"#REF!"}]
["SF-00218","Barra de apoio 70cm – Linha Acessibilidade","un",0,{"$f":"OFFSET(INDEX(Composições!A:J,MATCH(Orçamentária!A223,Composições!A:A,0),8),2,0)","v":51.262},0,{"$f":"IF(A223<>\"\",IF(AND(#REF!=\"Padrão\",$H$4=#REF!),BDI!$B$17,IF(AND(#REF!=\"Padrão\",$H$4=#REF!),BDI!#REF!,IF(AND(#REF!=\"Diferenciado\",$H$4=#REF!),BDI!$E$17,IF(AND(#REF!=\"Diferenciado\",$H$4=#REF!),BDI!#REF!,IF(#REF!=\"ZERO\",0))))),\"\")","v":{"$error":"#REF!"}},{"$error":"#REF!"},{"$error":"#REF!"}]
["SF-00219","Barra de apoio 80cm – Linha Acessibilidade","un",0,{"$f":"OFFSET(INDEX(Composições!A:J,MATCH(Orçamentária!A224,Composições!A:A,0),8),2,0)","v":51.262},0,{"$f":"IF(A224<>\"\",IF(AND(#REF!=\"Padrão\",$H$4=#REF!),BDI!$B$17,IF(AND(#REF!=\"Padrão\",$H$4=#REF!),BDI!#REF!,IF(AND(#REF!=\"Diferenciado\",$H$4=#REF!),BDI!$E$17,IF(AND(#REF!=\"Diferenciado\",$H$4=#REF!),BDI!#REF!,IF(#REF!=\"ZERO\",0))))),\"\")","v":{"$error":"#REF!"}},{"$error":"#REF!"},{"$error":"#REF!"}]
["SF-00220","Barra de apoio lateral fixa 30cm – Linha Acessibilidade","un",0,{"$f":"OFFSET(INDEX(Composições!A:J,MATCH(Orçamentária!A225,Composições!A:A,0),8),2,0)","v":51.261999999999993},0,{"$f":"IF(A225<>\"\",IF(AND(#REF!=\"Padrão\",$H$4=#REF!),BDI!$B$17,IF(AND(#REF!=\"Padrão\",$H$4=#REF!),BDI!#REF!,IF(AND(#REF!=\"Diferenciado\",$H$4=#REF!),BDI!$E$17,IF(AND(#REF!=\"Diferenciado\",$H$4=#REF!),BDI!#REF!,IF(#REF!=\"ZERO\",0))))),\"\")","v":{"$error":"#REF!"}},{"$error":"#REF!"},{"$error":"#REF!"}]
["SF-00221","Lavatório suspenso – Linha Acessibilidade","un",0,{"$f":"OFFSET(INDEX(Composições!A:J,MATCH(Orçamentária!A226,Composições!A:A,0),8),2,0)","v":49.845477799999998},0,{"$f":"IF(A226<>\"\",IF(AND(#REF!=\"Padrão\",$H$4=#REF!),BDI!$B$17,IF(AND(#REF!=\"Padrão\",$H$4=#REF!),BDI!#REF!,IF(AND(#REF!=\"Diferenciado\",$H$4=#REF!),BDI!$E$17,IF(AND(#REF!=\"Diferenciado\",$H$4=#REF!),BDI!#REF!,IF(#REF!=\"ZERO\",0))))),\"\")","v":{"$error":"#REF!"}},{"$error":"#REF!"},{"$error":"#REF!"}]
["SF-00222","Lavatório suspenso com Coluna – Linha Acessibilidade","un",0,{"$f":"OFFSET(INDEX(Composições!A:J,MATCH(Orçamentária!A227,Composições!A:A,0),8),2,0)","v":159.0376076},0,{"$f":"IF(A227<>\"\",IF(AND(#REF!=\"Padrão\",$H$4=#REF!),BDI!$B$17,IF(AND(#REF!=\"Padrão\",$H$4=#REF!),BDI!#REF!,IF(AND(#REF!=\"Diferenciado\",$H$4=#REF!),BDI!$E$17,IF(AND(#REF!=\"Diferenciado\",$H$4=#REF!),BDI!#REF!,IF(#REF!=\"ZERO\",0))))),\"\")","v":{"$error":"#REF!"}},{"$error":"#REF!"},{"$error":"#REF!"}]
["SF-00223","Cabide","un",0,{"$f":"OFFSET(INDEX(Composições!A:J,MATCH(Orçamentária!A228,Composições!A:A,0),8),2,0)","v":10.380321299999999},0,{"$f":"IF(A228<>\"\",IF(AND(#REF!=\"Padrão\",$H$4=#REF!),BDI!$B$17,IF(AND(#REF!=\"Padrão\",$H$4=#REF!),BDI!#REF!,IF(AND(#REF!=\"Diferenciado\",$H$4=#REF!),BDI!$E$17,IF(AND(#REF!=\"Diferenciado\",$H$4=#REF!),BDI!#REF!,IF(#REF!=\"ZERO\",0))))),\"\")","v":{"$error":"#REF!"}},{"$error":"#REF!"},{"$error":"#REF!"}]
["SF-00224","Papeleira","un",0,{"$f":"OFFSET(INDEX(Composições!A:J,MATCH(Orçamentária!A229,Composições!A:A,0),8),2,0)","v":10.380321299999999},0,{"$f":"IF(A229<>\"\",IF(AND(#REF!=\"Padrão\",$H$4=#REF!),BDI!$B$17,IF(AND(#REF!=\"Padrão\",$H$4=#REF!),BDI!#REF!,IF(AND(#REF!=\"Diferenciado\",$H$4=#REF!),BDI!$E$17,IF(AND(#REF!=\"Diferenciado\",$H$4=#REF!),BDI!#REF!,IF(#REF!=\"ZERO\",0))))),\"\")","v":{"$error":"#REF!"}},{"$error":"#REF!"},{"$error":"#REF!"}]
["SF-00225","Porta toalha argola","un",0,{"$f":"OFFSET(INDEX(Composições!A:J,MATCH(Orçamentária!A230,Composições!A:A,0),8),2,0)","v":10.380321299999999},0,{"$f":"IF(A230<>\"\",IF(AND(#REF!=\"Padrão\",$H$4=#REF!),BDI!$B$17,IF(AND(#REF!=\"Padrão\",$H$4=#REF!),BDI!#REF!,IF(AND(#REF!=\"Diferenciado\",$H$4=#REF!),BDI!$E$17,IF(AND(#REF!=\"Diferenciado\",$H$4=#REF!),BDI!#REF!,IF(#REF!=\"ZERO\",0))))),\"\")","v":{"$error":"#REF!"}},{"$error":"#REF!"},{"$error":"#REF!"}]
["SF-00226","Porta toalha barra","un",0,{"$f":"OFFSET(INDEX(Composições!A:J,MATCH(Orçamentária!A231,Composições!A:A,0),8),2,0)","v":20.757996849999998},0,{"$f":"IF(A231<>\"\",IF(AND(#REF!=\"Padrão\",$H$4=#REF!),BDI!$B$17,IF(AND(#REF!=\"Padrão\",$H$4=#REF!),BDI!#REF!,IF(AND(#REF!=\"Diferenciado\",$H$4=#REF!),BDI!$E$17,IF(AND(#REF!=\"Diferenciado\",$H$4=#REF!),BDI!#REF!,IF(#REF!=\"ZERO\",0))))),\"\")","v":{"$error":"#REF!"}},{"$error":"#REF!"},{"$error":"#REF!"}]
["SF-00227","Caixa 4x2 de embutir para alvenaria","un",3,{"$f":"OFFSET(INDEX(Composições!A:J,MATCH(Orçamentária!A232,Composições!A:A,0),8),2,0)","v":10.999454580917449},32.998363742752346,{"$f":"BDI!$B$17","v":0.191},13.1,39.299999999999997]
["SF-00228","Caixa 4x2 para drywall","un",0,{"$f":"OFFSET(INDEX(Composições!A:J,MATCH(Orçamentária!A233,Composições!A:A,0),8),2,0)","v":7.0775949999999987},0,{"$f":"IF(A233<>\"\",IF(AND(#REF!=\"Padrão\",$H$4=#REF!),BDI!$B$17,IF(AND(#REF!=\"Padrão\",$H$4=#REF!),BDI!#REF!,IF(AND(#REF!=\"Diferenciado\",$H$4=#REF!),BDI!$E$17,IF(AND(#REF!=\"Diferenciado\",$H$4=#REF!),BDI!#REF!,IF(#REF!=\"ZERO\",0))))),\"\")","v":{"$error":"#REF!"}},{"$error":"#REF!"},{"$error":"#REF!"}]
["SF-00229","Caixa 4x4 de embutir para alvenaria","un",0,{"$f":"OFFSET(INDEX(Composições!A:J,MATCH(Orçamentária!A234,Composições!A:A,0),8),2,0)","v":15.453438774556602},0,{"$f":"IF(A234<>\"\",IF(AND(#REF!=\"Padrão\",$H$4=#REF!),BDI!$B$17,IF(AND(#REF!=\"Padrão\",$H$4=#REF!),BDI!#REF!,IF(AND(#REF!=\"Diferenciado\",$H$4=#REF!),BDI!$E$17,IF(AND(#REF!=\"Diferenciado\",$H$4=#REF!),BDI!#REF!,IF(#REF!=\"ZERO\",0))))),\"\")","v":{"$error":"#REF!"}},{"$error":"#REF!"},{"$error":"#REF!"}]
["SF-00230","Caixa 4x4 para drywall","un",0,{"$f":"OFFSET(INDEX(Composições!A:J,MATCH(Orçamentária!A235,Composições!A:A,0),8),2,0)","v":8.1026260000000008},0,{"$f":"IF(A235<>\"\",IF(AND(#REF!=\"Padrão\",$H$4=#REF!),BDI!$B$17,IF(AND(#REF!=\"Padrão\",$H$4=#REF!),BDI!#REF!,IF(AND(#REF!=\"Diferenciado\",$H$4=#REF!),BDI!$E$17,IF(AND(#REF!=\"Diferenciado\",$H$4=#REF!),BDI!#REF!,IF(#REF!=\"ZERO\",0))))),\"\")","v":{"$error":"#REF!"}},{"$error":"#REF!"},{"$error":"#REF!"}]
["SF-00231","Caixa de passagem em alumínio 100x100x50mm","un",0,{"$f":"OFFSET(INDEX(Composições!A:J,MATCH(Orçamentária!A236,Composições!A:A,0),8),2,0)","v":16.888605999999999},0,{"$f":"IF(A236<>\"\",IF(AND(#REF!=\"Padrão\",$H$4=#REF!),BDI!$B$17,IF(AND(#REF!=\"Padrão\",$H$4=#REF!),BDI!#REF!,IF(AND(#REF!=\"Diferenciado\",$H$4=#REF!),BDI!$E$17,IF(AND(#REF!=\"Diferenciado\",$H$4=#REF!),BDI!#REF!,IF(#REF!=\"ZERO\",0))))),\"\")","v":{"$error":"#REF!"}},{"$error":"#REF!"},{"$error":"#REF!"}]
["SF-00232","Caixa de passagem em alumínio 200x200x100mm","un",0,{"$f":"OFFSET(INDEX(Composições!A:J,MATCH(Orçamentária!A237,Composições!A:A,0),8),2,0)","v":16.888605999999999},0,{"$f":"IF(A237<>\"\",IF(AND(#REF!=\"Padrão\",$H$4=#REF!),BDI!$B$17,IF(AND(#REF!=\"Padrão\",$H$4=#REF!),BDI!#REF!,IF(AND(#REF!=\"Diferenciado\",$H$4=#REF!),BDI!$E$17,IF(AND(#REF!=\"Diferenciado\",$H$4=#REF!),BDI!#REF!,IF(#REF!=\"ZERO\",0))))),\"\")","v":{"$error":"#REF!"}},{"$error":"#REF!"},{"$error":"#REF!"}]
["SF-00233","Caixa de passagem em PVC 150x150x75mm","un",0,{"$f":"OFFSET(INDEX(Composições!A:J,MATCH(Orçamentária!A238,Composições!A:A,0),8),2,0)","v":73.219026999999997},0,{"$f":"IF(A238<>\"\",IF(AND(#REF!=\"Padrão\",$H$4=#REF!),BDI!$B$17,IF(AND(#REF!=\"Padrão\",$H$4=#REF!),BDI!#REF!,IF(AND(#REF!=\"Diferenciado\",$H$4=#REF!),BDI!$E$17,IF(AND(#REF!=\"Diferenciado\",$H$4=#REF!),BDI!#REF!,IF(#REF!=\"ZERO\",0))))),\"\")","v":{"$error":"#REF!"}},{"$error":"#REF!"},{"$error":"#REF!"}]
["SF-00234","Caixa para piso elevado","un",0,{"$f":"OFFSET(INDEX(Composições!A:J,MATCH(Orçamentária!A239,Composições!A:A,0),8),2,0)","v":16.888605999999999},0,{"$f":"IF(A239<>\"\",IF(AND(#REF!=\"Padrão\",$H$4=#REF!),BDI!$B$17,IF(AND(#REF!=\"Padrão\",$H$4=#REF!),BDI!#REF!,IF(AND(#REF!=\"Diferenciado\",$H$4=#REF!),BDI!$E$17,IF(AND(#REF!=\"Diferenciado\",$H$4=#REF!),BDI!#REF!,IF(#REF!=\"ZERO\",0))))),\"\")","v":{"$error":"#REF!"}},{"$error":"#REF!"},{"$error":"#REF!"}]
["SF-00235","Canaleta em alumínio aparente 73mmx25mm","m",0,{"$f":"OFFSET(INDEX(Composições!A:J,MATCH(Orçamentária!A240,Composições!A:A,0),8),2,0)","v":8.7859799999999986},0,{"$f":"IF(A240<>\"\",IF(AND(#REF!=\"Padrão\",$H$4=#REF!),BDI!$B$17,IF(AND(#REF!=\"Padrão\",$H$4=#REF!),BDI!#REF!,IF(AND(#REF!=\"Diferenciado\",$H$4=#REF!),BDI!$E$17,IF(AND(#REF!=\"Diferenciado\",$H$4=#REF!),BDI!#REF!,IF(#REF!=\"ZERO\",0))))),\"\")","v":{"$error":"#REF!"}},{"$error":"#REF!"},{"$error":"#REF!"}]
["SF-00236","Condulete de alumínio de 1\"","un",6,{"$f":"OFFSET(INDEX(Composições!A:J,MATCH(Orçamentária!A241,Composições!A:A,0),8),2,0)","v":41.956799399999994},251.74079639999997,{"$f":"BDI!$B$17","v":0.191},49.97,299.82]
["SF-00237","Eletrocalha 100x50 mm","m",0,{"$f":"OFFSET(INDEX(Composições!A:J,MATCH(Orçamentária!A242,Composições!A:A,0),8),2,0)","v":23.181953200000002},0,{"$f":"IF(A242<>\"\",IF(AND(#REF!=\"Padrão\",$H$4=#REF!),BDI!$B$17,IF(AND(#REF!=\"Padrão\",$H$4=#REF!),BDI!#REF!,IF(AND(#REF!=\"Diferenciado\",$H$4=#REF!),BDI!$E$17,IF(AND(#REF!=\"Diferenciado\",$H$4=#REF!),BDI!#REF!,IF(#REF!=\"ZERO\",0))))),\"\")","v":{"$error":"#REF!"}},{"$error":"#REF!"},{"$error":"#REF!"}]
["SF-00238","Eletrocalha 200x100 mm","m",0,{"$f":"OFFSET(INDEX(Composições!A:J,MATCH(Orçamentária!A243,Composições!A:A,0),8),2,0)","v":30.908956799999999},0,{"$f":"IF(A243<>\"\",IF(AND(#REF!=\"Padrão\",$H$4=#REF!),BDI!$B$17,IF(AND(#REF!=\"Padrão\",$H$4=#REF!),BDI!#REF!,IF(AND(#REF!=\"Diferenciado\",$H$4=#REF!),BDI!$E$17,IF(AND(#REF!=\"Diferenciado\",$H$4=#REF!),BDI!#REF!,IF(#REF!=\"ZERO\",0))))),\"\")","v":{"$error":"#REF!"}},{"$error":"#REF!"},{"$error":"#REF!"}]
["SF-00239","Eletrocalha 200x50 mm","m",0,{"$f":"OFFSET(INDEX(Composições!A:J,MATCH(Orçamentária!A244,Composições!A:A,0),8),2,0)","v":26.027856799999999},0,{"$f":"IF(A244<>\"\",IF(AND(#REF!=\"Padrão\",$H$4=#REF!),BDI!$B$17,IF(AND(#REF!=\"Padrão\",$H$4=#REF!),BDI!#REF!,IF(AND(#REF!=\"Diferenciado\",$H$4=#REF!),BDI!$E$17,IF(AND(#REF!=\"Diferenciado\",$H$4=#REF!),BDI!#REF!,IF(#REF!=\"ZERO\",0))))),\"\")","v":{"$error":"#REF!"}},{"$error":"#REF!"},{"$error":"#REF!"}]
["SF-00240","Eletrocalha 300x100 mm","m",0,{"$f":"OFFSET(INDEX(Composições!A:J,MATCH(Orçamentária!A245,Composições!A:A,0),8),2,0)","v":33.3495068},0,{"$f":"IF(A245<>\"\",IF(AND(#REF!=\"Padrão\",$H$4=#REF!),BDI!$B$17,IF(AND(#REF!=\"Padrão\",$H$4=#REF!),BDI!#REF!,IF(AND(#REF!=\"Diferenciado\",$H$4=#REF!),BDI!$E$17,IF(AND(#REF!=\"Diferenciado\",$H$4=#REF!),BDI!#REF!,IF(#REF!=\"ZERO\",0))))),\"\")","v":{"$error":"#REF!"}},{"$error":"#REF!"},{"$error":"#REF!"}]
["SF-00241","Eletrocalha 300x50 mm","m",0,{"$f":"OFFSET(INDEX(Composições!A:J,MATCH(Orçamentária!A246,Composições!A:A,0),8),2,0)","v":28.4684068},0,{"$f":"IF(A246<>\"\",IF(AND(#REF!=\"Padrão\",$H$4=#REF!),BDI!$B$17,IF(AND(#REF!=\"Padrão\",$H$4=#REF!),BDI!#REF!,IF(AND(#REF!=\"Diferenciado\",$H$4=#REF!),BDI!$E$17,IF(AND(#REF!=\"Diferenciado\",$H$4=#REF!),BDI!#REF!,IF(#REF!=\"ZERO\",0))))),\"\")","v":{"$error":"#REF!"}},{"$error":"#REF!"},{"$error":"#REF!"}]
["SF-00242","Eletrocalha 400x50 mm","m",0,{"$f":"OFFSET(INDEX(Composições!A:J,MATCH(Orçamentária!A247,Composições!A:A,0),8),2,0)","v":28.4684068},0,{"$f":"IF(A247<>\"\",IF(AND(#REF!=\"Padrão\",$H$4=#REF!),BDI!$B$17,IF(AND(#REF!=\"Padrão\",$H$4=#REF!),BDI!#REF!,IF(AND(#REF!=\"Diferenciado\",$H$4=#REF!),BDI!$E$17,IF(AND(#REF!=\"Diferenciado\",$H$4=#REF!),BDI!#REF!,IF(#REF!=\"ZERO\",0))))),\"\")","v":{"$error":"#REF!"}},{"$error":"#REF!"},{"$error":"#REF!"}]
["SF-00243","Eletrocalha 50x50 mm","m",0,{"$f":"OFFSET(INDEX(Composições!A:J,MATCH(Orçamentária!A248,Composições!A:A,0),8),2,0)","v":23.181953200000002},0,{"$f":"IF(A248<>\"\",IF(AND(#REF!=\"Padrão\",$H$4=#REF!),BDI!$B$17,IF(AND(#REF!=\"Padrão\",$H$4=#REF!),BDI!#REF!,IF(AND(#REF!=\"Diferenciado\",$H$4=#REF!),BDI!$E$17,IF(AND(#REF!=\"Diferenciado\",$H$4=#REF!),BDI!#REF!,IF(#REF!=\"ZERO\",0))))),\"\")","v":{"$error":"#REF!"}},{"$error":"#REF!"},{"$error":"#REF!"}]
["SF-00244","Eletroduto de aço galvanizado de 1 1/2\"","m",24,{"$f":"OFFSET(INDEX(Composições!A:J,MATCH(Orçamentária!A249,Composições!A:A,0),8),2,0)","v":64.528275000000008},1548.6786000000002,{"$f":"BDI!$B$17","v":0.191},76.849999999999994,1844.4]
["SF-00245","Eletroduto de aço galvanizado de 1 1/4\"","m",0,{"$f":"OFFSET(INDEX(Composições!A:J,MATCH(Orçamentária!A250,Composições!A:A,0),8),2,0)","v":36.608249999999998},0,{"$f":"IF(A250<>\"\",IF(AND(#REF!=\"Padrão\",$H$4=#REF!),BDI!$B$17,IF(AND(#REF!=\"Padrão\",$H$4=#REF!),BDI!#REF!,IF(AND(#REF!=\"Diferenciado\",$H$4=#REF!),BDI!$E$17,IF(AND(#REF!=\"Diferenciado\",$H$4=#REF!),BDI!#REF!,IF(#REF!=\"ZERO\",0))))),\"\")","v":{"$error":"#REF!"}},{"$error":"#REF!"},{"$error":"#REF!"}]
["SF-00246","Eletroduto de aço galvanizado de 1\"","m",12,{"$f":"OFFSET(INDEX(Composições!A:J,MATCH(Orçamentária!A251,Composições!A:A,0),8),2,0)","v":38.689700000000002},464.27640000000002,{"$f":"BDI!$B$17","v":0.191},46.08,552.96]
["SF-00247","Eletroduto de aço galvanizado de 2\"","m",0,{"$f":"OFFSET(INDEX(Composições!A:J,MATCH(Orçamentária!A252,Composições!A:A,0),8),2,0)","v":36.608249999999998},0,{"$f":"IF(A252<>\"\",IF(AND(#REF!=\"Padrão\",$H$4=#REF!),BDI!$B$17,IF(AND(#REF!=\"Padrão\",$H$4=#REF!),BDI!#REF!,IF(AND(#REF!=\"Diferenciado\",$H$4=#REF!),BDI!$E$17,IF(AND(#REF!=\"Diferenciado\",$H$4=#REF!),BDI!#REF!,IF(#REF!=\"ZERO\",0))))),\"\")","v":{"$error":"#REF!"}},{"$error":"#REF!"},{"$error":"#REF!"}]
["SF-00248","Eletroduto de aço galvanizado de 3/4\"","m",31,{"$f":"OFFSET(INDEX(Composições!A:J,MATCH(Orçamentária!A253,Composições!A:A,0),8),2,0)","v":36.046325000000003},1117.4360750000001,{"$f":"BDI!$B$17","v":0.191},42.93,1330.83]
["SF-00249","Eletroduto de PVC Corrugado Reforçado 1'' (DE 32mm)","m",0,{"$f":"OFFSET(INDEX(Composições!A:J,MATCH(Orçamentária!A254,Composições!A:A,0),8),2,0)","v":16.605952500000001},0,{"$f":"IF(A254<>\"\",IF(AND(#REF!=\"Padrão\",$H$4=#REF!),BDI!$B$17,IF(AND(#REF!=\"Padrão\",$H$4=#REF!),BDI!#REF!,IF(AND(#REF!=\"Diferenciado\",$H$4=#REF!),BDI!$E$17,IF(AND(#REF!=\"Diferenciado\",$H$4=#REF!),BDI!#REF!,IF(#REF!=\"ZERO\",0))))),\"\")","v":{"$error":"#REF!"}},{"$error":"#REF!"},{"$error":"#REF!"}]
["SF-00250","Eletroduto de PVC Corrugado Reforçado 3/4'' (DE 25mm)","m",15,{"$f":"OFFSET(INDEX(Composições!A:J,MATCH(Orçamentária!A255,Composições!A:A,0),8),2,0)","v":11.198932500000002},167.98398750000001,{"$f":"BDI!$B$17","v":0.191},13.34,200.1]
["SF-00251","Eletroduto flexível metálico com capa de PVC 1’’","m",0,{"$f":"OFFSET(INDEX(Composições!A:J,MATCH(Orçamentária!A256,Composições!A:A,0),8),2,0)","v":20.472746999999998},0,{"$f":"IF(A256<>\"\",IF(AND(#REF!=\"Padrão\",$H$4=#REF!),BDI!$B$17,IF(AND(#REF!=\"Padrão\",$H$4=#REF!),BDI!#REF!,IF(AND(#REF!=\"Diferenciado\",$H$4=#REF!),BDI!$E$17,IF(AND(#REF!=\"Diferenciado\",$H$4=#REF!),BDI!#REF!,IF(#REF!=\"ZERO\",0))))),\"\")","v":{"$error":"#REF!"}},{"$error":"#REF!"},{"$error":"#REF!"}]
["SF-00252","Eletroduto flexível metálico com capa de PVC 3/4\"","m",0,{"$f":"OFFSET(INDEX(Composições!A:J,MATCH(Orçamentária!A257,Composições!A:A,0),8),2,0)","v":15.876305},0,{"$f":"IF(A257<>\"\",IF(AND(#REF!=\"Padrão\",$H$4=#REF!),BDI!$B$17,IF(AND(#REF!=\"Padrão\",$H$4=#REF!),BDI!#REF!,IF(AND(#REF!=\"Diferenciado\",$H$4=#REF!),BDI!$E$17,IF(AND(#REF!=\"Diferenciado\",$H$4=#REF!),BDI!#REF!,IF(#REF!=\"ZERO\",0))))),\"\")","v":{"$error":"#REF!"}},{"$error":"#REF!"},{"$error":"#REF!"}]
["SF-00253","Perfilado 38x38mm","m",0,{"$f":"OFFSET(INDEX(Composições!A:J,MATCH(Orçamentária!A258,Composições!A:A,0),8),2,0)","v":22.774593200000002},0,{"$f":"IF(A258<>\"\",IF(AND(#REF!=\"Padrão\",$H$4=#REF!),BDI!$B$17,IF(AND(#REF!=\"Padrão\",$H$4=#REF!),BDI!#REF!,IF(AND(#REF!=\"Diferenciado\",$H$4=#REF!),BDI!$E$17,IF(AND(#REF!=\"Diferenciado\",$H$4=#REF!),BDI!#REF!,IF(#REF!=\"ZERO\",0))))),\"\")","v":{"$error":"#REF!"}},{"$error":"#REF!"},{"$error":"#REF!"}]
["SF-00254","Espelho 4x2","un",3,{"$f":"OFFSET(INDEX(Composições!A:J,MATCH(Orçamentária!A259,Composições!A:A,0),8),2,0)","v":7.3102119999999999},21.930636,{"$f":"BDI!$B$17","v":0.191},8.7100000000000009,26.13]
["SF-00255","Espelho 4x4","un",0,{"$f":"OFFSET(INDEX(Composições!A:J,MATCH(Orçamentária!A260,Composições!A:A,0),8),2,0)","v":12.129295999999998},0,{"$f":"IF(A260<>\"\",IF(AND(#REF!=\"Padrão\",$H$4=#REF!),BDI!$B$17,IF(AND(#REF!=\"Padrão\",$H$4=#REF!),BDI!#REF!,IF(AND(#REF!=\"Diferenciado\",$H$4=#REF!),BDI!$E$17,IF(AND(#REF!=\"Diferenciado\",$H$4=#REF!),BDI!#REF!,IF(#REF!=\"ZERO\",0))))),\"\")","v":{"$error":"#REF!"}},{"$error":"#REF!"},{"$error":"#REF!"}]
["SF-00256","Espelho cego redondo","un",0,{"$f":"OFFSET(INDEX(Composições!A:J,MATCH(Orçamentária!A261,Composições!A:A,0),8),2,0)","v":5.5932959999999996},0,{"$f":"IF(A261<>\"\",IF(AND(#REF!=\"Padrão\",$H$4=#REF!),BDI!$B$17,IF(AND(#REF!=\"Padrão\",$H$4=#REF!),BDI!#REF!,IF(AND(#REF!=\"Diferenciado\",$H$4=#REF!),BDI!$E$17,IF(AND(#REF!=\"Diferenciado\",$H$4=#REF!),BDI!#REF!,IF(#REF!=\"ZERO\",0))))),\"\")","v":{"$error":"#REF!"}},{"$error":"#REF!"},{"$error":"#REF!"}]
["SF-00257","Interruptor para condulete","un",0,{"$f":"OFFSET(INDEX(Composições!A:J,MATCH(Orçamentária!A262,Composições!A:A,0),8),2,0)","v":7.32165},0,{"$f":"IF(A262<>\"\",IF(AND(#REF!=\"Padrão\",$H$4=#REF!),BDI!$B$17,IF(AND(#REF!=\"Padrão\",$H$4=#REF!),BDI!#REF!,IF(AND(#REF!=\"Diferenciado\",$H$4=#REF!),BDI!$E$17,IF(AND(#REF!=\"Diferenciado\",$H$4=#REF!),BDI!#REF!,IF(#REF!=\"ZERO\",0))))),\"\")","v":{"$error":"#REF!"}},{"$error":"#REF!"},{"$error":"#REF!"}]
["SF-00258","Módulo cego","un",0,{"$f":"OFFSET(INDEX(Composições!A:J,MATCH(Orçamentária!A263,Composições!A:A,0),8),2,0)","v":2.7474000000000003},{"$f":"IF(ISNUMBER(E263),D263*E263,\"\")","v":0},{"$f":"IF(A263<>\"\",IF(AND(#REF!=\"Padrão\",$H$4=#REF!),BDI!$B$17,IF(AND(#REF!=\"Padrão\",$H$4=#REF!),BDI!#REF!,IF(AND(#REF!=\"Diferenciado\",$H$4=#REF!),BDI!$E$17,IF(AND(#REF!=\"Diferenciado\",$H$4=#REF!),BDI!#REF!,IF(#REF!=\"ZERO\",0))))),\"\")","v":{"$error":"#REF!"}},{"$f":"IF(ISNUMBER(E263),ROUND(E263*(1+G263),2),\"\")","v":{"$error":"#REF!"}},{"$f":"IF(ISNUMBER(E263),ROUND(H263*D263,2),\"\")","v":{"$error":"#REF!"}}]
["SF-00259","Módulo interruptor paralelo","un",0,{"$f":"OFFSET(INDEX(Composições!A:J,MATCH(Orçamentária!A264,Composições!A:A,0),8),2,0)","v":24.923287999999999},0,{"$f":"IF(A264<>\"\",IF(AND(#REF!=\"Padrão\",$H$4=#REF!),BDI!$B$17,IF(AND(#REF!=\"Padrão\",$H$4=#REF!),BDI!#REF!,IF(AND(#REF!=\"Diferenciado\",$H$4=#REF!),BDI!$E$17,IF(AND(#REF!=\"Diferenciado\",$H$4=#REF!),BDI!#REF!,IF(#REF!=\"ZERO\",0))))),\"\")","v":{"$error":"#REF!"}},{"$error":"#REF!"},{"$error":"#REF!"}]
["SF-00260","Módulo interruptor simples","un",1,{"$f":"OFFSET(INDEX(Composições!A:J,MATCH(Orçamentária!A265,Composições!A:A,0),8),2,0)","v":18.572975},18.572975,{"$f":"BDI!$B$17","v":0.191},22.12,22.12]
["SF-00261","Módulo para saída de fio","un",0,{"$f":"OFFSET(INDEX(Composições!A:J,MATCH(Orçamentária!A266,Composições!A:A,0),8),2,0)","v":2.7474000000000003},0,{"$f":"IF(A266<>\"\",IF(AND(#REF!=\"Padrão\",$H$4=#REF!),BDI!$B$17,IF(AND(#REF!=\"Padrão\",$H$4=#REF!),BDI!#REF!,IF(AND(#REF!=\"Diferenciado\",$H$4=#REF!),BDI!$E$17,IF(AND(#REF!=\"Diferenciado\",$H$4=#REF!),BDI!#REF!,IF(#REF!=\"ZERO\",0))))),\"\")","v":{"$error":"#REF!"}},{"$error":"#REF!"},{"$error":"#REF!"}]
["SF-00262","Módulo sensor de presença","un",0,{"$f":"OFFSET(INDEX(Composições!A:J,MATCH(Orçamentária!A267,Composições!A:A,0),8),2,0)","v":15.033788000000001},0,{"$f":"IF(A267<>\"\",IF(AND(#REF!=\"Padrão\",$H$4=#REF!),BDI!$B$17,IF(AND(#REF!=\"Padrão\",$H$4=#REF!),BDI!#REF!,IF(AND(#REF!=\"Diferenciado\",$H$4=#REF!),BDI!$E$17,IF(AND(#REF!=\"Diferenciado\",$H$4=#REF!),BDI!#REF!,IF(#REF!=\"ZERO\",0))))),\"\")","v":{"$error":"#REF!"}},{"$error":"#REF!"},{"$error":"#REF!"}]
["SF-00263","Módulo tomada 10 A","un",0,{"$f":"OFFSET(INDEX(Composições!A:J,MATCH(Orçamentária!A268,Composições!A:A,0),8),2,0)","v":20.115584999999999},0,{"$f":"IF(A268<>\"\",IF(AND(#REF!=\"Padrão\",$H$4=#REF!),BDI!$B$17,IF(AND(#REF!=\"Padrão\",$H$4=#REF!),BDI!#REF!,IF(AND(#REF!=\"Diferenciado\",$H$4=#REF!),BDI!$E$17,IF(AND(#REF!=\"Diferenciado\",$H$4=#REF!),BDI!#REF!,IF(#REF!=\"ZERO\",0))))),\"\")","v":{"$error":"#REF!"}},{"$error":"#REF!"},{"$error":"#REF!"}]
["SF-00264","Módulo tomada 20 A","un",2,{"$f":"OFFSET(INDEX(Composições!A:J,MATCH(Orçamentária!A269,Composições!A:A,0),8),2,0)","v":22.528585},45.057169999999999,{"$f":"BDI!$B$17","v":0.191},26.83,53.66]
["SF-00265","Porta equipamentos para canaleta de alumínio aparente","un",0,{"$f":"OFFSET(INDEX(Composições!A:J,MATCH(Orçamentária!A270,Composições!A:A,0),8),2,0)","v":8.5419249999999991},0,{"$f":"IF(A270<>\"\",IF(AND(#REF!=\"Padrão\",$H$4=#REF!),BDI!$B$17,IF(AND(#REF!=\"Padrão\",$H$4=#REF!),BDI!#REF!,IF(AND(#REF!=\"Diferenciado\",$H$4=#REF!),BDI!$E$17,IF(AND(#REF!=\"Diferenciado\",$H$4=#REF!),BDI!#REF!,IF(#REF!=\"ZERO\",0))))),\"\")","v":{"$error":"#REF!"}},{"$error":"#REF!"},{"$error":"#REF!"}]
["SF-00266","Tampa cega metálica para caixas de piso 4x2","un",0,{"$f":"OFFSET(INDEX(Composições!A:J,MATCH(Orçamentária!A271,Composições!A:A,0),8),2,0)","v":2.1337000000000002},0,{"$f":"IF(A271<>\"\",IF(AND(#REF!=\"Padrão\",$H$4=#REF!),BDI!$B$17,IF(AND(#REF!=\"Padrão\",$H$4=#REF!),BDI!#REF!,IF(AND(#REF!=\"Diferenciado\",$H$4=#REF!),BDI!$E$17,IF(AND(#REF!=\"Diferenciado\",$H$4=#REF!),BDI!#REF!,IF(#REF!=\"ZERO\",0))))),\"\")","v":{"$error":"#REF!"}},{"$error":"#REF!"},{"$error":"#REF!"}]
["SF-00267","Tampa cega metálica para caixas de piso 4x4","un",0,{"$f":"OFFSET(INDEX(Composições!A:J,MATCH(Orçamentária!A272,Composições!A:A,0),8),2,0)","v":2.1337000000000002},0,{"$f":"IF(A272<>\"\",IF(AND(#REF!=\"Padrão\",$H$4=#REF!),BDI!$B$17,IF(AND(#REF!=\"Padrão\",$H$4=#REF!),BDI!#REF!,IF(AND(#REF!=\"Diferenciado\",$H$4=#REF!),BDI!$E$17,IF(AND(#REF!=\"Diferenciado\",$H$4=#REF!),BDI!#REF!,IF(#REF!=\"ZERO\",0))))),\"\")","v":{"$error":"#REF!"}},{"$error":"#REF!"},{"$error":"#REF!"}]
["SF-00268","Tampa cega para condulete","un",0,{"$f":"OFFSET(INDEX(Composições!A:J,MATCH(Orçamentária!A273,Composições!A:A,0),8),2,0)","v":3.2005499999999998},0,{"$f":"IF(A273<>\"\",IF(AND(#REF!=\"Padrão\",$H$4=#REF!),BDI!$B$17,IF(AND(#REF!=\"Padrão\",$H$4=#REF!),BDI!#REF!,IF(AND(#REF!=\"Diferenciado\",$H$4=#REF!),BDI!$E$17,IF(AND(#REF!=\"Diferenciado\",$H$4=#REF!),BDI!#REF!,IF(#REF!=\"ZERO\",0))))),\"\")","v":{"$error":"#REF!"}},{"$error":"#REF!"},{"$error":"#REF!"}]
["SF-00269","Tampa RJ45 dupla para condulete","un",0,{"$f":"OFFSET(INDEX(Composições!A:J,MATCH(Orçamentária!A274,Composições!A:A,0),8),2,0)","v":7.32165},0,{"$f":"IF(A274<>\"\",IF(AND(#REF!=\"Padrão\",$H$4=#REF!),BDI!$B$17,IF(AND(#REF!=\"Padrão\",$H$4=#REF!),BDI!#REF!,IF(AND(#REF!=\"Diferenciado\",$H$4=#REF!),BDI!$E$17,IF(AND(#REF!=\"Diferenciado\",$H$4=#REF!),BDI!#REF!,IF(#REF!=\"ZERO\",0))))),\"\")","v":{"$error":"#REF!"}},{"$error":"#REF!"},{"$error":"#REF!"}]
["SF-00270","Tomada para condulete","un",0,{"$f":"OFFSET(INDEX(Composições!A:J,MATCH(Orçamentária!A275,Composições!A:A,0),8),2,0)","v":15.033788000000001},0,{"$f":"IF(A275<>\"\",IF(AND(#REF!=\"Padrão\",$H$4=#REF!),BDI!$B$17,IF(AND(#REF!=\"Padrão\",$H$4=#REF!),BDI!#REF!,IF(AND(#REF!=\"Diferenciado\",$H$4=#REF!),BDI!$E$17,IF(AND(#REF!=\"Diferenciado\",$H$4=#REF!),BDI!#REF!,IF(#REF!=\"ZERO\",0))))),\"\")","v":{"$error":"#REF!"}},{"$error":"#REF!"},{"$error":"#REF!"}]
["SF-00271","Tomada para perfilado e eletrocalha","un",0,{"$f":"OFFSET(INDEX(Composições!A:J,MATCH(Orçamentária!A276,Composições!A:A,0),8),2,0)","v":31.727150000000002},0,{"$f":"IF(A276<>\"\",IF(AND(#REF!=\"Padrão\",$H$4=#REF!),BDI!$B$17,IF(AND(#REF!=\"Padrão\",$H$4=#REF!),BDI!#REF!,IF(AND(#REF!=\"Diferenciado\",$H$4=#REF!),BDI!$E$17,IF(AND(#REF!=\"Diferenciado\",$H$4=#REF!),BDI!#REF!,IF(#REF!=\"ZERO\",0))))),\"\")","v":{"$error":"#REF!"}},{"$error":"#REF!"},{"$error":"#REF!"}]
["SF-00272","Bloco autônomo de emergência","un",2,{"$f":"OFFSET(INDEX(Composições!A:J,MATCH(Orçamentária!A277,Composições!A:A,0),8),2,0)","v":279.0275906},558.05518119999999,{"$f":"BDI!$B$17","v":0.191},332.32,664.64]
["SF-00273","Instalação de luminária reaproveitada","un",24,{"$f":"OFFSET(INDEX(Composições!A:J,MATCH(Orçamentária!A278,Composições!A:A,0),8),2,0)","v":43.138893400000001},1035.3334416,{"$f":"BDI!$B$17","v":0.191},51.38,1233.1199999999999]
["SF-00274","Luminária 2x14 W de embutir","un",0,{"$f":"OFFSET(INDEX(Composições!A:J,MATCH(Orçamentária!A279,Composições!A:A,0),8),2,0)","v":43.138893400000001},0,{"$f":"IF(A279<>\"\",IF(AND(#REF!=\"Padrão\",$H$4=#REF!),BDI!$B$17,IF(AND(#REF!=\"Padrão\",$H$4=#REF!),BDI!#REF!,IF(AND(#REF!=\"Diferenciado\",$H$4=#REF!),BDI!$E$17,IF(AND(#REF!=\"Diferenciado\",$H$4=#REF!),BDI!#REF!,IF(#REF!=\"ZERO\",0))))),\"\")","v":{"$error":"#REF!"}},{"$error":"#REF!"},{"$error":"#REF!"}]
["SF-00275","Luminária 2x14 W de sobrepor","un",0,{"$f":"OFFSET(INDEX(Composições!A:J,MATCH(Orçamentária!A280,Composições!A:A,0),8),2,0)","v":45.295125499999997},0,{"$f":"IF(A280<>\"\",IF(AND(#REF!=\"Padrão\",$H$4=#REF!),BDI!$B$17,IF(AND(#REF!=\"Padrão\",$H$4=#REF!),BDI!#REF!,IF(AND(#REF!=\"Diferenciado\",$H$4=#REF!),BDI!$E$17,IF(AND(#REF!=\"Diferenciado\",$H$4=#REF!),BDI!#REF!,IF(#REF!=\"ZERO\",0))))),\"\")","v":{"$error":"#REF!"}},{"$error":"#REF!"},{"$error":"#REF!"}]
["SF-00276","Luminária 2x28 W de embutir","un",0,{"$f":"OFFSET(INDEX(Composições!A:J,MATCH(Orçamentária!A281,Composições!A:A,0),8),2,0)","v":131.73889339999999},0,{"$f":"IF(A281<>\"\",IF(AND(#REF!=\"Padrão\",$H$4=#REF!),BDI!$B$17,IF(AND(#REF!=\"Padrão\",$H$4=#REF!),BDI!#REF!,IF(AND(#REF!=\"Diferenciado\",$H$4=#REF!),BDI!$E$17,IF(AND(#REF!=\"Diferenciado\",$H$4=#REF!),BDI!#REF!,IF(#REF!=\"ZERO\",0))))),\"\")","v":{"$error":"#REF!"}},{"$error":"#REF!"},{"$error":"#REF!"}]
["SF-00277","Luminária 2x28 W de sobrepor","un",0,{"$f":"OFFSET(INDEX(Composições!A:J,MATCH(Orçamentária!A282,Composições!A:A,0),8),2,0)","v":133.89512550000001},0,{"$f":"IF(A282<>\"\",IF(AND(#REF!=\"Padrão\",$H$4=#REF!),BDI!$B$17,IF(AND(#REF!=\"Padrão\",$H$4=#REF!),BDI!#REF!,IF(AND(#REF!=\"Diferenciado\",$H$4=#REF!),BDI!$E$17,IF(AND(#REF!=\"Diferenciado\",$H$4=#REF!),BDI!#REF!,IF(#REF!=\"ZERO\",0))))),\"\")","v":{"$error":"#REF!"}},{"$error":"#REF!"},{"$error":"#REF!"}]
["SF-00278","Condutor 10 mm²","m",0,{"$f":"OFFSET(INDEX(Composições!A:J,MATCH(Orçamentária!A283,Composições!A:A,0),8),2,0)","v":0.478439},0,{"$f":"IF(A283<>\"\",IF(AND(#REF!=\"Padrão\",$H$4=#REF!),BDI!$B$17,IF(AND(#REF!=\"Padrão\",$H$4=#REF!),BDI!#REF!,IF(AND(#REF!=\"Diferenciado\",$H$4=#REF!),BDI!$E$17,IF(AND(#REF!=\"Diferenciado\",$H$4=#REF!),BDI!#REF!,IF(#REF!=\"ZERO\",0))))),\"\")","v":{"$error":"#REF!"}},{"$error":"#REF!"},{"$error":"#REF!"}]
["SF-00279","Condutor 16 mm²","m",0,{"$f":"OFFSET(INDEX(Composições!A:J,MATCH(Orçamentária!A284,Composições!A:A,0),8),2,0)","v":0.67368299999999992},0,{"$f":"IF(A284<>\"\",IF(AND(#REF!=\"Padrão\",$H$4=#REF!),BDI!$B$17,IF(AND(#REF!=\"Padrão\",$H$4=#REF!),BDI!#REF!,IF(AND(#REF!=\"Diferenciado\",$H$4=#REF!),BDI!$E$17,IF(AND(#REF!=\"Diferenciado\",$H$4=#REF!),BDI!#REF!,IF(#REF!=\"ZERO\",0))))),\"\")","v":{"$error":"#REF!"}},{"$error":"#REF!"},{"$error":"#REF!"}]
["SF-00280","Condutor 2,5 mm²","m",147,{"$f":"OFFSET(INDEX(Composições!A:J,MATCH(Orçamentária!A285,Composições!A:A,0),8),2,0)","v":4.6411559999999996},682.24993199999994,{"$f":"BDI!$B$17","v":0.191},5.53,812.91]
["SF-00281","Condutor 3x2,5 mm²","m",0,{"$f":"OFFSET(INDEX(Composições!A:J,MATCH(Orçamentária!A286,Composições!A:A,0),8),2,0)","v":6.1314979999999997},0,{"$f":"IF(A286<>\"\",IF(AND(#REF!=\"Padrão\",$H$4=#REF!),BDI!$B$17,IF(AND(#REF!=\"Padrão\",$H$4=#REF!),BDI!#REF!,IF(AND(#REF!=\"Diferenciado\",$H$4=#REF!),BDI!$E$17,IF(AND(#REF!=\"Diferenciado\",$H$4=#REF!),BDI!#REF!,IF(#REF!=\"ZERO\",0))))),\"\")","v":{"$error":"#REF!"}},{"$error":"#REF!"},{"$error":"#REF!"}]
["SF-00282","Condutor 4 mm²","m",240,{"$f":"OFFSET(INDEX(Composições!A:J,MATCH(Orçamentária!A287,Composições!A:A,0),8),2,0)","v":6.5334659999999998},1568.0318399999999,{"$f":"BDI!$B$17","v":0.191},7.78,1867.2]
["SF-00283","Condutor 4x2,5 mm²","m",0,{"$f":"OFFSET(INDEX(Composições!A:J,MATCH(Orçamentária!A288,Composições!A:A,0),8),2,0)","v":0.478439},0,{"$f":"IF(A288<>\"\",IF(AND(#REF!=\"Padrão\",$H$4=#REF!),BDI!$B$17,IF(AND(#REF!=\"Padrão\",$H$4=#REF!),BDI!#REF!,IF(AND(#REF!=\"Diferenciado\",$H$4=#REF!),BDI!$E$17,IF(AND(#REF!=\"Diferenciado\",$H$4=#REF!),BDI!#REF!,IF(#REF!=\"ZERO\",0))))),\"\")","v":{"$error":"#REF!"}},{"$error":"#REF!"},{"$error":"#REF!"}]
["SF-00284","Condutor 6 mm²","m",0,{"$f":"OFFSET(INDEX(Composições!A:J,MATCH(Orçamentária!A289,Composições!A:A,0),8),2,0)","v":2.5733980000000001},0,{"$f":"IF(A289<>\"\",IF(AND(#REF!=\"Padrão\",$H$4=#REF!),BDI!$B$17,IF(AND(#REF!=\"Padrão\",$H$4=#REF!),BDI!#REF!,IF(AND(#REF!=\"Diferenciado\",$H$4=#REF!),BDI!$E$17,IF(AND(#REF!=\"Diferenciado\",$H$4=#REF!),BDI!#REF!,IF(#REF!=\"ZERO\",0))))),\"\")","v":{"$error":"#REF!"}},{"$error":"#REF!"},{"$error":"#REF!"}]
["SF-00285","Quadro elétrico TTA","un",1,{"$f":"OFFSET(INDEX(Composições!A:J,MATCH(Orçamentária!A290,Composições!A:A,0),8),2,0)","v":8835.8695461662519},8835.8695461662519,{"$f":"BDI!$E$17","v":0.11260000000000001},9830.7900000000009,9830.7900000000009]
["SF-00286","Ar-condicionado do tipo split piso-teto inverter 54.000 BTU/h","un",0,"","",{"$f":"IF(A291<>\"\",IF(AND(#REF!=\"Padrão\",$H$4=#REF!),BDI!$B$17,IF(AND(#REF!=\"Padrão\",$H$4=#REF!),BDI!#REF!,IF(AND(#REF!=\"Diferenciado\",$H$4=#REF!),BDI!$E$17,IF(AND(#REF!=\"Diferenciado\",$H$4=#REF!),BDI!#REF!,IF(#REF!=\"ZERO\",0))))),\"\")","v":{"$error":"#REF!"}},"",""]
["SF-00287","Ar-condicionado fancolete hidrônico dutado 2,5 TR","un",0,"","",{"$f":"IF(A292<>\"\",IF(AND(#REF!=\"Padrão\",$H$4=#REF!),BDI!$B$17,IF(AND(#REF!=\"Padrão\",$H$4=#REF!),BDI!#REF!,IF(AND(#REF!=\"Diferenciado\",$H$4=#REF!),BDI!$E$17,IF(AND(#REF!=\"Diferenciado\",$H$4=#REF!),BDI!#REF!,IF(#REF!=\"ZERO\",0))))),\"\")","v":{"$error":"#REF!"}},"",""]
["SF-00288","Ar-condicionado fancolete hidrônico dutado 4,5 TR","un",0,"","",{"$f":"IF(A293<>\"\",IF(AND(#REF!=\"Padrão\",$H$4=#REF!),BDI!$B$17,IF(AND(#REF!=\"Padrão\",$H$4=#REF!),BDI!#REF!,IF(AND(#REF!=\"Diferenciado\",$H$4=#REF!),BDI!$E$17,IF(AND(#REF!=\"Diferenciado\",$H$4=#REF!),BDI!#REF!,IF(#REF!=\"ZERO\",0))))),\"\")","v":{"$error":"#REF!"}},"",""]
["SF-00289","Ar-condicionado fancolete hidrônico hi-wall 1,4 TR","un",0,"","",{"$f":"IF(A294<>\"\",IF(AND(#REF!=\"Padrão\",$H$4=#REF!),BDI!$B$17,IF(AND(#REF!=\"Padrão\",$H$4=#REF!),BDI!#REF!,IF(AND(#REF!=\"Diferenciado\",$H$4=#REF!),BDI!$E$17,IF(AND(#REF!=\"Diferenciado\",$H$4=#REF!),BDI!#REF!,IF(#REF!=\"ZERO\",0))))),\"\")","v":{"$error":"#REF!"}},"",""]
["SF-00290","Ar-condicionado split dutado inverter 30.000 BTU/h","un",0,"","",{"$f":"IF(A295<>\"\",IF(AND(#REF!=\"Padrão\",$H$4=#REF!),BDI!$B$17,IF(AND(#REF!=\"Padrão\",$H$4=#REF!),BDI!#REF!,IF(AND(#REF!=\"Diferenciado\",$H$4=#REF!),BDI!$E$17,IF(AND(#REF!=\"Diferenciado\",$H$4=#REF!),BDI!#REF!,IF(#REF!=\"ZERO\",0))))),\"\")","v":{"$error":"#REF!"}},"",""]
["SF-00291","Ar-condicionado split hi-wall inverter 12.000 BTU/h","un",0,"","",{"$f":"IF(A296<>\"\",IF(AND(#REF!=\"Padrão\",$H$4=#REF!),BDI!$B$17,IF(AND(#REF!=\"Padrão\",$H$4=#REF!),BDI!#REF!,IF(AND(#REF!=\"Diferenciado\",$H$4=#REF!),BDI!$E$17,IF(AND(#REF!=\"Diferenciado\",$H$4=#REF!),BDI!#REF!,IF(#REF!=\"ZERO\",0))))),\"\")","v":{"$error":"#REF!"}},"",""]
["SF-00292","Ar-condicionado split hi-wall inverter 22.000 BTU/h","un",0,"","",{"$f":"IF(A297<>\"\",IF(AND(#REF!=\"Padrão\",$H$4=#REF!),BDI!$B$17,IF(AND(#REF!=\"Padrão\",$H$4=#REF!),BDI!#REF!,IF(AND(#REF!=\"Diferenciado\",$H$4=#REF!),BDI!$E$17,IF(AND(#REF!=\"Diferenciado\",$H$4=#REF!),BDI!#REF!,IF(#REF!=\"ZERO\",0))))),\"\")","v":{"$error":"#REF!"}},"",""]
["SF-00293","Instalação de fancolete reaproveitado","un",0,{"$f":"OFFSET(INDEX(Composições!A:J,MATCH(Orçamentária!A298,Composições!A:A,0),8),2,0)","v":103.94899999999998},0,{"$f":"IF(A298<>\"\",IF(AND(#REF!=\"Padrão\",$H$4=#REF!),BDI!$B$17,IF(AND(#REF!=\"Padrão\",$H$4=#REF!),BDI!#REF!,IF(AND(#REF!=\"Diferenciado\",$H$4=#REF!),BDI!$E$17,IF(AND(#REF!=\"Diferenciado\",$H$4=#REF!),BDI!#REF!,IF(#REF!=\"ZERO\",0))))),\"\")","v":{"$error":"#REF!"}},{"$error":"#REF!"},{"$error":"#REF!"}]
["SF-00294","Instalação de split reaproveitado","un",0,{"$f":"OFFSET(INDEX(Composições!A:J,MATCH(Orçamentária!A299,Composições!A:A,0),8),2,0)","v":155.92349999999999},0,{"$f":"IF(A299<>\"\",IF(AND(#REF!=\"Padrão\",$H$4=#REF!),BDI!$B$17,IF(AND(#REF!=\"Padrão\",$H$4=#REF!),BDI!#REF!,IF(AND(#REF!=\"Diferenciado\",$H$4=#REF!),BDI!$E$17,IF(AND(#REF!=\"Diferenciado\",$H$4=#REF!),BDI!#REF!,IF(#REF!=\"ZERO\",0))))),\"\")","v":{"$error":"#REF!"}},{"$error":"#REF!"},{"$error":"#REF!"}]
["SF-00295","Exaustor axial 340 m3/h","un",0,{"$f":"OFFSET(INDEX(Composições!A:J,MATCH(Orçamentária!A300,Composições!A:A,0),8),2,0)","v":48.811},0,{"$f":"IF(A300<>\"\",IF(AND(#REF!=\"Padrão\",$H$4=#REF!),BDI!$B$17,IF(AND(#REF!=\"Padrão\",$H$4=#REF!),BDI!#REF!,IF(AND(#REF!=\"Diferenciado\",$H$4=#REF!),BDI!$E$17,IF(AND(#REF!=\"Diferenciado\",$H$4=#REF!),BDI!#REF!,IF(#REF!=\"ZERO\",0))))),\"\")","v":{"$error":"#REF!"}},{"$error":"#REF!"},{"$error":"#REF!"}]
["SF-00296","Exaustor axial 865 m3/h","un",0,{"$f":"OFFSET(INDEX(Composições!A:J,MATCH(Orçamentária!A301,Composições!A:A,0),8),2,0)","v":48.811},0,{"$f":"IF(A301<>\"\",IF(AND(#REF!=\"Padrão\",$H$4=#REF!),BDI!$B$17,IF(AND(#REF!=\"Padrão\",$H$4=#REF!),BDI!#REF!,IF(AND(#REF!=\"Diferenciado\",$H$4=#REF!),BDI!$E$17,IF(AND(#REF!=\"Diferenciado\",$H$4=#REF!),BDI!#REF!,IF(#REF!=\"ZERO\",0))))),\"\")","v":{"$error":"#REF!"}},{"$error":"#REF!"},{"$error":"#REF!"}]
["SF-00297","Duto chapa galvanizada # 22","m2",0,{"$f":"OFFSET(INDEX(Composições!A:J,MATCH(Orçamentária!A302,Composições!A:A,0),8),2,0)","v":294.98214399999995},0,{"$f":"IF(A302<>\"\",IF(AND(#REF!=\"Padrão\",$H$4=#REF!),BDI!$B$17,IF(AND(#REF!=\"Padrão\",$H$4=#REF!),BDI!#REF!,IF(AND(#REF!=\"Diferenciado\",$H$4=#REF!),BDI!$E$17,IF(AND(#REF!=\"Diferenciado\",$H$4=#REF!),BDI!#REF!,IF(#REF!=\"ZERO\",0))))),\"\")","v":{"$error":"#REF!"}},{"$error":"#REF!"},{"$error":"#REF!"}]
["SF-00298","Duto flexível 6”","m",0,{"$f":"OFFSET(INDEX(Composições!A:J,MATCH(Orçamentária!A303,Composições!A:A,0),8),2,0)","v":19.615600000000001},0,{"$f":"IF(A303<>\"\",IF(AND(#REF!=\"Padrão\",$H$4=#REF!),BDI!$B$17,IF(AND(#REF!=\"Padrão\",$H$4=#REF!),BDI!#REF!,IF(AND(#REF!=\"Diferenciado\",$H$4=#REF!),BDI!$E$17,IF(AND(#REF!=\"Diferenciado\",$H$4=#REF!),BDI!#REF!,IF(#REF!=\"ZERO\",0))))),\"\")","v":{"$error":"#REF!"}},{"$error":"#REF!"},{"$error":"#REF!"}]
["SF-00299","Duto flexível 8”","m",0,{"$f":"OFFSET(INDEX(Composições!A:J,MATCH(Orçamentária!A304,Composições!A:A,0),8),2,0)","v":19.615600000000001},0,{"$f":"IF(A304<>\"\",IF(AND(#REF!=\"Padrão\",$H$4=#REF!),BDI!$B$17,IF(AND(#REF!=\"Padrão\",$H$4=#REF!),BDI!#REF!,IF(AND(#REF!=\"Diferenciado\",$H$4=#REF!),BDI!$E$17,IF(AND(#REF!=\"Diferenciado\",$H$4=#REF!),BDI!#REF!,IF(#REF!=\"ZERO\",0))))),\"\")","v":{"$error":"#REF!"}},{"$error":"#REF!"},{"$error":"#REF!"}]
["SF-00300","Difusor de ar quadrado 360x360 mm","un",0,{"$f":"OFFSET(INDEX(Composições!A:J,MATCH(Orçamentária!A305,Composições!A:A,0),8),2,0)","v":129.93625},0,{"$f":"IF(A305<>\"\",IF(AND(#REF!=\"Padrão\",$H$4=#REF!),BDI!$B$17,IF(AND(#REF!=\"Padrão\",$H$4=#REF!),BDI!#REF!,IF(AND(#REF!=\"Diferenciado\",$H$4=#REF!),BDI!$E$17,IF(AND(#REF!=\"Diferenciado\",$H$4=#REF!),BDI!#REF!,IF(#REF!=\"ZERO\",0))))),\"\")","v":{"$error":"#REF!"}},{"$error":"#REF!"},{"$error":"#REF!"}]
["SF-00301","Difusor de ar quadrado com caixa plenum AK6 360x360 mm","un",0,{"$f":"OFFSET(INDEX(Composições!A:J,MATCH(Orçamentária!A306,Composições!A:A,0),8),2,0)","v":129.93625},0,{"$f":"IF(A306<>\"\",IF(AND(#REF!=\"Padrão\",$H$4=#REF!),BDI!$B$17,IF(AND(#REF!=\"Padrão\",$H$4=#REF!),BDI!#REF!,IF(AND(#REF!=\"Diferenciado\",$H$4=#REF!),BDI!$E$17,IF(AND(#REF!=\"Diferenciado\",$H$4=#REF!),BDI!#REF!,IF(#REF!=\"ZERO\",0))))),\"\")","v":{"$error":"#REF!"}},{"$error":"#REF!"},{"$error":"#REF!"}]
["SF-00302","Difusor de ar quadrado para insuflamento em duas direções perpendiculares 376x376 mm","un",0,{"$f":"OFFSET(INDEX(Composições!A:J,MATCH(Orçamentária!A307,Composições!A:A,0),8),2,0)","v":129.93625},0,{"$f":"IF(A307<>\"\",IF(AND(#REF!=\"Padrão\",$H$4=#REF!),BDI!$B$17,IF(AND(#REF!=\"Padrão\",$H$4=#REF!),BDI!#REF!,IF(AND(#REF!=\"Diferenciado\",$H$4=#REF!),BDI!$E$17,IF(AND(#REF!=\"Diferenciado\",$H$4=#REF!),BDI!#REF!,IF(#REF!=\"ZERO\",0))))),\"\")","v":{"$error":"#REF!"}},{"$error":"#REF!"},{"$error":"#REF!"}]
["SF-00303","Difusor de ar retangular para insuflamento em duas direções 371x208 mm","un",0,{"$f":"OFFSET(INDEX(Composições!A:J,MATCH(Orçamentária!A308,Composições!A:A,0),8),2,0)","v":129.93625},0,{"$f":"IF(A308<>\"\",IF(AND(#REF!=\"Padrão\",$H$4=#REF!),BDI!$B$17,IF(AND(#REF!=\"Padrão\",$H$4=#REF!),BDI!#REF!,IF(AND(#REF!=\"Diferenciado\",$H$4=#REF!),BDI!$E$17,IF(AND(#REF!=\"Diferenciado\",$H$4=#REF!),BDI!#REF!,IF(#REF!=\"ZERO\",0))))),\"\")","v":{"$error":"#REF!"}},{"$error":"#REF!"},{"$error":"#REF!"}]
["SF-00304","Difusor de ar retangular para insuflamento em três direções 264x432 mm","un",0,{"$f":"OFFSET(INDEX(Composições!A:J,MATCH(Orçamentária!A309,Composições!A:A,0),8),2,0)","v":129.93625},0,{"$f":"IF(A309<>\"\",IF(AND(#REF!=\"Padrão\",$H$4=#REF!),BDI!$B$17,IF(AND(#REF!=\"Padrão\",$H$4=#REF!),BDI!#REF!,IF(AND(#REF!=\"Diferenciado\",$H$4=#REF!),BDI!$E$17,IF(AND(#REF!=\"Diferenciado\",$H$4=#REF!),BDI!#REF!,IF(#REF!=\"ZERO\",0))))),\"\")","v":{"$error":"#REF!"}},{"$error":"#REF!"},{"$error":"#REF!"}]
["SF-00305","Difusor de ar retangular para insuflamento em três direções 320x562 mm","un",0,{"$f":"OFFSET(INDEX(Composições!A:J,MATCH(Orçamentária!A310,Composições!A:A,0),8),2,0)","v":129.93625},0,{"$f":"IF(A310<>\"\",IF(AND(#REF!=\"Padrão\",$H$4=#REF!),BDI!$B$17,IF(AND(#REF!=\"Padrão\",$H$4=#REF!),BDI!#REF!,IF(AND(#REF!=\"Diferenciado\",$H$4=#REF!),BDI!$E$17,IF(AND(#REF!=\"Diferenciado\",$H$4=#REF!),BDI!#REF!,IF(#REF!=\"ZERO\",0))))),\"\")","v":{"$error":"#REF!"}},{"$error":"#REF!"},{"$error":"#REF!"}]
["SF-00306","Difusor de ar retangular para insuflamento em três direções 371x208 mm","un",0,{"$f":"OFFSET(INDEX(Composições!A:J,MATCH(Orçamentária!A311,Composições!A:A,0),8),2,0)","v":129.93625},0,{"$f":"IF(A311<>\"\",IF(AND(#REF!=\"Padrão\",$H$4=#REF!),BDI!$B$17,IF(AND(#REF!=\"Padrão\",$H$4=#REF!),BDI!#REF!,IF(AND(#REF!=\"Diferenciado\",$H$4=#REF!),BDI!$E$17,IF(AND(#REF!=\"Diferenciado\",$H$4=#REF!),BDI!#REF!,IF(#REF!=\"ZERO\",0))))),\"\")","v":{"$error":"#REF!"}},{"$error":"#REF!"},{"$error":"#REF!"}]
["SF-00307","Difusor de ar retangular para insuflamento em uma direção 371x208 mm","un",0,{"$f":"OFFSET(INDEX(Composições!A:J,MATCH(Orçamentária!A312,Composições!A:A,0),8),2,0)","v":129.93625},0,{"$f":"IF(A312<>\"\",IF(AND(#REF!=\"Padrão\",$H$4=#REF!),BDI!$B$17,IF(AND(#REF!=\"Padrão\",$H$4=#REF!),BDI!#REF!,IF(AND(#REF!=\"Diferenciado\",$H$4=#REF!),BDI!$E$17,IF(AND(#REF!=\"Diferenciado\",$H$4=#REF!),BDI!#REF!,IF(#REF!=\"ZERO\",0))))),\"\")","v":{"$error":"#REF!"}},{"$error":"#REF!"},{"$error":"#REF!"}]
["SF-00308","Grelha para retorno retangular 425x225 mm","un",0,{"$f":"OFFSET(INDEX(Composições!A:J,MATCH(Orçamentária!A313,Composições!A:A,0),8),2,0)","v":181.91074999999998},0,{"$f":"IF(A313<>\"\",IF(AND(#REF!=\"Padrão\",$H$4=#REF!),BDI!$B$17,IF(AND(#REF!=\"Padrão\",$H$4=#REF!),BDI!#REF!,IF(AND(#REF!=\"Diferenciado\",$H$4=#REF!),BDI!$E$17,IF(AND(#REF!=\"Diferenciado\",$H$4=#REF!),BDI!#REF!,IF(#REF!=\"ZERO\",0))))),\"\")","v":{"$error":"#REF!"}},{"$error":"#REF!"},{"$error":"#REF!"}]
["SF-00309","Grelha para retorno retangular 525x325 mm","un",0,{"$f":"OFFSET(INDEX(Composições!A:J,MATCH(Orçamentária!A314,Composições!A:A,0),8),2,0)","v":181.91074999999998},0,{"$f":"IF(A314<>\"\",IF(AND(#REF!=\"Padrão\",$H$4=#REF!),BDI!$B$17,IF(AND(#REF!=\"Padrão\",$H$4=#REF!),BDI!#REF!,IF(AND(#REF!=\"Diferenciado\",$H$4=#REF!),BDI!$E$17,IF(AND(#REF!=\"Diferenciado\",$H$4=#REF!),BDI!#REF!,IF(#REF!=\"ZERO\",0))))),\"\")","v":{"$error":"#REF!"}},{"$error":"#REF!"},{"$error":"#REF!"}]
["SF-00310","Instalação de difusores, grelhas e acessórios de climatização reaproveitados","un",2,{"$f":"OFFSET(INDEX(Composições!A:J,MATCH(Orçamentária!A315,Composições!A:A,0),8),2,0)","v":129.93625},259.8725,{"$f":"BDI!$B$17","v":0.191},154.75,309.5]
["SF-00311","Instalação de exaustor reaproveitado","un",0,{"$f":"OFFSET(INDEX(Composições!A:J,MATCH(Orçamentária!A316,Composições!A:A,0),8),2,0)","v":48.811},0,{"$f":"IF(A316<>\"\",IF(AND(#REF!=\"Padrão\",$H$4=#REF!),BDI!$B$17,IF(AND(#REF!=\"Padrão\",$H$4=#REF!),BDI!#REF!,IF(AND(#REF!=\"Diferenciado\",$H$4=#REF!),BDI!$E$17,IF(AND(#REF!=\"Diferenciado\",$H$4=#REF!),BDI!#REF!,IF(#REF!=\"ZERO\",0))))),\"\")","v":{"$error":"#REF!"}},{"$error":"#REF!"},{"$error":"#REF!"}]
["SF-00312","Preparação para instalação de difusores/grelhas de ar em portas","un",1,{"$f":"OFFSET(INDEX(Composições!A:J,MATCH(Orçamentária!A317,Composições!A:A,0),8),2,0)","v":35.076374999999999},35.076374999999999,{"$f":"BDI!$B$17","v":0.191},41.78,41.78]
["SF-00313","Bomba para condensado de ar-condicionado para instalação oculta","un",0,{"$f":"OFFSET(INDEX(Composições!A:J,MATCH(Orçamentária!A318,Composições!A:A,0),8),2,0)","v":23.683500000000002},0,{"$f":"IF(A318<>\"\",IF(AND(#REF!=\"Padrão\",$H$4=#REF!),BDI!$B$17,IF(AND(#REF!=\"Padrão\",$H$4=#REF!),BDI!#REF!,IF(AND(#REF!=\"Diferenciado\",$H$4=#REF!),BDI!$E$17,IF(AND(#REF!=\"Diferenciado\",$H$4=#REF!),BDI!#REF!,IF(#REF!=\"ZERO\",0))))),\"\")","v":{"$error":"#REF!"}},{"$error":"#REF!"},{"$error":"#REF!"}]
["SF-00314","Fita aluminizada para refrigeração 48 mm","m",0,{"$f":"OFFSET(INDEX(Composições!A:J,MATCH(Orçamentária!A319,Composições!A:A,0),8),2,0)","v":1.15805},0,{"$f":"IF(A319<>\"\",IF(AND(#REF!=\"Padrão\",$H$4=#REF!),BDI!$B$17,IF(AND(#REF!=\"Padrão\",$H$4=#REF!),BDI!#REF!,IF(AND(#REF!=\"Diferenciado\",$H$4=#REF!),BDI!$E$17,IF(AND(#REF!=\"Diferenciado\",$H$4=#REF!),BDI!#REF!,IF(#REF!=\"ZERO\",0))))),\"\")","v":{"$error":"#REF!"}},{"$error":"#REF!"},{"$error":"#REF!"}]
["SF-00315","Fita PVC 100 mm para acabamento em refrigeração","m",0,{"$f":"OFFSET(INDEX(Composições!A:J,MATCH(Orçamentária!A320,Composições!A:A,0),8),2,0)","v":1.15805},0,{"$f":"IF(A320<>\"\",IF(AND(#REF!=\"Padrão\",$H$4=#REF!),BDI!$B$17,IF(AND(#REF!=\"Padrão\",$H$4=#REF!),BDI!#REF!,IF(AND(#REF!=\"Diferenciado\",$H$4=#REF!),BDI!$E$17,IF(AND(#REF!=\"Diferenciado\",$H$4=#REF!),BDI!#REF!,IF(#REF!=\"ZERO\",0))))),\"\")","v":{"$error":"#REF!"}},{"$error":"#REF!"},{"$error":"#REF!"}]
["SF-00316","Mangueira emborrachada 3/4\" para água gelada","m",0,{"$f":"OFFSET(INDEX(Composições!A:J,MATCH(Orçamentária!A321,Composições!A:A,0),8),2,0)","v":1.15805},0,{"$f":"IF(A321<>\"\",IF(AND(#REF!=\"Padrão\",$H$4=#REF!),BDI!$B$17,IF(AND(#REF!=\"Padrão\",$H$4=#REF!),BDI!#REF!,IF(AND(#REF!=\"Diferenciado\",$H$4=#REF!),BDI!$E$17,IF(AND(#REF!=\"Diferenciado\",$H$4=#REF!),BDI!#REF!,IF(#REF!=\"ZERO\",0))))),\"\")","v":{"$error":"#REF!"}},{"$error":"#REF!"},{"$error":"#REF!"}]
["SF-00317","Suporte para unidade condensadora de aparelho split","un",0,{"$f":"OFFSET(INDEX(Composições!A:J,MATCH(Orçamentária!A322,Composições!A:A,0),8),2,0)","v":23.683500000000002},0,{"$f":"IF(A322<>\"\",IF(AND(#REF!=\"Padrão\",$H$4=#REF!),BDI!$B$17,IF(AND(#REF!=\"Padrão\",$H$4=#REF!),BDI!#REF!,IF(AND(#REF!=\"Diferenciado\",$H$4=#REF!),BDI!$E$17,IF(AND(#REF!=\"Diferenciado\",$H$4=#REF!),BDI!#REF!,IF(#REF!=\"ZERO\",0))))),\"\")","v":{"$error":"#REF!"}},{"$error":"#REF!"},{"$error":"#REF!"}]
["SF-00318","Suporte para unidade evaporadora de aparelho split ou fancolete","un",0,{"$f":"OFFSET(INDEX(Composições!A:J,MATCH(Orçamentária!A323,Composições!A:A,0),8),2,0)","v":23.683500000000002},0,{"$f":"IF(A323<>\"\",IF(AND(#REF!=\"Padrão\",$H$4=#REF!),BDI!$B$17,IF(AND(#REF!=\"Padrão\",$H$4=#REF!),BDI!#REF!,IF(AND(#REF!=\"Diferenciado\",$H$4=#REF!),BDI!$E$17,IF(AND(#REF!=\"Diferenciado\",$H$4=#REF!),BDI!#REF!,IF(#REF!=\"ZERO\",0))))),\"\")","v":{"$error":"#REF!"}},{"$error":"#REF!"},{"$error":"#REF!"}]
["SF-00319","Filtro em Y 1\"","un",0,{"$f":"OFFSET(INDEX(Composições!A:J,MATCH(Orçamentária!A324,Composições!A:A,0),8),2,0)","v":7.2143247000000006},0,{"$f":"IF(A324<>\"\",IF(AND(#REF!=\"Padrão\",$H$4=#REF!),BDI!$B$17,IF(AND(#REF!=\"Padrão\",$H$4=#REF!),BDI!#REF!,IF(AND(#REF!=\"Diferenciado\",$H$4=#REF!),BDI!$E$17,IF(AND(#REF!=\"Diferenciado\",$H$4=#REF!),BDI!#REF!,IF(#REF!=\"ZERO\",0))))),\"\")","v":{"$error":"#REF!"}},{"$error":"#REF!"},{"$error":"#REF!"}]
["SF-00320","Filtro em Y 3/4\"","un",0,{"$f":"OFFSET(INDEX(Composições!A:J,MATCH(Orçamentária!A325,Composições!A:A,0),8),2,0)","v":5.3646500000000001},0,{"$f":"IF(A325<>\"\",IF(AND(#REF!=\"Padrão\",$H$4=#REF!),BDI!$B$17,IF(AND(#REF!=\"Padrão\",$H$4=#REF!),BDI!#REF!,IF(AND(#REF!=\"Diferenciado\",$H$4=#REF!),BDI!$E$17,IF(AND(#REF!=\"Diferenciado\",$H$4=#REF!),BDI!#REF!,IF(#REF!=\"ZERO\",0))))),\"\")","v":{"$error":"#REF!"}},{"$error":"#REF!"},{"$error":"#REF!"}]
["SF-00321","Válvula de balanceamento e controle independente da pressão (PIBCV) 2 vias 1\"","un",0,{"$f":"OFFSET(INDEX(Composições!A:J,MATCH(Orçamentária!A326,Composições!A:A,0),8),2,0)","v":7.2143247000000006},0,{"$f":"IF(A326<>\"\",IF(AND(#REF!=\"Padrão\",$H$4=#REF!),BDI!$B$17,IF(AND(#REF!=\"Padrão\",$H$4=#REF!),BDI!#REF!,IF(AND(#REF!=\"Diferenciado\",$H$4=#REF!),BDI!$E$17,IF(AND(#REF!=\"Diferenciado\",$H$4=#REF!),BDI!#REF!,IF(#REF!=\"ZERO\",0))))),\"\")","v":{"$error":"#REF!"}},{"$error":"#REF!"},{"$error":"#REF!"}]
["SF-00322","Válvula de balanceamento e controle independente da pressão (PIBCV) 2 vias 3/4\"","un",0,{"$f":"OFFSET(INDEX(Composições!A:J,MATCH(Orçamentária!A327,Composições!A:A,0),8),2,0)","v":5.3646500000000001},{"$f":"IF(ISNUMBER(E327),D327*E327,\"\")","v":0},{"$f":"IF(A327<>\"\",IF(AND(#REF!=\"Padrão\",$H$4=#REF!),BDI!$B$17,IF(AND(#REF!=\"Padrão\",$H$4=#REF!),BDI!#REF!,IF(AND(#REF!=\"Diferenciado\",$H$4=#REF!),BDI!$E$17,IF(AND(#REF!=\"Diferenciado\",$H$4=#REF!),BDI!#REF!,IF(#REF!=\"ZERO\",0))))),\"\")","v":{"$error":"#REF!"}},{"$f":"IF(ISNUMBER(E327),ROUND(E327*(1+G327),2),\"\")","v":{"$error":"#REF!"}},{"$f":"IF(ISNUMBER(E327),ROUND(H327*D327,2),\"\")","v":{"$error":"#REF!"}}]
["SF-00323","Válvula de esfera em bronze 1 1/2\"","un",0,{"$f":"OFFSET(INDEX(Composições!A:J,MATCH(Orçamentária!A328,Composições!A:A,0),8),2,0)","v":136.48779010000001},0,{"$f":"IF(A328<>\"\",IF(AND(#REF!=\"Padrão\",$H$4=#REF!),BDI!$B$17,IF(AND(#REF!=\"Padrão\",$H$4=#REF!),BDI!#REF!,IF(AND(#REF!=\"Diferenciado\",$H$4=#REF!),BDI!$E$17,IF(AND(#REF!=\"Diferenciado\",$H$4=#REF!),BDI!#REF!,IF(#REF!=\"ZERO\",0))))),\"\")","v":{"$error":"#REF!"}},{"$error":"#REF!"},{"$error":"#REF!"}]
["SF-00324","Válvula de esfera em bronze 1 1/4\"","un",0,{"$f":"OFFSET(INDEX(Composições!A:J,MATCH(Orçamentária!A329,Composições!A:A,0),8),2,0)","v":112.49737549999999},0,{"$f":"IF(A329<>\"\",IF(AND(#REF!=\"Padrão\",$H$4=#REF!),BDI!$B$17,IF(AND(#REF!=\"Padrão\",$H$4=#REF!),BDI!#REF!,IF(AND(#REF!=\"Diferenciado\",$H$4=#REF!),BDI!$E$17,IF(AND(#REF!=\"Diferenciado\",$H$4=#REF!),BDI!#REF!,IF(#REF!=\"ZERO\",0))))),\"\")","v":{"$error":"#REF!"}},{"$error":"#REF!"},{"$error":"#REF!"}]
["SF-00325","Válvula de esfera em bronze 1\"","un",0,{"$f":"OFFSET(INDEX(Composições!A:J,MATCH(Orçamentária!A330,Composições!A:A,0),8),2,0)","v":76.1178247},0,{"$f":"IF(A330<>\"\",IF(AND(#REF!=\"Padrão\",$H$4=#REF!),BDI!$B$17,IF(AND(#REF!=\"Padrão\",$H$4=#REF!),BDI!#REF!,IF(AND(#REF!=\"Diferenciado\",$H$4=#REF!),BDI!$E$17,IF(AND(#REF!=\"Diferenciado\",$H$4=#REF!),BDI!#REF!,IF(#REF!=\"ZERO\",0))))),\"\")","v":{"$error":"#REF!"}},{"$error":"#REF!"},{"$error":"#REF!"}]
["SF-00326","Válvula de esfera em bronze 3/4\"","un",0,{"$f":"OFFSET(INDEX(Composições!A:J,MATCH(Orçamentária!A331,Composições!A:A,0),8),2,0)","v":56.398650000000004},0,{"$f":"IF(A331<>\"\",IF(AND(#REF!=\"Padrão\",$H$4=#REF!),BDI!$B$17,IF(AND(#REF!=\"Padrão\",$H$4=#REF!),BDI!#REF!,IF(AND(#REF!=\"Diferenciado\",$H$4=#REF!),BDI!$E$17,IF(AND(#REF!=\"Diferenciado\",$H$4=#REF!),BDI!#REF!,IF(#REF!=\"ZERO\",0))))),\"\")","v":{"$error":"#REF!"}},{"$error":"#REF!"},{"$error":"#REF!"}]
["SF-00327","Isolamento elastomérico em formato de prancha autoadesiva","m2",0,{"$f":"OFFSET(INDEX(Composições!A:J,MATCH(Orçamentária!A332,Composições!A:A,0),8),2,0)","v":4.7367000000000008},0,{"$f":"IF(A332<>\"\",IF(AND(#REF!=\"Padrão\",$H$4=#REF!),BDI!$B$17,IF(AND(#REF!=\"Padrão\",$H$4=#REF!),BDI!#REF!,IF(AND(#REF!=\"Diferenciado\",$H$4=#REF!),BDI!$E$17,IF(AND(#REF!=\"Diferenciado\",$H$4=#REF!),BDI!#REF!,IF(#REF!=\"ZERO\",0))))),\"\")","v":{"$error":"#REF!"}},{"$error":"#REF!"},{"$error":"#REF!"}]
["SF-00328","Isolamento elastomérico para tubulações de cobre de 1 1/8\" / tubulações de ferro de 3/4\"","m",10,{"$f":"OFFSET(INDEX(Composições!A:J,MATCH(Orçamentária!A333,Composições!A:A,0),8),2,0)","v":35.014186399999993},350.14186399999994,{"$f":"BDI!$B$17","v":0.191},41.7,417]
["SF-00329","Isolamento elastomérico para tubulações de cobre de 1/2\"","m",0,{"$f":"OFFSET(INDEX(Composições!A:J,MATCH(Orçamentária!A334,Composições!A:A,0),8),2,0)","v":0.86681610000000009},0,{"$f":"IF(A334<>\"\",IF(AND(#REF!=\"Padrão\",$H$4=#REF!),BDI!$B$17,IF(AND(#REF!=\"Padrão\",$H$4=#REF!),BDI!#REF!,IF(AND(#REF!=\"Diferenciado\",$H$4=#REF!),BDI!$E$17,IF(AND(#REF!=\"Diferenciado\",$H$4=#REF!),BDI!#REF!,IF(#REF!=\"ZERO\",0))))),\"\")","v":{"$error":"#REF!"}},{"$error":"#REF!"},{"$error":"#REF!"}]
["SF-00330","Isolamento elastomérico para tubulações de cobre de 1/4\"","m",0,{"$f":"OFFSET(INDEX(Composições!A:J,MATCH(Orçamentária!A335,Composições!A:A,0),8),2,0)","v":0.73892519999999995},0,{"$f":"IF(A335<>\"\",IF(AND(#REF!=\"Padrão\",$H$4=#REF!),BDI!$B$17,IF(AND(#REF!=\"Padrão\",$H$4=#REF!),BDI!#REF!,IF(AND(#REF!=\"Diferenciado\",$H$4=#REF!),BDI!$E$17,IF(AND(#REF!=\"Diferenciado\",$H$4=#REF!),BDI!#REF!,IF(#REF!=\"ZERO\",0))))),\"\")","v":{"$error":"#REF!"}},{"$error":"#REF!"},{"$error":"#REF!"}]
["SF-00331","Isolamento elastomérico para tubulações de cobre de 3/4\"","m",0,{"$f":"OFFSET(INDEX(Composições!A:J,MATCH(Orçamentária!A336,Composições!A:A,0),8),2,0)","v":0.90944639999999999},0,{"$f":"IF(A336<>\"\",IF(AND(#REF!=\"Padrão\",$H$4=#REF!),BDI!$B$17,IF(AND(#REF!=\"Padrão\",$H$4=#REF!),BDI!#REF!,IF(AND(#REF!=\"Diferenciado\",$H$4=#REF!),BDI!$E$17,IF(AND(#REF!=\"Diferenciado\",$H$4=#REF!),BDI!#REF!,IF(#REF!=\"ZERO\",0))))),\"\")","v":{"$error":"#REF!"}},{"$error":"#REF!"},{"$error":"#REF!"}]
["SF-00332","Isolamento elastomérico para tubulações de cobre de 3/8\"","m",0,{"$f":"OFFSET(INDEX(Composições!A:J,MATCH(Orçamentária!A337,Composições!A:A,0),8),2,0)","v":0.80997570000000008},0,{"$f":"IF(A337<>\"\",IF(AND(#REF!=\"Padrão\",$H$4=#REF!),BDI!$B$17,IF(AND(#REF!=\"Padrão\",$H$4=#REF!),BDI!#REF!,IF(AND(#REF!=\"Diferenciado\",$H$4=#REF!),BDI!$E$17,IF(AND(#REF!=\"Diferenciado\",$H$4=#REF!),BDI!#REF!,IF(#REF!=\"ZERO\",0))))),\"\")","v":{"$error":"#REF!"}},{"$error":"#REF!"},{"$error":"#REF!"}]
["SF-00333","Isolamento elastomérico para tubulações de cobre de 5/8\"","m",0,{"$f":"OFFSET(INDEX(Composições!A:J,MATCH(Orçamentária!A338,Composições!A:A,0),8),2,0)","v":0.90944639999999999},0,{"$f":"IF(A338<>\"\",IF(AND(#REF!=\"Padrão\",$H$4=#REF!),BDI!$B$17,IF(AND(#REF!=\"Padrão\",$H$4=#REF!),BDI!#REF!,IF(AND(#REF!=\"Diferenciado\",$H$4=#REF!),BDI!$E$17,IF(AND(#REF!=\"Diferenciado\",$H$4=#REF!),BDI!#REF!,IF(#REF!=\"ZERO\",0))))),\"\")","v":{"$error":"#REF!"}},{"$error":"#REF!"},{"$error":"#REF!"}]
["SF-00334","Isolamento elastomérico para tubulações de cobre de 7/8\" / tubulações de ferro de 1/2\"","m",0,{"$f":"OFFSET(INDEX(Composições!A:J,MATCH(Orçamentária!A339,Composições!A:A,0),8),2,0)","v":0.90944639999999999},0,{"$f":"IF(A339<>\"\",IF(AND(#REF!=\"Padrão\",$H$4=#REF!),BDI!$B$17,IF(AND(#REF!=\"Padrão\",$H$4=#REF!),BDI!#REF!,IF(AND(#REF!=\"Diferenciado\",$H$4=#REF!),BDI!$E$17,IF(AND(#REF!=\"Diferenciado\",$H$4=#REF!),BDI!#REF!,IF(#REF!=\"ZERO\",0))))),\"\")","v":{"$error":"#REF!"}},{"$error":"#REF!"},{"$error":"#REF!"}]
["SF-00335","Isolamento elastomérico para tubulações de cobre de 1\"","m",0,{"$f":"OFFSET(INDEX(Composições!A:J,MATCH(Orçamentária!A340,Composições!A:A,0),8),2,0)","v":0.90944639999999999},0,{"$f":"IF(A340<>\"\",IF(AND(#REF!=\"Padrão\",$H$4=#REF!),BDI!$B$17,IF(AND(#REF!=\"Padrão\",$H$4=#REF!),BDI!#REF!,IF(AND(#REF!=\"Diferenciado\",$H$4=#REF!),BDI!$E$17,IF(AND(#REF!=\"Diferenciado\",$H$4=#REF!),BDI!#REF!,IF(#REF!=\"ZERO\",0))))),\"\")","v":{"$error":"#REF!"}},{"$error":"#REF!"},{"$error":"#REF!"}]
["SF-00336","Isolamento elastomérico para tubulações de ferro de 1 1/2\"","m",30,{"$f":"OFFSET(INDEX(Composições!A:J,MATCH(Orçamentária!A341,Composições!A:A,0),8),2,0)","v":42.223152399999996},1266.6945719999999,{"$f":"BDI!$B$17","v":0.191},50.29,1508.7]
["SF-00337","Isolamento elastomérico para tubulações de cobre 1 5/8\" / tubulações de ferro de 1 1/4\"","m",10,{"$f":"OFFSET(INDEX(Composições!A:J,MATCH(Orçamentária!A342,Composições!A:A,0),8),2,0)","v":39.69082439999999},396.90824399999991,{"$f":"BDI!$B$17","v":0.191},47.27,472.7]
["SF-00338","Isolamento elastomérico para tubulações de cobre 1 3/8\" / tubulações de ferro de 1\"","m",0,{"$f":"OFFSET(INDEX(Composições!A:J,MATCH(Orçamentária!A343,Composições!A:A,0),8),2,0)","v":0.90944639999999999},0,{"$f":"IF(A343<>\"\",IF(AND(#REF!=\"Padrão\",$H$4=#REF!),BDI!$B$17,IF(AND(#REF!=\"Padrão\",$H$4=#REF!),BDI!#REF!,IF(AND(#REF!=\"Diferenciado\",$H$4=#REF!),BDI!$E$17,IF(AND(#REF!=\"Diferenciado\",$H$4=#REF!),BDI!#REF!,IF(#REF!=\"ZERO\",0))))),\"\")","v":{"$error":"#REF!"}},{"$error":"#REF!"},{"$error":"#REF!"}]
["SF-00339","Proteção mecânica em alumínio","m2",0,{"$f":"OFFSET(INDEX(Composições!A:J,MATCH(Orçamentária!A344,Composições!A:A,0),8),2,0)","v":9.4734000000000016},0,{"$f":"IF(A344<>\"\",IF(AND(#REF!=\"Padrão\",$H$4=#REF!),BDI!$B$17,IF(AND(#REF!=\"Padrão\",$H$4=#REF!),BDI!#REF!,IF(AND(#REF!=\"Diferenciado\",$H$4=#REF!),BDI!$E$17,IF(AND(#REF!=\"Diferenciado\",$H$4=#REF!),BDI!#REF!,IF(#REF!=\"ZERO\",0))))),\"\")","v":{"$error":"#REF!"}},{"$error":"#REF!"},{"$error":"#REF!"}]
["SF-00340","Tubo de aço-carbono galvanizado 1 1/2\"","m",30,{"$f":"OFFSET(INDEX(Composições!A:J,MATCH(Orçamentária!A345,Composições!A:A,0),8),2,0)","v":61.219434499999991},1836.5830349999997,{"$f":"BDI!$B$17","v":0.191},72.91,2187.3000000000002]
["SF-00341","Tubo de aço-carbono galvanizado 1 1/4\"","m",10,{"$f":"OFFSET(INDEX(Composições!A:J,MATCH(Orçamentária!A346,Composições!A:A,0),8),2,0)","v":56.515347999999996},565.15347999999994,{"$f":"BDI!$B$17","v":0.191},67.31,673.1]
["SF-00342","Tubo de aço-carbono galvanizado 1\"","m",0,{"$f":"OFFSET(INDEX(Composições!A:J,MATCH(Orçamentária!A347,Composições!A:A,0),8),2,0)","v":46.522202999999998},0,{"$f":"IF(A347<>\"\",IF(AND(#REF!=\"Padrão\",$H$4=#REF!),BDI!$B$17,IF(AND(#REF!=\"Padrão\",$H$4=#REF!),BDI!#REF!,IF(AND(#REF!=\"Diferenciado\",$H$4=#REF!),BDI!$E$17,IF(AND(#REF!=\"Diferenciado\",$H$4=#REF!),BDI!#REF!,IF(#REF!=\"ZERO\",0))))),\"\")","v":{"$error":"#REF!"}},{"$error":"#REF!"},{"$error":"#REF!"}]
["SF-00343","Tubo de aço-carbono galvanizado 3/4\"","m",10,{"$f":"OFFSET(INDEX(Composições!A:J,MATCH(Orçamentária!A348,Composições!A:A,0),8),2,0)","v":42.899729499999999},428.99729500000001,{"$f":"BDI!$B$17","v":0.191},51.09,510.9]
["SF-00344","Tubo de cobre de 1/2\"","m",0,{"$f":"OFFSET(INDEX(Composições!A:J,MATCH(Orçamentária!A349,Composições!A:A,0),8),2,0)","v":45.897706249999992},0,{"$f":"IF(A349<>\"\",IF(AND(#REF!=\"Padrão\",$H$4=#REF!),BDI!$B$17,IF(AND(#REF!=\"Padrão\",$H$4=#REF!),BDI!#REF!,IF(AND(#REF!=\"Diferenciado\",$H$4=#REF!),BDI!$E$17,IF(AND(#REF!=\"Diferenciado\",$H$4=#REF!),BDI!#REF!,IF(#REF!=\"ZERO\",0))))),\"\")","v":{"$error":"#REF!"}},{"$error":"#REF!"},{"$error":"#REF!"}]
["SF-00345","Tubo de cobre de 1/4\"","m",0,{"$f":"OFFSET(INDEX(Composições!A:J,MATCH(Orçamentária!A350,Composições!A:A,0),8),2,0)","v":22.754734399999997},0,{"$f":"IF(A350<>\"\",IF(AND(#REF!=\"Padrão\",$H$4=#REF!),BDI!$B$17,IF(AND(#REF!=\"Padrão\",$H$4=#REF!),BDI!#REF!,IF(AND(#REF!=\"Diferenciado\",$H$4=#REF!),BDI!$E$17,IF(AND(#REF!=\"Diferenciado\",$H$4=#REF!),BDI!#REF!,IF(#REF!=\"ZERO\",0))))),\"\")","v":{"$error":"#REF!"}},{"$error":"#REF!"},{"$error":"#REF!"}]
["SF-00346","Tubo de cobre de 3/4\"","m",0,{"$f":"OFFSET(INDEX(Composições!A:J,MATCH(Orçamentária!A351,Composições!A:A,0),8),2,0)","v":68.123903399999989},0,{"$f":"IF(A351<>\"\",IF(AND(#REF!=\"Padrão\",$H$4=#REF!),BDI!$B$17,IF(AND(#REF!=\"Padrão\",$H$4=#REF!),BDI!#REF!,IF(AND(#REF!=\"Diferenciado\",$H$4=#REF!),BDI!$E$17,IF(AND(#REF!=\"Diferenciado\",$H$4=#REF!),BDI!#REF!,IF(#REF!=\"ZERO\",0))))),\"\")","v":{"$error":"#REF!"}},{"$error":"#REF!"},{"$error":"#REF!"}]
["SF-00347","Tubo de cobre de 3/8\"","m",0,{"$f":"OFFSET(INDEX(Composições!A:J,MATCH(Orçamentária!A352,Composições!A:A,0),8),2,0)","v":34.240944049999996},0,{"$f":"IF(A352<>\"\",IF(AND(#REF!=\"Padrão\",$H$4=#REF!),BDI!$B$17,IF(AND(#REF!=\"Padrão\",$H$4=#REF!),BDI!#REF!,IF(AND(#REF!=\"Diferenciado\",$H$4=#REF!),BDI!$E$17,IF(AND(#REF!=\"Diferenciado\",$H$4=#REF!),BDI!#REF!,IF(#REF!=\"ZERO\",0))))),\"\")","v":{"$error":"#REF!"}},{"$error":"#REF!"},{"$error":"#REF!"}]
["SF-00348","Tubo de cobre de 5/8\"","m",0,{"$f":"OFFSET(INDEX(Composições!A:J,MATCH(Orçamentária!A353,Composições!A:A,0),8),2,0)","v":56.69677329999999},0,{"$f":"IF(A353<>\"\",IF(AND(#REF!=\"Padrão\",$H$4=#REF!),BDI!$B$17,IF(AND(#REF!=\"Padrão\",$H$4=#REF!),BDI!#REF!,IF(AND(#REF!=\"Diferenciado\",$H$4=#REF!),BDI!$E$17,IF(AND(#REF!=\"Diferenciado\",$H$4=#REF!),BDI!#REF!,IF(#REF!=\"ZERO\",0))))),\"\")","v":{"$error":"#REF!"}},{"$error":"#REF!"},{"$error":"#REF!"}]
["SF-00349","Tubo de cobre de 7/8\"","m",0,{"$f":"OFFSET(INDEX(Composições!A:J,MATCH(Orçamentária!A354,Composições!A:A,0),8),2,0)","v":2.1220416000000002},0,{"$f":"IF(A354<>\"\",IF(AND(#REF!=\"Padrão\",$H$4=#REF!),BDI!$B$17,IF(AND(#REF!=\"Padrão\",$H$4=#REF!),BDI!#REF!,IF(AND(#REF!=\"Diferenciado\",$H$4=#REF!),BDI!$E$17,IF(AND(#REF!=\"Diferenciado\",$H$4=#REF!),BDI!#REF!,IF(#REF!=\"ZERO\",0))))),\"\")","v":{"$error":"#REF!"}},{"$error":"#REF!"},{"$error":"#REF!"}]
["SF-00350","Tubo de cobre de 1\"","m",0,{"$f":"OFFSET(INDEX(Composições!A:J,MATCH(Orçamentária!A355,Composições!A:A,0),8),2,0)","v":2.1220416000000002},0,{"$f":"IF(A355<>\"\",IF(AND(#REF!=\"Padrão\",$H$4=#REF!),BDI!$B$17,IF(AND(#REF!=\"Padrão\",$H$4=#REF!),BDI!#REF!,IF(AND(#REF!=\"Diferenciado\",$H$4=#REF!),BDI!$E$17,IF(AND(#REF!=\"Diferenciado\",$H$4=#REF!),BDI!#REF!,IF(#REF!=\"ZERO\",0))))),\"\")","v":{"$error":"#REF!"}},{"$error":"#REF!"},{"$error":"#REF!"}]
["SF-00351","Tubo de cobre de 1 1/8\"","m",0,{"$f":"OFFSET(INDEX(Composições!A:J,MATCH(Orçamentária!A356,Composições!A:A,0),8),2,0)","v":2.1220416000000002},0,{"$f":"IF(A356<>\"\",IF(AND(#REF!=\"Padrão\",$H$4=#REF!),BDI!$B$17,IF(AND(#REF!=\"Padrão\",$H$4=#REF!),BDI!#REF!,IF(AND(#REF!=\"Diferenciado\",$H$4=#REF!),BDI!$E$17,IF(AND(#REF!=\"Diferenciado\",$H$4=#REF!),BDI!#REF!,IF(#REF!=\"ZERO\",0))))),\"\")","v":{"$error":"#REF!"}},{"$error":"#REF!"},{"$error":"#REF!"}]
["SF-00352","Armário em MDF laminado com porta e prateleiras","m2",0,"","",{"$f":"IF(A357<>\"\",IF(AND(#REF!=\"Padrão\",$H$4=#REF!),BDI!$B$17,IF(AND(#REF!=\"Padrão\",$H$4=#REF!),BDI!#REF!,IF(AND(#REF!=\"Diferenciado\",$H$4=#REF!),BDI!$E$17,IF(AND(#REF!=\"Diferenciado\",$H$4=#REF!),BDI!#REF!,IF(#REF!=\"ZERO\",0))))),\"\")","v":{"$error":"#REF!"}},"",""]
["SF-00353","Armários em MDF laminado com módulo de gaveta (sem porta)","m2",0,"","",{"$f":"IF(A358<>\"\",IF(AND(#REF!=\"Padrão\",$H$4=#REF!),BDI!$B$17,IF(AND(#REF!=\"Padrão\",$H$4=#REF!),BDI!#REF!,IF(AND(#REF!=\"Diferenciado\",$H$4=#REF!),BDI!$E$17,IF(AND(#REF!=\"Diferenciado\",$H$4=#REF!),BDI!#REF!,IF(#REF!=\"ZERO\",0))))),\"\")","v":{"$error":"#REF!"}},"",""]
["SF-00354","Instalação de armários reaproveitados","m2",0,{"$f":"OFFSET(INDEX(Composições!A:J,MATCH(Orçamentária!A359,Composições!A:A,0),8),2,0)","v":112.98824999999999},0,{"$f":"IF(A359<>\"\",IF(AND(#REF!=\"Padrão\",$H$4=#REF!),BDI!$B$17,IF(AND(#REF!=\"Padrão\",$H$4=#REF!),BDI!#REF!,IF(AND(#REF!=\"Diferenciado\",$H$4=#REF!),BDI!$E$17,IF(AND(#REF!=\"Diferenciado\",$H$4=#REF!),BDI!#REF!,IF(#REF!=\"ZERO\",0))))),\"\")","v":{"$error":"#REF!"}},{"$error":"#REF!"},{"$error":"#REF!"}]
["SF-00355","Mesa/tampo de MDF, fixada em parede com mão-francesa","m2",0,{"$f":"OFFSET(INDEX(Composições!A:J,MATCH(Orçamentária!A360,Composições!A:A,0),8),2,0)","v":226.223975},0,{"$f":"IF(A360<>\"\",IF(AND(#REF!=\"Padrão\",$H$4=#REF!),BDI!$B$17,IF(AND(#REF!=\"Padrão\",$H$4=#REF!),BDI!#REF!,IF(AND(#REF!=\"Diferenciado\",$H$4=#REF!),BDI!$E$17,IF(AND(#REF!=\"Diferenciado\",$H$4=#REF!),BDI!#REF!,IF(#REF!=\"ZERO\",0))))),\"\")","v":{"$error":"#REF!"}},{"$error":"#REF!"},{"$error":"#REF!"}]
["SF-00356","Painel de TV em compensado","m2",0,{"$f":"OFFSET(INDEX(Composições!A:J,MATCH(Orçamentária!A361,Composições!A:A,0),8),2,0)","v":243.24179999999996},0,{"$f":"IF(A361<>\"\",IF(AND(#REF!=\"Padrão\",$H$4=#REF!),BDI!$B$17,IF(AND(#REF!=\"Padrão\",$H$4=#REF!),BDI!#REF!,IF(AND(#REF!=\"Diferenciado\",$H$4=#REF!),BDI!$E$17,IF(AND(#REF!=\"Diferenciado\",$H$4=#REF!),BDI!#REF!,IF(#REF!=\"ZERO\",0))))),\"\")","v":{"$error":"#REF!"}},{"$error":"#REF!"},{"$error":"#REF!"}]
["SF-00357","Painel de TV em MDF","m2",0,{"$f":"OFFSET(INDEX(Composições!A:J,MATCH(Orçamentária!A362,Composições!A:A,0),8),2,0)","v":186.86879999999996},0,{"$f":"IF(A362<>\"\",IF(AND(#REF!=\"Padrão\",$H$4=#REF!),BDI!$B$17,IF(AND(#REF!=\"Padrão\",$H$4=#REF!),BDI!#REF!,IF(AND(#REF!=\"Diferenciado\",$H$4=#REF!),BDI!$E$17,IF(AND(#REF!=\"Diferenciado\",$H$4=#REF!),BDI!#REF!,IF(#REF!=\"ZERO\",0))))),\"\")","v":{"$error":"#REF!"}},{"$error":"#REF!"},{"$error":"#REF!"}]
["SF-00358","Painel para TV de 90 x 120 cm","un",0,{"$f":"OFFSET(INDEX(Composições!A:J,MATCH(Orçamentária!A363,Composições!A:A,0),8),2,0)","v":46.768500000000003},0,{"$f":"IF(A363<>\"\",IF(AND(#REF!=\"Padrão\",$H$4=#REF!),BDI!$B$17,IF(AND(#REF!=\"Padrão\",$H$4=#REF!),BDI!#REF!,IF(AND(#REF!=\"Diferenciado\",$H$4=#REF!),BDI!$E$17,IF(AND(#REF!=\"Diferenciado\",$H$4=#REF!),BDI!#REF!,IF(#REF!=\"ZERO\",0))))),\"\")","v":{"$error":"#REF!"}},{"$error":"#REF!"},{"$error":"#REF!"}]
["SF-00359","Batentes e guarnições em madeira, com verniz ou esmalte","un",1,{"$f":"OFFSET(INDEX(Composições!A:J,MATCH(Orçamentária!A364,Composições!A:A,0),8),2,0)","v":321.04683564999999},321.04683564999999,{"$f":"BDI!$B$17","v":0.191},382.37,382.37]
["SF-00360","Chapa de proteção para porta – Linha Acessibilidade","m2",0,{"$f":"OFFSET(INDEX(Composições!A:J,MATCH(Orçamentária!A365,Composições!A:A,0),8),2,0)","v":13.697099999999999},0,{"$f":"IF(A365<>\"\",IF(AND(#REF!=\"Padrão\",$H$4=#REF!),BDI!$B$17,IF(AND(#REF!=\"Padrão\",$H$4=#REF!),BDI!#REF!,IF(AND(#REF!=\"Diferenciado\",$H$4=#REF!),BDI!$E$17,IF(AND(#REF!=\"Diferenciado\",$H$4=#REF!),BDI!#REF!,IF(#REF!=\"ZERO\",0))))),\"\")","v":{"$error":"#REF!"}},{"$error":"#REF!"},{"$error":"#REF!"}]
["SF-00361","Folha de porta em madeira 2,10x0,60m, pintada","un",0,{"$f":"OFFSET(INDEX(Composições!A:J,MATCH(Orçamentária!A366,Composições!A:A,0),8),2,0)","v":322.91838840000008},0,{"$f":"IF(A366<>\"\",IF(AND(#REF!=\"Padrão\",$H$4=#REF!),BDI!$B$17,IF(AND(#REF!=\"Padrão\",$H$4=#REF!),BDI!#REF!,IF(AND(#REF!=\"Diferenciado\",$H$4=#REF!),BDI!$E$17,IF(AND(#REF!=\"Diferenciado\",$H$4=#REF!),BDI!#REF!,IF(#REF!=\"ZERO\",0))))),\"\")","v":{"$error":"#REF!"}},{"$error":"#REF!"},{"$error":"#REF!"}]
["SF-00362","Folha de porta em madeira 2,10x0,70m, pintada","un",0,{"$f":"OFFSET(INDEX(Composições!A:J,MATCH(Orçamentária!A367,Composições!A:A,0),8),2,0)","v":339.25557484999996},0,{"$f":"IF(A367<>\"\",IF(AND(#REF!=\"Padrão\",$H$4=#REF!),BDI!$B$17,IF(AND(#REF!=\"Padrão\",$H$4=#REF!),BDI!#REF!,IF(AND(#REF!=\"Diferenciado\",$H$4=#REF!),BDI!$E$17,IF(AND(#REF!=\"Diferenciado\",$H$4=#REF!),BDI!#REF!,IF(#REF!=\"ZERO\",0))))),\"\")","v":{"$error":"#REF!"}},{"$error":"#REF!"},{"$error":"#REF!"}]
["SF-00363","Folha de porta em madeira 2,10x0,80m, pintada","un",0,{"$f":"OFFSET(INDEX(Composições!A:J,MATCH(Orçamentária!A368,Composições!A:A,0),8),2,0)","v":407.67834025000002},0,{"$f":"IF(A368<>\"\",IF(AND(#REF!=\"Padrão\",$H$4=#REF!),BDI!$B$17,IF(AND(#REF!=\"Padrão\",$H$4=#REF!),BDI!#REF!,IF(AND(#REF!=\"Diferenciado\",$H$4=#REF!),BDI!$E$17,IF(AND(#REF!=\"Diferenciado\",$H$4=#REF!),BDI!#REF!,IF(#REF!=\"ZERO\",0))))),\"\")","v":{"$error":"#REF!"}},{"$error":"#REF!"},{"$error":"#REF!"}]
["SF-00364","Folha de porta em madeira 2,10x0,90m, pintada","un",0,{"$f":"OFFSET(INDEX(Composições!A:J,MATCH(Orçamentária!A369,Composições!A:A,0),8),2,0)","v":462.26535864999994},0,{"$f":"IF(A369<>\"\",IF(AND(#REF!=\"Padrão\",$H$4=#REF!),BDI!$B$17,IF(AND(#REF!=\"Padrão\",$H$4=#REF!),BDI!#REF!,IF(AND(#REF!=\"Diferenciado\",$H$4=#REF!),BDI!$E$17,IF(AND(#REF!=\"Diferenciado\",$H$4=#REF!),BDI!#REF!,IF(#REF!=\"ZERO\",0))))),\"\")","v":{"$error":"#REF!"}},{"$error":"#REF!"},{"$error":"#REF!"}]
["SF-00365","Folha de porta em madeira 2,10x1,0m, pintada","un",1,{"$f":"OFFSET(INDEX(Composições!A:J,MATCH(Orçamentária!A370,Composições!A:A,0),8),2,0)","v":495.35405205000001},495.35405205000001,{"$f":"BDI!$B$17","v":0.191},589.97,589.97]
["SF-00366","Instalação de batentes de madeira reaproveitados","un",0,{"$f":"OFFSET(INDEX(Composições!A:J,MATCH(Orçamentária!A371,Composições!A:A,0),8),2,0)","v":98.792523499999987},0,{"$f":"IF(A371<>\"\",IF(AND(#REF!=\"Padrão\",$H$4=#REF!),BDI!$B$17,IF(AND(#REF!=\"Padrão\",$H$4=#REF!),BDI!#REF!,IF(AND(#REF!=\"Diferenciado\",$H$4=#REF!),BDI!$E$17,IF(AND(#REF!=\"Diferenciado\",$H$4=#REF!),BDI!#REF!,IF(#REF!=\"ZERO\",0))))),\"\")","v":{"$error":"#REF!"}},{"$error":"#REF!"},{"$error":"#REF!"}]
["SF-00367","Instalação de folhas de portas e dobradiças reaproveitadas","un",0,{"$f":"OFFSET(INDEX(Composições!A:J,MATCH(Orçamentária!A372,Composições!A:A,0),8),2,0)","v":71.879944999999992},0,{"$f":"IF(A372<>\"\",IF(AND(#REF!=\"Padrão\",$H$4=#REF!),BDI!$B$17,IF(AND(#REF!=\"Padrão\",$H$4=#REF!),BDI!#REF!,IF(AND(#REF!=\"Diferenciado\",$H$4=#REF!),BDI!$E$17,IF(AND(#REF!=\"Diferenciado\",$H$4=#REF!),BDI!#REF!,IF(#REF!=\"ZERO\",0))))),\"\")","v":{"$error":"#REF!"}},{"$error":"#REF!"},{"$error":"#REF!"}]
["SF-00368","Dobradiça para porta","un",3,{"$f":"OFFSET(INDEX(Composições!A:J,MATCH(Orçamentária!A373,Composições!A:A,0),8),2,0)","v":64.140294999999995},192.420885,{"$f":"BDI!$B$17","v":0.191},76.39,229.17]
["SF-00369","Fechadura para banheiro maçaneta em barra","un",0,{"$f":"OFFSET(INDEX(Composições!A:J,MATCH(Orçamentária!A374,Composições!A:A,0),8),2,0)","v":27.498433999999996},0,{"$f":"IF(A374<>\"\",IF(AND(#REF!=\"Padrão\",$H$4=#REF!),BDI!$B$17,IF(AND(#REF!=\"Padrão\",$H$4=#REF!),BDI!#REF!,IF(AND(#REF!=\"Diferenciado\",$H$4=#REF!),BDI!$E$17,IF(AND(#REF!=\"Diferenciado\",$H$4=#REF!),BDI!#REF!,IF(#REF!=\"ZERO\",0))))),\"\")","v":{"$error":"#REF!"}},{"$error":"#REF!"},{"$error":"#REF!"}]
["SF-00370","Fechadura para porta externa maçaneta em barra","un",1,{"$f":"OFFSET(INDEX(Composições!A:J,MATCH(Orçamentária!A375,Composições!A:A,0),8),2,0)","v":209.91042749999997},209.91042749999997,{"$f":"BDI!$B$17","v":0.191},250,250]
["SF-00371","Fechadura para porta interna maçaneta tubular","un",0,{"$f":"OFFSET(INDEX(Composições!A:J,MATCH(Orçamentária!A376,Composições!A:A,0),8),2,0)","v":35.910427499999997},0,{"$f":"IF(A376<>\"\",IF(AND(#REF!=\"Padrão\",$H$4=#REF!),BDI!$B$17,IF(AND(#REF!=\"Padrão\",$H$4=#REF!),BDI!#REF!,IF(AND(#REF!=\"Diferenciado\",$H$4=#REF!),BDI!$E$17,IF(AND(#REF!=\"Diferenciado\",$H$4=#REF!),BDI!#REF!,IF(#REF!=\"ZERO\",0))))),\"\")","v":{"$error":"#REF!"}},{"$error":"#REF!"},{"$error":"#REF!"}]
["SF-00372","Instalação de fechadura/puxador de porta reaproveitados","un",0,{"$f":"OFFSET(INDEX(Composições!A:J,MATCH(Orçamentária!A377,Composições!A:A,0),8),2,0)","v":35.910427499999997},0,{"$f":"IF(A377<>\"\",IF(AND(#REF!=\"Padrão\",$H$4=#REF!),BDI!$B$17,IF(AND(#REF!=\"Padrão\",$H$4=#REF!),BDI!#REF!,IF(AND(#REF!=\"Diferenciado\",$H$4=#REF!),BDI!$E$17,IF(AND(#REF!=\"Diferenciado\",$H$4=#REF!),BDI!#REF!,IF(#REF!=\"ZERO\",0))))),\"\")","v":{"$error":"#REF!"}},{"$error":"#REF!"},{"$error":"#REF!"}]
["SF-00373","Mola hidráulica aérea","un",0,{"$f":"OFFSET(INDEX(Composições!A:J,MATCH(Orçamentária!A378,Composições!A:A,0),8),2,0)","v":25.4315},0,{"$f":"IF(A378<>\"\",IF(AND(#REF!=\"Padrão\",$H$4=#REF!),BDI!$B$17,IF(AND(#REF!=\"Padrão\",$H$4=#REF!),BDI!#REF!,IF(AND(#REF!=\"Diferenciado\",$H$4=#REF!),BDI!$E$17,IF(AND(#REF!=\"Diferenciado\",$H$4=#REF!),BDI!#REF!,IF(#REF!=\"ZERO\",0))))),\"\")","v":{"$error":"#REF!"}},{"$error":"#REF!"},{"$error":"#REF!"}]
["SF-00374","Pivô em latão com acabamento cromado para portas pivotantes","un",0,{"$f":"OFFSET(INDEX(Composições!A:J,MATCH(Orçamentária!A379,Composições!A:A,0),8),2,0)","v":12.71575},0,{"$f":"IF(A379<>\"\",IF(AND(#REF!=\"Padrão\",$H$4=#REF!),BDI!$B$17,IF(AND(#REF!=\"Padrão\",$H$4=#REF!),BDI!#REF!,IF(AND(#REF!=\"Diferenciado\",$H$4=#REF!),BDI!$E$17,IF(AND(#REF!=\"Diferenciado\",$H$4=#REF!),BDI!#REF!,IF(#REF!=\"ZERO\",0))))),\"\")","v":{"$error":"#REF!"}},{"$error":"#REF!"},{"$error":"#REF!"}]
["SF-00375","Cabo de dados tipo UTP, tipo LSZH, categoria 6","m",0,{"$f":"OFFSET(INDEX(Composições!A:J,MATCH(Orçamentária!A380,Composições!A:A,0),8),2,0)","v":0.13667080000000001},0,{"$f":"IF(A380<>\"\",IF(AND(#REF!=\"Padrão\",$H$4=#REF!),BDI!$B$17,IF(AND(#REF!=\"Padrão\",$H$4=#REF!),BDI!#REF!,IF(AND(#REF!=\"Diferenciado\",$H$4=#REF!),BDI!$E$17,IF(AND(#REF!=\"Diferenciado\",$H$4=#REF!),BDI!#REF!,IF(#REF!=\"ZERO\",0))))),\"\")","v":{"$error":"#REF!"}},{"$error":"#REF!"},{"$error":"#REF!"}]
["SF-00376","Módulo (tomada) de rede RJ45, categoria 6, com conectorização e certificação","un",0,{"$f":"OFFSET(INDEX(Composições!A:J,MATCH(Orçamentária!A381,Composições!A:A,0),8),2,0)","v":20.129656400000002},0,{"$f":"IF(A381<>\"\",IF(AND(#REF!=\"Padrão\",$H$4=#REF!),BDI!$B$17,IF(AND(#REF!=\"Padrão\",$H$4=#REF!),BDI!#REF!,IF(AND(#REF!=\"Diferenciado\",$H$4=#REF!),BDI!$E$17,IF(AND(#REF!=\"Diferenciado\",$H$4=#REF!),BDI!#REF!,IF(#REF!=\"ZERO\",0))))),\"\")","v":{"$error":"#REF!"}},{"$error":"#REF!"},{"$error":"#REF!"}]
["SF-00377","Painel de distribuição (patch panel) de 24 portas, categoria 6","un",0,{"$f":"OFFSET(INDEX(Composições!A:J,MATCH(Orçamentária!A382,Composições!A:A,0),8),2,0)","v":302.6623677},0,{"$f":"IF(A382<>\"\",IF(AND(#REF!=\"Padrão\",$H$4=#REF!),BDI!$B$17,IF(AND(#REF!=\"Padrão\",$H$4=#REF!),BDI!#REF!,IF(AND(#REF!=\"Diferenciado\",$H$4=#REF!),BDI!$E$17,IF(AND(#REF!=\"Diferenciado\",$H$4=#REF!),BDI!#REF!,IF(#REF!=\"ZERO\",0))))),\"\")","v":{"$error":"#REF!"}},{"$error":"#REF!"},{"$error":"#REF!"}]
["SF-00378","Cabo de telefonia tipo CCI 50x2","m",0,{"$f":"OFFSET(INDEX(Composições!A:J,MATCH(Orçamentária!A383,Composições!A:A,0),8),2,0)","v":4.4754100999999995},0,{"$f":"IF(A383<>\"\",IF(AND(#REF!=\"Padrão\",$H$4=#REF!),BDI!$B$17,IF(AND(#REF!=\"Padrão\",$H$4=#REF!),BDI!#REF!,IF(AND(#REF!=\"Diferenciado\",$H$4=#REF!),BDI!$E$17,IF(AND(#REF!=\"Diferenciado\",$H$4=#REF!),BDI!#REF!,IF(#REF!=\"ZERO\",0))))),\"\")","v":{"$error":"#REF!"}},{"$error":"#REF!"},{"$error":"#REF!"}]
["SF-00379","Módulo (tomada) de rede RJ45, para telefonia","un",0,{"$f":"OFFSET(INDEX(Composições!A:J,MATCH(Orçamentária!A384,Composições!A:A,0),8),2,0)","v":45.642328200000001},0,{"$f":"IF(A384<>\"\",IF(AND(#REF!=\"Padrão\",$H$4=#REF!),BDI!$B$17,IF(AND(#REF!=\"Padrão\",$H$4=#REF!),BDI!#REF!,IF(AND(#REF!=\"Diferenciado\",$H$4=#REF!),BDI!$E$17,IF(AND(#REF!=\"Diferenciado\",$H$4=#REF!),BDI!#REF!,IF(#REF!=\"ZERO\",0))))),\"\")","v":{"$error":"#REF!"}},{"$error":"#REF!"},{"$error":"#REF!"}]
["SF-00380","Grelha para retorno para portas, divisórias e paredes 525x325 mm","un",0,{"$f":"OFFSET(INDEX(Composições!A:J,MATCH(Orçamentária!A385,Composições!A:A,0),8),2,0)","v":181.91074999999998},0,{"$f":"IF(A385<>\"\",IF(AND(#REF!=\"Padrão\",$H$4=#REF!),BDI!$B$17,IF(AND(#REF!=\"Padrão\",$H$4=#REF!),BDI!#REF!,IF(AND(#REF!=\"Diferenciado\",$H$4=#REF!),BDI!$E$17,IF(AND(#REF!=\"Diferenciado\",$H$4=#REF!),BDI!#REF!,IF(#REF!=\"ZERO\",0))))),\"\")","v":{"$error":"#REF!"}},{"$error":"#REF!"},{"$error":"#REF!"}]
["SF-00381","Anilina","25 g",0,"","",{"$f":"IF(A386<>\"\",IF(AND(#REF!=\"Padrão\",$H$4=#REF!),BDI!$B$17,IF(AND(#REF!=\"Padrão\",$H$4=#REF!),BDI!#REF!,IF(AND(#REF!=\"Diferenciado\",$H$4=#REF!),BDI!$E$17,IF(AND(#REF!=\"Diferenciado\",$H$4=#REF!),BDI!#REF!,IF(#REF!=\"ZERO\",0))))),\"\")","v":{"$error":"#REF!"}},"",""]
["SF-00382","Seladora incolor","L",0,"","",{"$f":"IF(A387<>\"\",IF(AND(#REF!=\"Padrão\",$H$4=#REF!),BDI!$B$17,IF(AND(#REF!=\"Padrão\",$H$4=#REF!),BDI!#REF!,IF(AND(#REF!=\"Diferenciado\",$H$4=#REF!),BDI!$E$17,IF(AND(#REF!=\"Diferenciado\",$H$4=#REF!),BDI!#REF!,IF(#REF!=\"ZERO\",0))))),\"\")","v":{"$error":"#REF!"}},"",""]
["SF-00383","Veladura","200 ml",0,"","",{"$f":"IF(A388<>\"\",IF(AND(#REF!=\"Padrão\",$H$4=#REF!),BDI!$B$17,IF(AND(#REF!=\"Padrão\",$H$4=#REF!),BDI!#REF!,IF(AND(#REF!=\"Diferenciado\",$H$4=#REF!),BDI!$E$17,IF(AND(#REF!=\"Diferenciado\",$H$4=#REF!),BDI!#REF!,IF(#REF!=\"ZERO\",0))))),\"\")","v":{"$error":"#REF!"}},"",""]
["SF-00384","Massa para calafetar madeira","kg",0,"","",{"$f":"IF(A389<>\"\",IF(AND(#REF!=\"Padrão\",$H$4=#REF!),BDI!$B$17,IF(AND(#REF!=\"Padrão\",$H$4=#REF!),BDI!#REF!,IF(AND(#REF!=\"Diferenciado\",$H$4=#REF!),BDI!$E$17,IF(AND(#REF!=\"Diferenciado\",$H$4=#REF!),BDI!#REF!,IF(#REF!=\"ZERO\",0))))),\"\")","v":{"$error":"#REF!"}},"",""]
["SF-00385","Removedor pastoso","kg",0,"","",{"$f":"IF(A390<>\"\",IF(AND(#REF!=\"Padrão\",$H$4=#REF!),BDI!$B$17,IF(AND(#REF!=\"Padrão\",$H$4=#REF!),BDI!#REF!,IF(AND(#REF!=\"Diferenciado\",$H$4=#REF!),BDI!$E$17,IF(AND(#REF!=\"Diferenciado\",$H$4=#REF!),BDI!#REF!,IF(#REF!=\"ZERO\",0))))),\"\")","v":{"$error":"#REF!"}},"",""]
["SF-00386","Tingidor para madeira","150 ml",0,"",{"$f":"IF(ISNUMBER(E391),D391*E391,\"\")","v":""},{"$f":"IF(A391<>\"\",IF(AND(#REF!=\"Padrão\",$H$4=#REF!),BDI!$B$17,IF(AND(#REF!=\"Padrão\",$H$4=#REF!),BDI!#REF!,IF(AND(#REF!=\"Diferenciado\",$H$4=#REF!),BDI!$E$17,IF(AND(#REF!=\"Diferenciado\",$H$4=#REF!),BDI!#REF!,IF(#REF!=\"ZERO\",0))))),\"\")","v":{"$error":"#REF!"}},{"$f":"IF(ISNUMBER(E391),ROUND(E391*(1+G391),2),\"\")","v":""},{"$f":"IF(ISNUMBER(E391),ROUND(H391*D391,2),\"\")","v":""}]
["SF-00387","Thinner","L",0,"","",{"$f":"IF(A392<>\"\",IF(AND(#REF!=\"Padrão\",$H$4=#REF!),BDI!$B$17,IF(AND(#REF!=\"Padrão\",$H$4=#REF!),BDI!#REF!,IF(AND(#REF!=\"Diferenciado\",$H$4=#REF!),BDI!$E$17,IF(AND(#REF!=\"Diferenciado\",$H$4=#REF!),BDI!#REF!,IF(#REF!=\"ZERO\",0))))),\"\")","v":{"$error":"#REF!"}},"",""]
["SF-00388","Goma Laca Indiana","Kg",0,"","",{"$f":"IF(A393<>\"\",IF(AND(#REF!=\"Padrão\",$H$4=#REF!),BDI!$B$17,IF(AND(#REF!=\"Padrão\",$H$4=#REF!),BDI!#REF!,IF(AND(#REF!=\"Diferenciado\",$H$4=#REF!),BDI!$E$17,IF(AND(#REF!=\"Diferenciado\",$H$4=#REF!),BDI!#REF!,IF(#REF!=\"ZERO\",0))))),\"\")","v":{"$error":"#REF!"}},"",""]
["SF-00389","Cera em pasta para madeira","kg",0,"","",{"$f":"IF(A394<>\"\",IF(AND(#REF!=\"Padrão\",$H$4=#REF!),BDI!$B$17,IF(AND(#REF!=\"Padrão\",$H$4=#REF!),BDI!#REF!,IF(AND(#REF!=\"Diferenciado\",$H$4=#REF!),BDI!$E$17,IF(AND(#REF!=\"Diferenciado\",$H$4=#REF!),BDI!#REF!,IF(#REF!=\"ZERO\",0))))),\"\")","v":{"$error":"#REF!"}},"",""]
["SF-00390","Fita de borda de 22 mm para encabeçamento","m",0,"","",{"$f":"IF(A395<>\"\",IF(AND(#REF!=\"Padrão\",$H$4=#REF!),BDI!$B$17,IF(AND(#REF!=\"Padrão\",$H$4=#REF!),BDI!#REF!,IF(AND(#REF!=\"Diferenciado\",$H$4=#REF!),BDI!$E$17,IF(AND(#REF!=\"Diferenciado\",$H$4=#REF!),BDI!#REF!,IF(#REF!=\"ZERO\",0))))),\"\")","v":{"$error":"#REF!"}},"",""]
["SF-00391","Fita de borda de 35 mm para encabeçamento","m",0,"","",{"$f":"IF(A396<>\"\",IF(AND(#REF!=\"Padrão\",$H$4=#REF!),BDI!$B$17,IF(AND(#REF!=\"Padrão\",$H$4=#REF!),BDI!#REF!,IF(AND(#REF!=\"Diferenciado\",$H$4=#REF!),BDI!$E$17,IF(AND(#REF!=\"Diferenciado\",$H$4=#REF!),BDI!#REF!,IF(#REF!=\"ZERO\",0))))),\"\")","v":{"$error":"#REF!"}},"",""]
["SF-00392","Fita de borda de 64 mm para encabeçamento","m",0,"","",{"$f":"IF(A397<>\"\",IF(AND(#REF!=\"Padrão\",$H$4=#REF!),BDI!$B$17,IF(AND(#REF!=\"Padrão\",$H$4=#REF!),BDI!#REF!,IF(AND(#REF!=\"Diferenciado\",$H$4=#REF!),BDI!$E$17,IF(AND(#REF!=\"Diferenciado\",$H$4=#REF!),BDI!#REF!,IF(#REF!=\"ZERO\",0))))),\"\")","v":{"$error":"#REF!"}},"",""]
["SF-00393","Fita de borda de 45 mm para encabeçamento","m",0,"","",{"$f":"IF(A398<>\"\",IF(AND(#REF!=\"Padrão\",$H$4=#REF!),BDI!$B$17,IF(AND(#REF!=\"Padrão\",$H$4=#REF!),BDI!#REF!,IF(AND(#REF!=\"Diferenciado\",$H$4=#REF!),BDI!$E$17,IF(AND(#REF!=\"Diferenciado\",$H$4=#REF!),BDI!#REF!,IF(#REF!=\"ZERO\",0))))),\"\")","v":{"$error":"#REF!"}},"",""]
["SF-00394","Suporte para prateleira redondo - 10mm x 15mm","un",0,"","",{"$f":"IF(A399<>\"\",IF(AND(#REF!=\"Padrão\",$H$4=#REF!),BDI!$B$17,IF(AND(#REF!=\"Padrão\",$H$4=#REF!),BDI!#REF!,IF(AND(#REF!=\"Diferenciado\",$H$4=#REF!),BDI!$E$17,IF(AND(#REF!=\"Diferenciado\",$H$4=#REF!),BDI!#REF!,IF(#REF!=\"ZERO\",0))))),\"\")","v":{"$error":"#REF!"}},"",""]
["SF-00395","Rodízio Giratório com Freio - 2 Polegadas","un",0,"","",{"$f":"IF(A400<>\"\",IF(AND(#REF!=\"Padrão\",$H$4=#REF!),BDI!$B$17,IF(AND(#REF!=\"Padrão\",$H$4=#REF!),BDI!#REF!,IF(AND(#REF!=\"Diferenciado\",$H$4=#REF!),BDI!$E$17,IF(AND(#REF!=\"Diferenciado\",$H$4=#REF!),BDI!#REF!,IF(#REF!=\"ZERO\",0))))),\"\")","v":{"$error":"#REF!"}},"",""]
["SF-00396","Rodízio fixo de 4 Polegadas","un",0,"","",{"$f":"IF(A401<>\"\",IF(AND(#REF!=\"Padrão\",$H$4=#REF!),BDI!$B$17,IF(AND(#REF!=\"Padrão\",$H$4=#REF!),BDI!#REF!,IF(AND(#REF!=\"Diferenciado\",$H$4=#REF!),BDI!$E$17,IF(AND(#REF!=\"Diferenciado\",$H$4=#REF!),BDI!#REF!,IF(#REF!=\"ZERO\",0))))),\"\")","v":{"$error":"#REF!"}},"",""]
["SF-00397","Rodízio Giratório  Ref. 1500HC – Base de Pino com Bucha","un",0,"","",{"$f":"IF(A402<>\"\",IF(AND(#REF!=\"Padrão\",$H$4=#REF!),BDI!$B$17,IF(AND(#REF!=\"Padrão\",$H$4=#REF!),BDI!#REF!,IF(AND(#REF!=\"Diferenciado\",$H$4=#REF!),BDI!$E$17,IF(AND(#REF!=\"Diferenciado\",$H$4=#REF!),BDI!#REF!,IF(#REF!=\"ZERO\",0))))),\"\")","v":{"$error":"#REF!"}},"",""]
["SF-00398","Cordão para Persiana Horizontal (metro)","m",0,"","",{"$f":"IF(A403<>\"\",IF(AND(#REF!=\"Padrão\",$H$4=#REF!),BDI!$B$17,IF(AND(#REF!=\"Padrão\",$H$4=#REF!),BDI!#REF!,IF(AND(#REF!=\"Diferenciado\",$H$4=#REF!),BDI!$E$17,IF(AND(#REF!=\"Diferenciado\",$H$4=#REF!),BDI!#REF!,IF(#REF!=\"ZERO\",0))))),\"\")","v":{"$error":"#REF!"}},"",""]
["SF-00399","Cordão para Persiana Vertical (metro)","m",0,"","",{"$f":"IF(A404<>\"\",IF(AND(#REF!=\"Padrão\",$H$4=#REF!),BDI!$B$17,IF(AND(#REF!=\"Padrão\",$H$4=#REF!),BDI!#REF!,IF(AND(#REF!=\"Diferenciado\",$H$4=#REF!),BDI!$E$17,IF(AND(#REF!=\"Diferenciado\",$H$4=#REF!),BDI!#REF!,IF(#REF!=\"ZERO\",0))))),\"\")","v":{"$error":"#REF!"}},"",""]
["SF-00400","Freio de Cordão de Persiana (travador de cordão) e acionador","un",0,"","",{"$f":"IF(A405<>\"\",IF(AND(#REF!=\"Padrão\",$H$4=#REF!),BDI!$B$17,IF(AND(#REF!=\"Padrão\",$H$4=#REF!),BDI!#REF!,IF(AND(#REF!=\"Diferenciado\",$H$4=#REF!),BDI!$E$17,IF(AND(#REF!=\"Diferenciado\",$H$4=#REF!),BDI!#REF!,IF(#REF!=\"ZERO\",0))))),\"\")","v":{"$error":"#REF!"}},"",""]
["SF-00401","Corrente para persiana (com clip)","m",0,"","",{"$f":"IF(A406<>\"\",IF(AND(#REF!=\"Padrão\",$H$4=#REF!),BDI!$B$17,IF(AND(#REF!=\"Padrão\",$H$4=#REF!),BDI!#REF!,IF(AND(#REF!=\"Diferenciado\",$H$4=#REF!),BDI!$E$17,IF(AND(#REF!=\"Diferenciado\",$H$4=#REF!),BDI!#REF!,IF(#REF!=\"ZERO\",0))))),\"\")","v":{"$error":"#REF!"}},"",""]
["SF-00402","Peso envelope para persiana","un",0,"","",{"$f":"IF(A407<>\"\",IF(AND(#REF!=\"Padrão\",$H$4=#REF!),BDI!$B$17,IF(AND(#REF!=\"Padrão\",$H$4=#REF!),BDI!#REF!,IF(AND(#REF!=\"Diferenciado\",$H$4=#REF!),BDI!$E$17,IF(AND(#REF!=\"Diferenciado\",$H$4=#REF!),BDI!#REF!,IF(#REF!=\"ZERO\",0))))),\"\")","v":{"$error":"#REF!"}},"",""]
["SF-00403","Rodízio de Cortina Comum","un",0,"","",{"$f":"IF(A408<>\"\",IF(AND(#REF!=\"Padrão\",$H$4=#REF!),BDI!$B$17,IF(AND(#REF!=\"Padrão\",$H$4=#REF!),BDI!#REF!,IF(AND(#REF!=\"Diferenciado\",$H$4=#REF!),BDI!$E$17,IF(AND(#REF!=\"Diferenciado\",$H$4=#REF!),BDI!#REF!,IF(#REF!=\"ZERO\",0))))),\"\")","v":{"$error":"#REF!"}},"",""]
["SF-00404","Cantoneira 2 furos - Cioba","un",0,"","",{"$f":"IF(A409<>\"\",IF(AND(#REF!=\"Padrão\",$H$4=#REF!),BDI!$B$17,IF(AND(#REF!=\"Padrão\",$H$4=#REF!),BDI!#REF!,IF(AND(#REF!=\"Diferenciado\",$H$4=#REF!),BDI!$E$17,IF(AND(#REF!=\"Diferenciado\",$H$4=#REF!),BDI!#REF!,IF(#REF!=\"ZERO\",0))))),\"\")","v":{"$error":"#REF!"}},"",""]
["SF-00405","Dobradiça para porta com anel","un",0,{"$f":"OFFSET(INDEX(Composições!A:J,MATCH(Orçamentária!A410,Composições!A:A,0),8),2,0)","v":27.236499999999999},0,{"$f":"IF(A410<>\"\",IF(AND(#REF!=\"Padrão\",$H$4=#REF!),BDI!$B$17,IF(AND(#REF!=\"Padrão\",$H$4=#REF!),BDI!#REF!,IF(AND(#REF!=\"Diferenciado\",$H$4=#REF!),BDI!$E$17,IF(AND(#REF!=\"Diferenciado\",$H$4=#REF!),BDI!#REF!,IF(#REF!=\"ZERO\",0))))),\"\")","v":{"$error":"#REF!"}},{"$error":"#REF!"},{"$error":"#REF!"}]
["SF-00406","Dobradiça curva para porta de armário (com parafuso de fixação)","un",0,"","",{"$f":"IF(A411<>\"\",IF(AND(#REF!=\"Padrão\",$H$4=#REF!),BDI!$B$17,IF(AND(#REF!=\"Padrão\",$H$4=#REF!),BDI!#REF!,IF(AND(#REF!=\"Diferenciado\",$H$4=#REF!),BDI!$E$17,IF(AND(#REF!=\"Diferenciado\",$H$4=#REF!),BDI!#REF!,IF(#REF!=\"ZERO\",0))))),\"\")","v":{"$error":"#REF!"}},"",""]
["SF-00407","Fechadura para porta externa maçaneta em barra (fornecimento)","un",0,{"$f":"OFFSET(INDEX(Composições!A:J,MATCH(Orçamentária!A412,Composições!A:A,0),8),2,0)","v":61.635999999999996},0,{"$f":"IF(A412<>\"\",IF(AND(#REF!=\"Padrão\",$H$4=#REF!),BDI!$B$17,IF(AND(#REF!=\"Padrão\",$H$4=#REF!),BDI!#REF!,IF(AND(#REF!=\"Diferenciado\",$H$4=#REF!),BDI!$E$17,IF(AND(#REF!=\"Diferenciado\",$H$4=#REF!),BDI!#REF!,IF(#REF!=\"ZERO\",0))))),\"\")","v":{"$error":"#REF!"}},{"$error":"#REF!"},{"$error":"#REF!"}]
["SF-00408","Fechadura para Porta Externa com Espelho - Millenio","un",0,{"$f":"OFFSET(INDEX(Composições!A:J,MATCH(Orçamentária!A413,Composições!A:A,0),8),2,0)","v":80.103999999999985},0,{"$f":"IF(A413<>\"\",IF(AND(#REF!=\"Padrão\",$H$4=#REF!),BDI!$B$17,IF(AND(#REF!=\"Padrão\",$H$4=#REF!),BDI!#REF!,IF(AND(#REF!=\"Diferenciado\",$H$4=#REF!),BDI!$E$17,IF(AND(#REF!=\"Diferenciado\",$H$4=#REF!),BDI!#REF!,IF(#REF!=\"ZERO\",0))))),\"\")","v":{"$error":"#REF!"}},{"$error":"#REF!"},{"$error":"#REF!"}]
["SF-00409","Fechadura para Porta de Banheiro com Espelho - Millenio","un",0,{"$f":"OFFSET(INDEX(Composições!A:J,MATCH(Orçamentária!A414,Composições!A:A,0),8),2,0)","v":48.469000000000001},0,{"$f":"IF(A414<>\"\",IF(AND(#REF!=\"Padrão\",$H$4=#REF!),BDI!$B$17,IF(AND(#REF!=\"Padrão\",$H$4=#REF!),BDI!#REF!,IF(AND(#REF!=\"Diferenciado\",$H$4=#REF!),BDI!$E$17,IF(AND(#REF!=\"Diferenciado\",$H$4=#REF!),BDI!#REF!,IF(#REF!=\"ZERO\",0))))),\"\")","v":{"$error":"#REF!"}},{"$error":"#REF!"},{"$error":"#REF!"}]
["SF-00410","Fechadura para porta de divisória - Soprano","un",0,"","",{"$f":"IF(A415<>\"\",IF(AND(#REF!=\"Padrão\",$H$4=#REF!),BDI!$B$17,IF(AND(#REF!=\"Padrão\",$H$4=#REF!),BDI!#REF!,IF(AND(#REF!=\"Diferenciado\",$H$4=#REF!),BDI!$E$17,IF(AND(#REF!=\"Diferenciado\",$H$4=#REF!),BDI!#REF!,IF(#REF!=\"ZERO\",0))))),\"\")","v":{"$error":"#REF!"}},"",""]
["SF-00411","Tarjeta Livre / Ocupado para portas de banheiro","un",0,{"$f":"OFFSET(INDEX(Composições!A:J,MATCH(Orçamentária!A416,Composições!A:A,0),8),2,0)","v":43.282000000000004},0,{"$f":"IF(A416<>\"\",IF(AND(#REF!=\"Padrão\",$H$4=#REF!),BDI!$B$17,IF(AND(#REF!=\"Padrão\",$H$4=#REF!),BDI!#REF!,IF(AND(#REF!=\"Diferenciado\",$H$4=#REF!),BDI!$E$17,IF(AND(#REF!=\"Diferenciado\",$H$4=#REF!),BDI!#REF!,IF(#REF!=\"ZERO\",0))))),\"\")","v":{"$error":"#REF!"}},{"$error":"#REF!"},{"$error":"#REF!"}]
["SF-00412","Fechadura tubular cilíndrica para porta de divisória","un",0,"","",{"$f":"IF(A417<>\"\",IF(AND(#REF!=\"Padrão\",$H$4=#REF!),BDI!$B$17,IF(AND(#REF!=\"Padrão\",$H$4=#REF!),BDI!#REF!,IF(AND(#REF!=\"Diferenciado\",$H$4=#REF!),BDI!$E$17,IF(AND(#REF!=\"Diferenciado\",$H$4=#REF!),BDI!#REF!,IF(#REF!=\"ZERO\",0))))),\"\")","v":{"$error":"#REF!"}},"",""]
["SF-00413","Fechadura Cilíndrica para Armário","un",0,"","",{"$f":"IF(A418<>\"\",IF(AND(#REF!=\"Padrão\",$H$4=#REF!),BDI!$B$17,IF(AND(#REF!=\"Padrão\",$H$4=#REF!),BDI!#REF!,IF(AND(#REF!=\"Diferenciado\",$H$4=#REF!),BDI!$E$17,IF(AND(#REF!=\"Diferenciado\",$H$4=#REF!),BDI!#REF!,IF(#REF!=\"ZERO\",0))))),\"\")","v":{"$error":"#REF!"}},"",""]
["SF-00414","Fechadura de embutir para armário e gaveta","un",0,{"$f":"OFFSET(INDEX(Composições!A:J,MATCH(Orçamentária!A419,Composições!A:A,0),8),2,0)","v":12.179},0,{"$f":"IF(A419<>\"\",IF(AND(#REF!=\"Padrão\",$H$4=#REF!),BDI!$B$17,IF(AND(#REF!=\"Padrão\",$H$4=#REF!),BDI!#REF!,IF(AND(#REF!=\"Diferenciado\",$H$4=#REF!),BDI!$E$17,IF(AND(#REF!=\"Diferenciado\",$H$4=#REF!),BDI!#REF!,IF(#REF!=\"ZERO\",0))))),\"\")","v":{"$error":"#REF!"}},{"$error":"#REF!"},{"$error":"#REF!"}]
["SF-00415","Fechadura de embutir para móveis – Fechamento Superior - Referência 861","un",0,{"$f":"OFFSET(INDEX(Composições!A:J,MATCH(Orçamentária!A420,Composições!A:A,0),8),2,0)","v":12.169499999999999},0,{"$f":"IF(A420<>\"\",IF(AND(#REF!=\"Padrão\",$H$4=#REF!),BDI!$B$17,IF(AND(#REF!=\"Padrão\",$H$4=#REF!),BDI!#REF!,IF(AND(#REF!=\"Diferenciado\",$H$4=#REF!),BDI!$E$17,IF(AND(#REF!=\"Diferenciado\",$H$4=#REF!),BDI!#REF!,IF(#REF!=\"ZERO\",0))))),\"\")","v":{"$error":"#REF!"}},{"$error":"#REF!"},{"$error":"#REF!"}]
["SF-00416","Fechadura de embutir para móveis – Fechamento lateral - Referência 871","un",0,{"$f":"OFFSET(INDEX(Composições!A:J,MATCH(Orçamentária!A421,Composições!A:A,0),8),2,0)","v":12.169499999999999},0,{"$f":"IF(A421<>\"\",IF(AND(#REF!=\"Padrão\",$H$4=#REF!),BDI!$B$17,IF(AND(#REF!=\"Padrão\",$H$4=#REF!),BDI!#REF!,IF(AND(#REF!=\"Diferenciado\",$H$4=#REF!),BDI!$E$17,IF(AND(#REF!=\"Diferenciado\",$H$4=#REF!),BDI!#REF!,IF(#REF!=\"ZERO\",0))))),\"\")","v":{"$error":"#REF!"}},{"$error":"#REF!"},{"$error":"#REF!"}]
["SF-00417","Fechadura para porta de correr (Bico de Papagaio)","un",0,"","",{"$f":"IF(A422<>\"\",IF(AND(#REF!=\"Padrão\",$H$4=#REF!),BDI!$B$17,IF(AND(#REF!=\"Padrão\",$H$4=#REF!),BDI!#REF!,IF(AND(#REF!=\"Diferenciado\",$H$4=#REF!),BDI!$E$17,IF(AND(#REF!=\"Diferenciado\",$H$4=#REF!),BDI!#REF!,IF(#REF!=\"ZERO\",0))))),\"\")","v":{"$error":"#REF!"}},"",""]
["SF-00418","Fechadura para Gaveteiro","un",0,"","",{"$f":"IF(A423<>\"\",IF(AND(#REF!=\"Padrão\",$H$4=#REF!),BDI!$B$17,IF(AND(#REF!=\"Padrão\",$H$4=#REF!),BDI!#REF!,IF(AND(#REF!=\"Diferenciado\",$H$4=#REF!),BDI!$E$17,IF(AND(#REF!=\"Diferenciado\",$H$4=#REF!),BDI!#REF!,IF(#REF!=\"ZERO\",0))))),\"\")","v":{"$error":"#REF!"}},"",""]
["SF-00419","Fechadura para porta de divisória – LaFonte","un",0,"","",{"$f":"IF(A424<>\"\",IF(AND(#REF!=\"Padrão\",$H$4=#REF!),BDI!$B$17,IF(AND(#REF!=\"Padrão\",$H$4=#REF!),BDI!#REF!,IF(AND(#REF!=\"Diferenciado\",$H$4=#REF!),BDI!$E$17,IF(AND(#REF!=\"Diferenciado\",$H$4=#REF!),BDI!#REF!,IF(#REF!=\"ZERO\",0))))),\"\")","v":{"$error":"#REF!"}},"",""]
["SF-00420","Fechadura para Porta de divisória - Lockwell","un",0,"","",{"$f":"IF(A425<>\"\",IF(AND(#REF!=\"Padrão\",$H$4=#REF!),BDI!$B$17,IF(AND(#REF!=\"Padrão\",$H$4=#REF!),BDI!#REF!,IF(AND(#REF!=\"Diferenciado\",$H$4=#REF!),BDI!$E$17,IF(AND(#REF!=\"Diferenciado\",$H$4=#REF!),BDI!#REF!,IF(#REF!=\"ZERO\",0))))),\"\")","v":{"$error":"#REF!"}},"",""]
["SF-00421","Fechadura para Vitrine de 140 mm","un",0,"","",{"$f":"IF(A426<>\"\",IF(AND(#REF!=\"Padrão\",$H$4=#REF!),BDI!$B$17,IF(AND(#REF!=\"Padrão\",$H$4=#REF!),BDI!#REF!,IF(AND(#REF!=\"Diferenciado\",$H$4=#REF!),BDI!$E$17,IF(AND(#REF!=\"Diferenciado\",$H$4=#REF!),BDI!#REF!,IF(#REF!=\"ZERO\",0))))),\"\")","v":{"$error":"#REF!"}},"",""]
["SF-00422","Fecho para porta de armário – Tipo Gangorra – 75 mm","un",0,"","",{"$f":"IF(A427<>\"\",IF(AND(#REF!=\"Padrão\",$H$4=#REF!),BDI!$B$17,IF(AND(#REF!=\"Padrão\",$H$4=#REF!),BDI!#REF!,IF(AND(#REF!=\"Diferenciado\",$H$4=#REF!),BDI!$E$17,IF(AND(#REF!=\"Diferenciado\",$H$4=#REF!),BDI!#REF!,IF(#REF!=\"ZERO\",0))))),\"\")","v":{"$error":"#REF!"}},"",""]
["SF-00423","Fecho para porta de armário – Tipo Gangorra – 130 mm","un",0,"","",{"$f":"IF(A428<>\"\",IF(AND(#REF!=\"Padrão\",$H$4=#REF!),BDI!$B$17,IF(AND(#REF!=\"Padrão\",$H$4=#REF!),BDI!#REF!,IF(AND(#REF!=\"Diferenciado\",$H$4=#REF!),BDI!$E$17,IF(AND(#REF!=\"Diferenciado\",$H$4=#REF!),BDI!#REF!,IF(#REF!=\"ZERO\",0))))),\"\")","v":{"$error":"#REF!"}},"",""]
["SF-00424","Fecho de Pressão Tipo Roller","un",0,"","",{"$f":"IF(A429<>\"\",IF(AND(#REF!=\"Padrão\",$H$4=#REF!),BDI!$B$17,IF(AND(#REF!=\"Padrão\",$H$4=#REF!),BDI!#REF!,IF(AND(#REF!=\"Diferenciado\",$H$4=#REF!),BDI!$E$17,IF(AND(#REF!=\"Diferenciado\",$H$4=#REF!),BDI!#REF!,IF(#REF!=\"ZERO\",0))))),\"\")","v":{"$error":"#REF!"}},"",""]
["SF-00425","Fecho Eletromagnético","un",0,"","",{"$f":"IF(A430<>\"\",IF(AND(#REF!=\"Padrão\",$H$4=#REF!),BDI!$B$17,IF(AND(#REF!=\"Padrão\",$H$4=#REF!),BDI!#REF!,IF(AND(#REF!=\"Diferenciado\",$H$4=#REF!),BDI!$E$17,IF(AND(#REF!=\"Diferenciado\",$H$4=#REF!),BDI!#REF!,IF(#REF!=\"ZERO\",0))))),\"\")","v":{"$error":"#REF!"}},"",""]
["SF-00426","Acionador de Fechadura Elétrica","un",0,"","",{"$f":"IF(A431<>\"\",IF(AND(#REF!=\"Padrão\",$H$4=#REF!),BDI!$B$17,IF(AND(#REF!=\"Padrão\",$H$4=#REF!),BDI!#REF!,IF(AND(#REF!=\"Diferenciado\",$H$4=#REF!),BDI!$E$17,IF(AND(#REF!=\"Diferenciado\",$H$4=#REF!),BDI!#REF!,IF(#REF!=\"ZERO\",0))))),\"\")","v":{"$error":"#REF!"}},"",""]
["SF-00427","Puxador em Botão côncavo de 25mm de diâmetro","un",0,"","",{"$f":"IF(A432<>\"\",IF(AND(#REF!=\"Padrão\",$H$4=#REF!),BDI!$B$17,IF(AND(#REF!=\"Padrão\",$H$4=#REF!),BDI!#REF!,IF(AND(#REF!=\"Diferenciado\",$H$4=#REF!),BDI!$E$17,IF(AND(#REF!=\"Diferenciado\",$H$4=#REF!),BDI!#REF!,IF(#REF!=\"ZERO\",0))))),\"\")","v":{"$error":"#REF!"}},"",""]
["SF-00428","Puxador em botão convexo de 25mm de diâmetro","un",0,"","",{"$f":"IF(A433<>\"\",IF(AND(#REF!=\"Padrão\",$H$4=#REF!),BDI!$B$17,IF(AND(#REF!=\"Padrão\",$H$4=#REF!),BDI!#REF!,IF(AND(#REF!=\"Diferenciado\",$H$4=#REF!),BDI!$E$17,IF(AND(#REF!=\"Diferenciado\",$H$4=#REF!),BDI!#REF!,IF(#REF!=\"ZERO\",0))))),\"\")","v":{"$error":"#REF!"}},"",""]
["SF-00429","Corrediça Simples de Roldanas - 250 mm a 300 mm","par",0,"","",{"$f":"IF(A434<>\"\",IF(AND(#REF!=\"Padrão\",$H$4=#REF!),BDI!$B$17,IF(AND(#REF!=\"Padrão\",$H$4=#REF!),BDI!#REF!,IF(AND(#REF!=\"Diferenciado\",$H$4=#REF!),BDI!$E$17,IF(AND(#REF!=\"Diferenciado\",$H$4=#REF!),BDI!#REF!,IF(#REF!=\"ZERO\",0))))),\"\")","v":{"$error":"#REF!"}},"",""]
["SF-00430","Corrediça Simples de Roldanas - 350 mm a 400 mm","par",0,"","",{"$f":"IF(A435<>\"\",IF(AND(#REF!=\"Padrão\",$H$4=#REF!),BDI!$B$17,IF(AND(#REF!=\"Padrão\",$H$4=#REF!),BDI!#REF!,IF(AND(#REF!=\"Diferenciado\",$H$4=#REF!),BDI!$E$17,IF(AND(#REF!=\"Diferenciado\",$H$4=#REF!),BDI!#REF!,IF(#REF!=\"ZERO\",0))))),\"\")","v":{"$error":"#REF!"}},"",""]
["SF-00431","Corrediça Simples de Roldanas - 450 mm a 500 mm","par",0,"","",{"$f":"IF(A436<>\"\",IF(AND(#REF!=\"Padrão\",$H$4=#REF!),BDI!$B$17,IF(AND(#REF!=\"Padrão\",$H$4=#REF!),BDI!#REF!,IF(AND(#REF!=\"Diferenciado\",$H$4=#REF!),BDI!$E$17,IF(AND(#REF!=\"Diferenciado\",$H$4=#REF!),BDI!#REF!,IF(#REF!=\"ZERO\",0))))),\"\")","v":{"$error":"#REF!"}},"",""]
["SF-00432","Corrediça Simples de Roldanas - 550 mm","par",0,"","",{"$f":"IF(A437<>\"\",IF(AND(#REF!=\"Padrão\",$H$4=#REF!),BDI!$B$17,IF(AND(#REF!=\"Padrão\",$H$4=#REF!),BDI!#REF!,IF(AND(#REF!=\"Diferenciado\",$H$4=#REF!),BDI!$E$17,IF(AND(#REF!=\"Diferenciado\",$H$4=#REF!),BDI!#REF!,IF(#REF!=\"ZERO\",0))))),\"\")","v":{"$error":"#REF!"}},"",""]
["SF-00433","Corrediça Telescópica - 300 mm","par",0,"","",{"$f":"IF(A438<>\"\",IF(AND(#REF!=\"Padrão\",$H$4=#REF!),BDI!$B$17,IF(AND(#REF!=\"Padrão\",$H$4=#REF!),BDI!#REF!,IF(AND(#REF!=\"Diferenciado\",$H$4=#REF!),BDI!$E$17,IF(AND(#REF!=\"Diferenciado\",$H$4=#REF!),BDI!#REF!,IF(#REF!=\"ZERO\",0))))),\"\")","v":{"$error":"#REF!"}},"",""]
["SF-00434","Corrediça Telescópica - 400 mm; 450 mm; 500 mm","par",0,"","",{"$f":"IF(A439<>\"\",IF(AND(#REF!=\"Padrão\",$H$4=#REF!),BDI!$B$17,IF(AND(#REF!=\"Padrão\",$H$4=#REF!),BDI!#REF!,IF(AND(#REF!=\"Diferenciado\",$H$4=#REF!),BDI!$E$17,IF(AND(#REF!=\"Diferenciado\",$H$4=#REF!),BDI!#REF!,IF(#REF!=\"ZERO\",0))))),\"\")","v":{"$error":"#REF!"}},"",""]
["SF-00435","Gancho de ferro com rosca – 17 x 50","un",0,"","",{"$f":"IF(A440<>\"\",IF(AND(#REF!=\"Padrão\",$H$4=#REF!),BDI!$B$17,IF(AND(#REF!=\"Padrão\",$H$4=#REF!),BDI!#REF!,IF(AND(#REF!=\"Diferenciado\",$H$4=#REF!),BDI!$E$17,IF(AND(#REF!=\"Diferenciado\",$H$4=#REF!),BDI!#REF!,IF(#REF!=\"ZERO\",0))))),\"\")","v":{"$error":"#REF!"}},"",""]
["SF-00436","Gancho de ferro tipo \"pitão\" com rosca – 21 x 80","un",0,"","",{"$f":"IF(A441<>\"\",IF(AND(#REF!=\"Padrão\",$H$4=#REF!),BDI!$B$17,IF(AND(#REF!=\"Padrão\",$H$4=#REF!),BDI!#REF!,IF(AND(#REF!=\"Diferenciado\",$H$4=#REF!),BDI!$E$17,IF(AND(#REF!=\"Diferenciado\",$H$4=#REF!),BDI!#REF!,IF(#REF!=\"ZERO\",0))))),\"\")","v":{"$error":"#REF!"}},"",""]
["SF-00437","Suporte triangular para quadro - nº 2","un",0,"","",{"$f":"IF(A442<>\"\",IF(AND(#REF!=\"Padrão\",$H$4=#REF!),BDI!$B$17,IF(AND(#REF!=\"Padrão\",$H$4=#REF!),BDI!#REF!,IF(AND(#REF!=\"Diferenciado\",$H$4=#REF!),BDI!$E$17,IF(AND(#REF!=\"Diferenciado\",$H$4=#REF!),BDI!#REF!,IF(#REF!=\"ZERO\",0))))),\"\")","v":{"$error":"#REF!"}},"",""]
["SF-00438","Suporte triangular para quadro - nº 3","un",0,"","",{"$f":"IF(A443<>\"\",IF(AND(#REF!=\"Padrão\",$H$4=#REF!),BDI!$B$17,IF(AND(#REF!=\"Padrão\",$H$4=#REF!),BDI!#REF!,IF(AND(#REF!=\"Diferenciado\",$H$4=#REF!),BDI!$E$17,IF(AND(#REF!=\"Diferenciado\",$H$4=#REF!),BDI!#REF!,IF(#REF!=\"ZERO\",0))))),\"\")","v":{"$error":"#REF!"}},"",""]
["SF-00439","Sapata niveladora para móveis com rosca 3/8\"","un",0,"","",{"$f":"IF(A444<>\"\",IF(AND(#REF!=\"Padrão\",$H$4=#REF!),BDI!$B$17,IF(AND(#REF!=\"Padrão\",$H$4=#REF!),BDI!#REF!,IF(AND(#REF!=\"Diferenciado\",$H$4=#REF!),BDI!$E$17,IF(AND(#REF!=\"Diferenciado\",$H$4=#REF!),BDI!#REF!,IF(#REF!=\"ZERO\",0))))),\"\")","v":{"$error":"#REF!"}},"",""]
["SF-00440","Sapata niveladora para móveis com base de 40 mm","un",0,"","",{"$f":"IF(A445<>\"\",IF(AND(#REF!=\"Padrão\",$H$4=#REF!),BDI!$B$17,IF(AND(#REF!=\"Padrão\",$H$4=#REF!),BDI!#REF!,IF(AND(#REF!=\"Diferenciado\",$H$4=#REF!),BDI!$E$17,IF(AND(#REF!=\"Diferenciado\",$H$4=#REF!),BDI!#REF!,IF(#REF!=\"ZERO\",0))))),\"\")","v":{"$error":"#REF!"}},"",""]
["SF-00441","Sapata niveladora para móveis com base de 60 mm","un",0,"","",{"$f":"IF(A446<>\"\",IF(AND(#REF!=\"Padrão\",$H$4=#REF!),BDI!$B$17,IF(AND(#REF!=\"Padrão\",$H$4=#REF!),BDI!#REF!,IF(AND(#REF!=\"Diferenciado\",$H$4=#REF!),BDI!$E$17,IF(AND(#REF!=\"Diferenciado\",$H$4=#REF!),BDI!#REF!,IF(#REF!=\"ZERO\",0))))),\"\")","v":{"$error":"#REF!"}},"",""]
["SF-00442","Cabide duplo com gancho grande para banheiro","un",0,"","",{"$f":"IF(A447<>\"\",IF(AND(#REF!=\"Padrão\",$H$4=#REF!),BDI!$B$17,IF(AND(#REF!=\"Padrão\",$H$4=#REF!),BDI!#REF!,IF(AND(#REF!=\"Diferenciado\",$H$4=#REF!),BDI!$E$17,IF(AND(#REF!=\"Diferenciado\",$H$4=#REF!),BDI!#REF!,IF(#REF!=\"ZERO\",0))))),\"\")","v":{"$error":"#REF!"}},"",""]
["SF-00443","Puxador alça 102mm","un",0,{"$f":"OFFSET(INDEX(Composições!A:J,MATCH(Orçamentária!A448,Composições!A:A,0),8),2,0)","v":19.170999999999999},0,{"$f":"IF(A448<>\"\",IF(AND(#REF!=\"Padrão\",$H$4=#REF!),BDI!$B$17,IF(AND(#REF!=\"Padrão\",$H$4=#REF!),BDI!#REF!,IF(AND(#REF!=\"Diferenciado\",$H$4=#REF!),BDI!$E$17,IF(AND(#REF!=\"Diferenciado\",$H$4=#REF!),BDI!#REF!,IF(#REF!=\"ZERO\",0))))),\"\")","v":{"$error":"#REF!"}},{"$error":"#REF!"},{"$error":"#REF!"}]
["SF-00444","Puxador tipo “C” em arco - 128mm","un",0,"","",{"$f":"IF(A449<>\"\",IF(AND(#REF!=\"Padrão\",$H$4=#REF!),BDI!$B$17,IF(AND(#REF!=\"Padrão\",$H$4=#REF!),BDI!#REF!,IF(AND(#REF!=\"Diferenciado\",$H$4=#REF!),BDI!$E$17,IF(AND(#REF!=\"Diferenciado\",$H$4=#REF!),BDI!#REF!,IF(#REF!=\"ZERO\",0))))),\"\")","v":{"$error":"#REF!"}},"",""]
["SF-00445","Puxador tipo “C” em arco - 96mm","un",0,"","",{"$f":"IF(A450<>\"\",IF(AND(#REF!=\"Padrão\",$H$4=#REF!),BDI!$B$17,IF(AND(#REF!=\"Padrão\",$H$4=#REF!),BDI!#REF!,IF(AND(#REF!=\"Diferenciado\",$H$4=#REF!),BDI!$E$17,IF(AND(#REF!=\"Diferenciado\",$H$4=#REF!),BDI!#REF!,IF(#REF!=\"ZERO\",0))))),\"\")","v":{"$error":"#REF!"}},"",""]
["SF-00446","Bucha para Gesso K 54","un",0,"","",{"$f":"IF(A451<>\"\",IF(AND(#REF!=\"Padrão\",$H$4=#REF!),BDI!$B$17,IF(AND(#REF!=\"Padrão\",$H$4=#REF!),BDI!#REF!,IF(AND(#REF!=\"Diferenciado\",$H$4=#REF!),BDI!$E$17,IF(AND(#REF!=\"Diferenciado\",$H$4=#REF!),BDI!#REF!,IF(#REF!=\"ZERO\",0))))),\"\")","v":{"$error":"#REF!"}},"",""]
["SF-00447","Alavanca curva com argola para basculante com cavalete – Direita ou Esquerda","un",0,"","",{"$f":"IF(A452<>\"\",IF(AND(#REF!=\"Padrão\",$H$4=#REF!),BDI!$B$17,IF(AND(#REF!=\"Padrão\",$H$4=#REF!),BDI!#REF!,IF(AND(#REF!=\"Diferenciado\",$H$4=#REF!),BDI!$E$17,IF(AND(#REF!=\"Diferenciado\",$H$4=#REF!),BDI!#REF!,IF(#REF!=\"ZERO\",0))))),\"\")","v":{"$error":"#REF!"}},"",""]
["SF-00448","Alavanca reta (chata) com argola para basculante com cavalete","un",0,"","",{"$f":"IF(A453<>\"\",IF(AND(#REF!=\"Padrão\",$H$4=#REF!),BDI!$B$17,IF(AND(#REF!=\"Padrão\",$H$4=#REF!),BDI!#REF!,IF(AND(#REF!=\"Diferenciado\",$H$4=#REF!),BDI!$E$17,IF(AND(#REF!=\"Diferenciado\",$H$4=#REF!),BDI!#REF!,IF(#REF!=\"ZERO\",0))))),\"\")","v":{"$error":"#REF!"}},"",""]
["SF-00449","Fecho maximar alavanca 100mm cromado","un",0,"","",{"$f":"IF(A454<>\"\",IF(AND(#REF!=\"Padrão\",$H$4=#REF!),BDI!$B$17,IF(AND(#REF!=\"Padrão\",$H$4=#REF!),BDI!#REF!,IF(AND(#REF!=\"Diferenciado\",$H$4=#REF!),BDI!$E$17,IF(AND(#REF!=\"Diferenciado\",$H$4=#REF!),BDI!#REF!,IF(#REF!=\"ZERO\",0))))),\"\")","v":{"$error":"#REF!"}},"",""]
["SF-00450","Gonzo com aba 1”","un",0,"",{"$f":"IF(ISNUMBER(E455),D455*E455,\"\")","v":""},{"$f":"IF(A455<>\"\",IF(AND(#REF!=\"Padrão\",$H$4=#REF!),BDI!$B$17,IF(AND(#REF!=\"Padrão\",$H$4=#REF!),BDI!#REF!,IF(AND(#REF!=\"Diferenciado\",$H$4=#REF!),BDI!$E$17,IF(AND(#REF!=\"Diferenciado\",$H$4=#REF!),BDI!#REF!,IF(#REF!=\"ZERO\",0))))),\"\")","v":{"$error":"#REF!"}},{"$f":"IF(ISNUMBER(E455),ROUND(E455*(1+G455),2),\"\")","v":""},{"$f":"IF(ISNUMBER(E455),ROUND(H455*D455,2),\"\")","v":""}]
["SF-00451","Gonzo com aba 3/4\"","un",0,"","",{"$f":"IF(A456<>\"\",IF(AND(#REF!=\"Padrão\",$H$4=#REF!),BDI!$B$17,IF(AND(#REF!=\"Padrão\",$H$4=#REF!),BDI!#REF!,IF(AND(#REF!=\"Diferenciado\",$H$4=#REF!),BDI!$E$17,IF(AND(#REF!=\"Diferenciado\",$H$4=#REF!),BDI!#REF!,IF(#REF!=\"ZERO\",0))))),\"\")","v":{"$error":"#REF!"}},"",""]
["SF-00452","Gonzo com aba 7/8\"","un",0,"","",{"$f":"IF(A457<>\"\",IF(AND(#REF!=\"Padrão\",$H$4=#REF!),BDI!$B$17,IF(AND(#REF!=\"Padrão\",$H$4=#REF!),BDI!#REF!,IF(AND(#REF!=\"Diferenciado\",$H$4=#REF!),BDI!$E$17,IF(AND(#REF!=\"Diferenciado\",$H$4=#REF!),BDI!#REF!,IF(#REF!=\"ZERO\",0))))),\"\")","v":{"$error":"#REF!"}},"",""]
["SF-00453","Gonzo sem aba 1\"","un",0,"","",{"$f":"IF(A458<>\"\",IF(AND(#REF!=\"Padrão\",$H$4=#REF!),BDI!$B$17,IF(AND(#REF!=\"Padrão\",$H$4=#REF!),BDI!#REF!,IF(AND(#REF!=\"Diferenciado\",$H$4=#REF!),BDI!$E$17,IF(AND(#REF!=\"Diferenciado\",$H$4=#REF!),BDI!#REF!,IF(#REF!=\"ZERO\",0))))),\"\")","v":{"$error":"#REF!"}},"",""]
["SF-00454","Gonzo sem aba 3/4\"","un",0,"","",{"$f":"IF(A459<>\"\",IF(AND(#REF!=\"Padrão\",$H$4=#REF!),BDI!$B$17,IF(AND(#REF!=\"Padrão\",$H$4=#REF!),BDI!#REF!,IF(AND(#REF!=\"Diferenciado\",$H$4=#REF!),BDI!$E$17,IF(AND(#REF!=\"Diferenciado\",$H$4=#REF!),BDI!#REF!,IF(#REF!=\"ZERO\",0))))),\"\")","v":{"$error":"#REF!"}},"",""]
["SF-00455","Gonzo sem aba 7/8\"","un",0,"","",{"$f":"IF(A460<>\"\",IF(AND(#REF!=\"Padrão\",$H$4=#REF!),BDI!$B$17,IF(AND(#REF!=\"Padrão\",$H$4=#REF!),BDI!#REF!,IF(AND(#REF!=\"Diferenciado\",$H$4=#REF!),BDI!$E$17,IF(AND(#REF!=\"Diferenciado\",$H$4=#REF!),BDI!#REF!,IF(#REF!=\"ZERO\",0))))),\"\")","v":{"$error":"#REF!"}},"",""]
["SF-00456","Roldana em aço tipo Canal em (V) com eixo furado e 2 rolamentos (medidas: 2 1/2\" x 50mm ou 2 1/2\" x 70mm)","un",0,"","",{"$f":"IF(A461<>\"\",IF(AND(#REF!=\"Padrão\",$H$4=#REF!),BDI!$B$17,IF(AND(#REF!=\"Padrão\",$H$4=#REF!),BDI!#REF!,IF(AND(#REF!=\"Diferenciado\",$H$4=#REF!),BDI!$E$17,IF(AND(#REF!=\"Diferenciado\",$H$4=#REF!),BDI!#REF!,IF(#REF!=\"ZERO\",0))))),\"\")","v":{"$error":"#REF!"}},"",""]
["SF-00457","Roldana em aço tipo Canal em (V) com eixo furado e 2 rolamentos  (medidas: 3” x 50mm ou 3 1/2\" x 50mm ou 3 1/2\" x 70mm)","un",0,"","",{"$f":"IF(A462<>\"\",IF(AND(#REF!=\"Padrão\",$H$4=#REF!),BDI!$B$17,IF(AND(#REF!=\"Padrão\",$H$4=#REF!),BDI!#REF!,IF(AND(#REF!=\"Diferenciado\",$H$4=#REF!),BDI!$E$17,IF(AND(#REF!=\"Diferenciado\",$H$4=#REF!),BDI!#REF!,IF(#REF!=\"ZERO\",0))))),\"\")","v":{"$error":"#REF!"}},"",""]
["SF-00458","Mancal Pedestal","un",0,"","",{"$f":"IF(A463<>\"\",IF(AND(#REF!=\"Padrão\",$H$4=#REF!),BDI!$B$17,IF(AND(#REF!=\"Padrão\",$H$4=#REF!),BDI!#REF!,IF(AND(#REF!=\"Diferenciado\",$H$4=#REF!),BDI!$E$17,IF(AND(#REF!=\"Diferenciado\",$H$4=#REF!),BDI!#REF!,IF(#REF!=\"ZERO\",0))))),\"\")","v":{"$error":"#REF!"}},"",""]
["SF-00459","Rolamento rígido de esfera","un",0,"","",{"$f":"IF(A464<>\"\",IF(AND(#REF!=\"Padrão\",$H$4=#REF!),BDI!$B$17,IF(AND(#REF!=\"Padrão\",$H$4=#REF!),BDI!#REF!,IF(AND(#REF!=\"Diferenciado\",$H$4=#REF!),BDI!$E$17,IF(AND(#REF!=\"Diferenciado\",$H$4=#REF!),BDI!#REF!,IF(#REF!=\"ZERO\",0))))),\"\")","v":{"$error":"#REF!"}},"",""]
["SF-00460","Fixador trava porta de piso niquelado","un",0,"","",{"$f":"IF(A465<>\"\",IF(AND(#REF!=\"Padrão\",$H$4=#REF!),BDI!$B$17,IF(AND(#REF!=\"Padrão\",$H$4=#REF!),BDI!#REF!,IF(AND(#REF!=\"Diferenciado\",$H$4=#REF!),BDI!$E$17,IF(AND(#REF!=\"Diferenciado\",$H$4=#REF!),BDI!#REF!,IF(#REF!=\"ZERO\",0))))),\"\")","v":{"$error":"#REF!"}},"",""]
["SF-00461","Batedor de porta cilíndrico de 25mmx25mm","un",0,"","",{"$f":"IF(A466<>\"\",IF(AND(#REF!=\"Padrão\",$H$4=#REF!),BDI!$B$17,IF(AND(#REF!=\"Padrão\",$H$4=#REF!),BDI!#REF!,IF(AND(#REF!=\"Diferenciado\",$H$4=#REF!),BDI!$E$17,IF(AND(#REF!=\"Diferenciado\",$H$4=#REF!),BDI!#REF!,IF(#REF!=\"ZERO\",0))))),\"\")","v":{"$error":"#REF!"}},"",""]
["SF-00462","Porta cadeado de 4 1/2\"","un",0,"","",{"$f":"IF(A467<>\"\",IF(AND(#REF!=\"Padrão\",$H$4=#REF!),BDI!$B$17,IF(AND(#REF!=\"Padrão\",$H$4=#REF!),BDI!#REF!,IF(AND(#REF!=\"Diferenciado\",$H$4=#REF!),BDI!$E$17,IF(AND(#REF!=\"Diferenciado\",$H$4=#REF!),BDI!#REF!,IF(#REF!=\"ZERO\",0))))),\"\")","v":{"$error":"#REF!"}},"",""]
["SF-00463","Porta Cadeado de 4”","un",0,"","",{"$f":"IF(A468<>\"\",IF(AND(#REF!=\"Padrão\",$H$4=#REF!),BDI!$B$17,IF(AND(#REF!=\"Padrão\",$H$4=#REF!),BDI!#REF!,IF(AND(#REF!=\"Diferenciado\",$H$4=#REF!),BDI!$E$17,IF(AND(#REF!=\"Diferenciado\",$H$4=#REF!),BDI!#REF!,IF(#REF!=\"ZERO\",0))))),\"\")","v":{"$error":"#REF!"}},"",""]
["SF-00464","Suporte para mesa dobrável","un",0,"","",{"$f":"IF(A469<>\"\",IF(AND(#REF!=\"Padrão\",$H$4=#REF!),BDI!$B$17,IF(AND(#REF!=\"Padrão\",$H$4=#REF!),BDI!#REF!,IF(AND(#REF!=\"Diferenciado\",$H$4=#REF!),BDI!$E$17,IF(AND(#REF!=\"Diferenciado\",$H$4=#REF!),BDI!#REF!,IF(#REF!=\"ZERO\",0))))),\"\")","v":{"$error":"#REF!"}},"",""]
["SF-00465","Suporte universal fixo de parede para TV","un",0,"","",{"$f":"IF(A470<>\"\",IF(AND(#REF!=\"Padrão\",$H$4=#REF!),BDI!$B$17,IF(AND(#REF!=\"Padrão\",$H$4=#REF!),BDI!#REF!,IF(AND(#REF!=\"Diferenciado\",$H$4=#REF!),BDI!$E$17,IF(AND(#REF!=\"Diferenciado\",$H$4=#REF!),BDI!#REF!,IF(#REF!=\"ZERO\",0))))),\"\")","v":{"$error":"#REF!"}},"",""]
["SF-00466","Mola aérea hidráulica automática para portas","un",0,"","",{"$f":"IF(A471<>\"\",IF(AND(#REF!=\"Padrão\",$H$4=#REF!),BDI!$B$17,IF(AND(#REF!=\"Padrão\",$H$4=#REF!),BDI!#REF!,IF(AND(#REF!=\"Diferenciado\",$H$4=#REF!),BDI!$E$17,IF(AND(#REF!=\"Diferenciado\",$H$4=#REF!),BDI!#REF!,IF(#REF!=\"ZERO\",0))))),\"\")","v":{"$error":"#REF!"}},"",""]
["SF-00467","Espuma Expansiva à base de poliuretano","500 ml",0,{"$f":"OFFSET(INDEX(Composições!A:J,MATCH(Orçamentária!A472,Composições!A:A,0),8),2,0)","v":27.549999999999997},0,{"$f":"IF(A472<>\"\",IF(AND(#REF!=\"Padrão\",$H$4=#REF!),BDI!$B$17,IF(AND(#REF!=\"Padrão\",$H$4=#REF!),BDI!#REF!,IF(AND(#REF!=\"Diferenciado\",$H$4=#REF!),BDI!$E$17,IF(AND(#REF!=\"Diferenciado\",$H$4=#REF!),BDI!#REF!,IF(#REF!=\"ZERO\",0))))),\"\")","v":{"$error":"#REF!"}},{"$error":"#REF!"},{"$error":"#REF!"}]
["SF-00468","Adesivo de Contato à Base d’água","kg",0,{"$f":"OFFSET(INDEX(Composições!A:J,MATCH(Orçamentária!A473,Composições!A:A,0),8),2,0)","v":48.335999999999999},0,{"$f":"IF(A473<>\"\",IF(AND(#REF!=\"Padrão\",$H$4=#REF!),BDI!$B$17,IF(AND(#REF!=\"Padrão\",$H$4=#REF!),BDI!#REF!,IF(AND(#REF!=\"Diferenciado\",$H$4=#REF!),BDI!$E$17,IF(AND(#REF!=\"Diferenciado\",$H$4=#REF!),BDI!#REF!,IF(#REF!=\"ZERO\",0))))),\"\")","v":{"$error":"#REF!"}},{"$error":"#REF!"},{"$error":"#REF!"}]
["SF-00469","Adesivo de Contato de Alto Desempenho sem Toluol","kg",0,"","",{"$f":"IF(A474<>\"\",IF(AND(#REF!=\"Padrão\",$H$4=#REF!),BDI!$B$17,IF(AND(#REF!=\"Padrão\",$H$4=#REF!),BDI!#REF!,IF(AND(#REF!=\"Diferenciado\",$H$4=#REF!),BDI!$E$17,IF(AND(#REF!=\"Diferenciado\",$H$4=#REF!),BDI!#REF!,IF(#REF!=\"ZERO\",0))))),\"\")","v":{"$error":"#REF!"}},"",""]
["SF-00470","Laminado fenólico melamínico texturizado - Azul Noturno","m2",0,{"$f":"OFFSET(INDEX(Composições!A:J,MATCH(Orçamentária!A475,Composições!A:A,0),8),2,0)","v":57.417999999999992},0,{"$f":"IF(A475<>\"\",IF(AND(#REF!=\"Padrão\",$H$4=#REF!),BDI!$B$17,IF(AND(#REF!=\"Padrão\",$H$4=#REF!),BDI!#REF!,IF(AND(#REF!=\"Diferenciado\",$H$4=#REF!),BDI!$E$17,IF(AND(#REF!=\"Diferenciado\",$H$4=#REF!),BDI!#REF!,IF(#REF!=\"ZERO\",0))))),\"\")","v":{"$error":"#REF!"}},{"$error":"#REF!"},{"$error":"#REF!"}]
["SF-00471","Laminado fenólico melamínico texturizado - Branco","m2",0,{"$f":"OFFSET(INDEX(Composições!A:J,MATCH(Orçamentária!A476,Composições!A:A,0),8),2,0)","v":57.417999999999992},0,{"$f":"IF(A476<>\"\",IF(AND(#REF!=\"Padrão\",$H$4=#REF!),BDI!$B$17,IF(AND(#REF!=\"Padrão\",$H$4=#REF!),BDI!#REF!,IF(AND(#REF!=\"Diferenciado\",$H$4=#REF!),BDI!$E$17,IF(AND(#REF!=\"Diferenciado\",$H$4=#REF!),BDI!#REF!,IF(#REF!=\"ZERO\",0))))),\"\")","v":{"$error":"#REF!"}},{"$error":"#REF!"},{"$error":"#REF!"}]
["SF-00472","Laminado fenólico melamínico texturizado - Ovo","m2",0,{"$f":"OFFSET(INDEX(Composições!A:J,MATCH(Orçamentária!A477,Composições!A:A,0),8),2,0)","v":57.417999999999992},0,{"$f":"IF(A477<>\"\",IF(AND(#REF!=\"Padrão\",$H$4=#REF!),BDI!$B$17,IF(AND(#REF!=\"Padrão\",$H$4=#REF!),BDI!#REF!,IF(AND(#REF!=\"Diferenciado\",$H$4=#REF!),BDI!$E$17,IF(AND(#REF!=\"Diferenciado\",$H$4=#REF!),BDI!#REF!,IF(#REF!=\"ZERO\",0))))),\"\")","v":{"$error":"#REF!"}},{"$error":"#REF!"},{"$error":"#REF!"}]
["SF-00473","Lâmina de Madeira - Freijó","m2",0,"","",{"$f":"IF(A478<>\"\",IF(AND(#REF!=\"Padrão\",$H$4=#REF!),BDI!$B$17,IF(AND(#REF!=\"Padrão\",$H$4=#REF!),BDI!#REF!,IF(AND(#REF!=\"Diferenciado\",$H$4=#REF!),BDI!$E$17,IF(AND(#REF!=\"Diferenciado\",$H$4=#REF!),BDI!#REF!,IF(#REF!=\"ZERO\",0))))),\"\")","v":{"$error":"#REF!"}},"",""]
["SF-00474","Lâmina de Madeira - Marfim","m2",0,"","",{"$f":"IF(A479<>\"\",IF(AND(#REF!=\"Padrão\",$H$4=#REF!),BDI!$B$17,IF(AND(#REF!=\"Padrão\",$H$4=#REF!),BDI!#REF!,IF(AND(#REF!=\"Diferenciado\",$H$4=#REF!),BDI!$E$17,IF(AND(#REF!=\"Diferenciado\",$H$4=#REF!),BDI!#REF!,IF(#REF!=\"ZERO\",0))))),\"\")","v":{"$error":"#REF!"}},"",""]
["SF-00475","Lâmina de Madeira - Cerejeira","m2",0,"","",{"$f":"IF(A480<>\"\",IF(AND(#REF!=\"Padrão\",$H$4=#REF!),BDI!$B$17,IF(AND(#REF!=\"Padrão\",$H$4=#REF!),BDI!#REF!,IF(AND(#REF!=\"Diferenciado\",$H$4=#REF!),BDI!$E$17,IF(AND(#REF!=\"Diferenciado\",$H$4=#REF!),BDI!#REF!,IF(#REF!=\"ZERO\",0))))),\"\")","v":{"$error":"#REF!"}},"",""]
["SF-00476","Compensado laminado comum - 04 mm","m2",0,"","",{"$f":"IF(A481<>\"\",IF(AND(#REF!=\"Padrão\",$H$4=#REF!),BDI!$B$17,IF(AND(#REF!=\"Padrão\",$H$4=#REF!),BDI!#REF!,IF(AND(#REF!=\"Diferenciado\",$H$4=#REF!),BDI!$E$17,IF(AND(#REF!=\"Diferenciado\",$H$4=#REF!),BDI!#REF!,IF(#REF!=\"ZERO\",0))))),\"\")","v":{"$error":"#REF!"}},"",""]
["SF-00477","Compensado laminado comum - 06 mm","m2",0,"","",{"$f":"IF(A482<>\"\",IF(AND(#REF!=\"Padrão\",$H$4=#REF!),BDI!$B$17,IF(AND(#REF!=\"Padrão\",$H$4=#REF!),BDI!#REF!,IF(AND(#REF!=\"Diferenciado\",$H$4=#REF!),BDI!$E$17,IF(AND(#REF!=\"Diferenciado\",$H$4=#REF!),BDI!#REF!,IF(#REF!=\"ZERO\",0))))),\"\")","v":{"$error":"#REF!"}},"",""]
["SF-00478","Compensado laminado comum - 10 mm","m2",0,"","",{"$f":"IF(A483<>\"\",IF(AND(#REF!=\"Padrão\",$H$4=#REF!),BDI!$B$17,IF(AND(#REF!=\"Padrão\",$H$4=#REF!),BDI!#REF!,IF(AND(#REF!=\"Diferenciado\",$H$4=#REF!),BDI!$E$17,IF(AND(#REF!=\"Diferenciado\",$H$4=#REF!),BDI!#REF!,IF(#REF!=\"ZERO\",0))))),\"\")","v":{"$error":"#REF!"}},"",""]
["SF-00479","Compensado laminado comum - 15 mm","m2",0,"","",{"$f":"IF(A484<>\"\",IF(AND(#REF!=\"Padrão\",$H$4=#REF!),BDI!$B$17,IF(AND(#REF!=\"Padrão\",$H$4=#REF!),BDI!#REF!,IF(AND(#REF!=\"Diferenciado\",$H$4=#REF!),BDI!$E$17,IF(AND(#REF!=\"Diferenciado\",$H$4=#REF!),BDI!#REF!,IF(#REF!=\"ZERO\",0))))),\"\")","v":{"$error":"#REF!"}},"",""]
["SF-00480","Compensado laminado comum - 20 mm","m2",0,"","",{"$f":"IF(A485<>\"\",IF(AND(#REF!=\"Padrão\",$H$4=#REF!),BDI!$B$17,IF(AND(#REF!=\"Padrão\",$H$4=#REF!),BDI!#REF!,IF(AND(#REF!=\"Diferenciado\",$H$4=#REF!),BDI!$E$17,IF(AND(#REF!=\"Diferenciado\",$H$4=#REF!),BDI!#REF!,IF(#REF!=\"ZERO\",0))))),\"\")","v":{"$error":"#REF!"}},"",""]
["SF-00481","Compensado Laminado de cerejeira em uma face - 04 mm","m2",0,"","",{"$f":"IF(A486<>\"\",IF(AND(#REF!=\"Padrão\",$H$4=#REF!),BDI!$B$17,IF(AND(#REF!=\"Padrão\",$H$4=#REF!),BDI!#REF!,IF(AND(#REF!=\"Diferenciado\",$H$4=#REF!),BDI!$E$17,IF(AND(#REF!=\"Diferenciado\",$H$4=#REF!),BDI!#REF!,IF(#REF!=\"ZERO\",0))))),\"\")","v":{"$error":"#REF!"}},"",""]
["SF-00482","Compensado Laminado de cerejeira em duas faces - 10 mm","m2",0,"","",{"$f":"IF(A487<>\"\",IF(AND(#REF!=\"Padrão\",$H$4=#REF!),BDI!$B$17,IF(AND(#REF!=\"Padrão\",$H$4=#REF!),BDI!#REF!,IF(AND(#REF!=\"Diferenciado\",$H$4=#REF!),BDI!$E$17,IF(AND(#REF!=\"Diferenciado\",$H$4=#REF!),BDI!#REF!,IF(#REF!=\"ZERO\",0))))),\"\")","v":{"$error":"#REF!"}},"",""]
["SF-00483","Compensado Laminado de cerejeira em duas faces - 15 mm","m2",0,"","",{"$f":"IF(A488<>\"\",IF(AND(#REF!=\"Padrão\",$H$4=#REF!),BDI!$B$17,IF(AND(#REF!=\"Padrão\",$H$4=#REF!),BDI!#REF!,IF(AND(#REF!=\"Diferenciado\",$H$4=#REF!),BDI!$E$17,IF(AND(#REF!=\"Diferenciado\",$H$4=#REF!),BDI!#REF!,IF(#REF!=\"ZERO\",0))))),\"\")","v":{"$error":"#REF!"}},"",""]
["SF-00484","Compensado Laminado de cerejeira em duas faces - 20 mm","m2",0,"","",{"$f":"IF(A489<>\"\",IF(AND(#REF!=\"Padrão\",$H$4=#REF!),BDI!$B$17,IF(AND(#REF!=\"Padrão\",$H$4=#REF!),BDI!#REF!,IF(AND(#REF!=\"Diferenciado\",$H$4=#REF!),BDI!$E$17,IF(AND(#REF!=\"Diferenciado\",$H$4=#REF!),BDI!#REF!,IF(#REF!=\"ZERO\",0))))),\"\")","v":{"$error":"#REF!"}},"",""]
["SF-00485","Compensado Resinado – 10 mm","m2",0,"","",{"$f":"IF(A490<>\"\",IF(AND(#REF!=\"Padrão\",$H$4=#REF!),BDI!$B$17,IF(AND(#REF!=\"Padrão\",$H$4=#REF!),BDI!#REF!,IF(AND(#REF!=\"Diferenciado\",$H$4=#REF!),BDI!$E$17,IF(AND(#REF!=\"Diferenciado\",$H$4=#REF!),BDI!#REF!,IF(#REF!=\"ZERO\",0))))),\"\")","v":{"$error":"#REF!"}},"",""]
["SF-00486","Tábua de madeira bruta certificada e aparelhada - Cedrinho","m3",0,"","",{"$f":"IF(A491<>\"\",IF(AND(#REF!=\"Padrão\",$H$4=#REF!),BDI!$B$17,IF(AND(#REF!=\"Padrão\",$H$4=#REF!),BDI!#REF!,IF(AND(#REF!=\"Diferenciado\",$H$4=#REF!),BDI!$E$17,IF(AND(#REF!=\"Diferenciado\",$H$4=#REF!),BDI!#REF!,IF(#REF!=\"ZERO\",0))))),\"\")","v":{"$error":"#REF!"}},"",""]
["SF-00487","Tábua de madeira bruta certificada e aparelhada - Freijó","m3",0,"","",{"$f":"IF(A492<>\"\",IF(AND(#REF!=\"Padrão\",$H$4=#REF!),BDI!$B$17,IF(AND(#REF!=\"Padrão\",$H$4=#REF!),BDI!#REF!,IF(AND(#REF!=\"Diferenciado\",$H$4=#REF!),BDI!$E$17,IF(AND(#REF!=\"Diferenciado\",$H$4=#REF!),BDI!#REF!,IF(#REF!=\"ZERO\",0))))),\"\")","v":{"$error":"#REF!"}},"",""]
["SF-00488","Tábua de madeira bruta certificada e aparelhada - Cedro","m3",0,"","",{"$f":"IF(A493<>\"\",IF(AND(#REF!=\"Padrão\",$H$4=#REF!),BDI!$B$17,IF(AND(#REF!=\"Padrão\",$H$4=#REF!),BDI!#REF!,IF(AND(#REF!=\"Diferenciado\",$H$4=#REF!),BDI!$E$17,IF(AND(#REF!=\"Diferenciado\",$H$4=#REF!),BDI!#REF!,IF(#REF!=\"ZERO\",0))))),\"\")","v":{"$error":"#REF!"}},"",""]
["SF-00489","Tábua de Madeira bruta aparelhada - Pinus","m3",0,{"$f":"OFFSET(INDEX(Composições!A:J,MATCH(Orçamentária!A494,Composições!A:A,0),8),2,0)","v":1802.4666666666667},0,{"$f":"IF(A494<>\"\",IF(AND(#REF!=\"Padrão\",$H$4=#REF!),BDI!$B$17,IF(AND(#REF!=\"Padrão\",$H$4=#REF!),BDI!#REF!,IF(AND(#REF!=\"Diferenciado\",$H$4=#REF!),BDI!$E$17,IF(AND(#REF!=\"Diferenciado\",$H$4=#REF!),BDI!#REF!,IF(#REF!=\"ZERO\",0))))),\"\")","v":{"$error":"#REF!"}},{"$error":"#REF!"},{"$error":"#REF!"}]
["SF-00490","Sarrafo De Madeira","m",0,{"$f":"OFFSET(INDEX(Composições!A:J,MATCH(Orçamentária!A495,Composições!A:A,0),8),2,0)","v":4.1324999999999994},0,{"$f":"IF(A495<>\"\",IF(AND(#REF!=\"Padrão\",$H$4=#REF!),BDI!$B$17,IF(AND(#REF!=\"Padrão\",$H$4=#REF!),BDI!#REF!,IF(AND(#REF!=\"Diferenciado\",$H$4=#REF!),BDI!$E$17,IF(AND(#REF!=\"Diferenciado\",$H$4=#REF!),BDI!#REF!,IF(#REF!=\"ZERO\",0))))),\"\")","v":{"$error":"#REF!"}},{"$error":"#REF!"},{"$error":"#REF!"}]
["SF-00491","Caibro De Madeira","m",0,{"$f":"OFFSET(INDEX(Composições!A:J,MATCH(Orçamentária!A496,Composições!A:A,0),8),2,0)","v":5.7379999999999995},0,{"$f":"IF(A496<>\"\",IF(AND(#REF!=\"Padrão\",$H$4=#REF!),BDI!$B$17,IF(AND(#REF!=\"Padrão\",$H$4=#REF!),BDI!#REF!,IF(AND(#REF!=\"Diferenciado\",$H$4=#REF!),BDI!$E$17,IF(AND(#REF!=\"Diferenciado\",$H$4=#REF!),BDI!#REF!,IF(#REF!=\"ZERO\",0))))),\"\")","v":{"$error":"#REF!"}},{"$error":"#REF!"},{"$error":"#REF!"}]
["SF-00492","Pontalete De Madeira","m",0,"","",{"$f":"IF(A497<>\"\",IF(AND(#REF!=\"Padrão\",$H$4=#REF!),BDI!$B$17,IF(AND(#REF!=\"Padrão\",$H$4=#REF!),BDI!#REF!,IF(AND(#REF!=\"Diferenciado\",$H$4=#REF!),BDI!$E$17,IF(AND(#REF!=\"Diferenciado\",$H$4=#REF!),BDI!#REF!,IF(#REF!=\"ZERO\",0))))),\"\")","v":{"$error":"#REF!"}},"",""]
["SF-00493","Ripa De Madeira","m",0,"","",{"$f":"IF(A498<>\"\",IF(AND(#REF!=\"Padrão\",$H$4=#REF!),BDI!$B$17,IF(AND(#REF!=\"Padrão\",$H$4=#REF!),BDI!#REF!,IF(AND(#REF!=\"Diferenciado\",$H$4=#REF!),BDI!$E$17,IF(AND(#REF!=\"Diferenciado\",$H$4=#REF!),BDI!#REF!,IF(#REF!=\"ZERO\",0))))),\"\")","v":{"$error":"#REF!"}},"",""]
["SF-00494","Painel de MDF Laminado – Branco - 06mm","m2",0,{"$f":"OFFSET(INDEX(Composições!A:J,MATCH(Orçamentária!A499,Composições!A:A,0),8),2,0)","v":32.338000000000001},0,{"$f":"IF(A499<>\"\",IF(AND(#REF!=\"Padrão\",$H$4=#REF!),BDI!$B$17,IF(AND(#REF!=\"Padrão\",$H$4=#REF!),BDI!#REF!,IF(AND(#REF!=\"Diferenciado\",$H$4=#REF!),BDI!$E$17,IF(AND(#REF!=\"Diferenciado\",$H$4=#REF!),BDI!#REF!,IF(#REF!=\"ZERO\",0))))),\"\")","v":{"$error":"#REF!"}},{"$error":"#REF!"},{"$error":"#REF!"}]
["SF-00495","Painel de MDF Laminado – Ovo - 06mm","m2",0,"","",{"$f":"IF(A500<>\"\",IF(AND(#REF!=\"Padrão\",$H$4=#REF!),BDI!$B$17,IF(AND(#REF!=\"Padrão\",$H$4=#REF!),BDI!#REF!,IF(AND(#REF!=\"Diferenciado\",$H$4=#REF!),BDI!$E$17,IF(AND(#REF!=\"Diferenciado\",$H$4=#REF!),BDI!#REF!,IF(#REF!=\"ZERO\",0))))),\"\")","v":{"$error":"#REF!"}},"",""]
["SF-00496","Painel de MDF Laminado - Branco - 15mm","m2",0,{"$f":"OFFSET(INDEX(Composições!A:J,MATCH(Orçamentária!A501,Composições!A:A,0),8),2,0)","v":50.749000000000002},0,{"$f":"IF(A501<>\"\",IF(AND(#REF!=\"Padrão\",$H$4=#REF!),BDI!$B$17,IF(AND(#REF!=\"Padrão\",$H$4=#REF!),BDI!#REF!,IF(AND(#REF!=\"Diferenciado\",$H$4=#REF!),BDI!$E$17,IF(AND(#REF!=\"Diferenciado\",$H$4=#REF!),BDI!#REF!,IF(#REF!=\"ZERO\",0))))),\"\")","v":{"$error":"#REF!"}},{"$error":"#REF!"},{"$error":"#REF!"}]
["SF-00497","Painel de MDF Laminado – Ovo - 15mm","m2",0,"","",{"$f":"IF(A502<>\"\",IF(AND(#REF!=\"Padrão\",$H$4=#REF!),BDI!$B$17,IF(AND(#REF!=\"Padrão\",$H$4=#REF!),BDI!#REF!,IF(AND(#REF!=\"Diferenciado\",$H$4=#REF!),BDI!$E$17,IF(AND(#REF!=\"Diferenciado\",$H$4=#REF!),BDI!#REF!,IF(#REF!=\"ZERO\",0))))),\"\")","v":{"$error":"#REF!"}},"",""]
["SF-00498","Painel de MDF Laminado – Branco - 18mm","m2",0,{"$f":"OFFSET(INDEX(Composições!A:J,MATCH(Orçamentária!A503,Composições!A:A,0),8),2,0)","v":63.003999999999991},0,{"$f":"IF(A503<>\"\",IF(AND(#REF!=\"Padrão\",$H$4=#REF!),BDI!$B$17,IF(AND(#REF!=\"Padrão\",$H$4=#REF!),BDI!#REF!,IF(AND(#REF!=\"Diferenciado\",$H$4=#REF!),BDI!$E$17,IF(AND(#REF!=\"Diferenciado\",$H$4=#REF!),BDI!#REF!,IF(#REF!=\"ZERO\",0))))),\"\")","v":{"$error":"#REF!"}},{"$error":"#REF!"},{"$error":"#REF!"}]
["SF-00499","Painel de MDF Laminado – Ovo - 18mm","m2",0,"","",{"$f":"IF(A504<>\"\",IF(AND(#REF!=\"Padrão\",$H$4=#REF!),BDI!$B$17,IF(AND(#REF!=\"Padrão\",$H$4=#REF!),BDI!#REF!,IF(AND(#REF!=\"Diferenciado\",$H$4=#REF!),BDI!$E$17,IF(AND(#REF!=\"Diferenciado\",$H$4=#REF!),BDI!#REF!,IF(#REF!=\"ZERO\",0))))),\"\")","v":{"$error":"#REF!"}},"",""]
["SF-00500","Cantoneira laminada em aço abas iguais 1\" x 3/16\"","m",0,{"$f":"OFFSET(INDEX(Composições!A:J,MATCH(Orçamentária!A505,Composições!A:A,0),8),2,0)","v":17.700494999999997},0,{"$f":"IF(A505<>\"\",IF(AND(#REF!=\"Padrão\",$H$4=#REF!),BDI!$B$17,IF(AND(#REF!=\"Padrão\",$H$4=#REF!),BDI!#REF!,IF(AND(#REF!=\"Diferenciado\",$H$4=#REF!),BDI!$E$17,IF(AND(#REF!=\"Diferenciado\",$H$4=#REF!),BDI!#REF!,IF(#REF!=\"ZERO\",0))))),\"\")","v":{"$error":"#REF!"}},{"$error":"#REF!"},{"$error":"#REF!"}]
["SF-00501","Cantoneira laminada em aço abas iguais 1\"1/4 x 3/16\"","m",0,{"$f":"OFFSET(INDEX(Composições!A:J,MATCH(Orçamentária!A506,Composições!A:A,0),8),2,0)","v":22.5093},0,{"$f":"IF(A506<>\"\",IF(AND(#REF!=\"Padrão\",$H$4=#REF!),BDI!$B$17,IF(AND(#REF!=\"Padrão\",$H$4=#REF!),BDI!#REF!,IF(AND(#REF!=\"Diferenciado\",$H$4=#REF!),BDI!$E$17,IF(AND(#REF!=\"Diferenciado\",$H$4=#REF!),BDI!#REF!,IF(#REF!=\"ZERO\",0))))),\"\")","v":{"$error":"#REF!"}},{"$error":"#REF!"},{"$error":"#REF!"}]
["SF-00502","Cantoneira laminada em aço abas iguais 2” x 1/8”","m",0,{"$f":"OFFSET(INDEX(Composições!A:J,MATCH(Orçamentária!A507,Composições!A:A,0),8),2,0)","v":25.169489999999996},0,{"$f":"IF(A507<>\"\",IF(AND(#REF!=\"Padrão\",$H$4=#REF!),BDI!$B$17,IF(AND(#REF!=\"Padrão\",$H$4=#REF!),BDI!#REF!,IF(AND(#REF!=\"Diferenciado\",$H$4=#REF!),BDI!$E$17,IF(AND(#REF!=\"Diferenciado\",$H$4=#REF!),BDI!#REF!,IF(#REF!=\"ZERO\",0))))),\"\")","v":{"$error":"#REF!"}},{"$error":"#REF!"},{"$error":"#REF!"}]
["SF-00503","Cantoneira laminada em aço abas Iguais 2” x 3/16”","m",0,{"$f":"OFFSET(INDEX(Composições!A:J,MATCH(Orçamentária!A508,Composições!A:A,0),8),2,0)","v":37.140344999999996},0,{"$f":"IF(A508<>\"\",IF(AND(#REF!=\"Padrão\",$H$4=#REF!),BDI!$B$17,IF(AND(#REF!=\"Padrão\",$H$4=#REF!),BDI!#REF!,IF(AND(#REF!=\"Diferenciado\",$H$4=#REF!),BDI!$E$17,IF(AND(#REF!=\"Diferenciado\",$H$4=#REF!),BDI!#REF!,IF(#REF!=\"ZERO\",0))))),\"\")","v":{"$error":"#REF!"}},{"$error":"#REF!"},{"$error":"#REF!"}]
["SF-00504","Cantoneira laminada em aço abas Iguais 5/8” x 1/8”","m",0,{"$f":"OFFSET(INDEX(Composições!A:J,MATCH(Orçamentária!A509,Composições!A:A,0),8),2,0)","v":7.2643649999999989},0,{"$f":"IF(A509<>\"\",IF(AND(#REF!=\"Padrão\",$H$4=#REF!),BDI!$B$17,IF(AND(#REF!=\"Padrão\",$H$4=#REF!),BDI!#REF!,IF(AND(#REF!=\"Diferenciado\",$H$4=#REF!),BDI!$E$17,IF(AND(#REF!=\"Diferenciado\",$H$4=#REF!),BDI!#REF!,IF(#REF!=\"ZERO\",0))))),\"\")","v":{"$error":"#REF!"}},{"$error":"#REF!"},{"$error":"#REF!"}]
["SF-00505","Chapa aço galvanizado # 16 (kg)","kg",0,{"$f":"OFFSET(INDEX(Composições!A:J,MATCH(Orçamentária!A510,Composições!A:A,0),8),2,0)","v":16.054999999999996},0,{"$f":"IF(A510<>\"\",IF(AND(#REF!=\"Padrão\",$H$4=#REF!),BDI!$B$17,IF(AND(#REF!=\"Padrão\",$H$4=#REF!),BDI!#REF!,IF(AND(#REF!=\"Diferenciado\",$H$4=#REF!),BDI!$E$17,IF(AND(#REF!=\"Diferenciado\",$H$4=#REF!),BDI!#REF!,IF(#REF!=\"ZERO\",0))))),\"\")","v":{"$error":"#REF!"}},{"$error":"#REF!"},{"$error":"#REF!"}]
["SF-00506","Ferro chato 1\"x1/8\"","m",0,{"$f":"OFFSET(INDEX(Composições!A:J,MATCH(Orçamentária!A511,Composições!A:A,0),8),2,0)","v":6.9366149999999989},0,{"$f":"IF(A511<>\"\",IF(AND(#REF!=\"Padrão\",$H$4=#REF!),BDI!$B$17,IF(AND(#REF!=\"Padrão\",$H$4=#REF!),BDI!#REF!,IF(AND(#REF!=\"Diferenciado\",$H$4=#REF!),BDI!$E$17,IF(AND(#REF!=\"Diferenciado\",$H$4=#REF!),BDI!#REF!,IF(#REF!=\"ZERO\",0))))),\"\")","v":{"$error":"#REF!"}},{"$error":"#REF!"},{"$error":"#REF!"}]
["SF-00507","Ferro chato 1\"x3/16\"","m",0,{"$f":"OFFSET(INDEX(Composições!A:J,MATCH(Orçamentária!A512,Composições!A:A,0),8),2,0)","v":10.459974999999998},0,{"$f":"IF(A512<>\"\",IF(AND(#REF!=\"Padrão\",$H$4=#REF!),BDI!$B$17,IF(AND(#REF!=\"Padrão\",$H$4=#REF!),BDI!#REF!,IF(AND(#REF!=\"Diferenciado\",$H$4=#REF!),BDI!$E$17,IF(AND(#REF!=\"Diferenciado\",$H$4=#REF!),BDI!#REF!,IF(#REF!=\"ZERO\",0))))),\"\")","v":{"$error":"#REF!"}},{"$error":"#REF!"},{"$error":"#REF!"}]
["SF-00508","Ferro chato  3/4\"x1/4\" ou 7/8\"x1/4\" ou 1” x 1/4”","m",0,{"$f":"OFFSET(INDEX(Composições!A:J,MATCH(Orçamentária!A513,Composições!A:A,0),8),2,0)","v":12.221655},0,{"$f":"IF(A513<>\"\",IF(AND(#REF!=\"Padrão\",$H$4=#REF!),BDI!$B$17,IF(AND(#REF!=\"Padrão\",$H$4=#REF!),BDI!#REF!,IF(AND(#REF!=\"Diferenciado\",$H$4=#REF!),BDI!$E$17,IF(AND(#REF!=\"Diferenciado\",$H$4=#REF!),BDI!#REF!,IF(#REF!=\"ZERO\",0))))),\"\")","v":{"$error":"#REF!"}},{"$error":"#REF!"},{"$error":"#REF!"}]
["SF-00509","Ferro chato 3/4\"x1/8\"","m",0,{"$f":"OFFSET(INDEX(Composições!A:J,MATCH(Orçamentária!A514,Composições!A:A,0),8),2,0)","v":5.2850399999999995},0,{"$f":"IF(A514<>\"\",IF(AND(#REF!=\"Padrão\",$H$4=#REF!),BDI!$B$17,IF(AND(#REF!=\"Padrão\",$H$4=#REF!),BDI!#REF!,IF(AND(#REF!=\"Diferenciado\",$H$4=#REF!),BDI!$E$17,IF(AND(#REF!=\"Diferenciado\",$H$4=#REF!),BDI!#REF!,IF(#REF!=\"ZERO\",0))))),\"\")","v":{"$error":"#REF!"}},{"$error":"#REF!"},{"$error":"#REF!"}]
["SF-00510","Ferro chato 3/4\"x3/16\"","m",0,{"$f":"OFFSET(INDEX(Composições!A:J,MATCH(Orçamentária!A515,Composições!A:A,0),8),2,0)","v":7.8174549999999989},0,{"$f":"IF(A515<>\"\",IF(AND(#REF!=\"Padrão\",$H$4=#REF!),BDI!$B$17,IF(AND(#REF!=\"Padrão\",$H$4=#REF!),BDI!#REF!,IF(AND(#REF!=\"Diferenciado\",$H$4=#REF!),BDI!$E$17,IF(AND(#REF!=\"Diferenciado\",$H$4=#REF!),BDI!#REF!,IF(#REF!=\"ZERO\",0))))),\"\")","v":{"$error":"#REF!"}},{"$error":"#REF!"},{"$error":"#REF!"}]
["SF-00511","Ferro chato 5/8\"x1/8\"","m",0,{"$f":"OFFSET(INDEX(Composições!A:J,MATCH(Orçamentária!A516,Composições!A:A,0),8),2,0)","v":4.4041999999999994},0,{"$f":"IF(A516<>\"\",IF(AND(#REF!=\"Padrão\",$H$4=#REF!),BDI!$B$17,IF(AND(#REF!=\"Padrão\",$H$4=#REF!),BDI!#REF!,IF(AND(#REF!=\"Diferenciado\",$H$4=#REF!),BDI!$E$17,IF(AND(#REF!=\"Diferenciado\",$H$4=#REF!),BDI!#REF!,IF(#REF!=\"ZERO\",0))))),\"\")","v":{"$error":"#REF!"}},{"$error":"#REF!"},{"$error":"#REF!"}]
["SF-00512","Ferro chato 5/8\"x3/16\"","m",0,{"$f":"OFFSET(INDEX(Composições!A:J,MATCH(Orçamentária!A517,Composições!A:A,0),8),2,0)","v":8.6982949999999999},0,{"$f":"IF(A517<>\"\",IF(AND(#REF!=\"Padrão\",$H$4=#REF!),BDI!$B$17,IF(AND(#REF!=\"Padrão\",$H$4=#REF!),BDI!#REF!,IF(AND(#REF!=\"Diferenciado\",$H$4=#REF!),BDI!$E$17,IF(AND(#REF!=\"Diferenciado\",$H$4=#REF!),BDI!#REF!,IF(#REF!=\"ZERO\",0))))),\"\")","v":{"$error":"#REF!"}},{"$error":"#REF!"},{"$error":"#REF!"}]
["SF-00513","Ferro chato 7/8\"x1/8\"","m",0,{"$f":"OFFSET(INDEX(Composições!A:J,MATCH(Orçamentária!A518,Composições!A:A,0),8),2,0)","v":6.0557749999999997},0,{"$f":"IF(A518<>\"\",IF(AND(#REF!=\"Padrão\",$H$4=#REF!),BDI!$B$17,IF(AND(#REF!=\"Padrão\",$H$4=#REF!),BDI!#REF!,IF(AND(#REF!=\"Diferenciado\",$H$4=#REF!),BDI!$E$17,IF(AND(#REF!=\"Diferenciado\",$H$4=#REF!),BDI!#REF!,IF(#REF!=\"ZERO\",0))))),\"\")","v":{"$error":"#REF!"}},{"$error":"#REF!"},{"$error":"#REF!"}]
["SF-00514","Ferro chato 7/8\"x3/16\"","m",0,{"$f":"OFFSET(INDEX(Composições!A:J,MATCH(Orçamentária!A519,Composições!A:A,0),8),2,0)","v":9.1387149999999977},{"$f":"IF(ISNUMBER(E519),D519*E519,\"\")","v":0},{"$f":"IF(A519<>\"\",IF(AND(#REF!=\"Padrão\",$H$4=#REF!),BDI!$B$17,IF(AND(#REF!=\"Padrão\",$H$4=#REF!),BDI!#REF!,IF(AND(#REF!=\"Diferenciado\",$H$4=#REF!),BDI!$E$17,IF(AND(#REF!=\"Diferenciado\",$H$4=#REF!),BDI!#REF!,IF(#REF!=\"ZERO\",0))))),\"\")","v":{"$error":"#REF!"}},{"$f":"IF(ISNUMBER(E519),ROUND(E519*(1+G519),2),\"\")","v":{"$error":"#REF!"}},{"$f":"IF(ISNUMBER(E519),ROUND(H519*D519,2),\"\")","v":{"$error":"#REF!"}}]
["SF-00515","Perfil trilho Stanley 60mm x 55mm, # 16","m",0,"","",{"$f":"IF(A520<>\"\",IF(AND(#REF!=\"Padrão\",$H$4=#REF!),BDI!$B$17,IF(AND(#REF!=\"Padrão\",$H$4=#REF!),BDI!#REF!,IF(AND(#REF!=\"Diferenciado\",$H$4=#REF!),BDI!$E$17,IF(AND(#REF!=\"Diferenciado\",$H$4=#REF!),BDI!#REF!,IF(#REF!=\"ZERO\",0))))),\"\")","v":{"$error":"#REF!"}},"",""]
["SF-00516","Perfil U Enrijecido 100mm x 50mm x 17mm","m",0,"","",{"$f":"IF(A521<>\"\",IF(AND(#REF!=\"Padrão\",$H$4=#REF!),BDI!$B$17,IF(AND(#REF!=\"Padrão\",$H$4=#REF!),BDI!#REF!,IF(AND(#REF!=\"Diferenciado\",$H$4=#REF!),BDI!$E$17,IF(AND(#REF!=\"Diferenciado\",$H$4=#REF!),BDI!#REF!,IF(#REF!=\"ZERO\",0))))),\"\")","v":{"$error":"#REF!"}},"",""]
["SF-00517","Perfil Cadeirinha Fechada - 85 x 30 mm a 100 x 30 mm","m",0,"","",{"$f":"IF(A522<>\"\",IF(AND(#REF!=\"Padrão\",$H$4=#REF!),BDI!$B$17,IF(AND(#REF!=\"Padrão\",$H$4=#REF!),BDI!#REF!,IF(AND(#REF!=\"Diferenciado\",$H$4=#REF!),BDI!$E$17,IF(AND(#REF!=\"Diferenciado\",$H$4=#REF!),BDI!#REF!,IF(#REF!=\"ZERO\",0))))),\"\")","v":{"$error":"#REF!"}},"",""]
["SF-00518","Perfil Cadeirinha Fechada – 40 x 30 mm a 55 x 30 mm","m",0,"","",{"$f":"IF(A523<>\"\",IF(AND(#REF!=\"Padrão\",$H$4=#REF!),BDI!$B$17,IF(AND(#REF!=\"Padrão\",$H$4=#REF!),BDI!#REF!,IF(AND(#REF!=\"Diferenciado\",$H$4=#REF!),BDI!$E$17,IF(AND(#REF!=\"Diferenciado\",$H$4=#REF!),BDI!#REF!,IF(#REF!=\"ZERO\",0))))),\"\")","v":{"$error":"#REF!"}},"",""]
["SF-00519","Perfil Cadeirinha Aberta – 65 x 30 mm","m",0,"","",{"$f":"IF(A524<>\"\",IF(AND(#REF!=\"Padrão\",$H$4=#REF!),BDI!$B$17,IF(AND(#REF!=\"Padrão\",$H$4=#REF!),BDI!#REF!,IF(AND(#REF!=\"Diferenciado\",$H$4=#REF!),BDI!$E$17,IF(AND(#REF!=\"Diferenciado\",$H$4=#REF!),BDI!#REF!,IF(#REF!=\"ZERO\",0))))),\"\")","v":{"$error":"#REF!"}},"",""]
["SF-00520","Perfil Cadeirinha Aberta – 40 x 30 mm a 55 x 30 mm","m",0,"","",{"$f":"IF(A525<>\"\",IF(AND(#REF!=\"Padrão\",$H$4=#REF!),BDI!$B$17,IF(AND(#REF!=\"Padrão\",$H$4=#REF!),BDI!#REF!,IF(AND(#REF!=\"Diferenciado\",$H$4=#REF!),BDI!$E$17,IF(AND(#REF!=\"Diferenciado\",$H$4=#REF!),BDI!#REF!,IF(#REF!=\"ZERO\",0))))),\"\")","v":{"$error":"#REF!"}},"",""]
["SF-00521","Perfil Cadeirinha Fêmea – 40 x 30 mm","m",0,"","",{"$f":"IF(A526<>\"\",IF(AND(#REF!=\"Padrão\",$H$4=#REF!),BDI!$B$17,IF(AND(#REF!=\"Padrão\",$H$4=#REF!),BDI!#REF!,IF(AND(#REF!=\"Diferenciado\",$H$4=#REF!),BDI!$E$17,IF(AND(#REF!=\"Diferenciado\",$H$4=#REF!),BDI!#REF!,IF(#REF!=\"ZERO\",0))))),\"\")","v":{"$error":"#REF!"}},"",""]
["SF-00522","Perfil Cadeirinha Fechada Máximo Ar – 30 x 30 mm","m",0,"","",{"$f":"IF(A527<>\"\",IF(AND(#REF!=\"Padrão\",$H$4=#REF!),BDI!$B$17,IF(AND(#REF!=\"Padrão\",$H$4=#REF!),BDI!#REF!,IF(AND(#REF!=\"Diferenciado\",$H$4=#REF!),BDI!$E$17,IF(AND(#REF!=\"Diferenciado\",$H$4=#REF!),BDI!#REF!,IF(#REF!=\"ZERO\",0))))),\"\")","v":{"$error":"#REF!"}},"",""]
["SF-00523","Perfil Cadeirinha Engate – Direito ou Esquerdo","m",0,"","",{"$f":"IF(A528<>\"\",IF(AND(#REF!=\"Padrão\",$H$4=#REF!),BDI!$B$17,IF(AND(#REF!=\"Padrão\",$H$4=#REF!),BDI!#REF!,IF(AND(#REF!=\"Diferenciado\",$H$4=#REF!),BDI!$E$17,IF(AND(#REF!=\"Diferenciado\",$H$4=#REF!),BDI!#REF!,IF(#REF!=\"ZERO\",0))))),\"\")","v":{"$error":"#REF!"}},"",""]
["SF-00524","Perfil Cadeirinha Direito – 30 x 30 x 18 mm","m",0,"","",{"$f":"IF(A529<>\"\",IF(AND(#REF!=\"Padrão\",$H$4=#REF!),BDI!$B$17,IF(AND(#REF!=\"Padrão\",$H$4=#REF!),BDI!#REF!,IF(AND(#REF!=\"Diferenciado\",$H$4=#REF!),BDI!$E$17,IF(AND(#REF!=\"Diferenciado\",$H$4=#REF!),BDI!#REF!,IF(#REF!=\"ZERO\",0))))),\"\")","v":{"$error":"#REF!"}},"",""]
["SF-00525","Perfil Cadeirinha Direito – 60 x 25 mm a 60 x 30 mm","m",0,"","",{"$f":"IF(A530<>\"\",IF(AND(#REF!=\"Padrão\",$H$4=#REF!),BDI!$B$17,IF(AND(#REF!=\"Padrão\",$H$4=#REF!),BDI!#REF!,IF(AND(#REF!=\"Diferenciado\",$H$4=#REF!),BDI!$E$17,IF(AND(#REF!=\"Diferenciado\",$H$4=#REF!),BDI!#REF!,IF(#REF!=\"ZERO\",0))))),\"\")","v":{"$error":"#REF!"}},"",""]
["SF-00526","Perfil “T” dobrado Máximo Ar Abas Iguais – 50 x 30 mm a 60 x 30 mm","m",0,"","",{"$f":"IF(A531<>\"\",IF(AND(#REF!=\"Padrão\",$H$4=#REF!),BDI!$B$17,IF(AND(#REF!=\"Padrão\",$H$4=#REF!),BDI!#REF!,IF(AND(#REF!=\"Diferenciado\",$H$4=#REF!),BDI!$E$17,IF(AND(#REF!=\"Diferenciado\",$H$4=#REF!),BDI!#REF!,IF(#REF!=\"ZERO\",0))))),\"\")","v":{"$error":"#REF!"}},"",""]
["SF-00527","Perfil “T” dobrado Máximo Ar Abas Desiguais – 50 x 25 mm a 50 x 30 mm","m",0,"","",{"$f":"IF(A532<>\"\",IF(AND(#REF!=\"Padrão\",$H$4=#REF!),BDI!$B$17,IF(AND(#REF!=\"Padrão\",$H$4=#REF!),BDI!#REF!,IF(AND(#REF!=\"Diferenciado\",$H$4=#REF!),BDI!$E$17,IF(AND(#REF!=\"Diferenciado\",$H$4=#REF!),BDI!#REF!,IF(#REF!=\"ZERO\",0))))),\"\")","v":{"$error":"#REF!"}},"",""]
["SF-00528","Perfil Superior Máximo Ar – 48 x 30 mm","m",0,"","",{"$f":"IF(A533<>\"\",IF(AND(#REF!=\"Padrão\",$H$4=#REF!),BDI!$B$17,IF(AND(#REF!=\"Padrão\",$H$4=#REF!),BDI!#REF!,IF(AND(#REF!=\"Diferenciado\",$H$4=#REF!),BDI!$E$17,IF(AND(#REF!=\"Diferenciado\",$H$4=#REF!),BDI!#REF!,IF(#REF!=\"ZERO\",0))))),\"\")","v":{"$error":"#REF!"}},"",""]
["SF-00529","Perfil “T” Abas Iguais – 25 x 25 mm","m",0,"","",{"$f":"IF(A534<>\"\",IF(AND(#REF!=\"Padrão\",$H$4=#REF!),BDI!$B$17,IF(AND(#REF!=\"Padrão\",$H$4=#REF!),BDI!#REF!,IF(AND(#REF!=\"Diferenciado\",$H$4=#REF!),BDI!$E$17,IF(AND(#REF!=\"Diferenciado\",$H$4=#REF!),BDI!#REF!,IF(#REF!=\"ZERO\",0))))),\"\")","v":{"$error":"#REF!"}},"",""]
["SF-00530","Perfil “T” Dobrado – 75 x 30 mm","m",0,"","",{"$f":"IF(A535<>\"\",IF(AND(#REF!=\"Padrão\",$H$4=#REF!),BDI!$B$17,IF(AND(#REF!=\"Padrão\",$H$4=#REF!),BDI!#REF!,IF(AND(#REF!=\"Diferenciado\",$H$4=#REF!),BDI!$E$17,IF(AND(#REF!=\"Diferenciado\",$H$4=#REF!),BDI!#REF!,IF(#REF!=\"ZERO\",0))))),\"\")","v":{"$error":"#REF!"}},"",""]
["SF-00531","Perfil “T” Dobrado – 39 x 30 mm; 55 x 30 mm; 65 x 30 mm; ou 60 x 25 mm","m",0,"","",{"$f":"IF(A536<>\"\",IF(AND(#REF!=\"Padrão\",$H$4=#REF!),BDI!$B$17,IF(AND(#REF!=\"Padrão\",$H$4=#REF!),BDI!#REF!,IF(AND(#REF!=\"Diferenciado\",$H$4=#REF!),BDI!$E$17,IF(AND(#REF!=\"Diferenciado\",$H$4=#REF!),BDI!#REF!,IF(#REF!=\"ZERO\",0))))),\"\")","v":{"$error":"#REF!"}},"",""]
["SF-00532","Perfil “T” Dobrado – 39 x 25 mm","m",0,"","",{"$f":"IF(A537<>\"\",IF(AND(#REF!=\"Padrão\",$H$4=#REF!),BDI!$B$17,IF(AND(#REF!=\"Padrão\",$H$4=#REF!),BDI!#REF!,IF(AND(#REF!=\"Diferenciado\",$H$4=#REF!),BDI!$E$17,IF(AND(#REF!=\"Diferenciado\",$H$4=#REF!),BDI!#REF!,IF(#REF!=\"ZERO\",0))))),\"\")","v":{"$error":"#REF!"}},"",""]
["SF-00533","Perfil “T” Dobrado – 1/8” x 7/8” x 6000 mm a  1/8’’ x 1’’ x 6000 mm","m",0,"","",{"$f":"IF(A538<>\"\",IF(AND(#REF!=\"Padrão\",$H$4=#REF!),BDI!$B$17,IF(AND(#REF!=\"Padrão\",$H$4=#REF!),BDI!#REF!,IF(AND(#REF!=\"Diferenciado\",$H$4=#REF!),BDI!$E$17,IF(AND(#REF!=\"Diferenciado\",$H$4=#REF!),BDI!#REF!,IF(#REF!=\"ZERO\",0))))),\"\")","v":{"$error":"#REF!"}},"",""]
["SF-00534","Perfil Marco Vincado – 140 x 32 mm","m",0,"","",{"$f":"IF(A539<>\"\",IF(AND(#REF!=\"Padrão\",$H$4=#REF!),BDI!$B$17,IF(AND(#REF!=\"Padrão\",$H$4=#REF!),BDI!#REF!,IF(AND(#REF!=\"Diferenciado\",$H$4=#REF!),BDI!$E$17,IF(AND(#REF!=\"Diferenciado\",$H$4=#REF!),BDI!#REF!,IF(#REF!=\"ZERO\",0))))),\"\")","v":{"$error":"#REF!"}},"",""]
["SF-00535","Perfil Acabamento - 140 x 15 mm","m",0,"","",{"$f":"IF(A540<>\"\",IF(AND(#REF!=\"Padrão\",$H$4=#REF!),BDI!$B$17,IF(AND(#REF!=\"Padrão\",$H$4=#REF!),BDI!#REF!,IF(AND(#REF!=\"Diferenciado\",$H$4=#REF!),BDI!$E$17,IF(AND(#REF!=\"Diferenciado\",$H$4=#REF!),BDI!#REF!,IF(#REF!=\"ZERO\",0))))),\"\")","v":{"$error":"#REF!"}},"",""]
["SF-00536","Perfil Trilho Superior Tipo “G” - 45 x 30 mm","m",0,"","",{"$f":"IF(A541<>\"\",IF(AND(#REF!=\"Padrão\",$H$4=#REF!),BDI!$B$17,IF(AND(#REF!=\"Padrão\",$H$4=#REF!),BDI!#REF!,IF(AND(#REF!=\"Diferenciado\",$H$4=#REF!),BDI!$E$17,IF(AND(#REF!=\"Diferenciado\",$H$4=#REF!),BDI!#REF!,IF(#REF!=\"ZERO\",0))))),\"\")","v":{"$error":"#REF!"}},"",""]
["SF-00537","Perfil Tampa Trilho “G”","m",0,"","",{"$f":"IF(A542<>\"\",IF(AND(#REF!=\"Padrão\",$H$4=#REF!),BDI!$B$17,IF(AND(#REF!=\"Padrão\",$H$4=#REF!),BDI!#REF!,IF(AND(#REF!=\"Diferenciado\",$H$4=#REF!),BDI!$E$17,IF(AND(#REF!=\"Diferenciado\",$H$4=#REF!),BDI!#REF!,IF(#REF!=\"ZERO\",0))))),\"\")","v":{"$error":"#REF!"}},"",""]
["SF-00538","Chapa Perfurada de Aço Carbono - 3000 x 1200 x 3 mm","un",0,"","",{"$f":"IF(A543<>\"\",IF(AND(#REF!=\"Padrão\",$H$4=#REF!),BDI!$B$17,IF(AND(#REF!=\"Padrão\",$H$4=#REF!),BDI!#REF!,IF(AND(#REF!=\"Diferenciado\",$H$4=#REF!),BDI!$E$17,IF(AND(#REF!=\"Diferenciado\",$H$4=#REF!),BDI!#REF!,IF(#REF!=\"ZERO\",0))))),\"\")","v":{"$error":"#REF!"}},"",""]
["SF-00539","Chapa de Aço Xadrez – 3000 x 1200 x 3 mm","un",0,"","",{"$f":"IF(A544<>\"\",IF(AND(#REF!=\"Padrão\",$H$4=#REF!),BDI!$B$17,IF(AND(#REF!=\"Padrão\",$H$4=#REF!),BDI!#REF!,IF(AND(#REF!=\"Diferenciado\",$H$4=#REF!),BDI!$E$17,IF(AND(#REF!=\"Diferenciado\",$H$4=#REF!),BDI!#REF!,IF(#REF!=\"ZERO\",0))))),\"\")","v":{"$error":"#REF!"}},"",""]
["SF-00540","Ferro Redondo – 1/2”","m",0,"","",{"$f":"IF(A545<>\"\",IF(AND(#REF!=\"Padrão\",$H$4=#REF!),BDI!$B$17,IF(AND(#REF!=\"Padrão\",$H$4=#REF!),BDI!#REF!,IF(AND(#REF!=\"Diferenciado\",$H$4=#REF!),BDI!$E$17,IF(AND(#REF!=\"Diferenciado\",$H$4=#REF!),BDI!#REF!,IF(#REF!=\"ZERO\",0))))),\"\")","v":{"$error":"#REF!"}},"",""]
["SF-00541","Ferro Redondo – 1/4\"","m",0,"","",{"$f":"IF(A546<>\"\",IF(AND(#REF!=\"Padrão\",$H$4=#REF!),BDI!$B$17,IF(AND(#REF!=\"Padrão\",$H$4=#REF!),BDI!#REF!,IF(AND(#REF!=\"Diferenciado\",$H$4=#REF!),BDI!$E$17,IF(AND(#REF!=\"Diferenciado\",$H$4=#REF!),BDI!#REF!,IF(#REF!=\"ZERO\",0))))),\"\")","v":{"$error":"#REF!"}},"",""]
["SF-00542","Ferro Redondo – 3/8”","m",0,"","",{"$f":"IF(A547<>\"\",IF(AND(#REF!=\"Padrão\",$H$4=#REF!),BDI!$B$17,IF(AND(#REF!=\"Padrão\",$H$4=#REF!),BDI!#REF!,IF(AND(#REF!=\"Diferenciado\",$H$4=#REF!),BDI!$E$17,IF(AND(#REF!=\"Diferenciado\",$H$4=#REF!),BDI!#REF!,IF(#REF!=\"ZERO\",0))))),\"\")","v":{"$error":"#REF!"}},"",""]
["SF-00543","Ferro Quadrado – 1/2”","m",0,"","",{"$f":"IF(A548<>\"\",IF(AND(#REF!=\"Padrão\",$H$4=#REF!),BDI!$B$17,IF(AND(#REF!=\"Padrão\",$H$4=#REF!),BDI!#REF!,IF(AND(#REF!=\"Diferenciado\",$H$4=#REF!),BDI!$E$17,IF(AND(#REF!=\"Diferenciado\",$H$4=#REF!),BDI!#REF!,IF(#REF!=\"ZERO\",0))))),\"\")","v":{"$error":"#REF!"}},"",""]
["SF-00544","Ferro Quadrado – 1/4”","m",0,"","",{"$f":"IF(A549<>\"\",IF(AND(#REF!=\"Padrão\",$H$4=#REF!),BDI!$B$17,IF(AND(#REF!=\"Padrão\",$H$4=#REF!),BDI!#REF!,IF(AND(#REF!=\"Diferenciado\",$H$4=#REF!),BDI!$E$17,IF(AND(#REF!=\"Diferenciado\",$H$4=#REF!),BDI!#REF!,IF(#REF!=\"ZERO\",0))))),\"\")","v":{"$error":"#REF!"}},"",""]
["SF-00545","Ferro Quadrado – 3/8”","m",0,"","",{"$f":"IF(A550<>\"\",IF(AND(#REF!=\"Padrão\",$H$4=#REF!),BDI!$B$17,IF(AND(#REF!=\"Padrão\",$H$4=#REF!),BDI!#REF!,IF(AND(#REF!=\"Diferenciado\",$H$4=#REF!),BDI!$E$17,IF(AND(#REF!=\"Diferenciado\",$H$4=#REF!),BDI!#REF!,IF(#REF!=\"ZERO\",0))))),\"\")","v":{"$error":"#REF!"}},"",""]
["SF-00546","Ferro maciço 1 1/2”","m",0,"","",{"$f":"IF(A551<>\"\",IF(AND(#REF!=\"Padrão\",$H$4=#REF!),BDI!$B$17,IF(AND(#REF!=\"Padrão\",$H$4=#REF!),BDI!#REF!,IF(AND(#REF!=\"Diferenciado\",$H$4=#REF!),BDI!$E$17,IF(AND(#REF!=\"Diferenciado\",$H$4=#REF!),BDI!#REF!,IF(#REF!=\"ZERO\",0))))),\"\")","v":{"$error":"#REF!"}},"",""]
["SF-00547","Tubo Industrial Redondo – 1”","m",0,"","",{"$f":"IF(A552<>\"\",IF(AND(#REF!=\"Padrão\",$H$4=#REF!),BDI!$B$17,IF(AND(#REF!=\"Padrão\",$H$4=#REF!),BDI!#REF!,IF(AND(#REF!=\"Diferenciado\",$H$4=#REF!),BDI!$E$17,IF(AND(#REF!=\"Diferenciado\",$H$4=#REF!),BDI!#REF!,IF(#REF!=\"ZERO\",0))))),\"\")","v":{"$error":"#REF!"}},"",""]
["SF-00548","Tubo Industrial Redondo – 1 1/2”","m",0,"","",{"$f":"IF(A553<>\"\",IF(AND(#REF!=\"Padrão\",$H$4=#REF!),BDI!$B$17,IF(AND(#REF!=\"Padrão\",$H$4=#REF!),BDI!#REF!,IF(AND(#REF!=\"Diferenciado\",$H$4=#REF!),BDI!$E$17,IF(AND(#REF!=\"Diferenciado\",$H$4=#REF!),BDI!#REF!,IF(#REF!=\"ZERO\",0))))),\"\")","v":{"$error":"#REF!"}},"",""]
["SF-00549","Tubo Industrial Redondo - 1 1/4”","m",0,"","",{"$f":"IF(A554<>\"\",IF(AND(#REF!=\"Padrão\",$H$4=#REF!),BDI!$B$17,IF(AND(#REF!=\"Padrão\",$H$4=#REF!),BDI!#REF!,IF(AND(#REF!=\"Diferenciado\",$H$4=#REF!),BDI!$E$17,IF(AND(#REF!=\"Diferenciado\",$H$4=#REF!),BDI!#REF!,IF(#REF!=\"ZERO\",0))))),\"\")","v":{"$error":"#REF!"}},"",""]
["SF-00550","Tubo Industrial Redondo – 2”","m",0,"","",{"$f":"IF(A555<>\"\",IF(AND(#REF!=\"Padrão\",$H$4=#REF!),BDI!$B$17,IF(AND(#REF!=\"Padrão\",$H$4=#REF!),BDI!#REF!,IF(AND(#REF!=\"Diferenciado\",$H$4=#REF!),BDI!$E$17,IF(AND(#REF!=\"Diferenciado\",$H$4=#REF!),BDI!#REF!,IF(#REF!=\"ZERO\",0))))),\"\")","v":{"$error":"#REF!"}},"",""]
["SF-00551","Tubo quadrado em metalon - 16x16 a 20x20 - chapa 18","m",0,"","",{"$f":"IF(A556<>\"\",IF(AND(#REF!=\"Padrão\",$H$4=#REF!),BDI!$B$17,IF(AND(#REF!=\"Padrão\",$H$4=#REF!),BDI!#REF!,IF(AND(#REF!=\"Diferenciado\",$H$4=#REF!),BDI!$E$17,IF(AND(#REF!=\"Diferenciado\",$H$4=#REF!),BDI!#REF!,IF(#REF!=\"ZERO\",0))))),\"\")","v":{"$error":"#REF!"}},"",""]
["SF-00552","Tubo quadrado em metalon - 25x25 a 40x40 - chapa 18","m",0,"","",{"$f":"IF(A557<>\"\",IF(AND(#REF!=\"Padrão\",$H$4=#REF!),BDI!$B$17,IF(AND(#REF!=\"Padrão\",$H$4=#REF!),BDI!#REF!,IF(AND(#REF!=\"Diferenciado\",$H$4=#REF!),BDI!$E$17,IF(AND(#REF!=\"Diferenciado\",$H$4=#REF!),BDI!#REF!,IF(#REF!=\"ZERO\",0))))),\"\")","v":{"$error":"#REF!"}},"",""]
["SF-00553","Tubo quadrado em metalon - 50x50 - chapa 18","m",0,"","",{"$f":"IF(A558<>\"\",IF(AND(#REF!=\"Padrão\",$H$4=#REF!),BDI!$B$17,IF(AND(#REF!=\"Padrão\",$H$4=#REF!),BDI!#REF!,IF(AND(#REF!=\"Diferenciado\",$H$4=#REF!),BDI!$E$17,IF(AND(#REF!=\"Diferenciado\",$H$4=#REF!),BDI!#REF!,IF(#REF!=\"ZERO\",0))))),\"\")","v":{"$error":"#REF!"}},"",""]
["SF-00554","Tubo retangular em metalon - 30x20 - chapa 18","m",0,"","",{"$f":"IF(A559<>\"\",IF(AND(#REF!=\"Padrão\",$H$4=#REF!),BDI!$B$17,IF(AND(#REF!=\"Padrão\",$H$4=#REF!),BDI!#REF!,IF(AND(#REF!=\"Diferenciado\",$H$4=#REF!),BDI!$E$17,IF(AND(#REF!=\"Diferenciado\",$H$4=#REF!),BDI!#REF!,IF(#REF!=\"ZERO\",0))))),\"\")","v":{"$error":"#REF!"}},"",""]
["SF-00555","Tubo retangular em metalon - 40x20 a 50x30 - chapa 18","m",0,"","",{"$f":"IF(A560<>\"\",IF(AND(#REF!=\"Padrão\",$H$4=#REF!),BDI!$B$17,IF(AND(#REF!=\"Padrão\",$H$4=#REF!),BDI!#REF!,IF(AND(#REF!=\"Diferenciado\",$H$4=#REF!),BDI!$E$17,IF(AND(#REF!=\"Diferenciado\",$H$4=#REF!),BDI!#REF!,IF(#REF!=\"ZERO\",0))))),\"\")","v":{"$error":"#REF!"}},"",""]
["SF-00556","Concertina simples em aço galvanizado, lâminas de 22 x 15mm, diâmetro 45 cm (rolo com 40 espiras)","Rolo",0,"","",{"$f":"IF(A561<>\"\",IF(AND(#REF!=\"Padrão\",$H$4=#REF!),BDI!$B$17,IF(AND(#REF!=\"Padrão\",$H$4=#REF!),BDI!#REF!,IF(AND(#REF!=\"Diferenciado\",$H$4=#REF!),BDI!$E$17,IF(AND(#REF!=\"Diferenciado\",$H$4=#REF!),BDI!#REF!,IF(#REF!=\"ZERO\",0))))),\"\")","v":{"$error":"#REF!"}},"",""]
["SF-00557","Tela de estuque","m2",0,{"$f":"OFFSET(INDEX(Composições!A:J,MATCH(Orçamentária!A562,Composições!A:A,0),8),2,0)","v":5.6239999999999997},0,{"$f":"IF(A562<>\"\",IF(AND(#REF!=\"Padrão\",$H$4=#REF!),BDI!$B$17,IF(AND(#REF!=\"Padrão\",$H$4=#REF!),BDI!#REF!,IF(AND(#REF!=\"Diferenciado\",$H$4=#REF!),BDI!$E$17,IF(AND(#REF!=\"Diferenciado\",$H$4=#REF!),BDI!#REF!,IF(#REF!=\"ZERO\",0))))),\"\")","v":{"$error":"#REF!"}},{"$error":"#REF!"},{"$error":"#REF!"}]
["SF-00558","Tela tipo galinheiro (hexagonal) galvanizada 2\" BWG 22","m2",0,"","",{"$f":"IF(A563<>\"\",IF(AND(#REF!=\"Padrão\",$H$4=#REF!),BDI!$B$17,IF(AND(#REF!=\"Padrão\",$H$4=#REF!),BDI!#REF!,IF(AND(#REF!=\"Diferenciado\",$H$4=#REF!),BDI!$E$17,IF(AND(#REF!=\"Diferenciado\",$H$4=#REF!),BDI!#REF!,IF(#REF!=\"ZERO\",0))))),\"\")","v":{"$error":"#REF!"}},"",""]
["SF-00559","Arame galvanizado, bitola 16 BWG (1,65mm)","kg",0,{"$f":"OFFSET(INDEX(Composições!A:J,MATCH(Orçamentária!A564,Composições!A:A,0),8),2,0)","v":29.725499999999997},0,{"$f":"IF(A564<>\"\",IF(AND(#REF!=\"Padrão\",$H$4=#REF!),BDI!$B$17,IF(AND(#REF!=\"Padrão\",$H$4=#REF!),BDI!#REF!,IF(AND(#REF!=\"Diferenciado\",$H$4=#REF!),BDI!$E$17,IF(AND(#REF!=\"Diferenciado\",$H$4=#REF!),BDI!#REF!,IF(#REF!=\"ZERO\",0))))),\"\")","v":{"$error":"#REF!"}},{"$error":"#REF!"},{"$error":"#REF!"}]
["SF-00560","Arame galvanizado nº 20","kg",0,"","",{"$f":"IF(A565<>\"\",IF(AND(#REF!=\"Padrão\",$H$4=#REF!),BDI!$B$17,IF(AND(#REF!=\"Padrão\",$H$4=#REF!),BDI!#REF!,IF(AND(#REF!=\"Diferenciado\",$H$4=#REF!),BDI!$E$17,IF(AND(#REF!=\"Diferenciado\",$H$4=#REF!),BDI!#REF!,IF(#REF!=\"ZERO\",0))))),\"\")","v":{"$error":"#REF!"}},"",""]
["SF-00561","Tela em aço galvanizado, tipo alambrado, malha 2, fio 12","m2",0,{"$f":"OFFSET(INDEX(Composições!A:J,MATCH(Orçamentária!A566,Composições!A:A,0),8),2,0)","v":40.023499999999999},0,{"$f":"IF(A566<>\"\",IF(AND(#REF!=\"Padrão\",$H$4=#REF!),BDI!$B$17,IF(AND(#REF!=\"Padrão\",$H$4=#REF!),BDI!#REF!,IF(AND(#REF!=\"Diferenciado\",$H$4=#REF!),BDI!$E$17,IF(AND(#REF!=\"Diferenciado\",$H$4=#REF!),BDI!#REF!,IF(#REF!=\"ZERO\",0))))),\"\")","v":{"$error":"#REF!"}},{"$error":"#REF!"},{"$error":"#REF!"}]
["SF-00562","Massa Adesiva Plástica","un",0,{"$f":"OFFSET(INDEX(Composições!A:J,MATCH(Orçamentária!A567,Composições!A:A,0),8),2,0)","v":14.071400000000001},0,{"$f":"IF(A567<>\"\",IF(AND(#REF!=\"Padrão\",$H$4=#REF!),BDI!$B$17,IF(AND(#REF!=\"Padrão\",$H$4=#REF!),BDI!#REF!,IF(AND(#REF!=\"Diferenciado\",$H$4=#REF!),BDI!$E$17,IF(AND(#REF!=\"Diferenciado\",$H$4=#REF!),BDI!#REF!,IF(#REF!=\"ZERO\",0))))),\"\")","v":{"$error":"#REF!"}},{"$error":"#REF!"},{"$error":"#REF!"}]
["SF-00563","Argamassa Para Contrapiso","40 kg",0,{"$f":"OFFSET(INDEX(Composições!A:J,MATCH(Orçamentária!A568,Composições!A:A,0),8),2,0)","v":23.56},0,{"$f":"IF(A568<>\"\",IF(AND(#REF!=\"Padrão\",$H$4=#REF!),BDI!$B$17,IF(AND(#REF!=\"Padrão\",$H$4=#REF!),BDI!#REF!,IF(AND(#REF!=\"Diferenciado\",$H$4=#REF!),BDI!$E$17,IF(AND(#REF!=\"Diferenciado\",$H$4=#REF!),BDI!#REF!,IF(#REF!=\"ZERO\",0))))),\"\")","v":{"$error":"#REF!"}},{"$error":"#REF!"},{"$error":"#REF!"}]
["SF-00564","Argamassa Múltiplo Uso","40 kg",0,{"$f":"OFFSET(INDEX(Composições!A:J,MATCH(Orçamentária!A569,Composições!A:A,0),8),2,0)","v":24.699999999999996},0,{"$f":"IF(A569<>\"\",IF(AND(#REF!=\"Padrão\",$H$4=#REF!),BDI!$B$17,IF(AND(#REF!=\"Padrão\",$H$4=#REF!),BDI!#REF!,IF(AND(#REF!=\"Diferenciado\",$H$4=#REF!),BDI!$E$17,IF(AND(#REF!=\"Diferenciado\",$H$4=#REF!),BDI!#REF!,IF(#REF!=\"ZERO\",0))))),\"\")","v":{"$error":"#REF!"}},{"$error":"#REF!"},{"$error":"#REF!"}]
["SF-00565","Cimento Portland CP II E 32","50 kg",0,{"$f":"OFFSET(INDEX(Composições!A:J,MATCH(Orçamentária!A570,Composições!A:A,0),8),2,0)","v":31.35},0,{"$f":"IF(A570<>\"\",IF(AND(#REF!=\"Padrão\",$H$4=#REF!),BDI!$B$17,IF(AND(#REF!=\"Padrão\",$H$4=#REF!),BDI!#REF!,IF(AND(#REF!=\"Diferenciado\",$H$4=#REF!),BDI!$E$17,IF(AND(#REF!=\"Diferenciado\",$H$4=#REF!),BDI!#REF!,IF(#REF!=\"ZERO\",0))))),\"\")","v":{"$error":"#REF!"}},{"$error":"#REF!"},{"$error":"#REF!"}]
["SF-00566","Argamassa Colante tipo AC III","20 kg",0,{"$f":"OFFSET(INDEX(Composições!A:J,MATCH(Orçamentária!A571,Composições!A:A,0),8),2,0)","v":34.96},0,{"$f":"IF(A571<>\"\",IF(AND(#REF!=\"Padrão\",$H$4=#REF!),BDI!$B$17,IF(AND(#REF!=\"Padrão\",$H$4=#REF!),BDI!#REF!,IF(AND(#REF!=\"Diferenciado\",$H$4=#REF!),BDI!$E$17,IF(AND(#REF!=\"Diferenciado\",$H$4=#REF!),BDI!#REF!,IF(#REF!=\"ZERO\",0))))),\"\")","v":{"$error":"#REF!"}},{"$error":"#REF!"},{"$error":"#REF!"}]
["SF-00567","Gesso Para Uso Geral","40 kg",0,{"$f":"OFFSET(INDEX(Composições!A:J,MATCH(Orçamentária!A572,Composições!A:A,0),8),2,0)","v":29.259999999999998},0,{"$f":"IF(A572<>\"\",IF(AND(#REF!=\"Padrão\",$H$4=#REF!),BDI!$B$17,IF(AND(#REF!=\"Padrão\",$H$4=#REF!),BDI!#REF!,IF(AND(#REF!=\"Diferenciado\",$H$4=#REF!),BDI!$E$17,IF(AND(#REF!=\"Diferenciado\",$H$4=#REF!),BDI!#REF!,IF(#REF!=\"ZERO\",0))))),\"\")","v":{"$error":"#REF!"}},{"$error":"#REF!"},{"$error":"#REF!"}]
["SF-00568","Areia Média","m3",0,{"$f":"OFFSET(INDEX(Composições!A:J,MATCH(Orçamentária!A573,Composições!A:A,0),8),2,0)","v":245.92182314999999},0,{"$f":"IF(A573<>\"\",IF(AND(#REF!=\"Padrão\",$H$4=#REF!),BDI!$B$17,IF(AND(#REF!=\"Padrão\",$H$4=#REF!),BDI!#REF!,IF(AND(#REF!=\"Diferenciado\",$H$4=#REF!),BDI!$E$17,IF(AND(#REF!=\"Diferenciado\",$H$4=#REF!),BDI!#REF!,IF(#REF!=\"ZERO\",0))))),\"\")","v":{"$error":"#REF!"}},{"$error":"#REF!"},{"$error":"#REF!"}]
["SF-00569","Brita Nº 0","m3",0,{"$f":"OFFSET(INDEX(Composições!A:J,MATCH(Orçamentária!A574,Composições!A:A,0),8),2,0)","v":229.11632315},0,{"$f":"IF(A574<>\"\",IF(AND(#REF!=\"Padrão\",$H$4=#REF!),BDI!$B$17,IF(AND(#REF!=\"Padrão\",$H$4=#REF!),BDI!#REF!,IF(AND(#REF!=\"Diferenciado\",$H$4=#REF!),BDI!$E$17,IF(AND(#REF!=\"Diferenciado\",$H$4=#REF!),BDI!#REF!,IF(#REF!=\"ZERO\",0))))),\"\")","v":{"$error":"#REF!"}},{"$error":"#REF!"},{"$error":"#REF!"}]
["SF-00570","Brita Nº 1","m3",0,{"$f":"OFFSET(INDEX(Composições!A:J,MATCH(Orçamentária!A575,Composições!A:A,0),8),2,0)","v":204.29282315},0,{"$f":"IF(A575<>\"\",IF(AND(#REF!=\"Padrão\",$H$4=#REF!),BDI!$B$17,IF(AND(#REF!=\"Padrão\",$H$4=#REF!),BDI!#REF!,IF(AND(#REF!=\"Diferenciado\",$H$4=#REF!),BDI!$E$17,IF(AND(#REF!=\"Diferenciado\",$H$4=#REF!),BDI!#REF!,IF(#REF!=\"ZERO\",0))))),\"\")","v":{"$error":"#REF!"}},{"$error":"#REF!"},{"$error":"#REF!"}]
["SF-00571","Bloco Cerâmico De 08 Furos","un",0,{"$f":"OFFSET(INDEX(Composições!A:J,MATCH(Orçamentária!A576,Composições!A:A,0),8),2,0)","v":0.75049999999999994},0,{"$f":"IF(A576<>\"\",IF(AND(#REF!=\"Padrão\",$H$4=#REF!),BDI!$B$17,IF(AND(#REF!=\"Padrão\",$H$4=#REF!),BDI!#REF!,IF(AND(#REF!=\"Diferenciado\",$H$4=#REF!),BDI!$E$17,IF(AND(#REF!=\"Diferenciado\",$H$4=#REF!),BDI!#REF!,IF(#REF!=\"ZERO\",0))))),\"\")","v":{"$error":"#REF!"}},{"$error":"#REF!"},{"$error":"#REF!"}]
["SF-00572","Tijolo Maciço","un",0,{"$f":"OFFSET(INDEX(Composições!A:J,MATCH(Orçamentária!A577,Composições!A:A,0),8),2,0)","v":0.63649999999999995},0,{"$f":"IF(A577<>\"\",IF(AND(#REF!=\"Padrão\",$H$4=#REF!),BDI!$B$17,IF(AND(#REF!=\"Padrão\",$H$4=#REF!),BDI!#REF!,IF(AND(#REF!=\"Diferenciado\",$H$4=#REF!),BDI!$E$17,IF(AND(#REF!=\"Diferenciado\",$H$4=#REF!),BDI!#REF!,IF(#REF!=\"ZERO\",0))))),\"\")","v":{"$error":"#REF!"}},{"$error":"#REF!"},{"$error":"#REF!"}]
["SF-00573","Bloco De Concreto Com 02 Furos","un",0,{"$f":"OFFSET(INDEX(Composições!A:J,MATCH(Orçamentária!A578,Composições!A:A,0),8),2,0)","v":4.4554999999999998},0,{"$f":"IF(A578<>\"\",IF(AND(#REF!=\"Padrão\",$H$4=#REF!),BDI!$B$17,IF(AND(#REF!=\"Padrão\",$H$4=#REF!),BDI!#REF!,IF(AND(#REF!=\"Diferenciado\",$H$4=#REF!),BDI!$E$17,IF(AND(#REF!=\"Diferenciado\",$H$4=#REF!),BDI!#REF!,IF(#REF!=\"ZERO\",0))))),\"\")","v":{"$error":"#REF!"}},{"$error":"#REF!"},{"$error":"#REF!"}]
["SF-00574","Bloco De Concreto Tipo Canaleta","un",0,{"$f":"OFFSET(INDEX(Composições!A:J,MATCH(Orçamentária!A579,Composições!A:A,0),8),2,0)","v":0},0,{"$f":"IF(A579<>\"\",IF(AND(#REF!=\"Padrão\",$H$4=#REF!),BDI!$B$17,IF(AND(#REF!=\"Padrão\",$H$4=#REF!),BDI!#REF!,IF(AND(#REF!=\"Diferenciado\",$H$4=#REF!),BDI!$E$17,IF(AND(#REF!=\"Diferenciado\",$H$4=#REF!),BDI!#REF!,IF(#REF!=\"ZERO\",0))))),\"\")","v":{"$error":"#REF!"}},{"$error":"#REF!"},{"$error":"#REF!"}]
["SF-00575","Vergalhão Ca-60 Diâmetro 5,0 Mm","m",0,{"$f":"OFFSET(INDEX(Composições!A:J,MATCH(Orçamentária!A580,Composições!A:A,0),8),2,0)","v":1.386924},0,{"$f":"IF(A580<>\"\",IF(AND(#REF!=\"Padrão\",$H$4=#REF!),BDI!$B$17,IF(AND(#REF!=\"Padrão\",$H$4=#REF!),BDI!#REF!,IF(AND(#REF!=\"Diferenciado\",$H$4=#REF!),BDI!$E$17,IF(AND(#REF!=\"Diferenciado\",$H$4=#REF!),BDI!#REF!,IF(#REF!=\"ZERO\",0))))),\"\")","v":{"$error":"#REF!"}},{"$error":"#REF!"},{"$error":"#REF!"}]
["SF-00576","Vergalhão Ca-50 Diâmetro 6,3 Mm","m",0,{"$f":"OFFSET(INDEX(Composições!A:J,MATCH(Orçamentária!A581,Composições!A:A,0),8),2,0)","v":2.4601674999999998},0,{"$f":"IF(A581<>\"\",IF(AND(#REF!=\"Padrão\",$H$4=#REF!),BDI!$B$17,IF(AND(#REF!=\"Padrão\",$H$4=#REF!),BDI!#REF!,IF(AND(#REF!=\"Diferenciado\",$H$4=#REF!),BDI!$E$17,IF(AND(#REF!=\"Diferenciado\",$H$4=#REF!),BDI!#REF!,IF(#REF!=\"ZERO\",0))))),\"\")","v":{"$error":"#REF!"}},{"$error":"#REF!"},{"$error":"#REF!"}]
["SF-00577","Vergalhão Ca-50 Diâmetro 8,0 Mm","m",0,{"$f":"OFFSET(INDEX(Composições!A:J,MATCH(Orçamentária!A582,Composições!A:A,0),8),2,0)","v":3.9889074999999998},0,{"$f":"IF(A582<>\"\",IF(AND(#REF!=\"Padrão\",$H$4=#REF!),BDI!$B$17,IF(AND(#REF!=\"Padrão\",$H$4=#REF!),BDI!#REF!,IF(AND(#REF!=\"Diferenciado\",$H$4=#REF!),BDI!$E$17,IF(AND(#REF!=\"Diferenciado\",$H$4=#REF!),BDI!#REF!,IF(#REF!=\"ZERO\",0))))),\"\")","v":{"$error":"#REF!"}},{"$error":"#REF!"},{"$error":"#REF!"}]
["SF-00578","Vergalhão Ca-50 Diâmetro 10,0 Mm","m",0,{"$f":"OFFSET(INDEX(Composições!A:J,MATCH(Orçamentária!A583,Composições!A:A,0),8),2,0)","v":5.8732229999999985},{"$f":"IF(ISNUMBER(E583),D583*E583,\"\")","v":0},{"$f":"IF(A583<>\"\",IF(AND(#REF!=\"Padrão\",$H$4=#REF!),BDI!$B$17,IF(AND(#REF!=\"Padrão\",$H$4=#REF!),BDI!#REF!,IF(AND(#REF!=\"Diferenciado\",$H$4=#REF!),BDI!$E$17,IF(AND(#REF!=\"Diferenciado\",$H$4=#REF!),BDI!#REF!,IF(#REF!=\"ZERO\",0))))),\"\")","v":{"$error":"#REF!"}},{"$f":"IF(ISNUMBER(E583),ROUND(E583*(1+G583),2),\"\")","v":{"$error":"#REF!"}},{"$f":"IF(ISNUMBER(E583),ROUND(H583*D583,2),\"\")","v":{"$error":"#REF!"}}]
["SF-00579","Vergalhão Ca-50 Diâmetro 12,5 Mm","m",0,{"$f":"OFFSET(INDEX(Composições!A:J,MATCH(Orçamentária!A584,Composições!A:A,0),8),2,0)","v":7.940897999999998},0,{"$f":"IF(A584<>\"\",IF(AND(#REF!=\"Padrão\",$H$4=#REF!),BDI!$B$17,IF(AND(#REF!=\"Padrão\",$H$4=#REF!),BDI!#REF!,IF(AND(#REF!=\"Diferenciado\",$H$4=#REF!),BDI!$E$17,IF(AND(#REF!=\"Diferenciado\",$H$4=#REF!),BDI!#REF!,IF(#REF!=\"ZERO\",0))))),\"\")","v":{"$error":"#REF!"}},{"$error":"#REF!"},{"$error":"#REF!"}]
["SF-00580","Arame Recozido Nº 18","kg",0,{"$f":"OFFSET(INDEX(Composições!A:J,MATCH(Orçamentária!A585,Composições!A:A,0),8),2,0)","v":22.61},0,{"$f":"IF(A585<>\"\",IF(AND(#REF!=\"Padrão\",$H$4=#REF!),BDI!$B$17,IF(AND(#REF!=\"Padrão\",$H$4=#REF!),BDI!#REF!,IF(AND(#REF!=\"Diferenciado\",$H$4=#REF!),BDI!$E$17,IF(AND(#REF!=\"Diferenciado\",$H$4=#REF!),BDI!#REF!,IF(#REF!=\"ZERO\",0))))),\"\")","v":{"$error":"#REF!"}},{"$error":"#REF!"},{"$error":"#REF!"}]
["SF-00581","Adesivo Estrutural Epóxi Bicomponente","kg",0,{"$f":"OFFSET(INDEX(Composições!A:J,MATCH(Orçamentária!A586,Composições!A:A,0),8),2,0)","v":61.892500000000005},0,{"$f":"IF(A586<>\"\",IF(AND(#REF!=\"Padrão\",$H$4=#REF!),BDI!$B$17,IF(AND(#REF!=\"Padrão\",$H$4=#REF!),BDI!#REF!,IF(AND(#REF!=\"Diferenciado\",$H$4=#REF!),BDI!$E$17,IF(AND(#REF!=\"Diferenciado\",$H$4=#REF!),BDI!#REF!,IF(#REF!=\"ZERO\",0))))),\"\")","v":{"$error":"#REF!"}},{"$error":"#REF!"},{"$error":"#REF!"}]
["SF-00582","Adesivo Selante Poliuretano","un",0,{"$f":"OFFSET(INDEX(Composições!A:J,MATCH(Orçamentária!A587,Composições!A:A,0),8),2,0)","v":40.042499999999997},0,{"$f":"IF(A587<>\"\",IF(AND(#REF!=\"Padrão\",$H$4=#REF!),BDI!$B$17,IF(AND(#REF!=\"Padrão\",$H$4=#REF!),BDI!#REF!,IF(AND(#REF!=\"Diferenciado\",$H$4=#REF!),BDI!$E$17,IF(AND(#REF!=\"Diferenciado\",$H$4=#REF!),BDI!#REF!,IF(#REF!=\"ZERO\",0))))),\"\")","v":{"$error":"#REF!"}},{"$error":"#REF!"},{"$error":"#REF!"}]
["SF-00583","Selante de Silicone","un",0,{"$f":"OFFSET(INDEX(Composições!A:J,MATCH(Orçamentária!A588,Composições!A:A,0),8),2,0)","v":26.4575},0,{"$f":"IF(A588<>\"\",IF(AND(#REF!=\"Padrão\",$H$4=#REF!),BDI!$B$17,IF(AND(#REF!=\"Padrão\",$H$4=#REF!),BDI!#REF!,IF(AND(#REF!=\"Diferenciado\",$H$4=#REF!),BDI!$E$17,IF(AND(#REF!=\"Diferenciado\",$H$4=#REF!),BDI!#REF!,IF(#REF!=\"ZERO\",0))))),\"\")","v":{"$error":"#REF!"}},{"$error":"#REF!"},{"$error":"#REF!"}]
["SF-00584","Fita Asfáltica Autoadesiva (30 cm)","m",0,"","",{"$f":"IF(A589<>\"\",IF(AND(#REF!=\"Padrão\",$H$4=#REF!),BDI!$B$17,IF(AND(#REF!=\"Padrão\",$H$4=#REF!),BDI!#REF!,IF(AND(#REF!=\"Diferenciado\",$H$4=#REF!),BDI!$E$17,IF(AND(#REF!=\"Diferenciado\",$H$4=#REF!),BDI!#REF!,IF(#REF!=\"ZERO\",0))))),\"\")","v":{"$error":"#REF!"}},"",""]
["SF-00585","Fita Asfáltica Autoadesiva (45 cm)","m",0,"","",{"$f":"IF(A590<>\"\",IF(AND(#REF!=\"Padrão\",$H$4=#REF!),BDI!$B$17,IF(AND(#REF!=\"Padrão\",$H$4=#REF!),BDI!#REF!,IF(AND(#REF!=\"Diferenciado\",$H$4=#REF!),BDI!$E$17,IF(AND(#REF!=\"Diferenciado\",$H$4=#REF!),BDI!#REF!,IF(#REF!=\"ZERO\",0))))),\"\")","v":{"$error":"#REF!"}},"",""]
["SF-00586","Membrana Impermeabilizante De Alto Desempenho","kg",0,"","",{"$f":"IF(A591<>\"\",IF(AND(#REF!=\"Padrão\",$H$4=#REF!),BDI!$B$17,IF(AND(#REF!=\"Padrão\",$H$4=#REF!),BDI!#REF!,IF(AND(#REF!=\"Diferenciado\",$H$4=#REF!),BDI!$E$17,IF(AND(#REF!=\"Diferenciado\",$H$4=#REF!),BDI!#REF!,IF(#REF!=\"ZERO\",0))))),\"\")","v":{"$error":"#REF!"}},"",""]
["SF-00587","Aditivo de Pega Ultrarrápida","L",0,"","",{"$f":"IF(A592<>\"\",IF(AND(#REF!=\"Padrão\",$H$4=#REF!),BDI!$B$17,IF(AND(#REF!=\"Padrão\",$H$4=#REF!),BDI!#REF!,IF(AND(#REF!=\"Diferenciado\",$H$4=#REF!),BDI!$E$17,IF(AND(#REF!=\"Diferenciado\",$H$4=#REF!),BDI!#REF!,IF(#REF!=\"ZERO\",0))))),\"\")","v":{"$error":"#REF!"}},"",""]
["SF-00588","Aditivo Impermeabilizante","L",8,{"$f":"OFFSET(INDEX(Composições!A:J,MATCH(Orçamentária!A593,Composições!A:A,0),8),2,0)","v":8.3504999999999985},66.803999999999988,{"$f":"BDI!$B$17","v":0.191},9.9499999999999993,79.599999999999994]
["SF-00589","Aditivo Plastificante Para Argamassa","L",0,"","",{"$f":"IF(A594<>\"\",IF(AND(#REF!=\"Padrão\",$H$4=#REF!),BDI!$B$17,IF(AND(#REF!=\"Padrão\",$H$4=#REF!),BDI!#REF!,IF(AND(#REF!=\"Diferenciado\",$H$4=#REF!),BDI!$E$17,IF(AND(#REF!=\"Diferenciado\",$H$4=#REF!),BDI!#REF!,IF(#REF!=\"ZERO\",0))))),\"\")","v":{"$error":"#REF!"}},"",""]
["SF-00590","Fita adesiva antiderrapante na cor preta","m",0,"","",{"$f":"IF(A595<>\"\",IF(AND(#REF!=\"Padrão\",$H$4=#REF!),BDI!$B$17,IF(AND(#REF!=\"Padrão\",$H$4=#REF!),BDI!#REF!,IF(AND(#REF!=\"Diferenciado\",$H$4=#REF!),BDI!$E$17,IF(AND(#REF!=\"Diferenciado\",$H$4=#REF!),BDI!#REF!,IF(#REF!=\"ZERO\",0))))),\"\")","v":{"$error":"#REF!"}},"",""]
["SF-00591","Fita adesiva antiderrapante na cor preta com faixa fosforescente na cor branca","m",0,"","",{"$f":"IF(A596<>\"\",IF(AND(#REF!=\"Padrão\",$H$4=#REF!),BDI!$B$17,IF(AND(#REF!=\"Padrão\",$H$4=#REF!),BDI!#REF!,IF(AND(#REF!=\"Diferenciado\",$H$4=#REF!),BDI!$E$17,IF(AND(#REF!=\"Diferenciado\",$H$4=#REF!),BDI!#REF!,IF(#REF!=\"ZERO\",0))))),\"\")","v":{"$error":"#REF!"}},"",""]
["SF-00592","Lona Plástica","m2",0,{"$f":"OFFSET(INDEX(Composições!A:J,MATCH(Orçamentária!A597,Composições!A:A,0),8),2,0)","v":1.8239999999999998},0,{"$f":"IF(A597<>\"\",IF(AND(#REF!=\"Padrão\",$H$4=#REF!),BDI!$B$17,IF(AND(#REF!=\"Padrão\",$H$4=#REF!),BDI!#REF!,IF(AND(#REF!=\"Diferenciado\",$H$4=#REF!),BDI!$E$17,IF(AND(#REF!=\"Diferenciado\",$H$4=#REF!),BDI!#REF!,IF(#REF!=\"ZERO\",0))))),\"\")","v":{"$error":"#REF!"}},{"$error":"#REF!"},{"$error":"#REF!"}]
["SF-00593","Tapa Furo Plástico","un",0,"","",{"$f":"IF(A598<>\"\",IF(AND(#REF!=\"Padrão\",$H$4=#REF!),BDI!$B$17,IF(AND(#REF!=\"Padrão\",$H$4=#REF!),BDI!#REF!,IF(AND(#REF!=\"Diferenciado\",$H$4=#REF!),BDI!$E$17,IF(AND(#REF!=\"Diferenciado\",$H$4=#REF!),BDI!#REF!,IF(#REF!=\"ZERO\",0))))),\"\")","v":{"$error":"#REF!"}},"",""]
["SF-00594","Arremate de Plástico - (Tampa para cabeça de parafuso)","un",0,"","",{"$f":"IF(A599<>\"\",IF(AND(#REF!=\"Padrão\",$H$4=#REF!),BDI!$B$17,IF(AND(#REF!=\"Padrão\",$H$4=#REF!),BDI!#REF!,IF(AND(#REF!=\"Diferenciado\",$H$4=#REF!),BDI!$E$17,IF(AND(#REF!=\"Diferenciado\",$H$4=#REF!),BDI!#REF!,IF(#REF!=\"ZERO\",0))))),\"\")","v":{"$error":"#REF!"}},"",""]
["SF-00595","Rebite de Aço Maciço – 1/4” x 1/2\"","un",0,"","",{"$f":"IF(A600<>\"\",IF(AND(#REF!=\"Padrão\",$H$4=#REF!),BDI!$B$17,IF(AND(#REF!=\"Padrão\",$H$4=#REF!),BDI!#REF!,IF(AND(#REF!=\"Diferenciado\",$H$4=#REF!),BDI!$E$17,IF(AND(#REF!=\"Diferenciado\",$H$4=#REF!),BDI!#REF!,IF(#REF!=\"ZERO\",0))))),\"\")","v":{"$error":"#REF!"}},"",""]
["SF-00596","Rebite de Aço Maciço – 3/16” x 1”","un",0,"","",{"$f":"IF(A601<>\"\",IF(AND(#REF!=\"Padrão\",$H$4=#REF!),BDI!$B$17,IF(AND(#REF!=\"Padrão\",$H$4=#REF!),BDI!#REF!,IF(AND(#REF!=\"Diferenciado\",$H$4=#REF!),BDI!$E$17,IF(AND(#REF!=\"Diferenciado\",$H$4=#REF!),BDI!#REF!,IF(#REF!=\"ZERO\",0))))),\"\")","v":{"$error":"#REF!"}},"",""]
["SF-00597","Rebite de Aço Maciço – 3/16” x 1/2\"","un",0,"","",{"$f":"IF(A602<>\"\",IF(AND(#REF!=\"Padrão\",$H$4=#REF!),BDI!$B$17,IF(AND(#REF!=\"Padrão\",$H$4=#REF!),BDI!#REF!,IF(AND(#REF!=\"Diferenciado\",$H$4=#REF!),BDI!$E$17,IF(AND(#REF!=\"Diferenciado\",$H$4=#REF!),BDI!#REF!,IF(#REF!=\"ZERO\",0))))),\"\")","v":{"$error":"#REF!"}},"",""]
["SF-00598","Arruela Lisa de  1/2”","un",0,"","",{"$f":"IF(A603<>\"\",IF(AND(#REF!=\"Padrão\",$H$4=#REF!),BDI!$B$17,IF(AND(#REF!=\"Padrão\",$H$4=#REF!),BDI!#REF!,IF(AND(#REF!=\"Diferenciado\",$H$4=#REF!),BDI!$E$17,IF(AND(#REF!=\"Diferenciado\",$H$4=#REF!),BDI!#REF!,IF(#REF!=\"ZERO\",0))))),\"\")","v":{"$error":"#REF!"}},"",""]
["SF-00599","Arruela Lisa de  3/4”","un",0,"","",{"$f":"IF(A604<>\"\",IF(AND(#REF!=\"Padrão\",$H$4=#REF!),BDI!$B$17,IF(AND(#REF!=\"Padrão\",$H$4=#REF!),BDI!#REF!,IF(AND(#REF!=\"Diferenciado\",$H$4=#REF!),BDI!$E$17,IF(AND(#REF!=\"Diferenciado\",$H$4=#REF!),BDI!#REF!,IF(#REF!=\"ZERO\",0))))),\"\")","v":{"$error":"#REF!"}},"",""]
["SF-00600","Arruela Lisa de  5/16”","un",0,"","",{"$f":"IF(A605<>\"\",IF(AND(#REF!=\"Padrão\",$H$4=#REF!),BDI!$B$17,IF(AND(#REF!=\"Padrão\",$H$4=#REF!),BDI!#REF!,IF(AND(#REF!=\"Diferenciado\",$H$4=#REF!),BDI!$E$17,IF(AND(#REF!=\"Diferenciado\",$H$4=#REF!),BDI!#REF!,IF(#REF!=\"ZERO\",0))))),\"\")","v":{"$error":"#REF!"}},"",""]
["SF-00601","Arruela Lisa de  1/4”","un",0,"","",{"$f":"IF(A606<>\"\",IF(AND(#REF!=\"Padrão\",$H$4=#REF!),BDI!$B$17,IF(AND(#REF!=\"Padrão\",$H$4=#REF!),BDI!#REF!,IF(AND(#REF!=\"Diferenciado\",$H$4=#REF!),BDI!$E$17,IF(AND(#REF!=\"Diferenciado\",$H$4=#REF!),BDI!#REF!,IF(#REF!=\"ZERO\",0))))),\"\")","v":{"$error":"#REF!"}},"",""]
["SF-00602","Bucha Plástica S5","un",0,"","",{"$f":"IF(A607<>\"\",IF(AND(#REF!=\"Padrão\",$H$4=#REF!),BDI!$B$17,IF(AND(#REF!=\"Padrão\",$H$4=#REF!),BDI!#REF!,IF(AND(#REF!=\"Diferenciado\",$H$4=#REF!),BDI!$E$17,IF(AND(#REF!=\"Diferenciado\",$H$4=#REF!),BDI!#REF!,IF(#REF!=\"ZERO\",0))))),\"\")","v":{"$error":"#REF!"}},"",""]
["SF-00603","Bucha Plástica S6","un",0,"","",{"$f":"IF(A608<>\"\",IF(AND(#REF!=\"Padrão\",$H$4=#REF!),BDI!$B$17,IF(AND(#REF!=\"Padrão\",$H$4=#REF!),BDI!#REF!,IF(AND(#REF!=\"Diferenciado\",$H$4=#REF!),BDI!$E$17,IF(AND(#REF!=\"Diferenciado\",$H$4=#REF!),BDI!#REF!,IF(#REF!=\"ZERO\",0))))),\"\")","v":{"$error":"#REF!"}},"",""]
["SF-00604","Bucha Plástica S8","un",0,"","",{"$f":"IF(A609<>\"\",IF(AND(#REF!=\"Padrão\",$H$4=#REF!),BDI!$B$17,IF(AND(#REF!=\"Padrão\",$H$4=#REF!),BDI!#REF!,IF(AND(#REF!=\"Diferenciado\",$H$4=#REF!),BDI!$E$17,IF(AND(#REF!=\"Diferenciado\",$H$4=#REF!),BDI!#REF!,IF(#REF!=\"ZERO\",0))))),\"\")","v":{"$error":"#REF!"}},"",""]
["SF-00605","Bucha Plástica S10","un",0,"","",{"$f":"IF(A610<>\"\",IF(AND(#REF!=\"Padrão\",$H$4=#REF!),BDI!$B$17,IF(AND(#REF!=\"Padrão\",$H$4=#REF!),BDI!#REF!,IF(AND(#REF!=\"Diferenciado\",$H$4=#REF!),BDI!$E$17,IF(AND(#REF!=\"Diferenciado\",$H$4=#REF!),BDI!#REF!,IF(#REF!=\"ZERO\",0))))),\"\")","v":{"$error":"#REF!"}},"",""]
["SF-00606","Bucha Plástica S12","un",0,"","",{"$f":"IF(A611<>\"\",IF(AND(#REF!=\"Padrão\",$H$4=#REF!),BDI!$B$17,IF(AND(#REF!=\"Padrão\",$H$4=#REF!),BDI!#REF!,IF(AND(#REF!=\"Diferenciado\",$H$4=#REF!),BDI!$E$17,IF(AND(#REF!=\"Diferenciado\",$H$4=#REF!),BDI!#REF!,IF(#REF!=\"ZERO\",0))))),\"\")","v":{"$error":"#REF!"}},"",""]
["SF-00607","Rebite de Repuxo de 32 x 10","un",0,"","",{"$f":"IF(A612<>\"\",IF(AND(#REF!=\"Padrão\",$H$4=#REF!),BDI!$B$17,IF(AND(#REF!=\"Padrão\",$H$4=#REF!),BDI!#REF!,IF(AND(#REF!=\"Diferenciado\",$H$4=#REF!),BDI!$E$17,IF(AND(#REF!=\"Diferenciado\",$H$4=#REF!),BDI!#REF!,IF(#REF!=\"ZERO\",0))))),\"\")","v":{"$error":"#REF!"}},"",""]
["SF-00608","Rebite de Repuxo de 40 x 12","un",0,"","",{"$f":"IF(A613<>\"\",IF(AND(#REF!=\"Padrão\",$H$4=#REF!),BDI!$B$17,IF(AND(#REF!=\"Padrão\",$H$4=#REF!),BDI!#REF!,IF(AND(#REF!=\"Diferenciado\",$H$4=#REF!),BDI!$E$17,IF(AND(#REF!=\"Diferenciado\",$H$4=#REF!),BDI!#REF!,IF(#REF!=\"ZERO\",0))))),\"\")","v":{"$error":"#REF!"}},"",""]
["SF-00609","Rebite de repuxo de 62 x 30 mm","un",0,"","",{"$f":"IF(A614<>\"\",IF(AND(#REF!=\"Padrão\",$H$4=#REF!),BDI!$B$17,IF(AND(#REF!=\"Padrão\",$H$4=#REF!),BDI!#REF!,IF(AND(#REF!=\"Diferenciado\",$H$4=#REF!),BDI!$E$17,IF(AND(#REF!=\"Diferenciado\",$H$4=#REF!),BDI!#REF!,IF(#REF!=\"ZERO\",0))))),\"\")","v":{"$error":"#REF!"}},"",""]
["SF-00610","Rebite de Repuxo de  3/16” x 30 mm","un",0,"","",{"$f":"IF(A615<>\"\",IF(AND(#REF!=\"Padrão\",$H$4=#REF!),BDI!$B$17,IF(AND(#REF!=\"Padrão\",$H$4=#REF!),BDI!#REF!,IF(AND(#REF!=\"Diferenciado\",$H$4=#REF!),BDI!$E$17,IF(AND(#REF!=\"Diferenciado\",$H$4=#REF!),BDI!#REF!,IF(#REF!=\"ZERO\",0))))),\"\")","v":{"$error":"#REF!"}},"",""]
["SF-00611","Rebite de Repuxo de  4.8 x 12 mm","un",0,"","",{"$f":"IF(A616<>\"\",IF(AND(#REF!=\"Padrão\",$H$4=#REF!),BDI!$B$17,IF(AND(#REF!=\"Padrão\",$H$4=#REF!),BDI!#REF!,IF(AND(#REF!=\"Diferenciado\",$H$4=#REF!),BDI!$E$17,IF(AND(#REF!=\"Diferenciado\",$H$4=#REF!),BDI!#REF!,IF(#REF!=\"ZERO\",0))))),\"\")","v":{"$error":"#REF!"}},"",""]
["SF-00612","Rebite de Repuxo de  4.8 x 25 mm","un",0,"","",{"$f":"IF(A617<>\"\",IF(AND(#REF!=\"Padrão\",$H$4=#REF!),BDI!$B$17,IF(AND(#REF!=\"Padrão\",$H$4=#REF!),BDI!#REF!,IF(AND(#REF!=\"Diferenciado\",$H$4=#REF!),BDI!$E$17,IF(AND(#REF!=\"Diferenciado\",$H$4=#REF!),BDI!#REF!,IF(#REF!=\"ZERO\",0))))),\"\")","v":{"$error":"#REF!"}},"",""]
["SF-00613","Rebite de Repuxo de  6.2 x 22 mm","un",0,"","",{"$f":"IF(A618<>\"\",IF(AND(#REF!=\"Padrão\",$H$4=#REF!),BDI!$B$17,IF(AND(#REF!=\"Padrão\",$H$4=#REF!),BDI!#REF!,IF(AND(#REF!=\"Diferenciado\",$H$4=#REF!),BDI!$E$17,IF(AND(#REF!=\"Diferenciado\",$H$4=#REF!),BDI!#REF!,IF(#REF!=\"ZERO\",0))))),\"\")","v":{"$error":"#REF!"}},"",""]
["SF-00614","Parafuso Phillips Cabeça Chata - 3.0 x 10 mm","un",0,"","",{"$f":"IF(A619<>\"\",IF(AND(#REF!=\"Padrão\",$H$4=#REF!),BDI!$B$17,IF(AND(#REF!=\"Padrão\",$H$4=#REF!),BDI!#REF!,IF(AND(#REF!=\"Diferenciado\",$H$4=#REF!),BDI!$E$17,IF(AND(#REF!=\"Diferenciado\",$H$4=#REF!),BDI!#REF!,IF(#REF!=\"ZERO\",0))))),\"\")","v":{"$error":"#REF!"}},"",""]
["SF-00615","Parafuso Phillips Cabeça Chata - 3.0 x 12 mm","un",0,"","",{"$f":"IF(A620<>\"\",IF(AND(#REF!=\"Padrão\",$H$4=#REF!),BDI!$B$17,IF(AND(#REF!=\"Padrão\",$H$4=#REF!),BDI!#REF!,IF(AND(#REF!=\"Diferenciado\",$H$4=#REF!),BDI!$E$17,IF(AND(#REF!=\"Diferenciado\",$H$4=#REF!),BDI!#REF!,IF(#REF!=\"ZERO\",0))))),\"\")","v":{"$error":"#REF!"}},"",""]
["SF-00616","Parafuso Philips Cabeça Chata - 3.0 x 16","un",0,"","",{"$f":"IF(A621<>\"\",IF(AND(#REF!=\"Padrão\",$H$4=#REF!),BDI!$B$17,IF(AND(#REF!=\"Padrão\",$H$4=#REF!),BDI!#REF!,IF(AND(#REF!=\"Diferenciado\",$H$4=#REF!),BDI!$E$17,IF(AND(#REF!=\"Diferenciado\",$H$4=#REF!),BDI!#REF!,IF(#REF!=\"ZERO\",0))))),\"\")","v":{"$error":"#REF!"}},"",""]
["SF-00617","Parafuso Philips Cabeça Chata - 3.0 x 22","un",0,"","",{"$f":"IF(A622<>\"\",IF(AND(#REF!=\"Padrão\",$H$4=#REF!),BDI!$B$17,IF(AND(#REF!=\"Padrão\",$H$4=#REF!),BDI!#REF!,IF(AND(#REF!=\"Diferenciado\",$H$4=#REF!),BDI!$E$17,IF(AND(#REF!=\"Diferenciado\",$H$4=#REF!),BDI!#REF!,IF(#REF!=\"ZERO\",0))))),\"\")","v":{"$error":"#REF!"}},"",""]
["SF-00618","Parafuso Philips Cabeça Chata - 3.0 x 25","un",0,"","",{"$f":"IF(A623<>\"\",IF(AND(#REF!=\"Padrão\",$H$4=#REF!),BDI!$B$17,IF(AND(#REF!=\"Padrão\",$H$4=#REF!),BDI!#REF!,IF(AND(#REF!=\"Diferenciado\",$H$4=#REF!),BDI!$E$17,IF(AND(#REF!=\"Diferenciado\",$H$4=#REF!),BDI!#REF!,IF(#REF!=\"ZERO\",0))))),\"\")","v":{"$error":"#REF!"}},"",""]
["SF-00619","Parafuso Philips Cabeça Chata - 3.0 x 30","un",0,"","",{"$f":"IF(A624<>\"\",IF(AND(#REF!=\"Padrão\",$H$4=#REF!),BDI!$B$17,IF(AND(#REF!=\"Padrão\",$H$4=#REF!),BDI!#REF!,IF(AND(#REF!=\"Diferenciado\",$H$4=#REF!),BDI!$E$17,IF(AND(#REF!=\"Diferenciado\",$H$4=#REF!),BDI!#REF!,IF(#REF!=\"ZERO\",0))))),\"\")","v":{"$error":"#REF!"}},"",""]
["SF-00620","Parafuso Philips Cabeça Chata - 3.5 x 14","un",0,"","",{"$f":"IF(A625<>\"\",IF(AND(#REF!=\"Padrão\",$H$4=#REF!),BDI!$B$17,IF(AND(#REF!=\"Padrão\",$H$4=#REF!),BDI!#REF!,IF(AND(#REF!=\"Diferenciado\",$H$4=#REF!),BDI!$E$17,IF(AND(#REF!=\"Diferenciado\",$H$4=#REF!),BDI!#REF!,IF(#REF!=\"ZERO\",0))))),\"\")","v":{"$error":"#REF!"}},"",""]
["SF-00621","Parafuso Philips Cabeça Chata - 3.5 x 16","un",0,"","",{"$f":"IF(A626<>\"\",IF(AND(#REF!=\"Padrão\",$H$4=#REF!),BDI!$B$17,IF(AND(#REF!=\"Padrão\",$H$4=#REF!),BDI!#REF!,IF(AND(#REF!=\"Diferenciado\",$H$4=#REF!),BDI!$E$17,IF(AND(#REF!=\"Diferenciado\",$H$4=#REF!),BDI!#REF!,IF(#REF!=\"ZERO\",0))))),\"\")","v":{"$error":"#REF!"}},"",""]
["SF-00622","Parafuso Philips Cabeça Chata - 3.5 x 20","un",0,"","",{"$f":"IF(A627<>\"\",IF(AND(#REF!=\"Padrão\",$H$4=#REF!),BDI!$B$17,IF(AND(#REF!=\"Padrão\",$H$4=#REF!),BDI!#REF!,IF(AND(#REF!=\"Diferenciado\",$H$4=#REF!),BDI!$E$17,IF(AND(#REF!=\"Diferenciado\",$H$4=#REF!),BDI!#REF!,IF(#REF!=\"ZERO\",0))))),\"\")","v":{"$error":"#REF!"}},"",""]
["SF-00623","Parafuso Philips Cabeça Chata - 3.5 x 22  mm","un",0,"","",{"$f":"IF(A628<>\"\",IF(AND(#REF!=\"Padrão\",$H$4=#REF!),BDI!$B$17,IF(AND(#REF!=\"Padrão\",$H$4=#REF!),BDI!#REF!,IF(AND(#REF!=\"Diferenciado\",$H$4=#REF!),BDI!$E$17,IF(AND(#REF!=\"Diferenciado\",$H$4=#REF!),BDI!#REF!,IF(#REF!=\"ZERO\",0))))),\"\")","v":{"$error":"#REF!"}},"",""]
["SF-00624","Parafuso Philips Cabeça Chata - 3.5 x 25 mm","un",0,"","",{"$f":"IF(A629<>\"\",IF(AND(#REF!=\"Padrão\",$H$4=#REF!),BDI!$B$17,IF(AND(#REF!=\"Padrão\",$H$4=#REF!),BDI!#REF!,IF(AND(#REF!=\"Diferenciado\",$H$4=#REF!),BDI!$E$17,IF(AND(#REF!=\"Diferenciado\",$H$4=#REF!),BDI!#REF!,IF(#REF!=\"ZERO\",0))))),\"\")","v":{"$error":"#REF!"}},"",""]
["SF-00625","Parafuso Philips Cabeça Chata - 3.5 x 30","un",0,"","",{"$f":"IF(A630<>\"\",IF(AND(#REF!=\"Padrão\",$H$4=#REF!),BDI!$B$17,IF(AND(#REF!=\"Padrão\",$H$4=#REF!),BDI!#REF!,IF(AND(#REF!=\"Diferenciado\",$H$4=#REF!),BDI!$E$17,IF(AND(#REF!=\"Diferenciado\",$H$4=#REF!),BDI!#REF!,IF(#REF!=\"ZERO\",0))))),\"\")","v":{"$error":"#REF!"}},"",""]
["SF-00626","Parafuso Philips Cabeça Chata - 3.5 x 35","un",0,"","",{"$f":"IF(A631<>\"\",IF(AND(#REF!=\"Padrão\",$H$4=#REF!),BDI!$B$17,IF(AND(#REF!=\"Padrão\",$H$4=#REF!),BDI!#REF!,IF(AND(#REF!=\"Diferenciado\",$H$4=#REF!),BDI!$E$17,IF(AND(#REF!=\"Diferenciado\",$H$4=#REF!),BDI!#REF!,IF(#REF!=\"ZERO\",0))))),\"\")","v":{"$error":"#REF!"}},"",""]
["SF-00627","Parafuso Philips Cabeça Chata - 3.5 x 40","un",0,"","",{"$f":"IF(A632<>\"\",IF(AND(#REF!=\"Padrão\",$H$4=#REF!),BDI!$B$17,IF(AND(#REF!=\"Padrão\",$H$4=#REF!),BDI!#REF!,IF(AND(#REF!=\"Diferenciado\",$H$4=#REF!),BDI!$E$17,IF(AND(#REF!=\"Diferenciado\",$H$4=#REF!),BDI!#REF!,IF(#REF!=\"ZERO\",0))))),\"\")","v":{"$error":"#REF!"}},"",""]
["SF-00628","Parafuso Phillips Cabeça Chata - 40x40mm","un",0,"","",{"$f":"IF(A633<>\"\",IF(AND(#REF!=\"Padrão\",$H$4=#REF!),BDI!$B$17,IF(AND(#REF!=\"Padrão\",$H$4=#REF!),BDI!#REF!,IF(AND(#REF!=\"Diferenciado\",$H$4=#REF!),BDI!$E$17,IF(AND(#REF!=\"Diferenciado\",$H$4=#REF!),BDI!#REF!,IF(#REF!=\"ZERO\",0))))),\"\")","v":{"$error":"#REF!"}},"",""]
["SF-00629","Parafuso Phillips Cabeça Chata - 4.0x45mm","un",0,"","",{"$f":"IF(A634<>\"\",IF(AND(#REF!=\"Padrão\",$H$4=#REF!),BDI!$B$17,IF(AND(#REF!=\"Padrão\",$H$4=#REF!),BDI!#REF!,IF(AND(#REF!=\"Diferenciado\",$H$4=#REF!),BDI!$E$17,IF(AND(#REF!=\"Diferenciado\",$H$4=#REF!),BDI!#REF!,IF(#REF!=\"ZERO\",0))))),\"\")","v":{"$error":"#REF!"}},"",""]
["SF-00630","Parafuso Phillips Cabeça Chata - 4.0x50mm","un",0,"","",{"$f":"IF(A635<>\"\",IF(AND(#REF!=\"Padrão\",$H$4=#REF!),BDI!$B$17,IF(AND(#REF!=\"Padrão\",$H$4=#REF!),BDI!#REF!,IF(AND(#REF!=\"Diferenciado\",$H$4=#REF!),BDI!$E$17,IF(AND(#REF!=\"Diferenciado\",$H$4=#REF!),BDI!#REF!,IF(#REF!=\"ZERO\",0))))),\"\")","v":{"$error":"#REF!"}},"",""]
["SF-00631","Parafuso Phillips cabeça chata - 4.0x60mm","un",0,"","",{"$f":"IF(A636<>\"\",IF(AND(#REF!=\"Padrão\",$H$4=#REF!),BDI!$B$17,IF(AND(#REF!=\"Padrão\",$H$4=#REF!),BDI!#REF!,IF(AND(#REF!=\"Diferenciado\",$H$4=#REF!),BDI!$E$17,IF(AND(#REF!=\"Diferenciado\",$H$4=#REF!),BDI!#REF!,IF(#REF!=\"ZERO\",0))))),\"\")","v":{"$error":"#REF!"}},"",""]
["SF-00632","Parafuso Philips Cabeça Chata - 4.0 x 30","un",0,"","",{"$f":"IF(A637<>\"\",IF(AND(#REF!=\"Padrão\",$H$4=#REF!),BDI!$B$17,IF(AND(#REF!=\"Padrão\",$H$4=#REF!),BDI!#REF!,IF(AND(#REF!=\"Diferenciado\",$H$4=#REF!),BDI!$E$17,IF(AND(#REF!=\"Diferenciado\",$H$4=#REF!),BDI!#REF!,IF(#REF!=\"ZERO\",0))))),\"\")","v":{"$error":"#REF!"}},"",""]
["SF-00633","Parafuso Philips Cabeça Chata - 4.0 x 35","un",0,"","",{"$f":"IF(A638<>\"\",IF(AND(#REF!=\"Padrão\",$H$4=#REF!),BDI!$B$17,IF(AND(#REF!=\"Padrão\",$H$4=#REF!),BDI!#REF!,IF(AND(#REF!=\"Diferenciado\",$H$4=#REF!),BDI!$E$17,IF(AND(#REF!=\"Diferenciado\",$H$4=#REF!),BDI!#REF!,IF(#REF!=\"ZERO\",0))))),\"\")","v":{"$error":"#REF!"}},"",""]
["SF-00634","Parafuso Philips Cabeça Chata - 5.0 x 60","un",0,"","",{"$f":"IF(A639<>\"\",IF(AND(#REF!=\"Padrão\",$H$4=#REF!),BDI!$B$17,IF(AND(#REF!=\"Padrão\",$H$4=#REF!),BDI!#REF!,IF(AND(#REF!=\"Diferenciado\",$H$4=#REF!),BDI!$E$17,IF(AND(#REF!=\"Diferenciado\",$H$4=#REF!),BDI!#REF!,IF(#REF!=\"ZERO\",0))))),\"\")","v":{"$error":"#REF!"}},"",""]
["SF-00635","Parafuso Philips Cabeça Chata - 6.0 x 60","un",0,"","",{"$f":"IF(A640<>\"\",IF(AND(#REF!=\"Padrão\",$H$4=#REF!),BDI!$B$17,IF(AND(#REF!=\"Padrão\",$H$4=#REF!),BDI!#REF!,IF(AND(#REF!=\"Diferenciado\",$H$4=#REF!),BDI!$E$17,IF(AND(#REF!=\"Diferenciado\",$H$4=#REF!),BDI!#REF!,IF(#REF!=\"ZERO\",0))))),\"\")","v":{"$error":"#REF!"}},"",""]
["SF-00636","Parafuso Philips Cabeça Chata - 6.0 x 65","un",0,"","",{"$f":"IF(A641<>\"\",IF(AND(#REF!=\"Padrão\",$H$4=#REF!),BDI!$B$17,IF(AND(#REF!=\"Padrão\",$H$4=#REF!),BDI!#REF!,IF(AND(#REF!=\"Diferenciado\",$H$4=#REF!),BDI!$E$17,IF(AND(#REF!=\"Diferenciado\",$H$4=#REF!),BDI!#REF!,IF(#REF!=\"ZERO\",0))))),\"\")","v":{"$error":"#REF!"}},"",""]
["SF-00637","Porca Tipo Borboleta – 1/4”","un",0,"","",{"$f":"IF(A642<>\"\",IF(AND(#REF!=\"Padrão\",$H$4=#REF!),BDI!$B$17,IF(AND(#REF!=\"Padrão\",$H$4=#REF!),BDI!#REF!,IF(AND(#REF!=\"Diferenciado\",$H$4=#REF!),BDI!$E$17,IF(AND(#REF!=\"Diferenciado\",$H$4=#REF!),BDI!#REF!,IF(#REF!=\"ZERO\",0))))),\"\")","v":{"$error":"#REF!"}},"",""]
["SF-00638","Parafuso Philips Cabeça Oval - 4.0 x 16","un",0,"","",{"$f":"IF(A643<>\"\",IF(AND(#REF!=\"Padrão\",$H$4=#REF!),BDI!$B$17,IF(AND(#REF!=\"Padrão\",$H$4=#REF!),BDI!#REF!,IF(AND(#REF!=\"Diferenciado\",$H$4=#REF!),BDI!$E$17,IF(AND(#REF!=\"Diferenciado\",$H$4=#REF!),BDI!#REF!,IF(#REF!=\"ZERO\",0))))),\"\")","v":{"$error":"#REF!"}},"",""]
["SF-00639","Parafuso Tipo Board","un",0,"","",{"$f":"IF(A644<>\"\",IF(AND(#REF!=\"Padrão\",$H$4=#REF!),BDI!$B$17,IF(AND(#REF!=\"Padrão\",$H$4=#REF!),BDI!#REF!,IF(AND(#REF!=\"Diferenciado\",$H$4=#REF!),BDI!$E$17,IF(AND(#REF!=\"Diferenciado\",$H$4=#REF!),BDI!#REF!,IF(#REF!=\"ZERO\",0))))),\"\")","v":{"$error":"#REF!"}},"",""]
["SF-00640","Cavilha de Madeira – 6 x 30 mm","un",0,"","",{"$f":"IF(A645<>\"\",IF(AND(#REF!=\"Padrão\",$H$4=#REF!),BDI!$B$17,IF(AND(#REF!=\"Padrão\",$H$4=#REF!),BDI!#REF!,IF(AND(#REF!=\"Diferenciado\",$H$4=#REF!),BDI!$E$17,IF(AND(#REF!=\"Diferenciado\",$H$4=#REF!),BDI!#REF!,IF(#REF!=\"ZERO\",0))))),\"\")","v":{"$error":"#REF!"}},"",""]
["SF-00641","Cavilha de Madeira – 8 x 40 mm","un",0,"","",{"$f":"IF(A646<>\"\",IF(AND(#REF!=\"Padrão\",$H$4=#REF!),BDI!$B$17,IF(AND(#REF!=\"Padrão\",$H$4=#REF!),BDI!#REF!,IF(AND(#REF!=\"Diferenciado\",$H$4=#REF!),BDI!$E$17,IF(AND(#REF!=\"Diferenciado\",$H$4=#REF!),BDI!#REF!,IF(#REF!=\"ZERO\",0))))),\"\")","v":{"$error":"#REF!"}},"",""]
["SF-00642","Cavilha de Madeira – 10 x 50 mm","un",0,"",{"$f":"IF(ISNUMBER(E647),D647*E647,\"\")","v":""},{"$f":"IF(A647<>\"\",IF(AND(#REF!=\"Padrão\",$H$4=#REF!),BDI!$B$17,IF(AND(#REF!=\"Padrão\",$H$4=#REF!),BDI!#REF!,IF(AND(#REF!=\"Diferenciado\",$H$4=#REF!),BDI!$E$17,IF(AND(#REF!=\"Diferenciado\",$H$4=#REF!),BDI!#REF!,IF(#REF!=\"ZERO\",0))))),\"\")","v":{"$error":"#REF!"}},{"$f":"IF(ISNUMBER(E647),ROUND(E647*(1+G647),2),\"\")","v":""},{"$f":"IF(ISNUMBER(E647),ROUND(H647*D647,2),\"\")","v":""}]
["SF-00643","Orelhinha para suporte de Vitrô","un",0,"","",{"$f":"IF(A648<>\"\",IF(AND(#REF!=\"Padrão\",$H$4=#REF!),BDI!$B$17,IF(AND(#REF!=\"Padrão\",$H$4=#REF!),BDI!#REF!,IF(AND(#REF!=\"Diferenciado\",$H$4=#REF!),BDI!$E$17,IF(AND(#REF!=\"Diferenciado\",$H$4=#REF!),BDI!#REF!,IF(#REF!=\"ZERO\",0))))),\"\")","v":{"$error":"#REF!"}},"",""]
["SF-00644","Prego 18X27","kg",0,"","",{"$f":"IF(A649<>\"\",IF(AND(#REF!=\"Padrão\",$H$4=#REF!),BDI!$B$17,IF(AND(#REF!=\"Padrão\",$H$4=#REF!),BDI!#REF!,IF(AND(#REF!=\"Diferenciado\",$H$4=#REF!),BDI!$E$17,IF(AND(#REF!=\"Diferenciado\",$H$4=#REF!),BDI!#REF!,IF(#REF!=\"ZERO\",0))))),\"\")","v":{"$error":"#REF!"}},"",""]
["SF-00645","Ácidos","L",0,"","",{"$f":"IF(A650<>\"\",IF(AND(#REF!=\"Padrão\",$H$4=#REF!),BDI!$B$17,IF(AND(#REF!=\"Padrão\",$H$4=#REF!),BDI!#REF!,IF(AND(#REF!=\"Diferenciado\",$H$4=#REF!),BDI!$E$17,IF(AND(#REF!=\"Diferenciado\",$H$4=#REF!),BDI!#REF!,IF(#REF!=\"ZERO\",0))))),\"\")","v":{"$error":"#REF!"}},"",""]
["SF-00646","Aditivos químicos","L",0,"","",{"$f":"IF(A651<>\"\",IF(AND(#REF!=\"Padrão\",$H$4=#REF!),BDI!$B$17,IF(AND(#REF!=\"Padrão\",$H$4=#REF!),BDI!#REF!,IF(AND(#REF!=\"Diferenciado\",$H$4=#REF!),BDI!$E$17,IF(AND(#REF!=\"Diferenciado\",$H$4=#REF!),BDI!#REF!,IF(#REF!=\"ZERO\",0))))),\"\")","v":{"$error":"#REF!"}},"",""]
["SF-00647","Água destilada","L",0,"","",{"$f":"IF(A652<>\"\",IF(AND(#REF!=\"Padrão\",$H$4=#REF!),BDI!$B$17,IF(AND(#REF!=\"Padrão\",$H$4=#REF!),BDI!#REF!,IF(AND(#REF!=\"Diferenciado\",$H$4=#REF!),BDI!$E$17,IF(AND(#REF!=\"Diferenciado\",$H$4=#REF!),BDI!#REF!,IF(#REF!=\"ZERO\",0))))),\"\")","v":{"$error":"#REF!"}},"",""]
["SF-00648","Água sanitária","L",0,"","",{"$f":"IF(A653<>\"\",IF(AND(#REF!=\"Padrão\",$H$4=#REF!),BDI!$B$17,IF(AND(#REF!=\"Padrão\",$H$4=#REF!),BDI!#REF!,IF(AND(#REF!=\"Diferenciado\",$H$4=#REF!),BDI!$E$17,IF(AND(#REF!=\"Diferenciado\",$H$4=#REF!),BDI!#REF!,IF(#REF!=\"ZERO\",0))))),\"\")","v":{"$error":"#REF!"}},"",""]
["SF-00649","Álcoois","L",0,"","",{"$f":"IF(A654<>\"\",IF(AND(#REF!=\"Padrão\",$H$4=#REF!),BDI!$B$17,IF(AND(#REF!=\"Padrão\",$H$4=#REF!),BDI!#REF!,IF(AND(#REF!=\"Diferenciado\",$H$4=#REF!),BDI!$E$17,IF(AND(#REF!=\"Diferenciado\",$H$4=#REF!),BDI!#REF!,IF(#REF!=\"ZERO\",0))))),\"\")","v":{"$error":"#REF!"}},"",""]
["SF-00650","Botijões de gás inclusive P-13 com recargas","un",0,"","",{"$f":"IF(A655<>\"\",IF(AND(#REF!=\"Padrão\",$H$4=#REF!),BDI!$B$17,IF(AND(#REF!=\"Padrão\",$H$4=#REF!),BDI!#REF!,IF(AND(#REF!=\"Diferenciado\",$H$4=#REF!),BDI!$E$17,IF(AND(#REF!=\"Diferenciado\",$H$4=#REF!),BDI!#REF!,IF(#REF!=\"ZERO\",0))))),\"\")","v":{"$error":"#REF!"}},"",""]
["SF-00651","Cola branca","kg",0,"","",{"$f":"IF(A656<>\"\",IF(AND(#REF!=\"Padrão\",$H$4=#REF!),BDI!$B$17,IF(AND(#REF!=\"Padrão\",$H$4=#REF!),BDI!#REF!,IF(AND(#REF!=\"Diferenciado\",$H$4=#REF!),BDI!$E$17,IF(AND(#REF!=\"Diferenciado\",$H$4=#REF!),BDI!#REF!,IF(#REF!=\"ZERO\",0))))),\"\")","v":{"$error":"#REF!"}},"",""]
["SF-00652","Desengraxantes","un",0,"","",{"$f":"IF(A657<>\"\",IF(AND(#REF!=\"Padrão\",$H$4=#REF!),BDI!$B$17,IF(AND(#REF!=\"Padrão\",$H$4=#REF!),BDI!#REF!,IF(AND(#REF!=\"Diferenciado\",$H$4=#REF!),BDI!$E$17,IF(AND(#REF!=\"Diferenciado\",$H$4=#REF!),BDI!#REF!,IF(#REF!=\"ZERO\",0))))),\"\")","v":{"$error":"#REF!"}},"",""]
["SF-00653","Desengripante","un",0,"","",{"$f":"IF(A658<>\"\",IF(AND(#REF!=\"Padrão\",$H$4=#REF!),BDI!$B$17,IF(AND(#REF!=\"Padrão\",$H$4=#REF!),BDI!#REF!,IF(AND(#REF!=\"Diferenciado\",$H$4=#REF!),BDI!$E$17,IF(AND(#REF!=\"Diferenciado\",$H$4=#REF!),BDI!#REF!,IF(#REF!=\"ZERO\",0))))),\"\")","v":{"$error":"#REF!"}},"",""]
["SF-00654","Detergentes","un",0,"","",{"$f":"IF(A659<>\"\",IF(AND(#REF!=\"Padrão\",$H$4=#REF!),BDI!$B$17,IF(AND(#REF!=\"Padrão\",$H$4=#REF!),BDI!#REF!,IF(AND(#REF!=\"Diferenciado\",$H$4=#REF!),BDI!$E$17,IF(AND(#REF!=\"Diferenciado\",$H$4=#REF!),BDI!#REF!,IF(#REF!=\"ZERO\",0))))),\"\")","v":{"$error":"#REF!"}},"",""]
["SF-00655","Eletrodos para solda","un",0,"","",{"$f":"IF(A660<>\"\",IF(AND(#REF!=\"Padrão\",$H$4=#REF!),BDI!$B$17,IF(AND(#REF!=\"Padrão\",$H$4=#REF!),BDI!#REF!,IF(AND(#REF!=\"Diferenciado\",$H$4=#REF!),BDI!$E$17,IF(AND(#REF!=\"Diferenciado\",$H$4=#REF!),BDI!#REF!,IF(#REF!=\"ZERO\",0))))),\"\")","v":{"$error":"#REF!"}},"",""]
["SF-00656","Espuma","un",0,"","",{"$f":"IF(A661<>\"\",IF(AND(#REF!=\"Padrão\",$H$4=#REF!),BDI!$B$17,IF(AND(#REF!=\"Padrão\",$H$4=#REF!),BDI!#REF!,IF(AND(#REF!=\"Diferenciado\",$H$4=#REF!),BDI!$E$17,IF(AND(#REF!=\"Diferenciado\",$H$4=#REF!),BDI!#REF!,IF(#REF!=\"ZERO\",0))))),\"\")","v":{"$error":"#REF!"}},"",""]
["SF-00657","Escovas para limpeza","un",0,"","",{"$f":"IF(A662<>\"\",IF(AND(#REF!=\"Padrão\",$H$4=#REF!),BDI!$B$17,IF(AND(#REF!=\"Padrão\",$H$4=#REF!),BDI!#REF!,IF(AND(#REF!=\"Diferenciado\",$H$4=#REF!),BDI!$E$17,IF(AND(#REF!=\"Diferenciado\",$H$4=#REF!),BDI!#REF!,IF(#REF!=\"ZERO\",0))))),\"\")","v":{"$error":"#REF!"}},"",""]
["SF-00658","Estopa","un",0,"","",{"$f":"IF(A663<>\"\",IF(AND(#REF!=\"Padrão\",$H$4=#REF!),BDI!$B$17,IF(AND(#REF!=\"Padrão\",$H$4=#REF!),BDI!#REF!,IF(AND(#REF!=\"Diferenciado\",$H$4=#REF!),BDI!$E$17,IF(AND(#REF!=\"Diferenciado\",$H$4=#REF!),BDI!#REF!,IF(#REF!=\"ZERO\",0))))),\"\")","v":{"$error":"#REF!"}},"",""]
["SF-00659","Fita de arquear","un",0,"","",{"$f":"IF(A664<>\"\",IF(AND(#REF!=\"Padrão\",$H$4=#REF!),BDI!$B$17,IF(AND(#REF!=\"Padrão\",$H$4=#REF!),BDI!#REF!,IF(AND(#REF!=\"Diferenciado\",$H$4=#REF!),BDI!$E$17,IF(AND(#REF!=\"Diferenciado\",$H$4=#REF!),BDI!#REF!,IF(#REF!=\"ZERO\",0))))),\"\")","v":{"$error":"#REF!"}},"",""]
["SF-00660","Fita teflon veda-rosca","un",0,"","",{"$f":"IF(A665<>\"\",IF(AND(#REF!=\"Padrão\",$H$4=#REF!),BDI!$B$17,IF(AND(#REF!=\"Padrão\",$H$4=#REF!),BDI!#REF!,IF(AND(#REF!=\"Diferenciado\",$H$4=#REF!),BDI!$E$17,IF(AND(#REF!=\"Diferenciado\",$H$4=#REF!),BDI!#REF!,IF(#REF!=\"ZERO\",0))))),\"\")","v":{"$error":"#REF!"}},"",""]
["SF-00661","Fita vinílica de proteção","un",0,"","",{"$f":"IF(A666<>\"\",IF(AND(#REF!=\"Padrão\",$H$4=#REF!),BDI!$B$17,IF(AND(#REF!=\"Padrão\",$H$4=#REF!),BDI!#REF!,IF(AND(#REF!=\"Diferenciado\",$H$4=#REF!),BDI!$E$17,IF(AND(#REF!=\"Diferenciado\",$H$4=#REF!),BDI!#REF!,IF(#REF!=\"ZERO\",0))))),\"\")","v":{"$error":"#REF!"}},"",""]
["SF-00662","Fitas adesivas","un",0,"","",{"$f":"IF(A667<>\"\",IF(AND(#REF!=\"Padrão\",$H$4=#REF!),BDI!$B$17,IF(AND(#REF!=\"Padrão\",$H$4=#REF!),BDI!#REF!,IF(AND(#REF!=\"Diferenciado\",$H$4=#REF!),BDI!$E$17,IF(AND(#REF!=\"Diferenciado\",$H$4=#REF!),BDI!#REF!,IF(#REF!=\"ZERO\",0))))),\"\")","v":{"$error":"#REF!"}},"",""]
["SF-00663","Fitas isolantes","un",0,"","",{"$f":"IF(A668<>\"\",IF(AND(#REF!=\"Padrão\",$H$4=#REF!),BDI!$B$17,IF(AND(#REF!=\"Padrão\",$H$4=#REF!),BDI!#REF!,IF(AND(#REF!=\"Diferenciado\",$H$4=#REF!),BDI!$E$17,IF(AND(#REF!=\"Diferenciado\",$H$4=#REF!),BDI!#REF!,IF(#REF!=\"ZERO\",0))))),\"\")","v":{"$error":"#REF!"}},"",""]
["SF-00664","Fluxo de solda","un",0,"","",{"$f":"IF(A669<>\"\",IF(AND(#REF!=\"Padrão\",$H$4=#REF!),BDI!$B$17,IF(AND(#REF!=\"Padrão\",$H$4=#REF!),BDI!#REF!,IF(AND(#REF!=\"Diferenciado\",$H$4=#REF!),BDI!$E$17,IF(AND(#REF!=\"Diferenciado\",$H$4=#REF!),BDI!#REF!,IF(#REF!=\"ZERO\",0))))),\"\")","v":{"$error":"#REF!"}},"",""]
["SF-00665","Fundo anticorrosivo","un",0,"","",{"$f":"IF(A670<>\"\",IF(AND(#REF!=\"Padrão\",$H$4=#REF!),BDI!$B$17,IF(AND(#REF!=\"Padrão\",$H$4=#REF!),BDI!#REF!,IF(AND(#REF!=\"Diferenciado\",$H$4=#REF!),BDI!$E$17,IF(AND(#REF!=\"Diferenciado\",$H$4=#REF!),BDI!#REF!,IF(#REF!=\"ZERO\",0))))),\"\")","v":{"$error":"#REF!"}},"",""]
["SF-00666","Gasolina","L",0,"","",{"$f":"IF(A671<>\"\",IF(AND(#REF!=\"Padrão\",$H$4=#REF!),BDI!$B$17,IF(AND(#REF!=\"Padrão\",$H$4=#REF!),BDI!#REF!,IF(AND(#REF!=\"Diferenciado\",$H$4=#REF!),BDI!$E$17,IF(AND(#REF!=\"Diferenciado\",$H$4=#REF!),BDI!#REF!,IF(#REF!=\"ZERO\",0))))),\"\")","v":{"$error":"#REF!"}},"",""]
["SF-00667","Graxas","un",0,"","",{"$f":"IF(A672<>\"\",IF(AND(#REF!=\"Padrão\",$H$4=#REF!),BDI!$B$17,IF(AND(#REF!=\"Padrão\",$H$4=#REF!),BDI!#REF!,IF(AND(#REF!=\"Diferenciado\",$H$4=#REF!),BDI!$E$17,IF(AND(#REF!=\"Diferenciado\",$H$4=#REF!),BDI!#REF!,IF(#REF!=\"ZERO\",0))))),\"\")","v":{"$error":"#REF!"}},"",""]
["SF-00668","Impermeabilizantes","un",0,"","",{"$f":"IF(A673<>\"\",IF(AND(#REF!=\"Padrão\",$H$4=#REF!),BDI!$B$17,IF(AND(#REF!=\"Padrão\",$H$4=#REF!),BDI!#REF!,IF(AND(#REF!=\"Diferenciado\",$H$4=#REF!),BDI!$E$17,IF(AND(#REF!=\"Diferenciado\",$H$4=#REF!),BDI!#REF!,IF(#REF!=\"ZERO\",0))))),\"\")","v":{"$error":"#REF!"}},"",""]
["SF-00669","Jogo de brocas para concreto","un",0,"","",{"$f":"IF(A674<>\"\",IF(AND(#REF!=\"Padrão\",$H$4=#REF!),BDI!$B$17,IF(AND(#REF!=\"Padrão\",$H$4=#REF!),BDI!#REF!,IF(AND(#REF!=\"Diferenciado\",$H$4=#REF!),BDI!$E$17,IF(AND(#REF!=\"Diferenciado\",$H$4=#REF!),BDI!#REF!,IF(#REF!=\"ZERO\",0))))),\"\")","v":{"$error":"#REF!"}},"",""]
["SF-00670","Jogo de brocas para madeira","un",0,"","",{"$f":"IF(A675<>\"\",IF(AND(#REF!=\"Padrão\",$H$4=#REF!),BDI!$B$17,IF(AND(#REF!=\"Padrão\",$H$4=#REF!),BDI!#REF!,IF(AND(#REF!=\"Diferenciado\",$H$4=#REF!),BDI!$E$17,IF(AND(#REF!=\"Diferenciado\",$H$4=#REF!),BDI!#REF!,IF(#REF!=\"ZERO\",0))))),\"\")","v":{"$error":"#REF!"}},"",""]
["SF-00671","Jogo de discos para polir e para lixar","un",0,"","",{"$f":"IF(A676<>\"\",IF(AND(#REF!=\"Padrão\",$H$4=#REF!),BDI!$B$17,IF(AND(#REF!=\"Padrão\",$H$4=#REF!),BDI!#REF!,IF(AND(#REF!=\"Diferenciado\",$H$4=#REF!),BDI!$E$17,IF(AND(#REF!=\"Diferenciado\",$H$4=#REF!),BDI!#REF!,IF(#REF!=\"ZERO\",0))))),\"\")","v":{"$error":"#REF!"}},"",""]
["SF-00672","Jogo de pontas e brocas para metal","un",0,"","",{"$f":"IF(A677<>\"\",IF(AND(#REF!=\"Padrão\",$H$4=#REF!),BDI!$B$17,IF(AND(#REF!=\"Padrão\",$H$4=#REF!),BDI!#REF!,IF(AND(#REF!=\"Diferenciado\",$H$4=#REF!),BDI!$E$17,IF(AND(#REF!=\"Diferenciado\",$H$4=#REF!),BDI!#REF!,IF(#REF!=\"ZERO\",0))))),\"\")","v":{"$error":"#REF!"}},"",""]
["SF-00673","Jogo de pontas para parafusadeira","un",0,"","",{"$f":"IF(A678<>\"\",IF(AND(#REF!=\"Padrão\",$H$4=#REF!),BDI!$B$17,IF(AND(#REF!=\"Padrão\",$H$4=#REF!),BDI!#REF!,IF(AND(#REF!=\"Diferenciado\",$H$4=#REF!),BDI!$E$17,IF(AND(#REF!=\"Diferenciado\",$H$4=#REF!),BDI!#REF!,IF(#REF!=\"ZERO\",0))))),\"\")","v":{"$error":"#REF!"}},"",""]
["SF-00674","Kit de brocas serra copos inclusive para metal","un",0,"","",{"$f":"IF(A679<>\"\",IF(AND(#REF!=\"Padrão\",$H$4=#REF!),BDI!$B$17,IF(AND(#REF!=\"Padrão\",$H$4=#REF!),BDI!#REF!,IF(AND(#REF!=\"Diferenciado\",$H$4=#REF!),BDI!$E$17,IF(AND(#REF!=\"Diferenciado\",$H$4=#REF!),BDI!#REF!,IF(#REF!=\"ZERO\",0))))),\"\")","v":{"$error":"#REF!"}},"",""]
["SF-00675","Lâminas de serra de arco","un",0,"","",{"$f":"IF(A680<>\"\",IF(AND(#REF!=\"Padrão\",$H$4=#REF!),BDI!$B$17,IF(AND(#REF!=\"Padrão\",$H$4=#REF!),BDI!#REF!,IF(AND(#REF!=\"Diferenciado\",$H$4=#REF!),BDI!$E$17,IF(AND(#REF!=\"Diferenciado\",$H$4=#REF!),BDI!#REF!,IF(#REF!=\"ZERO\",0))))),\"\")","v":{"$error":"#REF!"}},"",""]
["SF-00676","Lâminas de serra e de segueta","un",0,"","",{"$f":"IF(A681<>\"\",IF(AND(#REF!=\"Padrão\",$H$4=#REF!),BDI!$B$17,IF(AND(#REF!=\"Padrão\",$H$4=#REF!),BDI!#REF!,IF(AND(#REF!=\"Diferenciado\",$H$4=#REF!),BDI!$E$17,IF(AND(#REF!=\"Diferenciado\",$H$4=#REF!),BDI!#REF!,IF(#REF!=\"ZERO\",0))))),\"\")","v":{"$error":"#REF!"}},"",""]
["SF-00677","Lâminas de serra tico-tico","un",0,"","",{"$f":"IF(A682<>\"\",IF(AND(#REF!=\"Padrão\",$H$4=#REF!),BDI!$B$17,IF(AND(#REF!=\"Padrão\",$H$4=#REF!),BDI!#REF!,IF(AND(#REF!=\"Diferenciado\",$H$4=#REF!),BDI!$E$17,IF(AND(#REF!=\"Diferenciado\",$H$4=#REF!),BDI!#REF!,IF(#REF!=\"ZERO\",0))))),\"\")","v":{"$error":"#REF!"}},"",""]
["SF-00678","Limas chatas","un",0,"","",{"$f":"IF(A683<>\"\",IF(AND(#REF!=\"Padrão\",$H$4=#REF!),BDI!$B$17,IF(AND(#REF!=\"Padrão\",$H$4=#REF!),BDI!#REF!,IF(AND(#REF!=\"Diferenciado\",$H$4=#REF!),BDI!$E$17,IF(AND(#REF!=\"Diferenciado\",$H$4=#REF!),BDI!#REF!,IF(#REF!=\"ZERO\",0))))),\"\")","v":{"$error":"#REF!"}},"",""]
["SF-00679","Limas triangulares","un",0,"","",{"$f":"IF(A684<>\"\",IF(AND(#REF!=\"Padrão\",$H$4=#REF!),BDI!$B$17,IF(AND(#REF!=\"Padrão\",$H$4=#REF!),BDI!#REF!,IF(AND(#REF!=\"Diferenciado\",$H$4=#REF!),BDI!$E$17,IF(AND(#REF!=\"Diferenciado\",$H$4=#REF!),BDI!#REF!,IF(#REF!=\"ZERO\",0))))),\"\")","v":{"$error":"#REF!"}},"",""]
["SF-00680","Lixas","un",0,"","",{"$f":"IF(A685<>\"\",IF(AND(#REF!=\"Padrão\",$H$4=#REF!),BDI!$B$17,IF(AND(#REF!=\"Padrão\",$H$4=#REF!),BDI!#REF!,IF(AND(#REF!=\"Diferenciado\",$H$4=#REF!),BDI!$E$17,IF(AND(#REF!=\"Diferenciado\",$H$4=#REF!),BDI!#REF!,IF(#REF!=\"ZERO\",0))))),\"\")","v":{"$error":"#REF!"}},"",""]
["SF-00681","Lonas","un",0,"","",{"$f":"IF(A686<>\"\",IF(AND(#REF!=\"Padrão\",$H$4=#REF!),BDI!$B$17,IF(AND(#REF!=\"Padrão\",$H$4=#REF!),BDI!#REF!,IF(AND(#REF!=\"Diferenciado\",$H$4=#REF!),BDI!$E$17,IF(AND(#REF!=\"Diferenciado\",$H$4=#REF!),BDI!#REF!,IF(#REF!=\"ZERO\",0))))),\"\")","v":{"$error":"#REF!"}},"",""]
["SF-00682","Lubrificantes","un",0,"","",{"$f":"IF(A687<>\"\",IF(AND(#REF!=\"Padrão\",$H$4=#REF!),BDI!$B$17,IF(AND(#REF!=\"Padrão\",$H$4=#REF!),BDI!#REF!,IF(AND(#REF!=\"Diferenciado\",$H$4=#REF!),BDI!$E$17,IF(AND(#REF!=\"Diferenciado\",$H$4=#REF!),BDI!#REF!,IF(#REF!=\"ZERO\",0))))),\"\")","v":{"$error":"#REF!"}},"",""]
["SF-00683","Materiais de escritório","un",0,"","",{"$f":"IF(A688<>\"\",IF(AND(#REF!=\"Padrão\",$H$4=#REF!),BDI!$B$17,IF(AND(#REF!=\"Padrão\",$H$4=#REF!),BDI!#REF!,IF(AND(#REF!=\"Diferenciado\",$H$4=#REF!),BDI!$E$17,IF(AND(#REF!=\"Diferenciado\",$H$4=#REF!),BDI!#REF!,IF(#REF!=\"ZERO\",0))))),\"\")","v":{"$error":"#REF!"}},"",""]
["SF-00684","Óleos","un",0,"","",{"$f":"IF(A689<>\"\",IF(AND(#REF!=\"Padrão\",$H$4=#REF!),BDI!$B$17,IF(AND(#REF!=\"Padrão\",$H$4=#REF!),BDI!#REF!,IF(AND(#REF!=\"Diferenciado\",$H$4=#REF!),BDI!$E$17,IF(AND(#REF!=\"Diferenciado\",$H$4=#REF!),BDI!#REF!,IF(#REF!=\"ZERO\",0))))),\"\")","v":{"$error":"#REF!"}},"",""]
["SF-00685","Palha de aço","un",0,"","",{"$f":"IF(A690<>\"\",IF(AND(#REF!=\"Padrão\",$H$4=#REF!),BDI!$B$17,IF(AND(#REF!=\"Padrão\",$H$4=#REF!),BDI!#REF!,IF(AND(#REF!=\"Diferenciado\",$H$4=#REF!),BDI!$E$17,IF(AND(#REF!=\"Diferenciado\",$H$4=#REF!),BDI!#REF!,IF(#REF!=\"ZERO\",0))))),\"\")","v":{"$error":"#REF!"}},"",""]
["SF-00686","Panos","un",0,"","",{"$f":"IF(A691<>\"\",IF(AND(#REF!=\"Padrão\",$H$4=#REF!),BDI!$B$17,IF(AND(#REF!=\"Padrão\",$H$4=#REF!),BDI!#REF!,IF(AND(#REF!=\"Diferenciado\",$H$4=#REF!),BDI!$E$17,IF(AND(#REF!=\"Diferenciado\",$H$4=#REF!),BDI!#REF!,IF(#REF!=\"ZERO\",0))))),\"\")","v":{"$error":"#REF!"}},"",""]
["SF-00687","Parafina","un",0,"","",{"$f":"IF(A692<>\"\",IF(AND(#REF!=\"Padrão\",$H$4=#REF!),BDI!$B$17,IF(AND(#REF!=\"Padrão\",$H$4=#REF!),BDI!#REF!,IF(AND(#REF!=\"Diferenciado\",$H$4=#REF!),BDI!$E$17,IF(AND(#REF!=\"Diferenciado\",$H$4=#REF!),BDI!#REF!,IF(#REF!=\"ZERO\",0))))),\"\")","v":{"$error":"#REF!"}},"",""]
["SF-00688","Pasta para solda","un",0,"","",{"$f":"IF(A693<>\"\",IF(AND(#REF!=\"Padrão\",$H$4=#REF!),BDI!$B$17,IF(AND(#REF!=\"Padrão\",$H$4=#REF!),BDI!#REF!,IF(AND(#REF!=\"Diferenciado\",$H$4=#REF!),BDI!$E$17,IF(AND(#REF!=\"Diferenciado\",$H$4=#REF!),BDI!#REF!,IF(#REF!=\"ZERO\",0))))),\"\")","v":{"$error":"#REF!"}},"",""]
["SF-00689","Pilhas e baterias","un",0,"","",{"$f":"IF(A694<>\"\",IF(AND(#REF!=\"Padrão\",$H$4=#REF!),BDI!$B$17,IF(AND(#REF!=\"Padrão\",$H$4=#REF!),BDI!#REF!,IF(AND(#REF!=\"Diferenciado\",$H$4=#REF!),BDI!$E$17,IF(AND(#REF!=\"Diferenciado\",$H$4=#REF!),BDI!#REF!,IF(#REF!=\"ZERO\",0))))),\"\")","v":{"$error":"#REF!"}},"",""]
["SF-00690","Pincéis","un",0,"","",{"$f":"IF(A695<>\"\",IF(AND(#REF!=\"Padrão\",$H$4=#REF!),BDI!$B$17,IF(AND(#REF!=\"Padrão\",$H$4=#REF!),BDI!#REF!,IF(AND(#REF!=\"Diferenciado\",$H$4=#REF!),BDI!$E$17,IF(AND(#REF!=\"Diferenciado\",$H$4=#REF!),BDI!#REF!,IF(#REF!=\"ZERO\",0))))),\"\")","v":{"$error":"#REF!"}},"",""]
["SF-00691","Pregos em tamanhos variados","un",0,"","",{"$f":"IF(A696<>\"\",IF(AND(#REF!=\"Padrão\",$H$4=#REF!),BDI!$B$17,IF(AND(#REF!=\"Padrão\",$H$4=#REF!),BDI!#REF!,IF(AND(#REF!=\"Diferenciado\",$H$4=#REF!),BDI!$E$17,IF(AND(#REF!=\"Diferenciado\",$H$4=#REF!),BDI!#REF!,IF(#REF!=\"ZERO\",0))))),\"\")","v":{"$error":"#REF!"}},"",""]
["SF-00692","Produtos antiferrugem","un",0,"","",{"$f":"IF(A697<>\"\",IF(AND(#REF!=\"Padrão\",$H$4=#REF!),BDI!$B$17,IF(AND(#REF!=\"Padrão\",$H$4=#REF!),BDI!#REF!,IF(AND(#REF!=\"Diferenciado\",$H$4=#REF!),BDI!$E$17,IF(AND(#REF!=\"Diferenciado\",$H$4=#REF!),BDI!#REF!,IF(#REF!=\"ZERO\",0))))),\"\")","v":{"$error":"#REF!"}},"",""]
["SF-00693","Querosene","un",0,"","",{"$f":"IF(A698<>\"\",IF(AND(#REF!=\"Padrão\",$H$4=#REF!),BDI!$B$17,IF(AND(#REF!=\"Padrão\",$H$4=#REF!),BDI!#REF!,IF(AND(#REF!=\"Diferenciado\",$H$4=#REF!),BDI!$E$17,IF(AND(#REF!=\"Diferenciado\",$H$4=#REF!),BDI!#REF!,IF(#REF!=\"ZERO\",0))))),\"\")","v":{"$error":"#REF!"}},"",""]
["SF-00694","Rebolos","un",0,"","",{"$f":"IF(A699<>\"\",IF(AND(#REF!=\"Padrão\",$H$4=#REF!),BDI!$B$17,IF(AND(#REF!=\"Padrão\",$H$4=#REF!),BDI!#REF!,IF(AND(#REF!=\"Diferenciado\",$H$4=#REF!),BDI!$E$17,IF(AND(#REF!=\"Diferenciado\",$H$4=#REF!),BDI!#REF!,IF(#REF!=\"ZERO\",0))))),\"\")","v":{"$error":"#REF!"}},"",""]
["SF-00695","Rebolos de esmeril retangular","un",0,"","",{"$f":"IF(A700<>\"\",IF(AND(#REF!=\"Padrão\",$H$4=#REF!),BDI!$B$17,IF(AND(#REF!=\"Padrão\",$H$4=#REF!),BDI!#REF!,IF(AND(#REF!=\"Diferenciado\",$H$4=#REF!),BDI!$E$17,IF(AND(#REF!=\"Diferenciado\",$H$4=#REF!),BDI!#REF!,IF(#REF!=\"ZERO\",0))))),\"\")","v":{"$error":"#REF!"}},"",""]
["SF-00696","Resinas","un",0,"","",{"$f":"IF(A701<>\"\",IF(AND(#REF!=\"Padrão\",$H$4=#REF!),BDI!$B$17,IF(AND(#REF!=\"Padrão\",$H$4=#REF!),BDI!#REF!,IF(AND(#REF!=\"Diferenciado\",$H$4=#REF!),BDI!$E$17,IF(AND(#REF!=\"Diferenciado\",$H$4=#REF!),BDI!#REF!,IF(#REF!=\"ZERO\",0))))),\"\")","v":{"$error":"#REF!"}},"",""]
["SF-00697","Sabão","un",0,"","",{"$f":"IF(A702<>\"\",IF(AND(#REF!=\"Padrão\",$H$4=#REF!),BDI!$B$17,IF(AND(#REF!=\"Padrão\",$H$4=#REF!),BDI!#REF!,IF(AND(#REF!=\"Diferenciado\",$H$4=#REF!),BDI!$E$17,IF(AND(#REF!=\"Diferenciado\",$H$4=#REF!),BDI!#REF!,IF(#REF!=\"ZERO\",0))))),\"\")","v":{"$error":"#REF!"}},"",""]
["SF-00698","Serra copo","un",0,"","",{"$f":"IF(A703<>\"\",IF(AND(#REF!=\"Padrão\",$H$4=#REF!),BDI!$B$17,IF(AND(#REF!=\"Padrão\",$H$4=#REF!),BDI!#REF!,IF(AND(#REF!=\"Diferenciado\",$H$4=#REF!),BDI!$E$17,IF(AND(#REF!=\"Diferenciado\",$H$4=#REF!),BDI!#REF!,IF(#REF!=\"ZERO\",0))))),\"\")","v":{"$error":"#REF!"}},"",""]
["SF-00699","Silicone","un",0,"","",{"$f":"IF(A704<>\"\",IF(AND(#REF!=\"Padrão\",$H$4=#REF!),BDI!$B$17,IF(AND(#REF!=\"Padrão\",$H$4=#REF!),BDI!#REF!,IF(AND(#REF!=\"Diferenciado\",$H$4=#REF!),BDI!$E$17,IF(AND(#REF!=\"Diferenciado\",$H$4=#REF!),BDI!#REF!,IF(#REF!=\"ZERO\",0))))),\"\")","v":{"$error":"#REF!"}},"",""]
["SF-00700","Soldas","un",0,"","",{"$f":"IF(A705<>\"\",IF(AND(#REF!=\"Padrão\",$H$4=#REF!),BDI!$B$17,IF(AND(#REF!=\"Padrão\",$H$4=#REF!),BDI!#REF!,IF(AND(#REF!=\"Diferenciado\",$H$4=#REF!),BDI!$E$17,IF(AND(#REF!=\"Diferenciado\",$H$4=#REF!),BDI!#REF!,IF(#REF!=\"ZERO\",0))))),\"\")","v":{"$error":"#REF!"}},"",""]
["SF-00701","Solventes","un",0,"","",{"$f":"IF(A706<>\"\",IF(AND(#REF!=\"Padrão\",$H$4=#REF!),BDI!$B$17,IF(AND(#REF!=\"Padrão\",$H$4=#REF!),BDI!#REF!,IF(AND(#REF!=\"Diferenciado\",$H$4=#REF!),BDI!$E$17,IF(AND(#REF!=\"Diferenciado\",$H$4=#REF!),BDI!#REF!,IF(#REF!=\"ZERO\",0))))),\"\")","v":{"$error":"#REF!"}},"",""]
["SF-00702","Utensílios e produtos para limpeza","un",0,"","",{"$f":"IF(A707<>\"\",IF(AND(#REF!=\"Padrão\",$H$4=#REF!),BDI!$B$17,IF(AND(#REF!=\"Padrão\",$H$4=#REF!),BDI!#REF!,IF(AND(#REF!=\"Diferenciado\",$H$4=#REF!),BDI!$E$17,IF(AND(#REF!=\"Diferenciado\",$H$4=#REF!),BDI!#REF!,IF(#REF!=\"ZERO\",0))))),\"\")","v":{"$error":"#REF!"}},"",""]
["SF-00703","Varetas soldadoras","un",0,"","",{"$f":"IF(A708<>\"\",IF(AND(#REF!=\"Padrão\",$H$4=#REF!),BDI!$B$17,IF(AND(#REF!=\"Padrão\",$H$4=#REF!),BDI!#REF!,IF(AND(#REF!=\"Diferenciado\",$H$4=#REF!),BDI!$E$17,IF(AND(#REF!=\"Diferenciado\",$H$4=#REF!),BDI!#REF!,IF(#REF!=\"ZERO\",0))))),\"\")","v":{"$error":"#REF!"}},"",""]
["SF-00704","Vaselina","un",0,"","",{"$f":"IF(A709<>\"\",IF(AND(#REF!=\"Padrão\",$H$4=#REF!),BDI!$B$17,IF(AND(#REF!=\"Padrão\",$H$4=#REF!),BDI!#REF!,IF(AND(#REF!=\"Diferenciado\",$H$4=#REF!),BDI!$E$17,IF(AND(#REF!=\"Diferenciado\",$H$4=#REF!),BDI!#REF!,IF(#REF!=\"ZERO\",0))))),\"\")","v":{"$error":"#REF!"}},"",""]
["SF-00705","Vedante em gel","un",0,"","",{"$f":"IF(A710<>\"\",IF(AND(#REF!=\"Padrão\",$H$4=#REF!),BDI!$B$17,IF(AND(#REF!=\"Padrão\",$H$4=#REF!),BDI!#REF!,IF(AND(#REF!=\"Diferenciado\",$H$4=#REF!),BDI!$E$17,IF(AND(#REF!=\"Diferenciado\",$H$4=#REF!),BDI!#REF!,IF(#REF!=\"ZERO\",0))))),\"\")","v":{"$error":"#REF!"}},"",""]
["SF-00706","Massa epóxi","un",0,"",{"$f":"IF(ISNUMBER(E711),D711*E711,\"\")","v":""},{"$f":"IF(A711<>\"\",IF(AND(#REF!=\"Padrão\",$H$4=#REF!),BDI!$B$17,IF(AND(#REF!=\"Padrão\",$H$4=#REF!),BDI!#REF!,IF(AND(#REF!=\"Diferenciado\",$H$4=#REF!),BDI!$E$17,IF(AND(#REF!=\"Diferenciado\",$H$4=#REF!),BDI!#REF!,IF(#REF!=\"ZERO\",0))))),\"\")","v":{"$error":"#REF!"}},{"$f":"IF(ISNUMBER(E711),ROUND(E711*(1+G711),2),\"\")","v":""},{"$f":"IF(ISNUMBER(E711),ROUND(H711*D711,2),\"\")","v":""}]
["SF-00707","Algodão","un",0,"","",{"$f":"IF(A712<>\"\",IF(AND(#REF!=\"Padrão\",$H$4=#REF!),BDI!$B$17,IF(AND(#REF!=\"Padrão\",$H$4=#REF!),BDI!#REF!,IF(AND(#REF!=\"Diferenciado\",$H$4=#REF!),BDI!$E$17,IF(AND(#REF!=\"Diferenciado\",$H$4=#REF!),BDI!#REF!,IF(#REF!=\"ZERO\",0))))),\"\")","v":{"$error":"#REF!"}},"",""]
["SF-00708","Supervisor(a)-Geral","Profissional",0,{"$f":"OFFSET(INDEX(Composições!A:J,MATCH(Orçamentária!A713,Composições!A:A,0),8),2,0)","v":12375.49610285},0,{"$f":"IF(A713<>\"\",IF(AND(#REF!=\"Padrão\",$H$4=#REF!),BDI!$B$17,IF(AND(#REF!=\"Padrão\",$H$4=#REF!),BDI!#REF!,IF(AND(#REF!=\"Diferenciado\",$H$4=#REF!),BDI!$E$17,IF(AND(#REF!=\"Diferenciado\",$H$4=#REF!),BDI!#REF!,IF(#REF!=\"ZERO\",0))))),\"\")","v":{"$error":"#REF!"}},{"$error":"#REF!"},{"$error":"#REF!"}]
["SF-00709","Apoio Técnico Administrativo – Controle de Almoxarifado","Profissional",0,{"$f":"OFFSET(INDEX(Composições!A:J,MATCH(Orçamentária!A714,Composições!A:A,0),8),2,0)","v":3273.1461604499991},0,{"$f":"IF(A714<>\"\",IF(AND(#REF!=\"Padrão\",$H$4=#REF!),BDI!$B$17,IF(AND(#REF!=\"Padrão\",$H$4=#REF!),BDI!#REF!,IF(AND(#REF!=\"Diferenciado\",$H$4=#REF!),BDI!$E$17,IF(AND(#REF!=\"Diferenciado\",$H$4=#REF!),BDI!#REF!,IF(#REF!=\"ZERO\",0))))),\"\")","v":{"$error":"#REF!"}},{"$error":"#REF!"},{"$error":"#REF!"}]
["SF-00710","Ajudante de Serviços Gerais","Profissional",0,{"$f":"OFFSET(INDEX(Composições!A:J,MATCH(Orçamentária!A715,Composições!A:A,0),8),2,0)","v":2117.4500685499997},0,{"$f":"IF(A715<>\"\",IF(AND(#REF!=\"Padrão\",$H$4=#REF!),BDI!$B$17,IF(AND(#REF!=\"Padrão\",$H$4=#REF!),BDI!#REF!,IF(AND(#REF!=\"Diferenciado\",$H$4=#REF!),BDI!$E$17,IF(AND(#REF!=\"Diferenciado\",$H$4=#REF!),BDI!#REF!,IF(#REF!=\"ZERO\",0))))),\"\")","v":{"$error":"#REF!"}},{"$error":"#REF!"},{"$error":"#REF!"}]
["SF-00711","Ajudante de Marceneiro(a)","Profissional",0,{"$f":"OFFSET(INDEX(Composições!A:J,MATCH(Orçamentária!A716,Composições!A:A,0),8),2,0)","v":2233.8153376999999},0,{"$f":"IF(A716<>\"\",IF(AND(#REF!=\"Padrão\",$H$4=#REF!),BDI!$B$17,IF(AND(#REF!=\"Padrão\",$H$4=#REF!),BDI!#REF!,IF(AND(#REF!=\"Diferenciado\",$H$4=#REF!),BDI!$E$17,IF(AND(#REF!=\"Diferenciado\",$H$4=#REF!),BDI!#REF!,IF(#REF!=\"ZERO\",0))))),\"\")","v":{"$error":"#REF!"}},{"$error":"#REF!"},{"$error":"#REF!"}]
["SF-00712","Ajudante de Serralheiro(a)","Profissional",0,{"$f":"OFFSET(INDEX(Composições!A:J,MATCH(Orçamentária!A717,Composições!A:A,0),8),2,0)","v":2248.7339619499999},0,{"$f":"IF(A717<>\"\",IF(AND(#REF!=\"Padrão\",$H$4=#REF!),BDI!$B$17,IF(AND(#REF!=\"Padrão\",$H$4=#REF!),BDI!#REF!,IF(AND(#REF!=\"Diferenciado\",$H$4=#REF!),BDI!$E$17,IF(AND(#REF!=\"Diferenciado\",$H$4=#REF!),BDI!#REF!,IF(#REF!=\"ZERO\",0))))),\"\")","v":{"$error":"#REF!"}},{"$error":"#REF!"},{"$error":"#REF!"}]
["SF-00713","Lustrador(a) de Móveis","Profissional",0,{"$f":"OFFSET(INDEX(Composições!A:J,MATCH(Orçamentária!A718,Composições!A:A,0),8),2,0)","v":2662.4771411500001},0,{"$f":"IF(A718<>\"\",IF(AND(#REF!=\"Padrão\",$H$4=#REF!),BDI!$B$17,IF(AND(#REF!=\"Padrão\",$H$4=#REF!),BDI!#REF!,IF(AND(#REF!=\"Diferenciado\",$H$4=#REF!),BDI!$E$17,IF(AND(#REF!=\"Diferenciado\",$H$4=#REF!),BDI!#REF!,IF(#REF!=\"ZERO\",0))))),\"\")","v":{"$error":"#REF!"}},{"$error":"#REF!"},{"$error":"#REF!"}]
["SF-00714","Marceneiro(a)","Profissional",0,{"$f":"OFFSET(INDEX(Composições!A:J,MATCH(Orçamentária!A719,Composições!A:A,0),8),2,0)","v":2662.4771411500001},0,{"$f":"IF(A719<>\"\",IF(AND(#REF!=\"Padrão\",$H$4=#REF!),BDI!$B$17,IF(AND(#REF!=\"Padrão\",$H$4=#REF!),BDI!#REF!,IF(AND(#REF!=\"Diferenciado\",$H$4=#REF!),BDI!$E$17,IF(AND(#REF!=\"Diferenciado\",$H$4=#REF!),BDI!#REF!,IF(#REF!=\"ZERO\",0))))),\"\")","v":{"$error":"#REF!"}},{"$error":"#REF!"},{"$error":"#REF!"}]
["SF-00715","Serralheiro(a)","Profissional",0,{"$f":"OFFSET(INDEX(Composições!A:J,MATCH(Orçamentária!A720,Composições!A:A,0),8),2,0)","v":2823.5982830499997},0,{"$f":"IF(A720<>\"\",IF(AND(#REF!=\"Padrão\",$H$4=#REF!),BDI!$B$17,IF(AND(#REF!=\"Padrão\",$H$4=#REF!),BDI!#REF!,IF(AND(#REF!=\"Diferenciado\",$H$4=#REF!),BDI!$E$17,IF(AND(#REF!=\"Diferenciado\",$H$4=#REF!),BDI!#REF!,IF(#REF!=\"ZERO\",0))))),\"\")","v":{"$error":"#REF!"}},{"$error":"#REF!"},{"$error":"#REF!"}]
["SF-00716","Mestre de Obras (Posto de Trabalho)","Profissional",0,{"$f":"OFFSET(INDEX(Composições!A:J,MATCH(Orçamentária!A721,Composições!A:A,0),8),2,0)","v":4665.5510904499997},0,{"$f":"IF(A721<>\"\",IF(AND(#REF!=\"Padrão\",$H$4=#REF!),BDI!$B$17,IF(AND(#REF!=\"Padrão\",$H$4=#REF!),BDI!#REF!,IF(AND(#REF!=\"Diferenciado\",$H$4=#REF!),BDI!$E$17,IF(AND(#REF!=\"Diferenciado\",$H$4=#REF!),BDI!#REF!,IF(#REF!=\"ZERO\",0))))),\"\")","v":{"$error":"#REF!"}},{"$error":"#REF!"},{"$error":"#REF!"}]
["SF-00717","Oficial de Serviços Gerais","Profissional",0,{"$f":"OFFSET(INDEX(Composições!A:J,MATCH(Orçamentária!A722,Composições!A:A,0),8),2,0)","v":2843.4897820499996},0,{"$f":"IF(A722<>\"\",IF(AND(#REF!=\"Padrão\",$H$4=#REF!),BDI!$B$17,IF(AND(#REF!=\"Padrão\",$H$4=#REF!),BDI!#REF!,IF(AND(#REF!=\"Diferenciado\",$H$4=#REF!),BDI!$E$17,IF(AND(#REF!=\"Diferenciado\",$H$4=#REF!),BDI!#REF!,IF(#REF!=\"ZERO\",0))))),\"\")","v":{"$error":"#REF!"}},{"$error":"#REF!"},{"$error":"#REF!"}]
["SF-00718","Alicate  de corte diagonal 6''","un",0,{"$f":"OFFSET(INDEX(Composições!A:J,MATCH(Orçamentária!A723,Composições!A:A,0),8),2,0)","v":52.506500000000003},0,{"$f":"IF(A723<>\"\",IF(AND(#REF!=\"Padrão\",$H$4=#REF!),BDI!$B$17,IF(AND(#REF!=\"Padrão\",$H$4=#REF!),BDI!#REF!,IF(AND(#REF!=\"Diferenciado\",$H$4=#REF!),BDI!$E$17,IF(AND(#REF!=\"Diferenciado\",$H$4=#REF!),BDI!#REF!,IF(#REF!=\"ZERO\",0))))),\"\")","v":{"$error":"#REF!"}},{"$error":"#REF!"},{"$error":"#REF!"}]
["SF-00719","Alicate de pressão de 10\"","un",0,"","",{"$f":"IF(A724<>\"\",IF(AND(#REF!=\"Padrão\",$H$4=#REF!),BDI!$B$17,IF(AND(#REF!=\"Padrão\",$H$4=#REF!),BDI!#REF!,IF(AND(#REF!=\"Diferenciado\",$H$4=#REF!),BDI!$E$17,IF(AND(#REF!=\"Diferenciado\",$H$4=#REF!),BDI!#REF!,IF(#REF!=\"ZERO\",0))))),\"\")","v":{"$error":"#REF!"}},"",""]
["SF-00720","Alicate meia cana 6''","un",0,"","",{"$f":"IF(A725<>\"\",IF(AND(#REF!=\"Padrão\",$H$4=#REF!),BDI!$B$17,IF(AND(#REF!=\"Padrão\",$H$4=#REF!),BDI!#REF!,IF(AND(#REF!=\"Diferenciado\",$H$4=#REF!),BDI!$E$17,IF(AND(#REF!=\"Diferenciado\",$H$4=#REF!),BDI!#REF!,IF(#REF!=\"ZERO\",0))))),\"\")","v":{"$error":"#REF!"}},"",""]
["SF-00721","Alicate torquês de 8\"","un",0,"","",{"$f":"IF(A726<>\"\",IF(AND(#REF!=\"Padrão\",$H$4=#REF!),BDI!$B$17,IF(AND(#REF!=\"Padrão\",$H$4=#REF!),BDI!#REF!,IF(AND(#REF!=\"Diferenciado\",$H$4=#REF!),BDI!$E$17,IF(AND(#REF!=\"Diferenciado\",$H$4=#REF!),BDI!#REF!,IF(#REF!=\"ZERO\",0))))),\"\")","v":{"$error":"#REF!"}},"",""]
["SF-00722","Alicate universal de 8\"","un",0,"","",{"$f":"IF(A727<>\"\",IF(AND(#REF!=\"Padrão\",$H$4=#REF!),BDI!$B$17,IF(AND(#REF!=\"Padrão\",$H$4=#REF!),BDI!#REF!,IF(AND(#REF!=\"Diferenciado\",$H$4=#REF!),BDI!$E$17,IF(AND(#REF!=\"Diferenciado\",$H$4=#REF!),BDI!#REF!,IF(#REF!=\"ZERO\",0))))),\"\")","v":{"$error":"#REF!"}},"",""]
["SF-00723","Arco de serra","un",0,"","",{"$f":"IF(A728<>\"\",IF(AND(#REF!=\"Padrão\",$H$4=#REF!),BDI!$B$17,IF(AND(#REF!=\"Padrão\",$H$4=#REF!),BDI!#REF!,IF(AND(#REF!=\"Diferenciado\",$H$4=#REF!),BDI!$E$17,IF(AND(#REF!=\"Diferenciado\",$H$4=#REF!),BDI!#REF!,IF(#REF!=\"ZERO\",0))))),\"\")","v":{"$error":"#REF!"}},"",""]
["SF-00724","Aspirador de pó industrial","un",0,"","",{"$f":"IF(A729<>\"\",IF(AND(#REF!=\"Padrão\",$H$4=#REF!),BDI!$B$17,IF(AND(#REF!=\"Padrão\",$H$4=#REF!),BDI!#REF!,IF(AND(#REF!=\"Diferenciado\",$H$4=#REF!),BDI!$E$17,IF(AND(#REF!=\"Diferenciado\",$H$4=#REF!),BDI!#REF!,IF(#REF!=\"ZERO\",0))))),\"\")","v":{"$error":"#REF!"}},"",""]
["SF-00725","Balde metálico","un",0,"","",{"$f":"IF(A730<>\"\",IF(AND(#REF!=\"Padrão\",$H$4=#REF!),BDI!$B$17,IF(AND(#REF!=\"Padrão\",$H$4=#REF!),BDI!#REF!,IF(AND(#REF!=\"Diferenciado\",$H$4=#REF!),BDI!$E$17,IF(AND(#REF!=\"Diferenciado\",$H$4=#REF!),BDI!#REF!,IF(#REF!=\"ZERO\",0))))),\"\")","v":{"$error":"#REF!"}},"",""]
["SF-00726","Caixa para ferramenta sanfonada metálica com cadeado","un",0,"","",{"$f":"IF(A731<>\"\",IF(AND(#REF!=\"Padrão\",$H$4=#REF!),BDI!$B$17,IF(AND(#REF!=\"Padrão\",$H$4=#REF!),BDI!#REF!,IF(AND(#REF!=\"Diferenciado\",$H$4=#REF!),BDI!$E$17,IF(AND(#REF!=\"Diferenciado\",$H$4=#REF!),BDI!#REF!,IF(#REF!=\"ZERO\",0))))),\"\")","v":{"$error":"#REF!"}},"",""]
["SF-00727","Carretel com linha em caixa de pó para marcação","un",0,"","",{"$f":"IF(A732<>\"\",IF(AND(#REF!=\"Padrão\",$H$4=#REF!),BDI!$B$17,IF(AND(#REF!=\"Padrão\",$H$4=#REF!),BDI!#REF!,IF(AND(#REF!=\"Diferenciado\",$H$4=#REF!),BDI!$E$17,IF(AND(#REF!=\"Diferenciado\",$H$4=#REF!),BDI!#REF!,IF(#REF!=\"ZERO\",0))))),\"\")","v":{"$error":"#REF!"}},"",""]
["SF-00728","Carrinho de mão reforçado","un",0,{"$f":"OFFSET(INDEX(Composições!A:J,MATCH(Orçamentária!A733,Composições!A:A,0),8),2,0)","v":240.82499999999999},0,{"$f":"IF(A733<>\"\",IF(AND(#REF!=\"Padrão\",$H$4=#REF!),BDI!$B$17,IF(AND(#REF!=\"Padrão\",$H$4=#REF!),BDI!#REF!,IF(AND(#REF!=\"Diferenciado\",$H$4=#REF!),BDI!$E$17,IF(AND(#REF!=\"Diferenciado\",$H$4=#REF!),BDI!#REF!,IF(#REF!=\"ZERO\",0))))),\"\")","v":{"$error":"#REF!"}},{"$error":"#REF!"},{"$error":"#REF!"}]
["SF-00729","Cavadeira articulada","un",0,"","",{"$f":"IF(A734<>\"\",IF(AND(#REF!=\"Padrão\",$H$4=#REF!),BDI!$B$17,IF(AND(#REF!=\"Padrão\",$H$4=#REF!),BDI!#REF!,IF(AND(#REF!=\"Diferenciado\",$H$4=#REF!),BDI!$E$17,IF(AND(#REF!=\"Diferenciado\",$H$4=#REF!),BDI!#REF!,IF(#REF!=\"ZERO\",0))))),\"\")","v":{"$error":"#REF!"}},"",""]
["SF-00730","Chave de fenda de 1/2\" x 10\"","un",0,"","",{"$f":"IF(A735<>\"\",IF(AND(#REF!=\"Padrão\",$H$4=#REF!),BDI!$B$17,IF(AND(#REF!=\"Padrão\",$H$4=#REF!),BDI!#REF!,IF(AND(#REF!=\"Diferenciado\",$H$4=#REF!),BDI!$E$17,IF(AND(#REF!=\"Diferenciado\",$H$4=#REF!),BDI!#REF!,IF(#REF!=\"ZERO\",0))))),\"\")","v":{"$error":"#REF!"}},"",""]
["SF-00731","Chave de fenda de 1/4\"","un",0,"","",{"$f":"IF(A736<>\"\",IF(AND(#REF!=\"Padrão\",$H$4=#REF!),BDI!$B$17,IF(AND(#REF!=\"Padrão\",$H$4=#REF!),BDI!#REF!,IF(AND(#REF!=\"Diferenciado\",$H$4=#REF!),BDI!$E$17,IF(AND(#REF!=\"Diferenciado\",$H$4=#REF!),BDI!#REF!,IF(#REF!=\"ZERO\",0))))),\"\")","v":{"$error":"#REF!"}},"",""]
["SF-00732","Chave de fenda de 3/16\" x 5\"","un",0,"","",{"$f":"IF(A737<>\"\",IF(AND(#REF!=\"Padrão\",$H$4=#REF!),BDI!$B$17,IF(AND(#REF!=\"Padrão\",$H$4=#REF!),BDI!#REF!,IF(AND(#REF!=\"Diferenciado\",$H$4=#REF!),BDI!$E$17,IF(AND(#REF!=\"Diferenciado\",$H$4=#REF!),BDI!#REF!,IF(#REF!=\"ZERO\",0))))),\"\")","v":{"$error":"#REF!"}},"",""]
["SF-00733","Chave Philips PH2 1/4\" x 6\"","un",0,"","",{"$f":"IF(A738<>\"\",IF(AND(#REF!=\"Padrão\",$H$4=#REF!),BDI!$B$17,IF(AND(#REF!=\"Padrão\",$H$4=#REF!),BDI!#REF!,IF(AND(#REF!=\"Diferenciado\",$H$4=#REF!),BDI!$E$17,IF(AND(#REF!=\"Diferenciado\",$H$4=#REF!),BDI!#REF!,IF(#REF!=\"ZERO\",0))))),\"\")","v":{"$error":"#REF!"}},"",""]
["SF-00734","Chave Philips PH3 5/16\" x 8\"","un",0,"","",{"$f":"IF(A739<>\"\",IF(AND(#REF!=\"Padrão\",$H$4=#REF!),BDI!$B$17,IF(AND(#REF!=\"Padrão\",$H$4=#REF!),BDI!#REF!,IF(AND(#REF!=\"Diferenciado\",$H$4=#REF!),BDI!$E$17,IF(AND(#REF!=\"Diferenciado\",$H$4=#REF!),BDI!#REF!,IF(#REF!=\"ZERO\",0))))),\"\")","v":{"$error":"#REF!"}},"",""]
["SF-00735","Compressor de Ar","un",0,"","",{"$f":"IF(A740<>\"\",IF(AND(#REF!=\"Padrão\",$H$4=#REF!),BDI!$B$17,IF(AND(#REF!=\"Padrão\",$H$4=#REF!),BDI!#REF!,IF(AND(#REF!=\"Diferenciado\",$H$4=#REF!),BDI!$E$17,IF(AND(#REF!=\"Diferenciado\",$H$4=#REF!),BDI!#REF!,IF(#REF!=\"ZERO\",0))))),\"\")","v":{"$error":"#REF!"}},"",""]
["SF-00736","Enxadão com cabo","un",0,"","",{"$f":"IF(A741<>\"\",IF(AND(#REF!=\"Padrão\",$H$4=#REF!),BDI!$B$17,IF(AND(#REF!=\"Padrão\",$H$4=#REF!),BDI!#REF!,IF(AND(#REF!=\"Diferenciado\",$H$4=#REF!),BDI!$E$17,IF(AND(#REF!=\"Diferenciado\",$H$4=#REF!),BDI!#REF!,IF(#REF!=\"ZERO\",0))))),\"\")","v":{"$error":"#REF!"}},"",""]
["SF-00737","Enxadão estreito com cabo","un",0,{"$f":"OFFSET(INDEX(Composições!A:J,MATCH(Orçamentária!A742,Composições!A:A,0),8),2,0)","v":59.66},0,{"$f":"IF(A742<>\"\",IF(AND(#REF!=\"Padrão\",$H$4=#REF!),BDI!$B$17,IF(AND(#REF!=\"Padrão\",$H$4=#REF!),BDI!#REF!,IF(AND(#REF!=\"Diferenciado\",$H$4=#REF!),BDI!$E$17,IF(AND(#REF!=\"Diferenciado\",$H$4=#REF!),BDI!#REF!,IF(#REF!=\"ZERO\",0))))),\"\")","v":{"$error":"#REF!"}},{"$error":"#REF!"},{"$error":"#REF!"}]
["SF-00738","Escada duplo acesso 6 degraus","un",0,"","",{"$f":"IF(A743<>\"\",IF(AND(#REF!=\"Padrão\",$H$4=#REF!),BDI!$B$17,IF(AND(#REF!=\"Padrão\",$H$4=#REF!),BDI!#REF!,IF(AND(#REF!=\"Diferenciado\",$H$4=#REF!),BDI!$E$17,IF(AND(#REF!=\"Diferenciado\",$H$4=#REF!),BDI!#REF!,IF(#REF!=\"ZERO\",0))))),\"\")","v":{"$error":"#REF!"}},"",""]
["SF-00739","Escada tipo tesoura e singela de fibra com 2 m","un",0,"","",{"$f":"IF(A744<>\"\",IF(AND(#REF!=\"Padrão\",$H$4=#REF!),BDI!$B$17,IF(AND(#REF!=\"Padrão\",$H$4=#REF!),BDI!#REF!,IF(AND(#REF!=\"Diferenciado\",$H$4=#REF!),BDI!$E$17,IF(AND(#REF!=\"Diferenciado\",$H$4=#REF!),BDI!#REF!,IF(#REF!=\"ZERO\",0))))),\"\")","v":{"$error":"#REF!"}},"",""]
["SF-00740","Escala métrica de madeira 2m","un",0,"","",{"$f":"IF(A745<>\"\",IF(AND(#REF!=\"Padrão\",$H$4=#REF!),BDI!$B$17,IF(AND(#REF!=\"Padrão\",$H$4=#REF!),BDI!#REF!,IF(AND(#REF!=\"Diferenciado\",$H$4=#REF!),BDI!$E$17,IF(AND(#REF!=\"Diferenciado\",$H$4=#REF!),BDI!#REF!,IF(#REF!=\"ZERO\",0))))),\"\")","v":{"$error":"#REF!"}},"",""]
["SF-00741","Esmerilhadeira Angular 4,5’’","un",0,"","",{"$f":"IF(A746<>\"\",IF(AND(#REF!=\"Padrão\",$H$4=#REF!),BDI!$B$17,IF(AND(#REF!=\"Padrão\",$H$4=#REF!),BDI!#REF!,IF(AND(#REF!=\"Diferenciado\",$H$4=#REF!),BDI!$E$17,IF(AND(#REF!=\"Diferenciado\",$H$4=#REF!),BDI!#REF!,IF(#REF!=\"ZERO\",0))))),\"\")","v":{"$error":"#REF!"}},"",""]
["SF-00742","Esmerilhadeira Angular 7’’","un",0,"","",{"$f":"IF(A747<>\"\",IF(AND(#REF!=\"Padrão\",$H$4=#REF!),BDI!$B$17,IF(AND(#REF!=\"Padrão\",$H$4=#REF!),BDI!#REF!,IF(AND(#REF!=\"Diferenciado\",$H$4=#REF!),BDI!$E$17,IF(AND(#REF!=\"Diferenciado\",$H$4=#REF!),BDI!#REF!,IF(#REF!=\"ZERO\",0))))),\"\")","v":{"$error":"#REF!"}},"",""]
["SF-00743","Espátula forjada de 12 cm","un",0,"","",{"$f":"IF(A748<>\"\",IF(AND(#REF!=\"Padrão\",$H$4=#REF!),BDI!$B$17,IF(AND(#REF!=\"Padrão\",$H$4=#REF!),BDI!#REF!,IF(AND(#REF!=\"Diferenciado\",$H$4=#REF!),BDI!$E$17,IF(AND(#REF!=\"Diferenciado\",$H$4=#REF!),BDI!#REF!,IF(#REF!=\"ZERO\",0))))),\"\")","v":{"$error":"#REF!"}},"",""]
["SF-00744","Espátula forjada de 4 cm","un",0,"","",{"$f":"IF(A749<>\"\",IF(AND(#REF!=\"Padrão\",$H$4=#REF!),BDI!$B$17,IF(AND(#REF!=\"Padrão\",$H$4=#REF!),BDI!#REF!,IF(AND(#REF!=\"Diferenciado\",$H$4=#REF!),BDI!$E$17,IF(AND(#REF!=\"Diferenciado\",$H$4=#REF!),BDI!#REF!,IF(#REF!=\"ZERO\",0))))),\"\")","v":{"$error":"#REF!"}},"",""]
["SF-00745","Espátula forjada de 8 cm","un",0,{"$f":"OFFSET(INDEX(Composições!A:J,MATCH(Orçamentária!A750,Composições!A:A,0),8),2,0)","v":24.091999999999999},0,{"$f":"IF(A750<>\"\",IF(AND(#REF!=\"Padrão\",$H$4=#REF!),BDI!$B$17,IF(AND(#REF!=\"Padrão\",$H$4=#REF!),BDI!#REF!,IF(AND(#REF!=\"Diferenciado\",$H$4=#REF!),BDI!$E$17,IF(AND(#REF!=\"Diferenciado\",$H$4=#REF!),BDI!#REF!,IF(#REF!=\"ZERO\",0))))),\"\")","v":{"$error":"#REF!"}},{"$error":"#REF!"},{"$error":"#REF!"}]
["SF-00746","Esquadro 300 mm","un",0,{"$f":"OFFSET(INDEX(Composições!A:J,MATCH(Orçamentária!A751,Composições!A:A,0),8),2,0)","v":38.275499999999994},0,{"$f":"IF(A751<>\"\",IF(AND(#REF!=\"Padrão\",$H$4=#REF!),BDI!$B$17,IF(AND(#REF!=\"Padrão\",$H$4=#REF!),BDI!#REF!,IF(AND(#REF!=\"Diferenciado\",$H$4=#REF!),BDI!$E$17,IF(AND(#REF!=\"Diferenciado\",$H$4=#REF!),BDI!#REF!,IF(#REF!=\"ZERO\",0))))),\"\")","v":{"$error":"#REF!"}},{"$error":"#REF!"},{"$error":"#REF!"}]
["SF-00747","Estilete emborrachado de 18 mm","un",0,"","",{"$f":"IF(A752<>\"\",IF(AND(#REF!=\"Padrão\",$H$4=#REF!),BDI!$B$17,IF(AND(#REF!=\"Padrão\",$H$4=#REF!),BDI!#REF!,IF(AND(#REF!=\"Diferenciado\",$H$4=#REF!),BDI!$E$17,IF(AND(#REF!=\"Diferenciado\",$H$4=#REF!),BDI!#REF!,IF(#REF!=\"ZERO\",0))))),\"\")","v":{"$error":"#REF!"}},"",""]
["SF-00748","Estilete emborrachado de 25 mm","un",0,"","",{"$f":"IF(A753<>\"\",IF(AND(#REF!=\"Padrão\",$H$4=#REF!),BDI!$B$17,IF(AND(#REF!=\"Padrão\",$H$4=#REF!),BDI!#REF!,IF(AND(#REF!=\"Diferenciado\",$H$4=#REF!),BDI!$E$17,IF(AND(#REF!=\"Diferenciado\",$H$4=#REF!),BDI!#REF!,IF(#REF!=\"ZERO\",0))))),\"\")","v":{"$error":"#REF!"}},"",""]
["SF-00749","Faca de 8\"","un",0,"","",{"$f":"IF(A754<>\"\",IF(AND(#REF!=\"Padrão\",$H$4=#REF!),BDI!$B$17,IF(AND(#REF!=\"Padrão\",$H$4=#REF!),BDI!#REF!,IF(AND(#REF!=\"Diferenciado\",$H$4=#REF!),BDI!$E$17,IF(AND(#REF!=\"Diferenciado\",$H$4=#REF!),BDI!#REF!,IF(#REF!=\"ZERO\",0))))),\"\")","v":{"$error":"#REF!"}},"",""]
["SF-00750","Furadeira Industrial","un",0,"","",{"$f":"IF(A755<>\"\",IF(AND(#REF!=\"Padrão\",$H$4=#REF!),BDI!$B$17,IF(AND(#REF!=\"Padrão\",$H$4=#REF!),BDI!#REF!,IF(AND(#REF!=\"Diferenciado\",$H$4=#REF!),BDI!$E$17,IF(AND(#REF!=\"Diferenciado\",$H$4=#REF!),BDI!#REF!,IF(#REF!=\"ZERO\",0))))),\"\")","v":{"$error":"#REF!"}},"",""]
["SF-00751","Jogo de chave combinada de 8 mm a 24 mm, com 14 peças","un",0,"","",{"$f":"IF(A756<>\"\",IF(AND(#REF!=\"Padrão\",$H$4=#REF!),BDI!$B$17,IF(AND(#REF!=\"Padrão\",$H$4=#REF!),BDI!#REF!,IF(AND(#REF!=\"Diferenciado\",$H$4=#REF!),BDI!$E$17,IF(AND(#REF!=\"Diferenciado\",$H$4=#REF!),BDI!#REF!,IF(#REF!=\"ZERO\",0))))),\"\")","v":{"$error":"#REF!"}},"",""]
["SF-00752","Jogo de soquetes de 1/2’’, 10-32 mm","un",0,"","",{"$f":"IF(A757<>\"\",IF(AND(#REF!=\"Padrão\",$H$4=#REF!),BDI!$B$17,IF(AND(#REF!=\"Padrão\",$H$4=#REF!),BDI!#REF!,IF(AND(#REF!=\"Diferenciado\",$H$4=#REF!),BDI!$E$17,IF(AND(#REF!=\"Diferenciado\",$H$4=#REF!),BDI!#REF!,IF(#REF!=\"ZERO\",0))))),\"\")","v":{"$error":"#REF!"}},"",""]
["SF-00753","Jogo de soquetes de 1/4’’, 4-13 mm","un",0,"","",{"$f":"IF(A758<>\"\",IF(AND(#REF!=\"Padrão\",$H$4=#REF!),BDI!$B$17,IF(AND(#REF!=\"Padrão\",$H$4=#REF!),BDI!#REF!,IF(AND(#REF!=\"Diferenciado\",$H$4=#REF!),BDI!$E$17,IF(AND(#REF!=\"Diferenciado\",$H$4=#REF!),BDI!#REF!,IF(#REF!=\"ZERO\",0))))),\"\")","v":{"$error":"#REF!"}},"",""]
["SF-00754","Kit Parafusadeira de Impacto à Bateria","un",0,"","",{"$f":"IF(A759<>\"\",IF(AND(#REF!=\"Padrão\",$H$4=#REF!),BDI!$B$17,IF(AND(#REF!=\"Padrão\",$H$4=#REF!),BDI!#REF!,IF(AND(#REF!=\"Diferenciado\",$H$4=#REF!),BDI!$E$17,IF(AND(#REF!=\"Diferenciado\",$H$4=#REF!),BDI!#REF!,IF(#REF!=\"ZERO\",0))))),\"\")","v":{"$error":"#REF!"}},"",""]
["SF-00755","Linha de pedreiro de 100m","un",0,"","",{"$f":"IF(A760<>\"\",IF(AND(#REF!=\"Padrão\",$H$4=#REF!),BDI!$B$17,IF(AND(#REF!=\"Padrão\",$H$4=#REF!),BDI!#REF!,IF(AND(#REF!=\"Diferenciado\",$H$4=#REF!),BDI!$E$17,IF(AND(#REF!=\"Diferenciado\",$H$4=#REF!),BDI!#REF!,IF(#REF!=\"ZERO\",0))))),\"\")","v":{"$error":"#REF!"}},"",""]
["SF-00756","Marreta de 1 kg","un",0,"","",{"$f":"IF(A761<>\"\",IF(AND(#REF!=\"Padrão\",$H$4=#REF!),BDI!$B$17,IF(AND(#REF!=\"Padrão\",$H$4=#REF!),BDI!#REF!,IF(AND(#REF!=\"Diferenciado\",$H$4=#REF!),BDI!$E$17,IF(AND(#REF!=\"Diferenciado\",$H$4=#REF!),BDI!#REF!,IF(#REF!=\"ZERO\",0))))),\"\")","v":{"$error":"#REF!"}},"",""]
["SF-00757","Marreta de borracha de 600g","un",0,"","",{"$f":"IF(A762<>\"\",IF(AND(#REF!=\"Padrão\",$H$4=#REF!),BDI!$B$17,IF(AND(#REF!=\"Padrão\",$H$4=#REF!),BDI!#REF!,IF(AND(#REF!=\"Diferenciado\",$H$4=#REF!),BDI!$E$17,IF(AND(#REF!=\"Diferenciado\",$H$4=#REF!),BDI!#REF!,IF(#REF!=\"ZERO\",0))))),\"\")","v":{"$error":"#REF!"}},"",""]
["SF-00758","Martelo de bola, 500 gramas","un",0,"","",{"$f":"IF(A763<>\"\",IF(AND(#REF!=\"Padrão\",$H$4=#REF!),BDI!$B$17,IF(AND(#REF!=\"Padrão\",$H$4=#REF!),BDI!#REF!,IF(AND(#REF!=\"Diferenciado\",$H$4=#REF!),BDI!$E$17,IF(AND(#REF!=\"Diferenciado\",$H$4=#REF!),BDI!#REF!,IF(#REF!=\"ZERO\",0))))),\"\")","v":{"$error":"#REF!"}},"",""]
["SF-00759","Martelo de pena, 300 gramas","un",0,"","",{"$f":"IF(A764<>\"\",IF(AND(#REF!=\"Padrão\",$H$4=#REF!),BDI!$B$17,IF(AND(#REF!=\"Padrão\",$H$4=#REF!),BDI!#REF!,IF(AND(#REF!=\"Diferenciado\",$H$4=#REF!),BDI!$E$17,IF(AND(#REF!=\"Diferenciado\",$H$4=#REF!),BDI!#REF!,IF(#REF!=\"ZERO\",0))))),\"\")","v":{"$error":"#REF!"}},"",""]
["SF-00760","Martelo tipo unha","un",0,"","",{"$f":"IF(A765<>\"\",IF(AND(#REF!=\"Padrão\",$H$4=#REF!),BDI!$B$17,IF(AND(#REF!=\"Padrão\",$H$4=#REF!),BDI!#REF!,IF(AND(#REF!=\"Diferenciado\",$H$4=#REF!),BDI!$E$17,IF(AND(#REF!=\"Diferenciado\",$H$4=#REF!),BDI!#REF!,IF(#REF!=\"ZERO\",0))))),\"\")","v":{"$error":"#REF!"}},"",""]
["SF-00761","Nível manual de alumínio com base magnética 350 mm","un",0,"","",{"$f":"IF(A766<>\"\",IF(AND(#REF!=\"Padrão\",$H$4=#REF!),BDI!$B$17,IF(AND(#REF!=\"Padrão\",$H$4=#REF!),BDI!#REF!,IF(AND(#REF!=\"Diferenciado\",$H$4=#REF!),BDI!$E$17,IF(AND(#REF!=\"Diferenciado\",$H$4=#REF!),BDI!#REF!,IF(#REF!=\"ZERO\",0))))),\"\")","v":{"$error":"#REF!"}},"",""]
["SF-00762","Nível manual de alumínio com base magnética 220 mm","un",0,"","",{"$f":"IF(A767<>\"\",IF(AND(#REF!=\"Padrão\",$H$4=#REF!),BDI!$B$17,IF(AND(#REF!=\"Padrão\",$H$4=#REF!),BDI!#REF!,IF(AND(#REF!=\"Diferenciado\",$H$4=#REF!),BDI!$E$17,IF(AND(#REF!=\"Diferenciado\",$H$4=#REF!),BDI!#REF!,IF(#REF!=\"ZERO\",0))))),\"\")","v":{"$error":"#REF!"}},"",""]
["SF-00763","Pá quadrada com 120 cm","un",0,"","",{"$f":"IF(A768<>\"\",IF(AND(#REF!=\"Padrão\",$H$4=#REF!),BDI!$B$17,IF(AND(#REF!=\"Padrão\",$H$4=#REF!),BDI!#REF!,IF(AND(#REF!=\"Diferenciado\",$H$4=#REF!),BDI!$E$17,IF(AND(#REF!=\"Diferenciado\",$H$4=#REF!),BDI!#REF!,IF(#REF!=\"ZERO\",0))))),\"\")","v":{"$error":"#REF!"}},"",""]
["SF-00764","Pedra de afiar dupla face","un",0,"","",{"$f":"IF(A769<>\"\",IF(AND(#REF!=\"Padrão\",$H$4=#REF!),BDI!$B$17,IF(AND(#REF!=\"Padrão\",$H$4=#REF!),BDI!#REF!,IF(AND(#REF!=\"Diferenciado\",$H$4=#REF!),BDI!$E$17,IF(AND(#REF!=\"Diferenciado\",$H$4=#REF!),BDI!#REF!,IF(#REF!=\"ZERO\",0))))),\"\")","v":{"$error":"#REF!"}},"",""]
["SF-00765","Peneira fina","un",0,"","",{"$f":"IF(A770<>\"\",IF(AND(#REF!=\"Padrão\",$H$4=#REF!),BDI!$B$17,IF(AND(#REF!=\"Padrão\",$H$4=#REF!),BDI!#REF!,IF(AND(#REF!=\"Diferenciado\",$H$4=#REF!),BDI!$E$17,IF(AND(#REF!=\"Diferenciado\",$H$4=#REF!),BDI!#REF!,IF(#REF!=\"ZERO\",0))))),\"\")","v":{"$error":"#REF!"}},"",""]
["SF-00766","Peneira grossa","un",0,"","",{"$f":"IF(A771<>\"\",IF(AND(#REF!=\"Padrão\",$H$4=#REF!),BDI!$B$17,IF(AND(#REF!=\"Padrão\",$H$4=#REF!),BDI!#REF!,IF(AND(#REF!=\"Diferenciado\",$H$4=#REF!),BDI!$E$17,IF(AND(#REF!=\"Diferenciado\",$H$4=#REF!),BDI!#REF!,IF(#REF!=\"ZERO\",0))))),\"\")","v":{"$error":"#REF!"}},"",""]
["SF-00767","Peneira média","un",0,"","",{"$f":"IF(A772<>\"\",IF(AND(#REF!=\"Padrão\",$H$4=#REF!),BDI!$B$17,IF(AND(#REF!=\"Padrão\",$H$4=#REF!),BDI!#REF!,IF(AND(#REF!=\"Diferenciado\",$H$4=#REF!),BDI!$E$17,IF(AND(#REF!=\"Diferenciado\",$H$4=#REF!),BDI!#REF!,IF(#REF!=\"ZERO\",0))))),\"\")","v":{"$error":"#REF!"}},"",""]
["SF-00768","Picareta","un",0,"","",{"$f":"IF(A773<>\"\",IF(AND(#REF!=\"Padrão\",$H$4=#REF!),BDI!$B$17,IF(AND(#REF!=\"Padrão\",$H$4=#REF!),BDI!#REF!,IF(AND(#REF!=\"Diferenciado\",$H$4=#REF!),BDI!$E$17,IF(AND(#REF!=\"Diferenciado\",$H$4=#REF!),BDI!#REF!,IF(#REF!=\"ZERO\",0))))),\"\")","v":{"$error":"#REF!"}},"",""]
["SF-00769","Prumo de centro","un",0,{"$f":"OFFSET(INDEX(Composições!A:J,MATCH(Orçamentária!A774,Composições!A:A,0),8),2,0)","v":48.411999999999999},0,{"$f":"IF(A774<>\"\",IF(AND(#REF!=\"Padrão\",$H$4=#REF!),BDI!$B$17,IF(AND(#REF!=\"Padrão\",$H$4=#REF!),BDI!#REF!,IF(AND(#REF!=\"Diferenciado\",$H$4=#REF!),BDI!$E$17,IF(AND(#REF!=\"Diferenciado\",$H$4=#REF!),BDI!#REF!,IF(#REF!=\"ZERO\",0))))),\"\")","v":{"$error":"#REF!"}},{"$error":"#REF!"},{"$error":"#REF!"}]
["SF-00770","Prumo de parede","un",0,{"$f":"OFFSET(INDEX(Composições!A:J,MATCH(Orçamentária!A775,Composições!A:A,0),8),2,0)","v":55.195},{"$f":"IF(ISNUMBER(E775),D775*E775,\"\")","v":0},{"$f":"IF(A775<>\"\",IF(AND(#REF!=\"Padrão\",$H$4=#REF!),BDI!$B$17,IF(AND(#REF!=\"Padrão\",$H$4=#REF!),BDI!#REF!,IF(AND(#REF!=\"Diferenciado\",$H$4=#REF!),BDI!$E$17,IF(AND(#REF!=\"Diferenciado\",$H$4=#REF!),BDI!#REF!,IF(#REF!=\"ZERO\",0))))),\"\")","v":{"$error":"#REF!"}},{"$f":"IF(ISNUMBER(E775),ROUND(E775*(1+G775),2),\"\")","v":{"$error":"#REF!"}},{"$f":"IF(ISNUMBER(E775),ROUND(H775*D775,2),\"\")","v":{"$error":"#REF!"}}]
["SF-00771","Rebitadeira manual","un",0,"","",{"$f":"IF(A776<>\"\",IF(AND(#REF!=\"Padrão\",$H$4=#REF!),BDI!$B$17,IF(AND(#REF!=\"Padrão\",$H$4=#REF!),BDI!#REF!,IF(AND(#REF!=\"Diferenciado\",$H$4=#REF!),BDI!$E$17,IF(AND(#REF!=\"Diferenciado\",$H$4=#REF!),BDI!#REF!,IF(#REF!=\"ZERO\",0))))),\"\")","v":{"$error":"#REF!"}},"",""]
["SF-00772","Régua de alumínio para pedreiro com 2m","un",0,{"$f":"OFFSET(INDEX(Composições!A:J,MATCH(Orçamentária!A777,Composições!A:A,0),8),2,0)","v":129.542},0,{"$f":"IF(A777<>\"\",IF(AND(#REF!=\"Padrão\",$H$4=#REF!),BDI!$B$17,IF(AND(#REF!=\"Padrão\",$H$4=#REF!),BDI!#REF!,IF(AND(#REF!=\"Diferenciado\",$H$4=#REF!),BDI!$E$17,IF(AND(#REF!=\"Diferenciado\",$H$4=#REF!),BDI!#REF!,IF(#REF!=\"ZERO\",0))))),\"\")","v":{"$error":"#REF!"}},{"$error":"#REF!"},{"$error":"#REF!"}]
["SF-00773","Serrote 20\"","un",0,"","",{"$f":"IF(A778<>\"\",IF(AND(#REF!=\"Padrão\",$H$4=#REF!),BDI!$B$17,IF(AND(#REF!=\"Padrão\",$H$4=#REF!),BDI!#REF!,IF(AND(#REF!=\"Diferenciado\",$H$4=#REF!),BDI!$E$17,IF(AND(#REF!=\"Diferenciado\",$H$4=#REF!),BDI!#REF!,IF(#REF!=\"ZERO\",0))))),\"\")","v":{"$error":"#REF!"}},"",""]
["SF-00774","Serrote de costa","un",0,"","",{"$f":"IF(A779<>\"\",IF(AND(#REF!=\"Padrão\",$H$4=#REF!),BDI!$B$17,IF(AND(#REF!=\"Padrão\",$H$4=#REF!),BDI!#REF!,IF(AND(#REF!=\"Diferenciado\",$H$4=#REF!),BDI!$E$17,IF(AND(#REF!=\"Diferenciado\",$H$4=#REF!),BDI!#REF!,IF(#REF!=\"ZERO\",0))))),\"\")","v":{"$error":"#REF!"}},"",""]
["SF-00775","Tesoura","un",0,"","",{"$f":"IF(A780<>\"\",IF(AND(#REF!=\"Padrão\",$H$4=#REF!),BDI!$B$17,IF(AND(#REF!=\"Padrão\",$H$4=#REF!),BDI!#REF!,IF(AND(#REF!=\"Diferenciado\",$H$4=#REF!),BDI!$E$17,IF(AND(#REF!=\"Diferenciado\",$H$4=#REF!),BDI!#REF!,IF(#REF!=\"ZERO\",0))))),\"\")","v":{"$error":"#REF!"}},"",""]
["SF-00776","Tesoura de chapas tipo aviação","un",0,"","",{"$f":"IF(A781<>\"\",IF(AND(#REF!=\"Padrão\",$H$4=#REF!),BDI!$B$17,IF(AND(#REF!=\"Padrão\",$H$4=#REF!),BDI!#REF!,IF(AND(#REF!=\"Diferenciado\",$H$4=#REF!),BDI!$E$17,IF(AND(#REF!=\"Diferenciado\",$H$4=#REF!),BDI!#REF!,IF(#REF!=\"ZERO\",0))))),\"\")","v":{"$error":"#REF!"}},"",""]
["SF-00777","Trena de 5 m","un",0,"","",{"$f":"IF(A782<>\"\",IF(AND(#REF!=\"Padrão\",$H$4=#REF!),BDI!$B$17,IF(AND(#REF!=\"Padrão\",$H$4=#REF!),BDI!#REF!,IF(AND(#REF!=\"Diferenciado\",$H$4=#REF!),BDI!$E$17,IF(AND(#REF!=\"Diferenciado\",$H$4=#REF!),BDI!#REF!,IF(#REF!=\"ZERO\",0))))),\"\")","v":{"$error":"#REF!"}},"",""]
["SF-00778","Desempenadeira 1800 x 200 mm","un",0,"","",{"$f":"IF(A783<>\"\",IF(AND(#REF!=\"Padrão\",$H$4=#REF!),BDI!$B$17,IF(AND(#REF!=\"Padrão\",$H$4=#REF!),BDI!#REF!,IF(AND(#REF!=\"Diferenciado\",$H$4=#REF!),BDI!$E$17,IF(AND(#REF!=\"Diferenciado\",$H$4=#REF!),BDI!#REF!,IF(#REF!=\"ZERO\",0))))),\"\")","v":{"$error":"#REF!"}},"",""]
["SF-00779","Formão de 1/2\"","un",0,"","",{"$f":"IF(A784<>\"\",IF(AND(#REF!=\"Padrão\",$H$4=#REF!),BDI!$B$17,IF(AND(#REF!=\"Padrão\",$H$4=#REF!),BDI!#REF!,IF(AND(#REF!=\"Diferenciado\",$H$4=#REF!),BDI!$E$17,IF(AND(#REF!=\"Diferenciado\",$H$4=#REF!),BDI!#REF!,IF(#REF!=\"ZERO\",0))))),\"\")","v":{"$error":"#REF!"}},"",""]
["SF-00780","Formão de 1/4\"","un",0,"","",{"$f":"IF(A785<>\"\",IF(AND(#REF!=\"Padrão\",$H$4=#REF!),BDI!$B$17,IF(AND(#REF!=\"Padrão\",$H$4=#REF!),BDI!#REF!,IF(AND(#REF!=\"Diferenciado\",$H$4=#REF!),BDI!$E$17,IF(AND(#REF!=\"Diferenciado\",$H$4=#REF!),BDI!#REF!,IF(#REF!=\"ZERO\",0))))),\"\")","v":{"$error":"#REF!"}},"",""]
["SF-00781","Formão de 3/4\"","un",0,"","",{"$f":"IF(A786<>\"\",IF(AND(#REF!=\"Padrão\",$H$4=#REF!),BDI!$B$17,IF(AND(#REF!=\"Padrão\",$H$4=#REF!),BDI!#REF!,IF(AND(#REF!=\"Diferenciado\",$H$4=#REF!),BDI!$E$17,IF(AND(#REF!=\"Diferenciado\",$H$4=#REF!),BDI!#REF!,IF(#REF!=\"ZERO\",0))))),\"\")","v":{"$error":"#REF!"}},"",""]
["SF-00782","Grampeador para Molduras","un",0,"","",{"$f":"IF(A787<>\"\",IF(AND(#REF!=\"Padrão\",$H$4=#REF!),BDI!$B$17,IF(AND(#REF!=\"Padrão\",$H$4=#REF!),BDI!#REF!,IF(AND(#REF!=\"Diferenciado\",$H$4=#REF!),BDI!$E$17,IF(AND(#REF!=\"Diferenciado\",$H$4=#REF!),BDI!#REF!,IF(#REF!=\"ZERO\",0))))),\"\")","v":{"$error":"#REF!"}},"",""]
["SF-00783","Grampeador Uso Leve","un",0,"","",{"$f":"IF(A788<>\"\",IF(AND(#REF!=\"Padrão\",$H$4=#REF!),BDI!$B$17,IF(AND(#REF!=\"Padrão\",$H$4=#REF!),BDI!#REF!,IF(AND(#REF!=\"Diferenciado\",$H$4=#REF!),BDI!$E$17,IF(AND(#REF!=\"Diferenciado\",$H$4=#REF!),BDI!#REF!,IF(#REF!=\"ZERO\",0))))),\"\")","v":{"$error":"#REF!"}},"",""]
["SF-00784","Lixadeira de cinta","un",0,"","",{"$f":"IF(A789<>\"\",IF(AND(#REF!=\"Padrão\",$H$4=#REF!),BDI!$B$17,IF(AND(#REF!=\"Padrão\",$H$4=#REF!),BDI!#REF!,IF(AND(#REF!=\"Diferenciado\",$H$4=#REF!),BDI!$E$17,IF(AND(#REF!=\"Diferenciado\",$H$4=#REF!),BDI!#REF!,IF(#REF!=\"ZERO\",0))))),\"\")","v":{"$error":"#REF!"}},"",""]
["SF-00785","Lixadeira e politriz angular 7’’/9’’","un",0,"","",{"$f":"IF(A790<>\"\",IF(AND(#REF!=\"Padrão\",$H$4=#REF!),BDI!$B$17,IF(AND(#REF!=\"Padrão\",$H$4=#REF!),BDI!#REF!,IF(AND(#REF!=\"Diferenciado\",$H$4=#REF!),BDI!$E$17,IF(AND(#REF!=\"Diferenciado\",$H$4=#REF!),BDI!#REF!,IF(#REF!=\"ZERO\",0))))),\"\")","v":{"$error":"#REF!"}},"",""]
["SF-00786","Lixadeira Excêntrica","un",0,"","",{"$f":"IF(A791<>\"\",IF(AND(#REF!=\"Padrão\",$H$4=#REF!),BDI!$B$17,IF(AND(#REF!=\"Padrão\",$H$4=#REF!),BDI!#REF!,IF(AND(#REF!=\"Diferenciado\",$H$4=#REF!),BDI!$E$17,IF(AND(#REF!=\"Diferenciado\",$H$4=#REF!),BDI!#REF!,IF(#REF!=\"ZERO\",0))))),\"\")","v":{"$error":"#REF!"}},"",""]
["SF-00787","Lixadeira Fita","un",0,"","",{"$f":"IF(A792<>\"\",IF(AND(#REF!=\"Padrão\",$H$4=#REF!),BDI!$B$17,IF(AND(#REF!=\"Padrão\",$H$4=#REF!),BDI!#REF!,IF(AND(#REF!=\"Diferenciado\",$H$4=#REF!),BDI!$E$17,IF(AND(#REF!=\"Diferenciado\",$H$4=#REF!),BDI!#REF!,IF(#REF!=\"ZERO\",0))))),\"\")","v":{"$error":"#REF!"}},"",""]
["SF-00788","Lixadeira orbital","un",0,"","",{"$f":"IF(A793<>\"\",IF(AND(#REF!=\"Padrão\",$H$4=#REF!),BDI!$B$17,IF(AND(#REF!=\"Padrão\",$H$4=#REF!),BDI!#REF!,IF(AND(#REF!=\"Diferenciado\",$H$4=#REF!),BDI!$E$17,IF(AND(#REF!=\"Diferenciado\",$H$4=#REF!),BDI!#REF!,IF(#REF!=\"ZERO\",0))))),\"\")","v":{"$error":"#REF!"}},"",""]
["SF-00789","Pinador e Grampeador Pneumático","un",0,"","",{"$f":"IF(A794<>\"\",IF(AND(#REF!=\"Padrão\",$H$4=#REF!),BDI!$B$17,IF(AND(#REF!=\"Padrão\",$H$4=#REF!),BDI!#REF!,IF(AND(#REF!=\"Diferenciado\",$H$4=#REF!),BDI!$E$17,IF(AND(#REF!=\"Diferenciado\",$H$4=#REF!),BDI!#REF!,IF(#REF!=\"ZERO\",0))))),\"\")","v":{"$error":"#REF!"}},"",""]
["SF-00790","Plaina desempenadeira","un",0,"","",{"$f":"IF(A795<>\"\",IF(AND(#REF!=\"Padrão\",$H$4=#REF!),BDI!$B$17,IF(AND(#REF!=\"Padrão\",$H$4=#REF!),BDI!#REF!,IF(AND(#REF!=\"Diferenciado\",$H$4=#REF!),BDI!$E$17,IF(AND(#REF!=\"Diferenciado\",$H$4=#REF!),BDI!#REF!,IF(#REF!=\"ZERO\",0))))),\"\")","v":{"$error":"#REF!"}},"",""]
["SF-00791","Plaina desengrossadeira","un",0,"","",{"$f":"IF(A796<>\"\",IF(AND(#REF!=\"Padrão\",$H$4=#REF!),BDI!$B$17,IF(AND(#REF!=\"Padrão\",$H$4=#REF!),BDI!#REF!,IF(AND(#REF!=\"Diferenciado\",$H$4=#REF!),BDI!$E$17,IF(AND(#REF!=\"Diferenciado\",$H$4=#REF!),BDI!#REF!,IF(#REF!=\"ZERO\",0))))),\"\")","v":{"$error":"#REF!"}},"",""]
["SF-00792","Plaina elétrica","un",0,"","",{"$f":"IF(A797<>\"\",IF(AND(#REF!=\"Padrão\",$H$4=#REF!),BDI!$B$17,IF(AND(#REF!=\"Padrão\",$H$4=#REF!),BDI!#REF!,IF(AND(#REF!=\"Diferenciado\",$H$4=#REF!),BDI!$E$17,IF(AND(#REF!=\"Diferenciado\",$H$4=#REF!),BDI!#REF!,IF(#REF!=\"ZERO\",0))))),\"\")","v":{"$error":"#REF!"}},"",""]
["SF-00793","Plaina manual No. 5","un",0,"","",{"$f":"IF(A798<>\"\",IF(AND(#REF!=\"Padrão\",$H$4=#REF!),BDI!$B$17,IF(AND(#REF!=\"Padrão\",$H$4=#REF!),BDI!#REF!,IF(AND(#REF!=\"Diferenciado\",$H$4=#REF!),BDI!$E$17,IF(AND(#REF!=\"Diferenciado\",$H$4=#REF!),BDI!#REF!,IF(#REF!=\"ZERO\",0))))),\"\")","v":{"$error":"#REF!"}},"",""]
["SF-00794","Policorte 14’’ 2000 W","un",0,"","",{"$f":"IF(A799<>\"\",IF(AND(#REF!=\"Padrão\",$H$4=#REF!),BDI!$B$17,IF(AND(#REF!=\"Padrão\",$H$4=#REF!),BDI!#REF!,IF(AND(#REF!=\"Diferenciado\",$H$4=#REF!),BDI!$E$17,IF(AND(#REF!=\"Diferenciado\",$H$4=#REF!),BDI!#REF!,IF(#REF!=\"ZERO\",0))))),\"\")","v":{"$error":"#REF!"}},"",""]
["SF-00795","Raspador manual para madeira","un",0,"","",{"$f":"IF(A800<>\"\",IF(AND(#REF!=\"Padrão\",$H$4=#REF!),BDI!$B$17,IF(AND(#REF!=\"Padrão\",$H$4=#REF!),BDI!#REF!,IF(AND(#REF!=\"Diferenciado\",$H$4=#REF!),BDI!$E$17,IF(AND(#REF!=\"Diferenciado\",$H$4=#REF!),BDI!#REF!,IF(#REF!=\"ZERO\",0))))),\"\")","v":{"$error":"#REF!"}},"",""]
["SF-00796","Serra meia esquadria","un",0,"","",{"$f":"IF(A801<>\"\",IF(AND(#REF!=\"Padrão\",$H$4=#REF!),BDI!$B$17,IF(AND(#REF!=\"Padrão\",$H$4=#REF!),BDI!#REF!,IF(AND(#REF!=\"Diferenciado\",$H$4=#REF!),BDI!$E$17,IF(AND(#REF!=\"Diferenciado\",$H$4=#REF!),BDI!#REF!,IF(#REF!=\"ZERO\",0))))),\"\")","v":{"$error":"#REF!"}},"",""]
["SF-00797","Serra Meia Esquadria Radial","un",0,"","",{"$f":"IF(A802<>\"\",IF(AND(#REF!=\"Padrão\",$H$4=#REF!),BDI!$B$17,IF(AND(#REF!=\"Padrão\",$H$4=#REF!),BDI!#REF!,IF(AND(#REF!=\"Diferenciado\",$H$4=#REF!),BDI!$E$17,IF(AND(#REF!=\"Diferenciado\",$H$4=#REF!),BDI!#REF!,IF(#REF!=\"ZERO\",0))))),\"\")","v":{"$error":"#REF!"}},"",""]
["SF-00798","Serra tico-tico com controle de velocidade","un",0,"","",{"$f":"IF(A803<>\"\",IF(AND(#REF!=\"Padrão\",$H$4=#REF!),BDI!$B$17,IF(AND(#REF!=\"Padrão\",$H$4=#REF!),BDI!#REF!,IF(AND(#REF!=\"Diferenciado\",$H$4=#REF!),BDI!$E$17,IF(AND(#REF!=\"Diferenciado\",$H$4=#REF!),BDI!#REF!,IF(#REF!=\"ZERO\",0))))),\"\")","v":{"$error":"#REF!"}},"",""]
["SF-00799","Torno para Madeira com Copiador","un",0,"","",{"$f":"IF(A804<>\"\",IF(AND(#REF!=\"Padrão\",$H$4=#REF!),BDI!$B$17,IF(AND(#REF!=\"Padrão\",$H$4=#REF!),BDI!#REF!,IF(AND(#REF!=\"Diferenciado\",$H$4=#REF!),BDI!$E$17,IF(AND(#REF!=\"Diferenciado\",$H$4=#REF!),BDI!#REF!,IF(#REF!=\"ZERO\",0))))),\"\")","v":{"$error":"#REF!"}},"",""]
["SF-00800","Tupia de Coluna","un",0,"","",{"$f":"IF(A805<>\"\",IF(AND(#REF!=\"Padrão\",$H$4=#REF!),BDI!$B$17,IF(AND(#REF!=\"Padrão\",$H$4=#REF!),BDI!#REF!,IF(AND(#REF!=\"Diferenciado\",$H$4=#REF!),BDI!$E$17,IF(AND(#REF!=\"Diferenciado\",$H$4=#REF!),BDI!#REF!,IF(#REF!=\"ZERO\",0))))),\"\")","v":{"$error":"#REF!"}},"",""]
["SF-00801","Tupia de Laminação","un",0,"","",{"$f":"IF(A806<>\"\",IF(AND(#REF!=\"Padrão\",$H$4=#REF!),BDI!$B$17,IF(AND(#REF!=\"Padrão\",$H$4=#REF!),BDI!#REF!,IF(AND(#REF!=\"Diferenciado\",$H$4=#REF!),BDI!$E$17,IF(AND(#REF!=\"Diferenciado\",$H$4=#REF!),BDI!#REF!,IF(#REF!=\"ZERO\",0))))),\"\")","v":{"$error":"#REF!"}},"",""]
["SF-00802","Tupia Estacionária Refiladora de Borda Pinça","un",0,"","",{"$f":"IF(A807<>\"\",IF(AND(#REF!=\"Padrão\",$H$4=#REF!),BDI!$B$17,IF(AND(#REF!=\"Padrão\",$H$4=#REF!),BDI!#REF!,IF(AND(#REF!=\"Diferenciado\",$H$4=#REF!),BDI!$E$17,IF(AND(#REF!=\"Diferenciado\",$H$4=#REF!),BDI!#REF!,IF(#REF!=\"ZERO\",0))))),\"\")","v":{"$error":"#REF!"}},"",""]
["SF-00803","Calandra de chapas motorizada","un",0,"","",{"$f":"IF(A808<>\"\",IF(AND(#REF!=\"Padrão\",$H$4=#REF!),BDI!$B$17,IF(AND(#REF!=\"Padrão\",$H$4=#REF!),BDI!#REF!,IF(AND(#REF!=\"Diferenciado\",$H$4=#REF!),BDI!$E$17,IF(AND(#REF!=\"Diferenciado\",$H$4=#REF!),BDI!#REF!,IF(#REF!=\"ZERO\",0))))),\"\")","v":{"$error":"#REF!"}},"",""]
["SF-00804","Calandra de tubos e perfis motorizada","un",0,"","",{"$f":"IF(A809<>\"\",IF(AND(#REF!=\"Padrão\",$H$4=#REF!),BDI!$B$17,IF(AND(#REF!=\"Padrão\",$H$4=#REF!),BDI!#REF!,IF(AND(#REF!=\"Diferenciado\",$H$4=#REF!),BDI!$E$17,IF(AND(#REF!=\"Diferenciado\",$H$4=#REF!),BDI!#REF!,IF(#REF!=\"ZERO\",0))))),\"\")","v":{"$error":"#REF!"}},"",""]
["SF-00805","Conjunto de Solda Mig 250A","un",0,"","",{"$f":"IF(A810<>\"\",IF(AND(#REF!=\"Padrão\",$H$4=#REF!),BDI!$B$17,IF(AND(#REF!=\"Padrão\",$H$4=#REF!),BDI!#REF!,IF(AND(#REF!=\"Diferenciado\",$H$4=#REF!),BDI!$E$17,IF(AND(#REF!=\"Diferenciado\",$H$4=#REF!),BDI!#REF!,IF(#REF!=\"ZERO\",0))))),\"\")","v":{"$error":"#REF!"}},"",""]
["SF-00806","Maçarico para gás GLP","un",0,"","",{"$f":"IF(A811<>\"\",IF(AND(#REF!=\"Padrão\",$H$4=#REF!),BDI!$B$17,IF(AND(#REF!=\"Padrão\",$H$4=#REF!),BDI!#REF!,IF(AND(#REF!=\"Diferenciado\",$H$4=#REF!),BDI!$E$17,IF(AND(#REF!=\"Diferenciado\",$H$4=#REF!),BDI!#REF!,IF(#REF!=\"ZERO\",0))))),\"\")","v":{"$error":"#REF!"}},"",""]
["SF-00807","Máquina de solda inversora AC/DC 180 A 220 Volts","un",0,"","",{"$f":"IF(A812<>\"\",IF(AND(#REF!=\"Padrão\",$H$4=#REF!),BDI!$B$17,IF(AND(#REF!=\"Padrão\",$H$4=#REF!),BDI!#REF!,IF(AND(#REF!=\"Diferenciado\",$H$4=#REF!),BDI!$E$17,IF(AND(#REF!=\"Diferenciado\",$H$4=#REF!),BDI!#REF!,IF(#REF!=\"ZERO\",0))))),\"\")","v":{"$error":"#REF!"}},"",""]
["SF-00808","Betoneira monofásica 400 litros","un",0,"","",{"$f":"IF(A813<>\"\",IF(AND(#REF!=\"Padrão\",$H$4=#REF!),BDI!$B$17,IF(AND(#REF!=\"Padrão\",$H$4=#REF!),BDI!#REF!,IF(AND(#REF!=\"Diferenciado\",$H$4=#REF!),BDI!$E$17,IF(AND(#REF!=\"Diferenciado\",$H$4=#REF!),BDI!#REF!,IF(#REF!=\"ZERO\",0))))),\"\")","v":{"$error":"#REF!"}},"",""]
["SF-00809","Broxa Retangular","un",0,"","",{"$f":"IF(A814<>\"\",IF(AND(#REF!=\"Padrão\",$H$4=#REF!),BDI!$B$17,IF(AND(#REF!=\"Padrão\",$H$4=#REF!),BDI!#REF!,IF(AND(#REF!=\"Diferenciado\",$H$4=#REF!),BDI!$E$17,IF(AND(#REF!=\"Diferenciado\",$H$4=#REF!),BDI!#REF!,IF(#REF!=\"ZERO\",0))))),\"\")","v":{"$error":"#REF!"}},"",""]
["SF-00810","Caixa plástica para massas (masseira) 20 L","un",0,"","",{"$f":"IF(A815<>\"\",IF(AND(#REF!=\"Padrão\",$H$4=#REF!),BDI!$B$17,IF(AND(#REF!=\"Padrão\",$H$4=#REF!),BDI!#REF!,IF(AND(#REF!=\"Diferenciado\",$H$4=#REF!),BDI!$E$17,IF(AND(#REF!=\"Diferenciado\",$H$4=#REF!),BDI!#REF!,IF(#REF!=\"ZERO\",0))))),\"\")","v":{"$error":"#REF!"}},"",""]
["SF-00811","Colher de pedreiro 9\"","un",0,"","",{"$f":"IF(A816<>\"\",IF(AND(#REF!=\"Padrão\",$H$4=#REF!),BDI!$B$17,IF(AND(#REF!=\"Padrão\",$H$4=#REF!),BDI!#REF!,IF(AND(#REF!=\"Diferenciado\",$H$4=#REF!),BDI!$E$17,IF(AND(#REF!=\"Diferenciado\",$H$4=#REF!),BDI!#REF!,IF(#REF!=\"ZERO\",0))))),\"\")","v":{"$error":"#REF!"}},"",""]
["SF-00812","Compactador de percussão elétrico monofásico 3 CV","un",0,"","",{"$f":"IF(A817<>\"\",IF(AND(#REF!=\"Padrão\",$H$4=#REF!),BDI!$B$17,IF(AND(#REF!=\"Padrão\",$H$4=#REF!),BDI!#REF!,IF(AND(#REF!=\"Diferenciado\",$H$4=#REF!),BDI!$E$17,IF(AND(#REF!=\"Diferenciado\",$H$4=#REF!),BDI!#REF!,IF(#REF!=\"ZERO\",0))))),\"\")","v":{"$error":"#REF!"}},"",""]
["SF-00813","Desempenadeira de aço dentada","un",0,"","",{"$f":"IF(A818<>\"\",IF(AND(#REF!=\"Padrão\",$H$4=#REF!),BDI!$B$17,IF(AND(#REF!=\"Padrão\",$H$4=#REF!),BDI!#REF!,IF(AND(#REF!=\"Diferenciado\",$H$4=#REF!),BDI!$E$17,IF(AND(#REF!=\"Diferenciado\",$H$4=#REF!),BDI!#REF!,IF(#REF!=\"ZERO\",0))))),\"\")","v":{"$error":"#REF!"}},"",""]
["SF-00814","Desempenadeira de aço lisa","un",0,{"$f":"OFFSET(INDEX(Composições!A:J,MATCH(Orçamentária!A819,Composições!A:A,0),8),2,0)","v":24.101500000000001},0,{"$f":"IF(A819<>\"\",IF(AND(#REF!=\"Padrão\",$H$4=#REF!),BDI!$B$17,IF(AND(#REF!=\"Padrão\",$H$4=#REF!),BDI!#REF!,IF(AND(#REF!=\"Diferenciado\",$H$4=#REF!),BDI!$E$17,IF(AND(#REF!=\"Diferenciado\",$H$4=#REF!),BDI!#REF!,IF(#REF!=\"ZERO\",0))))),\"\")","v":{"$error":"#REF!"}},{"$error":"#REF!"},{"$error":"#REF!"}]
["SF-00815","Desempenadeira estriada em PVC 14 x 27 cm","un",0,{"$f":"OFFSET(INDEX(Composições!A:J,MATCH(Orçamentária!A820,Composições!A:A,0),8),2,0)","v":19.57},0,{"$f":"IF(A820<>\"\",IF(AND(#REF!=\"Padrão\",$H$4=#REF!),BDI!$B$17,IF(AND(#REF!=\"Padrão\",$H$4=#REF!),BDI!#REF!,IF(AND(#REF!=\"Diferenciado\",$H$4=#REF!),BDI!$E$17,IF(AND(#REF!=\"Diferenciado\",$H$4=#REF!),BDI!#REF!,IF(#REF!=\"ZERO\",0))))),\"\")","v":{"$error":"#REF!"}},{"$error":"#REF!"},{"$error":"#REF!"}]
["SF-00816","Desempenadeira lisa em PVC 18 x 30 cm","un",0,"","",{"$f":"IF(A821<>\"\",IF(AND(#REF!=\"Padrão\",$H$4=#REF!),BDI!$B$17,IF(AND(#REF!=\"Padrão\",$H$4=#REF!),BDI!#REF!,IF(AND(#REF!=\"Diferenciado\",$H$4=#REF!),BDI!$E$17,IF(AND(#REF!=\"Diferenciado\",$H$4=#REF!),BDI!#REF!,IF(#REF!=\"ZERO\",0))))),\"\")","v":{"$error":"#REF!"}},"",""]
["SF-00817","Martelete demolidor 1,7 kW (12 kg)","un",0,"","",{"$f":"IF(A822<>\"\",IF(AND(#REF!=\"Padrão\",$H$4=#REF!),BDI!$B$17,IF(AND(#REF!=\"Padrão\",$H$4=#REF!),BDI!#REF!,IF(AND(#REF!=\"Diferenciado\",$H$4=#REF!),BDI!$E$17,IF(AND(#REF!=\"Diferenciado\",$H$4=#REF!),BDI!#REF!,IF(#REF!=\"ZERO\",0))))),\"\")","v":{"$error":"#REF!"}},"",""]
["SF-00818","Martelete demolidor 2kW (30 kg)","un",0,"","",{"$f":"IF(A823<>\"\",IF(AND(#REF!=\"Padrão\",$H$4=#REF!),BDI!$B$17,IF(AND(#REF!=\"Padrão\",$H$4=#REF!),BDI!#REF!,IF(AND(#REF!=\"Diferenciado\",$H$4=#REF!),BDI!$E$17,IF(AND(#REF!=\"Diferenciado\",$H$4=#REF!),BDI!#REF!,IF(#REF!=\"ZERO\",0))))),\"\")","v":{"$error":"#REF!"}},"",""]
["SF-00819","Rolo lã de carneiro 23cm com suporte","un",0,"","",{"$f":"IF(A824<>\"\",IF(AND(#REF!=\"Padrão\",$H$4=#REF!),BDI!$B$17,IF(AND(#REF!=\"Padrão\",$H$4=#REF!),BDI!#REF!,IF(AND(#REF!=\"Diferenciado\",$H$4=#REF!),BDI!$E$17,IF(AND(#REF!=\"Diferenciado\",$H$4=#REF!),BDI!#REF!,IF(#REF!=\"ZERO\",0))))),\"\")","v":{"$error":"#REF!"}},"",""]
["SF-00820","Trado perfurador para terra manual 25 cm","un",0,"","",{"$f":"IF(A825<>\"\",IF(AND(#REF!=\"Padrão\",$H$4=#REF!),BDI!$B$17,IF(AND(#REF!=\"Padrão\",$H$4=#REF!),BDI!#REF!,IF(AND(#REF!=\"Diferenciado\",$H$4=#REF!),BDI!$E$17,IF(AND(#REF!=\"Diferenciado\",$H$4=#REF!),BDI!#REF!,IF(#REF!=\"ZERO\",0))))),\"\")","v":{"$error":"#REF!"}},"",""]
["SF-00821","Plataforma de trabalho aéreo articulada","dia",0,"","",{"$f":"IF(A826<>\"\",IF(AND(#REF!=\"Padrão\",$H$4=#REF!),BDI!$B$17,IF(AND(#REF!=\"Padrão\",$H$4=#REF!),BDI!#REF!,IF(AND(#REF!=\"Diferenciado\",$H$4=#REF!),BDI!$E$17,IF(AND(#REF!=\"Diferenciado\",$H$4=#REF!),BDI!#REF!,IF(#REF!=\"ZERO\",0))))),\"\")","v":{"$error":"#REF!"}},"",""]
["SF-00822","Relógio de ponto biométrico","un",0,"","",{"$f":"IF(A827<>\"\",IF(AND(#REF!=\"Padrão\",$H$4=#REF!),BDI!$B$17,IF(AND(#REF!=\"Padrão\",$H$4=#REF!),BDI!#REF!,IF(AND(#REF!=\"Diferenciado\",$H$4=#REF!),BDI!$E$17,IF(AND(#REF!=\"Diferenciado\",$H$4=#REF!),BDI!#REF!,IF(#REF!=\"ZERO\",0))))),\"\")","v":{"$error":"#REF!"}},"",""]
["SF-00823","Camisa polo manga curta com logotipo da empresa na frente e indicação da categoria profissional nas costas","pç",0,"","",{"$f":"IF(A828<>\"\",IF(AND(#REF!=\"Padrão\",$H$4=#REF!),BDI!$B$17,IF(AND(#REF!=\"Padrão\",$H$4=#REF!),BDI!#REF!,IF(AND(#REF!=\"Diferenciado\",$H$4=#REF!),BDI!$E$17,IF(AND(#REF!=\"Diferenciado\",$H$4=#REF!),BDI!#REF!,IF(#REF!=\"ZERO\",0))))),\"\")","v":{"$error":"#REF!"}},"",""]
["SF-00824","Camisa polo manga longa com logotipo da empresa na frente e indicação da categoria profissional nas costas","pç",0,"","",{"$f":"IF(A829<>\"\",IF(AND(#REF!=\"Padrão\",$H$4=#REF!),BDI!$B$17,IF(AND(#REF!=\"Padrão\",$H$4=#REF!),BDI!#REF!,IF(AND(#REF!=\"Diferenciado\",$H$4=#REF!),BDI!$E$17,IF(AND(#REF!=\"Diferenciado\",$H$4=#REF!),BDI!#REF!,IF(#REF!=\"ZERO\",0))))),\"\")","v":{"$error":"#REF!"}},"",""]
["SF-00825","Calça","un",0,"","",{"$f":"IF(A830<>\"\",IF(AND(#REF!=\"Padrão\",$H$4=#REF!),BDI!$B$17,IF(AND(#REF!=\"Padrão\",$H$4=#REF!),BDI!#REF!,IF(AND(#REF!=\"Diferenciado\",$H$4=#REF!),BDI!$E$17,IF(AND(#REF!=\"Diferenciado\",$H$4=#REF!),BDI!#REF!,IF(#REF!=\"ZERO\",0))))),\"\")","v":{"$error":"#REF!"}},"",""]
["SF-00826","Gorros com pala (boné) na mesma cor da camisa","pç",0,"","",{"$f":"IF(A831<>\"\",IF(AND(#REF!=\"Padrão\",$H$4=#REF!),BDI!$B$17,IF(AND(#REF!=\"Padrão\",$H$4=#REF!),BDI!#REF!,IF(AND(#REF!=\"Diferenciado\",$H$4=#REF!),BDI!$E$17,IF(AND(#REF!=\"Diferenciado\",$H$4=#REF!),BDI!#REF!,IF(#REF!=\"ZERO\",0))))),\"\")","v":{"$error":"#REF!"}},"",""]
["SF-00827","Calçado isolante elétrico","par",0,"","",{"$f":"IF(A832<>\"\",IF(AND(#REF!=\"Padrão\",$H$4=#REF!),BDI!$B$17,IF(AND(#REF!=\"Padrão\",$H$4=#REF!),BDI!#REF!,IF(AND(#REF!=\"Diferenciado\",$H$4=#REF!),BDI!$E$17,IF(AND(#REF!=\"Diferenciado\",$H$4=#REF!),BDI!#REF!,IF(#REF!=\"ZERO\",0))))),\"\")","v":{"$error":"#REF!"}},"",""]
["SF-00828","Bota de PVC","par",0,{"$f":"OFFSET(INDEX(Composições!A:J,MATCH(Orçamentária!A833,Composições!A:A,0),8),2,0)","v":38.930999999999997},0,{"$f":"IF(A833<>\"\",IF(AND(#REF!=\"Padrão\",$H$4=#REF!),BDI!$B$17,IF(AND(#REF!=\"Padrão\",$H$4=#REF!),BDI!#REF!,IF(AND(#REF!=\"Diferenciado\",$H$4=#REF!),BDI!$E$17,IF(AND(#REF!=\"Diferenciado\",$H$4=#REF!),BDI!#REF!,IF(#REF!=\"ZERO\",0))))),\"\")","v":{"$error":"#REF!"}},{"$error":"#REF!"},{"$error":"#REF!"}]
["SF-00829","Capa de chuva","un",0,{"$f":"OFFSET(INDEX(Composições!A:J,MATCH(Orçamentária!A834,Composições!A:A,0),8),2,0)","v":17.565499999999997},0,{"$f":"IF(A834<>\"\",IF(AND(#REF!=\"Padrão\",$H$4=#REF!),BDI!$B$17,IF(AND(#REF!=\"Padrão\",$H$4=#REF!),BDI!#REF!,IF(AND(#REF!=\"Diferenciado\",$H$4=#REF!),BDI!$E$17,IF(AND(#REF!=\"Diferenciado\",$H$4=#REF!),BDI!#REF!,IF(#REF!=\"ZERO\",0))))),\"\")","v":{"$error":"#REF!"}},{"$error":"#REF!"},{"$error":"#REF!"}]
["SF-00830","Capacete de segurança","un",0,"","",{"$f":"IF(A835<>\"\",IF(AND(#REF!=\"Padrão\",$H$4=#REF!),BDI!$B$17,IF(AND(#REF!=\"Padrão\",$H$4=#REF!),BDI!#REF!,IF(AND(#REF!=\"Diferenciado\",$H$4=#REF!),BDI!$E$17,IF(AND(#REF!=\"Diferenciado\",$H$4=#REF!),BDI!#REF!,IF(#REF!=\"ZERO\",0))))),\"\")","v":{"$error":"#REF!"}},"",""]
["SF-00831","Cinto de segurança tipo paraquedista","un",0,"","",{"$f":"IF(A836<>\"\",IF(AND(#REF!=\"Padrão\",$H$4=#REF!),BDI!$B$17,IF(AND(#REF!=\"Padrão\",$H$4=#REF!),BDI!#REF!,IF(AND(#REF!=\"Diferenciado\",$H$4=#REF!),BDI!$E$17,IF(AND(#REF!=\"Diferenciado\",$H$4=#REF!),BDI!#REF!,IF(#REF!=\"ZERO\",0))))),\"\")","v":{"$error":"#REF!"}},"",""]
["SF-00832","Lanterna profissional","pç",0,"","",{"$f":"IF(A837<>\"\",IF(AND(#REF!=\"Padrão\",$H$4=#REF!),BDI!$B$17,IF(AND(#REF!=\"Padrão\",$H$4=#REF!),BDI!#REF!,IF(AND(#REF!=\"Diferenciado\",$H$4=#REF!),BDI!$E$17,IF(AND(#REF!=\"Diferenciado\",$H$4=#REF!),BDI!#REF!,IF(#REF!=\"ZERO\",0))))),\"\")","v":{"$error":"#REF!"}},"",""]
["SF-00833","Lanterna para capacete","pç",0,"","",{"$f":"IF(A838<>\"\",IF(AND(#REF!=\"Padrão\",$H$4=#REF!),BDI!$B$17,IF(AND(#REF!=\"Padrão\",$H$4=#REF!),BDI!#REF!,IF(AND(#REF!=\"Diferenciado\",$H$4=#REF!),BDI!$E$17,IF(AND(#REF!=\"Diferenciado\",$H$4=#REF!),BDI!#REF!,IF(#REF!=\"ZERO\",0))))),\"\")","v":{"$error":"#REF!"}},"",""]
["SF-00834","Luva de borracha","par",0,"",{"$f":"IF(ISNUMBER(E839),D839*E839,\"\")","v":""},{"$f":"IF(A839<>\"\",IF(AND(#REF!=\"Padrão\",$H$4=#REF!),BDI!$B$17,IF(AND(#REF!=\"Padrão\",$H$4=#REF!),BDI!#REF!,IF(AND(#REF!=\"Diferenciado\",$H$4=#REF!),BDI!$E$17,IF(AND(#REF!=\"Diferenciado\",$H$4=#REF!),BDI!#REF!,IF(#REF!=\"ZERO\",0))))),\"\")","v":{"$error":"#REF!"}},{"$f":"IF(ISNUMBER(E839),ROUND(E839*(1+G839),2),\"\")","v":""},{"$f":"IF(ISNUMBER(E839),ROUND(H839*D839,2),\"\")","v":""}]
["SF-00835","Máscara de proteção respiratória com válvula e com película de carbono FFP2","pç",0,"","",{"$f":"IF(A840<>\"\",IF(AND(#REF!=\"Padrão\",$H$4=#REF!),BDI!$B$17,IF(AND(#REF!=\"Padrão\",$H$4=#REF!),BDI!#REF!,IF(AND(#REF!=\"Diferenciado\",$H$4=#REF!),BDI!$E$17,IF(AND(#REF!=\"Diferenciado\",$H$4=#REF!),BDI!#REF!,IF(#REF!=\"ZERO\",0))))),\"\")","v":{"$error":"#REF!"}},"",""]
["SF-00836","Óculos de segurança","un",0,"","",{"$f":"IF(A841<>\"\",IF(AND(#REF!=\"Padrão\",$H$4=#REF!),BDI!$B$17,IF(AND(#REF!=\"Padrão\",$H$4=#REF!),BDI!#REF!,IF(AND(#REF!=\"Diferenciado\",$H$4=#REF!),BDI!$E$17,IF(AND(#REF!=\"Diferenciado\",$H$4=#REF!),BDI!#REF!,IF(#REF!=\"ZERO\",0))))),\"\")","v":{"$error":"#REF!"}},"",""]
["SF-00837","Protetor auditivo de inserção","un",0,"","",{"$f":"IF(A842<>\"\",IF(AND(#REF!=\"Padrão\",$H$4=#REF!),BDI!$B$17,IF(AND(#REF!=\"Padrão\",$H$4=#REF!),BDI!#REF!,IF(AND(#REF!=\"Diferenciado\",$H$4=#REF!),BDI!$E$17,IF(AND(#REF!=\"Diferenciado\",$H$4=#REF!),BDI!#REF!,IF(#REF!=\"ZERO\",0))))),\"\")","v":{"$error":"#REF!"}},"",""]
["SF-00838","Protetor Facial","un",0,"","",{"$f":"IF(A843<>\"\",IF(AND(#REF!=\"Padrão\",$H$4=#REF!),BDI!$B$17,IF(AND(#REF!=\"Padrão\",$H$4=#REF!),BDI!#REF!,IF(AND(#REF!=\"Diferenciado\",$H$4=#REF!),BDI!$E$17,IF(AND(#REF!=\"Diferenciado\",$H$4=#REF!),BDI!#REF!,IF(#REF!=\"ZERO\",0))))),\"\")","v":{"$error":"#REF!"}},"",""]
["SF-00839","Talabarte de Posicionamento","un",0,"","",{"$f":"IF(A844<>\"\",IF(AND(#REF!=\"Padrão\",$H$4=#REF!),BDI!$B$17,IF(AND(#REF!=\"Padrão\",$H$4=#REF!),BDI!#REF!,IF(AND(#REF!=\"Diferenciado\",$H$4=#REF!),BDI!$E$17,IF(AND(#REF!=\"Diferenciado\",$H$4=#REF!),BDI!#REF!,IF(#REF!=\"ZERO\",0))))),\"\")","v":{"$error":"#REF!"}},"",""]
["SF-00840","Talabarte em Y","un",0,{"$f":"OFFSET(INDEX(Composições!A:J,MATCH(Orçamentária!A845,Composições!A:A,0),8),2,0)","v":180.80399999999997},0,{"$f":"IF(A845<>\"\",IF(AND(#REF!=\"Padrão\",$H$4=#REF!),BDI!$B$17,IF(AND(#REF!=\"Padrão\",$H$4=#REF!),BDI!#REF!,IF(AND(#REF!=\"Diferenciado\",$H$4=#REF!),BDI!$E$17,IF(AND(#REF!=\"Diferenciado\",$H$4=#REF!),BDI!#REF!,IF(#REF!=\"ZERO\",0))))),\"\")","v":{"$error":"#REF!"}},{"$error":"#REF!"},{"$error":"#REF!"}]
["SF-00841","Trava-quedas Deslizante Para Corda","un",0,{"$f":"OFFSET(INDEX(Composições!A:J,MATCH(Orçamentária!A846,Composições!A:A,0),8),2,0)","v":158.83999999999997},0,{"$f":"IF(A846<>\"\",IF(AND(#REF!=\"Padrão\",$H$4=#REF!),BDI!$B$17,IF(AND(#REF!=\"Padrão\",$H$4=#REF!),BDI!#REF!,IF(AND(#REF!=\"Diferenciado\",$H$4=#REF!),BDI!$E$17,IF(AND(#REF!=\"Diferenciado\",$H$4=#REF!),BDI!#REF!,IF(#REF!=\"ZERO\",0))))),\"\")","v":{"$error":"#REF!"}},{"$error":"#REF!"},{"$error":"#REF!"}]
["SF-00842","Trava-quedas Deslizante Para Cabo de Aço","un",0,"","",{"$f":"IF(A847<>\"\",IF(AND(#REF!=\"Padrão\",$H$4=#REF!),BDI!$B$17,IF(AND(#REF!=\"Padrão\",$H$4=#REF!),BDI!#REF!,IF(AND(#REF!=\"Diferenciado\",$H$4=#REF!),BDI!$E$17,IF(AND(#REF!=\"Diferenciado\",$H$4=#REF!),BDI!#REF!,IF(#REF!=\"ZERO\",0))))),\"\")","v":{"$error":"#REF!"}},"",""]
["SF-00843","Uniforme Antichamas de Proteção Contra Arcos Elétricos","pç",0,"","",{"$f":"IF(A848<>\"\",IF(AND(#REF!=\"Padrão\",$H$4=#REF!),BDI!$B$17,IF(AND(#REF!=\"Padrão\",$H$4=#REF!),BDI!#REF!,IF(AND(#REF!=\"Diferenciado\",$H$4=#REF!),BDI!$E$17,IF(AND(#REF!=\"Diferenciado\",$H$4=#REF!),BDI!#REF!,IF(#REF!=\"ZERO\",0))))),\"\")","v":{"$error":"#REF!"}},"",""]
["SF-00844","Instalação de vidro (comum, temperado, aramado ou laminado) reaproveitado","m2",0,{"$f":"OFFSET(INDEX(Composições!A:J,MATCH(Orçamentária!A849,Composições!A:A,0),8),2,0)","v":34.826999999999998},0,{"$f":"IF(A849<>\"\",IF(AND(#REF!=\"Padrão\",$H$4=#REF!),BDI!$B$17,IF(AND(#REF!=\"Padrão\",$H$4=#REF!),BDI!#REF!,IF(AND(#REF!=\"Diferenciado\",$H$4=#REF!),BDI!$E$17,IF(AND(#REF!=\"Diferenciado\",$H$4=#REF!),BDI!#REF!,IF(#REF!=\"ZERO\",0))))),\"\")","v":{"$error":"#REF!"}},{"$error":"#REF!"},{"$error":"#REF!"}]
["SF-00845","Vidro temperado incolor com 8mm de espessura","m2",0,{"$f":"OFFSET(INDEX(Composições!A:J,MATCH(Orçamentária!A850,Composições!A:A,0),8),2,0)","v":276.77306649999997},0,{"$f":"IF(A850<>\"\",IF(AND(#REF!=\"Padrão\",$H$4=#REF!),BDI!$B$17,IF(AND(#REF!=\"Padrão\",$H$4=#REF!),BDI!#REF!,IF(AND(#REF!=\"Diferenciado\",$H$4=#REF!),BDI!$E$17,IF(AND(#REF!=\"Diferenciado\",$H$4=#REF!),BDI!#REF!,IF(#REF!=\"ZERO\",0))))),\"\")","v":{"$error":"#REF!"}},{"$error":"#REF!"},{"$error":"#REF!"}]
["SF-00846","Vidro liso comum transparente 5mm","m2",0,{"$f":"OFFSET(INDEX(Composições!A:J,MATCH(Orçamentária!A851,Composições!A:A,0),8),2,0)","v":124.336},0,{"$f":"IF(A851<>\"\",IF(AND(#REF!=\"Padrão\",$H$4=#REF!),BDI!$B$17,IF(AND(#REF!=\"Padrão\",$H$4=#REF!),BDI!#REF!,IF(AND(#REF!=\"Diferenciado\",$H$4=#REF!),BDI!$E$17,IF(AND(#REF!=\"Diferenciado\",$H$4=#REF!),BDI!#REF!,IF(#REF!=\"ZERO\",0))))),\"\")","v":{"$error":"#REF!"}},{"$error":"#REF!"},{"$error":"#REF!"}]
["SF-00847","Corte em vidro ou espelho reaproveitado","m",0,{"$f":"OFFSET(INDEX(Composições!A:J,MATCH(Orçamentária!A852,Composições!A:A,0),8),2,0)","v":22.643249999999995},0,{"$f":"IF(A852<>\"\",IF(AND(#REF!=\"Padrão\",$H$4=#REF!),BDI!$B$17,IF(AND(#REF!=\"Padrão\",$H$4=#REF!),BDI!#REF!,IF(AND(#REF!=\"Diferenciado\",$H$4=#REF!),BDI!$E$17,IF(AND(#REF!=\"Diferenciado\",$H$4=#REF!),BDI!#REF!,IF(#REF!=\"ZERO\",0))))),\"\")","v":{"$error":"#REF!"}},{"$error":"#REF!"},{"$error":"#REF!"}]
["SF-00848","Lapidação de vidro / espelho reaproveitado","m",0,{"$f":"OFFSET(INDEX(Composições!A:J,MATCH(Orçamentária!A853,Composições!A:A,0),8),2,0)","v":33.964874999999992},0,{"$f":"IF(A853<>\"\",IF(AND(#REF!=\"Padrão\",$H$4=#REF!),BDI!$B$17,IF(AND(#REF!=\"Padrão\",$H$4=#REF!),BDI!#REF!,IF(AND(#REF!=\"Diferenciado\",$H$4=#REF!),BDI!$E$17,IF(AND(#REF!=\"Diferenciado\",$H$4=#REF!),BDI!#REF!,IF(#REF!=\"ZERO\",0))))),\"\")","v":{"$error":"#REF!"}},{"$error":"#REF!"},{"$error":"#REF!"}]
["SF-00849","Vidro temperado incolor com 10 mm de espessura","m2",0,{"$f":"OFFSET(INDEX(Composições!A:J,MATCH(Orçamentária!A854,Composições!A:A,0),8),2,0)","v":314.58389299999999},0,{"$f":"IF(A854<>\"\",IF(AND(#REF!=\"Padrão\",$H$4=#REF!),BDI!$B$17,IF(AND(#REF!=\"Padrão\",$H$4=#REF!),BDI!#REF!,IF(AND(#REF!=\"Diferenciado\",$H$4=#REF!),BDI!$E$17,IF(AND(#REF!=\"Diferenciado\",$H$4=#REF!),BDI!#REF!,IF(#REF!=\"ZERO\",0))))),\"\")","v":{"$error":"#REF!"}},{"$error":"#REF!"},{"$error":"#REF!"}]
["SF-00850","Bucha para pivô de dobradiça para vidro temperado","un",0,{"$f":"OFFSET(INDEX(Composições!A:J,MATCH(Orçamentária!A855,Composições!A:A,0),8),2,0)","v":4.7091499999999993},0,{"$f":"IF(A855<>\"\",IF(AND(#REF!=\"Padrão\",$H$4=#REF!),BDI!$B$17,IF(AND(#REF!=\"Padrão\",$H$4=#REF!),BDI!#REF!,IF(AND(#REF!=\"Diferenciado\",$H$4=#REF!),BDI!$E$17,IF(AND(#REF!=\"Diferenciado\",$H$4=#REF!),BDI!#REF!,IF(#REF!=\"ZERO\",0))))),\"\")","v":{"$error":"#REF!"}},{"$error":"#REF!"},{"$error":"#REF!"}]
["SF-00851","Suporte para bandeira de vidro temperado, com ponto de giro para dobradiça","un",0,{"$f":"OFFSET(INDEX(Composições!A:J,MATCH(Orçamentária!A856,Composições!A:A,0),8),2,0)","v":8.4682999999999975},0,{"$f":"IF(A856<>\"\",IF(AND(#REF!=\"Padrão\",$H$4=#REF!),BDI!$B$17,IF(AND(#REF!=\"Padrão\",$H$4=#REF!),BDI!#REF!,IF(AND(#REF!=\"Diferenciado\",$H$4=#REF!),BDI!$E$17,IF(AND(#REF!=\"Diferenciado\",$H$4=#REF!),BDI!#REF!,IF(#REF!=\"ZERO\",0))))),\"\")","v":{"$error":"#REF!"}},{"$error":"#REF!"},{"$error":"#REF!"}]
["SF-00852","Suporte de canto, simples, para vidro temperado","un",0,{"$f":"OFFSET(INDEX(Composições!A:J,MATCH(Orçamentária!A857,Composições!A:A,0),8),2,0)","v":3.7591499999999991},0,{"$f":"IF(A857<>\"\",IF(AND(#REF!=\"Padrão\",$H$4=#REF!),BDI!$B$17,IF(AND(#REF!=\"Padrão\",$H$4=#REF!),BDI!#REF!,IF(AND(#REF!=\"Diferenciado\",$H$4=#REF!),BDI!$E$17,IF(AND(#REF!=\"Diferenciado\",$H$4=#REF!),BDI!#REF!,IF(#REF!=\"ZERO\",0))))),\"\")","v":{"$error":"#REF!"}},{"$error":"#REF!"},{"$error":"#REF!"}]
["SF-00853","Suporte de união, sem batedor, para dois ou três vidros temperados","un",0,{"$f":"OFFSET(INDEX(Composições!A:J,MATCH(Orçamentária!A858,Composições!A:A,0),8),2,0)","v":7.5182999999999982},0,{"$f":"IF(A858<>\"\",IF(AND(#REF!=\"Padrão\",$H$4=#REF!),BDI!$B$17,IF(AND(#REF!=\"Padrão\",$H$4=#REF!),BDI!#REF!,IF(AND(#REF!=\"Diferenciado\",$H$4=#REF!),BDI!$E$17,IF(AND(#REF!=\"Diferenciado\",$H$4=#REF!),BDI!#REF!,IF(#REF!=\"ZERO\",0))))),\"\")","v":{"$error":"#REF!"}},{"$error":"#REF!"},{"$error":"#REF!"}]
["SF-00854","Botão de correção para vidro temperado","un",0,{"$f":"OFFSET(INDEX(Composições!A:J,MATCH(Orçamentária!A859,Composições!A:A,0),8),2,0)","v":3.7591499999999991},0,{"$f":"IF(A859<>\"\",IF(AND(#REF!=\"Padrão\",$H$4=#REF!),BDI!$B$17,IF(AND(#REF!=\"Padrão\",$H$4=#REF!),BDI!#REF!,IF(AND(#REF!=\"Diferenciado\",$H$4=#REF!),BDI!$E$17,IF(AND(#REF!=\"Diferenciado\",$H$4=#REF!),BDI!#REF!,IF(#REF!=\"ZERO\",0))))),\"\")","v":{"$error":"#REF!"}},{"$error":"#REF!"},{"$error":"#REF!"}]
["SF-00855","Fechadura bico-de-papagaio, com furo, para vidro temperado","un",0,{"$f":"OFFSET(INDEX(Composições!A:J,MATCH(Orçamentária!A860,Composições!A:A,0),8),2,0)","v":10.0244},0,{"$f":"IF(A860<>\"\",IF(AND(#REF!=\"Padrão\",$H$4=#REF!),BDI!$B$17,IF(AND(#REF!=\"Padrão\",$H$4=#REF!),BDI!#REF!,IF(AND(#REF!=\"Diferenciado\",$H$4=#REF!),BDI!$E$17,IF(AND(#REF!=\"Diferenciado\",$H$4=#REF!),BDI!#REF!,IF(#REF!=\"ZERO\",0))))),\"\")","v":{"$error":"#REF!"}},{"$error":"#REF!"},{"$error":"#REF!"}]
["SF-00856","Fechadura bico-de-papagaio, com furo, para janela de vidro temperado","un",0,{"$f":"OFFSET(INDEX(Composições!A:J,MATCH(Orçamentária!A861,Composições!A:A,0),8),2,0)","v":10.0244},0,{"$f":"IF(A861<>\"\",IF(AND(#REF!=\"Padrão\",$H$4=#REF!),BDI!$B$17,IF(AND(#REF!=\"Padrão\",$H$4=#REF!),BDI!#REF!,IF(AND(#REF!=\"Diferenciado\",$H$4=#REF!),BDI!$E$17,IF(AND(#REF!=\"Diferenciado\",$H$4=#REF!),BDI!#REF!,IF(#REF!=\"ZERO\",0))))),\"\")","v":{"$error":"#REF!"}},{"$error":"#REF!"},{"$error":"#REF!"}]
["SF-00857","Fechadura para porta de abrir de vidro temperado","un",0,{"$f":"OFFSET(INDEX(Composições!A:J,MATCH(Orçamentária!A862,Composições!A:A,0),8),2,0)","v":10.0244},0,{"$f":"IF(A862<>\"\",IF(AND(#REF!=\"Padrão\",$H$4=#REF!),BDI!$B$17,IF(AND(#REF!=\"Padrão\",$H$4=#REF!),BDI!#REF!,IF(AND(#REF!=\"Diferenciado\",$H$4=#REF!),BDI!$E$17,IF(AND(#REF!=\"Diferenciado\",$H$4=#REF!),BDI!#REF!,IF(#REF!=\"ZERO\",0))))),\"\")","v":{"$error":"#REF!"}},{"$error":"#REF!"},{"$error":"#REF!"}]
["SF-00858","Contra fechadura, para alvenaria, para porta com fechadura 1520/9520","un",0,{"$f":"OFFSET(INDEX(Composições!A:J,MATCH(Orçamentária!A863,Composições!A:A,0),8),2,0)","v":6.2652499999999991},0,{"$f":"IF(A863<>\"\",IF(AND(#REF!=\"Padrão\",$H$4=#REF!),BDI!$B$17,IF(AND(#REF!=\"Padrão\",$H$4=#REF!),BDI!#REF!,IF(AND(#REF!=\"Diferenciado\",$H$4=#REF!),BDI!$E$17,IF(AND(#REF!=\"Diferenciado\",$H$4=#REF!),BDI!#REF!,IF(#REF!=\"ZERO\",0))))),\"\")","v":{"$error":"#REF!"}},{"$error":"#REF!"},{"$error":"#REF!"}]
["SF-00859","Contra fechadura de pressão para porta de vidro temperado","un",0,{"$f":"OFFSET(INDEX(Composições!A:J,MATCH(Orçamentária!A864,Composições!A:A,0),8),2,0)","v":6.2652499999999991},0,{"$f":"IF(A864<>\"\",IF(AND(#REF!=\"Padrão\",$H$4=#REF!),BDI!$B$17,IF(AND(#REF!=\"Padrão\",$H$4=#REF!),BDI!#REF!,IF(AND(#REF!=\"Diferenciado\",$H$4=#REF!),BDI!$E$17,IF(AND(#REF!=\"Diferenciado\",$H$4=#REF!),BDI!#REF!,IF(#REF!=\"ZERO\",0))))),\"\")","v":{"$error":"#REF!"}},{"$error":"#REF!"},{"$error":"#REF!"}]
["SF-00860","Contra fechadura, com furo, para porta com furo","un",0,{"$f":"OFFSET(INDEX(Composições!A:J,MATCH(Orçamentária!A865,Composições!A:A,0),8),2,0)","v":6.2652499999999991},0,{"$f":"IF(A865<>\"\",IF(AND(#REF!=\"Padrão\",$H$4=#REF!),BDI!$B$17,IF(AND(#REF!=\"Padrão\",$H$4=#REF!),BDI!#REF!,IF(AND(#REF!=\"Diferenciado\",$H$4=#REF!),BDI!$E$17,IF(AND(#REF!=\"Diferenciado\",$H$4=#REF!),BDI!#REF!,IF(#REF!=\"ZERO\",0))))),\"\")","v":{"$error":"#REF!"}},{"$error":"#REF!"},{"$error":"#REF!"}]
["SF-00861","Trinco inferior, com miolo, para porta de vidro temperado","un",0,{"$f":"OFFSET(INDEX(Composições!A:J,MATCH(Orçamentária!A866,Composições!A:A,0),8),2,0)","v":6.2652499999999991},0,{"$f":"IF(A866<>\"\",IF(AND(#REF!=\"Padrão\",$H$4=#REF!),BDI!$B$17,IF(AND(#REF!=\"Padrão\",$H$4=#REF!),BDI!#REF!,IF(AND(#REF!=\"Diferenciado\",$H$4=#REF!),BDI!$E$17,IF(AND(#REF!=\"Diferenciado\",$H$4=#REF!),BDI!#REF!,IF(#REF!=\"ZERO\",0))))),\"\")","v":{"$error":"#REF!"}},{"$error":"#REF!"},{"$error":"#REF!"}]
["SF-00862","Mola hidráulica BTS 75R","un",0,{"$f":"OFFSET(INDEX(Composições!A:J,MATCH(Orçamentária!A867,Composições!A:A,0),8),2,0)","v":1331.5393564999999},0,{"$f":"IF(A867<>\"\",IF(AND(#REF!=\"Padrão\",$H$4=#REF!),BDI!$B$17,IF(AND(#REF!=\"Padrão\",$H$4=#REF!),BDI!#REF!,IF(AND(#REF!=\"Diferenciado\",$H$4=#REF!),BDI!$E$17,IF(AND(#REF!=\"Diferenciado\",$H$4=#REF!),BDI!#REF!,IF(#REF!=\"ZERO\",0))))),\"\")","v":{"$error":"#REF!"}},{"$error":"#REF!"},{"$error":"#REF!"}]
["SF-00863","Puxador redondo, padrão em poliéster, para porta de vidro temperado","un",0,{"$f":"OFFSET(INDEX(Composições!A:J,MATCH(Orçamentária!A868,Composições!A:A,0),8),2,0)","v":5.0122},0,{"$f":"IF(A868<>\"\",IF(AND(#REF!=\"Padrão\",$H$4=#REF!),BDI!$B$17,IF(AND(#REF!=\"Padrão\",$H$4=#REF!),BDI!#REF!,IF(AND(#REF!=\"Diferenciado\",$H$4=#REF!),BDI!$E$17,IF(AND(#REF!=\"Diferenciado\",$H$4=#REF!),BDI!#REF!,IF(#REF!=\"ZERO\",0))))),\"\")","v":{"$error":"#REF!"}},{"$error":"#REF!"},{"$error":"#REF!"}]
["SF-00864","Puxador em aço inox sob medida – Tipo A","un",0,{"$f":"OFFSET(INDEX(Composições!A:J,MATCH(Orçamentária!A869,Composições!A:A,0),8),2,0)","v":10.0244},0,{"$f":"IF(A869<>\"\",IF(AND(#REF!=\"Padrão\",$H$4=#REF!),BDI!$B$17,IF(AND(#REF!=\"Padrão\",$H$4=#REF!),BDI!#REF!,IF(AND(#REF!=\"Diferenciado\",$H$4=#REF!),BDI!$E$17,IF(AND(#REF!=\"Diferenciado\",$H$4=#REF!),BDI!#REF!,IF(#REF!=\"ZERO\",0))))),\"\")","v":{"$error":"#REF!"}},{"$error":"#REF!"},{"$error":"#REF!"}]
["SF-00865","Dobradiça superior para porta de vidro temperado","un",0,{"$f":"OFFSET(INDEX(Composições!A:J,MATCH(Orçamentária!A870,Composições!A:A,0),8),2,0)","v":7.5182999999999982},0,{"$f":"IF(A870<>\"\",IF(AND(#REF!=\"Padrão\",$H$4=#REF!),BDI!$B$17,IF(AND(#REF!=\"Padrão\",$H$4=#REF!),BDI!#REF!,IF(AND(#REF!=\"Diferenciado\",$H$4=#REF!),BDI!$E$17,IF(AND(#REF!=\"Diferenciado\",$H$4=#REF!),BDI!#REF!,IF(#REF!=\"ZERO\",0))))),\"\")","v":{"$error":"#REF!"}},{"$error":"#REF!"},{"$error":"#REF!"}]
["SF-00866","Perfil em alumínio, tipo U - abas iguais - PU 5/8\" x 5/8\" – espessura 1,58mm","m",0,{"$f":"OFFSET(INDEX(Composições!A:J,MATCH(Orçamentária!A871,Composições!A:A,0),8),2,0)","v":12.645545},0,{"$f":"IF(A871<>\"\",IF(AND(#REF!=\"Padrão\",$H$4=#REF!),BDI!$B$17,IF(AND(#REF!=\"Padrão\",$H$4=#REF!),BDI!#REF!,IF(AND(#REF!=\"Diferenciado\",$H$4=#REF!),BDI!$E$17,IF(AND(#REF!=\"Diferenciado\",$H$4=#REF!),BDI!#REF!,IF(#REF!=\"ZERO\",0))))),\"\")","v":{"$error":"#REF!"}},{"$error":"#REF!"},{"$error":"#REF!"}]
["SF-00867","Trilho superior em alumínio 60mm x 49,5mm, para vidro temperado","m",0,{"$f":"OFFSET(INDEX(Composições!A:J,MATCH(Orçamentária!A872,Composições!A:A,0),8),2,0)","v":38.573961499999996},0,{"$f":"IF(A872<>\"\",IF(AND(#REF!=\"Padrão\",$H$4=#REF!),BDI!$B$17,IF(AND(#REF!=\"Padrão\",$H$4=#REF!),BDI!#REF!,IF(AND(#REF!=\"Diferenciado\",$H$4=#REF!),BDI!$E$17,IF(AND(#REF!=\"Diferenciado\",$H$4=#REF!),BDI!#REF!,IF(#REF!=\"ZERO\",0))))),\"\")","v":{"$error":"#REF!"}},{"$error":"#REF!"},{"$error":"#REF!"}]
["SF-00868","Perfil em alumínio para acabamento de trilho superior","m",0,{"$f":"OFFSET(INDEX(Composições!A:J,MATCH(Orçamentária!A873,Composições!A:A,0),8),2,0)","v":16.301515500000001},0,{"$f":"IF(A873<>\"\",IF(AND(#REF!=\"Padrão\",$H$4=#REF!),BDI!$B$17,IF(AND(#REF!=\"Padrão\",$H$4=#REF!),BDI!#REF!,IF(AND(#REF!=\"Diferenciado\",$H$4=#REF!),BDI!$E$17,IF(AND(#REF!=\"Diferenciado\",$H$4=#REF!),BDI!#REF!,IF(#REF!=\"ZERO\",0))))),\"\")","v":{"$error":"#REF!"}},{"$error":"#REF!"},{"$error":"#REF!"}]
["SF-00869","Perfil guia inferior de alumínio 39,3 mm x 24 mm para vidro temperado 10mm","m",0,{"$f":"OFFSET(INDEX(Composições!A:J,MATCH(Orçamentária!A874,Composições!A:A,0),8),2,0)","v":25.6374505},0,{"$f":"IF(A874<>\"\",IF(AND(#REF!=\"Padrão\",$H$4=#REF!),BDI!$B$17,IF(AND(#REF!=\"Padrão\",$H$4=#REF!),BDI!#REF!,IF(AND(#REF!=\"Diferenciado\",$H$4=#REF!),BDI!$E$17,IF(AND(#REF!=\"Diferenciado\",$H$4=#REF!),BDI!#REF!,IF(#REF!=\"ZERO\",0))))),\"\")","v":{"$error":"#REF!"}},{"$error":"#REF!"},{"$error":"#REF!"}]
["SF-00870","Capa do Perfil Guia Inferior “Click”","m",0,{"$f":"OFFSET(INDEX(Composições!A:J,MATCH(Orçamentária!A875,Composições!A:A,0),8),2,0)","v":8.1784549999999996},0,{"$f":"IF(A875<>\"\",IF(AND(#REF!=\"Padrão\",$H$4=#REF!),BDI!$B$17,IF(AND(#REF!=\"Padrão\",$H$4=#REF!),BDI!#REF!,IF(AND(#REF!=\"Diferenciado\",$H$4=#REF!),BDI!$E$17,IF(AND(#REF!=\"Diferenciado\",$H$4=#REF!),BDI!#REF!,IF(#REF!=\"ZERO\",0))))),\"\")","v":{"$error":"#REF!"}},{"$error":"#REF!"},{"$error":"#REF!"}]
["SF-00871","Dobradiça inferior para porta de vidro temperado","un",0,{"$f":"OFFSET(INDEX(Composições!A:J,MATCH(Orçamentária!A876,Composições!A:A,0),8),2,0)","v":7.5182999999999982},0,{"$f":"IF(A876<>\"\",IF(AND(#REF!=\"Padrão\",$H$4=#REF!),BDI!$B$17,IF(AND(#REF!=\"Padrão\",$H$4=#REF!),BDI!#REF!,IF(AND(#REF!=\"Diferenciado\",$H$4=#REF!),BDI!$E$17,IF(AND(#REF!=\"Diferenciado\",$H$4=#REF!),BDI!#REF!,IF(#REF!=\"ZERO\",0))))),\"\")","v":{"$error":"#REF!"}},{"$error":"#REF!"},{"$error":"#REF!"}]
["SF-00872","Escova de vedação para vidro temperado","m",0,{"$f":"OFFSET(INDEX(Composições!A:J,MATCH(Orçamentária!A877,Composições!A:A,0),8),2,0)","v":7.5182999999999982},0,{"$f":"IF(A877<>\"\",IF(AND(#REF!=\"Padrão\",$H$4=#REF!),BDI!$B$17,IF(AND(#REF!=\"Padrão\",$H$4=#REF!),BDI!#REF!,IF(AND(#REF!=\"Diferenciado\",$H$4=#REF!),BDI!$E$17,IF(AND(#REF!=\"Diferenciado\",$H$4=#REF!),BDI!#REF!,IF(#REF!=\"ZERO\",0))))),\"\")","v":{"$error":"#REF!"}},{"$error":"#REF!"},{"$error":"#REF!"}]
["SF-00873","Roldana simples para porta de correr em vidro temperado","un",0,{"$f":"OFFSET(INDEX(Composições!A:J,MATCH(Orçamentária!A878,Composições!A:A,0),8),2,0)","v":3.7591499999999991},0,{"$f":"IF(A878<>\"\",IF(AND(#REF!=\"Padrão\",$H$4=#REF!),BDI!$B$17,IF(AND(#REF!=\"Padrão\",$H$4=#REF!),BDI!#REF!,IF(AND(#REF!=\"Diferenciado\",$H$4=#REF!),BDI!$E$17,IF(AND(#REF!=\"Diferenciado\",$H$4=#REF!),BDI!#REF!,IF(#REF!=\"ZERO\",0))))),\"\")","v":{"$error":"#REF!"}},{"$error":"#REF!"},{"$error":"#REF!"}]
["SF-00874","Roldana dupla para porta de correr em vidro temperado","un",0,{"$f":"OFFSET(INDEX(Composições!A:J,MATCH(Orçamentária!A879,Composições!A:A,0),8),2,0)","v":3.7591499999999991},0,{"$f":"IF(A879<>\"\",IF(AND(#REF!=\"Padrão\",$H$4=#REF!),BDI!$B$17,IF(AND(#REF!=\"Padrão\",$H$4=#REF!),BDI!#REF!,IF(AND(#REF!=\"Diferenciado\",$H$4=#REF!),BDI!$E$17,IF(AND(#REF!=\"Diferenciado\",$H$4=#REF!),BDI!#REF!,IF(#REF!=\"ZERO\",0))))),\"\")","v":{"$error":"#REF!"}},{"$error":"#REF!"},{"$error":"#REF!"}]
["SF-00875","Capuchinho para trinco para vidro temperado","un",0,{"$f":"OFFSET(INDEX(Composições!A:J,MATCH(Orçamentária!A880,Composições!A:A,0),8),2,0)","v":2.5061},0,{"$f":"IF(A880<>\"\",IF(AND(#REF!=\"Padrão\",$H$4=#REF!),BDI!$B$17,IF(AND(#REF!=\"Padrão\",$H$4=#REF!),BDI!#REF!,IF(AND(#REF!=\"Diferenciado\",$H$4=#REF!),BDI!$E$17,IF(AND(#REF!=\"Diferenciado\",$H$4=#REF!),BDI!#REF!,IF(#REF!=\"ZERO\",0))))),\"\")","v":{"$error":"#REF!"}},{"$error":"#REF!"},{"$error":"#REF!"}]
["SF-00876","Facão simples para lateral e bandeira de vidro temperado","un",0,{"$f":"OFFSET(INDEX(Composições!A:J,MATCH(Orçamentária!A881,Composições!A:A,0),8),2,0)","v":10.0244},0,{"$f":"IF(A881<>\"\",IF(AND(#REF!=\"Padrão\",$H$4=#REF!),BDI!$B$17,IF(AND(#REF!=\"Padrão\",$H$4=#REF!),BDI!#REF!,IF(AND(#REF!=\"Diferenciado\",$H$4=#REF!),BDI!$E$17,IF(AND(#REF!=\"Diferenciado\",$H$4=#REF!),BDI!#REF!,IF(#REF!=\"ZERO\",0))))),\"\")","v":{"$error":"#REF!"}},{"$error":"#REF!"},{"$error":"#REF!"}]
["SF-00877","Fechadura de pressão para porta de abrir em vidro temperado","un",0,{"$f":"OFFSET(INDEX(Composições!A:J,MATCH(Orçamentária!A882,Composições!A:A,0),8),2,0)","v":10.0244},0,{"$f":"IF(A882<>\"\",IF(AND(#REF!=\"Padrão\",$H$4=#REF!),BDI!$B$17,IF(AND(#REF!=\"Padrão\",$H$4=#REF!),BDI!#REF!,IF(AND(#REF!=\"Diferenciado\",$H$4=#REF!),BDI!$E$17,IF(AND(#REF!=\"Diferenciado\",$H$4=#REF!),BDI!#REF!,IF(#REF!=\"ZERO\",0))))),\"\")","v":{"$error":"#REF!"}},{"$error":"#REF!"},{"$error":"#REF!"}]
["SF-00878","Suporte de união, com miolo, para vidro temperado","un",0,{"$f":"OFFSET(INDEX(Composições!A:J,MATCH(Orçamentária!A883,Composições!A:A,0),8),2,0)","v":7.5182999999999982},0,{"$f":"IF(A883<>\"\",IF(AND(#REF!=\"Padrão\",$H$4=#REF!),BDI!$B$17,IF(AND(#REF!=\"Padrão\",$H$4=#REF!),BDI!#REF!,IF(AND(#REF!=\"Diferenciado\",$H$4=#REF!),BDI!$E$17,IF(AND(#REF!=\"Diferenciado\",$H$4=#REF!),BDI!#REF!,IF(#REF!=\"ZERO\",0))))),\"\")","v":{"$error":"#REF!"}},{"$error":"#REF!"},{"$error":"#REF!"}]
["SF-00879","Suporte para basculante e pivotante de vidro temperado","un",0,{"$f":"OFFSET(INDEX(Composições!A:J,MATCH(Orçamentária!A884,Composições!A:A,0),8),2,0)","v":5.0122},0,{"$f":"IF(A884<>\"\",IF(AND(#REF!=\"Padrão\",$H$4=#REF!),BDI!$B$17,IF(AND(#REF!=\"Padrão\",$H$4=#REF!),BDI!#REF!,IF(AND(#REF!=\"Diferenciado\",$H$4=#REF!),BDI!$E$17,IF(AND(#REF!=\"Diferenciado\",$H$4=#REF!),BDI!#REF!,IF(#REF!=\"ZERO\",0))))),\"\")","v":{"$error":"#REF!"}},{"$error":"#REF!"},{"$error":"#REF!"}]
["SF-00880","Trinco central para basculante em vidro temperado","un",0,{"$f":"OFFSET(INDEX(Composições!A:J,MATCH(Orçamentária!A885,Composições!A:A,0),8),2,0)","v":5.0122},0,{"$f":"IF(A885<>\"\",IF(AND(#REF!=\"Padrão\",$H$4=#REF!),BDI!$B$17,IF(AND(#REF!=\"Padrão\",$H$4=#REF!),BDI!#REF!,IF(AND(#REF!=\"Diferenciado\",$H$4=#REF!),BDI!$E$17,IF(AND(#REF!=\"Diferenciado\",$H$4=#REF!),BDI!#REF!,IF(#REF!=\"ZERO\",0))))),\"\")","v":{"$error":"#REF!"}},{"$error":"#REF!"},{"$error":"#REF!"}]
["SF-00881","Vidro laminado incolor de 8mm de espessura","m2",0,{"$f":"OFFSET(INDEX(Composições!A:J,MATCH(Orçamentária!A886,Composições!A:A,0),8),2,0)","v":537.63364250000006},0,{"$f":"IF(A886<>\"\",IF(AND(#REF!=\"Padrão\",$H$4=#REF!),BDI!$B$17,IF(AND(#REF!=\"Padrão\",$H$4=#REF!),BDI!#REF!,IF(AND(#REF!=\"Diferenciado\",$H$4=#REF!),BDI!$E$17,IF(AND(#REF!=\"Diferenciado\",$H$4=#REF!),BDI!#REF!,IF(#REF!=\"ZERO\",0))))),\"\")","v":{"$error":"#REF!"}},{"$error":"#REF!"},{"$error":"#REF!"}]
["SF-00882","Suporte tipo “Spiderglass” para vidro temperado","un",0,"","",{"$f":"IF(A887<>\"\",IF(AND(#REF!=\"Padrão\",$H$4=#REF!),BDI!$B$17,IF(AND(#REF!=\"Padrão\",$H$4=#REF!),BDI!#REF!,IF(AND(#REF!=\"Diferenciado\",$H$4=#REF!),BDI!$E$17,IF(AND(#REF!=\"Diferenciado\",$H$4=#REF!),BDI!#REF!,IF(#REF!=\"ZERO\",0))))),\"\")","v":{"$error":"#REF!"}},"",""]
["SF-00883","Dobradiça automática vidro/alvenaria para box de vidro temperado","un",0,{"$f":"OFFSET(INDEX(Composições!A:J,MATCH(Orçamentária!A888,Composições!A:A,0),8),2,0)","v":5.0122},0,{"$f":"IF(A888<>\"\",IF(AND(#REF!=\"Padrão\",$H$4=#REF!),BDI!$B$17,IF(AND(#REF!=\"Padrão\",$H$4=#REF!),BDI!#REF!,IF(AND(#REF!=\"Diferenciado\",$H$4=#REF!),BDI!$E$17,IF(AND(#REF!=\"Diferenciado\",$H$4=#REF!),BDI!#REF!,IF(#REF!=\"ZERO\",0))))),\"\")","v":{"$error":"#REF!"}},{"$error":"#REF!"},{"$error":"#REF!"}]
["SF-00884","Dobradiça horizontal para vidro basculante com trinco","un",0,{"$f":"OFFSET(INDEX(Composições!A:J,MATCH(Orçamentária!A889,Composições!A:A,0),8),2,0)","v":5.0122},0,{"$f":"IF(A889<>\"\",IF(AND(#REF!=\"Padrão\",$H$4=#REF!),BDI!$B$17,IF(AND(#REF!=\"Padrão\",$H$4=#REF!),BDI!#REF!,IF(AND(#REF!=\"Diferenciado\",$H$4=#REF!),BDI!$E$17,IF(AND(#REF!=\"Diferenciado\",$H$4=#REF!),BDI!#REF!,IF(#REF!=\"ZERO\",0))))),\"\")","v":{"$error":"#REF!"}},{"$error":"#REF!"},{"$error":"#REF!"}]
["SF-00885","Dobradiça horizontal para vidro basculante","un",0,{"$f":"OFFSET(INDEX(Composições!A:J,MATCH(Orçamentária!A890,Composições!A:A,0),8),2,0)","v":5.0122},0,{"$f":"IF(A890<>\"\",IF(AND(#REF!=\"Padrão\",$H$4=#REF!),BDI!$B$17,IF(AND(#REF!=\"Padrão\",$H$4=#REF!),BDI!#REF!,IF(AND(#REF!=\"Diferenciado\",$H$4=#REF!),BDI!$E$17,IF(AND(#REF!=\"Diferenciado\",$H$4=#REF!),BDI!#REF!,IF(#REF!=\"ZERO\",0))))),\"\")","v":{"$error":"#REF!"}},{"$error":"#REF!"},{"$error":"#REF!"}]
["SF-00886","Fechadura elétrica para porta de vidro temperado","un",0,{"$f":"OFFSET(INDEX(Composições!A:J,MATCH(Orçamentária!A891,Composições!A:A,0),8),2,0)","v":37.591499999999996},0,{"$f":"IF(A891<>\"\",IF(AND(#REF!=\"Padrão\",$H$4=#REF!),BDI!$B$17,IF(AND(#REF!=\"Padrão\",$H$4=#REF!),BDI!#REF!,IF(AND(#REF!=\"Diferenciado\",$H$4=#REF!),BDI!$E$17,IF(AND(#REF!=\"Diferenciado\",$H$4=#REF!),BDI!#REF!,IF(#REF!=\"ZERO\",0))))),\"\")","v":{"$error":"#REF!"}},{"$error":"#REF!"},{"$error":"#REF!"}]
["SF-00887","Porteiro eletrônico","un",0,{"$f":"OFFSET(INDEX(Composições!A:J,MATCH(Orçamentária!A892,Composições!A:A,0),8),2,0)","v":37.591499999999996},0,{"$f":"IF(A892<>\"\",IF(AND(#REF!=\"Padrão\",$H$4=#REF!),BDI!$B$17,IF(AND(#REF!=\"Padrão\",$H$4=#REF!),BDI!#REF!,IF(AND(#REF!=\"Diferenciado\",$H$4=#REF!),BDI!$E$17,IF(AND(#REF!=\"Diferenciado\",$H$4=#REF!),BDI!#REF!,IF(#REF!=\"ZERO\",0))))),\"\")","v":{"$error":"#REF!"}},{"$error":"#REF!"},{"$error":"#REF!"}]
["SF-00888","Acionador fixo","un",0,{"$f":"OFFSET(INDEX(Composições!A:J,MATCH(Orçamentária!A893,Composições!A:A,0),8),2,0)","v":25.060999999999996},0,{"$f":"IF(A893<>\"\",IF(AND(#REF!=\"Padrão\",$H$4=#REF!),BDI!$B$17,IF(AND(#REF!=\"Padrão\",$H$4=#REF!),BDI!#REF!,IF(AND(#REF!=\"Diferenciado\",$H$4=#REF!),BDI!$E$17,IF(AND(#REF!=\"Diferenciado\",$H$4=#REF!),BDI!#REF!,IF(#REF!=\"ZERO\",0))))),\"\")","v":{"$error":"#REF!"}},{"$error":"#REF!"},{"$error":"#REF!"}]
["SF-00889","Mini chapinha para trinco basculante","un",0,{"$f":"OFFSET(INDEX(Composições!A:J,MATCH(Orçamentária!A894,Composições!A:A,0),8),2,0)","v":2.5061},0,{"$f":"IF(A894<>\"\",IF(AND(#REF!=\"Padrão\",$H$4=#REF!),BDI!$B$17,IF(AND(#REF!=\"Padrão\",$H$4=#REF!),BDI!#REF!,IF(AND(#REF!=\"Diferenciado\",$H$4=#REF!),BDI!$E$17,IF(AND(#REF!=\"Diferenciado\",$H$4=#REF!),BDI!#REF!,IF(#REF!=\"ZERO\",0))))),\"\")","v":{"$error":"#REF!"}},{"$error":"#REF!"},{"$error":"#REF!"}]
["SF-00890","Puxador metálico - diâmetro de 22mm a 25mm","un",0,{"$f":"OFFSET(INDEX(Composições!A:J,MATCH(Orçamentária!A895,Composições!A:A,0),8),2,0)","v":5.0122},0,{"$f":"IF(A895<>\"\",IF(AND(#REF!=\"Padrão\",$H$4=#REF!),BDI!$B$17,IF(AND(#REF!=\"Padrão\",$H$4=#REF!),BDI!#REF!,IF(AND(#REF!=\"Diferenciado\",$H$4=#REF!),BDI!$E$17,IF(AND(#REF!=\"Diferenciado\",$H$4=#REF!),BDI!#REF!,IF(#REF!=\"ZERO\",0))))),\"\")","v":{"$error":"#REF!"}},{"$error":"#REF!"},{"$error":"#REF!"}]
["SF-00891","Trinco sem miolo para vidro temperado","un",0,{"$f":"OFFSET(INDEX(Composições!A:J,MATCH(Orçamentária!A896,Composições!A:A,0),8),2,0)","v":5.0122},0,{"$f":"IF(A896<>\"\",IF(AND(#REF!=\"Padrão\",$H$4=#REF!),BDI!$B$17,IF(AND(#REF!=\"Padrão\",$H$4=#REF!),BDI!#REF!,IF(AND(#REF!=\"Diferenciado\",$H$4=#REF!),BDI!$E$17,IF(AND(#REF!=\"Diferenciado\",$H$4=#REF!),BDI!#REF!,IF(#REF!=\"ZERO\",0))))),\"\")","v":{"$error":"#REF!"}},{"$error":"#REF!"},{"$error":"#REF!"}]
["SF-00892","Tubo de alumínio quadrado 50x50","m",0,{"$f":"OFFSET(INDEX(Composições!A:J,MATCH(Orçamentária!A897,Composições!A:A,0),8),2,0)","v":40.534951499999998},0,{"$f":"IF(A897<>\"\",IF(AND(#REF!=\"Padrão\",$H$4=#REF!),BDI!$B$17,IF(AND(#REF!=\"Padrão\",$H$4=#REF!),BDI!#REF!,IF(AND(#REF!=\"Diferenciado\",$H$4=#REF!),BDI!$E$17,IF(AND(#REF!=\"Diferenciado\",$H$4=#REF!),BDI!#REF!,IF(#REF!=\"ZERO\",0))))),\"\")","v":{"$error":"#REF!"}},{"$error":"#REF!"},{"$error":"#REF!"}]
["SF-00893","Veda fresta adesivo “E” branco","m",0,{"$f":"OFFSET(INDEX(Composições!A:J,MATCH(Orçamentária!A898,Composições!A:A,0),8),2,0)","v":5.0122},0,{"$f":"IF(A898<>\"\",IF(AND(#REF!=\"Padrão\",$H$4=#REF!),BDI!$B$17,IF(AND(#REF!=\"Padrão\",$H$4=#REF!),BDI!#REF!,IF(AND(#REF!=\"Diferenciado\",$H$4=#REF!),BDI!$E$17,IF(AND(#REF!=\"Diferenciado\",$H$4=#REF!),BDI!#REF!,IF(#REF!=\"ZERO\",0))))),\"\")","v":{"$error":"#REF!"}},{"$error":"#REF!"},{"$error":"#REF!"}]
["SF-00894","Vedapress 10mm","m",0,{"$f":"OFFSET(INDEX(Composições!A:J,MATCH(Orçamentária!A899,Composições!A:A,0),8),2,0)","v":12.299184499999999},0,{"$f":"IF(A899<>\"\",IF(AND(#REF!=\"Padrão\",$H$4=#REF!),BDI!$B$17,IF(AND(#REF!=\"Padrão\",$H$4=#REF!),BDI!#REF!,IF(AND(#REF!=\"Diferenciado\",$H$4=#REF!),BDI!$E$17,IF(AND(#REF!=\"Diferenciado\",$H$4=#REF!),BDI!#REF!,IF(#REF!=\"ZERO\",0))))),\"\")","v":{"$error":"#REF!"}},{"$error":"#REF!"},{"$error":"#REF!"}]
["SF-00895","Regulagem de ferragens","un",0,{"$f":"OFFSET(INDEX(Composições!A:J,MATCH(Orçamentária!A900,Composições!A:A,0),8),2,0)","v":37.591499999999996},0,{"$f":"IF(A900<>\"\",IF(AND(#REF!=\"Padrão\",$H$4=#REF!),BDI!$B$17,IF(AND(#REF!=\"Padrão\",$H$4=#REF!),BDI!#REF!,IF(AND(#REF!=\"Diferenciado\",$H$4=#REF!),BDI!$E$17,IF(AND(#REF!=\"Diferenciado\",$H$4=#REF!),BDI!#REF!,IF(#REF!=\"ZERO\",0))))),\"\")","v":{"$error":"#REF!"}},{"$error":"#REF!"},{"$error":"#REF!"}]
["SF-00896","Vidro fumê / bronze temperado 10mm","m2",0,{"$f":"OFFSET(INDEX(Composições!A:J,MATCH(Orçamentária!A901,Composições!A:A,0),8),2,0)","v":97.383207999999996},0,{"$f":"IF(A901<>\"\",IF(AND(#REF!=\"Padrão\",$H$4=#REF!),BDI!$B$17,IF(AND(#REF!=\"Padrão\",$H$4=#REF!),BDI!#REF!,IF(AND(#REF!=\"Diferenciado\",$H$4=#REF!),BDI!$E$17,IF(AND(#REF!=\"Diferenciado\",$H$4=#REF!),BDI!#REF!,IF(#REF!=\"ZERO\",0))))),\"\")","v":{"$error":"#REF!"}},{"$error":"#REF!"},{"$error":"#REF!"}]
["SF-00897","Puxador em aço inox sob medida – Tipo B","un",0,{"$f":"OFFSET(INDEX(Composições!A:J,MATCH(Orçamentária!A902,Composições!A:A,0),8),2,0)","v":10.0244},0,{"$f":"IF(A902<>\"\",IF(AND(#REF!=\"Padrão\",$H$4=#REF!),BDI!$B$17,IF(AND(#REF!=\"Padrão\",$H$4=#REF!),BDI!#REF!,IF(AND(#REF!=\"Diferenciado\",$H$4=#REF!),BDI!$E$17,IF(AND(#REF!=\"Diferenciado\",$H$4=#REF!),BDI!#REF!,IF(#REF!=\"ZERO\",0))))),\"\")","v":{"$error":"#REF!"}},{"$error":"#REF!"},{"$error":"#REF!"}]
["SF-00898","Armação de aço CA-50 bitolas de 5,0mm a 8,00mm","kg",0,{"$f":"OFFSET(INDEX(Composições!A:J,MATCH(Orçamentária!A903,Composições!A:A,0),8),2,0)","v":14.118163750000001},{"$f":"IF(ISNUMBER(E903),D903*E903,\"\")","v":0},{"$f":"IF(A903<>\"\",IF(AND(#REF!=\"Padrão\",$H$4=#REF!),BDI!$B$17,IF(AND(#REF!=\"Padrão\",$H$4=#REF!),BDI!#REF!,IF(AND(#REF!=\"Diferenciado\",$H$4=#REF!),BDI!$E$17,IF(AND(#REF!=\"Diferenciado\",$H$4=#REF!),BDI!#REF!,IF(#REF!=\"ZERO\",0))))),\"\")","v":{"$error":"#REF!"}},{"$f":"IF(ISNUMBER(E903),ROUND(E903*(1+G903),2),\"\")","v":{"$error":"#REF!"}},{"$f":"IF(ISNUMBER(E903),ROUND(H903*D903,2),\"\")","v":{"$error":"#REF!"}}]
["SF-00899","Pivô para dobradiça inferior (Montagem com a 1103-TQ)","un",0,{"$f":"OFFSET(INDEX(Composições!A:J,MATCH(Orçamentária!A904,Composições!A:A,0),8),2,0)","v":5.0122},0,{"$f":"IF(A904<>\"\",IF(AND(#REF!=\"Padrão\",$H$4=#REF!),BDI!$B$17,IF(AND(#REF!=\"Padrão\",$H$4=#REF!),BDI!#REF!,IF(AND(#REF!=\"Diferenciado\",$H$4=#REF!),BDI!$E$17,IF(AND(#REF!=\"Diferenciado\",$H$4=#REF!),BDI!#REF!,IF(#REF!=\"ZERO\",0))))),\"\")","v":{"$error":"#REF!"}},{"$error":"#REF!"},{"$error":"#REF!"}]
["SF-00900","Dobradiça direita inferior excêntrica","un",0,{"$f":"OFFSET(INDEX(Composições!A:J,MATCH(Orçamentária!A905,Composições!A:A,0),8),2,0)","v":7.5182999999999982},0,{"$f":"IF(A905<>\"\",IF(AND(#REF!=\"Padrão\",$H$4=#REF!),BDI!$B$17,IF(AND(#REF!=\"Padrão\",$H$4=#REF!),BDI!#REF!,IF(AND(#REF!=\"Diferenciado\",$H$4=#REF!),BDI!$E$17,IF(AND(#REF!=\"Diferenciado\",$H$4=#REF!),BDI!#REF!,IF(#REF!=\"ZERO\",0))))),\"\")","v":{"$error":"#REF!"}},{"$error":"#REF!"},{"$error":"#REF!"}]
["SF-00901","Dobradiça esquerda inferior excêntrica","un",0,{"$f":"OFFSET(INDEX(Composições!A:J,MATCH(Orçamentária!A906,Composições!A:A,0),8),2,0)","v":7.5182999999999982},0,{"$f":"IF(A906<>\"\",IF(AND(#REF!=\"Padrão\",$H$4=#REF!),BDI!$B$17,IF(AND(#REF!=\"Padrão\",$H$4=#REF!),BDI!#REF!,IF(AND(#REF!=\"Diferenciado\",$H$4=#REF!),BDI!$E$17,IF(AND(#REF!=\"Diferenciado\",$H$4=#REF!),BDI!#REF!,IF(#REF!=\"ZERO\",0))))),\"\")","v":{"$error":"#REF!"}},{"$error":"#REF!"},{"$error":"#REF!"}]
["SF-00902","Dobradiça pivotante inferior com trinco","un",0,{"$f":"OFFSET(INDEX(Composições!A:J,MATCH(Orçamentária!A907,Composições!A:A,0),8),2,0)","v":7.5182999999999982},0,{"$f":"IF(A907<>\"\",IF(AND(#REF!=\"Padrão\",$H$4=#REF!),BDI!$B$17,IF(AND(#REF!=\"Padrão\",$H$4=#REF!),BDI!#REF!,IF(AND(#REF!=\"Diferenciado\",$H$4=#REF!),BDI!$E$17,IF(AND(#REF!=\"Diferenciado\",$H$4=#REF!),BDI!#REF!,IF(#REF!=\"ZERO\",0))))),\"\")","v":{"$error":"#REF!"}},{"$error":"#REF!"},{"$error":"#REF!"}]
["SF-00903","Carrinho para porta de correr 1 roldana e 2 furos","un",0,{"$f":"OFFSET(INDEX(Composições!A:J,MATCH(Orçamentária!A908,Composições!A:A,0),8),2,0)","v":3.7591499999999991},0,{"$f":"IF(A908<>\"\",IF(AND(#REF!=\"Padrão\",$H$4=#REF!),BDI!$B$17,IF(AND(#REF!=\"Padrão\",$H$4=#REF!),BDI!#REF!,IF(AND(#REF!=\"Diferenciado\",$H$4=#REF!),BDI!$E$17,IF(AND(#REF!=\"Diferenciado\",$H$4=#REF!),BDI!#REF!,IF(#REF!=\"ZERO\",0))))),\"\")","v":{"$error":"#REF!"}},{"$error":"#REF!"},{"$error":"#REF!"}]
["SF-00904","Carrinho para porta de correr 2 roldanas e 2 furos","un",0,{"$f":"OFFSET(INDEX(Composições!A:J,MATCH(Orçamentária!A909,Composições!A:A,0),8),2,0)","v":3.7591499999999991},0,{"$f":"IF(A909<>\"\",IF(AND(#REF!=\"Padrão\",$H$4=#REF!),BDI!$B$17,IF(AND(#REF!=\"Padrão\",$H$4=#REF!),BDI!#REF!,IF(AND(#REF!=\"Diferenciado\",$H$4=#REF!),BDI!$E$17,IF(AND(#REF!=\"Diferenciado\",$H$4=#REF!),BDI!#REF!,IF(#REF!=\"ZERO\",0))))),\"\")","v":{"$error":"#REF!"}},{"$error":"#REF!"},{"$error":"#REF!"}]
["SF-00905","Carrinho para porta de correr com roldana côncava","un",0,{"$f":"OFFSET(INDEX(Composições!A:J,MATCH(Orçamentária!A910,Composições!A:A,0),8),2,0)","v":3.7591499999999991},0,{"$f":"IF(A910<>\"\",IF(AND(#REF!=\"Padrão\",$H$4=#REF!),BDI!$B$17,IF(AND(#REF!=\"Padrão\",$H$4=#REF!),BDI!#REF!,IF(AND(#REF!=\"Diferenciado\",$H$4=#REF!),BDI!$E$17,IF(AND(#REF!=\"Diferenciado\",$H$4=#REF!),BDI!#REF!,IF(#REF!=\"ZERO\",0))))),\"\")","v":{"$error":"#REF!"}},{"$error":"#REF!"},{"$error":"#REF!"}]
["SF-00906","Guia de nylon para porta de correr","un",0,{"$f":"OFFSET(INDEX(Composições!A:J,MATCH(Orçamentária!A911,Composições!A:A,0),8),2,0)","v":3.7591499999999991},0,{"$f":"IF(A911<>\"\",IF(AND(#REF!=\"Padrão\",$H$4=#REF!),BDI!$B$17,IF(AND(#REF!=\"Padrão\",$H$4=#REF!),BDI!#REF!,IF(AND(#REF!=\"Diferenciado\",$H$4=#REF!),BDI!$E$17,IF(AND(#REF!=\"Diferenciado\",$H$4=#REF!),BDI!#REF!,IF(#REF!=\"ZERO\",0))))),\"\")","v":{"$error":"#REF!"}},{"$error":"#REF!"},{"$error":"#REF!"}]
["SF-00907","Puxador H tubular em aço inox, comprimento 45cm, para portas de vidro temperado","un",0,{"$f":"OFFSET(INDEX(Composições!A:J,MATCH(Orçamentária!A912,Composições!A:A,0),8),2,0)","v":10.0244},0,{"$f":"IF(A912<>\"\",IF(AND(#REF!=\"Padrão\",$H$4=#REF!),BDI!$B$17,IF(AND(#REF!=\"Padrão\",$H$4=#REF!),BDI!#REF!,IF(AND(#REF!=\"Diferenciado\",$H$4=#REF!),BDI!$E$17,IF(AND(#REF!=\"Diferenciado\",$H$4=#REF!),BDI!#REF!,IF(#REF!=\"ZERO\",0))))),\"\")","v":{"$error":"#REF!"}},{"$error":"#REF!"},{"$error":"#REF!"}]
["SF-00908","Transporte de vidros","m2 x km",0,{"$f":"OFFSET(INDEX(Composições!A:J,MATCH(Orçamentária!A913,Composições!A:A,0),8),2,0)","v":59.078685499999985},0,{"$f":"IF(A913<>\"\",IF(AND(#REF!=\"Padrão\",$H$4=#REF!),BDI!$B$17,IF(AND(#REF!=\"Padrão\",$H$4=#REF!),BDI!#REF!,IF(AND(#REF!=\"Diferenciado\",$H$4=#REF!),BDI!$E$17,IF(AND(#REF!=\"Diferenciado\",$H$4=#REF!),BDI!#REF!,IF(#REF!=\"ZERO\",0))))),\"\")","v":{"$error":"#REF!"}},{"$error":"#REF!"},{"$error":"#REF!"}]
["SF-00909","Vidro fantasia 4mm (canelado, martelado, pontilhado e mini-boreal)","m2",0,{"$f":"OFFSET(INDEX(Composições!A:J,MATCH(Orçamentária!A914,Composições!A:A,0),8),2,0)","v":121.74249999999999},0,{"$f":"IF(A914<>\"\",IF(AND(#REF!=\"Padrão\",$H$4=#REF!),BDI!$B$17,IF(AND(#REF!=\"Padrão\",$H$4=#REF!),BDI!#REF!,IF(AND(#REF!=\"Diferenciado\",$H$4=#REF!),BDI!$E$17,IF(AND(#REF!=\"Diferenciado\",$H$4=#REF!),BDI!#REF!,IF(#REF!=\"ZERO\",0))))),\"\")","v":{"$error":"#REF!"}},{"$error":"#REF!"},{"$error":"#REF!"}]
["SF-00910","Vidro fumê/bronze 5mm","m2",0,{"$f":"OFFSET(INDEX(Composições!A:J,MATCH(Orçamentária!A915,Composições!A:A,0),8),2,0)","v":168.24499999999998},0,{"$f":"IF(A915<>\"\",IF(AND(#REF!=\"Padrão\",$H$4=#REF!),BDI!$B$17,IF(AND(#REF!=\"Padrão\",$H$4=#REF!),BDI!#REF!,IF(AND(#REF!=\"Diferenciado\",$H$4=#REF!),BDI!$E$17,IF(AND(#REF!=\"Diferenciado\",$H$4=#REF!),BDI!#REF!,IF(#REF!=\"ZERO\",0))))),\"\")","v":{"$error":"#REF!"}},{"$error":"#REF!"},{"$error":"#REF!"}]
["SF-00911","Recuperação de massa em esquadria metálica","m",0,{"$f":"OFFSET(INDEX(Composições!A:J,MATCH(Orçamentária!A916,Composições!A:A,0),8),2,0)","v":27.352874999999997},0,{"$f":"IF(A916<>\"\",IF(AND(#REF!=\"Padrão\",$H$4=#REF!),BDI!$B$17,IF(AND(#REF!=\"Padrão\",$H$4=#REF!),BDI!#REF!,IF(AND(#REF!=\"Diferenciado\",$H$4=#REF!),BDI!$E$17,IF(AND(#REF!=\"Diferenciado\",$H$4=#REF!),BDI!#REF!,IF(#REF!=\"ZERO\",0))))),\"\")","v":{"$error":"#REF!"}},{"$error":"#REF!"},{"$error":"#REF!"}]
["SF-00912","Instalação de espelho reaproveitado","m2",0,{"$f":"OFFSET(INDEX(Composições!A:J,MATCH(Orçamentária!A917,Composições!A:A,0),8),2,0)","v":57.816999999999993},0,{"$f":"IF(A917<>\"\",IF(AND(#REF!=\"Padrão\",$H$4=#REF!),BDI!$B$17,IF(AND(#REF!=\"Padrão\",$H$4=#REF!),BDI!#REF!,IF(AND(#REF!=\"Diferenciado\",$H$4=#REF!),BDI!$E$17,IF(AND(#REF!=\"Diferenciado\",$H$4=#REF!),BDI!#REF!,IF(#REF!=\"ZERO\",0))))),\"\")","v":{"$error":"#REF!"}},{"$error":"#REF!"},{"$error":"#REF!"}]
["SF-00913","Espelho fumê/bronze 4mm lapidado","m2",0,{"$f":"OFFSET(INDEX(Composições!A:J,MATCH(Orçamentária!A918,Composições!A:A,0),8),2,0)","v":57.816999999999993},0,{"$f":"IF(A918<>\"\",IF(AND(#REF!=\"Padrão\",$H$4=#REF!),BDI!$B$17,IF(AND(#REF!=\"Padrão\",$H$4=#REF!),BDI!#REF!,IF(AND(#REF!=\"Diferenciado\",$H$4=#REF!),BDI!$E$17,IF(AND(#REF!=\"Diferenciado\",$H$4=#REF!),BDI!#REF!,IF(#REF!=\"ZERO\",0))))),\"\")","v":{"$error":"#REF!"}},{"$error":"#REF!"},{"$error":"#REF!"}]
["SF-00914","Finesson (parafuso de fixação francês)","un",0,{"$f":"OFFSET(INDEX(Composições!A:J,MATCH(Orçamentária!A919,Composições!A:A,0),8),2,0)","v":9.6120999999999999},0,{"$f":"IF(A919<>\"\",IF(AND(#REF!=\"Padrão\",$H$4=#REF!),BDI!$B$17,IF(AND(#REF!=\"Padrão\",$H$4=#REF!),BDI!#REF!,IF(AND(#REF!=\"Diferenciado\",$H$4=#REF!),BDI!$E$17,IF(AND(#REF!=\"Diferenciado\",$H$4=#REF!),BDI!#REF!,IF(#REF!=\"ZERO\",0))))),\"\")","v":{"$error":"#REF!"}},{"$error":"#REF!"},{"$error":"#REF!"}]
["SF-00915","Graute industrializado, 50 MPa ≤ fck ≤ 60 MPa","m3",0,{"$f":"OFFSET(INDEX(Composições!A:J,MATCH(Orçamentária!A920,Composições!A:A,0),8),2,0)","v":4523.2988855999993},0,{"$f":"IF(A920<>\"\",IF(AND(#REF!=\"Padrão\",$H$4=#REF!),BDI!$B$17,IF(AND(#REF!=\"Padrão\",$H$4=#REF!),BDI!#REF!,IF(AND(#REF!=\"Diferenciado\",$H$4=#REF!),BDI!$E$17,IF(AND(#REF!=\"Diferenciado\",$H$4=#REF!),BDI!#REF!,IF(#REF!=\"ZERO\",0))))),\"\")","v":{"$error":"#REF!"}},{"$error":"#REF!"},{"$error":"#REF!"}]
["SF-00916","Armação de aço CA-50 bitolas de 10,0 mm a 12,5 mm","kg",0,{"$f":"OFFSET(INDEX(Composições!A:J,MATCH(Orçamentária!A921,Composições!A:A,0),8),2,0)","v":10.718598249999999},0,{"$f":"IF(A921<>\"\",IF(AND(#REF!=\"Padrão\",$H$4=#REF!),BDI!$B$17,IF(AND(#REF!=\"Padrão\",$H$4=#REF!),BDI!#REF!,IF(AND(#REF!=\"Diferenciado\",$H$4=#REF!),BDI!$E$17,IF(AND(#REF!=\"Diferenciado\",$H$4=#REF!),BDI!#REF!,IF(#REF!=\"ZERO\",0))))),\"\")","v":{"$error":"#REF!"}},{"$error":"#REF!"},{"$error":"#REF!"}]
["SF-00917","Armação de aço CA-50 bitolas de 16,0 mm a 25,0 mm","kg",0,{"$f":"OFFSET(INDEX(Composições!A:J,MATCH(Orçamentária!A922,Composições!A:A,0),8),2,0)","v":10.41790235},0,{"$f":"IF(A922<>\"\",IF(AND(#REF!=\"Padrão\",$H$4=#REF!),BDI!$B$17,IF(AND(#REF!=\"Padrão\",$H$4=#REF!),BDI!#REF!,IF(AND(#REF!=\"Diferenciado\",$H$4=#REF!),BDI!$E$17,IF(AND(#REF!=\"Diferenciado\",$H$4=#REF!),BDI!#REF!,IF(#REF!=\"ZERO\",0))))),\"\")","v":{"$error":"#REF!"}},{"$error":"#REF!"},{"$error":"#REF!"}]
["SF-00918","Remoção de mola hidráulica de piso","un",0,{"$f":"OFFSET(INDEX(Composições!A:J,MATCH(Orçamentária!A923,Composições!A:A,0),8),2,0)","v":24.907575000000001},0,{"$f":"IF(A923<>\"\",IF(AND(#REF!=\"Padrão\",$H$4=#REF!),BDI!$B$17,IF(AND(#REF!=\"Padrão\",$H$4=#REF!),BDI!#REF!,IF(AND(#REF!=\"Diferenciado\",$H$4=#REF!),BDI!$E$17,IF(AND(#REF!=\"Diferenciado\",$H$4=#REF!),BDI!#REF!,IF(#REF!=\"ZERO\",0))))),\"\")","v":{"$error":"#REF!"}},{"$error":"#REF!"},{"$error":"#REF!"}]
["SF-00919","Escavação manual de valas","m3",0,{"$f":"OFFSET(INDEX(Composições!A:J,MATCH(Orçamentária!A924,Composições!A:A,0),8),2,0)","v":80.012077999999988},0,{"$f":"IF(A924<>\"\",IF(AND(#REF!=\"Padrão\",$H$4=#REF!),BDI!$B$17,IF(AND(#REF!=\"Padrão\",$H$4=#REF!),BDI!#REF!,IF(AND(#REF!=\"Diferenciado\",$H$4=#REF!),BDI!$E$17,IF(AND(#REF!=\"Diferenciado\",$H$4=#REF!),BDI!#REF!,IF(#REF!=\"ZERO\",0))))),\"\")","v":{"$error":"#REF!"}},{"$error":"#REF!"},{"$error":"#REF!"}]
["SF-00920","Reaterro de vala com compactação mecanizada","m3",0,{"$f":"OFFSET(INDEX(Composições!A:J,MATCH(Orçamentária!A925,Composições!A:A,0),8),2,0)","v":28.519104499999997},0,{"$f":"IF(A925<>\"\",IF(AND(#REF!=\"Padrão\",$H$4=#REF!),BDI!$B$17,IF(AND(#REF!=\"Padrão\",$H$4=#REF!),BDI!#REF!,IF(AND(#REF!=\"Diferenciado\",$H$4=#REF!),BDI!$E$17,IF(AND(#REF!=\"Diferenciado\",$H$4=#REF!),BDI!#REF!,IF(#REF!=\"ZERO\",0))))),\"\")","v":{"$error":"#REF!"}},{"$error":"#REF!"},{"$error":"#REF!"}]
["SF-00921","Aterro de vala com compactação mecanizada","m3",0,{"$f":"OFFSET(INDEX(Composições!A:J,MATCH(Orçamentária!A926,Composições!A:A,0),8),2,0)","v":205.19644343749999},0,{"$f":"IF(A926<>\"\",IF(AND(#REF!=\"Padrão\",$H$4=#REF!),BDI!$B$17,IF(AND(#REF!=\"Padrão\",$H$4=#REF!),BDI!#REF!,IF(AND(#REF!=\"Diferenciado\",$H$4=#REF!),BDI!$E$17,IF(AND(#REF!=\"Diferenciado\",$H$4=#REF!),BDI!#REF!,IF(#REF!=\"ZERO\",0))))),\"\")","v":{"$error":"#REF!"}},{"$error":"#REF!"},{"$error":"#REF!"}]
["SF-00922","Tubo de cobre classe \"E\" 22 mm","m",0,{"$f":"OFFSET(INDEX(Composições!A:J,MATCH(Orçamentária!A927,Composições!A:A,0),8),2,0)","v":64.102005249999991},0,{"$f":"IF(A927<>\"\",IF(AND(#REF!=\"Padrão\",$H$4=#REF!),BDI!$B$17,IF(AND(#REF!=\"Padrão\",$H$4=#REF!),BDI!#REF!,IF(AND(#REF!=\"Diferenciado\",$H$4=#REF!),BDI!$E$17,IF(AND(#REF!=\"Diferenciado\",$H$4=#REF!),BDI!#REF!,IF(#REF!=\"ZERO\",0))))),\"\")","v":{"$error":"#REF!"}},{"$error":"#REF!"},{"$error":"#REF!"}]
["SF-00923","Tubo de cobre classe \"E\" 28 mm","m",0,{"$f":"OFFSET(INDEX(Composições!A:J,MATCH(Orçamentária!A928,Composições!A:A,0),8),2,0)","v":80.283592749999983},0,{"$f":"IF(A928<>\"\",IF(AND(#REF!=\"Padrão\",$H$4=#REF!),BDI!$B$17,IF(AND(#REF!=\"Padrão\",$H$4=#REF!),BDI!#REF!,IF(AND(#REF!=\"Diferenciado\",$H$4=#REF!),BDI!$E$17,IF(AND(#REF!=\"Diferenciado\",$H$4=#REF!),BDI!#REF!,IF(#REF!=\"ZERO\",0))))),\"\")","v":{"$error":"#REF!"}},{"$error":"#REF!"},{"$error":"#REF!"}]
["SF-00924","Tubo de cobre classe \"E\" 42 mm","m",0,{"$f":"OFFSET(INDEX(Composições!A:J,MATCH(Orçamentária!A929,Composições!A:A,0),8),2,0)","v":146.17710609999997},0,{"$f":"IF(A929<>\"\",IF(AND(#REF!=\"Padrão\",$H$4=#REF!),BDI!$B$17,IF(AND(#REF!=\"Padrão\",$H$4=#REF!),BDI!#REF!,IF(AND(#REF!=\"Diferenciado\",$H$4=#REF!),BDI!$E$17,IF(AND(#REF!=\"Diferenciado\",$H$4=#REF!),BDI!#REF!,IF(#REF!=\"ZERO\",0))))),\"\")","v":{"$error":"#REF!"}},{"$error":"#REF!"},{"$error":"#REF!"}]
["SF-00925","Bacia conforto (h=44 cm) – Linha Acessibilidade","un",0,{"$f":"OFFSET(INDEX(Composições!A:J,MATCH(Orçamentária!A930,Composições!A:A,0),8),2,0)","v":687.83211475000007},0,{"$f":"IF(A930<>\"\",IF(AND(#REF!=\"Padrão\",$H$4=#REF!),BDI!$B$17,IF(AND(#REF!=\"Padrão\",$H$4=#REF!),BDI!#REF!,IF(AND(#REF!=\"Diferenciado\",$H$4=#REF!),BDI!$E$17,IF(AND(#REF!=\"Diferenciado\",$H$4=#REF!),BDI!#REF!,IF(#REF!=\"ZERO\",0))))),\"\")","v":{"$error":"#REF!"}},{"$error":"#REF!"},{"$error":"#REF!"}]
["SF-00926","Assento para bacia convencional - Linha Acessibilidade","un",0,{"$f":"OFFSET(INDEX(Composições!A:J,MATCH(Orçamentária!A931,Composições!A:A,0),8),2,0)","v":2.0225499999999998},0,{"$f":"IF(A931<>\"\",IF(AND(#REF!=\"Padrão\",$H$4=#REF!),BDI!$B$17,IF(AND(#REF!=\"Padrão\",$H$4=#REF!),BDI!#REF!,IF(AND(#REF!=\"Diferenciado\",$H$4=#REF!),BDI!$E$17,IF(AND(#REF!=\"Diferenciado\",$H$4=#REF!),BDI!#REF!,IF(#REF!=\"ZERO\",0))))),\"\")","v":{"$error":"#REF!"}},{"$error":"#REF!"},{"$error":"#REF!"}]
["SF-00927","Base registro de gaveta 1 1/2”","un",0,{"$f":"OFFSET(INDEX(Composições!A:J,MATCH(Orçamentária!A932,Composições!A:A,0),8),2,0)","v":12.734022299999999},0,{"$f":"IF(A932<>\"\",IF(AND(#REF!=\"Padrão\",$H$4=#REF!),BDI!$B$17,IF(AND(#REF!=\"Padrão\",$H$4=#REF!),BDI!#REF!,IF(AND(#REF!=\"Diferenciado\",$H$4=#REF!),BDI!$E$17,IF(AND(#REF!=\"Diferenciado\",$H$4=#REF!),BDI!#REF!,IF(#REF!=\"ZERO\",0))))),\"\")","v":{"$error":"#REF!"}},{"$error":"#REF!"},{"$error":"#REF!"}]
["SF-00928","Condutor 25 mm²","m",0,{"$f":"OFFSET(INDEX(Composições!A:J,MATCH(Orçamentária!A933,Composições!A:A,0),8),2,0)","v":3.1591300000000002},0,{"$f":"IF(A933<>\"\",IF(AND(#REF!=\"Padrão\",$H$4=#REF!),BDI!$B$17,IF(AND(#REF!=\"Padrão\",$H$4=#REF!),BDI!#REF!,IF(AND(#REF!=\"Diferenciado\",$H$4=#REF!),BDI!$E$17,IF(AND(#REF!=\"Diferenciado\",$H$4=#REF!),BDI!#REF!,IF(#REF!=\"ZERO\",0))))),\"\")","v":{"$error":"#REF!"}},{"$error":"#REF!"},{"$error":"#REF!"}]
["SF-00929","Condutor 35 mm²","m",0,{"$f":"OFFSET(INDEX(Composições!A:J,MATCH(Orçamentária!A934,Composições!A:A,0),8),2,0)","v":3.5984289999999999},0,{"$f":"IF(A934<>\"\",IF(AND(#REF!=\"Padrão\",$H$4=#REF!),BDI!$B$17,IF(AND(#REF!=\"Padrão\",$H$4=#REF!),BDI!#REF!,IF(AND(#REF!=\"Diferenciado\",$H$4=#REF!),BDI!$E$17,IF(AND(#REF!=\"Diferenciado\",$H$4=#REF!),BDI!#REF!,IF(#REF!=\"ZERO\",0))))),\"\")","v":{"$error":"#REF!"}},{"$error":"#REF!"},{"$error":"#REF!"}]
["SF-00930","Condutor 50 mm²","m",0,{"$f":"OFFSET(INDEX(Composições!A:J,MATCH(Orçamentária!A935,Composições!A:A,0),8),2,0)","v":5.2460329999999988},0,{"$f":"IF(A935<>\"\",IF(AND(#REF!=\"Padrão\",$H$4=#REF!),BDI!$B$17,IF(AND(#REF!=\"Padrão\",$H$4=#REF!),BDI!#REF!,IF(AND(#REF!=\"Diferenciado\",$H$4=#REF!),BDI!$E$17,IF(AND(#REF!=\"Diferenciado\",$H$4=#REF!),BDI!#REF!,IF(#REF!=\"ZERO\",0))))),\"\")","v":{"$error":"#REF!"}},{"$error":"#REF!"},{"$error":"#REF!"}]
["SF-00931","Condutor 70 mm²","m",0,{"$f":"OFFSET(INDEX(Composições!A:J,MATCH(Orçamentária!A936,Composições!A:A,0),8),2,0)","v":6.124630999999999},0,{"$f":"IF(A936<>\"\",IF(AND(#REF!=\"Padrão\",$H$4=#REF!),BDI!$B$17,IF(AND(#REF!=\"Padrão\",$H$4=#REF!),BDI!#REF!,IF(AND(#REF!=\"Diferenciado\",$H$4=#REF!),BDI!$E$17,IF(AND(#REF!=\"Diferenciado\",$H$4=#REF!),BDI!#REF!,IF(#REF!=\"ZERO\",0))))),\"\")","v":{"$error":"#REF!"}},{"$error":"#REF!"},{"$error":"#REF!"}]
["SF-00932","Condutor 95 mm²","m",0,{"$f":"OFFSET(INDEX(Composições!A:J,MATCH(Orçamentária!A937,Composições!A:A,0),8),2,0)","v":6.2830340000000007},0,{"$f":"IF(A937<>\"\",IF(AND(#REF!=\"Padrão\",$H$4=#REF!),BDI!$B$17,IF(AND(#REF!=\"Padrão\",$H$4=#REF!),BDI!#REF!,IF(AND(#REF!=\"Diferenciado\",$H$4=#REF!),BDI!$E$17,IF(AND(#REF!=\"Diferenciado\",$H$4=#REF!),BDI!#REF!,IF(#REF!=\"ZERO\",0))))),\"\")","v":{"$error":"#REF!"}},{"$error":"#REF!"},{"$error":"#REF!"}]
["SF-00933","Condutor 120 mm²","m",0,{"$f":"OFFSET(INDEX(Composições!A:J,MATCH(Orçamentária!A938,Composições!A:A,0),8),2,0)","v":7.4544979999999992},0,{"$f":"IF(A938<>\"\",IF(AND(#REF!=\"Padrão\",$H$4=#REF!),BDI!$B$17,IF(AND(#REF!=\"Padrão\",$H$4=#REF!),BDI!#REF!,IF(AND(#REF!=\"Diferenciado\",$H$4=#REF!),BDI!$E$17,IF(AND(#REF!=\"Diferenciado\",$H$4=#REF!),BDI!#REF!,IF(#REF!=\"ZERO\",0))))),\"\")","v":{"$error":"#REF!"}},{"$error":"#REF!"},{"$error":"#REF!"}]
["SF-00934","Condutor 150 mm²","m",0,{"$f":"OFFSET(INDEX(Composições!A:J,MATCH(Orçamentária!A939,Composições!A:A,0),8),2,0)","v":8.7723949999999995},0,{"$f":"IF(A939<>\"\",IF(AND(#REF!=\"Padrão\",$H$4=#REF!),BDI!$B$17,IF(AND(#REF!=\"Padrão\",$H$4=#REF!),BDI!#REF!,IF(AND(#REF!=\"Diferenciado\",$H$4=#REF!),BDI!$E$17,IF(AND(#REF!=\"Diferenciado\",$H$4=#REF!),BDI!#REF!,IF(#REF!=\"ZERO\",0))))),\"\")","v":{"$error":"#REF!"}},{"$error":"#REF!"},{"$error":"#REF!"}]
["SF-00935","Condutor 185 mm²","m",0,{"$f":"OFFSET(INDEX(Composições!A:J,MATCH(Orçamentária!A940,Composições!A:A,0),8),2,0)","v":10.383157999999998},0,{"$f":"IF(A940<>\"\",IF(AND(#REF!=\"Padrão\",$H$4=#REF!),BDI!$B$17,IF(AND(#REF!=\"Padrão\",$H$4=#REF!),BDI!#REF!,IF(AND(#REF!=\"Diferenciado\",$H$4=#REF!),BDI!$E$17,IF(AND(#REF!=\"Diferenciado\",$H$4=#REF!),BDI!#REF!,IF(#REF!=\"ZERO\",0))))),\"\")","v":{"$error":"#REF!"}},{"$error":"#REF!"},{"$error":"#REF!"}]
["SF-00936","Condutor 240 mm²","m",0,{"$f":"OFFSET(INDEX(Composições!A:J,MATCH(Orçamentária!A941,Composições!A:A,0),8),2,0)","v":12.872519},0,{"$f":"IF(A941<>\"\",IF(AND(#REF!=\"Padrão\",$H$4=#REF!),BDI!$B$17,IF(AND(#REF!=\"Padrão\",$H$4=#REF!),BDI!#REF!,IF(AND(#REF!=\"Diferenciado\",$H$4=#REF!),BDI!$E$17,IF(AND(#REF!=\"Diferenciado\",$H$4=#REF!),BDI!#REF!,IF(#REF!=\"ZERO\",0))))),\"\")","v":{"$error":"#REF!"}},{"$error":"#REF!"},{"$error":"#REF!"}]
["SF-00937","Montagem e desmontagem de andaime fachadeiro","m2",0,{"$f":"OFFSET(INDEX(Composições!A:J,MATCH(Orçamentária!A942,Composições!A:A,0),8),2,0)","v":9.3777926085699974},0,{"$f":"IF(A942<>\"\",IF(AND(#REF!=\"Padrão\",$H$4=#REF!),BDI!$B$17,IF(AND(#REF!=\"Padrão\",$H$4=#REF!),BDI!#REF!,IF(AND(#REF!=\"Diferenciado\",$H$4=#REF!),BDI!$E$17,IF(AND(#REF!=\"Diferenciado\",$H$4=#REF!),BDI!#REF!,IF(#REF!=\"ZERO\",0))))),\"\")","v":{"$error":"#REF!"}},{"$error":"#REF!"},{"$error":"#REF!"}]
["SF-00938","Montagem e desmontagem de andaime tubular","m",0,{"$f":"OFFSET(INDEX(Composições!A:J,MATCH(Orçamentária!A943,Composições!A:A,0),8),2,0)","v":17.356632281799996},0,{"$f":"IF(A943<>\"\",IF(AND(#REF!=\"Padrão\",$H$4=#REF!),BDI!$B$17,IF(AND(#REF!=\"Padrão\",$H$4=#REF!),BDI!#REF!,IF(AND(#REF!=\"Diferenciado\",$H$4=#REF!),BDI!$E$17,IF(AND(#REF!=\"Diferenciado\",$H$4=#REF!),BDI!#REF!,IF(#REF!=\"ZERO\",0))))),\"\")","v":{"$error":"#REF!"}},{"$error":"#REF!"},{"$error":"#REF!"}]
["SF-00939","Tensor com indicador de tensão para linha de vida","un",0,"","",{"$f":"IF(A944<>\"\",IF(AND(#REF!=\"Padrão\",$H$4=#REF!),BDI!$B$17,IF(AND(#REF!=\"Padrão\",$H$4=#REF!),BDI!#REF!,IF(AND(#REF!=\"Diferenciado\",$H$4=#REF!),BDI!$E$17,IF(AND(#REF!=\"Diferenciado\",$H$4=#REF!),BDI!#REF!,IF(#REF!=\"ZERO\",0))))),\"\")","v":{"$error":"#REF!"}},"",""]
["SF-00940","Tela de proteção para andaime","m2 x mês",0,{"$f":"OFFSET(INDEX(Composições!A:J,MATCH(Orçamentária!A945,Composições!A:A,0),8),2,0)","v":4.6608320499999998},0,{"$f":"IF(A945<>\"\",IF(AND(#REF!=\"Padrão\",$H$4=#REF!),BDI!$B$17,IF(AND(#REF!=\"Padrão\",$H$4=#REF!),BDI!#REF!,IF(AND(#REF!=\"Diferenciado\",$H$4=#REF!),BDI!$E$17,IF(AND(#REF!=\"Diferenciado\",$H$4=#REF!),BDI!#REF!,IF(#REF!=\"ZERO\",0))))),\"\")","v":{"$error":"#REF!"}},{"$error":"#REF!"},{"$error":"#REF!"}]
["SF-00941","Plataforma de trabalho aéreo tesoura","dia",0,"","",{"$f":"IF(A946<>\"\",IF(AND(#REF!=\"Padrão\",$H$4=#REF!),BDI!$B$17,IF(AND(#REF!=\"Padrão\",$H$4=#REF!),BDI!#REF!,IF(AND(#REF!=\"Diferenciado\",$H$4=#REF!),BDI!$E$17,IF(AND(#REF!=\"Diferenciado\",$H$4=#REF!),BDI!#REF!,IF(#REF!=\"ZERO\",0))))),\"\")","v":{"$error":"#REF!"}},"",""]
["SF-00942","Remoção de folha de porta de enrolar","un",0,{"$f":"OFFSET(INDEX(Composições!A:J,MATCH(Orçamentária!A947,Composições!A:A,0),8),2,0)","v":174.82374999999999},0,{"$f":"IF(A947<>\"\",IF(AND(#REF!=\"Padrão\",$H$4=#REF!),BDI!$B$17,IF(AND(#REF!=\"Padrão\",$H$4=#REF!),BDI!#REF!,IF(AND(#REF!=\"Diferenciado\",$H$4=#REF!),BDI!$E$17,IF(AND(#REF!=\"Diferenciado\",$H$4=#REF!),BDI!#REF!,IF(#REF!=\"ZERO\",0))))),\"\")","v":{"$error":"#REF!"}},{"$error":"#REF!"},{"$error":"#REF!"}]
["SF-00943","Base registro de gaveta 1\"","un",1,{"$f":"OFFSET(INDEX(Composições!A:J,MATCH(Orçamentária!A948,Composições!A:A,0),8),2,0)","v":77.514324700000003},77.514324700000003,{"$f":"BDI!$B$17","v":0.191},92.32,92.32]
["SF-00944","Base registro de pressão 3/4\"","un",0,{"$f":"OFFSET(INDEX(Composições!A:J,MATCH(Orçamentária!A949,Composições!A:A,0),8),2,0)","v":5.3646500000000001},0,{"$f":"IF(A949<>\"\",IF(AND(#REF!=\"Padrão\",$H$4=#REF!),BDI!$B$17,IF(AND(#REF!=\"Padrão\",$H$4=#REF!),BDI!#REF!,IF(AND(#REF!=\"Diferenciado\",$H$4=#REF!),BDI!$E$17,IF(AND(#REF!=\"Diferenciado\",$H$4=#REF!),BDI!#REF!,IF(#REF!=\"ZERO\",0))))),\"\")","v":{"$error":"#REF!"}},{"$error":"#REF!"},{"$error":"#REF!"}]
["SF-00945","Porta para box de banheiro em laminado estrutural","un",0,"","",{"$f":"IF(A950<>\"\",IF(AND(#REF!=\"Padrão\",$H$4=#REF!),BDI!$B$17,IF(AND(#REF!=\"Padrão\",$H$4=#REF!),BDI!#REF!,IF(AND(#REF!=\"Diferenciado\",$H$4=#REF!),BDI!$E$17,IF(AND(#REF!=\"Diferenciado\",$H$4=#REF!),BDI!#REF!,IF(#REF!=\"ZERO\",0))))),\"\")","v":{"$error":"#REF!"}},"",""]
["SF-00946","Tampa em ferro fundido T33","un",0,{"$f":"OFFSET(INDEX(Composições!A:J,MATCH(Orçamentária!A951,Composições!A:A,0),8),2,0)","v":278.91490818737424},0,{"$f":"IF(A951<>\"\",IF(AND(#REF!=\"Padrão\",$H$4=#REF!),BDI!$B$17,IF(AND(#REF!=\"Padrão\",$H$4=#REF!),BDI!#REF!,IF(AND(#REF!=\"Diferenciado\",$H$4=#REF!),BDI!$E$17,IF(AND(#REF!=\"Diferenciado\",$H$4=#REF!),BDI!#REF!,IF(#REF!=\"ZERO\",0))))),\"\")","v":{"$error":"#REF!"}},{"$error":"#REF!"},{"$error":"#REF!"}]
["SF-00947","Arquiteto(a) com experiência em intervenção no patrimônio cultural","hh ",0,{"$f":"OFFSET(INDEX(Composições!A:J,MATCH(Orçamentária!A952,Composições!A:A,0),8),2,0)","v":108.16699999999999},0,{"$f":"IF(A952<>\"\",IF(AND(#REF!=\"Padrão\",$H$4=#REF!),BDI!$B$17,IF(AND(#REF!=\"Padrão\",$H$4=#REF!),BDI!#REF!,IF(AND(#REF!=\"Diferenciado\",$H$4=#REF!),BDI!$E$17,IF(AND(#REF!=\"Diferenciado\",$H$4=#REF!),BDI!#REF!,IF(#REF!=\"ZERO\",0))))),\"\")","v":{"$error":"#REF!"}},{"$error":"#REF!"},{"$error":"#REF!"}]
["SF-00948","Locação de andaime suspenso tipo leve","un x mês ",0,{"$f":"OFFSET(INDEX(Composições!A:J,MATCH(Orçamentária!A953,Composições!A:A,0),8),2,0)","v":570},0,{"$f":"IF(A953<>\"\",IF(AND(#REF!=\"Padrão\",$H$4=#REF!),BDI!$B$17,IF(AND(#REF!=\"Padrão\",$H$4=#REF!),BDI!#REF!,IF(AND(#REF!=\"Diferenciado\",$H$4=#REF!),BDI!$E$17,IF(AND(#REF!=\"Diferenciado\",$H$4=#REF!),BDI!#REF!,IF(#REF!=\"ZERO\",0))))),\"\")","v":{"$error":"#REF!"}},{"$error":"#REF!"},{"$error":"#REF!"}]
["SF-00949","Cadeira suspensa (balancim individual)","un x mês ",0,"","",{"$f":"IF(A954<>\"\",IF(AND(#REF!=\"Padrão\",$H$4=#REF!),BDI!$B$17,IF(AND(#REF!=\"Padrão\",$H$4=#REF!),BDI!#REF!,IF(AND(#REF!=\"Diferenciado\",$H$4=#REF!),BDI!$E$17,IF(AND(#REF!=\"Diferenciado\",$H$4=#REF!),BDI!#REF!,IF(#REF!=\"ZERO\",0))))),\"\")","v":{"$error":"#REF!"}},"",""]
["SF-00950","Limpeza de superfície por hidrojateamento de média pressão","m2",16,{"$f":"OFFSET(INDEX(Composições!A:J,MATCH(Orçamentária!A955,Composições!A:A,0),8),2,0)","v":1.8463819999999995},29.542111999999992,{"$f":"BDI!$B$17","v":0.191},2.2000000000000002,35.200000000000003]
["SF-00951","Inspeção da integridade e adesão de placas de rocha ornamental por percussão","m2",0,{"$f":"OFFSET(INDEX(Composições!A:J,MATCH(Orçamentária!A956,Composições!A:A,0),8),2,0)","v":6.7592499999999998},0,{"$f":"IF(A956<>\"\",IF(AND(#REF!=\"Padrão\",$H$4=#REF!),BDI!$B$17,IF(AND(#REF!=\"Padrão\",$H$4=#REF!),BDI!#REF!,IF(AND(#REF!=\"Diferenciado\",$H$4=#REF!),BDI!$E$17,IF(AND(#REF!=\"Diferenciado\",$H$4=#REF!),BDI!#REF!,IF(#REF!=\"ZERO\",0))))),\"\")","v":{"$error":"#REF!"}},{"$error":"#REF!"},{"$error":"#REF!"}]
["SF-00952","Demolição de proteção mecânica de impermeabilização","m2",0,{"$f":"OFFSET(INDEX(Composições!A:J,MATCH(Orçamentária!A957,Composições!A:A,0),8),2,0)","v":25.281874999999996},0,{"$f":"IF(A957<>\"\",IF(AND(#REF!=\"Padrão\",$H$4=#REF!),BDI!$B$17,IF(AND(#REF!=\"Padrão\",$H$4=#REF!),BDI!#REF!,IF(AND(#REF!=\"Diferenciado\",$H$4=#REF!),BDI!$E$17,IF(AND(#REF!=\"Diferenciado\",$H$4=#REF!),BDI!#REF!,IF(#REF!=\"ZERO\",0))))),\"\")","v":{"$error":"#REF!"}},{"$error":"#REF!"},{"$error":"#REF!"}]
["SF-00953","Impermeabilização com emulsão asfáltica","m2",0,{"$f":"OFFSET(INDEX(Composições!A:J,MATCH(Orçamentária!A958,Composições!A:A,0),8),2,0)","v":51.953115500000003},0,{"$f":"IF(A958<>\"\",IF(AND(#REF!=\"Padrão\",$H$4=#REF!),BDI!$B$17,IF(AND(#REF!=\"Padrão\",$H$4=#REF!),BDI!#REF!,IF(AND(#REF!=\"Diferenciado\",$H$4=#REF!),BDI!$E$17,IF(AND(#REF!=\"Diferenciado\",$H$4=#REF!),BDI!#REF!,IF(#REF!=\"ZERO\",0))))),\"\")","v":{"$error":"#REF!"}},{"$error":"#REF!"},{"$error":"#REF!"}]
["SF-00954","Camada de proteção mecânica simples de impermeabilização","m2",0,{"$f":"OFFSET(INDEX(Composições!A:J,MATCH(Orçamentária!A959,Composições!A:A,0),8),2,0)","v":54.661844912812505},0,{"$f":"IF(A959<>\"\",IF(AND(#REF!=\"Padrão\",$H$4=#REF!),BDI!$B$17,IF(AND(#REF!=\"Padrão\",$H$4=#REF!),BDI!#REF!,IF(AND(#REF!=\"Diferenciado\",$H$4=#REF!),BDI!$E$17,IF(AND(#REF!=\"Diferenciado\",$H$4=#REF!),BDI!#REF!,IF(#REF!=\"ZERO\",0))))),\"\")","v":{"$error":"#REF!"}},{"$error":"#REF!"},{"$error":"#REF!"}]
["SF-00955","Camada de proteção mecânica estruturada de impermeabilização","m2",0,{"$f":"OFFSET(INDEX(Composições!A:J,MATCH(Orçamentária!A960,Composições!A:A,0),8),2,0)","v":68.558093412812511},0,{"$f":"IF(A960<>\"\",IF(AND(#REF!=\"Padrão\",$H$4=#REF!),BDI!$B$17,IF(AND(#REF!=\"Padrão\",$H$4=#REF!),BDI!#REF!,IF(AND(#REF!=\"Diferenciado\",$H$4=#REF!),BDI!$E$17,IF(AND(#REF!=\"Diferenciado\",$H$4=#REF!),BDI!#REF!,IF(#REF!=\"ZERO\",0))))),\"\")","v":{"$error":"#REF!"}},{"$error":"#REF!"},{"$error":"#REF!"}]
["SF-00956","Remoção de placas  de mármore encaixadas por fixadores metálicos (modelo Ed. Principal)","m2",0,{"$f":"OFFSET(INDEX(Composições!A:J,MATCH(Orçamentária!A961,Composições!A:A,0),8),2,0)","v":18.905000000000001},0,{"$f":"IF(A961<>\"\",IF(AND(#REF!=\"Padrão\",$H$4=#REF!),BDI!$B$17,IF(AND(#REF!=\"Padrão\",$H$4=#REF!),BDI!#REF!,IF(AND(#REF!=\"Diferenciado\",$H$4=#REF!),BDI!$E$17,IF(AND(#REF!=\"Diferenciado\",$H$4=#REF!),BDI!#REF!,IF(#REF!=\"ZERO\",0))))),\"\")","v":{"$error":"#REF!"}},{"$error":"#REF!"},{"$error":"#REF!"}]
["SF-00957","Remoção de placas de rocha ornamental argamassada, para reaproveitamento","m2",0,{"$f":"OFFSET(INDEX(Composições!A:J,MATCH(Orçamentária!A962,Composições!A:A,0),8),2,0)","v":56.714999999999989},0,{"$f":"IF(A962<>\"\",IF(AND(#REF!=\"Padrão\",$H$4=#REF!),BDI!$B$17,IF(AND(#REF!=\"Padrão\",$H$4=#REF!),BDI!#REF!,IF(AND(#REF!=\"Diferenciado\",$H$4=#REF!),BDI!$E$17,IF(AND(#REF!=\"Diferenciado\",$H$4=#REF!),BDI!#REF!,IF(#REF!=\"ZERO\",0))))),\"\")","v":{"$error":"#REF!"}},{"$error":"#REF!"},{"$error":"#REF!"}]
["SF-00958","Identificação e acondicionamento de placas de rocha ornamental","m2",0,{"$f":"OFFSET(INDEX(Composições!A:J,MATCH(Orçamentária!A963,Composições!A:A,0),8),2,0)","v":9.2121499999999994},0,{"$f":"IF(A963<>\"\",IF(AND(#REF!=\"Padrão\",$H$4=#REF!),BDI!$B$17,IF(AND(#REF!=\"Padrão\",$H$4=#REF!),BDI!#REF!,IF(AND(#REF!=\"Diferenciado\",$H$4=#REF!),BDI!$E$17,IF(AND(#REF!=\"Diferenciado\",$H$4=#REF!),BDI!#REF!,IF(#REF!=\"ZERO\",0))))),\"\")","v":{"$error":"#REF!"}},{"$error":"#REF!"},{"$error":"#REF!"}]
["SF-00959","Limpeza de placas de rocha ornamental argamassada, para reaproveitamento","m2",0,{"$f":"OFFSET(INDEX(Composições!A:J,MATCH(Orçamentária!A964,Composições!A:A,0),8),2,0)","v":6.0676499999999987},0,{"$f":"IF(A964<>\"\",IF(AND(#REF!=\"Padrão\",$H$4=#REF!),BDI!$B$17,IF(AND(#REF!=\"Padrão\",$H$4=#REF!),BDI!#REF!,IF(AND(#REF!=\"Diferenciado\",$H$4=#REF!),BDI!$E$17,IF(AND(#REF!=\"Diferenciado\",$H$4=#REF!),BDI!#REF!,IF(#REF!=\"ZERO\",0))))),\"\")","v":{"$error":"#REF!"}},{"$error":"#REF!"},{"$error":"#REF!"}]
["SF-00960","Remoção e acondicionamento de fixadores metálicos para placas de mármore em fachada (modelo Ed. Principal)","un",0,{"$f":"OFFSET(INDEX(Composições!A:J,MATCH(Orçamentária!A965,Composições!A:A,0),8),2,0)","v":2.0225499999999998},0,{"$f":"IF(A965<>\"\",IF(AND(#REF!=\"Padrão\",$H$4=#REF!),BDI!$B$17,IF(AND(#REF!=\"Padrão\",$H$4=#REF!),BDI!#REF!,IF(AND(#REF!=\"Diferenciado\",$H$4=#REF!),BDI!$E$17,IF(AND(#REF!=\"Diferenciado\",$H$4=#REF!),BDI!#REF!,IF(#REF!=\"ZERO\",0))))),\"\")","v":{"$error":"#REF!"}},{"$error":"#REF!"},{"$error":"#REF!"}]
["SF-00961","Instalação de fixadores metálicos para placas de mármore em fachada reaproveitados (modelo Ed. Principal)","un",0,{"$f":"OFFSET(INDEX(Composições!A:J,MATCH(Orçamentária!A966,Composições!A:A,0),8),2,0)","v":9.954539041973927},0,{"$f":"IF(A966<>\"\",IF(AND(#REF!=\"Padrão\",$H$4=#REF!),BDI!$B$17,IF(AND(#REF!=\"Padrão\",$H$4=#REF!),BDI!#REF!,IF(AND(#REF!=\"Diferenciado\",$H$4=#REF!),BDI!$E$17,IF(AND(#REF!=\"Diferenciado\",$H$4=#REF!),BDI!#REF!,IF(#REF!=\"ZERO\",0))))),\"\")","v":{"$error":"#REF!"}},{"$error":"#REF!"},{"$error":"#REF!"}]
["SF-00962","Fixadores metálicos para rochas ornamentais (tipo Ed. Principal, peça superior)","un",0,{"$f":"OFFSET(INDEX(Composições!A:J,MATCH(Orçamentária!A967,Composições!A:A,0),8),2,0)","v":9.954539041973927},{"$f":"IF(ISNUMBER(E967),D967*E967,\"\")","v":0},{"$f":"IF(A967<>\"\",IF(AND(#REF!=\"Padrão\",$H$4=#REF!),BDI!$B$17,IF(AND(#REF!=\"Padrão\",$H$4=#REF!),BDI!#REF!,IF(AND(#REF!=\"Diferenciado\",$H$4=#REF!),BDI!$E$17,IF(AND(#REF!=\"Diferenciado\",$H$4=#REF!),BDI!#REF!,IF(#REF!=\"ZERO\",0))))),\"\")","v":{"$error":"#REF!"}},{"$f":"IF(ISNUMBER(E967),ROUND(E967*(1+G967),2),\"\")","v":{"$error":"#REF!"}},{"$f":"IF(ISNUMBER(E967),ROUND(H967*D967,2),\"\")","v":{"$error":"#REF!"}}]
["SF-00963","Fixadores metálicos para rochas ornamentais, sob medida","un",0,{"$f":"OFFSET(INDEX(Composições!A:J,MATCH(Orçamentária!A968,Composições!A:A,0),8),2,0)","v":9.954539041973927},0,{"$f":"IF(A968<>\"\",IF(AND(#REF!=\"Padrão\",$H$4=#REF!),BDI!$B$17,IF(AND(#REF!=\"Padrão\",$H$4=#REF!),BDI!#REF!,IF(AND(#REF!=\"Diferenciado\",$H$4=#REF!),BDI!$E$17,IF(AND(#REF!=\"Diferenciado\",$H$4=#REF!),BDI!#REF!,IF(#REF!=\"ZERO\",0))))),\"\")","v":{"$error":"#REF!"}},{"$error":"#REF!"},{"$error":"#REF!"}]
["SF-00964","Mármore Branco Especial 20 mm argamassado (Ed. Principal e Anexo 1)","m2",0,{"$f":"OFFSET(INDEX(Composições!A:J,MATCH(Orçamentária!A969,Composições!A:A,0),8),2,0)","v":57.504449999999999},0,{"$f":"IF(A969<>\"\",IF(AND(#REF!=\"Padrão\",$H$4=#REF!),BDI!$B$17,IF(AND(#REF!=\"Padrão\",$H$4=#REF!),BDI!#REF!,IF(AND(#REF!=\"Diferenciado\",$H$4=#REF!),BDI!$E$17,IF(AND(#REF!=\"Diferenciado\",$H$4=#REF!),BDI!#REF!,IF(#REF!=\"ZERO\",0))))),\"\")","v":{"$error":"#REF!"}},{"$error":"#REF!"},{"$error":"#REF!"}]
["SF-00965","Mármore Branco Especial 20 mm com inserts e argamassa (Ed. Principal e Anexo 1)","m2",0,{"$f":"OFFSET(INDEX(Composições!A:J,MATCH(Orçamentária!A970,Composições!A:A,0),8),2,0)","v":80.249934760493488},0,{"$f":"IF(A970<>\"\",IF(AND(#REF!=\"Padrão\",$H$4=#REF!),BDI!$B$17,IF(AND(#REF!=\"Padrão\",$H$4=#REF!),BDI!#REF!,IF(AND(#REF!=\"Diferenciado\",$H$4=#REF!),BDI!$E$17,IF(AND(#REF!=\"Diferenciado\",$H$4=#REF!),BDI!#REF!,IF(#REF!=\"ZERO\",0))))),\"\")","v":{"$error":"#REF!"}},{"$error":"#REF!"},{"$error":"#REF!"}]
["SF-00966","Mármore Branco Especial 30 mm argamassado (Ed. Principal e Anexo 1)","m2",0,{"$f":"OFFSET(INDEX(Composições!A:J,MATCH(Orçamentária!A971,Composições!A:A,0),8),2,0)","v":57.504449999999999},0,{"$f":"IF(A971<>\"\",IF(AND(#REF!=\"Padrão\",$H$4=#REF!),BDI!$B$17,IF(AND(#REF!=\"Padrão\",$H$4=#REF!),BDI!#REF!,IF(AND(#REF!=\"Diferenciado\",$H$4=#REF!),BDI!$E$17,IF(AND(#REF!=\"Diferenciado\",$H$4=#REF!),BDI!#REF!,IF(#REF!=\"ZERO\",0))))),\"\")","v":{"$error":"#REF!"}},{"$error":"#REF!"},{"$error":"#REF!"}]
["SF-00967","Mármore Branco Especial 30 mm com inserts e argamassa (Ed. Principal e Anexo 1)","m2",0,{"$f":"OFFSET(INDEX(Composições!A:J,MATCH(Orçamentária!A972,Composições!A:A,0),8),2,0)","v":80.249934760493488},0,{"$f":"IF(A972<>\"\",IF(AND(#REF!=\"Padrão\",$H$4=#REF!),BDI!$B$17,IF(AND(#REF!=\"Padrão\",$H$4=#REF!),BDI!#REF!,IF(AND(#REF!=\"Diferenciado\",$H$4=#REF!),BDI!$E$17,IF(AND(#REF!=\"Diferenciado\",$H$4=#REF!),BDI!#REF!,IF(#REF!=\"ZERO\",0))))),\"\")","v":{"$error":"#REF!"}},{"$error":"#REF!"},{"$error":"#REF!"}]
["SF-00968","Mármore branco especial, e=30 mm, instalação em fixadores metálicos existentes (modelo Edifício Principal)","m2",0,{"$f":"OFFSET(INDEX(Composições!A:J,MATCH(Orçamentária!A973,Composições!A:A,0),8),2,0)","v":9.0786750000000005},0,{"$f":"IF(A973<>\"\",IF(AND(#REF!=\"Padrão\",$H$4=#REF!),BDI!$B$17,IF(AND(#REF!=\"Padrão\",$H$4=#REF!),BDI!#REF!,IF(AND(#REF!=\"Diferenciado\",$H$4=#REF!),BDI!$E$17,IF(AND(#REF!=\"Diferenciado\",$H$4=#REF!),BDI!#REF!,IF(#REF!=\"ZERO\",0))))),\"\")","v":{"$error":"#REF!"}},{"$error":"#REF!"},{"$error":"#REF!"}]
["SF-00969","Instalação de placas de mármore 30 mm reaproveitadas em fixadores metálicos existentes (modelo Edifício Principal)","m2",0,{"$f":"OFFSET(INDEX(Composições!A:J,MATCH(Orçamentária!A974,Composições!A:A,0),8),2,0)","v":9.0786750000000005},0,{"$f":"IF(A974<>\"\",IF(AND(#REF!=\"Padrão\",$H$4=#REF!),BDI!$B$17,IF(AND(#REF!=\"Padrão\",$H$4=#REF!),BDI!#REF!,IF(AND(#REF!=\"Diferenciado\",$H$4=#REF!),BDI!$E$17,IF(AND(#REF!=\"Diferenciado\",$H$4=#REF!),BDI!#REF!,IF(#REF!=\"ZERO\",0))))),\"\")","v":{"$error":"#REF!"}},{"$error":"#REF!"},{"$error":"#REF!"}]
["SF-00970","Instalação de placas de rocha ornamental reaproveitadas, por meio de argamassa","m2",0,{"$f":"OFFSET(INDEX(Composições!A:J,MATCH(Orçamentária!A975,Composições!A:A,0),8),2,0)","v":57.504449999999999},0,{"$f":"IF(A975<>\"\",IF(AND(#REF!=\"Padrão\",$H$4=#REF!),BDI!$B$17,IF(AND(#REF!=\"Padrão\",$H$4=#REF!),BDI!#REF!,IF(AND(#REF!=\"Diferenciado\",$H$4=#REF!),BDI!$E$17,IF(AND(#REF!=\"Diferenciado\",$H$4=#REF!),BDI!#REF!,IF(#REF!=\"ZERO\",0))))),\"\")","v":{"$error":"#REF!"}},{"$error":"#REF!"},{"$error":"#REF!"}]
["SF-00971","Instalação de placas de rocha ornamental reaproveitadas, por meio de argamassa e fixadores metálicos","m2",0,{"$f":"OFFSET(INDEX(Composições!A:J,MATCH(Orçamentária!A976,Composições!A:A,0),8),2,0)","v":80.249934760493488},0,{"$f":"IF(A976<>\"\",IF(AND(#REF!=\"Padrão\",$H$4=#REF!),BDI!$B$17,IF(AND(#REF!=\"Padrão\",$H$4=#REF!),BDI!#REF!,IF(AND(#REF!=\"Diferenciado\",$H$4=#REF!),BDI!$E$17,IF(AND(#REF!=\"Diferenciado\",$H$4=#REF!),BDI!#REF!,IF(#REF!=\"ZERO\",0))))),\"\")","v":{"$error":"#REF!"}},{"$error":"#REF!"},{"$error":"#REF!"}]
["SF-00972","Aplicação de hidrofugante à base de silano e silicone","m2",0,{"$f":"OFFSET(INDEX(Composições!A:J,MATCH(Orçamentária!A977,Composições!A:A,0),8),2,0)","v":13.60685},0,{"$f":"IF(A977<>\"\",IF(AND(#REF!=\"Padrão\",$H$4=#REF!),BDI!$B$17,IF(AND(#REF!=\"Padrão\",$H$4=#REF!),BDI!#REF!,IF(AND(#REF!=\"Diferenciado\",$H$4=#REF!),BDI!$E$17,IF(AND(#REF!=\"Diferenciado\",$H$4=#REF!),BDI!#REF!,IF(#REF!=\"ZERO\",0))))),\"\")","v":{"$error":"#REF!"}},{"$error":"#REF!"},{"$error":"#REF!"}]
["SF-00973","Cantoneira em alumínio abas iguais 1\" x 1/8\" – Pingadeira “L”","m",0,{"$f":"OFFSET(INDEX(Composições!A:J,MATCH(Orçamentária!A978,Composições!A:A,0),8),2,0)","v":24.312399999999997},0,{"$f":"IF(A978<>\"\",IF(AND(#REF!=\"Padrão\",$H$4=#REF!),BDI!$B$17,IF(AND(#REF!=\"Padrão\",$H$4=#REF!),BDI!#REF!,IF(AND(#REF!=\"Diferenciado\",$H$4=#REF!),BDI!$E$17,IF(AND(#REF!=\"Diferenciado\",$H$4=#REF!),BDI!#REF!,IF(#REF!=\"ZERO\",0))))),\"\")","v":{"$error":"#REF!"}},{"$error":"#REF!"},{"$error":"#REF!"}]
["SF-00974","Granito Amarelo Maracujá para rodapé","m2",0,{"$f":"OFFSET(INDEX(Composições!A:J,MATCH(Orçamentária!A979,Composições!A:A,0),8),2,0)","v":130.24895199999997},0,{"$f":"IF(A979<>\"\",IF(AND(#REF!=\"Padrão\",$H$4=#REF!),BDI!$B$17,IF(AND(#REF!=\"Padrão\",$H$4=#REF!),BDI!#REF!,IF(AND(#REF!=\"Diferenciado\",$H$4=#REF!),BDI!$E$17,IF(AND(#REF!=\"Diferenciado\",$H$4=#REF!),BDI!#REF!,IF(#REF!=\"ZERO\",0))))),\"\")","v":{"$error":"#REF!"}},{"$error":"#REF!"},{"$error":"#REF!"}]
["SF-00975","Acabamento das extremidades aparentes dos parafusos de fixação (lixamento e revestimento)","un",0,{"$f":"OFFSET(INDEX(Composições!A:J,MATCH(Orçamentária!A980,Composições!A:A,0),8),2,0)","v":1.1784749999999999},0,{"$f":"IF(A980<>\"\",IF(AND(#REF!=\"Padrão\",$H$4=#REF!),BDI!$B$17,IF(AND(#REF!=\"Padrão\",$H$4=#REF!),BDI!#REF!,IF(AND(#REF!=\"Diferenciado\",$H$4=#REF!),BDI!$E$17,IF(AND(#REF!=\"Diferenciado\",$H$4=#REF!),BDI!#REF!,IF(#REF!=\"ZERO\",0))))),\"\")","v":{"$error":"#REF!"}},{"$error":"#REF!"},{"$error":"#REF!"}]
["SF-00976","Rejuntamento de placas de rocha ornamental em fachada","m2",0,{"$f":"OFFSET(INDEX(Composições!A:J,MATCH(Orçamentária!A981,Composições!A:A,0),8),2,0)","v":6.8253509999999995},0,{"$f":"IF(A981<>\"\",IF(AND(#REF!=\"Padrão\",$H$4=#REF!),BDI!$B$17,IF(AND(#REF!=\"Padrão\",$H$4=#REF!),BDI!#REF!,IF(AND(#REF!=\"Diferenciado\",$H$4=#REF!),BDI!$E$17,IF(AND(#REF!=\"Diferenciado\",$H$4=#REF!),BDI!#REF!,IF(#REF!=\"ZERO\",0))))),\"\")","v":{"$error":"#REF!"}},{"$error":"#REF!"},{"$error":"#REF!"}]
["SF-00977","Junta de movimentação em fachada","m",0,{"$f":"OFFSET(INDEX(Composições!A:J,MATCH(Orçamentária!A982,Composições!A:A,0),8),2,0)","v":30.362080749999997},0,{"$f":"IF(A982<>\"\",IF(AND(#REF!=\"Padrão\",$H$4=#REF!),BDI!$B$17,IF(AND(#REF!=\"Padrão\",$H$4=#REF!),BDI!#REF!,IF(AND(#REF!=\"Diferenciado\",$H$4=#REF!),BDI!$E$17,IF(AND(#REF!=\"Diferenciado\",$H$4=#REF!),BDI!#REF!,IF(#REF!=\"ZERO\",0))))),\"\")","v":{"$error":"#REF!"}},{"$error":"#REF!"},{"$error":"#REF!"}]
["SF-00978","Adesivo Selante Poliuretano – fornecimento e aplicação","m",0,{"$f":"OFFSET(INDEX(Composições!A:J,MATCH(Orçamentária!A983,Composições!A:A,0),8),2,0)","v":19.846193499999998},0,{"$f":"IF(A983<>\"\",IF(AND(#REF!=\"Padrão\",$H$4=#REF!),BDI!$B$17,IF(AND(#REF!=\"Padrão\",$H$4=#REF!),BDI!#REF!,IF(AND(#REF!=\"Diferenciado\",$H$4=#REF!),BDI!$E$17,IF(AND(#REF!=\"Diferenciado\",$H$4=#REF!),BDI!#REF!,IF(#REF!=\"ZERO\",0))))),\"\")","v":{"$error":"#REF!"}},{"$error":"#REF!"},{"$error":"#REF!"}]
["SF-00979","Esquadria para fachada do Bloco 14","un",0,"","",{"$f":"IF(A984<>\"\",IF(AND(#REF!=\"Padrão\",$H$4=#REF!),BDI!$B$17,IF(AND(#REF!=\"Padrão\",$H$4=#REF!),BDI!#REF!,IF(AND(#REF!=\"Diferenciado\",$H$4=#REF!),BDI!$E$17,IF(AND(#REF!=\"Diferenciado\",$H$4=#REF!),BDI!#REF!,IF(#REF!=\"ZERO\",0))))),\"\")","v":{"$error":"#REF!"}},"",""]
["SF-00980","Chuveiro elétrico","un",0,{"$f":"OFFSET(INDEX(Composições!A:J,MATCH(Orçamentária!A985,Composições!A:A,0),8),2,0)","v":81.147098099999994},0,{"$f":"IF(A985<>\"\",IF(AND(#REF!=\"Padrão\",$H$4=#REF!),BDI!$B$17,IF(AND(#REF!=\"Padrão\",$H$4=#REF!),BDI!#REF!,IF(AND(#REF!=\"Diferenciado\",$H$4=#REF!),BDI!$E$17,IF(AND(#REF!=\"Diferenciado\",$H$4=#REF!),BDI!#REF!,IF(#REF!=\"ZERO\",0))))),\"\")","v":{"$error":"#REF!"}},{"$error":"#REF!"},{"$error":"#REF!"}]
["SF-00981","Lastro em concreto magro","m3 ",0,{"$f":"OFFSET(INDEX(Composições!A:J,MATCH(Orçamentária!A986,Composições!A:A,0),8),2,0)","v":806.79674609603273},0,{"$f":"IF(A986<>\"\",IF(AND(#REF!=\"Padrão\",$H$4=#REF!),BDI!$B$17,IF(AND(#REF!=\"Padrão\",$H$4=#REF!),BDI!#REF!,IF(AND(#REF!=\"Diferenciado\",$H$4=#REF!),BDI!$E$17,IF(AND(#REF!=\"Diferenciado\",$H$4=#REF!),BDI!#REF!,IF(#REF!=\"ZERO\",0))))),\"\")","v":{"$error":"#REF!"}},{"$error":"#REF!"},{"$error":"#REF!"}]
["SF-00982","Pavimentação em concreto armado simples","m2",0,{"$f":"OFFSET(INDEX(Composições!A:J,MATCH(Orçamentária!A987,Composições!A:A,0),8),2,0)","v":119.47144235},0,{"$f":"IF(A987<>\"\",IF(AND(#REF!=\"Padrão\",$H$4=#REF!),BDI!$B$17,IF(AND(#REF!=\"Padrão\",$H$4=#REF!),BDI!#REF!,IF(AND(#REF!=\"Diferenciado\",$H$4=#REF!),BDI!$E$17,IF(AND(#REF!=\"Diferenciado\",$H$4=#REF!),BDI!#REF!,IF(#REF!=\"ZERO\",0))))),\"\")","v":{"$error":"#REF!"}},{"$error":"#REF!"},{"$error":"#REF!"}]
["SF-00983","Remoção de reservatório d’água","un",0,{"$f":"OFFSET(INDEX(Composições!A:J,MATCH(Orçamentária!A988,Composições!A:A,0),8),2,0)","v":186.73199999999997},0,{"$f":"IF(A988<>\"\",IF(AND(#REF!=\"Padrão\",$H$4=#REF!),BDI!$B$17,IF(AND(#REF!=\"Padrão\",$H$4=#REF!),BDI!#REF!,IF(AND(#REF!=\"Diferenciado\",$H$4=#REF!),BDI!$E$17,IF(AND(#REF!=\"Diferenciado\",$H$4=#REF!),BDI!#REF!,IF(#REF!=\"ZERO\",0))))),\"\")","v":{"$error":"#REF!"}},{"$error":"#REF!"},{"$error":"#REF!"}]
["SF-00984","Transporte e destinação final de entulho para distâncias até 30 km","m3 x km",0,{"$f":"OFFSET(INDEX(Composições!A:J,MATCH(Orçamentária!A989,Composições!A:A,0),8),2,0)","v":2.6655270999999994},0,{"$f":"IF(A989<>\"\",IF(AND(#REF!=\"Padrão\",$H$4=#REF!),BDI!$B$17,IF(AND(#REF!=\"Padrão\",$H$4=#REF!),BDI!#REF!,IF(AND(#REF!=\"Diferenciado\",$H$4=#REF!),BDI!$E$17,IF(AND(#REF!=\"Diferenciado\",$H$4=#REF!),BDI!#REF!,IF(#REF!=\"ZERO\",0))))),\"\")","v":{"$error":"#REF!"}},{"$error":"#REF!"},{"$error":"#REF!"}]
["SF-00985","Locação de Caminhão Munck","dia",0,"","",{"$f":"IF(A990<>\"\",IF(AND(#REF!=\"Padrão\",$H$4=#REF!),BDI!$B$17,IF(AND(#REF!=\"Padrão\",$H$4=#REF!),BDI!#REF!,IF(AND(#REF!=\"Diferenciado\",$H$4=#REF!),BDI!$E$17,IF(AND(#REF!=\"Diferenciado\",$H$4=#REF!),BDI!#REF!,IF(#REF!=\"ZERO\",0))))),\"\")","v":{"$error":"#REF!"}},"",""]
["SF-00986","Demolição de estrutura metálica","kg ",0,{"$f":"OFFSET(INDEX(Composições!A:J,MATCH(Orçamentária!A991,Composições!A:A,0),8),2,0)","v":5.725630999999999},0,{"$f":"IF(A991<>\"\",IF(AND(#REF!=\"Padrão\",$H$4=#REF!),BDI!$B$17,IF(AND(#REF!=\"Padrão\",$H$4=#REF!),BDI!#REF!,IF(AND(#REF!=\"Diferenciado\",$H$4=#REF!),BDI!$E$17,IF(AND(#REF!=\"Diferenciado\",$H$4=#REF!),BDI!#REF!,IF(#REF!=\"ZERO\",0))))),\"\")","v":{"$error":"#REF!"}},{"$error":"#REF!"},{"$error":"#REF!"}]
["SF-00987","Escavação manual com profundidade maior do que 1,30 m","m3 ",0,{"$f":"OFFSET(INDEX(Composições!A:J,MATCH(Orçamentária!A992,Composições!A:A,0),8),2,0)","v":86.969649999999987},0,{"$f":"IF(A992<>\"\",IF(AND(#REF!=\"Padrão\",$H$4=#REF!),BDI!$B$17,IF(AND(#REF!=\"Padrão\",$H$4=#REF!),BDI!#REF!,IF(AND(#REF!=\"Diferenciado\",$H$4=#REF!),BDI!$E$17,IF(AND(#REF!=\"Diferenciado\",$H$4=#REF!),BDI!#REF!,IF(#REF!=\"ZERO\",0))))),\"\")","v":{"$error":"#REF!"}},{"$error":"#REF!"},{"$error":"#REF!"}]
["SF-00988","Escavação mecânica com profundidade maior do que 1,30 m","m3 ",0,{"$f":"OFFSET(INDEX(Composições!A:J,MATCH(Orçamentária!A993,Composições!A:A,0),8),2,0)","v":6.2079849500000002},0,{"$f":"IF(A993<>\"\",IF(AND(#REF!=\"Padrão\",$H$4=#REF!),BDI!$B$17,IF(AND(#REF!=\"Padrão\",$H$4=#REF!),BDI!#REF!,IF(AND(#REF!=\"Diferenciado\",$H$4=#REF!),BDI!$E$17,IF(AND(#REF!=\"Diferenciado\",$H$4=#REF!),BDI!#REF!,IF(#REF!=\"ZERO\",0))))),\"\")","v":{"$error":"#REF!"}},{"$error":"#REF!"},{"$error":"#REF!"}]
["SF-00989","Grama Batatais em placas de 40 x 40 cm","m2",0,{"$f":"OFFSET(INDEX(Composições!A:J,MATCH(Orçamentária!A994,Composições!A:A,0),8),2,0)","v":57.732651570657993},0,{"$f":"IF(A994<>\"\",IF(AND(#REF!=\"Padrão\",$H$4=#REF!),BDI!$B$17,IF(AND(#REF!=\"Padrão\",$H$4=#REF!),BDI!#REF!,IF(AND(#REF!=\"Diferenciado\",$H$4=#REF!),BDI!$E$17,IF(AND(#REF!=\"Diferenciado\",$H$4=#REF!),BDI!#REF!,IF(#REF!=\"ZERO\",0))))),\"\")","v":{"$error":"#REF!"}},{"$error":"#REF!"},{"$error":"#REF!"}]
["SF-00990","Pintura de meios-fios com tinta acrílica","m",0,{"$f":"OFFSET(INDEX(Composições!A:J,MATCH(Orçamentária!A995,Composições!A:A,0),8),2,0)","v":5.6327366750000003},0,{"$f":"IF(A995<>\"\",IF(AND(#REF!=\"Padrão\",$H$4=#REF!),BDI!$B$17,IF(AND(#REF!=\"Padrão\",$H$4=#REF!),BDI!#REF!,IF(AND(#REF!=\"Diferenciado\",$H$4=#REF!),BDI!$E$17,IF(AND(#REF!=\"Diferenciado\",$H$4=#REF!),BDI!#REF!,IF(#REF!=\"ZERO\",0))))),\"\")","v":{"$error":"#REF!"}},{"$error":"#REF!"},{"$error":"#REF!"}]
["SF-00991","Meios-fios em concreto pré-moldado","m",0,{"$f":"OFFSET(INDEX(Composições!A:J,MATCH(Orçamentária!A996,Composições!A:A,0),8),2,0)","v":53.290002222310996},0,{"$f":"IF(A996<>\"\",IF(AND(#REF!=\"Padrão\",$H$4=#REF!),BDI!$B$17,IF(AND(#REF!=\"Padrão\",$H$4=#REF!),BDI!#REF!,IF(AND(#REF!=\"Diferenciado\",$H$4=#REF!),BDI!$E$17,IF(AND(#REF!=\"Diferenciado\",$H$4=#REF!),BDI!#REF!,IF(#REF!=\"ZERO\",0))))),\"\")","v":{"$error":"#REF!"}},{"$error":"#REF!"},{"$error":"#REF!"}]
["SF-00992","Tubo PEAD corrugado para drenagem – Diâmetro 100 mm","m",0,{"$f":"OFFSET(INDEX(Composições!A:J,MATCH(Orçamentária!A997,Composições!A:A,0),8),2,0)","v":144.75531036449999},0,{"$f":"IF(A997<>\"\",IF(AND(#REF!=\"Padrão\",$H$4=#REF!),BDI!$B$17,IF(AND(#REF!=\"Padrão\",$H$4=#REF!),BDI!#REF!,IF(AND(#REF!=\"Diferenciado\",$H$4=#REF!),BDI!$E$17,IF(AND(#REF!=\"Diferenciado\",$H$4=#REF!),BDI!#REF!,IF(#REF!=\"ZERO\",0))))),\"\")","v":{"$error":"#REF!"}},{"$error":"#REF!"},{"$error":"#REF!"}]
["SF-00993","Carpete aveludado azul royal","m2",0,"","",{"$f":"IF(A998<>\"\",IF(AND(#REF!=\"Padrão\",$H$4=#REF!),BDI!$B$17,IF(AND(#REF!=\"Padrão\",$H$4=#REF!),BDI!#REF!,IF(AND(#REF!=\"Diferenciado\",$H$4=#REF!),BDI!$E$17,IF(AND(#REF!=\"Diferenciado\",$H$4=#REF!),BDI!#REF!,IF(#REF!=\"ZERO\",0))))),\"\")","v":{"$error":"#REF!"}},"",""]
["SF-00994","Fixadores metálicos para rochas ornamentais (Modelo Edifício Principal, peça inferior)","un",0,{"$f":"OFFSET(INDEX(Composições!A:J,MATCH(Orçamentária!A999,Composições!A:A,0),8),2,0)","v":9.954539041973927},0,{"$f":"IF(A999<>\"\",IF(AND(#REF!=\"Padrão\",$H$4=#REF!),BDI!$B$17,IF(AND(#REF!=\"Padrão\",$H$4=#REF!),BDI!#REF!,IF(AND(#REF!=\"Diferenciado\",$H$4=#REF!),BDI!$E$17,IF(AND(#REF!=\"Diferenciado\",$H$4=#REF!),BDI!#REF!,IF(#REF!=\"ZERO\",0))))),\"\")","v":{"$error":"#REF!"}},{"$error":"#REF!"},{"$error":"#REF!"}]
["SF-00995","Montagem e desmontagem de andaime suspenso tipo leve (balancim)","un",0,"","",{"$f":"IF(A1000<>\"\",IF(AND(#REF!=\"Padrão\",$H$4=#REF!),BDI!$B$17,IF(AND(#REF!=\"Padrão\",$H$4=#REF!),BDI!#REF!,IF(AND(#REF!=\"Diferenciado\",$H$4=#REF!),BDI!$E$17,IF(AND(#REF!=\"Diferenciado\",$H$4=#REF!),BDI!#REF!,IF(#REF!=\"ZERO\",0))))),\"\")","v":{"$error":"#REF!"}},"",""]
["SF-00996","Deslocamento de andaime suspenso tipo leve (balancim)","un",0,"","",{"$f":"IF(A1001<>\"\",IF(AND(#REF!=\"Padrão\",$H$4=#REF!),BDI!$B$17,IF(AND(#REF!=\"Padrão\",$H$4=#REF!),BDI!#REF!,IF(AND(#REF!=\"Diferenciado\",$H$4=#REF!),BDI!$E$17,IF(AND(#REF!=\"Diferenciado\",$H$4=#REF!),BDI!#REF!,IF(#REF!=\"ZERO\",0))))),\"\")","v":{"$error":"#REF!"}},"",""]
["SF-00997","Plataforma elevatória vertical para acessibilidade - Bloco 15 (Espaço do Servidor)","un",0,"","",{"$f":"IF(A1002<>\"\",IF(AND(#REF!=\"Padrão\",$H$4=#REF!),BDI!$B$17,IF(AND(#REF!=\"Padrão\",$H$4=#REF!),BDI!#REF!,IF(AND(#REF!=\"Diferenciado\",$H$4=#REF!),BDI!$E$17,IF(AND(#REF!=\"Diferenciado\",$H$4=#REF!),BDI!#REF!,IF(#REF!=\"ZERO\",0))))),\"\")","v":{"$error":"#REF!"}},"",""]
["SF-00998","Linha de vida horizontal em trilho","pavimento ",0,"","",{"$f":"IF(A1003<>\"\",IF(AND(#REF!=\"Padrão\",$H$4=#REF!),BDI!$B$17,IF(AND(#REF!=\"Padrão\",$H$4=#REF!),BDI!#REF!,IF(AND(#REF!=\"Diferenciado\",$H$4=#REF!),BDI!$E$17,IF(AND(#REF!=\"Diferenciado\",$H$4=#REF!),BDI!#REF!,IF(#REF!=\"ZERO\",0))))),\"\")","v":{"$error":"#REF!"}},"",""]
["SF-00999","Trava quedas retrátil","un",0,"","",{"$f":"IF(A1004<>\"\",IF(AND(#REF!=\"Padrão\",$H$4=#REF!),BDI!$B$17,IF(AND(#REF!=\"Padrão\",$H$4=#REF!),BDI!#REF!,IF(AND(#REF!=\"Diferenciado\",$H$4=#REF!),BDI!$E$17,IF(AND(#REF!=\"Diferenciado\",$H$4=#REF!),BDI!#REF!,IF(#REF!=\"ZERO\",0))))),\"\")","v":{"$error":"#REF!"}},"",""]
["SF-01000","Corda de poliéster 8mm","m",0,"","",{"$f":"IF(A1005<>\"\",IF(AND(#REF!=\"Padrão\",$H$4=#REF!),BDI!$B$17,IF(AND(#REF!=\"Padrão\",$H$4=#REF!),BDI!#REF!,IF(AND(#REF!=\"Diferenciado\",$H$4=#REF!),BDI!$E$17,IF(AND(#REF!=\"Diferenciado\",$H$4=#REF!),BDI!#REF!,IF(#REF!=\"ZERO\",0))))),\"\")","v":{"$error":"#REF!"}},"",""]
["SF-01001","Locação de Container - Escritório","mês ",0,{"$f":"OFFSET(INDEX(Composições!A:J,MATCH(Orçamentária!A1006,Composições!A:A,0),8),2,0)","v":1140},0,{"$f":"IF(A1006<>\"\",IF(AND(#REF!=\"Padrão\",$H$4=#REF!),BDI!$B$17,IF(AND(#REF!=\"Padrão\",$H$4=#REF!),BDI!#REF!,IF(AND(#REF!=\"Diferenciado\",$H$4=#REF!),BDI!$E$17,IF(AND(#REF!=\"Diferenciado\",$H$4=#REF!),BDI!#REF!,IF(#REF!=\"ZERO\",0))))),\"\")","v":{"$error":"#REF!"}},{"$error":"#REF!"},{"$error":"#REF!"}]
["SF-01002","Dobradiça Piano","m",0,"","",{"$f":"IF(A1007<>\"\",IF(AND(#REF!=\"Padrão\",$H$4=#REF!),BDI!$B$17,IF(AND(#REF!=\"Padrão\",$H$4=#REF!),BDI!#REF!,IF(AND(#REF!=\"Diferenciado\",$H$4=#REF!),BDI!$E$17,IF(AND(#REF!=\"Diferenciado\",$H$4=#REF!),BDI!#REF!,IF(#REF!=\"ZERO\",0))))),\"\")","v":{"$error":"#REF!"}},"",""]
["SF-01003","Compensado Laminado de Imbuia em uma face - 04 mm","m2",0,"","",{"$f":"IF(A1008<>\"\",IF(AND(#REF!=\"Padrão\",$H$4=#REF!),BDI!$B$17,IF(AND(#REF!=\"Padrão\",$H$4=#REF!),BDI!#REF!,IF(AND(#REF!=\"Diferenciado\",$H$4=#REF!),BDI!$E$17,IF(AND(#REF!=\"Diferenciado\",$H$4=#REF!),BDI!#REF!,IF(#REF!=\"ZERO\",0))))),\"\")","v":{"$error":"#REF!"}},"",""]
["SF-01004","Compensado Laminado de Imbuia em duas faces - 10 mm","m2",0,"","",{"$f":"IF(A1009<>\"\",IF(AND(#REF!=\"Padrão\",$H$4=#REF!),BDI!$B$17,IF(AND(#REF!=\"Padrão\",$H$4=#REF!),BDI!#REF!,IF(AND(#REF!=\"Diferenciado\",$H$4=#REF!),BDI!$E$17,IF(AND(#REF!=\"Diferenciado\",$H$4=#REF!),BDI!#REF!,IF(#REF!=\"ZERO\",0))))),\"\")","v":{"$error":"#REF!"}},"",""]
["SF-01005","Compensado Laminado de Freijó em uma face - 04 mm","m2",0,"","",{"$f":"IF(A1010<>\"\",IF(AND(#REF!=\"Padrão\",$H$4=#REF!),BDI!$B$17,IF(AND(#REF!=\"Padrão\",$H$4=#REF!),BDI!#REF!,IF(AND(#REF!=\"Diferenciado\",$H$4=#REF!),BDI!$E$17,IF(AND(#REF!=\"Diferenciado\",$H$4=#REF!),BDI!#REF!,IF(#REF!=\"ZERO\",0))))),\"\")","v":{"$error":"#REF!"}},"",""]
["SF-01006","Compensado Laminado de Freijó em duas faces - 10 mm","m2",0,"","",{"$f":"IF(A1011<>\"\",IF(AND(#REF!=\"Padrão\",$H$4=#REF!),BDI!$B$17,IF(AND(#REF!=\"Padrão\",$H$4=#REF!),BDI!#REF!,IF(AND(#REF!=\"Diferenciado\",$H$4=#REF!),BDI!$E$17,IF(AND(#REF!=\"Diferenciado\",$H$4=#REF!),BDI!#REF!,IF(#REF!=\"ZERO\",0))))),\"\")","v":{"$error":"#REF!"}},"",""]
["SF-01007","Painel de MDF Laminado – Ovo - 25mm","m2",0,"","",{"$f":"IF(A1012<>\"\",IF(AND(#REF!=\"Padrão\",$H$4=#REF!),BDI!$B$17,IF(AND(#REF!=\"Padrão\",$H$4=#REF!),BDI!#REF!,IF(AND(#REF!=\"Diferenciado\",$H$4=#REF!),BDI!$E$17,IF(AND(#REF!=\"Diferenciado\",$H$4=#REF!),BDI!#REF!,IF(#REF!=\"ZERO\",0))))),\"\")","v":{"$error":"#REF!"}},"",""]
["SF-01008","Rodízio Giratório sem Freio - 2 Polegadas","un",0,"","",{"$f":"IF(A1013<>\"\",IF(AND(#REF!=\"Padrão\",$H$4=#REF!),BDI!$B$17,IF(AND(#REF!=\"Padrão\",$H$4=#REF!),BDI!#REF!,IF(AND(#REF!=\"Diferenciado\",$H$4=#REF!),BDI!$E$17,IF(AND(#REF!=\"Diferenciado\",$H$4=#REF!),BDI!#REF!,IF(#REF!=\"ZERO\",0))))),\"\")","v":{"$error":"#REF!"}},"",""]
["SF-01009","Estrutura metálica em aço – Bloco 19 (Centro de Treinamento)","kg ",0,"","",{"$f":"IF(A1014<>\"\",IF(AND(#REF!=\"Padrão\",$H$4=#REF!),BDI!$B$17,IF(AND(#REF!=\"Padrão\",$H$4=#REF!),BDI!#REF!,IF(AND(#REF!=\"Diferenciado\",$H$4=#REF!),BDI!$E$17,IF(AND(#REF!=\"Diferenciado\",$H$4=#REF!),BDI!#REF!,IF(#REF!=\"ZERO\",0))))),\"\")","v":{"$error":"#REF!"}},"",""]
["SF-01010","Mão francesa metálica","un",0,"","",{"$f":"IF(A1015<>\"\",IF(AND(#REF!=\"Padrão\",$H$4=#REF!),BDI!$B$17,IF(AND(#REF!=\"Padrão\",$H$4=#REF!),BDI!#REF!,IF(AND(#REF!=\"Diferenciado\",$H$4=#REF!),BDI!$E$17,IF(AND(#REF!=\"Diferenciado\",$H$4=#REF!),BDI!#REF!,IF(#REF!=\"ZERO\",0))))),\"\")","v":{"$error":"#REF!"}},"",""]
["SF-01011","Abertura/fechamento de rasgo em concreto","m",0,{"$f":"OFFSET(INDEX(Composições!A:J,MATCH(Orçamentária!A1016,Composições!A:A,0),8),2,0)","v":45.121922997044003},0,{"$f":"IF(A1016<>\"\",IF(AND(#REF!=\"Padrão\",$H$4=#REF!),BDI!$B$17,IF(AND(#REF!=\"Padrão\",$H$4=#REF!),BDI!#REF!,IF(AND(#REF!=\"Diferenciado\",$H$4=#REF!),BDI!$E$17,IF(AND(#REF!=\"Diferenciado\",$H$4=#REF!),BDI!#REF!,IF(#REF!=\"ZERO\",0))))),\"\")","v":{"$error":"#REF!"}},{"$error":"#REF!"},{"$error":"#REF!"}]
["SF-01012","Recomposição de rejuntamento sobre revestimentos","m2",0,{"$f":"OFFSET(INDEX(Composições!A:J,MATCH(Orçamentária!A1017,Composições!A:A,0),8),2,0)","v":11.881725999999999},0,{"$f":"IF(A1017<>\"\",IF(AND(#REF!=\"Padrão\",$H$4=#REF!),BDI!$B$17,IF(AND(#REF!=\"Padrão\",$H$4=#REF!),BDI!#REF!,IF(AND(#REF!=\"Diferenciado\",$H$4=#REF!),BDI!$E$17,IF(AND(#REF!=\"Diferenciado\",$H$4=#REF!),BDI!#REF!,IF(#REF!=\"ZERO\",0))))),\"\")","v":{"$error":"#REF!"}},{"$error":"#REF!"},{"$error":"#REF!"}]
["SF-01013","Impermeabilização de revestimentos em pedra","m2",0,{"$f":"OFFSET(INDEX(Composições!A:J,MATCH(Orçamentária!A1018,Composições!A:A,0),8),2,0)","v":22.363949999999996},0,{"$f":"IF(A1018<>\"\",IF(AND(#REF!=\"Padrão\",$H$4=#REF!),BDI!$B$17,IF(AND(#REF!=\"Padrão\",$H$4=#REF!),BDI!#REF!,IF(AND(#REF!=\"Diferenciado\",$H$4=#REF!),BDI!$E$17,IF(AND(#REF!=\"Diferenciado\",$H$4=#REF!),BDI!#REF!,IF(#REF!=\"ZERO\",0))))),\"\")","v":{"$error":"#REF!"}},{"$error":"#REF!"},{"$error":"#REF!"}]
["SF-01014","Piso vinílico semiflexível","m2",0,{"$f":"OFFSET(INDEX(Composições!A:J,MATCH(Orçamentária!A1019,Composições!A:A,0),8),2,0)","v":99.48080800000001},0,{"$f":"IF(A1019<>\"\",IF(AND(#REF!=\"Padrão\",$H$4=#REF!),BDI!$B$17,IF(AND(#REF!=\"Padrão\",$H$4=#REF!),BDI!#REF!,IF(AND(#REF!=\"Diferenciado\",$H$4=#REF!),BDI!$E$17,IF(AND(#REF!=\"Diferenciado\",$H$4=#REF!),BDI!#REF!,IF(#REF!=\"ZERO\",0))))),\"\")","v":{"$error":"#REF!"}},{"$error":"#REF!"},{"$error":"#REF!"}]
["SF-01015","Porta metálica de giro com dimensões 0,92 x 2,20m","un",0,"","",{"$f":"IF(A1020<>\"\",IF(AND(#REF!=\"Padrão\",$H$4=#REF!),BDI!$B$17,IF(AND(#REF!=\"Padrão\",$H$4=#REF!),BDI!#REF!,IF(AND(#REF!=\"Diferenciado\",$H$4=#REF!),BDI!$E$17,IF(AND(#REF!=\"Diferenciado\",$H$4=#REF!),BDI!#REF!,IF(#REF!=\"ZERO\",0))))),\"\")","v":{"$error":"#REF!"}},"",""]
["SF-01016","Porta metálica de giro com dimensões 0,92 x 2,35 m","un",0,"","",{"$f":"IF(A1021<>\"\",IF(AND(#REF!=\"Padrão\",$H$4=#REF!),BDI!$B$17,IF(AND(#REF!=\"Padrão\",$H$4=#REF!),BDI!#REF!,IF(AND(#REF!=\"Diferenciado\",$H$4=#REF!),BDI!$E$17,IF(AND(#REF!=\"Diferenciado\",$H$4=#REF!),BDI!#REF!,IF(#REF!=\"ZERO\",0))))),\"\")","v":{"$error":"#REF!"}},"",""]
["SF-01017","Esquadria metálica de 4 folhas fixas com dimensões de 5,30x1,00m – Bloco 19 (Centro de Treinamento)","un",0,"","",{"$f":"IF(A1022<>\"\",IF(AND(#REF!=\"Padrão\",$H$4=#REF!),BDI!$B$17,IF(AND(#REF!=\"Padrão\",$H$4=#REF!),BDI!#REF!,IF(AND(#REF!=\"Diferenciado\",$H$4=#REF!),BDI!$E$17,IF(AND(#REF!=\"Diferenciado\",$H$4=#REF!),BDI!#REF!,IF(#REF!=\"ZERO\",0))))),\"\")","v":{"$error":"#REF!"}},"",""]
["SF-01018","Esquadria metálica de 3 folhas, sendo 2 folhas fixas e 1 de correr com dimensões de 4,10x1,15m – Bloco 19 (Centro de Treinamento)","un",0,"","",{"$f":"IF(A1023<>\"\",IF(AND(#REF!=\"Padrão\",$H$4=#REF!),BDI!$B$17,IF(AND(#REF!=\"Padrão\",$H$4=#REF!),BDI!#REF!,IF(AND(#REF!=\"Diferenciado\",$H$4=#REF!),BDI!$E$17,IF(AND(#REF!=\"Diferenciado\",$H$4=#REF!),BDI!#REF!,IF(#REF!=\"ZERO\",0))))),\"\")","v":{"$error":"#REF!"}},"",""]
["SF-01019","Esquadria metálica de 4 folhas, sendo 2 folhas fixas e 2 folhas de correr, com dimensões total de 5,15x1,00m  – Bloco 19 (Centro de Treinamento)","un",0,"","",{"$f":"IF(A1024<>\"\",IF(AND(#REF!=\"Padrão\",$H$4=#REF!),BDI!$B$17,IF(AND(#REF!=\"Padrão\",$H$4=#REF!),BDI!#REF!,IF(AND(#REF!=\"Diferenciado\",$H$4=#REF!),BDI!$E$17,IF(AND(#REF!=\"Diferenciado\",$H$4=#REF!),BDI!#REF!,IF(#REF!=\"ZERO\",0))))),\"\")","v":{"$error":"#REF!"}},"",""]
["SF-01020","Esquadria metálica de 4 folhas, sendo 2 fixas e 2 de correr dimensões de 5,30x1,15m – Bloco 19 (Centro de Treinamento)","un",0,"","",{"$f":"IF(A1025<>\"\",IF(AND(#REF!=\"Padrão\",$H$4=#REF!),BDI!$B$17,IF(AND(#REF!=\"Padrão\",$H$4=#REF!),BDI!#REF!,IF(AND(#REF!=\"Diferenciado\",$H$4=#REF!),BDI!$E$17,IF(AND(#REF!=\"Diferenciado\",$H$4=#REF!),BDI!#REF!,IF(#REF!=\"ZERO\",0))))),\"\")","v":{"$error":"#REF!"}},"",""]
["SF-01021","Esquadria metálica de 2 folhas basculante com dimensões de 2,31x0,45m – Bloco 19 (Centro de Treinamento)","un",0,"","",{"$f":"IF(A1026<>\"\",IF(AND(#REF!=\"Padrão\",$H$4=#REF!),BDI!$B$17,IF(AND(#REF!=\"Padrão\",$H$4=#REF!),BDI!#REF!,IF(AND(#REF!=\"Diferenciado\",$H$4=#REF!),BDI!$E$17,IF(AND(#REF!=\"Diferenciado\",$H$4=#REF!),BDI!#REF!,IF(#REF!=\"ZERO\",0))))),\"\")","v":{"$error":"#REF!"}},"",""]
["SF-01022","Perfil Veneziana Enrijecido 70x19mm","m",0,"","",{"$f":"IF(A1027<>\"\",IF(AND(#REF!=\"Padrão\",$H$4=#REF!),BDI!$B$17,IF(AND(#REF!=\"Padrão\",$H$4=#REF!),BDI!#REF!,IF(AND(#REF!=\"Diferenciado\",$H$4=#REF!),BDI!$E$17,IF(AND(#REF!=\"Diferenciado\",$H$4=#REF!),BDI!#REF!,IF(#REF!=\"ZERO\",0))))),\"\")","v":{"$error":"#REF!"}},"",""]
["SF-01023","Perfil U Enrijecido 150mm x 40mm x 15mm","m",0,"","",{"$f":"IF(A1028<>\"\",IF(AND(#REF!=\"Padrão\",$H$4=#REF!),BDI!$B$17,IF(AND(#REF!=\"Padrão\",$H$4=#REF!),BDI!#REF!,IF(AND(#REF!=\"Diferenciado\",$H$4=#REF!),BDI!$E$17,IF(AND(#REF!=\"Diferenciado\",$H$4=#REF!),BDI!#REF!,IF(#REF!=\"ZERO\",0))))),\"\")","v":{"$error":"#REF!"}},"",""]
["SF-01024","Perfil Trilho Peitoril - 150mm","m",0,"","",{"$f":"IF(A1029<>\"\",IF(AND(#REF!=\"Padrão\",$H$4=#REF!),BDI!$B$17,IF(AND(#REF!=\"Padrão\",$H$4=#REF!),BDI!#REF!,IF(AND(#REF!=\"Diferenciado\",$H$4=#REF!),BDI!$E$17,IF(AND(#REF!=\"Diferenciado\",$H$4=#REF!),BDI!#REF!,IF(#REF!=\"ZERO\",0))))),\"\")","v":{"$error":"#REF!"}},"",""]
["SF-01025","Perfil Marco Reto - 150 x 32 mm","m",0,"","",{"$f":"IF(A1030<>\"\",IF(AND(#REF!=\"Padrão\",$H$4=#REF!),BDI!$B$17,IF(AND(#REF!=\"Padrão\",$H$4=#REF!),BDI!#REF!,IF(AND(#REF!=\"Diferenciado\",$H$4=#REF!),BDI!$E$17,IF(AND(#REF!=\"Diferenciado\",$H$4=#REF!),BDI!#REF!,IF(#REF!=\"ZERO\",0))))),\"\")","v":{"$error":"#REF!"}},"",""]
["SF-01026","Perfil Cadeirinha Fechada – 60 x 30 mm","m",0,"",{"$f":"IF(ISNUMBER(E1031),D1031*E1031,\"\")","v":""},{"$f":"IF(A1031<>\"\",IF(AND(#REF!=\"Padrão\",$H$4=#REF!),BDI!$B$17,IF(AND(#REF!=\"Padrão\",$H$4=#REF!),BDI!#REF!,IF(AND(#REF!=\"Diferenciado\",$H$4=#REF!),BDI!$E$17,IF(AND(#REF!=\"Diferenciado\",$H$4=#REF!),BDI!#REF!,IF(#REF!=\"ZERO\",0))))),\"\")","v":{"$error":"#REF!"}},{"$f":"IF(ISNUMBER(E1031),ROUND(E1031*(1+G1031),2),\"\")","v":""},{"$f":"IF(ISNUMBER(E1031),ROUND(H1031*D1031,2),\"\")","v":""}]
["SF-01027","Perfil Cadeirinha Fechada – 50 x 35 mm","m",0,"","",{"$f":"IF(A1032<>\"\",IF(AND(#REF!=\"Padrão\",$H$4=#REF!),BDI!$B$17,IF(AND(#REF!=\"Padrão\",$H$4=#REF!),BDI!#REF!,IF(AND(#REF!=\"Diferenciado\",$H$4=#REF!),BDI!$E$17,IF(AND(#REF!=\"Diferenciado\",$H$4=#REF!),BDI!#REF!,IF(#REF!=\"ZERO\",0))))),\"\")","v":{"$error":"#REF!"}},"",""]
["SF-01028","Perfil Cadeirinha Fechada – 30 x 25 mm","m",0,"","",{"$f":"IF(A1033<>\"\",IF(AND(#REF!=\"Padrão\",$H$4=#REF!),BDI!$B$17,IF(AND(#REF!=\"Padrão\",$H$4=#REF!),BDI!#REF!,IF(AND(#REF!=\"Diferenciado\",$H$4=#REF!),BDI!$E$17,IF(AND(#REF!=\"Diferenciado\",$H$4=#REF!),BDI!#REF!,IF(#REF!=\"ZERO\",0))))),\"\")","v":{"$error":"#REF!"}},"",""]
["SF-01029","Locação de Container - Sanitário","mês ",0,{"$f":"OFFSET(INDEX(Composições!A:J,MATCH(Orçamentária!A1034,Composições!A:A,0),8),2,0)","v":1425},0,{"$f":"IF(A1034<>\"\",IF(AND(#REF!=\"Padrão\",$H$4=#REF!),BDI!$B$17,IF(AND(#REF!=\"Padrão\",$H$4=#REF!),BDI!#REF!,IF(AND(#REF!=\"Diferenciado\",$H$4=#REF!),BDI!$E$17,IF(AND(#REF!=\"Diferenciado\",$H$4=#REF!),BDI!#REF!,IF(#REF!=\"ZERO\",0))))),\"\")","v":{"$error":"#REF!"}},{"$error":"#REF!"},{"$error":"#REF!"}]
["SF-01030","Locação de Container - Almoxarifado","mês ",0,{"$f":"OFFSET(INDEX(Composições!A:J,MATCH(Orçamentária!A1035,Composições!A:A,0),8),2,0)","v":890.625},0,{"$f":"IF(A1035<>\"\",IF(AND(#REF!=\"Padrão\",$H$4=#REF!),BDI!$B$17,IF(AND(#REF!=\"Padrão\",$H$4=#REF!),BDI!#REF!,IF(AND(#REF!=\"Diferenciado\",$H$4=#REF!),BDI!$E$17,IF(AND(#REF!=\"Diferenciado\",$H$4=#REF!),BDI!#REF!,IF(#REF!=\"ZERO\",0))))),\"\")","v":{"$error":"#REF!"}},{"$error":"#REF!"},{"$error":"#REF!"}]
["SF-01031","Placa de Obra","m2",0,{"$f":"OFFSET(INDEX(Composições!A:J,MATCH(Orçamentária!A1036,Composições!A:A,0),8),2,0)","v":285},0,{"$f":"IF(A1036<>\"\",IF(AND(#REF!=\"Padrão\",$H$4=#REF!),BDI!$B$17,IF(AND(#REF!=\"Padrão\",$H$4=#REF!),BDI!#REF!,IF(AND(#REF!=\"Diferenciado\",$H$4=#REF!),BDI!$E$17,IF(AND(#REF!=\"Diferenciado\",$H$4=#REF!),BDI!#REF!,IF(#REF!=\"ZERO\",0))))),\"\")","v":{"$error":"#REF!"}},{"$error":"#REF!"},{"$error":"#REF!"}]
["SF-01032","Supervisor(a) de Obras e Manutenção – Apoio a Projetos de Obras – Arquitetura, civil e hidrossanitária","Profissional",0,{"$f":"OFFSET(INDEX(Composições!A:J,MATCH(Orçamentária!A1037,Composições!A:A,0),8),2,0)","v":1816.6694228499998},0,{"$f":"IF(A1037<>\"\",IF(AND(#REF!=\"Padrão\",$H$4=#REF!),BDI!$B$17,IF(AND(#REF!=\"Padrão\",$H$4=#REF!),BDI!#REF!,IF(AND(#REF!=\"Diferenciado\",$H$4=#REF!),BDI!$E$17,IF(AND(#REF!=\"Diferenciado\",$H$4=#REF!),BDI!#REF!,IF(#REF!=\"ZERO\",0))))),\"\")","v":{"$error":"#REF!"}},{"$error":"#REF!"},{"$error":"#REF!"}]
["SF-01033","Supervisor de Obras e Manutenção - Apoio a Projetos e Obras - Eletromecânico","Profissional",0,{"$f":"OFFSET(INDEX(Composições!A:J,MATCH(Orçamentária!A1038,Composições!A:A,0),8),2,0)","v":1816.6694228499998},0,{"$f":"IF(A1038<>\"\",IF(AND(#REF!=\"Padrão\",$H$4=#REF!),BDI!$B$17,IF(AND(#REF!=\"Padrão\",$H$4=#REF!),BDI!#REF!,IF(AND(#REF!=\"Diferenciado\",$H$4=#REF!),BDI!$E$17,IF(AND(#REF!=\"Diferenciado\",$H$4=#REF!),BDI!#REF!,IF(#REF!=\"ZERO\",0))))),\"\")","v":{"$error":"#REF!"}},{"$error":"#REF!"},{"$error":"#REF!"}]
["SF-01034","Supervisor de Obras e Manutenção – Apoio a projetos e obras - Orçamentos","Profissional",0,{"$f":"OFFSET(INDEX(Composições!A:J,MATCH(Orçamentária!A1039,Composições!A:A,0),8),2,0)","v":1816.6694228499998},0,{"$f":"IF(A1039<>\"\",IF(AND(#REF!=\"Padrão\",$H$4=#REF!),BDI!$B$17,IF(AND(#REF!=\"Padrão\",$H$4=#REF!),BDI!#REF!,IF(AND(#REF!=\"Diferenciado\",$H$4=#REF!),BDI!$E$17,IF(AND(#REF!=\"Diferenciado\",$H$4=#REF!),BDI!#REF!,IF(#REF!=\"ZERO\",0))))),\"\")","v":{"$error":"#REF!"}},{"$error":"#REF!"},{"$error":"#REF!"}]
["SF-01035","Supervisor de Obras e Manutenção – Apoio de campo – Sistemas de climatização","Profissional",0,{"$f":"OFFSET(INDEX(Composições!A:J,MATCH(Orçamentária!A1040,Composições!A:A,0),8),2,0)","v":1816.6694228499998},0,{"$f":"IF(A1040<>\"\",IF(AND(#REF!=\"Padrão\",$H$4=#REF!),BDI!$B$17,IF(AND(#REF!=\"Padrão\",$H$4=#REF!),BDI!#REF!,IF(AND(#REF!=\"Diferenciado\",$H$4=#REF!),BDI!$E$17,IF(AND(#REF!=\"Diferenciado\",$H$4=#REF!),BDI!#REF!,IF(#REF!=\"ZERO\",0))))),\"\")","v":{"$error":"#REF!"}},{"$error":"#REF!"},{"$error":"#REF!"}]
["SF-01036","Supervisor de Obras e Manutenção – Apoio de campo - Elevadores","Profissional",0,{"$f":"OFFSET(INDEX(Composições!A:J,MATCH(Orçamentária!A1041,Composições!A:A,0),8),2,0)","v":1816.6694228499998},0,{"$f":"IF(A1041<>\"\",IF(AND(#REF!=\"Padrão\",$H$4=#REF!),BDI!$B$17,IF(AND(#REF!=\"Padrão\",$H$4=#REF!),BDI!#REF!,IF(AND(#REF!=\"Diferenciado\",$H$4=#REF!),BDI!$E$17,IF(AND(#REF!=\"Diferenciado\",$H$4=#REF!),BDI!#REF!,IF(#REF!=\"ZERO\",0))))),\"\")","v":{"$error":"#REF!"}},{"$error":"#REF!"},{"$error":"#REF!"}]
["SF-01037","Supervisor de Obras e Manutenção – Apoio de campo - Eletrotécnico","Profissional",0,{"$f":"OFFSET(INDEX(Composições!A:J,MATCH(Orçamentária!A1042,Composições!A:A,0),8),2,0)","v":1816.6694228499998},0,{"$f":"IF(A1042<>\"\",IF(AND(#REF!=\"Padrão\",$H$4=#REF!),BDI!$B$17,IF(AND(#REF!=\"Padrão\",$H$4=#REF!),BDI!#REF!,IF(AND(#REF!=\"Diferenciado\",$H$4=#REF!),BDI!$E$17,IF(AND(#REF!=\"Diferenciado\",$H$4=#REF!),BDI!#REF!,IF(#REF!=\"ZERO\",0))))),\"\")","v":{"$error":"#REF!"}},{"$error":"#REF!"},{"$error":"#REF!"}]
["SF-01038","Supervisor de Obras e Manutenção – Apoio de Campo - Obras Civis","Profissional",0,{"$f":"OFFSET(INDEX(Composições!A:J,MATCH(Orçamentária!A1043,Composições!A:A,0),8),2,0)","v":1816.6694228499998},0,{"$f":"IF(A1043<>\"\",IF(AND(#REF!=\"Padrão\",$H$4=#REF!),BDI!$B$17,IF(AND(#REF!=\"Padrão\",$H$4=#REF!),BDI!#REF!,IF(AND(#REF!=\"Diferenciado\",$H$4=#REF!),BDI!$E$17,IF(AND(#REF!=\"Diferenciado\",$H$4=#REF!),BDI!#REF!,IF(#REF!=\"ZERO\",0))))),\"\")","v":{"$error":"#REF!"}},{"$error":"#REF!"},{"$error":"#REF!"}]
["SF-01039","Supervisor de Obras e Manutenção – Apoio de Campo - Hidrossanitário","Profissional",0,{"$f":"OFFSET(INDEX(Composições!A:J,MATCH(Orçamentária!A1044,Composições!A:A,0),8),2,0)","v":1816.6694228499998},0,{"$f":"IF(A1044<>\"\",IF(AND(#REF!=\"Padrão\",$H$4=#REF!),BDI!$B$17,IF(AND(#REF!=\"Padrão\",$H$4=#REF!),BDI!#REF!,IF(AND(#REF!=\"Diferenciado\",$H$4=#REF!),BDI!$E$17,IF(AND(#REF!=\"Diferenciado\",$H$4=#REF!),BDI!#REF!,IF(#REF!=\"ZERO\",0))))),\"\")","v":{"$error":"#REF!"}},{"$error":"#REF!"},{"$error":"#REF!"}]
["SF-01040","Supervisor de Obras e Manutenção – Apoio de campo – Planejamento","Profissional",0,{"$f":"OFFSET(INDEX(Composições!A:J,MATCH(Orçamentária!A1045,Composições!A:A,0),8),2,0)","v":1816.6694228499998},0,{"$f":"IF(A1045<>\"\",IF(AND(#REF!=\"Padrão\",$H$4=#REF!),BDI!$B$17,IF(AND(#REF!=\"Padrão\",$H$4=#REF!),BDI!#REF!,IF(AND(#REF!=\"Diferenciado\",$H$4=#REF!),BDI!$E$17,IF(AND(#REF!=\"Diferenciado\",$H$4=#REF!),BDI!#REF!,IF(#REF!=\"ZERO\",0))))),\"\")","v":{"$error":"#REF!"}},{"$error":"#REF!"},{"$error":"#REF!"}]
["SF-01041","Supervisor de Obras e Manutenção – Apoio de campo – Segurança do Trabalho","Profissional",0,{"$f":"OFFSET(INDEX(Composições!A:J,MATCH(Orçamentária!A1046,Composições!A:A,0),8),2,0)","v":4532.0651207999999},0,{"$f":"IF(A1046<>\"\",IF(AND(#REF!=\"Padrão\",$H$4=#REF!),BDI!$B$17,IF(AND(#REF!=\"Padrão\",$H$4=#REF!),BDI!#REF!,IF(AND(#REF!=\"Diferenciado\",$H$4=#REF!),BDI!$E$17,IF(AND(#REF!=\"Diferenciado\",$H$4=#REF!),BDI!#REF!,IF(#REF!=\"ZERO\",0))))),\"\")","v":{"$error":"#REF!"}},{"$error":"#REF!"},{"$error":"#REF!"}]
["SF-01042","Máquina fotográfica digital","pç",0,"","",{"$f":"IF(A1047<>\"\",IF(AND(#REF!=\"Padrão\",$H$4=#REF!),BDI!$B$17,IF(AND(#REF!=\"Padrão\",$H$4=#REF!),BDI!#REF!,IF(AND(#REF!=\"Diferenciado\",$H$4=#REF!),BDI!$E$17,IF(AND(#REF!=\"Diferenciado\",$H$4=#REF!),BDI!#REF!,IF(#REF!=\"ZERO\",0))))),\"\")","v":{"$error":"#REF!"}},"",""]
["SF-01043","Trena de 100m","pç",0,"","",{"$f":"IF(A1048<>\"\",IF(AND(#REF!=\"Padrão\",$H$4=#REF!),BDI!$B$17,IF(AND(#REF!=\"Padrão\",$H$4=#REF!),BDI!#REF!,IF(AND(#REF!=\"Diferenciado\",$H$4=#REF!),BDI!$E$17,IF(AND(#REF!=\"Diferenciado\",$H$4=#REF!),BDI!#REF!,IF(#REF!=\"ZERO\",0))))),\"\")","v":{"$error":"#REF!"}},"",""]
["SF-01044","Paquímetro digital","pç",0,"","",{"$f":"IF(A1049<>\"\",IF(AND(#REF!=\"Padrão\",$H$4=#REF!),BDI!$B$17,IF(AND(#REF!=\"Padrão\",$H$4=#REF!),BDI!#REF!,IF(AND(#REF!=\"Diferenciado\",$H$4=#REF!),BDI!$E$17,IF(AND(#REF!=\"Diferenciado\",$H$4=#REF!),BDI!#REF!,IF(#REF!=\"ZERO\",0))))),\"\")","v":{"$error":"#REF!"}},"",""]
["SF-01045","Nível laser","pç",0,"","",{"$f":"IF(A1050<>\"\",IF(AND(#REF!=\"Padrão\",$H$4=#REF!),BDI!$B$17,IF(AND(#REF!=\"Padrão\",$H$4=#REF!),BDI!#REF!,IF(AND(#REF!=\"Diferenciado\",$H$4=#REF!),BDI!$E$17,IF(AND(#REF!=\"Diferenciado\",$H$4=#REF!),BDI!#REF!,IF(#REF!=\"ZERO\",0))))),\"\")","v":{"$error":"#REF!"}},"",""]
["SF-01046","Trena Laser (curto alcance)","un",0,"","",{"$f":"IF(A1051<>\"\",IF(AND(#REF!=\"Padrão\",$H$4=#REF!),BDI!$B$17,IF(AND(#REF!=\"Padrão\",$H$4=#REF!),BDI!#REF!,IF(AND(#REF!=\"Diferenciado\",$H$4=#REF!),BDI!$E$17,IF(AND(#REF!=\"Diferenciado\",$H$4=#REF!),BDI!#REF!,IF(#REF!=\"ZERO\",0))))),\"\")","v":{"$error":"#REF!"}},"",""]
["SF-01047","Trena Laser (longo alcance)","cj",0,"","",{"$f":"IF(A1052<>\"\",IF(AND(#REF!=\"Padrão\",$H$4=#REF!),BDI!$B$17,IF(AND(#REF!=\"Padrão\",$H$4=#REF!),BDI!#REF!,IF(AND(#REF!=\"Diferenciado\",$H$4=#REF!),BDI!$E$17,IF(AND(#REF!=\"Diferenciado\",$H$4=#REF!),BDI!#REF!,IF(#REF!=\"ZERO\",0))))),\"\")","v":{"$error":"#REF!"}},"",""]
["SF-01048","Tripé para trena laser","cj",0,"","",{"$f":"IF(A1053<>\"\",IF(AND(#REF!=\"Padrão\",$H$4=#REF!),BDI!$B$17,IF(AND(#REF!=\"Padrão\",$H$4=#REF!),BDI!#REF!,IF(AND(#REF!=\"Diferenciado\",$H$4=#REF!),BDI!$E$17,IF(AND(#REF!=\"Diferenciado\",$H$4=#REF!),BDI!#REF!,IF(#REF!=\"ZERO\",0))))),\"\")","v":{"$error":"#REF!"}},"",""]
["SF-01049","Suporte universal para trena laser","pç",0,"","",{"$f":"IF(A1054<>\"\",IF(AND(#REF!=\"Padrão\",$H$4=#REF!),BDI!$B$17,IF(AND(#REF!=\"Padrão\",$H$4=#REF!),BDI!#REF!,IF(AND(#REF!=\"Diferenciado\",$H$4=#REF!),BDI!$E$17,IF(AND(#REF!=\"Diferenciado\",$H$4=#REF!),BDI!#REF!,IF(#REF!=\"ZERO\",0))))),\"\")","v":{"$error":"#REF!"}},"",""]
["SF-01050","Detector de 4 gases","un",0,"","",{"$f":"IF(A1055<>\"\",IF(AND(#REF!=\"Padrão\",$H$4=#REF!),BDI!$B$17,IF(AND(#REF!=\"Padrão\",$H$4=#REF!),BDI!#REF!,IF(AND(#REF!=\"Diferenciado\",$H$4=#REF!),BDI!$E$17,IF(AND(#REF!=\"Diferenciado\",$H$4=#REF!),BDI!#REF!,IF(#REF!=\"ZERO\",0))))),\"\")","v":{"$error":"#REF!"}},"",""]
["SF-01051","Prancheta portátil A3","pç",0,"","",{"$f":"IF(A1056<>\"\",IF(AND(#REF!=\"Padrão\",$H$4=#REF!),BDI!$B$17,IF(AND(#REF!=\"Padrão\",$H$4=#REF!),BDI!#REF!,IF(AND(#REF!=\"Diferenciado\",$H$4=#REF!),BDI!$E$17,IF(AND(#REF!=\"Diferenciado\",$H$4=#REF!),BDI!#REF!,IF(#REF!=\"ZERO\",0))))),\"\")","v":{"$error":"#REF!"}},"",""]
["SF-01052","Luva isolante","par",0,"","",{"$f":"IF(A1057<>\"\",IF(AND(#REF!=\"Padrão\",$H$4=#REF!),BDI!$B$17,IF(AND(#REF!=\"Padrão\",$H$4=#REF!),BDI!#REF!,IF(AND(#REF!=\"Diferenciado\",$H$4=#REF!),BDI!$E$17,IF(AND(#REF!=\"Diferenciado\",$H$4=#REF!),BDI!#REF!,IF(#REF!=\"ZERO\",0))))),\"\")","v":{"$error":"#REF!"}},"",""]
["SF-01053","Reparo de placas de mármore com adesivo estrutural epóxi branco/transparente ","cm3",0,{"$f":"OFFSET(INDEX(Composições!A:J,MATCH(Orçamentária!A1058,Composições!A:A,0),8),2,0)","v":0.27037},0,{"$f":"IF(A1058<>\"\",IF(AND(#REF!=\"Padrão\",$H$4=#REF!),BDI!$B$17,IF(AND(#REF!=\"Padrão\",$H$4=#REF!),BDI!#REF!,IF(AND(#REF!=\"Diferenciado\",$H$4=#REF!),BDI!$E$17,IF(AND(#REF!=\"Diferenciado\",$H$4=#REF!),BDI!#REF!,IF(#REF!=\"ZERO\",0))))),\"\")","v":{"$error":"#REF!"}},{"$error":"#REF!"},{"$error":"#REF!"}]
["SF-01054","Perfil de chapa de aço galvanizado para esquadria (Anexo 1)","m",0,{"$f":"OFFSET(INDEX(Composições!A:J,MATCH(Orçamentária!A1059,Composições!A:A,0),8),2,0)","v":38.665225959531099},0,{"$f":"IF(A1059<>\"\",IF(AND(#REF!=\"Padrão\",$H$4=#REF!),BDI!$B$17,IF(AND(#REF!=\"Padrão\",$H$4=#REF!),BDI!#REF!,IF(AND(#REF!=\"Diferenciado\",$H$4=#REF!),BDI!$E$17,IF(AND(#REF!=\"Diferenciado\",$H$4=#REF!),BDI!#REF!,IF(#REF!=\"ZERO\",0))))),\"\")","v":{"$error":"#REF!"}},{"$error":"#REF!"},{"$error":"#REF!"}]
["SF-01055","Laudo de estabilidade estrutural - Bloco 15 (Espaço do Servidor)","un",0,"","",{"$f":"IF(A1060<>\"\",IF(AND(#REF!=\"Padrão\",$H$4=#REF!),BDI!$B$17,IF(AND(#REF!=\"Padrão\",$H$4=#REF!),BDI!#REF!,IF(AND(#REF!=\"Diferenciado\",$H$4=#REF!),BDI!$E$17,IF(AND(#REF!=\"Diferenciado\",$H$4=#REF!),BDI!#REF!,IF(#REF!=\"ZERO\",0))))),\"\")","v":{"$error":"#REF!"}},"",""]
["SF-01056","Projeto de adaptação/modificação/reforço da estrutura e suas fundações para os novos usos - Bloco 15 (Espaço do Servidor)","un",0,"","",{"$f":"IF(A1061<>\"\",IF(AND(#REF!=\"Padrão\",$H$4=#REF!),BDI!$B$17,IF(AND(#REF!=\"Padrão\",$H$4=#REF!),BDI!#REF!,IF(AND(#REF!=\"Diferenciado\",$H$4=#REF!),BDI!$E$17,IF(AND(#REF!=\"Diferenciado\",$H$4=#REF!),BDI!#REF!,IF(#REF!=\"ZERO\",0))))),\"\")","v":{"$error":"#REF!"}},"",""]
["SF-01057","Estrutura metálica em aço para o Bloco 15 (Espaço do Servidor)","un",0,"","",{"$f":"IF(A1062<>\"\",IF(AND(#REF!=\"Padrão\",$H$4=#REF!),BDI!$B$17,IF(AND(#REF!=\"Padrão\",$H$4=#REF!),BDI!#REF!,IF(AND(#REF!=\"Diferenciado\",$H$4=#REF!),BDI!$E$17,IF(AND(#REF!=\"Diferenciado\",$H$4=#REF!),BDI!#REF!,IF(#REF!=\"ZERO\",0))))),\"\")","v":{"$error":"#REF!"}},"",""]
["SF-01058","Projeto de distribuição de gás GLP","un",0,"","",{"$f":"IF(A1063<>\"\",IF(AND(#REF!=\"Padrão\",$H$4=#REF!),BDI!$B$17,IF(AND(#REF!=\"Padrão\",$H$4=#REF!),BDI!#REF!,IF(AND(#REF!=\"Diferenciado\",$H$4=#REF!),BDI!$E$17,IF(AND(#REF!=\"Diferenciado\",$H$4=#REF!),BDI!#REF!,IF(#REF!=\"ZERO\",0))))),\"\")","v":{"$error":"#REF!"}},"",""]
["SF-01059","Granito Vermelho Brasília 20 mm para bancadas","m2",0,{"$f":"OFFSET(INDEX(Composições!A:J,MATCH(Orçamentária!A1064,Composições!A:A,0),8),2,0)","v":153.8456467},0,{"$f":"IF(A1064<>\"\",IF(AND(#REF!=\"Padrão\",$H$4=#REF!),BDI!$B$17,IF(AND(#REF!=\"Padrão\",$H$4=#REF!),BDI!#REF!,IF(AND(#REF!=\"Diferenciado\",$H$4=#REF!),BDI!$E$17,IF(AND(#REF!=\"Diferenciado\",$H$4=#REF!),BDI!#REF!,IF(#REF!=\"ZERO\",0))))),\"\")","v":{"$error":"#REF!"}},{"$error":"#REF!"},{"$error":"#REF!"}]
["SF-01060","Porta em alumínio tipo veneziana","m2",4,{"$f":"OFFSET(INDEX(Composições!A:J,MATCH(Orçamentária!A1065,Composições!A:A,0),8),2,0)","v":581.60046614999999},2326.4018646,{"$f":"BDI!$B$17","v":0.191},692.69,2770.76]
["SF-01061","Janela em alumínio","m2",0,{"$f":"OFFSET(INDEX(Composições!A:J,MATCH(Orçamentária!A1066,Composições!A:A,0),8),2,0)","v":619.6957910499998},0,{"$f":"IF(A1066<>\"\",IF(AND(#REF!=\"Padrão\",$H$4=#REF!),BDI!$B$17,IF(AND(#REF!=\"Padrão\",$H$4=#REF!),BDI!#REF!,IF(AND(#REF!=\"Diferenciado\",$H$4=#REF!),BDI!$E$17,IF(AND(#REF!=\"Diferenciado\",$H$4=#REF!),BDI!#REF!,IF(#REF!=\"ZERO\",0))))),\"\")","v":{"$error":"#REF!"}},{"$error":"#REF!"},{"$error":"#REF!"}]
["SF-01062","Porta metálica de enrolar","m2",0,{"$f":"OFFSET(INDEX(Composições!A:J,MATCH(Orçamentária!A1067,Composições!A:A,0),8),2,0)","v":504.44872882494997},0,{"$f":"IF(A1067<>\"\",IF(AND(#REF!=\"Padrão\",$H$4=#REF!),BDI!$B$17,IF(AND(#REF!=\"Padrão\",$H$4=#REF!),BDI!#REF!,IF(AND(#REF!=\"Diferenciado\",$H$4=#REF!),BDI!$E$17,IF(AND(#REF!=\"Diferenciado\",$H$4=#REF!),BDI!#REF!,IF(#REF!=\"ZERO\",0))))),\"\")","v":{"$error":"#REF!"}},{"$error":"#REF!"},{"$error":"#REF!"}]
["SF-01063","Medidor de Gás","un",0,{"$f":"OFFSET(INDEX(Composições!A:J,MATCH(Orçamentária!A1068,Composições!A:A,0),8),2,0)","v":672.1273807},0,{"$f":"IF(A1068<>\"\",IF(AND(#REF!=\"Padrão\",$H$4=#REF!),BDI!$B$17,IF(AND(#REF!=\"Padrão\",$H$4=#REF!),BDI!#REF!,IF(AND(#REF!=\"Diferenciado\",$H$4=#REF!),BDI!$E$17,IF(AND(#REF!=\"Diferenciado\",$H$4=#REF!),BDI!#REF!,IF(#REF!=\"ZERO\",0))))),\"\")","v":{"$error":"#REF!"}},{"$error":"#REF!"},{"$error":"#REF!"}]
["SF-01064","Registro Esfera para Gás 3/4”","un",0,{"$f":"OFFSET(INDEX(Composições!A:J,MATCH(Orçamentária!A1069,Composições!A:A,0),8),2,0)","v":5.3646500000000001},0,{"$f":"IF(A1069<>\"\",IF(AND(#REF!=\"Padrão\",$H$4=#REF!),BDI!$B$17,IF(AND(#REF!=\"Padrão\",$H$4=#REF!),BDI!#REF!,IF(AND(#REF!=\"Diferenciado\",$H$4=#REF!),BDI!$E$17,IF(AND(#REF!=\"Diferenciado\",$H$4=#REF!),BDI!#REF!,IF(#REF!=\"ZERO\",0))))),\"\")","v":{"$error":"#REF!"}},{"$error":"#REF!"},{"$error":"#REF!"}]
["SF-01065","Placa de Concreto Pré-Moldado 15 Mpa","m3",0,{"$f":"OFFSET(INDEX(Composições!A:J,MATCH(Orçamentária!A1070,Composições!A:A,0),8),2,0)","v":1658.5458360688858},0,{"$f":"IF(A1070<>\"\",IF(AND(#REF!=\"Padrão\",$H$4=#REF!),BDI!$B$17,IF(AND(#REF!=\"Padrão\",$H$4=#REF!),BDI!#REF!,IF(AND(#REF!=\"Diferenciado\",$H$4=#REF!),BDI!$E$17,IF(AND(#REF!=\"Diferenciado\",$H$4=#REF!),BDI!#REF!,IF(#REF!=\"ZERO\",0))))),\"\")","v":{"$error":"#REF!"}},{"$error":"#REF!"},{"$error":"#REF!"}]
["SF-01066","Eletroduto PEAD 3”","m",0,{"$f":"OFFSET(INDEX(Composições!A:J,MATCH(Orçamentária!A1071,Composições!A:A,0),8),2,0)","v":16.6549421},0,{"$f":"IF(A1071<>\"\",IF(AND(#REF!=\"Padrão\",$H$4=#REF!),BDI!$B$17,IF(AND(#REF!=\"Padrão\",$H$4=#REF!),BDI!#REF!,IF(AND(#REF!=\"Diferenciado\",$H$4=#REF!),BDI!$E$17,IF(AND(#REF!=\"Diferenciado\",$H$4=#REF!),BDI!#REF!,IF(#REF!=\"ZERO\",0))))),\"\")","v":{"$error":"#REF!"}},{"$error":"#REF!"},{"$error":"#REF!"}]
["SF-01067","Caixa de Proteção para Alimentação de Gás","un",0,"","",{"$f":"IF(A1072<>\"\",IF(AND(#REF!=\"Padrão\",$H$4=#REF!),BDI!$B$17,IF(AND(#REF!=\"Padrão\",$H$4=#REF!),BDI!#REF!,IF(AND(#REF!=\"Diferenciado\",$H$4=#REF!),BDI!$E$17,IF(AND(#REF!=\"Diferenciado\",$H$4=#REF!),BDI!#REF!,IF(#REF!=\"ZERO\",0))))),\"\")","v":{"$error":"#REF!"}},"",""]
["SF-01068","Eletroduto de aço galvanizado de 3”","m",0,{"$f":"OFFSET(INDEX(Composições!A:J,MATCH(Orçamentária!A1073,Composições!A:A,0),8),2,0)","v":48.811},0,{"$f":"IF(A1073<>\"\",IF(AND(#REF!=\"Padrão\",$H$4=#REF!),BDI!$B$17,IF(AND(#REF!=\"Padrão\",$H$4=#REF!),BDI!#REF!,IF(AND(#REF!=\"Diferenciado\",$H$4=#REF!),BDI!$E$17,IF(AND(#REF!=\"Diferenciado\",$H$4=#REF!),BDI!#REF!,IF(#REF!=\"ZERO\",0))))),\"\")","v":{"$error":"#REF!"}},{"$error":"#REF!"},{"$error":"#REF!"}]
["SF-01069","Grelha reta para ralo","m",0,{"$f":"OFFSET(INDEX(Composições!A:J,MATCH(Orçamentária!A1074,Composições!A:A,0),8),2,0)","v":31.748620000000003},0,{"$f":"IF(A1074<>\"\",IF(AND(#REF!=\"Padrão\",$H$4=#REF!),BDI!$B$17,IF(AND(#REF!=\"Padrão\",$H$4=#REF!),BDI!#REF!,IF(AND(#REF!=\"Diferenciado\",$H$4=#REF!),BDI!$E$17,IF(AND(#REF!=\"Diferenciado\",$H$4=#REF!),BDI!#REF!,IF(#REF!=\"ZERO\",0))))),\"\")","v":{"$error":"#REF!"}},{"$error":"#REF!"},{"$error":"#REF!"}]
["SF-01070","Granito Vermelho Brasília para soleira e peitoril","m2",0,{"$f":"OFFSET(INDEX(Composições!A:J,MATCH(Orçamentária!A1075,Composições!A:A,0),8),2,0)","v":150.43903789999999},0,{"$f":"IF(A1075<>\"\",IF(AND(#REF!=\"Padrão\",$H$4=#REF!),BDI!$B$17,IF(AND(#REF!=\"Padrão\",$H$4=#REF!),BDI!#REF!,IF(AND(#REF!=\"Diferenciado\",$H$4=#REF!),BDI!$E$17,IF(AND(#REF!=\"Diferenciado\",$H$4=#REF!),BDI!#REF!,IF(#REF!=\"ZERO\",0))))),\"\")","v":{"$error":"#REF!"}},{"$error":"#REF!"},{"$error":"#REF!"}]
["SF-01071","Luminária LED redonda de embutir","un",9,{"$f":"OFFSET(INDEX(Composições!A:J,MATCH(Orçamentária!A1076,Composições!A:A,0),8),2,0)","v":102.22889340000002},920.06004060000021,{"$f":"BDI!$B$17","v":0.191},121.75,1095.75]
["SF-01072","Piso tátil de borracha","m2",0,{"$f":"OFFSET(INDEX(Composições!A:J,MATCH(Orçamentária!A1077,Composições!A:A,0),8),2,0)","v":135.31709749999999},0,{"$f":"IF(A1077<>\"\",IF(AND(#REF!=\"Padrão\",$H$4=#REF!),BDI!$B$17,IF(AND(#REF!=\"Padrão\",$H$4=#REF!),BDI!#REF!,IF(AND(#REF!=\"Diferenciado\",$H$4=#REF!),BDI!$E$17,IF(AND(#REF!=\"Diferenciado\",$H$4=#REF!),BDI!#REF!,IF(#REF!=\"ZERO\",0))))),\"\")","v":{"$error":"#REF!"}},{"$error":"#REF!"},{"$error":"#REF!"}]
["SF-01073","Granito Vermelho Brasília 20 mm para divisória","m2",0,{"$f":"OFFSET(INDEX(Composições!A:J,MATCH(Orçamentária!A1078,Composições!A:A,0),8),2,0)","v":112.17339699999999},0,{"$f":"IF(A1078<>\"\",IF(AND(#REF!=\"Padrão\",$H$4=#REF!),BDI!$B$17,IF(AND(#REF!=\"Padrão\",$H$4=#REF!),BDI!#REF!,IF(AND(#REF!=\"Diferenciado\",$H$4=#REF!),BDI!$E$17,IF(AND(#REF!=\"Diferenciado\",$H$4=#REF!),BDI!#REF!,IF(#REF!=\"ZERO\",0))))),\"\")","v":{"$error":"#REF!"}},{"$error":"#REF!"},{"$error":"#REF!"}]
["SF-01074","Tampa em ferro fundido 20x20 cm","un",0,{"$f":"OFFSET(INDEX(Composições!A:J,MATCH(Orçamentária!A1079,Composições!A:A,0),8),2,0)","v":139.3599081873742},0,{"$f":"IF(A1079<>\"\",IF(AND(#REF!=\"Padrão\",$H$4=#REF!),BDI!$B$17,IF(AND(#REF!=\"Padrão\",$H$4=#REF!),BDI!#REF!,IF(AND(#REF!=\"Diferenciado\",$H$4=#REF!),BDI!$E$17,IF(AND(#REF!=\"Diferenciado\",$H$4=#REF!),BDI!#REF!,IF(#REF!=\"ZERO\",0))))),\"\")","v":{"$error":"#REF!"}},{"$error":"#REF!"},{"$error":"#REF!"}]
["SF-01075","Sondagem","un",0,"","",{"$f":"IF(A1080<>\"\",IF(AND(#REF!=\"Padrão\",$H$4=#REF!),BDI!$B$17,IF(AND(#REF!=\"Padrão\",$H$4=#REF!),BDI!#REF!,IF(AND(#REF!=\"Diferenciado\",$H$4=#REF!),BDI!$E$17,IF(AND(#REF!=\"Diferenciado\",$H$4=#REF!),BDI!#REF!,IF(#REF!=\"ZERO\",0))))),\"\")","v":{"$error":"#REF!"}},"",""]
["SF-01076","Cerâmica para revestimento de superfícies internas ou externas – Linha GAIL","m2",0,{"$f":"OFFSET(INDEX(Composições!A:J,MATCH(Orçamentária!A1081,Composições!A:A,0),8),2,0)","v":32.335909999999998},0,{"$f":"IF(A1081<>\"\",IF(AND(#REF!=\"Padrão\",$H$4=#REF!),BDI!$B$17,IF(AND(#REF!=\"Padrão\",$H$4=#REF!),BDI!#REF!,IF(AND(#REF!=\"Diferenciado\",$H$4=#REF!),BDI!$E$17,IF(AND(#REF!=\"Diferenciado\",$H$4=#REF!),BDI!#REF!,IF(#REF!=\"ZERO\",0))))),\"\")","v":{"$error":"#REF!"}},{"$error":"#REF!"},{"$error":"#REF!"}]
["SF-01077","Aterro de vala com areia média e compactação mecanizada","m3",0,{"$f":"OFFSET(INDEX(Composições!A:J,MATCH(Orçamentária!A1082,Composições!A:A,0),8),2,0)","v":231.55894343749998},0,{"$f":"IF(A1082<>\"\",IF(AND(#REF!=\"Padrão\",$H$4=#REF!),BDI!$B$17,IF(AND(#REF!=\"Padrão\",$H$4=#REF!),BDI!#REF!,IF(AND(#REF!=\"Diferenciado\",$H$4=#REF!),BDI!$E$17,IF(AND(#REF!=\"Diferenciado\",$H$4=#REF!),BDI!#REF!,IF(#REF!=\"ZERO\",0))))),\"\")","v":{"$error":"#REF!"}},{"$error":"#REF!"},{"$error":"#REF!"}]
["SF-01078","Guarda-corpo panorâmico","m",0,{"$f":"OFFSET(INDEX(Composições!A:J,MATCH(Orçamentária!A1083,Composições!A:A,0),8),2,0)","v":748.38665849999984},0,{"$f":"IF(A1083<>\"\",IF(AND(#REF!=\"Padrão\",$H$4=#REF!),BDI!$B$17,IF(AND(#REF!=\"Padrão\",$H$4=#REF!),BDI!#REF!,IF(AND(#REF!=\"Diferenciado\",$H$4=#REF!),BDI!$E$17,IF(AND(#REF!=\"Diferenciado\",$H$4=#REF!),BDI!#REF!,IF(#REF!=\"ZERO\",0))))),\"\")","v":{"$error":"#REF!"}},{"$error":"#REF!"},{"$error":"#REF!"}]
["SF-01079","Divisória Naval com painel liso cego e bandeira","m2",0,"","",{"$f":"IF(A1084<>\"\",IF(AND(#REF!=\"Padrão\",$H$4=#REF!),BDI!$B$17,IF(AND(#REF!=\"Padrão\",$H$4=#REF!),BDI!#REF!,IF(AND(#REF!=\"Diferenciado\",$H$4=#REF!),BDI!$E$17,IF(AND(#REF!=\"Diferenciado\",$H$4=#REF!),BDI!#REF!,IF(#REF!=\"ZERO\",0))))),\"\")","v":{"$error":"#REF!"}},"",""]
["SF-01080","Perfil “U” em aço 25 x 25mm","m",0,{"$f":"OFFSET(INDEX(Composições!A:J,MATCH(Orçamentária!A1085,Composições!A:A,0),8),2,0)","v":2.5061},0,{"$f":"IF(A1085<>\"\",IF(AND(#REF!=\"Padrão\",$H$4=#REF!),BDI!$B$17,IF(AND(#REF!=\"Padrão\",$H$4=#REF!),BDI!#REF!,IF(AND(#REF!=\"Diferenciado\",$H$4=#REF!),BDI!$E$17,IF(AND(#REF!=\"Diferenciado\",$H$4=#REF!),BDI!#REF!,IF(#REF!=\"ZERO\",0))))),\"\")","v":{"$error":"#REF!"}},{"$error":"#REF!"},{"$error":"#REF!"}]
["SF-01081","Tubo retangular em aço 100 x 50mm","m",0,"","",{"$f":"IF(A1086<>\"\",IF(AND(#REF!=\"Padrão\",$H$4=#REF!),BDI!$B$17,IF(AND(#REF!=\"Padrão\",$H$4=#REF!),BDI!#REF!,IF(AND(#REF!=\"Diferenciado\",$H$4=#REF!),BDI!$E$17,IF(AND(#REF!=\"Diferenciado\",$H$4=#REF!),BDI!#REF!,IF(#REF!=\"ZERO\",0))))),\"\")","v":{"$error":"#REF!"}},"",""]
["SF-01082","Alimentação para mão-de-obra indireta","h",0,{"$f":"OFFSET(INDEX(Composições!A:J,MATCH(Orçamentária!A1087,Composições!A:A,0),8),2,0)","v":3.1254999999999997},0,{"$f":"IF(A1087<>\"\",IF(AND(#REF!=\"Padrão\",$H$4=#REF!),BDI!$B$17,IF(AND(#REF!=\"Padrão\",$H$4=#REF!),BDI!#REF!,IF(AND(#REF!=\"Diferenciado\",$H$4=#REF!),BDI!$E$17,IF(AND(#REF!=\"Diferenciado\",$H$4=#REF!),BDI!#REF!,IF(#REF!=\"ZERO\",0))))),\"\")","v":{"$error":"#REF!"}},{"$error":"#REF!"},{"$error":"#REF!"}]
["SF-01083","Transporte para mão-de-obra indireta","h",0,{"$f":"OFFSET(INDEX(Composições!A:J,MATCH(Orçamentária!A1088,Composições!A:A,0),8),2,0)","v":1.4962499999999999},0,{"$f":"IF(A1088<>\"\",IF(AND(#REF!=\"Padrão\",$H$4=#REF!),BDI!$B$17,IF(AND(#REF!=\"Padrão\",$H$4=#REF!),BDI!#REF!,IF(AND(#REF!=\"Diferenciado\",$H$4=#REF!),BDI!$E$17,IF(AND(#REF!=\"Diferenciado\",$H$4=#REF!),BDI!#REF!,IF(#REF!=\"ZERO\",0))))),\"\")","v":{"$error":"#REF!"}},{"$error":"#REF!"},{"$error":"#REF!"}]
["SF-01084","Transporte de andaime","un",0,"","",{"$f":"IF(A1089<>\"\",IF(AND(#REF!=\"Padrão\",$H$4=#REF!),BDI!$B$17,IF(AND(#REF!=\"Padrão\",$H$4=#REF!),BDI!#REF!,IF(AND(#REF!=\"Diferenciado\",$H$4=#REF!),BDI!$E$17,IF(AND(#REF!=\"Diferenciado\",$H$4=#REF!),BDI!#REF!,IF(#REF!=\"ZERO\",0))))),\"\")","v":{"$error":"#REF!"}},"",""]
["SF-01085","Transporte de Container","un",0,"","",{"$f":"IF(A1090<>\"\",IF(AND(#REF!=\"Padrão\",$H$4=#REF!),BDI!$B$17,IF(AND(#REF!=\"Padrão\",$H$4=#REF!),BDI!#REF!,IF(AND(#REF!=\"Diferenciado\",$H$4=#REF!),BDI!$E$17,IF(AND(#REF!=\"Diferenciado\",$H$4=#REF!),BDI!#REF!,IF(#REF!=\"ZERO\",0))))),\"\")","v":{"$error":"#REF!"}},"",""]
["SF-01086","Coifa Convencional Tipo Caixa para Cozinha Industrial - Bloco 15 (Espaço do Servidor)","un",0,"","",{"$f":"IF(A1091<>\"\",IF(AND(#REF!=\"Padrão\",$H$4=#REF!),BDI!$B$17,IF(AND(#REF!=\"Padrão\",$H$4=#REF!),BDI!#REF!,IF(AND(#REF!=\"Diferenciado\",$H$4=#REF!),BDI!$E$17,IF(AND(#REF!=\"Diferenciado\",$H$4=#REF!),BDI!#REF!,IF(#REF!=\"ZERO\",0))))),\"\")","v":{"$error":"#REF!"}},"",""]
["SF-01087","Puxador com fecho embutido (punho) para janela metálica","par",0,"","",{"$f":"IF(A1092<>\"\",IF(AND(#REF!=\"Padrão\",$H$4=#REF!),BDI!$B$17,IF(AND(#REF!=\"Padrão\",$H$4=#REF!),BDI!#REF!,IF(AND(#REF!=\"Diferenciado\",$H$4=#REF!),BDI!$E$17,IF(AND(#REF!=\"Diferenciado\",$H$4=#REF!),BDI!#REF!,IF(#REF!=\"ZERO\",0))))),\"\")","v":{"$error":"#REF!"}},"",""]
["SF-01088","Cotovelo de cobre de 1 3/8”","un",0,{"$f":"OFFSET(INDEX(Composições!A:J,MATCH(Orçamentária!A1093,Composições!A:A,0),8),2,0)","v":51.416635299999989},0,{"$f":"IF(A1093<>\"\",IF(AND(#REF!=\"Padrão\",$H$4=#REF!),BDI!$B$17,IF(AND(#REF!=\"Padrão\",$H$4=#REF!),BDI!#REF!,IF(AND(#REF!=\"Diferenciado\",$H$4=#REF!),BDI!$E$17,IF(AND(#REF!=\"Diferenciado\",$H$4=#REF!),BDI!#REF!,IF(#REF!=\"ZERO\",0))))),\"\")","v":{"$error":"#REF!"}},{"$error":"#REF!"},{"$error":"#REF!"}]
["SF-01089","Cotovelo de cobre de 1 5/8”","un",0,{"$f":"OFFSET(INDEX(Composições!A:J,MATCH(Orçamentária!A1094,Composições!A:A,0),8),2,0)","v":78.278097149999979},0,{"$f":"IF(A1094<>\"\",IF(AND(#REF!=\"Padrão\",$H$4=#REF!),BDI!$B$17,IF(AND(#REF!=\"Padrão\",$H$4=#REF!),BDI!#REF!,IF(AND(#REF!=\"Diferenciado\",$H$4=#REF!),BDI!$E$17,IF(AND(#REF!=\"Diferenciado\",$H$4=#REF!),BDI!#REF!,IF(#REF!=\"ZERO\",0))))),\"\")","v":{"$error":"#REF!"}},{"$error":"#REF!"},{"$error":"#REF!"}]
["SF-01090","Cotovelo de cobre de 7/8”","un",0,{"$f":"OFFSET(INDEX(Composições!A:J,MATCH(Orçamentária!A1095,Composições!A:A,0),8),2,0)","v":18.834443499999999},{"$f":"IF(ISNUMBER(E1095),D1095*E1095,\"\")","v":0},{"$f":"IF(A1095<>\"\",IF(AND(#REF!=\"Padrão\",$H$4=#REF!),BDI!$B$17,IF(AND(#REF!=\"Padrão\",$H$4=#REF!),BDI!#REF!,IF(AND(#REF!=\"Diferenciado\",$H$4=#REF!),BDI!$E$17,IF(AND(#REF!=\"Diferenciado\",$H$4=#REF!),BDI!#REF!,IF(#REF!=\"ZERO\",0))))),\"\")","v":{"$error":"#REF!"}},{"$f":"IF(ISNUMBER(E1095),ROUND(E1095*(1+G1095),2),\"\")","v":{"$error":"#REF!"}},{"$f":"IF(ISNUMBER(E1095),ROUND(H1095*D1095,2),\"\")","v":{"$error":"#REF!"}}]
["SF-01091","Painel metálico para retorno","un",0,"","",{"$f":"IF(A1096<>\"\",IF(AND(#REF!=\"Padrão\",$H$4=#REF!),BDI!$B$17,IF(AND(#REF!=\"Padrão\",$H$4=#REF!),BDI!#REF!,IF(AND(#REF!=\"Diferenciado\",$H$4=#REF!),BDI!$E$17,IF(AND(#REF!=\"Diferenciado\",$H$4=#REF!),BDI!#REF!,IF(#REF!=\"ZERO\",0))))),\"\")","v":{"$error":"#REF!"}},"",""]
["SF-01092","Luva de cobre de 1 3/8”","un",0,{"$f":"OFFSET(INDEX(Composições!A:J,MATCH(Orçamentária!A1097,Composições!A:A,0),8),2,0)","v":33.477120300000003},0,{"$f":"IF(A1097<>\"\",IF(AND(#REF!=\"Padrão\",$H$4=#REF!),BDI!$B$17,IF(AND(#REF!=\"Padrão\",$H$4=#REF!),BDI!#REF!,IF(AND(#REF!=\"Diferenciado\",$H$4=#REF!),BDI!$E$17,IF(AND(#REF!=\"Diferenciado\",$H$4=#REF!),BDI!#REF!,IF(#REF!=\"ZERO\",0))))),\"\")","v":{"$error":"#REF!"}},{"$error":"#REF!"},{"$error":"#REF!"}]
["SF-01093","Luva de cobre de 1 5/8”","un",0,{"$f":"OFFSET(INDEX(Composições!A:J,MATCH(Orçamentária!A1098,Composições!A:A,0),8),2,0)","v":44.636013149999997},0,{"$f":"IF(A1098<>\"\",IF(AND(#REF!=\"Padrão\",$H$4=#REF!),BDI!$B$17,IF(AND(#REF!=\"Padrão\",$H$4=#REF!),BDI!#REF!,IF(AND(#REF!=\"Diferenciado\",$H$4=#REF!),BDI!$E$17,IF(AND(#REF!=\"Diferenciado\",$H$4=#REF!),BDI!#REF!,IF(#REF!=\"ZERO\",0))))),\"\")","v":{"$error":"#REF!"}},{"$error":"#REF!"},{"$error":"#REF!"}]
["SF-01094","Luva de cobre de 7/8”","un",0,{"$f":"OFFSET(INDEX(Composições!A:J,MATCH(Orçamentária!A1099,Composições!A:A,0),8),2,0)","v":10.811199499999999},0,{"$f":"IF(A1099<>\"\",IF(AND(#REF!=\"Padrão\",$H$4=#REF!),BDI!$B$17,IF(AND(#REF!=\"Padrão\",$H$4=#REF!),BDI!#REF!,IF(AND(#REF!=\"Diferenciado\",$H$4=#REF!),BDI!$E$17,IF(AND(#REF!=\"Diferenciado\",$H$4=#REF!),BDI!#REF!,IF(#REF!=\"ZERO\",0))))),\"\")","v":{"$error":"#REF!"}},{"$error":"#REF!"},{"$error":"#REF!"}]
["SF-01095","Ar-condicionado “splitão” 49 kW","un",0,"","",{"$f":"IF(A1100<>\"\",IF(AND(#REF!=\"Padrão\",$H$4=#REF!),BDI!$B$17,IF(AND(#REF!=\"Padrão\",$H$4=#REF!),BDI!#REF!,IF(AND(#REF!=\"Diferenciado\",$H$4=#REF!),BDI!$E$17,IF(AND(#REF!=\"Diferenciado\",$H$4=#REF!),BDI!#REF!,IF(#REF!=\"ZERO\",0))))),\"\")","v":{"$error":"#REF!"}},"",""]
["SF-01096","Ar-condicionado “splitão” 64 kW.","un",0,"","",{"$f":"IF(A1101<>\"\",IF(AND(#REF!=\"Padrão\",$H$4=#REF!),BDI!$B$17,IF(AND(#REF!=\"Padrão\",$H$4=#REF!),BDI!#REF!,IF(AND(#REF!=\"Diferenciado\",$H$4=#REF!),BDI!$E$17,IF(AND(#REF!=\"Diferenciado\",$H$4=#REF!),BDI!#REF!,IF(#REF!=\"ZERO\",0))))),\"\")","v":{"$error":"#REF!"}},"",""]
["SF-01097","Tubo de cobre de 1 3/8”","m",0,{"$f":"OFFSET(INDEX(Composições!A:J,MATCH(Orçamentária!A1102,Composições!A:A,0),8),2,0)","v":163.41645780000002},0,{"$f":"IF(A1102<>\"\",IF(AND(#REF!=\"Padrão\",$H$4=#REF!),BDI!$B$17,IF(AND(#REF!=\"Padrão\",$H$4=#REF!),BDI!#REF!,IF(AND(#REF!=\"Diferenciado\",$H$4=#REF!),BDI!$E$17,IF(AND(#REF!=\"Diferenciado\",$H$4=#REF!),BDI!#REF!,IF(#REF!=\"ZERO\",0))))),\"\")","v":{"$error":"#REF!"}},{"$error":"#REF!"},{"$error":"#REF!"}]
["SF-01098","Tubo de cobre de 1 5/8”","m",0,{"$f":"OFFSET(INDEX(Composições!A:J,MATCH(Orçamentária!A1103,Composições!A:A,0),8),2,0)","v":196.45453844999997},0,{"$f":"IF(A1103<>\"\",IF(AND(#REF!=\"Padrão\",$H$4=#REF!),BDI!$B$17,IF(AND(#REF!=\"Padrão\",$H$4=#REF!),BDI!#REF!,IF(AND(#REF!=\"Diferenciado\",$H$4=#REF!),BDI!$E$17,IF(AND(#REF!=\"Diferenciado\",$H$4=#REF!),BDI!#REF!,IF(#REF!=\"ZERO\",0))))),\"\")","v":{"$error":"#REF!"}},{"$error":"#REF!"},{"$error":"#REF!"}]
["SF-01099","Porta metálica dupla de giro com dimensões 2,00 m x 2,12 m","un",0,"","",{"$f":"IF(A1104<>\"\",IF(AND(#REF!=\"Padrão\",$H$4=#REF!),BDI!$B$17,IF(AND(#REF!=\"Padrão\",$H$4=#REF!),BDI!#REF!,IF(AND(#REF!=\"Diferenciado\",$H$4=#REF!),BDI!$E$17,IF(AND(#REF!=\"Diferenciado\",$H$4=#REF!),BDI!#REF!,IF(#REF!=\"ZERO\",0))))),\"\")","v":{"$error":"#REF!"}},"",""]
["SF-01100","Conjunto de porta metálica de giro com dimensões 0,80 x 2,10m e painel fixo","un",0,"","",{"$f":"IF(A1105<>\"\",IF(AND(#REF!=\"Padrão\",$H$4=#REF!),BDI!$B$17,IF(AND(#REF!=\"Padrão\",$H$4=#REF!),BDI!#REF!,IF(AND(#REF!=\"Diferenciado\",$H$4=#REF!),BDI!$E$17,IF(AND(#REF!=\"Diferenciado\",$H$4=#REF!),BDI!#REF!,IF(#REF!=\"ZERO\",0))))),\"\")","v":{"$error":"#REF!"}},"",""]
["SF-01101","Eletroduto flexível metálico com capa de PVC 1 1/2\"","m",0,{"$f":"OFFSET(INDEX(Composições!A:J,MATCH(Orçamentária!A1106,Composições!A:A,0),8),2,0)","v":35.977944000000001},0,{"$f":"IF(A1106<>\"\",IF(AND(#REF!=\"Padrão\",$H$4=#REF!),BDI!$B$17,IF(AND(#REF!=\"Padrão\",$H$4=#REF!),BDI!#REF!,IF(AND(#REF!=\"Diferenciado\",$H$4=#REF!),BDI!$E$17,IF(AND(#REF!=\"Diferenciado\",$H$4=#REF!),BDI!#REF!,IF(#REF!=\"ZERO\",0))))),\"\")","v":{"$error":"#REF!"}},{"$error":"#REF!"},{"$error":"#REF!"}]
["SF-01102","Técnico(a) em Edificações - Planejamento de Manutenção","Profissional",0,{"$f":"OFFSET(INDEX(Composições!A:J,MATCH(Orçamentária!A1107,Composições!A:A,0),8),2,0)","v":1822.5386149999999},0,{"$f":"IF(A1107<>\"\",IF(AND(#REF!=\"Padrão\",$H$4=#REF!),BDI!$B$17,IF(AND(#REF!=\"Padrão\",$H$4=#REF!),BDI!#REF!,IF(AND(#REF!=\"Diferenciado\",$H$4=#REF!),BDI!$E$17,IF(AND(#REF!=\"Diferenciado\",$H$4=#REF!),BDI!#REF!,IF(#REF!=\"ZERO\",0))))),\"\")","v":{"$error":"#REF!"}},{"$error":"#REF!"},{"$error":"#REF!"}]
["SF-01103","Locação de Retroescavadeira com Pá Carregadeira sobre Rodas","dia",0,"","",{"$f":"IF(A1108<>\"\",IF(AND(#REF!=\"Padrão\",$H$4=#REF!),BDI!$B$17,IF(AND(#REF!=\"Padrão\",$H$4=#REF!),BDI!#REF!,IF(AND(#REF!=\"Diferenciado\",$H$4=#REF!),BDI!$E$17,IF(AND(#REF!=\"Diferenciado\",$H$4=#REF!),BDI!#REF!,IF(#REF!=\"ZERO\",0))))),\"\")","v":{"$error":"#REF!"}},"",""]
["SF-01104","Projeto de Impermeabilização","m2",0,{"$f":"OFFSET(INDEX(Composições!A:J,MATCH(Orçamentária!A1109,Composições!A:A,0),8),2,0)","v":11.846500000000001},0,{"$f":"IF(A1109<>\"\",IF(AND(#REF!=\"Padrão\",$H$4=#REF!),BDI!$B$17,IF(AND(#REF!=\"Padrão\",$H$4=#REF!),BDI!#REF!,IF(AND(#REF!=\"Diferenciado\",$H$4=#REF!),BDI!$E$17,IF(AND(#REF!=\"Diferenciado\",$H$4=#REF!),BDI!#REF!,IF(#REF!=\"ZERO\",0))))),\"\")","v":{"$error":"#REF!"}},{"$error":"#REF!"},{"$error":"#REF!"}]
["SF-01105","Laminado decorativo de alta pressão (LDAP)","m2",0,{"$f":"OFFSET(INDEX(Composições!A:J,MATCH(Orçamentária!A1110,Composições!A:A,0),8),2,0)","v":54.993600000000001},0,{"$f":"IF(A1110<>\"\",IF(AND(#REF!=\"Padrão\",$H$4=#REF!),BDI!$B$17,IF(AND(#REF!=\"Padrão\",$H$4=#REF!),BDI!#REF!,IF(AND(#REF!=\"Diferenciado\",$H$4=#REF!),BDI!$E$17,IF(AND(#REF!=\"Diferenciado\",$H$4=#REF!),BDI!#REF!,IF(#REF!=\"ZERO\",0))))),\"\")","v":{"$error":"#REF!"}},{"$error":"#REF!"},{"$error":"#REF!"}]
["SF-01106","Granito Preto Absoluto para revestimento de superfícies internas e externas – Linha Administrativa","m2",0,{"$f":"OFFSET(INDEX(Composições!A:J,MATCH(Orçamentária!A1111,Composições!A:A,0),8),2,0)","v":59.669822999999994},0,{"$f":"IF(A1111<>\"\",IF(AND(#REF!=\"Padrão\",$H$4=#REF!),BDI!$B$17,IF(AND(#REF!=\"Padrão\",$H$4=#REF!),BDI!#REF!,IF(AND(#REF!=\"Diferenciado\",$H$4=#REF!),BDI!$E$17,IF(AND(#REF!=\"Diferenciado\",$H$4=#REF!),BDI!#REF!,IF(#REF!=\"ZERO\",0))))),\"\")","v":{"$error":"#REF!"}},{"$error":"#REF!"},{"$error":"#REF!"}]
["SF-01107","Granito Arabesco para revestimento de superfícies internas e externas – Linha Administrativa","m2",0,{"$f":"OFFSET(INDEX(Composições!A:J,MATCH(Orçamentária!A1112,Composições!A:A,0),8),2,0)","v":59.669822999999994},0,{"$f":"IF(A1112<>\"\",IF(AND(#REF!=\"Padrão\",$H$4=#REF!),BDI!$B$17,IF(AND(#REF!=\"Padrão\",$H$4=#REF!),BDI!#REF!,IF(AND(#REF!=\"Diferenciado\",$H$4=#REF!),BDI!$E$17,IF(AND(#REF!=\"Diferenciado\",$H$4=#REF!),BDI!#REF!,IF(#REF!=\"ZERO\",0))))),\"\")","v":{"$error":"#REF!"}},{"$error":"#REF!"},{"$error":"#REF!"}]
["SF-01108","Porcelanato para revestimento de superfícies internas e externas – Linha Residencial","m2",0,{"$f":"OFFSET(INDEX(Composições!A:J,MATCH(Orçamentária!A1113,Composições!A:A,0),8),2,0)","v":118.617285},0,{"$f":"IF(A1113<>\"\",IF(AND(#REF!=\"Padrão\",$H$4=#REF!),BDI!$B$17,IF(AND(#REF!=\"Padrão\",$H$4=#REF!),BDI!#REF!,IF(AND(#REF!=\"Diferenciado\",$H$4=#REF!),BDI!$E$17,IF(AND(#REF!=\"Diferenciado\",$H$4=#REF!),BDI!#REF!,IF(#REF!=\"ZERO\",0))))),\"\")","v":{"$error":"#REF!"}},{"$error":"#REF!"},{"$error":"#REF!"}]
["SF-01109","Granitina para revestimento de pisos","m2",0,{"$f":"OFFSET(INDEX(Composições!A:J,MATCH(Orçamentária!A1114,Composições!A:A,0),8),2,0)","v":114},0,{"$f":"IF(A1114<>\"\",IF(AND(#REF!=\"Padrão\",$H$4=#REF!),BDI!$B$17,IF(AND(#REF!=\"Padrão\",$H$4=#REF!),BDI!#REF!,IF(AND(#REF!=\"Diferenciado\",$H$4=#REF!),BDI!$E$17,IF(AND(#REF!=\"Diferenciado\",$H$4=#REF!),BDI!#REF!,IF(#REF!=\"ZERO\",0))))),\"\")","v":{"$error":"#REF!"}},{"$error":"#REF!"},{"$error":"#REF!"}]
["SF-01110","Piso vinílico flexível em manta","m2",0,{"$f":"OFFSET(INDEX(Composições!A:J,MATCH(Orçamentária!A1115,Composições!A:A,0),8),2,0)","v":28.099574999999994},0,{"$f":"IF(A1115<>\"\",IF(AND(#REF!=\"Padrão\",$H$4=#REF!),BDI!$B$17,IF(AND(#REF!=\"Padrão\",$H$4=#REF!),BDI!#REF!,IF(AND(#REF!=\"Diferenciado\",$H$4=#REF!),BDI!$E$17,IF(AND(#REF!=\"Diferenciado\",$H$4=#REF!),BDI!#REF!,IF(#REF!=\"ZERO\",0))))),\"\")","v":{"$error":"#REF!"}},{"$error":"#REF!"},{"$error":"#REF!"}]
["SF-01111","Tratamento de juntas de dilatação ou movimentação","m",0,{"$f":"OFFSET(INDEX(Composições!A:J,MATCH(Orçamentária!A1116,Composições!A:A,0),8),2,0)","v":72.019120000000001},0,{"$f":"IF(A1116<>\"\",IF(AND(#REF!=\"Padrão\",$H$4=#REF!),BDI!$B$17,IF(AND(#REF!=\"Padrão\",$H$4=#REF!),BDI!#REF!,IF(AND(#REF!=\"Diferenciado\",$H$4=#REF!),BDI!$E$17,IF(AND(#REF!=\"Diferenciado\",$H$4=#REF!),BDI!#REF!,IF(#REF!=\"ZERO\",0))))),\"\")","v":{"$error":"#REF!"}},{"$error":"#REF!"},{"$error":"#REF!"}]
["SF-01112","Recuperação superficial de preparação para pintura epóxi de alto desempenho","m2",0,{"$f":"OFFSET(INDEX(Composições!A:J,MATCH(Orçamentária!A1117,Composições!A:A,0),8),2,0)","v":19.747174999999999},0,{"$f":"IF(A1117<>\"\",IF(AND(#REF!=\"Padrão\",$H$4=#REF!),BDI!$B$17,IF(AND(#REF!=\"Padrão\",$H$4=#REF!),BDI!#REF!,IF(AND(#REF!=\"Diferenciado\",$H$4=#REF!),BDI!$E$17,IF(AND(#REF!=\"Diferenciado\",$H$4=#REF!),BDI!#REF!,IF(#REF!=\"ZERO\",0))))),\"\")","v":{"$error":"#REF!"}},{"$error":"#REF!"},{"$error":"#REF!"}]
["SF-01113","Lixamento, calafetação e aplicação de sinteco em piso de madeira – Linha Residencial","m2",0,{"$f":"OFFSET(INDEX(Composições!A:J,MATCH(Orçamentária!A1118,Composições!A:A,0),8),2,0)","v":0},0,{"$f":"IF(A1118<>\"\",IF(AND(#REF!=\"Padrão\",$H$4=#REF!),BDI!$B$17,IF(AND(#REF!=\"Padrão\",$H$4=#REF!),BDI!#REF!,IF(AND(#REF!=\"Diferenciado\",$H$4=#REF!),BDI!$E$17,IF(AND(#REF!=\"Diferenciado\",$H$4=#REF!),BDI!#REF!,IF(#REF!=\"ZERO\",0))))),\"\")","v":{"$error":"#REF!"}},{"$error":"#REF!"},{"$error":"#REF!"}]
["SF-01114","Piso em taco de madeira – Linha Residencial","m2",0,{"$f":"OFFSET(INDEX(Composições!A:J,MATCH(Orçamentária!A1119,Composições!A:A,0),8),2,0)","v":233.56639200000001},0,{"$f":"IF(A1119<>\"\",IF(AND(#REF!=\"Padrão\",$H$4=#REF!),BDI!$B$17,IF(AND(#REF!=\"Padrão\",$H$4=#REF!),BDI!#REF!,IF(AND(#REF!=\"Diferenciado\",$H$4=#REF!),BDI!$E$17,IF(AND(#REF!=\"Diferenciado\",$H$4=#REF!),BDI!#REF!,IF(#REF!=\"ZERO\",0))))),\"\")","v":{"$error":"#REF!"}},{"$error":"#REF!"},{"$error":"#REF!"}]
["SF-01115","Piso de borracha antiderrapante tipo moeda","m2",0,{"$f":"OFFSET(INDEX(Composições!A:J,MATCH(Orçamentária!A1120,Composições!A:A,0),8),2,0)","v":94.485019249999993},0,{"$f":"IF(A1120<>\"\",IF(AND(#REF!=\"Padrão\",$H$4=#REF!),BDI!$B$17,IF(AND(#REF!=\"Padrão\",$H$4=#REF!),BDI!#REF!,IF(AND(#REF!=\"Diferenciado\",$H$4=#REF!),BDI!$E$17,IF(AND(#REF!=\"Diferenciado\",$H$4=#REF!),BDI!#REF!,IF(#REF!=\"ZERO\",0))))),\"\")","v":{"$error":"#REF!"}},{"$error":"#REF!"},{"$error":"#REF!"}]
["SF-01116","Piso sintético flutuante – Linha Residencial","m2",0,{"$f":"OFFSET(INDEX(Composições!A:J,MATCH(Orçamentária!A1121,Composições!A:A,0),8),2,0)","v":15.655779884999998},0,{"$f":"IF(A1121<>\"\",IF(AND(#REF!=\"Padrão\",$H$4=#REF!),BDI!$B$17,IF(AND(#REF!=\"Padrão\",$H$4=#REF!),BDI!#REF!,IF(AND(#REF!=\"Diferenciado\",$H$4=#REF!),BDI!$E$17,IF(AND(#REF!=\"Diferenciado\",$H$4=#REF!),BDI!#REF!,IF(#REF!=\"ZERO\",0))))),\"\")","v":{"$error":"#REF!"}},{"$error":"#REF!"},{"$error":"#REF!"}]
["SF-01117","Revestimento acústico perfilado – Linha Administrativa","m2",0,{"$f":"OFFSET(INDEX(Composições!A:J,MATCH(Orçamentária!A1122,Composições!A:A,0),8),2,0)","v":12.237044999999998},0,{"$f":"IF(A1122<>\"\",IF(AND(#REF!=\"Padrão\",$H$4=#REF!),BDI!$B$17,IF(AND(#REF!=\"Padrão\",$H$4=#REF!),BDI!#REF!,IF(AND(#REF!=\"Diferenciado\",$H$4=#REF!),BDI!$E$17,IF(AND(#REF!=\"Diferenciado\",$H$4=#REF!),BDI!#REF!,IF(#REF!=\"ZERO\",0))))),\"\")","v":{"$error":"#REF!"}},{"$error":"#REF!"},{"$error":"#REF!"}]
["SF-01118","Revestimento acústico plano – Linha Administrativa","m2",0,{"$f":"OFFSET(INDEX(Composições!A:J,MATCH(Orçamentária!A1123,Composições!A:A,0),8),2,0)","v":12.237044999999998},0,{"$f":"IF(A1123<>\"\",IF(AND(#REF!=\"Padrão\",$H$4=#REF!),BDI!$B$17,IF(AND(#REF!=\"Padrão\",$H$4=#REF!),BDI!#REF!,IF(AND(#REF!=\"Diferenciado\",$H$4=#REF!),BDI!$E$17,IF(AND(#REF!=\"Diferenciado\",$H$4=#REF!),BDI!#REF!,IF(#REF!=\"ZERO\",0))))),\"\")","v":{"$error":"#REF!"}},{"$error":"#REF!"},{"$error":"#REF!"}]
["SF-01119","Forro monolítico de gesso em placas","m2",0,{"$f":"OFFSET(INDEX(Composições!A:J,MATCH(Orçamentária!A1124,Composições!A:A,0),8),2,0)","v":42.624777649999999},0,{"$f":"IF(A1124<>\"\",IF(AND(#REF!=\"Padrão\",$H$4=#REF!),BDI!$B$17,IF(AND(#REF!=\"Padrão\",$H$4=#REF!),BDI!#REF!,IF(AND(#REF!=\"Diferenciado\",$H$4=#REF!),BDI!$E$17,IF(AND(#REF!=\"Diferenciado\",$H$4=#REF!),BDI!#REF!,IF(#REF!=\"ZERO\",0))))),\"\")","v":{"$error":"#REF!"}},{"$error":"#REF!"},{"$error":"#REF!"}]
["SF-01120","Textura acrílica – Linha Administrativa","m2",0,{"$f":"OFFSET(INDEX(Composições!A:J,MATCH(Orçamentária!A1125,Composições!A:A,0),8),2,0)","v":14.094855499999996},0,{"$f":"IF(A1125<>\"\",IF(AND(#REF!=\"Padrão\",$H$4=#REF!),BDI!$B$17,IF(AND(#REF!=\"Padrão\",$H$4=#REF!),BDI!#REF!,IF(AND(#REF!=\"Diferenciado\",$H$4=#REF!),BDI!$E$17,IF(AND(#REF!=\"Diferenciado\",$H$4=#REF!),BDI!#REF!,IF(#REF!=\"ZERO\",0))))),\"\")","v":{"$error":"#REF!"}},{"$error":"#REF!"},{"$error":"#REF!"}]
["SF-01121","Pintura com tinta látex acrílica Premium – cores especiais (sistema tintométrico)","m2",0,{"$f":"OFFSET(INDEX(Composições!A:J,MATCH(Orçamentária!A1126,Composições!A:A,0),8),2,0)","v":16.98429475},0,{"$f":"IF(A1126<>\"\",IF(AND(#REF!=\"Padrão\",$H$4=#REF!),BDI!$B$17,IF(AND(#REF!=\"Padrão\",$H$4=#REF!),BDI!#REF!,IF(AND(#REF!=\"Diferenciado\",$H$4=#REF!),BDI!$E$17,IF(AND(#REF!=\"Diferenciado\",$H$4=#REF!),BDI!#REF!,IF(#REF!=\"ZERO\",0))))),\"\")","v":{"$error":"#REF!"}},{"$error":"#REF!"},{"$error":"#REF!"}]
["SF-01122","Pintura Eletrostática","m2",0,"","",{"$f":"IF(A1127<>\"\",IF(AND(#REF!=\"Padrão\",$H$4=#REF!),BDI!$B$17,IF(AND(#REF!=\"Padrão\",$H$4=#REF!),BDI!#REF!,IF(AND(#REF!=\"Diferenciado\",$H$4=#REF!),BDI!$E$17,IF(AND(#REF!=\"Diferenciado\",$H$4=#REF!),BDI!#REF!,IF(#REF!=\"ZERO\",0))))),\"\")","v":{"$error":"#REF!"}},"",""]
["SF-01123","Pintura com tinta acrílica (pisos)","m2",18,{"$f":"OFFSET(INDEX(Composições!A:J,MATCH(Orçamentária!A1128,Composições!A:A,0),8),2,0)","v":19.763942500000002},355.75096500000006,{"$f":"BDI!$B$17","v":0.191},23.54,423.72]
["SF-01124","Pintura com tinta epóxi de alto desempenho (pisos)","m2",0,{"$f":"OFFSET(INDEX(Composições!A:J,MATCH(Orçamentária!A1129,Composições!A:A,0),8),2,0)","v":60.611839199999999},0,{"$f":"IF(A1129<>\"\",IF(AND(#REF!=\"Padrão\",$H$4=#REF!),BDI!$B$17,IF(AND(#REF!=\"Padrão\",$H$4=#REF!),BDI!#REF!,IF(AND(#REF!=\"Diferenciado\",$H$4=#REF!),BDI!$E$17,IF(AND(#REF!=\"Diferenciado\",$H$4=#REF!),BDI!#REF!,IF(#REF!=\"ZERO\",0))))),\"\")","v":{"$error":"#REF!"}},{"$error":"#REF!"},{"$error":"#REF!"}]
["SF-01125","Verniz de poliuretano sobre pintura epóxi de alto desempenho","m2",0,{"$f":"OFFSET(INDEX(Composições!A:J,MATCH(Orçamentária!A1130,Composições!A:A,0),8),2,0)","v":23.14048},0,{"$f":"IF(A1130<>\"\",IF(AND(#REF!=\"Padrão\",$H$4=#REF!),BDI!$B$17,IF(AND(#REF!=\"Padrão\",$H$4=#REF!),BDI!#REF!,IF(AND(#REF!=\"Diferenciado\",$H$4=#REF!),BDI!$E$17,IF(AND(#REF!=\"Diferenciado\",$H$4=#REF!),BDI!#REF!,IF(#REF!=\"ZERO\",0))))),\"\")","v":{"$error":"#REF!"}},{"$error":"#REF!"},{"$error":"#REF!"}]
["SF-01126","Tratamento antiderrapante em verniz de poliuretano sobre pintura epóxi","m2",0,{"$f":"OFFSET(INDEX(Composições!A:J,MATCH(Orçamentária!A1131,Composições!A:A,0),8),2,0)","v":1.3955594999999998},0,{"$f":"IF(A1131<>\"\",IF(AND(#REF!=\"Padrão\",$H$4=#REF!),BDI!$B$17,IF(AND(#REF!=\"Padrão\",$H$4=#REF!),BDI!#REF!,IF(AND(#REF!=\"Diferenciado\",$H$4=#REF!),BDI!$E$17,IF(AND(#REF!=\"Diferenciado\",$H$4=#REF!),BDI!#REF!,IF(#REF!=\"ZERO\",0))))),\"\")","v":{"$error":"#REF!"}},{"$error":"#REF!"},{"$error":"#REF!"}]
["SF-01127","Pintura para superfícies galvanizadas","m2",0,{"$f":"OFFSET(INDEX(Composições!A:J,MATCH(Orçamentária!A1132,Composições!A:A,0),8),2,0)","v":33.908676799999995},0,{"$f":"IF(A1132<>\"\",IF(AND(#REF!=\"Padrão\",$H$4=#REF!),BDI!$B$17,IF(AND(#REF!=\"Padrão\",$H$4=#REF!),BDI!#REF!,IF(AND(#REF!=\"Diferenciado\",$H$4=#REF!),BDI!$E$17,IF(AND(#REF!=\"Diferenciado\",$H$4=#REF!),BDI!#REF!,IF(#REF!=\"ZERO\",0))))),\"\")","v":{"$error":"#REF!"}},{"$error":"#REF!"},{"$error":"#REF!"}]
["SF-01128","Selagem ou resselagem de juntas em pavimentação de concreto armado","m",0,{"$f":"OFFSET(INDEX(Composições!A:J,MATCH(Orçamentária!A1133,Composições!A:A,0),8),2,0)","v":11.10556555},0,{"$f":"IF(A1133<>\"\",IF(AND(#REF!=\"Padrão\",$H$4=#REF!),BDI!$B$17,IF(AND(#REF!=\"Padrão\",$H$4=#REF!),BDI!#REF!,IF(AND(#REF!=\"Diferenciado\",$H$4=#REF!),BDI!$E$17,IF(AND(#REF!=\"Diferenciado\",$H$4=#REF!),BDI!#REF!,IF(#REF!=\"ZERO\",0))))),\"\")","v":{"$error":"#REF!"}},{"$error":"#REF!"},{"$error":"#REF!"}]
["SF-01129","Pavimentação em elementos intertravados de concreto","m2",0,{"$f":"OFFSET(INDEX(Composições!A:J,MATCH(Orçamentária!A1134,Composições!A:A,0),8),2,0)","v":77.350274317459977},0,{"$f":"IF(A1134<>\"\",IF(AND(#REF!=\"Padrão\",$H$4=#REF!),BDI!$B$17,IF(AND(#REF!=\"Padrão\",$H$4=#REF!),BDI!#REF!,IF(AND(#REF!=\"Diferenciado\",$H$4=#REF!),BDI!$E$17,IF(AND(#REF!=\"Diferenciado\",$H$4=#REF!),BDI!#REF!,IF(#REF!=\"ZERO\",0))))),\"\")","v":{"$error":"#REF!"}},{"$error":"#REF!"},{"$error":"#REF!"}]
["SF-01130","Pavimentação com Asfalto Pré-Misturado a Frio (PMF)","m3",0,{"$f":"OFFSET(INDEX(Composições!A:J,MATCH(Orçamentária!A1135,Composições!A:A,0),8),2,0)","v":447.23463735599989},0,{"$f":"IF(A1135<>\"\",IF(AND(#REF!=\"Padrão\",$H$4=#REF!),BDI!$B$17,IF(AND(#REF!=\"Padrão\",$H$4=#REF!),BDI!#REF!,IF(AND(#REF!=\"Diferenciado\",$H$4=#REF!),BDI!$E$17,IF(AND(#REF!=\"Diferenciado\",$H$4=#REF!),BDI!#REF!,IF(#REF!=\"ZERO\",0))))),\"\")","v":{"$error":"#REF!"}},{"$error":"#REF!"},{"$error":"#REF!"}]
["SF-01131","Pavimentação asfáltica com CBUQ para aplicação a frio (remendo)","m3",0,{"$f":"OFFSET(INDEX(Composições!A:J,MATCH(Orçamentária!A1136,Composições!A:A,0),8),2,0)","v":242.70599999999996},0,{"$f":"IF(A1136<>\"\",IF(AND(#REF!=\"Padrão\",$H$4=#REF!),BDI!$B$17,IF(AND(#REF!=\"Padrão\",$H$4=#REF!),BDI!#REF!,IF(AND(#REF!=\"Diferenciado\",$H$4=#REF!),BDI!$E$17,IF(AND(#REF!=\"Diferenciado\",$H$4=#REF!),BDI!#REF!,IF(#REF!=\"ZERO\",0))))),\"\")","v":{"$error":"#REF!"}},{"$error":"#REF!"},{"$error":"#REF!"}]
["SF-01132","Pintura para sinalização e demarcação viária horizontal","m2",0,{"$f":"OFFSET(INDEX(Composições!A:J,MATCH(Orçamentária!A1137,Composições!A:A,0),8),2,0)","v":4.8015232499999998},0,{"$f":"IF(A1137<>\"\",IF(AND(#REF!=\"Padrão\",$H$4=#REF!),BDI!$B$17,IF(AND(#REF!=\"Padrão\",$H$4=#REF!),BDI!#REF!,IF(AND(#REF!=\"Diferenciado\",$H$4=#REF!),BDI!$E$17,IF(AND(#REF!=\"Diferenciado\",$H$4=#REF!),BDI!#REF!,IF(#REF!=\"ZERO\",0))))),\"\")","v":{"$error":"#REF!"}},{"$error":"#REF!"},{"$error":"#REF!"}]
["SF-01133","Telha metálica trapezoidal galvanizada - GR-40","m2",0,{"$f":"OFFSET(INDEX(Composições!A:J,MATCH(Orçamentária!A1138,Composições!A:A,0),8),2,0)","v":86.442636549999989},0,{"$f":"IF(A1138<>\"\",IF(AND(#REF!=\"Padrão\",$H$4=#REF!),BDI!$B$17,IF(AND(#REF!=\"Padrão\",$H$4=#REF!),BDI!#REF!,IF(AND(#REF!=\"Diferenciado\",$H$4=#REF!),BDI!$E$17,IF(AND(#REF!=\"Diferenciado\",$H$4=#REF!),BDI!#REF!,IF(#REF!=\"ZERO\",0))))),\"\")","v":{"$error":"#REF!"}},{"$error":"#REF!"},{"$error":"#REF!"}]
["SF-01134","Cumeeira para telha metálica trapezoidal galvanizada - GR-40","m",0,{"$f":"OFFSET(INDEX(Composições!A:J,MATCH(Orçamentária!A1139,Composições!A:A,0),8),2,0)","v":12.6278826},0,{"$f":"IF(A1139<>\"\",IF(AND(#REF!=\"Padrão\",$H$4=#REF!),BDI!$B$17,IF(AND(#REF!=\"Padrão\",$H$4=#REF!),BDI!#REF!,IF(AND(#REF!=\"Diferenciado\",$H$4=#REF!),BDI!$E$17,IF(AND(#REF!=\"Diferenciado\",$H$4=#REF!),BDI!#REF!,IF(#REF!=\"ZERO\",0))))),\"\")","v":{"$error":"#REF!"}},{"$error":"#REF!"},{"$error":"#REF!"}]
["SF-01135","Telha metálica trapezoidal galvanizada - GR-25","m2",0,{"$f":"OFFSET(INDEX(Composições!A:J,MATCH(Orçamentária!A1140,Composições!A:A,0),8),2,0)","v":13.888286549999998},0,{"$f":"IF(A1140<>\"\",IF(AND(#REF!=\"Padrão\",$H$4=#REF!),BDI!$B$17,IF(AND(#REF!=\"Padrão\",$H$4=#REF!),BDI!#REF!,IF(AND(#REF!=\"Diferenciado\",$H$4=#REF!),BDI!$E$17,IF(AND(#REF!=\"Diferenciado\",$H$4=#REF!),BDI!#REF!,IF(#REF!=\"ZERO\",0))))),\"\")","v":{"$error":"#REF!"}},{"$error":"#REF!"},{"$error":"#REF!"}]
["SF-01136","Cumeeira para telha metálica trapezoidal galvanizada - GR-25","m",0,{"$f":"OFFSET(INDEX(Composições!A:J,MATCH(Orçamentária!A1141,Composições!A:A,0),8),2,0)","v":12.6278826},0,{"$f":"IF(A1141<>\"\",IF(AND(#REF!=\"Padrão\",$H$4=#REF!),BDI!$B$17,IF(AND(#REF!=\"Padrão\",$H$4=#REF!),BDI!#REF!,IF(AND(#REF!=\"Diferenciado\",$H$4=#REF!),BDI!$E$17,IF(AND(#REF!=\"Diferenciado\",$H$4=#REF!),BDI!#REF!,IF(#REF!=\"ZERO\",0))))),\"\")","v":{"$error":"#REF!"}},{"$error":"#REF!"},{"$error":"#REF!"}]
["SF-01137","Telha de fibrocimento modulada - espessura 8mm","m2",0,{"$f":"OFFSET(INDEX(Composições!A:J,MATCH(Orçamentária!A1142,Composições!A:A,0),8),2,0)","v":20.101049999999997},0,{"$f":"IF(A1142<>\"\",IF(AND(#REF!=\"Padrão\",$H$4=#REF!),BDI!$B$17,IF(AND(#REF!=\"Padrão\",$H$4=#REF!),BDI!#REF!,IF(AND(#REF!=\"Diferenciado\",$H$4=#REF!),BDI!$E$17,IF(AND(#REF!=\"Diferenciado\",$H$4=#REF!),BDI!#REF!,IF(#REF!=\"ZERO\",0))))),\"\")","v":{"$error":"#REF!"}},{"$error":"#REF!"},{"$error":"#REF!"}]
["SF-01138","Cumeeira articulada ABA SUPERIOR de fibrocimento para telha modulada - espessura 6 mm","m",0,{"$f":"OFFSET(INDEX(Composições!A:J,MATCH(Orçamentária!A1143,Composições!A:A,0),8),2,0)","v":2.8066799999999996},0,{"$f":"IF(A1143<>\"\",IF(AND(#REF!=\"Padrão\",$H$4=#REF!),BDI!$B$17,IF(AND(#REF!=\"Padrão\",$H$4=#REF!),BDI!#REF!,IF(AND(#REF!=\"Diferenciado\",$H$4=#REF!),BDI!$E$17,IF(AND(#REF!=\"Diferenciado\",$H$4=#REF!),BDI!#REF!,IF(#REF!=\"ZERO\",0))))),\"\")","v":{"$error":"#REF!"}},{"$error":"#REF!"},{"$error":"#REF!"}]
["SF-01139","Cumeeira articulada ABA INFERIOR de fibrocimento para telha modulada - espessura 6 mm","m",0,{"$f":"OFFSET(INDEX(Composições!A:J,MATCH(Orçamentária!A1144,Composições!A:A,0),8),2,0)","v":2.8066799999999996},0,{"$f":"IF(A1144<>\"\",IF(AND(#REF!=\"Padrão\",$H$4=#REF!),BDI!$B$17,IF(AND(#REF!=\"Padrão\",$H$4=#REF!),BDI!#REF!,IF(AND(#REF!=\"Diferenciado\",$H$4=#REF!),BDI!$E$17,IF(AND(#REF!=\"Diferenciado\",$H$4=#REF!),BDI!#REF!,IF(#REF!=\"ZERO\",0))))),\"\")","v":{"$error":"#REF!"}},{"$error":"#REF!"},{"$error":"#REF!"}]
["SF-01140","Telha de fibrocimento ondulada - espessura 6mm","m2",0,{"$f":"OFFSET(INDEX(Composições!A:J,MATCH(Orçamentária!A1145,Composições!A:A,0),8),2,0)","v":41.061925999999993},0,{"$f":"IF(A1145<>\"\",IF(AND(#REF!=\"Padrão\",$H$4=#REF!),BDI!$B$17,IF(AND(#REF!=\"Padrão\",$H$4=#REF!),BDI!#REF!,IF(AND(#REF!=\"Diferenciado\",$H$4=#REF!),BDI!$E$17,IF(AND(#REF!=\"Diferenciado\",$H$4=#REF!),BDI!#REF!,IF(#REF!=\"ZERO\",0))))),\"\")","v":{"$error":"#REF!"}},{"$error":"#REF!"},{"$error":"#REF!"}]
["SF-01141","Cumeeira UNIVERSAL para telha de fibrocimento ondulada - espessura 6 mm","m",0,{"$f":"OFFSET(INDEX(Composições!A:J,MATCH(Orçamentária!A1146,Composições!A:A,0),8),2,0)","v":72.397968599999984},0,{"$f":"IF(A1146<>\"\",IF(AND(#REF!=\"Padrão\",$H$4=#REF!),BDI!$B$17,IF(AND(#REF!=\"Padrão\",$H$4=#REF!),BDI!#REF!,IF(AND(#REF!=\"Diferenciado\",$H$4=#REF!),BDI!$E$17,IF(AND(#REF!=\"Diferenciado\",$H$4=#REF!),BDI!#REF!,IF(#REF!=\"ZERO\",0))))),\"\")","v":{"$error":"#REF!"}},{"$error":"#REF!"},{"$error":"#REF!"}]
["SF-01142","Cumeeira TIPO SHED para telha de fibrocimento ondulada - espessura 6 mm","m",0,{"$f":"OFFSET(INDEX(Composições!A:J,MATCH(Orçamentária!A1147,Composições!A:A,0),8),2,0)","v":77.727079099999983},0,{"$f":"IF(A1147<>\"\",IF(AND(#REF!=\"Padrão\",$H$4=#REF!),BDI!$B$17,IF(AND(#REF!=\"Padrão\",$H$4=#REF!),BDI!#REF!,IF(AND(#REF!=\"Diferenciado\",$H$4=#REF!),BDI!$E$17,IF(AND(#REF!=\"Diferenciado\",$H$4=#REF!),BDI!#REF!,IF(#REF!=\"ZERO\",0))))),\"\")","v":{"$error":"#REF!"}},{"$error":"#REF!"},{"$error":"#REF!"}]
["SF-01143","Telha de fibrocimento - Canalete 49 Eternit","m2",0,{"$f":"OFFSET(INDEX(Composições!A:J,MATCH(Orçamentária!A1148,Composições!A:A,0),8),2,0)","v":7.0166999999999984},0,{"$f":"IF(A1148<>\"\",IF(AND(#REF!=\"Padrão\",$H$4=#REF!),BDI!$B$17,IF(AND(#REF!=\"Padrão\",$H$4=#REF!),BDI!#REF!,IF(AND(#REF!=\"Diferenciado\",$H$4=#REF!),BDI!$E$17,IF(AND(#REF!=\"Diferenciado\",$H$4=#REF!),BDI!#REF!,IF(#REF!=\"ZERO\",0))))),\"\")","v":{"$error":"#REF!"}},{"$error":"#REF!"},{"$error":"#REF!"}]
["SF-01144","Passarela móvel para telhado (sem degraus)","un",0,"","",{"$f":"IF(A1149<>\"\",IF(AND(#REF!=\"Padrão\",$H$4=#REF!),BDI!$B$17,IF(AND(#REF!=\"Padrão\",$H$4=#REF!),BDI!#REF!,IF(AND(#REF!=\"Diferenciado\",$H$4=#REF!),BDI!$E$17,IF(AND(#REF!=\"Diferenciado\",$H$4=#REF!),BDI!#REF!,IF(#REF!=\"ZERO\",0))))),\"\")","v":{"$error":"#REF!"}},"",""]
["SF-01145","Passarela móvel para telhado (com degraus)","un",0,"","",{"$f":"IF(A1150<>\"\",IF(AND(#REF!=\"Padrão\",$H$4=#REF!),BDI!$B$17,IF(AND(#REF!=\"Padrão\",$H$4=#REF!),BDI!#REF!,IF(AND(#REF!=\"Diferenciado\",$H$4=#REF!),BDI!$E$17,IF(AND(#REF!=\"Diferenciado\",$H$4=#REF!),BDI!#REF!,IF(#REF!=\"ZERO\",0))))),\"\")","v":{"$error":"#REF!"}},"",""]
["SF-01146","Locação de guincho elétrico de coluna","cj x mês",0,"","",{"$f":"IF(A1151<>\"\",IF(AND(#REF!=\"Padrão\",$H$4=#REF!),BDI!$B$17,IF(AND(#REF!=\"Padrão\",$H$4=#REF!),BDI!#REF!,IF(AND(#REF!=\"Diferenciado\",$H$4=#REF!),BDI!$E$17,IF(AND(#REF!=\"Diferenciado\",$H$4=#REF!),BDI!#REF!,IF(#REF!=\"ZERO\",0))))),\"\")","v":{"$error":"#REF!"}},"",""]
["SF-01147","Escada tipo marinheiro COM proteção","m",0,{"$f":"OFFSET(INDEX(Composições!A:J,MATCH(Orçamentária!A1152,Composições!A:A,0),8),2,0)","v":285.36692309245666},0,{"$f":"IF(A1152<>\"\",IF(AND(#REF!=\"Padrão\",$H$4=#REF!),BDI!$B$17,IF(AND(#REF!=\"Padrão\",$H$4=#REF!),BDI!#REF!,IF(AND(#REF!=\"Diferenciado\",$H$4=#REF!),BDI!$E$17,IF(AND(#REF!=\"Diferenciado\",$H$4=#REF!),BDI!#REF!,IF(#REF!=\"ZERO\",0))))),\"\")","v":{"$error":"#REF!"}},{"$error":"#REF!"},{"$error":"#REF!"}]
["SF-01148","Escada tipo marinheiro SEM proteção","m",0,{"$f":"OFFSET(INDEX(Composições!A:J,MATCH(Orçamentária!A1153,Composições!A:A,0),8),2,0)","v":147.85820868491351},0,{"$f":"IF(A1153<>\"\",IF(AND(#REF!=\"Padrão\",$H$4=#REF!),BDI!$B$17,IF(AND(#REF!=\"Padrão\",$H$4=#REF!),BDI!#REF!,IF(AND(#REF!=\"Diferenciado\",$H$4=#REF!),BDI!$E$17,IF(AND(#REF!=\"Diferenciado\",$H$4=#REF!),BDI!#REF!,IF(#REF!=\"ZERO\",0))))),\"\")","v":{"$error":"#REF!"}},{"$error":"#REF!"},{"$error":"#REF!"}]
["SF-01149","Limpeza e Preparação do Substrato para Impermeabilização","m2",0,{"$f":"OFFSET(INDEX(Composições!A:J,MATCH(Orçamentária!A1154,Composições!A:A,0),8),2,0)","v":2.2248049999999995},0,{"$f":"IF(A1154<>\"\",IF(AND(#REF!=\"Padrão\",$H$4=#REF!),BDI!$B$17,IF(AND(#REF!=\"Padrão\",$H$4=#REF!),BDI!#REF!,IF(AND(#REF!=\"Diferenciado\",$H$4=#REF!),BDI!$E$17,IF(AND(#REF!=\"Diferenciado\",$H$4=#REF!),BDI!#REF!,IF(#REF!=\"ZERO\",0))))),\"\")","v":{"$error":"#REF!"}},{"$error":"#REF!"},{"$error":"#REF!"}]
["SF-01150","Substituição de Coletores de Águas Pluviais","un",0,{"$f":"OFFSET(INDEX(Composições!A:J,MATCH(Orçamentária!A1155,Composições!A:A,0),8),2,0)","v":230.13492835},0,{"$f":"IF(A1155<>\"\",IF(AND(#REF!=\"Padrão\",$H$4=#REF!),BDI!$B$17,IF(AND(#REF!=\"Padrão\",$H$4=#REF!),BDI!#REF!,IF(AND(#REF!=\"Diferenciado\",$H$4=#REF!),BDI!$E$17,IF(AND(#REF!=\"Diferenciado\",$H$4=#REF!),BDI!#REF!,IF(#REF!=\"ZERO\",0))))),\"\")","v":{"$error":"#REF!"}},{"$error":"#REF!"},{"$error":"#REF!"}]
["SF-01151","Tratamento de Tubulação Passante para Impermeabilização","un",0,{"$f":"OFFSET(INDEX(Composições!A:J,MATCH(Orçamentária!A1156,Composições!A:A,0),8),2,0)","v":51.517554750000002},0,{"$f":"IF(A1156<>\"\",IF(AND(#REF!=\"Padrão\",$H$4=#REF!),BDI!$B$17,IF(AND(#REF!=\"Padrão\",$H$4=#REF!),BDI!#REF!,IF(AND(#REF!=\"Diferenciado\",$H$4=#REF!),BDI!$E$17,IF(AND(#REF!=\"Diferenciado\",$H$4=#REF!),BDI!#REF!,IF(#REF!=\"ZERO\",0))))),\"\")","v":{"$error":"#REF!"}},{"$error":"#REF!"},{"$error":"#REF!"}]
["SF-01152","Regularização de substrato para Impermeabilização - 3cm","m2",0,{"$f":"OFFSET(INDEX(Composições!A:J,MATCH(Orçamentária!A1157,Composições!A:A,0),8),2,0)","v":45.146060778828392},0,{"$f":"IF(A1157<>\"\",IF(AND(#REF!=\"Padrão\",$H$4=#REF!),BDI!$B$17,IF(AND(#REF!=\"Padrão\",$H$4=#REF!),BDI!#REF!,IF(AND(#REF!=\"Diferenciado\",$H$4=#REF!),BDI!$E$17,IF(AND(#REF!=\"Diferenciado\",$H$4=#REF!),BDI!#REF!,IF(#REF!=\"ZERO\",0))))),\"\")","v":{"$error":"#REF!"}},{"$error":"#REF!"},{"$error":"#REF!"}]
["SF-01153","Regularização de substrato para Impermeabilização - 6cm","m2",0,{"$f":"OFFSET(INDEX(Composições!A:J,MATCH(Orçamentária!A1158,Composições!A:A,0),8),2,0)","v":60.620763143400396},0,{"$f":"IF(A1158<>\"\",IF(AND(#REF!=\"Padrão\",$H$4=#REF!),BDI!$B$17,IF(AND(#REF!=\"Padrão\",$H$4=#REF!),BDI!#REF!,IF(AND(#REF!=\"Diferenciado\",$H$4=#REF!),BDI!$E$17,IF(AND(#REF!=\"Diferenciado\",$H$4=#REF!),BDI!#REF!,IF(#REF!=\"ZERO\",0))))),\"\")","v":{"$error":"#REF!"}},{"$error":"#REF!"},{"$error":"#REF!"}]
["SF-01154","Camada Separadora para Impermeabilização","m2",0,{"$f":"OFFSET(INDEX(Composições!A:J,MATCH(Orçamentária!A1159,Composições!A:A,0),8),2,0)","v":7.6426549999999995},{"$f":"IF(ISNUMBER(E1159),D1159*E1159,\"\")","v":0},{"$f":"IF(A1159<>\"\",IF(AND(#REF!=\"Padrão\",$H$4=#REF!),BDI!$B$17,IF(AND(#REF!=\"Padrão\",$H$4=#REF!),BDI!#REF!,IF(AND(#REF!=\"Diferenciado\",$H$4=#REF!),BDI!$E$17,IF(AND(#REF!=\"Diferenciado\",$H$4=#REF!),BDI!#REF!,IF(#REF!=\"ZERO\",0))))),\"\")","v":{"$error":"#REF!"}},{"$f":"IF(ISNUMBER(E1159),ROUND(E1159*(1+G1159),2),\"\")","v":{"$error":"#REF!"}},{"$f":"IF(ISNUMBER(E1159),ROUND(H1159*D1159,2),\"\")","v":{"$error":"#REF!"}}]
["SF-01155","Camada de Proteção Térmica para Impermeabilização","m2",0,{"$f":"OFFSET(INDEX(Composições!A:J,MATCH(Orçamentária!A1160,Composições!A:A,0),8),2,0)","v":10.986274999999999},0,{"$f":"IF(A1160<>\"\",IF(AND(#REF!=\"Padrão\",$H$4=#REF!),BDI!$B$17,IF(AND(#REF!=\"Padrão\",$H$4=#REF!),BDI!#REF!,IF(AND(#REF!=\"Diferenciado\",$H$4=#REF!),BDI!$E$17,IF(AND(#REF!=\"Diferenciado\",$H$4=#REF!),BDI!#REF!,IF(#REF!=\"ZERO\",0))))),\"\")","v":{"$error":"#REF!"}},{"$error":"#REF!"},{"$error":"#REF!"}]
["SF-01156","Camada de Amortecimento para Impermeabilização","m2",0,{"$f":"OFFSET(INDEX(Composições!A:J,MATCH(Orçamentária!A1161,Composições!A:A,0),8),2,0)","v":33.595566846554},0,{"$f":"IF(A1161<>\"\",IF(AND(#REF!=\"Padrão\",$H$4=#REF!),BDI!$B$17,IF(AND(#REF!=\"Padrão\",$H$4=#REF!),BDI!#REF!,IF(AND(#REF!=\"Diferenciado\",$H$4=#REF!),BDI!$E$17,IF(AND(#REF!=\"Diferenciado\",$H$4=#REF!),BDI!#REF!,IF(#REF!=\"ZERO\",0))))),\"\")","v":{"$error":"#REF!"}},{"$error":"#REF!"},{"$error":"#REF!"}]
["SF-01157","Camada de Proteção Mecânica em Placas de Impermeabilização","m2",0,{"$f":"OFFSET(INDEX(Composições!A:J,MATCH(Orçamentária!A1162,Composições!A:A,0),8),2,0)","v":93.084465633250005},0,{"$f":"IF(A1162<>\"\",IF(AND(#REF!=\"Padrão\",$H$4=#REF!),BDI!$B$17,IF(AND(#REF!=\"Padrão\",$H$4=#REF!),BDI!#REF!,IF(AND(#REF!=\"Diferenciado\",$H$4=#REF!),BDI!$E$17,IF(AND(#REF!=\"Diferenciado\",$H$4=#REF!),BDI!#REF!,IF(#REF!=\"ZERO\",0))))),\"\")","v":{"$error":"#REF!"}},{"$error":"#REF!"},{"$error":"#REF!"}]
["SF-01158","Pintura Inibidora de Raízes em Estrutura Impermeabilizada","m2",0,{"$f":"OFFSET(INDEX(Composições!A:J,MATCH(Orçamentária!A1163,Composições!A:A,0),8),2,0)","v":12.825901549999999},0,{"$f":"IF(A1163<>\"\",IF(AND(#REF!=\"Padrão\",$H$4=#REF!),BDI!$B$17,IF(AND(#REF!=\"Padrão\",$H$4=#REF!),BDI!#REF!,IF(AND(#REF!=\"Diferenciado\",$H$4=#REF!),BDI!$E$17,IF(AND(#REF!=\"Diferenciado\",$H$4=#REF!),BDI!#REF!,IF(#REF!=\"ZERO\",0))))),\"\")","v":{"$error":"#REF!"}},{"$error":"#REF!"},{"$error":"#REF!"}]
["SF-01159","Camada Drenante para Impermeabilização","m2",0,{"$f":"OFFSET(INDEX(Composições!A:J,MATCH(Orçamentária!A1164,Composições!A:A,0),8),2,0)","v":7.8449099999999996},0,{"$f":"IF(A1164<>\"\",IF(AND(#REF!=\"Padrão\",$H$4=#REF!),BDI!$B$17,IF(AND(#REF!=\"Padrão\",$H$4=#REF!),BDI!#REF!,IF(AND(#REF!=\"Diferenciado\",$H$4=#REF!),BDI!$E$17,IF(AND(#REF!=\"Diferenciado\",$H$4=#REF!),BDI!#REF!,IF(#REF!=\"ZERO\",0))))),\"\")","v":{"$error":"#REF!"}},{"$error":"#REF!"},{"$error":"#REF!"}]
["SF-01160","Calha em Chapa de Aço Galvanizado nº 24","m2",0,{"$f":"OFFSET(INDEX(Composições!A:J,MATCH(Orçamentária!A1165,Composições!A:A,0),8),2,0)","v":197.68537460000002},0,{"$f":"IF(A1165<>\"\",IF(AND(#REF!=\"Padrão\",$H$4=#REF!),BDI!$B$17,IF(AND(#REF!=\"Padrão\",$H$4=#REF!),BDI!#REF!,IF(AND(#REF!=\"Diferenciado\",$H$4=#REF!),BDI!$E$17,IF(AND(#REF!=\"Diferenciado\",$H$4=#REF!),BDI!#REF!,IF(#REF!=\"ZERO\",0))))),\"\")","v":{"$error":"#REF!"}},{"$error":"#REF!"},{"$error":"#REF!"}]
["SF-01161","Rufo em Chapa de Aço Galvanizado nº 24","m2",0,{"$f":"OFFSET(INDEX(Composições!A:J,MATCH(Orçamentária!A1166,Composições!A:A,0),8),2,0)","v":228.23679319999997},0,{"$f":"IF(A1166<>\"\",IF(AND(#REF!=\"Padrão\",$H$4=#REF!),BDI!$B$17,IF(AND(#REF!=\"Padrão\",$H$4=#REF!),BDI!#REF!,IF(AND(#REF!=\"Diferenciado\",$H$4=#REF!),BDI!$E$17,IF(AND(#REF!=\"Diferenciado\",$H$4=#REF!),BDI!#REF!,IF(#REF!=\"ZERO\",0))))),\"\")","v":{"$error":"#REF!"}},{"$error":"#REF!"},{"$error":"#REF!"}]
["SF-01162","Resina de Poliuretano para Estrutura de Concreto","kg",0,"","",{"$f":"IF(A1167<>\"\",IF(AND(#REF!=\"Padrão\",$H$4=#REF!),BDI!$B$17,IF(AND(#REF!=\"Padrão\",$H$4=#REF!),BDI!#REF!,IF(AND(#REF!=\"Diferenciado\",$H$4=#REF!),BDI!$E$17,IF(AND(#REF!=\"Diferenciado\",$H$4=#REF!),BDI!#REF!,IF(#REF!=\"ZERO\",0))))),\"\")","v":{"$error":"#REF!"}},"",""]
["SF-01163","Chapim Pré-Moldado de Concreto Aparente","m",0,{"$f":"OFFSET(INDEX(Composições!A:J,MATCH(Orçamentária!A1168,Composições!A:A,0),8),2,0)","v":128.24887824950002},0,{"$f":"IF(A1168<>\"\",IF(AND(#REF!=\"Padrão\",$H$4=#REF!),BDI!$B$17,IF(AND(#REF!=\"Padrão\",$H$4=#REF!),BDI!#REF!,IF(AND(#REF!=\"Diferenciado\",$H$4=#REF!),BDI!$E$17,IF(AND(#REF!=\"Diferenciado\",$H$4=#REF!),BDI!#REF!,IF(#REF!=\"ZERO\",0))))),\"\")","v":{"$error":"#REF!"}},{"$error":"#REF!"},{"$error":"#REF!"}]
["SF-01164","Armação em tela de aço soldado nervurada","m2",0,{"$f":"OFFSET(INDEX(Composições!A:J,MATCH(Orçamentária!A1169,Composições!A:A,0),8),2,0)","v":18.271366150000002},0,{"$f":"IF(A1169<>\"\",IF(AND(#REF!=\"Padrão\",$H$4=#REF!),BDI!$B$17,IF(AND(#REF!=\"Padrão\",$H$4=#REF!),BDI!#REF!,IF(AND(#REF!=\"Diferenciado\",$H$4=#REF!),BDI!$E$17,IF(AND(#REF!=\"Diferenciado\",$H$4=#REF!),BDI!#REF!,IF(#REF!=\"ZERO\",0))))),\"\")","v":{"$error":"#REF!"}},{"$error":"#REF!"},{"$error":"#REF!"}]
["SF-01165","Trama de aço composta por terças para telhados de até 2 águas","m2",0,{"$f":"OFFSET(INDEX(Composições!A:J,MATCH(Orçamentária!A1170,Composições!A:A,0),8),2,0)","v":56.054111599999992},0,{"$f":"IF(A1170<>\"\",IF(AND(#REF!=\"Padrão\",$H$4=#REF!),BDI!$B$17,IF(AND(#REF!=\"Padrão\",$H$4=#REF!),BDI!#REF!,IF(AND(#REF!=\"Diferenciado\",$H$4=#REF!),BDI!$E$17,IF(AND(#REF!=\"Diferenciado\",$H$4=#REF!),BDI!#REF!,IF(#REF!=\"ZERO\",0))))),\"\")","v":{"$error":"#REF!"}},{"$error":"#REF!"},{"$error":"#REF!"}]
["SF-01166","Revestimento impermeabilizante bloqueador de umidade","m2",0,{"$f":"OFFSET(INDEX(Composições!A:J,MATCH(Orçamentária!A1171,Composições!A:A,0),8),2,0)","v":7.9429499999999997},0,{"$f":"IF(A1171<>\"\",IF(AND(#REF!=\"Padrão\",$H$4=#REF!),BDI!$B$17,IF(AND(#REF!=\"Padrão\",$H$4=#REF!),BDI!#REF!,IF(AND(#REF!=\"Diferenciado\",$H$4=#REF!),BDI!$E$17,IF(AND(#REF!=\"Diferenciado\",$H$4=#REF!),BDI!#REF!,IF(#REF!=\"ZERO\",0))))),\"\")","v":{"$error":"#REF!"}},{"$error":"#REF!"},{"$error":"#REF!"}]
["SF-01167","Pintura com tinta refletiva aluminizada para impermeabilização","m2",0,{"$f":"OFFSET(INDEX(Composições!A:J,MATCH(Orçamentária!A1172,Composições!A:A,0),8),2,0)","v":7.9429499999999997},0,{"$f":"IF(A1172<>\"\",IF(AND(#REF!=\"Padrão\",$H$4=#REF!),BDI!$B$17,IF(AND(#REF!=\"Padrão\",$H$4=#REF!),BDI!#REF!,IF(AND(#REF!=\"Diferenciado\",$H$4=#REF!),BDI!$E$17,IF(AND(#REF!=\"Diferenciado\",$H$4=#REF!),BDI!#REF!,IF(#REF!=\"ZERO\",0))))),\"\")","v":{"$error":"#REF!"}},{"$error":"#REF!"},{"$error":"#REF!"}]
["SF-01168","Concreto leve com poliestireno expandido","m3",0,{"$f":"OFFSET(INDEX(Composições!A:J,MATCH(Orçamentária!A1173,Composições!A:A,0),8),2,0)","v":1052.7480273717001},0,{"$f":"IF(A1173<>\"\",IF(AND(#REF!=\"Padrão\",$H$4=#REF!),BDI!$B$17,IF(AND(#REF!=\"Padrão\",$H$4=#REF!),BDI!#REF!,IF(AND(#REF!=\"Diferenciado\",$H$4=#REF!),BDI!$E$17,IF(AND(#REF!=\"Diferenciado\",$H$4=#REF!),BDI!#REF!,IF(#REF!=\"ZERO\",0))))),\"\")","v":{"$error":"#REF!"}},{"$error":"#REF!"},{"$error":"#REF!"}]
["SF-01169","Colagem da camada de proteção térmica de impermeabilização","m2",0,{"$f":"OFFSET(INDEX(Composições!A:J,MATCH(Orçamentária!A1174,Composições!A:A,0),8),2,0)","v":7.74383},0,{"$f":"IF(A1174<>\"\",IF(AND(#REF!=\"Padrão\",$H$4=#REF!),BDI!$B$17,IF(AND(#REF!=\"Padrão\",$H$4=#REF!),BDI!#REF!,IF(AND(#REF!=\"Diferenciado\",$H$4=#REF!),BDI!$E$17,IF(AND(#REF!=\"Diferenciado\",$H$4=#REF!),BDI!#REF!,IF(#REF!=\"ZERO\",0))))),\"\")","v":{"$error":"#REF!"}},{"$error":"#REF!"},{"$error":"#REF!"}]
["SF-01170","Impermeabilização com Membrana de Poliuretano","m2",0,{"$f":"OFFSET(INDEX(Composições!A:J,MATCH(Orçamentária!A1175,Composições!A:A,0),8),2,0)","v":153.88392599999997},0,{"$f":"IF(A1175<>\"\",IF(AND(#REF!=\"Padrão\",$H$4=#REF!),BDI!$B$17,IF(AND(#REF!=\"Padrão\",$H$4=#REF!),BDI!#REF!,IF(AND(#REF!=\"Diferenciado\",$H$4=#REF!),BDI!$E$17,IF(AND(#REF!=\"Diferenciado\",$H$4=#REF!),BDI!#REF!,IF(#REF!=\"ZERO\",0))))),\"\")","v":{"$error":"#REF!"}},{"$error":"#REF!"},{"$error":"#REF!"}]
["SF-01171","Impermeabilização com Manta Asfáltica","m2",0,{"$f":"OFFSET(INDEX(Composições!A:J,MATCH(Orçamentária!A1176,Composições!A:A,0),8),2,0)","v":108.41798999999999},0,{"$f":"IF(A1176<>\"\",IF(AND(#REF!=\"Padrão\",$H$4=#REF!),BDI!$B$17,IF(AND(#REF!=\"Padrão\",$H$4=#REF!),BDI!#REF!,IF(AND(#REF!=\"Diferenciado\",$H$4=#REF!),BDI!$E$17,IF(AND(#REF!=\"Diferenciado\",$H$4=#REF!),BDI!#REF!,IF(#REF!=\"ZERO\",0))))),\"\")","v":{"$error":"#REF!"}},{"$error":"#REF!"},{"$error":"#REF!"}]
["SF-01172","Impermeabilização com manta asfáltica aluminizada","m2",0,{"$f":"OFFSET(INDEX(Composições!A:J,MATCH(Orçamentária!A1177,Composições!A:A,0),8),2,0)","v":42.198239999999998},0,{"$f":"IF(A1177<>\"\",IF(AND(#REF!=\"Padrão\",$H$4=#REF!),BDI!$B$17,IF(AND(#REF!=\"Padrão\",$H$4=#REF!),BDI!#REF!,IF(AND(#REF!=\"Diferenciado\",$H$4=#REF!),BDI!$E$17,IF(AND(#REF!=\"Diferenciado\",$H$4=#REF!),BDI!#REF!,IF(#REF!=\"ZERO\",0))))),\"\")","v":{"$error":"#REF!"}},{"$error":"#REF!"},{"$error":"#REF!"}]
["SF-01173","Impermeabilização com manta elastomérica de etileno-propileno-dieno-monômero (EPDM)","m2",0,{"$f":"OFFSET(INDEX(Composições!A:J,MATCH(Orçamentária!A1178,Composições!A:A,0),8),2,0)","v":24.239249999999998},0,{"$f":"IF(A1178<>\"\",IF(AND(#REF!=\"Padrão\",$H$4=#REF!),BDI!$B$17,IF(AND(#REF!=\"Padrão\",$H$4=#REF!),BDI!#REF!,IF(AND(#REF!=\"Diferenciado\",$H$4=#REF!),BDI!$E$17,IF(AND(#REF!=\"Diferenciado\",$H$4=#REF!),BDI!#REF!,IF(#REF!=\"ZERO\",0))))),\"\")","v":{"$error":"#REF!"}},{"$error":"#REF!"},{"$error":"#REF!"}]
["SF-01174","Impermeabilização com membrana acrílica","m2",0,{"$f":"OFFSET(INDEX(Composições!A:J,MATCH(Orçamentária!A1179,Composições!A:A,0),8),2,0)","v":50.477774999999994},0,{"$f":"IF(A1179<>\"\",IF(AND(#REF!=\"Padrão\",$H$4=#REF!),BDI!$B$17,IF(AND(#REF!=\"Padrão\",$H$4=#REF!),BDI!#REF!,IF(AND(#REF!=\"Diferenciado\",$H$4=#REF!),BDI!$E$17,IF(AND(#REF!=\"Diferenciado\",$H$4=#REF!),BDI!#REF!,IF(#REF!=\"ZERO\",0))))),\"\")","v":{"$error":"#REF!"}},{"$error":"#REF!"},{"$error":"#REF!"}]
["SF-01175","Asfalto elastomérico para colagem de manta asfáltica","m2",0,{"$f":"OFFSET(INDEX(Composições!A:J,MATCH(Orçamentária!A1180,Composições!A:A,0),8),2,0)","v":5.4321000000000002},0,{"$f":"IF(A1180<>\"\",IF(AND(#REF!=\"Padrão\",$H$4=#REF!),BDI!$B$17,IF(AND(#REF!=\"Padrão\",$H$4=#REF!),BDI!#REF!,IF(AND(#REF!=\"Diferenciado\",$H$4=#REF!),BDI!$E$17,IF(AND(#REF!=\"Diferenciado\",$H$4=#REF!),BDI!#REF!,IF(#REF!=\"ZERO\",0))))),\"\")","v":{"$error":"#REF!"}},{"$error":"#REF!"},{"$error":"#REF!"}]
["SF-01176","Impermeabilização com manta dupla (com maçarico)","m2",0,{"$f":"OFFSET(INDEX(Composições!A:J,MATCH(Orçamentária!A1181,Composições!A:A,0),8),2,0)","v":177.71200649999997},0,{"$f":"IF(A1181<>\"\",IF(AND(#REF!=\"Padrão\",$H$4=#REF!),BDI!$B$17,IF(AND(#REF!=\"Padrão\",$H$4=#REF!),BDI!#REF!,IF(AND(#REF!=\"Diferenciado\",$H$4=#REF!),BDI!$E$17,IF(AND(#REF!=\"Diferenciado\",$H$4=#REF!),BDI!#REF!,IF(#REF!=\"ZERO\",0))))),\"\")","v":{"$error":"#REF!"}},{"$error":"#REF!"},{"$error":"#REF!"}]
["SF-01177","Impermeabilização com manta dupla (com asfalto elastomérico)","m2",0,{"$f":"OFFSET(INDEX(Composições!A:J,MATCH(Orçamentária!A1182,Composições!A:A,0),8),2,0)","v":179.77039049999999},0,{"$f":"IF(A1182<>\"\",IF(AND(#REF!=\"Padrão\",$H$4=#REF!),BDI!$B$17,IF(AND(#REF!=\"Padrão\",$H$4=#REF!),BDI!#REF!,IF(AND(#REF!=\"Diferenciado\",$H$4=#REF!),BDI!$E$17,IF(AND(#REF!=\"Diferenciado\",$H$4=#REF!),BDI!#REF!,IF(#REF!=\"ZERO\",0))))),\"\")","v":{"$error":"#REF!"}},{"$error":"#REF!"},{"$error":"#REF!"}]
["SF-01178","Fibra de Polipropileno","kg",0,{"$f":"OFFSET(INDEX(Composições!A:J,MATCH(Orçamentária!A1183,Composições!A:A,0),8),2,0)","v":0},0,{"$f":"IF(A1183<>\"\",IF(AND(#REF!=\"Padrão\",$H$4=#REF!),BDI!$B$17,IF(AND(#REF!=\"Padrão\",$H$4=#REF!),BDI!#REF!,IF(AND(#REF!=\"Diferenciado\",$H$4=#REF!),BDI!$E$17,IF(AND(#REF!=\"Diferenciado\",$H$4=#REF!),BDI!#REF!,IF(#REF!=\"ZERO\",0))))),\"\")","v":{"$error":"#REF!"}},{"$error":"#REF!"},{"$error":"#REF!"}]
["SF-01179","Aditivo Incorporador de Ar","kg",0,{"$f":"OFFSET(INDEX(Composições!A:J,MATCH(Orçamentária!A1184,Composições!A:A,0),8),2,0)","v":8.3572450000000007},0,{"$f":"IF(A1184<>\"\",IF(AND(#REF!=\"Padrão\",$H$4=#REF!),BDI!$B$17,IF(AND(#REF!=\"Padrão\",$H$4=#REF!),BDI!#REF!,IF(AND(#REF!=\"Diferenciado\",$H$4=#REF!),BDI!$E$17,IF(AND(#REF!=\"Diferenciado\",$H$4=#REF!),BDI!#REF!,IF(#REF!=\"ZERO\",0))))),\"\")","v":{"$error":"#REF!"}},{"$error":"#REF!"},{"$error":"#REF!"}]
["SF-01180","Brita Nº 2","m3",0,{"$f":"OFFSET(INDEX(Composições!A:J,MATCH(Orçamentária!A1185,Composições!A:A,0),8),2,0)","v":222.79487115000001},0,{"$f":"IF(A1185<>\"\",IF(AND(#REF!=\"Padrão\",$H$4=#REF!),BDI!$B$17,IF(AND(#REF!=\"Padrão\",$H$4=#REF!),BDI!#REF!,IF(AND(#REF!=\"Diferenciado\",$H$4=#REF!),BDI!$E$17,IF(AND(#REF!=\"Diferenciado\",$H$4=#REF!),BDI!#REF!,IF(#REF!=\"ZERO\",0))))),\"\")","v":{"$error":"#REF!"}},{"$error":"#REF!"},{"$error":"#REF!"}]
["SF-01181","Parafusos para fixação de telhas ou chapas","un",0,"","",{"$f":"IF(A1186<>\"\",IF(AND(#REF!=\"Padrão\",$H$4=#REF!),BDI!$B$17,IF(AND(#REF!=\"Padrão\",$H$4=#REF!),BDI!#REF!,IF(AND(#REF!=\"Diferenciado\",$H$4=#REF!),BDI!$E$17,IF(AND(#REF!=\"Diferenciado\",$H$4=#REF!),BDI!#REF!,IF(#REF!=\"ZERO\",0))))),\"\")","v":{"$error":"#REF!"}},"",""]
["SF-01182","Pino para fixação e acessórios de telha de fibrocimento modulada","un",0,"","",{"$f":"IF(A1187<>\"\",IF(AND(#REF!=\"Padrão\",$H$4=#REF!),BDI!$B$17,IF(AND(#REF!=\"Padrão\",$H$4=#REF!),BDI!#REF!,IF(AND(#REF!=\"Diferenciado\",$H$4=#REF!),BDI!$E$17,IF(AND(#REF!=\"Diferenciado\",$H$4=#REF!),BDI!#REF!,IF(#REF!=\"ZERO\",0))))),\"\")","v":{"$error":"#REF!"}},"",""]
["SF-01183","Rebite de Repuxo de 3.2 x 8 mm","un",0,"","",{"$f":"IF(A1188<>\"\",IF(AND(#REF!=\"Padrão\",$H$4=#REF!),BDI!$B$17,IF(AND(#REF!=\"Padrão\",$H$4=#REF!),BDI!#REF!,IF(AND(#REF!=\"Diferenciado\",$H$4=#REF!),BDI!$E$17,IF(AND(#REF!=\"Diferenciado\",$H$4=#REF!),BDI!#REF!,IF(#REF!=\"ZERO\",0))))),\"\")","v":{"$error":"#REF!"}},"",""]
["SF-01184","Calha em chapa de zinco # 24 - Modelo 1","m",0,{"$f":"OFFSET(INDEX(Composições!A:J,MATCH(Orçamentária!A1189,Composições!A:A,0),8),2,0)","v":81.831100000000006},0,{"$f":"IF(A1189<>\"\",IF(AND(#REF!=\"Padrão\",$H$4=#REF!),BDI!$B$17,IF(AND(#REF!=\"Padrão\",$H$4=#REF!),BDI!#REF!,IF(AND(#REF!=\"Diferenciado\",$H$4=#REF!),BDI!$E$17,IF(AND(#REF!=\"Diferenciado\",$H$4=#REF!),BDI!#REF!,IF(#REF!=\"ZERO\",0))))),\"\")","v":{"$error":"#REF!"}},{"$error":"#REF!"},{"$error":"#REF!"}]
["SF-01185","Calha em chapa de zinco # 24 - Modelo 2","m",0,{"$f":"OFFSET(INDEX(Composições!A:J,MATCH(Orçamentária!A1190,Composições!A:A,0),8),2,0)","v":135.4529},0,{"$f":"IF(A1190<>\"\",IF(AND(#REF!=\"Padrão\",$H$4=#REF!),BDI!$B$17,IF(AND(#REF!=\"Padrão\",$H$4=#REF!),BDI!#REF!,IF(AND(#REF!=\"Diferenciado\",$H$4=#REF!),BDI!$E$17,IF(AND(#REF!=\"Diferenciado\",$H$4=#REF!),BDI!#REF!,IF(#REF!=\"ZERO\",0))))),\"\")","v":{"$error":"#REF!"}},{"$error":"#REF!"},{"$error":"#REF!"}]
["SF-01186","Chave de fenda de 3/8\" x 10\"","un",0,"","",{"$f":"IF(A1191<>\"\",IF(AND(#REF!=\"Padrão\",$H$4=#REF!),BDI!$B$17,IF(AND(#REF!=\"Padrão\",$H$4=#REF!),BDI!#REF!,IF(AND(#REF!=\"Diferenciado\",$H$4=#REF!),BDI!$E$17,IF(AND(#REF!=\"Diferenciado\",$H$4=#REF!),BDI!#REF!,IF(#REF!=\"ZERO\",0))))),\"\")","v":{"$error":"#REF!"}},"",""]
["SF-01187","Chave de fenda de 5/16\" x 8\"","un",0,"","",{"$f":"IF(A1192<>\"\",IF(AND(#REF!=\"Padrão\",$H$4=#REF!),BDI!$B$17,IF(AND(#REF!=\"Padrão\",$H$4=#REF!),BDI!#REF!,IF(AND(#REF!=\"Diferenciado\",$H$4=#REF!),BDI!$E$17,IF(AND(#REF!=\"Diferenciado\",$H$4=#REF!),BDI!#REF!,IF(#REF!=\"ZERO\",0))))),\"\")","v":{"$error":"#REF!"}},"",""]
["SF-01188","Chave de fenda de 1/8\" x 3\"","un",0,"","",{"$f":"IF(A1193<>\"\",IF(AND(#REF!=\"Padrão\",$H$4=#REF!),BDI!$B$17,IF(AND(#REF!=\"Padrão\",$H$4=#REF!),BDI!#REF!,IF(AND(#REF!=\"Diferenciado\",$H$4=#REF!),BDI!$E$17,IF(AND(#REF!=\"Diferenciado\",$H$4=#REF!),BDI!#REF!,IF(#REF!=\"ZERO\",0))))),\"\")","v":{"$error":"#REF!"}},"",""]
["SF-01189","Chave Philips PH2 3/16\" x 4\"","un",0,"","",{"$f":"IF(A1194<>\"\",IF(AND(#REF!=\"Padrão\",$H$4=#REF!),BDI!$B$17,IF(AND(#REF!=\"Padrão\",$H$4=#REF!),BDI!#REF!,IF(AND(#REF!=\"Diferenciado\",$H$4=#REF!),BDI!$E$17,IF(AND(#REF!=\"Diferenciado\",$H$4=#REF!),BDI!#REF!,IF(#REF!=\"ZERO\",0))))),\"\")","v":{"$error":"#REF!"}},"",""]
["SF-01190","Chave Philips PH2 3/16\" x 5\"","un",0,"","",{"$f":"IF(A1195<>\"\",IF(AND(#REF!=\"Padrão\",$H$4=#REF!),BDI!$B$17,IF(AND(#REF!=\"Padrão\",$H$4=#REF!),BDI!#REF!,IF(AND(#REF!=\"Diferenciado\",$H$4=#REF!),BDI!$E$17,IF(AND(#REF!=\"Diferenciado\",$H$4=#REF!),BDI!#REF!,IF(#REF!=\"ZERO\",0))))),\"\")","v":{"$error":"#REF!"}},"",""]
["SF-01191","Conjunto de cavadeiras (grande e pequena)","un",0,"","",{"$f":"IF(A1196<>\"\",IF(AND(#REF!=\"Padrão\",$H$4=#REF!),BDI!$B$17,IF(AND(#REF!=\"Padrão\",$H$4=#REF!),BDI!#REF!,IF(AND(#REF!=\"Diferenciado\",$H$4=#REF!),BDI!$E$17,IF(AND(#REF!=\"Diferenciado\",$H$4=#REF!),BDI!#REF!,IF(#REF!=\"ZERO\",0))))),\"\")","v":{"$error":"#REF!"}},"",""]
["SF-01192","Jogo de chave allen curto métrico","un",0,"","",{"$f":"IF(A1197<>\"\",IF(AND(#REF!=\"Padrão\",$H$4=#REF!),BDI!$B$17,IF(AND(#REF!=\"Padrão\",$H$4=#REF!),BDI!#REF!,IF(AND(#REF!=\"Diferenciado\",$H$4=#REF!),BDI!$E$17,IF(AND(#REF!=\"Diferenciado\",$H$4=#REF!),BDI!#REF!,IF(#REF!=\"ZERO\",0))))),\"\")","v":{"$error":"#REF!"}},"",""]
["SF-01193","Jogo de chave allen longo métrico","un",0,"","",{"$f":"IF(A1198<>\"\",IF(AND(#REF!=\"Padrão\",$H$4=#REF!),BDI!$B$17,IF(AND(#REF!=\"Padrão\",$H$4=#REF!),BDI!#REF!,IF(AND(#REF!=\"Diferenciado\",$H$4=#REF!),BDI!$E$17,IF(AND(#REF!=\"Diferenciado\",$H$4=#REF!),BDI!#REF!,IF(#REF!=\"ZERO\",0))))),\"\")","v":{"$error":"#REF!"}},"",""]
["SF-01194","Conjunto de chaves de boca de 6 a 32 mm","un",0,"","",{"$f":"IF(A1199<>\"\",IF(AND(#REF!=\"Padrão\",$H$4=#REF!),BDI!$B$17,IF(AND(#REF!=\"Padrão\",$H$4=#REF!),BDI!#REF!,IF(AND(#REF!=\"Diferenciado\",$H$4=#REF!),BDI!$E$17,IF(AND(#REF!=\"Diferenciado\",$H$4=#REF!),BDI!#REF!,IF(#REF!=\"ZERO\",0))))),\"\")","v":{"$error":"#REF!"}},"",""]
["SF-01195","Conjunto de chaves de boca de 1/4\" a 1 1/4\"","un",0,"","",{"$f":"IF(A1200<>\"\",IF(AND(#REF!=\"Padrão\",$H$4=#REF!),BDI!$B$17,IF(AND(#REF!=\"Padrão\",$H$4=#REF!),BDI!#REF!,IF(AND(#REF!=\"Diferenciado\",$H$4=#REF!),BDI!$E$17,IF(AND(#REF!=\"Diferenciado\",$H$4=#REF!),BDI!#REF!,IF(#REF!=\"ZERO\",0))))),\"\")","v":{"$error":"#REF!"}},"",""]
["SF-01196","Conjunto de escovas de aço (pequena, média e grande)","un",0,"","",{"$f":"IF(A1201<>\"\",IF(AND(#REF!=\"Padrão\",$H$4=#REF!),BDI!$B$17,IF(AND(#REF!=\"Padrão\",$H$4=#REF!),BDI!#REF!,IF(AND(#REF!=\"Diferenciado\",$H$4=#REF!),BDI!$E$17,IF(AND(#REF!=\"Diferenciado\",$H$4=#REF!),BDI!#REF!,IF(#REF!=\"ZERO\",0))))),\"\")","v":{"$error":"#REF!"}},"",""]
["SF-01197","Marreta de 2 kg","un",0,"","",{"$f":"IF(A1202<>\"\",IF(AND(#REF!=\"Padrão\",$H$4=#REF!),BDI!$B$17,IF(AND(#REF!=\"Padrão\",$H$4=#REF!),BDI!#REF!,IF(AND(#REF!=\"Diferenciado\",$H$4=#REF!),BDI!$E$17,IF(AND(#REF!=\"Diferenciado\",$H$4=#REF!),BDI!#REF!,IF(#REF!=\"ZERO\",0))))),\"\")","v":{"$error":"#REF!"}},"",""]
["SF-01198","Marreta de 5 kg","un",0,"","",{"$f":"IF(A1203<>\"\",IF(AND(#REF!=\"Padrão\",$H$4=#REF!),BDI!$B$17,IF(AND(#REF!=\"Padrão\",$H$4=#REF!),BDI!#REF!,IF(AND(#REF!=\"Diferenciado\",$H$4=#REF!),BDI!$E$17,IF(AND(#REF!=\"Diferenciado\",$H$4=#REF!),BDI!#REF!,IF(#REF!=\"ZERO\",0))))),\"\")","v":{"$error":"#REF!"}},"",""]
["SF-01199","Marreta de 10 kg","un",0,"","",{"$f":"IF(A1204<>\"\",IF(AND(#REF!=\"Padrão\",$H$4=#REF!),BDI!$B$17,IF(AND(#REF!=\"Padrão\",$H$4=#REF!),BDI!#REF!,IF(AND(#REF!=\"Diferenciado\",$H$4=#REF!),BDI!$E$17,IF(AND(#REF!=\"Diferenciado\",$H$4=#REF!),BDI!#REF!,IF(#REF!=\"ZERO\",0))))),\"\")","v":{"$error":"#REF!"}},"",""]
["SF-01200","Conjunto Pé de cabra 15\"\u009d x 16mm e 24\" \u009dx 19mm","un",0,"","",{"$f":"IF(A1205<>\"\",IF(AND(#REF!=\"Padrão\",$H$4=#REF!),BDI!$B$17,IF(AND(#REF!=\"Padrão\",$H$4=#REF!),BDI!#REF!,IF(AND(#REF!=\"Diferenciado\",$H$4=#REF!),BDI!$E$17,IF(AND(#REF!=\"Diferenciado\",$H$4=#REF!),BDI!#REF!,IF(#REF!=\"ZERO\",0))))),\"\")","v":{"$error":"#REF!"}},"",""]
["SF-01201","Talhadeira","un",0,{"$f":"OFFSET(INDEX(Composições!A:J,MATCH(Orçamentária!A1206,Composições!A:A,0),8),2,0)","v":40.802500000000002},0,{"$f":"IF(A1206<>\"\",IF(AND(#REF!=\"Padrão\",$H$4=#REF!),BDI!$B$17,IF(AND(#REF!=\"Padrão\",$H$4=#REF!),BDI!#REF!,IF(AND(#REF!=\"Diferenciado\",$H$4=#REF!),BDI!$E$17,IF(AND(#REF!=\"Diferenciado\",$H$4=#REF!),BDI!#REF!,IF(#REF!=\"ZERO\",0))))),\"\")","v":{"$error":"#REF!"}},{"$error":"#REF!"},{"$error":"#REF!"}]
["SF-01202","Serra copo diamantada (conjunto de 1/2\" a 1 1/2\")","un",0,"","",{"$f":"IF(A1207<>\"\",IF(AND(#REF!=\"Padrão\",$H$4=#REF!),BDI!$B$17,IF(AND(#REF!=\"Padrão\",$H$4=#REF!),BDI!#REF!,IF(AND(#REF!=\"Diferenciado\",$H$4=#REF!),BDI!$E$17,IF(AND(#REF!=\"Diferenciado\",$H$4=#REF!),BDI!#REF!,IF(#REF!=\"ZERO\",0))))),\"\")","v":{"$error":"#REF!"}},"",""]
["SF-01203","Cortadora de Piso a Gasolina","un",0,"","",{"$f":"IF(A1208<>\"\",IF(AND(#REF!=\"Padrão\",$H$4=#REF!),BDI!$B$17,IF(AND(#REF!=\"Padrão\",$H$4=#REF!),BDI!#REF!,IF(AND(#REF!=\"Diferenciado\",$H$4=#REF!),BDI!$E$17,IF(AND(#REF!=\"Diferenciado\",$H$4=#REF!),BDI!#REF!,IF(#REF!=\"ZERO\",0))))),\"\")","v":{"$error":"#REF!"}},"",""]
["SF-01204","Cortadora de Parede","un",0,"","",{"$f":"IF(A1209<>\"\",IF(AND(#REF!=\"Padrão\",$H$4=#REF!),BDI!$B$17,IF(AND(#REF!=\"Padrão\",$H$4=#REF!),BDI!#REF!,IF(AND(#REF!=\"Diferenciado\",$H$4=#REF!),BDI!$E$17,IF(AND(#REF!=\"Diferenciado\",$H$4=#REF!),BDI!#REF!,IF(#REF!=\"ZERO\",0))))),\"\")","v":{"$error":"#REF!"}},"",""]
["SF-01205","Enxada com cabo (2,5 libras)","un",0,{"$f":"OFFSET(INDEX(Composições!A:J,MATCH(Orçamentária!A1210,Composições!A:A,0),8),2,0)","v":59.66},0,{"$f":"IF(A1210<>\"\",IF(AND(#REF!=\"Padrão\",$H$4=#REF!),BDI!$B$17,IF(AND(#REF!=\"Padrão\",$H$4=#REF!),BDI!#REF!,IF(AND(#REF!=\"Diferenciado\",$H$4=#REF!),BDI!$E$17,IF(AND(#REF!=\"Diferenciado\",$H$4=#REF!),BDI!#REF!,IF(#REF!=\"ZERO\",0))))),\"\")","v":{"$error":"#REF!"}},{"$error":"#REF!"},{"$error":"#REF!"}]
["SF-01206","Escada extensível de alumínio dupla 2x8","un",0,{"$f":"OFFSET(INDEX(Composições!A:J,MATCH(Orçamentária!A1211,Composições!A:A,0),8),2,0)","v":448.38099999999997},0,{"$f":"IF(A1211<>\"\",IF(AND(#REF!=\"Padrão\",$H$4=#REF!),BDI!$B$17,IF(AND(#REF!=\"Padrão\",$H$4=#REF!),BDI!#REF!,IF(AND(#REF!=\"Diferenciado\",$H$4=#REF!),BDI!$E$17,IF(AND(#REF!=\"Diferenciado\",$H$4=#REF!),BDI!#REF!,IF(#REF!=\"ZERO\",0))))),\"\")","v":{"$error":"#REF!"}},{"$error":"#REF!"},{"$error":"#REF!"}]
["SF-01207","Escada extensível de alumínio dupla 2x12","un",0,"","",{"$f":"IF(A1212<>\"\",IF(AND(#REF!=\"Padrão\",$H$4=#REF!),BDI!$B$17,IF(AND(#REF!=\"Padrão\",$H$4=#REF!),BDI!#REF!,IF(AND(#REF!=\"Diferenciado\",$H$4=#REF!),BDI!$E$17,IF(AND(#REF!=\"Diferenciado\",$H$4=#REF!),BDI!#REF!,IF(#REF!=\"ZERO\",0))))),\"\")","v":{"$error":"#REF!"}},"",""]
["SF-01208","Escada tipo tesoura duplo acesso de fibra com 12 degraus","un",0,"","",{"$f":"IF(A1213<>\"\",IF(AND(#REF!=\"Padrão\",$H$4=#REF!),BDI!$B$17,IF(AND(#REF!=\"Padrão\",$H$4=#REF!),BDI!#REF!,IF(AND(#REF!=\"Diferenciado\",$H$4=#REF!),BDI!$E$17,IF(AND(#REF!=\"Diferenciado\",$H$4=#REF!),BDI!#REF!,IF(#REF!=\"ZERO\",0))))),\"\")","v":{"$error":"#REF!"}},"",""]
["SF-01209","Exaustor para espaço confinado","un",0,"","",{"$f":"IF(A1214<>\"\",IF(AND(#REF!=\"Padrão\",$H$4=#REF!),BDI!$B$17,IF(AND(#REF!=\"Padrão\",$H$4=#REF!),BDI!#REF!,IF(AND(#REF!=\"Diferenciado\",$H$4=#REF!),BDI!$E$17,IF(AND(#REF!=\"Diferenciado\",$H$4=#REF!),BDI!#REF!,IF(#REF!=\"ZERO\",0))))),\"\")","v":{"$error":"#REF!"}},"",""]
["SF-01210","Furadeira/Parafusadeira elétrica","un",0,"","",{"$f":"IF(A1215<>\"\",IF(AND(#REF!=\"Padrão\",$H$4=#REF!),BDI!$B$17,IF(AND(#REF!=\"Padrão\",$H$4=#REF!),BDI!#REF!,IF(AND(#REF!=\"Diferenciado\",$H$4=#REF!),BDI!$E$17,IF(AND(#REF!=\"Diferenciado\",$H$4=#REF!),BDI!#REF!,IF(#REF!=\"ZERO\",0))))),\"\")","v":{"$error":"#REF!"}},"",""]
["SF-01211","Furadeira de impacto/parafusadeira à bateria","un",0,"","",{"$f":"IF(A1216<>\"\",IF(AND(#REF!=\"Padrão\",$H$4=#REF!),BDI!$B$17,IF(AND(#REF!=\"Padrão\",$H$4=#REF!),BDI!#REF!,IF(AND(#REF!=\"Diferenciado\",$H$4=#REF!),BDI!$E$17,IF(AND(#REF!=\"Diferenciado\",$H$4=#REF!),BDI!#REF!,IF(#REF!=\"ZERO\",0))))),\"\")","v":{"$error":"#REF!"}},"",""]
["SF-01212","Jogo de Bits pontas e soquetes para Furadeira/ Parafusadeira","cj",0,"","",{"$f":"IF(A1217<>\"\",IF(AND(#REF!=\"Padrão\",$H$4=#REF!),BDI!$B$17,IF(AND(#REF!=\"Padrão\",$H$4=#REF!),BDI!#REF!,IF(AND(#REF!=\"Diferenciado\",$H$4=#REF!),BDI!$E$17,IF(AND(#REF!=\"Diferenciado\",$H$4=#REF!),BDI!#REF!,IF(#REF!=\"ZERO\",0))))),\"\")","v":{"$error":"#REF!"}},"",""]
["SF-01213","Jogo de chave torx","un",0,"","",{"$f":"IF(A1218<>\"\",IF(AND(#REF!=\"Padrão\",$H$4=#REF!),BDI!$B$17,IF(AND(#REF!=\"Padrão\",$H$4=#REF!),BDI!#REF!,IF(AND(#REF!=\"Diferenciado\",$H$4=#REF!),BDI!$E$17,IF(AND(#REF!=\"Diferenciado\",$H$4=#REF!),BDI!#REF!,IF(#REF!=\"ZERO\",0))))),\"\")","v":{"$error":"#REF!"}},"",""]
["SF-01214","Mangueira de nível de 20m","un",0,{"$f":"OFFSET(INDEX(Composições!A:J,MATCH(Orçamentária!A1219,Composições!A:A,0),8),2,0)","v":45.79},0,{"$f":"IF(A1219<>\"\",IF(AND(#REF!=\"Padrão\",$H$4=#REF!),BDI!$B$17,IF(AND(#REF!=\"Padrão\",$H$4=#REF!),BDI!#REF!,IF(AND(#REF!=\"Diferenciado\",$H$4=#REF!),BDI!$E$17,IF(AND(#REF!=\"Diferenciado\",$H$4=#REF!),BDI!#REF!,IF(#REF!=\"ZERO\",0))))),\"\")","v":{"$error":"#REF!"}},{"$error":"#REF!"},{"$error":"#REF!"}]
["SF-01215","Martelete demolidor 1kW (5 Kg)","un",0,"","",{"$f":"IF(A1220<>\"\",IF(AND(#REF!=\"Padrão\",$H$4=#REF!),BDI!$B$17,IF(AND(#REF!=\"Padrão\",$H$4=#REF!),BDI!#REF!,IF(AND(#REF!=\"Diferenciado\",$H$4=#REF!),BDI!$E$17,IF(AND(#REF!=\"Diferenciado\",$H$4=#REF!),BDI!#REF!,IF(#REF!=\"ZERO\",0))))),\"\")","v":{"$error":"#REF!"}},"",""]
["SF-01216","Pistola aplicadora de silicone e PU","un",0,"","",{"$f":"IF(A1221<>\"\",IF(AND(#REF!=\"Padrão\",$H$4=#REF!),BDI!$B$17,IF(AND(#REF!=\"Padrão\",$H$4=#REF!),BDI!#REF!,IF(AND(#REF!=\"Diferenciado\",$H$4=#REF!),BDI!$E$17,IF(AND(#REF!=\"Diferenciado\",$H$4=#REF!),BDI!#REF!,IF(#REF!=\"ZERO\",0))))),\"\")","v":{"$error":"#REF!"}},"",""]
["SF-01217","Serra mármore","un",0,"","",{"$f":"IF(A1222<>\"\",IF(AND(#REF!=\"Padrão\",$H$4=#REF!),BDI!$B$17,IF(AND(#REF!=\"Padrão\",$H$4=#REF!),BDI!#REF!,IF(AND(#REF!=\"Diferenciado\",$H$4=#REF!),BDI!$E$17,IF(AND(#REF!=\"Diferenciado\",$H$4=#REF!),BDI!#REF!,IF(#REF!=\"ZERO\",0))))),\"\")","v":{"$error":"#REF!"}},"",""]
["SF-01218","Serrote para gesso","un",0,"",{"$f":"IF(ISNUMBER(E1223),D1223*E1223,\"\")","v":""},{"$f":"IF(A1223<>\"\",IF(AND(#REF!=\"Padrão\",$H$4=#REF!),BDI!$B$17,IF(AND(#REF!=\"Padrão\",$H$4=#REF!),BDI!#REF!,IF(AND(#REF!=\"Diferenciado\",$H$4=#REF!),BDI!$E$17,IF(AND(#REF!=\"Diferenciado\",$H$4=#REF!),BDI!#REF!,IF(#REF!=\"ZERO\",0))))),\"\")","v":{"$error":"#REF!"}},{"$f":"IF(ISNUMBER(E1223),ROUND(E1223*(1+G1223),2),\"\")","v":""},{"$f":"IF(ISNUMBER(E1223),ROUND(H1223*D1223,2),\"\")","v":""}]
["SF-01219","Talha Manual para Elevação de Cargas (2 ton)","un",0,{"$f":"OFFSET(INDEX(Composições!A:J,MATCH(Orçamentária!A1224,Composições!A:A,0),8),2,0)","v":1093.3074999999999},0,{"$f":"IF(A1224<>\"\",IF(AND(#REF!=\"Padrão\",$H$4=#REF!),BDI!$B$17,IF(AND(#REF!=\"Padrão\",$H$4=#REF!),BDI!#REF!,IF(AND(#REF!=\"Diferenciado\",$H$4=#REF!),BDI!$E$17,IF(AND(#REF!=\"Diferenciado\",$H$4=#REF!),BDI!#REF!,IF(#REF!=\"ZERO\",0))))),\"\")","v":{"$error":"#REF!"}},{"$error":"#REF!"},{"$error":"#REF!"}]
["SF-01220","Veículo do tipo utilitário","un",0,"","",{"$f":"IF(A1225<>\"\",IF(AND(#REF!=\"Padrão\",$H$4=#REF!),BDI!$B$17,IF(AND(#REF!=\"Padrão\",$H$4=#REF!),BDI!#REF!,IF(AND(#REF!=\"Diferenciado\",$H$4=#REF!),BDI!$E$17,IF(AND(#REF!=\"Diferenciado\",$H$4=#REF!),BDI!#REF!,IF(#REF!=\"ZERO\",0))))),\"\")","v":{"$error":"#REF!"}},"",""]
["SF-01221","Plataforma de trabalho aéreo - em ambiente interno","un",0,"","",{"$f":"IF(A1226<>\"\",IF(AND(#REF!=\"Padrão\",$H$4=#REF!),BDI!$B$17,IF(AND(#REF!=\"Padrão\",$H$4=#REF!),BDI!#REF!,IF(AND(#REF!=\"Diferenciado\",$H$4=#REF!),BDI!$E$17,IF(AND(#REF!=\"Diferenciado\",$H$4=#REF!),BDI!#REF!,IF(#REF!=\"ZERO\",0))))),\"\")","v":{"$error":"#REF!"}},"",""]
["SF-01222","Dispositivo Individual Móvel de Proteção Contra Queda","un",0,"","",{"$f":"IF(A1227<>\"\",IF(AND(#REF!=\"Padrão\",$H$4=#REF!),BDI!$B$17,IF(AND(#REF!=\"Padrão\",$H$4=#REF!),BDI!#REF!,IF(AND(#REF!=\"Diferenciado\",$H$4=#REF!),BDI!$E$17,IF(AND(#REF!=\"Diferenciado\",$H$4=#REF!),BDI!#REF!,IF(#REF!=\"ZERO\",0))))),\"\")","v":{"$error":"#REF!"}},"",""]
["SF-01223","Sondagem - Perfuração adicional de furo","m",0,"","",{"$f":"IF(A1228<>\"\",IF(AND(#REF!=\"Padrão\",$H$4=#REF!),BDI!$B$17,IF(AND(#REF!=\"Padrão\",$H$4=#REF!),BDI!#REF!,IF(AND(#REF!=\"Diferenciado\",$H$4=#REF!),BDI!$E$17,IF(AND(#REF!=\"Diferenciado\",$H$4=#REF!),BDI!#REF!,IF(#REF!=\"ZERO\",0))))),\"\")","v":{"$error":"#REF!"}},"",""]
["SF-01224","Lavadora de alta pressão","un",0,"","",{"$f":"IF(A1229<>\"\",IF(AND(#REF!=\"Padrão\",$H$4=#REF!),BDI!$B$17,IF(AND(#REF!=\"Padrão\",$H$4=#REF!),BDI!#REF!,IF(AND(#REF!=\"Diferenciado\",$H$4=#REF!),BDI!$E$17,IF(AND(#REF!=\"Diferenciado\",$H$4=#REF!),BDI!#REF!,IF(#REF!=\"ZERO\",0))))),\"\")","v":{"$error":"#REF!"}},"",""]
["SF-01225","Manta autocolante aluminizada","m2",0,{"$f":"OFFSET(INDEX(Composições!A:J,MATCH(Orçamentária!A1230,Composições!A:A,0),8),2,0)","v":46.331499999999998},0,{"$f":"IF(A1230<>\"\",IF(AND(#REF!=\"Padrão\",$H$4=#REF!),BDI!$B$17,IF(AND(#REF!=\"Padrão\",$H$4=#REF!),BDI!#REF!,IF(AND(#REF!=\"Diferenciado\",$H$4=#REF!),BDI!$E$17,IF(AND(#REF!=\"Diferenciado\",$H$4=#REF!),BDI!#REF!,IF(#REF!=\"ZERO\",0))))),\"\")","v":{"$error":"#REF!"}},{"$error":"#REF!"},{"$error":"#REF!"}]
["SF-01226","Primer para aplicação de manta autocolante aluminizada","L",0,{"$f":"OFFSET(INDEX(Composições!A:J,MATCH(Orçamentária!A1231,Composições!A:A,0),8),2,0)","v":16.948},0,{"$f":"IF(A1231<>\"\",IF(AND(#REF!=\"Padrão\",$H$4=#REF!),BDI!$B$17,IF(AND(#REF!=\"Padrão\",$H$4=#REF!),BDI!#REF!,IF(AND(#REF!=\"Diferenciado\",$H$4=#REF!),BDI!$E$17,IF(AND(#REF!=\"Diferenciado\",$H$4=#REF!),BDI!#REF!,IF(#REF!=\"ZERO\",0))))),\"\")","v":{"$error":"#REF!"}},{"$error":"#REF!"},{"$error":"#REF!"}]
["SF-01227","Estudo de Viabilidade Técnica, Laudo Técnico, Projeto Executivo, Projeto de Segurança do Trabalho, Planejamento da Obra e Plano de Manutenção – Modernização de Elevadores na SQS309","un",0,"","",{"$f":"IF(A1232<>\"\",IF(AND(#REF!=\"Padrão\",$H$4=#REF!),BDI!$B$17,IF(AND(#REF!=\"Padrão\",$H$4=#REF!),BDI!#REF!,IF(AND(#REF!=\"Diferenciado\",$H$4=#REF!),BDI!$E$17,IF(AND(#REF!=\"Diferenciado\",$H$4=#REF!),BDI!#REF!,IF(#REF!=\"ZERO\",0))))),\"\")","v":{"$error":"#REF!"}},"",""]
["SF-01228","Serviços Preliminares (instalação de canteiro, mobilização de equipamentos e mão de obra e substituição de infraestrutura elétrica nos Blocos C e G) – Modernização de Elevadores na SQS309","un",0,"","",{"$f":"IF(A1233<>\"\",IF(AND(#REF!=\"Padrão\",$H$4=#REF!),BDI!$B$17,IF(AND(#REF!=\"Padrão\",$H$4=#REF!),BDI!#REF!,IF(AND(#REF!=\"Diferenciado\",$H$4=#REF!),BDI!$E$17,IF(AND(#REF!=\"Diferenciado\",$H$4=#REF!),BDI!#REF!,IF(#REF!=\"ZERO\",0))))),\"\")","v":{"$error":"#REF!"}},"",""]
["SF-01229","Substituição de infraestrutura elétrica no Bloco D – Modernização de Elevadores na SQS309","un",0,"","",{"$f":"IF(A1234<>\"\",IF(AND(#REF!=\"Padrão\",$H$4=#REF!),BDI!$B$17,IF(AND(#REF!=\"Padrão\",$H$4=#REF!),BDI!#REF!,IF(AND(#REF!=\"Diferenciado\",$H$4=#REF!),BDI!$E$17,IF(AND(#REF!=\"Diferenciado\",$H$4=#REF!),BDI!#REF!,IF(#REF!=\"ZERO\",0))))),\"\")","v":{"$error":"#REF!"}},"",""]
["SF-01230","Modernização dos elevadores dos Blocos C, D e G da SQS 309","un",0,"","",{"$f":"IF(A1235<>\"\",IF(AND(#REF!=\"Padrão\",$H$4=#REF!),BDI!$B$17,IF(AND(#REF!=\"Padrão\",$H$4=#REF!),BDI!#REF!,IF(AND(#REF!=\"Diferenciado\",$H$4=#REF!),BDI!$E$17,IF(AND(#REF!=\"Diferenciado\",$H$4=#REF!),BDI!#REF!,IF(#REF!=\"ZERO\",0))))),\"\")","v":{"$error":"#REF!"}},"",""]
["SF-01231","Serviços de Assistência Técnica – Modernização de Elevadores na SQS309","mês x equip",0,"","",{"$f":"IF(A1236<>\"\",IF(AND(#REF!=\"Padrão\",$H$4=#REF!),BDI!$B$17,IF(AND(#REF!=\"Padrão\",$H$4=#REF!),BDI!#REF!,IF(AND(#REF!=\"Diferenciado\",$H$4=#REF!),BDI!$E$17,IF(AND(#REF!=\"Diferenciado\",$H$4=#REF!),BDI!#REF!,IF(#REF!=\"ZERO\",0))))),\"\")","v":{"$error":"#REF!"}},"",""]
["SF-01232","Carpete aveludado azul royal - fornecimento e instalação","m2",0,{"$f":"OFFSET(INDEX(Composições!A:J,MATCH(Orçamentária!A1237,Composições!A:A,0),8),2,0)","v":15.1563},0,{"$f":"IF(A1237<>\"\",IF(AND(#REF!=\"Padrão\",$H$4=#REF!),BDI!$B$17,IF(AND(#REF!=\"Padrão\",$H$4=#REF!),BDI!#REF!,IF(AND(#REF!=\"Diferenciado\",$H$4=#REF!),BDI!$E$17,IF(AND(#REF!=\"Diferenciado\",$H$4=#REF!),BDI!#REF!,IF(#REF!=\"ZERO\",0))))),\"\")","v":{"$error":"#REF!"}},{"$error":"#REF!"},{"$error":"#REF!"}]
["SF-01233","Demolição de revestimento de piso têxtil (carpete)","m2",0,{"$f":"OFFSET(INDEX(Composições!A:J,MATCH(Orçamentária!A1238,Composições!A:A,0),8),2,0)","v":2.2941549999999999},0,{"$f":"IF(A1238<>\"\",IF(AND(#REF!=\"Padrão\",$H$4=#REF!),BDI!$B$17,IF(AND(#REF!=\"Padrão\",$H$4=#REF!),BDI!#REF!,IF(AND(#REF!=\"Diferenciado\",$H$4=#REF!),BDI!$E$17,IF(AND(#REF!=\"Diferenciado\",$H$4=#REF!),BDI!#REF!,IF(#REF!=\"ZERO\",0))))),\"\")","v":{"$error":"#REF!"}},{"$error":"#REF!"},{"$error":"#REF!"}]
["SF-01234","Cortina de proteção para solda com suporte","un",0,"","",{"$f":"IF(A1239<>\"\",IF(AND(#REF!=\"Padrão\",$H$4=#REF!),BDI!$B$17,IF(AND(#REF!=\"Padrão\",$H$4=#REF!),BDI!#REF!,IF(AND(#REF!=\"Diferenciado\",$H$4=#REF!),BDI!$E$17,IF(AND(#REF!=\"Diferenciado\",$H$4=#REF!),BDI!#REF!,IF(#REF!=\"ZERO\",0))))),\"\")","v":{"$error":"#REF!"}},"",""]
["SF-01235","Bancada em granito cinza andorinha polido - 2,40 m x 0,60 m","un",0,{"$f":"OFFSET(INDEX(Composições!A:J,MATCH(Orçamentária!A1240,Composições!A:A,0),8),2,0)","v":941.91703557999972},{"$f":"IF(ISNUMBER(E1240),D1240*E1240,\"\")","v":0},{"$f":"IF(A1240<>\"\",IF(AND(#REF!=\"Padrão\",$H$4=#REF!),BDI!$B$17,IF(AND(#REF!=\"Padrão\",$H$4=#REF!),BDI!#REF!,IF(AND(#REF!=\"Diferenciado\",$H$4=#REF!),BDI!$E$17,IF(AND(#REF!=\"Diferenciado\",$H$4=#REF!),BDI!#REF!,IF(#REF!=\"ZERO\",0))))),\"\")","v":{"$error":"#REF!"}},{"$f":"IF(ISNUMBER(E1240),ROUND(E1240*(1+G1240),2),\"\")","v":{"$error":"#REF!"}},{"$f":"IF(ISNUMBER(E1240),ROUND(H1240*D1240,2),\"\")","v":{"$error":"#REF!"}}]
["SF-01236","Bancada em granito cinza andorinha polido - 2,50 m x 0,60 m","un",0,{"$f":"OFFSET(INDEX(Composições!A:J,MATCH(Orçamentária!A1241,Composições!A:A,0),8),2,0)","v":975.00808499999982},0,{"$f":"IF(A1241<>\"\",IF(AND(#REF!=\"Padrão\",$H$4=#REF!),BDI!$B$17,IF(AND(#REF!=\"Padrão\",$H$4=#REF!),BDI!#REF!,IF(AND(#REF!=\"Diferenciado\",$H$4=#REF!),BDI!$E$17,IF(AND(#REF!=\"Diferenciado\",$H$4=#REF!),BDI!#REF!,IF(#REF!=\"ZERO\",0))))),\"\")","v":{"$error":"#REF!"}},{"$error":"#REF!"},{"$error":"#REF!"}]
["SF-01237","Pedido de autorização ambiental para desativação do posto de combustíveis","un",0,"","",{"$f":"IF(A1242<>\"\",IF(AND(#REF!=\"Padrão\",$H$4=#REF!),BDI!$B$17,IF(AND(#REF!=\"Padrão\",$H$4=#REF!),BDI!#REF!,IF(AND(#REF!=\"Diferenciado\",$H$4=#REF!),BDI!$E$17,IF(AND(#REF!=\"Diferenciado\",$H$4=#REF!),BDI!#REF!,IF(#REF!=\"ZERO\",0))))),\"\")","v":{"$error":"#REF!"}},"",""]
["SF-01238","Relatório de Investigação de Passivo Ambiental - RIPA","un",0,"","",{"$f":"IF(A1243<>\"\",IF(AND(#REF!=\"Padrão\",$H$4=#REF!),BDI!$B$17,IF(AND(#REF!=\"Padrão\",$H$4=#REF!),BDI!#REF!,IF(AND(#REF!=\"Diferenciado\",$H$4=#REF!),BDI!$E$17,IF(AND(#REF!=\"Diferenciado\",$H$4=#REF!),BDI!#REF!,IF(#REF!=\"ZERO\",0))))),\"\")","v":{"$error":"#REF!"}},"",""]
["SF-01239","Remoção do Sistema de Abastecimento Subterrâneo de Combustíveis - SASC","un",0,"","",{"$f":"IF(A1244<>\"\",IF(AND(#REF!=\"Padrão\",$H$4=#REF!),BDI!$B$17,IF(AND(#REF!=\"Padrão\",$H$4=#REF!),BDI!#REF!,IF(AND(#REF!=\"Diferenciado\",$H$4=#REF!),BDI!$E$17,IF(AND(#REF!=\"Diferenciado\",$H$4=#REF!),BDI!#REF!,IF(#REF!=\"ZERO\",0))))),\"\")","v":{"$error":"#REF!"}},"",""]
["SF-01240","Batedor/limitador inferior para box de correr","un",0,{"$f":"OFFSET(INDEX(Composições!A:J,MATCH(Orçamentária!A1245,Composições!A:A,0),8),2,0)","v":3.7591499999999991},0,{"$f":"IF(A1245<>\"\",IF(AND(#REF!=\"Padrão\",$H$4=#REF!),BDI!$B$17,IF(AND(#REF!=\"Padrão\",$H$4=#REF!),BDI!#REF!,IF(AND(#REF!=\"Diferenciado\",$H$4=#REF!),BDI!$E$17,IF(AND(#REF!=\"Diferenciado\",$H$4=#REF!),BDI!#REF!,IF(#REF!=\"ZERO\",0))))),\"\")","v":{"$error":"#REF!"}},{"$error":"#REF!"},{"$error":"#REF!"}]
["SF-01241","Batedor/amortecedor lateral para box de correr","un",0,{"$f":"OFFSET(INDEX(Composições!A:J,MATCH(Orçamentária!A1246,Composições!A:A,0),8),2,0)","v":3.7591499999999991},0,{"$f":"IF(A1246<>\"\",IF(AND(#REF!=\"Padrão\",$H$4=#REF!),BDI!$B$17,IF(AND(#REF!=\"Padrão\",$H$4=#REF!),BDI!#REF!,IF(AND(#REF!=\"Diferenciado\",$H$4=#REF!),BDI!$E$17,IF(AND(#REF!=\"Diferenciado\",$H$4=#REF!),BDI!#REF!,IF(#REF!=\"ZERO\",0))))),\"\")","v":{"$error":"#REF!"}},{"$error":"#REF!"},{"$error":"#REF!"}]
["SF-01242","Batedor/limitador superior para box de correr","un",0,{"$f":"OFFSET(INDEX(Composições!A:J,MATCH(Orçamentária!A1247,Composições!A:A,0),8),2,0)","v":3.7591499999999991},0,{"$f":"IF(A1247<>\"\",IF(AND(#REF!=\"Padrão\",$H$4=#REF!),BDI!$B$17,IF(AND(#REF!=\"Padrão\",$H$4=#REF!),BDI!#REF!,IF(AND(#REF!=\"Diferenciado\",$H$4=#REF!),BDI!$E$17,IF(AND(#REF!=\"Diferenciado\",$H$4=#REF!),BDI!#REF!,IF(#REF!=\"ZERO\",0))))),\"\")","v":{"$error":"#REF!"}},{"$error":"#REF!"},{"$error":"#REF!"}]
["SF-01243","Perfil cadeirinha em alumínio com encaixe para escova de vedação para vidro temperado 8mm","m",0,{"$f":"OFFSET(INDEX(Composições!A:J,MATCH(Orçamentária!A1248,Composições!A:A,0),8),2,0)","v":10.074313},0,{"$f":"IF(A1248<>\"\",IF(AND(#REF!=\"Padrão\",$H$4=#REF!),BDI!$B$17,IF(AND(#REF!=\"Padrão\",$H$4=#REF!),BDI!#REF!,IF(AND(#REF!=\"Diferenciado\",$H$4=#REF!),BDI!$E$17,IF(AND(#REF!=\"Diferenciado\",$H$4=#REF!),BDI!#REF!,IF(#REF!=\"ZERO\",0))))),\"\")","v":{"$error":"#REF!"}},{"$error":"#REF!"},{"$error":"#REF!"}]
["SF-01244","Perfil em alumínio para acabamento de trilho superior - Vidro temperado 8mm","m",0,{"$f":"OFFSET(INDEX(Composições!A:J,MATCH(Orçamentária!A1249,Composições!A:A,0),8),2,0)","v":14.0516875},0,{"$f":"IF(A1249<>\"\",IF(AND(#REF!=\"Padrão\",$H$4=#REF!),BDI!$B$17,IF(AND(#REF!=\"Padrão\",$H$4=#REF!),BDI!#REF!,IF(AND(#REF!=\"Diferenciado\",$H$4=#REF!),BDI!$E$17,IF(AND(#REF!=\"Diferenciado\",$H$4=#REF!),BDI!#REF!,IF(#REF!=\"ZERO\",0))))),\"\")","v":{"$error":"#REF!"}},{"$error":"#REF!"},{"$error":"#REF!"}]
["SF-01245","Capa do Perfil Guia Inferior “Click” - Vidro temperado 8mm","m",0,{"$f":"OFFSET(INDEX(Composições!A:J,MATCH(Orçamentária!A1250,Composições!A:A,0),8),2,0)","v":5.9688024999999989},0,{"$f":"IF(A1250<>\"\",IF(AND(#REF!=\"Padrão\",$H$4=#REF!),BDI!$B$17,IF(AND(#REF!=\"Padrão\",$H$4=#REF!),BDI!#REF!,IF(AND(#REF!=\"Diferenciado\",$H$4=#REF!),BDI!$E$17,IF(AND(#REF!=\"Diferenciado\",$H$4=#REF!),BDI!#REF!,IF(#REF!=\"ZERO\",0))))),\"\")","v":{"$error":"#REF!"}},{"$error":"#REF!"},{"$error":"#REF!"}]
["SF-01246","Perfil guia inferior de alumínio para porta de giro em vidro temperado 8mm","m",0,{"$f":"OFFSET(INDEX(Composições!A:J,MATCH(Orçamentária!A1251,Composições!A:A,0),8),2,0)","v":15.874803999999997},0,{"$f":"IF(A1251<>\"\",IF(AND(#REF!=\"Padrão\",$H$4=#REF!),BDI!$B$17,IF(AND(#REF!=\"Padrão\",$H$4=#REF!),BDI!#REF!,IF(AND(#REF!=\"Diferenciado\",$H$4=#REF!),BDI!$E$17,IF(AND(#REF!=\"Diferenciado\",$H$4=#REF!),BDI!#REF!,IF(#REF!=\"ZERO\",0))))),\"\")","v":{"$error":"#REF!"}},{"$error":"#REF!"},{"$error":"#REF!"}]
["SF-01247","Perfil guia inferior de alumínio para porta de correr em vidro temperado 8mm","m",0,{"$f":"OFFSET(INDEX(Composições!A:J,MATCH(Orçamentária!A1252,Composições!A:A,0),8),2,0)","v":17.923754499999998},0,{"$f":"IF(A1252<>\"\",IF(AND(#REF!=\"Padrão\",$H$4=#REF!),BDI!$B$17,IF(AND(#REF!=\"Padrão\",$H$4=#REF!),BDI!#REF!,IF(AND(#REF!=\"Diferenciado\",$H$4=#REF!),BDI!$E$17,IF(AND(#REF!=\"Diferenciado\",$H$4=#REF!),BDI!#REF!,IF(#REF!=\"ZERO\",0))))),\"\")","v":{"$error":"#REF!"}},{"$error":"#REF!"},{"$error":"#REF!"}]
["SF-01248","Trilho superior em alumínio 53,8mm x 49,6mm, para vidro temperado","m",0,{"$f":"OFFSET(INDEX(Composições!A:J,MATCH(Orçamentária!A1253,Composições!A:A,0),8),2,0)","v":29.052368000000001},0,{"$f":"IF(A1253<>\"\",IF(AND(#REF!=\"Padrão\",$H$4=#REF!),BDI!$B$17,IF(AND(#REF!=\"Padrão\",$H$4=#REF!),BDI!#REF!,IF(AND(#REF!=\"Diferenciado\",$H$4=#REF!),BDI!$E$17,IF(AND(#REF!=\"Diferenciado\",$H$4=#REF!),BDI!#REF!,IF(#REF!=\"ZERO\",0))))),\"\")","v":{"$error":"#REF!"}},{"$error":"#REF!"},{"$error":"#REF!"}]
["SF-01249","Perfil em alumínio, tipo U - 10,5 x 20mm - para box de vidro temperado 8mm","m",0,{"$f":"OFFSET(INDEX(Composições!A:J,MATCH(Orçamentária!A1254,Composições!A:A,0),8),2,0)","v":9.2306275000000007},0,{"$f":"IF(A1254<>\"\",IF(AND(#REF!=\"Padrão\",$H$4=#REF!),BDI!$B$17,IF(AND(#REF!=\"Padrão\",$H$4=#REF!),BDI!#REF!,IF(AND(#REF!=\"Diferenciado\",$H$4=#REF!),BDI!$E$17,IF(AND(#REF!=\"Diferenciado\",$H$4=#REF!),BDI!#REF!,IF(#REF!=\"ZERO\",0))))),\"\")","v":{"$error":"#REF!"}},{"$error":"#REF!"},{"$error":"#REF!"}]
["SF-01250","Perfil em alumínio , tipo U –  14 x 20mm - para box de vidro temperado 8mm","m",0,{"$f":"OFFSET(INDEX(Composições!A:J,MATCH(Orçamentária!A1255,Composições!A:A,0),8),2,0)","v":9.7930844999999991},0,{"$f":"IF(A1255<>\"\",IF(AND(#REF!=\"Padrão\",$H$4=#REF!),BDI!$B$17,IF(AND(#REF!=\"Padrão\",$H$4=#REF!),BDI!#REF!,IF(AND(#REF!=\"Diferenciado\",$H$4=#REF!),BDI!$E$17,IF(AND(#REF!=\"Diferenciado\",$H$4=#REF!),BDI!#REF!,IF(#REF!=\"ZERO\",0))))),\"\")","v":{"$error":"#REF!"}},{"$error":"#REF!"},{"$error":"#REF!"}]
["SF-01251","Bacia convencional – Linha Residencial","un",0,{"$f":"OFFSET(INDEX(Composições!A:J,MATCH(Orçamentária!A1256,Composições!A:A,0),8),2,0)","v":86.206567249999992},0,{"$f":"IF(A1256<>\"\",IF(AND(#REF!=\"Padrão\",$H$4=#REF!),BDI!$B$17,IF(AND(#REF!=\"Padrão\",$H$4=#REF!),BDI!#REF!,IF(AND(#REF!=\"Diferenciado\",$H$4=#REF!),BDI!$E$17,IF(AND(#REF!=\"Diferenciado\",$H$4=#REF!),BDI!#REF!,IF(#REF!=\"ZERO\",0))))),\"\")","v":{"$error":"#REF!"}},{"$error":"#REF!"},{"$error":"#REF!"}]
["SF-01252","Bidê 3 furos - Linha Residencial","un",0,{"$f":"OFFSET(INDEX(Composições!A:J,MATCH(Orçamentária!A1257,Composições!A:A,0),8),2,0)","v":86.206567249999992},0,{"$f":"IF(A1257<>\"\",IF(AND(#REF!=\"Padrão\",$H$4=#REF!),BDI!$B$17,IF(AND(#REF!=\"Padrão\",$H$4=#REF!),BDI!#REF!,IF(AND(#REF!=\"Diferenciado\",$H$4=#REF!),BDI!$E$17,IF(AND(#REF!=\"Diferenciado\",$H$4=#REF!),BDI!#REF!,IF(#REF!=\"ZERO\",0))))),\"\")","v":{"$error":"#REF!"}},{"$error":"#REF!"},{"$error":"#REF!"}]
["SF-01253","Divisória de Vidro temperado para box de CORRER e ferragens – Linha Residencial","m2",0,"","",{"$f":"IF(A1258<>\"\",IF(AND(#REF!=\"Padrão\",$H$4=#REF!),BDI!$B$17,IF(AND(#REF!=\"Padrão\",$H$4=#REF!),BDI!#REF!,IF(AND(#REF!=\"Diferenciado\",$H$4=#REF!),BDI!$E$17,IF(AND(#REF!=\"Diferenciado\",$H$4=#REF!),BDI!#REF!,IF(#REF!=\"ZERO\",0))))),\"\")","v":{"$error":"#REF!"}},"",""]
["SF-01254","Divisória de Vidro temperado para box com porta de GIRO e ferragens – Linha Residencial","m2",0,"","",{"$f":"IF(A1259<>\"\",IF(AND(#REF!=\"Padrão\",$H$4=#REF!),BDI!$B$17,IF(AND(#REF!=\"Padrão\",$H$4=#REF!),BDI!#REF!,IF(AND(#REF!=\"Diferenciado\",$H$4=#REF!),BDI!$E$17,IF(AND(#REF!=\"Diferenciado\",$H$4=#REF!),BDI!#REF!,IF(#REF!=\"ZERO\",0))))),\"\")","v":{"$error":"#REF!"}},"",""]
["SF-01255","Chuveiro de metal com tubo de parede – Linha Residencial","un",0,{"$f":"OFFSET(INDEX(Composições!A:J,MATCH(Orçamentária!A1260,Composições!A:A,0),8),2,0)","v":14.742098099999998},0,{"$f":"IF(A1260<>\"\",IF(AND(#REF!=\"Padrão\",$H$4=#REF!),BDI!$B$17,IF(AND(#REF!=\"Padrão\",$H$4=#REF!),BDI!#REF!,IF(AND(#REF!=\"Diferenciado\",$H$4=#REF!),BDI!$E$17,IF(AND(#REF!=\"Diferenciado\",$H$4=#REF!),BDI!#REF!,IF(#REF!=\"ZERO\",0))))),\"\")","v":{"$error":"#REF!"}},{"$error":"#REF!"},{"$error":"#REF!"}]
["SF-01256","Misturador para bidê – Linha Residencial","un",0,{"$f":"OFFSET(INDEX(Composições!A:J,MATCH(Orçamentária!A1261,Composições!A:A,0),8),2,0)","v":15.36629275},0,{"$f":"IF(A1261<>\"\",IF(AND(#REF!=\"Padrão\",$H$4=#REF!),BDI!$B$17,IF(AND(#REF!=\"Padrão\",$H$4=#REF!),BDI!#REF!,IF(AND(#REF!=\"Diferenciado\",$H$4=#REF!),BDI!$E$17,IF(AND(#REF!=\"Diferenciado\",$H$4=#REF!),BDI!#REF!,IF(#REF!=\"ZERO\",0))))),\"\")","v":{"$error":"#REF!"}},{"$error":"#REF!"},{"$error":"#REF!"}]
["SF-01257","Misturador de mesa para cozinha bica móvel – Linha Residencial","un",0,{"$f":"OFFSET(INDEX(Composições!A:J,MATCH(Orçamentária!A1262,Composições!A:A,0),8),2,0)","v":7.5949802000000002},0,{"$f":"IF(A1262<>\"\",IF(AND(#REF!=\"Padrão\",$H$4=#REF!),BDI!$B$17,IF(AND(#REF!=\"Padrão\",$H$4=#REF!),BDI!#REF!,IF(AND(#REF!=\"Diferenciado\",$H$4=#REF!),BDI!$E$17,IF(AND(#REF!=\"Diferenciado\",$H$4=#REF!),BDI!#REF!,IF(#REF!=\"ZERO\",0))))),\"\")","v":{"$error":"#REF!"}},{"$error":"#REF!"},{"$error":"#REF!"}]
["SF-01258","Misturador de mesa para lavatório bica alta – Linha Residencial","un",0,{"$f":"OFFSET(INDEX(Composições!A:J,MATCH(Orçamentária!A1263,Composições!A:A,0),8),2,0)","v":15.36629275},0,{"$f":"IF(A1263<>\"\",IF(AND(#REF!=\"Padrão\",$H$4=#REF!),BDI!$B$17,IF(AND(#REF!=\"Padrão\",$H$4=#REF!),BDI!#REF!,IF(AND(#REF!=\"Diferenciado\",$H$4=#REF!),BDI!$E$17,IF(AND(#REF!=\"Diferenciado\",$H$4=#REF!),BDI!#REF!,IF(#REF!=\"ZERO\",0))))),\"\")","v":{"$error":"#REF!"}},{"$error":"#REF!"},{"$error":"#REF!"}]
["SF-01259","Misturador de parede para cozinha bica móvel – Linha Residencial","un",0,{"$f":"OFFSET(INDEX(Composições!A:J,MATCH(Orçamentária!A1264,Composições!A:A,0),8),2,0)","v":7.5949802000000002},0,{"$f":"IF(A1264<>\"\",IF(AND(#REF!=\"Padrão\",$H$4=#REF!),BDI!$B$17,IF(AND(#REF!=\"Padrão\",$H$4=#REF!),BDI!#REF!,IF(AND(#REF!=\"Diferenciado\",$H$4=#REF!),BDI!$E$17,IF(AND(#REF!=\"Diferenciado\",$H$4=#REF!),BDI!#REF!,IF(#REF!=\"ZERO\",0))))),\"\")","v":{"$error":"#REF!"}},{"$error":"#REF!"},{"$error":"#REF!"}]
["SF-01260","Dobradiça automática vidro/vidro para box de vidro temperado","un",0,{"$f":"OFFSET(INDEX(Composições!A:J,MATCH(Orçamentária!A1265,Composições!A:A,0),8),2,0)","v":7.5182999999999982},0,{"$f":"IF(A1265<>\"\",IF(AND(#REF!=\"Padrão\",$H$4=#REF!),BDI!$B$17,IF(AND(#REF!=\"Padrão\",$H$4=#REF!),BDI!#REF!,IF(AND(#REF!=\"Diferenciado\",$H$4=#REF!),BDI!$E$17,IF(AND(#REF!=\"Diferenciado\",$H$4=#REF!),BDI!#REF!,IF(#REF!=\"ZERO\",0))))),\"\")","v":{"$error":"#REF!"}},{"$error":"#REF!"},{"$error":"#REF!"}]
["SF-01261","Luminária tipo arandela – Linha Residencial","un",0,{"$f":"OFFSET(INDEX(Composições!A:J,MATCH(Orçamentária!A1266,Composições!A:A,0),8),2,0)","v":17.208353199999998},0,{"$f":"IF(A1266<>\"\",IF(AND(#REF!=\"Padrão\",$H$4=#REF!),BDI!$B$17,IF(AND(#REF!=\"Padrão\",$H$4=#REF!),BDI!#REF!,IF(AND(#REF!=\"Diferenciado\",$H$4=#REF!),BDI!$E$17,IF(AND(#REF!=\"Diferenciado\",$H$4=#REF!),BDI!#REF!,IF(#REF!=\"ZERO\",0))))),\"\")","v":{"$error":"#REF!"}},{"$error":"#REF!"},{"$error":"#REF!"}]
["SF-01262","Tê misturador de transição 1/2” ou 3/4” – Linha Residencial","un",0,{"$f":"OFFSET(INDEX(Composições!A:J,MATCH(Orçamentária!A1267,Composições!A:A,0),8),2,0)","v":33.200771000000003},0,{"$f":"IF(A1267<>\"\",IF(AND(#REF!=\"Padrão\",$H$4=#REF!),BDI!$B$17,IF(AND(#REF!=\"Padrão\",$H$4=#REF!),BDI!#REF!,IF(AND(#REF!=\"Diferenciado\",$H$4=#REF!),BDI!$E$17,IF(AND(#REF!=\"Diferenciado\",$H$4=#REF!),BDI!#REF!,IF(#REF!=\"ZERO\",0))))),\"\")","v":{"$error":"#REF!"}},{"$error":"#REF!"},{"$error":"#REF!"}]
["SF-01263","Base para válvula de descarga 1 1/2”","un",0,{"$f":"OFFSET(INDEX(Composições!A:J,MATCH(Orçamentária!A1268,Composições!A:A,0),8),2,0)","v":35.309134499999999},0,{"$f":"IF(A1268<>\"\",IF(AND(#REF!=\"Padrão\",$H$4=#REF!),BDI!$B$17,IF(AND(#REF!=\"Padrão\",$H$4=#REF!),BDI!#REF!,IF(AND(#REF!=\"Diferenciado\",$H$4=#REF!),BDI!$E$17,IF(AND(#REF!=\"Diferenciado\",$H$4=#REF!),BDI!#REF!,IF(#REF!=\"ZERO\",0))))),\"\")","v":{"$error":"#REF!"}},{"$error":"#REF!"},{"$error":"#REF!"}]
["SF-01264","Base para válvula de descarga 1 1/4”","un",0,{"$f":"OFFSET(INDEX(Composições!A:J,MATCH(Orçamentária!A1269,Composições!A:A,0),8),2,0)","v":35.309134499999999},0,{"$f":"IF(A1269<>\"\",IF(AND(#REF!=\"Padrão\",$H$4=#REF!),BDI!$B$17,IF(AND(#REF!=\"Padrão\",$H$4=#REF!),BDI!#REF!,IF(AND(#REF!=\"Diferenciado\",$H$4=#REF!),BDI!$E$17,IF(AND(#REF!=\"Diferenciado\",$H$4=#REF!),BDI!#REF!,IF(#REF!=\"ZERO\",0))))),\"\")","v":{"$error":"#REF!"}},{"$error":"#REF!"},{"$error":"#REF!"}]
["SF-01265","Anel de Vedação para bacia sanitária","un",0,{"$f":"OFFSET(INDEX(Composições!A:J,MATCH(Orçamentária!A1270,Composições!A:A,0),8),2,0)","v":17.038250000000001},0,{"$f":"IF(A1270<>\"\",IF(AND(#REF!=\"Padrão\",$H$4=#REF!),BDI!$B$17,IF(AND(#REF!=\"Padrão\",$H$4=#REF!),BDI!#REF!,IF(AND(#REF!=\"Diferenciado\",$H$4=#REF!),BDI!$E$17,IF(AND(#REF!=\"Diferenciado\",$H$4=#REF!),BDI!#REF!,IF(#REF!=\"ZERO\",0))))),\"\")","v":{"$error":"#REF!"}},{"$error":"#REF!"},{"$error":"#REF!"}]
["SF-01266","Folha de porta em madeira e MDF 2,10x0,60m","un",0,{"$f":"OFFSET(INDEX(Composições!A:J,MATCH(Orçamentária!A1271,Composições!A:A,0),8),2,0)","v":272.27072199999998},0,{"$f":"IF(A1271<>\"\",IF(AND(#REF!=\"Padrão\",$H$4=#REF!),BDI!$B$17,IF(AND(#REF!=\"Padrão\",$H$4=#REF!),BDI!#REF!,IF(AND(#REF!=\"Diferenciado\",$H$4=#REF!),BDI!$E$17,IF(AND(#REF!=\"Diferenciado\",$H$4=#REF!),BDI!#REF!,IF(#REF!=\"ZERO\",0))))),\"\")","v":{"$error":"#REF!"}},{"$error":"#REF!"},{"$error":"#REF!"}]
["SF-01267","Folha de porta em madeira e MDF 2,10x0,70m","un",0,{"$f":"OFFSET(INDEX(Composições!A:J,MATCH(Orçamentária!A1272,Composições!A:A,0),8),2,0)","v":296.53729399999997},0,{"$f":"IF(A1272<>\"\",IF(AND(#REF!=\"Padrão\",$H$4=#REF!),BDI!$B$17,IF(AND(#REF!=\"Padrão\",$H$4=#REF!),BDI!#REF!,IF(AND(#REF!=\"Diferenciado\",$H$4=#REF!),BDI!$E$17,IF(AND(#REF!=\"Diferenciado\",$H$4=#REF!),BDI!#REF!,IF(#REF!=\"ZERO\",0))))),\"\")","v":{"$error":"#REF!"}},{"$error":"#REF!"},{"$error":"#REF!"}]
["SF-01268","Folha de porta em madeira e MDF 2,10x0,80m","un",0,{"$f":"OFFSET(INDEX(Composições!A:J,MATCH(Orçamentária!A1273,Composições!A:A,0),8),2,0)","v":333.44836599999996},0,{"$f":"IF(A1273<>\"\",IF(AND(#REF!=\"Padrão\",$H$4=#REF!),BDI!$B$17,IF(AND(#REF!=\"Padrão\",$H$4=#REF!),BDI!#REF!,IF(AND(#REF!=\"Diferenciado\",$H$4=#REF!),BDI!$E$17,IF(AND(#REF!=\"Diferenciado\",$H$4=#REF!),BDI!#REF!,IF(#REF!=\"ZERO\",0))))),\"\")","v":{"$error":"#REF!"}},{"$error":"#REF!"},{"$error":"#REF!"}]
["SF-01269","Folha de porta em madeira e MDF 2,10x0,90m","un",0,{"$f":"OFFSET(INDEX(Composições!A:J,MATCH(Orçamentária!A1274,Composições!A:A,0),8),2,0)","v":371.22393799999998},0,{"$f":"IF(A1274<>\"\",IF(AND(#REF!=\"Padrão\",$H$4=#REF!),BDI!$B$17,IF(AND(#REF!=\"Padrão\",$H$4=#REF!),BDI!#REF!,IF(AND(#REF!=\"Diferenciado\",$H$4=#REF!),BDI!$E$17,IF(AND(#REF!=\"Diferenciado\",$H$4=#REF!),BDI!#REF!,IF(#REF!=\"ZERO\",0))))),\"\")","v":{"$error":"#REF!"}},{"$error":"#REF!"},{"$error":"#REF!"}]
["SF-01270","Remoção de boiler","un",0,{"$f":"OFFSET(INDEX(Composições!A:J,MATCH(Orçamentária!A1275,Composições!A:A,0),8),2,0)","v":86.12700000000001},0,{"$f":"IF(A1275<>\"\",IF(AND(#REF!=\"Padrão\",$H$4=#REF!),BDI!$B$17,IF(AND(#REF!=\"Padrão\",$H$4=#REF!),BDI!#REF!,IF(AND(#REF!=\"Diferenciado\",$H$4=#REF!),BDI!$E$17,IF(AND(#REF!=\"Diferenciado\",$H$4=#REF!),BDI!#REF!,IF(#REF!=\"ZERO\",0))))),\"\")","v":{"$error":"#REF!"}},{"$error":"#REF!"},{"$error":"#REF!"}]
["SF-01271","Remoção de tacos de madeira","m2",0,{"$f":"OFFSET(INDEX(Composições!A:J,MATCH(Orçamentária!A1276,Composições!A:A,0),8),2,0)","v":28.691519999999997},0,{"$f":"IF(A1276<>\"\",IF(AND(#REF!=\"Padrão\",$H$4=#REF!),BDI!$B$17,IF(AND(#REF!=\"Padrão\",$H$4=#REF!),BDI!#REF!,IF(AND(#REF!=\"Diferenciado\",$H$4=#REF!),BDI!$E$17,IF(AND(#REF!=\"Diferenciado\",$H$4=#REF!),BDI!#REF!,IF(#REF!=\"ZERO\",0))))),\"\")","v":{"$error":"#REF!"}},{"$error":"#REF!"},{"$error":"#REF!"}]
["SF-01272","Cerâmica 30x60cm - Glacier White - Portobello – Linha Residencial","m2",0,{"$f":"OFFSET(INDEX(Composições!A:J,MATCH(Orçamentária!A1277,Composições!A:A,0),8),2,0)","v":32.335909999999998},0,{"$f":"IF(A1277<>\"\",IF(AND(#REF!=\"Padrão\",$H$4=#REF!),BDI!$B$17,IF(AND(#REF!=\"Padrão\",$H$4=#REF!),BDI!#REF!,IF(AND(#REF!=\"Diferenciado\",$H$4=#REF!),BDI!$E$17,IF(AND(#REF!=\"Diferenciado\",$H$4=#REF!),BDI!#REF!,IF(#REF!=\"ZERO\",0))))),\"\")","v":{"$error":"#REF!"}},{"$error":"#REF!"},{"$error":"#REF!"}]
["SF-01273","Instalação de tacos de madeira reaproveitados","m2",0,{"$f":"OFFSET(INDEX(Composições!A:J,MATCH(Orçamentária!A1278,Composições!A:A,0),8),2,0)","v":45.407966999999992},0,{"$f":"IF(A1278<>\"\",IF(AND(#REF!=\"Padrão\",$H$4=#REF!),BDI!$B$17,IF(AND(#REF!=\"Padrão\",$H$4=#REF!),BDI!#REF!,IF(AND(#REF!=\"Diferenciado\",$H$4=#REF!),BDI!$E$17,IF(AND(#REF!=\"Diferenciado\",$H$4=#REF!),BDI!#REF!,IF(#REF!=\"ZERO\",0))))),\"\")","v":{"$error":"#REF!"}},{"$error":"#REF!"},{"$error":"#REF!"}]
["SF-01274","Cortina de linho sintético / BLECAUTE COM VARÃO – Linha Residencial","m",0,"","",{"$f":"IF(A1279<>\"\",IF(AND(#REF!=\"Padrão\",$H$4=#REF!),BDI!$B$17,IF(AND(#REF!=\"Padrão\",$H$4=#REF!),BDI!#REF!,IF(AND(#REF!=\"Diferenciado\",$H$4=#REF!),BDI!$E$17,IF(AND(#REF!=\"Diferenciado\",$H$4=#REF!),BDI!#REF!,IF(#REF!=\"ZERO\",0))))),\"\")","v":{"$error":"#REF!"}},"",""]
["SF-01275","Cortina de linho sintético / BLECAUTE SEM VARÃO – Linha Residencial","m",0,"","",{"$f":"IF(A1280<>\"\",IF(AND(#REF!=\"Padrão\",$H$4=#REF!),BDI!$B$17,IF(AND(#REF!=\"Padrão\",$H$4=#REF!),BDI!#REF!,IF(AND(#REF!=\"Diferenciado\",$H$4=#REF!),BDI!$E$17,IF(AND(#REF!=\"Diferenciado\",$H$4=#REF!),BDI!#REF!,IF(#REF!=\"ZERO\",0))))),\"\")","v":{"$error":"#REF!"}},"",""]
["SF-01276","Cortina de linho sintético / FORRO COM VARÃO – Linha Residencial","m",0,"","",{"$f":"IF(A1281<>\"\",IF(AND(#REF!=\"Padrão\",$H$4=#REF!),BDI!$B$17,IF(AND(#REF!=\"Padrão\",$H$4=#REF!),BDI!#REF!,IF(AND(#REF!=\"Diferenciado\",$H$4=#REF!),BDI!$E$17,IF(AND(#REF!=\"Diferenciado\",$H$4=#REF!),BDI!#REF!,IF(#REF!=\"ZERO\",0))))),\"\")","v":{"$error":"#REF!"}},"",""]
["SF-01277","Cortina de linho sintético / FORRO SEM VARÃO – Linha Residencial","m",0,"","",{"$f":"IF(A1282<>\"\",IF(AND(#REF!=\"Padrão\",$H$4=#REF!),BDI!$B$17,IF(AND(#REF!=\"Padrão\",$H$4=#REF!),BDI!#REF!,IF(AND(#REF!=\"Diferenciado\",$H$4=#REF!),BDI!$E$17,IF(AND(#REF!=\"Diferenciado\",$H$4=#REF!),BDI!#REF!,IF(#REF!=\"ZERO\",0))))),\"\")","v":{"$error":"#REF!"}},"",""]
["SF-01278","Instalação de cortinas reaproveitadas","m",0,{"$f":"OFFSET(INDEX(Composições!A:J,MATCH(Orçamentária!A1283,Composições!A:A,0),8),2,0)","v":10.659000000000001},0,{"$f":"IF(A1283<>\"\",IF(AND(#REF!=\"Padrão\",$H$4=#REF!),BDI!$B$17,IF(AND(#REF!=\"Padrão\",$H$4=#REF!),BDI!#REF!,IF(AND(#REF!=\"Diferenciado\",$H$4=#REF!),BDI!$E$17,IF(AND(#REF!=\"Diferenciado\",$H$4=#REF!),BDI!#REF!,IF(#REF!=\"ZERO\",0))))),\"\")","v":{"$error":"#REF!"}},{"$error":"#REF!"},{"$error":"#REF!"}]
["SF-01279","Tubo CPVC soldável 22mm – Linha Residencial","m",0,{"$f":"OFFSET(INDEX(Composições!A:J,MATCH(Orçamentária!A1284,Composições!A:A,0),8),2,0)","v":29.8562485},0,{"$f":"IF(A1284<>\"\",IF(AND(#REF!=\"Padrão\",$H$4=#REF!),BDI!$B$17,IF(AND(#REF!=\"Padrão\",$H$4=#REF!),BDI!#REF!,IF(AND(#REF!=\"Diferenciado\",$H$4=#REF!),BDI!$E$17,IF(AND(#REF!=\"Diferenciado\",$H$4=#REF!),BDI!#REF!,IF(#REF!=\"ZERO\",0))))),\"\")","v":{"$error":"#REF!"}},{"$error":"#REF!"},{"$error":"#REF!"}]
["SF-01280","Tubo CPVC soldável 28mm – Linha Residencial","m",0,{"$f":"OFFSET(INDEX(Composições!A:J,MATCH(Orçamentária!A1285,Composições!A:A,0),8),2,0)","v":42.714260999999993},0,{"$f":"IF(A1285<>\"\",IF(AND(#REF!=\"Padrão\",$H$4=#REF!),BDI!$B$17,IF(AND(#REF!=\"Padrão\",$H$4=#REF!),BDI!#REF!,IF(AND(#REF!=\"Diferenciado\",$H$4=#REF!),BDI!$E$17,IF(AND(#REF!=\"Diferenciado\",$H$4=#REF!),BDI!#REF!,IF(#REF!=\"ZERO\",0))))),\"\")","v":{"$error":"#REF!"}},{"$error":"#REF!"},{"$error":"#REF!"}]
["SF-01281","Instalação de bidê reaproveitado","un",0,{"$f":"OFFSET(INDEX(Composições!A:J,MATCH(Orçamentária!A1286,Composições!A:A,0),8),2,0)","v":86.206567249999992},0,{"$f":"IF(A1286<>\"\",IF(AND(#REF!=\"Padrão\",$H$4=#REF!),BDI!$B$17,IF(AND(#REF!=\"Padrão\",$H$4=#REF!),BDI!#REF!,IF(AND(#REF!=\"Diferenciado\",$H$4=#REF!),BDI!$E$17,IF(AND(#REF!=\"Diferenciado\",$H$4=#REF!),BDI!#REF!,IF(#REF!=\"ZERO\",0))))),\"\")","v":{"$error":"#REF!"}},{"$error":"#REF!"},{"$error":"#REF!"}]
["SF-01282","Aquecedor elétrico para pia – Linha Residencial","un",0,{"$f":"OFFSET(INDEX(Composições!A:J,MATCH(Orçamentária!A1287,Composições!A:A,0),8),2,0)","v":23.811913400000002},0,{"$f":"IF(A1287<>\"\",IF(AND(#REF!=\"Padrão\",$H$4=#REF!),BDI!$B$17,IF(AND(#REF!=\"Padrão\",$H$4=#REF!),BDI!#REF!,IF(AND(#REF!=\"Diferenciado\",$H$4=#REF!),BDI!$E$17,IF(AND(#REF!=\"Diferenciado\",$H$4=#REF!),BDI!#REF!,IF(#REF!=\"ZERO\",0))))),\"\")","v":{"$error":"#REF!"}},{"$error":"#REF!"},{"$error":"#REF!"}]
["SF-01283","Chuveiro elétrico – Linha Residencial","un",0,{"$f":"OFFSET(INDEX(Composições!A:J,MATCH(Orçamentária!A1288,Composições!A:A,0),8),2,0)","v":14.742098099999998},0,{"$f":"IF(A1288<>\"\",IF(AND(#REF!=\"Padrão\",$H$4=#REF!),BDI!$B$17,IF(AND(#REF!=\"Padrão\",$H$4=#REF!),BDI!#REF!,IF(AND(#REF!=\"Diferenciado\",$H$4=#REF!),BDI!$E$17,IF(AND(#REF!=\"Diferenciado\",$H$4=#REF!),BDI!#REF!,IF(#REF!=\"ZERO\",0))))),\"\")","v":{"$error":"#REF!"}},{"$error":"#REF!"},{"$error":"#REF!"}]
["SF-01284","Instalação de boiler reaproveitado","un",0,{"$f":"OFFSET(INDEX(Composições!A:J,MATCH(Orçamentária!A1289,Composições!A:A,0),8),2,0)","v":287.53460000000001},0,{"$f":"IF(A1289<>\"\",IF(AND(#REF!=\"Padrão\",$H$4=#REF!),BDI!$B$17,IF(AND(#REF!=\"Padrão\",$H$4=#REF!),BDI!#REF!,IF(AND(#REF!=\"Diferenciado\",$H$4=#REF!),BDI!$E$17,IF(AND(#REF!=\"Diferenciado\",$H$4=#REF!),BDI!#REF!,IF(#REF!=\"ZERO\",0))))),\"\")","v":{"$error":"#REF!"}},{"$error":"#REF!"},{"$error":"#REF!"}]
["SF-01285","Prateleira – Linha Residencial","un",0,{"$f":"OFFSET(INDEX(Composições!A:J,MATCH(Orçamentária!A1290,Composições!A:A,0),8),2,0)","v":20.757996849999998},0,{"$f":"IF(A1290<>\"\",IF(AND(#REF!=\"Padrão\",$H$4=#REF!),BDI!$B$17,IF(AND(#REF!=\"Padrão\",$H$4=#REF!),BDI!#REF!,IF(AND(#REF!=\"Diferenciado\",$H$4=#REF!),BDI!$E$17,IF(AND(#REF!=\"Diferenciado\",$H$4=#REF!),BDI!#REF!,IF(#REF!=\"ZERO\",0))))),\"\")","v":{"$error":"#REF!"}},{"$error":"#REF!"},{"$error":"#REF!"}]
["SF-01286","Saboneteira – Linha Residencial","un",0,{"$f":"OFFSET(INDEX(Composições!A:J,MATCH(Orçamentária!A1291,Composições!A:A,0),8),2,0)","v":10.380321299999999},0,{"$f":"IF(A1291<>\"\",IF(AND(#REF!=\"Padrão\",$H$4=#REF!),BDI!$B$17,IF(AND(#REF!=\"Padrão\",$H$4=#REF!),BDI!#REF!,IF(AND(#REF!=\"Diferenciado\",$H$4=#REF!),BDI!$E$17,IF(AND(#REF!=\"Diferenciado\",$H$4=#REF!),BDI!#REF!,IF(#REF!=\"ZERO\",0))))),\"\")","v":{"$error":"#REF!"}},{"$error":"#REF!"},{"$error":"#REF!"}]
["SF-01287","Módulo campainha eletrônica – Linha Residencial","un",0,{"$f":"OFFSET(INDEX(Composições!A:J,MATCH(Orçamentária!A1292,Composições!A:A,0),8),2,0)","v":17.132660999999999},{"$f":"IF(ISNUMBER(E1292),D1292*E1292,\"\")","v":0},{"$f":"IF(A1292<>\"\",IF(AND(#REF!=\"Padrão\",$H$4=#REF!),BDI!$B$17,IF(AND(#REF!=\"Padrão\",$H$4=#REF!),BDI!#REF!,IF(AND(#REF!=\"Diferenciado\",$H$4=#REF!),BDI!$E$17,IF(AND(#REF!=\"Diferenciado\",$H$4=#REF!),BDI!#REF!,IF(#REF!=\"ZERO\",0))))),\"\")","v":{"$error":"#REF!"}},{"$f":"IF(ISNUMBER(E1292),ROUND(E1292*(1+G1292),2),\"\")","v":{"$error":"#REF!"}},{"$f":"IF(ISNUMBER(E1292),ROUND(H1292*D1292,2),\"\")","v":{"$error":"#REF!"}}]
["SF-01288","Módulo pulsador – Linha Residencial","un",0,{"$f":"OFFSET(INDEX(Composições!A:J,MATCH(Orçamentária!A1293,Composições!A:A,0),8),2,0)","v":17.347474999999999},0,{"$f":"IF(A1293<>\"\",IF(AND(#REF!=\"Padrão\",$H$4=#REF!),BDI!$B$17,IF(AND(#REF!=\"Padrão\",$H$4=#REF!),BDI!#REF!,IF(AND(#REF!=\"Diferenciado\",$H$4=#REF!),BDI!$E$17,IF(AND(#REF!=\"Diferenciado\",$H$4=#REF!),BDI!#REF!,IF(#REF!=\"ZERO\",0))))),\"\")","v":{"$error":"#REF!"}},{"$error":"#REF!"},{"$error":"#REF!"}]
["SF-01289","Luminária redonda de sobrepor (plafond) – Linha Residencial","un",0,{"$f":"OFFSET(INDEX(Composições!A:J,MATCH(Orçamentária!A1294,Composições!A:A,0),8),2,0)","v":90.75146509999999},0,{"$f":"IF(A1294<>\"\",IF(AND(#REF!=\"Padrão\",$H$4=#REF!),BDI!$B$17,IF(AND(#REF!=\"Padrão\",$H$4=#REF!),BDI!#REF!,IF(AND(#REF!=\"Diferenciado\",$H$4=#REF!),BDI!$E$17,IF(AND(#REF!=\"Diferenciado\",$H$4=#REF!),BDI!#REF!,IF(#REF!=\"ZERO\",0))))),\"\")","v":{"$error":"#REF!"}},{"$error":"#REF!"},{"$error":"#REF!"}]
["SF-01290","Acabamento Passa-fio 59mm","un",0,"","",{"$f":"IF(A1295<>\"\",IF(AND(#REF!=\"Padrão\",$H$4=#REF!),BDI!$B$17,IF(AND(#REF!=\"Padrão\",$H$4=#REF!),BDI!#REF!,IF(AND(#REF!=\"Diferenciado\",$H$4=#REF!),BDI!$E$17,IF(AND(#REF!=\"Diferenciado\",$H$4=#REF!),BDI!#REF!,IF(#REF!=\"ZERO\",0))))),\"\")","v":{"$error":"#REF!"}},"",""]
["SF-01291","Armário em MDF laminado com porta e módulo de gaveta – Linha Residencial","m2",0,"","",{"$f":"IF(A1296<>\"\",IF(AND(#REF!=\"Padrão\",$H$4=#REF!),BDI!$B$17,IF(AND(#REF!=\"Padrão\",$H$4=#REF!),BDI!#REF!,IF(AND(#REF!=\"Diferenciado\",$H$4=#REF!),BDI!$E$17,IF(AND(#REF!=\"Diferenciado\",$H$4=#REF!),BDI!#REF!,IF(#REF!=\"ZERO\",0))))),\"\")","v":{"$error":"#REF!"}},"",""]
["SF-01292","Difusor em acrílico e aro metálico para luminárias (modelo Edifício Principal - INTERIOR)","un",0,"","",{"$f":"IF(A1297<>\"\",IF(AND(#REF!=\"Padrão\",$H$4=#REF!),BDI!$B$17,IF(AND(#REF!=\"Padrão\",$H$4=#REF!),BDI!#REF!,IF(AND(#REF!=\"Diferenciado\",$H$4=#REF!),BDI!$E$17,IF(AND(#REF!=\"Diferenciado\",$H$4=#REF!),BDI!#REF!,IF(#REF!=\"ZERO\",0))))),\"\")","v":{"$error":"#REF!"}},"",""]
["SF-01293","Difusor em acrílico e aro metálico para luminárias (modelo Edifício Principal - EXTERIOR)","un",0,"","",{"$f":"IF(A1298<>\"\",IF(AND(#REF!=\"Padrão\",$H$4=#REF!),BDI!$B$17,IF(AND(#REF!=\"Padrão\",$H$4=#REF!),BDI!#REF!,IF(AND(#REF!=\"Diferenciado\",$H$4=#REF!),BDI!$E$17,IF(AND(#REF!=\"Diferenciado\",$H$4=#REF!),BDI!#REF!,IF(#REF!=\"ZERO\",0))))),\"\")","v":{"$error":"#REF!"}},"",""]
["SF-01294","Difusor em acrílico e presilhas metálicas para luminárias (modelo Comissões)","un",0,"","",{"$f":"IF(A1299<>\"\",IF(AND(#REF!=\"Padrão\",$H$4=#REF!),BDI!$B$17,IF(AND(#REF!=\"Padrão\",$H$4=#REF!),BDI!#REF!,IF(AND(#REF!=\"Diferenciado\",$H$4=#REF!),BDI!$E$17,IF(AND(#REF!=\"Diferenciado\",$H$4=#REF!),BDI!#REF!,IF(#REF!=\"ZERO\",0))))),\"\")","v":{"$error":"#REF!"}},"",""]
["SF-01295","Bandeira de porta, em madeira e MDF","m2",0,{"$f":"OFFSET(INDEX(Composições!A:J,MATCH(Orçamentária!A1300,Composições!A:A,0),8),2,0)","v":223.78713655952376},{"$f":"IF(ISNUMBER(E1300),D1300*E1300,\"\")","v":0},{"$f":"IF(A1300<>\"\",IF(AND(#REF!=\"Padrão\",$H$4=#REF!),BDI!$B$17,IF(AND(#REF!=\"Padrão\",$H$4=#REF!),BDI!#REF!,IF(AND(#REF!=\"Diferenciado\",$H$4=#REF!),BDI!$E$17,IF(AND(#REF!=\"Diferenciado\",$H$4=#REF!),BDI!#REF!,IF(#REF!=\"ZERO\",0))))),\"\")","v":{"$error":"#REF!"}},{"$f":"IF(ISNUMBER(E1300),ROUND(E1300*(1+G1300),2),\"\")","v":{"$error":"#REF!"}},{"$f":"IF(ISNUMBER(E1300),ROUND(H1300*D1300,2),\"\")","v":{"$error":"#REF!"}}]
["SF-01296","Bandeira de porta, em madeira pintada","m2",0,{"$f":"OFFSET(INDEX(Composições!A:J,MATCH(Orçamentária!A1301,Composições!A:A,0),8),2,0)","v":243.88616761666663},0,{"$f":"IF(A1301<>\"\",IF(AND(#REF!=\"Padrão\",$H$4=#REF!),BDI!$B$17,IF(AND(#REF!=\"Padrão\",$H$4=#REF!),BDI!#REF!,IF(AND(#REF!=\"Diferenciado\",$H$4=#REF!),BDI!$E$17,IF(AND(#REF!=\"Diferenciado\",$H$4=#REF!),BDI!#REF!,IF(#REF!=\"ZERO\",0))))),\"\")","v":{"$error":"#REF!"}},{"$error":"#REF!"},{"$error":"#REF!"}]
["SF-01297","Levantamentos como construído (“As Built”) e Relatório de Avaliação Técnica – Bloco 01 (PRODASEN)","un",0,"","",{"$f":"IF(A1302<>\"\",IF(AND(#REF!=\"Padrão\",$H$4=#REF!),BDI!$B$17,IF(AND(#REF!=\"Padrão\",$H$4=#REF!),BDI!#REF!,IF(AND(#REF!=\"Diferenciado\",$H$4=#REF!),BDI!$E$17,IF(AND(#REF!=\"Diferenciado\",$H$4=#REF!),BDI!#REF!,IF(#REF!=\"ZERO\",0))))),\"\")","v":{"$error":"#REF!"}},"",""]
["SF-01298","Levantamentos como construído (“As Built”) e Relatório de Avaliação Técnica – Áreas Técnicas 10 (CM-3), 13 (CM-2) e Espaços Externos","un",0,"","",{"$f":"IF(A1303<>\"\",IF(AND(#REF!=\"Padrão\",$H$4=#REF!),BDI!$B$17,IF(AND(#REF!=\"Padrão\",$H$4=#REF!),BDI!#REF!,IF(AND(#REF!=\"Diferenciado\",$H$4=#REF!),BDI!$E$17,IF(AND(#REF!=\"Diferenciado\",$H$4=#REF!),BDI!#REF!,IF(#REF!=\"ZERO\",0))))),\"\")","v":{"$error":"#REF!"}},"",""]
["SF-01299","Levantamentos como construído (“As Built”) e Relatório de Avaliação Técnica - Anexo II e Túnel do Tempo","un",0,"","",{"$f":"IF(A1304<>\"\",IF(AND(#REF!=\"Padrão\",$H$4=#REF!),BDI!$B$17,IF(AND(#REF!=\"Padrão\",$H$4=#REF!),BDI!#REF!,IF(AND(#REF!=\"Diferenciado\",$H$4=#REF!),BDI!$E$17,IF(AND(#REF!=\"Diferenciado\",$H$4=#REF!),BDI!#REF!,IF(#REF!=\"ZERO\",0))))),\"\")","v":{"$error":"#REF!"}},"",""]
["SF-01300","Estudos Preliminares de Prevenção e Combate a Incêndio e Pânico (incluindo Acessibilidade e Segurança de Pessoa com Deficiência) - Bloco 01 (PRODASEN)","un",0,"","",{"$f":"IF(A1305<>\"\",IF(AND(#REF!=\"Padrão\",$H$4=#REF!),BDI!$B$17,IF(AND(#REF!=\"Padrão\",$H$4=#REF!),BDI!#REF!,IF(AND(#REF!=\"Diferenciado\",$H$4=#REF!),BDI!$E$17,IF(AND(#REF!=\"Diferenciado\",$H$4=#REF!),BDI!#REF!,IF(#REF!=\"ZERO\",0))))),\"\")","v":{"$error":"#REF!"}},"",""]
["SF-01301","Estudos Preliminares de Prevenção e Combate a Incêndio e Pânico (incluindo Acessibilidade e Segurança de Pessoa com Deficiência) - Áreas Técnicas 10 (CM-3), 13 (CM-2) e Espaços Externos","un",0,"","",{"$f":"IF(A1306<>\"\",IF(AND(#REF!=\"Padrão\",$H$4=#REF!),BDI!$B$17,IF(AND(#REF!=\"Padrão\",$H$4=#REF!),BDI!#REF!,IF(AND(#REF!=\"Diferenciado\",$H$4=#REF!),BDI!$E$17,IF(AND(#REF!=\"Diferenciado\",$H$4=#REF!),BDI!#REF!,IF(#REF!=\"ZERO\",0))))),\"\")","v":{"$error":"#REF!"}},"",""]
["SF-01302","Estudos Preliminares de Prevenção e Combate a Incêndio e Pânico (incluindo Acessibilidade e Segurança de Pessoa com Deficiência) - Anexo II e Túnel do Tempo","un",0,"","",{"$f":"IF(A1307<>\"\",IF(AND(#REF!=\"Padrão\",$H$4=#REF!),BDI!$B$17,IF(AND(#REF!=\"Padrão\",$H$4=#REF!),BDI!#REF!,IF(AND(#REF!=\"Diferenciado\",$H$4=#REF!),BDI!$E$17,IF(AND(#REF!=\"Diferenciado\",$H$4=#REF!),BDI!#REF!,IF(#REF!=\"ZERO\",0))))),\"\")","v":{"$error":"#REF!"}},"",""]
["SF-01303","Anteprojetos e Orçamentos Preliminares para Prevenção e Combate a Incêndio e Pânico (incluindo Acessibilidade e Segurança de Pessoa com Deficiência) - Bloco 01 (PRODASEN)","un",0,"","",{"$f":"IF(A1308<>\"\",IF(AND(#REF!=\"Padrão\",$H$4=#REF!),BDI!$B$17,IF(AND(#REF!=\"Padrão\",$H$4=#REF!),BDI!#REF!,IF(AND(#REF!=\"Diferenciado\",$H$4=#REF!),BDI!$E$17,IF(AND(#REF!=\"Diferenciado\",$H$4=#REF!),BDI!#REF!,IF(#REF!=\"ZERO\",0))))),\"\")","v":{"$error":"#REF!"}},"",""]
["SF-01304","Anteprojetos e Orçamentos Preliminares para Prevenção e Combate a Incêndio e Pânico (incluindo Acessibilidade e Segurança de Pessoa com Deficiência) - Áreas Técnicas 10 (CM-3), 13 (CM-2) e Espaços Externos","un",0,"","",{"$f":"IF(A1309<>\"\",IF(AND(#REF!=\"Padrão\",$H$4=#REF!),BDI!$B$17,IF(AND(#REF!=\"Padrão\",$H$4=#REF!),BDI!#REF!,IF(AND(#REF!=\"Diferenciado\",$H$4=#REF!),BDI!$E$17,IF(AND(#REF!=\"Diferenciado\",$H$4=#REF!),BDI!#REF!,IF(#REF!=\"ZERO\",0))))),\"\")","v":{"$error":"#REF!"}},"",""]
["SF-01305","Anteprojetos e Orçamentos Preliminares para Prevenção e Combate a Incêndio e Pânico (incluindo Acessibilidade e Segurança de Pessoa com Deficiência) - Anexo II e Túnel do Tempo","un",0,"","",{"$f":"IF(A1310<>\"\",IF(AND(#REF!=\"Padrão\",$H$4=#REF!),BDI!$B$17,IF(AND(#REF!=\"Padrão\",$H$4=#REF!),BDI!#REF!,IF(AND(#REF!=\"Diferenciado\",$H$4=#REF!),BDI!$E$17,IF(AND(#REF!=\"Diferenciado\",$H$4=#REF!),BDI!#REF!,IF(#REF!=\"ZERO\",0))))),\"\")","v":{"$error":"#REF!"}},"",""]
["SF-01306","Projetos Executivos de Prevenção e Combate a Incêndio e Pânico (incluindo Acessibilidade e Segurança de Pessoa com Deficiência) - Bloco 01 (PRODASEN)","un",0,"","",{"$f":"IF(A1311<>\"\",IF(AND(#REF!=\"Padrão\",$H$4=#REF!),BDI!$B$17,IF(AND(#REF!=\"Padrão\",$H$4=#REF!),BDI!#REF!,IF(AND(#REF!=\"Diferenciado\",$H$4=#REF!),BDI!$E$17,IF(AND(#REF!=\"Diferenciado\",$H$4=#REF!),BDI!#REF!,IF(#REF!=\"ZERO\",0))))),\"\")","v":{"$error":"#REF!"}},"",""]
["SF-01307","Projetos Executivos de Prevenção e Combate a Incêndio e Pânico (incluindo Acessibilidade e Segurança de Pessoa com Deficiência) - Áreas Técnicas 10 (CM-3), 13 (CM-2) e Espaços Externos","un",0,"","",{"$f":"IF(A1312<>\"\",IF(AND(#REF!=\"Padrão\",$H$4=#REF!),BDI!$B$17,IF(AND(#REF!=\"Padrão\",$H$4=#REF!),BDI!#REF!,IF(AND(#REF!=\"Diferenciado\",$H$4=#REF!),BDI!$E$17,IF(AND(#REF!=\"Diferenciado\",$H$4=#REF!),BDI!#REF!,IF(#REF!=\"ZERO\",0))))),\"\")","v":{"$error":"#REF!"}},"",""]
["SF-01308","Projetos Executivos de Prevenção e Combate a Incêndio e Pânico (incluindo Acessibilidade e Segurança de Pessoa com Deficiência) - Anexo II e Túnel do Tempo","un",0,"","",{"$f":"IF(A1313<>\"\",IF(AND(#REF!=\"Padrão\",$H$4=#REF!),BDI!$B$17,IF(AND(#REF!=\"Padrão\",$H$4=#REF!),BDI!#REF!,IF(AND(#REF!=\"Diferenciado\",$H$4=#REF!),BDI!$E$17,IF(AND(#REF!=\"Diferenciado\",$H$4=#REF!),BDI!#REF!,IF(#REF!=\"ZERO\",0))))),\"\")","v":{"$error":"#REF!"}},"",""]
["SF-01309","Orçamentos Finais e Cronograma Físico-Financeiro para intervenções de Prevenção e Combate a Incêndio e Pânico (incluindo Acessibilidade e Segurança de Pessoa com Deficiência)","un",0,"","",{"$f":"IF(A1314<>\"\",IF(AND(#REF!=\"Padrão\",$H$4=#REF!),BDI!$B$17,IF(AND(#REF!=\"Padrão\",$H$4=#REF!),BDI!#REF!,IF(AND(#REF!=\"Diferenciado\",$H$4=#REF!),BDI!$E$17,IF(AND(#REF!=\"Diferenciado\",$H$4=#REF!),BDI!#REF!,IF(#REF!=\"ZERO\",0))))),\"\")","v":{"$error":"#REF!"}},"",""]
["SF-01310","Cambota elastomérica de 8”","un",0,{"$f":"OFFSET(INDEX(Composições!A:J,MATCH(Orçamentária!A1315,Composições!A:A,0),8),2,0)","v":44.051310000000001},0,{"$f":"IF(A1315<>\"\",IF(AND(#REF!=\"Padrão\",$H$4=#REF!),BDI!$B$17,IF(AND(#REF!=\"Padrão\",$H$4=#REF!),BDI!#REF!,IF(AND(#REF!=\"Diferenciado\",$H$4=#REF!),BDI!$E$17,IF(AND(#REF!=\"Diferenciado\",$H$4=#REF!),BDI!#REF!,IF(#REF!=\"ZERO\",0))))),\"\")","v":{"$error":"#REF!"}},{"$error":"#REF!"},{"$error":"#REF!"}]
["SF-01311","Curva raio curto 45° em aço carbono para solda de topo DN 125 (5\" NPS)","un",0,{"$f":"OFFSET(INDEX(Composições!A:J,MATCH(Orçamentária!A1316,Composições!A:A,0),8),2,0)","v":95.060654650000004},0,{"$f":"IF(A1316<>\"\",IF(AND(#REF!=\"Padrão\",$H$4=#REF!),BDI!$B$17,IF(AND(#REF!=\"Padrão\",$H$4=#REF!),BDI!#REF!,IF(AND(#REF!=\"Diferenciado\",$H$4=#REF!),BDI!$E$17,IF(AND(#REF!=\"Diferenciado\",$H$4=#REF!),BDI!#REF!,IF(#REF!=\"ZERO\",0))))),\"\")","v":{"$error":"#REF!"}},{"$error":"#REF!"},{"$error":"#REF!"}]
["SF-01312","Curva raio curto 90° em aço carbono para solda de topo DN 125 (5\" NPS)","un",0,{"$f":"OFFSET(INDEX(Composições!A:J,MATCH(Orçamentária!A1317,Composições!A:A,0),8),2,0)","v":95.060654650000004},0,{"$f":"IF(A1317<>\"\",IF(AND(#REF!=\"Padrão\",$H$4=#REF!),BDI!$B$17,IF(AND(#REF!=\"Padrão\",$H$4=#REF!),BDI!#REF!,IF(AND(#REF!=\"Diferenciado\",$H$4=#REF!),BDI!$E$17,IF(AND(#REF!=\"Diferenciado\",$H$4=#REF!),BDI!#REF!,IF(#REF!=\"ZERO\",0))))),\"\")","v":{"$error":"#REF!"}},{"$error":"#REF!"},{"$error":"#REF!"}]
["SF-01313","Curva raio longo 90° em aço carbono para solda de topo DN 125 (5\" NPS)","un",0,{"$f":"OFFSET(INDEX(Composições!A:J,MATCH(Orçamentária!A1318,Composições!A:A,0),8),2,0)","v":95.060654650000004},0,{"$f":"IF(A1318<>\"\",IF(AND(#REF!=\"Padrão\",$H$4=#REF!),BDI!$B$17,IF(AND(#REF!=\"Padrão\",$H$4=#REF!),BDI!#REF!,IF(AND(#REF!=\"Diferenciado\",$H$4=#REF!),BDI!$E$17,IF(AND(#REF!=\"Diferenciado\",$H$4=#REF!),BDI!#REF!,IF(#REF!=\"ZERO\",0))))),\"\")","v":{"$error":"#REF!"}},{"$error":"#REF!"},{"$error":"#REF!"}]
["SF-01314","Curva raio longo 90° em aço carbono para solda de topo DN 200 (8\" NPS)","un",0,{"$f":"OFFSET(INDEX(Composições!A:J,MATCH(Orçamentária!A1319,Composições!A:A,0),8),2,0)","v":109.68537075},0,{"$f":"IF(A1319<>\"\",IF(AND(#REF!=\"Padrão\",$H$4=#REF!),BDI!$B$17,IF(AND(#REF!=\"Padrão\",$H$4=#REF!),BDI!#REF!,IF(AND(#REF!=\"Diferenciado\",$H$4=#REF!),BDI!$E$17,IF(AND(#REF!=\"Diferenciado\",$H$4=#REF!),BDI!#REF!,IF(#REF!=\"ZERO\",0))))),\"\")","v":{"$error":"#REF!"}},{"$error":"#REF!"},{"$error":"#REF!"}]
["SF-01315","Eliminador de ar para líquidos DN 20 (3/4\" NPS)","un",0,{"$f":"OFFSET(INDEX(Composições!A:J,MATCH(Orçamentária!A1320,Composições!A:A,0),8),2,0)","v":18.567864},0,{"$f":"IF(A1320<>\"\",IF(AND(#REF!=\"Padrão\",$H$4=#REF!),BDI!$B$17,IF(AND(#REF!=\"Padrão\",$H$4=#REF!),BDI!#REF!,IF(AND(#REF!=\"Diferenciado\",$H$4=#REF!),BDI!$E$17,IF(AND(#REF!=\"Diferenciado\",$H$4=#REF!),BDI!#REF!,IF(#REF!=\"ZERO\",0))))),\"\")","v":{"$error":"#REF!"}},{"$error":"#REF!"},{"$error":"#REF!"}]
["SF-01316","Flange de pescoço, aço carbono, classe 150, DN 125 (5\" NPS)","un",0,{"$f":"OFFSET(INDEX(Composições!A:J,MATCH(Orçamentária!A1321,Composições!A:A,0),8),2,0)","v":95.060654650000004},0,{"$f":"IF(A1321<>\"\",IF(AND(#REF!=\"Padrão\",$H$4=#REF!),BDI!$B$17,IF(AND(#REF!=\"Padrão\",$H$4=#REF!),BDI!#REF!,IF(AND(#REF!=\"Diferenciado\",$H$4=#REF!),BDI!$E$17,IF(AND(#REF!=\"Diferenciado\",$H$4=#REF!),BDI!#REF!,IF(#REF!=\"ZERO\",0))))),\"\")","v":{"$error":"#REF!"}},{"$error":"#REF!"},{"$error":"#REF!"}]
["SF-01317","Isolamento elastomérico para tubulações de ferro de 5”","m",0,{"$f":"OFFSET(INDEX(Composições!A:J,MATCH(Orçamentária!A1322,Composições!A:A,0),8),2,0)","v":4.5472320000000002},0,{"$f":"IF(A1322<>\"\",IF(AND(#REF!=\"Padrão\",$H$4=#REF!),BDI!$B$17,IF(AND(#REF!=\"Padrão\",$H$4=#REF!),BDI!#REF!,IF(AND(#REF!=\"Diferenciado\",$H$4=#REF!),BDI!$E$17,IF(AND(#REF!=\"Diferenciado\",$H$4=#REF!),BDI!#REF!,IF(#REF!=\"ZERO\",0))))),\"\")","v":{"$error":"#REF!"}},{"$error":"#REF!"},{"$error":"#REF!"}]
["SF-01318","Meia luva em aço carbono DN 15 (1/2\" NPS)","un",0,{"$f":"OFFSET(INDEX(Composições!A:J,MATCH(Orçamentária!A1323,Composições!A:A,0),8),2,0)","v":8.8938524999999995},0,{"$f":"IF(A1323<>\"\",IF(AND(#REF!=\"Padrão\",$H$4=#REF!),BDI!$B$17,IF(AND(#REF!=\"Padrão\",$H$4=#REF!),BDI!#REF!,IF(AND(#REF!=\"Diferenciado\",$H$4=#REF!),BDI!$E$17,IF(AND(#REF!=\"Diferenciado\",$H$4=#REF!),BDI!#REF!,IF(#REF!=\"ZERO\",0))))),\"\")","v":{"$error":"#REF!"}},{"$error":"#REF!"},{"$error":"#REF!"}]
["SF-01319","Redução concêntrica em aço carbono para solda de topo DN 200 (8\" NPS) × DN 125 (5\" NPS)","un",0,{"$f":"OFFSET(INDEX(Composições!A:J,MATCH(Orçamentária!A1324,Composições!A:A,0),8),2,0)","v":64.781048150000004},0,{"$f":"IF(A1324<>\"\",IF(AND(#REF!=\"Padrão\",$H$4=#REF!),BDI!$B$17,IF(AND(#REF!=\"Padrão\",$H$4=#REF!),BDI!#REF!,IF(AND(#REF!=\"Diferenciado\",$H$4=#REF!),BDI!$E$17,IF(AND(#REF!=\"Diferenciado\",$H$4=#REF!),BDI!#REF!,IF(#REF!=\"ZERO\",0))))),\"\")","v":{"$error":"#REF!"}},{"$error":"#REF!"},{"$error":"#REF!"}]
["SF-01320","Suporte metálico tipo T com alça","un",0,"","",{"$f":"IF(A1325<>\"\",IF(AND(#REF!=\"Padrão\",$H$4=#REF!),BDI!$B$17,IF(AND(#REF!=\"Padrão\",$H$4=#REF!),BDI!#REF!,IF(AND(#REF!=\"Diferenciado\",$H$4=#REF!),BDI!$E$17,IF(AND(#REF!=\"Diferenciado\",$H$4=#REF!),BDI!#REF!,IF(#REF!=\"ZERO\",0))))),\"\")","v":{"$error":"#REF!"}},"",""]
["SF-01321","Suporte metálico tipo T","un",0,"","",{"$f":"IF(A1326<>\"\",IF(AND(#REF!=\"Padrão\",$H$4=#REF!),BDI!$B$17,IF(AND(#REF!=\"Padrão\",$H$4=#REF!),BDI!#REF!,IF(AND(#REF!=\"Diferenciado\",$H$4=#REF!),BDI!$E$17,IF(AND(#REF!=\"Diferenciado\",$H$4=#REF!),BDI!#REF!,IF(#REF!=\"ZERO\",0))))),\"\")","v":{"$error":"#REF!"}},"",""]
["SF-01322","Suporte metálico tipo trave alta","un",0,"","",{"$f":"IF(A1327<>\"\",IF(AND(#REF!=\"Padrão\",$H$4=#REF!),BDI!$B$17,IF(AND(#REF!=\"Padrão\",$H$4=#REF!),BDI!#REF!,IF(AND(#REF!=\"Diferenciado\",$H$4=#REF!),BDI!$E$17,IF(AND(#REF!=\"Diferenciado\",$H$4=#REF!),BDI!#REF!,IF(#REF!=\"ZERO\",0))))),\"\")","v":{"$error":"#REF!"}},"",""]
["SF-01323","Suporte metálico tipo trave baixa","un",0,"","",{"$f":"IF(A1328<>\"\",IF(AND(#REF!=\"Padrão\",$H$4=#REF!),BDI!$B$17,IF(AND(#REF!=\"Padrão\",$H$4=#REF!),BDI!#REF!,IF(AND(#REF!=\"Diferenciado\",$H$4=#REF!),BDI!$E$17,IF(AND(#REF!=\"Diferenciado\",$H$4=#REF!),BDI!#REF!,IF(#REF!=\"ZERO\",0))))),\"\")","v":{"$error":"#REF!"}},"",""]
["SF-01324","Suporte metálico tipo trave com suportes desiguais","un",0,"","",{"$f":"IF(A1329<>\"\",IF(AND(#REF!=\"Padrão\",$H$4=#REF!),BDI!$B$17,IF(AND(#REF!=\"Padrão\",$H$4=#REF!),BDI!#REF!,IF(AND(#REF!=\"Diferenciado\",$H$4=#REF!),BDI!$E$17,IF(AND(#REF!=\"Diferenciado\",$H$4=#REF!),BDI!#REF!,IF(#REF!=\"ZERO\",0))))),\"\")","v":{"$error":"#REF!"}},"",""]
["SF-01325","Tê em aço carbono para solda de topo DN 200 (8\" NPS)","un",0,{"$f":"OFFSET(INDEX(Composições!A:J,MATCH(Orçamentária!A1330,Composições!A:A,0),8),2,0)","v":100.27349085},0,{"$f":"IF(A1330<>\"\",IF(AND(#REF!=\"Padrão\",$H$4=#REF!),BDI!$B$17,IF(AND(#REF!=\"Padrão\",$H$4=#REF!),BDI!#REF!,IF(AND(#REF!=\"Diferenciado\",$H$4=#REF!),BDI!$E$17,IF(AND(#REF!=\"Diferenciado\",$H$4=#REF!),BDI!#REF!,IF(#REF!=\"ZERO\",0))))),\"\")","v":{"$error":"#REF!"}},{"$error":"#REF!"},{"$error":"#REF!"}]
["SF-01326","Tubo de aço-carbono preto DN 125 (5\" NPS)","m",0,{"$f":"OFFSET(INDEX(Composições!A:J,MATCH(Orçamentária!A1331,Composições!A:A,0),8),2,0)","v":308.12144669436799},0,{"$f":"IF(A1331<>\"\",IF(AND(#REF!=\"Padrão\",$H$4=#REF!),BDI!$B$17,IF(AND(#REF!=\"Padrão\",$H$4=#REF!),BDI!#REF!,IF(AND(#REF!=\"Diferenciado\",$H$4=#REF!),BDI!$E$17,IF(AND(#REF!=\"Diferenciado\",$H$4=#REF!),BDI!#REF!,IF(#REF!=\"ZERO\",0))))),\"\")","v":{"$error":"#REF!"}},{"$error":"#REF!"},{"$error":"#REF!"}]
["SF-01327","Tubo de aço-carbono preto DN 200 (8\" NPS)","m",0,{"$f":"OFFSET(INDEX(Composições!A:J,MATCH(Orçamentária!A1332,Composições!A:A,0),8),2,0)","v":517.04884352321244},0,{"$f":"IF(A1332<>\"\",IF(AND(#REF!=\"Padrão\",$H$4=#REF!),BDI!$B$17,IF(AND(#REF!=\"Padrão\",$H$4=#REF!),BDI!#REF!,IF(AND(#REF!=\"Diferenciado\",$H$4=#REF!),BDI!$E$17,IF(AND(#REF!=\"Diferenciado\",$H$4=#REF!),BDI!#REF!,IF(#REF!=\"ZERO\",0))))),\"\")","v":{"$error":"#REF!"}},{"$error":"#REF!"},{"$error":"#REF!"}]
["SF-01328","Válvula de esfera em bronze 1/2”","un",0,{"$f":"OFFSET(INDEX(Composições!A:J,MATCH(Orçamentária!A1333,Composições!A:A,0),8),2,0)","v":47.733439699999991},0,{"$f":"IF(A1333<>\"\",IF(AND(#REF!=\"Padrão\",$H$4=#REF!),BDI!$B$17,IF(AND(#REF!=\"Padrão\",$H$4=#REF!),BDI!#REF!,IF(AND(#REF!=\"Diferenciado\",$H$4=#REF!),BDI!$E$17,IF(AND(#REF!=\"Diferenciado\",$H$4=#REF!),BDI!#REF!,IF(#REF!=\"ZERO\",0))))),\"\")","v":{"$error":"#REF!"}},{"$error":"#REF!"},{"$error":"#REF!"}]
["SF-01329","Válvula gaveta com flange DN 125 (5\" NPS)","un",0,{"$f":"OFFSET(INDEX(Composições!A:J,MATCH(Orçamentária!A1334,Composições!A:A,0),8),2,0)","v":34.8401347},0,{"$f":"IF(A1334<>\"\",IF(AND(#REF!=\"Padrão\",$H$4=#REF!),BDI!$B$17,IF(AND(#REF!=\"Padrão\",$H$4=#REF!),BDI!#REF!,IF(AND(#REF!=\"Diferenciado\",$H$4=#REF!),BDI!$E$17,IF(AND(#REF!=\"Diferenciado\",$H$4=#REF!),BDI!#REF!,IF(#REF!=\"ZERO\",0))))),\"\")","v":{"$error":"#REF!"}},{"$error":"#REF!"},{"$error":"#REF!"}]
["SF-01330","Ar-condicionado split hi-wall inverter 18.000 BTU/h","un",0,"","",{"$f":"IF(A1335<>\"\",IF(AND(#REF!=\"Padrão\",$H$4=#REF!),BDI!$B$17,IF(AND(#REF!=\"Padrão\",$H$4=#REF!),BDI!#REF!,IF(AND(#REF!=\"Diferenciado\",$H$4=#REF!),BDI!$E$17,IF(AND(#REF!=\"Diferenciado\",$H$4=#REF!),BDI!#REF!,IF(#REF!=\"ZERO\",0))))),\"\")","v":{"$error":"#REF!"}},"",""]
["SF-01331","Cabo de fibra óptica monomodo 12 fibras","m",0,{"$f":"OFFSET(INDEX(Composições!A:J,MATCH(Orçamentária!A1336,Composições!A:A,0),8),2,0)","v":3.4704620999999998},0,{"$f":"IF(A1336<>\"\",IF(AND(#REF!=\"Padrão\",$H$4=#REF!),BDI!$B$17,IF(AND(#REF!=\"Padrão\",$H$4=#REF!),BDI!#REF!,IF(AND(#REF!=\"Diferenciado\",$H$4=#REF!),BDI!$E$17,IF(AND(#REF!=\"Diferenciado\",$H$4=#REF!),BDI!#REF!,IF(#REF!=\"ZERO\",0))))),\"\")","v":{"$error":"#REF!"}},{"$error":"#REF!"},{"$error":"#REF!"}]
["SF-01332","Cabo de fibra óptica monomodo 144 fibras","m",0,{"$f":"OFFSET(INDEX(Composições!A:J,MATCH(Orçamentária!A1337,Composições!A:A,0),8),2,0)","v":6.7749668000000005},0,{"$f":"IF(A1337<>\"\",IF(AND(#REF!=\"Padrão\",$H$4=#REF!),BDI!$B$17,IF(AND(#REF!=\"Padrão\",$H$4=#REF!),BDI!#REF!,IF(AND(#REF!=\"Diferenciado\",$H$4=#REF!),BDI!$E$17,IF(AND(#REF!=\"Diferenciado\",$H$4=#REF!),BDI!#REF!,IF(#REF!=\"ZERO\",0))))),\"\")","v":{"$error":"#REF!"}},{"$error":"#REF!"},{"$error":"#REF!"}]
["SF-01333","Eletroduto PEAD 1 1/4\" - fornecimento e instalação","m",0,{"$f":"OFFSET(INDEX(Composições!A:J,MATCH(Orçamentária!A1338,Composições!A:A,0),8),2,0)","v":12.5245055},0,{"$f":"IF(A1338<>\"\",IF(AND(#REF!=\"Padrão\",$H$4=#REF!),BDI!$B$17,IF(AND(#REF!=\"Padrão\",$H$4=#REF!),BDI!#REF!,IF(AND(#REF!=\"Diferenciado\",$H$4=#REF!),BDI!$E$17,IF(AND(#REF!=\"Diferenciado\",$H$4=#REF!),BDI!#REF!,IF(#REF!=\"ZERO\",0))))),\"\")","v":{"$error":"#REF!"}},{"$error":"#REF!"},{"$error":"#REF!"}]
["SF-01334","Caixa de Passagem Subterrânea 1600x2000mm","un",0,{"$f":"OFFSET(INDEX(Composições!A:J,MATCH(Orçamentária!A1339,Composições!A:A,0),8),2,0)","v":1937.1816463716655},0,{"$f":"IF(A1339<>\"\",IF(AND(#REF!=\"Padrão\",$H$4=#REF!),BDI!$B$17,IF(AND(#REF!=\"Padrão\",$H$4=#REF!),BDI!#REF!,IF(AND(#REF!=\"Diferenciado\",$H$4=#REF!),BDI!$E$17,IF(AND(#REF!=\"Diferenciado\",$H$4=#REF!),BDI!#REF!,IF(#REF!=\"ZERO\",0))))),\"\")","v":{"$error":"#REF!"}},{"$error":"#REF!"},{"$error":"#REF!"}]
["SF-01335","Projeto Executivo de Rede de Telecomunicações Backbone","un",0,{"$f":"OFFSET(INDEX(Composições!A:J,MATCH(Orçamentária!A1340,Composições!A:A,0),8),2,0)","v":5945.09},0,{"$f":"IF(A1340<>\"\",IF(AND(#REF!=\"Padrão\",$H$4=#REF!),BDI!$B$17,IF(AND(#REF!=\"Padrão\",$H$4=#REF!),BDI!#REF!,IF(AND(#REF!=\"Diferenciado\",$H$4=#REF!),BDI!$E$17,IF(AND(#REF!=\"Diferenciado\",$H$4=#REF!),BDI!#REF!,IF(#REF!=\"ZERO\",0))))),\"\")","v":{"$error":"#REF!"}},{"$error":"#REF!"},{"$error":"#REF!"}]
["SF-01336","Eletroduto PEAD 2”","m",0,{"$f":"OFFSET(INDEX(Composições!A:J,MATCH(Orçamentária!A1341,Composições!A:A,0),8),2,0)","v":11.2379395},0,{"$f":"IF(A1341<>\"\",IF(AND(#REF!=\"Padrão\",$H$4=#REF!),BDI!$B$17,IF(AND(#REF!=\"Padrão\",$H$4=#REF!),BDI!#REF!,IF(AND(#REF!=\"Diferenciado\",$H$4=#REF!),BDI!$E$17,IF(AND(#REF!=\"Diferenciado\",$H$4=#REF!),BDI!#REF!,IF(#REF!=\"ZERO\",0))))),\"\")","v":{"$error":"#REF!"}},{"$error":"#REF!"},{"$error":"#REF!"}]
["SF-01337","Furo direcional por método não-destrutivo com fornecimento de duto","m",0,"","",{"$f":"IF(A1342<>\"\",IF(AND(#REF!=\"Padrão\",$H$4=#REF!),BDI!$B$17,IF(AND(#REF!=\"Padrão\",$H$4=#REF!),BDI!#REF!,IF(AND(#REF!=\"Diferenciado\",$H$4=#REF!),BDI!$E$17,IF(AND(#REF!=\"Diferenciado\",$H$4=#REF!),BDI!#REF!,IF(#REF!=\"ZERO\",0))))),\"\")","v":{"$error":"#REF!"}},"",""]
["SF-01338","Sondagem por Radar de Penetração de Solo - GPR","m",0,"","",{"$f":"IF(A1343<>\"\",IF(AND(#REF!=\"Padrão\",$H$4=#REF!),BDI!$B$17,IF(AND(#REF!=\"Padrão\",$H$4=#REF!),BDI!#REF!,IF(AND(#REF!=\"Diferenciado\",$H$4=#REF!),BDI!$E$17,IF(AND(#REF!=\"Diferenciado\",$H$4=#REF!),BDI!#REF!,IF(#REF!=\"ZERO\",0))))),\"\")","v":{"$error":"#REF!"}},"",""]
["SF-01339","Tampa em Ferro Fundido - Circular DN-600 mm Classe 400","un",0,{"$f":"OFFSET(INDEX(Composições!A:J,MATCH(Orçamentária!A1344,Composições!A:A,0),8),2,0)","v":769.02940818737409},{"$f":"IF(ISNUMBER(E1344),D1344*E1344,\"\")","v":0},{"$f":"IF(A1344<>\"\",IF(AND(#REF!=\"Padrão\",$H$4=#REF!),BDI!$B$17,IF(AND(#REF!=\"Padrão\",$H$4=#REF!),BDI!#REF!,IF(AND(#REF!=\"Diferenciado\",$H$4=#REF!),BDI!$E$17,IF(AND(#REF!=\"Diferenciado\",$H$4=#REF!),BDI!#REF!,IF(#REF!=\"ZERO\",0))))),\"\")","v":{"$error":"#REF!"}},{"$f":"IF(ISNUMBER(E1344),ROUND(E1344*(1+G1344),2),\"\")","v":{"$error":"#REF!"}},{"$f":"IF(ISNUMBER(E1344),ROUND(H1344*D1344,2),\"\")","v":{"$error":"#REF!"}}]
["SF-01340","Válvula solenóide para gás","un",0,"","",{"$f":"IF(A1345<>\"\",IF(AND(#R